{"text_format":"1","workbook":"xlsx","n_sheets":17,"sheets":["Assumptions","Inputs","Cost estimates","Results","Sim1I","Sim1C","Sim2I","Sim2C","Sim3I","Sim3C","Analysis","elmira_dli","elmira","nyc","nyc_dli","params","Sheet1"],"not_rendered":{"charts":7,"images":0,"macros":1,"external_links":0,"defined_names":6,"comments":0,"pivot_tables":0},"unopened":[],"bounds":{"document_bytes":16777216,"sheet_cells":100000,"rows_first":2000,"rows_last":500,"rows_between":2000,"halvings":0,"cell_chars":16384,"cell_head_chars":4096},"cells_cut":0,"cells_raw":0,"read":"whole","date_system":"1900"}

{"sheet":"Assumptions","index":0,"n_rows":51,"n_cols":3,"rows_kept":51,"cut":false,"hidden":false,"merged":[[47,1,47,12],[46,1,46,6],[19,0,19,11],[30,2,30,11],[32,2,32,11],[33,2,33,11],[36,2,36,11],[35,2,35,11],[34,2,34,11],[31,2,31,11],[20,2,20,11],[22,2,22,11],[23,2,23,11],[25,2,25,11],[26,2,26,11],[24,2,24,11],[21,2,21,11],[28,2,28,11],[29,2,29,11],[27,2,27,11],[5,0,6,0],[5,1,6,11],[13,0,17,0],[13,1,17,11],[12,1,12,11],[7,0,11,0],[7,1,11,11],[0,0,0,11],[1,0,1,11],[2,0,2,11],[3,0,3,11],[4,1,4,11]]}
["Tomato Interactive Spreadsheet Tool"]
["This Interactive Spreadsheet tool estimates the capital investment and operating expenses for building and operating a Controlled Environment vegetable facility in NYS. This tool allows the users to modify the inputs of a model farm and to have an estimate of the revenue, expenses, and profitability. The tables and figures in this spreadsheet change as the variables are modified. Users own management system, available resources, and location can affect the performance of the operation. Users should experiment with their own yields, inputs, and prices to develop a budget that will accurately represent their own operation."]
["Guide on using this tool:\n  1. Input your data for the variables in the Input tab;\n  2. Change values of parameters in the Parameter tab;\n  3. Check out the Outcomes tab to view the costs, benefits, and profits of different SWD control strategies; Watch the figures on the Outcomes tab as you alter characteristics of the farm.\n  4. Check out other tabs to view the detailed cost of ech SWD control strategies. Explanations of what each tab do are shown in below."]
[]
["Spreadsheet","Explanation"]
["Inputs","This spreadsheet requires information on production area, lighting, heating, and labor. Users can make changes in the orange box to reflect their own operation and can see the resulting production and energy specifications in the yellow box. "]
[]
["Cost estimates","This spreadsheet includes items needed to calculate the variable costs and fixed costs of a Greenhouse operation. Users can make different choices and change parameters to calculate variable costs and fixed costs for their operation."]
[]
[]
[]
[]
["Results","This spreadsheet presents the total revenue, expenses and annual operating profit. Total annual costs and profitability are calculated on per head, per square foot, per house, per acre basis. These results change as the parameters change.\n"]
["Analysis","Analysis tab reflects profits under alternative price and yield. Users can conduct sensitivity analysis under different assumptions to compare different scenarios. \n                                                                                                                                                                                                                                                                                                                                                       1. Analysis with 20% Increase and 20% Decrease in Labor cost                                                                                                                                                                                 2. Analysis with 20% Increase and 20% Decrease in Ulility cost                                                                                        3. Analysis with 20% Increase and 20% Decrease in Packaging cost                                                                                                                                                                                                              "]
[]
[]
[]
[]
[]
["Notes:"]
[null,1,"Four options are available for users to choose the type of Greenhouse. Users can choose the type they wish to build."]
[null,2,"Typical price for New York. Tomato prices can vary significantly depending on market conditions. Be sure to check current tomato prices in your market."]
[null,3,"No lighting is used here as the greenhouse will produce tomato for 8 months (March- October). Users should make adjustments for the season and their location while filling information for lighting. "]
[null,4,"NYS Climate zones are used in this spreadsheet. Users can make different choices for glazing material and ASHRAE Climate Zone based on their Greenhouse and location. For Air changes per hour 0.5 to 1.0 are common values. Evapotranspiration latent load 10 W/ft2 is a decent number for tomato. Other assumptions regarding Custom transmittance, Boiler efficiency are standard and can be used for most of the Greenhouse. "]
[null,5,"Assumptions based on hour needed for per thousand plant per job in a year. "]
[null,6,"Require information on quantities for packaged items."]
[null,7,"Variable costs require information on cost for production supplies, Labor, Packaging, etc. Variable costs are not auto asjusted for Greenhouse size or costs that changes with production."]
[null,8,"The assumption is made for lacewing larvae. Users can modify the no. of beneficial insects per package, area covered per insects in the 'Inputs tab' based on the insects they use."]
[null,9,"Fungicide/pesticide use will vary by amount needed and frequency of application depending on specific diseases and pests."]
[null,10,"sticky trap is used for monitoring populations of insects."]
[null,11,"Fringe benefit consists of workers compensation, social security, medical insurance, and other benefits which is included as a separate cost. We are assuming 30% of the wage as fringe benefits. "]
[null,12,"Three different fuel systems are available in this tool for heating. Users can select the heating system they wish to use. Calculations will automatically be updated when selecting different fuel heating systems.  Fuel prices based on New York as of December, 2016. check your local availability and prices."]
[null,13,"Depending on how users use electricity, they are charged for different electric services. Along with a basic customer charge (measured in kilowatt-hours, abbreviated kWh), larger users of electricity are also charged for something called demand (measured in kilowatts, abbreviated kW)."]
[null,14,"Fixed costs tend to be those costs that are incurred regardless of the level of production.  Typical fixed costs include structure/building, machinery, and equipment. "]
[null,15,"Two options are available in this tool for lighting.  Select the 'Yes' button if you wish to use light, or select 'none' to not include lights in the budget.  Calculations will automatically be updated when selecting different options."]
[null,16,"Land rent is the cost associated with either owning or renting 1 acre of land for the greenhouse.  Rates based on New York, 2016.  Check your local rates."]
[null,17,"The annual fixed cost rate is an estimation of the cost of owning fixed assets per year.  Costs include depreciation, interest, insurance, maintenance, and any taxes."]
[]
[]
[]
[]
[]
[]
[]
[]
["Acknowledgement:"]
[1,"Kale Harbick, CEO, Greenhouse Logic. "]
[2,"Miguel I. Gomez, Associate Professor, Charles H. Dyson School of Applied Economics & Management, Cornell University."]
[3,"Neil S. Mattson, Associate Professor, Horticulture (HORT), Cornell University."]
[4,"Paul Askew, Owner, Paul's Nursery."]
[5,"Cornell CEA team, Cornell Univeristy"]

{"sheet":"Inputs","index":1,"n_rows":61,"n_cols":20,"rows_kept":61,"cut":false,"hidden":false,"merged":[[46,1,49,1],[31,1,42,1],[53,1,60,1],[12,2,15,2],[56,2,56,3],[25,1,27,1],[29,1,29,6],[31,2,32,6],[4,1,22,1],[16,3,16,4],[5,2,5,4],[6,3,6,4],[7,3,7,4],[8,3,8,4],[9,3,9,4]]}
[]
[null,null,null,null,null,null,null,null,null,null,null,null,null,null,null,null,"Surface area:","Side of the roof (if Gable)",{"$f":"SQRT(($F$13/2)^2+$F$15^2)","v":15.811388300841896},"Feet"]
[null,null,"*** Please enter information in the ORANGE box",null,null,null,null,null,null,null,null,null,null,null,null,null,"Freestanding Gable","Sides",{"$f":"IF(params!$A$32=1, 2*Inputs!$F$14*Inputs!$F$16,0)","v":0},"Square feet"]
[null,null,null,null,null,null,null,null,null,"Outputs based on the information provided in the Orange Box",null,null,null,null,null,null,null,"Ends",{"$f":"IF(params!$A$32=1, 2*Inputs!$F$16*Inputs!$F$13,0)","v":0},"Square feet"]
[null,"Production ",null,null,null,null,null,null,null,null,null,null,null,null,null,null,null,"Roof side",{"$f":"IF(params!$A$32=1, 2*Inputs!$S$2*Inputs!$F$14,0)","v":0},"Square feet"]
[null,null,"Choose type of Greenhouse1 :",null,1,"No. of bay",null,null,null,null,null,null,null,null,null,null,null,"Roof peak",{"$f":"IF(params!$A$32=1, 2*1/2*Inputs!$F$13*Inputs!$F$15,0)","v":0},"Square feet"]
[null,null,null,null,null,1,null,null,null,"Greenhouse area",{"$f":"IF(params!A32=1,Inputs!F13*Inputs!F14,IF(params!A32=2,Inputs!F13*Inputs!F14, IF(params!A32=3, Inputs!F13*Inputs!F14*Inputs!F9, IF(params!A32=4,  Inputs!F13*Inputs!F14*Inputs!F10,0))))","v":9000},"Sq. feet",null,null,null,null,null,"Total SA area",{"$f":"SUM(S3:S6)","v":0},"Square feet"]
[null,null,null,null,null,1,null,null,null,"Surface Area",{"$f":"CHOOSE(params!$A$32,S7,S12,S18,S23)","v":9824.5553203367581},"Sq. feet"]
[null,null,null,null,null,3,null,null,null,"Net production area",{"$f":"FLOOR(Inputs!K7*Inputs!F17,1)","v":8100},"Sq. feet",null,null,null,null,"Freestanding Quonset","Sides",{"$f":"IF(params!$A$32=2, 2*Inputs!$F$14*Inputs!$F$16,0)","v":0},"Square feet"]
[null,null,null,1,null,2,null,null,null,"No. of Plants",{"$f":"FLOOR(K7/F18*F17,1)","v":2025},null,null,null,null,null,null,"Ends",{"$f":"IF(params!$A$32=2, 2*Inputs!$F$16*Inputs!$F$13,0)","v":0},"Square feet"]
[null,null,null,null,null,null,null,null,null,"Harvest (year)",{"$f":"K10*F19","v":70875},"Pound",null,null,null,null,null,"Roof",{"$f":"IF(params!$A$32=2,PI()*$F$15^2+PI()*$F$15*$F$14,0)","v":0},"Square feet"]
[null,null,null,null,null,null,null,null,null,"Seed",{"$f":"CEILING(K10+(K10*Inputs!F21),1)","v":2127},null,null,null,null,null,null,"Total SA area",{"$f":"SUM(S9:S11)","v":0},"Square feet"]
[null,null,"Greenhouse dimension","Width",null,30,"Feet",null,null,"Net annual production",{"$f":"FLOOR(K11-(K11*Inputs!F22),1)","v":63787},"Pound"]
[null,null,null,"Length",null,100,"Feet",null,null,null,null,null,null,null,null,null,"Gutter Connected (Gable)","Sides",{"$f":"IF(params!$A$32=3, 2*Inputs!F14*Inputs!F16,0)","v":2000},"Square feet"]
[null,null,null,"Peak height (Gutter to peak)",null,5,"Feet",null,null,null,null,null,null,null,null,null,null,"Ends",{"$f":"IF(params!$A$32=3, F10*2*Inputs!$F$16*Inputs!$F$13,0)","v":1200},"Square feet"]
[null,null,null,"Height (Ground to gutter)",null,10,"Feet",null,null,"Annual heating load",{"$f":"IF($R$28=\"5A\",-SUMIF(elmira!T2:T8761,\"<0\")*3600/1000000000,-SUMIF(nyc!T2:T8761,\"<0\")*3600/1000000000)","v":2452.8330208118027},"GJ",null,null,null,null,null,"Roof side",{"$f":"IF(params!$A$32=3, F10*2*Inputs!$S$2*Inputs!$F$14,0)","v":6324.5553203367581},"Square feet"]
[null,null,null,"Space use efficiency",null,0.9,null,null,null,"Annual heating load",{"$f":"K16/1.0551","v":2324.7398548116794},"MMBtu",null,null,null,null,null,"Roof peak",{"$f":"IF(params!$A$32=3, F10*2*1/2*Inputs!$F$13*Inputs!$F$15,0)","v":300},"Square feet"]
[null,null,null,"Area per plant",null,4,"Sq. feet",null,null,null,null,null,null,null,null,null,null,"Total SA area",{"$f":"SUM(S14:S17)","v":9824.5553203367581},"Square feet"]
[null,null,null,"Harvest per plant per year",null,35,"Pound",null,null,"Fuel use:"]
[null,null,null,"Concrete-% of floor",null,0.1,null,null,null,"Propane",{"$f":"$K$17*1000000/91330/$R$50","v":29946.217721278099},"gal",null,null,null,null,"Gutter Connected (Quonset)","Sides",{"$f":"IF(params!$A$32=4, 2*Inputs!$F$14*Inputs!$F$16,0)","v":0},"Square feet"]
[null,null,null,"Overseeding",null,0.05,null,null,null,"Natural gas",{"$f":"$K$17*1000000/100000/$R$50","v":27349.880644843288},"therms",null,null,null,null,null,"Ends",{"$f":"IF(params!$A$32=4, F9*2*Inputs!$F$16*Inputs!$F$13,0)","v":0},"Square feet"]
[null,null,null,"Shrink",null,0.1,null,null,null,"Fuel oil",{"$f":"$K$17*1000000/139600/$R$50","v":19591.605046449346},"gal",null,null,null,null,null,"Roof",{"$f":"IF(params!$A$32=4,F9*(PI()*$F$15^2+PI()*$F$15*$F$14),0)","v":0},"Square feet"]
[null,null,null,"Price2",null,1.35,"per pound",null,null,null,null,null,null,null,null,null,null,"Total SA area",{"$f":"SUM(S20:S22)","v":0},"Square feet"]
[]
[null,null,null,null,null,null,null,null,null,null,null,null,null,null,null,null,"Greenhouse air temp (March- Oct)",{"$f":"F40","v":70},"F"]
[null,"Lighting3","Number of lamps in Greenhouse",null,null,0,"lamps",null,null,null,null,null,null,null,null,null,"Greenhouse air temp (Nov-Feb)",10,"C"]
[null,null,"Watt consumption per lamp",null,null,0,"watt",null,null,null,null,null,null,null,null,null,"Greenhouse air temp",{"$f":"(R25-32)*5/9","v":21.111111111111111},"C"]
[null,null,"Hours operated per year",null,null,0,"hour",null,null,null,null,null,null,null,null,null,"ASHRAE climate zone",{"$f":"IF(params!A12=1,\"4A\", IF(params!A12=2,\"5A\",0))","v":"4A"}]
[null,null,null,null,null,null,null,null,null,null,null,null,null,null,null,null,"Air changes per hour",{"$f":"F38","v":1},"ACH"]
[null,"The energy model below can only be used by NYS user. User from other states please select location as \"Other state\"  in the box below:",null,null,null,null,null,null,null,null,null,null,null,null,null,null,"Infiltration rate",{"$f":"R29*R32/3600","v":0.73880935651432567},"m3/s"]
[null,null,"Location",null,null,null,null,null,null,null,null,null,null,null,null,null,"Greenhouse volume",{"$f":"IF(params!A32=1,((F15/2*F13*F14)+(F13*F14*F16)),IF(params!A32=2,(PI()*F15^2*100)/2+(F13*F14*F16),IF(params!A32=3,(PI()*F15^2*100)/2+(F13*F14*F16)*F9,IF(params!A32=4,((F15/2*F13*F14)+(F13*F14*F16))*F10))))","v":93926.990816987236},"ft3"]
[null,"Heating4",{"$f":"IF(params!A37=1, \"Ideally use energy model from Cornell CEA or other model or use the folowing formula to get a reasonably accurate estimate to help in making decisions relative to the size of the greenhouse or type of heating\", \"No need to fill this information below. Please input your own estimation for fuel use in the Cost estimates tab\")","v":"Ideally use energy model from Cornell CEA or other model or use the folowing formula to get a reasonably accurate estimate to help in making decisions relative to the size of the greenhouse or type of heating"},null,null,null,null,null,null,null,null,null,null,null,null,null,"Greenhouse volume",{"$f":"R31/35.3147","v":2659.7136834515723},"m3"]
[null,null,null,null,null,null,null,null,null,null,null,null,null,null,null,null,"Greenhouse surface area",{"$f":"K8/10.7639","v":912.73193919831647},"m2"]
[null,null,null,null,null,null,null,null,null,null,null,null,null,null,null,null,"Greenhouse area",{"$f":"K7/10.7639","v":836.12816915801898},"m2"]
[null,null,"Glazing material"]
[null,null,"Custom u-value",null,null,1,"Btu/(sqft*degF*h)",null,null,"0.5 to 1.0 are common values",null,null,null,null,null,null,"Glazing",{"$f":"IF(params!A2=1,\"Glass\",IF(params!A2=2,\"Poly\",IF(params!A3=3,\"Double poly\",IF(params!A4=4,\"Custom\",0))))","v":"Glass"}]
[null,null,"Custom transmittance",null,null,0.9,null,null,null,null,null,null,null,null,null,null,"u-value",{"$f":"IF(params!A2=4,F36,VLOOKUP(R36,glazing_prop,2,0))","v":1.0989010989010988},"Btu/(sqft*degF*h)"]
[null,null,"Air changes per hour",null,null,1,"ACH",null,null,null,null,null,null,null,null,null,"u-value",{"$f":"R37*10.7639/3.412/(5/9)","v":6.2401028045811158},"W/(m2*degC)"]
[null,null,"ASHRAE Climate Zone",null,null,null,null,null,null,"4A: NYC, Buffalo, Albany. 5A: Elmira, Ithaca",null,null,null,null,null,null,"Transmittance",{"$f":"IF(params!A2=4,F37,VLOOKUP(R36,glazing_prop,3,0))","v":0.7}]
[null,null,"Greenhouse air temperature",null,null,70,"F"]
[null,null,"Evapotranspiration latent load",null,null,10,"W/ft2",null,null,"Energy Model-Kale Harbick, CEO, Greenhouse Logic ",null,null,null,null,null,null,"Lighting power",{"$f":"F26*F27","v":0},"W"]
[null,null,"Greenhouse RH%",null,null,0.7,null,null,null,null,null,null,null,null,null,null,"Lighting hours",{"$f":"F28","v":0},"h"]
[null,null,"Boiler efficiency",null,null,0.85]
[null,null,null,null,null,null,null,null,null,null,null,null,null,null,null,null,"ET latent load",{"$f":"F41","v":10},"W/ft2"]
[null,null,null,null,null,null,null,null,null,null,null,null,null,null,null,null,"ET latent load",{"$f":"R44*10.7639","v":107.639},"W/m2"]
[null,null,null,null,null,null,null,null,null,null,null,null,null,null,null,null,"Greenhouse RH",{"$f":"F42","v":0.7}]
[null,"Labor5","Seed/ Transplant/Harvest/ Package",null,null,11,"hrs/per thousand",null,null,null,null,null,null,null,null,null,"Saturation pressure",{"$f":"EXP(77.345+0.0057*(R27+273.15)-7235/(R27+273.15))/(R27+273.15)^8.2","v":2496.5068606055393},"Pa"]
[null,null,"Delivering to market",null,null,1,"hrs/per thousand",null,null,null,null,null,null,null,null,null,"Humidity ratio @ sat.",{"$f":"0.62198*R47/(101325-R47)","v":1.5711838639179593E-2},"kg/kg"]
[null,null,"Production management",null,null,2,"hrs/per thousand",null,null,null,null,null,null,null,null,null,"Humidity ratio",{"$f":"R46*R48","v":1.0998287047425715E-2},"kg/kg"]
[null,null,"Other (Marketing, Maintainence, etc.)",null,null,1,"hrs/per thousand",null,null,null,null,null,null,null,null,null,"Boiler efficiency",{"$f":"F43","v":0.85}]
[]
[]
[]
[null,"Others6","No. of Pelleted seed",null,null,1000,"/per package"]
[null,null,"No. of Rockwool cubes",null,null,6000,"/per case"]
[null,null,"No. of Rockwool slabs ",null,null,12,"/per bag"]
[null,null,"No. of beneficial insects",null,null,650,"/per package"]
[null,null,"Sq. feet covered per insects",null,null,0.9,"/per insects"]
[null,null,"Foam tray per case ",null,null,344,"/case"]
[null,null,"Clamshell per box",null,null,12,"/box"]
[null,null,"Labels per roll",null,null,2500,"/roll"]

{"sheet":"Cost estimates","index":2,"n_rows":166,"n_cols":14,"rows_kept":166,"cut":false,"hidden":false,"merged":[[132,2,132,3],[153,2,153,3],[2,2,2,5],[95,5,95,6],[4,5,4,6],[108,2,108,4],[6,1,6,2],[29,1,29,2],[38,1,38,2]]}
[]
[]
[null,null,"*** Please enter information in the Orange Box"]
[]
[null,null,null,"Quantity/Year","Unit ","Price ($) / Unit",null,"Total Cost per year"]
["VARIABLE COSTS7"]
[null,"Production Supplies"]
[null,null,"Seed (package)",{"$f":"CEILING((Inputs!K10+(Inputs!K10*Inputs!F21))/Inputs!F54, 1)","v":3},"packages",110,"/package",{"$f":"D8*F8","v":330},null,"References:"]
[null,null,"Rockwool cubes, 1\" cubes",{"$f":"CEILING(Inputs!K13/Inputs!F55,1)","v":11},"cases",159,"/case",1749]
[null,null,"Beneficial Insects8",{"$f":"CEILING((Inputs!K7/Inputs!F58)/Inputs!F57,1)","v":16},"packages",36,"/package",576,null,"Hydroponic Lettuce Budget Analysis- The Ohio State University Extension. http://u.osu.edu/greenhouse/hydroponic-crop-program-economic-budgets/"]
[null,null,"Growth Medium"]
[null,null,"                                                   2 plants/slab",{"$f":"CEILING(IF(params!A18=1,Inputs!K10/(Inputs!F56*2),0),1)","v":85},"slabs",65,"/slabs",{"$f":"D12*F12","v":5525}]
[null,null,"                                                   4 cu. Ft./bag",{"$f":"CEILING(IF(params!A18=2,Inputs!K10/9,0),1)","v":0},"bags",10,"/bag",{"$f":"D13*F13","v":0}]
[null,null,"Bato Buckets",{"$f":"Inputs!K10","v":2025},null,4,"/bucket",{"$f":"IF(params!A18=2,D14*F14,0)","v":0}]
[null,null,"Fertilizer"]
[null,null,"Blended Mix",{"$f":"CEILING(Inputs!K7*0.162760416666666,1)","v":1465},"pounds",1,"/pound",1465]
[null,null,"CaNO3",{"$f":"CEILING(Inputs!K7*0.162760416666666,1)","v":1465},"pounds",0.46,"/pound",673.9]
[null,null,"Additions",{"$f":"CEILING(Inputs!K7*0.00217013888888888,1)","v":20},"pounds",1,"/pound",20]
[null,null,"Fungicide/Pesticide9",{"$f":"CEILING(Inputs!K7*0.00217013888888888,1)","v":20},"gallons",60,"/gallon",1200]
[null,null,"Sanitizer",{"$f":"CEILING(Inputs!K13/29545,1)","v":3},"gallons",35,"/gallon",105]
[null,null,"Sticky Traps10",{"$f":"CEILING(Inputs!K7*0.0001,1)","v":1},"packages",30,"/package",30]
[null,null,"Heated seedling support mat, 22X96",1,"mat",114,"/mat",114]
[null,null,"Trays",10,"trays",1,"/tray",10]
[null,null,"Clips , 7500/case",1,"cases",83,"/package",83]
[null,null,"Twine",1,"boxes",22,"/box",22]
[null,null,"Tomahooks",800,"hooks",0.15,"/package",120]
[]
[null,null,"Total Production Supplies cost",null,null,null,null,{"$f":"SUM(H8:H26)","v":12022.9},null,null,null,null,{"$f":"#REF!*20%","v":{"$error":"#REF!"}},"20% change in labor"]
[]
[null,"Production Labor",null,null,null,null,null,null,null,"www.labor.ny.gov"]
[null,null,"Seed/ Transplant/Harvest/ Package",{"$f":"(Inputs!F47*Inputs!$K$13)/1000","v":701.65700000000004},"hours/year",13,"/hour",{"$f":"D31*F31","v":9121.5410000000011}]
[null,null,"Delivering to market",{"$f":"(Inputs!F48*Inputs!$K$13)/1000","v":63.786999999999999},"hours/year",12,"/hour",{"$f":"D32*F32","v":765.44399999999996}]
[null,null,"Production management",{"$f":"(Inputs!F49*Inputs!$K$13)/1000","v":127.574},"hours/year",13,"/hour",{"$f":"D33*F33","v":1658.462}]
[null,null,"Other (Marketing, Maintainence, etc.)",{"$f":"(Inputs!F50*Inputs!$K$13)/1000","v":63.786999999999999},"hours/year",12,"/hour",{"$f":"D34*F34","v":765.44399999999996}]
[null,null,"Fringe benefit11",null,null,0.3,"/hour",{"$f":"(F31*F35*D31)+(F32*F35*D32)+(F33*F35*D33)+(F34*F35*D34)","v":3693.2673000000004},null,null,null,null,{"$f":"H44*20%","v":2149.6},"20% change in packaging"]
[]
[null,null,"Total Production Labor",null,null,null,null,{"$f":"SUM(H31:H35)","v":16004.158299999999},null,null,null,{"$f":"H37*20%","v":3200.8316599999998}]
[]
[null,"Packaging Costs",null,null,null,null,null,null,null,"http://avisbag.com/about-us.html"]
[null,null,"Foam Trays",{"$f":"CEILING((Inputs!$K$13/2)/Inputs!F59,1)","v":93},"cases",80,"/case",{"$f":"D40*F40","v":7440},null,null,null,null,{"$f":"H49*20%","v":3008.486870932762},"20% change in energy"]
[null,null,"Boxes",{"$f":"CEILING((Inputs!$K$13/2)/Inputs!F60,1)","v":2658},"box",1,"box",{"$f":"D41*F41","v":2658}]
[null,null,"Labels & Stickers",{"$f":"CEILING((Inputs!$K$13/2)/Inputs!F61,1)","v":13},"roll",50,"/roll",{"$f":"D42*F42","v":650}]
[]
[null,null,"Total Packaging Costs",null,null,null,null,{"$f":"SUM(H40:H42)","v":10748},null,null,null,{"$f":"H44*20%","v":2149.6}]
[]
[null,"Utilities12"]
[null,null,{"$f":"IF(params!A37=1, \"Fuel choice only for NYS user (choose one):\", \"Ignore this Fuel choice if Other State user:\")","v":"Fuel choice only for NYS user (choose one):"},3]
[null,null,null,{"$f":"IF(params!A22=1,Inputs!K20,0)","v":0},"gal",2.48,"$/gallon",{"$f":"IF(params!$A$37=1,D48*F48,0)","v":0},null,"www.eia.gov, NYSERDA"]
[null,null,null,{"$f":"IF(params!A22=2,Inputs!K21,0)","v":27349.880644843288},"therms",0.55000000000000004,"$/therm",{"$f":"IF(params!$A$37=1,D49*F49,0)","v":15042.43435466381},null,"www.eia.gov, NYSERDA"]
[null,null,null,{"$f":"IF(params!A22=3,Inputs!K22,0)","v":0},"gal",2.38,"$/gallon",{"$f":"IF(params!$A$37=1,D50*F50,0)","v":0},null,"www.eia.gov, NYSERDA"]
[null,null,{"$f":"IF(params!A37=2, \"Fuel Choice (for Other State user):\", \"Ignore Fuel choice below if NYS user:\")","v":"Ignore Fuel choice below if NYS user:"}]
[null,null,"Liquid Propane",null,"gal",null,"$/gallon",{"$f":"IF(params!$A$37=2,D52*F52,0)","v":0}]
[null,null,"Natural Gas",20000,"therms",0.75,"$/therm",{"$f":"IF(params!$A$37=2,D53*F53,0)","v":0}]
[null,null,"Fuel Oil",null,"gal",null,"$/gallon",{"$f":"IF(params!$A$37=2,D54*F54,0)","v":0}]
[null,null,"Electricity (general - non fans)",500,"kWh",0.06,"/kWh",{"$f":"D55*F55","v":30}]
[null,null,"Electricity (fans and pads)",10000,"kWh",0.06,"/kWh",600]
[null,null,"Electricity (fanjets/Horizontal Air Fans)",2000,"kWh",0.06,"/kWh",120]
[null,null,"Electricity (lights)",{"$f":"Inputs!F26*Inputs!F27*Inputs!F28/1000","v":0},"kWh",0.06,"/kWh",{"$f":"IF(params!A27=2, D58*F58,0)","v":0}]
[null,null,"Demand charge13 (fans)",{"$f":"7*(Inputs!F13*Inputs!F14)/8000","v":2.625},"kW",{"$f":"10*12","v":120},"/kW",{"$f":"D59*F59","v":315}]
[null,null,"Demand charge (lights)",{"$f":"Inputs!F26*Inputs!F27/1000","v":0},"kW",{"$f":"10*12","v":120},"/kW",{"$f":"IF(params!A27=2, D60*F60,0)","v":0}]
[null,null,"Water and Sewer",100000,"gallons",1.31951E-2,"/gallon",1319.51]
[null,null,"Telephone",12,"months",50,"/month",600]
[null,null,"Cell Phone",12,"months",40,"/month",480]
[]
[null,null,"Total Utilities Costs",null,null,null,null,{"$f":"SUM(H48:H63)","v":18506.94435466381},null,null,null,{"$f":"H65*20%","v":3701.3888709327621}]
[]
[]
[null,"Miscellaneous Costs"]
[null,null,"Advertising, Mailings, Flyers",1,"campaigns",200,"/campaigns",{"$f":"F69*D69","v":200},null,"Hydroponic Lettuce Budget Analysis- The Ohio State University Extension. http://u.osu.edu/greenhouse/hydroponic-crop-program-economic-budgets/"]
[null,null,"Continuing Education",1,"meetings",75,"/meetings",{"$f":"D70*F70","v":75}]
[null,null,"Internet Service",12,"months",20,"/months",240]
[null,null,"Laboratory Fees",36,"tests",20,"/tests",720]
[null,null,"Office Supplies",12,"months",25,"/months",300]
[null,null,"Postage",12,"months",15,"/months",180]
[null,null,"Marketing Materials & Promotions",1,"promos",300,"/promos",300]
[null,null,"Record Keeping",12,"months",50,"/months",600]
[null,null,"Software",3,"programs",50,"/programs",150]
[null,null,"Subscriptions",3,"subscriptions",35,"/subscriptions",105]
[null,null,"Marketing & Trade Shows",0,"trade show",500,"/trade show",0]
[]
[null,null,"Total Miscellaneous Costs",null,null,null,null,{"$f":"SUM(H69:H79)","v":2870}]
[]
[null,"Professional Services"]
[null,null,"Accountant",5,"hours",50,"/hour",{"$f":"D84*F84","v":250}]
[null,null,"Lawyer",4,"hours",125,"/hour",{"$f":"D85*F85","v":500}]
[]
[null,null,"Total Professional Services",null,null,null,null,{"$f":"SUM(H84:H85)","v":750}]
[]
[null,null,"TOTAL VARIABLE COSTS",null,null,null,null,{"$f":"SUM(H87,H81,H65,H44,H37,H28)","v":60902.002654663804}]
[]
[]
[]
["Fixed Costs14"]
[null,"Greenhouse Structure"]
[null,null,null,null,null,null,null,null,null,"http://griffins.com/publications#pdf"]
[null,null,null,"Quantity/Year","Unit ","Price/Unit",null,"Total Cost per year"]
[]
[null,null,"Concrete",{"$f":"Inputs!K7*Inputs!F20","v":900},"sq. ft.",2,"/sq. ft.",{"$f":"D98*F98","v":1800}]
[null,null,"Frame, Ends, Door",{"$f":"IF(params!A32=1,Inputs!F7,IF(params!A32=2,Inputs!F8,IF(params!A32=3,Inputs!F9,IF(params!A32=4,Inputs!F10))))","v":3},"houses",15000,"/houses",45000]
[null,null,"Glazing material (Glass/Poly/Double Poly)",{"$f":"IF(params!A32=1,Inputs!F7,IF(params!A32=2,Inputs!F8,IF(params!A32=3,Inputs!F9,IF(params!A32=4,Inputs!F10))))","v":3},"houses",5000,"/houses",15000]
[null,null,"Energy/Shade Curtains",{"$f":"Inputs!K7-D98","v":8100},"sq. ft.",4,"/sq. ft.",32400]
[null,null,"Ground Cover",{"$f":"Inputs!K7-D98","v":8100},"sq. ft.",7.4999999999999997E-2,"/sq. ft.",607.5]
[null,null,"Permits",4,"permits",80,"/permits",320]
[null,null,"Site Preparation",{"$f":"IF(params!A32=1,Inputs!F7,IF(params!A32=2,Inputs!F8,IF(params!A32=3,Inputs!F9,IF(params!A32=4,Inputs!F10))))","v":3},"houses",1000,"/houses",3000]
[null,null,"House Construction",{"$f":"150*D104","v":450},"hours",10,"/hours",4500]
[]
[null,null,"Total Greenhouse Structure Costs",null,null,null,null,{"$f":"SUM(H98:H105)","v":102627.5}]
[]
[null,null,"Total Annual Greenhouse Stucture Costs17 (Annual costs of owning the greenhouse includes depreciation and/or principal payments, interest, repairs, taxes, and insurance)",null,null,0.2,null,{"$f":"H107*F109*8/12","v":13683.666666666666}]
[]
[]
[null,"Greenhouse Environmental Control Equipment"]
[null,null,"Back-up Generator",1,"generators",6000,"/generators",{"$f":"D113*F113","v":6000}]
[null,null,"Cooling System (fan, vent, & pad)",1,"systems",2000,"/systems",2000]
[null,null,"Fanjets, 30\" 1hp / Horizontal Air Fans",1,"fanjets / HAF",1500,"/fanjets / HAF",1500]
[null,null,"Electrical Panel",1,"panels",1500,"/panels",1500]
[null,null,"Computer for Environmental Control",1,"computers",2500,"/computers",2500]
[null,null,"Extra Building Supplies",1,"houses",1500,"/houses",1500]
[null,null,"Heating System (reflects utility choice from above)"]
[null,null,"Liquid Propane",1,"heaters",2500,"/heaters",{"$f":"IF(params!A22=1, D120*F120,0)","v":0}]
[null,null,"Natural Gas",1,"heaters",2000,"/heaters",{"$f":"IF(params!A22=2, D121*F121,0)","v":2000}]
[null,null,"Fuel Oil",1,"heaters",2000,"/heaters",{"$f":"IF(params!A22=3, D122*F122,0)","v":0}]
[null,null,"Poly Inflation Kit",1,"kits",150,"/kits",{"$f":"D123*F123","v":150}]
[null,null,"Low Voltage Wiring Package",1,"packages",400,"/packages",{"$f":"D124*F124","v":400}]
[null,null,"Protective Equipment (PPE)",1,"sets",50,"/sets",{"$f":"D125*F125","v":50}]
[null,null,"Grow Lights15",2]
[null,null,null,null,null,null,null,{"$f":"IF(params!A27=1,0,0)","v":0}]
[null,null,null,{"$f":"Inputs!F26","v":0},"Lights",460,"/Lights",{"$f":"IF(params!A27=2,D128*F128,0)","v":0}]
[]
[]
[null,null,"Total Greenhouse Environmental Control Equipment Costs",null,null,null,null,{"$f":"SUM(H113:H129)","v":17600}]
[]
[null,null,"Total Annual Equipment Costs (Annual costs of owning the equipment includes depreciation and/or principal payments, interest, repairs, taxes, and insurance)",null,null,0.2,null,{"$f":"H131*F133*8/12","v":2346.6666666666665}]
[]
[]
[null,"Growing & Delivery",null,null,null,null,null,null,null," https://www.greenhousemegastore.com/category/gas-greenhouse-heaters"]
[null,null,"Back Pack Sprayer",1,"sprayers",100,"/sprayers",{"$f":"D137*F137","v":100}]
[null,null,"Carbon Dioxide Generator",1,"generators",480,"/generators",480]
[null,null,"Cooler",1,"coolers",2500,"/coolers",2500]
[null,null,"Delivery Van with A/C",1,"vans",6000,"/vans",6000]
[null,null,"Fertilizer Mixing Pump",1,"pumps",30,"/pumps",30]
[null,null,"Feeding System",1,"unit",3200,"/unit",{"$f":"D142*F142","v":3200}]
[null,null,"Meters and Sensors-                                             EC",1,"meters",160,"/meters",160]
[null,null,"pH",1,"sensors",50,"/sensors",50]
[null,null,"Thermometer",1,"thermometers",25,"/thermometers",25]
[null,null,"Monitor-                                             Humidity",1,"sensors",120,"/sensors",120]
[null,null,"CO2",1,"sensors",500,"/sensors",500]
[null,null,"Drip irrigation",1,"system",20000,"/system",{"$f":"F148*D148","v":20000}]
[null,null,"Scale",1,"scales",100,"/scales",{"$f":"D149*F149","v":100}]
[]
[]
[null,null,"Total Other Equipment",null,null,null,null,{"$f":"SUM(H137:H149)","v":33265}]
[]
[null,null,"Total Annual Growing & Delivery Costs (Annual costs of owning the greenhouse includes depreciation and/or principal payments, interest, repairs, taxes, and insurance)",null,null,0.2,null,{"$f":"H152*F154*8/12","v":4435.333333333333}]
[]
[]
[null,"Miscellaneous"]
[null,null,"Land Rent16",1,"Acre",100,"/acre",{"$f":"D158*F158","v":100},null,"https://www.ers.usda.gov/topics/farm-economy/land-use-land-value-tenure/farmland-value/ "]
[]
[null,null,"Total Miscellaneous Costs",null,null,null,null,{"$f":"H158","v":100}]
[]
[]
[]
[null,null,"TOTAL ANNUAL FIXED COSTS",null,null,null,null,{"$f":"H160+H154+H133+H109","v":20565.666666666664}]
[]
[null,null,"TOTAL ANNUAL COSTS",null,"(Variable Costs + Annual Fixed Costs)",null,null,{"$f":"SUM(H164,H89)","v":81467.669321330468}]

{"sheet":"Results","index":3,"n_rows":27,"n_cols":6,"rows_kept":27,"cut":false,"hidden":false,"merged":[]}
[]
[]
[]
[]
[null,"Total Annual Revenue and Expenses"]
[]
[null,"REVENUE"]
[null,null,"Price",null,{"$f":"Inputs!F23","v":1.35},"/pound"]
[null,null,"Total Sold",null,{"$f":"FLOOR(Inputs!K11-(Inputs!K11*Inputs!F22),1)","v":63787},"/Pound"]
[]
[null,null,"Annual Revenue",null,null,{"$f":"E8*E9","v":86112.450000000012}]
[]
[null,"EXPENSES"]
[null,null,"Variable cost",null,{"$f":"'Cost estimates'!H89","v":60902.002654663804}]
[null,null,"Annual Fixed costs",null,{"$f":"'Cost estimates'!H164","v":20565.666666666664}]
[]
[null,null,"Total Annual Expenses",null,null,{"$f":"SUM(E14:E15)","v":81467.669321330468}]
[]
[null,"Annual Operating Profit",null,null,null,{"$f":"F11-F17","v":4644.7806786695437}]
[]
[]
[null,null,"Variable Costs ($)","Fixed Costs ($)","Total Annual Costs ($)","Annual Profit ($)"]
[]
[null,"Per Head",{"$f":"'Cost estimates'!H89/Inputs!K13","v":0.95477139001150402},{"$f":"'Cost estimates'!H164/Inputs!K13","v":0.32241156766530271},{"$f":"'Cost estimates'!H166/Inputs!K13","v":1.2771829576768068},{"$f":"F19/Inputs!K13","v":7.2817042323193498E-2}]
[null,"Per Square Foot",{"$f":"'Cost estimates'!H89/Inputs!K7","v":6.7668891838515339},{"$f":"'Cost estimates'!H164/Inputs!K7","v":2.2850740740740738},{"$f":"'Cost estimates'!H166/Inputs!K7","v":9.0519632579256069},{"$f":"F19/Inputs!K7","v":0.51608674207439376}]
[null,"Per House",{"$f":"'Cost estimates'!H89/'Cost estimates'!D99","v":20300.667551554601},{"$f":"'Cost estimates'!H164/'Cost estimates'!D99","v":6855.2222222222217},{"$f":"'Cost estimates'!H166/'Cost estimates'!D99","v":27155.889773776824},{"$f":"F19/'Cost estimates'!D99","v":1548.2602262231812}]
[null,"Acre (43,560 sq. ft./acre)",{"$f":"'Cost estimates'!H89/(Inputs!K7/43560)","v":294765.6928485728},{"$f":"'Cost estimates'!H164/(Inputs!K7/43560)","v":99537.826666666646},{"$f":"'Cost estimates'!H166/(Inputs!K7/43560)","v":394303.51951523946},{"$f":"F19/(Inputs!K7/43560)","v":22480.73848476059}]

{"sheet":"Sim1I","index":4,"n_rows":61,"n_cols":22,"rows_kept":61,"cut":false,"hidden":true,"merged":[[2,2,2,5],[4,1,18,1],[5,2,5,4],[6,3,6,4],[7,3,7,4],[10,2,13,2],[14,3,14,4],[25,1,27,1],[46,1,49,1],[31,1,42,1],[32,2,32,6],[53,1,60,1],[56,2,56,3]]}
[]
[]
[null,null,"*** Please enter information in the Blue box"]
[null,null,null,null,null,null,null,null,null,"Outputs based on the information provided in the Blue box"]
[null,"Production "]
[null,null,"Choose type of Greenhouse :",null,1]
[null,null,1,null,null,null,null,null,null,"Greenhouse area",{"$f":"Inputs!K7","v":9000},"Sq. feet"]
[null,null,null,null,null,null,null,null,null,"Side of the roof (if Gable)",{"$f":"Inputs!K8","v":9824.5553203367581},"Feet"]
[null,null,null,null,null,null,null,null,null,"Surface Area",{"$f":"Inputs!K9","v":8100},"Sq. feet"]
[null,null,null,null,null,null,null,null,null,"No of plant",{"$f":"FLOOR(K7/F16*F15,1)","v":2025},null,null,null,null,null,null,null,"Note:"]
[null,null,"Greenhouse dimension","Width",null,{"$f":"Inputs!F13","v":30},"Feet",null,null,"harvested (year)",{"$f":"K10*F17","v":101250},"Pound",null,null,null,null,"Surface area:"]
[null,null,null,"Length",null,{"$f":"Inputs!F14","v":100},"Feet",null,null,"Seed",{"$f":"CEILING(K10+(K10*Inputs!F21),1)","v":2127},null,null,null,null,null,null,null,"Freestanding Gable","Sides",{"$f":"IF(Sim1I!C7=1, 2*Sim1I!F12*Sim1I!F14,0)","v":2000},"Square feet"]
[null,null,null,"Radius of the roof",null,{"$f":"Inputs!F15","v":5},"Feet",null,null,"Net annual production",{"$f":"FLOOR(K11-(K11*Inputs!F20),1)","v":91125},"Pound",null,null,null,null,null,null,null,"Ends",{"$f":"IF(Sim1I!C7=1, 2*Sim1I!F14*Sim1I!F11,0)","v":600},"Square feet"]
[null,null,null,"Height",null,{"$f":"Inputs!F16","v":10},"Feet",null,null,null,null,null,null,null,null,null,null,null,null,"Roof",{"$f":"IF(Sim1I!C7=1, 2*Sim1I!K8*Sim1I!F12,0)","v":1964911.0640673516},"Square feet"]
[null,null,null,"Space use efficiency",null,{"$f":"Inputs!F17","v":0.9},null,null,null,null,null,null,null,null,null,null,null,null,null,"Roof peak",{"$f":"IF(Sim1I!C7=1, 2*1/2*Sim1I!F11*Sim1I!F13)","v":150},"Square feet"]
[null,null,null,"Area per plant",null,{"$f":"Inputs!F18","v":4},"sq. feet",null,null,null,null,null,null,null,null,null,null,null,null,"Total SA area",{"$f":"SUM(U12:U15)","v":1967661.0640673516},"Square feet"]
[null,null,null,"Harvest per plant per year",null,50,"Pound (high)"]
[null,null,null,"Concrete-% of floor",null,{"$f":"Inputs!F20","v":0.1},null,null,null,"Annual heating load",{"$f":"Inputs!K16","v":2452.8330208118027},"GJ",null,null,null,null,null,null,"Freestanding Quonset","Sides",2000,"Square feet"]
[null,null,null,"Overseeding",null,{"$f":"Inputs!F21","v":0.05},null,null,null,"Annual heating load",{"$f":"Inputs!K17","v":2324.7398548116794},"MMBtu",null,null,null,null,null,null,null,"Ends",600,"Square feet"]
[null,null,null,"Shrink",null,{"$f":"Inputs!F22","v":0.1},null,null,null,null,{"$f":"Inputs!K18","v":0},null,null,null,null,null,null,null,null,"Roof",2648.5,"Square feet"]
[null,null,null,"Price19 ",null,{"$f":"Inputs!F23","v":1.35},"per pound",null,null,"Fuel use:",{"$f":"Inputs!K19","v":0},null,null,null,null,null,null,null,null,"Total SA area",5248.5,"Square feet"]
[null,null,null,null,null,null,null,null,null,"Propane",{"$f":"Inputs!K20","v":29946.217721278099},"gal"]
[null,null,null,null,null,null,null,null,null,"Natural gas",{"$f":"Inputs!K21","v":27349.880644843288},"therms"]
[null,null,null,null,null,null,null,null,null,"Fuel oil",{"$f":"Inputs!K22","v":19591.605046449346},"gal"]
[null,null,null,null,null,null,null,null,null,null,{"$f":"Inputs!K23","v":0}]
[null,"Lighting","Number of lamps in Greenhouse",null,null,{"$f":"Inputs!F26","v":0},"lamps",null,null,"Pond pump energy",{"$f":"Inputs!#REF!","v":{"$error":"#REF!"}},"kWh"]
[null,null,"Watt consumption per lamp",null,null,{"$f":"Inputs!F27","v":0},"watt",null,null,"Pond pump energy",{"$f":"Inputs!#REF!","v":{"$error":"#REF!"}},"kW"]
[null,null,"Hours operated per year",null,null,{"$f":"Inputs!F28","v":0},"hour"]
[]
[]
[null,null,null,null,1]
[null,"Heating4","Ideally use energy model from Cornell CEA or other model "]
[null,null,"OR use the folowing formula to get a reasonably accurate estimate to help in making decisions relative to the size of the greenhouse or type of heating."]
[]
[null,null,"Glazing material",null,null,{"$f":"Inputs!F35","v":0}]
[null,null,"Custom u-value",null,null,{"$f":"Inputs!F36","v":1},"Btu/(sqft*degF*h)"]
[null,null,"Custom transmittance",null,null,{"$f":"Inputs!F37","v":0.9}]
[null,null,"Air changes per hour",null,null,{"$f":"Inputs!F38","v":1},"ACH"]
[null,null,"ASHRAE Climate Zone",null,null,{"$f":"Inputs!F39","v":0}]
[null,null,"Greenhouse air temperature",null,null,{"$f":"Inputs!F40","v":70},"F"]
[null,null,"Evapotranspiration latent load",null,null,{"$f":"Inputs!F41","v":10},"W/ft2"]
[null,null,"Greenhouse RH%",null,null,{"$f":"Inputs!F42","v":0.7},null,null,null,null,null,null,null,null,null,null,null,null,null,"Use Degree -days if you are in NYS from the following table or from nearby weather station data:"]
[null,null,"Boiler efficiency",null,null,{"$f":"Inputs!F43","v":0.85},null,null,null,null,null,null,null,null,null,null,null,null,null,null,"Albany",4302]
[]
[]
[null,null,null,null,null,null,null,null,null,null,null,null,null,null,null,null,null,null,null,null,"Binghamton",4296]
[null,"Labor","Seed/ Transplant/Harvest/ Package",null,null,{"$f":"Inputs!F47","v":11},"hrs/per thousand",null,null,null,null,null,null,null,null,null,null,null,null,null,"Buffalo",4316]
[null,null,"Delivering to market",null,null,{"$f":"Inputs!F48","v":1},"hrs/per thousand",null,null,null,null,null,null,null,null,null,null,null,null,null,"Ithaca",4023]
[null,null,"Production management",null,null,{"$f":"Inputs!F49","v":2},"hrs/per thousand",null,null,null,null,null,null,null,null,null,null,null,null,null,"New york ",3089]
[null,null,"Other (Marketing, Maintainence, etc.)",null,null,{"$f":"Inputs!F50","v":1},"hrs/per thousand",null,null,null,null,null,null,null,null,null,null,null,null,null,"Rochester",4231]
[]
[]
[]
[null,"Others6","No. of Pelleted seed",null,null,{"$f":"Inputs!F54","v":1000},"/per package"]
[null,null,"No. of Rockwool cubes",null,null,{"$f":"Inputs!F55","v":6000},"/per case"]
[null,null,"No. of Rockwool slabs ",null,null,{"$f":"Inputs!F56","v":12},"/per bag"]
[null,null,"No. of beneficial insects",null,null,{"$f":"Inputs!F57","v":650},"/per package"]
[null,null,"Sq. feet covered per insects",null,null,{"$f":"Inputs!F58","v":0.9},"/per insects"]
[null,null,"Foam tray per case ",null,null,{"$f":"Inputs!F59","v":344},"/case"]
[null,null,"Clamshell per box",null,null,{"$f":"Inputs!F60","v":12},"/box"]
[null,null,"Labels per roll",null,null,{"$f":"Inputs!F61","v":2500},"/roll"]

{"sheet":"Sim1C","index":5,"n_rows":166,"n_cols":14,"rows_kept":166,"cut":false,"hidden":true,"merged":[[108,2,108,4],[132,2,132,3],[153,2,153,3],[2,2,2,5],[4,5,4,6],[6,1,6,2],[29,1,29,2],[38,1,38,2],[95,5,95,6]]}
[]
[]
[null,null,"*** Please enter information in the Orange Box"]
[]
[null,null,null,"Quantity/Year","Unit ","Price ($) / Unit",null,"Total Cost per year"]
["VARIABLE COSTS7"]
[null,"Production Supplies"]
[null,null,"Seed (package)",{"$f":"CEILING((Sim1I!K10+(Sim1I!K10*Inputs!F21))/Inputs!F54, 1)","v":3},"packages",{"$f":"'Cost estimates'!F8","v":110},"/package",{"$f":"D8*F8","v":330},null,"References:"]
[null,null,"Rockwool cubes, 1\" cubes",{"$f":"CEILING(Sim1I!K13/Inputs!F55,1)","v":16},"cases",{"$f":"'Cost estimates'!F9","v":159},"/case",2544]
[null,null,"Beneficial Insects",{"$f":"CEILING((Inputs!K7/Inputs!F58)/Inputs!F57,1)","v":16},"packages",{"$f":"'Cost estimates'!F10","v":36},"/package",576,null,"Hydroponic Tomato Budget Analysis- The Ohio State University Extension. http://u.osu.edu/greenhouse/hydroponic-crop-program-economic-budgets/"]
[null,null,"Growth Medium",null,null,{"$f":"'Cost estimates'!F11","v":0}]
[null,null,"                                                   2 plants/slab",{"$f":"CEILING(IF(params!A18=1,Inputs!K10/(Inputs!F56*2),0),1)","v":85},"slabs",{"$f":"'Cost estimates'!F12","v":65},"/slabs",{"$f":"D12*F12","v":5525}]
[null,null,"                                                   4 cu. Ft./bag",{"$f":"CEILING(IF(params!A18=2,Inputs!K10/9,0),1)","v":0},"bags",{"$f":"'Cost estimates'!F13","v":10},"/bag",{"$f":"D13*F13","v":0}]
[null,null,"Bato Buckets",{"$f":"Inputs!K10","v":2025},null,{"$f":"'Cost estimates'!F14","v":4},"/bucket",{"$f":"'Cost estimates'!H14","v":0}]
[null,null,"Fertilizer",null,null,{"$f":"'Cost estimates'!F15","v":0}]
[null,null,"Blended Mix",{"$f":"CEILING(Inputs!K7*0.162760416666666,1)","v":1465},"pounds",{"$f":"'Cost estimates'!F16","v":1},"/pound",1465]
[null,null,"CaNO3",{"$f":"CEILING(Inputs!K7*0.162760416666666,1)","v":1465},"pounds",{"$f":"'Cost estimates'!F17","v":0.46},"/pound",673.9]
[null,null,"Additions",{"$f":"CEILING(Inputs!K7*0.00217013888888888,1)","v":20},"pounds",{"$f":"'Cost estimates'!F18","v":1},"/pound",20]
[null,null,"Fungicide/Pesticide3",{"$f":"CEILING(Inputs!K7*0.00217013888888888,1)","v":20},"gallons",{"$f":"'Cost estimates'!F19","v":60},"/gallon",1200]
[null,null,"Sanitizer",{"$f":"CEILING(Sim1I!K13/29545,1)","v":4},"gallons",{"$f":"'Cost estimates'!F20","v":35},"/gallon",140]
[null,null,"Sticky Traps4",{"$f":"CEILING(Inputs!K7*0.0001,1)","v":1},"packages",{"$f":"'Cost estimates'!F21","v":30},"/package",30]
[null,null,"Heated seedling support mat, 22X96",{"$f":"'Cost estimates'!D22","v":1},"mat",{"$f":"'Cost estimates'!F22","v":114},"/mat",114,null,"www.labor.ny.gov"]
[null,null,"Trays",{"$f":"'Cost estimates'!D23","v":10},"trays",{"$f":"'Cost estimates'!F23","v":1},"/tray",10]
[null,null,"Clips , 7500/case",{"$f":"'Cost estimates'!D24","v":1},"cases",{"$f":"'Cost estimates'!F24","v":83},"/package",83]
[null,null,"Twine",{"$f":"'Cost estimates'!D25","v":1},"boxes",{"$f":"'Cost estimates'!F25","v":22},"/box",22]
[null,null,"Tomahooks",{"$f":"'Cost estimates'!D26","v":800},"hooks",{"$f":"'Cost estimates'!F26","v":0.15},"/package",120]
[]
[null,null,"Total Production Supplies cost",null,null,null,null,{"$f":"SUM(H8:H26)","v":12852.9},null,null,null,null,{"$f":"#REF!*20%","v":{"$error":"#REF!"}},"20% change in labor"]
[]
[null,"Production Labor"]
[null,null,"Seed/ Transplant/Harvest/ Package",{"$f":"(Inputs!$F47*Sim1I!$K$13)/1000","v":1002.375},"hours/year",{"$f":"'Cost estimates'!F31","v":13},"/hour",{"$f":"D31*F31","v":13030.875},null,"http://avisbag.com/about-us.html"]
[null,null,"Delivering to market",{"$f":"(Inputs!$F48*Sim1I!$K$13)/1000","v":91.125},"hours/year",{"$f":"'Cost estimates'!F32","v":12},"/hour",{"$f":"D32*F32","v":1093.5}]
[null,null,"Production management",{"$f":"(Inputs!$F49*Sim1I!$K$13)/1000","v":182.25},"hours/year",{"$f":"'Cost estimates'!F33","v":13},"/hour",{"$f":"D33*F33","v":2369.25}]
[null,null,"Other (Marketing, Maintainence, etc.)",{"$f":"(Inputs!$F50*Sim1I!$K$13)/1000","v":91.125},"hours/year",{"$f":"'Cost estimates'!F34","v":12},"/hour",{"$f":"D34*F34","v":1093.5}]
[null,null,"Fringe benefit",null,null,{"$f":"'Cost estimates'!F35","v":0.3},"/hour",{"$f":"(F31*F35*D31)+(F32*F35*D32)+(F33*F35*D33)+(F34*F35*D34)","v":5276.1374999999998},null,null,null,null,{"$f":"H44*20%","v":3077.4},"20% change in packaging"]
[]
[null,null,"Total Production Labor",null,null,null,null,{"$f":"SUM(H31:H35)","v":22863.262500000001},null,{"$f":"H37*20%","v":4572.6525000000001}]
[]
[null,"Packaging Costs",null,null,null,null,null,null,null,"www.eia.gov, NYSERDA"]
[null,null,"Foam Trays",{"$f":"CEILING((Sim1I!$K$13/2)/Inputs!F59,1)","v":133},"cases",{"$f":"'Cost estimates'!F40","v":80},"/case",{"$f":"D40*F40","v":10640},null,"www.eia.gov, NYSERDA",null,null,{"$f":"H49*20%","v":3008.486870932762},"20% change in energy"]
[null,null,"Boxes",{"$f":"CEILING((Sim1I!$K$13/2)/Inputs!F60,1)","v":3797},"box",{"$f":"'Cost estimates'!F41","v":1},"box",{"$f":"D41*F41","v":3797},null,"www.eia.gov, NYSERDA"]
[null,null,"Labels & Stickers",{"$f":"CEILING((Sim1I!$K$13/2)/Inputs!F61,1)","v":19},"roll",{"$f":"'Cost estimates'!F42","v":50},"/roll",{"$f":"D42*F42","v":950}]
[]
[null,null,"Total Packaging Costs",null,null,null,null,{"$f":"SUM(H40:H42)","v":15387},null,{"$f":"H44*20%","v":3077.4}]
[]
[null,"Utilities"]
[null,null,{"$f":"IF(params!A37=1, \"Fuel choice only for NYS user (choose one):\", \"Ignore this Fuel choice if Other State user:\")","v":"Fuel choice only for NYS user (choose one):"},3]
[null,null,null,{"$f":"'Cost estimates'!D48","v":0},"gal",{"$f":"'Cost estimates'!F48","v":2.48},"$/gallon",{"$f":"'Cost estimates'!H48","v":0}]
[null,null,null,{"$f":"'Cost estimates'!D49","v":27349.880644843288},"therms",{"$f":"'Cost estimates'!F49","v":0.55000000000000004},"$/therm",{"$f":"'Cost estimates'!H49","v":15042.43435466381}]
[null,null,null,{"$f":"'Cost estimates'!D50","v":0},"gal",{"$f":"'Cost estimates'!F50","v":2.38},"$/gallon",{"$f":"'Cost estimates'!H50","v":0}]
[null,null,{"$f":"IF(params!A37=2, \"Fuel Choice (for Other State user):\", \"Ignore Fuel choice below if NYS user:\")","v":"Ignore Fuel choice below if NYS user:"},{"$f":"'Cost estimates'!D51","v":0},null,{"$f":"'Cost estimates'!F51","v":0},null,{"$f":"'Cost estimates'!H51","v":0}]
[null,null,"Liquid Propane",{"$f":"'Cost estimates'!D52","v":0},"gal",{"$f":"'Cost estimates'!F52","v":0},"$/gallon",{"$f":"'Cost estimates'!H52","v":0}]
[null,null,"Natural Gas",{"$f":"'Cost estimates'!D53","v":20000},"therms",{"$f":"'Cost estimates'!F53","v":0.75},"$/therm",{"$f":"'Cost estimates'!H53","v":0}]
[null,null,"Fuel Oil",{"$f":"'Cost estimates'!D54","v":0},"gal",{"$f":"'Cost estimates'!F54","v":0},"$/gallon",{"$f":"'Cost estimates'!H54","v":0}]
[null,null,"Electricity (general - non fans)",{"$f":"'Cost estimates'!D55","v":500},"kWh",{"$f":"'Cost estimates'!F55","v":0.06},"/kWh",{"$f":"D55*F55","v":30}]
[null,null,"Electricity (fans and pads)",{"$f":"'Cost estimates'!D56","v":10000},"kWh",{"$f":"'Cost estimates'!F56","v":0.06},"/kWh",600]
[null,null,"Electricity (fanjets/Horizontal Air Fans)",{"$f":"'Cost estimates'!D57","v":2000},"kWh",{"$f":"'Cost estimates'!F57","v":0.06},"/kWh",120]
[null,null,"Electricity (lights)",{"$f":"'Cost estimates'!D58","v":0},"kWh",{"$f":"'Cost estimates'!F58","v":0.06},"/kWh",0]
[null,null,"Demand charge13 (fans)",{"$f":"'Cost estimates'!D59","v":2.625},"kW",{"$f":"'Cost estimates'!F59","v":120},"/kW",{"$f":"D59*F59","v":315}]
[null,null,"Demand charge (lights)",{"$f":"'Cost estimates'!D60","v":0},"kW",{"$f":"'Cost estimates'!F60","v":120},"/kW",{"$f":"D60*F60","v":0}]
[null,null,"Water and Sewer",{"$f":"'Cost estimates'!D61","v":100000},"gallons",{"$f":"'Cost estimates'!F61","v":1.31951E-2},"/gallon",1319.51]
[null,null,"Telephone",{"$f":"'Cost estimates'!D62","v":12},"months",{"$f":"'Cost estimates'!F62","v":50},"/month",600]
[null,null,"Cell Phone",{"$f":"'Cost estimates'!D63","v":12},"months",{"$f":"'Cost estimates'!F63","v":40},"/month",480]
[]
[null,null,"Total Utilities Costs",null,null,null,null,{"$f":"SUM(H48:H63)","v":18506.94435466381},null,{"$f":"H65*20%","v":3701.3888709327621}]
[]
[]
[null,"Miscellaneous Costs",null,null,null,null,null,null,null," https://www.greenhousemegastore.com/category/gas-greenhouse-heaters"]
[null,null,"Advertising, Mailings, Flyers",{"$f":"'Cost estimates'!D69","v":1},"campaigns",{"$f":"'Cost estimates'!F69","v":200},"/campaigns",{"$f":"F69*D69","v":200}]
[null,null,"Continuing Education",{"$f":"'Cost estimates'!D70","v":1},"meetings",{"$f":"'Cost estimates'!F70","v":75},"/meetings",{"$f":"D70*F70","v":75}]
[null,null,"Internet Service",{"$f":"'Cost estimates'!D71","v":12},"months",{"$f":"'Cost estimates'!F71","v":20},"/months",240]
[null,null,"Laboratory Fees",{"$f":"'Cost estimates'!D72","v":36},"tests",{"$f":"'Cost estimates'!F72","v":20},"/tests",720]
[null,null,"Office Supplies",{"$f":"'Cost estimates'!D73","v":12},"months",{"$f":"'Cost estimates'!F73","v":25},"/months",300]
[null,null,"Postage",{"$f":"'Cost estimates'!D74","v":12},"months",{"$f":"'Cost estimates'!F74","v":15},"/months",180]
[null,null,"Marketing Materials & Promotions",{"$f":"'Cost estimates'!D75","v":1},"promos",{"$f":"'Cost estimates'!F75","v":300},"/promos",300]
[null,null,"Record Keeping",{"$f":"'Cost estimates'!D76","v":12},"months",{"$f":"'Cost estimates'!F76","v":50},"/months",600]
[null,null,"Software",{"$f":"'Cost estimates'!D77","v":3},"programs",{"$f":"'Cost estimates'!F77","v":50},"/programs",150]
[null,null,"Subscriptions",{"$f":"'Cost estimates'!D78","v":3},"subscriptions",{"$f":"'Cost estimates'!F78","v":35},"/subscriptions",105]
[null,null,"Marketing & Trade Shows",{"$f":"'Cost estimates'!D79","v":0},"trade show",{"$f":"'Cost estimates'!F79","v":500},"/trade show",0]
[]
[null,null,"Total Miscellaneous Costs",null,null,null,null,{"$f":"SUM(H69:H79)","v":2870}]
[]
[null,"Professional Services"]
[null,null,"Accountant",{"$f":"'Cost estimates'!D84","v":5},"hours",{"$f":"'Cost estimates'!F84","v":50},"/hour",{"$f":"D84*F84","v":250}]
[null,null,"Lawyer",{"$f":"'Cost estimates'!D85","v":4},"hours",{"$f":"'Cost estimates'!F85","v":125},"/hour",{"$f":"D85*F85","v":500}]
[]
[null,null,"Total Professional Services",null,null,null,null,{"$f":"SUM(H84:H85)","v":750}]
[]
[null,null,"TOTAL VARIABLE COSTS",null,null,null,null,{"$f":"SUM(H87,H81,H65,H44,H37,H28)","v":73230.106854663798}]
[]
[]
[]
["Fixed Costs14"]
[null,"Greenhouse Structure"]
[]
[null,null,null,"Quantity/Year","Unit ","Price/Unit",null,"Total Cost per year"]
[]
[null,null,"Concrete",{"$f":"Inputs!K7*Inputs!F20","v":900},"sq. ft.",{"$f":"'Cost estimates'!F98","v":2},"/sq. ft.",{"$f":"D98*F98","v":1800}]
[null,null,"Frame, Ends, Door",{"$f":"'Cost estimates'!D99","v":3},"houses",{"$f":"'Cost estimates'!F99","v":15000},"/houses",45000]
[null,null,"Glazing material (Glass/Poly/Double poly",{"$f":"'Cost estimates'!D100","v":3},"houses",{"$f":"'Cost estimates'!F100","v":5000},"/houses",15000]
[null,null,"Energy/Shade Curtains",{"$f":"'Cost estimates'!D101","v":8100},"sq. ft.",{"$f":"'Cost estimates'!F101","v":4},"/sq. ft.",32400]
[null,null,"Ground Cover",{"$f":"'Cost estimates'!D102","v":8100},"sq. ft.",{"$f":"'Cost estimates'!F102","v":7.4999999999999997E-2},"/sq. ft.",607.5]
[null,null,"Permits",{"$f":"'Cost estimates'!D103","v":4},"permits",{"$f":"'Cost estimates'!F103","v":80},"/permits",320]
[null,null,"Site Preparation",{"$f":"'Cost estimates'!D104","v":3},"houses",{"$f":"'Cost estimates'!F104","v":1000},"/houses",3000]
[null,null,"House Construction",{"$f":"'Cost estimates'!D105","v":450},"hours",{"$f":"'Cost estimates'!F105","v":10},"/hours",4500]
[]
[null,null,"Total Greenhouse Structure Costs",null,null,null,null,{"$f":"SUM(H98:H105)","v":102627.5}]
[]
[null,null,"Total Annual Greenhouse Stucture Costs18 (Annual costs of owning the greenhouse includes depreciation and/or principal payments, interest, repairs, taxes, and insurance)",null,null,{"$f":"'Cost estimates'!F109","v":0.2},null,{"$f":"H107*F109","v":20525.5},null,"https://shop.amhydro.com/collections/complete-nft-systems"]
[null,null,null,null,null,null,null,null,null,"Controlled Environment Agriculture Scoping Study (1996), CEA Program, Cornell University"]
[]
[null,"Greenhouse Environmental Control Equipment"]
[null,null,"Back-up Generator",{"$f":"'Cost estimates'!D113","v":1},"generators",{"$f":"'Cost estimates'!F113","v":6000},"/generators",{"$f":"D113*F113","v":6000}]
[null,null,"Cooling System (fan, vent, & pad)",{"$f":"'Cost estimates'!D114","v":1},"systems",{"$f":"'Cost estimates'!F114","v":2000},"/systems",2000]
[null,null,"Fanjets, 30\" 1hp / Horizontal Air Fans",{"$f":"'Cost estimates'!D115","v":1},"fanjets / HAF",{"$f":"'Cost estimates'!F115","v":1500},"/fanjets / HAF",1500]
[null,null,"Electrical Panel",{"$f":"'Cost estimates'!D116","v":1},"panels",{"$f":"'Cost estimates'!F116","v":1500},"/panels",1500]
[null,null,"Computer for Environmental Control",{"$f":"'Cost estimates'!D117","v":1},"computers",{"$f":"'Cost estimates'!F117","v":2500},"/computers",2500]
[null,null,"Extra Building Supplies",{"$f":"'Cost estimates'!D118","v":1},"houses",{"$f":"'Cost estimates'!F118","v":1500},"/houses",1500]
[null,null,"Heating System (reflects utility choice from above)",{"$f":"'Cost estimates'!D119","v":0},null,{"$f":"'Cost estimates'!F119","v":0}]
[null,null,"Liquid Propane",{"$f":"'Cost estimates'!D120","v":1},"heaters",{"$f":"'Cost estimates'!F120","v":2500},"/heaters",{"$f":"IF(D47=1, D120*F120,0)","v":0}]
[null,null,"Natural Gas",{"$f":"'Cost estimates'!D121","v":1},"heaters",{"$f":"'Cost estimates'!F121","v":2000},"/heaters",{"$f":"IF(D47=2, D121*F121,0)","v":0},null,"https://www.ers.usda.gov/topics/farm-economy/land-use-land-value-tenure/farmland-value/ "]
[null,null,"Fuel Oil",{"$f":"'Cost estimates'!D122","v":1},"heaters",{"$f":"'Cost estimates'!F122","v":2000},"/heaters",{"$f":"IF(D47=3, D122*F122,0)","v":2000}]
[null,null,"Poly Inflation Kit",{"$f":"'Cost estimates'!D123","v":1},"kits",{"$f":"'Cost estimates'!F123","v":150},"/kits",{"$f":"D123*F123","v":150}]
[null,null,"Low Voltage Wiring Package",{"$f":"'Cost estimates'!D124","v":1},"packages",{"$f":"'Cost estimates'!F124","v":400},"/packages",{"$f":"D124*F124","v":400}]
[null,null,"Protective Equipment (PPE)",{"$f":"'Cost estimates'!D125","v":1},"sets",{"$f":"'Cost estimates'!F125","v":50},"/sets",{"$f":"D125*F125","v":50}]
[null,null,"Grow Lights15"]
[null,null,null,{"$f":"'Cost estimates'!D127","v":0},null,null,null,{"$f":"'Cost estimates'!H127","v":0}]
[null,null,null,{"$f":"'Cost estimates'!D128","v":0},"Lights",{"$f":"'Cost estimates'!F128","v":460},"/Lights",{"$f":"'Cost estimates'!H128","v":0}]
[]
[]
[null,null,"Total Greenhouse Environmental Control Equipment Costs",null,null,null,null,{"$f":"SUM(H113:H129)","v":17600}]
[]
[null,null,"Total Annual Equipment Costs (Annual costs of owning the equipment includes depreciation and/or principal payments, interest, repairs, taxes, and insurance)",null,null,{"$f":"'Cost estimates'!F133","v":0.2},null,{"$f":"H131*F133","v":3520}]
[]
[]
[null,"Growing & Delivery"]
[null,null,"Back Pack Sprayer",{"$f":"'Cost estimates'!D137","v":1},"sprayers",{"$f":"'Cost estimates'!F137","v":100},"/sprayers",{"$f":"D137*F137","v":100}]
[null,null,"Carbon Dioxide Generator",{"$f":"'Cost estimates'!D138","v":1},"generators",{"$f":"'Cost estimates'!F138","v":480},"/generators",480]
[null,null,"Cooler",{"$f":"'Cost estimates'!D139","v":1},"coolers",{"$f":"'Cost estimates'!F139","v":2500},"/coolers",2500]
[null,null,"Delivery Van with A/C",{"$f":"'Cost estimates'!D140","v":1},"vans",{"$f":"'Cost estimates'!F140","v":6000},"/vans",6000]
[null,null,"Fertilizer Mixing Pump",{"$f":"'Cost estimates'!D141","v":1},"pumps",{"$f":"'Cost estimates'!F141","v":30},"/pumps",30]
[null,null,"Feeding System",{"$f":"'Cost estimates'!D142","v":1},"unit",{"$f":"'Cost estimates'!F142","v":3200},"/unit",{"$f":"D142*F142","v":3200}]
[null,null,"Meters and Sensors-                                    EC",{"$f":"'Cost estimates'!D143","v":1},"meters",{"$f":"'Cost estimates'!F143","v":160},"/meters",160]
[null,null,"pH",{"$f":"'Cost estimates'!D144","v":1},"sensors",{"$f":"'Cost estimates'!F144","v":50},"/sensors",50]
[null,null,"Thermometer",{"$f":"'Cost estimates'!D145","v":1},"thermometers",{"$f":"'Cost estimates'!F145","v":25},"/thermometers",25]
[null,null,"Monitor-                                             Humidity",{"$f":"'Cost estimates'!D146","v":1},"sensors",{"$f":"'Cost estimates'!F146","v":120},"/sensors",120]
[null,null,"CO2",{"$f":"'Cost estimates'!D147","v":1},"sensors",{"$f":"'Cost estimates'!F147","v":500},"/sensors",500]
[null,null,"Drip irrigation",{"$f":"'Cost estimates'!D148","v":1},"system",{"$f":"'Cost estimates'!F148","v":20000},"/system",{"$f":"F148*D148","v":20000}]
[null,null,"Scale",{"$f":"'Cost estimates'!D149","v":1},"scales",{"$f":"'Cost estimates'!F149","v":100},"/scales",{"$f":"D149*F149","v":100}]
[]
[]
[null,null,"Total Other Equipment",null,null,null,null,{"$f":"SUM(H137:H149)","v":33265}]
[]
[null,null,"Total Annual Growing & Delivery Costs (Annual costs of owning the greenhouse includes depreciation and/or principal payments, interest, repairs, taxes, and insurance)",null,null,{"$f":"'Cost estimates'!F154","v":0.2},null,{"$f":"H152*F154","v":6653}]
[]
[]
[null,"Miscellaneous"]
[null,null,"Land Rent17",{"$f":"'Cost estimates'!D158","v":1},"Acre",{"$f":"'Cost estimates'!F158","v":100},"/acre",{"$f":"D158*F158","v":100}]
[]
[null,null,"Total Miscellaneous Costs",null,null,null,null,{"$f":"H158","v":100}]
[]
[]
[]
[null,null,"TOTAL ANNUAL FIXED COSTS",null,null,null,null,{"$f":"H160+H154+H133+H109","v":30798.5}]
[]
[null,null,"TOTAL ANNUAL COSTS",null,"(Variable Costs + Annual Fixed Costs)",null,null,{"$f":"SUM(H164,H89)","v":104028.6068546638}]

{"sheet":"Sim2I","index":6,"n_rows":61,"n_cols":22,"rows_kept":61,"cut":false,"hidden":true,"merged":[[25,1,27,1],[31,1,42,1],[32,2,32,6],[46,1,49,1],[53,1,60,1],[56,2,56,3],[2,2,2,5],[4,1,18,1],[5,2,5,4],[6,3,6,4],[7,3,7,4],[10,2,13,2],[14,3,14,4]]}
[]
[]
[null,null,"*** Please enter information in the Blue box"]
[null,null,null,null,null,null,null,null,null,"Outputs based on the information provided in the Blue box"]
[null,"Production "]
[null,null,"Choose type of Greenhouse :",null,1]
[null,null,1,null,null,null,null,null,null,"Greenhouse area",{"$f":"Inputs!K7","v":9000},"Sq. feet"]
[null,null,null,null,null,null,null,null,null,"Side of the roof (if Gable)",{"$f":"Inputs!K8","v":9824.5553203367581},"Feet"]
[null,null,null,null,null,null,null,null,null,"Surface Area",{"$f":"Inputs!K9","v":8100},"Sq. feet"]
[null,null,null,null,null,null,null,null,null,"No of plant",{"$f":"Inputs!K10","v":2025},null,null,null,null,null,null,null,"Note:"]
[null,null,"Greenhouse dimension","Width",null,{"$f":"Inputs!F13","v":30},"Feet",null,null,"harvested (year)",{"$f":"K10*F17","v":70875},"pound",null,null,null,null,"Surface area:"]
[null,null,null,"Length",null,{"$f":"Inputs!F14","v":100},"Feet",null,null,"Seed",{"$f":"CEILING(K10+(K10*Inputs!F21),1)","v":2127},null,null,null,null,null,null,null,"Freestanding Gable","Sides",{"$f":"IF(Sim2I!C7=1, 2*Sim2I!F12*Sim2I!F14,0)","v":2000},"Square feet"]
[null,null,null,"Radius of the roof",null,{"$f":"Inputs!F15","v":5},"Feet",null,null,"Net annual production",{"$f":"FLOOR(K11-(K11*Inputs!F22),1)","v":63787},"Heads",null,null,null,null,null,null,null,"Ends",{"$f":"IF(Sim2I!C7=1, 2*Sim2I!F14*Sim2I!F11,0)","v":600},"Square feet"]
[null,null,null,"Height",null,{"$f":"Inputs!F16","v":10},"Feet",null,null,null,null,null,null,null,null,null,null,null,null,"Roof",{"$f":"IF(Sim2I!C7=1, 2*Sim2I!K8*Sim2I!F12,0)","v":1964911.0640673516},"Square feet"]
[null,null,null,"Space use efficiency",null,{"$f":"Inputs!F17","v":0.9},null,null,null,null,null,null,null,null,null,null,null,null,null,"Roof peak",{"$f":"IF(Sim2I!C7=1, 2*1/2*Sim2I!F11*Sim2I!F13)","v":150},"Square feet"]
[null,null,null,"Area per plant",null,{"$f":"Inputs!F18","v":4},"sq. feet",null,null,null,null,null,null,null,null,null,null,null,null,"Total SA area",{"$f":"SUM(U12:U15)","v":1967661.0640673516},"Square feet"]
[null,null,null,"Harvest per plant per year",null,35,"Pound (average)"]
[null,null,null,"Concrete-% of floor",null,{"$f":"Inputs!F20","v":0.1},null,null,null,"Annual heating load",{"$f":"Inputs!K16","v":2452.8330208118027},"GJ",null,null,null,null,null,null,"Freestanding Quonset","Sides",2000,"Square feet"]
[null,null,null,"Overseeding",null,{"$f":"Inputs!F21","v":0.05},null,null,null,"Annual heating load",{"$f":"Inputs!K17","v":2324.7398548116794},"MMBtu",null,null,null,null,null,null,null,"Ends",600,"Square feet"]
[null,null,null,"Shrink",null,{"$f":"Inputs!F22","v":0.1},null,null,null,null,{"$f":"Inputs!K18","v":0},null,null,null,null,null,null,null,null,"Roof",2648.5,"Square feet"]
[null,null,null,"Price19 ",null,{"$f":"Inputs!F23","v":1.35},"per pound",null,null,"Fuel use:",{"$f":"Inputs!K19","v":0},null,null,null,null,null,null,null,null,"Total SA area",5248.5,"Square feet"]
[null,null,null,null,null,null,null,null,null,"Propane",{"$f":"Inputs!K20","v":29946.217721278099},"gal"]
[null,null,null,null,null,null,null,null,null,"Natural gas",{"$f":"Inputs!K21","v":27349.880644843288},"therms"]
[null,null,null,null,null,null,null,null,null,"Fuel oil",{"$f":"Inputs!K22","v":19591.605046449346},"gal"]
[null,null,null,null,null,null,null,null,null,null,{"$f":"Inputs!K23","v":0}]
[null,"Lighting","Number of lamps in Greenhouse",null,null,{"$f":"Inputs!F26","v":0},"lamps",null,null,"Pond pump energy",{"$f":"Inputs!#REF!","v":{"$error":"#REF!"}},"kWh"]
[null,null,"Watt consumption per lamp",null,null,{"$f":"Inputs!F27","v":0},"watt",null,null,"Pond pump energy",{"$f":"Inputs!#REF!","v":{"$error":"#REF!"}},"kW"]
[null,null,"Hours operated per year",null,null,{"$f":"Inputs!F28","v":0},"hour"]
[]
[]
[null,null,null,null,1]
[null,"Heating4","Ideally use energy model from Cornell CEA or other model "]
[null,null,"OR use the folowing formula to get a reasonably accurate estimate to help in making decisions relative to the size of the greenhouse or type of heating."]
[]
[null,null,"Glazing material",null,null,{"$f":"Inputs!F35","v":0}]
[null,null,"Custom u-value",null,null,{"$f":"Inputs!F36","v":1},"Btu/(sqft*degF*h)"]
[null,null,"Custom transmittance",null,null,{"$f":"Inputs!F37","v":0.9}]
[null,null,"Air changes per hour",null,null,{"$f":"Inputs!F38","v":1},"ACH"]
[null,null,"ASHRAE Climate Zone",null,null,{"$f":"Inputs!F39","v":0}]
[null,null,"Greenhouse air temperature",null,null,{"$f":"Inputs!F40","v":70},"F"]
[null,null,"Evapotranspiration latent load",null,null,{"$f":"Inputs!F41","v":10},"W/ft2"]
[null,null,"Greenhouse RH%",null,null,{"$f":"Inputs!F42","v":0.7},null,null,null,null,null,null,null,null,null,null,null,null,null,"Use Degree -days if you are in NYS from the following table or from nearby weather station data:"]
[null,null,"Boiler efficiency",null,null,{"$f":"Inputs!F43","v":0.85},null,null,null,null,null,null,null,null,null,null,null,null,null,null,"Albany",4302]
[]
[]
[null,null,null,null,null,null,null,null,null,null,null,null,null,null,null,null,null,null,null,null,"Binghamton",4296]
[null,"Labor","Seed/ Transplant/Harvest/ Package",null,null,{"$f":"Inputs!F47","v":11},"hrs/per thousand",null,null,null,null,null,null,null,null,null,null,null,null,null,"Buffalo",4316]
[null,null,"Delivering to market",null,null,{"$f":"Inputs!F48","v":1},"hrs/per thousand",null,null,null,null,null,null,null,null,null,null,null,null,null,"Ithaca",4023]
[null,null,"Production management",null,null,{"$f":"Inputs!F49","v":2},"hrs/per thousand",null,null,null,null,null,null,null,null,null,null,null,null,null,"New york ",3089]
[null,null,"Other (Marketing, Maintainence, etc.)",null,null,{"$f":"Inputs!F50","v":1},"hrs/per thousand",null,null,null,null,null,null,null,null,null,null,null,null,null,"Rochester",4231]
[]
[]
[]
[null,"Others6","No. of Pelleted seed",null,null,{"$f":"Inputs!F54","v":1000},"/per package"]
[null,null,"No. of Rockwool cubes",null,null,{"$f":"Inputs!F55","v":6000},"/per case"]
[null,null,"No. of Rockwool slabs ",null,null,{"$f":"Inputs!F56","v":12},"/per bag"]
[null,null,"No. of beneficial insects",null,null,{"$f":"Inputs!F57","v":650},"/per package"]
[null,null,"Sq. feet covered per insects",null,null,{"$f":"Inputs!F58","v":0.9},"/per insects"]
[null,null,"Foam tray per case ",null,null,{"$f":"Inputs!F59","v":344},"/case"]
[null,null,"Clamshell per box",null,null,{"$f":"Inputs!F60","v":12},"/box"]
[null,null,"Labels per roll",null,null,{"$f":"Inputs!F61","v":2500},"/roll"]

{"sheet":"Sim2C","index":7,"n_rows":166,"n_cols":14,"rows_kept":166,"cut":false,"hidden":true,"merged":[[108,2,108,4],[132,2,132,3],[153,2,153,3],[2,2,2,5],[4,5,4,6],[6,1,6,2],[29,1,29,2],[38,1,38,2],[95,5,95,6]]}
[]
[]
[null,null,"*** Please enter information in the Orange Box"]
[]
[null,null,null,"Quantity/Year","Unit ","Price ($) / Unit",null,"Total Cost per year"]
["VARIABLE COSTS7"]
[null,"Production Supplies"]
[null,null,"Seed (package)",{"$f":"CEILING((Sim2I!K10+(Sim2I!K10*Inputs!F21))/Inputs!F54, 1)","v":3},"packages",{"$f":"'Cost estimates'!F8","v":110},"/package",{"$f":"D8*F8","v":330},null,"References:"]
[null,null,"Rockwool cubes, 1\" cubes",{"$f":"CEILING(Sim2I!K13/Inputs!F55,1)","v":11},"cases",{"$f":"'Cost estimates'!F9","v":159},"/case",1749]
[null,null,"Beneficial Insects",{"$f":"CEILING((Inputs!K7/Inputs!F58)/Inputs!F57,1)","v":16},"packages",{"$f":"'Cost estimates'!F10","v":36},"/package",576,null,"Hydroponic Lettuce Budget Analysis- The Ohio State University Extension. http://u.osu.edu/greenhouse/hydroponic-crop-program-economic-budgets/"]
[null,null,"Growth Medium",null,null,{"$f":"'Cost estimates'!F11","v":0}]
[null,null,"                                                   2 plants/slab",{"$f":"CEILING(IF(params!A18=1,Inputs!K10/(Inputs!F56*2),0),1)","v":85},"slabs",{"$f":"'Cost estimates'!F12","v":65},"/slabs",{"$f":"D12*F12","v":5525}]
[null,null,"                                                   4 cu. Ft./bag",{"$f":"CEILING(IF(params!A18=2,Inputs!K10/9,0),1)","v":0},"bags",{"$f":"'Cost estimates'!F13","v":10},"/bag",{"$f":"D13*F13","v":0}]
[null,null,"Bato Buckets",{"$f":"Inputs!K10","v":2025},null,{"$f":"'Cost estimates'!F14","v":4},"/bucket",{"$f":"'Cost estimates'!H14","v":0}]
[null,null,"Fertilizer",null,null,{"$f":"'Cost estimates'!F15","v":0}]
[null,null,"Blended Mix",{"$f":"CEILING(Inputs!K7*0.162760416666666,1)","v":1465},"pounds",{"$f":"'Cost estimates'!F16","v":1},"/pound",1465]
[null,null,"CaNO3",{"$f":"CEILING(Inputs!K7*0.162760416666666,1)","v":1465},"pounds",{"$f":"'Cost estimates'!F17","v":0.46},"/pound",673.9]
[null,null,"Additions",{"$f":"CEILING(Inputs!K7*0.00217013888888888,1)","v":20},"pounds",{"$f":"'Cost estimates'!F18","v":1},"/pound",20]
[null,null,"Fungicide/Pesticide3",{"$f":"CEILING(Inputs!K7*0.00217013888888888,1)","v":20},"gallons",{"$f":"'Cost estimates'!F19","v":60},"/gallon",1200]
[null,null,"Sanitizer",{"$f":"CEILING(Sim2I!K13/29545,1)","v":3},"gallons",{"$f":"'Cost estimates'!F20","v":35},"/gallon",105]
[null,null,"Sticky Traps4",{"$f":"CEILING(Inputs!K7*0.0001,1)","v":1},"packages",{"$f":"'Cost estimates'!F21","v":30},"/package",30]
[null,null,"Heated seedling support mat, 22X96",{"$f":"'Cost estimates'!D22","v":1},"mat",{"$f":"'Cost estimates'!F22","v":114},"/mat",114,null,"www.labor.ny.gov"]
[null,null,"Trays",{"$f":"'Cost estimates'!D23","v":10},"trays",{"$f":"'Cost estimates'!F23","v":1},"/tray",10]
[null,null,"Clips , 7500/case",{"$f":"'Cost estimates'!D24","v":1},"cases",{"$f":"'Cost estimates'!F24","v":83},"/package",83]
[null,null,"Twine",{"$f":"'Cost estimates'!D25","v":1},"boxes",{"$f":"'Cost estimates'!F25","v":22},"/box",22]
[null,null,"Tomahooks",{"$f":"'Cost estimates'!D26","v":800},"hooks",{"$f":"'Cost estimates'!F26","v":0.15},"/package",120]
[]
[null,null,"Total Production Supplies cost",null,null,null,null,{"$f":"SUM(H8:H26)","v":12022.9},null,null,null,null,{"$f":"#REF!*20%","v":{"$error":"#REF!"}},"20% change in labor"]
[]
[null,"Production Labor"]
[null,null,"Seed/ Transplant/Harvest/ Package",{"$f":"(Inputs!F47*Sim2I!$K$13)/1000","v":701.65700000000004},"hours/year",{"$f":"'Cost estimates'!F31","v":13},"/hour",{"$f":"D31*F31","v":9121.5410000000011},null,"http://avisbag.com/about-us.html"]
[null,null,"Delivering to market",{"$f":"(Inputs!F48*Sim2I!$K$13)/1000","v":63.786999999999999},"hours/year",{"$f":"'Cost estimates'!F32","v":12},"/hour",{"$f":"D32*F32","v":765.44399999999996}]
[null,null,"Production management",{"$f":"(Inputs!F49*Sim2I!$K$13)/1000","v":127.574},"hours/year",{"$f":"'Cost estimates'!F33","v":13},"/hour",{"$f":"D33*F33","v":1658.462}]
[null,null,"Other (Marketing, Maintainence, etc.)",{"$f":"(Inputs!F50*Sim2I!$K$13)/1000","v":63.786999999999999},"hours/year",{"$f":"'Cost estimates'!F34","v":12},"/hour",{"$f":"D34*F34","v":765.44399999999996}]
[null,null,"Fringe benefit",null,null,{"$f":"'Cost estimates'!F35","v":0.3},"/hour",{"$f":"(F31*F35*D31)+(F32*F35*D32)+(F33*F35*D33)+(F34*F35*D34)","v":3693.2673000000004},null,null,null,null,{"$f":"H44*20%","v":2149.6},"20% change in packaging"]
[]
[null,null,"Total Production Labor",null,null,null,null,{"$f":"SUM(H31:H35)","v":16004.158299999999},null,{"$f":"H37*20%","v":3200.8316599999998}]
[]
[null,"Packaging Costs",null,null,null,null,null,null,null,"www.eia.gov, NYSERDA"]
[null,null,"Foam Trays",{"$f":"CEILING((Sim2I!$K$13/2)/Inputs!F59,1)","v":93},"cases",{"$f":"'Cost estimates'!F40","v":80},"/case",{"$f":"D40*F40","v":7440},null,"www.eia.gov, NYSERDA",null,null,{"$f":"H49*20%","v":3008.486870932762},"20% change in energy"]
[null,null,"Boxes",{"$f":"CEILING((Sim2I!$K$13/2)/Inputs!F60,1)","v":2658},"box",{"$f":"'Cost estimates'!F41","v":1},"box",{"$f":"D41*F41","v":2658},null,"www.eia.gov, NYSERDA"]
[null,null,"Labels & Stickers",{"$f":"CEILING((Sim2I!$K$13/2)/Inputs!F61,1)","v":13},"roll",{"$f":"'Cost estimates'!F42","v":50},"/roll",{"$f":"D42*F42","v":650}]
[]
[null,null,"Total Packaging Costs",null,null,null,null,{"$f":"SUM(H40:H42)","v":10748},null,{"$f":"H44*20%","v":2149.6}]
[]
[null,"Utilities"]
[null,null,{"$f":"IF(params!A37=1, \"Fuel choice only for NYS user (choose one):\", \"Ignore this Fuel choice if Other State user:\")","v":"Fuel choice only for NYS user (choose one):"},3]
[null,null,null,{"$f":"'Cost estimates'!D48","v":0},"gal",{"$f":"'Cost estimates'!F48","v":2.48},"$/gallon",{"$f":"'Cost estimates'!H48","v":0}]
[null,null,null,{"$f":"'Cost estimates'!D49","v":27349.880644843288},"therms",{"$f":"'Cost estimates'!F49","v":0.55000000000000004},"$/therm",{"$f":"'Cost estimates'!H49","v":15042.43435466381}]
[null,null,null,{"$f":"'Cost estimates'!D50","v":0},"gal",{"$f":"'Cost estimates'!F50","v":2.38},"$/gallon",{"$f":"'Cost estimates'!H50","v":0}]
[null,null,{"$f":"IF(params!A37=2, \"Fuel Choice (for Other State user):\", \"Ignore Fuel choice below if NYS user:\")","v":"Ignore Fuel choice below if NYS user:"},{"$f":"'Cost estimates'!D51","v":0},null,{"$f":"'Cost estimates'!F51","v":0},null,{"$f":"'Cost estimates'!H51","v":0}]
[null,null,"Liquid Propane",{"$f":"'Cost estimates'!D52","v":0},"gal",{"$f":"'Cost estimates'!F52","v":0},"$/gallon",{"$f":"'Cost estimates'!H52","v":0}]
[null,null,"Natural Gas",{"$f":"'Cost estimates'!D53","v":20000},"therms",{"$f":"'Cost estimates'!F53","v":0.75},"$/therm",{"$f":"'Cost estimates'!H53","v":0}]
[null,null,"Fuel Oil",{"$f":"'Cost estimates'!D54","v":0},"gal",{"$f":"'Cost estimates'!F54","v":0},"$/gallon",{"$f":"'Cost estimates'!H54","v":0}]
[null,null,"Electricity (general - non fans)",{"$f":"'Cost estimates'!D55","v":500},"kWh",{"$f":"'Cost estimates'!F55","v":0.06},"/kWh",{"$f":"D55*F55","v":30}]
[null,null,"Electricity (fans and pads)",{"$f":"'Cost estimates'!D56","v":10000},"kWh",{"$f":"'Cost estimates'!F56","v":0.06},"/kWh",600]
[null,null,"Electricity (fanjets/Horizontal Air Fans)",{"$f":"'Cost estimates'!D57","v":2000},"kWh",{"$f":"'Cost estimates'!F57","v":0.06},"/kWh",120]
[null,null,"Electricity (lights)",{"$f":"'Cost estimates'!D58","v":0},"kWh",{"$f":"'Cost estimates'!F58","v":0.06},"/kWh",0]
[null,null,"Demand charge13 (fans)",{"$f":"'Cost estimates'!D59","v":2.625},"kW",{"$f":"'Cost estimates'!F59","v":120},"/kW",{"$f":"D59*F59","v":315}]
[null,null,"Demand charge (lights)",{"$f":"'Cost estimates'!D60","v":0},"kW",{"$f":"'Cost estimates'!F60","v":120},"/kW",{"$f":"D60*F60","v":0}]
[null,null,"Water and Sewer",{"$f":"'Cost estimates'!D61","v":100000},"gallons",{"$f":"'Cost estimates'!F61","v":1.31951E-2},"/gallon",1319.51]
[null,null,"Telephone",{"$f":"'Cost estimates'!D62","v":12},"months",{"$f":"'Cost estimates'!F62","v":50},"/month",600]
[null,null,"Cell Phone",{"$f":"'Cost estimates'!D63","v":12},"months",{"$f":"'Cost estimates'!F63","v":40},"/month",480]
[]
[null,null,"Total Utilities Costs",null,null,null,null,{"$f":"SUM(H48:H63)","v":18506.94435466381},null,{"$f":"H65*20%","v":3701.3888709327621}]
[]
[]
[null,"Miscellaneous Costs",null,null,null,null,null,null,null," https://www.greenhousemegastore.com/category/gas-greenhouse-heaters"]
[null,null,"Advertising, Mailings, Flyers",{"$f":"'Cost estimates'!D69","v":1},"campaigns",{"$f":"'Cost estimates'!F69","v":200},"/campaigns",{"$f":"F69*D69","v":200}]
[null,null,"Continuing Education",{"$f":"'Cost estimates'!D70","v":1},"meetings",{"$f":"'Cost estimates'!F70","v":75},"/meetings",{"$f":"D70*F70","v":75}]
[null,null,"Internet Service",{"$f":"'Cost estimates'!D71","v":12},"months",{"$f":"'Cost estimates'!F71","v":20},"/months",240]
[null,null,"Laboratory Fees",{"$f":"'Cost estimates'!D72","v":36},"tests",{"$f":"'Cost estimates'!F72","v":20},"/tests",720]
[null,null,"Office Supplies",{"$f":"'Cost estimates'!D73","v":12},"months",{"$f":"'Cost estimates'!F73","v":25},"/months",300]
[null,null,"Postage",{"$f":"'Cost estimates'!D74","v":12},"months",{"$f":"'Cost estimates'!F74","v":15},"/months",180]
[null,null,"Marketing Materials & Promotions",{"$f":"'Cost estimates'!D75","v":1},"promos",{"$f":"'Cost estimates'!F75","v":300},"/promos",300]
[null,null,"Record Keeping",{"$f":"'Cost estimates'!D76","v":12},"months",{"$f":"'Cost estimates'!F76","v":50},"/months",600]
[null,null,"Software",{"$f":"'Cost estimates'!D77","v":3},"programs",{"$f":"'Cost estimates'!F77","v":50},"/programs",150]
[null,null,"Subscriptions",{"$f":"'Cost estimates'!D78","v":3},"subscriptions",{"$f":"'Cost estimates'!F78","v":35},"/subscriptions",105]
[null,null,"Marketing & Trade Shows",{"$f":"'Cost estimates'!D79","v":0},"trade show",{"$f":"'Cost estimates'!F79","v":500},"/trade show",0]
[]
[null,null,"Total Miscellaneous Costs",null,null,null,null,{"$f":"SUM(H69:H79)","v":2870}]
[]
[null,"Professional Services"]
[null,null,"Accountant",{"$f":"'Cost estimates'!D84","v":5},"hours",{"$f":"'Cost estimates'!F84","v":50},"/hour",{"$f":"D84*F84","v":250}]
[null,null,"Lawyer",{"$f":"'Cost estimates'!D85","v":4},"hours",{"$f":"'Cost estimates'!F85","v":125},"/hour",{"$f":"D85*F85","v":500}]
[]
[null,null,"Total Professional Services",null,null,null,null,{"$f":"SUM(H84:H85)","v":750}]
[]
[null,null,"TOTAL VARIABLE COSTS",null,null,null,null,{"$f":"SUM(H87,H81,H65,H44,H37,H28)","v":60902.002654663804}]
[]
[]
[]
["Fixed Costs14"]
[null,"Greenhouse Structure"]
[]
[null,null,null,"Quantity/Year","Unit ","Price/Unit",null,"Total Cost per year"]
[]
[null,null,"Concrete",{"$f":"Inputs!K7*Inputs!F20","v":900},"sq. ft.",{"$f":"'Cost estimates'!F98","v":2},"/sq. ft.",{"$f":"D98*F98","v":1800}]
[null,null,"Frame, Ends, Door",{"$f":"'Cost estimates'!D99","v":3},"houses",{"$f":"'Cost estimates'!F99","v":15000},"/houses",45000]
[null,null,"Glazing material (Glass/Poly/Double poly",{"$f":"'Cost estimates'!D100","v":3},"houses",{"$f":"'Cost estimates'!F100","v":5000},"/houses",15000]
[null,null,"Energy/Shade Curtains",{"$f":"'Cost estimates'!D101","v":8100},"sq. ft.",{"$f":"'Cost estimates'!F101","v":4},"/sq. ft.",32400]
[null,null,"Ground Cover",{"$f":"'Cost estimates'!D102","v":8100},"sq. ft.",{"$f":"'Cost estimates'!F102","v":7.4999999999999997E-2},"/sq. ft.",607.5]
[null,null,"Permits",{"$f":"'Cost estimates'!D103","v":4},"permits",{"$f":"'Cost estimates'!F103","v":80},"/permits",320]
[null,null,"Site Preparation",{"$f":"'Cost estimates'!D104","v":3},"houses",{"$f":"'Cost estimates'!F104","v":1000},"/houses",3000]
[null,null,"House Construction",{"$f":"'Cost estimates'!D105","v":450},"hours",{"$f":"'Cost estimates'!F105","v":10},"/hours",4500]
[]
[null,null,"Total Greenhouse Structure Costs",null,null,null,null,{"$f":"SUM(H98:H105)","v":102627.5}]
[]
[null,null,"Total Annual Greenhouse Stucture Costs18 (Annual costs of owning the greenhouse includes depreciation and/or principal payments, interest, repairs, taxes, and insurance)",null,null,{"$f":"'Cost estimates'!F109","v":0.2},null,{"$f":"H107*F109","v":20525.5},null,"https://shop.amhydro.com/collections/complete-nft-systems"]
[null,null,null,null,null,null,null,null,null,"Controlled Environment Agriculture Scoping Study (1996), CEA Program, Cornell University"]
[]
[null,"Greenhouse Environmental Control Equipment"]
[null,null,"Back-up Generator",{"$f":"'Cost estimates'!D113","v":1},"generators",{"$f":"'Cost estimates'!F113","v":6000},"/generators",{"$f":"D113*F113","v":6000}]
[null,null,"Cooling System (fan, vent, & pad)",{"$f":"'Cost estimates'!D114","v":1},"systems",{"$f":"'Cost estimates'!F114","v":2000},"/systems",2000]
[null,null,"Fanjets, 30\" 1hp / Horizontal Air Fans",{"$f":"'Cost estimates'!D115","v":1},"fanjets / HAF",{"$f":"'Cost estimates'!F115","v":1500},"/fanjets / HAF",1500]
[null,null,"Electrical Panel",{"$f":"'Cost estimates'!D116","v":1},"panels",{"$f":"'Cost estimates'!F116","v":1500},"/panels",1500]
[null,null,"Computer for Environmental Control",{"$f":"'Cost estimates'!D117","v":1},"computers",{"$f":"'Cost estimates'!F117","v":2500},"/computers",2500]
[null,null,"Extra Building Supplies",{"$f":"'Cost estimates'!D118","v":1},"houses",{"$f":"'Cost estimates'!F118","v":1500},"/houses",1500]
[null,null,"Heating System (reflects utility choice from above)",{"$f":"'Cost estimates'!D119","v":0},null,{"$f":"'Cost estimates'!F119","v":0}]
[null,null,"Liquid Propane",{"$f":"'Cost estimates'!D120","v":1},"heaters",{"$f":"'Cost estimates'!F120","v":2500},"/heaters",{"$f":"IF(D47=1, D120*F120,0)","v":0}]
[null,null,"Natural Gas",{"$f":"'Cost estimates'!D121","v":1},"heaters",{"$f":"'Cost estimates'!F121","v":2000},"/heaters",{"$f":"IF(D47=2, D121*F121,0)","v":0},null,"https://www.ers.usda.gov/topics/farm-economy/land-use-land-value-tenure/farmland-value/ "]
[null,null,"Fuel Oil",{"$f":"'Cost estimates'!D122","v":1},"heaters",{"$f":"'Cost estimates'!F122","v":2000},"/heaters",{"$f":"IF(D47=3, D122*F122,0)","v":2000}]
[null,null,"Poly Inflation Kit",{"$f":"'Cost estimates'!D123","v":1},"kits",{"$f":"'Cost estimates'!F123","v":150},"/kits",{"$f":"D123*F123","v":150}]
[null,null,"Low Voltage Wiring Package",{"$f":"'Cost estimates'!D124","v":1},"packages",{"$f":"'Cost estimates'!F124","v":400},"/packages",{"$f":"D124*F124","v":400}]
[null,null,"Protective Equipment (PPE)",{"$f":"'Cost estimates'!D125","v":1},"sets",{"$f":"'Cost estimates'!F125","v":50},"/sets",{"$f":"D125*F125","v":50}]
[null,null,"Grow Lights15"]
[null,null,null,{"$f":"'Cost estimates'!D127","v":0},null,null,null,{"$f":"'Cost estimates'!H127","v":0}]
[null,null,null,{"$f":"'Cost estimates'!D128","v":0},"Lights",{"$f":"'Cost estimates'!F128","v":460},"/Lights",{"$f":"'Cost estimates'!H128","v":0}]
[]
[]
[null,null,"Total Greenhouse Environmental Control Equipment Costs",null,null,null,null,{"$f":"SUM(H113:H129)","v":17600}]
[]
[null,null,"Total Annual Equipment Costs (Annual costs of owning the equipment includes depreciation and/or principal payments, interest, repairs, taxes, and insurance)",null,null,{"$f":"'Cost estimates'!F133","v":0.2},null,{"$f":"H131*F133","v":3520}]
[]
[]
[null,"Growing & Delivery"]
[null,null,"Back Pack Sprayer",{"$f":"'Cost estimates'!D137","v":1},"sprayers",{"$f":"'Cost estimates'!F137","v":100},"/sprayers",{"$f":"D137*F137","v":100}]
[null,null,"Carbon Dioxide Generator",{"$f":"'Cost estimates'!D138","v":1},"generators",{"$f":"'Cost estimates'!F138","v":480},"/generators",480]
[null,null,"Cooler",{"$f":"'Cost estimates'!D139","v":1},"coolers",{"$f":"'Cost estimates'!F139","v":2500},"/coolers",2500]
[null,null,"Delivery Van with A/C",{"$f":"'Cost estimates'!D140","v":1},"vans",{"$f":"'Cost estimates'!F140","v":6000},"/vans",6000]
[null,null,"Fertilizer Mixing Pump",{"$f":"'Cost estimates'!D141","v":1},"pumps",{"$f":"'Cost estimates'!F141","v":30},"/pumps",30]
[null,null,"Feeding System",{"$f":"'Cost estimates'!D142","v":1},"unit",{"$f":"'Cost estimates'!F142","v":3200},"/unit",{"$f":"D142*F142","v":3200}]
[null,null,"Meters and Sensors-                                    EC",{"$f":"'Cost estimates'!D143","v":1},"meters",{"$f":"'Cost estimates'!F143","v":160},"/meters",160]
[null,null,"pH",{"$f":"'Cost estimates'!D144","v":1},"sensors",{"$f":"'Cost estimates'!F144","v":50},"/sensors",50]
[null,null,"Thermometer",{"$f":"'Cost estimates'!D145","v":1},"thermometers",{"$f":"'Cost estimates'!F145","v":25},"/thermometers",25]
[null,null,"Monitor-                                             Humidity",{"$f":"'Cost estimates'!D146","v":1},"sensors",{"$f":"'Cost estimates'!F146","v":120},"/sensors",120]
[null,null,"CO2",{"$f":"'Cost estimates'!D147","v":1},"sensors",{"$f":"'Cost estimates'!F147","v":500},"/sensors",500]
[null,null,"Drip irrigation",{"$f":"'Cost estimates'!D148","v":1},"system",{"$f":"'Cost estimates'!F148","v":20000},"/system",{"$f":"F148*D148","v":20000}]
[null,null,"Scale",{"$f":"'Cost estimates'!D149","v":1},"scales",{"$f":"'Cost estimates'!F149","v":100},"/scales",{"$f":"D149*F149","v":100}]
[]
[]
[null,null,"Total Other Equipment",null,null,null,null,{"$f":"SUM(H137:H149)","v":33265}]
[]
[null,null,"Total Annual Growing & Delivery Costs (Annual costs of owning the greenhouse includes depreciation and/or principal payments, interest, repairs, taxes, and insurance)",null,null,{"$f":"'Cost estimates'!F154","v":0.2},null,{"$f":"H152*F154","v":6653}]
[]
[]
[null,"Miscellaneous"]
[null,null,"Land Rent17",{"$f":"'Cost estimates'!D158","v":1},"Acre",{"$f":"'Cost estimates'!F158","v":100},"/acre",{"$f":"D158*F158","v":100}]
[]
[null,null,"Total Miscellaneous Costs",null,null,null,null,{"$f":"H158","v":100}]
[]
[]
[]
[null,null,"TOTAL ANNUAL FIXED COSTS",null,null,null,null,{"$f":"H160+H154+H133+H109","v":30798.5}]
[]
[null,null,"TOTAL ANNUAL COSTS",null,"(Variable Costs + Annual Fixed Costs)",null,null,{"$f":"SUM(H164,H89)","v":91700.502654663811}]

{"sheet":"Sim3I","index":8,"n_rows":61,"n_cols":22,"rows_kept":61,"cut":false,"hidden":true,"merged":[[25,1,27,1],[31,1,42,1],[32,2,32,6],[46,1,49,1],[53,1,60,1],[56,2,56,3],[2,2,2,5],[4,1,18,1],[5,2,5,4],[6,3,6,4],[7,3,7,4],[10,2,13,2],[14,3,14,4]]}
[]
[]
[null,null,"*** Please enter information in the Blue box"]
[null,null,null,null,null,null,null,null,null,"Outputs based on the information provided in the Blue box"]
[null,"Production "]
[null,null,"Choose type of Greenhouse :",null,1]
[null,null,1,null,null,null,null,null,null,"Greenhouse area",{"$f":"Inputs!K7","v":9000},"Sq. feet"]
[null,null,null,null,null,null,null,null,null,"Side of the roof (if Gable)",{"$f":"Inputs!K8","v":9824.5553203367581},"Feet"]
[null,null,null,null,null,null,null,null,null,"Surface Area",{"$f":"Inputs!K9","v":8100},"Sq. feet"]
[null,null,null,null,null,null,null,null,null,"No of plant",{"$f":"Inputs!K10","v":2025},null,null,null,null,null,null,null,"Note:"]
[null,null,"Greenhouse dimension","Width",null,{"$f":"Inputs!F13","v":30},"Feet",null,null,"harvested (year)",{"$f":"K10*F17","v":50625},"pound",null,null,null,null,"Surface area:"]
[null,null,null,"Length",null,{"$f":"Inputs!F14","v":100},"Feet",null,null,"Seed",{"$f":"CEILING(K10+(K10*Inputs!F21),1)","v":2127},null,null,null,null,null,null,null,"Freestanding Gable","Sides",{"$f":"IF(Sim3I!C7=1, 2*Sim3I!F12*Sim3I!F14,0)","v":2000},"Square feet"]
[null,null,null,"Radius of the roof",null,{"$f":"Inputs!F15","v":5},"Feet",null,null,"Net annual production",{"$f":"FLOOR(K11-(K11*Inputs!F22),1)","v":45562},"pound",null,null,null,null,null,null,null,"Ends",{"$f":"IF(Sim3I!C7=1, 2*Sim3I!F14*Sim3I!F11,0)","v":600},"Square feet"]
[null,null,null,"Height",null,{"$f":"Inputs!F16","v":10},"Feet",null,null,null,null,null,null,null,null,null,null,null,null,"Roof",{"$f":"IF(Sim3I!C7=1, 2*Sim3I!K8*Sim3I!F12,0)","v":1964911.0640673516},"Square feet"]
[null,null,null,"Space use efficiency",null,{"$f":"Inputs!F17","v":0.9},null,null,null,null,null,null,null,null,null,null,null,null,null,"Roof peak",{"$f":"IF(Sim3I!C7=1, 2*1/2*Sim3I!F11*Sim3I!F13)","v":150},"Square feet"]
[null,null,null,"Area per plant",null,{"$f":"Inputs!F18","v":4},"sq. feet",null,null,null,null,null,null,null,null,null,null,null,null,"Total SA area",{"$f":"SUM(U12:U15)","v":1967661.0640673516},"Square feet"]
[null,null,null,"Harvest per plant per year",null,25,"Pound (low)"]
[null,null,null,"Concrete-% of floor",null,{"$f":"Inputs!F20","v":0.1},null,null,null,"Annual heating load",{"$f":"Inputs!K16","v":2452.8330208118027},"GJ",null,null,null,null,null,null,"Freestanding Quonset","Sides",2000,"Square feet"]
[null,null,null,"Overseeding",null,{"$f":"Inputs!F21","v":0.05},null,null,null,"Annual heating load",{"$f":"Inputs!K17","v":2324.7398548116794},"MMBtu",null,null,null,null,null,null,null,"Ends",600,"Square feet"]
[null,null,null,"Shrink",null,{"$f":"Inputs!F22","v":0.1},null,null,null,null,{"$f":"Inputs!K18","v":0},null,null,null,null,null,null,null,null,"Roof",2648.5,"Square feet"]
[null,null,null,"Price19 ",null,{"$f":"Inputs!F23","v":1.35},"per pound",null,null,"Fuel use:",{"$f":"Inputs!K19","v":0},null,null,null,null,null,null,null,null,"Total SA area",5248.5,"Square feet"]
[null,null,null,null,null,null,null,null,null,"Propane",{"$f":"Inputs!K20","v":29946.217721278099},"gal"]
[null,null,null,null,null,null,null,null,null,"Natural gas",{"$f":"Inputs!K21","v":27349.880644843288},"therms"]
[null,null,null,null,null,null,null,null,null,"Fuel oil",{"$f":"Inputs!K22","v":19591.605046449346},"gal"]
[null,null,null,null,null,null,null,null,null,null,{"$f":"Inputs!K23","v":0}]
[null,"Lighting","Number of lamps in Greenhouse",null,null,{"$f":"Inputs!F26","v":0},"lamps",null,null,"Pond pump energy",{"$f":"Inputs!#REF!","v":{"$error":"#REF!"}},"kWh"]
[null,null,"Watt consumption per lamp",null,null,{"$f":"Inputs!F27","v":0},"watt",null,null,"Pond pump energy",{"$f":"Inputs!#REF!","v":{"$error":"#REF!"}},"kW"]
[null,null,"Hours operated per year",null,null,{"$f":"Inputs!F28","v":0},"hour"]
[]
[]
[null,null,null,null,1]
[null,"Heating4","Ideally use energy model from Cornell CEA or other model "]
[null,null,"OR use the folowing formula to get a reasonably accurate estimate to help in making decisions relative to the size of the greenhouse or type of heating."]
[]
[null,null,"Glazing material",null,null,{"$f":"Inputs!F35","v":0}]
[null,null,"Custom u-value",null,null,{"$f":"Inputs!F36","v":1},"Btu/(sqft*degF*h)"]
[null,null,"Custom transmittance",null,null,{"$f":"Inputs!F37","v":0.9}]
[null,null,"Air changes per hour",null,null,{"$f":"Inputs!F38","v":1},"ACH"]
[null,null,"ASHRAE Climate Zone",null,null,{"$f":"Inputs!F39","v":0}]
[null,null,"Greenhouse air temperature",null,null,{"$f":"Inputs!F40","v":70},"F"]
[null,null,"Evapotranspiration latent load",null,null,{"$f":"Inputs!F41","v":10},"W/ft2"]
[null,null,"Greenhouse RH%",null,null,{"$f":"Inputs!F42","v":0.7},null,null,null,null,null,null,null,null,null,null,null,null,null,"Use Degree -days if you are in NYS from the following table or from nearby weather station data:"]
[null,null,"Boiler efficiency",null,null,{"$f":"Inputs!F43","v":0.85},null,null,null,null,null,null,null,null,null,null,null,null,null,null,"Albany",4302]
[]
[]
[null,null,null,null,null,null,null,null,null,null,null,null,null,null,null,null,null,null,null,null,"Binghamton",4296]
[null,"Labor","Seed/ Transplant/Harvest/ Package",null,null,{"$f":"Inputs!F47","v":11},"hrs/per thousand",null,null,null,null,null,null,null,null,null,null,null,null,null,"Buffalo",4316]
[null,null,"Delivering to market",null,null,{"$f":"Inputs!F48","v":1},"hrs/per thousand",null,null,null,null,null,null,null,null,null,null,null,null,null,"Ithaca",4023]
[null,null,"Production management",null,null,{"$f":"Inputs!F49","v":2},"hrs/per thousand",null,null,null,null,null,null,null,null,null,null,null,null,null,"New york ",3089]
[null,null,"Other (Marketing, Maintainence, etc.)",null,null,{"$f":"Inputs!F50","v":1},"hrs/per thousand",null,null,null,null,null,null,null,null,null,null,null,null,null,"Rochester",4231]
[]
[]
[]
[null,"Others6","No. of Pelleted seed",null,null,{"$f":"Inputs!F54","v":1000},"/per package"]
[null,null,"No. of Rockwool cubes",null,null,{"$f":"Inputs!F55","v":6000},"/per case"]
[null,null,"No. of Rockwool slabs ",null,null,{"$f":"Inputs!F56","v":12},"/per bag"]
[null,null,"No. of beneficial insects",null,null,{"$f":"Inputs!F57","v":650},"/per package"]
[null,null,"Sq. feet covered per insects",null,null,{"$f":"Inputs!F58","v":0.9},"/per insects"]
[null,null,"Foam tray per case ",null,null,{"$f":"Inputs!F59","v":344},"/case"]
[null,null,"Clamshell per box",null,null,{"$f":"Inputs!F60","v":12},"/box"]
[null,null,"Labels per roll",null,null,{"$f":"Inputs!F61","v":2500},"/roll"]

{"sheet":"Sim3C","index":9,"n_rows":166,"n_cols":14,"rows_kept":166,"cut":false,"hidden":true,"merged":[[108,2,108,4],[132,2,132,3],[153,2,153,3],[2,2,2,5],[4,5,4,6],[6,1,6,2],[29,1,29,2],[38,1,38,2],[95,5,95,6]]}
[]
[]
[null,null,"*** Please enter information in the Orange Box"]
[]
[null,null,null,"Quantity/Year","Unit ","Price ($) / Unit",null,"Total Cost per year"]
["VARIABLE COSTS7"]
[null,"Production Supplies"]
[null,null,"Seed (package)",{"$f":"CEILING((Sim3I!K10+(Sim3I!K10*Inputs!F21))/Inputs!F54, 1)","v":3},"packages",{"$f":"'Cost estimates'!F8","v":110},"/package",{"$f":"D8*F8","v":330},null,"References:"]
[null,null,"Rockwool cubes, 1\" cubes",{"$f":"CEILING(Sim3I!K13/Inputs!F55,1)","v":8},"cases",{"$f":"'Cost estimates'!F9","v":159},"/case",1272]
[null,null,"Beneficial Insects",{"$f":"CEILING((Inputs!K7/Inputs!F58)/Inputs!F57,1)","v":16},"packages",{"$f":"'Cost estimates'!F10","v":36},"/package",576,null,"Hydroponic Lettuce Budget Analysis- The Ohio State University Extension. http://u.osu.edu/greenhouse/hydroponic-crop-program-economic-budgets/"]
[null,null,"Growth Medium",null,null,{"$f":"'Cost estimates'!F11","v":0}]
[null,null,"                                                   2 plants/slab",{"$f":"CEILING(IF(params!A18=1,Inputs!K10/(Inputs!F56*2),0),1)","v":85},"slabs",{"$f":"'Cost estimates'!F12","v":65},"/slabs",{"$f":"D12*F12","v":5525}]
[null,null,"                                                   4 cu. Ft./bag",{"$f":"CEILING(IF(params!A18=2,Inputs!K10/9,0),1)","v":0},"bags",{"$f":"'Cost estimates'!F13","v":10},"/bag",{"$f":"D13*F13","v":0}]
[null,null,"Bato Buckets",{"$f":"Inputs!K10","v":2025},null,{"$f":"'Cost estimates'!F14","v":4},"/bucket",{"$f":"'Cost estimates'!H14","v":0}]
[null,null,"Fertilizer",null,null,{"$f":"'Cost estimates'!F15","v":0}]
[null,null,"Blended Mix",{"$f":"CEILING(Inputs!K7*0.162760416666666,1)","v":1465},"pounds",{"$f":"'Cost estimates'!F16","v":1},"/pound",1465]
[null,null,"CaNO3",{"$f":"CEILING(Inputs!K7*0.162760416666666,1)","v":1465},"pounds",{"$f":"'Cost estimates'!F17","v":0.46},"/pound",673.9]
[null,null,"Additions",{"$f":"CEILING(Inputs!K7*0.00217013888888888,1)","v":20},"pounds",{"$f":"'Cost estimates'!F18","v":1},"/pound",20]
[null,null,"Fungicide/Pesticide3",{"$f":"CEILING(Inputs!K7*0.00217013888888888,1)","v":20},"gallons",{"$f":"'Cost estimates'!F19","v":60},"/gallon",1200]
[null,null,"Sanitizer",{"$f":"CEILING(Sim3I!K13/29545,1)","v":2},"gallons",{"$f":"'Cost estimates'!F20","v":35},"/gallon",70]
[null,null,"Sticky Traps4",{"$f":"CEILING(Inputs!K7*0.0001,1)","v":1},"packages",{"$f":"'Cost estimates'!F21","v":30},"/package",30]
[null,null,"Heated seedling support mat, 22X96",{"$f":"'Cost estimates'!D22","v":1},"mat",{"$f":"'Cost estimates'!F22","v":114},"/mat",114,null,"www.labor.ny.gov"]
[null,null,"Trays",{"$f":"'Cost estimates'!D23","v":10},"trays",{"$f":"'Cost estimates'!F23","v":1},"/tray",10]
[null,null,"Clips , 7500/case",{"$f":"'Cost estimates'!D24","v":1},"cases",{"$f":"'Cost estimates'!F24","v":83},"/package",83]
[null,null,"Twine",{"$f":"'Cost estimates'!D25","v":1},"boxes",{"$f":"'Cost estimates'!F25","v":22},"/box",22]
[null,null,"Tomahooks",{"$f":"'Cost estimates'!D26","v":800},"hooks",{"$f":"'Cost estimates'!F26","v":0.15},"/package",120]
[]
[null,null,"Total Production Supplies cost",null,null,null,null,{"$f":"SUM(H8:H26)","v":11510.9},null,null,null,null,{"$f":"#REF!*20%","v":{"$error":"#REF!"}},"20% change in labor"]
[]
[null,"Production Labor"]
[null,null,"Seed/ Transplant/Harvest/ Package",{"$f":"(Inputs!F47*Sim3I!$K$13)/1000","v":501.18200000000002},"hours/year",{"$f":"'Cost estimates'!F31","v":13},"/hour",{"$f":"D31*F31","v":6515.366},null,"http://avisbag.com/about-us.html"]
[null,null,"Delivering to market",{"$f":"(Inputs!F48*Sim3I!$K$13)/1000","v":45.561999999999998},"hours/year",{"$f":"'Cost estimates'!F32","v":12},"/hour",{"$f":"D32*F32","v":546.74399999999991}]
[null,null,"Production management",{"$f":"(Inputs!F49*Sim3I!$K$13)/1000","v":91.123999999999995},"hours/year",{"$f":"'Cost estimates'!F33","v":13},"/hour",{"$f":"D33*F33","v":1184.6119999999999}]
[null,null,"Other (Marketing, Maintainence, etc.)",{"$f":"(Inputs!F50*Sim3I!$K$13)/1000","v":45.561999999999998},"hours/year",{"$f":"'Cost estimates'!F34","v":12},"/hour",{"$f":"D34*F34","v":546.74399999999991}]
[null,null,"Fringe benefit",null,null,{"$f":"'Cost estimates'!F35","v":0.3},"/hour",{"$f":"(F31*F35*D31)+(F32*F35*D32)+(F33*F35*D33)+(F34*F35*D34)","v":2638.0398},null,null,null,null,{"$f":"H44*20%","v":1551.8000000000002},"20% change in packaging"]
[]
[null,null,"Total Production Labor",null,null,null,null,{"$f":"SUM(H31:H35)","v":11431.505800000001},null,{"$f":"H37*20%","v":2286.3011600000004}]
[]
[null,"Packaging Costs",null,null,null,null,null,null,null,"www.eia.gov, NYSERDA"]
[null,null,"Foam Trays",{"$f":"CEILING((Sim3I!$K$13/2)/Inputs!F59,1)","v":67},"cases",{"$f":"'Cost estimates'!F40","v":80},"/case",{"$f":"D40*F40","v":5360},null,"www.eia.gov, NYSERDA",null,null,{"$f":"H49*20%","v":3008.486870932762},"20% change in energy"]
[null,null,"Boxes",{"$f":"CEILING((Sim3I!$K$13/2)/Inputs!F60,1)","v":1899},"box",{"$f":"'Cost estimates'!F41","v":1},"box",{"$f":"D41*F41","v":1899},null,"www.eia.gov, NYSERDA"]
[null,null,"Labels & Stickers",{"$f":"CEILING((Sim3I!$K$13/2)/Inputs!F61,1)","v":10},"roll",{"$f":"'Cost estimates'!F42","v":50},"/roll",{"$f":"D42*F42","v":500}]
[]
[null,null,"Total Packaging Costs",null,null,null,null,{"$f":"SUM(H40:H42)","v":7759},null,{"$f":"H44*20%","v":1551.8000000000002}]
[]
[null,"Utilities"]
[null,null,{"$f":"IF(params!A37=1, \"Fuel choice only for NYS user (choose one):\", \"Ignore this Fuel choice if Other State user:\")","v":"Fuel choice only for NYS user (choose one):"},3]
[null,null,null,{"$f":"'Cost estimates'!D48","v":0},"gal",{"$f":"'Cost estimates'!F48","v":2.48},"$/gallon",{"$f":"'Cost estimates'!H48","v":0}]
[null,null,null,{"$f":"'Cost estimates'!D49","v":27349.880644843288},"therms",{"$f":"'Cost estimates'!F49","v":0.55000000000000004},"$/therm",{"$f":"'Cost estimates'!H49","v":15042.43435466381}]
[null,null,null,{"$f":"'Cost estimates'!D50","v":0},"gal",{"$f":"'Cost estimates'!F50","v":2.38},"$/gallon",{"$f":"'Cost estimates'!H50","v":0}]
[null,null,{"$f":"IF(params!A37=2, \"Fuel Choice (for Other State user):\", \"Ignore Fuel choice below if NYS user:\")","v":"Ignore Fuel choice below if NYS user:"},{"$f":"'Cost estimates'!D51","v":0},null,{"$f":"'Cost estimates'!F51","v":0},null,{"$f":"'Cost estimates'!H51","v":0}]
[null,null,"Liquid Propane",{"$f":"'Cost estimates'!D52","v":0},"gal",{"$f":"'Cost estimates'!F52","v":0},"$/gallon",{"$f":"'Cost estimates'!H52","v":0}]
[null,null,"Natural Gas",{"$f":"'Cost estimates'!D53","v":20000},"therms",{"$f":"'Cost estimates'!F53","v":0.75},"$/therm",{"$f":"'Cost estimates'!H53","v":0}]
[null,null,"Fuel Oil",{"$f":"'Cost estimates'!D54","v":0},"gal",{"$f":"'Cost estimates'!F54","v":0},"$/gallon",{"$f":"'Cost estimates'!H54","v":0}]
[null,null,"Electricity (general - non fans)",{"$f":"'Cost estimates'!D55","v":500},"kWh",{"$f":"'Cost estimates'!F55","v":0.06},"/kWh",{"$f":"D55*F55","v":30}]
[null,null,"Electricity (fans and pads)",{"$f":"'Cost estimates'!D56","v":10000},"kWh",{"$f":"'Cost estimates'!F56","v":0.06},"/kWh",600]
[null,null,"Electricity (fanjets/Horizontal Air Fans)",{"$f":"'Cost estimates'!D57","v":2000},"kWh",{"$f":"'Cost estimates'!F57","v":0.06},"/kWh",120]
[null,null,"Electricity (lights)",{"$f":"'Cost estimates'!D58","v":0},"kWh",{"$f":"'Cost estimates'!F58","v":0.06},"/kWh",0]
[null,null,"Demand charge13 (fans)",{"$f":"'Cost estimates'!D59","v":2.625},"kW",{"$f":"'Cost estimates'!F59","v":120},"/kW",{"$f":"D59*F59","v":315}]
[null,null,"Demand charge (lights)",{"$f":"'Cost estimates'!D60","v":0},"kW",{"$f":"'Cost estimates'!F60","v":120},"/kW",{"$f":"D60*F60","v":0}]
[null,null,"Water and Sewer",{"$f":"'Cost estimates'!D61","v":100000},"gallons",{"$f":"'Cost estimates'!F61","v":1.31951E-2},"/gallon",1319.51]
[null,null,"Telephone",{"$f":"'Cost estimates'!D62","v":12},"months",{"$f":"'Cost estimates'!F62","v":50},"/month",600]
[null,null,"Cell Phone",{"$f":"'Cost estimates'!D63","v":12},"months",{"$f":"'Cost estimates'!F63","v":40},"/month",480]
[]
[null,null,"Total Utilities Costs",null,null,null,null,{"$f":"SUM(H48:H63)","v":18506.94435466381},null,{"$f":"H65*20%","v":3701.3888709327621}]
[]
[]
[null,"Miscellaneous Costs",null,null,null,null,null,null,null," https://www.greenhousemegastore.com/category/gas-greenhouse-heaters"]
[null,null,"Advertising, Mailings, Flyers",{"$f":"'Cost estimates'!D69","v":1},"campaigns",{"$f":"'Cost estimates'!F69","v":200},"/campaigns",{"$f":"F69*D69","v":200}]
[null,null,"Continuing Education",{"$f":"'Cost estimates'!D70","v":1},"meetings",{"$f":"'Cost estimates'!F70","v":75},"/meetings",{"$f":"D70*F70","v":75}]
[null,null,"Internet Service",{"$f":"'Cost estimates'!D71","v":12},"months",{"$f":"'Cost estimates'!F71","v":20},"/months",240]
[null,null,"Laboratory Fees",{"$f":"'Cost estimates'!D72","v":36},"tests",{"$f":"'Cost estimates'!F72","v":20},"/tests",720]
[null,null,"Office Supplies",{"$f":"'Cost estimates'!D73","v":12},"months",{"$f":"'Cost estimates'!F73","v":25},"/months",300]
[null,null,"Postage",{"$f":"'Cost estimates'!D74","v":12},"months",{"$f":"'Cost estimates'!F74","v":15},"/months",180]
[null,null,"Marketing Materials & Promotions",{"$f":"'Cost estimates'!D75","v":1},"promos",{"$f":"'Cost estimates'!F75","v":300},"/promos",300]
[null,null,"Record Keeping",{"$f":"'Cost estimates'!D76","v":12},"months",{"$f":"'Cost estimates'!F76","v":50},"/months",600]
[null,null,"Software",{"$f":"'Cost estimates'!D77","v":3},"programs",{"$f":"'Cost estimates'!F77","v":50},"/programs",150]
[null,null,"Subscriptions",{"$f":"'Cost estimates'!D78","v":3},"subscriptions",{"$f":"'Cost estimates'!F78","v":35},"/subscriptions",105]
[null,null,"Marketing & Trade Shows",{"$f":"'Cost estimates'!D79","v":0},"trade show",{"$f":"'Cost estimates'!F79","v":500},"/trade show",0]
[]
[null,null,"Total Miscellaneous Costs",null,null,null,null,{"$f":"SUM(H69:H79)","v":2870}]
[]
[null,"Professional Services"]
[null,null,"Accountant",{"$f":"'Cost estimates'!D84","v":5},"hours",{"$f":"'Cost estimates'!F84","v":50},"/hour",{"$f":"D84*F84","v":250}]
[null,null,"Lawyer",{"$f":"'Cost estimates'!D85","v":4},"hours",{"$f":"'Cost estimates'!F85","v":125},"/hour",{"$f":"D85*F85","v":500}]
[]
[null,null,"Total Professional Services",null,null,null,null,{"$f":"SUM(H84:H85)","v":750}]
[]
[null,null,"TOTAL VARIABLE COSTS",null,null,null,null,{"$f":"SUM(H87,H81,H65,H44,H37,H28)","v":52828.350154663814}]
[]
[]
[]
["Fixed Costs14"]
[null,"Greenhouse Structure"]
[]
[null,null,null,"Quantity/Year","Unit ","Price/Unit",null,"Total Cost per year"]
[]
[null,null,"Concrete",{"$f":"Inputs!K7*Inputs!F20","v":900},"sq. ft.",{"$f":"'Cost estimates'!F98","v":2},"/sq. ft.",{"$f":"D98*F98","v":1800}]
[null,null,"Frame, Ends, Door",{"$f":"'Cost estimates'!D99","v":3},"houses",{"$f":"'Cost estimates'!F99","v":15000},"/houses",45000]
[null,null,"Glazing material (Glass/Poly/Double poly",{"$f":"'Cost estimates'!D100","v":3},"houses",{"$f":"'Cost estimates'!F100","v":5000},"/houses",15000]
[null,null,"Energy/Shade Curtains",{"$f":"'Cost estimates'!D101","v":8100},"sq. ft.",{"$f":"'Cost estimates'!F101","v":4},"/sq. ft.",32400]
[null,null,"Ground Cover",{"$f":"'Cost estimates'!D102","v":8100},"sq. ft.",{"$f":"'Cost estimates'!F102","v":7.4999999999999997E-2},"/sq. ft.",607.5]
[null,null,"Permits",{"$f":"'Cost estimates'!D103","v":4},"permits",{"$f":"'Cost estimates'!F103","v":80},"/permits",320]
[null,null,"Site Preparation",{"$f":"'Cost estimates'!D104","v":3},"houses",{"$f":"'Cost estimates'!F104","v":1000},"/houses",3000]
[null,null,"House Construction",{"$f":"'Cost estimates'!D105","v":450},"hours",{"$f":"'Cost estimates'!F105","v":10},"/hours",4500]
[]
[null,null,"Total Greenhouse Structure Costs",null,null,null,null,{"$f":"SUM(H98:H105)","v":102627.5}]
[]
[null,null,"Total Annual Greenhouse Stucture Costs18 (Annual costs of owning the greenhouse includes depreciation and/or principal payments, interest, repairs, taxes, and insurance)",null,null,{"$f":"'Cost estimates'!F109","v":0.2},null,{"$f":"H107*F109","v":20525.5},null,"https://shop.amhydro.com/collections/complete-nft-systems"]
[null,null,null,null,null,null,null,null,null,"Controlled Environment Agriculture Scoping Study (1996), CEA Program, Cornell University"]
[]
[null,"Greenhouse Environmental Control Equipment"]
[null,null,"Back-up Generator",{"$f":"'Cost estimates'!D113","v":1},"generators",{"$f":"'Cost estimates'!F113","v":6000},"/generators",{"$f":"D113*F113","v":6000}]
[null,null,"Cooling System (fan, vent, & pad)",{"$f":"'Cost estimates'!D114","v":1},"systems",{"$f":"'Cost estimates'!F114","v":2000},"/systems",2000]
[null,null,"Fanjets, 30\" 1hp / Horizontal Air Fans",{"$f":"'Cost estimates'!D115","v":1},"fanjets / HAF",{"$f":"'Cost estimates'!F115","v":1500},"/fanjets / HAF",1500]
[null,null,"Electrical Panel",{"$f":"'Cost estimates'!D116","v":1},"panels",{"$f":"'Cost estimates'!F116","v":1500},"/panels",1500]
[null,null,"Computer for Environmental Control",{"$f":"'Cost estimates'!D117","v":1},"computers",{"$f":"'Cost estimates'!F117","v":2500},"/computers",2500]
[null,null,"Extra Building Supplies",{"$f":"'Cost estimates'!D118","v":1},"houses",{"$f":"'Cost estimates'!F118","v":1500},"/houses",1500]
[null,null,"Heating System (reflects utility choice from above)",{"$f":"'Cost estimates'!D119","v":0},null,{"$f":"'Cost estimates'!F119","v":0}]
[null,null,"Liquid Propane",{"$f":"'Cost estimates'!D120","v":1},"heaters",{"$f":"'Cost estimates'!F120","v":2500},"/heaters",{"$f":"IF(D47=1, D120*F120,0)","v":0}]
[null,null,"Natural Gas",{"$f":"'Cost estimates'!D121","v":1},"heaters",{"$f":"'Cost estimates'!F121","v":2000},"/heaters",{"$f":"IF(D47=2, D121*F121,0)","v":0},null,"https://www.ers.usda.gov/topics/farm-economy/land-use-land-value-tenure/farmland-value/ "]
[null,null,"Fuel Oil",{"$f":"'Cost estimates'!D122","v":1},"heaters",{"$f":"'Cost estimates'!F122","v":2000},"/heaters",{"$f":"IF(D47=3, D122*F122,0)","v":2000}]
[null,null,"Poly Inflation Kit",{"$f":"'Cost estimates'!D123","v":1},"kits",{"$f":"'Cost estimates'!F123","v":150},"/kits",{"$f":"D123*F123","v":150}]
[null,null,"Low Voltage Wiring Package",{"$f":"'Cost estimates'!D124","v":1},"packages",{"$f":"'Cost estimates'!F124","v":400},"/packages",{"$f":"D124*F124","v":400}]
[null,null,"Protective Equipment (PPE)",{"$f":"'Cost estimates'!D125","v":1},"sets",{"$f":"'Cost estimates'!F125","v":50},"/sets",{"$f":"D125*F125","v":50}]
[null,null,"Grow Lights15"]
[null,null,null,{"$f":"'Cost estimates'!D127","v":0},null,null,null,{"$f":"'Cost estimates'!H127","v":0}]
[null,null,null,{"$f":"'Cost estimates'!D128","v":0},"Lights",{"$f":"'Cost estimates'!F128","v":460},"/Lights",{"$f":"'Cost estimates'!H128","v":0}]
[]
[]
[null,null,"Total Greenhouse Environmental Control Equipment Costs",null,null,null,null,{"$f":"SUM(H113:H129)","v":17600}]
[]
[null,null,"Total Annual Equipment Costs (Annual costs of owning the equipment includes depreciation and/or principal payments, interest, repairs, taxes, and insurance)",null,null,{"$f":"'Cost estimates'!F133","v":0.2},null,{"$f":"H131*F133","v":3520}]
[]
[]
[null,"Growing & Delivery"]
[null,null,"Back Pack Sprayer",{"$f":"'Cost estimates'!D137","v":1},"sprayers",{"$f":"'Cost estimates'!F137","v":100},"/sprayers",{"$f":"D137*F137","v":100}]
[null,null,"Carbon Dioxide Generator",{"$f":"'Cost estimates'!D138","v":1},"generators",{"$f":"'Cost estimates'!F138","v":480},"/generators",480]
[null,null,"Cooler",{"$f":"'Cost estimates'!D139","v":1},"coolers",{"$f":"'Cost estimates'!F139","v":2500},"/coolers",2500]
[null,null,"Delivery Van with A/C",{"$f":"'Cost estimates'!D140","v":1},"vans",{"$f":"'Cost estimates'!F140","v":6000},"/vans",6000]
[null,null,"Fertilizer Mixing Pump",{"$f":"'Cost estimates'!D141","v":1},"pumps",{"$f":"'Cost estimates'!F141","v":30},"/pumps",30]
[null,null,"Feeding System",{"$f":"'Cost estimates'!D142","v":1},"unit",{"$f":"'Cost estimates'!F142","v":3200},"/unit",{"$f":"D142*F142","v":3200}]
[null,null,"Meters and Sensors-                                    EC",{"$f":"'Cost estimates'!D143","v":1},"meters",{"$f":"'Cost estimates'!F143","v":160},"/meters",160]
[null,null,"pH",{"$f":"'Cost estimates'!D144","v":1},"sensors",{"$f":"'Cost estimates'!F144","v":50},"/sensors",50]
[null,null,"Thermometer",{"$f":"'Cost estimates'!D145","v":1},"thermometers",{"$f":"'Cost estimates'!F145","v":25},"/thermometers",25]
[null,null,"Monitor-                                             Humidity",{"$f":"'Cost estimates'!D146","v":1},"sensors",{"$f":"'Cost estimates'!F146","v":120},"/sensors",120]
[null,null,"CO2",{"$f":"'Cost estimates'!D147","v":1},"sensors",{"$f":"'Cost estimates'!F147","v":500},"/sensors",500]
[null,null,"Drip irrigation",{"$f":"'Cost estimates'!D148","v":1},"system",{"$f":"'Cost estimates'!F148","v":20000},"/system",{"$f":"F148*D148","v":20000}]
[null,null,"Scale",{"$f":"'Cost estimates'!D149","v":1},"scales",{"$f":"'Cost estimates'!F149","v":100},"/scales",{"$f":"D149*F149","v":100}]
[]
[]
[null,null,"Total Other Equipment",null,null,null,null,{"$f":"SUM(H137:H149)","v":33265}]
[]
[null,null,"Total Annual Growing & Delivery Costs (Annual costs of owning the greenhouse includes depreciation and/or principal payments, interest, repairs, taxes, and insurance)",null,null,{"$f":"'Cost estimates'!F154","v":0.2},null,{"$f":"H152*F154","v":6653}]
[]
[]
[null,"Miscellaneous"]
[null,null,"Land Rent17",{"$f":"'Cost estimates'!D158","v":1},"Acre",{"$f":"'Cost estimates'!F158","v":100},"/acre",{"$f":"D158*F158","v":100}]
[]
[null,null,"Total Miscellaneous Costs",null,null,null,null,{"$f":"H158","v":100}]
[]
[]
[]
[null,null,"TOTAL ANNUAL FIXED COSTS",null,null,null,null,{"$f":"H160+H154+H133+H109","v":30798.5}]
[]
[null,null,"TOTAL ANNUAL COSTS",null,"(Variable Costs + Annual Fixed Costs)",null,null,{"$f":"SUM(H164,H89)","v":83626.850154663814}]

{"sheet":"Analysis","index":10,"n_rows":160,"n_cols":8,"rows_kept":160,"cut":false,"hidden":false,"merged":[[104,4,105,7],[14,1,17,1],[108,1,111,1],[156,1,159,1],[60,1,63,1],[82,1,85,1],[133,1,136,1],[37,1,40,1],[129,4,130,7],[152,4,153,7],[119,7,120,13],[143,7,144,13],[94,7,95,13],[11,4,11,7],[34,4,34,7],[56,4,57,7],[78,4,79,7],[2,5,2,17],[24,7,25,13],[46,7,47,13],[70,7,71,13]]}
[]
[]
[null,null,null,null,null,"Annual Profit Based On Different Assumptions"]
[]
[]
[]
[]
[]
[]
[]
[]
[null,null,null,null,"Price/pound"]
[null,null,null,null,"Actual","High","Average","Low"]
[null,null,null,null,{"$f":"Inputs!F23","v":1.35},2,1.5,1]
[null,"Annual Output","Actual",{"$f":"Inputs!$K$13","v":63787},{"$f":"($D$15*$E$14)-'Cost estimates'!$H$166","v":4644.7806786695437},{"$f":"$D$15*$F$14-'Cost estimates'!$H$166","v":46106.330678669532},{"$f":"$D$15*$G$14-'Cost estimates'!$H$166","v":14212.830678669532},{"$f":"$D$15*$H$14-'Cost estimates'!$H$166","v":-17680.669321330468}]
[null,null,"High",{"$f":"Sim1I!$K$13","v":91125},{"$f":"($D$16*$E$14)-Sim1C!H166","v":18990.143145336217},{"$f":"($D$16*$F$14)-'Cost estimates'!H166","v":100782.33067866953},{"$f":"($D$16*$G$14)-'Cost estimates'!H166","v":55219.830678669532},{"$f":"($D$16*$H$14)-'Cost estimates'!H166","v":9657.3306786695321}]
[null,null,"Average",{"$f":"Sim2I!$K$13","v":63787},{"$f":"($D$17*$E$14)-Sim2C!H166","v":-5588.0526546637993},{"$f":"$D$17*$F$14-Sim2C!H166","v":35873.497345336189},{"$f":"($D$17*$G$14)-Sim2C!H166","v":3979.997345336189},{"$f":"($D$17*$H$14)-Sim2C!H166","v":-27913.502654663811}]
[null,null,"Poor",{"$f":"Sim3I!$K$13","v":45562},{"$f":"($D$18*$E$14)-Sim3C!H166","v":-22118.15015466381},{"$f":"($D$18*$F$14)-Sim3C!H166","v":7497.1498453361855},{"$f":"($D$18*$G$14)-Sim3C!H166","v":-15283.850154663814},{"$f":"($D$18*$H$14)-Sim3C!H166","v":-38064.850154663814}]
[]
[]
[]
[]
[]
[]
[null,null,null,null,null,null,null,"With 20% Increase in Labor Cost "]
[]
[]
[]
[]
[]
[]
[]
[]
[]
[null,null,null,null,"Price "]
[null,null,null,null,"Actual","High","Average","Low"]
[null,null,null,null,{"$f":"Inputs!F23","v":1.35},2,1.5,1]
[null,"Annual Output","Actual",{"$f":"Inputs!$K$13","v":63787},{"$f":"E15-'Cost estimates'!$L$37","v":1443.9490186695439},{"$f":"F15-'Cost estimates'!$L$37","v":42905.499018669536},{"$f":"G15-'Cost estimates'!$L$37","v":11011.999018669532},{"$f":"H15-'Cost estimates'!$L$37","v":-20881.500981330468}]
[null,null,"High",{"$f":"Sim1I!$K$13","v":91125},{"$f":"E16-Sim1C!$J$37","v":14417.490645336216},{"$f":"F16-Sim1C!$J$37","v":96209.678178669536},{"$f":"G16-Sim1C!$J$37","v":50647.178178669536},{"$f":"H16-Sim1C!$J$37","v":5084.6781786695319}]
[null,null,"Average",{"$f":"Sim2I!$K$13","v":63787},{"$f":"E17-Sim2C!$J$37","v":-8788.8843146637992},{"$f":"F17-Sim2C!$J$37","v":32672.665685336189},{"$f":"G17-Sim2C!$J$37","v":779.1656853361892},{"$f":"H17-Sim2C!$J$37","v":-31114.334314663811}]
[null,null,"Poor",{"$f":"Sim3I!$K$13","v":45562},{"$f":"E18-Sim3C!$J$37","v":-24404.451314663809},{"$f":"F18-Sim3C!$J$37","v":5210.8486853361846},{"$f":"G18-Sim3C!$J$37","v":-17570.151314663814},{"$f":"H18-Sim3C!$J$37","v":-40351.151314663817}]
[]
[]
[]
[]
[]
[null,null,null,null,null,null,null,"With 20% Decrease in Labor Cost "]
[]
[]
[]
[]
[]
[]
[]
[]
[]
[null,null,null,null,"Price "]
[]
[null,null,null,null,"Actual","High","Average","Low"]
[null,null,null,null,{"$f":"Inputs!F23","v":1.35},2,1.5,1]
[null,"Annual Output","Actual",{"$f":"Inputs!$K$13","v":63787},{"$f":"E15+'Cost estimates'!$L$37","v":7845.6123386695435},{"$f":"F15+'Cost estimates'!$L$37","v":49307.162338669528},{"$f":"G15+'Cost estimates'!$L$37","v":17413.662338669532},{"$f":"H15+'Cost estimates'!$L$37","v":-14479.837661330468}]
[null,null,"High",{"$f":"Sim1I!$K$13","v":91125},{"$f":"E16+Sim1I!$J$37","v":18990.143145336217},{"$f":"F16+Sim1I!$J$37","v":100782.33067866953},{"$f":"G16+Sim1I!$J$37","v":55219.830678669532},{"$f":"H16+Sim1I!$J$37","v":9657.3306786695321}]
[null,null,"Average",{"$f":"Sim2I!$K$13","v":63787},{"$f":"E17+Sim2I!$J$37","v":-5588.0526546637993},{"$f":"F17+Sim2I!$J$37","v":35873.497345336189},{"$f":"G17+Sim2I!$J$37","v":3979.997345336189},{"$f":"H17+Sim2I!$J$37","v":-27913.502654663811}]
[null,null,"Poor",{"$f":"Sim3I!$K$13","v":45562},{"$f":"E18+Sim3I!$J$37","v":-22118.15015466381},{"$f":"F18+Sim3I!$J$37","v":7497.1498453361855},{"$f":"G18+Sim3I!$J$37","v":-15283.850154663814},{"$f":"H18+Sim3I!$J$37","v":-38064.850154663814}]
[]
[]
[]
[]
[]
[]
[null,null,null,null,null,null,null,"With 20% Increase in Utility Cost "]
[]
[]
[]
[]
[]
[]
[]
[null,null,null,null,"Price "]
[]
[null,null,null,null,"Actual","High","Average","Low"]
[null,null,null,null,{"$f":"Inputs!F23","v":1.35},2,1.5,1]
[null,"Annual Output","Actual",{"$f":"Inputs!$K$13","v":63787},{"$f":"E15-'Cost estimates'!$L$65","v":943.39180773678163},{"$f":"F15-'Cost estimates'!$L$65","v":42404.941807736774},{"$f":"G15-'Cost estimates'!$L$65","v":10511.44180773677},{"$f":"H15-'Cost estimates'!$L$65","v":-21382.05819226323}]
[null,null,"High",{"$f":"Sim1I!$K$13","v":91125},{"$f":"E16-Sim1C!$J$65","v":15288.754274403454},{"$f":"F16-Sim1C!$J$65","v":97080.941807736774},{"$f":"G16-Sim1C!$J$65","v":51518.441807736774},{"$f":"H16-Sim1C!$J$65","v":5955.94180773677}]
[null,null,"Average",{"$f":"Sim2I!$K$13","v":63787},{"$f":"E17-Sim2C!$J$65","v":-9289.4415255965614},{"$f":"F17-Sim2C!$J$65","v":32172.108474403427},{"$f":"G17-Sim2C!$J$65","v":278.60847440342695},{"$f":"H17-Sim2C!$J$65","v":-31614.891525596573}]
[null,null,"Poor",{"$f":"Sim3I!$K$13","v":45562},{"$f":"E18-Sim3C!$J$65","v":-25819.539025596572},{"$f":"F18-Sim3C!$J$65","v":3795.7609744034235},{"$f":"G18-Sim3C!$J$65","v":-18985.239025596577},{"$f":"H18-Sim3C!$J$65","v":-41766.239025596573}]
[]
[]
[]
[]
[]
[]
[]
[]
[null,null,null,null,null,null,null,"With 20% Decrease in Utility Cost "]
[]
[]
[]
[]
[]
[]
[]
[]
[]
[null,null,null,null,"Price "]
[]
[null,null,null,null,"Actual","High","Average","Low"]
[null,null,null,null,{"$f":"Inputs!F23","v":1.35},2,1.5,1]
[null,"Annual Output","Actual",{"$f":"Inputs!$K$13","v":63787},{"$f":"E15+'Cost estimates'!$L$65","v":8346.1695496023058},{"$f":"F15+'Cost estimates'!$L$65","v":49807.71954960229},{"$f":"G15+'Cost estimates'!$L$65","v":17914.219549602294},{"$f":"H15+'Cost estimates'!$L$65","v":-13979.280450397706}]
[null,null,"High",{"$f":"Sim1I!$K$13","v":91125},{"$f":"E16+Sim1C!$J$65","v":22691.532016268979},{"$f":"F16+Sim1C!$J$65","v":104483.71954960229},{"$f":"G16+Sim1C!$J$65","v":58921.21954960229},{"$f":"H16+Sim1C!$J$65","v":13358.719549602294}]
[null,null,"Average",{"$f":"Sim2I!$K$13","v":63787},{"$f":"E17+Sim2C!$J$65","v":-1886.6637837310373},{"$f":"F17+Sim2C!$J$65","v":39574.886216268947},{"$f":"G17+Sim2C!$J$65","v":7681.3862162689511},{"$f":"H17+Sim2C!$J$65","v":-24212.113783731049}]
[null,null,"Poor",{"$f":"Sim3I!$K$13","v":45562},{"$f":"E18+Sim3C!$J$65","v":-18416.761283731048},{"$f":"F18+Sim3C!$J$65","v":11198.538716268948},{"$f":"G18+Sim3C!$J$65","v":-11582.461283731052},{"$f":"H18+Sim3C!$J$65","v":-34363.461283731056}]
[]
[]
[]
[]
[]
[]
[]
[null,null,null,null,null,null,null,"With 20% Increase in Packaging Cost "]
[]
[]
[]
[]
[]
[]
[]
[]
[]
[null,null,null,null,"Price "]
[]
[null,null,null,null,"Actual","High","Average","Low"]
[null,null,null,null,{"$f":"Inputs!F23","v":1.35},2,1.5,1]
[null,"Annual Output","Actual",{"$f":"Inputs!$K$13","v":63787},{"$f":"E15-'Cost estimates'!$L$44","v":2495.1806786695438},{"$f":"F15-'Cost estimates'!$L$44","v":43956.730678669534},{"$f":"G15-'Cost estimates'!$L$44","v":12063.230678669532},{"$f":"H15-'Cost estimates'!$L$44","v":-19830.269321330466}]
[null,null,"High",{"$f":"Sim1I!$K$13","v":91125},{"$f":"E16-Sim1C!$J$44","v":15912.743145336217},{"$f":"F16-Sim1C!$J$44","v":97704.930678669538},{"$f":"G16-Sim1C!$J$44","v":52142.430678669531},{"$f":"H16-Sim1C!$J$44","v":6579.9306786695324}]
[null,null,"Average",{"$f":"Sim2I!$K$13","v":63787},{"$f":"E17-Sim2C!$J$44","v":-7737.6526546637997},{"$f":"F17-Sim2C!$J$44","v":33723.89734533619},{"$f":"G17-Sim2C!$J$44","v":1830.3973453361891},{"$f":"H17-Sim2C!$J$44","v":-30063.10265466381}]
[null,null,"Poor",{"$f":"Sim3I!$K$13","v":45562},{"$f":"E18-Sim3C!$J$44","v":-23669.950154663809},{"$f":"F18-Sim3C!$J$44","v":5945.3498453361854},{"$f":"G18-Sim3C!$J$44","v":-16835.650154663814},{"$f":"H18-Sim3C!$J$44","v":-39616.650154663817}]
[]
[]
[]
[]
[]
[]
[null,null,null,null,null,null,null,"With 20% Decrease in Packaging Cost "]
[]
[]
[]
[]
[]
[]
[]
[]
[null,null,null,null,"Price "]
[]
[null,null,null,null,"Actual","High","Average","Low"]
[null,null,null,null,{"$f":"Inputs!F23","v":1.35},2,1.5,1]
[null,"Annual Output","Actual",{"$f":"Inputs!$K$13","v":63787},{"$f":"E15+'Cost estimates'!$L$44","v":6794.3806786695441},{"$f":"F15+'Cost estimates'!$L$44","v":48255.930678669531},{"$f":"G15+'Cost estimates'!$L$44","v":16362.430678669532},{"$f":"H15+'Cost estimates'!$L$44","v":-15531.069321330468}]
[null,null,"High",{"$f":"Sim1I!$K$13","v":91125},{"$f":"E16+Sim1C!$J$44","v":22067.543145336218},{"$f":"F16+Sim1C!$J$44","v":103859.73067866953},{"$f":"G16+Sim1C!$J$44","v":58297.230678669534},{"$f":"H16+Sim1C!$J$44","v":12734.730678669532}]
[null,null,"Average",{"$f":"Sim2I!$K$13","v":63787},{"$f":"E17+Sim2C!$J$44","v":-3438.4526546637994},{"$f":"F17+Sim2C!$J$44","v":38023.097345336188},{"$f":"G17+Sim2C!$J$44","v":6129.5973453361894},{"$f":"H17+Sim2C!$J$44","v":-25763.902654663812}]
[null,null,"Poor",{"$f":"Sim3I!$K$13","v":45562},{"$f":"E18+Sim3C!$J$44","v":-20566.350154663811},{"$f":"F18+Sim3C!$J$44","v":9048.9498453361848},{"$f":"G18+Sim3C!$J$44","v":-13732.050154663815},{"$f":"H18+Sim3C!$J$44","v":-36513.050154663812}]

{"sheet":"elmira_dli","index":11,"n_rows":366,"n_cols":7,"rows_kept":366,"cut":false,"hidden":true,"merged":[]}
["Date","Month","Day","Outdoor DLI (mol/m2/d)","Indoor DLI (mol/m2/d)","Supp DLI (mol/m2/d)","Supp hrs"]
["2015-01-01",{"$f":"MONTH(A2)","v":1},{"$f":"DAY(A2)","v":1},{"$f":"3600*SUMIFS(elmira!U2:U8761,elmira!B2:B8761,\"=\"&B2,elmira!C2:C8761,\"=\"&C2)/1000000","v":16.667289},{"$f":"Inputs!$R$39*elmira_dli!D2","v":11.6671023},{"$f":"MAX(0,Inputs!$F$25-E2)","v":0},{"$f":"F2/(3600*Inputs!#REF!/1000000)","v":{"$error":"#REF!"}}]
["2015-01-02",{"$f":"MONTH(A3)","v":1},{"$f":"DAY(A3)","v":2},{"$f":"3600*SUMIFS(elmira!U3:U8762,elmira!B3:B8762,\"=\"&B3,elmira!C3:C8762,\"=\"&C3)/1000000","v":14.683620599999998},{"$f":"Inputs!$R$39*elmira_dli!D3","v":10.278534419999998},{"$f":"MAX(0,Inputs!$F$25-E3)","v":0},{"$f":"F3/(3600*Inputs!#REF!/1000000)","v":{"$error":"#REF!"}}]
["2015-01-03",1,3,{"$f":"3600*SUMIFS(elmira!U4:U8763,elmira!B4:B8763,\"=\"&B4,elmira!C4:C8763,\"=\"&C4)/1000000","v":17.278795800000005},{"$f":"Inputs!$R$39*elmira_dli!D4","v":12.095157060000002},{"$f":"MAX(0,Inputs!$F$25-E4)","v":0},{"$f":"F4/(3600*Inputs!#REF!/1000000)","v":{"$error":"#REF!"}}]
["2015-01-04",1,4,{"$f":"3600*SUMIFS(elmira!U5:U8764,elmira!B5:B8764,\"=\"&B5,elmira!C5:C8764,\"=\"&C5)/1000000","v":7.1441891999999996},{"$f":"Inputs!$R$39*elmira_dli!D5","v":5.0009324399999997},{"$f":"MAX(0,Inputs!$F$25-E5)","v":0},{"$f":"F5/(3600*Inputs!#REF!/1000000)","v":{"$error":"#REF!"}}]
["2015-01-05",1,5,{"$f":"3600*SUMIFS(elmira!U6:U8765,elmira!B6:B8765,\"=\"&B6,elmira!C6:C8765,\"=\"&C6)/1000000","v":5.8838885999999997},{"$f":"Inputs!$R$39*elmira_dli!D6","v":4.1187220199999999},{"$f":"MAX(0,Inputs!$F$25-E6)","v":0},{"$f":"F6/(3600*Inputs!#REF!/1000000)","v":{"$error":"#REF!"}}]
["2015-01-06",1,6,{"$f":"3600*SUMIFS(elmira!U7:U8766,elmira!B7:B8766,\"=\"&B7,elmira!C7:C8766,\"=\"&C7)/1000000","v":13.587382799999999},{"$f":"Inputs!$R$39*elmira_dli!D7","v":9.5111679599999981},{"$f":"MAX(0,Inputs!$F$25-E7)","v":0},{"$f":"F7/(3600*Inputs!#REF!/1000000)","v":{"$error":"#REF!"}}]
["2015-01-07",1,7,{"$f":"3600*SUMIFS(elmira!U8:U8767,elmira!B8:B8767,\"=\"&B8,elmira!C8:C8767,\"=\"&C8)/1000000","v":4.5415565999999998},{"$f":"Inputs!$R$39*elmira_dli!D8","v":3.1790896199999996},{"$f":"MAX(0,Inputs!$F$25-E8)","v":0},{"$f":"F8/(3600*Inputs!#REF!/1000000)","v":{"$error":"#REF!"}}]
["2015-01-08",1,8,{"$f":"3600*SUMIFS(elmira!U9:U8768,elmira!B9:B8768,\"=\"&B9,elmira!C9:C8768,\"=\"&C9)/1000000","v":6.9353819999999997},{"$f":"Inputs!$R$39*elmira_dli!D9","v":4.8547673999999992},{"$f":"MAX(0,Inputs!$F$25-E9)","v":0},{"$f":"F9/(3600*Inputs!#REF!/1000000)","v":{"$error":"#REF!"}}]
["2015-01-09",1,9,{"$f":"3600*SUMIFS(elmira!U10:U8769,elmira!B10:B8769,\"=\"&B10,elmira!C10:C8769,\"=\"&C10)/1000000","v":17.323540199999997},{"$f":"Inputs!$R$39*elmira_dli!D10","v":12.126478139999996},{"$f":"MAX(0,Inputs!$F$25-E10)","v":0},{"$f":"F10/(3600*Inputs!#REF!/1000000)","v":{"$error":"#REF!"}}]
["2015-01-10",1,10,{"$f":"3600*SUMIFS(elmira!U11:U8770,elmira!B11:B8770,\"=\"&B11,elmira!C11:C8770,\"=\"&C11)/1000000","v":10.321041599999999},{"$f":"Inputs!$R$39*elmira_dli!D11","v":7.2247291199999992},{"$f":"MAX(0,Inputs!$F$25-E11)","v":0},{"$f":"F11/(3600*Inputs!#REF!/1000000)","v":{"$error":"#REF!"}}]
["2015-01-11",1,11,{"$f":"3600*SUMIFS(elmira!U12:U8771,elmira!B12:B8771,\"=\"&B12,elmira!C12:C8771,\"=\"&C12)/1000000","v":17.539804799999995},{"$f":"Inputs!$R$39*elmira_dli!D12","v":12.277863359999996},{"$f":"MAX(0,Inputs!$F$25-E12)","v":0},{"$f":"F12/(3600*Inputs!#REF!/1000000)","v":{"$error":"#REF!"}}]
["2015-01-12",1,12,{"$f":"3600*SUMIFS(elmira!U13:U8772,elmira!B13:B8772,\"=\"&B13,elmira!C13:C8772,\"=\"&C13)/1000000","v":17.055073799999995},{"$f":"Inputs!$R$39*elmira_dli!D13","v":11.938551659999996},{"$f":"MAX(0,Inputs!$F$25-E13)","v":0},{"$f":"F13/(3600*Inputs!#REF!/1000000)","v":{"$error":"#REF!"}}]
["2015-01-13",1,13,{"$f":"3600*SUMIFS(elmira!U14:U8773,elmira!B14:B8773,\"=\"&B14,elmira!C14:C8773,\"=\"&C14)/1000000","v":18.732988799999998},{"$f":"Inputs!$R$39*elmira_dli!D14","v":13.113092159999997},{"$f":"MAX(0,Inputs!$F$25-E14)","v":0},{"$f":"F14/(3600*Inputs!#REF!/1000000)","v":{"$error":"#REF!"}}]
["2015-01-14",1,14,{"$f":"3600*SUMIFS(elmira!U15:U8774,elmira!B15:B8774,\"=\"&B15,elmira!C15:C8774,\"=\"&C15)/1000000","v":8.0316197999999979},{"$f":"Inputs!$R$39*elmira_dli!D15","v":5.6221338599999982},{"$f":"MAX(0,Inputs!$F$25-E15)","v":0},{"$f":"F15/(3600*Inputs!#REF!/1000000)","v":{"$error":"#REF!"}}]
["2015-01-15",1,15,{"$f":"3600*SUMIFS(elmira!U16:U8775,elmira!B16:B8775,\"=\"&B16,elmira!C16:C8775,\"=\"&C16)/1000000","v":6.5848841999999994},{"$f":"Inputs!$R$39*elmira_dli!D16","v":4.6094189399999994},{"$f":"MAX(0,Inputs!$F$25-E16)","v":0},{"$f":"F16/(3600*Inputs!#REF!/1000000)","v":{"$error":"#REF!"}}]
["2015-01-16",1,16,{"$f":"3600*SUMIFS(elmira!U17:U8776,elmira!B17:B8776,\"=\"&B17,elmira!C17:C8776,\"=\"&C17)/1000000","v":5.5035612},{"$f":"Inputs!$R$39*elmira_dli!D17","v":3.8524928399999996},{"$f":"MAX(0,Inputs!$F$25-E17)","v":0},{"$f":"F17/(3600*Inputs!#REF!/1000000)","v":{"$error":"#REF!"}}]
["2015-01-17",1,17,{"$f":"3600*SUMIFS(elmira!U18:U8777,elmira!B18:B8777,\"=\"&B18,elmira!C18:C8777,\"=\"&C18)/1000000","v":5.630336999999999},{"$f":"Inputs!$R$39*elmira_dli!D18","v":3.9412358999999992},{"$f":"MAX(0,Inputs!$F$25-E18)","v":0},{"$f":"F18/(3600*Inputs!#REF!/1000000)","v":{"$error":"#REF!"}}]
["2015-01-18",1,18,{"$f":"3600*SUMIFS(elmira!U19:U8778,elmira!B19:B8778,\"=\"&B19,elmira!C19:C8778,\"=\"&C19)/1000000","v":9.1726019999999977},{"$f":"Inputs!$R$39*elmira_dli!D19","v":6.4208213999999977},{"$f":"MAX(0,Inputs!$F$25-E19)","v":0},{"$f":"F19/(3600*Inputs!#REF!/1000000)","v":{"$error":"#REF!"}}]
["2015-01-19",1,19,{"$f":"3600*SUMIFS(elmira!U20:U8779,elmira!B20:B8779,\"=\"&B20,elmira!C20:C8779,\"=\"&C20)/1000000","v":4.6235879999999998},{"$f":"Inputs!$R$39*elmira_dli!D20","v":3.2365115999999996},{"$f":"MAX(0,Inputs!$F$25-E20)","v":0},{"$f":"F20/(3600*Inputs!#REF!/1000000)","v":{"$error":"#REF!"}}]
["2015-01-20",1,20,{"$f":"3600*SUMIFS(elmira!U21:U8780,elmira!B21:B8780,\"=\"&B21,elmira!C21:C8780,\"=\"&C21)/1000000","v":15.929006399999997},{"$f":"Inputs!$R$39*elmira_dli!D21","v":11.150304479999997},{"$f":"MAX(0,Inputs!$F$25-E21)","v":0},{"$f":"F21/(3600*Inputs!#REF!/1000000)","v":{"$error":"#REF!"}}]
["2015-01-21",1,21,{"$f":"3600*SUMIFS(elmira!U22:U8781,elmira!B22:B8781,\"=\"&B22,elmira!C22:C8781,\"=\"&C22)/1000000","v":20.455648199999999},{"$f":"Inputs!$R$39*elmira_dli!D22","v":14.318953739999998},{"$f":"MAX(0,Inputs!$F$25-E22)","v":0},{"$f":"F22/(3600*Inputs!#REF!/1000000)","v":{"$error":"#REF!"}}]
["2015-01-22",1,22,{"$f":"3600*SUMIFS(elmira!U23:U8782,elmira!B23:B8782,\"=\"&B23,elmira!C23:C8782,\"=\"&C23)/1000000","v":18.263172600000001},{"$f":"Inputs!$R$39*elmira_dli!D23","v":12.78422082},{"$f":"MAX(0,Inputs!$F$25-E23)","v":0},{"$f":"F23/(3600*Inputs!#REF!/1000000)","v":{"$error":"#REF!"}}]
["2015-01-23",1,23,{"$f":"3600*SUMIFS(elmira!U24:U8783,elmira!B24:B8783,\"=\"&B24,elmira!C24:C8783,\"=\"&C24)/1000000","v":18.650957399999999},{"$f":"Inputs!$R$39*elmira_dli!D24","v":13.055670179999998},{"$f":"MAX(0,Inputs!$F$25-E24)","v":0},{"$f":"F24/(3600*Inputs!#REF!/1000000)","v":{"$error":"#REF!"}}]
["2015-01-24",1,24,{"$f":"3600*SUMIFS(elmira!U25:U8784,elmira!B25:B8784,\"=\"&B25,elmira!C25:C8784,\"=\"&C25)/1000000","v":9.6722477999999992},{"$f":"Inputs!$R$39*elmira_dli!D25","v":6.7705734599999987},{"$f":"MAX(0,Inputs!$F$25-E25)","v":0},{"$f":"F25/(3600*Inputs!#REF!/1000000)","v":{"$error":"#REF!"}}]
["2015-01-25",1,25,{"$f":"3600*SUMIFS(elmira!U26:U8785,elmira!B26:B8785,\"=\"&B26,elmira!C26:C8785,\"=\"&C26)/1000000","v":20.850890399999994},{"$f":"Inputs!$R$39*elmira_dli!D26","v":14.595623279999995},{"$f":"MAX(0,Inputs!$F$25-E26)","v":0},{"$f":"F26/(3600*Inputs!#REF!/1000000)","v":{"$error":"#REF!"}}]
["2015-01-26",1,26,{"$f":"3600*SUMIFS(elmira!U27:U8786,elmira!B27:B8786,\"=\"&B27,elmira!C27:C8786,\"=\"&C27)/1000000","v":19.225177200000001},{"$f":"Inputs!$R$39*elmira_dli!D27","v":13.457624040000001},{"$f":"MAX(0,Inputs!$F$25-E27)","v":0},{"$f":"F27/(3600*Inputs!#REF!/1000000)","v":{"$error":"#REF!"}}]
["2015-01-27",1,27,{"$f":"3600*SUMIFS(elmira!U28:U8787,elmira!B28:B8787,\"=\"&B28,elmira!C28:C8787,\"=\"&C28)/1000000","v":9.0458261999999987},{"$f":"Inputs!$R$39*elmira_dli!D28","v":6.3320783399999989},{"$f":"MAX(0,Inputs!$F$25-E28)","v":0},{"$f":"F28/(3600*Inputs!#REF!/1000000)","v":{"$error":"#REF!"}}]
["2015-01-28",1,28,{"$f":"3600*SUMIFS(elmira!U29:U8788,elmira!B29:B8788,\"=\"&B29,elmira!C29:C8788,\"=\"&C29)/1000000","v":19.486186199999999},{"$f":"Inputs!$R$39*elmira_dli!D29","v":13.640330339999998},{"$f":"MAX(0,Inputs!$F$25-E29)","v":0},{"$f":"F29/(3600*Inputs!#REF!/1000000)","v":{"$error":"#REF!"}}]
["2015-01-29",1,29,{"$f":"3600*SUMIFS(elmira!U30:U8789,elmira!B30:B8789,\"=\"&B30,elmira!C30:C8789,\"=\"&C30)/1000000","v":18.6211278},{"$f":"Inputs!$R$39*elmira_dli!D30","v":13.034789459999999},{"$f":"MAX(0,Inputs!$F$25-E30)","v":0},{"$f":"F30/(3600*Inputs!#REF!/1000000)","v":{"$error":"#REF!"}}]
["2015-01-30",1,30,{"$f":"3600*SUMIFS(elmira!U31:U8790,elmira!B31:B8790,\"=\"&B31,elmira!C31:C8790,\"=\"&C31)/1000000","v":11.4172794},{"$f":"Inputs!$R$39*elmira_dli!D31","v":7.9920955799999991},{"$f":"MAX(0,Inputs!$F$25-E31)","v":0},{"$f":"F31/(3600*Inputs!#REF!/1000000)","v":{"$error":"#REF!"}}]
["2015-01-31",1,31,{"$f":"3600*SUMIFS(elmira!U32:U8791,elmira!B32:B8791,\"=\"&B32,elmira!C32:C8791,\"=\"&C32)/1000000","v":9.8288532000000011},{"$f":"Inputs!$R$39*elmira_dli!D32","v":6.8801972400000002},{"$f":"MAX(0,Inputs!$F$25-E32)","v":0},{"$f":"F32/(3600*Inputs!#REF!/1000000)","v":{"$error":"#REF!"}}]
["2015-02-01",2,1,{"$f":"3600*SUMIFS(elmira!U33:U8792,elmira!B33:B8792,\"=\"&B33,elmira!C33:C8792,\"=\"&C33)/1000000","v":8.0987363999999999},{"$f":"Inputs!$R$39*elmira_dli!D33","v":5.6691154799999994},{"$f":"MAX(0,Inputs!$F$25-E33)","v":0},{"$f":"F33/(3600*Inputs!#REF!/1000000)","v":{"$error":"#REF!"}}]
["2015-02-02",2,2,{"$f":"3600*SUMIFS(elmira!U34:U8793,elmira!B34:B8793,\"=\"&B34,elmira!C34:C8793,\"=\"&C34)/1000000","v":21.551886},{"$f":"Inputs!$R$39*elmira_dli!D34","v":15.086320199999999},{"$f":"MAX(0,Inputs!$F$25-E34)","v":0},{"$f":"F34/(3600*Inputs!#REF!/1000000)","v":{"$error":"#REF!"}}]
["2015-02-03",2,3,{"$f":"3600*SUMIFS(elmira!U35:U8794,elmira!B35:B8794,\"=\"&B35,elmira!C35:C8794,\"=\"&C35)/1000000","v":18.173683799999996},{"$f":"Inputs!$R$39*elmira_dli!D35","v":12.721578659999997},{"$f":"MAX(0,Inputs!$F$25-E35)","v":0},{"$f":"F35/(3600*Inputs!#REF!/1000000)","v":{"$error":"#REF!"}}]
["2015-02-04",2,4,{"$f":"3600*SUMIFS(elmira!U36:U8795,elmira!B36:B8795,\"=\"&B36,elmira!C36:C8795,\"=\"&C36)/1000000","v":7.7706107999999992},{"$f":"Inputs!$R$39*elmira_dli!D36","v":5.4394275599999995},{"$f":"MAX(0,Inputs!$F$25-E36)","v":0},{"$f":"F36/(3600*Inputs!#REF!/1000000)","v":{"$error":"#REF!"}}]
["2015-02-05",2,5,{"$f":"3600*SUMIFS(elmira!U37:U8796,elmira!B37:B8796,\"=\"&B37,elmira!C37:C8796,\"=\"&C37)/1000000","v":22.916590199999998},{"$f":"Inputs!$R$39*elmira_dli!D37","v":16.041613139999999},{"$f":"MAX(0,Inputs!$F$25-E37)","v":0},{"$f":"F37/(3600*Inputs!#REF!/1000000)","v":{"$error":"#REF!"}}]
["2015-02-06",2,6,{"$f":"3600*SUMIFS(elmira!U38:U8797,elmira!B38:B8797,\"=\"&B38,elmira!C38:C8797,\"=\"&C38)/1000000","v":24.945003},{"$f":"Inputs!$R$39*elmira_dli!D38","v":17.461502099999997},{"$f":"MAX(0,Inputs!$F$25-E38)","v":0},{"$f":"F38/(3600*Inputs!#REF!/1000000)","v":{"$error":"#REF!"}}]
["2015-02-07",2,7,{"$f":"3600*SUMIFS(elmira!U39:U8798,elmira!B39:B8798,\"=\"&B39,elmira!C39:C8798,\"=\"&C39)/1000000","v":24.102316800000001},{"$f":"Inputs!$R$39*elmira_dli!D39","v":16.87162176},{"$f":"MAX(0,Inputs!$F$25-E39)","v":0},{"$f":"F39/(3600*Inputs!#REF!/1000000)","v":{"$error":"#REF!"}}]
["2015-02-08",2,8,{"$f":"3600*SUMIFS(elmira!U40:U8799,elmira!B40:B8799,\"=\"&B40,elmira!C40:C8799,\"=\"&C40)/1000000","v":25.526680199999998},{"$f":"Inputs!$R$39*elmira_dli!D40","v":17.868676139999998},{"$f":"MAX(0,Inputs!$F$25-E40)","v":0},{"$f":"F40/(3600*Inputs!#REF!/1000000)","v":{"$error":"#REF!"}}]
["2015-02-09",2,9,{"$f":"3600*SUMIFS(elmira!U41:U8800,elmira!B41:B8800,\"=\"&B41,elmira!C41:C8800,\"=\"&C41)/1000000","v":25.593796799999996},{"$f":"Inputs!$R$39*elmira_dli!D41","v":17.915657759999995},{"$f":"MAX(0,Inputs!$F$25-E41)","v":0},{"$f":"F41/(3600*Inputs!#REF!/1000000)","v":{"$error":"#REF!"}}]
["2015-02-10",2,10,{"$f":"3600*SUMIFS(elmira!U42:U8801,elmira!B42:B8801,\"=\"&B42,elmira!C42:C8801,\"=\"&C42)/1000000","v":6.4133639999999996},{"$f":"Inputs!$R$39*elmira_dli!D42","v":4.4893547999999992},{"$f":"MAX(0,Inputs!$F$25-E42)","v":0},{"$f":"F42/(3600*Inputs!#REF!/1000000)","v":{"$error":"#REF!"}}]
["2015-02-11",2,11,{"$f":"3600*SUMIFS(elmira!U43:U8802,elmira!B43:B8802,\"=\"&B43,elmira!C43:C8802,\"=\"&C43)/1000000","v":24.1321464},{"$f":"Inputs!$R$39*elmira_dli!D43","v":16.892502479999997},{"$f":"MAX(0,Inputs!$F$25-E43)","v":0},{"$f":"F43/(3600*Inputs!#REF!/1000000)","v":{"$error":"#REF!"}}]
["2015-02-12",2,12,{"$f":"3600*SUMIFS(elmira!U44:U8803,elmira!B44:B8803,\"=\"&B44,elmira!C44:C8803,\"=\"&C44)/1000000","v":18.829934999999995},{"$f":"Inputs!$R$39*elmira_dli!D44","v":13.180954499999997},{"$f":"MAX(0,Inputs!$F$25-E44)","v":0},{"$f":"F44/(3600*Inputs!#REF!/1000000)","v":{"$error":"#REF!"}}]
["2015-02-13",2,13,{"$f":"3600*SUMIFS(elmira!U45:U8804,elmira!B45:B8804,\"=\"&B45,elmira!C45:C8804,\"=\"&C45)/1000000","v":27.264254399999999},{"$f":"Inputs!$R$39*elmira_dli!D45","v":19.084978079999999},{"$f":"MAX(0,Inputs!$F$25-E45)","v":0},{"$f":"F45/(3600*Inputs!#REF!/1000000)","v":{"$error":"#REF!"}}]
["2015-02-14",2,14,{"$f":"3600*SUMIFS(elmira!U46:U8805,elmira!B46:B8805,\"=\"&B46,elmira!C46:C8805,\"=\"&C46)/1000000","v":27.666954},{"$f":"Inputs!$R$39*elmira_dli!D46","v":19.366867799999998},{"$f":"MAX(0,Inputs!$F$25-E46)","v":0},{"$f":"F46/(3600*Inputs!#REF!/1000000)","v":{"$error":"#REF!"}}]
["2015-02-15",2,15,{"$f":"3600*SUMIFS(elmira!U47:U8806,elmira!B47:B8806,\"=\"&B47,elmira!C47:C8806,\"=\"&C47)/1000000","v":27.331371000000004},{"$f":"Inputs!$R$39*elmira_dli!D47","v":19.131959700000003},{"$f":"MAX(0,Inputs!$F$25-E47)","v":0},{"$f":"F47/(3600*Inputs!#REF!/1000000)","v":{"$error":"#REF!"}}]
["2015-02-16",2,16,{"$f":"3600*SUMIFS(elmira!U48:U8807,elmira!B48:B8807,\"=\"&B48,elmira!C48:C8807,\"=\"&C48)/1000000","v":18.688244399999999},{"$f":"Inputs!$R$39*elmira_dli!D48","v":13.081771079999998},{"$f":"MAX(0,Inputs!$F$25-E48)","v":0},{"$f":"F48/(3600*Inputs!#REF!/1000000)","v":{"$error":"#REF!"}}]
["2015-02-17",2,17,{"$f":"3600*SUMIFS(elmira!U49:U8808,elmira!B49:B8808,\"=\"&B49,elmira!C49:C8808,\"=\"&C49)/1000000","v":19.888885800000001},{"$f":"Inputs!$R$39*elmira_dli!D49","v":13.922220059999999},{"$f":"MAX(0,Inputs!$F$25-E49)","v":0},{"$f":"F49/(3600*Inputs!#REF!/1000000)","v":{"$error":"#REF!"}}]
["2015-02-18",2,18,{"$f":"3600*SUMIFS(elmira!U50:U8809,elmira!B50:B8809,\"=\"&B50,elmira!C50:C8809,\"=\"&C50)/1000000","v":29.150976599999996},{"$f":"Inputs!$R$39*elmira_dli!D50","v":20.405683619999998},{"$f":"MAX(0,Inputs!$F$25-E50)","v":0},{"$f":"F50/(3600*Inputs!#REF!/1000000)","v":{"$error":"#REF!"}}]
["2015-02-19",2,19,{"$f":"3600*SUMIFS(elmira!U51:U8810,elmira!B51:B8810,\"=\"&B51,elmira!C51:C8810,\"=\"&C51)/1000000","v":23.707074599999999},{"$f":"Inputs!$R$39*elmira_dli!D51","v":16.59495222},{"$f":"MAX(0,Inputs!$F$25-E51)","v":0},{"$f":"F51/(3600*Inputs!#REF!/1000000)","v":{"$error":"#REF!"}}]
["2015-02-20",2,20,{"$f":"3600*SUMIFS(elmira!U52:U8811,elmira!B52:B8811,\"=\"&B52,elmira!C52:C8811,\"=\"&C52)/1000000","v":12.8565576},{"$f":"Inputs!$R$39*elmira_dli!D52","v":8.9995903199999994},{"$f":"MAX(0,Inputs!$F$25-E52)","v":0},{"$f":"F52/(3600*Inputs!#REF!/1000000)","v":{"$error":"#REF!"}}]
["2015-02-21",2,21,{"$f":"3600*SUMIFS(elmira!U53:U8812,elmira!B53:B8812,\"=\"&B53,elmira!C53:C8812,\"=\"&C53)/1000000","v":7.9272162000000002},{"$f":"Inputs!$R$39*elmira_dli!D53","v":5.5490513400000001},{"$f":"MAX(0,Inputs!$F$25-E53)","v":0},{"$f":"F53/(3600*Inputs!#REF!/1000000)","v":{"$error":"#REF!"}}]
["2015-02-22",2,22,{"$f":"3600*SUMIFS(elmira!U54:U8813,elmira!B54:B8813,\"=\"&B54,elmira!C54:C8813,\"=\"&C54)/1000000","v":5.9211755999999998},{"$f":"Inputs!$R$39*elmira_dli!D54","v":4.1448229199999993},{"$f":"MAX(0,Inputs!$F$25-E54)","v":0},{"$f":"F54/(3600*Inputs!#REF!/1000000)","v":{"$error":"#REF!"}}]
["2015-02-23",2,23,{"$f":"3600*SUMIFS(elmira!U55:U8814,elmira!B55:B8814,\"=\"&B55,elmira!C55:C8814,\"=\"&C55)/1000000","v":32.297999400000002},{"$f":"Inputs!$R$39*elmira_dli!D55","v":22.60859958},{"$f":"MAX(0,Inputs!$F$25-E55)","v":0},{"$f":"F55/(3600*Inputs!#REF!/1000000)","v":{"$error":"#REF!"}}]
["2015-02-24",2,24,{"$f":"3600*SUMIFS(elmira!U56:U8815,elmira!B56:B8815,\"=\"&B56,elmira!C56:C8815,\"=\"&C56)/1000000","v":33.476268599999997},{"$f":"Inputs!$R$39*elmira_dli!D56","v":23.433388019999995},{"$f":"MAX(0,Inputs!$F$25-E56)","v":0},{"$f":"F56/(3600*Inputs!#REF!/1000000)","v":{"$error":"#REF!"}}]
["2015-02-25",2,25,{"$f":"3600*SUMIFS(elmira!U57:U8816,elmira!B57:B8816,\"=\"&B57,elmira!C57:C8816,\"=\"&C57)/1000000","v":25.2656712},{"$f":"Inputs!$R$39*elmira_dli!D57","v":17.685969839999998},{"$f":"MAX(0,Inputs!$F$25-E57)","v":0},{"$f":"F57/(3600*Inputs!#REF!/1000000)","v":{"$error":"#REF!"}}]
["2015-02-26",2,26,{"$f":"3600*SUMIFS(elmira!U58:U8817,elmira!B58:B8817,\"=\"&B58,elmira!C58:C8817,\"=\"&C58)/1000000","v":23.117940000000001},{"$f":"Inputs!$R$39*elmira_dli!D58","v":16.182558},{"$f":"MAX(0,Inputs!$F$25-E58)","v":0},{"$f":"F58/(3600*Inputs!#REF!/1000000)","v":{"$error":"#REF!"}}]
["2015-02-27",2,27,{"$f":"3600*SUMIFS(elmira!U59:U8818,elmira!B59:B8818,\"=\"&B59,elmira!C59:C8818,\"=\"&C59)/1000000","v":29.061487800000002},{"$f":"Inputs!$R$39*elmira_dli!D59","v":20.343041459999998},{"$f":"MAX(0,Inputs!$F$25-E59)","v":0},{"$f":"F59/(3600*Inputs!#REF!/1000000)","v":{"$error":"#REF!"}}]
["2015-02-28",2,28,{"$f":"3600*SUMIFS(elmira!U60:U8819,elmira!B60:B8819,\"=\"&B60,elmira!C60:C8819,\"=\"&C60)/1000000","v":25.981581599999998},{"$f":"Inputs!$R$39*elmira_dli!D60","v":18.187107119999997},{"$f":"MAX(0,Inputs!$F$25-E60)","v":0},{"$f":"F60/(3600*Inputs!#REF!/1000000)","v":{"$error":"#REF!"}}]
["2015-03-01",3,1,{"$f":"3600*SUMIFS(elmira!U61:U8820,elmira!B61:B8820,\"=\"&B61,elmira!C61:C8820,\"=\"&C61)/1000000","v":22.536262799999999},{"$f":"Inputs!$R$39*elmira_dli!D61","v":15.775383959999999},{"$f":"MAX(0,Inputs!$F$25-E61)","v":0},{"$f":"F61/(3600*Inputs!#REF!/1000000)","v":{"$error":"#REF!"}}]
["2015-03-02",3,2,{"$f":"3600*SUMIFS(elmira!U62:U8821,elmira!B62:B8821,\"=\"&B62,elmira!C62:C8821,\"=\"&C62)/1000000","v":12.513517200000001},{"$f":"Inputs!$R$39*elmira_dli!D62","v":8.7594620400000007},{"$f":"MAX(0,Inputs!$F$25-E62)","v":0},{"$f":"F62/(3600*Inputs!#REF!/1000000)","v":{"$error":"#REF!"}}]
["2015-03-03",3,3,{"$f":"3600*SUMIFS(elmira!U63:U8822,elmira!B63:B8822,\"=\"&B63,elmira!C63:C8822,\"=\"&C63)/1000000","v":31.253963400000004},{"$f":"Inputs!$R$39*elmira_dli!D63","v":21.877774380000002},{"$f":"MAX(0,Inputs!$F$25-E63)","v":0},{"$f":"F63/(3600*Inputs!#REF!/1000000)","v":{"$error":"#REF!"}}]
["2015-03-04",3,4,{"$f":"3600*SUMIFS(elmira!U64:U8823,elmira!B64:B8823,\"=\"&B64,elmira!C64:C8823,\"=\"&C64)/1000000","v":19.158060599999999},{"$f":"Inputs!$R$39*elmira_dli!D64","v":13.410642419999999},{"$f":"MAX(0,Inputs!$F$25-E64)","v":0},{"$f":"F64/(3600*Inputs!#REF!/1000000)","v":{"$error":"#REF!"}}]
["2015-03-05",3,5,{"$f":"3600*SUMIFS(elmira!U65:U8824,elmira!B65:B8824,\"=\"&B65,elmira!C65:C8824,\"=\"&C65)/1000000","v":9.202431599999997},{"$f":"Inputs!$R$39*elmira_dli!D65","v":6.4417021199999978},{"$f":"MAX(0,Inputs!$F$25-E65)","v":0},{"$f":"F65/(3600*Inputs!#REF!/1000000)","v":{"$error":"#REF!"}}]
["2015-03-06",3,6,{"$f":"3600*SUMIFS(elmira!U66:U8825,elmira!B66:B8825,\"=\"&B66,elmira!C66:C8825,\"=\"&C66)/1000000","v":14.4226116},{"$f":"Inputs!$R$39*elmira_dli!D66","v":10.095828119999998},{"$f":"MAX(0,Inputs!$F$25-E66)","v":0},{"$f":"F66/(3600*Inputs!#REF!/1000000)","v":{"$error":"#REF!"}}]
["2015-03-07",{"$f":"MONTH(A67)","v":3},{"$f":"DAY(A67)","v":7},{"$f":"3600*SUMIFS(elmira!U67:U8826,elmira!B67:B8826,\"=\"&B67,elmira!C67:C8826,\"=\"&C67)/1000000","v":9.3814091999999984},{"$f":"Inputs!$R$39*elmira_dli!D67","v":6.5669864399999982},{"$f":"MAX(0,Inputs!$F$25-E67)","v":0},{"$f":"F67/(3600*Inputs!#REF!/1000000)","v":{"$error":"#REF!"}}]
["2015-03-08",3,8,{"$f":"3600*SUMIFS(elmira!U68:U8827,elmira!B68:B8827,\"=\"&B68,elmira!C68:C8827,\"=\"&C68)/1000000","v":8.5461804000000008},{"$f":"Inputs!$R$39*elmira_dli!D68","v":5.9823262800000006},{"$f":"MAX(0,Inputs!$F$25-E68)","v":0},{"$f":"F68/(3600*Inputs!#REF!/1000000)","v":{"$error":"#REF!"}}]
["2015-03-09",3,9,{"$f":"3600*SUMIFS(elmira!U69:U8828,elmira!B69:B8828,\"=\"&B69,elmira!C69:C8828,\"=\"&C69)/1000000","v":32.350201200000001},{"$f":"Inputs!$R$39*elmira_dli!D69","v":22.64514084},{"$f":"MAX(0,Inputs!$F$25-E69)","v":0},{"$f":"F69/(3600*Inputs!#REF!/1000000)","v":{"$error":"#REF!"}}]
["2015-03-10",3,10,{"$f":"3600*SUMIFS(elmira!U70:U8829,elmira!B70:B8829,\"=\"&B70,elmira!C70:C8829,\"=\"&C70)/1000000","v":24.945003},{"$f":"Inputs!$R$39*elmira_dli!D70","v":17.461502099999997},{"$f":"MAX(0,Inputs!$F$25-E70)","v":0},{"$f":"F70/(3600*Inputs!#REF!/1000000)","v":{"$error":"#REF!"}}]
["2015-03-11",3,11,{"$f":"3600*SUMIFS(elmira!U71:U8830,elmira!B71:B8830,\"=\"&B71,elmira!C71:C8830,\"=\"&C71)/1000000","v":23.856222599999995},{"$f":"Inputs!$R$39*elmira_dli!D71","v":16.699355819999997},{"$f":"MAX(0,Inputs!$F$25-E71)","v":0},{"$f":"F71/(3600*Inputs!#REF!/1000000)","v":{"$error":"#REF!"}}]
["2015-03-12",3,12,{"$f":"3600*SUMIFS(elmira!U72:U8831,elmira!B72:B8831,\"=\"&B72,elmira!C72:C8831,\"=\"&C72)/1000000","v":22.394572199999995},{"$f":"Inputs!$R$39*elmira_dli!D72","v":15.676200539999996},{"$f":"MAX(0,Inputs!$F$25-E72)","v":0},{"$f":"F72/(3600*Inputs!#REF!/1000000)","v":{"$error":"#REF!"}}]
["2015-03-13",3,13,{"$f":"3600*SUMIFS(elmira!U73:U8832,elmira!B73:B8832,\"=\"&B73,elmira!C73:C8832,\"=\"&C73)/1000000","v":33.289833599999994},{"$f":"Inputs!$R$39*elmira_dli!D73","v":23.302883519999995},{"$f":"MAX(0,Inputs!$F$25-E73)","v":0},{"$f":"F73/(3600*Inputs!#REF!/1000000)","v":{"$error":"#REF!"}}]
["2015-03-14",3,14,{"$f":"3600*SUMIFS(elmira!U74:U8833,elmira!B74:B8833,\"=\"&B74,elmira!C74:C8833,\"=\"&C74)/1000000","v":38.308663799999998},{"$f":"Inputs!$R$39*elmira_dli!D74","v":26.816064659999999},{"$f":"MAX(0,Inputs!$F$25-E74)","v":0},{"$f":"F74/(3600*Inputs!#REF!/1000000)","v":{"$error":"#REF!"}}]
["2015-03-15",3,15,{"$f":"3600*SUMIFS(elmira!U75:U8834,elmira!B75:B8834,\"=\"&B75,elmira!C75:C8834,\"=\"&C75)/1000000","v":37.197511199999994},{"$f":"Inputs!$R$39*elmira_dli!D75","v":26.038257839999993},{"$f":"MAX(0,Inputs!$F$25-E75)","v":0},{"$f":"F75/(3600*Inputs!#REF!/1000000)","v":{"$error":"#REF!"}}]
["2015-03-16",3,16,{"$f":"3600*SUMIFS(elmira!U76:U8835,elmira!B76:B8835,\"=\"&B76,elmira!C76:C8835,\"=\"&C76)/1000000","v":22.439316600000002},{"$f":"Inputs!$R$39*elmira_dli!D76","v":15.70752162},{"$f":"MAX(0,Inputs!$F$25-E76)","v":0},{"$f":"F76/(3600*Inputs!#REF!/1000000)","v":{"$error":"#REF!"}}]
["2015-03-17",3,17,{"$f":"3600*SUMIFS(elmira!U77:U8836,elmira!B77:B8836,\"=\"&B77,elmira!C77:C8836,\"=\"&C77)/1000000","v":14.318208},{"$f":"Inputs!$R$39*elmira_dli!D77","v":10.0227456},{"$f":"MAX(0,Inputs!$F$25-E77)","v":0},{"$f":"F77/(3600*Inputs!#REF!/1000000)","v":{"$error":"#REF!"}}]
["2015-03-18",3,18,{"$f":"3600*SUMIFS(elmira!U78:U8837,elmira!B78:B8837,\"=\"&B78,elmira!C78:C8837,\"=\"&C78)/1000000","v":17.323540200000004},{"$f":"Inputs!$R$39*elmira_dli!D78","v":12.126478140000001},{"$f":"MAX(0,Inputs!$F$25-E78)","v":0},{"$f":"F78/(3600*Inputs!#REF!/1000000)","v":{"$error":"#REF!"}}]
["2015-03-19",3,19,{"$f":"3600*SUMIFS(elmira!U79:U8838,elmira!B79:B8838,\"=\"&B79,elmira!C79:C8838,\"=\"&C79)/1000000","v":22.185765000000004},{"$f":"Inputs!$R$39*elmira_dli!D79","v":15.530035500000002},{"$f":"MAX(0,Inputs!$F$25-E79)","v":0},{"$f":"F79/(3600*Inputs!#REF!/1000000)","v":{"$error":"#REF!"}}]
["2015-03-20",3,20,{"$f":"3600*SUMIFS(elmira!U80:U8839,elmira!B80:B8839,\"=\"&B80,elmira!C80:C8839,\"=\"&C80)/1000000","v":18.882136800000001},{"$f":"Inputs!$R$39*elmira_dli!D80","v":13.21749576},{"$f":"MAX(0,Inputs!$F$25-E80)","v":0},{"$f":"F80/(3600*Inputs!#REF!/1000000)","v":{"$error":"#REF!"}}]
["2015-03-21",3,21,{"$f":"3600*SUMIFS(elmira!U81:U8840,elmira!B81:B8840,\"=\"&B81,elmira!C81:C8840,\"=\"&C81)/1000000","v":12.841642799999999},{"$f":"Inputs!$R$39*elmira_dli!D81","v":8.9891499599999989},{"$f":"MAX(0,Inputs!$F$25-E81)","v":0},{"$f":"F81/(3600*Inputs!#REF!/1000000)","v":{"$error":"#REF!"}}]
["2015-03-22",3,22,{"$f":"3600*SUMIFS(elmira!U82:U8841,elmira!B82:B8841,\"=\"&B82,elmira!C82:C8841,\"=\"&C82)/1000000","v":11.618629199999997},{"$f":"Inputs!$R$39*elmira_dli!D82","v":8.1330404399999985},{"$f":"MAX(0,Inputs!$F$25-E82)","v":0},{"$f":"F82/(3600*Inputs!#REF!/1000000)","v":{"$error":"#REF!"}}]
["2015-03-23",3,23,{"$f":"3600*SUMIFS(elmira!U83:U8842,elmira!B83:B8842,\"=\"&B83,elmira!C83:C8842,\"=\"&C83)/1000000","v":12.192848999999999},{"$f":"Inputs!$R$39*elmira_dli!D83","v":8.5349942999999993},{"$f":"MAX(0,Inputs!$F$25-E83)","v":0},{"$f":"F83/(3600*Inputs!#REF!/1000000)","v":{"$error":"#REF!"}}]
["2015-03-24",3,24,{"$f":"3600*SUMIFS(elmira!U84:U8843,elmira!B84:B8843,\"=\"&B84,elmira!C84:C8843,\"=\"&C84)/1000000","v":22.976249400000004},{"$f":"Inputs!$R$39*elmira_dli!D84","v":16.083374580000001},{"$f":"MAX(0,Inputs!$F$25-E84)","v":0},{"$f":"F84/(3600*Inputs!#REF!/1000000)","v":{"$error":"#REF!"}}]
["2015-03-25",3,25,{"$f":"3600*SUMIFS(elmira!U85:U8844,elmira!B85:B8844,\"=\"&B85,elmira!C85:C8844,\"=\"&C85)/1000000","v":43.133601599999999},{"$f":"Inputs!$R$39*elmira_dli!D85","v":30.193521119999996},{"$f":"MAX(0,Inputs!$F$25-E85)","v":0},{"$f":"F85/(3600*Inputs!#REF!/1000000)","v":{"$error":"#REF!"}}]
["2015-03-26",3,26,{"$f":"3600*SUMIFS(elmira!U86:U8845,elmira!B86:B8845,\"=\"&B86,elmira!C86:C8845,\"=\"&C86)/1000000","v":38.495098799999994},{"$f":"Inputs!$R$39*elmira_dli!D86","v":26.946569159999996},{"$f":"MAX(0,Inputs!$F$25-E86)","v":0},{"$f":"F86/(3600*Inputs!#REF!/1000000)","v":{"$error":"#REF!"}}]
["2015-03-27",3,27,{"$f":"3600*SUMIFS(elmira!U87:U8846,elmira!B87:B8846,\"=\"&B87,elmira!C87:C8846,\"=\"&C87)/1000000","v":42.939709200000003},{"$f":"Inputs!$R$39*elmira_dli!D87","v":30.057796440000001},{"$f":"MAX(0,Inputs!$F$25-E87)","v":0},{"$f":"F87/(3600*Inputs!#REF!/1000000)","v":{"$error":"#REF!"}}]
["2015-03-28",3,28,{"$f":"3600*SUMIFS(elmira!U88:U8847,elmira!B88:B8847,\"=\"&B88,elmira!C88:C8847,\"=\"&C88)/1000000","v":42.768189},{"$f":"Inputs!$R$39*elmira_dli!D88","v":29.937732299999997},{"$f":"MAX(0,Inputs!$F$25-E88)","v":0},{"$f":"F88/(3600*Inputs!#REF!/1000000)","v":{"$error":"#REF!"}}]
["2015-03-29",3,29,{"$f":"3600*SUMIFS(elmira!U89:U8848,elmira!B89:B8848,\"=\"&B89,elmira!C89:C8848,\"=\"&C89)/1000000","v":29.620792799999997},{"$f":"Inputs!$R$39*elmira_dli!D89","v":20.734554959999997},{"$f":"MAX(0,Inputs!$F$25-E89)","v":0},{"$f":"F89/(3600*Inputs!#REF!/1000000)","v":{"$error":"#REF!"}}]
["2015-03-30",3,30,{"$f":"3600*SUMIFS(elmira!U90:U8849,elmira!B90:B8849,\"=\"&B90,elmira!C90:C8849,\"=\"&C90)/1000000","v":13.0206204},{"$f":"Inputs!$R$39*elmira_dli!D90","v":9.1144342799999993},{"$f":"MAX(0,Inputs!$F$25-E90)","v":0},{"$f":"F90/(3600*Inputs!#REF!/1000000)","v":{"$error":"#REF!"}}]
["2015-03-31",3,31,{"$f":"3600*SUMIFS(elmira!U91:U8850,elmira!B91:B8850,\"=\"&B91,elmira!C91:C8850,\"=\"&C91)/1000000","v":17.338454999999996},{"$f":"Inputs!$R$39*elmira_dli!D91","v":12.136918499999997},{"$f":"MAX(0,Inputs!$F$25-E91)","v":0},{"$f":"F91/(3600*Inputs!#REF!/1000000)","v":{"$error":"#REF!"}}]
["2015-04-01",4,1,{"$f":"3600*SUMIFS(elmira!U92:U8851,elmira!B92:B8851,\"=\"&B92,elmira!C92:C8851,\"=\"&C92)/1000000","v":12.625378200000002},{"$f":"Inputs!$R$39*elmira_dli!D92","v":8.8377647400000008},{"$f":"MAX(0,Inputs!$F$25-E92)","v":0},{"$f":"F92/(3600*Inputs!#REF!/1000000)","v":{"$error":"#REF!"}}]
["2015-04-02",4,2,{"$f":"3600*SUMIFS(elmira!U93:U8852,elmira!B93:B8852,\"=\"&B93,elmira!C93:C8852,\"=\"&C93)/1000000","v":20.604796199999999},{"$f":"Inputs!$R$39*elmira_dli!D93","v":14.423357339999999},{"$f":"MAX(0,Inputs!$F$25-E93)","v":0},{"$f":"F93/(3600*Inputs!#REF!/1000000)","v":{"$error":"#REF!"}}]
["2015-04-03",4,3,{"$f":"3600*SUMIFS(elmira!U94:U8853,elmira!B94:B8853,\"=\"&B94,elmira!C94:C8853,\"=\"&C94)/1000000","v":48.8981718},{"$f":"Inputs!$R$39*elmira_dli!D94","v":34.228720259999996},{"$f":"MAX(0,Inputs!$F$25-E94)","v":0},{"$f":"F94/(3600*Inputs!#REF!/1000000)","v":{"$error":"#REF!"}}]
["2015-04-04",4,4,{"$f":"3600*SUMIFS(elmira!U95:U8854,elmira!B95:B8854,\"=\"&B95,elmira!C95:C8854,\"=\"&C95)/1000000","v":34.609793399999994},{"$f":"Inputs!$R$39*elmira_dli!D95","v":24.226855379999993},{"$f":"MAX(0,Inputs!$F$25-E95)","v":0},{"$f":"F95/(3600*Inputs!#REF!/1000000)","v":{"$error":"#REF!"}}]
["2015-04-05",4,5,{"$f":"3600*SUMIFS(elmira!U96:U8855,elmira!B96:B8855,\"=\"&B96,elmira!C96:C8855,\"=\"&C96)/1000000","v":16.055782199999996},{"$f":"Inputs!$R$39*elmira_dli!D96","v":11.239047539999996},{"$f":"MAX(0,Inputs!$F$25-E96)","v":0},{"$f":"F96/(3600*Inputs!#REF!/1000000)","v":{"$error":"#REF!"}}]
["2015-04-06",4,6,{"$f":"3600*SUMIFS(elmira!U97:U8856,elmira!B97:B8856,\"=\"&B97,elmira!C97:C8856,\"=\"&C97)/1000000","v":27.055447199999996},{"$f":"Inputs!$R$39*elmira_dli!D97","v":18.938813039999996},{"$f":"MAX(0,Inputs!$F$25-E97)","v":0},{"$f":"F97/(3600*Inputs!#REF!/1000000)","v":{"$error":"#REF!"}}]
["2015-04-07",4,7,{"$f":"3600*SUMIFS(elmira!U98:U8857,elmira!B98:B8857,\"=\"&B98,elmira!C98:C8857,\"=\"&C98)/1000000","v":26.600545799999992},{"$f":"Inputs!$R$39*elmira_dli!D98","v":18.620382059999994},{"$f":"MAX(0,Inputs!$F$25-E98)","v":0},{"$f":"F98/(3600*Inputs!#REF!/1000000)","v":{"$error":"#REF!"}}]
["2015-04-08",4,8,{"$f":"3600*SUMIFS(elmira!U99:U8858,elmira!B99:B8858,\"=\"&B99,elmira!C99:C8858,\"=\"&C99)/1000000","v":26.936128799999999},{"$f":"Inputs!$R$39*elmira_dli!D99","v":18.855290159999999},{"$f":"MAX(0,Inputs!$F$25-E99)","v":0},{"$f":"F99/(3600*Inputs!#REF!/1000000)","v":{"$error":"#REF!"}}]
["2015-04-09",4,9,{"$f":"3600*SUMIFS(elmira!U100:U8859,elmira!B100:B8859,\"=\"&B100,elmira!C100:C8859,\"=\"&C100)/1000000","v":31.328537399999998},{"$f":"Inputs!$R$39*elmira_dli!D100","v":21.929976179999997},{"$f":"MAX(0,Inputs!$F$25-E100)","v":0},{"$f":"F100/(3600*Inputs!#REF!/1000000)","v":{"$error":"#REF!"}}]
["2015-04-10",4,10,{"$f":"3600*SUMIFS(elmira!U101:U8860,elmira!B101:B8860,\"=\"&B101,elmira!C101:C8860,\"=\"&C101)/1000000","v":23.990455799999992},{"$f":"Inputs!$R$39*elmira_dli!D101","v":16.793319059999995},{"$f":"MAX(0,Inputs!$F$25-E101)","v":0},{"$f":"F101/(3600*Inputs!#REF!/1000000)","v":{"$error":"#REF!"}}]
["2015-04-11",4,11,{"$f":"3600*SUMIFS(elmira!U102:U8861,elmira!B102:B8861,\"=\"&B102,elmira!C102:C8861,\"=\"&C102)/1000000","v":48.868342199999994},{"$f":"Inputs!$R$39*elmira_dli!D102","v":34.207839539999995},{"$f":"MAX(0,Inputs!$F$25-E102)","v":0},{"$f":"F102/(3600*Inputs!#REF!/1000000)","v":{"$error":"#REF!"}}]
["2015-04-12",4,12,{"$f":"3600*SUMIFS(elmira!U103:U8862,elmira!B103:B8862,\"=\"&B103,elmira!C103:C8862,\"=\"&C103)/1000000","v":47.615498999999993},{"$f":"Inputs!$R$39*elmira_dli!D103","v":33.33084929999999},{"$f":"MAX(0,Inputs!$F$25-E103)","v":0},{"$f":"F103/(3600*Inputs!#REF!/1000000)","v":{"$error":"#REF!"}}]
["2015-04-13",4,13,{"$f":"3600*SUMIFS(elmira!U104:U8863,elmira!B104:B8863,\"=\"&B104,elmira!C104:C8863,\"=\"&C104)/1000000","v":14.087028600000002},{"$f":"Inputs!$R$39*elmira_dli!D104","v":9.86092002},{"$f":"MAX(0,Inputs!$F$25-E104)","v":0},{"$f":"F104/(3600*Inputs!#REF!/1000000)","v":{"$error":"#REF!"}}]
["2015-04-14",4,14,{"$f":"3600*SUMIFS(elmira!U105:U8864,elmira!B105:B8864,\"=\"&B105,elmira!C105:C8864,\"=\"&C105)/1000000","v":20.217011399999997},{"$f":"Inputs!$R$39*elmira_dli!D105","v":14.151907979999997},{"$f":"MAX(0,Inputs!$F$25-E105)","v":0},{"$f":"F105/(3600*Inputs!#REF!/1000000)","v":{"$error":"#REF!"}}]
["2015-04-15",4,15,{"$f":"3600*SUMIFS(elmira!U106:U8865,elmira!B106:B8865,\"=\"&B106,elmira!C106:C8865,\"=\"&C106)/1000000","v":13.565010599999999},{"$f":"Inputs!$R$39*elmira_dli!D106","v":9.4955074199999991},{"$f":"MAX(0,Inputs!$F$25-E106)","v":0},{"$f":"F106/(3600*Inputs!#REF!/1000000)","v":{"$error":"#REF!"}}]
["2015-04-16",4,16,{"$f":"3600*SUMIFS(elmira!U107:U8866,elmira!B107:B8866,\"=\"&B107,elmira!C107:C8866,\"=\"&C107)/1000000","v":34.132519799999997},{"$f":"Inputs!$R$39*elmira_dli!D107","v":23.892763859999995},{"$f":"MAX(0,Inputs!$F$25-E107)","v":0},{"$f":"F107/(3600*Inputs!#REF!/1000000)","v":{"$error":"#REF!"}}]
["2015-04-17",4,17,{"$f":"3600*SUMIFS(elmira!U108:U8867,elmira!B108:B8867,\"=\"&B108,elmira!C108:C8867,\"=\"&C108)/1000000","v":23.043365999999999},{"$f":"Inputs!$R$39*elmira_dli!D108","v":16.130356199999998},{"$f":"MAX(0,Inputs!$F$25-E108)","v":0},{"$f":"F108/(3600*Inputs!#REF!/1000000)","v":{"$error":"#REF!"}}]
["2015-04-18",4,18,{"$f":"3600*SUMIFS(elmira!U109:U8868,elmira!B109:B8868,\"=\"&B109,elmira!C109:C8868,\"=\"&C109)/1000000","v":16.1974728},{"$f":"Inputs!$R$39*elmira_dli!D109","v":11.338230959999999},{"$f":"MAX(0,Inputs!$F$25-E109)","v":0},{"$f":"F109/(3600*Inputs!#REF!/1000000)","v":{"$error":"#REF!"}}]
["2015-04-19",4,19,{"$f":"3600*SUMIFS(elmira!U110:U8869,elmira!B110:B8869,\"=\"&B110,elmira!C110:C8869,\"=\"&C110)/1000000","v":18.6136704},{"$f":"Inputs!$R$39*elmira_dli!D110","v":13.029569279999999},{"$f":"MAX(0,Inputs!$F$25-E110)","v":0},{"$f":"F110/(3600*Inputs!#REF!/1000000)","v":{"$error":"#REF!"}}]
["2015-04-20",4,20,{"$f":"3600*SUMIFS(elmira!U111:U8870,elmira!B111:B8870,\"=\"&B111,elmira!C111:C8870,\"=\"&C111)/1000000","v":13.110109200000002},{"$f":"Inputs!$R$39*elmira_dli!D111","v":9.1770764400000004},{"$f":"MAX(0,Inputs!$F$25-E111)","v":0},{"$f":"F111/(3600*Inputs!#REF!/1000000)","v":{"$error":"#REF!"}}]
["2015-04-21",4,21,{"$f":"3600*SUMIFS(elmira!U112:U8871,elmira!B112:B8871,\"=\"&B112,elmira!C112:C8871,\"=\"&C112)/1000000","v":13.676871599999998},{"$f":"Inputs!$R$39*elmira_dli!D112","v":9.5738101199999974},{"$f":"MAX(0,Inputs!$F$25-E112)","v":0},{"$f":"F112/(3600*Inputs!#REF!/1000000)","v":{"$error":"#REF!"}}]
["2015-04-22",4,22,{"$f":"3600*SUMIFS(elmira!U113:U8872,elmira!B113:B8872,\"=\"&B113,elmira!C113:C8872,\"=\"&C113)/1000000","v":14.817853799999998},{"$f":"Inputs!$R$39*elmira_dli!D113","v":10.372497659999999},{"$f":"MAX(0,Inputs!$F$25-E113)","v":0},{"$f":"F113/(3600*Inputs!#REF!/1000000)","v":{"$error":"#REF!"}}]
["2015-04-23",4,23,{"$f":"3600*SUMIFS(elmira!U114:U8873,elmira!B114:B8873,\"=\"&B114,elmira!C114:C8873,\"=\"&C114)/1000000","v":45.803350800000004},{"$f":"Inputs!$R$39*elmira_dli!D114","v":32.062345560000004},{"$f":"MAX(0,Inputs!$F$25-E114)","v":0},{"$f":"F114/(3600*Inputs!#REF!/1000000)","v":{"$error":"#REF!"}}]
["2015-04-24",4,24,{"$f":"3600*SUMIFS(elmira!U115:U8874,elmira!B115:B8874,\"=\"&B115,elmira!C115:C8874,\"=\"&C115)/1000000","v":15.958836},{"$f":"Inputs!$R$39*elmira_dli!D115","v":11.1711852},{"$f":"MAX(0,Inputs!$F$25-E115)","v":0},{"$f":"F115/(3600*Inputs!#REF!/1000000)","v":{"$error":"#REF!"}}]
["2015-04-25",4,25,{"$f":"3600*SUMIFS(elmira!U116:U8875,elmira!B116:B8875,\"=\"&B116,elmira!C116:C8875,\"=\"&C116)/1000000","v":51.590293199999998},{"$f":"Inputs!$R$39*elmira_dli!D116","v":36.113205239999999},{"$f":"MAX(0,Inputs!$F$25-E116)","v":0},{"$f":"F116/(3600*Inputs!#REF!/1000000)","v":{"$error":"#REF!"}}]
["2015-04-26",4,26,{"$f":"3600*SUMIFS(elmira!U117:U8876,elmira!B117:B8876,\"=\"&B117,elmira!C117:C8876,\"=\"&C117)/1000000","v":25.123980600000003},{"$f":"Inputs!$R$39*elmira_dli!D117","v":17.586786419999999},{"$f":"MAX(0,Inputs!$F$25-E117)","v":0},{"$f":"F117/(3600*Inputs!#REF!/1000000)","v":{"$error":"#REF!"}}]
["2015-04-27",4,27,{"$f":"3600*SUMIFS(elmira!U118:U8877,elmira!B118:B8877,\"=\"&B118,elmira!C118:C8877,\"=\"&C118)/1000000","v":42.454978200000006},{"$f":"Inputs!$R$39*elmira_dli!D118","v":29.718484740000001},{"$f":"MAX(0,Inputs!$F$25-E118)","v":0},{"$f":"F118/(3600*Inputs!#REF!/1000000)","v":{"$error":"#REF!"}}]
["2015-04-28",4,28,{"$f":"3600*SUMIFS(elmira!U119:U8878,elmira!B119:B8878,\"=\"&B119,elmira!C119:C8878,\"=\"&C119)/1000000","v":42.954624000000003},{"$f":"Inputs!$R$39*elmira_dli!D119","v":30.068236800000001},{"$f":"MAX(0,Inputs!$F$25-E119)","v":0},{"$f":"F119/(3600*Inputs!#REF!/1000000)","v":{"$error":"#REF!"}}]
["2015-04-29",4,29,{"$f":"3600*SUMIFS(elmira!U120:U8879,elmira!B120:B8879,\"=\"&B120,elmira!C120:C8879,\"=\"&C120)/1000000","v":15.958836},{"$f":"Inputs!$R$39*elmira_dli!D120","v":11.1711852},{"$f":"MAX(0,Inputs!$F$25-E120)","v":0},{"$f":"F120/(3600*Inputs!#REF!/1000000)","v":{"$error":"#REF!"}}]
["2015-04-30",4,30,{"$f":"3600*SUMIFS(elmira!U121:U8880,elmira!B121:B8880,\"=\"&B121,elmira!C121:C8880,\"=\"&C121)/1000000","v":30.702115800000001},{"$f":"Inputs!$R$39*elmira_dli!D121","v":21.491481059999998},{"$f":"MAX(0,Inputs!$F$25-E121)","v":0},{"$f":"F121/(3600*Inputs!#REF!/1000000)","v":{"$error":"#REF!"}}]
["2015-05-01",5,1,{"$f":"3600*SUMIFS(elmira!U122:U8881,elmira!B122:B8881,\"=\"&B122,elmira!C122:C8881,\"=\"&C122)/1000000","v":37.697156999999997},{"$f":"Inputs!$R$39*elmira_dli!D122","v":26.388009899999997},{"$f":"MAX(0,Inputs!$F$25-E122)","v":0},{"$f":"F122/(3600*Inputs!#REF!/1000000)","v":{"$error":"#REF!"}}]
["2015-05-02",5,2,{"$f":"3600*SUMIFS(elmira!U123:U8882,elmira!B123:B8882,\"=\"&B123,elmira!C123:C8882,\"=\"&C123)/1000000","v":24.952460399999996},{"$f":"Inputs!$R$39*elmira_dli!D123","v":17.466722279999995},{"$f":"MAX(0,Inputs!$F$25-E123)","v":0},{"$f":"F123/(3600*Inputs!#REF!/1000000)","v":{"$error":"#REF!"}}]
["2015-05-03",5,3,{"$f":"3600*SUMIFS(elmira!U124:U8883,elmira!B124:B8883,\"=\"&B124,elmira!C124:C8883,\"=\"&C124)/1000000","v":34.199636399999996},{"$f":"Inputs!$R$39*elmira_dli!D124","v":23.939745479999996},{"$f":"MAX(0,Inputs!$F$25-E124)","v":0},{"$f":"F124/(3600*Inputs!#REF!/1000000)","v":{"$error":"#REF!"}}]
["2015-05-04",5,4,{"$f":"3600*SUMIFS(elmira!U125:U8884,elmira!B125:B8884,\"=\"&B125,elmira!C125:C8884,\"=\"&C125)/1000000","v":35.802977399999989},{"$f":"Inputs!$R$39*elmira_dli!D125","v":25.062084179999992},{"$f":"MAX(0,Inputs!$F$25-E125)","v":0},{"$f":"F125/(3600*Inputs!#REF!/1000000)","v":{"$error":"#REF!"}}]
["2015-05-05",5,5,{"$f":"3600*SUMIFS(elmira!U126:U8885,elmira!B126:B8885,\"=\"&B126,elmira!C126:C8885,\"=\"&C126)/1000000","v":49.628996999999998},{"$f":"Inputs!$R$39*elmira_dli!D126","v":34.740297899999995},{"$f":"MAX(0,Inputs!$F$25-E126)","v":0},{"$f":"F126/(3600*Inputs!#REF!/1000000)","v":{"$error":"#REF!"}}]
["2015-05-06",5,6,{"$f":"3600*SUMIFS(elmira!U127:U8886,elmira!B127:B8886,\"=\"&B127,elmira!C127:C8886,\"=\"&C127)/1000000","v":51.8363874},{"$f":"Inputs!$R$39*elmira_dli!D127","v":36.285471179999995},{"$f":"MAX(0,Inputs!$F$25-E127)","v":0},{"$f":"F127/(3600*Inputs!#REF!/1000000)","v":{"$error":"#REF!"}}]
["2015-05-07",5,7,{"$f":"3600*SUMIFS(elmira!U128:U8887,elmira!B128:B8887,\"=\"&B128,elmira!C128:C8887,\"=\"&C128)/1000000","v":56.258625599999988},{"$f":"Inputs!$R$39*elmira_dli!D128","v":39.38103791999999},{"$f":"MAX(0,Inputs!$F$25-E128)","v":0},{"$f":"F128/(3600*Inputs!#REF!/1000000)","v":{"$error":"#REF!"}}]
["2015-05-08",5,8,{"$f":"3600*SUMIFS(elmira!U129:U8888,elmira!B129:B8888,\"=\"&B129,elmira!C129:C8888,\"=\"&C129)/1000000","v":57.630787199999993},{"$f":"Inputs!$R$39*elmira_dli!D129","v":40.341551039999992},{"$f":"MAX(0,Inputs!$F$25-E129)","v":0},{"$f":"F129/(3600*Inputs!#REF!/1000000)","v":{"$error":"#REF!"}}]
["2015-05-09",5,9,{"$f":"3600*SUMIFS(elmira!U130:U8889,elmira!B130:B8889,\"=\"&B130,elmira!C130:C8889,\"=\"&C130)/1000000","v":58.272123599999986},{"$f":"Inputs!$R$39*elmira_dli!D130","v":40.790486519999988},{"$f":"MAX(0,Inputs!$F$25-E130)","v":0},{"$f":"F130/(3600*Inputs!#REF!/1000000)","v":{"$error":"#REF!"}}]
["2015-05-10",{"$f":"MONTH(A131)","v":5},{"$f":"DAY(A131)","v":10},{"$f":"3600*SUMIFS(elmira!U131:U8890,elmira!B131:B8890,\"=\"&B131,elmira!C131:C8890,\"=\"&C131)/1000000","v":57.697903799999992},{"$f":"Inputs!$R$39*elmira_dli!D131","v":40.388532659999989},{"$f":"MAX(0,Inputs!$F$25-E131)","v":0},{"$f":"F131/(3600*Inputs!#REF!/1000000)","v":{"$error":"#REF!"}}]
["2015-05-11",5,11,{"$f":"3600*SUMIFS(elmira!U132:U8891,elmira!B132:B8891,\"=\"&B132,elmira!C132:C8891,\"=\"&C132)/1000000","v":52.142140799999993},{"$f":"Inputs!$R$39*elmira_dli!D132","v":36.499498559999992},{"$f":"MAX(0,Inputs!$F$25-E132)","v":0},{"$f":"F132/(3600*Inputs!#REF!/1000000)","v":{"$error":"#REF!"}}]
["2015-05-12",5,12,{"$f":"3600*SUMIFS(elmira!U133:U8892,elmira!B133:B8892,\"=\"&B133,elmira!C133:C8892,\"=\"&C133)/1000000","v":51.858759599999992},{"$f":"Inputs!$R$39*elmira_dli!D133","v":36.301131719999994},{"$f":"MAX(0,Inputs!$F$25-E133)","v":0},{"$f":"F133/(3600*Inputs!#REF!/1000000)","v":{"$error":"#REF!"}}]
["2015-05-13",5,13,{"$f":"3600*SUMIFS(elmira!U134:U8893,elmira!B134:B8893,\"=\"&B134,elmira!C134:C8893,\"=\"&C134)/1000000","v":58.063316399999998},{"$f":"Inputs!$R$39*elmira_dli!D134","v":40.644321479999995},{"$f":"MAX(0,Inputs!$F$25-E134)","v":0},{"$f":"F134/(3600*Inputs!#REF!/1000000)","v":{"$error":"#REF!"}}]
["2015-05-14",5,14,{"$f":"3600*SUMIFS(elmira!U135:U8894,elmira!B135:B8894,\"=\"&B135,elmira!C135:C8894,\"=\"&C135)/1000000","v":26.085985200000003},{"$f":"Inputs!$R$39*elmira_dli!D135","v":18.26018964},{"$f":"MAX(0,Inputs!$F$25-E135)","v":0},{"$f":"F135/(3600*Inputs!#REF!/1000000)","v":{"$error":"#REF!"}}]
["2015-05-15",5,15,{"$f":"3600*SUMIFS(elmira!U136:U8895,elmira!B136:B8895,\"=\"&B136,elmira!C136:C8895,\"=\"&C136)/1000000","v":38.800852199999987},{"$f":"Inputs!$R$39*elmira_dli!D136","v":27.16059653999999},{"$f":"MAX(0,Inputs!$F$25-E136)","v":0},{"$f":"F136/(3600*Inputs!#REF!/1000000)","v":{"$error":"#REF!"}}]
["2015-05-16",5,16,{"$f":"3600*SUMIFS(elmira!U137:U8896,elmira!B137:B8896,\"=\"&B137,elmira!C137:C8896,\"=\"&C137)/1000000","v":24.937545599999996},{"$f":"Inputs!$R$39*elmira_dli!D137","v":17.456281919999995},{"$f":"MAX(0,Inputs!$F$25-E137)","v":0},{"$f":"F137/(3600*Inputs!#REF!/1000000)","v":{"$error":"#REF!"}}]
["2015-05-17",5,17,{"$f":"3600*SUMIFS(elmira!U138:U8897,elmira!B138:B8897,\"=\"&B138,elmira!C138:C8897,\"=\"&C138)/1000000","v":55.885755599999996},{"$f":"Inputs!$R$39*elmira_dli!D138","v":39.120028919999996},{"$f":"MAX(0,Inputs!$F$25-E138)","v":0},{"$f":"F138/(3600*Inputs!#REF!/1000000)","v":{"$error":"#REF!"}}]
["2015-05-18",5,18,{"$f":"3600*SUMIFS(elmira!U139:U8898,elmira!B139:B8898,\"=\"&B139,elmira!C139:C8898,\"=\"&C139)/1000000","v":53.641078199999995},{"$f":"Inputs!$R$39*elmira_dli!D139","v":37.548754739999993},{"$f":"MAX(0,Inputs!$F$25-E139)","v":0},{"$f":"F139/(3600*Inputs!#REF!/1000000)","v":{"$error":"#REF!"}}]
["2015-05-19",5,19,{"$f":"3600*SUMIFS(elmira!U140:U8899,elmira!B140:B8899,\"=\"&B140,elmira!C140:C8899,\"=\"&C140)/1000000","v":50.986243799999997},{"$f":"Inputs!$R$39*elmira_dli!D140","v":35.690370659999992},{"$f":"MAX(0,Inputs!$F$25-E140)","v":0},{"$f":"F140/(3600*Inputs!#REF!/1000000)","v":{"$error":"#REF!"}}]
["2015-05-20",5,20,{"$f":"3600*SUMIFS(elmira!U141:U8900,elmira!B141:B8900,\"=\"&B141,elmira!C141:C8900,\"=\"&C141)/1000000","v":42.164139599999999},{"$f":"Inputs!$R$39*elmira_dli!D141","v":29.514897719999997},{"$f":"MAX(0,Inputs!$F$25-E141)","v":0},{"$f":"F141/(3600*Inputs!#REF!/1000000)","v":{"$error":"#REF!"}}]
["2015-05-21",5,21,{"$f":"3600*SUMIFS(elmira!U142:U8901,elmira!B142:B8901,\"=\"&B142,elmira!C142:C8901,\"=\"&C142)/1000000","v":41.701780799999987},{"$f":"Inputs!$R$39*elmira_dli!D142","v":29.191246559999989},{"$f":"MAX(0,Inputs!$F$25-E142)","v":0},{"$f":"F142/(3600*Inputs!#REF!/1000000)","v":{"$error":"#REF!"}}]
["2015-05-22",5,22,{"$f":"3600*SUMIFS(elmira!U143:U8902,elmira!B143:B8902,\"=\"&B143,elmira!C143:C8902,\"=\"&C143)/1000000","v":16.585257599999998},{"$f":"Inputs!$R$39*elmira_dli!D143","v":11.609680319999999},{"$f":"MAX(0,Inputs!$F$25-E143)","v":0},{"$f":"F143/(3600*Inputs!#REF!/1000000)","v":{"$error":"#REF!"}}]
["2015-05-23",5,23,{"$f":"3600*SUMIFS(elmira!U144:U8903,elmira!B144:B8903,\"=\"&B144,elmira!C144:C8903,\"=\"&C144)/1000000","v":20.709199799999993},{"$f":"Inputs!$R$39*elmira_dli!D144","v":14.496439859999994},{"$f":"MAX(0,Inputs!$F$25-E144)","v":0},{"$f":"F144/(3600*Inputs!#REF!/1000000)","v":{"$error":"#REF!"}}]
["2015-05-24",5,24,{"$f":"3600*SUMIFS(elmira!U145:U8904,elmira!B145:B8904,\"=\"&B145,elmira!C145:C8904,\"=\"&C145)/1000000","v":18.054365399999995},{"$f":"Inputs!$R$39*elmira_dli!D145","v":12.638055779999995},{"$f":"MAX(0,Inputs!$F$25-E145)","v":0},{"$f":"F145/(3600*Inputs!#REF!/1000000)","v":{"$error":"#REF!"}}]
["2015-05-25",5,25,{"$f":"3600*SUMIFS(elmira!U146:U8905,elmira!B146:B8905,\"=\"&B146,elmira!C146:C8905,\"=\"&C146)/1000000","v":20.545137000000004},{"$f":"Inputs!$R$39*elmira_dli!D146","v":14.381595900000002},{"$f":"MAX(0,Inputs!$F$25-E146)","v":0},{"$f":"F146/(3600*Inputs!#REF!/1000000)","v":{"$error":"#REF!"}}]
["2015-05-26",5,26,{"$f":"3600*SUMIFS(elmira!U147:U8906,elmira!B147:B8906,\"=\"&B147,elmira!C147:C8906,\"=\"&C147)/1000000","v":61.613038799999998},{"$f":"Inputs!$R$39*elmira_dli!D147","v":43.129127159999996},{"$f":"MAX(0,Inputs!$F$25-E147)","v":0},{"$f":"F147/(3600*Inputs!#REF!/1000000)","v":{"$error":"#REF!"}}]
["2015-05-27",5,27,{"$f":"3600*SUMIFS(elmira!U148:U8907,elmira!B148:B8907,\"=\"&B148,elmira!C148:C8907,\"=\"&C148)/1000000","v":36.682950599999998},{"$f":"Inputs!$R$39*elmira_dli!D148","v":25.678065419999996},{"$f":"MAX(0,Inputs!$F$25-E148)","v":0},{"$f":"F148/(3600*Inputs!#REF!/1000000)","v":{"$error":"#REF!"}}]
["2015-05-28",5,28,{"$f":"3600*SUMIFS(elmira!U149:U8908,elmira!B149:B8908,\"=\"&B149,elmira!C149:C8908,\"=\"&C149)/1000000","v":23.610128400000001},{"$f":"Inputs!$R$39*elmira_dli!D149","v":16.527089879999998},{"$f":"MAX(0,Inputs!$F$25-E149)","v":0},{"$f":"F149/(3600*Inputs!#REF!/1000000)","v":{"$error":"#REF!"}}]
["2015-05-29",5,29,{"$f":"3600*SUMIFS(elmira!U150:U8909,elmira!B150:B8909,\"=\"&B150,elmira!C150:C8909,\"=\"&C150)/1000000","v":41.209592400000005},{"$f":"Inputs!$R$39*elmira_dli!D150","v":28.846714680000002},{"$f":"MAX(0,Inputs!$F$25-E150)","v":0},{"$f":"F150/(3600*Inputs!#REF!/1000000)","v":{"$error":"#REF!"}}]
["2015-05-30",5,30,{"$f":"3600*SUMIFS(elmira!U151:U8910,elmira!B151:B8910,\"=\"&B151,elmira!C151:C8910,\"=\"&C151)/1000000","v":38.763565199999995},{"$f":"Inputs!$R$39*elmira_dli!D151","v":27.134495639999994},{"$f":"MAX(0,Inputs!$F$25-E151)","v":0},{"$f":"F151/(3600*Inputs!#REF!/1000000)","v":{"$error":"#REF!"}}]
["2015-05-31",5,31,{"$f":"3600*SUMIFS(elmira!U152:U8911,elmira!B152:B8911,\"=\"&B152,elmira!C152:C8911,\"=\"&C152)/1000000","v":55.967786999999987},{"$f":"Inputs!$R$39*elmira_dli!D152","v":39.17745089999999},{"$f":"MAX(0,Inputs!$F$25-E152)","v":0},{"$f":"F152/(3600*Inputs!#REF!/1000000)","v":{"$error":"#REF!"}}]
["2015-06-01",6,1,{"$f":"3600*SUMIFS(elmira!U153:U8912,elmira!B153:B8912,\"=\"&B153,elmira!C153:C8912,\"=\"&C153)/1000000","v":29.218093199999995},{"$f":"Inputs!$R$39*elmira_dli!D153","v":20.452665239999995},{"$f":"MAX(0,Inputs!$F$25-E153)","v":0},{"$f":"F153/(3600*Inputs!#REF!/1000000)","v":{"$error":"#REF!"}}]
["2015-06-02",6,2,{"$f":"3600*SUMIFS(elmira!U154:U8913,elmira!B154:B8913,\"=\"&B154,elmira!C154:C8913,\"=\"&C154)/1000000","v":29.411985600000001},{"$f":"Inputs!$R$39*elmira_dli!D154","v":20.588389920000001},{"$f":"MAX(0,Inputs!$F$25-E154)","v":0},{"$f":"F154/(3600*Inputs!#REF!/1000000)","v":{"$error":"#REF!"}}]
["2015-06-03",6,3,{"$f":"3600*SUMIFS(elmira!U155:U8914,elmira!B155:B8914,\"=\"&B155,elmira!C155:C8914,\"=\"&C155)/1000000","v":11.007122399999997},{"$f":"Inputs!$R$39*elmira_dli!D155","v":7.7049856799999974},{"$f":"MAX(0,Inputs!$F$25-E155)","v":0},{"$f":"F155/(3600*Inputs!#REF!/1000000)","v":{"$error":"#REF!"}}]
["2015-06-04",6,4,{"$f":"3600*SUMIFS(elmira!U156:U8915,elmira!B156:B8915,\"=\"&B156,elmira!C156:C8915,\"=\"&C156)/1000000","v":11.066781599999997},{"$f":"Inputs!$R$39*elmira_dli!D156","v":7.7467471199999975},{"$f":"MAX(0,Inputs!$F$25-E156)","v":0},{"$f":"F156/(3600*Inputs!#REF!/1000000)","v":{"$error":"#REF!"}}]
["2015-06-05",6,5,{"$f":"3600*SUMIFS(elmira!U157:U8916,elmira!B157:B8916,\"=\"&B157,elmira!C157:C8916,\"=\"&C157)/1000000","v":12.304710000000002},{"$f":"Inputs!$R$39*elmira_dli!D157","v":8.6132970000000011},{"$f":"MAX(0,Inputs!$F$25-E157)","v":0},{"$f":"F157/(3600*Inputs!#REF!/1000000)","v":{"$error":"#REF!"}}]
["2015-06-06",6,6,{"$f":"3600*SUMIFS(elmira!U158:U8917,elmira!B158:B8917,\"=\"&B158,elmira!C158:C8917,\"=\"&C158)/1000000","v":14.415154199999998},{"$f":"Inputs!$R$39*elmira_dli!D158","v":10.090607939999998},{"$f":"MAX(0,Inputs!$F$25-E158)","v":0},{"$f":"F158/(3600*Inputs!#REF!/1000000)","v":{"$error":"#REF!"}}]
["2015-06-07",6,7,{"$f":"3600*SUMIFS(elmira!U159:U8918,elmira!B159:B8918,\"=\"&B159,elmira!C159:C8918,\"=\"&C159)/1000000","v":51.045903000000003},{"$f":"Inputs!$R$39*elmira_dli!D159","v":35.732132100000001},{"$f":"MAX(0,Inputs!$F$25-E159)","v":0},{"$f":"F159/(3600*Inputs!#REF!/1000000)","v":{"$error":"#REF!"}}]
["2015-06-08",6,8,{"$f":"3600*SUMIFS(elmira!U160:U8919,elmira!B160:B8919,\"=\"&B160,elmira!C160:C8919,\"=\"&C160)/1000000","v":35.996869799999999},{"$f":"Inputs!$R$39*elmira_dli!D160","v":25.197808859999999},{"$f":"MAX(0,Inputs!$F$25-E160)","v":0},{"$f":"F160/(3600*Inputs!#REF!/1000000)","v":{"$error":"#REF!"}}]
["2015-06-09",6,9,{"$f":"3600*SUMIFS(elmira!U161:U8920,elmira!B161:B8920,\"=\"&B161,elmira!C161:C8920,\"=\"&C161)/1000000","v":32.588838000000003},{"$f":"Inputs!$R$39*elmira_dli!D161","v":22.8121866},{"$f":"MAX(0,Inputs!$F$25-E161)","v":0},{"$f":"F161/(3600*Inputs!#REF!/1000000)","v":{"$error":"#REF!"}}]
["2015-06-10",6,10,{"$f":"3600*SUMIFS(elmira!U162:U8921,elmira!B162:B8921,\"=\"&B162,elmira!C162:C8921,\"=\"&C162)/1000000","v":60.830011799999987},{"$f":"Inputs!$R$39*elmira_dli!D162","v":42.58100825999999},{"$f":"MAX(0,Inputs!$F$25-E162)","v":0},{"$f":"F162/(3600*Inputs!#REF!/1000000)","v":{"$error":"#REF!"}}]
["2015-06-11",6,11,{"$f":"3600*SUMIFS(elmira!U163:U8922,elmira!B163:B8922,\"=\"&B163,elmira!C163:C8922,\"=\"&C163)/1000000","v":28.546927199999995},{"$f":"Inputs!$R$39*elmira_dli!D163","v":19.982849039999994},{"$f":"MAX(0,Inputs!$F$25-E163)","v":0},{"$f":"F163/(3600*Inputs!#REF!/1000000)","v":{"$error":"#REF!"}}]
["2015-06-12",6,12,{"$f":"3600*SUMIFS(elmira!U164:U8923,elmira!B164:B8923,\"=\"&B164,elmira!C164:C8923,\"=\"&C164)/1000000","v":17.979791400000003},{"$f":"Inputs!$R$39*elmira_dli!D164","v":12.585853980000001},{"$f":"MAX(0,Inputs!$F$25-E164)","v":0},{"$f":"F164/(3600*Inputs!#REF!/1000000)","v":{"$error":"#REF!"}}]
["2015-06-13",6,13,{"$f":"3600*SUMIFS(elmira!U165:U8924,elmira!B165:B8924,\"=\"&B165,elmira!C165:C8924,\"=\"&C165)/1000000","v":13.624669800000003},{"$f":"Inputs!$R$39*elmira_dli!D165","v":9.5372688600000011},{"$f":"MAX(0,Inputs!$F$25-E165)","v":0},{"$f":"F165/(3600*Inputs!#REF!/1000000)","v":{"$error":"#REF!"}}]
["2015-06-14",6,14,{"$f":"3600*SUMIFS(elmira!U166:U8925,elmira!B166:B8925,\"=\"&B166,elmira!C166:C8925,\"=\"&C166)/1000000","v":43.141058999999998},{"$f":"Inputs!$R$39*elmira_dli!D166","v":30.198741299999998},{"$f":"MAX(0,Inputs!$F$25-E166)","v":0},{"$f":"F166/(3600*Inputs!#REF!/1000000)","v":{"$error":"#REF!"}}]
["2015-06-15",6,15,{"$f":"3600*SUMIFS(elmira!U167:U8926,elmira!B167:B8926,\"=\"&B167,elmira!C167:C8926,\"=\"&C167)/1000000","v":36.101273399999997},{"$f":"Inputs!$R$39*elmira_dli!D167","v":25.270891379999995},{"$f":"MAX(0,Inputs!$F$25-E167)","v":0},{"$f":"F167/(3600*Inputs!#REF!/1000000)","v":{"$error":"#REF!"}}]
["2015-06-16",6,16,{"$f":"3600*SUMIFS(elmira!U168:U8927,elmira!B168:B8927,\"=\"&B168,elmira!C168:C8927,\"=\"&C168)/1000000","v":41.067901799999994},{"$f":"Inputs!$R$39*elmira_dli!D168","v":28.747531259999995},{"$f":"MAX(0,Inputs!$F$25-E168)","v":0},{"$f":"F168/(3600*Inputs!#REF!/1000000)","v":{"$error":"#REF!"}}]
["2015-06-17",6,17,{"$f":"3600*SUMIFS(elmira!U169:U8928,elmira!B169:B8928,\"=\"&B169,elmira!C169:C8928,\"=\"&C169)/1000000","v":24.214177800000002},{"$f":"Inputs!$R$39*elmira_dli!D169","v":16.949924459999998},{"$f":"MAX(0,Inputs!$F$25-E169)","v":0},{"$f":"F169/(3600*Inputs!#REF!/1000000)","v":{"$error":"#REF!"}}]
["2015-06-18",6,18,{"$f":"3600*SUMIFS(elmira!U170:U8929,elmira!B170:B8929,\"=\"&B170,elmira!C170:C8929,\"=\"&C170)/1000000","v":12.983333400000001},{"$f":"Inputs!$R$39*elmira_dli!D170","v":9.0883333799999999},{"$f":"MAX(0,Inputs!$F$25-E170)","v":0},{"$f":"F170/(3600*Inputs!#REF!/1000000)","v":{"$error":"#REF!"}}]
["2015-06-19",6,19,{"$f":"3600*SUMIFS(elmira!U171:U8930,elmira!B171:B8930,\"=\"&B171,elmira!C171:C8930,\"=\"&C171)/1000000","v":52.030279800000002},{"$f":"Inputs!$R$39*elmira_dli!D171","v":36.421195859999997},{"$f":"MAX(0,Inputs!$F$25-E171)","v":0},{"$f":"F171/(3600*Inputs!#REF!/1000000)","v":{"$error":"#REF!"}}]
["2015-06-20",6,20,{"$f":"3600*SUMIFS(elmira!U172:U8931,elmira!B172:B8931,\"=\"&B172,elmira!C172:C8931,\"=\"&C172)/1000000","v":59.204298599999987},{"$f":"Inputs!$R$39*elmira_dli!D172","v":41.443009019999991},{"$f":"MAX(0,Inputs!$F$25-E172)","v":0},{"$f":"F172/(3600*Inputs!#REF!/1000000)","v":{"$error":"#REF!"}}]
["2015-06-21",6,21,{"$f":"3600*SUMIFS(elmira!U173:U8932,elmira!B173:B8932,\"=\"&B173,elmira!C173:C8932,\"=\"&C173)/1000000","v":28.263545999999995},{"$f":"Inputs!$R$39*elmira_dli!D173","v":19.784482199999996},{"$f":"MAX(0,Inputs!$F$25-E173)","v":0},{"$f":"F173/(3600*Inputs!#REF!/1000000)","v":{"$error":"#REF!"}}]
["2015-06-22",6,22,{"$f":"3600*SUMIFS(elmira!U174:U8933,elmira!B174:B8933,\"=\"&B174,elmira!C174:C8933,\"=\"&C174)/1000000","v":45.258960599999995},{"$f":"Inputs!$R$39*elmira_dli!D174","v":31.681272419999996},{"$f":"MAX(0,Inputs!$F$25-E174)","v":0},{"$f":"F174/(3600*Inputs!#REF!/1000000)","v":{"$error":"#REF!"}}]
["2015-06-23",6,23,{"$f":"3600*SUMIFS(elmira!U175:U8934,elmira!B175:B8934,\"=\"&B175,elmira!C175:C8934,\"=\"&C175)/1000000","v":46.847386800000002},{"$f":"Inputs!$R$39*elmira_dli!D175","v":32.793170760000002},{"$f":"MAX(0,Inputs!$F$25-E175)","v":0},{"$f":"F175/(3600*Inputs!#REF!/1000000)","v":{"$error":"#REF!"}}]
["2015-06-24",6,24,{"$f":"3600*SUMIFS(elmira!U176:U8935,elmira!B176:B8935,\"=\"&B176,elmira!C176:C8935,\"=\"&C176)/1000000","v":50.695405199999996},{"$f":"Inputs!$R$39*elmira_dli!D176","v":35.486783639999992},{"$f":"MAX(0,Inputs!$F$25-E176)","v":0},{"$f":"F176/(3600*Inputs!#REF!/1000000)","v":{"$error":"#REF!"}}]
["2015-06-25",6,25,{"$f":"3600*SUMIFS(elmira!U177:U8936,elmira!B177:B8936,\"=\"&B177,elmira!C177:C8936,\"=\"&C177)/1000000","v":41.097731400000001},{"$f":"Inputs!$R$39*elmira_dli!D177","v":28.76841198},{"$f":"MAX(0,Inputs!$F$25-E177)","v":0},{"$f":"F177/(3600*Inputs!#REF!/1000000)","v":{"$error":"#REF!"}}]
["2015-06-26",6,26,{"$f":"3600*SUMIFS(elmira!U178:U8937,elmira!B178:B8937,\"=\"&B178,elmira!C178:C8937,\"=\"&C178)/1000000","v":28.062196199999999},{"$f":"Inputs!$R$39*elmira_dli!D178","v":19.643537339999998},{"$f":"MAX(0,Inputs!$F$25-E178)","v":0},{"$f":"F178/(3600*Inputs!#REF!/1000000)","v":{"$error":"#REF!"}}]
["2015-06-27",6,27,{"$f":"3600*SUMIFS(elmira!U179:U8938,elmira!B179:B8938,\"=\"&B179,elmira!C179:C8938,\"=\"&C179)/1000000","v":36.720237600000004},{"$f":"Inputs!$R$39*elmira_dli!D179","v":25.704166320000002},{"$f":"MAX(0,Inputs!$F$25-E179)","v":0},{"$f":"F179/(3600*Inputs!#REF!/1000000)","v":{"$error":"#REF!"}}]
["2015-06-28",6,28,{"$f":"3600*SUMIFS(elmira!U180:U8939,elmira!B180:B8939,\"=\"&B180,elmira!C180:C8939,\"=\"&C180)/1000000","v":40.404193200000002},{"$f":"Inputs!$R$39*elmira_dli!D180","v":28.28293524},{"$f":"MAX(0,Inputs!$F$25-E180)","v":0},{"$f":"F180/(3600*Inputs!#REF!/1000000)","v":{"$error":"#REF!"}}]
["2015-06-29",6,29,{"$f":"3600*SUMIFS(elmira!U181:U8940,elmira!B181:B8940,\"=\"&B181,elmira!C181:C8940,\"=\"&C181)/1000000","v":34.445730600000012},{"$f":"Inputs!$R$39*elmira_dli!D181","v":24.112011420000005},{"$f":"MAX(0,Inputs!$F$25-E181)","v":0},{"$f":"F181/(3600*Inputs!#REF!/1000000)","v":{"$error":"#REF!"}}]
["2015-06-30",6,30,{"$f":"3600*SUMIFS(elmira!U182:U8941,elmira!B182:B8941,\"=\"&B182,elmira!C182:C8941,\"=\"&C182)/1000000","v":59.099894999999989},{"$f":"Inputs!$R$39*elmira_dli!D182","v":41.369926499999991},{"$f":"MAX(0,Inputs!$F$25-E182)","v":0},{"$f":"F182/(3600*Inputs!#REF!/1000000)","v":{"$error":"#REF!"}}]
["2015-07-01",7,1,{"$f":"3600*SUMIFS(elmira!U183:U8942,elmira!B183:B8942,\"=\"&B183,elmira!C183:C8942,\"=\"&C183)/1000000","v":54.245127600000004},{"$f":"Inputs!$R$39*elmira_dli!D183","v":37.97158932},{"$f":"MAX(0,Inputs!$F$25-E183)","v":0},{"$f":"F183/(3600*Inputs!#REF!/1000000)","v":{"$error":"#REF!"}}]
["2015-07-02",7,2,{"$f":"3600*SUMIFS(elmira!U184:U8943,elmira!B184:B8943,\"=\"&B184,elmira!C184:C8943,\"=\"&C184)/1000000","v":55.773894600000006},{"$f":"Inputs!$R$39*elmira_dli!D184","v":39.041726220000001},{"$f":"MAX(0,Inputs!$F$25-E184)","v":0},{"$f":"F184/(3600*Inputs!#REF!/1000000)","v":{"$error":"#REF!"}}]
["2015-07-03",7,3,{"$f":"3600*SUMIFS(elmira!U185:U8944,elmira!B185:B8944,\"=\"&B185,elmira!C185:C8944,\"=\"&C185)/1000000","v":59.808347999999988},{"$f":"Inputs!$R$39*elmira_dli!D185","v":41.865843599999991},{"$f":"MAX(0,Inputs!$F$25-E185)","v":0},{"$f":"F185/(3600*Inputs!#REF!/1000000)","v":{"$error":"#REF!"}}]
["2015-07-04",7,4,{"$f":"3600*SUMIFS(elmira!U186:U8945,elmira!B186:B8945,\"=\"&B186,elmira!C186:C8945,\"=\"&C186)/1000000","v":28.3157478},{"$f":"Inputs!$R$39*elmira_dli!D186","v":19.821023459999999},{"$f":"MAX(0,Inputs!$F$25-E186)","v":0},{"$f":"F186/(3600*Inputs!#REF!/1000000)","v":{"$error":"#REF!"}}]
["2015-07-05",7,5,{"$f":"3600*SUMIFS(elmira!U187:U8946,elmira!B187:B8946,\"=\"&B187,elmira!C187:C8946,\"=\"&C187)/1000000","v":47.570754600000001},{"$f":"Inputs!$R$39*elmira_dli!D187","v":33.299528219999999},{"$f":"MAX(0,Inputs!$F$25-E187)","v":0},{"$f":"F187/(3600*Inputs!#REF!/1000000)","v":{"$error":"#REF!"}}]
["2015-07-06",7,6,{"$f":"3600*SUMIFS(elmira!U188:U8947,elmira!B188:B8947,\"=\"&B188,elmira!C188:C8947,\"=\"&C188)/1000000","v":48.689364600000012},{"$f":"Inputs!$R$39*elmira_dli!D188","v":34.082555220000003},{"$f":"MAX(0,Inputs!$F$25-E188)","v":0},{"$f":"F188/(3600*Inputs!#REF!/1000000)","v":{"$error":"#REF!"}}]
["2015-07-07",7,7,{"$f":"3600*SUMIFS(elmira!U189:U8948,elmira!B189:B8948,\"=\"&B189,elmira!C189:C8948,\"=\"&C189)/1000000","v":32.596295399999995},{"$f":"Inputs!$R$39*elmira_dli!D189","v":22.817406779999995},{"$f":"MAX(0,Inputs!$F$25-E189)","v":0},{"$f":"F189/(3600*Inputs!#REF!/1000000)","v":{"$error":"#REF!"}}]
["2015-07-08",7,8,{"$f":"3600*SUMIFS(elmira!U190:U8949,elmira!B190:B8949,\"=\"&B190,elmira!C190:C8949,\"=\"&C190)/1000000","v":47.727359999999983},{"$f":"Inputs!$R$39*elmira_dli!D190","v":33.409151999999985},{"$f":"MAX(0,Inputs!$F$25-E190)","v":0},{"$f":"F190/(3600*Inputs!#REF!/1000000)","v":{"$error":"#REF!"}}]
["2015-07-09",7,9,{"$f":"3600*SUMIFS(elmira!U191:U8950,elmira!B191:B8950,\"=\"&B191,elmira!C191:C8950,\"=\"&C191)/1000000","v":30.321788400000003},{"$f":"Inputs!$R$39*elmira_dli!D191","v":21.225251880000002},{"$f":"MAX(0,Inputs!$F$25-E191)","v":0},{"$f":"F191/(3600*Inputs!#REF!/1000000)","v":{"$error":"#REF!"}}]
["2015-07-10",7,10,{"$f":"3600*SUMIFS(elmira!U192:U8951,elmira!B192:B8951,\"=\"&B192,elmira!C192:C8951,\"=\"&C192)/1000000","v":48.018198599999991},{"$f":"Inputs!$R$39*elmira_dli!D192","v":33.612739019999992},{"$f":"MAX(0,Inputs!$F$25-E192)","v":0},{"$f":"F192/(3600*Inputs!#REF!/1000000)","v":{"$error":"#REF!"}}]
["2015-07-11",7,11,{"$f":"3600*SUMIFS(elmira!U193:U8952,elmira!B193:B8952,\"=\"&B193,elmira!C193:C8952,\"=\"&C193)/1000000","v":56.959621199999994},{"$f":"Inputs!$R$39*elmira_dli!D193","v":39.871734839999995},{"$f":"MAX(0,Inputs!$F$25-E193)","v":0},{"$f":"F193/(3600*Inputs!#REF!/1000000)","v":{"$error":"#REF!"}}]
["2015-07-12",7,12,{"$f":"3600*SUMIFS(elmira!U194:U8953,elmira!B194:B8953,\"=\"&B194,elmira!C194:C8953,\"=\"&C194)/1000000","v":12.3196248},{"$f":"Inputs!$R$39*elmira_dli!D194","v":8.6237373599999998},{"$f":"MAX(0,Inputs!$F$25-E194)","v":0},{"$f":"F194/(3600*Inputs!#REF!/1000000)","v":{"$error":"#REF!"}}]
["2015-07-13",{"$f":"MONTH(A195)","v":7},{"$f":"DAY(A195)","v":13},{"$f":"3600*SUMIFS(elmira!U195:U8954,elmira!B195:B8954,\"=\"&B195,elmira!C195:C8954,\"=\"&C195)/1000000","v":38.666618999999997},{"$f":"Inputs!$R$39*elmira_dli!D195","v":27.066633299999996},{"$f":"MAX(0,Inputs!$F$25-E195)","v":0},{"$f":"F195/(3600*Inputs!#REF!/1000000)","v":{"$error":"#REF!"}}]
["2015-07-14",7,14,{"$f":"3600*SUMIFS(elmira!U196:U8955,elmira!B196:B8955,\"=\"&B196,elmira!C196:C8955,\"=\"&C196)/1000000","v":14.213804400000001},{"$f":"Inputs!$R$39*elmira_dli!D196","v":9.9496630800000005},{"$f":"MAX(0,Inputs!$F$25-E196)","v":0},{"$f":"F196/(3600*Inputs!#REF!/1000000)","v":{"$error":"#REF!"}}]
["2015-07-15",7,15,{"$f":"3600*SUMIFS(elmira!U197:U8956,elmira!B197:B8956,\"=\"&B197,elmira!C197:C8956,\"=\"&C197)/1000000","v":28.8079362},{"$f":"Inputs!$R$39*elmira_dli!D197","v":20.165555339999997},{"$f":"MAX(0,Inputs!$F$25-E197)","v":0},{"$f":"F197/(3600*Inputs!#REF!/1000000)","v":{"$error":"#REF!"}}]
["2015-07-16",7,16,{"$f":"3600*SUMIFS(elmira!U198:U8957,elmira!B198:B8957,\"=\"&B198,elmira!C198:C8957,\"=\"&C198)/1000000","v":22.916590199999998},{"$f":"Inputs!$R$39*elmira_dli!D198","v":16.041613139999999},{"$f":"MAX(0,Inputs!$F$25-E198)","v":0},{"$f":"F198/(3600*Inputs!#REF!/1000000)","v":{"$error":"#REF!"}}]
["2015-07-17",7,17,{"$f":"3600*SUMIFS(elmira!U199:U8958,elmira!B199:B8958,\"=\"&B199,elmira!C199:C8958,\"=\"&C199)/1000000","v":45.616915800000001},{"$f":"Inputs!$R$39*elmira_dli!D199","v":31.93184106},{"$f":"MAX(0,Inputs!$F$25-E199)","v":0},{"$f":"F199/(3600*Inputs!#REF!/1000000)","v":{"$error":"#REF!"}}]
["2015-07-18",7,18,{"$f":"3600*SUMIFS(elmira!U200:U8959,elmira!B200:B8959,\"=\"&B200,elmira!C200:C8959,\"=\"&C200)/1000000","v":18.516724200000002},{"$f":"Inputs!$R$39*elmira_dli!D200","v":12.961706940000001},{"$f":"MAX(0,Inputs!$F$25-E200)","v":0},{"$f":"F200/(3600*Inputs!#REF!/1000000)","v":{"$error":"#REF!"}}]
["2015-07-19",7,19,{"$f":"3600*SUMIFS(elmira!U201:U8960,elmira!B201:B8960,\"=\"&B201,elmira!C201:C8960,\"=\"&C201)/1000000","v":40.486224599999986},{"$f":"Inputs!$R$39*elmira_dli!D201","v":28.340357219999987},{"$f":"MAX(0,Inputs!$F$25-E201)","v":0},{"$f":"F201/(3600*Inputs!#REF!/1000000)","v":{"$error":"#REF!"}}]
["2015-07-20",7,20,{"$f":"3600*SUMIFS(elmira!U202:U8961,elmira!B202:B8961,\"=\"&B202,elmira!C202:C8961,\"=\"&C202)/1000000","v":46.571462999999994},{"$f":"Inputs!$R$39*elmira_dli!D202","v":32.600024099999992},{"$f":"MAX(0,Inputs!$F$25-E202)","v":0},{"$f":"F202/(3600*Inputs!#REF!/1000000)","v":{"$error":"#REF!"}}]
["2015-07-21",7,21,{"$f":"3600*SUMIFS(elmira!U203:U8962,elmira!B203:B8962,\"=\"&B203,elmira!C203:C8962,\"=\"&C203)/1000000","v":53.976661199999995},{"$f":"Inputs!$R$39*elmira_dli!D203","v":37.783662839999991},{"$f":"MAX(0,Inputs!$F$25-E203)","v":0},{"$f":"F203/(3600*Inputs!#REF!/1000000)","v":{"$error":"#REF!"}}]
["2015-07-22",7,22,{"$f":"3600*SUMIFS(elmira!U204:U8963,elmira!B204:B8963,\"=\"&B204,elmira!C204:C8963,\"=\"&C204)/1000000","v":35.012492999999999},{"$f":"Inputs!$R$39*elmira_dli!D204","v":24.508745099999999},{"$f":"MAX(0,Inputs!$F$25-E204)","v":0},{"$f":"F204/(3600*Inputs!#REF!/1000000)","v":{"$error":"#REF!"}}]
["2015-07-23",7,23,{"$f":"3600*SUMIFS(elmira!U205:U8964,elmira!B205:B8964,\"=\"&B205,elmira!C205:C8964,\"=\"&C205)/1000000","v":23.990455799999992},{"$f":"Inputs!$R$39*elmira_dli!D205","v":16.793319059999995},{"$f":"MAX(0,Inputs!$F$25-E205)","v":0},{"$f":"F205/(3600*Inputs!#REF!/1000000)","v":{"$error":"#REF!"}}]
["2015-07-24",7,24,{"$f":"3600*SUMIFS(elmira!U206:U8965,elmira!B206:B8965,\"=\"&B206,elmira!C206:C8965,\"=\"&C206)/1000000","v":52.686531000000002},{"$f":"Inputs!$R$39*elmira_dli!D206","v":36.880571699999997},{"$f":"MAX(0,Inputs!$F$25-E206)","v":0},{"$f":"F206/(3600*Inputs!#REF!/1000000)","v":{"$error":"#REF!"}}]
["2015-07-25",7,25,{"$f":"3600*SUMIFS(elmira!U207:U8966,elmira!B207:B8966,\"=\"&B207,elmira!C207:C8966,\"=\"&C207)/1000000","v":39.128977799999994},{"$f":"Inputs!$R$39*elmira_dli!D207","v":27.390284459999993},{"$f":"MAX(0,Inputs!$F$25-E207)","v":0},{"$f":"F207/(3600*Inputs!#REF!/1000000)","v":{"$error":"#REF!"}}]
["2015-07-26",7,26,{"$f":"3600*SUMIFS(elmira!U208:U8967,elmira!B208:B8967,\"=\"&B208,elmira!C208:C8967,\"=\"&C208)/1000000","v":12.573176400000001},{"$f":"Inputs!$R$39*elmira_dli!D208","v":8.8012234800000009},{"$f":"MAX(0,Inputs!$F$25-E208)","v":0},{"$f":"F208/(3600*Inputs!#REF!/1000000)","v":{"$error":"#REF!"}}]
["2015-07-27",7,27,{"$f":"3600*SUMIFS(elmira!U209:U8968,elmira!B209:B8968,\"=\"&B209,elmira!C209:C8968,\"=\"&C209)/1000000","v":11.924382599999999},{"$f":"Inputs!$R$39*elmira_dli!D209","v":8.3470678199999995},{"$f":"MAX(0,Inputs!$F$25-E209)","v":0},{"$f":"F209/(3600*Inputs!#REF!/1000000)","v":{"$error":"#REF!"}}]
["2015-07-28",7,28,{"$f":"3600*SUMIFS(elmira!U210:U8969,elmira!B210:B8969,\"=\"&B210,elmira!C210:C8969,\"=\"&C210)/1000000","v":24.296209200000003},{"$f":"Inputs!$R$39*elmira_dli!D210","v":17.007346440000003},{"$f":"MAX(0,Inputs!$F$25-E210)","v":0},{"$f":"F210/(3600*Inputs!#REF!/1000000)","v":{"$error":"#REF!"}}]
["2015-07-29",7,29,{"$f":"3600*SUMIFS(elmira!U211:U8970,elmira!B211:B8970,\"=\"&B211,elmira!C211:C8970,\"=\"&C211)/1000000","v":45.833180399999989},{"$f":"Inputs!$R$39*elmira_dli!D211","v":32.083226279999991},{"$f":"MAX(0,Inputs!$F$25-E211)","v":0},{"$f":"F211/(3600*Inputs!#REF!/1000000)","v":{"$error":"#REF!"}}]
["2015-07-30",7,30,{"$f":"3600*SUMIFS(elmira!U212:U8971,elmira!B212:B8971,\"=\"&B212,elmira!C212:C8971,\"=\"&C212)/1000000","v":24.818227200000003},{"$f":"Inputs!$R$39*elmira_dli!D212","v":17.372759040000002},{"$f":"MAX(0,Inputs!$F$25-E212)","v":0},{"$f":"F212/(3600*Inputs!#REF!/1000000)","v":{"$error":"#REF!"}}]
["2015-07-31",7,31,{"$f":"3600*SUMIFS(elmira!U213:U8972,elmira!B213:B8972,\"=\"&B213,elmira!C213:C8972,\"=\"&C213)/1000000","v":17.069988599999999},{"$f":"Inputs!$R$39*elmira_dli!D213","v":11.948992019999999},{"$f":"MAX(0,Inputs!$F$25-E213)","v":0},{"$f":"F213/(3600*Inputs!#REF!/1000000)","v":{"$error":"#REF!"}}]
["2015-08-01",8,1,{"$f":"3600*SUMIFS(elmira!U214:U8973,elmira!B214:B8973,\"=\"&B214,elmira!C214:C8973,\"=\"&C214)/1000000","v":50.732692199999995},{"$f":"Inputs!$R$39*elmira_dli!D214","v":35.512884539999995},{"$f":"MAX(0,Inputs!$F$25-E214)","v":0},{"$f":"F214/(3600*Inputs!#REF!/1000000)","v":{"$error":"#REF!"}}]
["2015-08-02",8,2,{"$f":"3600*SUMIFS(elmira!U215:U8974,elmira!B215:B8974,\"=\"&B215,elmira!C215:C8974,\"=\"&C215)/1000000","v":52.313660999999989},{"$f":"Inputs!$R$39*elmira_dli!D215","v":36.619562699999989},{"$f":"MAX(0,Inputs!$F$25-E215)","v":0},{"$f":"F215/(3600*Inputs!#REF!/1000000)","v":{"$error":"#REF!"}}]
["2015-08-03",8,3,{"$f":"3600*SUMIFS(elmira!U216:U8975,elmira!B216:B8975,\"=\"&B216,elmira!C216:C8975,\"=\"&C216)/1000000","v":44.82643139999999},{"$f":"Inputs!$R$39*elmira_dli!D216","v":31.378501979999992},{"$f":"MAX(0,Inputs!$F$25-E216)","v":0},{"$f":"F216/(3600*Inputs!#REF!/1000000)","v":{"$error":"#REF!"}}]
["2015-08-04",8,4,{"$f":"3600*SUMIFS(elmira!U217:U8976,elmira!B217:B8976,\"=\"&B217,elmira!C217:C8976,\"=\"&C217)/1000000","v":18.904508999999997},{"$f":"Inputs!$R$39*elmira_dli!D217","v":13.233156299999997},{"$f":"MAX(0,Inputs!$F$25-E217)","v":0},{"$f":"F217/(3600*Inputs!#REF!/1000000)","v":{"$error":"#REF!"}}]
["2015-08-05",8,5,{"$f":"3600*SUMIFS(elmira!U218:U8977,elmira!B218:B8977,\"=\"&B218,elmira!C218:C8977,\"=\"&C218)/1000000","v":28.733362199999998},{"$f":"Inputs!$R$39*elmira_dli!D218","v":20.113353539999999},{"$f":"MAX(0,Inputs!$F$25-E218)","v":0},{"$f":"F218/(3600*Inputs!#REF!/1000000)","v":{"$error":"#REF!"}}]
["2015-08-06",8,6,{"$f":"3600*SUMIFS(elmira!U219:U8978,elmira!B219:B8978,\"=\"&B219,elmira!C219:C8978,\"=\"&C219)/1000000","v":17.435401199999998},{"$f":"Inputs!$R$39*elmira_dli!D219","v":12.204780839999998},{"$f":"MAX(0,Inputs!$F$25-E219)","v":0},{"$f":"F219/(3600*Inputs!#REF!/1000000)","v":{"$error":"#REF!"}}]
["2015-08-07",8,7,{"$f":"3600*SUMIFS(elmira!U220:U8979,elmira!B220:B8979,\"=\"&B220,elmira!C220:C8979,\"=\"&C220)/1000000","v":20.731571999999996},{"$f":"Inputs!$R$39*elmira_dli!D220","v":14.512100399999996},{"$f":"MAX(0,Inputs!$F$25-E220)","v":0},{"$f":"F220/(3600*Inputs!#REF!/1000000)","v":{"$error":"#REF!"}}]
["2015-08-08",8,8,{"$f":"3600*SUMIFS(elmira!U221:U8980,elmira!B221:B8980,\"=\"&B221,elmira!C221:C8980,\"=\"&C221)/1000000","v":43.782395399999992},{"$f":"Inputs!$R$39*elmira_dli!D221","v":30.647676779999991},{"$f":"MAX(0,Inputs!$F$25-E221)","v":0},{"$f":"F221/(3600*Inputs!#REF!/1000000)","v":{"$error":"#REF!"}}]
["2015-08-09",8,9,{"$f":"3600*SUMIFS(elmira!U222:U8981,elmira!B222:B8981,\"=\"&B222,elmira!C222:C8981,\"=\"&C222)/1000000","v":52.641786599999989},{"$f":"Inputs!$R$39*elmira_dli!D222","v":36.849250619999992},{"$f":"MAX(0,Inputs!$F$25-E222)","v":0},{"$f":"F222/(3600*Inputs!#REF!/1000000)","v":{"$error":"#REF!"}}]
["2015-08-10",8,10,{"$f":"3600*SUMIFS(elmira!U223:U8982,elmira!B223:B8982,\"=\"&B223,elmira!C223:C8982,\"=\"&C223)/1000000","v":30.9258378},{"$f":"Inputs!$R$39*elmira_dli!D223","v":21.648086459999998},{"$f":"MAX(0,Inputs!$F$25-E223)","v":0},{"$f":"F223/(3600*Inputs!#REF!/1000000)","v":{"$error":"#REF!"}}]
["2015-08-11",8,11,{"$f":"3600*SUMIFS(elmira!U224:U8983,elmira!B224:B8983,\"=\"&B224,elmira!C224:C8983,\"=\"&C224)/1000000","v":46.825014600000003},{"$f":"Inputs!$R$39*elmira_dli!D224","v":32.777510220000003},{"$f":"MAX(0,Inputs!$F$25-E224)","v":0},{"$f":"F224/(3600*Inputs!#REF!/1000000)","v":{"$error":"#REF!"}}]
["2015-08-12",8,12,{"$f":"3600*SUMIFS(elmira!U225:U8984,elmira!B225:B8984,\"=\"&B225,elmira!C225:C8984,\"=\"&C225)/1000000","v":9.4708980000000018},{"$f":"Inputs!$R$39*elmira_dli!D225","v":6.6296286000000011},{"$f":"MAX(0,Inputs!$F$25-E225)","v":0},{"$f":"F225/(3600*Inputs!#REF!/1000000)","v":{"$error":"#REF!"}}]
["2015-08-13",8,13,{"$f":"3600*SUMIFS(elmira!U226:U8985,elmira!B226:B8985,\"=\"&B226,elmira!C226:C8985,\"=\"&C226)/1000000","v":17.733697199999998},{"$f":"Inputs!$R$39*elmira_dli!D226","v":12.413588039999999},{"$f":"MAX(0,Inputs!$F$25-E226)","v":0},{"$f":"F226/(3600*Inputs!#REF!/1000000)","v":{"$error":"#REF!"}}]
["2015-08-14",8,14,{"$f":"3600*SUMIFS(elmira!U227:U8986,elmira!B227:B8986,\"=\"&B227,elmira!C227:C8986,\"=\"&C227)/1000000","v":35.698573800000005},{"$f":"Inputs!$R$39*elmira_dli!D227","v":24.989001660000003},{"$f":"MAX(0,Inputs!$F$25-E227)","v":0},{"$f":"F227/(3600*Inputs!#REF!/1000000)","v":{"$error":"#REF!"}}]
["2015-08-15",8,15,{"$f":"3600*SUMIFS(elmira!U228:U8987,elmira!B228:B8987,\"=\"&B228,elmira!C228:C8987,\"=\"&C228)/1000000","v":36.653120999999992},{"$f":"Inputs!$R$39*elmira_dli!D228","v":25.657184699999991},{"$f":"MAX(0,Inputs!$F$25-E228)","v":0},{"$f":"F228/(3600*Inputs!#REF!/1000000)","v":{"$error":"#REF!"}}]
["2015-08-16",8,16,{"$f":"3600*SUMIFS(elmira!U229:U8988,elmira!B229:B8988,\"=\"&B229,elmira!C229:C8988,\"=\"&C229)/1000000","v":33.468811199999998},{"$f":"Inputs!$R$39*elmira_dli!D229","v":23.428167839999997},{"$f":"MAX(0,Inputs!$F$25-E229)","v":0},{"$f":"F229/(3600*Inputs!#REF!/1000000)","v":{"$error":"#REF!"}}]
["2015-08-17",8,17,{"$f":"3600*SUMIFS(elmira!U230:U8989,elmira!B230:B8989,\"=\"&B230,elmira!C230:C8989,\"=\"&C230)/1000000","v":42.082108199999993},{"$f":"Inputs!$R$39*elmira_dli!D230","v":29.457475739999992},{"$f":"MAX(0,Inputs!$F$25-E230)","v":0},{"$f":"F230/(3600*Inputs!#REF!/1000000)","v":{"$error":"#REF!"}}]
["2015-08-18",8,18,{"$f":"3600*SUMIFS(elmira!U231:U8990,elmira!B231:B8990,\"=\"&B231,elmira!C231:C8990,\"=\"&C231)/1000000","v":30.94821},{"$f":"Inputs!$R$39*elmira_dli!D231","v":21.663746999999997},{"$f":"MAX(0,Inputs!$F$25-E231)","v":0},{"$f":"F231/(3600*Inputs!#REF!/1000000)","v":{"$error":"#REF!"}}]
["2015-08-19",8,19,{"$f":"3600*SUMIFS(elmira!U232:U8991,elmira!B232:B8991,\"=\"&B232,elmira!C232:C8991,\"=\"&C232)/1000000","v":24.713823599999998},{"$f":"Inputs!$R$39*elmira_dli!D232","v":17.299676519999998},{"$f":"MAX(0,Inputs!$F$25-E232)","v":0},{"$f":"F232/(3600*Inputs!#REF!/1000000)","v":{"$error":"#REF!"}}]
["2015-08-20",8,20,{"$f":"3600*SUMIFS(elmira!U233:U8992,elmira!B233:B8992,\"=\"&B233,elmira!C233:C8992,\"=\"&C233)/1000000","v":17.457773400000001},{"$f":"Inputs!$R$39*elmira_dli!D233","v":12.22044138},{"$f":"MAX(0,Inputs!$F$25-E233)","v":0},{"$f":"F233/(3600*Inputs!#REF!/1000000)","v":{"$error":"#REF!"}}]
["2015-08-21",8,21,{"$f":"3600*SUMIFS(elmira!U234:U8993,elmira!B234:B8993,\"=\"&B234,elmira!C234:C8993,\"=\"&C234)/1000000","v":20.179724400000001},{"$f":"Inputs!$R$39*elmira_dli!D234","v":14.12580708},{"$f":"MAX(0,Inputs!$F$25-E234)","v":0},{"$f":"F234/(3600*Inputs!#REF!/1000000)","v":{"$error":"#REF!"}}]
["2015-08-22",8,22,{"$f":"3600*SUMIFS(elmira!U235:U8994,elmira!B235:B8994,\"=\"&B235,elmira!C235:C8994,\"=\"&C235)/1000000","v":48.831055199999987},{"$f":"Inputs!$R$39*elmira_dli!D235","v":34.181738639999992},{"$f":"MAX(0,Inputs!$F$25-E235)","v":0},{"$f":"F235/(3600*Inputs!#REF!/1000000)","v":{"$error":"#REF!"}}]
["2015-08-23",8,23,{"$f":"3600*SUMIFS(elmira!U236:U8995,elmira!B236:B8995,\"=\"&B236,elmira!C236:C8995,\"=\"&C236)/1000000","v":39.762856799999994},{"$f":"Inputs!$R$39*elmira_dli!D236","v":27.833999759999994},{"$f":"MAX(0,Inputs!$F$25-E236)","v":0},{"$f":"F236/(3600*Inputs!#REF!/1000000)","v":{"$error":"#REF!"}}]
["2015-08-24",8,24,{"$f":"3600*SUMIFS(elmira!U237:U8996,elmira!B237:B8996,\"=\"&B237,elmira!C237:C8996,\"=\"&C237)/1000000","v":25.384989599999997},{"$f":"Inputs!$R$39*elmira_dli!D237","v":17.769492719999995},{"$f":"MAX(0,Inputs!$F$25-E237)","v":0},{"$f":"F237/(3600*Inputs!#REF!/1000000)","v":{"$error":"#REF!"}}]
["2015-08-25",8,25,{"$f":"3600*SUMIFS(elmira!U238:U8997,elmira!B238:B8997,\"=\"&B238,elmira!C238:C8997,\"=\"&C238)/1000000","v":32.581380600000003},{"$f":"Inputs!$R$39*elmira_dli!D238","v":22.806966420000002},{"$f":"MAX(0,Inputs!$F$25-E238)","v":0},{"$f":"F238/(3600*Inputs!#REF!/1000000)","v":{"$error":"#REF!"}}]
["2015-08-26",8,26,{"$f":"3600*SUMIFS(elmira!U239:U8998,elmira!B239:B8998,\"=\"&B239,elmira!C239:C8998,\"=\"&C239)/1000000","v":38.09985660000001},{"$f":"Inputs!$R$39*elmira_dli!D239","v":26.669899620000006},{"$f":"MAX(0,Inputs!$F$25-E239)","v":0},{"$f":"F239/(3600*Inputs!#REF!/1000000)","v":{"$error":"#REF!"}}]
["2015-08-27",8,27,{"$f":"3600*SUMIFS(elmira!U240:U8999,elmira!B240:B8999,\"=\"&B240,elmira!C240:C8999,\"=\"&C240)/1000000","v":41.299081199999996},{"$f":"Inputs!$R$39*elmira_dli!D240","v":28.909356839999994},{"$f":"MAX(0,Inputs!$F$25-E240)","v":0},{"$f":"F240/(3600*Inputs!#REF!/1000000)","v":{"$error":"#REF!"}}]
["2015-08-28",8,28,{"$f":"3600*SUMIFS(elmira!U241:U9000,elmira!B241:B9000,\"=\"&B241,elmira!C241:C9000,\"=\"&C241)/1000000","v":27.420859800000002},{"$f":"Inputs!$R$39*elmira_dli!D241","v":19.194601859999999},{"$f":"MAX(0,Inputs!$F$25-E241)","v":0},{"$f":"F241/(3600*Inputs!#REF!/1000000)","v":{"$error":"#REF!"}}]
["2015-08-29",8,29,{"$f":"3600*SUMIFS(elmira!U242:U9001,elmira!B242:B9001,\"=\"&B242,elmira!C242:C9001,\"=\"&C242)/1000000","v":33.9833718},{"$f":"Inputs!$R$39*elmira_dli!D242","v":23.788360259999997},{"$f":"MAX(0,Inputs!$F$25-E242)","v":0},{"$f":"F242/(3600*Inputs!#REF!/1000000)","v":{"$error":"#REF!"}}]
["2015-08-30",8,30,{"$f":"3600*SUMIFS(elmira!U243:U9002,elmira!B243:B9002,\"=\"&B243,elmira!C243:C9002,\"=\"&C243)/1000000","v":10.2091806},{"$f":"Inputs!$R$39*elmira_dli!D243","v":7.1464264199999992},{"$f":"MAX(0,Inputs!$F$25-E243)","v":0},{"$f":"F243/(3600*Inputs!#REF!/1000000)","v":{"$error":"#REF!"}}]
["2015-08-31",8,31,{"$f":"3600*SUMIFS(elmira!U244:U9003,elmira!B244:B9003,\"=\"&B244,elmira!C244:C9003,\"=\"&C244)/1000000","v":37.115479799999996},{"$f":"Inputs!$R$39*elmira_dli!D244","v":25.980835859999996},{"$f":"MAX(0,Inputs!$F$25-E244)","v":0},{"$f":"F244/(3600*Inputs!#REF!/1000000)","v":{"$error":"#REF!"}}]
["2015-09-01",9,1,{"$f":"3600*SUMIFS(elmira!U245:U9004,elmira!B245:B9004,\"=\"&B245,elmira!C245:C9004,\"=\"&C245)/1000000","v":23.654872799999996},{"$f":"Inputs!$R$39*elmira_dli!D245","v":16.558410959999996},{"$f":"MAX(0,Inputs!$F$25-E245)","v":0},{"$f":"F245/(3600*Inputs!#REF!/1000000)","v":{"$error":"#REF!"}}]
["2015-09-02",9,2,{"$f":"3600*SUMIFS(elmira!U246:U9005,elmira!B246:B9005,\"=\"&B246,elmira!C246:C9005,\"=\"&C246)/1000000","v":27.428317199999999},{"$f":"Inputs!$R$39*elmira_dli!D246","v":19.199822039999997},{"$f":"MAX(0,Inputs!$F$25-E246)","v":0},{"$f":"F246/(3600*Inputs!#REF!/1000000)","v":{"$error":"#REF!"}}]
["2015-09-03",9,3,{"$f":"3600*SUMIFS(elmira!U247:U9006,elmira!B247:B9006,\"=\"&B247,elmira!C247:C9006,\"=\"&C247)/1000000","v":26.958500999999998},{"$f":"Inputs!$R$39*elmira_dli!D247","v":18.870950699999998},{"$f":"MAX(0,Inputs!$F$25-E247)","v":0},{"$f":"F247/(3600*Inputs!#REF!/1000000)","v":{"$error":"#REF!"}}]
["2015-09-04",9,4,{"$f":"3600*SUMIFS(elmira!U248:U9007,elmira!B248:B9007,\"=\"&B248,elmira!C248:C9007,\"=\"&C248)/1000000","v":37.637497800000006},{"$f":"Inputs!$R$39*elmira_dli!D248","v":26.346248460000002},{"$f":"MAX(0,Inputs!$F$25-E248)","v":0},{"$f":"F248/(3600*Inputs!#REF!/1000000)","v":{"$error":"#REF!"}}]
["2015-09-05",9,5,{"$f":"3600*SUMIFS(elmira!U249:U9008,elmira!B249:B9008,\"=\"&B249,elmira!C249:C9008,\"=\"&C249)/1000000","v":42.365489400000001},{"$f":"Inputs!$R$39*elmira_dli!D249","v":29.655842579999998},{"$f":"MAX(0,Inputs!$F$25-E249)","v":0},{"$f":"F249/(3600*Inputs!#REF!/1000000)","v":{"$error":"#REF!"}}]
["2015-09-06",9,6,{"$f":"3600*SUMIFS(elmira!U250:U9009,elmira!B250:B9009,\"=\"&B250,elmira!C250:C9009,\"=\"&C250)/1000000","v":23.4684378},{"$f":"Inputs!$R$39*elmira_dli!D250","v":16.427906459999999},{"$f":"MAX(0,Inputs!$F$25-E250)","v":0},{"$f":"F250/(3600*Inputs!#REF!/1000000)","v":{"$error":"#REF!"}}]
["2015-09-07",9,7,{"$f":"3600*SUMIFS(elmira!U251:U9010,elmira!B251:B9010,\"=\"&B251,elmira!C251:C9010,\"=\"&C251)/1000000","v":24.825684599999999},{"$f":"Inputs!$R$39*elmira_dli!D251","v":17.377979219999997},{"$f":"MAX(0,Inputs!$F$25-E251)","v":0},{"$f":"F251/(3600*Inputs!#REF!/1000000)","v":{"$error":"#REF!"}}]
["2015-09-08",9,8,{"$f":"3600*SUMIFS(elmira!U252:U9011,elmira!B252:B9011,\"=\"&B252,elmira!C252:C9011,\"=\"&C252)/1000000","v":43.588503000000003},{"$f":"Inputs!$R$39*elmira_dli!D252","v":30.511952099999998},{"$f":"MAX(0,Inputs!$F$25-E252)","v":0},{"$f":"F252/(3600*Inputs!#REF!/1000000)","v":{"$error":"#REF!"}}]
["2015-09-09",9,9,{"$f":"3600*SUMIFS(elmira!U253:U9012,elmira!B253:B9012,\"=\"&B253,elmira!C253:C9012,\"=\"&C253)/1000000","v":38.8455966},{"$f":"Inputs!$R$39*elmira_dli!D253","v":27.191917619999998},{"$f":"MAX(0,Inputs!$F$25-E253)","v":0},{"$f":"F253/(3600*Inputs!#REF!/1000000)","v":{"$error":"#REF!"}}]
["2015-09-10",9,10,{"$f":"3600*SUMIFS(elmira!U254:U9013,elmira!B254:B9013,\"=\"&B254,elmira!C254:C9013,\"=\"&C254)/1000000","v":36.533802599999987},{"$f":"Inputs!$R$39*elmira_dli!D254","v":25.573661819999991},{"$f":"MAX(0,Inputs!$F$25-E254)","v":0},{"$f":"F254/(3600*Inputs!#REF!/1000000)","v":{"$error":"#REF!"}}]
["2015-09-11",9,11,{"$f":"3600*SUMIFS(elmira!U255:U9014,elmira!B255:B9014,\"=\"&B255,elmira!C255:C9014,\"=\"&C255)/1000000","v":17.9947062},{"$f":"Inputs!$R$39*elmira_dli!D255","v":12.596294339999998},{"$f":"MAX(0,Inputs!$F$25-E255)","v":0},{"$f":"F255/(3600*Inputs!#REF!/1000000)","v":{"$error":"#REF!"}}]
["2015-09-12",9,12,{"$f":"3600*SUMIFS(elmira!U256:U9015,elmira!B256:B9015,\"=\"&B256,elmira!C256:C9015,\"=\"&C256)/1000000","v":30.306873599999989},{"$f":"Inputs!$R$39*elmira_dli!D256","v":21.214811519999991},{"$f":"MAX(0,Inputs!$F$25-E256)","v":0},{"$f":"F256/(3600*Inputs!#REF!/1000000)","v":{"$error":"#REF!"}}]
["2015-09-13",9,13,{"$f":"3600*SUMIFS(elmira!U257:U9016,elmira!B257:B9016,\"=\"&B257,elmira!C257:C9016,\"=\"&C257)/1000000","v":28.420151399999998},{"$f":"Inputs!$R$39*elmira_dli!D257","v":19.894105979999999},{"$f":"MAX(0,Inputs!$F$25-E257)","v":0},{"$f":"F257/(3600*Inputs!#REF!/1000000)","v":{"$error":"#REF!"}}]
["2015-09-14",9,14,{"$f":"3600*SUMIFS(elmira!U258:U9017,elmira!B258:B9017,\"=\"&B258,elmira!C258:C9017,\"=\"&C258)/1000000","v":14.206346999999999},{"$f":"Inputs!$R$39*elmira_dli!D258","v":9.9444428999999985},{"$f":"MAX(0,Inputs!$F$25-E258)","v":0},{"$f":"F258/(3600*Inputs!#REF!/1000000)","v":{"$error":"#REF!"}}]
["2015-09-15",{"$f":"MONTH(A259)","v":9},{"$f":"DAY(A259)","v":15},{"$f":"3600*SUMIFS(elmira!U259:U9018,elmira!B259:B9018,\"=\"&B259,elmira!C259:C9018,\"=\"&C259)/1000000","v":17.114732999999994},{"$f":"Inputs!$R$39*elmira_dli!D259","v":11.980313099999995},{"$f":"MAX(0,Inputs!$F$25-E259)","v":0},{"$f":"F259/(3600*Inputs!#REF!/1000000)","v":{"$error":"#REF!"}}]
["2015-09-16",9,16,{"$f":"3600*SUMIFS(elmira!U260:U9019,elmira!B260:B9019,\"=\"&B260,elmira!C260:C9019,\"=\"&C260)/1000000","v":29.270295000000001},{"$f":"Inputs!$R$39*elmira_dli!D260","v":20.489206499999998},{"$f":"MAX(0,Inputs!$F$25-E260)","v":0},{"$f":"F260/(3600*Inputs!#REF!/1000000)","v":{"$error":"#REF!"}}]
["2015-09-17",9,17,{"$f":"3600*SUMIFS(elmira!U261:U9020,elmira!B261:B9020,\"=\"&B261,elmira!C261:C9020,\"=\"&C261)/1000000","v":12.737239199999999},{"$f":"Inputs!$R$39*elmira_dli!D261","v":8.9160674399999991},{"$f":"MAX(0,Inputs!$F$25-E261)","v":0},{"$f":"F261/(3600*Inputs!#REF!/1000000)","v":{"$error":"#REF!"}}]
["2015-09-18",9,18,{"$f":"3600*SUMIFS(elmira!U262:U9021,elmira!B262:B9021,\"=\"&B262,elmira!C262:C9021,\"=\"&C262)/1000000","v":36.891757799999993},{"$f":"Inputs!$R$39*elmira_dli!D262","v":25.824230459999995},{"$f":"MAX(0,Inputs!$F$25-E262)","v":0},{"$f":"F262/(3600*Inputs!#REF!/1000000)","v":{"$error":"#REF!"}}]
["2015-09-19",9,19,{"$f":"3600*SUMIFS(elmira!U263:U9022,elmira!B263:B9022,\"=\"&B263,elmira!C263:C9022,\"=\"&C263)/1000000","v":35.027407800000006},{"$f":"Inputs!$R$39*elmira_dli!D263","v":24.519185460000003},{"$f":"MAX(0,Inputs!$F$25-E263)","v":0},{"$f":"F263/(3600*Inputs!#REF!/1000000)","v":{"$error":"#REF!"}}]
["2015-09-20",9,20,{"$f":"3600*SUMIFS(elmira!U264:U9023,elmira!B264:B9023,\"=\"&B264,elmira!C264:C9023,\"=\"&C264)/1000000","v":40.292332200000004},{"$f":"Inputs!$R$39*elmira_dli!D264","v":28.204632540000002},{"$f":"MAX(0,Inputs!$F$25-E264)","v":0},{"$f":"F264/(3600*Inputs!#REF!/1000000)","v":{"$error":"#REF!"}}]
["2015-09-21",9,21,{"$f":"3600*SUMIFS(elmira!U265:U9024,elmira!B265:B9024,\"=\"&B265,elmira!C265:C9024,\"=\"&C265)/1000000","v":30.321788399999999},{"$f":"Inputs!$R$39*elmira_dli!D265","v":21.225251879999998},{"$f":"MAX(0,Inputs!$F$25-E265)","v":0},{"$f":"F265/(3600*Inputs!#REF!/1000000)","v":{"$error":"#REF!"}}]
["2015-09-22",9,22,{"$f":"3600*SUMIFS(elmira!U266:U9025,elmira!B266:B9025,\"=\"&B266,elmira!C266:C9025,\"=\"&C266)/1000000","v":15.295127400000002},{"$f":"Inputs!$R$39*elmira_dli!D266","v":10.70658918},{"$f":"MAX(0,Inputs!$F$25-E266)","v":0},{"$f":"F266/(3600*Inputs!#REF!/1000000)","v":{"$error":"#REF!"}}]
["2015-09-23",9,23,{"$f":"3600*SUMIFS(elmira!U267:U9026,elmira!B267:B9026,\"=\"&B267,elmira!C267:C9026,\"=\"&C267)/1000000","v":11.566427399999998},{"$f":"Inputs!$R$39*elmira_dli!D267","v":8.0964991799999986},{"$f":"MAX(0,Inputs!$F$25-E267)","v":0},{"$f":"F267/(3600*Inputs!#REF!/1000000)","v":{"$error":"#REF!"}}]
["2015-09-24",9,24,{"$f":"3600*SUMIFS(elmira!U268:U9027,elmira!B268:B9027,\"=\"&B268,elmira!C268:C9027,\"=\"&C268)/1000000","v":11.976584399999997},{"$f":"Inputs!$R$39*elmira_dli!D268","v":8.3836090799999976},{"$f":"MAX(0,Inputs!$F$25-E268)","v":0},{"$f":"F268/(3600*Inputs!#REF!/1000000)","v":{"$error":"#REF!"}}]
["2015-09-25",9,25,{"$f":"3600*SUMIFS(elmira!U269:U9028,elmira!B269:B9028,\"=\"&B269,elmira!C269:C9028,\"=\"&C269)/1000000","v":10.656624599999999},{"$f":"Inputs!$R$39*elmira_dli!D269","v":7.4596372199999985},{"$f":"MAX(0,Inputs!$F$25-E269)","v":0},{"$f":"F269/(3600*Inputs!#REF!/1000000)","v":{"$error":"#REF!"}}]
["2015-09-26",9,26,{"$f":"3600*SUMIFS(elmira!U270:U9029,elmira!B270:B9029,\"=\"&B270,elmira!C270:C9029,\"=\"&C270)/1000000","v":12.252508199999999},{"$f":"Inputs!$R$39*elmira_dli!D270","v":8.5767557399999994},{"$f":"MAX(0,Inputs!$F$25-E270)","v":0},{"$f":"F270/(3600*Inputs!#REF!/1000000)","v":{"$error":"#REF!"}}]
["2015-09-27",9,27,{"$f":"3600*SUMIFS(elmira!U271:U9030,elmira!B271:B9030,\"=\"&B271,elmira!C271:C9030,\"=\"&C271)/1000000","v":27.323913599999997},{"$f":"Inputs!$R$39*elmira_dli!D271","v":19.126739519999997},{"$f":"MAX(0,Inputs!$F$25-E271)","v":0},{"$f":"F271/(3600*Inputs!#REF!/1000000)","v":{"$error":"#REF!"}}]
["2015-09-28",9,28,{"$f":"3600*SUMIFS(elmira!U272:U9031,elmira!B272:B9031,\"=\"&B272,elmira!C272:C9031,\"=\"&C272)/1000000","v":11.163727799999998},{"$f":"Inputs!$R$39*elmira_dli!D272","v":7.814609459999998},{"$f":"MAX(0,Inputs!$F$25-E272)","v":0},{"$f":"F272/(3600*Inputs!#REF!/1000000)","v":{"$error":"#REF!"}}]
["2015-09-29",9,29,{"$f":"3600*SUMIFS(elmira!U273:U9032,elmira!B273:B9032,\"=\"&B273,elmira!C273:C9032,\"=\"&C273)/1000000","v":17.084903400000002},{"$f":"Inputs!$R$39*elmira_dli!D273","v":11.959432380000001},{"$f":"MAX(0,Inputs!$F$25-E273)","v":0},{"$f":"F273/(3600*Inputs!#REF!/1000000)","v":{"$error":"#REF!"}}]
["2015-09-30",9,30,{"$f":"3600*SUMIFS(elmira!U274:U9033,elmira!B274:B9033,\"=\"&B274,elmira!C274:C9033,\"=\"&C274)/1000000","v":23.677245000000003},{"$f":"Inputs!$R$39*elmira_dli!D274","v":16.574071500000002},{"$f":"MAX(0,Inputs!$F$25-E274)","v":0},{"$f":"F274/(3600*Inputs!#REF!/1000000)","v":{"$error":"#REF!"}}]
["2015-10-01",10,1,{"$f":"3600*SUMIFS(elmira!U275:U9034,elmira!B275:B9034,\"=\"&B275,elmira!C275:C9034,\"=\"&C275)/1000000","v":36.802269000000003},{"$f":"Inputs!$R$39*elmira_dli!D275","v":25.7615883},{"$f":"MAX(0,Inputs!$F$25-E275)","v":0},{"$f":"F275/(3600*Inputs!#REF!/1000000)","v":{"$error":"#REF!"}}]
["2015-10-02",10,2,{"$f":"3600*SUMIFS(elmira!U276:U9035,elmira!B276:B9035,\"=\"&B276,elmira!C276:C9035,\"=\"&C276)/1000000","v":9.2397186000000016},{"$f":"Inputs!$R$39*elmira_dli!D276","v":6.4678030200000007},{"$f":"MAX(0,Inputs!$F$25-E276)","v":0},{"$f":"F276/(3600*Inputs!#REF!/1000000)","v":{"$error":"#REF!"}}]
["2015-10-03",10,3,{"$f":"3600*SUMIFS(elmira!U277:U9036,elmira!B277:B9036,\"=\"&B277,elmira!C277:C9036,\"=\"&C277)/1000000","v":35.362990799999999},{"$f":"Inputs!$R$39*elmira_dli!D277","v":24.754093559999998},{"$f":"MAX(0,Inputs!$F$25-E277)","v":0},{"$f":"F277/(3600*Inputs!#REF!/1000000)","v":{"$error":"#REF!"}}]
["2015-10-04",10,4,{"$f":"3600*SUMIFS(elmira!U278:U9037,elmira!B278:B9037,\"=\"&B278,elmira!C278:C9037,\"=\"&C278)/1000000","v":26.048698199999997},{"$f":"Inputs!$R$39*elmira_dli!D278","v":18.234088739999997},{"$f":"MAX(0,Inputs!$F$25-E278)","v":0},{"$f":"F278/(3600*Inputs!#REF!/1000000)","v":{"$error":"#REF!"}}]
["2015-10-05",10,5,{"$f":"3600*SUMIFS(elmira!U279:U9038,elmira!B279:B9038,\"=\"&B279,elmira!C279:C9038,\"=\"&C279)/1000000","v":23.945711399999997},{"$f":"Inputs!$R$39*elmira_dli!D279","v":16.761997979999997},{"$f":"MAX(0,Inputs!$F$25-E279)","v":0},{"$f":"F279/(3600*Inputs!#REF!/1000000)","v":{"$error":"#REF!"}}]
["2015-10-06",10,6,{"$f":"3600*SUMIFS(elmira!U280:U9039,elmira!B280:B9039,\"=\"&B280,elmira!C280:C9039,\"=\"&C280)/1000000","v":34.132519799999997},{"$f":"Inputs!$R$39*elmira_dli!D280","v":23.892763859999995},{"$f":"MAX(0,Inputs!$F$25-E280)","v":0},{"$f":"F280/(3600*Inputs!#REF!/1000000)","v":{"$error":"#REF!"}}]
["2015-10-07",10,7,{"$f":"3600*SUMIFS(elmira!U281:U9040,elmira!B281:B9040,\"=\"&B281,elmira!C281:C9040,\"=\"&C281)/1000000","v":34.214551199999995},{"$f":"Inputs!$R$39*elmira_dli!D281","v":23.950185839999996},{"$f":"MAX(0,Inputs!$F$25-E281)","v":0},{"$f":"F281/(3600*Inputs!#REF!/1000000)","v":{"$error":"#REF!"}}]
["2015-10-08",10,8,{"$f":"3600*SUMIFS(elmira!U282:U9041,elmira!B282:B9041,\"=\"&B282,elmira!C282:C9041,\"=\"&C282)/1000000","v":30.679743599999998},{"$f":"Inputs!$R$39*elmira_dli!D282","v":21.475820519999999},{"$f":"MAX(0,Inputs!$F$25-E282)","v":0},{"$f":"F282/(3600*Inputs!#REF!/1000000)","v":{"$error":"#REF!"}}]
["2015-10-09",10,9,{"$f":"3600*SUMIFS(elmira!U283:U9042,elmira!B283:B9042,\"=\"&B283,elmira!C283:C9042,\"=\"&C283)/1000000","v":13.721615999999999},{"$f":"Inputs!$R$39*elmira_dli!D283","v":9.6051311999999989},{"$f":"MAX(0,Inputs!$F$25-E283)","v":0},{"$f":"F283/(3600*Inputs!#REF!/1000000)","v":{"$error":"#REF!"}}]
["2015-10-10",10,10,{"$f":"3600*SUMIFS(elmira!U284:U9043,elmira!B284:B9043,\"=\"&B284,elmira!C284:C9043,\"=\"&C284)/1000000","v":7.129274399999999},{"$f":"Inputs!$R$39*elmira_dli!D284","v":4.9904920799999992},{"$f":"MAX(0,Inputs!$F$25-E284)","v":0},{"$f":"F284/(3600*Inputs!#REF!/1000000)","v":{"$error":"#REF!"}}]
["2015-10-11",10,11,{"$f":"3600*SUMIFS(elmira!U285:U9044,elmira!B285:B9044,\"=\"&B285,elmira!C285:C9044,\"=\"&C285)/1000000","v":9.8586827999999986},{"$f":"Inputs!$R$39*elmira_dli!D285","v":6.9010779599999985},{"$f":"MAX(0,Inputs!$F$25-E285)","v":0},{"$f":"F285/(3600*Inputs!#REF!/1000000)","v":{"$error":"#REF!"}}]
["2015-10-12",10,12,{"$f":"3600*SUMIFS(elmira!U286:U9045,elmira!B286:B9045,\"=\"&B286,elmira!C286:C9045,\"=\"&C286)/1000000","v":25.4148192},{"$f":"Inputs!$R$39*elmira_dli!D286","v":17.79037344},{"$f":"MAX(0,Inputs!$F$25-E286)","v":0},{"$f":"F286/(3600*Inputs!#REF!/1000000)","v":{"$error":"#REF!"}}]
["2015-10-13",10,13,{"$f":"3600*SUMIFS(elmira!U287:U9046,elmira!B287:B9046,\"=\"&B287,elmira!C287:C9046,\"=\"&C287)/1000000","v":22.312540799999997},{"$f":"Inputs!$R$39*elmira_dli!D287","v":15.618778559999997},{"$f":"MAX(0,Inputs!$F$25-E287)","v":0},{"$f":"F287/(3600*Inputs!#REF!/1000000)","v":{"$error":"#REF!"}}]
["2015-10-14",10,14,{"$f":"3600*SUMIFS(elmira!U288:U9047,elmira!B288:B9047,\"=\"&B288,elmira!C288:C9047,\"=\"&C288)/1000000","v":7.8750143999999995},{"$f":"Inputs!$R$39*elmira_dli!D288","v":5.5125100799999993},{"$f":"MAX(0,Inputs!$F$25-E288)","v":0},{"$f":"F288/(3600*Inputs!#REF!/1000000)","v":{"$error":"#REF!"}}]
["2015-10-15",10,15,{"$f":"3600*SUMIFS(elmira!U289:U9048,elmira!B289:B9048,\"=\"&B289,elmira!C289:C9048,\"=\"&C289)/1000000","v":5.5855925999999991},{"$f":"Inputs!$R$39*elmira_dli!D289","v":3.9099148199999991},{"$f":"MAX(0,Inputs!$F$25-E289)","v":0},{"$f":"F289/(3600*Inputs!#REF!/1000000)","v":{"$error":"#REF!"}}]
["2015-10-16",10,16,{"$f":"3600*SUMIFS(elmira!U290:U9049,elmira!B290:B9049,\"=\"&B290,elmira!C290:C9049,\"=\"&C290)/1000000","v":11.335248},{"$f":"Inputs!$R$39*elmira_dli!D290","v":7.9346735999999991},{"$f":"MAX(0,Inputs!$F$25-E290)","v":0},{"$f":"F290/(3600*Inputs!#REF!/1000000)","v":{"$error":"#REF!"}}]
["2015-10-17",10,17,{"$f":"3600*SUMIFS(elmira!U291:U9050,elmira!B291:B9050,\"=\"&B291,elmira!C291:C9050,\"=\"&C291)/1000000","v":6.9652115999999991},{"$f":"Inputs!$R$39*elmira_dli!D291","v":4.8756481199999993},{"$f":"MAX(0,Inputs!$F$25-E291)","v":0},{"$f":"F291/(3600*Inputs!#REF!/1000000)","v":{"$error":"#REF!"}}]
["2015-10-18",10,18,{"$f":"3600*SUMIFS(elmira!U292:U9051,elmira!B292:B9051,\"=\"&B292,elmira!C292:C9051,\"=\"&C292)/1000000","v":9.7691940000000006},{"$f":"Inputs!$R$39*elmira_dli!D292","v":6.8384358000000001},{"$f":"MAX(0,Inputs!$F$25-E292)","v":0},{"$f":"F292/(3600*Inputs!#REF!/1000000)","v":{"$error":"#REF!"}}]
["2015-10-19",10,19,{"$f":"3600*SUMIFS(elmira!U293:U9052,elmira!B293:B9052,\"=\"&B293,elmira!C293:C9052,\"=\"&C293)/1000000","v":5.9360904000000003},{"$f":"Inputs!$R$39*elmira_dli!D293","v":4.1552632799999998},{"$f":"MAX(0,Inputs!$F$25-E293)","v":0},{"$f":"F293/(3600*Inputs!#REF!/1000000)","v":{"$error":"#REF!"}}]
["2015-10-20",10,20,{"$f":"3600*SUMIFS(elmira!U294:U9053,elmira!B294:B9053,\"=\"&B294,elmira!C294:C9053,\"=\"&C294)/1000000","v":5.906260800000001},{"$f":"Inputs!$R$39*elmira_dli!D294","v":4.1343825600000006},{"$f":"MAX(0,Inputs!$F$25-E294)","v":0},{"$f":"F294/(3600*Inputs!#REF!/1000000)","v":{"$error":"#REF!"}}]
["2015-10-21",10,21,{"$f":"3600*SUMIFS(elmira!U295:U9054,elmira!B295:B9054,\"=\"&B295,elmira!C295:C9054,\"=\"&C295)/1000000","v":5.4811889999999996},{"$f":"Inputs!$R$39*elmira_dli!D295","v":3.8368322999999993},{"$f":"MAX(0,Inputs!$F$25-E295)","v":0},{"$f":"F295/(3600*Inputs!#REF!/1000000)","v":{"$error":"#REF!"}}]
["2015-10-22",10,22,{"$f":"3600*SUMIFS(elmira!U296:U9055,elmira!B296:B9055,\"=\"&B296,elmira!C296:C9055,\"=\"&C296)/1000000","v":8.777359800000001},{"$f":"Inputs!$R$39*elmira_dli!D296","v":6.14415186},{"$f":"MAX(0,Inputs!$F$25-E296)","v":0},{"$f":"F296/(3600*Inputs!#REF!/1000000)","v":{"$error":"#REF!"}}]
["2015-10-23",10,23,{"$f":"3600*SUMIFS(elmira!U297:U9056,elmira!B297:B9056,\"=\"&B297,elmira!C297:C9056,\"=\"&C297)/1000000","v":23.289460200000001},{"$f":"Inputs!$R$39*elmira_dli!D297","v":16.30262214},{"$f":"MAX(0,Inputs!$F$25-E297)","v":0},{"$f":"F297/(3600*Inputs!#REF!/1000000)","v":{"$error":"#REF!"}}]
["2015-10-24",10,24,{"$f":"3600*SUMIFS(elmira!U298:U9057,elmira!B298:B9057,\"=\"&B298,elmira!C298:C9057,\"=\"&C298)/1000000","v":5.7943997999999999},{"$f":"Inputs!$R$39*elmira_dli!D298","v":4.0560798599999996},{"$f":"MAX(0,Inputs!$F$25-E298)","v":0},{"$f":"F298/(3600*Inputs!#REF!/1000000)","v":{"$error":"#REF!"}}]
["2015-10-25",10,25,{"$f":"3600*SUMIFS(elmira!U299:U9058,elmira!B299:B9058,\"=\"&B299,elmira!C299:C9058,\"=\"&C299)/1000000","v":7.778068199999999},{"$f":"Inputs!$R$39*elmira_dli!D299","v":5.4446477399999988},{"$f":"MAX(0,Inputs!$F$25-E299)","v":0},{"$f":"F299/(3600*Inputs!#REF!/1000000)","v":{"$error":"#REF!"}}]
["2015-10-26",10,26,{"$f":"3600*SUMIFS(elmira!U300:U9059,elmira!B300:B9059,\"=\"&B300,elmira!C300:C9059,\"=\"&C300)/1000000","v":10.410530400000001},{"$f":"Inputs!$R$39*elmira_dli!D300","v":7.2873712800000003},{"$f":"MAX(0,Inputs!$F$25-E300)","v":0},{"$f":"F300/(3600*Inputs!#REF!/1000000)","v":{"$error":"#REF!"}}]
["2015-10-27",10,27,{"$f":"3600*SUMIFS(elmira!U301:U9060,elmira!B301:B9060,\"=\"&B301,elmira!C301:C9060,\"=\"&C301)/1000000","v":14.094486},{"$f":"Inputs!$R$39*elmira_dli!D301","v":9.8661401999999985},{"$f":"MAX(0,Inputs!$F$25-E301)","v":0},{"$f":"F301/(3600*Inputs!#REF!/1000000)","v":{"$error":"#REF!"}}]
["2015-10-28",10,28,{"$f":"3600*SUMIFS(elmira!U302:U9061,elmira!B302:B9061,\"=\"&B302,elmira!C302:C9061,\"=\"&C302)/1000000","v":20.030576399999998},{"$f":"Inputs!$R$39*elmira_dli!D302","v":14.021403479999996},{"$f":"MAX(0,Inputs!$F$25-E302)","v":0},{"$f":"F302/(3600*Inputs!#REF!/1000000)","v":{"$error":"#REF!"}}]
["2015-10-29",10,29,{"$f":"3600*SUMIFS(elmira!U303:U9062,elmira!B303:B9062,\"=\"&B303,elmira!C303:C9062,\"=\"&C303)/1000000","v":16.764235199999998},{"$f":"Inputs!$R$39*elmira_dli!D303","v":11.734964639999998},{"$f":"MAX(0,Inputs!$F$25-E303)","v":0},{"$f":"F303/(3600*Inputs!#REF!/1000000)","v":{"$error":"#REF!"}}]
["2015-10-30",10,30,{"$f":"3600*SUMIFS(elmira!U304:U9063,elmira!B304:B9063,\"=\"&B304,elmira!C304:C9063,\"=\"&C304)/1000000","v":9.2919204000000004},{"$f":"Inputs!$R$39*elmira_dli!D304","v":6.5043442799999998},{"$f":"MAX(0,Inputs!$F$25-E304)","v":0},{"$f":"F304/(3600*Inputs!#REF!/1000000)","v":{"$error":"#REF!"}}]
["2015-10-31",10,31,{"$f":"3600*SUMIFS(elmira!U305:U9064,elmira!B305:B9064,\"=\"&B305,elmira!C305:C9064,\"=\"&C305)/1000000","v":8.0614494000000008},{"$f":"Inputs!$R$39*elmira_dli!D305","v":5.64301458},{"$f":"MAX(0,Inputs!$F$25-E305)","v":0},{"$f":"F305/(3600*Inputs!#REF!/1000000)","v":{"$error":"#REF!"}}]
["2015-11-01",11,1,{"$f":"3600*SUMIFS(elmira!U306:U9065,elmira!B306:B9065,\"=\"&B306,elmira!C306:C9065,\"=\"&C306)/1000000","v":18.278087400000004},{"$f":"Inputs!$R$39*elmira_dli!D306","v":12.794661180000002},{"$f":"MAX(0,Inputs!$F$25-E306)","v":0},{"$f":"F306/(3600*Inputs!#REF!/1000000)","v":{"$error":"#REF!"}}]
["2015-11-02",11,2,{"$f":"3600*SUMIFS(elmira!U307:U9066,elmira!B307:B9066,\"=\"&B307,elmira!C307:C9066,\"=\"&C307)/1000000","v":20.612253600000003},{"$f":"Inputs!$R$39*elmira_dli!D307","v":14.428577520000001},{"$f":"MAX(0,Inputs!$F$25-E307)","v":0},{"$f":"F307/(3600*Inputs!#REF!/1000000)","v":{"$error":"#REF!"}}]
["2015-11-03",11,3,{"$f":"3600*SUMIFS(elmira!U308:U9067,elmira!B308:B9067,\"=\"&B308,elmira!C308:C9067,\"=\"&C308)/1000000","v":23.356576799999999},{"$f":"Inputs!$R$39*elmira_dli!D308","v":16.349603759999997},{"$f":"MAX(0,Inputs!$F$25-E308)","v":0},{"$f":"F308/(3600*Inputs!#REF!/1000000)","v":{"$error":"#REF!"}}]
["2015-11-04",11,4,{"$f":"3600*SUMIFS(elmira!U309:U9068,elmira!B309:B9068,\"=\"&B309,elmira!C309:C9068,\"=\"&C309)/1000000","v":17.293710600000001},{"$f":"Inputs!$R$39*elmira_dli!D309","v":12.10559742},{"$f":"MAX(0,Inputs!$F$25-E309)","v":0},{"$f":"F309/(3600*Inputs!#REF!/1000000)","v":{"$error":"#REF!"}}]
["2015-11-05",11,5,{"$f":"3600*SUMIFS(elmira!U310:U9069,elmira!B310:B9069,\"=\"&B310,elmira!C310:C9069,\"=\"&C310)/1000000","v":17.413029000000002},{"$f":"Inputs!$R$39*elmira_dli!D310","v":12.189120300000001},{"$f":"MAX(0,Inputs!$F$25-E310)","v":0},{"$f":"F310/(3600*Inputs!#REF!/1000000)","v":{"$error":"#REF!"}}]
["2015-11-06",11,6,{"$f":"3600*SUMIFS(elmira!U311:U9070,elmira!B311:B9070,\"=\"&B311,elmira!C311:C9070,\"=\"&C311)/1000000","v":14.236176600000002},{"$f":"Inputs!$R$39*elmira_dli!D311","v":9.9653236200000013},{"$f":"MAX(0,Inputs!$F$25-E311)","v":0},{"$f":"F311/(3600*Inputs!#REF!/1000000)","v":{"$error":"#REF!"}}]
["2015-11-07",11,7,{"$f":"3600*SUMIFS(elmira!U312:U9071,elmira!B312:B9071,\"=\"&B312,elmira!C312:C9071,\"=\"&C312)/1000000","v":22.8420162},{"$f":"Inputs!$R$39*elmira_dli!D312","v":15.989411339999998},{"$f":"MAX(0,Inputs!$F$25-E312)","v":0},{"$f":"F312/(3600*Inputs!#REF!/1000000)","v":{"$error":"#REF!"}}]
["2015-11-08",11,8,{"$f":"3600*SUMIFS(elmira!U313:U9072,elmira!B313:B9072,\"=\"&B313,elmira!C313:C9072,\"=\"&C313)/1000000","v":15.817145400000001},{"$f":"Inputs!$R$39*elmira_dli!D313","v":11.072001780000001},{"$f":"MAX(0,Inputs!$F$25-E313)","v":0},{"$f":"F313/(3600*Inputs!#REF!/1000000)","v":{"$error":"#REF!"}}]
["2015-11-09",11,9,{"$f":"3600*SUMIFS(elmira!U314:U9073,elmira!B314:B9073,\"=\"&B314,elmira!C314:C9073,\"=\"&C314)/1000000","v":4.2059735999999992},{"$f":"Inputs!$R$39*elmira_dli!D314","v":2.9441815199999994},{"$f":"MAX(0,Inputs!$F$25-E314)","v":0},{"$f":"F314/(3600*Inputs!#REF!/1000000)","v":{"$error":"#REF!"}}]
["2015-11-10",11,10,{"$f":"3600*SUMIFS(elmira!U315:U9074,elmira!B315:B9074,\"=\"&B315,elmira!C315:C9074,\"=\"&C315)/1000000","v":7.1069021999999986},{"$f":"Inputs!$R$39*elmira_dli!D315","v":4.9748315399999985},{"$f":"MAX(0,Inputs!$F$25-E315)","v":0},{"$f":"F315/(3600*Inputs!#REF!/1000000)","v":{"$error":"#REF!"}}]
["2015-11-11",11,11,{"$f":"3600*SUMIFS(elmira!U316:U9075,elmira!B316:B9075,\"=\"&B316,elmira!C316:C9075,\"=\"&C316)/1000000","v":12.1406472},{"$f":"Inputs!$R$39*elmira_dli!D316","v":8.4984530399999993},{"$f":"MAX(0,Inputs!$F$25-E316)","v":0},{"$f":"F316/(3600*Inputs!#REF!/1000000)","v":{"$error":"#REF!"}}]
["2015-11-12",11,12,{"$f":"3600*SUMIFS(elmira!U317:U9076,elmira!B317:B9076,\"=\"&B317,elmira!C317:C9076,\"=\"&C317)/1000000","v":20.739029400000003},{"$f":"Inputs!$R$39*elmira_dli!D317","v":14.517320580000002},{"$f":"MAX(0,Inputs!$F$25-E317)","v":0},{"$f":"F317/(3600*Inputs!#REF!/1000000)","v":{"$error":"#REF!"}}]
["2015-11-13",11,13,{"$f":"3600*SUMIFS(elmira!U318:U9077,elmira!B318:B9077,\"=\"&B318,elmira!C318:C9077,\"=\"&C318)/1000000","v":14.8849704},{"$f":"Inputs!$R$39*elmira_dli!D318","v":10.419479279999999},{"$f":"MAX(0,Inputs!$F$25-E318)","v":0},{"$f":"F318/(3600*Inputs!#REF!/1000000)","v":{"$error":"#REF!"}}]
["2015-11-14",11,14,{"$f":"3600*SUMIFS(elmira!U319:U9078,elmira!B319:B9078,\"=\"&B319,elmira!C319:C9078,\"=\"&C319)/1000000","v":20.045491200000001},{"$f":"Inputs!$R$39*elmira_dli!D319","v":14.031843839999999},{"$f":"MAX(0,Inputs!$F$25-E319)","v":0},{"$f":"F319/(3600*Inputs!#REF!/1000000)","v":{"$error":"#REF!"}}]
["2015-11-15",11,15,{"$f":"3600*SUMIFS(elmira!U320:U9079,elmira!B320:B9079,\"=\"&B320,elmira!C320:C9079,\"=\"&C320)/1000000","v":3.4975205999999996},{"$f":"Inputs!$R$39*elmira_dli!D320","v":2.4482644199999997},{"$f":"MAX(0,Inputs!$F$25-E320)","v":0},{"$f":"F320/(3600*Inputs!#REF!/1000000)","v":{"$error":"#REF!"}}]
["2015-11-16",11,16,{"$f":"3600*SUMIFS(elmira!U321:U9080,elmira!B321:B9080,\"=\"&B321,elmira!C321:C9080,\"=\"&C321)/1000000","v":3.8331036000000003},{"$f":"Inputs!$R$39*elmira_dli!D321","v":2.6831725199999998},{"$f":"MAX(0,Inputs!$F$25-E321)","v":0},{"$f":"F321/(3600*Inputs!#REF!/1000000)","v":{"$error":"#REF!"}}]
["2015-11-17",11,17,{"$f":"3600*SUMIFS(elmira!U322:U9081,elmira!B322:B9081,\"=\"&B322,elmira!C322:C9081,\"=\"&C322)/1000000","v":13.393490400000001},{"$f":"Inputs!$R$39*elmira_dli!D322","v":9.3754432800000007},{"$f":"MAX(0,Inputs!$F$25-E322)","v":0},{"$f":"F322/(3600*Inputs!#REF!/1000000)","v":{"$error":"#REF!"}}]
["2015-11-18",{"$f":"MONTH(A323)","v":11},{"$f":"DAY(A323)","v":18},{"$f":"3600*SUMIFS(elmira!U323:U9082,elmira!B323:B9082,\"=\"&B323,elmira!C323:C9082,\"=\"&C323)/1000000","v":10.1196918},{"$f":"Inputs!$R$39*elmira_dli!D323","v":7.0837842599999998},{"$f":"MAX(0,Inputs!$F$25-E323)","v":0},{"$f":"F323/(3600*Inputs!#REF!/1000000)","v":{"$error":"#REF!"}}]
["2015-11-19",11,19,{"$f":"3600*SUMIFS(elmira!U324:U9083,elmira!B324:B9083,\"=\"&B324,elmira!C324:C9083,\"=\"&C324)/1000000","v":16.726948200000002},{"$f":"Inputs!$R$39*elmira_dli!D324","v":11.708863740000002},{"$f":"MAX(0,Inputs!$F$25-E324)","v":0},{"$f":"F324/(3600*Inputs!#REF!/1000000)","v":{"$error":"#REF!"}}]
["2015-11-20",11,20,{"$f":"3600*SUMIFS(elmira!U325:U9084,elmira!B325:B9084,\"=\"&B325,elmira!C325:C9084,\"=\"&C325)/1000000","v":18.695701800000002},{"$f":"Inputs!$R$39*elmira_dli!D325","v":13.086991260000001},{"$f":"MAX(0,Inputs!$F$25-E325)","v":0},{"$f":"F325/(3600*Inputs!#REF!/1000000)","v":{"$error":"#REF!"}}]
["2015-11-21",11,21,{"$f":"3600*SUMIFS(elmira!U326:U9085,elmira!B326:B9085,\"=\"&B326,elmira!C326:C9085,\"=\"&C326)/1000000","v":15.175809000000001},{"$f":"Inputs!$R$39*elmira_dli!D326","v":10.6230663},{"$f":"MAX(0,Inputs!$F$25-E326)","v":0},{"$f":"F326/(3600*Inputs!#REF!/1000000)","v":{"$error":"#REF!"}}]
["2015-11-22",11,22,{"$f":"3600*SUMIFS(elmira!U327:U9086,elmira!B327:B9086,\"=\"&B327,elmira!C327:C9086,\"=\"&C327)/1000000","v":6.0703236},{"$f":"Inputs!$R$39*elmira_dli!D327","v":4.2492265199999997},{"$f":"MAX(0,Inputs!$F$25-E327)","v":0},{"$f":"F327/(3600*Inputs!#REF!/1000000)","v":{"$error":"#REF!"}}]
["2015-11-23",11,23,{"$f":"3600*SUMIFS(elmira!U328:U9087,elmira!B328:B9087,\"=\"&B328,elmira!C328:C9087,\"=\"&C328)/1000000","v":16.465939200000001},{"$f":"Inputs!$R$39*elmira_dli!D328","v":11.52615744},{"$f":"MAX(0,Inputs!$F$25-E328)","v":0},{"$f":"F328/(3600*Inputs!#REF!/1000000)","v":{"$error":"#REF!"}}]
["2015-11-24",11,24,{"$f":"3600*SUMIFS(elmira!U329:U9088,elmira!B329:B9088,\"=\"&B329,elmira!C329:C9088,\"=\"&C329)/1000000","v":12.513517199999997},{"$f":"Inputs!$R$39*elmira_dli!D329","v":8.7594620399999972},{"$f":"MAX(0,Inputs!$F$25-E329)","v":0},{"$f":"F329/(3600*Inputs!#REF!/1000000)","v":{"$error":"#REF!"}}]
["2015-11-25",11,25,{"$f":"3600*SUMIFS(elmira!U330:U9089,elmira!B330:B9089,\"=\"&B330,elmira!C330:C9089,\"=\"&C330)/1000000","v":14.817853799999998},{"$f":"Inputs!$R$39*elmira_dli!D330","v":10.372497659999999},{"$f":"MAX(0,Inputs!$F$25-E330)","v":0},{"$f":"F330/(3600*Inputs!#REF!/1000000)","v":{"$error":"#REF!"}}]
["2015-11-26",11,26,{"$f":"3600*SUMIFS(elmira!U331:U9090,elmira!B331:B9090,\"=\"&B331,elmira!C331:C9090,\"=\"&C331)/1000000","v":4.1910587999999995},{"$f":"Inputs!$R$39*elmira_dli!D331","v":2.9337411599999994},{"$f":"MAX(0,Inputs!$F$25-E331)","v":0},{"$f":"F331/(3600*Inputs!#REF!/1000000)","v":{"$error":"#REF!"}}]
["2015-11-27",11,27,{"$f":"3600*SUMIFS(elmira!U332:U9091,elmira!B332:B9091,\"=\"&B332,elmira!C332:C9091,\"=\"&C332)/1000000","v":10.343413799999999},{"$f":"Inputs!$R$39*elmira_dli!D332","v":7.2403896599999982},{"$f":"MAX(0,Inputs!$F$25-E332)","v":0},{"$f":"F332/(3600*Inputs!#REF!/1000000)","v":{"$error":"#REF!"}}]
["2015-11-28",11,28,{"$f":"3600*SUMIFS(elmira!U333:U9092,elmira!B333:B9092,\"=\"&B333,elmira!C333:C9092,\"=\"&C333)/1000000","v":5.5259333999999996},{"$f":"Inputs!$R$39*elmira_dli!D333","v":3.8681533799999994},{"$f":"MAX(0,Inputs!$F$25-E333)","v":0},{"$f":"F333/(3600*Inputs!#REF!/1000000)","v":{"$error":"#REF!"}}]
["2015-11-29",11,29,{"$f":"3600*SUMIFS(elmira!U334:U9093,elmira!B334:B9093,\"=\"&B334,elmira!C334:C9093,\"=\"&C334)/1000000","v":4.0120811999999999},{"$f":"Inputs!$R$39*elmira_dli!D334","v":2.8084568399999998},{"$f":"MAX(0,Inputs!$F$25-E334)","v":0},{"$f":"F334/(3600*Inputs!#REF!/1000000)","v":{"$error":"#REF!"}}]
["2015-11-30",11,30,{"$f":"3600*SUMIFS(elmira!U335:U9094,elmira!B335:B9094,\"=\"&B335,elmira!C335:C9094,\"=\"&C335)/1000000","v":5.9211755999999989},{"$f":"Inputs!$R$39*elmira_dli!D335","v":4.1448229199999993},{"$f":"MAX(0,Inputs!$F$25-E335)","v":0},{"$f":"F335/(3600*Inputs!#REF!/1000000)","v":{"$error":"#REF!"}}]
["2015-12-01",12,1,{"$f":"3600*SUMIFS(elmira!U336:U9095,elmira!B336:B9095,\"=\"&B336,elmira!C336:C9095,\"=\"&C336)/1000000","v":17.308625399999997},{"$f":"Inputs!$R$39*elmira_dli!D336","v":12.116037779999997},{"$f":"MAX(0,Inputs!$F$25-E336)","v":0},{"$f":"F336/(3600*Inputs!#REF!/1000000)","v":{"$error":"#REF!"}}]
["2015-12-02",12,2,{"$f":"3600*SUMIFS(elmira!U337:U9096,elmira!B337:B9096,\"=\"&B337,elmira!C337:C9096,\"=\"&C337)/1000000","v":9.8959697999999996},{"$f":"Inputs!$R$39*elmira_dli!D337","v":6.9271788599999997},{"$f":"MAX(0,Inputs!$F$25-E337)","v":0},{"$f":"F337/(3600*Inputs!#REF!/1000000)","v":{"$error":"#REF!"}}]
["2015-12-03",12,3,{"$f":"3600*SUMIFS(elmira!U338:U9097,elmira!B338:B9097,\"=\"&B338,elmira!C338:C9097,\"=\"&C338)/1000000","v":5.2276373999999999},{"$f":"Inputs!$R$39*elmira_dli!D338","v":3.6593461799999996},{"$f":"MAX(0,Inputs!$F$25-E338)","v":0},{"$f":"F338/(3600*Inputs!#REF!/1000000)","v":{"$error":"#REF!"}}]
["2015-12-04",12,4,{"$f":"3600*SUMIFS(elmira!U339:U9098,elmira!B339:B9098,\"=\"&B339,elmira!C339:C9098,\"=\"&C339)/1000000","v":6.6296285999999984},{"$f":"Inputs!$R$39*elmira_dli!D339","v":4.6407400199999982},{"$f":"MAX(0,Inputs!$F$25-E339)","v":0},{"$f":"F339/(3600*Inputs!#REF!/1000000)","v":{"$error":"#REF!"}}]
["2015-12-05",12,5,{"$f":"3600*SUMIFS(elmira!U340:U9099,elmira!B340:B9099,\"=\"&B340,elmira!C340:C9099,\"=\"&C340)/1000000","v":15.8693472},{"$f":"Inputs!$R$39*elmira_dli!D340","v":11.108543039999999},{"$f":"MAX(0,Inputs!$F$25-E340)","v":0},{"$f":"F340/(3600*Inputs!#REF!/1000000)","v":{"$error":"#REF!"}}]
["2015-12-06",12,6,{"$f":"3600*SUMIFS(elmira!U341:U9100,elmira!B341:B9100,\"=\"&B341,elmira!C341:C9100,\"=\"&C341)/1000000","v":6.2343863999999991},{"$f":"Inputs!$R$39*elmira_dli!D341","v":4.3640704799999988},{"$f":"MAX(0,Inputs!$F$25-E341)","v":0},{"$f":"F341/(3600*Inputs!#REF!/1000000)","v":{"$error":"#REF!"}}]
["2015-12-07",12,7,{"$f":"3600*SUMIFS(elmira!U342:U9101,elmira!B342:B9101,\"=\"&B342,elmira!C342:C9101,\"=\"&C342)/1000000","v":8.2255122000000007},{"$f":"Inputs!$R$39*elmira_dli!D342","v":5.75785854},{"$f":"MAX(0,Inputs!$F$25-E342)","v":0},{"$f":"F342/(3600*Inputs!#REF!/1000000)","v":{"$error":"#REF!"}}]
["2015-12-08",12,8,{"$f":"3600*SUMIFS(elmira!U343:U9102,elmira!B343:B9102,\"=\"&B343,elmira!C343:C9102,\"=\"&C343)/1000000","v":17.114733000000001},{"$f":"Inputs!$R$39*elmira_dli!D343","v":11.9803131},{"$f":"MAX(0,Inputs!$F$25-E343)","v":0},{"$f":"F343/(3600*Inputs!#REF!/1000000)","v":{"$error":"#REF!"}}]
["2015-12-09",12,9,{"$f":"3600*SUMIFS(elmira!U344:U9103,elmira!B344:B9103,\"=\"&B344,elmira!C344:C9103,\"=\"&C344)/1000000","v":16.987957200000004},{"$f":"Inputs!$R$39*elmira_dli!D344","v":11.891570040000001},{"$f":"MAX(0,Inputs!$F$25-E344)","v":0},{"$f":"F344/(3600*Inputs!#REF!/1000000)","v":{"$error":"#REF!"}}]
["2015-12-10",12,10,{"$f":"3600*SUMIFS(elmira!U345:U9104,elmira!B345:B9104,\"=\"&B345,elmira!C345:C9104,\"=\"&C345)/1000000","v":9.3217499999999998},{"$f":"Inputs!$R$39*elmira_dli!D345","v":6.5252249999999998},{"$f":"MAX(0,Inputs!$F$25-E345)","v":0},{"$f":"F345/(3600*Inputs!#REF!/1000000)","v":{"$error":"#REF!"}}]
["2015-12-11",12,11,{"$f":"3600*SUMIFS(elmira!U346:U9105,elmira!B346:B9105,\"=\"&B346,elmira!C346:C9105,\"=\"&C346)/1000000","v":15.600880799999999},{"$f":"Inputs!$R$39*elmira_dli!D346","v":10.920616559999999},{"$f":"MAX(0,Inputs!$F$25-E346)","v":0},{"$f":"F346/(3600*Inputs!#REF!/1000000)","v":{"$error":"#REF!"}}]
["2015-12-12",12,12,{"$f":"3600*SUMIFS(elmira!U347:U9106,elmira!B347:B9106,\"=\"&B347,elmira!C347:C9106,\"=\"&C347)/1000000","v":16.107983999999998},{"$f":"Inputs!$R$39*elmira_dli!D347","v":11.275588799999998},{"$f":"MAX(0,Inputs!$F$25-E347)","v":0},{"$f":"F347/(3600*Inputs!#REF!/1000000)","v":{"$error":"#REF!"}}]
["2015-12-13",12,13,{"$f":"3600*SUMIFS(elmira!U348:U9107,elmira!B348:B9107,\"=\"&B348,elmira!C348:C9107,\"=\"&C348)/1000000","v":3.2439689999999999},{"$f":"Inputs!$R$39*elmira_dli!D348","v":2.2707782999999999},{"$f":"MAX(0,Inputs!$F$25-E348)","v":0},{"$f":"F348/(3600*Inputs!#REF!/1000000)","v":{"$error":"#REF!"}}]
["2015-12-14",12,14,{"$f":"3600*SUMIFS(elmira!U349:U9108,elmira!B349:B9108,\"=\"&B349,elmira!C349:C9108,\"=\"&C349)/1000000","v":2.8934711999999996},{"$f":"Inputs!$R$39*elmira_dli!D349","v":2.0254298399999997},{"$f":"MAX(0,Inputs!$F$25-E349)","v":0},{"$f":"F349/(3600*Inputs!#REF!/1000000)","v":{"$error":"#REF!"}}]
["2015-12-15",12,15,{"$f":"3600*SUMIFS(elmira!U350:U9109,elmira!B350:B9109,\"=\"&B350,elmira!C350:C9109,\"=\"&C350)/1000000","v":4.735449},{"$f":"Inputs!$R$39*elmira_dli!D350","v":3.3148142999999997},{"$f":"MAX(0,Inputs!$F$25-E350)","v":0},{"$f":"F350/(3600*Inputs!#REF!/1000000)","v":{"$error":"#REF!"}}]
["2015-12-16",12,16,{"$f":"3600*SUMIFS(elmira!U351:U9110,elmira!B351:B9110,\"=\"&B351,elmira!C351:C9110,\"=\"&C351)/1000000","v":9.7915662000000001},{"$f":"Inputs!$R$39*elmira_dli!D351","v":6.8540963399999999},{"$f":"MAX(0,Inputs!$F$25-E351)","v":0},{"$f":"F351/(3600*Inputs!#REF!/1000000)","v":{"$error":"#REF!"}}]
["2015-12-17",12,17,{"$f":"3600*SUMIFS(elmira!U352:U9111,elmira!B352:B9111,\"=\"&B352,elmira!C352:C9111,\"=\"&C352)/1000000","v":14.6687058},{"$f":"Inputs!$R$39*elmira_dli!D352","v":10.268094059999999},{"$f":"MAX(0,Inputs!$F$25-E352)","v":0},{"$f":"F352/(3600*Inputs!#REF!/1000000)","v":{"$error":"#REF!"}}]
["2015-12-18",12,18,{"$f":"3600*SUMIFS(elmira!U353:U9112,elmira!B353:B9112,\"=\"&B353,elmira!C353:C9112,\"=\"&C353)/1000000","v":16.219844999999999},{"$f":"Inputs!$R$39*elmira_dli!D353","v":11.3538915},{"$f":"MAX(0,Inputs!$F$25-E353)","v":0},{"$f":"F353/(3600*Inputs!#REF!/1000000)","v":{"$error":"#REF!"}}]
["2015-12-19",12,19,{"$f":"3600*SUMIFS(elmira!U354:U9113,elmira!B354:B9113,\"=\"&B354,elmira!C354:C9113,\"=\"&C354)/1000000","v":16.4957688},{"$f":"Inputs!$R$39*elmira_dli!D354","v":11.54703816},{"$f":"MAX(0,Inputs!$F$25-E354)","v":0},{"$f":"F354/(3600*Inputs!#REF!/1000000)","v":{"$error":"#REF!"}}]
["2015-12-20",12,20,{"$f":"3600*SUMIFS(elmira!U355:U9114,elmira!B355:B9114,\"=\"&B355,elmira!C355:C9114,\"=\"&C355)/1000000","v":4.0344534000000003},{"$f":"Inputs!$R$39*elmira_dli!D355","v":2.8241173800000001},{"$f":"MAX(0,Inputs!$F$25-E355)","v":0},{"$f":"F355/(3600*Inputs!#REF!/1000000)","v":{"$error":"#REF!"}}]
["2015-12-21",12,21,{"$f":"3600*SUMIFS(elmira!U356:U9115,elmira!B356:B9115,\"=\"&B356,elmira!C356:C9115,\"=\"&C356)/1000000","v":6.5699693999999997},{"$f":"Inputs!$R$39*elmira_dli!D356","v":4.5989785799999998},{"$f":"MAX(0,Inputs!$F$25-E356)","v":0},{"$f":"F356/(3600*Inputs!#REF!/1000000)","v":{"$error":"#REF!"}}]
["2015-12-22",12,22,{"$f":"3600*SUMIFS(elmira!U357:U9116,elmira!B357:B9116,\"=\"&B357,elmira!C357:C9116,\"=\"&C357)/1000000","v":15.474105},{"$f":"Inputs!$R$39*elmira_dli!D357","v":10.831873499999999},{"$f":"MAX(0,Inputs!$F$25-E357)","v":0},{"$f":"F357/(3600*Inputs!#REF!/1000000)","v":{"$error":"#REF!"}}]
["2015-12-23",12,23,{"$f":"3600*SUMIFS(elmira!U358:U9117,elmira!B358:B9117,\"=\"&B358,elmira!C358:C9117,\"=\"&C358)/1000000","v":6.5848841999999994},{"$f":"Inputs!$R$39*elmira_dli!D358","v":4.6094189399999994},{"$f":"MAX(0,Inputs!$F$25-E358)","v":0},{"$f":"F358/(3600*Inputs!#REF!/1000000)","v":{"$error":"#REF!"}}]
["2015-12-24",12,24,{"$f":"3600*SUMIFS(elmira!U359:U9118,elmira!B359:B9118,\"=\"&B359,elmira!C359:C9118,\"=\"&C359)/1000000","v":13.2070554},{"$f":"Inputs!$R$39*elmira_dli!D359","v":9.24493878},{"$f":"MAX(0,Inputs!$F$25-E359)","v":0},{"$f":"F359/(3600*Inputs!#REF!/1000000)","v":{"$error":"#REF!"}}]
["2015-12-25",12,25,{"$f":"3600*SUMIFS(elmira!U360:U9119,elmira!B360:B9119,\"=\"&B360,elmira!C360:C9119,\"=\"&C360)/1000000","v":12.0511584},{"$f":"Inputs!$R$39*elmira_dli!D360","v":8.43581088},{"$f":"MAX(0,Inputs!$F$25-E360)","v":0},{"$f":"F360/(3600*Inputs!#REF!/1000000)","v":{"$error":"#REF!"}}]
["2015-12-26",12,26,{"$f":"3600*SUMIFS(elmira!U361:U9120,elmira!B361:B9120,\"=\"&B361,elmira!C361:C9120,\"=\"&C361)/1000000","v":9.1204002000000006},{"$f":"Inputs!$R$39*elmira_dli!D361","v":6.3842801400000004},{"$f":"MAX(0,Inputs!$F$25-E361)","v":0},{"$f":"F361/(3600*Inputs!#REF!/1000000)","v":{"$error":"#REF!"}}]
["2015-12-27",12,27,{"$f":"3600*SUMIFS(elmira!U362:U9121,elmira!B362:B9121,\"=\"&B362,elmira!C362:C9121,\"=\"&C362)/1000000","v":5.6899962000000004},{"$f":"Inputs!$R$39*elmira_dli!D362","v":3.9829973399999998},{"$f":"MAX(0,Inputs!$F$25-E362)","v":0},{"$f":"F362/(3600*Inputs!#REF!/1000000)","v":{"$error":"#REF!"}}]
["2015-12-28",12,28,{"$f":"3600*SUMIFS(elmira!U363:U9122,elmira!B363:B9122,\"=\"&B363,elmira!C363:C9122,\"=\"&C363)/1000000","v":9.9332568000000006},{"$f":"Inputs!$R$39*elmira_dli!D363","v":6.95327976},{"$f":"MAX(0,Inputs!$F$25-E363)","v":0},{"$f":"F363/(3600*Inputs!#REF!/1000000)","v":{"$error":"#REF!"}}]
["2015-12-29",12,29,{"$f":"3600*SUMIFS(elmira!U364:U9123,elmira!B364:B9123,\"=\"&B364,elmira!C364:C9123,\"=\"&C364)/1000000","v":14.3405802},{"$f":"Inputs!$R$39*elmira_dli!D364","v":10.038406139999999},{"$f":"MAX(0,Inputs!$F$25-E364)","v":0},{"$f":"F364/(3600*Inputs!#REF!/1000000)","v":{"$error":"#REF!"}}]
["2015-12-30",12,30,{"$f":"3600*SUMIFS(elmira!U365:U9124,elmira!B365:B9124,\"=\"&B365,elmira!C365:C9124,\"=\"&C365)/1000000","v":3.3707447999999993},{"$f":"Inputs!$R$39*elmira_dli!D365","v":2.3595213599999996},{"$f":"MAX(0,Inputs!$F$25-E365)","v":0},{"$f":"F365/(3600*Inputs!#REF!/1000000)","v":{"$error":"#REF!"}}]
["2015-12-31",12,31,{"$f":"3600*SUMIFS(elmira!U366:U9125,elmira!B366:B9125,\"=\"&B366,elmira!C366:C9125,\"=\"&C366)/1000000","v":13.147396199999999},{"$f":"Inputs!$R$39*elmira_dli!D366","v":9.2031773399999981},{"$f":"MAX(0,Inputs!$F$25-E366)","v":0},{"$f":"F366/(3600*Inputs!#REF!/1000000)","v":{"$error":"#REF!"}}]

{"sheet":"elmira","index":12,"n_rows":8761,"n_cols":21,"rows_kept":4500,"cut":true,"hidden":true,"merged":[],"bounds":{"rows_first":2000,"rows_last":500,"rows_between":2000,"halvings":0}}
["Date (MM/DD/YYYY)","month","day","Time (HH:MM)","GHI (W/m^2)","TotCld (tenths)","Dry-bulb (C)","Dew-point (C)","RHum (%)","Conduction (W)","Solar (W)","Infiltration (W)","Lights (W)","ET (W)","pws (Pa)","hrsat (kg/kg)","hr (kg/kg)","Ventilation (m3/s)","Vent load (W)","Htg Load (W)","PAR (umol/m2/s)"]
["2001-01-01",{"$f":"MONTH(A2)","v":1},{"$f":"DAY(A2)","v":1},"01:00:00",0,10,-6,-10,70,{"$f":"Inputs!$R$38*Inputs!$R$33*(G2-Inputs!$R$26)","v":-91128.658137954801},{"$f":"Inputs!$R$34*E2*Inputs!$R$39","v":0},{"$f":"params!$C$16*Inputs!$R$30*(G2-Inputs!$R$26)","v":-14270.199974117357},{"$f":"Inputs!$R$41*Inputs!$R$42/8760","v":0},0,{"$f":"EXP(77.345+0.0057*(G2+273.15)-7235/(G2+273.15))/(G2+273.15)^8.2","v":389.76616195693094},{"$f":"0.62198*O2/(101325-O2)","v":2.4018050803048703E-3},{"$f":"P2*I2/100","v":1.6812635562134092E-3},{"$f":"-N2/(1.202*2465560*MAX(0,(Inputs!$R$49-Q2)))","v":0},{"$f":"params!$C$16*R2*(G2-Inputs!$R$26)","v":0},{"$f":"J2+K2+L2+M2+N2+S2","v":-105398.85811207216},{"$f":"E2*params!$C$8","v":0}]
["2001-01-01",{"$f":"MONTH(A3)","v":1},{"$f":"DAY(A3)","v":1},"02:00:00",0,10,-6,-9,77,{"$f":"Inputs!$R$38*Inputs!$R$33*(G3-Inputs!$R$26)","v":-91128.658137954801},{"$f":"Inputs!$R$34*E3*Inputs!$R$39","v":0},{"$f":"params!$C$16*Inputs!$R$30*(G3-Inputs!$R$26)","v":-14270.199974117357},{"$f":"Inputs!$R$41*Inputs!$R$42/8760","v":0},0,{"$f":"EXP(77.345+0.0057*(G3+273.15)-7235/(G3+273.15))/(G3+273.15)^8.2","v":389.76616195693094},{"$f":"0.62198*O3/(101325-O3)","v":2.4018050803048703E-3},{"$f":"P3*I3/100","v":1.8493899118347502E-3},{"$f":"-N3/(1.202*2465560*MAX(0,(Inputs!$R$49-Q3)))","v":0},{"$f":"params!$C$16*R3*(G3-Inputs!$R$26)","v":0},{"$f":"J3+K3+L3+M3+N3+S3","v":-105398.85811207216},{"$f":"E3*params!$C$8","v":0}]
["2001-01-01",1,1,"03:00:00",0,10,-6,-8,84,{"$f":"Inputs!$R$38*Inputs!$R$33*(G4-Inputs!$R$26)","v":-91128.658137954801},{"$f":"Inputs!$R$34*E4*Inputs!$R$39","v":0},{"$f":"params!$C$16*Inputs!$R$30*(G4-Inputs!$R$26)","v":-14270.199974117357},{"$f":"Inputs!$R$41*Inputs!$R$42/8760","v":0},0,389.76616195693094,2.4018050803048703E-3,2.0175162674560907E-3,{"$f":"-N4/(1.202*2465560*MAX(0,(Inputs!$R$49-Q4)))","v":0},{"$f":"params!$C$16*R4*(G4-Inputs!$R$26)","v":0},-105398.85811207216,{"$f":"E4*params!$C$8","v":0}]
["2001-01-01",1,1,"04:00:00",0,10,-6,-9,77,{"$f":"Inputs!$R$38*Inputs!$R$33*(G5-Inputs!$R$26)","v":-91128.658137954801},{"$f":"Inputs!$R$34*E5*Inputs!$R$39","v":0},{"$f":"params!$C$16*Inputs!$R$30*(G5-Inputs!$R$26)","v":-14270.199974117357},{"$f":"Inputs!$R$41*Inputs!$R$42/8760","v":0},0,389.76616195693094,2.4018050803048703E-3,1.8493899118347502E-3,{"$f":"-N5/(1.202*2465560*MAX(0,(Inputs!$R$49-Q5)))","v":0},{"$f":"params!$C$16*R5*(G5-Inputs!$R$26)","v":0},-105398.85811207216,{"$f":"E5*params!$C$8","v":0}]
["2001-01-01",1,{"$f":"DAY(A6)","v":1},"05:00:00",0,10,-6,-9,77,{"$f":"Inputs!$R$38*Inputs!$R$33*(G6-Inputs!$R$26)","v":-91128.658137954801},{"$f":"Inputs!$R$34*E6*Inputs!$R$39","v":0},{"$f":"params!$C$16*Inputs!$R$30*(G6-Inputs!$R$26)","v":-14270.199974117357},{"$f":"Inputs!$R$41*Inputs!$R$42/8760","v":0},0,389.76616195693094,2.4018050803048703E-3,1.8493899118347502E-3,{"$f":"-N6/(1.202*2465560*MAX(0,(Inputs!$R$49-Q6)))","v":0},{"$f":"params!$C$16*R6*(G6-Inputs!$R$26)","v":0},-105398.85811207216,{"$f":"E6*params!$C$8","v":0}]
["2001-01-01",1,1,"06:00:00",0,10,-6,-10,70,{"$f":"Inputs!$R$38*Inputs!$R$33*(G7-Inputs!$R$26)","v":-91128.658137954801},{"$f":"Inputs!$R$34*E7*Inputs!$R$39","v":0},{"$f":"params!$C$16*Inputs!$R$30*(G7-Inputs!$R$26)","v":-14270.199974117357},{"$f":"Inputs!$R$41*Inputs!$R$42/8760","v":0},0,389.76616195693094,2.4018050803048703E-3,1.6812635562134092E-3,{"$f":"-N7/(1.202*2465560*MAX(0,(Inputs!$R$49-Q7)))","v":0},{"$f":"params!$C$16*R7*(G7-Inputs!$R$26)","v":0},-105398.85811207216,{"$f":"E7*params!$C$8","v":0}]
["2001-01-01",1,1,"07:00:00",0,10,-7,-11,70,{"$f":"Inputs!$R$38*Inputs!$R$33*(G8-Inputs!$R$26)","v":-96824.199271576974},{"$f":"Inputs!$R$34*E8*Inputs!$R$39","v":0},{"$f":"params!$C$16*Inputs!$R$30*(G8-Inputs!$R$26)","v":-15162.087472499692},{"$f":"Inputs!$R$41*Inputs!$R$42/8760","v":0},0,360.98762153500678,2.2238327850987206E-3,1.5566829495691045E-3,{"$f":"-N8/(1.202*2465560*MAX(0,(Inputs!$R$49-Q8)))","v":0},{"$f":"params!$C$16*R8*(G8-Inputs!$R$26)","v":0},-111986.28674407667,{"$f":"E8*params!$C$8","v":0}]
["2001-01-01",1,1,"08:00:00",0,4,-8,-12,70,{"$f":"Inputs!$R$38*Inputs!$R$33*(G9-Inputs!$R$26)","v":-102519.74040519915},{"$f":"Inputs!$R$34*E9*Inputs!$R$39","v":0},{"$f":"params!$C$16*Inputs!$R$30*(G9-Inputs!$R$26)","v":-16053.974970882027},{"$f":"Inputs!$R$41*Inputs!$R$42/8760","v":0},0,334.1161188582924,2.0577455669371189E-3,1.4404218968559832E-3,{"$f":"-N9/(1.202*2465560*MAX(0,(Inputs!$R$49-Q9)))","v":0},{"$f":"params!$C$16*R9*(G9-Inputs!$R$26)","v":0},-118573.71537608118,{"$f":"E9*params!$C$8","v":0}]
["2001-01-01",1,1,"09:00:00",94,4,-7,-12,64,{"$f":"Inputs!$R$38*Inputs!$R$33*(G10-Inputs!$R$26)","v":-96824.199271576974},{"$f":"Inputs!$R$34*E10*Inputs!$R$39","v":55017.233530597645},{"$f":"params!$C$16*Inputs!$R$30*(G10-Inputs!$R$26)","v":-15162.087472499692},{"$f":"Inputs!$R$41*Inputs!$R$42/8760","v":0},0,360.98762153500678,2.2238327850987206E-3,1.4232529824631812E-3,{"$f":"-N10/(1.202*2465560*MAX(0,(Inputs!$R$49-Q10)))","v":0},{"$f":"params!$C$16*R10*(G10-Inputs!$R$26)","v":0},-56969.053213479019,{"$f":"E10*params!$C$8","v":194.721}]
["2001-01-01",1,1,"10:00:00",237,4,-7,-12,64,{"$f":"Inputs!$R$38*Inputs!$R$33*(G11-Inputs!$R$26)","v":-96824.199271576974},{"$f":"Inputs!$R$34*E11*Inputs!$R$39","v":138713.66326331533},{"$f":"params!$C$16*Inputs!$R$30*(G11-Inputs!$R$26)","v":-15162.087472499692},{"$f":"Inputs!$R$41*Inputs!$R$42/8760","v":0},0,360.98762153500678,2.2238327850987206E-3,1.4232529824631812E-3,{"$f":"-N11/(1.202*2465560*MAX(0,(Inputs!$R$49-Q11)))","v":0},{"$f":"params!$C$16*R11*(G11-Inputs!$R$26)","v":0},26727.376519238671,{"$f":"E11*params!$C$8","v":490.94549999999998}]
["2001-01-01",1,1,"11:00:00",332,4,-6,-11,64,{"$f":"Inputs!$R$38*Inputs!$R$33*(G12-Inputs!$R$26)","v":-91128.658137954801},{"$f":"Inputs!$R$34*E12*Inputs!$R$39","v":194316.18651232359},{"$f":"params!$C$16*Inputs!$R$30*(G12-Inputs!$R$26)","v":-14270.199974117357},{"$f":"Inputs!$R$41*Inputs!$R$42/8760","v":0},0,389.76616195693094,2.4018050803048703E-3,1.5371552513951171E-3,{"$f":"-N12/(1.202*2465560*MAX(0,(Inputs!$R$49-Q12)))","v":0},{"$f":"params!$C$16*R12*(G12-Inputs!$R$26)","v":0},88917.328400251427,{"$f":"E12*params!$C$8","v":687.73799999999994}]
["2001-01-01",1,1,"12:00:00",372,0,-4,-12,50,{"$f":"Inputs!$R$38*Inputs!$R$33*(G13-Inputs!$R$26)","v":-79737.575870710454},{"$f":"Inputs!$R$34*E13*Inputs!$R$39","v":217727.7752487481},{"$f":"params!$C$16*Inputs!$R$30*(G13-Inputs!$R$26)","v":-12486.424977352686},{"$f":"Inputs!$R$41*Inputs!$R$42/8760","v":0},0,453.51532044328405,2.7964043545646504E-3,1.3982021772823252E-3,{"$f":"-N13/(1.202*2465560*MAX(0,(Inputs!$R$49-Q13)))","v":0},{"$f":"params!$C$16*R13*(G13-Inputs!$R$26)","v":0},125503.77440068497,{"$f":"E13*params!$C$8","v":770.59799999999996}]
["2001-01-01",1,1,"13:00:00",411,0,-3,-12,46,{"$f":"Inputs!$R$38*Inputs!$R$33*(G14-Inputs!$R$26)","v":-74042.034737088281},{"$f":"Inputs!$R$34*E14*Inputs!$R$39","v":240554.07426676204},{"$f":"params!$C$16*Inputs!$R$30*(G14-Inputs!$R$26)","v":-11594.537478970353},{"$f":"Inputs!$R$41*Inputs!$R$42/8760","v":0},0,488.73621912146871,3.0146312662847319E-3,1.3867303824909765E-3,{"$f":"-N14/(1.202*2465560*MAX(0,(Inputs!$R$49-Q14)))","v":0},{"$f":"params!$C$16*R14*(G14-Inputs!$R$26)","v":0},154917.50205070339,{"$f":"E14*params!$C$8","v":851.38649999999996}]
["2001-01-01",1,1,"14:00:00",366,0,-3,-12,46,{"$f":"Inputs!$R$38*Inputs!$R$33*(G15-Inputs!$R$26)","v":-74042.034737088281},{"$f":"Inputs!$R$34*E15*Inputs!$R$39","v":214216.03693828444},{"$f":"params!$C$16*Inputs!$R$30*(G15-Inputs!$R$26)","v":-11594.537478970353},{"$f":"Inputs!$R$41*Inputs!$R$42/8760","v":0},0,488.73621912146871,3.0146312662847319E-3,1.3867303824909765E-3,{"$f":"-N15/(1.202*2465560*MAX(0,(Inputs!$R$49-Q15)))","v":0},{"$f":"params!$C$16*R15*(G15-Inputs!$R$26)","v":0},128579.46472222581,{"$f":"E15*params!$C$8","v":758.16899999999998}]
["2001-01-01",1,1,"15:00:00",269,0,-3,-12,46,{"$f":"Inputs!$R$38*Inputs!$R$33*(G16-Inputs!$R$26)","v":-74042.034737088281},{"$f":"Inputs!$R$34*E16*Inputs!$R$39","v":157442.93425245496},{"$f":"params!$C$16*Inputs!$R$30*(G16-Inputs!$R$26)","v":-11594.537478970353},{"$f":"Inputs!$R$41*Inputs!$R$42/8760","v":0},0,488.73621912146871,3.0146312662847319E-3,1.3867303824909765E-3,{"$f":"-N16/(1.202*2465560*MAX(0,(Inputs!$R$49-Q16)))","v":0},{"$f":"params!$C$16*R16*(G16-Inputs!$R$26)","v":0},71806.362036396327,{"$f":"E16*params!$C$8","v":557.23349999999994}]
["2001-01-01",1,1,"16:00:00",139,0,-4,-12,50,{"$f":"Inputs!$R$38*Inputs!$R$33*(G17-Inputs!$R$26)","v":-79737.575870710454},{"$f":"Inputs!$R$34*E17*Inputs!$R$39","v":81355.270859075245},{"$f":"params!$C$16*Inputs!$R$30*(G17-Inputs!$R$26)","v":-12486.424977352686},{"$f":"Inputs!$R$41*Inputs!$R$42/8760","v":0},0,453.51532044328405,2.7964043545646504E-3,1.3982021772823252E-3,{"$f":"-N17/(1.202*2465560*MAX(0,(Inputs!$R$49-Q17)))","v":0},{"$f":"params!$C$16*R17*(G17-Inputs!$R$26)","v":0},-10868.729988987896,{"$f":"E17*params!$C$8","v":287.93849999999998}]
["2001-01-01",1,1,"17:00:00",15,0,-6,-13,54,{"$f":"Inputs!$R$38*Inputs!$R$33*(G18-Inputs!$R$26)","v":-91128.658137954801},{"$f":"Inputs!$R$34*E18*Inputs!$R$39","v":8779.3457761591981},{"$f":"params!$C$16*Inputs!$R$30*(G18-Inputs!$R$26)","v":-14270.199974117357},{"$f":"Inputs!$R$41*Inputs!$R$42/8760","v":0},0,389.76616195693094,2.4018050803048703E-3,1.2969747433646301E-3,{"$f":"-N18/(1.202*2465560*MAX(0,(Inputs!$R$49-Q18)))","v":0},{"$f":"params!$C$16*R18*(G18-Inputs!$R$26)","v":0},-96619.512335912965,{"$f":"E18*params!$C$8","v":31.072499999999998}]
["2001-01-01",1,1,"18:00:00",0,0,-8,-13,64,{"$f":"Inputs!$R$38*Inputs!$R$33*(G19-Inputs!$R$26)","v":-102519.74040519915},{"$f":"Inputs!$R$34*E19*Inputs!$R$39","v":0},{"$f":"params!$C$16*Inputs!$R$30*(G19-Inputs!$R$26)","v":-16053.974970882027},{"$f":"Inputs!$R$41*Inputs!$R$42/8760","v":0},0,334.1161188582924,2.0577455669371189E-3,1.3169571628397561E-3,{"$f":"-N19/(1.202*2465560*MAX(0,(Inputs!$R$49-Q19)))","v":0},{"$f":"params!$C$16*R19*(G19-Inputs!$R$26)","v":0},-118573.71537608118,{"$f":"E19*params!$C$8","v":0}]
["2001-01-01",1,1,"19:00:00",0,0,-12,-14,83,{"$f":"Inputs!$R$38*Inputs!$R$33*(G20-Inputs!$R$26)","v":-125301.90493968785},{"$f":"Inputs!$R$34*E20*Inputs!$R$39","v":0},{"$f":"params!$C$16*Inputs!$R$30*(G20-Inputs!$R$26)","v":-19621.524964411365},{"$f":"Inputs!$R$41*Inputs!$R$42/8760","v":0},0,243.5669653908281,1.4987300494831474E-3,1.2439459410710123E-3,{"$f":"-N20/(1.202*2465560*MAX(0,(Inputs!$R$49-Q20)))","v":0},{"$f":"params!$C$16*R20*(G20-Inputs!$R$26)","v":0},-144923.4299040992,{"$f":"E20*params!$C$8","v":0}]
["2001-01-01",1,1,"20:00:00",0,0,-14,-16,83,{"$f":"Inputs!$R$38*Inputs!$R$33*(G21-Inputs!$R$26)","v":-136692.98720693222},{"$f":"Inputs!$R$34*E21*Inputs!$R$39","v":0},{"$f":"params!$C$16*Inputs!$R$30*(G21-Inputs!$R$26)","v":-21405.299961176035},{"$f":"Inputs!$R$41*Inputs!$R$42/8760","v":0},0,207.10442567120111,1.2739071550820168E-3,1.0573429387180739E-3,{"$f":"-N21/(1.202*2465560*MAX(0,(Inputs!$R$49-Q21)))","v":0},{"$f":"params!$C$16*R21*(G21-Inputs!$R$26)","v":0},-158098.28716810825,{"$f":"E21*params!$C$8","v":0}]
["2001-01-01",1,1,"21:00:00",0,0,-15,-17,83,{"$f":"Inputs!$R$38*Inputs!$R$33*(G22-Inputs!$R$26)","v":-142388.52834055439},{"$f":"Inputs!$R$34*E22*Inputs!$R$39","v":0},{"$f":"params!$C$16*Inputs!$R$30*(G22-Inputs!$R$26)","v":-22297.187459558369},{"$f":"Inputs!$R$41*Inputs!$R$42/8760","v":0},0,190.77201429943182,1.1732563724196076E-3,9.7380278910827423E-4,{"$f":"-N22/(1.202*2465560*MAX(0,(Inputs!$R$49-Q22)))","v":0},{"$f":"params!$C$16*R22*(G22-Inputs!$R$26)","v":0},-164685.71580011275,{"$f":"E22*params!$C$8","v":0}]
["2001-01-01",1,1,"22:00:00",0,0,-15,-17,83,{"$f":"Inputs!$R$38*Inputs!$R$33*(G23-Inputs!$R$26)","v":-142388.52834055439},{"$f":"Inputs!$R$34*E23*Inputs!$R$39","v":0},{"$f":"params!$C$16*Inputs!$R$30*(G23-Inputs!$R$26)","v":-22297.187459558369},{"$f":"Inputs!$R$41*Inputs!$R$42/8760","v":0},0,190.77201429943182,1.1732563724196076E-3,9.7380278910827423E-4,{"$f":"-N23/(1.202*2465560*MAX(0,(Inputs!$R$49-Q23)))","v":0},{"$f":"params!$C$16*R23*(G23-Inputs!$R$26)","v":0},-164685.71580011275,{"$f":"E23*params!$C$8","v":0}]
["2001-01-01",1,1,"23:00:00",0,0,-17,-18,91,{"$f":"Inputs!$R$38*Inputs!$R$33*(G24-Inputs!$R$26)","v":-153779.61060779874},{"$f":"Inputs!$R$34*E24*Inputs!$R$39","v":0},{"$f":"params!$C$16*Inputs!$R$30*(G24-Inputs!$R$26)","v":-24080.962456323039},{"$f":"Inputs!$R$41*Inputs!$R$42/8760","v":0},0,161.51981497209979,9.9306680960957005E-4,9.0369079674470869E-4,{"$f":"-N24/(1.202*2465560*MAX(0,(Inputs!$R$49-Q24)))","v":0},{"$f":"params!$C$16*R24*(G24-Inputs!$R$26)","v":0},-177860.57306412177,{"$f":"E24*params!$C$8","v":0}]
["2001-01-01",1,1,1,0,10,-14,-16,83,{"$f":"Inputs!$R$38*Inputs!$R$33*(G25-Inputs!$R$26)","v":-136692.98720693222},{"$f":"Inputs!$R$34*E25*Inputs!$R$39","v":0},{"$f":"params!$C$16*Inputs!$R$30*(G25-Inputs!$R$26)","v":-21405.299961176035},{"$f":"Inputs!$R$41*Inputs!$R$42/8760","v":0},0,207.10442567120111,1.2739071550820168E-3,1.0573429387180739E-3,{"$f":"-N25/(1.202*2465560*MAX(0,(Inputs!$R$49-Q25)))","v":0},{"$f":"params!$C$16*R25*(G25-Inputs!$R$26)","v":0},-158098.28716810825,{"$f":"E25*params!$C$8","v":0}]
["2001-01-02",1,2,"01:00:00",0,10,-12,-14,83,{"$f":"Inputs!$R$38*Inputs!$R$33*(G26-Inputs!$R$26)","v":-125301.90493968785},{"$f":"Inputs!$R$34*E26*Inputs!$R$39","v":0},{"$f":"params!$C$16*Inputs!$R$30*(G26-Inputs!$R$26)","v":-19621.524964411365},{"$f":"Inputs!$R$41*Inputs!$R$42/8760","v":0},0,243.5669653908281,1.4987300494831474E-3,1.2439459410710123E-3,{"$f":"-N26/(1.202*2465560*MAX(0,(Inputs!$R$49-Q26)))","v":0},{"$f":"params!$C$16*R26*(G26-Inputs!$R$26)","v":0},-144923.4299040992,{"$f":"E26*params!$C$8","v":0}]
["2001-01-02",1,2,"02:00:00",0,10,-12,-13,91,{"$f":"Inputs!$R$38*Inputs!$R$33*(G27-Inputs!$R$26)","v":-125301.90493968785},{"$f":"Inputs!$R$34*E27*Inputs!$R$39","v":0},{"$f":"params!$C$16*Inputs!$R$30*(G27-Inputs!$R$26)","v":-19621.524964411365},{"$f":"Inputs!$R$41*Inputs!$R$42/8760","v":0},0,243.5669653908281,1.4987300494831474E-3,1.3638443450296643E-3,{"$f":"-N27/(1.202*2465560*MAX(0,(Inputs!$R$49-Q27)))","v":0},{"$f":"params!$C$16*R27*(G27-Inputs!$R$26)","v":0},-144923.4299040992,{"$f":"E27*params!$C$8","v":0}]
["2001-01-02",1,2,"03:00:00",0,10,-12,-13,91,{"$f":"Inputs!$R$38*Inputs!$R$33*(G28-Inputs!$R$26)","v":-125301.90493968785},{"$f":"Inputs!$R$34*E28*Inputs!$R$39","v":0},{"$f":"params!$C$16*Inputs!$R$30*(G28-Inputs!$R$26)","v":-19621.524964411365},{"$f":"Inputs!$R$41*Inputs!$R$42/8760","v":0},0,243.5669653908281,1.4987300494831474E-3,1.3638443450296643E-3,{"$f":"-N28/(1.202*2465560*MAX(0,(Inputs!$R$49-Q28)))","v":0},{"$f":"params!$C$16*R28*(G28-Inputs!$R$26)","v":0},-144923.4299040992,{"$f":"E28*params!$C$8","v":0}]
["2001-01-02",1,2,"04:00:00",0,10,-11,-13,84,{"$f":"Inputs!$R$38*Inputs!$R$33*(G29-Inputs!$R$26)","v":-119606.36380606568},{"$f":"Inputs!$R$34*E29*Inputs!$R$39","v":0},{"$f":"params!$C$16*Inputs!$R$30*(G29-Inputs!$R$26)","v":-18729.637466029031},{"$f":"Inputs!$R$41*Inputs!$R$42/8760","v":0},0,263.86397481101648,1.6239488443119262E-3,1.364117029222018E-3,{"$f":"-N29/(1.202*2465560*MAX(0,(Inputs!$R$49-Q29)))","v":0},{"$f":"params!$C$16*R29*(G29-Inputs!$R$26)","v":0},-138336.00127209473,{"$f":"E29*params!$C$8","v":0}]
["2001-01-02",1,2,"05:00:00",0,10,-12,-13,91,{"$f":"Inputs!$R$38*Inputs!$R$33*(G30-Inputs!$R$26)","v":-125301.90493968785},{"$f":"Inputs!$R$34*E30*Inputs!$R$39","v":0},{"$f":"params!$C$16*Inputs!$R$30*(G30-Inputs!$R$26)","v":-19621.524964411365},{"$f":"Inputs!$R$41*Inputs!$R$42/8760","v":0},0,243.5669653908281,1.4987300494831474E-3,1.3638443450296643E-3,{"$f":"-N30/(1.202*2465560*MAX(0,(Inputs!$R$49-Q30)))","v":0},{"$f":"params!$C$16*R30*(G30-Inputs!$R$26)","v":0},-144923.4299040992,{"$f":"E30*params!$C$8","v":0}]
["2001-01-02",1,2,"06:00:00",0,4,-12,-14,83,{"$f":"Inputs!$R$38*Inputs!$R$33*(G31-Inputs!$R$26)","v":-125301.90493968785},{"$f":"Inputs!$R$34*E31*Inputs!$R$39","v":0},{"$f":"params!$C$16*Inputs!$R$30*(G31-Inputs!$R$26)","v":-19621.524964411365},{"$f":"Inputs!$R$41*Inputs!$R$42/8760","v":0},0,243.5669653908281,1.4987300494831474E-3,1.2439459410710123E-3,{"$f":"-N31/(1.202*2465560*MAX(0,(Inputs!$R$49-Q31)))","v":0},{"$f":"params!$C$16*R31*(G31-Inputs!$R$26)","v":0},-144923.4299040992,{"$f":"E31*params!$C$8","v":0}]
["2001-01-02",1,2,"07:00:00",0,8,-13,-14,91,{"$f":"Inputs!$R$38*Inputs!$R$33*(G32-Inputs!$R$26)","v":-130997.44607331003},{"$f":"Inputs!$R$34*E32*Inputs!$R$39","v":0},{"$f":"params!$C$16*Inputs!$R$30*(G32-Inputs!$R$26)","v":-20513.412462793702},{"$f":"Inputs!$R$41*Inputs!$R$42/8760","v":0},0,224.67566674612308,1.3822287131554647E-3,1.2578281289714729E-3,{"$f":"-N32/(1.202*2465560*MAX(0,(Inputs!$R$49-Q32)))","v":0},{"$f":"params!$C$16*R32*(G32-Inputs!$R$26)","v":0},-151510.85853610374,{"$f":"E32*params!$C$8","v":0}]
["2001-01-02",1,2,"08:00:00",0,10,-11,-15,70,{"$f":"Inputs!$R$38*Inputs!$R$33*(G33-Inputs!$R$26)","v":-119606.36380606568},{"$f":"Inputs!$R$34*E33*Inputs!$R$39","v":0},{"$f":"params!$C$16*Inputs!$R$30*(G33-Inputs!$R$26)","v":-18729.637466029031},{"$f":"Inputs!$R$41*Inputs!$R$42/8760","v":0},0,263.86397481101648,1.6239488443119262E-3,1.1367641910183482E-3,{"$f":"-N33/(1.202*2465560*MAX(0,(Inputs!$R$49-Q33)))","v":0},{"$f":"params!$C$16*R33*(G33-Inputs!$R$26)","v":0},-138336.00127209473,{"$f":"E33*params!$C$8","v":0}]
["2001-01-02",1,2,"09:00:00",105,10,-11,-15,70,{"$f":"Inputs!$R$38*Inputs!$R$33*(G34-Inputs!$R$26)","v":-119606.36380606568},{"$f":"Inputs!$R$34*E34*Inputs!$R$39","v":61455.420433114392},{"$f":"params!$C$16*Inputs!$R$30*(G34-Inputs!$R$26)","v":-18729.637466029031},{"$f":"Inputs!$R$41*Inputs!$R$42/8760","v":0},0,263.86397481101648,1.6239488443119262E-3,1.1367641910183482E-3,{"$f":"-N34/(1.202*2465560*MAX(0,(Inputs!$R$49-Q34)))","v":0},{"$f":"params!$C$16*R34*(G34-Inputs!$R$26)","v":0},-76880.580838980328,{"$f":"E34*params!$C$8","v":217.50749999999999}]
["2001-01-02",1,2,"10:00:00",223,10,-10,-16,58,{"$f":"Inputs!$R$38*Inputs!$R$33*(G35-Inputs!$R$26)","v":-113910.82267244349},{"$f":"Inputs!$R$34*E35*Inputs!$R$39","v":130519.60720556675},{"$f":"params!$C$16*Inputs!$R$30*(G35-Inputs!$R$26)","v":-17837.749967646698},{"$f":"Inputs!$R$41*Inputs!$R$42/8760","v":0},0,285.65695946908653,1.758452799711007E-3,1.019902623832384E-3,{"$f":"-N35/(1.202*2465560*MAX(0,(Inputs!$R$49-Q35)))","v":0},{"$f":"params!$C$16*R35*(G35-Inputs!$R$26)","v":0},-1228.9654345234449,{"$f":"E35*params!$C$8","v":461.94450000000001}]
["2001-01-02",1,2,"11:00:00",287,8,-9,-15,58,{"$f":"Inputs!$R$38*Inputs!$R$33*(G36-Inputs!$R$26)","v":-108215.28153882132},{"$f":"Inputs!$R$34*E36*Inputs!$R$39","v":167978.14918384602},{"$f":"params!$C$16*Inputs!$R$30*(G36-Inputs!$R$26)","v":-16945.862469264361},{"$f":"Inputs!$R$41*Inputs!$R$42/8760","v":0},0,309.04098596033037,1.902841039413297E-3,1.1036478028597122E-3,{"$f":"-N36/(1.202*2465560*MAX(0,(Inputs!$R$49-Q36)))","v":0},{"$f":"params!$C$16*R36*(G36-Inputs!$R$26)","v":0},42817.005175760336,{"$f":"E36*params!$C$8","v":594.52049999999997}]
["2001-01-02",1,2,"12:00:00",142,8,-9,-14,64,{"$f":"Inputs!$R$38*Inputs!$R$33*(G37-Inputs!$R$26)","v":-108215.28153882132},{"$f":"Inputs!$R$34*E37*Inputs!$R$39","v":83111.140014307079},{"$f":"params!$C$16*Inputs!$R$30*(G37-Inputs!$R$26)","v":-16945.862469264361},{"$f":"Inputs!$R$41*Inputs!$R$42/8760","v":0},0,309.04098596033037,1.902841039413297E-3,1.2178182652245102E-3,{"$f":"-N37/(1.202*2465560*MAX(0,(Inputs!$R$49-Q37)))","v":0},{"$f":"params!$C$16*R37*(G37-Inputs!$R$26)","v":0},-42050.003993778606,{"$f":"E37*params!$C$8","v":294.15299999999996}]
["2001-01-02",1,2,"13:00:00",411,3,-8,-14,58,{"$f":"Inputs!$R$38*Inputs!$R$33*(G38-Inputs!$R$26)","v":-102519.74040519915},{"$f":"Inputs!$R$34*E38*Inputs!$R$39","v":240554.07426676204},{"$f":"params!$C$16*Inputs!$R$30*(G38-Inputs!$R$26)","v":-16053.974970882027},{"$f":"Inputs!$R$41*Inputs!$R$42/8760","v":0},0,334.1161188582924,2.0577455669371189E-3,1.193492428823529E-3,{"$f":"-N38/(1.202*2465560*MAX(0,(Inputs!$R$49-Q38)))","v":0},{"$f":"params!$C$16*R38*(G38-Inputs!$R$26)","v":0},121980.35889068086,{"$f":"E38*params!$C$8","v":851.38649999999996}]
["2001-01-02",1,2,"14:00:00",366,3,-7,-14,54,{"$f":"Inputs!$R$38*Inputs!$R$33*(G39-Inputs!$R$26)","v":-96824.199271576974},{"$f":"Inputs!$R$34*E39*Inputs!$R$39","v":214216.03693828444},{"$f":"params!$C$16*Inputs!$R$30*(G39-Inputs!$R$26)","v":-15162.087472499692},{"$f":"Inputs!$R$41*Inputs!$R$42/8760","v":0},0,360.98762153500678,2.2238327850987206E-3,1.2008697039533093E-3,{"$f":"-N39/(1.202*2465560*MAX(0,(Inputs!$R$49-Q39)))","v":0},{"$f":"params!$C$16*R39*(G39-Inputs!$R$26)","v":0},102229.75019420777,{"$f":"E39*params!$C$8","v":758.16899999999998}]
["2001-01-02",1,2,"15:00:00",275,0,-6,-15,45,{"$f":"Inputs!$R$38*Inputs!$R$33*(G40-Inputs!$R$26)","v":-91128.658137954801},{"$f":"Inputs!$R$34*E40*Inputs!$R$39","v":160954.67256291863},{"$f":"params!$C$16*Inputs!$R$30*(G40-Inputs!$R$26)","v":-14270.199974117357},{"$f":"Inputs!$R$41*Inputs!$R$42/8760","v":0},0,389.76616195693094,2.4018050803048703E-3,1.0808122861371916E-3,{"$f":"-N40/(1.202*2465560*MAX(0,(Inputs!$R$49-Q40)))","v":0},{"$f":"params!$C$16*R40*(G40-Inputs!$R$26)","v":0},55555.814450846468,{"$f":"E40*params!$C$8","v":569.66250000000002}]
["2001-01-02",1,2,"16:00:00",145,10,-7,-16,45,{"$f":"Inputs!$R$38*Inputs!$R$33*(G41-Inputs!$R$26)","v":-96824.199271576974},{"$f":"Inputs!$R$34*E41*Inputs!$R$39","v":84867.009169538927},{"$f":"params!$C$16*Inputs!$R$30*(G41-Inputs!$R$26)","v":-15162.087472499692},{"$f":"Inputs!$R$41*Inputs!$R$42/8760","v":0},0,360.98762153500678,2.2238327850987206E-3,1.0007247532944242E-3,{"$f":"-N41/(1.202*2465560*MAX(0,(Inputs!$R$49-Q41)))","v":0},{"$f":"params!$C$16*R41*(G41-Inputs!$R$26)","v":0},-27119.277574537737,{"$f":"E41*params!$C$8","v":300.36750000000001}]
["2001-01-02",1,2,"17:00:00",15,10,-7,-15,49,{"$f":"Inputs!$R$38*Inputs!$R$33*(G42-Inputs!$R$26)","v":-96824.199271576974},{"$f":"Inputs!$R$34*E42*Inputs!$R$39","v":8779.3457761591981},{"$f":"params!$C$16*Inputs!$R$30*(G42-Inputs!$R$26)","v":-15162.087472499692},{"$f":"Inputs!$R$41*Inputs!$R$42/8760","v":0},0,360.98762153500678,2.2238327850987206E-3,1.0896780646983731E-3,{"$f":"-N42/(1.202*2465560*MAX(0,(Inputs!$R$49-Q42)))","v":0},{"$f":"params!$C$16*R42*(G42-Inputs!$R$26)","v":0},-103206.94096791747,{"$f":"E42*params!$C$8","v":31.072499999999998}]
["2001-01-02",1,2,"18:00:00",0,10,-8,-14,58,{"$f":"Inputs!$R$38*Inputs!$R$33*(G43-Inputs!$R$26)","v":-102519.74040519915},{"$f":"Inputs!$R$34*E43*Inputs!$R$39","v":0},{"$f":"params!$C$16*Inputs!$R$30*(G43-Inputs!$R$26)","v":-16053.974970882027},{"$f":"Inputs!$R$41*Inputs!$R$42/8760","v":0},0,334.1161188582924,2.0577455669371189E-3,1.193492428823529E-3,{"$f":"-N43/(1.202*2465560*MAX(0,(Inputs!$R$49-Q43)))","v":0},{"$f":"params!$C$16*R43*(G43-Inputs!$R$26)","v":0},-118573.71537608118,{"$f":"E43*params!$C$8","v":0}]
["2001-01-02",1,2,"19:00:00",0,10,-10,-14,70,{"$f":"Inputs!$R$38*Inputs!$R$33*(G44-Inputs!$R$26)","v":-113910.82267244349},{"$f":"Inputs!$R$34*E44*Inputs!$R$39","v":0},{"$f":"params!$C$16*Inputs!$R$30*(G44-Inputs!$R$26)","v":-17837.749967646698},{"$f":"Inputs!$R$41*Inputs!$R$42/8760","v":0},0,285.65695946908653,1.758452799711007E-3,1.2309169597977049E-3,{"$f":"-N44/(1.202*2465560*MAX(0,(Inputs!$R$49-Q44)))","v":0},{"$f":"params!$C$16*R44*(G44-Inputs!$R$26)","v":0},-131748.57264009019,{"$f":"E44*params!$C$8","v":0}]
["2001-01-02",1,2,"20:00:00",0,10,-9,-13,70,{"$f":"Inputs!$R$38*Inputs!$R$33*(G45-Inputs!$R$26)","v":-108215.28153882132},{"$f":"Inputs!$R$34*E45*Inputs!$R$39","v":0},{"$f":"params!$C$16*Inputs!$R$30*(G45-Inputs!$R$26)","v":-16945.862469264361},{"$f":"Inputs!$R$41*Inputs!$R$42/8760","v":0},0,309.04098596033037,1.902841039413297E-3,1.3319887275893081E-3,{"$f":"-N45/(1.202*2465560*MAX(0,(Inputs!$R$49-Q45)))","v":0},{"$f":"params!$C$16*R45*(G45-Inputs!$R$26)","v":0},-125161.14400808568,{"$f":"E45*params!$C$8","v":0}]
["2001-01-02",1,2,"21:00:00",0,10,-8,-13,64,{"$f":"Inputs!$R$38*Inputs!$R$33*(G46-Inputs!$R$26)","v":-102519.74040519915},{"$f":"Inputs!$R$34*E46*Inputs!$R$39","v":0},{"$f":"params!$C$16*Inputs!$R$30*(G46-Inputs!$R$26)","v":-16053.974970882027},{"$f":"Inputs!$R$41*Inputs!$R$42/8760","v":0},0,334.1161188582924,2.0577455669371189E-3,1.3169571628397561E-3,{"$f":"-N46/(1.202*2465560*MAX(0,(Inputs!$R$49-Q46)))","v":0},{"$f":"params!$C$16*R46*(G46-Inputs!$R$26)","v":0},-118573.71537608118,{"$f":"E46*params!$C$8","v":0}]
["2001-01-02",1,2,"22:00:00",0,10,-8,-11,77,{"$f":"Inputs!$R$38*Inputs!$R$33*(G47-Inputs!$R$26)","v":-102519.74040519915},{"$f":"Inputs!$R$34*E47*Inputs!$R$39","v":0},{"$f":"params!$C$16*Inputs!$R$30*(G47-Inputs!$R$26)","v":-16053.974970882027},{"$f":"Inputs!$R$41*Inputs!$R$42/8760","v":0},0,334.1161188582924,2.0577455669371189E-3,1.5844640865415815E-3,{"$f":"-N47/(1.202*2465560*MAX(0,(Inputs!$R$49-Q47)))","v":0},{"$f":"params!$C$16*R47*(G47-Inputs!$R$26)","v":0},-118573.71537608118,{"$f":"E47*params!$C$8","v":0}]
["2001-01-02",1,2,"23:00:00",0,10,-8,-11,77,{"$f":"Inputs!$R$38*Inputs!$R$33*(G48-Inputs!$R$26)","v":-102519.74040519915},{"$f":"Inputs!$R$34*E48*Inputs!$R$39","v":0},{"$f":"params!$C$16*Inputs!$R$30*(G48-Inputs!$R$26)","v":-16053.974970882027},{"$f":"Inputs!$R$41*Inputs!$R$42/8760","v":0},0,334.1161188582924,2.0577455669371189E-3,1.5844640865415815E-3,{"$f":"-N48/(1.202*2465560*MAX(0,(Inputs!$R$49-Q48)))","v":0},{"$f":"params!$C$16*R48*(G48-Inputs!$R$26)","v":0},-118573.71537608118,{"$f":"E48*params!$C$8","v":0}]
["2001-01-02",1,2,1,0,10,-7,-9,84,{"$f":"Inputs!$R$38*Inputs!$R$33*(G49-Inputs!$R$26)","v":-96824.199271576974},{"$f":"Inputs!$R$34*E49*Inputs!$R$39","v":0},{"$f":"params!$C$16*Inputs!$R$30*(G49-Inputs!$R$26)","v":-15162.087472499692},{"$f":"Inputs!$R$41*Inputs!$R$42/8760","v":0},0,360.98762153500678,2.2238327850987206E-3,1.8680195394829252E-3,{"$f":"-N49/(1.202*2465560*MAX(0,(Inputs!$R$49-Q49)))","v":0},{"$f":"params!$C$16*R49*(G49-Inputs!$R$26)","v":0},-111986.28674407667,{"$f":"E49*params!$C$8","v":0}]
["2001-01-03",1,3,"01:00:00",0,10,-6,-10,70,{"$f":"Inputs!$R$38*Inputs!$R$33*(G50-Inputs!$R$26)","v":-91128.658137954801},{"$f":"Inputs!$R$34*E50*Inputs!$R$39","v":0},{"$f":"params!$C$16*Inputs!$R$30*(G50-Inputs!$R$26)","v":-14270.199974117357},{"$f":"Inputs!$R$41*Inputs!$R$42/8760","v":0},0,389.76616195693094,2.4018050803048703E-3,1.6812635562134092E-3,{"$f":"-N50/(1.202*2465560*MAX(0,(Inputs!$R$49-Q50)))","v":0},{"$f":"params!$C$16*R50*(G50-Inputs!$R$26)","v":0},-105398.85811207216,{"$f":"E50*params!$C$8","v":0}]
["2001-01-03",1,3,"02:00:00",0,10,-5,-9,71,{"$f":"Inputs!$R$38*Inputs!$R$33*(G51-Inputs!$R$26)","v":-85433.117004332627},{"$f":"Inputs!$R$34*E51*Inputs!$R$39","v":0},{"$f":"params!$C$16*Inputs!$R$30*(G51-Inputs!$R$26)","v":-13378.312475735022},{"$f":"Inputs!$R$41*Inputs!$R$42/8760","v":0},0,420.56802345265027,2.5924024753231664E-3,1.8406057574794482E-3,{"$f":"-N51/(1.202*2465560*MAX(0,(Inputs!$R$49-Q51)))","v":0},{"$f":"params!$C$16*R51*(G51-Inputs!$R$26)","v":0},-98811.429480067643,{"$f":"E51*params!$C$8","v":0}]
["2001-01-03",1,3,"03:00:00",0,10,-6,-9,77,{"$f":"Inputs!$R$38*Inputs!$R$33*(G52-Inputs!$R$26)","v":-91128.658137954801},{"$f":"Inputs!$R$34*E52*Inputs!$R$39","v":0},{"$f":"params!$C$16*Inputs!$R$30*(G52-Inputs!$R$26)","v":-14270.199974117357},{"$f":"Inputs!$R$41*Inputs!$R$42/8760","v":0},0,389.76616195693094,2.4018050803048703E-3,1.8493899118347502E-3,{"$f":"-N52/(1.202*2465560*MAX(0,(Inputs!$R$49-Q52)))","v":0},{"$f":"params!$C$16*R52*(G52-Inputs!$R$26)","v":0},-105398.85811207216,{"$f":"E52*params!$C$8","v":0}]
["2001-01-03",1,3,"04:00:00",0,10,-6,-9,77,{"$f":"Inputs!$R$38*Inputs!$R$33*(G53-Inputs!$R$26)","v":-91128.658137954801},{"$f":"Inputs!$R$34*E53*Inputs!$R$39","v":0},{"$f":"params!$C$16*Inputs!$R$30*(G53-Inputs!$R$26)","v":-14270.199974117357},{"$f":"Inputs!$R$41*Inputs!$R$42/8760","v":0},0,389.76616195693094,2.4018050803048703E-3,1.8493899118347502E-3,{"$f":"-N53/(1.202*2465560*MAX(0,(Inputs!$R$49-Q53)))","v":0},{"$f":"params!$C$16*R53*(G53-Inputs!$R$26)","v":0},-105398.85811207216,{"$f":"E53*params!$C$8","v":0}]
["2001-01-03",1,3,"05:00:00",0,8,-6,-10,70,{"$f":"Inputs!$R$38*Inputs!$R$33*(G54-Inputs!$R$26)","v":-91128.658137954801},{"$f":"Inputs!$R$34*E54*Inputs!$R$39","v":0},{"$f":"params!$C$16*Inputs!$R$30*(G54-Inputs!$R$26)","v":-14270.199974117357},{"$f":"Inputs!$R$41*Inputs!$R$42/8760","v":0},0,389.76616195693094,2.4018050803048703E-3,1.6812635562134092E-3,{"$f":"-N54/(1.202*2465560*MAX(0,(Inputs!$R$49-Q54)))","v":0},{"$f":"params!$C$16*R54*(G54-Inputs!$R$26)","v":0},-105398.85811207216,{"$f":"E54*params!$C$8","v":0}]
["2001-01-03",1,3,"06:00:00",0,3,-7,-11,70,{"$f":"Inputs!$R$38*Inputs!$R$33*(G55-Inputs!$R$26)","v":-96824.199271576974},{"$f":"Inputs!$R$34*E55*Inputs!$R$39","v":0},{"$f":"params!$C$16*Inputs!$R$30*(G55-Inputs!$R$26)","v":-15162.087472499692},{"$f":"Inputs!$R$41*Inputs!$R$42/8760","v":0},0,360.98762153500678,2.2238327850987206E-3,1.5566829495691045E-3,{"$f":"-N55/(1.202*2465560*MAX(0,(Inputs!$R$49-Q55)))","v":0},{"$f":"params!$C$16*R55*(G55-Inputs!$R$26)","v":0},-111986.28674407667,{"$f":"E55*params!$C$8","v":0}]
["2001-01-03",1,3,"07:00:00",0,3,-8,-12,70,{"$f":"Inputs!$R$38*Inputs!$R$33*(G56-Inputs!$R$26)","v":-102519.74040519915},{"$f":"Inputs!$R$34*E56*Inputs!$R$39","v":0},{"$f":"params!$C$16*Inputs!$R$30*(G56-Inputs!$R$26)","v":-16053.974970882027},{"$f":"Inputs!$R$41*Inputs!$R$42/8760","v":0},0,334.1161188582924,2.0577455669371189E-3,1.4404218968559832E-3,{"$f":"-N56/(1.202*2465560*MAX(0,(Inputs!$R$49-Q56)))","v":0},{"$f":"params!$C$16*R56*(G56-Inputs!$R$26)","v":0},-118573.71537608118,{"$f":"E56*params!$C$8","v":0}]
["2001-01-03",1,3,"08:00:00",0,0,-8,-12,70,{"$f":"Inputs!$R$38*Inputs!$R$33*(G57-Inputs!$R$26)","v":-102519.74040519915},{"$f":"Inputs!$R$34*E57*Inputs!$R$39","v":0},{"$f":"params!$C$16*Inputs!$R$30*(G57-Inputs!$R$26)","v":-16053.974970882027},{"$f":"Inputs!$R$41*Inputs!$R$42/8760","v":0},0,334.1161188582924,2.0577455669371189E-3,1.4404218968559832E-3,{"$f":"-N57/(1.202*2465560*MAX(0,(Inputs!$R$49-Q57)))","v":0},{"$f":"params!$C$16*R57*(G57-Inputs!$R$26)","v":0},-118573.71537608118,{"$f":"E57*params!$C$8","v":0}]
["2001-01-03",1,3,"09:00:00",105,0,-7,-11,70,{"$f":"Inputs!$R$38*Inputs!$R$33*(G58-Inputs!$R$26)","v":-96824.199271576974},{"$f":"Inputs!$R$34*E58*Inputs!$R$39","v":61455.420433114392},{"$f":"params!$C$16*Inputs!$R$30*(G58-Inputs!$R$26)","v":-15162.087472499692},{"$f":"Inputs!$R$41*Inputs!$R$42/8760","v":0},0,360.98762153500678,2.2238327850987206E-3,1.5566829495691045E-3,{"$f":"-N58/(1.202*2465560*MAX(0,(Inputs!$R$49-Q58)))","v":0},{"$f":"params!$C$16*R58*(G58-Inputs!$R$26)","v":0},-50530.866310962272,{"$f":"E58*params!$C$8","v":217.50749999999999}]
["2001-01-03",1,3,"10:00:00",237,0,-6,-11,64,{"$f":"Inputs!$R$38*Inputs!$R$33*(G59-Inputs!$R$26)","v":-91128.658137954801},{"$f":"Inputs!$R$34*E59*Inputs!$R$39","v":138713.66326331533},{"$f":"params!$C$16*Inputs!$R$30*(G59-Inputs!$R$26)","v":-14270.199974117357},{"$f":"Inputs!$R$41*Inputs!$R$42/8760","v":0},0,389.76616195693094,2.4018050803048703E-3,1.5371552513951171E-3,{"$f":"-N59/(1.202*2465560*MAX(0,(Inputs!$R$49-Q59)))","v":0},{"$f":"params!$C$16*R59*(G59-Inputs!$R$26)","v":0},33314.805151243178,{"$f":"E59*params!$C$8","v":490.94549999999998}]
["2001-01-03",1,3,"11:00:00",345,1,-5,-11,59,{"$f":"Inputs!$R$38*Inputs!$R$33*(G60-Inputs!$R$26)","v":-85433.117004332627},{"$f":"Inputs!$R$34*E60*Inputs!$R$39","v":201924.95285166157},{"$f":"params!$C$16*Inputs!$R$30*(G60-Inputs!$R$26)","v":-13378.312475735022},{"$f":"Inputs!$R$41*Inputs!$R$42/8760","v":0},0,420.56802345265027,2.5924024753231664E-3,1.529517460440668E-3,{"$f":"-N60/(1.202*2465560*MAX(0,(Inputs!$R$49-Q60)))","v":0},{"$f":"params!$C$16*R60*(G60-Inputs!$R$26)","v":0},103113.52337159392,{"$f":"E60*params!$C$8","v":714.66750000000002}]
["2001-01-03",1,3,"12:00:00",403,1,-4,-11,54,{"$f":"Inputs!$R$38*Inputs!$R$33*(G61-Inputs!$R$26)","v":-79737.575870710454},{"$f":"Inputs!$R$34*E61*Inputs!$R$39","v":235871.75651947712},{"$f":"params!$C$16*Inputs!$R$30*(G61-Inputs!$R$26)","v":-12486.424977352686},{"$f":"Inputs!$R$41*Inputs!$R$42/8760","v":0},0,453.51532044328405,2.7964043545646504E-3,1.5100583514649113E-3,{"$f":"-N61/(1.202*2465560*MAX(0,(Inputs!$R$49-Q61)))","v":0},{"$f":"params!$C$16*R61*(G61-Inputs!$R$26)","v":0},143647.75567141396,{"$f":"E61*params!$C$8","v":834.81449999999995}]
["2001-01-03",1,3,"13:00:00",417,1,-3,-11,50,{"$f":"Inputs!$R$38*Inputs!$R$33*(G62-Inputs!$R$26)","v":-74042.034737088281},{"$f":"Inputs!$R$34*E62*Inputs!$R$39","v":244065.81257722573},{"$f":"params!$C$16*Inputs!$R$30*(G62-Inputs!$R$26)","v":-11594.537478970353},{"$f":"Inputs!$R$41*Inputs!$R$42/8760","v":0},0,488.73621912146871,3.0146312662847319E-3,1.507315633142366E-3,{"$f":"-N62/(1.202*2465560*MAX(0,(Inputs!$R$49-Q62)))","v":0},{"$f":"params!$C$16*R62*(G62-Inputs!$R$26)","v":0},158429.24036116709,{"$f":"E62*params!$C$8","v":863.81549999999993}]
["2001-01-03",1,3,"14:00:00",372,0,-2,-11,46,{"$f":"Inputs!$R$38*Inputs!$R$33*(G63-Inputs!$R$26)","v":-68346.493603466108},{"$f":"Inputs!$R$34*E63*Inputs!$R$39","v":217727.7752487481},{"$f":"params!$C$16*Inputs!$R$30*(G63-Inputs!$R$26)","v":-10702.649980588018},{"$f":"Inputs!$R$41*Inputs!$R$42/8760","v":0},0,526.36516305985776,3.2479468065175691E-3,1.4940555309980819E-3,{"$f":"-N63/(1.202*2465560*MAX(0,(Inputs!$R$49-Q63)))","v":0},{"$f":"params!$C$16*R63*(G63-Inputs!$R$26)","v":0},138678.63166469397,{"$f":"E63*params!$C$8","v":770.59799999999996}]
["2001-01-03",1,3,"15:00:00",275,0,-2,-11,46,{"$f":"Inputs!$R$38*Inputs!$R$33*(G64-Inputs!$R$26)","v":-68346.493603466108},{"$f":"Inputs!$R$34*E64*Inputs!$R$39","v":160954.67256291863},{"$f":"params!$C$16*Inputs!$R$30*(G64-Inputs!$R$26)","v":-10702.649980588018},{"$f":"Inputs!$R$41*Inputs!$R$42/8760","v":0},0,526.36516305985776,3.2479468065175691E-3,1.4940555309980819E-3,{"$f":"-N64/(1.202*2465560*MAX(0,(Inputs!$R$49-Q64)))","v":0},{"$f":"params!$C$16*R64*(G64-Inputs!$R$26)","v":0},81905.528978864502,{"$f":"E64*params!$C$8","v":569.66250000000002}]
["2001-01-03",1,3,"16:00:00",145,0,-2,-12,42,{"$f":"Inputs!$R$38*Inputs!$R$33*(G65-Inputs!$R$26)","v":-68346.493603466108},{"$f":"Inputs!$R$34*E65*Inputs!$R$39","v":84867.009169538927},{"$f":"params!$C$16*Inputs!$R$30*(G65-Inputs!$R$26)","v":-10702.649980588018},{"$f":"Inputs!$R$41*Inputs!$R$42/8760","v":0},0,526.36516305985776,3.2479468065175691E-3,1.3641376587373792E-3,{"$f":"-N65/(1.202*2465560*MAX(0,(Inputs!$R$49-Q65)))","v":0},{"$f":"params!$C$16*R65*(G65-Inputs!$R$26)","v":0},5817.8655854848021,{"$f":"E65*params!$C$8","v":300.36750000000001}]
["2001-01-03",1,3,"17:00:00",18,4,-3,-12,46,{"$f":"Inputs!$R$38*Inputs!$R$33*(G66-Inputs!$R$26)","v":-74042.034737088281},{"$f":"Inputs!$R$34*E66*Inputs!$R$39","v":10535.214931391038},{"$f":"params!$C$16*Inputs!$R$30*(G66-Inputs!$R$26)","v":-11594.537478970353},{"$f":"Inputs!$R$41*Inputs!$R$42/8760","v":0},0,488.73621912146871,3.0146312662847319E-3,1.3867303824909765E-3,{"$f":"-N66/(1.202*2465560*MAX(0,(Inputs!$R$49-Q66)))","v":0},{"$f":"params!$C$16*R66*(G66-Inputs!$R$26)","v":0},-75101.357284667596,{"$f":"E66*params!$C$8","v":37.286999999999999}]
["2001-01-03",{"$f":"MONTH(A67)","v":1},{"$f":"DAY(A67)","v":3},"18:00:00",0,10,-3,-12,46,{"$f":"Inputs!$R$38*Inputs!$R$33*(G67-Inputs!$R$26)","v":-74042.034737088281},{"$f":"Inputs!$R$34*E67*Inputs!$R$39","v":0},{"$f":"params!$C$16*Inputs!$R$30*(G67-Inputs!$R$26)","v":-11594.537478970353},{"$f":"Inputs!$R$41*Inputs!$R$42/8760","v":0},0,{"$f":"EXP(77.345+0.0057*(G67+273.15)-7235/(G67+273.15))/(G67+273.15)^8.2","v":488.73621912146871},{"$f":"0.62198*O67/(101325-O67)","v":3.0146312662847319E-3},{"$f":"P67*I67/100","v":1.3867303824909765E-3},{"$f":"-N67/(1.202*2465560*MAX(0,(Inputs!$R$49-Q67)))","v":0},{"$f":"params!$C$16*R67*(G67-Inputs!$R$26)","v":0},{"$f":"J67+K67+L67+M67+N67+S67","v":-85636.57221605863},{"$f":"E67*params!$C$8","v":0}]
["2001-01-03",1,3,"19:00:00",0,10,-3,-12,46,{"$f":"Inputs!$R$38*Inputs!$R$33*(G68-Inputs!$R$26)","v":-74042.034737088281},{"$f":"Inputs!$R$34*E68*Inputs!$R$39","v":0},{"$f":"params!$C$16*Inputs!$R$30*(G68-Inputs!$R$26)","v":-11594.537478970353},{"$f":"Inputs!$R$41*Inputs!$R$42/8760","v":0},0,488.73621912146871,3.0146312662847319E-3,1.3867303824909765E-3,{"$f":"-N68/(1.202*2465560*MAX(0,(Inputs!$R$49-Q68)))","v":0},{"$f":"params!$C$16*R68*(G68-Inputs!$R$26)","v":0},-85636.57221605863,{"$f":"E68*params!$C$8","v":0}]
["2001-01-03",1,3,"20:00:00",0,10,-4,-12,50,{"$f":"Inputs!$R$38*Inputs!$R$33*(G69-Inputs!$R$26)","v":-79737.575870710454},{"$f":"Inputs!$R$34*E69*Inputs!$R$39","v":0},{"$f":"params!$C$16*Inputs!$R$30*(G69-Inputs!$R$26)","v":-12486.424977352686},{"$f":"Inputs!$R$41*Inputs!$R$42/8760","v":0},0,453.51532044328405,2.7964043545646504E-3,1.3982021772823252E-3,{"$f":"-N69/(1.202*2465560*MAX(0,(Inputs!$R$49-Q69)))","v":0},{"$f":"params!$C$16*R69*(G69-Inputs!$R$26)","v":0},-92224.000848063137,{"$f":"E69*params!$C$8","v":0}]
["2001-01-03",1,3,"21:00:00",0,10,-4,-12,50,{"$f":"Inputs!$R$38*Inputs!$R$33*(G70-Inputs!$R$26)","v":-79737.575870710454},{"$f":"Inputs!$R$34*E70*Inputs!$R$39","v":0},{"$f":"params!$C$16*Inputs!$R$30*(G70-Inputs!$R$26)","v":-12486.424977352686},{"$f":"Inputs!$R$41*Inputs!$R$42/8760","v":0},0,453.51532044328405,2.7964043545646504E-3,1.3982021772823252E-3,{"$f":"-N70/(1.202*2465560*MAX(0,(Inputs!$R$49-Q70)))","v":0},{"$f":"params!$C$16*R70*(G70-Inputs!$R$26)","v":0},-92224.000848063137,{"$f":"E70*params!$C$8","v":0}]
["2001-01-03",1,3,"22:00:00",0,10,-4,-11,54,{"$f":"Inputs!$R$38*Inputs!$R$33*(G71-Inputs!$R$26)","v":-79737.575870710454},{"$f":"Inputs!$R$34*E71*Inputs!$R$39","v":0},{"$f":"params!$C$16*Inputs!$R$30*(G71-Inputs!$R$26)","v":-12486.424977352686},{"$f":"Inputs!$R$41*Inputs!$R$42/8760","v":0},0,453.51532044328405,2.7964043545646504E-3,1.5100583514649113E-3,{"$f":"-N71/(1.202*2465560*MAX(0,(Inputs!$R$49-Q71)))","v":0},{"$f":"params!$C$16*R71*(G71-Inputs!$R$26)","v":0},-92224.000848063137,{"$f":"E71*params!$C$8","v":0}]
["2001-01-03",1,3,"23:00:00",0,10,-4,-11,54,{"$f":"Inputs!$R$38*Inputs!$R$33*(G72-Inputs!$R$26)","v":-79737.575870710454},{"$f":"Inputs!$R$34*E72*Inputs!$R$39","v":0},{"$f":"params!$C$16*Inputs!$R$30*(G72-Inputs!$R$26)","v":-12486.424977352686},{"$f":"Inputs!$R$41*Inputs!$R$42/8760","v":0},0,453.51532044328405,2.7964043545646504E-3,1.5100583514649113E-3,{"$f":"-N72/(1.202*2465560*MAX(0,(Inputs!$R$49-Q72)))","v":0},{"$f":"params!$C$16*R72*(G72-Inputs!$R$26)","v":0},-92224.000848063137,{"$f":"E72*params!$C$8","v":0}]
["2001-01-03",1,3,1,0,10,-5,-10,65,{"$f":"Inputs!$R$38*Inputs!$R$33*(G73-Inputs!$R$26)","v":-85433.117004332627},{"$f":"Inputs!$R$34*E73*Inputs!$R$39","v":0},{"$f":"params!$C$16*Inputs!$R$30*(G73-Inputs!$R$26)","v":-13378.312475735022},{"$f":"Inputs!$R$41*Inputs!$R$42/8760","v":0},0,420.56802345265027,2.5924024753231664E-3,1.6850616089600582E-3,{"$f":"-N73/(1.202*2465560*MAX(0,(Inputs!$R$49-Q73)))","v":0},{"$f":"params!$C$16*R73*(G73-Inputs!$R$26)","v":0},-98811.429480067643,{"$f":"E73*params!$C$8","v":0}]
["2001-01-04",1,4,"01:00:00",0,10,-5,-9,71,{"$f":"Inputs!$R$38*Inputs!$R$33*(G74-Inputs!$R$26)","v":-85433.117004332627},{"$f":"Inputs!$R$34*E74*Inputs!$R$39","v":0},{"$f":"params!$C$16*Inputs!$R$30*(G74-Inputs!$R$26)","v":-13378.312475735022},{"$f":"Inputs!$R$41*Inputs!$R$42/8760","v":0},0,420.56802345265027,2.5924024753231664E-3,1.8406057574794482E-3,{"$f":"-N74/(1.202*2465560*MAX(0,(Inputs!$R$49-Q74)))","v":0},{"$f":"params!$C$16*R74*(G74-Inputs!$R$26)","v":0},-98811.429480067643,{"$f":"E74*params!$C$8","v":0}]
["2001-01-04",1,4,"02:00:00",0,10,-5,-9,71,{"$f":"Inputs!$R$38*Inputs!$R$33*(G75-Inputs!$R$26)","v":-85433.117004332627},{"$f":"Inputs!$R$34*E75*Inputs!$R$39","v":0},{"$f":"params!$C$16*Inputs!$R$30*(G75-Inputs!$R$26)","v":-13378.312475735022},{"$f":"Inputs!$R$41*Inputs!$R$42/8760","v":0},0,420.56802345265027,2.5924024753231664E-3,1.8406057574794482E-3,{"$f":"-N75/(1.202*2465560*MAX(0,(Inputs!$R$49-Q75)))","v":0},{"$f":"params!$C$16*R75*(G75-Inputs!$R$26)","v":0},-98811.429480067643,{"$f":"E75*params!$C$8","v":0}]
["2001-01-04",1,4,"03:00:00",0,10,-4,-9,65,{"$f":"Inputs!$R$38*Inputs!$R$33*(G76-Inputs!$R$26)","v":-79737.575870710454},{"$f":"Inputs!$R$34*E76*Inputs!$R$39","v":0},{"$f":"params!$C$16*Inputs!$R$30*(G76-Inputs!$R$26)","v":-12486.424977352686},{"$f":"Inputs!$R$41*Inputs!$R$42/8760","v":0},0,453.51532044328405,2.7964043545646504E-3,1.8176628304670229E-3,{"$f":"-N76/(1.202*2465560*MAX(0,(Inputs!$R$49-Q76)))","v":0},{"$f":"params!$C$16*R76*(G76-Inputs!$R$26)","v":0},-92224.000848063137,{"$f":"E76*params!$C$8","v":0}]
["2001-01-04",1,4,"04:00:00",0,10,-4,-9,65,{"$f":"Inputs!$R$38*Inputs!$R$33*(G77-Inputs!$R$26)","v":-79737.575870710454},{"$f":"Inputs!$R$34*E77*Inputs!$R$39","v":0},{"$f":"params!$C$16*Inputs!$R$30*(G77-Inputs!$R$26)","v":-12486.424977352686},{"$f":"Inputs!$R$41*Inputs!$R$42/8760","v":0},0,453.51532044328405,2.7964043545646504E-3,1.8176628304670229E-3,{"$f":"-N77/(1.202*2465560*MAX(0,(Inputs!$R$49-Q77)))","v":0},{"$f":"params!$C$16*R77*(G77-Inputs!$R$26)","v":0},-92224.000848063137,{"$f":"E77*params!$C$8","v":0}]
["2001-01-04",1,4,"05:00:00",0,10,-4,-8,71,{"$f":"Inputs!$R$38*Inputs!$R$33*(G78-Inputs!$R$26)","v":-79737.575870710454},{"$f":"Inputs!$R$34*E78*Inputs!$R$39","v":0},{"$f":"params!$C$16*Inputs!$R$30*(G78-Inputs!$R$26)","v":-12486.424977352686},{"$f":"Inputs!$R$41*Inputs!$R$42/8760","v":0},0,453.51532044328405,2.7964043545646504E-3,1.9854470917409018E-3,{"$f":"-N78/(1.202*2465560*MAX(0,(Inputs!$R$49-Q78)))","v":0},{"$f":"params!$C$16*R78*(G78-Inputs!$R$26)","v":0},-92224.000848063137,{"$f":"E78*params!$C$8","v":0}]
["2001-01-04",1,4,"06:00:00",0,10,-4,-8,71,{"$f":"Inputs!$R$38*Inputs!$R$33*(G79-Inputs!$R$26)","v":-79737.575870710454},{"$f":"Inputs!$R$34*E79*Inputs!$R$39","v":0},{"$f":"params!$C$16*Inputs!$R$30*(G79-Inputs!$R$26)","v":-12486.424977352686},{"$f":"Inputs!$R$41*Inputs!$R$42/8760","v":0},0,453.51532044328405,2.7964043545646504E-3,1.9854470917409018E-3,{"$f":"-N79/(1.202*2465560*MAX(0,(Inputs!$R$49-Q79)))","v":0},{"$f":"params!$C$16*R79*(G79-Inputs!$R$26)","v":0},-92224.000848063137,{"$f":"E79*params!$C$8","v":0}]
["2001-01-04",1,4,"07:00:00",0,10,-4,-8,71,{"$f":"Inputs!$R$38*Inputs!$R$33*(G80-Inputs!$R$26)","v":-79737.575870710454},{"$f":"Inputs!$R$34*E80*Inputs!$R$39","v":0},{"$f":"params!$C$16*Inputs!$R$30*(G80-Inputs!$R$26)","v":-12486.424977352686},{"$f":"Inputs!$R$41*Inputs!$R$42/8760","v":0},0,453.51532044328405,2.7964043545646504E-3,1.9854470917409018E-3,{"$f":"-N80/(1.202*2465560*MAX(0,(Inputs!$R$49-Q80)))","v":0},{"$f":"params!$C$16*R80*(G80-Inputs!$R$26)","v":0},-92224.000848063137,{"$f":"E80*params!$C$8","v":0}]
["2001-01-04",1,4,"08:00:00",0,10,-4,-8,71,{"$f":"Inputs!$R$38*Inputs!$R$33*(G81-Inputs!$R$26)","v":-79737.575870710454},{"$f":"Inputs!$R$34*E81*Inputs!$R$39","v":0},{"$f":"params!$C$16*Inputs!$R$30*(G81-Inputs!$R$26)","v":-12486.424977352686},{"$f":"Inputs!$R$41*Inputs!$R$42/8760","v":0},0,453.51532044328405,2.7964043545646504E-3,1.9854470917409018E-3,{"$f":"-N81/(1.202*2465560*MAX(0,(Inputs!$R$49-Q81)))","v":0},{"$f":"params!$C$16*R81*(G81-Inputs!$R$26)","v":0},-92224.000848063137,{"$f":"E81*params!$C$8","v":0}]
["2001-01-04",1,4,"09:00:00",95,10,-4,-8,71,{"$f":"Inputs!$R$38*Inputs!$R$33*(G82-Inputs!$R$26)","v":-79737.575870710454},{"$f":"Inputs!$R$34*E82*Inputs!$R$39","v":55602.523249008256},{"$f":"params!$C$16*Inputs!$R$30*(G82-Inputs!$R$26)","v":-12486.424977352686},{"$f":"Inputs!$R$41*Inputs!$R$42/8760","v":0},0,453.51532044328405,2.7964043545646504E-3,1.9854470917409018E-3,{"$f":"-N82/(1.202*2465560*MAX(0,(Inputs!$R$49-Q82)))","v":0},{"$f":"params!$C$16*R82*(G82-Inputs!$R$26)","v":0},-36621.477599054881,{"$f":"E82*params!$C$8","v":196.79249999999999}]
["2001-01-04",1,4,"10:00:00",94,10,-3,-8,65,{"$f":"Inputs!$R$38*Inputs!$R$33*(G83-Inputs!$R$26)","v":-74042.034737088281},{"$f":"Inputs!$R$34*E83*Inputs!$R$39","v":55017.233530597645},{"$f":"params!$C$16*Inputs!$R$30*(G83-Inputs!$R$26)","v":-11594.537478970353},{"$f":"Inputs!$R$41*Inputs!$R$42/8760","v":0},0,488.73621912146871,3.0146312662847319E-3,1.9595103230850759E-3,{"$f":"-N83/(1.202*2465560*MAX(0,(Inputs!$R$49-Q83)))","v":0},{"$f":"params!$C$16*R83*(G83-Inputs!$R$26)","v":0},-30619.338685460989,{"$f":"E83*params!$C$8","v":194.721}]
["2001-01-04",1,4,"11:00:00",137,10,-2,-8,60,{"$f":"Inputs!$R$38*Inputs!$R$33*(G84-Inputs!$R$26)","v":-68346.493603466108},{"$f":"Inputs!$R$34*E84*Inputs!$R$39","v":80184.691422254022},{"$f":"params!$C$16*Inputs!$R$30*(G84-Inputs!$R$26)","v":-10702.649980588018},{"$f":"Inputs!$R$41*Inputs!$R$42/8760","v":0},0,526.36516305985776,3.2479468065175691E-3,1.9487680839105415E-3,{"$f":"-N84/(1.202*2465560*MAX(0,(Inputs!$R$49-Q84)))","v":0},{"$f":"params!$C$16*R84*(G84-Inputs!$R$26)","v":0},1135.5478381998964,{"$f":"E84*params!$C$8","v":283.7955}]
["2001-01-04",1,4,"12:00:00",316,8,-1,-9,50,{"$f":"Inputs!$R$38*Inputs!$R$33*(G85-Inputs!$R$26)","v":-62650.952469843927},{"$f":"Inputs!$R$34*E85*Inputs!$R$39","v":184951.55101775378},{"$f":"params!$C$16*Inputs!$R$30*(G85-Inputs!$R$26)","v":-9810.7624822056823},{"$f":"Inputs!$R$41*Inputs!$R$42/8760","v":0},0,566.54310372490409,3.4972595900071069E-3,1.7486297950035535E-3,{"$f":"-N85/(1.202*2465560*MAX(0,(Inputs!$R$49-Q85)))","v":0},{"$f":"params!$C$16*R85*(G85-Inputs!$R$26)","v":0},112489.83606570416,{"$f":"E85*params!$C$8","v":654.59399999999994}]
["2001-01-04",1,4,"13:00:00",131,10,-2,-9,55,{"$f":"Inputs!$R$38*Inputs!$R$33*(G86-Inputs!$R$26)","v":-68346.493603466108},{"$f":"Inputs!$R$34*E86*Inputs!$R$39","v":76672.953111790339},{"$f":"params!$C$16*Inputs!$R$30*(G86-Inputs!$R$26)","v":-10702.649980588018},{"$f":"Inputs!$R$41*Inputs!$R$42/8760","v":0},0,526.36516305985776,3.2479468065175691E-3,1.7863707435846628E-3,{"$f":"-N86/(1.202*2465560*MAX(0,(Inputs!$R$49-Q86)))","v":0},{"$f":"params!$C$16*R86*(G86-Inputs!$R$26)","v":0},-2376.1904722637864,{"$f":"E86*params!$C$8","v":271.36649999999997}]
["2001-01-04",1,4,"14:00:00",69,10,-2,-8,60,{"$f":"Inputs!$R$38*Inputs!$R$33*(G87-Inputs!$R$26)","v":-68346.493603466108},{"$f":"Inputs!$R$34*E87*Inputs!$R$39","v":40384.990570332317},{"$f":"params!$C$16*Inputs!$R$30*(G87-Inputs!$R$26)","v":-10702.649980588018},{"$f":"Inputs!$R$41*Inputs!$R$42/8760","v":0},0,526.36516305985776,3.2479468065175691E-3,1.9487680839105415E-3,{"$f":"-N87/(1.202*2465560*MAX(0,(Inputs!$R$49-Q87)))","v":0},{"$f":"params!$C$16*R87*(G87-Inputs!$R$26)","v":0},-38664.153013721807,{"$f":"E87*params!$C$8","v":142.93349999999998}]
["2001-01-04",1,4,"15:00:00",59,10,-2,-8,60,{"$f":"Inputs!$R$38*Inputs!$R$33*(G88-Inputs!$R$26)","v":-68346.493603466108},{"$f":"Inputs!$R$34*E88*Inputs!$R$39","v":34532.093386226181},{"$f":"params!$C$16*Inputs!$R$30*(G88-Inputs!$R$26)","v":-10702.649980588018},{"$f":"Inputs!$R$41*Inputs!$R$42/8760","v":0},0,526.36516305985776,3.2479468065175691E-3,1.9487680839105415E-3,{"$f":"-N88/(1.202*2465560*MAX(0,(Inputs!$R$49-Q88)))","v":0},{"$f":"params!$C$16*R88*(G88-Inputs!$R$26)","v":0},-44517.050197827943,{"$f":"E88*params!$C$8","v":122.21849999999999}]
["2001-01-04",1,4,"16:00:00",47,10,-2,-7,65,{"$f":"Inputs!$R$38*Inputs!$R$33*(G89-Inputs!$R$26)","v":-68346.493603466108},{"$f":"Inputs!$R$34*E89*Inputs!$R$39","v":27508.616765298822},{"$f":"params!$C$16*Inputs!$R$30*(G89-Inputs!$R$26)","v":-10702.649980588018},{"$f":"Inputs!$R$41*Inputs!$R$42/8760","v":0},0,526.36516305985776,3.2479468065175691E-3,2.1111654242364202E-3,{"$f":"-N89/(1.202*2465560*MAX(0,(Inputs!$R$49-Q89)))","v":0},{"$f":"params!$C$16*R89*(G89-Inputs!$R$26)","v":0},-51540.526818755301,{"$f":"E89*params!$C$8","v":97.360500000000002}]
["2001-01-04",1,4,"17:00:00",10,10,-2,-8,60,{"$f":"Inputs!$R$38*Inputs!$R$33*(G90-Inputs!$R$26)","v":-68346.493603466108},{"$f":"Inputs!$R$34*E90*Inputs!$R$39","v":5852.897184106133},{"$f":"params!$C$16*Inputs!$R$30*(G90-Inputs!$R$26)","v":-10702.649980588018},{"$f":"Inputs!$R$41*Inputs!$R$42/8760","v":0},0,526.36516305985776,3.2479468065175691E-3,1.9487680839105415E-3,{"$f":"-N90/(1.202*2465560*MAX(0,(Inputs!$R$49-Q90)))","v":0},{"$f":"params!$C$16*R90*(G90-Inputs!$R$26)","v":0},-73196.246399947995,{"$f":"E90*params!$C$8","v":20.715}]
["2001-01-04",1,4,"18:00:00",0,10,-3,-8,65,{"$f":"Inputs!$R$38*Inputs!$R$33*(G91-Inputs!$R$26)","v":-74042.034737088281},{"$f":"Inputs!$R$34*E91*Inputs!$R$39","v":0},{"$f":"params!$C$16*Inputs!$R$30*(G91-Inputs!$R$26)","v":-11594.537478970353},{"$f":"Inputs!$R$41*Inputs!$R$42/8760","v":0},0,488.73621912146871,3.0146312662847319E-3,1.9595103230850759E-3,{"$f":"-N91/(1.202*2465560*MAX(0,(Inputs!$R$49-Q91)))","v":0},{"$f":"params!$C$16*R91*(G91-Inputs!$R$26)","v":0},-85636.57221605863,{"$f":"E91*params!$C$8","v":0}]
["2001-01-04",1,4,"19:00:00",0,10,-3,-8,65,{"$f":"Inputs!$R$38*Inputs!$R$33*(G92-Inputs!$R$26)","v":-74042.034737088281},{"$f":"Inputs!$R$34*E92*Inputs!$R$39","v":0},{"$f":"params!$C$16*Inputs!$R$30*(G92-Inputs!$R$26)","v":-11594.537478970353},{"$f":"Inputs!$R$41*Inputs!$R$42/8760","v":0},0,488.73621912146871,3.0146312662847319E-3,1.9595103230850759E-3,{"$f":"-N92/(1.202*2465560*MAX(0,(Inputs!$R$49-Q92)))","v":0},{"$f":"params!$C$16*R92*(G92-Inputs!$R$26)","v":0},-85636.57221605863,{"$f":"E92*params!$C$8","v":0}]
["2001-01-04",1,4,"20:00:00",0,10,-3,-8,65,{"$f":"Inputs!$R$38*Inputs!$R$33*(G93-Inputs!$R$26)","v":-74042.034737088281},{"$f":"Inputs!$R$34*E93*Inputs!$R$39","v":0},{"$f":"params!$C$16*Inputs!$R$30*(G93-Inputs!$R$26)","v":-11594.537478970353},{"$f":"Inputs!$R$41*Inputs!$R$42/8760","v":0},0,488.73621912146871,3.0146312662847319E-3,1.9595103230850759E-3,{"$f":"-N93/(1.202*2465560*MAX(0,(Inputs!$R$49-Q93)))","v":0},{"$f":"params!$C$16*R93*(G93-Inputs!$R$26)","v":0},-85636.57221605863,{"$f":"E93*params!$C$8","v":0}]
["2001-01-04",1,4,"21:00:00",0,10,-3,-8,65,{"$f":"Inputs!$R$38*Inputs!$R$33*(G94-Inputs!$R$26)","v":-74042.034737088281},{"$f":"Inputs!$R$34*E94*Inputs!$R$39","v":0},{"$f":"params!$C$16*Inputs!$R$30*(G94-Inputs!$R$26)","v":-11594.537478970353},{"$f":"Inputs!$R$41*Inputs!$R$42/8760","v":0},0,488.73621912146871,3.0146312662847319E-3,1.9595103230850759E-3,{"$f":"-N94/(1.202*2465560*MAX(0,(Inputs!$R$49-Q94)))","v":0},{"$f":"params!$C$16*R94*(G94-Inputs!$R$26)","v":0},-85636.57221605863,{"$f":"E94*params!$C$8","v":0}]
["2001-01-04",1,4,"22:00:00",0,8,-4,-9,65,{"$f":"Inputs!$R$38*Inputs!$R$33*(G95-Inputs!$R$26)","v":-79737.575870710454},{"$f":"Inputs!$R$34*E95*Inputs!$R$39","v":0},{"$f":"params!$C$16*Inputs!$R$30*(G95-Inputs!$R$26)","v":-12486.424977352686},{"$f":"Inputs!$R$41*Inputs!$R$42/8760","v":0},0,453.51532044328405,2.7964043545646504E-3,1.8176628304670229E-3,{"$f":"-N95/(1.202*2465560*MAX(0,(Inputs!$R$49-Q95)))","v":0},{"$f":"params!$C$16*R95*(G95-Inputs!$R$26)","v":0},-92224.000848063137,{"$f":"E95*params!$C$8","v":0}]
["2001-01-04",1,4,"23:00:00",0,10,-5,-10,65,{"$f":"Inputs!$R$38*Inputs!$R$33*(G96-Inputs!$R$26)","v":-85433.117004332627},{"$f":"Inputs!$R$34*E96*Inputs!$R$39","v":0},{"$f":"params!$C$16*Inputs!$R$30*(G96-Inputs!$R$26)","v":-13378.312475735022},{"$f":"Inputs!$R$41*Inputs!$R$42/8760","v":0},0,420.56802345265027,2.5924024753231664E-3,1.6850616089600582E-3,{"$f":"-N96/(1.202*2465560*MAX(0,(Inputs!$R$49-Q96)))","v":0},{"$f":"params!$C$16*R96*(G96-Inputs!$R$26)","v":0},-98811.429480067643,{"$f":"E96*params!$C$8","v":0}]
["2001-01-04",1,4,1,0,3,-7,-11,70,{"$f":"Inputs!$R$38*Inputs!$R$33*(G97-Inputs!$R$26)","v":-96824.199271576974},{"$f":"Inputs!$R$34*E97*Inputs!$R$39","v":0},{"$f":"params!$C$16*Inputs!$R$30*(G97-Inputs!$R$26)","v":-15162.087472499692},{"$f":"Inputs!$R$41*Inputs!$R$42/8760","v":0},0,360.98762153500678,2.2238327850987206E-3,1.5566829495691045E-3,{"$f":"-N97/(1.202*2465560*MAX(0,(Inputs!$R$49-Q97)))","v":0},{"$f":"params!$C$16*R97*(G97-Inputs!$R$26)","v":0},-111986.28674407667,{"$f":"E97*params!$C$8","v":0}]
["2001-01-05",1,5,"01:00:00",0,5,-8,-11,77,{"$f":"Inputs!$R$38*Inputs!$R$33*(G98-Inputs!$R$26)","v":-102519.74040519915},{"$f":"Inputs!$R$34*E98*Inputs!$R$39","v":0},{"$f":"params!$C$16*Inputs!$R$30*(G98-Inputs!$R$26)","v":-16053.974970882027},{"$f":"Inputs!$R$41*Inputs!$R$42/8760","v":0},0,334.1161188582924,2.0577455669371189E-3,1.5844640865415815E-3,{"$f":"-N98/(1.202*2465560*MAX(0,(Inputs!$R$49-Q98)))","v":0},{"$f":"params!$C$16*R98*(G98-Inputs!$R$26)","v":0},-118573.71537608118,{"$f":"E98*params!$C$8","v":0}]
["2001-01-05",1,5,"02:00:00",0,8,-8,-11,77,{"$f":"Inputs!$R$38*Inputs!$R$33*(G99-Inputs!$R$26)","v":-102519.74040519915},{"$f":"Inputs!$R$34*E99*Inputs!$R$39","v":0},{"$f":"params!$C$16*Inputs!$R$30*(G99-Inputs!$R$26)","v":-16053.974970882027},{"$f":"Inputs!$R$41*Inputs!$R$42/8760","v":0},0,334.1161188582924,2.0577455669371189E-3,1.5844640865415815E-3,{"$f":"-N99/(1.202*2465560*MAX(0,(Inputs!$R$49-Q99)))","v":0},{"$f":"params!$C$16*R99*(G99-Inputs!$R$26)","v":0},-118573.71537608118,{"$f":"E99*params!$C$8","v":0}]
["2001-01-05",1,5,"03:00:00",0,7,-9,-11,84,{"$f":"Inputs!$R$38*Inputs!$R$33*(G100-Inputs!$R$26)","v":-108215.28153882132},{"$f":"Inputs!$R$34*E100*Inputs!$R$39","v":0},{"$f":"params!$C$16*Inputs!$R$30*(G100-Inputs!$R$26)","v":-16945.862469264361},{"$f":"Inputs!$R$41*Inputs!$R$42/8760","v":0},0,309.04098596033037,1.902841039413297E-3,1.5983864731071696E-3,{"$f":"-N100/(1.202*2465560*MAX(0,(Inputs!$R$49-Q100)))","v":0},{"$f":"params!$C$16*R100*(G100-Inputs!$R$26)","v":0},-125161.14400808568,{"$f":"E100*params!$C$8","v":0}]
["2001-01-05",1,5,"04:00:00",0,9,-9,-11,84,{"$f":"Inputs!$R$38*Inputs!$R$33*(G101-Inputs!$R$26)","v":-108215.28153882132},{"$f":"Inputs!$R$34*E101*Inputs!$R$39","v":0},{"$f":"params!$C$16*Inputs!$R$30*(G101-Inputs!$R$26)","v":-16945.862469264361},{"$f":"Inputs!$R$41*Inputs!$R$42/8760","v":0},0,309.04098596033037,1.902841039413297E-3,1.5983864731071696E-3,{"$f":"-N101/(1.202*2465560*MAX(0,(Inputs!$R$49-Q101)))","v":0},{"$f":"params!$C$16*R101*(G101-Inputs!$R$26)","v":0},-125161.14400808568,{"$f":"E101*params!$C$8","v":0}]
["2001-01-05",1,5,"05:00:00",0,10,-7,-8,92,{"$f":"Inputs!$R$38*Inputs!$R$33*(G102-Inputs!$R$26)","v":-96824.199271576974},{"$f":"Inputs!$R$34*E102*Inputs!$R$39","v":0},{"$f":"params!$C$16*Inputs!$R$30*(G102-Inputs!$R$26)","v":-15162.087472499692},{"$f":"Inputs!$R$41*Inputs!$R$42/8760","v":0},0,360.98762153500678,2.2238327850987206E-3,2.0459261622908231E-3,{"$f":"-N102/(1.202*2465560*MAX(0,(Inputs!$R$49-Q102)))","v":0},{"$f":"params!$C$16*R102*(G102-Inputs!$R$26)","v":0},-111986.28674407667,{"$f":"E102*params!$C$8","v":0}]
["2001-01-05",1,5,"06:00:00",0,10,-5,-8,77,{"$f":"Inputs!$R$38*Inputs!$R$33*(G103-Inputs!$R$26)","v":-85433.117004332627},{"$f":"Inputs!$R$34*E103*Inputs!$R$39","v":0},{"$f":"params!$C$16*Inputs!$R$30*(G103-Inputs!$R$26)","v":-13378.312475735022},{"$f":"Inputs!$R$41*Inputs!$R$42/8760","v":0},0,420.56802345265027,2.5924024753231664E-3,1.996149905998838E-3,{"$f":"-N103/(1.202*2465560*MAX(0,(Inputs!$R$49-Q103)))","v":0},{"$f":"params!$C$16*R103*(G103-Inputs!$R$26)","v":0},-98811.429480067643,{"$f":"E103*params!$C$8","v":0}]
["2001-01-05",1,5,"07:00:00",0,10,-4,-7,77,{"$f":"Inputs!$R$38*Inputs!$R$33*(G104-Inputs!$R$26)","v":-79737.575870710454},{"$f":"Inputs!$R$34*E104*Inputs!$R$39","v":0},{"$f":"params!$C$16*Inputs!$R$30*(G104-Inputs!$R$26)","v":-12486.424977352686},{"$f":"Inputs!$R$41*Inputs!$R$42/8760","v":0},0,453.51532044328405,2.7964043545646504E-3,2.1532313530147808E-3,{"$f":"-N104/(1.202*2465560*MAX(0,(Inputs!$R$49-Q104)))","v":0},{"$f":"params!$C$16*R104*(G104-Inputs!$R$26)","v":0},-92224.000848063137,{"$f":"E104*params!$C$8","v":0}]
["2001-01-05",1,5,"08:00:00",0,10,-4,-7,77,{"$f":"Inputs!$R$38*Inputs!$R$33*(G105-Inputs!$R$26)","v":-79737.575870710454},{"$f":"Inputs!$R$34*E105*Inputs!$R$39","v":0},{"$f":"params!$C$16*Inputs!$R$30*(G105-Inputs!$R$26)","v":-12486.424977352686},{"$f":"Inputs!$R$41*Inputs!$R$42/8760","v":0},0,453.51532044328405,2.7964043545646504E-3,2.1532313530147808E-3,{"$f":"-N105/(1.202*2465560*MAX(0,(Inputs!$R$49-Q105)))","v":0},{"$f":"params!$C$16*R105*(G105-Inputs!$R$26)","v":0},-92224.000848063137,{"$f":"E105*params!$C$8","v":0}]
["2001-01-05",1,5,"09:00:00",74,10,-4,-7,77,{"$f":"Inputs!$R$38*Inputs!$R$33*(G106-Inputs!$R$26)","v":-79737.575870710454},{"$f":"Inputs!$R$34*E106*Inputs!$R$39","v":43311.439162385381},{"$f":"params!$C$16*Inputs!$R$30*(G106-Inputs!$R$26)","v":-12486.424977352686},{"$f":"Inputs!$R$41*Inputs!$R$42/8760","v":0},0,453.51532044328405,2.7964043545646504E-3,2.1532313530147808E-3,{"$f":"-N106/(1.202*2465560*MAX(0,(Inputs!$R$49-Q106)))","v":0},{"$f":"params!$C$16*R106*(G106-Inputs!$R$26)","v":0},-48912.561685677763,{"$f":"E106*params!$C$8","v":153.291}]
["2001-01-05",1,5,"10:00:00",108,10,-4,-6,84,{"$f":"Inputs!$R$38*Inputs!$R$33*(G107-Inputs!$R$26)","v":-79737.575870710454},{"$f":"Inputs!$R$34*E107*Inputs!$R$39","v":63211.289588346233},{"$f":"params!$C$16*Inputs!$R$30*(G107-Inputs!$R$26)","v":-12486.424977352686},{"$f":"Inputs!$R$41*Inputs!$R$42/8760","v":0},0,453.51532044328405,2.7964043545646504E-3,2.3489796578343063E-3,{"$f":"-N107/(1.202*2465560*MAX(0,(Inputs!$R$49-Q107)))","v":0},{"$f":"params!$C$16*R107*(G107-Inputs!$R$26)","v":0},-29012.711259716907,{"$f":"E107*params!$C$8","v":223.72199999999998}]
["2001-01-05",1,5,"11:00:00",59,10,-4,-7,77,{"$f":"Inputs!$R$38*Inputs!$R$33*(G108-Inputs!$R$26)","v":-79737.575870710454},{"$f":"Inputs!$R$34*E108*Inputs!$R$39","v":34532.093386226181},{"$f":"params!$C$16*Inputs!$R$30*(G108-Inputs!$R$26)","v":-12486.424977352686},{"$f":"Inputs!$R$41*Inputs!$R$42/8760","v":0},0,453.51532044328405,2.7964043545646504E-3,2.1532313530147808E-3,{"$f":"-N108/(1.202*2465560*MAX(0,(Inputs!$R$49-Q108)))","v":0},{"$f":"params!$C$16*R108*(G108-Inputs!$R$26)","v":0},-57691.907461836963,{"$f":"E108*params!$C$8","v":122.21849999999999}]
["2001-01-05",1,5,"12:00:00",105,10,-3,-7,71,{"$f":"Inputs!$R$38*Inputs!$R$33*(G109-Inputs!$R$26)","v":-74042.034737088281},{"$f":"Inputs!$R$34*E109*Inputs!$R$39","v":61455.420433114392},{"$f":"params!$C$16*Inputs!$R$30*(G109-Inputs!$R$26)","v":-11594.537478970353},{"$f":"Inputs!$R$41*Inputs!$R$42/8760","v":0},0,488.73621912146871,3.0146312662847319E-3,2.1403881990621596E-3,{"$f":"-N109/(1.202*2465560*MAX(0,(Inputs!$R$49-Q109)))","v":0},{"$f":"params!$C$16*R109*(G109-Inputs!$R$26)","v":0},-24181.151782944242,{"$f":"E109*params!$C$8","v":217.50749999999999}]
["2001-01-05",1,5,"13:00:00",107,10,-2,-6,71,{"$f":"Inputs!$R$38*Inputs!$R$33*(G110-Inputs!$R$26)","v":-68346.493603466108},{"$f":"Inputs!$R$34*E110*Inputs!$R$39","v":62625.999869935615},{"$f":"params!$C$16*Inputs!$R$30*(G110-Inputs!$R$26)","v":-10702.649980588018},{"$f":"Inputs!$R$41*Inputs!$R$42/8760","v":0},0,526.36516305985776,3.2479468065175691E-3,2.306042232627474E-3,{"$f":"-N110/(1.202*2465560*MAX(0,(Inputs!$R$49-Q110)))","v":0},{"$f":"params!$C$16*R110*(G110-Inputs!$R$26)","v":0},-16423.143714118509,{"$f":"E110*params!$C$8","v":221.65049999999999}]
["2001-01-05",1,5,"14:00:00",195,10,-2,-6,71,{"$f":"Inputs!$R$38*Inputs!$R$33*(G111-Inputs!$R$26)","v":-68346.493603466108},{"$f":"Inputs!$R$34*E111*Inputs!$R$39","v":114131.49509006958},{"$f":"params!$C$16*Inputs!$R$30*(G111-Inputs!$R$26)","v":-10702.649980588018},{"$f":"Inputs!$R$41*Inputs!$R$42/8760","v":0},0,526.36516305985776,3.2479468065175691E-3,2.306042232627474E-3,{"$f":"-N111/(1.202*2465560*MAX(0,(Inputs!$R$49-Q111)))","v":0},{"$f":"params!$C$16*R111*(G111-Inputs!$R$26)","v":0},35082.35150601546,{"$f":"E111*params!$C$8","v":403.9425}]
["2001-01-05",1,5,"15:00:00",97,10,-2,-6,71,{"$f":"Inputs!$R$38*Inputs!$R$33*(G112-Inputs!$R$26)","v":-68346.493603466108},{"$f":"Inputs!$R$34*E112*Inputs!$R$39","v":56773.102685829494},{"$f":"params!$C$16*Inputs!$R$30*(G112-Inputs!$R$26)","v":-10702.649980588018},{"$f":"Inputs!$R$41*Inputs!$R$42/8760","v":0},0,526.36516305985776,3.2479468065175691E-3,2.306042232627474E-3,{"$f":"-N112/(1.202*2465560*MAX(0,(Inputs!$R$49-Q112)))","v":0},{"$f":"params!$C$16*R112*(G112-Inputs!$R$26)","v":0},-22276.04089822463,{"$f":"E112*params!$C$8","v":200.93549999999999}]
["2001-01-05",1,5,"16:00:00",24,10,-1,-6,66,{"$f":"Inputs!$R$38*Inputs!$R$33*(G113-Inputs!$R$26)","v":-62650.952469843927},{"$f":"Inputs!$R$34*E113*Inputs!$R$39","v":14046.953241854719},{"$f":"params!$C$16*Inputs!$R$30*(G113-Inputs!$R$26)","v":-9810.7624822056823},{"$f":"Inputs!$R$41*Inputs!$R$42/8760","v":0},0,566.54310372490409,3.4972595900071069E-3,2.3081913294046904E-3,{"$f":"-N113/(1.202*2465560*MAX(0,(Inputs!$R$49-Q113)))","v":0},{"$f":"params!$C$16*R113*(G113-Inputs!$R$26)","v":0},-58414.761710194893,{"$f":"E113*params!$C$8","v":49.715999999999994}]
["2001-01-05",1,5,"17:00:00",20,10,-2,-5,78,{"$f":"Inputs!$R$38*Inputs!$R$33*(G114-Inputs!$R$26)","v":-68346.493603466108},{"$f":"Inputs!$R$34*E114*Inputs!$R$39","v":11705.794368212266},{"$f":"params!$C$16*Inputs!$R$30*(G114-Inputs!$R$26)","v":-10702.649980588018},{"$f":"Inputs!$R$41*Inputs!$R$42/8760","v":0},0,526.36516305985776,3.2479468065175691E-3,2.5333985090837041E-3,{"$f":"-N114/(1.202*2465560*MAX(0,(Inputs!$R$49-Q114)))","v":0},{"$f":"params!$C$16*R114*(G114-Inputs!$R$26)","v":0},-67343.349215841867,{"$f":"E114*params!$C$8","v":41.43}]
["2001-01-05",1,5,"18:00:00",0,10,-2,-4,85,{"$f":"Inputs!$R$38*Inputs!$R$33*(G115-Inputs!$R$26)","v":-68346.493603466108},{"$f":"Inputs!$R$34*E115*Inputs!$R$39","v":0},{"$f":"params!$C$16*Inputs!$R$30*(G115-Inputs!$R$26)","v":-10702.649980588018},{"$f":"Inputs!$R$41*Inputs!$R$42/8760","v":0},0,526.36516305985776,3.2479468065175691E-3,2.7607547855399341E-3,{"$f":"-N115/(1.202*2465560*MAX(0,(Inputs!$R$49-Q115)))","v":0},{"$f":"params!$C$16*R115*(G115-Inputs!$R$26)","v":0},-79049.143584054123,{"$f":"E115*params!$C$8","v":0}]
["2001-01-05",1,5,"19:00:00",0,10,-2,-5,78,{"$f":"Inputs!$R$38*Inputs!$R$33*(G116-Inputs!$R$26)","v":-68346.493603466108},{"$f":"Inputs!$R$34*E116*Inputs!$R$39","v":0},{"$f":"params!$C$16*Inputs!$R$30*(G116-Inputs!$R$26)","v":-10702.649980588018},{"$f":"Inputs!$R$41*Inputs!$R$42/8760","v":0},0,526.36516305985776,3.2479468065175691E-3,2.5333985090837041E-3,{"$f":"-N116/(1.202*2465560*MAX(0,(Inputs!$R$49-Q116)))","v":0},{"$f":"params!$C$16*R116*(G116-Inputs!$R$26)","v":0},-79049.143584054123,{"$f":"E116*params!$C$8","v":0}]
["2001-01-05",1,5,"20:00:00",0,10,-3,-4,92,{"$f":"Inputs!$R$38*Inputs!$R$33*(G117-Inputs!$R$26)","v":-74042.034737088281},{"$f":"Inputs!$R$34*E117*Inputs!$R$39","v":0},{"$f":"params!$C$16*Inputs!$R$30*(G117-Inputs!$R$26)","v":-11594.537478970353},{"$f":"Inputs!$R$41*Inputs!$R$42/8760","v":0},0,488.73621912146871,3.0146312662847319E-3,2.7734607649819529E-3,{"$f":"-N117/(1.202*2465560*MAX(0,(Inputs!$R$49-Q117)))","v":0},{"$f":"params!$C$16*R117*(G117-Inputs!$R$26)","v":0},-85636.57221605863,{"$f":"E117*params!$C$8","v":0}]
["2001-01-05",1,5,"21:00:00",0,10,-2,-4,85,{"$f":"Inputs!$R$38*Inputs!$R$33*(G118-Inputs!$R$26)","v":-68346.493603466108},{"$f":"Inputs!$R$34*E118*Inputs!$R$39","v":0},{"$f":"params!$C$16*Inputs!$R$30*(G118-Inputs!$R$26)","v":-10702.649980588018},{"$f":"Inputs!$R$41*Inputs!$R$42/8760","v":0},0,526.36516305985776,3.2479468065175691E-3,2.7607547855399341E-3,{"$f":"-N118/(1.202*2465560*MAX(0,(Inputs!$R$49-Q118)))","v":0},{"$f":"params!$C$16*R118*(G118-Inputs!$R$26)","v":0},-79049.143584054123,{"$f":"E118*params!$C$8","v":0}]
["2001-01-05",1,5,"22:00:00",0,10,-2,-4,85,{"$f":"Inputs!$R$38*Inputs!$R$33*(G119-Inputs!$R$26)","v":-68346.493603466108},{"$f":"Inputs!$R$34*E119*Inputs!$R$39","v":0},{"$f":"params!$C$16*Inputs!$R$30*(G119-Inputs!$R$26)","v":-10702.649980588018},{"$f":"Inputs!$R$41*Inputs!$R$42/8760","v":0},0,526.36516305985776,3.2479468065175691E-3,2.7607547855399341E-3,{"$f":"-N119/(1.202*2465560*MAX(0,(Inputs!$R$49-Q119)))","v":0},{"$f":"params!$C$16*R119*(G119-Inputs!$R$26)","v":0},-79049.143584054123,{"$f":"E119*params!$C$8","v":0}]
["2001-01-05",1,5,"23:00:00",0,10,-1.9,-4,84,{"$f":"Inputs!$R$38*Inputs!$R$33*(G120-Inputs!$R$26)","v":-67776.93949010389},{"$f":"Inputs!$R$34*E120*Inputs!$R$39","v":0},{"$f":"params!$C$16*Inputs!$R$30*(G120-Inputs!$R$26)","v":-10613.461230749785},{"$f":"Inputs!$R$41*Inputs!$R$42/8760","v":0},0,530.26586894388151,3.2721428158824358E-3,2.7485999653412462E-3,{"$f":"-N120/(1.202*2465560*MAX(0,(Inputs!$R$49-Q120)))","v":0},{"$f":"params!$C$16*R120*(G120-Inputs!$R$26)","v":0},-78390.400720853679,{"$f":"E120*params!$C$8","v":0}]
["2001-01-05",1,5,1,0,10,-2,-4,85,{"$f":"Inputs!$R$38*Inputs!$R$33*(G121-Inputs!$R$26)","v":-68346.493603466108},{"$f":"Inputs!$R$34*E121*Inputs!$R$39","v":0},{"$f":"params!$C$16*Inputs!$R$30*(G121-Inputs!$R$26)","v":-10702.649980588018},{"$f":"Inputs!$R$41*Inputs!$R$42/8760","v":0},0,526.36516305985776,3.2479468065175691E-3,2.7607547855399341E-3,{"$f":"-N121/(1.202*2465560*MAX(0,(Inputs!$R$49-Q121)))","v":0},{"$f":"params!$C$16*R121*(G121-Inputs!$R$26)","v":0},-79049.143584054123,{"$f":"E121*params!$C$8","v":0}]
["2001-01-06",1,6,"01:00:00",0,10,-2,-4,85,{"$f":"Inputs!$R$38*Inputs!$R$33*(G122-Inputs!$R$26)","v":-68346.493603466108},{"$f":"Inputs!$R$34*E122*Inputs!$R$39","v":0},{"$f":"params!$C$16*Inputs!$R$30*(G122-Inputs!$R$26)","v":-10702.649980588018},{"$f":"Inputs!$R$41*Inputs!$R$42/8760","v":0},0,526.36516305985776,3.2479468065175691E-3,2.7607547855399341E-3,{"$f":"-N122/(1.202*2465560*MAX(0,(Inputs!$R$49-Q122)))","v":0},{"$f":"params!$C$16*R122*(G122-Inputs!$R$26)","v":0},-79049.143584054123,{"$f":"E122*params!$C$8","v":0}]
["2001-01-06",1,6,"02:00:00",0,10,-3,-4,92,{"$f":"Inputs!$R$38*Inputs!$R$33*(G123-Inputs!$R$26)","v":-74042.034737088281},{"$f":"Inputs!$R$34*E123*Inputs!$R$39","v":0},{"$f":"params!$C$16*Inputs!$R$30*(G123-Inputs!$R$26)","v":-11594.537478970353},{"$f":"Inputs!$R$41*Inputs!$R$42/8760","v":0},0,488.73621912146871,3.0146312662847319E-3,2.7734607649819529E-3,{"$f":"-N123/(1.202*2465560*MAX(0,(Inputs!$R$49-Q123)))","v":0},{"$f":"params!$C$16*R123*(G123-Inputs!$R$26)","v":0},-85636.57221605863,{"$f":"E123*params!$C$8","v":0}]
["2001-01-06",1,6,"03:00:00",0,10,-3,-4,92,{"$f":"Inputs!$R$38*Inputs!$R$33*(G124-Inputs!$R$26)","v":-74042.034737088281},{"$f":"Inputs!$R$34*E124*Inputs!$R$39","v":0},{"$f":"params!$C$16*Inputs!$R$30*(G124-Inputs!$R$26)","v":-11594.537478970353},{"$f":"Inputs!$R$41*Inputs!$R$42/8760","v":0},0,488.73621912146871,3.0146312662847319E-3,2.7734607649819529E-3,{"$f":"-N124/(1.202*2465560*MAX(0,(Inputs!$R$49-Q124)))","v":0},{"$f":"params!$C$16*R124*(G124-Inputs!$R$26)","v":0},-85636.57221605863,{"$f":"E124*params!$C$8","v":0}]
["2001-01-06",1,6,"04:00:00",0,10,-1,-5,71,{"$f":"Inputs!$R$38*Inputs!$R$33*(G125-Inputs!$R$26)","v":-62650.952469843927},{"$f":"Inputs!$R$34*E125*Inputs!$R$39","v":0},{"$f":"params!$C$16*Inputs!$R$30*(G125-Inputs!$R$26)","v":-9810.7624822056823},{"$f":"Inputs!$R$41*Inputs!$R$42/8760","v":0},0,566.54310372490409,3.4972595900071069E-3,2.4830543089050458E-3,{"$f":"-N125/(1.202*2465560*MAX(0,(Inputs!$R$49-Q125)))","v":0},{"$f":"params!$C$16*R125*(G125-Inputs!$R$26)","v":0},-72461.714952049602,{"$f":"E125*params!$C$8","v":0}]
["2001-01-06",1,6,"05:00:00",0,10,-1,-6,66,{"$f":"Inputs!$R$38*Inputs!$R$33*(G126-Inputs!$R$26)","v":-62650.952469843927},{"$f":"Inputs!$R$34*E126*Inputs!$R$39","v":0},{"$f":"params!$C$16*Inputs!$R$30*(G126-Inputs!$R$26)","v":-9810.7624822056823},{"$f":"Inputs!$R$41*Inputs!$R$42/8760","v":0},0,566.54310372490409,3.4972595900071069E-3,2.3081913294046904E-3,{"$f":"-N126/(1.202*2465560*MAX(0,(Inputs!$R$49-Q126)))","v":0},{"$f":"params!$C$16*R126*(G126-Inputs!$R$26)","v":0},-72461.714952049602,{"$f":"E126*params!$C$8","v":0}]
["2001-01-06",1,6,"06:00:00",0,9,-2,-7,65,{"$f":"Inputs!$R$38*Inputs!$R$33*(G127-Inputs!$R$26)","v":-68346.493603466108},{"$f":"Inputs!$R$34*E127*Inputs!$R$39","v":0},{"$f":"params!$C$16*Inputs!$R$30*(G127-Inputs!$R$26)","v":-10702.649980588018},{"$f":"Inputs!$R$41*Inputs!$R$42/8760","v":0},0,526.36516305985776,3.2479468065175691E-3,2.1111654242364202E-3,{"$f":"-N127/(1.202*2465560*MAX(0,(Inputs!$R$49-Q127)))","v":0},{"$f":"params!$C$16*R127*(G127-Inputs!$R$26)","v":0},-79049.143584054123,{"$f":"E127*params!$C$8","v":0}]
["2001-01-06",1,6,"07:00:00",0,10,-1,-6,66,{"$f":"Inputs!$R$38*Inputs!$R$33*(G128-Inputs!$R$26)","v":-62650.952469843927},{"$f":"Inputs!$R$34*E128*Inputs!$R$39","v":0},{"$f":"params!$C$16*Inputs!$R$30*(G128-Inputs!$R$26)","v":-9810.7624822056823},{"$f":"Inputs!$R$41*Inputs!$R$42/8760","v":0},0,566.54310372490409,3.4972595900071069E-3,2.3081913294046904E-3,{"$f":"-N128/(1.202*2465560*MAX(0,(Inputs!$R$49-Q128)))","v":0},{"$f":"params!$C$16*R128*(G128-Inputs!$R$26)","v":0},-72461.714952049602,{"$f":"E128*params!$C$8","v":0}]
["2001-01-06",1,6,"08:00:00",0,10,-2,-6,71,{"$f":"Inputs!$R$38*Inputs!$R$33*(G129-Inputs!$R$26)","v":-68346.493603466108},{"$f":"Inputs!$R$34*E129*Inputs!$R$39","v":0},{"$f":"params!$C$16*Inputs!$R$30*(G129-Inputs!$R$26)","v":-10702.649980588018},{"$f":"Inputs!$R$41*Inputs!$R$42/8760","v":0},0,526.36516305985776,3.2479468065175691E-3,2.306042232627474E-3,{"$f":"-N129/(1.202*2465560*MAX(0,(Inputs!$R$49-Q129)))","v":0},{"$f":"params!$C$16*R129*(G129-Inputs!$R$26)","v":0},-79049.143584054123,{"$f":"E129*params!$C$8","v":0}]
["2001-01-06",1,6,"09:00:00",31,10,-2,-7,65,{"$f":"Inputs!$R$38*Inputs!$R$33*(G130-Inputs!$R$26)","v":-68346.493603466108},{"$f":"Inputs!$R$34*E130*Inputs!$R$39","v":18143.981270729011},{"$f":"params!$C$16*Inputs!$R$30*(G130-Inputs!$R$26)","v":-10702.649980588018},{"$f":"Inputs!$R$41*Inputs!$R$42/8760","v":0},0,526.36516305985776,3.2479468065175691E-3,2.1111654242364202E-3,{"$f":"-N130/(1.202*2465560*MAX(0,(Inputs!$R$49-Q130)))","v":0},{"$f":"params!$C$16*R130*(G130-Inputs!$R$26)","v":0},-60905.162313325112,{"$f":"E130*params!$C$8","v":64.216499999999996}]
["2001-01-06",{"$f":"MONTH(A131)","v":1},{"$f":"DAY(A131)","v":6},"10:00:00",94,10,-2,-8,60,{"$f":"Inputs!$R$38*Inputs!$R$33*(G131-Inputs!$R$26)","v":-68346.493603466108},{"$f":"Inputs!$R$34*E131*Inputs!$R$39","v":55017.233530597645},{"$f":"params!$C$16*Inputs!$R$30*(G131-Inputs!$R$26)","v":-10702.649980588018},{"$f":"Inputs!$R$41*Inputs!$R$42/8760","v":0},0,{"$f":"EXP(77.345+0.0057*(G131+273.15)-7235/(G131+273.15))/(G131+273.15)^8.2","v":526.36516305985776},{"$f":"0.62198*O131/(101325-O131)","v":3.2479468065175691E-3},{"$f":"P131*I131/100","v":1.9487680839105415E-3},{"$f":"-N131/(1.202*2465560*MAX(0,(Inputs!$R$49-Q131)))","v":0},{"$f":"params!$C$16*R131*(G131-Inputs!$R$26)","v":0},{"$f":"J131+K131+L131+M131+N131+S131","v":-24031.910053456479},{"$f":"E131*params!$C$8","v":194.721}]
["2001-01-06",1,6,"11:00:00",287,4,-2,-8,60,{"$f":"Inputs!$R$38*Inputs!$R$33*(G132-Inputs!$R$26)","v":-68346.493603466108},{"$f":"Inputs!$R$34*E132*Inputs!$R$39","v":167978.14918384602},{"$f":"params!$C$16*Inputs!$R$30*(G132-Inputs!$R$26)","v":-10702.649980588018},{"$f":"Inputs!$R$41*Inputs!$R$42/8760","v":0},0,526.36516305985776,3.2479468065175691E-3,1.9487680839105415E-3,{"$f":"-N132/(1.202*2465560*MAX(0,(Inputs!$R$49-Q132)))","v":0},{"$f":"params!$C$16*R132*(G132-Inputs!$R$26)","v":0},88929.005599791897,{"$f":"E132*params!$C$8","v":594.52049999999997}]
["2001-01-06",1,6,"12:00:00",180,4,-1,-9,50,{"$f":"Inputs!$R$38*Inputs!$R$33*(G133-Inputs!$R$26)","v":-62650.952469843927},{"$f":"Inputs!$R$34*E133*Inputs!$R$39","v":105352.14931391038},{"$f":"params!$C$16*Inputs!$R$30*(G133-Inputs!$R$26)","v":-9810.7624822056823},{"$f":"Inputs!$R$41*Inputs!$R$42/8760","v":0},0,566.54310372490409,3.4972595900071069E-3,1.7486297950035535E-3,{"$f":"-N133/(1.202*2465560*MAX(0,(Inputs!$R$49-Q133)))","v":0},{"$f":"params!$C$16*R133*(G133-Inputs!$R$26)","v":0},32890.434361860775,{"$f":"E133*params!$C$8","v":372.87}]
["2001-01-06",1,6,"13:00:00",424,5,-1,-10,46,{"$f":"Inputs!$R$38*Inputs!$R$33*(G134-Inputs!$R$26)","v":-62650.952469843927},{"$f":"Inputs!$R$34*E134*Inputs!$R$39","v":248162.84060610001},{"$f":"params!$C$16*Inputs!$R$30*(G134-Inputs!$R$26)","v":-9810.7624822056823},{"$f":"Inputs!$R$41*Inputs!$R$42/8760","v":0},0,566.54310372490409,3.4972595900071069E-3,1.6087394114032692E-3,{"$f":"-N134/(1.202*2465560*MAX(0,(Inputs!$R$49-Q134)))","v":0},{"$f":"params!$C$16*R134*(G134-Inputs!$R$26)","v":0},175701.12565405038,{"$f":"E134*params!$C$8","v":878.31599999999992}]
["2001-01-06",1,6,"14:00:00",379,8,-2,-9,55,{"$f":"Inputs!$R$38*Inputs!$R$33*(G135-Inputs!$R$26)","v":-68346.493603466108},{"$f":"Inputs!$R$34*E135*Inputs!$R$39","v":221824.80327762244},{"$f":"params!$C$16*Inputs!$R$30*(G135-Inputs!$R$26)","v":-10702.649980588018},{"$f":"Inputs!$R$41*Inputs!$R$42/8760","v":0},0,526.36516305985776,3.2479468065175691E-3,1.7863707435846628E-3,{"$f":"-N135/(1.202*2465560*MAX(0,(Inputs!$R$49-Q135)))","v":0},{"$f":"params!$C$16*R135*(G135-Inputs!$R$26)","v":0},142775.6596935683,{"$f":"E135*params!$C$8","v":785.09849999999994}]
["2001-01-06",1,6,"15:00:00",260,8,-2,-9,55,{"$f":"Inputs!$R$38*Inputs!$R$33*(G136-Inputs!$R$26)","v":-68346.493603466108},{"$f":"Inputs!$R$34*E136*Inputs!$R$39","v":152175.32678675945},{"$f":"params!$C$16*Inputs!$R$30*(G136-Inputs!$R$26)","v":-10702.649980588018},{"$f":"Inputs!$R$41*Inputs!$R$42/8760","v":0},0,526.36516305985776,3.2479468065175691E-3,1.7863707435846628E-3,{"$f":"-N136/(1.202*2465560*MAX(0,(Inputs!$R$49-Q136)))","v":0},{"$f":"params!$C$16*R136*(G136-Inputs!$R$26)","v":0},73126.183202705331,{"$f":"E136*params!$C$8","v":538.58999999999992}]
["2001-01-06",1,6,"16:00:00",156,8,-2,-9,55,{"$f":"Inputs!$R$38*Inputs!$R$33*(G137-Inputs!$R$26)","v":-68346.493603466108},{"$f":"Inputs!$R$34*E137*Inputs!$R$39","v":91305.196072055667},{"$f":"params!$C$16*Inputs!$R$30*(G137-Inputs!$R$26)","v":-10702.649980588018},{"$f":"Inputs!$R$41*Inputs!$R$42/8760","v":0},0,526.36516305985776,3.2479468065175691E-3,1.7863707435846628E-3,{"$f":"-N137/(1.202*2465560*MAX(0,(Inputs!$R$49-Q137)))","v":0},{"$f":"params!$C$16*R137*(G137-Inputs!$R$26)","v":0},12256.052488001542,{"$f":"E137*params!$C$8","v":323.154}]
["2001-01-06",1,6,"17:00:00",11,10,-2,-8,60,{"$f":"Inputs!$R$38*Inputs!$R$33*(G138-Inputs!$R$26)","v":-68346.493603466108},{"$f":"Inputs!$R$34*E138*Inputs!$R$39","v":6438.1869025167462},{"$f":"params!$C$16*Inputs!$R$30*(G138-Inputs!$R$26)","v":-10702.649980588018},{"$f":"Inputs!$R$41*Inputs!$R$42/8760","v":0},0,526.36516305985776,3.2479468065175691E-3,1.9487680839105415E-3,{"$f":"-N138/(1.202*2465560*MAX(0,(Inputs!$R$49-Q138)))","v":0},{"$f":"params!$C$16*R138*(G138-Inputs!$R$26)","v":0},-72610.956681537384,{"$f":"E138*params!$C$8","v":22.7865}]
["2001-01-06",1,6,"18:00:00",0,10,-3,-8,65,{"$f":"Inputs!$R$38*Inputs!$R$33*(G139-Inputs!$R$26)","v":-74042.034737088281},{"$f":"Inputs!$R$34*E139*Inputs!$R$39","v":0},{"$f":"params!$C$16*Inputs!$R$30*(G139-Inputs!$R$26)","v":-11594.537478970353},{"$f":"Inputs!$R$41*Inputs!$R$42/8760","v":0},0,488.73621912146871,3.0146312662847319E-3,1.9595103230850759E-3,{"$f":"-N139/(1.202*2465560*MAX(0,(Inputs!$R$49-Q139)))","v":0},{"$f":"params!$C$16*R139*(G139-Inputs!$R$26)","v":0},-85636.57221605863,{"$f":"E139*params!$C$8","v":0}]
["2001-01-06",1,6,"19:00:00",0,10,-3,-7,71,{"$f":"Inputs!$R$38*Inputs!$R$33*(G140-Inputs!$R$26)","v":-74042.034737088281},{"$f":"Inputs!$R$34*E140*Inputs!$R$39","v":0},{"$f":"params!$C$16*Inputs!$R$30*(G140-Inputs!$R$26)","v":-11594.537478970353},{"$f":"Inputs!$R$41*Inputs!$R$42/8760","v":0},0,488.73621912146871,3.0146312662847319E-3,2.1403881990621596E-3,{"$f":"-N140/(1.202*2465560*MAX(0,(Inputs!$R$49-Q140)))","v":0},{"$f":"params!$C$16*R140*(G140-Inputs!$R$26)","v":0},-85636.57221605863,{"$f":"E140*params!$C$8","v":0}]
["2001-01-06",1,6,"20:00:00",0,10,-3,-7,71,{"$f":"Inputs!$R$38*Inputs!$R$33*(G141-Inputs!$R$26)","v":-74042.034737088281},{"$f":"Inputs!$R$34*E141*Inputs!$R$39","v":0},{"$f":"params!$C$16*Inputs!$R$30*(G141-Inputs!$R$26)","v":-11594.537478970353},{"$f":"Inputs!$R$41*Inputs!$R$42/8760","v":0},0,488.73621912146871,3.0146312662847319E-3,2.1403881990621596E-3,{"$f":"-N141/(1.202*2465560*MAX(0,(Inputs!$R$49-Q141)))","v":0},{"$f":"params!$C$16*R141*(G141-Inputs!$R$26)","v":0},-85636.57221605863,{"$f":"E141*params!$C$8","v":0}]
["2001-01-06",1,6,"21:00:00",0,10,-3,-6,77,{"$f":"Inputs!$R$38*Inputs!$R$33*(G142-Inputs!$R$26)","v":-74042.034737088281},{"$f":"Inputs!$R$34*E142*Inputs!$R$39","v":0},{"$f":"params!$C$16*Inputs!$R$30*(G142-Inputs!$R$26)","v":-11594.537478970353},{"$f":"Inputs!$R$41*Inputs!$R$42/8760","v":0},0,488.73621912146871,3.0146312662847319E-3,2.3212660750392437E-3,{"$f":"-N142/(1.202*2465560*MAX(0,(Inputs!$R$49-Q142)))","v":0},{"$f":"params!$C$16*R142*(G142-Inputs!$R$26)","v":0},-85636.57221605863,{"$f":"E142*params!$C$8","v":0}]
["2001-01-06",1,6,"22:00:00",0,10,-3,-6,77,{"$f":"Inputs!$R$38*Inputs!$R$33*(G143-Inputs!$R$26)","v":-74042.034737088281},{"$f":"Inputs!$R$34*E143*Inputs!$R$39","v":0},{"$f":"params!$C$16*Inputs!$R$30*(G143-Inputs!$R$26)","v":-11594.537478970353},{"$f":"Inputs!$R$41*Inputs!$R$42/8760","v":0},0,488.73621912146871,3.0146312662847319E-3,2.3212660750392437E-3,{"$f":"-N143/(1.202*2465560*MAX(0,(Inputs!$R$49-Q143)))","v":0},{"$f":"params!$C$16*R143*(G143-Inputs!$R$26)","v":0},-85636.57221605863,{"$f":"E143*params!$C$8","v":0}]
["2001-01-06",1,6,"23:00:00",0,10,-4,-6,84,{"$f":"Inputs!$R$38*Inputs!$R$33*(G144-Inputs!$R$26)","v":-79737.575870710454},{"$f":"Inputs!$R$34*E144*Inputs!$R$39","v":0},{"$f":"params!$C$16*Inputs!$R$30*(G144-Inputs!$R$26)","v":-12486.424977352686},{"$f":"Inputs!$R$41*Inputs!$R$42/8760","v":0},0,453.51532044328405,2.7964043545646504E-3,2.3489796578343063E-3,{"$f":"-N144/(1.202*2465560*MAX(0,(Inputs!$R$49-Q144)))","v":0},{"$f":"params!$C$16*R144*(G144-Inputs!$R$26)","v":0},-92224.000848063137,{"$f":"E144*params!$C$8","v":0}]
["2001-01-06",1,6,1,0,10,-4,-7,77,{"$f":"Inputs!$R$38*Inputs!$R$33*(G145-Inputs!$R$26)","v":-79737.575870710454},{"$f":"Inputs!$R$34*E145*Inputs!$R$39","v":0},{"$f":"params!$C$16*Inputs!$R$30*(G145-Inputs!$R$26)","v":-12486.424977352686},{"$f":"Inputs!$R$41*Inputs!$R$42/8760","v":0},0,453.51532044328405,2.7964043545646504E-3,2.1532313530147808E-3,{"$f":"-N145/(1.202*2465560*MAX(0,(Inputs!$R$49-Q145)))","v":0},{"$f":"params!$C$16*R145*(G145-Inputs!$R$26)","v":0},-92224.000848063137,{"$f":"E145*params!$C$8","v":0}]
["2001-01-07",1,7,"01:00:00",0,10,-3,-6,77,{"$f":"Inputs!$R$38*Inputs!$R$33*(G146-Inputs!$R$26)","v":-74042.034737088281},{"$f":"Inputs!$R$34*E146*Inputs!$R$39","v":0},{"$f":"params!$C$16*Inputs!$R$30*(G146-Inputs!$R$26)","v":-11594.537478970353},{"$f":"Inputs!$R$41*Inputs!$R$42/8760","v":0},0,488.73621912146871,3.0146312662847319E-3,2.3212660750392437E-3,{"$f":"-N146/(1.202*2465560*MAX(0,(Inputs!$R$49-Q146)))","v":0},{"$f":"params!$C$16*R146*(G146-Inputs!$R$26)","v":0},-85636.57221605863,{"$f":"E146*params!$C$8","v":0}]
["2001-01-07",1,7,"02:00:00",0,5,-6,-7,92,{"$f":"Inputs!$R$38*Inputs!$R$33*(G147-Inputs!$R$26)","v":-91128.658137954801},{"$f":"Inputs!$R$34*E147*Inputs!$R$39","v":0},{"$f":"params!$C$16*Inputs!$R$30*(G147-Inputs!$R$26)","v":-14270.199974117357},{"$f":"Inputs!$R$41*Inputs!$R$42/8760","v":0},0,389.76616195693094,2.4018050803048703E-3,2.2096606738804809E-3,{"$f":"-N147/(1.202*2465560*MAX(0,(Inputs!$R$49-Q147)))","v":0},{"$f":"params!$C$16*R147*(G147-Inputs!$R$26)","v":0},-105398.85811207216,{"$f":"E147*params!$C$8","v":0}]
["2001-01-07",1,7,"03:00:00",0,10,-6,-7,92,{"$f":"Inputs!$R$38*Inputs!$R$33*(G148-Inputs!$R$26)","v":-91128.658137954801},{"$f":"Inputs!$R$34*E148*Inputs!$R$39","v":0},{"$f":"params!$C$16*Inputs!$R$30*(G148-Inputs!$R$26)","v":-14270.199974117357},{"$f":"Inputs!$R$41*Inputs!$R$42/8760","v":0},0,389.76616195693094,2.4018050803048703E-3,2.2096606738804809E-3,{"$f":"-N148/(1.202*2465560*MAX(0,(Inputs!$R$49-Q148)))","v":0},{"$f":"params!$C$16*R148*(G148-Inputs!$R$26)","v":0},-105398.85811207216,{"$f":"E148*params!$C$8","v":0}]
["2001-01-07",1,7,"04:00:00",0,10,-5,-7,84,{"$f":"Inputs!$R$38*Inputs!$R$33*(G149-Inputs!$R$26)","v":-85433.117004332627},{"$f":"Inputs!$R$34*E149*Inputs!$R$39","v":0},{"$f":"params!$C$16*Inputs!$R$30*(G149-Inputs!$R$26)","v":-13378.312475735022},{"$f":"Inputs!$R$41*Inputs!$R$42/8760","v":0},0,420.56802345265027,2.5924024753231664E-3,2.1776180792714597E-3,{"$f":"-N149/(1.202*2465560*MAX(0,(Inputs!$R$49-Q149)))","v":0},{"$f":"params!$C$16*R149*(G149-Inputs!$R$26)","v":0},-98811.429480067643,{"$f":"E149*params!$C$8","v":0}]
["2001-01-07",1,7,"05:00:00",0,3,-8,-9,92,{"$f":"Inputs!$R$38*Inputs!$R$33*(G150-Inputs!$R$26)","v":-102519.74040519915},{"$f":"Inputs!$R$34*E150*Inputs!$R$39","v":0},{"$f":"params!$C$16*Inputs!$R$30*(G150-Inputs!$R$26)","v":-16053.974970882027},{"$f":"Inputs!$R$41*Inputs!$R$42/8760","v":0},0,334.1161188582924,2.0577455669371189E-3,1.8931259215821494E-3,{"$f":"-N150/(1.202*2465560*MAX(0,(Inputs!$R$49-Q150)))","v":0},{"$f":"params!$C$16*R150*(G150-Inputs!$R$26)","v":0},-118573.71537608118,{"$f":"E150*params!$C$8","v":0}]
["2001-01-07",1,7,"06:00:00",0,10,-6,-7,92,{"$f":"Inputs!$R$38*Inputs!$R$33*(G151-Inputs!$R$26)","v":-91128.658137954801},{"$f":"Inputs!$R$34*E151*Inputs!$R$39","v":0},{"$f":"params!$C$16*Inputs!$R$30*(G151-Inputs!$R$26)","v":-14270.199974117357},{"$f":"Inputs!$R$41*Inputs!$R$42/8760","v":0},0,389.76616195693094,2.4018050803048703E-3,2.2096606738804809E-3,{"$f":"-N151/(1.202*2465560*MAX(0,(Inputs!$R$49-Q151)))","v":0},{"$f":"params!$C$16*R151*(G151-Inputs!$R$26)","v":0},-105398.85811207216,{"$f":"E151*params!$C$8","v":0}]
["2001-01-07",1,7,"07:00:00",0,10,-4,-6,84,{"$f":"Inputs!$R$38*Inputs!$R$33*(G152-Inputs!$R$26)","v":-79737.575870710454},{"$f":"Inputs!$R$34*E152*Inputs!$R$39","v":0},{"$f":"params!$C$16*Inputs!$R$30*(G152-Inputs!$R$26)","v":-12486.424977352686},{"$f":"Inputs!$R$41*Inputs!$R$42/8760","v":0},0,453.51532044328405,2.7964043545646504E-3,2.3489796578343063E-3,{"$f":"-N152/(1.202*2465560*MAX(0,(Inputs!$R$49-Q152)))","v":0},{"$f":"params!$C$16*R152*(G152-Inputs!$R$26)","v":0},-92224.000848063137,{"$f":"E152*params!$C$8","v":0}]
["2001-01-07",1,7,"08:00:00",0,10,-4,-6,84,{"$f":"Inputs!$R$38*Inputs!$R$33*(G153-Inputs!$R$26)","v":-79737.575870710454},{"$f":"Inputs!$R$34*E153*Inputs!$R$39","v":0},{"$f":"params!$C$16*Inputs!$R$30*(G153-Inputs!$R$26)","v":-12486.424977352686},{"$f":"Inputs!$R$41*Inputs!$R$42/8760","v":0},0,453.51532044328405,2.7964043545646504E-3,2.3489796578343063E-3,{"$f":"-N153/(1.202*2465560*MAX(0,(Inputs!$R$49-Q153)))","v":0},{"$f":"params!$C$16*R153*(G153-Inputs!$R$26)","v":0},-92224.000848063137,{"$f":"E153*params!$C$8","v":0}]
["2001-01-07",1,7,"09:00:00",21,10,-4,-6,84,{"$f":"Inputs!$R$38*Inputs!$R$33*(G154-Inputs!$R$26)","v":-79737.575870710454},{"$f":"Inputs!$R$34*E154*Inputs!$R$39","v":12291.084086622879},{"$f":"params!$C$16*Inputs!$R$30*(G154-Inputs!$R$26)","v":-12486.424977352686},{"$f":"Inputs!$R$41*Inputs!$R$42/8760","v":0},0,453.51532044328405,2.7964043545646504E-3,2.3489796578343063E-3,{"$f":"-N154/(1.202*2465560*MAX(0,(Inputs!$R$49-Q154)))","v":0},{"$f":"params!$C$16*R154*(G154-Inputs!$R$26)","v":0},-79932.916761440254,{"$f":"E154*params!$C$8","v":43.5015}]
["2001-01-07",1,7,"10:00:00",58,10,-3,-5,84,{"$f":"Inputs!$R$38*Inputs!$R$33*(G155-Inputs!$R$26)","v":-74042.034737088281},{"$f":"Inputs!$R$34*E155*Inputs!$R$39","v":33946.803667815569},{"$f":"params!$C$16*Inputs!$R$30*(G155-Inputs!$R$26)","v":-11594.537478970353},{"$f":"Inputs!$R$41*Inputs!$R$42/8760","v":0},0,488.73621912146871,3.0146312662847319E-3,2.5322902636791748E-3,{"$f":"-N155/(1.202*2465560*MAX(0,(Inputs!$R$49-Q155)))","v":0},{"$f":"params!$C$16*R155*(G155-Inputs!$R$26)","v":0},-51689.768548243068,{"$f":"E155*params!$C$8","v":120.14699999999999}]
["2001-01-07",1,7,"11:00:00",78,10,-1,-4,78,{"$f":"Inputs!$R$38*Inputs!$R$33*(G156-Inputs!$R$26)","v":-62650.952469843927},{"$f":"Inputs!$R$34*E156*Inputs!$R$39","v":45652.598036027834},{"$f":"params!$C$16*Inputs!$R$30*(G156-Inputs!$R$26)","v":-9810.7624822056823},{"$f":"Inputs!$R$41*Inputs!$R$42/8760","v":0},0,566.54310372490409,3.4972595900071069E-3,2.7278624802055435E-3,{"$f":"-N156/(1.202*2465560*MAX(0,(Inputs!$R$49-Q156)))","v":0},{"$f":"params!$C$16*R156*(G156-Inputs!$R$26)","v":0},-26809.116916021776,{"$f":"E156*params!$C$8","v":161.577}]
["2001-01-07",1,7,"12:00:00",118,10,1,-3,72,{"$f":"Inputs!$R$38*Inputs!$R$33*(G157-Inputs!$R$26)","v":-51259.870202599574},{"$f":"Inputs!$R$34*E157*Inputs!$R$39","v":69064.186772452362},{"$f":"params!$C$16*Inputs!$R$30*(G157-Inputs!$R$26)","v":-8026.9874854410136},{"$f":"Inputs!$R$41*Inputs!$R$42/8760","v":0},0,655.14373774848059,4.0477489204243187E-3,2.9143792227055093E-3,{"$f":"-N157/(1.202*2465560*MAX(0,(Inputs!$R$49-Q157)))","v":0},{"$f":"params!$C$16*R157*(G157-Inputs!$R$26)","v":0},9777.3290844117746,{"$f":"E157*params!$C$8","v":244.43699999999998}]
["2001-01-07",1,7,"13:00:00",78,10,2,-3,67,{"$f":"Inputs!$R$38*Inputs!$R$33*(G158-Inputs!$R$26)","v":-45564.3290689774},{"$f":"Inputs!$R$34*E158*Inputs!$R$39","v":45652.598036027834},{"$f":"params!$C$16*Inputs!$R$30*(G158-Inputs!$R$26)","v":-7135.0999870586784},{"$f":"Inputs!$R$41*Inputs!$R$42/8760","v":0},0,703.88301618186097,4.3509868656616182E-3,2.915161199993284E-3,{"$f":"-N158/(1.202*2465560*MAX(0,(Inputs!$R$49-Q158)))","v":0},{"$f":"params!$C$16*R158*(G158-Inputs!$R$26)","v":0},-7046.8310200082451,{"$f":"E158*params!$C$8","v":161.577}]
["2001-01-07",1,7,"14:00:00",92,10,1,-3,72,{"$f":"Inputs!$R$38*Inputs!$R$33*(G159-Inputs!$R$26)","v":-51259.870202599574},{"$f":"Inputs!$R$34*E159*Inputs!$R$39","v":53846.654093776422},{"$f":"params!$C$16*Inputs!$R$30*(G159-Inputs!$R$26)","v":-8026.9874854410136},{"$f":"Inputs!$R$41*Inputs!$R$42/8760","v":0},0,655.14373774848059,4.0477489204243187E-3,2.9143792227055093E-3,{"$f":"-N159/(1.202*2465560*MAX(0,(Inputs!$R$49-Q159)))","v":0},{"$f":"params!$C$16*R159*(G159-Inputs!$R$26)","v":0},-5440.2035942641651,{"$f":"E159*params!$C$8","v":190.578}]
["2001-01-07",1,7,"15:00:00",65,10,1,-3,72,{"$f":"Inputs!$R$38*Inputs!$R$33*(G160-Inputs!$R$26)","v":-51259.870202599574},{"$f":"Inputs!$R$34*E160*Inputs!$R$39","v":38043.831696689864},{"$f":"params!$C$16*Inputs!$R$30*(G160-Inputs!$R$26)","v":-8026.9874854410136},{"$f":"Inputs!$R$41*Inputs!$R$42/8760","v":0},0,655.14373774848059,4.0477489204243187E-3,2.9143792227055093E-3,{"$f":"-N160/(1.202*2465560*MAX(0,(Inputs!$R$49-Q160)))","v":0},{"$f":"params!$C$16*R160*(G160-Inputs!$R$26)","v":0},-21243.025991350725,{"$f":"E160*params!$C$8","v":134.64749999999998}]
["2001-01-07",1,7,"16:00:00",90,10,1,-3,72,{"$f":"Inputs!$R$38*Inputs!$R$33*(G161-Inputs!$R$26)","v":-51259.870202599574},{"$f":"Inputs!$R$34*E161*Inputs!$R$39","v":52676.074656955192},{"$f":"params!$C$16*Inputs!$R$30*(G161-Inputs!$R$26)","v":-8026.9874854410136},{"$f":"Inputs!$R$41*Inputs!$R$42/8760","v":0},0,655.14373774848059,4.0477489204243187E-3,2.9143792227055093E-3,{"$f":"-N161/(1.202*2465560*MAX(0,(Inputs!$R$49-Q161)))","v":0},{"$f":"params!$C$16*R161*(G161-Inputs!$R$26)","v":0},-6610.7830310853951,{"$f":"E161*params!$C$8","v":186.435}]
["2001-01-07",1,7,"17:00:00",9,10,1,-3,72,{"$f":"Inputs!$R$38*Inputs!$R$33*(G162-Inputs!$R$26)","v":-51259.870202599574},{"$f":"Inputs!$R$34*E162*Inputs!$R$39","v":5267.6074656955188},{"$f":"params!$C$16*Inputs!$R$30*(G162-Inputs!$R$26)","v":-8026.9874854410136},{"$f":"Inputs!$R$41*Inputs!$R$42/8760","v":0},0,655.14373774848059,4.0477489204243187E-3,2.9143792227055093E-3,{"$f":"-N162/(1.202*2465560*MAX(0,(Inputs!$R$49-Q162)))","v":0},{"$f":"params!$C$16*R162*(G162-Inputs!$R$26)","v":0},-54019.250222345072,{"$f":"E162*params!$C$8","v":18.6435}]
["2001-01-07",1,7,"18:00:00",0,10,1,-3,72,{"$f":"Inputs!$R$38*Inputs!$R$33*(G163-Inputs!$R$26)","v":-51259.870202599574},{"$f":"Inputs!$R$34*E163*Inputs!$R$39","v":0},{"$f":"params!$C$16*Inputs!$R$30*(G163-Inputs!$R$26)","v":-8026.9874854410136},{"$f":"Inputs!$R$41*Inputs!$R$42/8760","v":0},0,655.14373774848059,4.0477489204243187E-3,2.9143792227055093E-3,{"$f":"-N163/(1.202*2465560*MAX(0,(Inputs!$R$49-Q163)))","v":0},{"$f":"params!$C$16*R163*(G163-Inputs!$R$26)","v":0},-59286.857688040589,{"$f":"E163*params!$C$8","v":0}]
["2001-01-07",1,7,"19:00:00",0,10,-1,-2,92,{"$f":"Inputs!$R$38*Inputs!$R$33*(G164-Inputs!$R$26)","v":-62650.952469843927},{"$f":"Inputs!$R$34*E164*Inputs!$R$39","v":0},{"$f":"params!$C$16*Inputs!$R$30*(G164-Inputs!$R$26)","v":-9810.7624822056823},{"$f":"Inputs!$R$41*Inputs!$R$42/8760","v":0},0,566.54310372490409,3.4972595900071069E-3,3.2174788228065384E-3,{"$f":"-N164/(1.202*2465560*MAX(0,(Inputs!$R$49-Q164)))","v":0},{"$f":"params!$C$16*R164*(G164-Inputs!$R$26)","v":0},-72461.714952049602,{"$f":"E164*params!$C$8","v":0}]
["2001-01-07",1,7,"20:00:00",0,10,-1,-3,85,{"$f":"Inputs!$R$38*Inputs!$R$33*(G165-Inputs!$R$26)","v":-62650.952469843927},{"$f":"Inputs!$R$34*E165*Inputs!$R$39","v":0},{"$f":"params!$C$16*Inputs!$R$30*(G165-Inputs!$R$26)","v":-9810.7624822056823},{"$f":"Inputs!$R$41*Inputs!$R$42/8760","v":0},0,566.54310372490409,3.4972595900071069E-3,2.9726706515060407E-3,{"$f":"-N165/(1.202*2465560*MAX(0,(Inputs!$R$49-Q165)))","v":0},{"$f":"params!$C$16*R165*(G165-Inputs!$R$26)","v":0},-72461.714952049602,{"$f":"E165*params!$C$8","v":0}]
["2001-01-07",1,7,"21:00:00",0,10,-1,-3,85,{"$f":"Inputs!$R$38*Inputs!$R$33*(G166-Inputs!$R$26)","v":-62650.952469843927},{"$f":"Inputs!$R$34*E166*Inputs!$R$39","v":0},{"$f":"params!$C$16*Inputs!$R$30*(G166-Inputs!$R$26)","v":-9810.7624822056823},{"$f":"Inputs!$R$41*Inputs!$R$42/8760","v":0},0,566.54310372490409,3.4972595900071069E-3,2.9726706515060407E-3,{"$f":"-N166/(1.202*2465560*MAX(0,(Inputs!$R$49-Q166)))","v":0},{"$f":"params!$C$16*R166*(G166-Inputs!$R$26)","v":0},-72461.714952049602,{"$f":"E166*params!$C$8","v":0}]
["2001-01-07",1,7,"22:00:00",0,10,-1,-3,85,{"$f":"Inputs!$R$38*Inputs!$R$33*(G167-Inputs!$R$26)","v":-62650.952469843927},{"$f":"Inputs!$R$34*E167*Inputs!$R$39","v":0},{"$f":"params!$C$16*Inputs!$R$30*(G167-Inputs!$R$26)","v":-9810.7624822056823},{"$f":"Inputs!$R$41*Inputs!$R$42/8760","v":0},0,566.54310372490409,3.4972595900071069E-3,2.9726706515060407E-3,{"$f":"-N167/(1.202*2465560*MAX(0,(Inputs!$R$49-Q167)))","v":0},{"$f":"params!$C$16*R167*(G167-Inputs!$R$26)","v":0},-72461.714952049602,{"$f":"E167*params!$C$8","v":0}]
["2001-01-07",1,7,"23:00:00",0,10,-1,-3,85,{"$f":"Inputs!$R$38*Inputs!$R$33*(G168-Inputs!$R$26)","v":-62650.952469843927},{"$f":"Inputs!$R$34*E168*Inputs!$R$39","v":0},{"$f":"params!$C$16*Inputs!$R$30*(G168-Inputs!$R$26)","v":-9810.7624822056823},{"$f":"Inputs!$R$41*Inputs!$R$42/8760","v":0},0,566.54310372490409,3.4972595900071069E-3,2.9726706515060407E-3,{"$f":"-N168/(1.202*2465560*MAX(0,(Inputs!$R$49-Q168)))","v":0},{"$f":"params!$C$16*R168*(G168-Inputs!$R$26)","v":0},-72461.714952049602,{"$f":"E168*params!$C$8","v":0}]
["2001-01-07",1,7,1,0,10,-1,-3,85,{"$f":"Inputs!$R$38*Inputs!$R$33*(G169-Inputs!$R$26)","v":-62650.952469843927},{"$f":"Inputs!$R$34*E169*Inputs!$R$39","v":0},{"$f":"params!$C$16*Inputs!$R$30*(G169-Inputs!$R$26)","v":-9810.7624822056823},{"$f":"Inputs!$R$41*Inputs!$R$42/8760","v":0},0,566.54310372490409,3.4972595900071069E-3,2.9726706515060407E-3,{"$f":"-N169/(1.202*2465560*MAX(0,(Inputs!$R$49-Q169)))","v":0},{"$f":"params!$C$16*R169*(G169-Inputs!$R$26)","v":0},-72461.714952049602,{"$f":"E169*params!$C$8","v":0}]
["2001-01-08",1,8,"01:00:00",0,10,-1,-3,85,{"$f":"Inputs!$R$38*Inputs!$R$33*(G170-Inputs!$R$26)","v":-62650.952469843927},{"$f":"Inputs!$R$34*E170*Inputs!$R$39","v":0},{"$f":"params!$C$16*Inputs!$R$30*(G170-Inputs!$R$26)","v":-9810.7624822056823},{"$f":"Inputs!$R$41*Inputs!$R$42/8760","v":0},0,566.54310372490409,3.4972595900071069E-3,2.9726706515060407E-3,{"$f":"-N170/(1.202*2465560*MAX(0,(Inputs!$R$49-Q170)))","v":0},{"$f":"params!$C$16*R170*(G170-Inputs!$R$26)","v":0},-72461.714952049602,{"$f":"E170*params!$C$8","v":0}]
["2001-01-08",1,8,"02:00:00",0,10,-1,-3,85,{"$f":"Inputs!$R$38*Inputs!$R$33*(G171-Inputs!$R$26)","v":-62650.952469843927},{"$f":"Inputs!$R$34*E171*Inputs!$R$39","v":0},{"$f":"params!$C$16*Inputs!$R$30*(G171-Inputs!$R$26)","v":-9810.7624822056823},{"$f":"Inputs!$R$41*Inputs!$R$42/8760","v":0},0,566.54310372490409,3.4972595900071069E-3,2.9726706515060407E-3,{"$f":"-N171/(1.202*2465560*MAX(0,(Inputs!$R$49-Q171)))","v":0},{"$f":"params!$C$16*R171*(G171-Inputs!$R$26)","v":0},-72461.714952049602,{"$f":"E171*params!$C$8","v":0}]
["2001-01-08",1,8,"03:00:00",0,10,-2,-3,92,{"$f":"Inputs!$R$38*Inputs!$R$33*(G172-Inputs!$R$26)","v":-68346.493603466108},{"$f":"Inputs!$R$34*E172*Inputs!$R$39","v":0},{"$f":"params!$C$16*Inputs!$R$30*(G172-Inputs!$R$26)","v":-10702.649980588018},{"$f":"Inputs!$R$41*Inputs!$R$42/8760","v":0},0,526.36516305985776,3.2479468065175691E-3,2.9881110619961637E-3,{"$f":"-N172/(1.202*2465560*MAX(0,(Inputs!$R$49-Q172)))","v":0},{"$f":"params!$C$16*R172*(G172-Inputs!$R$26)","v":0},-79049.143584054123,{"$f":"E172*params!$C$8","v":0}]
["2001-01-08",1,8,"04:00:00",0,10,-2,-3,92,{"$f":"Inputs!$R$38*Inputs!$R$33*(G173-Inputs!$R$26)","v":-68346.493603466108},{"$f":"Inputs!$R$34*E173*Inputs!$R$39","v":0},{"$f":"params!$C$16*Inputs!$R$30*(G173-Inputs!$R$26)","v":-10702.649980588018},{"$f":"Inputs!$R$41*Inputs!$R$42/8760","v":0},0,526.36516305985776,3.2479468065175691E-3,2.9881110619961637E-3,{"$f":"-N173/(1.202*2465560*MAX(0,(Inputs!$R$49-Q173)))","v":0},{"$f":"params!$C$16*R173*(G173-Inputs!$R$26)","v":0},-79049.143584054123,{"$f":"E173*params!$C$8","v":0}]
["2001-01-08",1,8,"05:00:00",0,10,-1,-3,85,{"$f":"Inputs!$R$38*Inputs!$R$33*(G174-Inputs!$R$26)","v":-62650.952469843927},{"$f":"Inputs!$R$34*E174*Inputs!$R$39","v":0},{"$f":"params!$C$16*Inputs!$R$30*(G174-Inputs!$R$26)","v":-9810.7624822056823},{"$f":"Inputs!$R$41*Inputs!$R$42/8760","v":0},0,566.54310372490409,3.4972595900071069E-3,2.9726706515060407E-3,{"$f":"-N174/(1.202*2465560*MAX(0,(Inputs!$R$49-Q174)))","v":0},{"$f":"params!$C$16*R174*(G174-Inputs!$R$26)","v":0},-72461.714952049602,{"$f":"E174*params!$C$8","v":0}]
["2001-01-08",1,8,"06:00:00",0,10,-2,-3,92,{"$f":"Inputs!$R$38*Inputs!$R$33*(G175-Inputs!$R$26)","v":-68346.493603466108},{"$f":"Inputs!$R$34*E175*Inputs!$R$39","v":0},{"$f":"params!$C$16*Inputs!$R$30*(G175-Inputs!$R$26)","v":-10702.649980588018},{"$f":"Inputs!$R$41*Inputs!$R$42/8760","v":0},0,526.36516305985776,3.2479468065175691E-3,2.9881110619961637E-3,{"$f":"-N175/(1.202*2465560*MAX(0,(Inputs!$R$49-Q175)))","v":0},{"$f":"params!$C$16*R175*(G175-Inputs!$R$26)","v":0},-79049.143584054123,{"$f":"E175*params!$C$8","v":0}]
["2001-01-08",1,8,"07:00:00",0,10,-2,-3,92,{"$f":"Inputs!$R$38*Inputs!$R$33*(G176-Inputs!$R$26)","v":-68346.493603466108},{"$f":"Inputs!$R$34*E176*Inputs!$R$39","v":0},{"$f":"params!$C$16*Inputs!$R$30*(G176-Inputs!$R$26)","v":-10702.649980588018},{"$f":"Inputs!$R$41*Inputs!$R$42/8760","v":0},0,526.36516305985776,3.2479468065175691E-3,2.9881110619961637E-3,{"$f":"-N176/(1.202*2465560*MAX(0,(Inputs!$R$49-Q176)))","v":0},{"$f":"params!$C$16*R176*(G176-Inputs!$R$26)","v":0},-79049.143584054123,{"$f":"E176*params!$C$8","v":0}]
["2001-01-08",1,8,"08:00:00",0,10,-2,-3,92,{"$f":"Inputs!$R$38*Inputs!$R$33*(G177-Inputs!$R$26)","v":-68346.493603466108},{"$f":"Inputs!$R$34*E177*Inputs!$R$39","v":0},{"$f":"params!$C$16*Inputs!$R$30*(G177-Inputs!$R$26)","v":-10702.649980588018},{"$f":"Inputs!$R$41*Inputs!$R$42/8760","v":0},0,526.36516305985776,3.2479468065175691E-3,2.9881110619961637E-3,{"$f":"-N177/(1.202*2465560*MAX(0,(Inputs!$R$49-Q177)))","v":0},{"$f":"params!$C$16*R177*(G177-Inputs!$R$26)","v":0},-79049.143584054123,{"$f":"E177*params!$C$8","v":0}]
["2001-01-08",1,8,"09:00:00",115,10,-1,-3,85,{"$f":"Inputs!$R$38*Inputs!$R$33*(G178-Inputs!$R$26)","v":-62650.952469843927},{"$f":"Inputs!$R$34*E178*Inputs!$R$39","v":67308.317617220528},{"$f":"params!$C$16*Inputs!$R$30*(G178-Inputs!$R$26)","v":-9810.7624822056823},{"$f":"Inputs!$R$41*Inputs!$R$42/8760","v":0},0,566.54310372490409,3.4972595900071069E-3,2.9726706515060407E-3,{"$f":"-N178/(1.202*2465560*MAX(0,(Inputs!$R$49-Q178)))","v":0},{"$f":"params!$C$16*R178*(G178-Inputs!$R$26)","v":0},-5153.397334829082,{"$f":"E178*params!$C$8","v":238.2225}]
["2001-01-08",1,8,"10:00:00",137,10,-1,-2,92,{"$f":"Inputs!$R$38*Inputs!$R$33*(G179-Inputs!$R$26)","v":-62650.952469843927},{"$f":"Inputs!$R$34*E179*Inputs!$R$39","v":80184.691422254022},{"$f":"params!$C$16*Inputs!$R$30*(G179-Inputs!$R$26)","v":-9810.7624822056823},{"$f":"Inputs!$R$41*Inputs!$R$42/8760","v":0},0,566.54310372490409,3.4972595900071069E-3,3.2174788228065384E-3,{"$f":"-N179/(1.202*2465560*MAX(0,(Inputs!$R$49-Q179)))","v":0},{"$f":"params!$C$16*R179*(G179-Inputs!$R$26)","v":0},7722.9764702044122,{"$f":"E179*params!$C$8","v":283.7955}]
["2001-01-08",1,8,"11:00:00",137,10,1,-2,79,{"$f":"Inputs!$R$38*Inputs!$R$33*(G180-Inputs!$R$26)","v":-51259.870202599574},{"$f":"Inputs!$R$34*E180*Inputs!$R$39","v":80184.691422254022},{"$f":"params!$C$16*Inputs!$R$30*(G180-Inputs!$R$26)","v":-8026.9874854410136},{"$f":"Inputs!$R$41*Inputs!$R$42/8760","v":0},0,655.14373774848059,4.0477489204243187E-3,3.1977216471352115E-3,{"$f":"-N180/(1.202*2465560*MAX(0,(Inputs!$R$49-Q180)))","v":0},{"$f":"params!$C$16*R180*(G180-Inputs!$R$26)","v":0},20897.833734213433,{"$f":"E180*params!$C$8","v":283.7955}]
["2001-01-08",1,8,"12:00:00",136,10,1,-2,79,{"$f":"Inputs!$R$38*Inputs!$R$33*(G181-Inputs!$R$26)","v":-51259.870202599574},{"$f":"Inputs!$R$34*E181*Inputs!$R$39","v":79599.401703843396},{"$f":"params!$C$16*Inputs!$R$30*(G181-Inputs!$R$26)","v":-8026.9874854410136},{"$f":"Inputs!$R$41*Inputs!$R$42/8760","v":0},0,655.14373774848059,4.0477489204243187E-3,3.1977216471352115E-3,{"$f":"-N181/(1.202*2465560*MAX(0,(Inputs!$R$49-Q181)))","v":0},{"$f":"params!$C$16*R181*(G181-Inputs!$R$26)","v":0},20312.544015802807,{"$f":"E181*params!$C$8","v":281.72399999999999}]
["2001-01-08",1,8,"13:00:00",107,10,1,-2,79,{"$f":"Inputs!$R$38*Inputs!$R$33*(G182-Inputs!$R$26)","v":-51259.870202599574},{"$f":"Inputs!$R$34*E182*Inputs!$R$39","v":62625.999869935615},{"$f":"params!$C$16*Inputs!$R$30*(G182-Inputs!$R$26)","v":-8026.9874854410136},{"$f":"Inputs!$R$41*Inputs!$R$42/8760","v":0},0,655.14373774848059,4.0477489204243187E-3,3.1977216471352115E-3,{"$f":"-N182/(1.202*2465560*MAX(0,(Inputs!$R$49-Q182)))","v":0},{"$f":"params!$C$16*R182*(G182-Inputs!$R$26)","v":0},3339.1421818950275,{"$f":"E182*params!$C$8","v":221.65049999999999}]
["2001-01-08",1,8,"14:00:00",121,10,1,-4,67,{"$f":"Inputs!$R$38*Inputs!$R$33*(G183-Inputs!$R$26)","v":-51259.870202599574},{"$f":"Inputs!$R$34*E183*Inputs!$R$39","v":70820.05592768421},{"$f":"params!$C$16*Inputs!$R$30*(G183-Inputs!$R$26)","v":-8026.9874854410136},{"$f":"Inputs!$R$41*Inputs!$R$42/8760","v":0},0,655.14373774848059,4.0477489204243187E-3,2.7119917766842932E-3,{"$f":"-N183/(1.202*2465560*MAX(0,(Inputs!$R$49-Q183)))","v":0},{"$f":"params!$C$16*R183*(G183-Inputs!$R$26)","v":0},11533.198239643623,{"$f":"E183*params!$C$8","v":250.6515}]
["2001-01-08",1,8,"15:00:00",98,10,1,-3,72,{"$f":"Inputs!$R$38*Inputs!$R$33*(G184-Inputs!$R$26)","v":-51259.870202599574},{"$f":"Inputs!$R$34*E184*Inputs!$R$39","v":57358.392404240098},{"$f":"params!$C$16*Inputs!$R$30*(G184-Inputs!$R$26)","v":-8026.9874854410136},{"$f":"Inputs!$R$41*Inputs!$R$42/8760","v":0},0,655.14373774848059,4.0477489204243187E-3,2.9143792227055093E-3,{"$f":"-N184/(1.202*2465560*MAX(0,(Inputs!$R$49-Q184)))","v":0},{"$f":"params!$C$16*R184*(G184-Inputs!$R$26)","v":0},-1928.4652838004895,{"$f":"E184*params!$C$8","v":203.00699999999998}]
["2001-01-08",1,8,"16:00:00",52,10,-1,-4,78,{"$f":"Inputs!$R$38*Inputs!$R$33*(G185-Inputs!$R$26)","v":-62650.952469843927},{"$f":"Inputs!$R$34*E185*Inputs!$R$39","v":30435.06535735189},{"$f":"params!$C$16*Inputs!$R$30*(G185-Inputs!$R$26)","v":-9810.7624822056823},{"$f":"Inputs!$R$41*Inputs!$R$42/8760","v":0},0,566.54310372490409,3.4972595900071069E-3,2.7278624802055435E-3,{"$f":"-N185/(1.202*2465560*MAX(0,(Inputs!$R$49-Q185)))","v":0},{"$f":"params!$C$16*R185*(G185-Inputs!$R$26)","v":0},-42026.649594697723,{"$f":"E185*params!$C$8","v":107.71799999999999}]
["2001-01-08",1,8,"17:00:00",27,10,-2,-5,78,{"$f":"Inputs!$R$38*Inputs!$R$33*(G186-Inputs!$R$26)","v":-68346.493603466108},{"$f":"Inputs!$R$34*E186*Inputs!$R$39","v":15802.822397086558},{"$f":"params!$C$16*Inputs!$R$30*(G186-Inputs!$R$26)","v":-10702.649980588018},{"$f":"Inputs!$R$41*Inputs!$R$42/8760","v":0},0,526.36516305985776,3.2479468065175691E-3,2.5333985090837041E-3,{"$f":"-N186/(1.202*2465560*MAX(0,(Inputs!$R$49-Q186)))","v":0},{"$f":"params!$C$16*R186*(G186-Inputs!$R$26)","v":0},-63246.321186967565,{"$f":"E186*params!$C$8","v":55.930499999999995}]
["2001-01-08",1,8,"18:00:00",0,10,-2,-5,78,{"$f":"Inputs!$R$38*Inputs!$R$33*(G187-Inputs!$R$26)","v":-68346.493603466108},{"$f":"Inputs!$R$34*E187*Inputs!$R$39","v":0},{"$f":"params!$C$16*Inputs!$R$30*(G187-Inputs!$R$26)","v":-10702.649980588018},{"$f":"Inputs!$R$41*Inputs!$R$42/8760","v":0},0,526.36516305985776,3.2479468065175691E-3,2.5333985090837041E-3,{"$f":"-N187/(1.202*2465560*MAX(0,(Inputs!$R$49-Q187)))","v":0},{"$f":"params!$C$16*R187*(G187-Inputs!$R$26)","v":0},-79049.143584054123,{"$f":"E187*params!$C$8","v":0}]
["2001-01-08",1,8,"19:00:00",0,10,-2,-5,78,{"$f":"Inputs!$R$38*Inputs!$R$33*(G188-Inputs!$R$26)","v":-68346.493603466108},{"$f":"Inputs!$R$34*E188*Inputs!$R$39","v":0},{"$f":"params!$C$16*Inputs!$R$30*(G188-Inputs!$R$26)","v":-10702.649980588018},{"$f":"Inputs!$R$41*Inputs!$R$42/8760","v":0},0,526.36516305985776,3.2479468065175691E-3,2.5333985090837041E-3,{"$f":"-N188/(1.202*2465560*MAX(0,(Inputs!$R$49-Q188)))","v":0},{"$f":"params!$C$16*R188*(G188-Inputs!$R$26)","v":0},-79049.143584054123,{"$f":"E188*params!$C$8","v":0}]
["2001-01-08",1,8,"20:00:00",0,10,-2,-5,78,{"$f":"Inputs!$R$38*Inputs!$R$33*(G189-Inputs!$R$26)","v":-68346.493603466108},{"$f":"Inputs!$R$34*E189*Inputs!$R$39","v":0},{"$f":"params!$C$16*Inputs!$R$30*(G189-Inputs!$R$26)","v":-10702.649980588018},{"$f":"Inputs!$R$41*Inputs!$R$42/8760","v":0},0,526.36516305985776,3.2479468065175691E-3,2.5333985090837041E-3,{"$f":"-N189/(1.202*2465560*MAX(0,(Inputs!$R$49-Q189)))","v":0},{"$f":"params!$C$16*R189*(G189-Inputs!$R$26)","v":0},-79049.143584054123,{"$f":"E189*params!$C$8","v":0}]
["2001-01-08",1,8,"21:00:00",0,10,-3,-6,77,{"$f":"Inputs!$R$38*Inputs!$R$33*(G190-Inputs!$R$26)","v":-74042.034737088281},{"$f":"Inputs!$R$34*E190*Inputs!$R$39","v":0},{"$f":"params!$C$16*Inputs!$R$30*(G190-Inputs!$R$26)","v":-11594.537478970353},{"$f":"Inputs!$R$41*Inputs!$R$42/8760","v":0},0,488.73621912146871,3.0146312662847319E-3,2.3212660750392437E-3,{"$f":"-N190/(1.202*2465560*MAX(0,(Inputs!$R$49-Q190)))","v":0},{"$f":"params!$C$16*R190*(G190-Inputs!$R$26)","v":0},-85636.57221605863,{"$f":"E190*params!$C$8","v":0}]
["2001-01-08",1,8,"22:00:00",0,10,-3,-7,71,{"$f":"Inputs!$R$38*Inputs!$R$33*(G191-Inputs!$R$26)","v":-74042.034737088281},{"$f":"Inputs!$R$34*E191*Inputs!$R$39","v":0},{"$f":"params!$C$16*Inputs!$R$30*(G191-Inputs!$R$26)","v":-11594.537478970353},{"$f":"Inputs!$R$41*Inputs!$R$42/8760","v":0},0,488.73621912146871,3.0146312662847319E-3,2.1403881990621596E-3,{"$f":"-N191/(1.202*2465560*MAX(0,(Inputs!$R$49-Q191)))","v":0},{"$f":"params!$C$16*R191*(G191-Inputs!$R$26)","v":0},-85636.57221605863,{"$f":"E191*params!$C$8","v":0}]
["2001-01-08",1,8,"23:00:00",0,10,-4,-7,77,{"$f":"Inputs!$R$38*Inputs!$R$33*(G192-Inputs!$R$26)","v":-79737.575870710454},{"$f":"Inputs!$R$34*E192*Inputs!$R$39","v":0},{"$f":"params!$C$16*Inputs!$R$30*(G192-Inputs!$R$26)","v":-12486.424977352686},{"$f":"Inputs!$R$41*Inputs!$R$42/8760","v":0},0,453.51532044328405,2.7964043545646504E-3,2.1532313530147808E-3,{"$f":"-N192/(1.202*2465560*MAX(0,(Inputs!$R$49-Q192)))","v":0},{"$f":"params!$C$16*R192*(G192-Inputs!$R$26)","v":0},-92224.000848063137,{"$f":"E192*params!$C$8","v":0}]
["2001-01-08",1,8,1,0,10,-4,-8,71,{"$f":"Inputs!$R$38*Inputs!$R$33*(G193-Inputs!$R$26)","v":-79737.575870710454},{"$f":"Inputs!$R$34*E193*Inputs!$R$39","v":0},{"$f":"params!$C$16*Inputs!$R$30*(G193-Inputs!$R$26)","v":-12486.424977352686},{"$f":"Inputs!$R$41*Inputs!$R$42/8760","v":0},0,453.51532044328405,2.7964043545646504E-3,1.9854470917409018E-3,{"$f":"-N193/(1.202*2465560*MAX(0,(Inputs!$R$49-Q193)))","v":0},{"$f":"params!$C$16*R193*(G193-Inputs!$R$26)","v":0},-92224.000848063137,{"$f":"E193*params!$C$8","v":0}]
["2001-01-09",1,9,"01:00:00",0,10,-4,-9,65,{"$f":"Inputs!$R$38*Inputs!$R$33*(G194-Inputs!$R$26)","v":-79737.575870710454},{"$f":"Inputs!$R$34*E194*Inputs!$R$39","v":0},{"$f":"params!$C$16*Inputs!$R$30*(G194-Inputs!$R$26)","v":-12486.424977352686},{"$f":"Inputs!$R$41*Inputs!$R$42/8760","v":0},0,453.51532044328405,2.7964043545646504E-3,1.8176628304670229E-3,{"$f":"-N194/(1.202*2465560*MAX(0,(Inputs!$R$49-Q194)))","v":0},{"$f":"params!$C$16*R194*(G194-Inputs!$R$26)","v":0},-92224.000848063137,{"$f":"E194*params!$C$8","v":0}]
["2001-01-09",{"$f":"MONTH(A195)","v":1},{"$f":"DAY(A195)","v":9},"02:00:00",0,10,-6,-9,77,{"$f":"Inputs!$R$38*Inputs!$R$33*(G195-Inputs!$R$26)","v":-91128.658137954801},{"$f":"Inputs!$R$34*E195*Inputs!$R$39","v":0},{"$f":"params!$C$16*Inputs!$R$30*(G195-Inputs!$R$26)","v":-14270.199974117357},{"$f":"Inputs!$R$41*Inputs!$R$42/8760","v":0},0,{"$f":"EXP(77.345+0.0057*(G195+273.15)-7235/(G195+273.15))/(G195+273.15)^8.2","v":389.76616195693094},{"$f":"0.62198*O195/(101325-O195)","v":2.4018050803048703E-3},{"$f":"P195*I195/100","v":1.8493899118347502E-3},{"$f":"-N195/(1.202*2465560*MAX(0,(Inputs!$R$49-Q195)))","v":0},{"$f":"params!$C$16*R195*(G195-Inputs!$R$26)","v":0},{"$f":"J195+K195+L195+M195+N195+S195","v":-105398.85811207216},{"$f":"E195*params!$C$8","v":0}]
["2001-01-09",1,9,"03:00:00",0,10,-6,-10,70,{"$f":"Inputs!$R$38*Inputs!$R$33*(G196-Inputs!$R$26)","v":-91128.658137954801},{"$f":"Inputs!$R$34*E196*Inputs!$R$39","v":0},{"$f":"params!$C$16*Inputs!$R$30*(G196-Inputs!$R$26)","v":-14270.199974117357},{"$f":"Inputs!$R$41*Inputs!$R$42/8760","v":0},0,389.76616195693094,2.4018050803048703E-3,1.6812635562134092E-3,{"$f":"-N196/(1.202*2465560*MAX(0,(Inputs!$R$49-Q196)))","v":0},{"$f":"params!$C$16*R196*(G196-Inputs!$R$26)","v":0},-105398.85811207216,{"$f":"E196*params!$C$8","v":0}]
["2001-01-09",1,9,"04:00:00",0,10,-7,-11,70,{"$f":"Inputs!$R$38*Inputs!$R$33*(G197-Inputs!$R$26)","v":-96824.199271576974},{"$f":"Inputs!$R$34*E197*Inputs!$R$39","v":0},{"$f":"params!$C$16*Inputs!$R$30*(G197-Inputs!$R$26)","v":-15162.087472499692},{"$f":"Inputs!$R$41*Inputs!$R$42/8760","v":0},0,360.98762153500678,2.2238327850987206E-3,1.5566829495691045E-3,{"$f":"-N197/(1.202*2465560*MAX(0,(Inputs!$R$49-Q197)))","v":0},{"$f":"params!$C$16*R197*(G197-Inputs!$R$26)","v":0},-111986.28674407667,{"$f":"E197*params!$C$8","v":0}]
["2001-01-09",1,9,"05:00:00",0,8,-8,-11,77,{"$f":"Inputs!$R$38*Inputs!$R$33*(G198-Inputs!$R$26)","v":-102519.74040519915},{"$f":"Inputs!$R$34*E198*Inputs!$R$39","v":0},{"$f":"params!$C$16*Inputs!$R$30*(G198-Inputs!$R$26)","v":-16053.974970882027},{"$f":"Inputs!$R$41*Inputs!$R$42/8760","v":0},0,334.1161188582924,2.0577455669371189E-3,1.5844640865415815E-3,{"$f":"-N198/(1.202*2465560*MAX(0,(Inputs!$R$49-Q198)))","v":0},{"$f":"params!$C$16*R198*(G198-Inputs!$R$26)","v":0},-118573.71537608118,{"$f":"E198*params!$C$8","v":0}]
["2001-01-09",1,9,"06:00:00",0,10,-8,-12,70,{"$f":"Inputs!$R$38*Inputs!$R$33*(G199-Inputs!$R$26)","v":-102519.74040519915},{"$f":"Inputs!$R$34*E199*Inputs!$R$39","v":0},{"$f":"params!$C$16*Inputs!$R$30*(G199-Inputs!$R$26)","v":-16053.974970882027},{"$f":"Inputs!$R$41*Inputs!$R$42/8760","v":0},0,334.1161188582924,2.0577455669371189E-3,1.4404218968559832E-3,{"$f":"-N199/(1.202*2465560*MAX(0,(Inputs!$R$49-Q199)))","v":0},{"$f":"params!$C$16*R199*(G199-Inputs!$R$26)","v":0},-118573.71537608118,{"$f":"E199*params!$C$8","v":0}]
["2001-01-09",1,9,"07:00:00",0,10,-9,-13,70,{"$f":"Inputs!$R$38*Inputs!$R$33*(G200-Inputs!$R$26)","v":-108215.28153882132},{"$f":"Inputs!$R$34*E200*Inputs!$R$39","v":0},{"$f":"params!$C$16*Inputs!$R$30*(G200-Inputs!$R$26)","v":-16945.862469264361},{"$f":"Inputs!$R$41*Inputs!$R$42/8760","v":0},0,309.04098596033037,1.902841039413297E-3,1.3319887275893081E-3,{"$f":"-N200/(1.202*2465560*MAX(0,(Inputs!$R$49-Q200)))","v":0},{"$f":"params!$C$16*R200*(G200-Inputs!$R$26)","v":0},-125161.14400808568,{"$f":"E200*params!$C$8","v":0}]
["2001-01-09",1,9,"08:00:00",0,4,-9,-13,70,{"$f":"Inputs!$R$38*Inputs!$R$33*(G201-Inputs!$R$26)","v":-108215.28153882132},{"$f":"Inputs!$R$34*E201*Inputs!$R$39","v":0},{"$f":"params!$C$16*Inputs!$R$30*(G201-Inputs!$R$26)","v":-16945.862469264361},{"$f":"Inputs!$R$41*Inputs!$R$42/8760","v":0},0,309.04098596033037,1.902841039413297E-3,1.3319887275893081E-3,{"$f":"-N201/(1.202*2465560*MAX(0,(Inputs!$R$49-Q201)))","v":0},{"$f":"params!$C$16*R201*(G201-Inputs!$R$26)","v":0},-125161.14400808568,{"$f":"E201*params!$C$8","v":0}]
["2001-01-09",1,9,"09:00:00",114,3,-9,-13,70,{"$f":"Inputs!$R$38*Inputs!$R$33*(G202-Inputs!$R$26)","v":-108215.28153882132},{"$f":"Inputs!$R$34*E202*Inputs!$R$39","v":66723.027898809902},{"$f":"params!$C$16*Inputs!$R$30*(G202-Inputs!$R$26)","v":-16945.862469264361},{"$f":"Inputs!$R$41*Inputs!$R$42/8760","v":0},0,309.04098596033037,1.902841039413297E-3,1.3319887275893081E-3,{"$f":"-N202/(1.202*2465560*MAX(0,(Inputs!$R$49-Q202)))","v":0},{"$f":"params!$C$16*R202*(G202-Inputs!$R$26)","v":0},-58438.116109275783,{"$f":"E202*params!$C$8","v":236.15099999999998}]
["2001-01-09",1,9,"10:00:00",208,5,-8,-13,64,{"$f":"Inputs!$R$38*Inputs!$R$33*(G203-Inputs!$R$26)","v":-102519.74040519915},{"$f":"Inputs!$R$34*E203*Inputs!$R$39","v":121740.26142940756},{"$f":"params!$C$16*Inputs!$R$30*(G203-Inputs!$R$26)","v":-16053.974970882027},{"$f":"Inputs!$R$41*Inputs!$R$42/8760","v":0},0,334.1161188582924,2.0577455669371189E-3,1.3169571628397561E-3,{"$f":"-N203/(1.202*2465560*MAX(0,(Inputs!$R$49-Q203)))","v":0},{"$f":"params!$C$16*R203*(G203-Inputs!$R$26)","v":0},3166.5460533263868,{"$f":"E203*params!$C$8","v":430.87199999999996}]
["2001-01-09",1,9,"11:00:00",352,4,-7,-13,59,{"$f":"Inputs!$R$38*Inputs!$R$33*(G204-Inputs!$R$26)","v":-96824.199271576974},{"$f":"Inputs!$R$34*E204*Inputs!$R$39","v":206021.98088053588},{"$f":"params!$C$16*Inputs!$R$30*(G204-Inputs!$R$26)","v":-15162.087472499692},{"$f":"Inputs!$R$41*Inputs!$R$42/8760","v":0},0,360.98762153500678,2.2238327850987206E-3,1.312061343208245E-3,{"$f":"-N204/(1.202*2465560*MAX(0,(Inputs!$R$49-Q204)))","v":0},{"$f":"params!$C$16*R204*(G204-Inputs!$R$26)","v":0},94035.694136459206,{"$f":"E204*params!$C$8","v":729.16800000000001}]
["2001-01-09",1,9,"12:00:00",415,8,-7,-13,59,{"$f":"Inputs!$R$38*Inputs!$R$33*(G205-Inputs!$R$26)","v":-96824.199271576974},{"$f":"Inputs!$R$34*E205*Inputs!$R$39","v":242895.23314040451},{"$f":"params!$C$16*Inputs!$R$30*(G205-Inputs!$R$26)","v":-15162.087472499692},{"$f":"Inputs!$R$41*Inputs!$R$42/8760","v":0},0,360.98762153500678,2.2238327850987206E-3,1.312061343208245E-3,{"$f":"-N205/(1.202*2465560*MAX(0,(Inputs!$R$49-Q205)))","v":0},{"$f":"params!$C$16*R205*(G205-Inputs!$R$26)","v":0},130908.94639632784,{"$f":"E205*params!$C$8","v":859.67250000000001}]
["2001-01-09",1,9,"13:00:00",430,5,-6,-13,54,{"$f":"Inputs!$R$38*Inputs!$R$33*(G206-Inputs!$R$26)","v":-91128.658137954801},{"$f":"Inputs!$R$34*E206*Inputs!$R$39","v":251674.57891656368},{"$f":"params!$C$16*Inputs!$R$30*(G206-Inputs!$R$26)","v":-14270.199974117357},{"$f":"Inputs!$R$41*Inputs!$R$42/8760","v":0},0,389.76616195693094,2.4018050803048703E-3,1.2969747433646301E-3,{"$f":"-N206/(1.202*2465560*MAX(0,(Inputs!$R$49-Q206)))","v":0},{"$f":"params!$C$16*R206*(G206-Inputs!$R$26)","v":0},146275.72080449152,{"$f":"E206*params!$C$8","v":890.745}]
["2001-01-09",1,9,"14:00:00",385,3,-5,-13,49,{"$f":"Inputs!$R$38*Inputs!$R$33*(G207-Inputs!$R$26)","v":-85433.117004332627},{"$f":"Inputs!$R$34*E207*Inputs!$R$39","v":225336.54158808611},{"$f":"params!$C$16*Inputs!$R$30*(G207-Inputs!$R$26)","v":-13378.312475735022},{"$f":"Inputs!$R$41*Inputs!$R$42/8760","v":0},0,420.56802345265027,2.5924024753231664E-3,1.2702772129083515E-3,{"$f":"-N207/(1.202*2465560*MAX(0,(Inputs!$R$49-Q207)))","v":0},{"$f":"params!$C$16*R207*(G207-Inputs!$R$26)","v":0},126525.11210801847,{"$f":"E207*params!$C$8","v":797.52749999999992}]
["2001-01-09",1,9,"15:00:00",233,9,-5,-14,45,{"$f":"Inputs!$R$38*Inputs!$R$33*(G208-Inputs!$R$26)","v":-85433.117004332627},{"$f":"Inputs!$R$34*E208*Inputs!$R$39","v":136372.50438967289},{"$f":"params!$C$16*Inputs!$R$30*(G208-Inputs!$R$26)","v":-13378.312475735022},{"$f":"Inputs!$R$41*Inputs!$R$42/8760","v":0},0,420.56802345265027,2.5924024753231664E-3,1.1665811138954249E-3,{"$f":"-N208/(1.202*2465560*MAX(0,(Inputs!$R$49-Q208)))","v":0},{"$f":"params!$C$16*R208*(G208-Inputs!$R$26)","v":0},37561.074909605239,{"$f":"E208*params!$C$8","v":482.65949999999998}]
["2001-01-09",1,9,"16:00:00",158,8,-6,-16,41,{"$f":"Inputs!$R$38*Inputs!$R$33*(G209-Inputs!$R$26)","v":-91128.658137954801},{"$f":"Inputs!$R$34*E209*Inputs!$R$39","v":92475.77550887689},{"$f":"params!$C$16*Inputs!$R$30*(G209-Inputs!$R$26)","v":-14270.199974117357},{"$f":"Inputs!$R$41*Inputs!$R$42/8760","v":0},0,389.76616195693094,2.4018050803048703E-3,9.8474008292499674E-4,{"$f":"-N209/(1.202*2465560*MAX(0,(Inputs!$R$49-Q209)))","v":0},{"$f":"params!$C$16*R209*(G209-Inputs!$R$26)","v":0},-12923.082603195267,{"$f":"E209*params!$C$8","v":327.29699999999997}]
["2001-01-09",1,9,"17:00:00",28,6,-6,-15,45,{"$f":"Inputs!$R$38*Inputs!$R$33*(G210-Inputs!$R$26)","v":-91128.658137954801},{"$f":"Inputs!$R$34*E210*Inputs!$R$39","v":16388.11211549717},{"$f":"params!$C$16*Inputs!$R$30*(G210-Inputs!$R$26)","v":-14270.199974117357},{"$f":"Inputs!$R$41*Inputs!$R$42/8760","v":0},0,389.76616195693094,2.4018050803048703E-3,1.0808122861371916E-3,{"$f":"-N210/(1.202*2465560*MAX(0,(Inputs!$R$49-Q210)))","v":0},{"$f":"params!$C$16*R210*(G210-Inputs!$R$26)","v":0},-89010.745996574988,{"$f":"E210*params!$C$8","v":58.001999999999995}]
["2001-01-09",1,9,"18:00:00",0,10,-6,-12,59,{"$f":"Inputs!$R$38*Inputs!$R$33*(G211-Inputs!$R$26)","v":-91128.658137954801},{"$f":"Inputs!$R$34*E211*Inputs!$R$39","v":0},{"$f":"params!$C$16*Inputs!$R$30*(G211-Inputs!$R$26)","v":-14270.199974117357},{"$f":"Inputs!$R$41*Inputs!$R$42/8760","v":0},0,389.76616195693094,2.4018050803048703E-3,1.4170649973798736E-3,{"$f":"-N211/(1.202*2465560*MAX(0,(Inputs!$R$49-Q211)))","v":0},{"$f":"params!$C$16*R211*(G211-Inputs!$R$26)","v":0},-105398.85811207216,{"$f":"E211*params!$C$8","v":0}]
["2001-01-09",1,9,"19:00:00",0,10,-6,-10,70,{"$f":"Inputs!$R$38*Inputs!$R$33*(G212-Inputs!$R$26)","v":-91128.658137954801},{"$f":"Inputs!$R$34*E212*Inputs!$R$39","v":0},{"$f":"params!$C$16*Inputs!$R$30*(G212-Inputs!$R$26)","v":-14270.199974117357},{"$f":"Inputs!$R$41*Inputs!$R$42/8760","v":0},0,389.76616195693094,2.4018050803048703E-3,1.6812635562134092E-3,{"$f":"-N212/(1.202*2465560*MAX(0,(Inputs!$R$49-Q212)))","v":0},{"$f":"params!$C$16*R212*(G212-Inputs!$R$26)","v":0},-105398.85811207216,{"$f":"E212*params!$C$8","v":0}]
["2001-01-09",1,9,"20:00:00",0,10,-6,-11,64,{"$f":"Inputs!$R$38*Inputs!$R$33*(G213-Inputs!$R$26)","v":-91128.658137954801},{"$f":"Inputs!$R$34*E213*Inputs!$R$39","v":0},{"$f":"params!$C$16*Inputs!$R$30*(G213-Inputs!$R$26)","v":-14270.199974117357},{"$f":"Inputs!$R$41*Inputs!$R$42/8760","v":0},0,389.76616195693094,2.4018050803048703E-3,1.5371552513951171E-3,{"$f":"-N213/(1.202*2465560*MAX(0,(Inputs!$R$49-Q213)))","v":0},{"$f":"params!$C$16*R213*(G213-Inputs!$R$26)","v":0},-105398.85811207216,{"$f":"E213*params!$C$8","v":0}]
["2001-01-09",1,9,"21:00:00",0,10,-5,-10,65,{"$f":"Inputs!$R$38*Inputs!$R$33*(G214-Inputs!$R$26)","v":-85433.117004332627},{"$f":"Inputs!$R$34*E214*Inputs!$R$39","v":0},{"$f":"params!$C$16*Inputs!$R$30*(G214-Inputs!$R$26)","v":-13378.312475735022},{"$f":"Inputs!$R$41*Inputs!$R$42/8760","v":0},0,420.56802345265027,2.5924024753231664E-3,1.6850616089600582E-3,{"$f":"-N214/(1.202*2465560*MAX(0,(Inputs!$R$49-Q214)))","v":0},{"$f":"params!$C$16*R214*(G214-Inputs!$R$26)","v":0},-98811.429480067643,{"$f":"E214*params!$C$8","v":0}]
["2001-01-09",1,9,"22:00:00",0,10,-4,-9,65,{"$f":"Inputs!$R$38*Inputs!$R$33*(G215-Inputs!$R$26)","v":-79737.575870710454},{"$f":"Inputs!$R$34*E215*Inputs!$R$39","v":0},{"$f":"params!$C$16*Inputs!$R$30*(G215-Inputs!$R$26)","v":-12486.424977352686},{"$f":"Inputs!$R$41*Inputs!$R$42/8760","v":0},0,453.51532044328405,2.7964043545646504E-3,1.8176628304670229E-3,{"$f":"-N215/(1.202*2465560*MAX(0,(Inputs!$R$49-Q215)))","v":0},{"$f":"params!$C$16*R215*(G215-Inputs!$R$26)","v":0},-92224.000848063137,{"$f":"E215*params!$C$8","v":0}]
["2001-01-09",1,9,"23:00:00",0,10,-3,-8,65,{"$f":"Inputs!$R$38*Inputs!$R$33*(G216-Inputs!$R$26)","v":-74042.034737088281},{"$f":"Inputs!$R$34*E216*Inputs!$R$39","v":0},{"$f":"params!$C$16*Inputs!$R$30*(G216-Inputs!$R$26)","v":-11594.537478970353},{"$f":"Inputs!$R$41*Inputs!$R$42/8760","v":0},0,488.73621912146871,3.0146312662847319E-3,1.9595103230850759E-3,{"$f":"-N216/(1.202*2465560*MAX(0,(Inputs!$R$49-Q216)))","v":0},{"$f":"params!$C$16*R216*(G216-Inputs!$R$26)","v":0},-85636.57221605863,{"$f":"E216*params!$C$8","v":0}]
["2001-01-09",1,9,1,0,10,-3,-7,71,{"$f":"Inputs!$R$38*Inputs!$R$33*(G217-Inputs!$R$26)","v":-74042.034737088281},{"$f":"Inputs!$R$34*E217*Inputs!$R$39","v":0},{"$f":"params!$C$16*Inputs!$R$30*(G217-Inputs!$R$26)","v":-11594.537478970353},{"$f":"Inputs!$R$41*Inputs!$R$42/8760","v":0},0,488.73621912146871,3.0146312662847319E-3,2.1403881990621596E-3,{"$f":"-N217/(1.202*2465560*MAX(0,(Inputs!$R$49-Q217)))","v":0},{"$f":"params!$C$16*R217*(G217-Inputs!$R$26)","v":0},-85636.57221605863,{"$f":"E217*params!$C$8","v":0}]
["2001-01-10",1,10,"01:00:00",0,10,-2,-6,71,{"$f":"Inputs!$R$38*Inputs!$R$33*(G218-Inputs!$R$26)","v":-68346.493603466108},{"$f":"Inputs!$R$34*E218*Inputs!$R$39","v":0},{"$f":"params!$C$16*Inputs!$R$30*(G218-Inputs!$R$26)","v":-10702.649980588018},{"$f":"Inputs!$R$41*Inputs!$R$42/8760","v":0},0,526.36516305985776,3.2479468065175691E-3,2.306042232627474E-3,{"$f":"-N218/(1.202*2465560*MAX(0,(Inputs!$R$49-Q218)))","v":0},{"$f":"params!$C$16*R218*(G218-Inputs!$R$26)","v":0},-79049.143584054123,{"$f":"E218*params!$C$8","v":0}]
["2001-01-10",1,10,"02:00:00",0,10,-2,-5,78,{"$f":"Inputs!$R$38*Inputs!$R$33*(G219-Inputs!$R$26)","v":-68346.493603466108},{"$f":"Inputs!$R$34*E219*Inputs!$R$39","v":0},{"$f":"params!$C$16*Inputs!$R$30*(G219-Inputs!$R$26)","v":-10702.649980588018},{"$f":"Inputs!$R$41*Inputs!$R$42/8760","v":0},0,526.36516305985776,3.2479468065175691E-3,2.5333985090837041E-3,{"$f":"-N219/(1.202*2465560*MAX(0,(Inputs!$R$49-Q219)))","v":0},{"$f":"params!$C$16*R219*(G219-Inputs!$R$26)","v":0},-79049.143584054123,{"$f":"E219*params!$C$8","v":0}]
["2001-01-10",1,10,"03:00:00",0,10,-6,-9,77,{"$f":"Inputs!$R$38*Inputs!$R$33*(G220-Inputs!$R$26)","v":-91128.658137954801},{"$f":"Inputs!$R$34*E220*Inputs!$R$39","v":0},{"$f":"params!$C$16*Inputs!$R$30*(G220-Inputs!$R$26)","v":-14270.199974117357},{"$f":"Inputs!$R$41*Inputs!$R$42/8760","v":0},0,389.76616195693094,2.4018050803048703E-3,1.8493899118347502E-3,{"$f":"-N220/(1.202*2465560*MAX(0,(Inputs!$R$49-Q220)))","v":0},{"$f":"params!$C$16*R220*(G220-Inputs!$R$26)","v":0},-105398.85811207216,{"$f":"E220*params!$C$8","v":0}]
["2001-01-10",1,10,"04:00:00",0,10,-7,-9,84,{"$f":"Inputs!$R$38*Inputs!$R$33*(G221-Inputs!$R$26)","v":-96824.199271576974},{"$f":"Inputs!$R$34*E221*Inputs!$R$39","v":0},{"$f":"params!$C$16*Inputs!$R$30*(G221-Inputs!$R$26)","v":-15162.087472499692},{"$f":"Inputs!$R$41*Inputs!$R$42/8760","v":0},0,360.98762153500678,2.2238327850987206E-3,1.8680195394829252E-3,{"$f":"-N221/(1.202*2465560*MAX(0,(Inputs!$R$49-Q221)))","v":0},{"$f":"params!$C$16*R221*(G221-Inputs!$R$26)","v":0},-111986.28674407667,{"$f":"E221*params!$C$8","v":0}]
["2001-01-10",1,10,"05:00:00",0,10,-7,-9,84,{"$f":"Inputs!$R$38*Inputs!$R$33*(G222-Inputs!$R$26)","v":-96824.199271576974},{"$f":"Inputs!$R$34*E222*Inputs!$R$39","v":0},{"$f":"params!$C$16*Inputs!$R$30*(G222-Inputs!$R$26)","v":-15162.087472499692},{"$f":"Inputs!$R$41*Inputs!$R$42/8760","v":0},0,360.98762153500678,2.2238327850987206E-3,1.8680195394829252E-3,{"$f":"-N222/(1.202*2465560*MAX(0,(Inputs!$R$49-Q222)))","v":0},{"$f":"params!$C$16*R222*(G222-Inputs!$R$26)","v":0},-111986.28674407667,{"$f":"E222*params!$C$8","v":0}]
["2001-01-10",1,10,"06:00:00",0,10,-7,-9,84,{"$f":"Inputs!$R$38*Inputs!$R$33*(G223-Inputs!$R$26)","v":-96824.199271576974},{"$f":"Inputs!$R$34*E223*Inputs!$R$39","v":0},{"$f":"params!$C$16*Inputs!$R$30*(G223-Inputs!$R$26)","v":-15162.087472499692},{"$f":"Inputs!$R$41*Inputs!$R$42/8760","v":0},0,360.98762153500678,2.2238327850987206E-3,1.8680195394829252E-3,{"$f":"-N223/(1.202*2465560*MAX(0,(Inputs!$R$49-Q223)))","v":0},{"$f":"params!$C$16*R223*(G223-Inputs!$R$26)","v":0},-111986.28674407667,{"$f":"E223*params!$C$8","v":0}]
["2001-01-10",1,10,"07:00:00",0,10,-7,-8,92,{"$f":"Inputs!$R$38*Inputs!$R$33*(G224-Inputs!$R$26)","v":-96824.199271576974},{"$f":"Inputs!$R$34*E224*Inputs!$R$39","v":0},{"$f":"params!$C$16*Inputs!$R$30*(G224-Inputs!$R$26)","v":-15162.087472499692},{"$f":"Inputs!$R$41*Inputs!$R$42/8760","v":0},0,360.98762153500678,2.2238327850987206E-3,2.0459261622908231E-3,{"$f":"-N224/(1.202*2465560*MAX(0,(Inputs!$R$49-Q224)))","v":0},{"$f":"params!$C$16*R224*(G224-Inputs!$R$26)","v":0},-111986.28674407667,{"$f":"E224*params!$C$8","v":0}]
["2001-01-10",1,10,"08:00:00",0,10,-7,-8,92,{"$f":"Inputs!$R$38*Inputs!$R$33*(G225-Inputs!$R$26)","v":-96824.199271576974},{"$f":"Inputs!$R$34*E225*Inputs!$R$39","v":0},{"$f":"params!$C$16*Inputs!$R$30*(G225-Inputs!$R$26)","v":-15162.087472499692},{"$f":"Inputs!$R$41*Inputs!$R$42/8760","v":0},0,360.98762153500678,2.2238327850987206E-3,2.0459261622908231E-3,{"$f":"-N225/(1.202*2465560*MAX(0,(Inputs!$R$49-Q225)))","v":0},{"$f":"params!$C$16*R225*(G225-Inputs!$R$26)","v":0},-111986.28674407667,{"$f":"E225*params!$C$8","v":0}]
["2001-01-10",1,10,"09:00:00",73,10,-7,-8,92,{"$f":"Inputs!$R$38*Inputs!$R$33*(G226-Inputs!$R$26)","v":-96824.199271576974},{"$f":"Inputs!$R$34*E226*Inputs!$R$39","v":42726.149443974769},{"$f":"params!$C$16*Inputs!$R$30*(G226-Inputs!$R$26)","v":-15162.087472499692},{"$f":"Inputs!$R$41*Inputs!$R$42/8760","v":0},0,360.98762153500678,2.2238327850987206E-3,2.0459261622908231E-3,{"$f":"-N226/(1.202*2465560*MAX(0,(Inputs!$R$49-Q226)))","v":0},{"$f":"params!$C$16*R226*(G226-Inputs!$R$26)","v":0},-69260.137300101895,{"$f":"E226*params!$C$8","v":151.21949999999998}]
["2001-01-10",1,10,"10:00:00",86,10,-7,-9,84,{"$f":"Inputs!$R$38*Inputs!$R$33*(G227-Inputs!$R$26)","v":-96824.199271576974},{"$f":"Inputs!$R$34*E227*Inputs!$R$39","v":50334.915783312739},{"$f":"params!$C$16*Inputs!$R$30*(G227-Inputs!$R$26)","v":-15162.087472499692},{"$f":"Inputs!$R$41*Inputs!$R$42/8760","v":0},0,360.98762153500678,2.2238327850987206E-3,1.8680195394829252E-3,{"$f":"-N227/(1.202*2465560*MAX(0,(Inputs!$R$49-Q227)))","v":0},{"$f":"params!$C$16*R227*(G227-Inputs!$R$26)","v":0},-61651.370960763925,{"$f":"E227*params!$C$8","v":178.149}]
["2001-01-10",1,10,"11:00:00",72,10,-7,-9,84,{"$f":"Inputs!$R$38*Inputs!$R$33*(G228-Inputs!$R$26)","v":-96824.199271576974},{"$f":"Inputs!$R$34*E228*Inputs!$R$39","v":42140.859725564151},{"$f":"params!$C$16*Inputs!$R$30*(G228-Inputs!$R$26)","v":-15162.087472499692},{"$f":"Inputs!$R$41*Inputs!$R$42/8760","v":0},0,360.98762153500678,2.2238327850987206E-3,1.8680195394829252E-3,{"$f":"-N228/(1.202*2465560*MAX(0,(Inputs!$R$49-Q228)))","v":0},{"$f":"params!$C$16*R228*(G228-Inputs!$R$26)","v":0},-69845.427018512521,{"$f":"E228*params!$C$8","v":149.148}]
["2001-01-10",1,10,"12:00:00",87,10,-7,-9,84,{"$f":"Inputs!$R$38*Inputs!$R$33*(G229-Inputs!$R$26)","v":-96824.199271576974},{"$f":"Inputs!$R$34*E229*Inputs!$R$39","v":50920.205501723351},{"$f":"params!$C$16*Inputs!$R$30*(G229-Inputs!$R$26)","v":-15162.087472499692},{"$f":"Inputs!$R$41*Inputs!$R$42/8760","v":0},0,360.98762153500678,2.2238327850987206E-3,1.8680195394829252E-3,{"$f":"-N229/(1.202*2465560*MAX(0,(Inputs!$R$49-Q229)))","v":0},{"$f":"params!$C$16*R229*(G229-Inputs!$R$26)","v":0},-61066.081242353313,{"$f":"E229*params!$C$8","v":180.22049999999999}]
["2001-01-10",1,10,"13:00:00",239,10,-6,-8,84,{"$f":"Inputs!$R$38*Inputs!$R$33*(G230-Inputs!$R$26)","v":-91128.658137954801},{"$f":"Inputs!$R$34*E230*Inputs!$R$39","v":139884.24270013659},{"$f":"params!$C$16*Inputs!$R$30*(G230-Inputs!$R$26)","v":-14270.199974117357},{"$f":"Inputs!$R$41*Inputs!$R$42/8760","v":0},0,389.76616195693094,2.4018050803048703E-3,2.0175162674560907E-3,{"$f":"-N230/(1.202*2465560*MAX(0,(Inputs!$R$49-Q230)))","v":0},{"$f":"params!$C$16*R230*(G230-Inputs!$R$26)","v":0},34485.384588064429,{"$f":"E230*params!$C$8","v":495.08849999999995}]
["2001-01-10",1,10,"14:00:00",345,1,-5,-8,77,{"$f":"Inputs!$R$38*Inputs!$R$33*(G231-Inputs!$R$26)","v":-85433.117004332627},{"$f":"Inputs!$R$34*E231*Inputs!$R$39","v":201924.95285166157},{"$f":"params!$C$16*Inputs!$R$30*(G231-Inputs!$R$26)","v":-13378.312475735022},{"$f":"Inputs!$R$41*Inputs!$R$42/8760","v":0},0,420.56802345265027,2.5924024753231664E-3,1.996149905998838E-3,{"$f":"-N231/(1.202*2465560*MAX(0,(Inputs!$R$49-Q231)))","v":0},{"$f":"params!$C$16*R231*(G231-Inputs!$R$26)","v":0},103113.52337159392,{"$f":"E231*params!$C$8","v":714.66750000000002}]
["2001-01-10",1,10,"15:00:00",299,5,-3,-7,71,{"$f":"Inputs!$R$38*Inputs!$R$33*(G232-Inputs!$R$26)","v":-74042.034737088281},{"$f":"Inputs!$R$34*E232*Inputs!$R$39","v":175001.62580477336},{"$f":"params!$C$16*Inputs!$R$30*(G232-Inputs!$R$26)","v":-11594.537478970353},{"$f":"Inputs!$R$41*Inputs!$R$42/8760","v":0},0,488.73621912146871,3.0146312662847319E-3,2.1403881990621596E-3,{"$f":"-N232/(1.202*2465560*MAX(0,(Inputs!$R$49-Q232)))","v":0},{"$f":"params!$C$16*R232*(G232-Inputs!$R$26)","v":0},89365.053588714727,{"$f":"E232*params!$C$8","v":619.37849999999992}]
["2001-01-10",1,10,"16:00:00",154,3,-3,-6,77,{"$f":"Inputs!$R$38*Inputs!$R$33*(G233-Inputs!$R$26)","v":-74042.034737088281},{"$f":"Inputs!$R$34*E233*Inputs!$R$39","v":90134.616635234444},{"$f":"params!$C$16*Inputs!$R$30*(G233-Inputs!$R$26)","v":-11594.537478970353},{"$f":"Inputs!$R$41*Inputs!$R$42/8760","v":0},0,488.73621912146871,3.0146312662847319E-3,2.3212660750392437E-3,{"$f":"-N233/(1.202*2465560*MAX(0,(Inputs!$R$49-Q233)))","v":0},{"$f":"params!$C$16*R233*(G233-Inputs!$R$26)","v":0},4498.0444191758106,{"$f":"E233*params!$C$8","v":319.01099999999997}]
["2001-01-10",1,10,"17:00:00",29,3,-5,-8,77,{"$f":"Inputs!$R$38*Inputs!$R$33*(G234-Inputs!$R$26)","v":-85433.117004332627},{"$f":"Inputs!$R$34*E234*Inputs!$R$39","v":16973.401833907785},{"$f":"params!$C$16*Inputs!$R$30*(G234-Inputs!$R$26)","v":-13378.312475735022},{"$f":"Inputs!$R$41*Inputs!$R$42/8760","v":0},0,420.56802345265027,2.5924024753231664E-3,1.996149905998838E-3,{"$f":"-N234/(1.202*2465560*MAX(0,(Inputs!$R$49-Q234)))","v":0},{"$f":"params!$C$16*R234*(G234-Inputs!$R$26)","v":0},-81838.027646159855,{"$f":"E234*params!$C$8","v":60.073499999999996}]
["2001-01-10",1,10,"18:00:00",0,2,-6,-8,84,{"$f":"Inputs!$R$38*Inputs!$R$33*(G235-Inputs!$R$26)","v":-91128.658137954801},{"$f":"Inputs!$R$34*E235*Inputs!$R$39","v":0},{"$f":"params!$C$16*Inputs!$R$30*(G235-Inputs!$R$26)","v":-14270.199974117357},{"$f":"Inputs!$R$41*Inputs!$R$42/8760","v":0},0,389.76616195693094,2.4018050803048703E-3,2.0175162674560907E-3,{"$f":"-N235/(1.202*2465560*MAX(0,(Inputs!$R$49-Q235)))","v":0},{"$f":"params!$C$16*R235*(G235-Inputs!$R$26)","v":0},-105398.85811207216,{"$f":"E235*params!$C$8","v":0}]
["2001-01-10",1,10,"19:00:00",0,0,-9,-10,92,{"$f":"Inputs!$R$38*Inputs!$R$33*(G236-Inputs!$R$26)","v":-108215.28153882132},{"$f":"Inputs!$R$34*E236*Inputs!$R$39","v":0},{"$f":"params!$C$16*Inputs!$R$30*(G236-Inputs!$R$26)","v":-16945.862469264361},{"$f":"Inputs!$R$41*Inputs!$R$42/8760","v":0},0,309.04098596033037,1.902841039413297E-3,1.7506137562602333E-3,{"$f":"-N236/(1.202*2465560*MAX(0,(Inputs!$R$49-Q236)))","v":0},{"$f":"params!$C$16*R236*(G236-Inputs!$R$26)","v":0},-125161.14400808568,{"$f":"E236*params!$C$8","v":0}]
["2001-01-10",1,10,"20:00:00",0,1,-11,-12,91,{"$f":"Inputs!$R$38*Inputs!$R$33*(G237-Inputs!$R$26)","v":-119606.36380606568},{"$f":"Inputs!$R$34*E237*Inputs!$R$39","v":0},{"$f":"params!$C$16*Inputs!$R$30*(G237-Inputs!$R$26)","v":-18729.637466029031},{"$f":"Inputs!$R$41*Inputs!$R$42/8760","v":0},0,263.86397481101648,1.6239488443119262E-3,1.4777934483238527E-3,{"$f":"-N237/(1.202*2465560*MAX(0,(Inputs!$R$49-Q237)))","v":0},{"$f":"params!$C$16*R237*(G237-Inputs!$R$26)","v":0},-138336.00127209473,{"$f":"E237*params!$C$8","v":0}]
["2001-01-10",1,10,"21:00:00",0,1,-11,-12,91,{"$f":"Inputs!$R$38*Inputs!$R$33*(G238-Inputs!$R$26)","v":-119606.36380606568},{"$f":"Inputs!$R$34*E238*Inputs!$R$39","v":0},{"$f":"params!$C$16*Inputs!$R$30*(G238-Inputs!$R$26)","v":-18729.637466029031},{"$f":"Inputs!$R$41*Inputs!$R$42/8760","v":0},0,263.86397481101648,1.6239488443119262E-3,1.4777934483238527E-3,{"$f":"-N238/(1.202*2465560*MAX(0,(Inputs!$R$49-Q238)))","v":0},{"$f":"params!$C$16*R238*(G238-Inputs!$R$26)","v":0},-138336.00127209473,{"$f":"E238*params!$C$8","v":0}]
["2001-01-10",1,10,"22:00:00",0,0,-13,-15,83,{"$f":"Inputs!$R$38*Inputs!$R$33*(G239-Inputs!$R$26)","v":-130997.44607331003},{"$f":"Inputs!$R$34*E239*Inputs!$R$39","v":0},{"$f":"params!$C$16*Inputs!$R$30*(G239-Inputs!$R$26)","v":-20513.412462793702},{"$f":"Inputs!$R$41*Inputs!$R$42/8760","v":0},0,224.67566674612308,1.3822287131554647E-3,1.1472498319190358E-3,{"$f":"-N239/(1.202*2465560*MAX(0,(Inputs!$R$49-Q239)))","v":0},{"$f":"params!$C$16*R239*(G239-Inputs!$R$26)","v":0},-151510.85853610374,{"$f":"E239*params!$C$8","v":0}]
["2001-01-10",1,10,"23:00:00",0,0,-7,-9,84,{"$f":"Inputs!$R$38*Inputs!$R$33*(G240-Inputs!$R$26)","v":-96824.199271576974},{"$f":"Inputs!$R$34*E240*Inputs!$R$39","v":0},{"$f":"params!$C$16*Inputs!$R$30*(G240-Inputs!$R$26)","v":-15162.087472499692},{"$f":"Inputs!$R$41*Inputs!$R$42/8760","v":0},0,360.98762153500678,2.2238327850987206E-3,1.8680195394829252E-3,{"$f":"-N240/(1.202*2465560*MAX(0,(Inputs!$R$49-Q240)))","v":0},{"$f":"params!$C$16*R240*(G240-Inputs!$R$26)","v":0},-111986.28674407667,{"$f":"E240*params!$C$8","v":0}]
["2001-01-10",1,10,1,0,0,1,-8,47,{"$f":"Inputs!$R$38*Inputs!$R$33*(G241-Inputs!$R$26)","v":-51259.870202599574},{"$f":"Inputs!$R$34*E241*Inputs!$R$39","v":0},{"$f":"params!$C$16*Inputs!$R$30*(G241-Inputs!$R$26)","v":-8026.9874854410136},{"$f":"Inputs!$R$41*Inputs!$R$42/8760","v":0},0,655.14373774848059,4.0477489204243187E-3,1.9024419925994299E-3,{"$f":"-N241/(1.202*2465560*MAX(0,(Inputs!$R$49-Q241)))","v":0},{"$f":"params!$C$16*R241*(G241-Inputs!$R$26)","v":0},-59286.857688040589,{"$f":"E241*params!$C$8","v":0}]
["2001-01-11",1,11,"01:00:00",0,0,1,-8,47,{"$f":"Inputs!$R$38*Inputs!$R$33*(G242-Inputs!$R$26)","v":-51259.870202599574},{"$f":"Inputs!$R$34*E242*Inputs!$R$39","v":0},{"$f":"params!$C$16*Inputs!$R$30*(G242-Inputs!$R$26)","v":-8026.9874854410136},{"$f":"Inputs!$R$41*Inputs!$R$42/8760","v":0},0,655.14373774848059,4.0477489204243187E-3,1.9024419925994299E-3,{"$f":"-N242/(1.202*2465560*MAX(0,(Inputs!$R$49-Q242)))","v":0},{"$f":"params!$C$16*R242*(G242-Inputs!$R$26)","v":0},-59286.857688040589,{"$f":"E242*params!$C$8","v":0}]
["2001-01-11",1,11,"02:00:00",0,2,1,-8,47,{"$f":"Inputs!$R$38*Inputs!$R$33*(G243-Inputs!$R$26)","v":-51259.870202599574},{"$f":"Inputs!$R$34*E243*Inputs!$R$39","v":0},{"$f":"params!$C$16*Inputs!$R$30*(G243-Inputs!$R$26)","v":-8026.9874854410136},{"$f":"Inputs!$R$41*Inputs!$R$42/8760","v":0},0,655.14373774848059,4.0477489204243187E-3,1.9024419925994299E-3,{"$f":"-N243/(1.202*2465560*MAX(0,(Inputs!$R$49-Q243)))","v":0},{"$f":"params!$C$16*R243*(G243-Inputs!$R$26)","v":0},-59286.857688040589,{"$f":"E243*params!$C$8","v":0}]
["2001-01-11",1,11,"03:00:00",0,1,1,-7,51,{"$f":"Inputs!$R$38*Inputs!$R$33*(G244-Inputs!$R$26)","v":-51259.870202599574},{"$f":"Inputs!$R$34*E244*Inputs!$R$39","v":0},{"$f":"params!$C$16*Inputs!$R$30*(G244-Inputs!$R$26)","v":-8026.9874854410136},{"$f":"Inputs!$R$41*Inputs!$R$42/8760","v":0},0,655.14373774848059,4.0477489204243187E-3,2.0643519494164026E-3,{"$f":"-N244/(1.202*2465560*MAX(0,(Inputs!$R$49-Q244)))","v":0},{"$f":"params!$C$16*R244*(G244-Inputs!$R$26)","v":0},-59286.857688040589,{"$f":"E244*params!$C$8","v":0}]
["2001-01-11",1,11,"04:00:00",0,1,-1,-7,60,{"$f":"Inputs!$R$38*Inputs!$R$33*(G245-Inputs!$R$26)","v":-62650.952469843927},{"$f":"Inputs!$R$34*E245*Inputs!$R$39","v":0},{"$f":"params!$C$16*Inputs!$R$30*(G245-Inputs!$R$26)","v":-9810.7624822056823},{"$f":"Inputs!$R$41*Inputs!$R$42/8760","v":0},0,566.54310372490409,3.4972595900071069E-3,2.0983557540042641E-3,{"$f":"-N245/(1.202*2465560*MAX(0,(Inputs!$R$49-Q245)))","v":0},{"$f":"params!$C$16*R245*(G245-Inputs!$R$26)","v":0},-72461.714952049602,{"$f":"E245*params!$C$8","v":0}]
["2001-01-11",1,11,"05:00:00",0,1,-1,-7,60,{"$f":"Inputs!$R$38*Inputs!$R$33*(G246-Inputs!$R$26)","v":-62650.952469843927},{"$f":"Inputs!$R$34*E246*Inputs!$R$39","v":0},{"$f":"params!$C$16*Inputs!$R$30*(G246-Inputs!$R$26)","v":-9810.7624822056823},{"$f":"Inputs!$R$41*Inputs!$R$42/8760","v":0},0,566.54310372490409,3.4972595900071069E-3,2.0983557540042641E-3,{"$f":"-N246/(1.202*2465560*MAX(0,(Inputs!$R$49-Q246)))","v":0},{"$f":"params!$C$16*R246*(G246-Inputs!$R$26)","v":0},-72461.714952049602,{"$f":"E246*params!$C$8","v":0}]
["2001-01-11",1,11,"06:00:00",0,4,-4,-8,71,{"$f":"Inputs!$R$38*Inputs!$R$33*(G247-Inputs!$R$26)","v":-79737.575870710454},{"$f":"Inputs!$R$34*E247*Inputs!$R$39","v":0},{"$f":"params!$C$16*Inputs!$R$30*(G247-Inputs!$R$26)","v":-12486.424977352686},{"$f":"Inputs!$R$41*Inputs!$R$42/8760","v":0},0,453.51532044328405,2.7964043545646504E-3,1.9854470917409018E-3,{"$f":"-N247/(1.202*2465560*MAX(0,(Inputs!$R$49-Q247)))","v":0},{"$f":"params!$C$16*R247*(G247-Inputs!$R$26)","v":0},-92224.000848063137,{"$f":"E247*params!$C$8","v":0}]
["2001-01-11",1,11,"07:00:00",0,2,-5,-8,77,{"$f":"Inputs!$R$38*Inputs!$R$33*(G248-Inputs!$R$26)","v":-85433.117004332627},{"$f":"Inputs!$R$34*E248*Inputs!$R$39","v":0},{"$f":"params!$C$16*Inputs!$R$30*(G248-Inputs!$R$26)","v":-13378.312475735022},{"$f":"Inputs!$R$41*Inputs!$R$42/8760","v":0},0,420.56802345265027,2.5924024753231664E-3,1.996149905998838E-3,{"$f":"-N248/(1.202*2465560*MAX(0,(Inputs!$R$49-Q248)))","v":0},{"$f":"params!$C$16*R248*(G248-Inputs!$R$26)","v":0},-98811.429480067643,{"$f":"E248*params!$C$8","v":0}]
["2001-01-11",1,11,"08:00:00",0,1,-3,-8,65,{"$f":"Inputs!$R$38*Inputs!$R$33*(G249-Inputs!$R$26)","v":-74042.034737088281},{"$f":"Inputs!$R$34*E249*Inputs!$R$39","v":0},{"$f":"params!$C$16*Inputs!$R$30*(G249-Inputs!$R$26)","v":-11594.537478970353},{"$f":"Inputs!$R$41*Inputs!$R$42/8760","v":0},0,488.73621912146871,3.0146312662847319E-3,1.9595103230850759E-3,{"$f":"-N249/(1.202*2465560*MAX(0,(Inputs!$R$49-Q249)))","v":0},{"$f":"params!$C$16*R249*(G249-Inputs!$R$26)","v":0},-85636.57221605863,{"$f":"E249*params!$C$8","v":0}]
["2001-01-11",1,11,"09:00:00",114,4,-4,-8,71,{"$f":"Inputs!$R$38*Inputs!$R$33*(G250-Inputs!$R$26)","v":-79737.575870710454},{"$f":"Inputs!$R$34*E250*Inputs!$R$39","v":66723.027898809902},{"$f":"params!$C$16*Inputs!$R$30*(G250-Inputs!$R$26)","v":-12486.424977352686},{"$f":"Inputs!$R$41*Inputs!$R$42/8760","v":0},0,453.51532044328405,2.7964043545646504E-3,1.9854470917409018E-3,{"$f":"-N250/(1.202*2465560*MAX(0,(Inputs!$R$49-Q250)))","v":0},{"$f":"params!$C$16*R250*(G250-Inputs!$R$26)","v":0},-25500.972949253239,{"$f":"E250*params!$C$8","v":236.15099999999998}]
["2001-01-11",1,11,"10:00:00",201,0,1,-6,56,{"$f":"Inputs!$R$38*Inputs!$R$33*(G251-Inputs!$R$26)","v":-51259.870202599574},{"$f":"Inputs!$R$34*E251*Inputs!$R$39","v":117643.23340053325},{"$f":"params!$C$16*Inputs!$R$30*(G251-Inputs!$R$26)","v":-8026.9874854410136},{"$f":"Inputs!$R$41*Inputs!$R$42/8760","v":0},0,655.14373774848059,4.0477489204243187E-3,2.2667393954376187E-3,{"$f":"-N251/(1.202*2465560*MAX(0,(Inputs!$R$49-Q251)))","v":0},{"$f":"params!$C$16*R251*(G251-Inputs!$R$26)","v":0},58356.375712492663,{"$f":"E251*params!$C$8","v":416.37149999999997}]
["2001-01-11",1,11,"11:00:00",358,0,2,-4,62,{"$f":"Inputs!$R$38*Inputs!$R$33*(G252-Inputs!$R$26)","v":-45564.3290689774},{"$f":"Inputs!$R$34*E252*Inputs!$R$39","v":209533.71919099955},{"$f":"params!$C$16*Inputs!$R$30*(G252-Inputs!$R$26)","v":-7135.0999870586784},{"$f":"Inputs!$R$41*Inputs!$R$42/8760","v":0},0,703.88301618186097,4.3509868656616182E-3,2.6976118567102031E-3,{"$f":"-N252/(1.202*2465560*MAX(0,(Inputs!$R$49-Q252)))","v":0},{"$f":"params!$C$16*R252*(G252-Inputs!$R$26)","v":0},156834.29013496346,{"$f":"E252*params!$C$8","v":741.59699999999998}]
["2001-01-11",1,11,"12:00:00",422,8,3,-3,63,{"$f":"Inputs!$R$38*Inputs!$R$33*(G253-Inputs!$R$26)","v":-39868.787935355227},{"$f":"Inputs!$R$34*E253*Inputs!$R$39","v":246992.26116927879},{"$f":"params!$C$16*Inputs!$R$30*(G253-Inputs!$R$26)","v":-6243.2124886763431},{"$f":"Inputs!$R$41*Inputs!$R$42/8760","v":0},0,755.80495631325812,4.6743495015895585E-3,2.9448401860014215E-3,{"$f":"-N253/(1.202*2465560*MAX(0,(Inputs!$R$49-Q253)))","v":0},{"$f":"params!$C$16*R253*(G253-Inputs!$R$26)","v":0},200880.26074524721,{"$f":"E253*params!$C$8","v":874.173}]
["2001-01-11",1,11,"13:00:00",377,3,3,-3,63,{"$f":"Inputs!$R$38*Inputs!$R$33*(G254-Inputs!$R$26)","v":-39868.787935355227},{"$f":"Inputs!$R$34*E254*Inputs!$R$39","v":220654.22384080119},{"$f":"params!$C$16*Inputs!$R$30*(G254-Inputs!$R$26)","v":-6243.2124886763431},{"$f":"Inputs!$R$41*Inputs!$R$42/8760","v":0},0,755.80495631325812,4.6743495015895585E-3,2.9448401860014215E-3,{"$f":"-N254/(1.202*2465560*MAX(0,(Inputs!$R$49-Q254)))","v":0},{"$f":"params!$C$16*R254*(G254-Inputs!$R$26)","v":0},174542.22341676962,{"$f":"E254*params!$C$8","v":780.95549999999992}]
["2001-01-11",1,11,"14:00:00",391,3,3,-3,63,{"$f":"Inputs!$R$38*Inputs!$R$33*(G255-Inputs!$R$26)","v":-39868.787935355227},{"$f":"Inputs!$R$34*E255*Inputs!$R$39","v":228848.27989854978},{"$f":"params!$C$16*Inputs!$R$30*(G255-Inputs!$R$26)","v":-6243.2124886763431},{"$f":"Inputs!$R$41*Inputs!$R$42/8760","v":0},0,755.80495631325812,4.6743495015895585E-3,2.9448401860014215E-3,{"$f":"-N255/(1.202*2465560*MAX(0,(Inputs!$R$49-Q255)))","v":0},{"$f":"params!$C$16*R255*(G255-Inputs!$R$26)","v":0},182736.27947451823,{"$f":"E255*params!$C$8","v":809.95650000000001}]
["2001-01-11",1,11,"15:00:00",288,0,3,-3,63,{"$f":"Inputs!$R$38*Inputs!$R$33*(G256-Inputs!$R$26)","v":-39868.787935355227},{"$f":"Inputs!$R$34*E256*Inputs!$R$39","v":168563.4389022566},{"$f":"params!$C$16*Inputs!$R$30*(G256-Inputs!$R$26)","v":-6243.2124886763431},{"$f":"Inputs!$R$41*Inputs!$R$42/8760","v":0},0,755.80495631325812,4.6743495015895585E-3,2.9448401860014215E-3,{"$f":"-N256/(1.202*2465560*MAX(0,(Inputs!$R$49-Q256)))","v":0},{"$f":"params!$C$16*R256*(G256-Inputs!$R$26)","v":0},122451.43847822503,{"$f":"E256*params!$C$8","v":596.59199999999998}]
["2001-01-11",1,11,"16:00:00",169,0,2,-3,67,{"$f":"Inputs!$R$38*Inputs!$R$33*(G257-Inputs!$R$26)","v":-45564.3290689774},{"$f":"Inputs!$R$34*E257*Inputs!$R$39","v":98913.962411393644},{"$f":"params!$C$16*Inputs!$R$30*(G257-Inputs!$R$26)","v":-7135.0999870586784},{"$f":"Inputs!$R$41*Inputs!$R$42/8760","v":0},0,703.88301618186097,4.3509868656616182E-3,2.915161199993284E-3,{"$f":"-N257/(1.202*2465560*MAX(0,(Inputs!$R$49-Q257)))","v":0},{"$f":"params!$C$16*R257*(G257-Inputs!$R$26)","v":0},46214.533355357562,{"$f":"E257*params!$C$8","v":350.08349999999996}]
["2001-01-11",1,11,"17:00:00",32,0,1,-4,67,{"$f":"Inputs!$R$38*Inputs!$R$33*(G258-Inputs!$R$26)","v":-51259.870202599574},{"$f":"Inputs!$R$34*E258*Inputs!$R$39","v":18729.270989139623},{"$f":"params!$C$16*Inputs!$R$30*(G258-Inputs!$R$26)","v":-8026.9874854410136},{"$f":"Inputs!$R$41*Inputs!$R$42/8760","v":0},0,655.14373774848059,4.0477489204243187E-3,2.7119917766842932E-3,{"$f":"-N258/(1.202*2465560*MAX(0,(Inputs!$R$49-Q258)))","v":0},{"$f":"params!$C$16*R258*(G258-Inputs!$R$26)","v":0},-40557.586698900966,{"$f":"E258*params!$C$8","v":66.287999999999997}]
["2001-01-11",{"$f":"MONTH(A259)","v":1},{"$f":"DAY(A259)","v":11},"18:00:00",0,0,-1,-4,78,{"$f":"Inputs!$R$38*Inputs!$R$33*(G259-Inputs!$R$26)","v":-62650.952469843927},{"$f":"Inputs!$R$34*E259*Inputs!$R$39","v":0},{"$f":"params!$C$16*Inputs!$R$30*(G259-Inputs!$R$26)","v":-9810.7624822056823},{"$f":"Inputs!$R$41*Inputs!$R$42/8760","v":0},0,{"$f":"EXP(77.345+0.0057*(G259+273.15)-7235/(G259+273.15))/(G259+273.15)^8.2","v":566.54310372490409},{"$f":"0.62198*O259/(101325-O259)","v":3.4972595900071069E-3},{"$f":"P259*I259/100","v":2.7278624802055435E-3},{"$f":"-N259/(1.202*2465560*MAX(0,(Inputs!$R$49-Q259)))","v":0},{"$f":"params!$C$16*R259*(G259-Inputs!$R$26)","v":0},{"$f":"J259+K259+L259+M259+N259+S259","v":-72461.714952049602},{"$f":"E259*params!$C$8","v":0}]
["2001-01-11",1,11,"19:00:00",0,0,-5,-7,84,{"$f":"Inputs!$R$38*Inputs!$R$33*(G260-Inputs!$R$26)","v":-85433.117004332627},{"$f":"Inputs!$R$34*E260*Inputs!$R$39","v":0},{"$f":"params!$C$16*Inputs!$R$30*(G260-Inputs!$R$26)","v":-13378.312475735022},{"$f":"Inputs!$R$41*Inputs!$R$42/8760","v":0},0,420.56802345265027,2.5924024753231664E-3,2.1776180792714597E-3,{"$f":"-N260/(1.202*2465560*MAX(0,(Inputs!$R$49-Q260)))","v":0},{"$f":"params!$C$16*R260*(G260-Inputs!$R$26)","v":0},-98811.429480067643,{"$f":"E260*params!$C$8","v":0}]
["2001-01-11",1,11,"20:00:00",0,1,-6,-7,92,{"$f":"Inputs!$R$38*Inputs!$R$33*(G261-Inputs!$R$26)","v":-91128.658137954801},{"$f":"Inputs!$R$34*E261*Inputs!$R$39","v":0},{"$f":"params!$C$16*Inputs!$R$30*(G261-Inputs!$R$26)","v":-14270.199974117357},{"$f":"Inputs!$R$41*Inputs!$R$42/8760","v":0},0,389.76616195693094,2.4018050803048703E-3,2.2096606738804809E-3,{"$f":"-N261/(1.202*2465560*MAX(0,(Inputs!$R$49-Q261)))","v":0},{"$f":"params!$C$16*R261*(G261-Inputs!$R$26)","v":0},-105398.85811207216,{"$f":"E261*params!$C$8","v":0}]
["2001-01-11",1,11,"21:00:00",0,2,-8,-9,92,{"$f":"Inputs!$R$38*Inputs!$R$33*(G262-Inputs!$R$26)","v":-102519.74040519915},{"$f":"Inputs!$R$34*E262*Inputs!$R$39","v":0},{"$f":"params!$C$16*Inputs!$R$30*(G262-Inputs!$R$26)","v":-16053.974970882027},{"$f":"Inputs!$R$41*Inputs!$R$42/8760","v":0},0,334.1161188582924,2.0577455669371189E-3,1.8931259215821494E-3,{"$f":"-N262/(1.202*2465560*MAX(0,(Inputs!$R$49-Q262)))","v":0},{"$f":"params!$C$16*R262*(G262-Inputs!$R$26)","v":0},-118573.71537608118,{"$f":"E262*params!$C$8","v":0}]
["2001-01-11",1,11,"22:00:00",0,1,-9,-10,92,{"$f":"Inputs!$R$38*Inputs!$R$33*(G263-Inputs!$R$26)","v":-108215.28153882132},{"$f":"Inputs!$R$34*E263*Inputs!$R$39","v":0},{"$f":"params!$C$16*Inputs!$R$30*(G263-Inputs!$R$26)","v":-16945.862469264361},{"$f":"Inputs!$R$41*Inputs!$R$42/8760","v":0},0,309.04098596033037,1.902841039413297E-3,1.7506137562602333E-3,{"$f":"-N263/(1.202*2465560*MAX(0,(Inputs!$R$49-Q263)))","v":0},{"$f":"params!$C$16*R263*(G263-Inputs!$R$26)","v":0},-125161.14400808568,{"$f":"E263*params!$C$8","v":0}]
["2001-01-11",1,11,"23:00:00",0,5,-8,-8,100,{"$f":"Inputs!$R$38*Inputs!$R$33*(G264-Inputs!$R$26)","v":-102519.74040519915},{"$f":"Inputs!$R$34*E264*Inputs!$R$39","v":0},{"$f":"params!$C$16*Inputs!$R$30*(G264-Inputs!$R$26)","v":-16053.974970882027},{"$f":"Inputs!$R$41*Inputs!$R$42/8760","v":0},0,334.1161188582924,2.0577455669371189E-3,2.0577455669371189E-3,{"$f":"-N264/(1.202*2465560*MAX(0,(Inputs!$R$49-Q264)))","v":0},{"$f":"params!$C$16*R264*(G264-Inputs!$R$26)","v":0},-118573.71537608118,{"$f":"E264*params!$C$8","v":0}]
["2001-01-11",1,11,1,0,0,-11,-12,91,{"$f":"Inputs!$R$38*Inputs!$R$33*(G265-Inputs!$R$26)","v":-119606.36380606568},{"$f":"Inputs!$R$34*E265*Inputs!$R$39","v":0},{"$f":"params!$C$16*Inputs!$R$30*(G265-Inputs!$R$26)","v":-18729.637466029031},{"$f":"Inputs!$R$41*Inputs!$R$42/8760","v":0},0,263.86397481101648,1.6239488443119262E-3,1.4777934483238527E-3,{"$f":"-N265/(1.202*2465560*MAX(0,(Inputs!$R$49-Q265)))","v":0},{"$f":"params!$C$16*R265*(G265-Inputs!$R$26)","v":0},-138336.00127209473,{"$f":"E265*params!$C$8","v":0}]
["2001-01-12",1,12,"01:00:00",0,8,-10,-12,84,{"$f":"Inputs!$R$38*Inputs!$R$33*(G266-Inputs!$R$26)","v":-113910.82267244349},{"$f":"Inputs!$R$34*E266*Inputs!$R$39","v":0},{"$f":"params!$C$16*Inputs!$R$30*(G266-Inputs!$R$26)","v":-17837.749967646698},{"$f":"Inputs!$R$41*Inputs!$R$42/8760","v":0},0,285.65695946908653,1.758452799711007E-3,1.477100351757246E-3,{"$f":"-N266/(1.202*2465560*MAX(0,(Inputs!$R$49-Q266)))","v":0},{"$f":"params!$C$16*R266*(G266-Inputs!$R$26)","v":0},-131748.57264009019,{"$f":"E266*params!$C$8","v":0}]
["2001-01-12",1,12,"02:00:00",0,10,-6,-7,92,{"$f":"Inputs!$R$38*Inputs!$R$33*(G267-Inputs!$R$26)","v":-91128.658137954801},{"$f":"Inputs!$R$34*E267*Inputs!$R$39","v":0},{"$f":"params!$C$16*Inputs!$R$30*(G267-Inputs!$R$26)","v":-14270.199974117357},{"$f":"Inputs!$R$41*Inputs!$R$42/8760","v":0},0,389.76616195693094,2.4018050803048703E-3,2.2096606738804809E-3,{"$f":"-N267/(1.202*2465560*MAX(0,(Inputs!$R$49-Q267)))","v":0},{"$f":"params!$C$16*R267*(G267-Inputs!$R$26)","v":0},-105398.85811207216,{"$f":"E267*params!$C$8","v":0}]
["2001-01-12",1,12,"03:00:00",0,10,-4,-6,84,{"$f":"Inputs!$R$38*Inputs!$R$33*(G268-Inputs!$R$26)","v":-79737.575870710454},{"$f":"Inputs!$R$34*E268*Inputs!$R$39","v":0},{"$f":"params!$C$16*Inputs!$R$30*(G268-Inputs!$R$26)","v":-12486.424977352686},{"$f":"Inputs!$R$41*Inputs!$R$42/8760","v":0},0,453.51532044328405,2.7964043545646504E-3,2.3489796578343063E-3,{"$f":"-N268/(1.202*2465560*MAX(0,(Inputs!$R$49-Q268)))","v":0},{"$f":"params!$C$16*R268*(G268-Inputs!$R$26)","v":0},-92224.000848063137,{"$f":"E268*params!$C$8","v":0}]
["2001-01-12",1,12,"04:00:00",0,10,-4,-5,92,{"$f":"Inputs!$R$38*Inputs!$R$33*(G269-Inputs!$R$26)","v":-79737.575870710454},{"$f":"Inputs!$R$34*E269*Inputs!$R$39","v":0},{"$f":"params!$C$16*Inputs!$R$30*(G269-Inputs!$R$26)","v":-12486.424977352686},{"$f":"Inputs!$R$41*Inputs!$R$42/8760","v":0},0,453.51532044328405,2.7964043545646504E-3,2.5726920061994786E-3,{"$f":"-N269/(1.202*2465560*MAX(0,(Inputs!$R$49-Q269)))","v":0},{"$f":"params!$C$16*R269*(G269-Inputs!$R$26)","v":0},-92224.000848063137,{"$f":"E269*params!$C$8","v":0}]
["2001-01-12",1,12,"05:00:00",0,10,-3,-5,84,{"$f":"Inputs!$R$38*Inputs!$R$33*(G270-Inputs!$R$26)","v":-74042.034737088281},{"$f":"Inputs!$R$34*E270*Inputs!$R$39","v":0},{"$f":"params!$C$16*Inputs!$R$30*(G270-Inputs!$R$26)","v":-11594.537478970353},{"$f":"Inputs!$R$41*Inputs!$R$42/8760","v":0},0,488.73621912146871,3.0146312662847319E-3,2.5322902636791748E-3,{"$f":"-N270/(1.202*2465560*MAX(0,(Inputs!$R$49-Q270)))","v":0},{"$f":"params!$C$16*R270*(G270-Inputs!$R$26)","v":0},-85636.57221605863,{"$f":"E270*params!$C$8","v":0}]
["2001-01-12",1,12,"06:00:00",0,10,-3,-6,77,{"$f":"Inputs!$R$38*Inputs!$R$33*(G271-Inputs!$R$26)","v":-74042.034737088281},{"$f":"Inputs!$R$34*E271*Inputs!$R$39","v":0},{"$f":"params!$C$16*Inputs!$R$30*(G271-Inputs!$R$26)","v":-11594.537478970353},{"$f":"Inputs!$R$41*Inputs!$R$42/8760","v":0},0,488.73621912146871,3.0146312662847319E-3,2.3212660750392437E-3,{"$f":"-N271/(1.202*2465560*MAX(0,(Inputs!$R$49-Q271)))","v":0},{"$f":"params!$C$16*R271*(G271-Inputs!$R$26)","v":0},-85636.57221605863,{"$f":"E271*params!$C$8","v":0}]
["2001-01-12",1,12,"07:00:00",0,10,-2,-5,78,{"$f":"Inputs!$R$38*Inputs!$R$33*(G272-Inputs!$R$26)","v":-68346.493603466108},{"$f":"Inputs!$R$34*E272*Inputs!$R$39","v":0},{"$f":"params!$C$16*Inputs!$R$30*(G272-Inputs!$R$26)","v":-10702.649980588018},{"$f":"Inputs!$R$41*Inputs!$R$42/8760","v":0},0,526.36516305985776,3.2479468065175691E-3,2.5333985090837041E-3,{"$f":"-N272/(1.202*2465560*MAX(0,(Inputs!$R$49-Q272)))","v":0},{"$f":"params!$C$16*R272*(G272-Inputs!$R$26)","v":0},-79049.143584054123,{"$f":"E272*params!$C$8","v":0}]
["2001-01-12",1,12,"08:00:00",0,10,-3,-5,84,{"$f":"Inputs!$R$38*Inputs!$R$33*(G273-Inputs!$R$26)","v":-74042.034737088281},{"$f":"Inputs!$R$34*E273*Inputs!$R$39","v":0},{"$f":"params!$C$16*Inputs!$R$30*(G273-Inputs!$R$26)","v":-11594.537478970353},{"$f":"Inputs!$R$41*Inputs!$R$42/8760","v":0},0,488.73621912146871,3.0146312662847319E-3,2.5322902636791748E-3,{"$f":"-N273/(1.202*2465560*MAX(0,(Inputs!$R$49-Q273)))","v":0},{"$f":"params!$C$16*R273*(G273-Inputs!$R$26)","v":0},-85636.57221605863,{"$f":"E273*params!$C$8","v":0}]
["2001-01-12",1,12,"09:00:00",82,10,-3,-5,84,{"$f":"Inputs!$R$38*Inputs!$R$33*(G274-Inputs!$R$26)","v":-74042.034737088281},{"$f":"Inputs!$R$34*E274*Inputs!$R$39","v":47993.756909670286},{"$f":"params!$C$16*Inputs!$R$30*(G274-Inputs!$R$26)","v":-11594.537478970353},{"$f":"Inputs!$R$41*Inputs!$R$42/8760","v":0},0,488.73621912146871,3.0146312662847319E-3,2.5322902636791748E-3,{"$f":"-N274/(1.202*2465560*MAX(0,(Inputs!$R$49-Q274)))","v":0},{"$f":"params!$C$16*R274*(G274-Inputs!$R$26)","v":0},-37642.815306388351,{"$f":"E274*params!$C$8","v":169.863}]
["2001-01-12",1,12,"10:00:00",151,10,-2,-4,85,{"$f":"Inputs!$R$38*Inputs!$R$33*(G275-Inputs!$R$26)","v":-68346.493603466108},{"$f":"Inputs!$R$34*E275*Inputs!$R$39","v":88378.747480002596},{"$f":"params!$C$16*Inputs!$R$30*(G275-Inputs!$R$26)","v":-10702.649980588018},{"$f":"Inputs!$R$41*Inputs!$R$42/8760","v":0},0,526.36516305985776,3.2479468065175691E-3,2.7607547855399341E-3,{"$f":"-N275/(1.202*2465560*MAX(0,(Inputs!$R$49-Q275)))","v":0},{"$f":"params!$C$16*R275*(G275-Inputs!$R$26)","v":0},9329.6038959484704,{"$f":"E275*params!$C$8","v":312.79649999999998}]
["2001-01-12",1,12,"11:00:00",287,8,-1,-6,66,{"$f":"Inputs!$R$38*Inputs!$R$33*(G276-Inputs!$R$26)","v":-62650.952469843927},{"$f":"Inputs!$R$34*E276*Inputs!$R$39","v":167978.14918384602},{"$f":"params!$C$16*Inputs!$R$30*(G276-Inputs!$R$26)","v":-9810.7624822056823},{"$f":"Inputs!$R$41*Inputs!$R$42/8760","v":0},0,566.54310372490409,3.4972595900071069E-3,2.3081913294046904E-3,{"$f":"-N276/(1.202*2465560*MAX(0,(Inputs!$R$49-Q276)))","v":0},{"$f":"params!$C$16*R276*(G276-Inputs!$R$26)","v":0},95516.434231796404,{"$f":"E276*params!$C$8","v":594.52049999999997}]
["2001-01-12",1,12,"12:00:00",428,1,1,-5,61,{"$f":"Inputs!$R$38*Inputs!$R$33*(G277-Inputs!$R$26)","v":-51259.870202599574},{"$f":"Inputs!$R$34*E277*Inputs!$R$39","v":250503.99947974246},{"$f":"params!$C$16*Inputs!$R$30*(G277-Inputs!$R$26)","v":-8026.9874854410136},{"$f":"Inputs!$R$41*Inputs!$R$42/8760","v":0},0,655.14373774848059,4.0477489204243187E-3,2.4691268414588343E-3,{"$f":"-N277/(1.202*2465560*MAX(0,(Inputs!$R$49-Q277)))","v":0},{"$f":"params!$C$16*R277*(G277-Inputs!$R$26)","v":0},191217.14179170187,{"$f":"E277*params!$C$8","v":886.60199999999998}]
["2001-01-12",1,12,"13:00:00",430,1,1,-5,61,{"$f":"Inputs!$R$38*Inputs!$R$33*(G278-Inputs!$R$26)","v":-51259.870202599574},{"$f":"Inputs!$R$34*E278*Inputs!$R$39","v":251674.57891656368},{"$f":"params!$C$16*Inputs!$R$30*(G278-Inputs!$R$26)","v":-8026.9874854410136},{"$f":"Inputs!$R$41*Inputs!$R$42/8760","v":0},0,655.14373774848059,4.0477489204243187E-3,2.4691268414588343E-3,{"$f":"-N278/(1.202*2465560*MAX(0,(Inputs!$R$49-Q278)))","v":0},{"$f":"params!$C$16*R278*(G278-Inputs!$R$26)","v":0},192387.72122852309,{"$f":"E278*params!$C$8","v":890.745}]
["2001-01-12",1,12,"14:00:00",397,0,2,-4,62,{"$f":"Inputs!$R$38*Inputs!$R$33*(G279-Inputs!$R$26)","v":-45564.3290689774},{"$f":"Inputs!$R$34*E279*Inputs!$R$39","v":232360.01820901345},{"$f":"params!$C$16*Inputs!$R$30*(G279-Inputs!$R$26)","v":-7135.0999870586784},{"$f":"Inputs!$R$41*Inputs!$R$42/8760","v":0},0,703.88301618186097,4.3509868656616182E-3,2.6976118567102031E-3,{"$f":"-N279/(1.202*2465560*MAX(0,(Inputs!$R$49-Q279)))","v":0},{"$f":"params!$C$16*R279*(G279-Inputs!$R$26)","v":0},179660.58915297739,{"$f":"E279*params!$C$8","v":822.38549999999998}]
["2001-01-12",1,12,"15:00:00",305,0,2,-6,52,{"$f":"Inputs!$R$38*Inputs!$R$33*(G280-Inputs!$R$26)","v":-45564.3290689774},{"$f":"Inputs!$R$34*E280*Inputs!$R$39","v":178513.36411523705},{"$f":"params!$C$16*Inputs!$R$30*(G280-Inputs!$R$26)","v":-7135.0999870586784},{"$f":"Inputs!$R$41*Inputs!$R$42/8760","v":0},0,703.88301618186097,4.3509868656616182E-3,2.2625131701440415E-3,{"$f":"-N280/(1.202*2465560*MAX(0,(Inputs!$R$49-Q280)))","v":0},{"$f":"params!$C$16*R280*(G280-Inputs!$R$26)","v":0},125813.93505920096,{"$f":"E280*params!$C$8","v":631.8075}]
["2001-01-12",1,12,"16:00:00",174,0,2,-6,52,{"$f":"Inputs!$R$38*Inputs!$R$33*(G281-Inputs!$R$26)","v":-45564.3290689774},{"$f":"Inputs!$R$34*E281*Inputs!$R$39","v":101840.4110034467},{"$f":"params!$C$16*Inputs!$R$30*(G281-Inputs!$R$26)","v":-7135.0999870586784},{"$f":"Inputs!$R$41*Inputs!$R$42/8760","v":0},0,703.88301618186097,4.3509868656616182E-3,2.2625131701440415E-3,{"$f":"-N281/(1.202*2465560*MAX(0,(Inputs!$R$49-Q281)))","v":0},{"$f":"params!$C$16*R281*(G281-Inputs!$R$26)","v":0},49140.981947410619,{"$f":"E281*params!$C$8","v":360.44099999999997}]
["2001-01-12",1,12,"17:00:00",33,0,-1,-6,66,{"$f":"Inputs!$R$38*Inputs!$R$33*(G282-Inputs!$R$26)","v":-62650.952469843927},{"$f":"Inputs!$R$34*E282*Inputs!$R$39","v":19314.560707550238},{"$f":"params!$C$16*Inputs!$R$30*(G282-Inputs!$R$26)","v":-9810.7624822056823},{"$f":"Inputs!$R$41*Inputs!$R$42/8760","v":0},0,566.54310372490409,3.4972595900071069E-3,2.3081913294046904E-3,{"$f":"-N282/(1.202*2465560*MAX(0,(Inputs!$R$49-Q282)))","v":0},{"$f":"params!$C$16*R282*(G282-Inputs!$R$26)","v":0},-53147.154244499368,{"$f":"E282*params!$C$8","v":68.359499999999997}]
["2001-01-12",1,12,"18:00:00",0,2,-2,-7,65,{"$f":"Inputs!$R$38*Inputs!$R$33*(G283-Inputs!$R$26)","v":-68346.493603466108},{"$f":"Inputs!$R$34*E283*Inputs!$R$39","v":0},{"$f":"params!$C$16*Inputs!$R$30*(G283-Inputs!$R$26)","v":-10702.649980588018},{"$f":"Inputs!$R$41*Inputs!$R$42/8760","v":0},0,526.36516305985776,3.2479468065175691E-3,2.1111654242364202E-3,{"$f":"-N283/(1.202*2465560*MAX(0,(Inputs!$R$49-Q283)))","v":0},{"$f":"params!$C$16*R283*(G283-Inputs!$R$26)","v":0},-79049.143584054123,{"$f":"E283*params!$C$8","v":0}]
["2001-01-12",1,12,"19:00:00",0,0,-3,-7,71,{"$f":"Inputs!$R$38*Inputs!$R$33*(G284-Inputs!$R$26)","v":-74042.034737088281},{"$f":"Inputs!$R$34*E284*Inputs!$R$39","v":0},{"$f":"params!$C$16*Inputs!$R$30*(G284-Inputs!$R$26)","v":-11594.537478970353},{"$f":"Inputs!$R$41*Inputs!$R$42/8760","v":0},0,488.73621912146871,3.0146312662847319E-3,2.1403881990621596E-3,{"$f":"-N284/(1.202*2465560*MAX(0,(Inputs!$R$49-Q284)))","v":0},{"$f":"params!$C$16*R284*(G284-Inputs!$R$26)","v":0},-85636.57221605863,{"$f":"E284*params!$C$8","v":0}]
["2001-01-12",1,12,"20:00:00",0,3,-7,-8,92,{"$f":"Inputs!$R$38*Inputs!$R$33*(G285-Inputs!$R$26)","v":-96824.199271576974},{"$f":"Inputs!$R$34*E285*Inputs!$R$39","v":0},{"$f":"params!$C$16*Inputs!$R$30*(G285-Inputs!$R$26)","v":-15162.087472499692},{"$f":"Inputs!$R$41*Inputs!$R$42/8760","v":0},0,360.98762153500678,2.2238327850987206E-3,2.0459261622908231E-3,{"$f":"-N285/(1.202*2465560*MAX(0,(Inputs!$R$49-Q285)))","v":0},{"$f":"params!$C$16*R285*(G285-Inputs!$R$26)","v":0},-111986.28674407667,{"$f":"E285*params!$C$8","v":0}]
["2001-01-12",1,12,"21:00:00",0,3,-7,-8,92,{"$f":"Inputs!$R$38*Inputs!$R$33*(G286-Inputs!$R$26)","v":-96824.199271576974},{"$f":"Inputs!$R$34*E286*Inputs!$R$39","v":0},{"$f":"params!$C$16*Inputs!$R$30*(G286-Inputs!$R$26)","v":-15162.087472499692},{"$f":"Inputs!$R$41*Inputs!$R$42/8760","v":0},0,360.98762153500678,2.2238327850987206E-3,2.0459261622908231E-3,{"$f":"-N286/(1.202*2465560*MAX(0,(Inputs!$R$49-Q286)))","v":0},{"$f":"params!$C$16*R286*(G286-Inputs!$R$26)","v":0},-111986.28674407667,{"$f":"E286*params!$C$8","v":0}]
["2001-01-12",1,12,"22:00:00",0,6,-9,-10,92,{"$f":"Inputs!$R$38*Inputs!$R$33*(G287-Inputs!$R$26)","v":-108215.28153882132},{"$f":"Inputs!$R$34*E287*Inputs!$R$39","v":0},{"$f":"params!$C$16*Inputs!$R$30*(G287-Inputs!$R$26)","v":-16945.862469264361},{"$f":"Inputs!$R$41*Inputs!$R$42/8760","v":0},0,309.04098596033037,1.902841039413297E-3,1.7506137562602333E-3,{"$f":"-N287/(1.202*2465560*MAX(0,(Inputs!$R$49-Q287)))","v":0},{"$f":"params!$C$16*R287*(G287-Inputs!$R$26)","v":0},-125161.14400808568,{"$f":"E287*params!$C$8","v":0}]
["2001-01-12",1,12,"23:00:00",0,5,-8,-9,92,{"$f":"Inputs!$R$38*Inputs!$R$33*(G288-Inputs!$R$26)","v":-102519.74040519915},{"$f":"Inputs!$R$34*E288*Inputs!$R$39","v":0},{"$f":"params!$C$16*Inputs!$R$30*(G288-Inputs!$R$26)","v":-16053.974970882027},{"$f":"Inputs!$R$41*Inputs!$R$42/8760","v":0},0,334.1161188582924,2.0577455669371189E-3,1.8931259215821494E-3,{"$f":"-N288/(1.202*2465560*MAX(0,(Inputs!$R$49-Q288)))","v":0},{"$f":"params!$C$16*R288*(G288-Inputs!$R$26)","v":0},-118573.71537608118,{"$f":"E288*params!$C$8","v":0}]
["2001-01-12",1,12,1,0,6,-9,-10,92,{"$f":"Inputs!$R$38*Inputs!$R$33*(G289-Inputs!$R$26)","v":-108215.28153882132},{"$f":"Inputs!$R$34*E289*Inputs!$R$39","v":0},{"$f":"params!$C$16*Inputs!$R$30*(G289-Inputs!$R$26)","v":-16945.862469264361},{"$f":"Inputs!$R$41*Inputs!$R$42/8760","v":0},0,309.04098596033037,1.902841039413297E-3,1.7506137562602333E-3,{"$f":"-N289/(1.202*2465560*MAX(0,(Inputs!$R$49-Q289)))","v":0},{"$f":"params!$C$16*R289*(G289-Inputs!$R$26)","v":0},-125161.14400808568,{"$f":"E289*params!$C$8","v":0}]
["2001-01-13",1,13,"01:00:00",0,8,-8,-10,84,{"$f":"Inputs!$R$38*Inputs!$R$33*(G290-Inputs!$R$26)","v":-102519.74040519915},{"$f":"Inputs!$R$34*E290*Inputs!$R$39","v":0},{"$f":"params!$C$16*Inputs!$R$30*(G290-Inputs!$R$26)","v":-16053.974970882027},{"$f":"Inputs!$R$41*Inputs!$R$42/8760","v":0},0,334.1161188582924,2.0577455669371189E-3,1.7285062762271799E-3,{"$f":"-N290/(1.202*2465560*MAX(0,(Inputs!$R$49-Q290)))","v":0},{"$f":"params!$C$16*R290*(G290-Inputs!$R$26)","v":0},-118573.71537608118,{"$f":"E290*params!$C$8","v":0}]
["2001-01-13",1,13,"02:00:00",0,8,-8,-9,92,{"$f":"Inputs!$R$38*Inputs!$R$33*(G291-Inputs!$R$26)","v":-102519.74040519915},{"$f":"Inputs!$R$34*E291*Inputs!$R$39","v":0},{"$f":"params!$C$16*Inputs!$R$30*(G291-Inputs!$R$26)","v":-16053.974970882027},{"$f":"Inputs!$R$41*Inputs!$R$42/8760","v":0},0,334.1161188582924,2.0577455669371189E-3,1.8931259215821494E-3,{"$f":"-N291/(1.202*2465560*MAX(0,(Inputs!$R$49-Q291)))","v":0},{"$f":"params!$C$16*R291*(G291-Inputs!$R$26)","v":0},-118573.71537608118,{"$f":"E291*params!$C$8","v":0}]
["2001-01-13",1,13,"03:00:00",0,6,-8,-9,92,{"$f":"Inputs!$R$38*Inputs!$R$33*(G292-Inputs!$R$26)","v":-102519.74040519915},{"$f":"Inputs!$R$34*E292*Inputs!$R$39","v":0},{"$f":"params!$C$16*Inputs!$R$30*(G292-Inputs!$R$26)","v":-16053.974970882027},{"$f":"Inputs!$R$41*Inputs!$R$42/8760","v":0},0,334.1161188582924,2.0577455669371189E-3,1.8931259215821494E-3,{"$f":"-N292/(1.202*2465560*MAX(0,(Inputs!$R$49-Q292)))","v":0},{"$f":"params!$C$16*R292*(G292-Inputs!$R$26)","v":0},-118573.71537608118,{"$f":"E292*params!$C$8","v":0}]
["2001-01-13",1,13,"04:00:00",0,7,-8,-9,92,{"$f":"Inputs!$R$38*Inputs!$R$33*(G293-Inputs!$R$26)","v":-102519.74040519915},{"$f":"Inputs!$R$34*E293*Inputs!$R$39","v":0},{"$f":"params!$C$16*Inputs!$R$30*(G293-Inputs!$R$26)","v":-16053.974970882027},{"$f":"Inputs!$R$41*Inputs!$R$42/8760","v":0},0,334.1161188582924,2.0577455669371189E-3,1.8931259215821494E-3,{"$f":"-N293/(1.202*2465560*MAX(0,(Inputs!$R$49-Q293)))","v":0},{"$f":"params!$C$16*R293*(G293-Inputs!$R$26)","v":0},-118573.71537608118,{"$f":"E293*params!$C$8","v":0}]
["2001-01-13",1,13,"05:00:00",0,5,-8,-9,92,{"$f":"Inputs!$R$38*Inputs!$R$33*(G294-Inputs!$R$26)","v":-102519.74040519915},{"$f":"Inputs!$R$34*E294*Inputs!$R$39","v":0},{"$f":"params!$C$16*Inputs!$R$30*(G294-Inputs!$R$26)","v":-16053.974970882027},{"$f":"Inputs!$R$41*Inputs!$R$42/8760","v":0},0,334.1161188582924,2.0577455669371189E-3,1.8931259215821494E-3,{"$f":"-N294/(1.202*2465560*MAX(0,(Inputs!$R$49-Q294)))","v":0},{"$f":"params!$C$16*R294*(G294-Inputs!$R$26)","v":0},-118573.71537608118,{"$f":"E294*params!$C$8","v":0}]
["2001-01-13",1,13,"06:00:00",0,1,-8,-9,92,{"$f":"Inputs!$R$38*Inputs!$R$33*(G295-Inputs!$R$26)","v":-102519.74040519915},{"$f":"Inputs!$R$34*E295*Inputs!$R$39","v":0},{"$f":"params!$C$16*Inputs!$R$30*(G295-Inputs!$R$26)","v":-16053.974970882027},{"$f":"Inputs!$R$41*Inputs!$R$42/8760","v":0},0,334.1161188582924,2.0577455669371189E-3,1.8931259215821494E-3,{"$f":"-N295/(1.202*2465560*MAX(0,(Inputs!$R$49-Q295)))","v":0},{"$f":"params!$C$16*R295*(G295-Inputs!$R$26)","v":0},-118573.71537608118,{"$f":"E295*params!$C$8","v":0}]
["2001-01-13",1,13,"07:00:00",0,4,-9,-11,84,{"$f":"Inputs!$R$38*Inputs!$R$33*(G296-Inputs!$R$26)","v":-108215.28153882132},{"$f":"Inputs!$R$34*E296*Inputs!$R$39","v":0},{"$f":"params!$C$16*Inputs!$R$30*(G296-Inputs!$R$26)","v":-16945.862469264361},{"$f":"Inputs!$R$41*Inputs!$R$42/8760","v":0},0,309.04098596033037,1.902841039413297E-3,1.5983864731071696E-3,{"$f":"-N296/(1.202*2465560*MAX(0,(Inputs!$R$49-Q296)))","v":0},{"$f":"params!$C$16*R296*(G296-Inputs!$R$26)","v":0},-125161.14400808568,{"$f":"E296*params!$C$8","v":0}]
["2001-01-13",1,13,"08:00:00",0,0,-12,-13,91,{"$f":"Inputs!$R$38*Inputs!$R$33*(G297-Inputs!$R$26)","v":-125301.90493968785},{"$f":"Inputs!$R$34*E297*Inputs!$R$39","v":0},{"$f":"params!$C$16*Inputs!$R$30*(G297-Inputs!$R$26)","v":-19621.524964411365},{"$f":"Inputs!$R$41*Inputs!$R$42/8760","v":0},0,243.5669653908281,1.4987300494831474E-3,1.3638443450296643E-3,{"$f":"-N297/(1.202*2465560*MAX(0,(Inputs!$R$49-Q297)))","v":0},{"$f":"params!$C$16*R297*(G297-Inputs!$R$26)","v":0},-144923.4299040992,{"$f":"E297*params!$C$8","v":0}]
["2001-01-13",1,13,"09:00:00",112,0,-8,-10,84,{"$f":"Inputs!$R$38*Inputs!$R$33*(G298-Inputs!$R$26)","v":-102519.74040519915},{"$f":"Inputs!$R$34*E298*Inputs!$R$39","v":65552.448461988679},{"$f":"params!$C$16*Inputs!$R$30*(G298-Inputs!$R$26)","v":-16053.974970882027},{"$f":"Inputs!$R$41*Inputs!$R$42/8760","v":0},0,334.1161188582924,2.0577455669371189E-3,1.7285062762271799E-3,{"$f":"-N298/(1.202*2465560*MAX(0,(Inputs!$R$49-Q298)))","v":0},{"$f":"params!$C$16*R298*(G298-Inputs!$R$26)","v":0},-53021.266914092499,{"$f":"E298*params!$C$8","v":232.00799999999998}]
["2001-01-13",1,13,"10:00:00",251,0,-6,-8,84,{"$f":"Inputs!$R$38*Inputs!$R$33*(G299-Inputs!$R$26)","v":-91128.658137954801},{"$f":"Inputs!$R$34*E299*Inputs!$R$39","v":146907.71932106392},{"$f":"params!$C$16*Inputs!$R$30*(G299-Inputs!$R$26)","v":-14270.199974117357},{"$f":"Inputs!$R$41*Inputs!$R$42/8760","v":0},0,389.76616195693094,2.4018050803048703E-3,2.0175162674560907E-3,{"$f":"-N299/(1.202*2465560*MAX(0,(Inputs!$R$49-Q299)))","v":0},{"$f":"params!$C$16*R299*(G299-Inputs!$R$26)","v":0},41508.861208991766,{"$f":"E299*params!$C$8","v":519.94650000000001}]
["2001-01-13",1,13,"11:00:00",358,0,-3,-6,77,{"$f":"Inputs!$R$38*Inputs!$R$33*(G300-Inputs!$R$26)","v":-74042.034737088281},{"$f":"Inputs!$R$34*E300*Inputs!$R$39","v":209533.71919099955},{"$f":"params!$C$16*Inputs!$R$30*(G300-Inputs!$R$26)","v":-11594.537478970353},{"$f":"Inputs!$R$41*Inputs!$R$42/8760","v":0},0,488.73621912146871,3.0146312662847319E-3,2.3212660750392437E-3,{"$f":"-N300/(1.202*2465560*MAX(0,(Inputs!$R$49-Q300)))","v":0},{"$f":"params!$C$16*R300*(G300-Inputs!$R$26)","v":0},123897.14697494092,{"$f":"E300*params!$C$8","v":741.59699999999998}]
["2001-01-13",1,13,"12:00:00",428,0,0,-6,60,{"$f":"Inputs!$R$38*Inputs!$R$33*(G301-Inputs!$R$26)","v":-56955.411336221747},{"$f":"Inputs!$R$34*E301*Inputs!$R$39","v":250503.99947974246},{"$f":"params!$C$16*Inputs!$R$30*(G301-Inputs!$R$26)","v":-8918.8749838233489},{"$f":"Inputs!$R$41*Inputs!$R$42/8760","v":0},0,609.41773586642103,3.7635253138895938E-3,2.2581151883337564E-3,{"$f":"-N301/(1.202*2465560*MAX(0,(Inputs!$R$49-Q301)))","v":0},{"$f":"params!$C$16*R301*(G301-Inputs!$R$26)","v":0},184629.71315969736,{"$f":"E301*params!$C$8","v":886.60199999999998}]
["2001-01-13",1,13,"13:00:00",442,0,3,-5,53,{"$f":"Inputs!$R$38*Inputs!$R$33*(G302-Inputs!$R$26)","v":-39868.787935355227},{"$f":"Inputs!$R$34*E302*Inputs!$R$39","v":258698.05553749108},{"$f":"params!$C$16*Inputs!$R$30*(G302-Inputs!$R$26)","v":-6243.2124886763431},{"$f":"Inputs!$R$41*Inputs!$R$42/8760","v":0},0,755.80495631325812,4.6743495015895585E-3,2.477405235842466E-3,{"$f":"-N302/(1.202*2465560*MAX(0,(Inputs!$R$49-Q302)))","v":0},{"$f":"params!$C$16*R302*(G302-Inputs!$R$26)","v":0},212586.0551134595,{"$f":"E302*params!$C$8","v":915.60299999999995}]
["2001-01-13",1,13,"14:00:00",403,0,6,-4,47,{"$f":"Inputs!$R$38*Inputs!$R$33*(G303-Inputs!$R$26)","v":-22782.1645344887},{"$f":"Inputs!$R$34*E303*Inputs!$R$39","v":235871.75651947712},{"$f":"params!$C$16*Inputs!$R$30*(G303-Inputs!$R$26)","v":-3567.5499935293392},{"$f":"Inputs!$R$41*Inputs!$R$42/8760","v":0},0,932.4781503104233,5.7771510192606073E-3,2.7152609790524855E-3,{"$f":"-N303/(1.202*2465560*MAX(0,(Inputs!$R$49-Q303)))","v":0},{"$f":"params!$C$16*R303*(G303-Inputs!$R$26)","v":0},209522.04199145909,{"$f":"E303*params!$C$8","v":834.81449999999995}]
["2001-01-13",1,13,"15:00:00",306,0,6,-3,51,{"$f":"Inputs!$R$38*Inputs!$R$33*(G304-Inputs!$R$26)","v":-22782.1645344887},{"$f":"Inputs!$R$34*E304*Inputs!$R$39","v":179098.65383364767},{"$f":"params!$C$16*Inputs!$R$30*(G304-Inputs!$R$26)","v":-3567.5499935293392},{"$f":"Inputs!$R$41*Inputs!$R$42/8760","v":0},0,932.4781503104233,5.7771510192606073E-3,2.9463470198229096E-3,{"$f":"-N304/(1.202*2465560*MAX(0,(Inputs!$R$49-Q304)))","v":0},{"$f":"params!$C$16*R304*(G304-Inputs!$R$26)","v":0},152748.93930562964,{"$f":"E304*params!$C$8","v":633.87900000000002}]
["2001-01-13",1,13,"16:00:00",175,8,6,0,65,{"$f":"Inputs!$R$38*Inputs!$R$33*(G305-Inputs!$R$26)","v":-22782.1645344887},{"$f":"Inputs!$R$34*E305*Inputs!$R$39","v":102425.70072185731},{"$f":"params!$C$16*Inputs!$R$30*(G305-Inputs!$R$26)","v":-3567.5499935293392},{"$f":"Inputs!$R$41*Inputs!$R$42/8760","v":0},0,932.4781503104233,5.7771510192606073E-3,3.7551481625193949E-3,{"$f":"-N305/(1.202*2465560*MAX(0,(Inputs!$R$49-Q305)))","v":0},{"$f":"params!$C$16*R305*(G305-Inputs!$R$26)","v":0},76075.986193839286,{"$f":"E305*params!$C$8","v":362.51249999999999}]
["2001-01-13",1,13,"17:00:00",37,0,3,-1,74,{"$f":"Inputs!$R$38*Inputs!$R$33*(G306-Inputs!$R$26)","v":-39868.787935355227},{"$f":"Inputs!$R$34*E306*Inputs!$R$39","v":21655.71958119269},{"$f":"params!$C$16*Inputs!$R$30*(G306-Inputs!$R$26)","v":-6243.2124886763431},{"$f":"Inputs!$R$41*Inputs!$R$42/8760","v":0},0,755.80495631325812,4.6743495015895585E-3,3.4590186311762735E-3,{"$f":"-N306/(1.202*2465560*MAX(0,(Inputs!$R$49-Q306)))","v":0},{"$f":"params!$C$16*R306*(G306-Inputs!$R$26)","v":0},-24456.280842838882,{"$f":"E306*params!$C$8","v":76.645499999999998}]
["2001-01-13",1,13,"18:00:00",0,0,0,-2,85,{"$f":"Inputs!$R$38*Inputs!$R$33*(G307-Inputs!$R$26)","v":-56955.411336221747},{"$f":"Inputs!$R$34*E307*Inputs!$R$39","v":0},{"$f":"params!$C$16*Inputs!$R$30*(G307-Inputs!$R$26)","v":-8918.8749838233489},{"$f":"Inputs!$R$41*Inputs!$R$42/8760","v":0},0,609.41773586642103,3.7635253138895938E-3,3.1989965168061547E-3,{"$f":"-N307/(1.202*2465560*MAX(0,(Inputs!$R$49-Q307)))","v":0},{"$f":"params!$C$16*R307*(G307-Inputs!$R$26)","v":0},-65874.286320045096,{"$f":"E307*params!$C$8","v":0}]
["2001-01-13",1,13,"19:00:00",0,3,-2,-3,92,{"$f":"Inputs!$R$38*Inputs!$R$33*(G308-Inputs!$R$26)","v":-68346.493603466108},{"$f":"Inputs!$R$34*E308*Inputs!$R$39","v":0},{"$f":"params!$C$16*Inputs!$R$30*(G308-Inputs!$R$26)","v":-10702.649980588018},{"$f":"Inputs!$R$41*Inputs!$R$42/8760","v":0},0,526.36516305985776,3.2479468065175691E-3,2.9881110619961637E-3,{"$f":"-N308/(1.202*2465560*MAX(0,(Inputs!$R$49-Q308)))","v":0},{"$f":"params!$C$16*R308*(G308-Inputs!$R$26)","v":0},-79049.143584054123,{"$f":"E308*params!$C$8","v":0}]
["2001-01-13",1,13,"20:00:00",0,0,-3,-4,92,{"$f":"Inputs!$R$38*Inputs!$R$33*(G309-Inputs!$R$26)","v":-74042.034737088281},{"$f":"Inputs!$R$34*E309*Inputs!$R$39","v":0},{"$f":"params!$C$16*Inputs!$R$30*(G309-Inputs!$R$26)","v":-11594.537478970353},{"$f":"Inputs!$R$41*Inputs!$R$42/8760","v":0},0,488.73621912146871,3.0146312662847319E-3,2.7734607649819529E-3,{"$f":"-N309/(1.202*2465560*MAX(0,(Inputs!$R$49-Q309)))","v":0},{"$f":"params!$C$16*R309*(G309-Inputs!$R$26)","v":0},-85636.57221605863,{"$f":"E309*params!$C$8","v":0}]
["2001-01-13",1,13,"21:00:00",0,0,-4,-4,100,{"$f":"Inputs!$R$38*Inputs!$R$33*(G310-Inputs!$R$26)","v":-79737.575870710454},{"$f":"Inputs!$R$34*E310*Inputs!$R$39","v":0},{"$f":"params!$C$16*Inputs!$R$30*(G310-Inputs!$R$26)","v":-12486.424977352686},{"$f":"Inputs!$R$41*Inputs!$R$42/8760","v":0},0,453.51532044328405,2.7964043545646504E-3,2.7964043545646504E-3,{"$f":"-N310/(1.202*2465560*MAX(0,(Inputs!$R$49-Q310)))","v":0},{"$f":"params!$C$16*R310*(G310-Inputs!$R$26)","v":0},-92224.000848063137,{"$f":"E310*params!$C$8","v":0}]
["2001-01-13",1,13,"22:00:00",0,0,-4,-4,100,{"$f":"Inputs!$R$38*Inputs!$R$33*(G311-Inputs!$R$26)","v":-79737.575870710454},{"$f":"Inputs!$R$34*E311*Inputs!$R$39","v":0},{"$f":"params!$C$16*Inputs!$R$30*(G311-Inputs!$R$26)","v":-12486.424977352686},{"$f":"Inputs!$R$41*Inputs!$R$42/8760","v":0},0,453.51532044328405,2.7964043545646504E-3,2.7964043545646504E-3,{"$f":"-N311/(1.202*2465560*MAX(0,(Inputs!$R$49-Q311)))","v":0},{"$f":"params!$C$16*R311*(G311-Inputs!$R$26)","v":0},-92224.000848063137,{"$f":"E311*params!$C$8","v":0}]
["2001-01-13",1,13,"23:00:00",0,3,-6,-6,100,{"$f":"Inputs!$R$38*Inputs!$R$33*(G312-Inputs!$R$26)","v":-91128.658137954801},{"$f":"Inputs!$R$34*E312*Inputs!$R$39","v":0},{"$f":"params!$C$16*Inputs!$R$30*(G312-Inputs!$R$26)","v":-14270.199974117357},{"$f":"Inputs!$R$41*Inputs!$R$42/8760","v":0},0,389.76616195693094,2.4018050803048703E-3,2.4018050803048703E-3,{"$f":"-N312/(1.202*2465560*MAX(0,(Inputs!$R$49-Q312)))","v":0},{"$f":"params!$C$16*R312*(G312-Inputs!$R$26)","v":0},-105398.85811207216,{"$f":"E312*params!$C$8","v":0}]
["2001-01-13",1,13,1,0,10,-6,-7,92,{"$f":"Inputs!$R$38*Inputs!$R$33*(G313-Inputs!$R$26)","v":-91128.658137954801},{"$f":"Inputs!$R$34*E313*Inputs!$R$39","v":0},{"$f":"params!$C$16*Inputs!$R$30*(G313-Inputs!$R$26)","v":-14270.199974117357},{"$f":"Inputs!$R$41*Inputs!$R$42/8760","v":0},0,389.76616195693094,2.4018050803048703E-3,2.2096606738804809E-3,{"$f":"-N313/(1.202*2465560*MAX(0,(Inputs!$R$49-Q313)))","v":0},{"$f":"params!$C$16*R313*(G313-Inputs!$R$26)","v":0},-105398.85811207216,{"$f":"E313*params!$C$8","v":0}]
["2001-01-14",1,14,"01:00:00",0,10,-6,-6,100,{"$f":"Inputs!$R$38*Inputs!$R$33*(G314-Inputs!$R$26)","v":-91128.658137954801},{"$f":"Inputs!$R$34*E314*Inputs!$R$39","v":0},{"$f":"params!$C$16*Inputs!$R$30*(G314-Inputs!$R$26)","v":-14270.199974117357},{"$f":"Inputs!$R$41*Inputs!$R$42/8760","v":0},0,389.76616195693094,2.4018050803048703E-3,2.4018050803048703E-3,{"$f":"-N314/(1.202*2465560*MAX(0,(Inputs!$R$49-Q314)))","v":0},{"$f":"params!$C$16*R314*(G314-Inputs!$R$26)","v":0},-105398.85811207216,{"$f":"E314*params!$C$8","v":0}]
["2001-01-14",1,14,"02:00:00",0,10,-5,-6,92,{"$f":"Inputs!$R$38*Inputs!$R$33*(G315-Inputs!$R$26)","v":-85433.117004332627},{"$f":"Inputs!$R$34*E315*Inputs!$R$39","v":0},{"$f":"params!$C$16*Inputs!$R$30*(G315-Inputs!$R$26)","v":-13378.312475735022},{"$f":"Inputs!$R$41*Inputs!$R$42/8760","v":0},0,420.56802345265027,2.5924024753231664E-3,2.3850102772973131E-3,{"$f":"-N315/(1.202*2465560*MAX(0,(Inputs!$R$49-Q315)))","v":0},{"$f":"params!$C$16*R315*(G315-Inputs!$R$26)","v":0},-98811.429480067643,{"$f":"E315*params!$C$8","v":0}]
["2001-01-14",1,14,"03:00:00",0,10,-4,-4,100,{"$f":"Inputs!$R$38*Inputs!$R$33*(G316-Inputs!$R$26)","v":-79737.575870710454},{"$f":"Inputs!$R$34*E316*Inputs!$R$39","v":0},{"$f":"params!$C$16*Inputs!$R$30*(G316-Inputs!$R$26)","v":-12486.424977352686},{"$f":"Inputs!$R$41*Inputs!$R$42/8760","v":0},0,453.51532044328405,2.7964043545646504E-3,2.7964043545646504E-3,{"$f":"-N316/(1.202*2465560*MAX(0,(Inputs!$R$49-Q316)))","v":0},{"$f":"params!$C$16*R316*(G316-Inputs!$R$26)","v":0},-92224.000848063137,{"$f":"E316*params!$C$8","v":0}]
["2001-01-14",1,14,"04:00:00",0,10,-3,-3,100,{"$f":"Inputs!$R$38*Inputs!$R$33*(G317-Inputs!$R$26)","v":-74042.034737088281},{"$f":"Inputs!$R$34*E317*Inputs!$R$39","v":0},{"$f":"params!$C$16*Inputs!$R$30*(G317-Inputs!$R$26)","v":-11594.537478970353},{"$f":"Inputs!$R$41*Inputs!$R$42/8760","v":0},0,488.73621912146871,3.0146312662847319E-3,3.0146312662847319E-3,{"$f":"-N317/(1.202*2465560*MAX(0,(Inputs!$R$49-Q317)))","v":0},{"$f":"params!$C$16*R317*(G317-Inputs!$R$26)","v":0},-85636.57221605863,{"$f":"E317*params!$C$8","v":0}]
["2001-01-14",1,14,"05:00:00",0,10,-3,-3,100,{"$f":"Inputs!$R$38*Inputs!$R$33*(G318-Inputs!$R$26)","v":-74042.034737088281},{"$f":"Inputs!$R$34*E318*Inputs!$R$39","v":0},{"$f":"params!$C$16*Inputs!$R$30*(G318-Inputs!$R$26)","v":-11594.537478970353},{"$f":"Inputs!$R$41*Inputs!$R$42/8760","v":0},0,488.73621912146871,3.0146312662847319E-3,3.0146312662847319E-3,{"$f":"-N318/(1.202*2465560*MAX(0,(Inputs!$R$49-Q318)))","v":0},{"$f":"params!$C$16*R318*(G318-Inputs!$R$26)","v":0},-85636.57221605863,{"$f":"E318*params!$C$8","v":0}]
["2001-01-14",1,14,"06:00:00",0,10,-3,-4,92,{"$f":"Inputs!$R$38*Inputs!$R$33*(G319-Inputs!$R$26)","v":-74042.034737088281},{"$f":"Inputs!$R$34*E319*Inputs!$R$39","v":0},{"$f":"params!$C$16*Inputs!$R$30*(G319-Inputs!$R$26)","v":-11594.537478970353},{"$f":"Inputs!$R$41*Inputs!$R$42/8760","v":0},0,488.73621912146871,3.0146312662847319E-3,2.7734607649819529E-3,{"$f":"-N319/(1.202*2465560*MAX(0,(Inputs!$R$49-Q319)))","v":0},{"$f":"params!$C$16*R319*(G319-Inputs!$R$26)","v":0},-85636.57221605863,{"$f":"E319*params!$C$8","v":0}]
["2001-01-14",1,14,"07:00:00",0,10,-4,-4,100,{"$f":"Inputs!$R$38*Inputs!$R$33*(G320-Inputs!$R$26)","v":-79737.575870710454},{"$f":"Inputs!$R$34*E320*Inputs!$R$39","v":0},{"$f":"params!$C$16*Inputs!$R$30*(G320-Inputs!$R$26)","v":-12486.424977352686},{"$f":"Inputs!$R$41*Inputs!$R$42/8760","v":0},0,453.51532044328405,2.7964043545646504E-3,2.7964043545646504E-3,{"$f":"-N320/(1.202*2465560*MAX(0,(Inputs!$R$49-Q320)))","v":0},{"$f":"params!$C$16*R320*(G320-Inputs!$R$26)","v":0},-92224.000848063137,{"$f":"E320*params!$C$8","v":0}]
["2001-01-14",1,14,"08:00:00",0,10,-4,-4,100,{"$f":"Inputs!$R$38*Inputs!$R$33*(G321-Inputs!$R$26)","v":-79737.575870710454},{"$f":"Inputs!$R$34*E321*Inputs!$R$39","v":0},{"$f":"params!$C$16*Inputs!$R$30*(G321-Inputs!$R$26)","v":-12486.424977352686},{"$f":"Inputs!$R$41*Inputs!$R$42/8760","v":0},0,453.51532044328405,2.7964043545646504E-3,2.7964043545646504E-3,{"$f":"-N321/(1.202*2465560*MAX(0,(Inputs!$R$49-Q321)))","v":0},{"$f":"params!$C$16*R321*(G321-Inputs!$R$26)","v":0},-92224.000848063137,{"$f":"E321*params!$C$8","v":0}]
["2001-01-14",1,14,"09:00:00",71,10,-3,-4,92,{"$f":"Inputs!$R$38*Inputs!$R$33*(G322-Inputs!$R$26)","v":-74042.034737088281},{"$f":"Inputs!$R$34*E322*Inputs!$R$39","v":41555.570007153539},{"$f":"params!$C$16*Inputs!$R$30*(G322-Inputs!$R$26)","v":-11594.537478970353},{"$f":"Inputs!$R$41*Inputs!$R$42/8760","v":0},0,488.73621912146871,3.0146312662847319E-3,2.7734607649819529E-3,{"$f":"-N322/(1.202*2465560*MAX(0,(Inputs!$R$49-Q322)))","v":0},{"$f":"params!$C$16*R322*(G322-Inputs!$R$26)","v":0},-44081.002208905091,{"$f":"E322*params!$C$8","v":147.07649999999998}]
["2001-01-14",{"$f":"MONTH(A323)","v":1},{"$f":"DAY(A323)","v":14},"10:00:00",93,10,-3,-4,92,{"$f":"Inputs!$R$38*Inputs!$R$33*(G323-Inputs!$R$26)","v":-74042.034737088281},{"$f":"Inputs!$R$34*E323*Inputs!$R$39","v":54431.943812187026},{"$f":"params!$C$16*Inputs!$R$30*(G323-Inputs!$R$26)","v":-11594.537478970353},{"$f":"Inputs!$R$41*Inputs!$R$42/8760","v":0},0,{"$f":"EXP(77.345+0.0057*(G323+273.15)-7235/(G323+273.15))/(G323+273.15)^8.2","v":488.73621912146871},{"$f":"0.62198*O323/(101325-O323)","v":3.0146312662847319E-3},{"$f":"P323*I323/100","v":2.7734607649819529E-3},{"$f":"-N323/(1.202*2465560*MAX(0,(Inputs!$R$49-Q323)))","v":0},{"$f":"params!$C$16*R323*(G323-Inputs!$R$26)","v":0},{"$f":"J323+K323+L323+M323+N323+S323","v":-31204.628403871608},{"$f":"E323*params!$C$8","v":192.64949999999999}]
["2001-01-14",1,14,"11:00:00",124,10,-3,-3,100,{"$f":"Inputs!$R$38*Inputs!$R$33*(G324-Inputs!$R$26)","v":-74042.034737088281},{"$f":"Inputs!$R$34*E324*Inputs!$R$39","v":72575.925082916045},{"$f":"params!$C$16*Inputs!$R$30*(G324-Inputs!$R$26)","v":-11594.537478970353},{"$f":"Inputs!$R$41*Inputs!$R$42/8760","v":0},0,488.73621912146871,3.0146312662847319E-3,3.0146312662847319E-3,{"$f":"-N324/(1.202*2465560*MAX(0,(Inputs!$R$49-Q324)))","v":0},{"$f":"params!$C$16*R324*(G324-Inputs!$R$26)","v":0},-13060.647133142589,{"$f":"E324*params!$C$8","v":256.86599999999999}]
["2001-01-14",1,14,"12:00:00",99,10,-2,-3,92,{"$f":"Inputs!$R$38*Inputs!$R$33*(G325-Inputs!$R$26)","v":-68346.493603466108},{"$f":"Inputs!$R$34*E325*Inputs!$R$39","v":57943.682122650709},{"$f":"params!$C$16*Inputs!$R$30*(G325-Inputs!$R$26)","v":-10702.649980588018},{"$f":"Inputs!$R$41*Inputs!$R$42/8760","v":0},0,526.36516305985776,3.2479468065175691E-3,2.9881110619961637E-3,{"$f":"-N325/(1.202*2465560*MAX(0,(Inputs!$R$49-Q325)))","v":0},{"$f":"params!$C$16*R325*(G325-Inputs!$R$26)","v":0},-21105.461461403414,{"$f":"E325*params!$C$8","v":205.07849999999999}]
["2001-01-14",1,14,"13:00:00",377,10,-1,-2,92,{"$f":"Inputs!$R$38*Inputs!$R$33*(G326-Inputs!$R$26)","v":-62650.952469843927},{"$f":"Inputs!$R$34*E326*Inputs!$R$39","v":220654.22384080119},{"$f":"params!$C$16*Inputs!$R$30*(G326-Inputs!$R$26)","v":-9810.7624822056823},{"$f":"Inputs!$R$41*Inputs!$R$42/8760","v":0},0,566.54310372490409,3.4972595900071069E-3,3.2174788228065384E-3,{"$f":"-N326/(1.202*2465560*MAX(0,(Inputs!$R$49-Q326)))","v":0},{"$f":"params!$C$16*R326*(G326-Inputs!$R$26)","v":0},148192.50888875156,{"$f":"E326*params!$C$8","v":780.95549999999992}]
["2001-01-14",1,14,"14:00:00",144,10,1,-1,86,{"$f":"Inputs!$R$38*Inputs!$R$33*(G327-Inputs!$R$26)","v":-51259.870202599574},{"$f":"Inputs!$R$34*E327*Inputs!$R$39","v":84281.719451128301},{"$f":"params!$C$16*Inputs!$R$30*(G327-Inputs!$R$26)","v":-8026.9874854410136},{"$f":"Inputs!$R$41*Inputs!$R$42/8760","v":0},0,655.14373774848059,4.0477489204243187E-3,3.481064071564914E-3,{"$f":"-N327/(1.202*2465560*MAX(0,(Inputs!$R$49-Q327)))","v":0},{"$f":"params!$C$16*R327*(G327-Inputs!$R$26)","v":0},24994.861763087712,{"$f":"E327*params!$C$8","v":298.29599999999999}]
["2001-01-14",1,14,"15:00:00",98,10,2,-1,80,{"$f":"Inputs!$R$38*Inputs!$R$33*(G328-Inputs!$R$26)","v":-45564.3290689774},{"$f":"Inputs!$R$34*E328*Inputs!$R$39","v":57358.392404240098},{"$f":"params!$C$16*Inputs!$R$30*(G328-Inputs!$R$26)","v":-7135.0999870586784},{"$f":"Inputs!$R$41*Inputs!$R$42/8760","v":0},0,703.88301618186097,4.3509868656616182E-3,3.4807894925292949E-3,{"$f":"-N328/(1.202*2465560*MAX(0,(Inputs!$R$49-Q328)))","v":0},{"$f":"params!$C$16*R328*(G328-Inputs!$R$26)","v":0},4658.963348204019,{"$f":"E328*params!$C$8","v":203.00699999999998}]
["2001-01-14",1,14,"16:00:00",54,9,2,-1,80,{"$f":"Inputs!$R$38*Inputs!$R$33*(G329-Inputs!$R$26)","v":-45564.3290689774},{"$f":"Inputs!$R$34*E329*Inputs!$R$39","v":31605.644794173117},{"$f":"params!$C$16*Inputs!$R$30*(G329-Inputs!$R$26)","v":-7135.0999870586784},{"$f":"Inputs!$R$41*Inputs!$R$42/8760","v":0},0,703.88301618186097,4.3509868656616182E-3,3.4807894925292949E-3,{"$f":"-N329/(1.202*2465560*MAX(0,(Inputs!$R$49-Q329)))","v":0},{"$f":"params!$C$16*R329*(G329-Inputs!$R$26)","v":0},-21093.784261862962,{"$f":"E329*params!$C$8","v":111.86099999999999}]
["2001-01-14",1,14,"17:00:00",17,8,1,-2,79,{"$f":"Inputs!$R$38*Inputs!$R$33*(G330-Inputs!$R$26)","v":-51259.870202599574},{"$f":"Inputs!$R$34*E330*Inputs!$R$39","v":9949.9252129804245},{"$f":"params!$C$16*Inputs!$R$30*(G330-Inputs!$R$26)","v":-8026.9874854410136},{"$f":"Inputs!$R$41*Inputs!$R$42/8760","v":0},0,655.14373774848059,4.0477489204243187E-3,3.1977216471352115E-3,{"$f":"-N330/(1.202*2465560*MAX(0,(Inputs!$R$49-Q330)))","v":0},{"$f":"params!$C$16*R330*(G330-Inputs!$R$26)","v":0},-49336.932475060166,{"$f":"E330*params!$C$8","v":35.215499999999999}]
["2001-01-14",1,14,"18:00:00",0,8,-1,-2,92,{"$f":"Inputs!$R$38*Inputs!$R$33*(G331-Inputs!$R$26)","v":-62650.952469843927},{"$f":"Inputs!$R$34*E331*Inputs!$R$39","v":0},{"$f":"params!$C$16*Inputs!$R$30*(G331-Inputs!$R$26)","v":-9810.7624822056823},{"$f":"Inputs!$R$41*Inputs!$R$42/8760","v":0},0,566.54310372490409,3.4972595900071069E-3,3.2174788228065384E-3,{"$f":"-N331/(1.202*2465560*MAX(0,(Inputs!$R$49-Q331)))","v":0},{"$f":"params!$C$16*R331*(G331-Inputs!$R$26)","v":0},-72461.714952049602,{"$f":"E331*params!$C$8","v":0}]
["2001-01-14",1,14,"19:00:00",0,10,0,-2,85,{"$f":"Inputs!$R$38*Inputs!$R$33*(G332-Inputs!$R$26)","v":-56955.411336221747},{"$f":"Inputs!$R$34*E332*Inputs!$R$39","v":0},{"$f":"params!$C$16*Inputs!$R$30*(G332-Inputs!$R$26)","v":-8918.8749838233489},{"$f":"Inputs!$R$41*Inputs!$R$42/8760","v":0},0,609.41773586642103,3.7635253138895938E-3,3.1989965168061547E-3,{"$f":"-N332/(1.202*2465560*MAX(0,(Inputs!$R$49-Q332)))","v":0},{"$f":"params!$C$16*R332*(G332-Inputs!$R$26)","v":0},-65874.286320045096,{"$f":"E332*params!$C$8","v":0}]
["2001-01-14",1,14,"20:00:00",0,10,0,-2,85,{"$f":"Inputs!$R$38*Inputs!$R$33*(G333-Inputs!$R$26)","v":-56955.411336221747},{"$f":"Inputs!$R$34*E333*Inputs!$R$39","v":0},{"$f":"params!$C$16*Inputs!$R$30*(G333-Inputs!$R$26)","v":-8918.8749838233489},{"$f":"Inputs!$R$41*Inputs!$R$42/8760","v":0},0,609.41773586642103,3.7635253138895938E-3,3.1989965168061547E-3,{"$f":"-N333/(1.202*2465560*MAX(0,(Inputs!$R$49-Q333)))","v":0},{"$f":"params!$C$16*R333*(G333-Inputs!$R$26)","v":0},-65874.286320045096,{"$f":"E333*params!$C$8","v":0}]
["2001-01-14",1,14,"21:00:00",0,10,0,-2,85,{"$f":"Inputs!$R$38*Inputs!$R$33*(G334-Inputs!$R$26)","v":-56955.411336221747},{"$f":"Inputs!$R$34*E334*Inputs!$R$39","v":0},{"$f":"params!$C$16*Inputs!$R$30*(G334-Inputs!$R$26)","v":-8918.8749838233489},{"$f":"Inputs!$R$41*Inputs!$R$42/8760","v":0},0,609.41773586642103,3.7635253138895938E-3,3.1989965168061547E-3,{"$f":"-N334/(1.202*2465560*MAX(0,(Inputs!$R$49-Q334)))","v":0},{"$f":"params!$C$16*R334*(G334-Inputs!$R$26)","v":0},-65874.286320045096,{"$f":"E334*params!$C$8","v":0}]
["2001-01-14",1,14,"22:00:00",0,10,0,-1,92,{"$f":"Inputs!$R$38*Inputs!$R$33*(G335-Inputs!$R$26)","v":-56955.411336221747},{"$f":"Inputs!$R$34*E335*Inputs!$R$39","v":0},{"$f":"params!$C$16*Inputs!$R$30*(G335-Inputs!$R$26)","v":-8918.8749838233489},{"$f":"Inputs!$R$41*Inputs!$R$42/8760","v":0},0,609.41773586642103,3.7635253138895938E-3,3.462443288778426E-3,{"$f":"-N335/(1.202*2465560*MAX(0,(Inputs!$R$49-Q335)))","v":0},{"$f":"params!$C$16*R335*(G335-Inputs!$R$26)","v":0},-65874.286320045096,{"$f":"E335*params!$C$8","v":0}]
["2001-01-14",1,14,"23:00:00",0,10,0,-1,92,{"$f":"Inputs!$R$38*Inputs!$R$33*(G336-Inputs!$R$26)","v":-56955.411336221747},{"$f":"Inputs!$R$34*E336*Inputs!$R$39","v":0},{"$f":"params!$C$16*Inputs!$R$30*(G336-Inputs!$R$26)","v":-8918.8749838233489},{"$f":"Inputs!$R$41*Inputs!$R$42/8760","v":0},0,609.41773586642103,3.7635253138895938E-3,3.462443288778426E-3,{"$f":"-N336/(1.202*2465560*MAX(0,(Inputs!$R$49-Q336)))","v":0},{"$f":"params!$C$16*R336*(G336-Inputs!$R$26)","v":0},-65874.286320045096,{"$f":"E336*params!$C$8","v":0}]
["2001-01-14",1,14,1,0,10,0,-1,92,{"$f":"Inputs!$R$38*Inputs!$R$33*(G337-Inputs!$R$26)","v":-56955.411336221747},{"$f":"Inputs!$R$34*E337*Inputs!$R$39","v":0},{"$f":"params!$C$16*Inputs!$R$30*(G337-Inputs!$R$26)","v":-8918.8749838233489},{"$f":"Inputs!$R$41*Inputs!$R$42/8760","v":0},0,609.41773586642103,3.7635253138895938E-3,3.462443288778426E-3,{"$f":"-N337/(1.202*2465560*MAX(0,(Inputs!$R$49-Q337)))","v":0},{"$f":"params!$C$16*R337*(G337-Inputs!$R$26)","v":0},-65874.286320045096,{"$f":"E337*params!$C$8","v":0}]
["2001-01-15",1,15,"01:00:00",0,10,0,-1,92,{"$f":"Inputs!$R$38*Inputs!$R$33*(G338-Inputs!$R$26)","v":-56955.411336221747},{"$f":"Inputs!$R$34*E338*Inputs!$R$39","v":0},{"$f":"params!$C$16*Inputs!$R$30*(G338-Inputs!$R$26)","v":-8918.8749838233489},{"$f":"Inputs!$R$41*Inputs!$R$42/8760","v":0},0,609.41773586642103,3.7635253138895938E-3,3.462443288778426E-3,{"$f":"-N338/(1.202*2465560*MAX(0,(Inputs!$R$49-Q338)))","v":0},{"$f":"params!$C$16*R338*(G338-Inputs!$R$26)","v":0},-65874.286320045096,{"$f":"E338*params!$C$8","v":0}]
["2001-01-15",1,15,"02:00:00",0,10,0,-1,92,{"$f":"Inputs!$R$38*Inputs!$R$33*(G339-Inputs!$R$26)","v":-56955.411336221747},{"$f":"Inputs!$R$34*E339*Inputs!$R$39","v":0},{"$f":"params!$C$16*Inputs!$R$30*(G339-Inputs!$R$26)","v":-8918.8749838233489},{"$f":"Inputs!$R$41*Inputs!$R$42/8760","v":0},0,609.41773586642103,3.7635253138895938E-3,3.462443288778426E-3,{"$f":"-N339/(1.202*2465560*MAX(0,(Inputs!$R$49-Q339)))","v":0},{"$f":"params!$C$16*R339*(G339-Inputs!$R$26)","v":0},-65874.286320045096,{"$f":"E339*params!$C$8","v":0}]
["2001-01-15",1,15,"03:00:00",0,10,1,0,93,{"$f":"Inputs!$R$38*Inputs!$R$33*(G340-Inputs!$R$26)","v":-51259.870202599574},{"$f":"Inputs!$R$34*E340*Inputs!$R$39","v":0},{"$f":"params!$C$16*Inputs!$R$30*(G340-Inputs!$R$26)","v":-8026.9874854410136},{"$f":"Inputs!$R$41*Inputs!$R$42/8760","v":0},0,655.14373774848059,4.0477489204243187E-3,3.7644064959946166E-3,{"$f":"-N340/(1.202*2465560*MAX(0,(Inputs!$R$49-Q340)))","v":0},{"$f":"params!$C$16*R340*(G340-Inputs!$R$26)","v":0},-59286.857688040589,{"$f":"E340*params!$C$8","v":0}]
["2001-01-15",1,15,"04:00:00",0,10,1,0,93,{"$f":"Inputs!$R$38*Inputs!$R$33*(G341-Inputs!$R$26)","v":-51259.870202599574},{"$f":"Inputs!$R$34*E341*Inputs!$R$39","v":0},{"$f":"params!$C$16*Inputs!$R$30*(G341-Inputs!$R$26)","v":-8026.9874854410136},{"$f":"Inputs!$R$41*Inputs!$R$42/8760","v":0},0,655.14373774848059,4.0477489204243187E-3,3.7644064959946166E-3,{"$f":"-N341/(1.202*2465560*MAX(0,(Inputs!$R$49-Q341)))","v":0},{"$f":"params!$C$16*R341*(G341-Inputs!$R$26)","v":0},-59286.857688040589,{"$f":"E341*params!$C$8","v":0}]
["2001-01-15",1,15,"05:00:00",0,10,1,0,93,{"$f":"Inputs!$R$38*Inputs!$R$33*(G342-Inputs!$R$26)","v":-51259.870202599574},{"$f":"Inputs!$R$34*E342*Inputs!$R$39","v":0},{"$f":"params!$C$16*Inputs!$R$30*(G342-Inputs!$R$26)","v":-8026.9874854410136},{"$f":"Inputs!$R$41*Inputs!$R$42/8760","v":0},0,655.14373774848059,4.0477489204243187E-3,3.7644064959946166E-3,{"$f":"-N342/(1.202*2465560*MAX(0,(Inputs!$R$49-Q342)))","v":0},{"$f":"params!$C$16*R342*(G342-Inputs!$R$26)","v":0},-59286.857688040589,{"$f":"E342*params!$C$8","v":0}]
["2001-01-15",1,15,"06:00:00",0,10,1,-1,86,{"$f":"Inputs!$R$38*Inputs!$R$33*(G343-Inputs!$R$26)","v":-51259.870202599574},{"$f":"Inputs!$R$34*E343*Inputs!$R$39","v":0},{"$f":"params!$C$16*Inputs!$R$30*(G343-Inputs!$R$26)","v":-8026.9874854410136},{"$f":"Inputs!$R$41*Inputs!$R$42/8760","v":0},0,655.14373774848059,4.0477489204243187E-3,3.481064071564914E-3,{"$f":"-N343/(1.202*2465560*MAX(0,(Inputs!$R$49-Q343)))","v":0},{"$f":"params!$C$16*R343*(G343-Inputs!$R$26)","v":0},-59286.857688040589,{"$f":"E343*params!$C$8","v":0}]
["2001-01-15",1,15,"07:00:00",0,10,1,0,93,{"$f":"Inputs!$R$38*Inputs!$R$33*(G344-Inputs!$R$26)","v":-51259.870202599574},{"$f":"Inputs!$R$34*E344*Inputs!$R$39","v":0},{"$f":"params!$C$16*Inputs!$R$30*(G344-Inputs!$R$26)","v":-8026.9874854410136},{"$f":"Inputs!$R$41*Inputs!$R$42/8760","v":0},0,655.14373774848059,4.0477489204243187E-3,3.7644064959946166E-3,{"$f":"-N344/(1.202*2465560*MAX(0,(Inputs!$R$49-Q344)))","v":0},{"$f":"params!$C$16*R344*(G344-Inputs!$R$26)","v":0},-59286.857688040589,{"$f":"E344*params!$C$8","v":0}]
["2001-01-15",1,15,"08:00:00",0,10,1,-1,86,{"$f":"Inputs!$R$38*Inputs!$R$33*(G345-Inputs!$R$26)","v":-51259.870202599574},{"$f":"Inputs!$R$34*E345*Inputs!$R$39","v":0},{"$f":"params!$C$16*Inputs!$R$30*(G345-Inputs!$R$26)","v":-8026.9874854410136},{"$f":"Inputs!$R$41*Inputs!$R$42/8760","v":0},0,655.14373774848059,4.0477489204243187E-3,3.481064071564914E-3,{"$f":"-N345/(1.202*2465560*MAX(0,(Inputs!$R$49-Q345)))","v":0},{"$f":"params!$C$16*R345*(G345-Inputs!$R$26)","v":0},-59286.857688040589,{"$f":"E345*params!$C$8","v":0}]
["2001-01-15",1,15,"09:00:00",71,10,2,-1,80,{"$f":"Inputs!$R$38*Inputs!$R$33*(G346-Inputs!$R$26)","v":-45564.3290689774},{"$f":"Inputs!$R$34*E346*Inputs!$R$39","v":41555.570007153539},{"$f":"params!$C$16*Inputs!$R$30*(G346-Inputs!$R$26)","v":-7135.0999870586784},{"$f":"Inputs!$R$41*Inputs!$R$42/8760","v":0},0,703.88301618186097,4.3509868656616182E-3,3.4807894925292949E-3,{"$f":"-N346/(1.202*2465560*MAX(0,(Inputs!$R$49-Q346)))","v":0},{"$f":"params!$C$16*R346*(G346-Inputs!$R$26)","v":0},-11143.859048882539,{"$f":"E346*params!$C$8","v":147.07649999999998}]
["2001-01-15",1,15,"10:00:00",157,10,2,-1,80,{"$f":"Inputs!$R$38*Inputs!$R$33*(G347-Inputs!$R$26)","v":-45564.3290689774},{"$f":"Inputs!$R$34*E347*Inputs!$R$39","v":91890.485790466264},{"$f":"params!$C$16*Inputs!$R$30*(G347-Inputs!$R$26)","v":-7135.0999870586784},{"$f":"Inputs!$R$41*Inputs!$R$42/8760","v":0},0,703.88301618186097,4.3509868656616182E-3,3.4807894925292949E-3,{"$f":"-N347/(1.202*2465560*MAX(0,(Inputs!$R$49-Q347)))","v":0},{"$f":"params!$C$16*R347*(G347-Inputs!$R$26)","v":0},39191.056734430182,{"$f":"E347*params!$C$8","v":325.22550000000001}]
["2001-01-15",1,15,"11:00:00",124,10,3,0,81,{"$f":"Inputs!$R$38*Inputs!$R$33*(G348-Inputs!$R$26)","v":-39868.787935355227},{"$f":"Inputs!$R$34*E348*Inputs!$R$39","v":72575.925082916045},{"$f":"params!$C$16*Inputs!$R$30*(G348-Inputs!$R$26)","v":-6243.2124886763431},{"$f":"Inputs!$R$41*Inputs!$R$42/8760","v":0},0,755.80495631325812,4.6743495015895585E-3,3.7862230962875426E-3,{"$f":"-N348/(1.202*2465560*MAX(0,(Inputs!$R$49-Q348)))","v":0},{"$f":"params!$C$16*R348*(G348-Inputs!$R$26)","v":0},26463.924658884476,{"$f":"E348*params!$C$8","v":256.86599999999999}]
["2001-01-15",1,15,"12:00:00",74,10,3,0,81,{"$f":"Inputs!$R$38*Inputs!$R$33*(G349-Inputs!$R$26)","v":-39868.787935355227},{"$f":"Inputs!$R$34*E349*Inputs!$R$39","v":43311.439162385381},{"$f":"params!$C$16*Inputs!$R$30*(G349-Inputs!$R$26)","v":-6243.2124886763431},{"$f":"Inputs!$R$41*Inputs!$R$42/8760","v":0},0,755.80495631325812,4.6743495015895585E-3,3.7862230962875426E-3,{"$f":"-N349/(1.202*2465560*MAX(0,(Inputs!$R$49-Q349)))","v":0},{"$f":"params!$C$16*R349*(G349-Inputs!$R$26)","v":0},-2800.5612616461895,{"$f":"E349*params!$C$8","v":153.291}]
["2001-01-15",1,15,"13:00:00",78,10,3,1,87,{"$f":"Inputs!$R$38*Inputs!$R$33*(G350-Inputs!$R$26)","v":-39868.787935355227},{"$f":"Inputs!$R$34*E350*Inputs!$R$39","v":45652.598036027834},{"$f":"params!$C$16*Inputs!$R$30*(G350-Inputs!$R$26)","v":-6243.2124886763431},{"$f":"Inputs!$R$41*Inputs!$R$42/8760","v":0},0,755.80495631325812,4.6743495015895585E-3,4.0666840663829158E-3,{"$f":"-N350/(1.202*2465560*MAX(0,(Inputs!$R$49-Q350)))","v":0},{"$f":"params!$C$16*R350*(G350-Inputs!$R$26)","v":0},-459.40238800373663,{"$f":"E350*params!$C$8","v":161.577}]
["2001-01-15",1,15,"14:00:00",69,10,3,1,87,{"$f":"Inputs!$R$38*Inputs!$R$33*(G351-Inputs!$R$26)","v":-39868.787935355227},{"$f":"Inputs!$R$34*E351*Inputs!$R$39","v":40384.990570332317},{"$f":"params!$C$16*Inputs!$R$30*(G351-Inputs!$R$26)","v":-6243.2124886763431},{"$f":"Inputs!$R$41*Inputs!$R$42/8760","v":0},0,755.80495631325812,4.6743495015895585E-3,4.0666840663829158E-3,{"$f":"-N351/(1.202*2465560*MAX(0,(Inputs!$R$49-Q351)))","v":0},{"$f":"params!$C$16*R351*(G351-Inputs!$R$26)","v":0},-5727.0098536992537,{"$f":"E351*params!$C$8","v":142.93349999999998}]
["2001-01-15",1,15,"15:00:00",180,10,4,2,87,{"$f":"Inputs!$R$38*Inputs!$R$33*(G352-Inputs!$R$26)","v":-34173.246801733054},{"$f":"Inputs!$R$34*E352*Inputs!$R$39","v":105352.14931391038},{"$f":"params!$C$16*Inputs!$R$30*(G352-Inputs!$R$26)","v":-5351.3249902940088},{"$f":"Inputs!$R$41*Inputs!$R$42/8760","v":0},0,811.08667612094962,5.0190035800134264E-3,4.366533114611681E-3,{"$f":"-N352/(1.202*2465560*MAX(0,(Inputs!$R$49-Q352)))","v":0},{"$f":"params!$C$16*R352*(G352-Inputs!$R$26)","v":0},65827.577521883315,{"$f":"E352*params!$C$8","v":372.87}]
["2001-01-15",1,15,"16:00:00",103,10,4,2,87,{"$f":"Inputs!$R$38*Inputs!$R$33*(G353-Inputs!$R$26)","v":-34173.246801733054},{"$f":"Inputs!$R$34*E353*Inputs!$R$39","v":60284.840996293162},{"$f":"params!$C$16*Inputs!$R$30*(G353-Inputs!$R$26)","v":-5351.3249902940088},{"$f":"Inputs!$R$41*Inputs!$R$42/8760","v":0},0,811.08667612094962,5.0190035800134264E-3,4.366533114611681E-3,{"$f":"-N353/(1.202*2465560*MAX(0,(Inputs!$R$49-Q353)))","v":0},{"$f":"params!$C$16*R353*(G353-Inputs!$R$26)","v":0},20760.2692042661,{"$f":"E353*params!$C$8","v":213.36449999999999}]
["2001-01-15",1,15,"17:00:00",27,10,4,1,81,{"$f":"Inputs!$R$38*Inputs!$R$33*(G354-Inputs!$R$26)","v":-34173.246801733054},{"$f":"Inputs!$R$34*E354*Inputs!$R$39","v":15802.822397086558},{"$f":"params!$C$16*Inputs!$R$30*(G354-Inputs!$R$26)","v":-5351.3249902940088},{"$f":"Inputs!$R$41*Inputs!$R$42/8760","v":0},0,811.08667612094962,5.0190035800134264E-3,4.0653928998108753E-3,{"$f":"-N354/(1.202*2465560*MAX(0,(Inputs!$R$49-Q354)))","v":0},{"$f":"params!$C$16*R354*(G354-Inputs!$R$26)","v":0},-23721.749394940503,{"$f":"E354*params!$C$8","v":55.930499999999995}]
["2001-01-15",1,15,"18:00:00",0,10,3,1,87,{"$f":"Inputs!$R$38*Inputs!$R$33*(G355-Inputs!$R$26)","v":-39868.787935355227},{"$f":"Inputs!$R$34*E355*Inputs!$R$39","v":0},{"$f":"params!$C$16*Inputs!$R$30*(G355-Inputs!$R$26)","v":-6243.2124886763431},{"$f":"Inputs!$R$41*Inputs!$R$42/8760","v":0},0,755.80495631325812,4.6743495015895585E-3,4.0666840663829158E-3,{"$f":"-N355/(1.202*2465560*MAX(0,(Inputs!$R$49-Q355)))","v":0},{"$f":"params!$C$16*R355*(G355-Inputs!$R$26)","v":0},-46112.000424031568,{"$f":"E355*params!$C$8","v":0}]
["2001-01-15",1,15,"19:00:00",0,10,2,1,93,{"$f":"Inputs!$R$38*Inputs!$R$33*(G356-Inputs!$R$26)","v":-45564.3290689774},{"$f":"Inputs!$R$34*E356*Inputs!$R$39","v":0},{"$f":"params!$C$16*Inputs!$R$30*(G356-Inputs!$R$26)","v":-7135.0999870586784},{"$f":"Inputs!$R$41*Inputs!$R$42/8760","v":0},0,703.88301618186097,4.3509868656616182E-3,4.0464177850653045E-3,{"$f":"-N356/(1.202*2465560*MAX(0,(Inputs!$R$49-Q356)))","v":0},{"$f":"params!$C$16*R356*(G356-Inputs!$R$26)","v":0},-52699.429056036082,{"$f":"E356*params!$C$8","v":0}]
["2001-01-15",1,15,"20:00:00",0,10,1,1,100,{"$f":"Inputs!$R$38*Inputs!$R$33*(G357-Inputs!$R$26)","v":-51259.870202599574},{"$f":"Inputs!$R$34*E357*Inputs!$R$39","v":0},{"$f":"params!$C$16*Inputs!$R$30*(G357-Inputs!$R$26)","v":-8026.9874854410136},{"$f":"Inputs!$R$41*Inputs!$R$42/8760","v":0},0,655.14373774848059,4.0477489204243187E-3,4.0477489204243187E-3,{"$f":"-N357/(1.202*2465560*MAX(0,(Inputs!$R$49-Q357)))","v":0},{"$f":"params!$C$16*R357*(G357-Inputs!$R$26)","v":0},-59286.857688040589,{"$f":"E357*params!$C$8","v":0}]
["2001-01-15",1,15,"21:00:00",0,10,1,1,100,{"$f":"Inputs!$R$38*Inputs!$R$33*(G358-Inputs!$R$26)","v":-51259.870202599574},{"$f":"Inputs!$R$34*E358*Inputs!$R$39","v":0},{"$f":"params!$C$16*Inputs!$R$30*(G358-Inputs!$R$26)","v":-8026.9874854410136},{"$f":"Inputs!$R$41*Inputs!$R$42/8760","v":0},0,655.14373774848059,4.0477489204243187E-3,4.0477489204243187E-3,{"$f":"-N358/(1.202*2465560*MAX(0,(Inputs!$R$49-Q358)))","v":0},{"$f":"params!$C$16*R358*(G358-Inputs!$R$26)","v":0},-59286.857688040589,{"$f":"E358*params!$C$8","v":0}]
["2001-01-15",1,15,"22:00:00",0,10,1,1,100,{"$f":"Inputs!$R$38*Inputs!$R$33*(G359-Inputs!$R$26)","v":-51259.870202599574},{"$f":"Inputs!$R$34*E359*Inputs!$R$39","v":0},{"$f":"params!$C$16*Inputs!$R$30*(G359-Inputs!$R$26)","v":-8026.9874854410136},{"$f":"Inputs!$R$41*Inputs!$R$42/8760","v":0},0,655.14373774848059,4.0477489204243187E-3,4.0477489204243187E-3,{"$f":"-N359/(1.202*2465560*MAX(0,(Inputs!$R$49-Q359)))","v":0},{"$f":"params!$C$16*R359*(G359-Inputs!$R$26)","v":0},-59286.857688040589,{"$f":"E359*params!$C$8","v":0}]
["2001-01-15",1,15,"23:00:00",0,10,2,1,93,{"$f":"Inputs!$R$38*Inputs!$R$33*(G360-Inputs!$R$26)","v":-45564.3290689774},{"$f":"Inputs!$R$34*E360*Inputs!$R$39","v":0},{"$f":"params!$C$16*Inputs!$R$30*(G360-Inputs!$R$26)","v":-7135.0999870586784},{"$f":"Inputs!$R$41*Inputs!$R$42/8760","v":0},0,703.88301618186097,4.3509868656616182E-3,4.0464177850653045E-3,{"$f":"-N360/(1.202*2465560*MAX(0,(Inputs!$R$49-Q360)))","v":0},{"$f":"params!$C$16*R360*(G360-Inputs!$R$26)","v":0},-52699.429056036082,{"$f":"E360*params!$C$8","v":0}]
["2001-01-15",1,15,1,0,10,2,0,87,{"$f":"Inputs!$R$38*Inputs!$R$33*(G361-Inputs!$R$26)","v":-45564.3290689774},{"$f":"Inputs!$R$34*E361*Inputs!$R$39","v":0},{"$f":"params!$C$16*Inputs!$R$30*(G361-Inputs!$R$26)","v":-7135.0999870586784},{"$f":"Inputs!$R$41*Inputs!$R$42/8760","v":0},0,703.88301618186097,4.3509868656616182E-3,3.7853585731256077E-3,{"$f":"-N361/(1.202*2465560*MAX(0,(Inputs!$R$49-Q361)))","v":0},{"$f":"params!$C$16*R361*(G361-Inputs!$R$26)","v":0},-52699.429056036082,{"$f":"E361*params!$C$8","v":0}]
["2001-01-16",1,16,"01:00:00",0,10,3,-1,74,{"$f":"Inputs!$R$38*Inputs!$R$33*(G362-Inputs!$R$26)","v":-39868.787935355227},{"$f":"Inputs!$R$34*E362*Inputs!$R$39","v":0},{"$f":"params!$C$16*Inputs!$R$30*(G362-Inputs!$R$26)","v":-6243.2124886763431},{"$f":"Inputs!$R$41*Inputs!$R$42/8760","v":0},0,755.80495631325812,4.6743495015895585E-3,3.4590186311762735E-3,{"$f":"-N362/(1.202*2465560*MAX(0,(Inputs!$R$49-Q362)))","v":0},{"$f":"params!$C$16*R362*(G362-Inputs!$R$26)","v":0},-46112.000424031568,{"$f":"E362*params!$C$8","v":0}]
["2001-01-16",1,16,"02:00:00",0,10,3,-1,74,{"$f":"Inputs!$R$38*Inputs!$R$33*(G363-Inputs!$R$26)","v":-39868.787935355227},{"$f":"Inputs!$R$34*E363*Inputs!$R$39","v":0},{"$f":"params!$C$16*Inputs!$R$30*(G363-Inputs!$R$26)","v":-6243.2124886763431},{"$f":"Inputs!$R$41*Inputs!$R$42/8760","v":0},0,755.80495631325812,4.6743495015895585E-3,3.4590186311762735E-3,{"$f":"-N363/(1.202*2465560*MAX(0,(Inputs!$R$49-Q363)))","v":0},{"$f":"params!$C$16*R363*(G363-Inputs!$R$26)","v":0},-46112.000424031568,{"$f":"E363*params!$C$8","v":0}]
["2001-01-16",1,16,"03:00:00",0,10,3,-1,74,{"$f":"Inputs!$R$38*Inputs!$R$33*(G364-Inputs!$R$26)","v":-39868.787935355227},{"$f":"Inputs!$R$34*E364*Inputs!$R$39","v":0},{"$f":"params!$C$16*Inputs!$R$30*(G364-Inputs!$R$26)","v":-6243.2124886763431},{"$f":"Inputs!$R$41*Inputs!$R$42/8760","v":0},0,755.80495631325812,4.6743495015895585E-3,3.4590186311762735E-3,{"$f":"-N364/(1.202*2465560*MAX(0,(Inputs!$R$49-Q364)))","v":0},{"$f":"params!$C$16*R364*(G364-Inputs!$R$26)","v":0},-46112.000424031568,{"$f":"E364*params!$C$8","v":0}]
["2001-01-16",1,16,"04:00:00",0,10,3,-1,74,{"$f":"Inputs!$R$38*Inputs!$R$33*(G365-Inputs!$R$26)","v":-39868.787935355227},{"$f":"Inputs!$R$34*E365*Inputs!$R$39","v":0},{"$f":"params!$C$16*Inputs!$R$30*(G365-Inputs!$R$26)","v":-6243.2124886763431},{"$f":"Inputs!$R$41*Inputs!$R$42/8760","v":0},0,755.80495631325812,4.6743495015895585E-3,3.4590186311762735E-3,{"$f":"-N365/(1.202*2465560*MAX(0,(Inputs!$R$49-Q365)))","v":0},{"$f":"params!$C$16*R365*(G365-Inputs!$R$26)","v":0},-46112.000424031568,{"$f":"E365*params!$C$8","v":0}]
["2001-01-16",1,16,"05:00:00",0,10,2,-2,73,{"$f":"Inputs!$R$38*Inputs!$R$33*(G366-Inputs!$R$26)","v":-45564.3290689774},{"$f":"Inputs!$R$34*E366*Inputs!$R$39","v":0},{"$f":"params!$C$16*Inputs!$R$30*(G366-Inputs!$R$26)","v":-7135.0999870586784},{"$f":"Inputs!$R$41*Inputs!$R$42/8760","v":0},0,703.88301618186097,4.3509868656616182E-3,3.1762204119329812E-3,{"$f":"-N366/(1.202*2465560*MAX(0,(Inputs!$R$49-Q366)))","v":0},{"$f":"params!$C$16*R366*(G366-Inputs!$R$26)","v":0},-52699.429056036082,{"$f":"E366*params!$C$8","v":0}]
["2001-01-16",1,16,"06:00:00",0,10,3,-2,68,{"$f":"Inputs!$R$38*Inputs!$R$33*(G367-Inputs!$R$26)","v":-39868.787935355227},{"$f":"Inputs!$R$34*E367*Inputs!$R$39","v":0},{"$f":"params!$C$16*Inputs!$R$30*(G367-Inputs!$R$26)","v":-6243.2124886763431},{"$f":"Inputs!$R$41*Inputs!$R$42/8760","v":0},0,755.80495631325812,4.6743495015895585E-3,3.1785576610808995E-3,{"$f":"-N367/(1.202*2465560*MAX(0,(Inputs!$R$49-Q367)))","v":0},{"$f":"params!$C$16*R367*(G367-Inputs!$R$26)","v":0},-46112.000424031568,{"$f":"E367*params!$C$8","v":0}]
["2001-01-16",1,16,"07:00:00",0,10,2,-2,73,{"$f":"Inputs!$R$38*Inputs!$R$33*(G368-Inputs!$R$26)","v":-45564.3290689774},{"$f":"Inputs!$R$34*E368*Inputs!$R$39","v":0},{"$f":"params!$C$16*Inputs!$R$30*(G368-Inputs!$R$26)","v":-7135.0999870586784},{"$f":"Inputs!$R$41*Inputs!$R$42/8760","v":0},0,703.88301618186097,4.3509868656616182E-3,3.1762204119329812E-3,{"$f":"-N368/(1.202*2465560*MAX(0,(Inputs!$R$49-Q368)))","v":0},{"$f":"params!$C$16*R368*(G368-Inputs!$R$26)","v":0},-52699.429056036082,{"$f":"E368*params!$C$8","v":0}]
["2001-01-16",1,16,"08:00:00",0,10,2,-2,73,{"$f":"Inputs!$R$38*Inputs!$R$33*(G369-Inputs!$R$26)","v":-45564.3290689774},{"$f":"Inputs!$R$34*E369*Inputs!$R$39","v":0},{"$f":"params!$C$16*Inputs!$R$30*(G369-Inputs!$R$26)","v":-7135.0999870586784},{"$f":"Inputs!$R$41*Inputs!$R$42/8760","v":0},0,703.88301618186097,4.3509868656616182E-3,3.1762204119329812E-3,{"$f":"-N369/(1.202*2465560*MAX(0,(Inputs!$R$49-Q369)))","v":0},{"$f":"params!$C$16*R369*(G369-Inputs!$R$26)","v":0},-52699.429056036082,{"$f":"E369*params!$C$8","v":0}]
["2001-01-16",1,16,"09:00:00",80,10,2,-3,67,{"$f":"Inputs!$R$38*Inputs!$R$33*(G370-Inputs!$R$26)","v":-45564.3290689774},{"$f":"Inputs!$R$34*E370*Inputs!$R$39","v":46823.177472849064},{"$f":"params!$C$16*Inputs!$R$30*(G370-Inputs!$R$26)","v":-7135.0999870586784},{"$f":"Inputs!$R$41*Inputs!$R$42/8760","v":0},0,703.88301618186097,4.3509868656616182E-3,2.915161199993284E-3,{"$f":"-N370/(1.202*2465560*MAX(0,(Inputs!$R$49-Q370)))","v":0},{"$f":"params!$C$16*R370*(G370-Inputs!$R$26)","v":0},-5876.2515831870151,{"$f":"E370*params!$C$8","v":165.72}]
["2001-01-16",1,16,"10:00:00",114,10,3,-2,68,{"$f":"Inputs!$R$38*Inputs!$R$33*(G371-Inputs!$R$26)","v":-39868.787935355227},{"$f":"Inputs!$R$34*E371*Inputs!$R$39","v":66723.027898809902},{"$f":"params!$C$16*Inputs!$R$30*(G371-Inputs!$R$26)","v":-6243.2124886763431},{"$f":"Inputs!$R$41*Inputs!$R$42/8760","v":0},0,755.80495631325812,4.6743495015895585E-3,3.1785576610808995E-3,{"$f":"-N371/(1.202*2465560*MAX(0,(Inputs!$R$49-Q371)))","v":0},{"$f":"params!$C$16*R371*(G371-Inputs!$R$26)","v":0},20611.027474778333,{"$f":"E371*params!$C$8","v":236.15099999999998}]
["2001-01-16",1,16,"11:00:00",78,10,3,-2,68,{"$f":"Inputs!$R$38*Inputs!$R$33*(G372-Inputs!$R$26)","v":-39868.787935355227},{"$f":"Inputs!$R$34*E372*Inputs!$R$39","v":45652.598036027834},{"$f":"params!$C$16*Inputs!$R$30*(G372-Inputs!$R$26)","v":-6243.2124886763431},{"$f":"Inputs!$R$41*Inputs!$R$42/8760","v":0},0,755.80495631325812,4.6743495015895585E-3,3.1785576610808995E-3,{"$f":"-N372/(1.202*2465560*MAX(0,(Inputs!$R$49-Q372)))","v":0},{"$f":"params!$C$16*R372*(G372-Inputs!$R$26)","v":0},-459.40238800373663,{"$f":"E372*params!$C$8","v":161.577}]
["2001-01-16",1,16,"12:00:00",149,10,3,-2,68,{"$f":"Inputs!$R$38*Inputs!$R$33*(G373-Inputs!$R$26)","v":-39868.787935355227},{"$f":"Inputs!$R$34*E373*Inputs!$R$39","v":87208.168043181373},{"$f":"params!$C$16*Inputs!$R$30*(G373-Inputs!$R$26)","v":-6243.2124886763431},{"$f":"Inputs!$R$41*Inputs!$R$42/8760","v":0},0,755.80495631325812,4.6743495015895585E-3,3.1785576610808995E-3,{"$f":"-N373/(1.202*2465560*MAX(0,(Inputs!$R$49-Q373)))","v":0},{"$f":"params!$C$16*R373*(G373-Inputs!$R$26)","v":0},41096.167619149805,{"$f":"E373*params!$C$8","v":308.65350000000001}]
["2001-01-16",1,16,"13:00:00",96,10,3,-2,68,{"$f":"Inputs!$R$38*Inputs!$R$33*(G374-Inputs!$R$26)","v":-39868.787935355227},{"$f":"Inputs!$R$34*E374*Inputs!$R$39","v":56187.812967418875},{"$f":"params!$C$16*Inputs!$R$30*(G374-Inputs!$R$26)","v":-6243.2124886763431},{"$f":"Inputs!$R$41*Inputs!$R$42/8760","v":0},0,755.80495631325812,4.6743495015895585E-3,3.1785576610808995E-3,{"$f":"-N374/(1.202*2465560*MAX(0,(Inputs!$R$49-Q374)))","v":0},{"$f":"params!$C$16*R374*(G374-Inputs!$R$26)","v":0},10075.812543387305,{"$f":"E374*params!$C$8","v":198.86399999999998}]
["2001-01-16",1,16,"14:00:00",69,10,3,-2,68,{"$f":"Inputs!$R$38*Inputs!$R$33*(G375-Inputs!$R$26)","v":-39868.787935355227},{"$f":"Inputs!$R$34*E375*Inputs!$R$39","v":40384.990570332317},{"$f":"params!$C$16*Inputs!$R$30*(G375-Inputs!$R$26)","v":-6243.2124886763431},{"$f":"Inputs!$R$41*Inputs!$R$42/8760","v":0},0,755.80495631325812,4.6743495015895585E-3,3.1785576610808995E-3,{"$f":"-N375/(1.202*2465560*MAX(0,(Inputs!$R$49-Q375)))","v":0},{"$f":"params!$C$16*R375*(G375-Inputs!$R$26)","v":0},-5727.0098536992537,{"$f":"E375*params!$C$8","v":142.93349999999998}]
["2001-01-16",1,16,"15:00:00",82,10,3,-2,68,{"$f":"Inputs!$R$38*Inputs!$R$33*(G376-Inputs!$R$26)","v":-39868.787935355227},{"$f":"Inputs!$R$34*E376*Inputs!$R$39","v":47993.756909670286},{"$f":"params!$C$16*Inputs!$R$30*(G376-Inputs!$R$26)","v":-6243.2124886763431},{"$f":"Inputs!$R$41*Inputs!$R$42/8760","v":0},0,755.80495631325812,4.6743495015895585E-3,3.1785576610808995E-3,{"$f":"-N376/(1.202*2465560*MAX(0,(Inputs!$R$49-Q376)))","v":0},{"$f":"params!$C$16*R376*(G376-Inputs!$R$26)","v":0},1881.7564856387162,{"$f":"E376*params!$C$8","v":169.863}]
["2001-01-16",1,16,"16:00:00",49,10,3,-2,68,{"$f":"Inputs!$R$38*Inputs!$R$33*(G377-Inputs!$R$26)","v":-39868.787935355227},{"$f":"Inputs!$R$34*E377*Inputs!$R$39","v":28679.196202120049},{"$f":"params!$C$16*Inputs!$R$30*(G377-Inputs!$R$26)","v":-6243.2124886763431},{"$f":"Inputs!$R$41*Inputs!$R$42/8760","v":0},0,755.80495631325812,4.6743495015895585E-3,3.1785576610808995E-3,{"$f":"-N377/(1.202*2465560*MAX(0,(Inputs!$R$49-Q377)))","v":0},{"$f":"params!$C$16*R377*(G377-Inputs!$R$26)","v":0},-17432.804221911523,{"$f":"E377*params!$C$8","v":101.50349999999999}]
["2001-01-16",1,16,"17:00:00",21,10,3,-2,68,{"$f":"Inputs!$R$38*Inputs!$R$33*(G378-Inputs!$R$26)","v":-39868.787935355227},{"$f":"Inputs!$R$34*E378*Inputs!$R$39","v":12291.084086622879},{"$f":"params!$C$16*Inputs!$R$30*(G378-Inputs!$R$26)","v":-6243.2124886763431},{"$f":"Inputs!$R$41*Inputs!$R$42/8760","v":0},0,755.80495631325812,4.6743495015895585E-3,3.1785576610808995E-3,{"$f":"-N378/(1.202*2465560*MAX(0,(Inputs!$R$49-Q378)))","v":0},{"$f":"params!$C$16*R378*(G378-Inputs!$R$26)","v":0},-33820.916337408693,{"$f":"E378*params!$C$8","v":43.5015}]
["2001-01-16",1,16,"18:00:00",0,10,2,-2,73,{"$f":"Inputs!$R$38*Inputs!$R$33*(G379-Inputs!$R$26)","v":-45564.3290689774},{"$f":"Inputs!$R$34*E379*Inputs!$R$39","v":0},{"$f":"params!$C$16*Inputs!$R$30*(G379-Inputs!$R$26)","v":-7135.0999870586784},{"$f":"Inputs!$R$41*Inputs!$R$42/8760","v":0},0,703.88301618186097,4.3509868656616182E-3,3.1762204119329812E-3,{"$f":"-N379/(1.202*2465560*MAX(0,(Inputs!$R$49-Q379)))","v":0},{"$f":"params!$C$16*R379*(G379-Inputs!$R$26)","v":0},-52699.429056036082,{"$f":"E379*params!$C$8","v":0}]
["2001-01-16",1,16,"19:00:00",0,10,2,-2,73,{"$f":"Inputs!$R$38*Inputs!$R$33*(G380-Inputs!$R$26)","v":-45564.3290689774},{"$f":"Inputs!$R$34*E380*Inputs!$R$39","v":0},{"$f":"params!$C$16*Inputs!$R$30*(G380-Inputs!$R$26)","v":-7135.0999870586784},{"$f":"Inputs!$R$41*Inputs!$R$42/8760","v":0},0,703.88301618186097,4.3509868656616182E-3,3.1762204119329812E-3,{"$f":"-N380/(1.202*2465560*MAX(0,(Inputs!$R$49-Q380)))","v":0},{"$f":"params!$C$16*R380*(G380-Inputs!$R$26)","v":0},-52699.429056036082,{"$f":"E380*params!$C$8","v":0}]
["2001-01-16",1,16,"20:00:00",0,10,2,-2,73,{"$f":"Inputs!$R$38*Inputs!$R$33*(G381-Inputs!$R$26)","v":-45564.3290689774},{"$f":"Inputs!$R$34*E381*Inputs!$R$39","v":0},{"$f":"params!$C$16*Inputs!$R$30*(G381-Inputs!$R$26)","v":-7135.0999870586784},{"$f":"Inputs!$R$41*Inputs!$R$42/8760","v":0},0,703.88301618186097,4.3509868656616182E-3,3.1762204119329812E-3,{"$f":"-N381/(1.202*2465560*MAX(0,(Inputs!$R$49-Q381)))","v":0},{"$f":"params!$C$16*R381*(G381-Inputs!$R$26)","v":0},-52699.429056036082,{"$f":"E381*params!$C$8","v":0}]
["2001-01-16",1,16,"21:00:00",0,10,2,-2,73,{"$f":"Inputs!$R$38*Inputs!$R$33*(G382-Inputs!$R$26)","v":-45564.3290689774},{"$f":"Inputs!$R$34*E382*Inputs!$R$39","v":0},{"$f":"params!$C$16*Inputs!$R$30*(G382-Inputs!$R$26)","v":-7135.0999870586784},{"$f":"Inputs!$R$41*Inputs!$R$42/8760","v":0},0,703.88301618186097,4.3509868656616182E-3,3.1762204119329812E-3,{"$f":"-N382/(1.202*2465560*MAX(0,(Inputs!$R$49-Q382)))","v":0},{"$f":"params!$C$16*R382*(G382-Inputs!$R$26)","v":0},-52699.429056036082,{"$f":"E382*params!$C$8","v":0}]
["2001-01-16",1,16,"22:00:00",0,10,2,-2,73,{"$f":"Inputs!$R$38*Inputs!$R$33*(G383-Inputs!$R$26)","v":-45564.3290689774},{"$f":"Inputs!$R$34*E383*Inputs!$R$39","v":0},{"$f":"params!$C$16*Inputs!$R$30*(G383-Inputs!$R$26)","v":-7135.0999870586784},{"$f":"Inputs!$R$41*Inputs!$R$42/8760","v":0},0,703.88301618186097,4.3509868656616182E-3,3.1762204119329812E-3,{"$f":"-N383/(1.202*2465560*MAX(0,(Inputs!$R$49-Q383)))","v":0},{"$f":"params!$C$16*R383*(G383-Inputs!$R$26)","v":0},-52699.429056036082,{"$f":"E383*params!$C$8","v":0}]
["2001-01-16",1,16,"23:00:00",0,10,2,-2,73,{"$f":"Inputs!$R$38*Inputs!$R$33*(G384-Inputs!$R$26)","v":-45564.3290689774},{"$f":"Inputs!$R$34*E384*Inputs!$R$39","v":0},{"$f":"params!$C$16*Inputs!$R$30*(G384-Inputs!$R$26)","v":-7135.0999870586784},{"$f":"Inputs!$R$41*Inputs!$R$42/8760","v":0},0,703.88301618186097,4.3509868656616182E-3,3.1762204119329812E-3,{"$f":"-N384/(1.202*2465560*MAX(0,(Inputs!$R$49-Q384)))","v":0},{"$f":"params!$C$16*R384*(G384-Inputs!$R$26)","v":0},-52699.429056036082,{"$f":"E384*params!$C$8","v":0}]
["2001-01-16",1,16,1,0,10,2,-2,73,{"$f":"Inputs!$R$38*Inputs!$R$33*(G385-Inputs!$R$26)","v":-45564.3290689774},{"$f":"Inputs!$R$34*E385*Inputs!$R$39","v":0},{"$f":"params!$C$16*Inputs!$R$30*(G385-Inputs!$R$26)","v":-7135.0999870586784},{"$f":"Inputs!$R$41*Inputs!$R$42/8760","v":0},0,703.88301618186097,4.3509868656616182E-3,3.1762204119329812E-3,{"$f":"-N385/(1.202*2465560*MAX(0,(Inputs!$R$49-Q385)))","v":0},{"$f":"params!$C$16*R385*(G385-Inputs!$R$26)","v":0},-52699.429056036082,{"$f":"E385*params!$C$8","v":0}]
["2001-01-17",1,17,"01:00:00",0,10,2,-2,73,{"$f":"Inputs!$R$38*Inputs!$R$33*(G386-Inputs!$R$26)","v":-45564.3290689774},{"$f":"Inputs!$R$34*E386*Inputs!$R$39","v":0},{"$f":"params!$C$16*Inputs!$R$30*(G386-Inputs!$R$26)","v":-7135.0999870586784},{"$f":"Inputs!$R$41*Inputs!$R$42/8760","v":0},0,703.88301618186097,4.3509868656616182E-3,3.1762204119329812E-3,{"$f":"-N386/(1.202*2465560*MAX(0,(Inputs!$R$49-Q386)))","v":0},{"$f":"params!$C$16*R386*(G386-Inputs!$R$26)","v":0},-52699.429056036082,{"$f":"E386*params!$C$8","v":0}]
["2001-01-17",{"$f":"MONTH(A387)","v":1},{"$f":"DAY(A387)","v":17},"02:00:00",0,10,2,-3,67,{"$f":"Inputs!$R$38*Inputs!$R$33*(G387-Inputs!$R$26)","v":-45564.3290689774},{"$f":"Inputs!$R$34*E387*Inputs!$R$39","v":0},{"$f":"params!$C$16*Inputs!$R$30*(G387-Inputs!$R$26)","v":-7135.0999870586784},{"$f":"Inputs!$R$41*Inputs!$R$42/8760","v":0},0,{"$f":"EXP(77.345+0.0057*(G387+273.15)-7235/(G387+273.15))/(G387+273.15)^8.2","v":703.88301618186097},{"$f":"0.62198*O387/(101325-O387)","v":4.3509868656616182E-3},{"$f":"P387*I387/100","v":2.915161199993284E-3},{"$f":"-N387/(1.202*2465560*MAX(0,(Inputs!$R$49-Q387)))","v":0},{"$f":"params!$C$16*R387*(G387-Inputs!$R$26)","v":0},{"$f":"J387+K387+L387+M387+N387+S387","v":-52699.429056036082},{"$f":"E387*params!$C$8","v":0}]
["2001-01-17",1,17,"03:00:00",0,10,2,-3,67,{"$f":"Inputs!$R$38*Inputs!$R$33*(G388-Inputs!$R$26)","v":-45564.3290689774},{"$f":"Inputs!$R$34*E388*Inputs!$R$39","v":0},{"$f":"params!$C$16*Inputs!$R$30*(G388-Inputs!$R$26)","v":-7135.0999870586784},{"$f":"Inputs!$R$41*Inputs!$R$42/8760","v":0},0,703.88301618186097,4.3509868656616182E-3,2.915161199993284E-3,{"$f":"-N388/(1.202*2465560*MAX(0,(Inputs!$R$49-Q388)))","v":0},{"$f":"params!$C$16*R388*(G388-Inputs!$R$26)","v":0},-52699.429056036082,{"$f":"E388*params!$C$8","v":0}]
["2001-01-17",1,17,"04:00:00",0,10,2,-3,67,{"$f":"Inputs!$R$38*Inputs!$R$33*(G389-Inputs!$R$26)","v":-45564.3290689774},{"$f":"Inputs!$R$34*E389*Inputs!$R$39","v":0},{"$f":"params!$C$16*Inputs!$R$30*(G389-Inputs!$R$26)","v":-7135.0999870586784},{"$f":"Inputs!$R$41*Inputs!$R$42/8760","v":0},0,703.88301618186097,4.3509868656616182E-3,2.915161199993284E-3,{"$f":"-N389/(1.202*2465560*MAX(0,(Inputs!$R$49-Q389)))","v":0},{"$f":"params!$C$16*R389*(G389-Inputs!$R$26)","v":0},-52699.429056036082,{"$f":"E389*params!$C$8","v":0}]
["2001-01-17",1,17,"05:00:00",0,10,1,-3,72,{"$f":"Inputs!$R$38*Inputs!$R$33*(G390-Inputs!$R$26)","v":-51259.870202599574},{"$f":"Inputs!$R$34*E390*Inputs!$R$39","v":0},{"$f":"params!$C$16*Inputs!$R$30*(G390-Inputs!$R$26)","v":-8026.9874854410136},{"$f":"Inputs!$R$41*Inputs!$R$42/8760","v":0},0,655.14373774848059,4.0477489204243187E-3,2.9143792227055093E-3,{"$f":"-N390/(1.202*2465560*MAX(0,(Inputs!$R$49-Q390)))","v":0},{"$f":"params!$C$16*R390*(G390-Inputs!$R$26)","v":0},-59286.857688040589,{"$f":"E390*params!$C$8","v":0}]
["2001-01-17",1,17,"06:00:00",0,10,1,-3,72,{"$f":"Inputs!$R$38*Inputs!$R$33*(G391-Inputs!$R$26)","v":-51259.870202599574},{"$f":"Inputs!$R$34*E391*Inputs!$R$39","v":0},{"$f":"params!$C$16*Inputs!$R$30*(G391-Inputs!$R$26)","v":-8026.9874854410136},{"$f":"Inputs!$R$41*Inputs!$R$42/8760","v":0},0,655.14373774848059,4.0477489204243187E-3,2.9143792227055093E-3,{"$f":"-N391/(1.202*2465560*MAX(0,(Inputs!$R$49-Q391)))","v":0},{"$f":"params!$C$16*R391*(G391-Inputs!$R$26)","v":0},-59286.857688040589,{"$f":"E391*params!$C$8","v":0}]
["2001-01-17",1,17,"07:00:00",0,10,1,-3,72,{"$f":"Inputs!$R$38*Inputs!$R$33*(G392-Inputs!$R$26)","v":-51259.870202599574},{"$f":"Inputs!$R$34*E392*Inputs!$R$39","v":0},{"$f":"params!$C$16*Inputs!$R$30*(G392-Inputs!$R$26)","v":-8026.9874854410136},{"$f":"Inputs!$R$41*Inputs!$R$42/8760","v":0},0,655.14373774848059,4.0477489204243187E-3,2.9143792227055093E-3,{"$f":"-N392/(1.202*2465560*MAX(0,(Inputs!$R$49-Q392)))","v":0},{"$f":"params!$C$16*R392*(G392-Inputs!$R$26)","v":0},-59286.857688040589,{"$f":"E392*params!$C$8","v":0}]
["2001-01-17",1,17,"08:00:00",0,10,1,-3,72,{"$f":"Inputs!$R$38*Inputs!$R$33*(G393-Inputs!$R$26)","v":-51259.870202599574},{"$f":"Inputs!$R$34*E393*Inputs!$R$39","v":0},{"$f":"params!$C$16*Inputs!$R$30*(G393-Inputs!$R$26)","v":-8026.9874854410136},{"$f":"Inputs!$R$41*Inputs!$R$42/8760","v":0},0,655.14373774848059,4.0477489204243187E-3,2.9143792227055093E-3,{"$f":"-N393/(1.202*2465560*MAX(0,(Inputs!$R$49-Q393)))","v":0},{"$f":"params!$C$16*R393*(G393-Inputs!$R$26)","v":0},-59286.857688040589,{"$f":"E393*params!$C$8","v":0}]
["2001-01-17",1,17,"09:00:00",80,10,1,-3,72,{"$f":"Inputs!$R$38*Inputs!$R$33*(G394-Inputs!$R$26)","v":-51259.870202599574},{"$f":"Inputs!$R$34*E394*Inputs!$R$39","v":46823.177472849064},{"$f":"params!$C$16*Inputs!$R$30*(G394-Inputs!$R$26)","v":-8026.9874854410136},{"$f":"Inputs!$R$41*Inputs!$R$42/8760","v":0},0,655.14373774848059,4.0477489204243187E-3,2.9143792227055093E-3,{"$f":"-N394/(1.202*2465560*MAX(0,(Inputs!$R$49-Q394)))","v":0},{"$f":"params!$C$16*R394*(G394-Inputs!$R$26)","v":0},-12463.680215191524,{"$f":"E394*params!$C$8","v":165.72}]
["2001-01-17",1,17,"10:00:00",43,10,1,-3,72,{"$f":"Inputs!$R$38*Inputs!$R$33*(G395-Inputs!$R$26)","v":-51259.870202599574},{"$f":"Inputs!$R$34*E395*Inputs!$R$39","v":25167.45789165637},{"$f":"params!$C$16*Inputs!$R$30*(G395-Inputs!$R$26)","v":-8026.9874854410136},{"$f":"Inputs!$R$41*Inputs!$R$42/8760","v":0},0,655.14373774848059,4.0477489204243187E-3,2.9143792227055093E-3,{"$f":"-N395/(1.202*2465560*MAX(0,(Inputs!$R$49-Q395)))","v":0},{"$f":"params!$C$16*R395*(G395-Inputs!$R$26)","v":0},-34119.399796384219,{"$f":"E395*params!$C$8","v":89.0745}]
["2001-01-17",1,17,"11:00:00",72,10,1.7,-3.5,66,{"$f":"Inputs!$R$38*Inputs!$R$33*(G396-Inputs!$R$26)","v":-47272.99140906406},{"$f":"Inputs!$R$34*E396*Inputs!$R$39","v":42140.859725564151},{"$f":"params!$C$16*Inputs!$R$30*(G396-Inputs!$R$26)","v":-7402.6662365733791},{"$f":"Inputs!$R$41*Inputs!$R$42/8760","v":0},0,688.93490744882638,4.2579539784364821E-3,2.8102496257680783E-3,{"$f":"-N396/(1.202*2465560*MAX(0,(Inputs!$R$49-Q396)))","v":0},{"$f":"params!$C$16*R396*(G396-Inputs!$R$26)","v":0},-12534.797920073288,{"$f":"E396*params!$C$8","v":149.148}]
["2001-01-17",1,17,"12:00:00",112,10,2.1,-4.2,60,{"$f":"Inputs!$R$38*Inputs!$R$33*(G397-Inputs!$R$26)","v":-44994.774955615183},{"$f":"Inputs!$R$34*E397*Inputs!$R$39","v":65552.448461988679},{"$f":"params!$C$16*Inputs!$R$30*(G397-Inputs!$R$26)","v":-7045.9112372204454},{"$f":"Inputs!$R$41*Inputs!$R$42/8760","v":0},0,708.92912942371902,4.3823987172600994E-3,2.6294392303560597E-3,{"$f":"-N397/(1.202*2465560*MAX(0,(Inputs!$R$49-Q397)))","v":0},{"$f":"params!$C$16*R397*(G397-Inputs!$R$26)","v":0},13511.762269153051,{"$f":"E397*params!$C$8","v":232.00799999999998}]
["2001-01-17",1,17,"13:00:00",150,10,2.2000000000000002,-5.0999999999999996,56,{"$f":"Inputs!$R$38*Inputs!$R$33*(G398-Inputs!$R$26)","v":-44425.220842252966},{"$f":"Inputs!$R$34*E398*Inputs!$R$39","v":87793.457761591984},{"$f":"params!$C$16*Inputs!$R$30*(G398-Inputs!$R$26)","v":-6956.7224873822115},{"$f":"Inputs!$R$41*Inputs!$R$42/8760","v":0},0,714.00723647805364,4.4140129099852635E-3,2.4718472295917476E-3,{"$f":"-N398/(1.202*2465560*MAX(0,(Inputs!$R$49-Q398)))","v":0},{"$f":"params!$C$16*R398*(G398-Inputs!$R$26)","v":0},36411.514431956806,{"$f":"E398*params!$C$8","v":310.72499999999997}]
["2001-01-17",1,17,"14:00:00",75,10,2,-6,52,{"$f":"Inputs!$R$38*Inputs!$R$33*(G399-Inputs!$R$26)","v":-45564.3290689774},{"$f":"Inputs!$R$34*E399*Inputs!$R$39","v":43896.728880795992},{"$f":"params!$C$16*Inputs!$R$30*(G399-Inputs!$R$26)","v":-7135.0999870586784},{"$f":"Inputs!$R$41*Inputs!$R$42/8760","v":0},0,703.88301618186097,4.3509868656616182E-3,2.2625131701440415E-3,{"$f":"-N399/(1.202*2465560*MAX(0,(Inputs!$R$49-Q399)))","v":0},{"$f":"params!$C$16*R399*(G399-Inputs!$R$26)","v":0},-8802.7001752400865,{"$f":"E399*params!$C$8","v":155.36249999999998}]
["2001-01-17",1,17,"15:00:00",55,10,-2,-3,92,{"$f":"Inputs!$R$38*Inputs!$R$33*(G400-Inputs!$R$26)","v":-68346.493603466108},{"$f":"Inputs!$R$34*E400*Inputs!$R$39","v":32190.934512583728},{"$f":"params!$C$16*Inputs!$R$30*(G400-Inputs!$R$26)","v":-10702.649980588018},{"$f":"Inputs!$R$41*Inputs!$R$42/8760","v":0},0,526.36516305985776,3.2479468065175691E-3,2.9881110619961637E-3,{"$f":"-N400/(1.202*2465560*MAX(0,(Inputs!$R$49-Q400)))","v":0},{"$f":"params!$C$16*R400*(G400-Inputs!$R$26)","v":0},-46858.209071470395,{"$f":"E400*params!$C$8","v":113.93249999999999}]
["2001-01-17",1,17,"16:00:00",133,10,-1,-3,85,{"$f":"Inputs!$R$38*Inputs!$R$33*(G401-Inputs!$R$26)","v":-62650.952469843927},{"$f":"Inputs!$R$34*E401*Inputs!$R$39","v":77843.532548611562},{"$f":"params!$C$16*Inputs!$R$30*(G401-Inputs!$R$26)","v":-9810.7624822056823},{"$f":"Inputs!$R$41*Inputs!$R$42/8760","v":0},0,566.54310372490409,3.4972595900071069E-3,2.9726706515060407E-3,{"$f":"-N401/(1.202*2465560*MAX(0,(Inputs!$R$49-Q401)))","v":0},{"$f":"params!$C$16*R401*(G401-Inputs!$R$26)","v":0},5381.8175965619521,{"$f":"E401*params!$C$8","v":275.5095}]
["2001-01-17",1,17,"17:00:00",35,10,-2,-3,92,{"$f":"Inputs!$R$38*Inputs!$R$33*(G402-Inputs!$R$26)","v":-68346.493603466108},{"$f":"Inputs!$R$34*E402*Inputs!$R$39","v":20485.140144371464},{"$f":"params!$C$16*Inputs!$R$30*(G402-Inputs!$R$26)","v":-10702.649980588018},{"$f":"Inputs!$R$41*Inputs!$R$42/8760","v":0},0,526.36516305985776,3.2479468065175691E-3,2.9881110619961637E-3,{"$f":"-N402/(1.202*2465560*MAX(0,(Inputs!$R$49-Q402)))","v":0},{"$f":"params!$C$16*R402*(G402-Inputs!$R$26)","v":0},-58564.00343968266,{"$f":"E402*params!$C$8","v":72.502499999999998}]
["2001-01-17",1,17,"18:00:00",0,10,-2,-3,92,{"$f":"Inputs!$R$38*Inputs!$R$33*(G403-Inputs!$R$26)","v":-68346.493603466108},{"$f":"Inputs!$R$34*E403*Inputs!$R$39","v":0},{"$f":"params!$C$16*Inputs!$R$30*(G403-Inputs!$R$26)","v":-10702.649980588018},{"$f":"Inputs!$R$41*Inputs!$R$42/8760","v":0},0,526.36516305985776,3.2479468065175691E-3,2.9881110619961637E-3,{"$f":"-N403/(1.202*2465560*MAX(0,(Inputs!$R$49-Q403)))","v":0},{"$f":"params!$C$16*R403*(G403-Inputs!$R$26)","v":0},-79049.143584054123,{"$f":"E403*params!$C$8","v":0}]
["2001-01-17",1,17,"19:00:00",0,10,-2,-3,92,{"$f":"Inputs!$R$38*Inputs!$R$33*(G404-Inputs!$R$26)","v":-68346.493603466108},{"$f":"Inputs!$R$34*E404*Inputs!$R$39","v":0},{"$f":"params!$C$16*Inputs!$R$30*(G404-Inputs!$R$26)","v":-10702.649980588018},{"$f":"Inputs!$R$41*Inputs!$R$42/8760","v":0},0,526.36516305985776,3.2479468065175691E-3,2.9881110619961637E-3,{"$f":"-N404/(1.202*2465560*MAX(0,(Inputs!$R$49-Q404)))","v":0},{"$f":"params!$C$16*R404*(G404-Inputs!$R$26)","v":0},-79049.143584054123,{"$f":"E404*params!$C$8","v":0}]
["2001-01-17",1,17,"20:00:00",0,10,-3,-4,92,{"$f":"Inputs!$R$38*Inputs!$R$33*(G405-Inputs!$R$26)","v":-74042.034737088281},{"$f":"Inputs!$R$34*E405*Inputs!$R$39","v":0},{"$f":"params!$C$16*Inputs!$R$30*(G405-Inputs!$R$26)","v":-11594.537478970353},{"$f":"Inputs!$R$41*Inputs!$R$42/8760","v":0},0,488.73621912146871,3.0146312662847319E-3,2.7734607649819529E-3,{"$f":"-N405/(1.202*2465560*MAX(0,(Inputs!$R$49-Q405)))","v":0},{"$f":"params!$C$16*R405*(G405-Inputs!$R$26)","v":0},-85636.57221605863,{"$f":"E405*params!$C$8","v":0}]
["2001-01-17",1,17,"21:00:00",0,10,-3,-4,92,{"$f":"Inputs!$R$38*Inputs!$R$33*(G406-Inputs!$R$26)","v":-74042.034737088281},{"$f":"Inputs!$R$34*E406*Inputs!$R$39","v":0},{"$f":"params!$C$16*Inputs!$R$30*(G406-Inputs!$R$26)","v":-11594.537478970353},{"$f":"Inputs!$R$41*Inputs!$R$42/8760","v":0},0,488.73621912146871,3.0146312662847319E-3,2.7734607649819529E-3,{"$f":"-N406/(1.202*2465560*MAX(0,(Inputs!$R$49-Q406)))","v":0},{"$f":"params!$C$16*R406*(G406-Inputs!$R$26)","v":0},-85636.57221605863,{"$f":"E406*params!$C$8","v":0}]
["2001-01-17",1,17,"22:00:00",0,10,-3,-4,92,{"$f":"Inputs!$R$38*Inputs!$R$33*(G407-Inputs!$R$26)","v":-74042.034737088281},{"$f":"Inputs!$R$34*E407*Inputs!$R$39","v":0},{"$f":"params!$C$16*Inputs!$R$30*(G407-Inputs!$R$26)","v":-11594.537478970353},{"$f":"Inputs!$R$41*Inputs!$R$42/8760","v":0},0,488.73621912146871,3.0146312662847319E-3,2.7734607649819529E-3,{"$f":"-N407/(1.202*2465560*MAX(0,(Inputs!$R$49-Q407)))","v":0},{"$f":"params!$C$16*R407*(G407-Inputs!$R$26)","v":0},-85636.57221605863,{"$f":"E407*params!$C$8","v":0}]
["2001-01-17",1,17,"23:00:00",0,10,-3,-4,92,{"$f":"Inputs!$R$38*Inputs!$R$33*(G408-Inputs!$R$26)","v":-74042.034737088281},{"$f":"Inputs!$R$34*E408*Inputs!$R$39","v":0},{"$f":"params!$C$16*Inputs!$R$30*(G408-Inputs!$R$26)","v":-11594.537478970353},{"$f":"Inputs!$R$41*Inputs!$R$42/8760","v":0},0,488.73621912146871,3.0146312662847319E-3,2.7734607649819529E-3,{"$f":"-N408/(1.202*2465560*MAX(0,(Inputs!$R$49-Q408)))","v":0},{"$f":"params!$C$16*R408*(G408-Inputs!$R$26)","v":0},-85636.57221605863,{"$f":"E408*params!$C$8","v":0}]
["2001-01-17",1,17,1,0,10,-3,-4,92,{"$f":"Inputs!$R$38*Inputs!$R$33*(G409-Inputs!$R$26)","v":-74042.034737088281},{"$f":"Inputs!$R$34*E409*Inputs!$R$39","v":0},{"$f":"params!$C$16*Inputs!$R$30*(G409-Inputs!$R$26)","v":-11594.537478970353},{"$f":"Inputs!$R$41*Inputs!$R$42/8760","v":0},0,488.73621912146871,3.0146312662847319E-3,2.7734607649819529E-3,{"$f":"-N409/(1.202*2465560*MAX(0,(Inputs!$R$49-Q409)))","v":0},{"$f":"params!$C$16*R409*(G409-Inputs!$R$26)","v":0},-85636.57221605863,{"$f":"E409*params!$C$8","v":0}]
["2001-01-18",1,18,"01:00:00",0,10,-3,-4,92,{"$f":"Inputs!$R$38*Inputs!$R$33*(G410-Inputs!$R$26)","v":-74042.034737088281},{"$f":"Inputs!$R$34*E410*Inputs!$R$39","v":0},{"$f":"params!$C$16*Inputs!$R$30*(G410-Inputs!$R$26)","v":-11594.537478970353},{"$f":"Inputs!$R$41*Inputs!$R$42/8760","v":0},0,488.73621912146871,3.0146312662847319E-3,2.7734607649819529E-3,{"$f":"-N410/(1.202*2465560*MAX(0,(Inputs!$R$49-Q410)))","v":0},{"$f":"params!$C$16*R410*(G410-Inputs!$R$26)","v":0},-85636.57221605863,{"$f":"E410*params!$C$8","v":0}]
["2001-01-18",1,18,"02:00:00",0,10,-3,-4,92,{"$f":"Inputs!$R$38*Inputs!$R$33*(G411-Inputs!$R$26)","v":-74042.034737088281},{"$f":"Inputs!$R$34*E411*Inputs!$R$39","v":0},{"$f":"params!$C$16*Inputs!$R$30*(G411-Inputs!$R$26)","v":-11594.537478970353},{"$f":"Inputs!$R$41*Inputs!$R$42/8760","v":0},0,488.73621912146871,3.0146312662847319E-3,2.7734607649819529E-3,{"$f":"-N411/(1.202*2465560*MAX(0,(Inputs!$R$49-Q411)))","v":0},{"$f":"params!$C$16*R411*(G411-Inputs!$R$26)","v":0},-85636.57221605863,{"$f":"E411*params!$C$8","v":0}]
["2001-01-18",1,18,"03:00:00",0,10,-3,-4,92,{"$f":"Inputs!$R$38*Inputs!$R$33*(G412-Inputs!$R$26)","v":-74042.034737088281},{"$f":"Inputs!$R$34*E412*Inputs!$R$39","v":0},{"$f":"params!$C$16*Inputs!$R$30*(G412-Inputs!$R$26)","v":-11594.537478970353},{"$f":"Inputs!$R$41*Inputs!$R$42/8760","v":0},0,488.73621912146871,3.0146312662847319E-3,2.7734607649819529E-3,{"$f":"-N412/(1.202*2465560*MAX(0,(Inputs!$R$49-Q412)))","v":0},{"$f":"params!$C$16*R412*(G412-Inputs!$R$26)","v":0},-85636.57221605863,{"$f":"E412*params!$C$8","v":0}]
["2001-01-18",1,18,"04:00:00",0,10,-3,-4,92,{"$f":"Inputs!$R$38*Inputs!$R$33*(G413-Inputs!$R$26)","v":-74042.034737088281},{"$f":"Inputs!$R$34*E413*Inputs!$R$39","v":0},{"$f":"params!$C$16*Inputs!$R$30*(G413-Inputs!$R$26)","v":-11594.537478970353},{"$f":"Inputs!$R$41*Inputs!$R$42/8760","v":0},0,488.73621912146871,3.0146312662847319E-3,2.7734607649819529E-3,{"$f":"-N413/(1.202*2465560*MAX(0,(Inputs!$R$49-Q413)))","v":0},{"$f":"params!$C$16*R413*(G413-Inputs!$R$26)","v":0},-85636.57221605863,{"$f":"E413*params!$C$8","v":0}]
["2001-01-18",1,18,"05:00:00",0,10,-3,-4,92,{"$f":"Inputs!$R$38*Inputs!$R$33*(G414-Inputs!$R$26)","v":-74042.034737088281},{"$f":"Inputs!$R$34*E414*Inputs!$R$39","v":0},{"$f":"params!$C$16*Inputs!$R$30*(G414-Inputs!$R$26)","v":-11594.537478970353},{"$f":"Inputs!$R$41*Inputs!$R$42/8760","v":0},0,488.73621912146871,3.0146312662847319E-3,2.7734607649819529E-3,{"$f":"-N414/(1.202*2465560*MAX(0,(Inputs!$R$49-Q414)))","v":0},{"$f":"params!$C$16*R414*(G414-Inputs!$R$26)","v":0},-85636.57221605863,{"$f":"E414*params!$C$8","v":0}]
["2001-01-18",1,18,"06:00:00",0,10,-3,-4,92,{"$f":"Inputs!$R$38*Inputs!$R$33*(G415-Inputs!$R$26)","v":-74042.034737088281},{"$f":"Inputs!$R$34*E415*Inputs!$R$39","v":0},{"$f":"params!$C$16*Inputs!$R$30*(G415-Inputs!$R$26)","v":-11594.537478970353},{"$f":"Inputs!$R$41*Inputs!$R$42/8760","v":0},0,488.73621912146871,3.0146312662847319E-3,2.7734607649819529E-3,{"$f":"-N415/(1.202*2465560*MAX(0,(Inputs!$R$49-Q415)))","v":0},{"$f":"params!$C$16*R415*(G415-Inputs!$R$26)","v":0},-85636.57221605863,{"$f":"E415*params!$C$8","v":0}]
["2001-01-18",1,18,"07:00:00",0,10,-2,-4,85,{"$f":"Inputs!$R$38*Inputs!$R$33*(G416-Inputs!$R$26)","v":-68346.493603466108},{"$f":"Inputs!$R$34*E416*Inputs!$R$39","v":0},{"$f":"params!$C$16*Inputs!$R$30*(G416-Inputs!$R$26)","v":-10702.649980588018},{"$f":"Inputs!$R$41*Inputs!$R$42/8760","v":0},0,526.36516305985776,3.2479468065175691E-3,2.7607547855399341E-3,{"$f":"-N416/(1.202*2465560*MAX(0,(Inputs!$R$49-Q416)))","v":0},{"$f":"params!$C$16*R416*(G416-Inputs!$R$26)","v":0},-79049.143584054123,{"$f":"E416*params!$C$8","v":0}]
["2001-01-18",1,18,"08:00:00",0,10,-2.4,-3.7,90,{"$f":"Inputs!$R$38*Inputs!$R$33*(G417-Inputs!$R$26)","v":-70624.710056914977},{"$f":"Inputs!$R$34*E417*Inputs!$R$39","v":0},{"$f":"params!$C$16*Inputs!$R$30*(G417-Inputs!$R$26)","v":-11059.404979940951},{"$f":"Inputs!$R$41*Inputs!$R$42/8760","v":0},0,511.01574765541881,3.1527528356694772E-3,2.8374775521025296E-3,{"$f":"-N417/(1.202*2465560*MAX(0,(Inputs!$R$49-Q417)))","v":0},{"$f":"params!$C$16*R417*(G417-Inputs!$R$26)","v":0},-81684.115036855932,{"$f":"E417*params!$C$8","v":0}]
["2001-01-18",1,18,"09:00:00",50,10,-2,-3,92,{"$f":"Inputs!$R$38*Inputs!$R$33*(G418-Inputs!$R$26)","v":-68346.493603466108},{"$f":"Inputs!$R$34*E418*Inputs!$R$39","v":29264.485920530664},{"$f":"params!$C$16*Inputs!$R$30*(G418-Inputs!$R$26)","v":-10702.649980588018},{"$f":"Inputs!$R$41*Inputs!$R$42/8760","v":0},0,526.36516305985776,3.2479468065175691E-3,2.9881110619961637E-3,{"$f":"-N418/(1.202*2465560*MAX(0,(Inputs!$R$49-Q418)))","v":0},{"$f":"params!$C$16*R418*(G418-Inputs!$R$26)","v":0},-49784.65766352346,{"$f":"E418*params!$C$8","v":103.57499999999999}]
["2001-01-18",1,18,"10:00:00",107,10,-1,-3,85,{"$f":"Inputs!$R$38*Inputs!$R$33*(G419-Inputs!$R$26)","v":-62650.952469843927},{"$f":"Inputs!$R$34*E419*Inputs!$R$39","v":62625.999869935615},{"$f":"params!$C$16*Inputs!$R$30*(G419-Inputs!$R$26)","v":-9810.7624822056823},{"$f":"Inputs!$R$41*Inputs!$R$42/8760","v":0},0,566.54310372490409,3.4972595900071069E-3,2.9726706515060407E-3,{"$f":"-N419/(1.202*2465560*MAX(0,(Inputs!$R$49-Q419)))","v":0},{"$f":"params!$C$16*R419*(G419-Inputs!$R$26)","v":0},-9835.7150821139949,{"$f":"E419*params!$C$8","v":221.65049999999999}]
["2001-01-18",1,18,"11:00:00",85,10,0.2,-3.4,74,{"$f":"Inputs!$R$38*Inputs!$R$33*(G420-Inputs!$R$26)","v":-55816.303109497319},{"$f":"Inputs!$R$34*E420*Inputs!$R$39","v":49749.626064902121},{"$f":"params!$C$16*Inputs!$R$30*(G420-Inputs!$R$26)","v":-8740.4974841468811},{"$f":"Inputs!$R$41*Inputs!$R$42/8760","v":0},0,618.32975130536795,3.8189003545363257E-3,2.825986262356881E-3,{"$f":"-N420/(1.202*2465560*MAX(0,(Inputs!$R$49-Q420)))","v":0},{"$f":"params!$C$16*R420*(G420-Inputs!$R$26)","v":0},-14807.17452874208,{"$f":"E420*params!$C$8","v":176.07749999999999}]
["2001-01-18",1,18,"12:00:00",186,10,1,-4,67,{"$f":"Inputs!$R$38*Inputs!$R$33*(G421-Inputs!$R$26)","v":-51259.870202599574},{"$f":"Inputs!$R$34*E421*Inputs!$R$39","v":108863.88762437405},{"$f":"params!$C$16*Inputs!$R$30*(G421-Inputs!$R$26)","v":-8026.9874854410136},{"$f":"Inputs!$R$41*Inputs!$R$42/8760","v":0},0,655.14373774848059,4.0477489204243187E-3,2.7119917766842932E-3,{"$f":"-N421/(1.202*2465560*MAX(0,(Inputs!$R$49-Q421)))","v":0},{"$f":"params!$C$16*R421*(G421-Inputs!$R$26)","v":0},49577.029936333463,{"$f":"E421*params!$C$8","v":385.29899999999998}]
["2001-01-18",1,18,"13:00:00",156,10,2,-3,67,{"$f":"Inputs!$R$38*Inputs!$R$33*(G422-Inputs!$R$26)","v":-45564.3290689774},{"$f":"Inputs!$R$34*E422*Inputs!$R$39","v":91305.196072055667},{"$f":"params!$C$16*Inputs!$R$30*(G422-Inputs!$R$26)","v":-7135.0999870586784},{"$f":"Inputs!$R$41*Inputs!$R$42/8760","v":0},0,703.88301618186097,4.3509868656616182E-3,2.915161199993284E-3,{"$f":"-N422/(1.202*2465560*MAX(0,(Inputs!$R$49-Q422)))","v":0},{"$f":"params!$C$16*R422*(G422-Inputs!$R$26)","v":0},38605.767016019585,{"$f":"E422*params!$C$8","v":323.154}]
["2001-01-18",1,18,"14:00:00",185,10,3,-3,63,{"$f":"Inputs!$R$38*Inputs!$R$33*(G423-Inputs!$R$26)","v":-39868.787935355227},{"$f":"Inputs!$R$34*E423*Inputs!$R$39","v":108278.59790596346},{"$f":"params!$C$16*Inputs!$R$30*(G423-Inputs!$R$26)","v":-6243.2124886763431},{"$f":"Inputs!$R$41*Inputs!$R$42/8760","v":0},0,755.80495631325812,4.6743495015895585E-3,2.9448401860014215E-3,{"$f":"-N423/(1.202*2465560*MAX(0,(Inputs!$R$49-Q423)))","v":0},{"$f":"params!$C$16*R423*(G423-Inputs!$R$26)","v":0},62166.597481931887,{"$f":"E423*params!$C$8","v":383.22749999999996}]
["2001-01-18",1,18,"15:00:00",280,10,3,-3,63,{"$f":"Inputs!$R$38*Inputs!$R$33*(G424-Inputs!$R$26)","v":-39868.787935355227},{"$f":"Inputs!$R$34*E424*Inputs!$R$39","v":163881.12115497171},{"$f":"params!$C$16*Inputs!$R$30*(G424-Inputs!$R$26)","v":-6243.2124886763431},{"$f":"Inputs!$R$41*Inputs!$R$42/8760","v":0},0,755.80495631325812,4.6743495015895585E-3,2.9448401860014215E-3,{"$f":"-N424/(1.202*2465560*MAX(0,(Inputs!$R$49-Q424)))","v":0},{"$f":"params!$C$16*R424*(G424-Inputs!$R$26)","v":0},117769.12073094014,{"$f":"E424*params!$C$8","v":580.02}]
["2001-01-18",1,18,"16:00:00",133,10,2,-4,62,{"$f":"Inputs!$R$38*Inputs!$R$33*(G425-Inputs!$R$26)","v":-45564.3290689774},{"$f":"Inputs!$R$34*E425*Inputs!$R$39","v":77843.532548611562},{"$f":"params!$C$16*Inputs!$R$30*(G425-Inputs!$R$26)","v":-7135.0999870586784},{"$f":"Inputs!$R$41*Inputs!$R$42/8760","v":0},0,703.88301618186097,4.3509868656616182E-3,2.6976118567102031E-3,{"$f":"-N425/(1.202*2465560*MAX(0,(Inputs!$R$49-Q425)))","v":0},{"$f":"params!$C$16*R425*(G425-Inputs!$R$26)","v":0},25144.103492575483,{"$f":"E425*params!$C$8","v":275.5095}]
["2001-01-18",1,18,"17:00:00",48,10,2,-4,62,{"$f":"Inputs!$R$38*Inputs!$R$33*(G426-Inputs!$R$26)","v":-45564.3290689774},{"$f":"Inputs!$R$34*E426*Inputs!$R$39","v":28093.906483709437},{"$f":"params!$C$16*Inputs!$R$30*(G426-Inputs!$R$26)","v":-7135.0999870586784},{"$f":"Inputs!$R$41*Inputs!$R$42/8760","v":0},0,703.88301618186097,4.3509868656616182E-3,2.6976118567102031E-3,{"$f":"-N426/(1.202*2465560*MAX(0,(Inputs!$R$49-Q426)))","v":0},{"$f":"params!$C$16*R426*(G426-Inputs!$R$26)","v":0},-24605.522572326641,{"$f":"E426*params!$C$8","v":99.431999999999988}]
["2001-01-18",1,18,"18:00:00",0,10,1,-4,67,{"$f":"Inputs!$R$38*Inputs!$R$33*(G427-Inputs!$R$26)","v":-51259.870202599574},{"$f":"Inputs!$R$34*E427*Inputs!$R$39","v":0},{"$f":"params!$C$16*Inputs!$R$30*(G427-Inputs!$R$26)","v":-8026.9874854410136},{"$f":"Inputs!$R$41*Inputs!$R$42/8760","v":0},0,655.14373774848059,4.0477489204243187E-3,2.7119917766842932E-3,{"$f":"-N427/(1.202*2465560*MAX(0,(Inputs!$R$49-Q427)))","v":0},{"$f":"params!$C$16*R427*(G427-Inputs!$R$26)","v":0},-59286.857688040589,{"$f":"E427*params!$C$8","v":0}]
["2001-01-18",1,18,"19:00:00",0,10,1,-3,72,{"$f":"Inputs!$R$38*Inputs!$R$33*(G428-Inputs!$R$26)","v":-51259.870202599574},{"$f":"Inputs!$R$34*E428*Inputs!$R$39","v":0},{"$f":"params!$C$16*Inputs!$R$30*(G428-Inputs!$R$26)","v":-8026.9874854410136},{"$f":"Inputs!$R$41*Inputs!$R$42/8760","v":0},0,655.14373774848059,4.0477489204243187E-3,2.9143792227055093E-3,{"$f":"-N428/(1.202*2465560*MAX(0,(Inputs!$R$49-Q428)))","v":0},{"$f":"params!$C$16*R428*(G428-Inputs!$R$26)","v":0},-59286.857688040589,{"$f":"E428*params!$C$8","v":0}]
["2001-01-18",1,18,"20:00:00",0,10,1,-3,72,{"$f":"Inputs!$R$38*Inputs!$R$33*(G429-Inputs!$R$26)","v":-51259.870202599574},{"$f":"Inputs!$R$34*E429*Inputs!$R$39","v":0},{"$f":"params!$C$16*Inputs!$R$30*(G429-Inputs!$R$26)","v":-8026.9874854410136},{"$f":"Inputs!$R$41*Inputs!$R$42/8760","v":0},0,655.14373774848059,4.0477489204243187E-3,2.9143792227055093E-3,{"$f":"-N429/(1.202*2465560*MAX(0,(Inputs!$R$49-Q429)))","v":0},{"$f":"params!$C$16*R429*(G429-Inputs!$R$26)","v":0},-59286.857688040589,{"$f":"E429*params!$C$8","v":0}]
["2001-01-18",1,18,"21:00:00",0,10,1,-3,72,{"$f":"Inputs!$R$38*Inputs!$R$33*(G430-Inputs!$R$26)","v":-51259.870202599574},{"$f":"Inputs!$R$34*E430*Inputs!$R$39","v":0},{"$f":"params!$C$16*Inputs!$R$30*(G430-Inputs!$R$26)","v":-8026.9874854410136},{"$f":"Inputs!$R$41*Inputs!$R$42/8760","v":0},0,655.14373774848059,4.0477489204243187E-3,2.9143792227055093E-3,{"$f":"-N430/(1.202*2465560*MAX(0,(Inputs!$R$49-Q430)))","v":0},{"$f":"params!$C$16*R430*(G430-Inputs!$R$26)","v":0},-59286.857688040589,{"$f":"E430*params!$C$8","v":0}]
["2001-01-18",1,18,"22:00:00",0,10,0,-3,78,{"$f":"Inputs!$R$38*Inputs!$R$33*(G431-Inputs!$R$26)","v":-56955.411336221747},{"$f":"Inputs!$R$34*E431*Inputs!$R$39","v":0},{"$f":"params!$C$16*Inputs!$R$30*(G431-Inputs!$R$26)","v":-8918.8749838233489},{"$f":"Inputs!$R$41*Inputs!$R$42/8760","v":0},0,609.41773586642103,3.7635253138895938E-3,2.9355497448338829E-3,{"$f":"-N431/(1.202*2465560*MAX(0,(Inputs!$R$49-Q431)))","v":0},{"$f":"params!$C$16*R431*(G431-Inputs!$R$26)","v":0},-65874.286320045096,{"$f":"E431*params!$C$8","v":0}]
["2001-01-18",1,18,"23:00:00",0,10,0,-3,78,{"$f":"Inputs!$R$38*Inputs!$R$33*(G432-Inputs!$R$26)","v":-56955.411336221747},{"$f":"Inputs!$R$34*E432*Inputs!$R$39","v":0},{"$f":"params!$C$16*Inputs!$R$30*(G432-Inputs!$R$26)","v":-8918.8749838233489},{"$f":"Inputs!$R$41*Inputs!$R$42/8760","v":0},0,609.41773586642103,3.7635253138895938E-3,2.9355497448338829E-3,{"$f":"-N432/(1.202*2465560*MAX(0,(Inputs!$R$49-Q432)))","v":0},{"$f":"params!$C$16*R432*(G432-Inputs!$R$26)","v":0},-65874.286320045096,{"$f":"E432*params!$C$8","v":0}]
["2001-01-18",1,18,1,0,10,0,-3,78,{"$f":"Inputs!$R$38*Inputs!$R$33*(G433-Inputs!$R$26)","v":-56955.411336221747},{"$f":"Inputs!$R$34*E433*Inputs!$R$39","v":0},{"$f":"params!$C$16*Inputs!$R$30*(G433-Inputs!$R$26)","v":-8918.8749838233489},{"$f":"Inputs!$R$41*Inputs!$R$42/8760","v":0},0,609.41773586642103,3.7635253138895938E-3,2.9355497448338829E-3,{"$f":"-N433/(1.202*2465560*MAX(0,(Inputs!$R$49-Q433)))","v":0},{"$f":"params!$C$16*R433*(G433-Inputs!$R$26)","v":0},-65874.286320045096,{"$f":"E433*params!$C$8","v":0}]
["2001-01-19",1,19,"01:00:00",0,10,0,-2,85,{"$f":"Inputs!$R$38*Inputs!$R$33*(G434-Inputs!$R$26)","v":-56955.411336221747},{"$f":"Inputs!$R$34*E434*Inputs!$R$39","v":0},{"$f":"params!$C$16*Inputs!$R$30*(G434-Inputs!$R$26)","v":-8918.8749838233489},{"$f":"Inputs!$R$41*Inputs!$R$42/8760","v":0},0,609.41773586642103,3.7635253138895938E-3,3.1989965168061547E-3,{"$f":"-N434/(1.202*2465560*MAX(0,(Inputs!$R$49-Q434)))","v":0},{"$f":"params!$C$16*R434*(G434-Inputs!$R$26)","v":0},-65874.286320045096,{"$f":"E434*params!$C$8","v":0}]
["2001-01-19",1,19,"02:00:00",0,10,0,-2,85,{"$f":"Inputs!$R$38*Inputs!$R$33*(G435-Inputs!$R$26)","v":-56955.411336221747},{"$f":"Inputs!$R$34*E435*Inputs!$R$39","v":0},{"$f":"params!$C$16*Inputs!$R$30*(G435-Inputs!$R$26)","v":-8918.8749838233489},{"$f":"Inputs!$R$41*Inputs!$R$42/8760","v":0},0,609.41773586642103,3.7635253138895938E-3,3.1989965168061547E-3,{"$f":"-N435/(1.202*2465560*MAX(0,(Inputs!$R$49-Q435)))","v":0},{"$f":"params!$C$16*R435*(G435-Inputs!$R$26)","v":0},-65874.286320045096,{"$f":"E435*params!$C$8","v":0}]
["2001-01-19",1,19,"03:00:00",0,10,0,-2,85,{"$f":"Inputs!$R$38*Inputs!$R$33*(G436-Inputs!$R$26)","v":-56955.411336221747},{"$f":"Inputs!$R$34*E436*Inputs!$R$39","v":0},{"$f":"params!$C$16*Inputs!$R$30*(G436-Inputs!$R$26)","v":-8918.8749838233489},{"$f":"Inputs!$R$41*Inputs!$R$42/8760","v":0},0,609.41773586642103,3.7635253138895938E-3,3.1989965168061547E-3,{"$f":"-N436/(1.202*2465560*MAX(0,(Inputs!$R$49-Q436)))","v":0},{"$f":"params!$C$16*R436*(G436-Inputs!$R$26)","v":0},-65874.286320045096,{"$f":"E436*params!$C$8","v":0}]
["2001-01-19",1,19,"04:00:00",0,10,0,-2,85,{"$f":"Inputs!$R$38*Inputs!$R$33*(G437-Inputs!$R$26)","v":-56955.411336221747},{"$f":"Inputs!$R$34*E437*Inputs!$R$39","v":0},{"$f":"params!$C$16*Inputs!$R$30*(G437-Inputs!$R$26)","v":-8918.8749838233489},{"$f":"Inputs!$R$41*Inputs!$R$42/8760","v":0},0,609.41773586642103,3.7635253138895938E-3,3.1989965168061547E-3,{"$f":"-N437/(1.202*2465560*MAX(0,(Inputs!$R$49-Q437)))","v":0},{"$f":"params!$C$16*R437*(G437-Inputs!$R$26)","v":0},-65874.286320045096,{"$f":"E437*params!$C$8","v":0}]
["2001-01-19",1,19,"05:00:00",0,10,0,-2,85,{"$f":"Inputs!$R$38*Inputs!$R$33*(G438-Inputs!$R$26)","v":-56955.411336221747},{"$f":"Inputs!$R$34*E438*Inputs!$R$39","v":0},{"$f":"params!$C$16*Inputs!$R$30*(G438-Inputs!$R$26)","v":-8918.8749838233489},{"$f":"Inputs!$R$41*Inputs!$R$42/8760","v":0},0,609.41773586642103,3.7635253138895938E-3,3.1989965168061547E-3,{"$f":"-N438/(1.202*2465560*MAX(0,(Inputs!$R$49-Q438)))","v":0},{"$f":"params!$C$16*R438*(G438-Inputs!$R$26)","v":0},-65874.286320045096,{"$f":"E438*params!$C$8","v":0}]
["2001-01-19",1,19,"06:00:00",0,10,0,-2,85,{"$f":"Inputs!$R$38*Inputs!$R$33*(G439-Inputs!$R$26)","v":-56955.411336221747},{"$f":"Inputs!$R$34*E439*Inputs!$R$39","v":0},{"$f":"params!$C$16*Inputs!$R$30*(G439-Inputs!$R$26)","v":-8918.8749838233489},{"$f":"Inputs!$R$41*Inputs!$R$42/8760","v":0},0,609.41773586642103,3.7635253138895938E-3,3.1989965168061547E-3,{"$f":"-N439/(1.202*2465560*MAX(0,(Inputs!$R$49-Q439)))","v":0},{"$f":"params!$C$16*R439*(G439-Inputs!$R$26)","v":0},-65874.286320045096,{"$f":"E439*params!$C$8","v":0}]
["2001-01-19",1,19,"07:00:00",0,10,0,-1,92,{"$f":"Inputs!$R$38*Inputs!$R$33*(G440-Inputs!$R$26)","v":-56955.411336221747},{"$f":"Inputs!$R$34*E440*Inputs!$R$39","v":0},{"$f":"params!$C$16*Inputs!$R$30*(G440-Inputs!$R$26)","v":-8918.8749838233489},{"$f":"Inputs!$R$41*Inputs!$R$42/8760","v":0},0,609.41773586642103,3.7635253138895938E-3,3.462443288778426E-3,{"$f":"-N440/(1.202*2465560*MAX(0,(Inputs!$R$49-Q440)))","v":0},{"$f":"params!$C$16*R440*(G440-Inputs!$R$26)","v":0},-65874.286320045096,{"$f":"E440*params!$C$8","v":0}]
["2001-01-19",1,19,"08:00:00",0,10,-1,-1,100,{"$f":"Inputs!$R$38*Inputs!$R$33*(G441-Inputs!$R$26)","v":-62650.952469843927},{"$f":"Inputs!$R$34*E441*Inputs!$R$39","v":0},{"$f":"params!$C$16*Inputs!$R$30*(G441-Inputs!$R$26)","v":-9810.7624822056823},{"$f":"Inputs!$R$41*Inputs!$R$42/8760","v":0},0,566.54310372490409,3.4972595900071069E-3,3.4972595900071069E-3,{"$f":"-N441/(1.202*2465560*MAX(0,(Inputs!$R$49-Q441)))","v":0},{"$f":"params!$C$16*R441*(G441-Inputs!$R$26)","v":0},-72461.714952049602,{"$f":"E441*params!$C$8","v":0}]
["2001-01-19",1,19,"09:00:00",59,10,0,-1,92,{"$f":"Inputs!$R$38*Inputs!$R$33*(G442-Inputs!$R$26)","v":-56955.411336221747},{"$f":"Inputs!$R$34*E442*Inputs!$R$39","v":34532.093386226181},{"$f":"params!$C$16*Inputs!$R$30*(G442-Inputs!$R$26)","v":-8918.8749838233489},{"$f":"Inputs!$R$41*Inputs!$R$42/8760","v":0},0,609.41773586642103,3.7635253138895938E-3,3.462443288778426E-3,{"$f":"-N442/(1.202*2465560*MAX(0,(Inputs!$R$49-Q442)))","v":0},{"$f":"params!$C$16*R442*(G442-Inputs!$R$26)","v":0},-31342.192933818915,{"$f":"E442*params!$C$8","v":122.21849999999999}]
["2001-01-19",1,19,"10:00:00",57,10,0.4,-0.6,92,{"$f":"Inputs!$R$38*Inputs!$R$33*(G443-Inputs!$R$26)","v":-54677.194882772877},{"$f":"Inputs!$R$34*E443*Inputs!$R$39","v":33361.513949404951},{"$f":"params!$C$16*Inputs!$R$30*(G443-Inputs!$R$26)","v":-8562.1199844704133},{"$f":"Inputs!$R$41*Inputs!$R$42/8760","v":0},0,627.35707005209429,3.875001828021472E-3,3.5650016817797541E-3,{"$f":"-N443/(1.202*2465560*MAX(0,(Inputs!$R$49-Q443)))","v":0},{"$f":"params!$C$16*R443*(G443-Inputs!$R$26)","v":0},-29877.80091783834,{"$f":"E443*params!$C$8","v":118.07549999999999}]
["2001-01-19",1,19,"11:00:00",85,10,1,-0.2,91,{"$f":"Inputs!$R$38*Inputs!$R$33*(G444-Inputs!$R$26)","v":-51259.870202599574},{"$f":"Inputs!$R$34*E444*Inputs!$R$39","v":49749.626064902121},{"$f":"params!$C$16*Inputs!$R$30*(G444-Inputs!$R$26)","v":-8026.9874854410136},{"$f":"Inputs!$R$41*Inputs!$R$42/8760","v":0},0,655.14373774848059,4.0477489204243187E-3,3.6834515175861297E-3,{"$f":"-N444/(1.202*2465560*MAX(0,(Inputs!$R$49-Q444)))","v":0},{"$f":"params!$C$16*R444*(G444-Inputs!$R$26)","v":0},-9537.2316231384666,{"$f":"E444*params!$C$8","v":176.07749999999999}]
["2001-01-19",1,19,"12:00:00",99,10,1.3,0,91,{"$f":"Inputs!$R$38*Inputs!$R$33*(G445-Inputs!$R$26)","v":-49551.207862512922},{"$f":"Inputs!$R$34*E445*Inputs!$R$39","v":57943.682122650709},{"$f":"params!$C$16*Inputs!$R$30*(G445-Inputs!$R$26)","v":-7759.421235926312},{"$f":"Inputs!$R$41*Inputs!$R$42/8760","v":0},0,669.44156707380455,4.1366743413979211E-3,3.7643736506721083E-3,{"$f":"-N445/(1.202*2465560*MAX(0,(Inputs!$R$49-Q445)))","v":0},{"$f":"params!$C$16*R445*(G445-Inputs!$R$26)","v":0},633.05302421147553,{"$f":"E445*params!$C$8","v":205.07849999999999}]
["2001-01-19",1,19,"13:00:00",78,10,1.3,0,91,{"$f":"Inputs!$R$38*Inputs!$R$33*(G446-Inputs!$R$26)","v":-49551.207862512922},{"$f":"Inputs!$R$34*E446*Inputs!$R$39","v":45652.598036027834},{"$f":"params!$C$16*Inputs!$R$30*(G446-Inputs!$R$26)","v":-7759.421235926312},{"$f":"Inputs!$R$41*Inputs!$R$42/8760","v":0},0,669.44156707380455,4.1366743413979211E-3,3.7643736506721083E-3,{"$f":"-N446/(1.202*2465560*MAX(0,(Inputs!$R$49-Q446)))","v":0},{"$f":"params!$C$16*R446*(G446-Inputs!$R$26)","v":0},-11658.031062411399,{"$f":"E446*params!$C$8","v":161.577}]
["2001-01-19",1,19,"14:00:00",75,10,1,0,93,{"$f":"Inputs!$R$38*Inputs!$R$33*(G447-Inputs!$R$26)","v":-51259.870202599574},{"$f":"Inputs!$R$34*E447*Inputs!$R$39","v":43896.728880795992},{"$f":"params!$C$16*Inputs!$R$30*(G447-Inputs!$R$26)","v":-8026.9874854410136},{"$f":"Inputs!$R$41*Inputs!$R$42/8760","v":0},0,655.14373774848059,4.0477489204243187E-3,3.7644064959946166E-3,{"$f":"-N447/(1.202*2465560*MAX(0,(Inputs!$R$49-Q447)))","v":0},{"$f":"params!$C$16*R447*(G447-Inputs!$R$26)","v":0},-15390.128807244595,{"$f":"E447*params!$C$8","v":155.36249999999998}]
["2001-01-19",1,19,"15:00:00",77,10,0,-1,92,{"$f":"Inputs!$R$38*Inputs!$R$33*(G448-Inputs!$R$26)","v":-56955.411336221747},{"$f":"Inputs!$R$34*E448*Inputs!$R$39","v":45067.308317617222},{"$f":"params!$C$16*Inputs!$R$30*(G448-Inputs!$R$26)","v":-8918.8749838233489},{"$f":"Inputs!$R$41*Inputs!$R$42/8760","v":0},0,609.41773586642103,3.7635253138895938E-3,3.462443288778426E-3,{"$f":"-N448/(1.202*2465560*MAX(0,(Inputs!$R$49-Q448)))","v":0},{"$f":"params!$C$16*R448*(G448-Inputs!$R$26)","v":0},-20806.978002427873,{"$f":"E448*params!$C$8","v":159.50549999999998}]
["2001-01-19",1,19,"16:00:00",74,10,0,-2,85,{"$f":"Inputs!$R$38*Inputs!$R$33*(G449-Inputs!$R$26)","v":-56955.411336221747},{"$f":"Inputs!$R$34*E449*Inputs!$R$39","v":43311.439162385381},{"$f":"params!$C$16*Inputs!$R$30*(G449-Inputs!$R$26)","v":-8918.8749838233489},{"$f":"Inputs!$R$41*Inputs!$R$42/8760","v":0},0,609.41773586642103,3.7635253138895938E-3,3.1989965168061547E-3,{"$f":"-N449/(1.202*2465560*MAX(0,(Inputs!$R$49-Q449)))","v":0},{"$f":"params!$C$16*R449*(G449-Inputs!$R$26)","v":0},-22562.847157659715,{"$f":"E449*params!$C$8","v":153.291}]
["2001-01-19",1,19,"17:00:00",16,10,-1,-2,92,{"$f":"Inputs!$R$38*Inputs!$R$33*(G450-Inputs!$R$26)","v":-62650.952469843927},{"$f":"Inputs!$R$34*E450*Inputs!$R$39","v":9364.6354945698113},{"$f":"params!$C$16*Inputs!$R$30*(G450-Inputs!$R$26)","v":-9810.7624822056823},{"$f":"Inputs!$R$41*Inputs!$R$42/8760","v":0},0,566.54310372490409,3.4972595900071069E-3,3.2174788228065384E-3,{"$f":"-N450/(1.202*2465560*MAX(0,(Inputs!$R$49-Q450)))","v":0},{"$f":"params!$C$16*R450*(G450-Inputs!$R$26)","v":0},-63097.079457479798,{"$f":"E450*params!$C$8","v":33.143999999999998}]
["2001-01-19",{"$f":"MONTH(A451)","v":1},{"$f":"DAY(A451)","v":19},"18:00:00",0,10,-1,-3,85,{"$f":"Inputs!$R$38*Inputs!$R$33*(G451-Inputs!$R$26)","v":-62650.952469843927},{"$f":"Inputs!$R$34*E451*Inputs!$R$39","v":0},{"$f":"params!$C$16*Inputs!$R$30*(G451-Inputs!$R$26)","v":-9810.7624822056823},{"$f":"Inputs!$R$41*Inputs!$R$42/8760","v":0},0,{"$f":"EXP(77.345+0.0057*(G451+273.15)-7235/(G451+273.15))/(G451+273.15)^8.2","v":566.54310372490409},{"$f":"0.62198*O451/(101325-O451)","v":3.4972595900071069E-3},{"$f":"P451*I451/100","v":2.9726706515060407E-3},{"$f":"-N451/(1.202*2465560*MAX(0,(Inputs!$R$49-Q451)))","v":0},{"$f":"params!$C$16*R451*(G451-Inputs!$R$26)","v":0},{"$f":"J451+K451+L451+M451+N451+S451","v":-72461.714952049602},{"$f":"E451*params!$C$8","v":0}]
["2001-01-19",1,19,"19:00:00",0,10,-1,-3,85,{"$f":"Inputs!$R$38*Inputs!$R$33*(G452-Inputs!$R$26)","v":-62650.952469843927},{"$f":"Inputs!$R$34*E452*Inputs!$R$39","v":0},{"$f":"params!$C$16*Inputs!$R$30*(G452-Inputs!$R$26)","v":-9810.7624822056823},{"$f":"Inputs!$R$41*Inputs!$R$42/8760","v":0},0,566.54310372490409,3.4972595900071069E-3,2.9726706515060407E-3,{"$f":"-N452/(1.202*2465560*MAX(0,(Inputs!$R$49-Q452)))","v":0},{"$f":"params!$C$16*R452*(G452-Inputs!$R$26)","v":0},-72461.714952049602,{"$f":"E452*params!$C$8","v":0}]
["2001-01-19",1,19,"20:00:00",0,10,-1,-3,85,{"$f":"Inputs!$R$38*Inputs!$R$33*(G453-Inputs!$R$26)","v":-62650.952469843927},{"$f":"Inputs!$R$34*E453*Inputs!$R$39","v":0},{"$f":"params!$C$16*Inputs!$R$30*(G453-Inputs!$R$26)","v":-9810.7624822056823},{"$f":"Inputs!$R$41*Inputs!$R$42/8760","v":0},0,566.54310372490409,3.4972595900071069E-3,2.9726706515060407E-3,{"$f":"-N453/(1.202*2465560*MAX(0,(Inputs!$R$49-Q453)))","v":0},{"$f":"params!$C$16*R453*(G453-Inputs!$R$26)","v":0},-72461.714952049602,{"$f":"E453*params!$C$8","v":0}]
["2001-01-19",1,19,"21:00:00",0,10,-1,-3,85,{"$f":"Inputs!$R$38*Inputs!$R$33*(G454-Inputs!$R$26)","v":-62650.952469843927},{"$f":"Inputs!$R$34*E454*Inputs!$R$39","v":0},{"$f":"params!$C$16*Inputs!$R$30*(G454-Inputs!$R$26)","v":-9810.7624822056823},{"$f":"Inputs!$R$41*Inputs!$R$42/8760","v":0},0,566.54310372490409,3.4972595900071069E-3,2.9726706515060407E-3,{"$f":"-N454/(1.202*2465560*MAX(0,(Inputs!$R$49-Q454)))","v":0},{"$f":"params!$C$16*R454*(G454-Inputs!$R$26)","v":0},-72461.714952049602,{"$f":"E454*params!$C$8","v":0}]
["2001-01-19",1,19,"22:00:00",0,10,-1,-3,85,{"$f":"Inputs!$R$38*Inputs!$R$33*(G455-Inputs!$R$26)","v":-62650.952469843927},{"$f":"Inputs!$R$34*E455*Inputs!$R$39","v":0},{"$f":"params!$C$16*Inputs!$R$30*(G455-Inputs!$R$26)","v":-9810.7624822056823},{"$f":"Inputs!$R$41*Inputs!$R$42/8760","v":0},0,566.54310372490409,3.4972595900071069E-3,2.9726706515060407E-3,{"$f":"-N455/(1.202*2465560*MAX(0,(Inputs!$R$49-Q455)))","v":0},{"$f":"params!$C$16*R455*(G455-Inputs!$R$26)","v":0},-72461.714952049602,{"$f":"E455*params!$C$8","v":0}]
["2001-01-19",1,19,"23:00:00",0,10,-1,-4,78,{"$f":"Inputs!$R$38*Inputs!$R$33*(G456-Inputs!$R$26)","v":-62650.952469843927},{"$f":"Inputs!$R$34*E456*Inputs!$R$39","v":0},{"$f":"params!$C$16*Inputs!$R$30*(G456-Inputs!$R$26)","v":-9810.7624822056823},{"$f":"Inputs!$R$41*Inputs!$R$42/8760","v":0},0,566.54310372490409,3.4972595900071069E-3,2.7278624802055435E-3,{"$f":"-N456/(1.202*2465560*MAX(0,(Inputs!$R$49-Q456)))","v":0},{"$f":"params!$C$16*R456*(G456-Inputs!$R$26)","v":0},-72461.714952049602,{"$f":"E456*params!$C$8","v":0}]
["2001-01-19",1,19,1,0,10,-1,-4,78,{"$f":"Inputs!$R$38*Inputs!$R$33*(G457-Inputs!$R$26)","v":-62650.952469843927},{"$f":"Inputs!$R$34*E457*Inputs!$R$39","v":0},{"$f":"params!$C$16*Inputs!$R$30*(G457-Inputs!$R$26)","v":-9810.7624822056823},{"$f":"Inputs!$R$41*Inputs!$R$42/8760","v":0},0,566.54310372490409,3.4972595900071069E-3,2.7278624802055435E-3,{"$f":"-N457/(1.202*2465560*MAX(0,(Inputs!$R$49-Q457)))","v":0},{"$f":"params!$C$16*R457*(G457-Inputs!$R$26)","v":0},-72461.714952049602,{"$f":"E457*params!$C$8","v":0}]
["2001-01-20",1,20,"01:00:00",0,10,-2,-6,71,{"$f":"Inputs!$R$38*Inputs!$R$33*(G458-Inputs!$R$26)","v":-68346.493603466108},{"$f":"Inputs!$R$34*E458*Inputs!$R$39","v":0},{"$f":"params!$C$16*Inputs!$R$30*(G458-Inputs!$R$26)","v":-10702.649980588018},{"$f":"Inputs!$R$41*Inputs!$R$42/8760","v":0},0,526.36516305985776,3.2479468065175691E-3,2.306042232627474E-3,{"$f":"-N458/(1.202*2465560*MAX(0,(Inputs!$R$49-Q458)))","v":0},{"$f":"params!$C$16*R458*(G458-Inputs!$R$26)","v":0},-79049.143584054123,{"$f":"E458*params!$C$8","v":0}]
["2001-01-20",1,20,"02:00:00",0,10,-3,-6,77,{"$f":"Inputs!$R$38*Inputs!$R$33*(G459-Inputs!$R$26)","v":-74042.034737088281},{"$f":"Inputs!$R$34*E459*Inputs!$R$39","v":0},{"$f":"params!$C$16*Inputs!$R$30*(G459-Inputs!$R$26)","v":-11594.537478970353},{"$f":"Inputs!$R$41*Inputs!$R$42/8760","v":0},0,488.73621912146871,3.0146312662847319E-3,2.3212660750392437E-3,{"$f":"-N459/(1.202*2465560*MAX(0,(Inputs!$R$49-Q459)))","v":0},{"$f":"params!$C$16*R459*(G459-Inputs!$R$26)","v":0},-85636.57221605863,{"$f":"E459*params!$C$8","v":0}]
["2001-01-20",1,20,"03:00:00",0,10,-4,-7,77,{"$f":"Inputs!$R$38*Inputs!$R$33*(G460-Inputs!$R$26)","v":-79737.575870710454},{"$f":"Inputs!$R$34*E460*Inputs!$R$39","v":0},{"$f":"params!$C$16*Inputs!$R$30*(G460-Inputs!$R$26)","v":-12486.424977352686},{"$f":"Inputs!$R$41*Inputs!$R$42/8760","v":0},0,453.51532044328405,2.7964043545646504E-3,2.1532313530147808E-3,{"$f":"-N460/(1.202*2465560*MAX(0,(Inputs!$R$49-Q460)))","v":0},{"$f":"params!$C$16*R460*(G460-Inputs!$R$26)","v":0},-92224.000848063137,{"$f":"E460*params!$C$8","v":0}]
["2001-01-20",1,20,"04:00:00",0,10,-5,-7.4,81,{"$f":"Inputs!$R$38*Inputs!$R$33*(G461-Inputs!$R$26)","v":-85433.117004332627},{"$f":"Inputs!$R$34*E461*Inputs!$R$39","v":0},{"$f":"params!$C$16*Inputs!$R$30*(G461-Inputs!$R$26)","v":-13378.312475735022},{"$f":"Inputs!$R$41*Inputs!$R$42/8760","v":0},0,420.56802345265027,2.5924024753231664E-3,2.0998460050117647E-3,{"$f":"-N461/(1.202*2465560*MAX(0,(Inputs!$R$49-Q461)))","v":0},{"$f":"params!$C$16*R461*(G461-Inputs!$R$26)","v":0},-98811.429480067643,{"$f":"E461*params!$C$8","v":0}]
["2001-01-20",1,20,"05:00:00",0,10,-6,-8,84,{"$f":"Inputs!$R$38*Inputs!$R$33*(G462-Inputs!$R$26)","v":-91128.658137954801},{"$f":"Inputs!$R$34*E462*Inputs!$R$39","v":0},{"$f":"params!$C$16*Inputs!$R$30*(G462-Inputs!$R$26)","v":-14270.199974117357},{"$f":"Inputs!$R$41*Inputs!$R$42/8760","v":0},0,389.76616195693094,2.4018050803048703E-3,2.0175162674560907E-3,{"$f":"-N462/(1.202*2465560*MAX(0,(Inputs!$R$49-Q462)))","v":0},{"$f":"params!$C$16*R462*(G462-Inputs!$R$26)","v":0},-105398.85811207216,{"$f":"E462*params!$C$8","v":0}]
["2001-01-20",1,20,"06:00:00",0,10,-6,-8,84,{"$f":"Inputs!$R$38*Inputs!$R$33*(G463-Inputs!$R$26)","v":-91128.658137954801},{"$f":"Inputs!$R$34*E463*Inputs!$R$39","v":0},{"$f":"params!$C$16*Inputs!$R$30*(G463-Inputs!$R$26)","v":-14270.199974117357},{"$f":"Inputs!$R$41*Inputs!$R$42/8760","v":0},0,389.76616195693094,2.4018050803048703E-3,2.0175162674560907E-3,{"$f":"-N463/(1.202*2465560*MAX(0,(Inputs!$R$49-Q463)))","v":0},{"$f":"params!$C$16*R463*(G463-Inputs!$R$26)","v":0},-105398.85811207216,{"$f":"E463*params!$C$8","v":0}]
["2001-01-20",1,20,"07:00:00",0,10,-6,-8,84,{"$f":"Inputs!$R$38*Inputs!$R$33*(G464-Inputs!$R$26)","v":-91128.658137954801},{"$f":"Inputs!$R$34*E464*Inputs!$R$39","v":0},{"$f":"params!$C$16*Inputs!$R$30*(G464-Inputs!$R$26)","v":-14270.199974117357},{"$f":"Inputs!$R$41*Inputs!$R$42/8760","v":0},0,389.76616195693094,2.4018050803048703E-3,2.0175162674560907E-3,{"$f":"-N464/(1.202*2465560*MAX(0,(Inputs!$R$49-Q464)))","v":0},{"$f":"params!$C$16*R464*(G464-Inputs!$R$26)","v":0},-105398.85811207216,{"$f":"E464*params!$C$8","v":0}]
["2001-01-20",1,20,"08:00:00",0,10,-7,-9,84,{"$f":"Inputs!$R$38*Inputs!$R$33*(G465-Inputs!$R$26)","v":-96824.199271576974},{"$f":"Inputs!$R$34*E465*Inputs!$R$39","v":0},{"$f":"params!$C$16*Inputs!$R$30*(G465-Inputs!$R$26)","v":-15162.087472499692},{"$f":"Inputs!$R$41*Inputs!$R$42/8760","v":0},0,360.98762153500678,2.2238327850987206E-3,1.8680195394829252E-3,{"$f":"-N465/(1.202*2465560*MAX(0,(Inputs!$R$49-Q465)))","v":0},{"$f":"params!$C$16*R465*(G465-Inputs!$R$26)","v":0},-111986.28674407667,{"$f":"E465*params!$C$8","v":0}]
["2001-01-20",1,20,"09:00:00",39,10,-7,-8,92,{"$f":"Inputs!$R$38*Inputs!$R$33*(G466-Inputs!$R$26)","v":-96824.199271576974},{"$f":"Inputs!$R$34*E466*Inputs!$R$39","v":22826.299018013917},{"$f":"params!$C$16*Inputs!$R$30*(G466-Inputs!$R$26)","v":-15162.087472499692},{"$f":"Inputs!$R$41*Inputs!$R$42/8760","v":0},0,360.98762153500678,2.2238327850987206E-3,2.0459261622908231E-3,{"$f":"-N466/(1.202*2465560*MAX(0,(Inputs!$R$49-Q466)))","v":0},{"$f":"params!$C$16*R466*(G466-Inputs!$R$26)","v":0},-89159.987726062755,{"$f":"E466*params!$C$8","v":80.788499999999999}]
["2001-01-20",1,20,"10:00:00",263,10,-7,-8,92,{"$f":"Inputs!$R$38*Inputs!$R$33*(G467-Inputs!$R$26)","v":-96824.199271576974},{"$f":"Inputs!$R$34*E467*Inputs!$R$39","v":153931.19594199129},{"$f":"params!$C$16*Inputs!$R$30*(G467-Inputs!$R$26)","v":-15162.087472499692},{"$f":"Inputs!$R$41*Inputs!$R$42/8760","v":0},0,360.98762153500678,2.2238327850987206E-3,2.0459261622908231E-3,{"$f":"-N467/(1.202*2465560*MAX(0,(Inputs!$R$49-Q467)))","v":0},{"$f":"params!$C$16*R467*(G467-Inputs!$R$26)","v":0},41944.909197914625,{"$f":"E467*params!$C$8","v":544.80449999999996}]
["2001-01-20",1,20,"11:00:00",377,10,-7,-9,84,{"$f":"Inputs!$R$38*Inputs!$R$33*(G468-Inputs!$R$26)","v":-96824.199271576974},{"$f":"Inputs!$R$34*E468*Inputs!$R$39","v":220654.22384080119},{"$f":"params!$C$16*Inputs!$R$30*(G468-Inputs!$R$26)","v":-15162.087472499692},{"$f":"Inputs!$R$41*Inputs!$R$42/8760","v":0},0,360.98762153500678,2.2238327850987206E-3,1.8680195394829252E-3,{"$f":"-N468/(1.202*2465560*MAX(0,(Inputs!$R$49-Q468)))","v":0},{"$f":"params!$C$16*R468*(G468-Inputs!$R$26)","v":0},108667.93709672452,{"$f":"E468*params!$C$8","v":780.95549999999992}]
["2001-01-20",1,20,"12:00:00",74,10,-7,-9,84,{"$f":"Inputs!$R$38*Inputs!$R$33*(G469-Inputs!$R$26)","v":-96824.199271576974},{"$f":"Inputs!$R$34*E469*Inputs!$R$39","v":43311.439162385381},{"$f":"params!$C$16*Inputs!$R$30*(G469-Inputs!$R$26)","v":-15162.087472499692},{"$f":"Inputs!$R$41*Inputs!$R$42/8760","v":0},0,360.98762153500678,2.2238327850987206E-3,1.8680195394829252E-3,{"$f":"-N469/(1.202*2465560*MAX(0,(Inputs!$R$49-Q469)))","v":0},{"$f":"params!$C$16*R469*(G469-Inputs!$R$26)","v":0},-68674.847581691283,{"$f":"E469*params!$C$8","v":153.291}]
["2001-01-20",1,20,"13:00:00",467,10,-7,-9,84,{"$f":"Inputs!$R$38*Inputs!$R$33*(G470-Inputs!$R$26)","v":-96824.199271576974},{"$f":"Inputs!$R$34*E470*Inputs!$R$39","v":273330.29849775636},{"$f":"params!$C$16*Inputs!$R$30*(G470-Inputs!$R$26)","v":-15162.087472499692},{"$f":"Inputs!$R$41*Inputs!$R$42/8760","v":0},0,360.98762153500678,2.2238327850987206E-3,1.8680195394829252E-3,{"$f":"-N470/(1.202*2465560*MAX(0,(Inputs!$R$49-Q470)))","v":0},{"$f":"params!$C$16*R470*(G470-Inputs!$R$26)","v":0},161344.01175367969,{"$f":"E470*params!$C$8","v":967.39049999999997}]
["2001-01-20",1,20,"14:00:00",428,10,-7,-9,84,{"$f":"Inputs!$R$38*Inputs!$R$33*(G471-Inputs!$R$26)","v":-96824.199271576974},{"$f":"Inputs!$R$34*E471*Inputs!$R$39","v":250503.99947974246},{"$f":"params!$C$16*Inputs!$R$30*(G471-Inputs!$R$26)","v":-15162.087472499692},{"$f":"Inputs!$R$41*Inputs!$R$42/8760","v":0},0,360.98762153500678,2.2238327850987206E-3,1.8680195394829252E-3,{"$f":"-N471/(1.202*2465560*MAX(0,(Inputs!$R$49-Q471)))","v":0},{"$f":"params!$C$16*R471*(G471-Inputs!$R$26)","v":0},138517.71273566579,{"$f":"E471*params!$C$8","v":886.60199999999998}]
["2001-01-20",1,20,"15:00:00",231,10,-7,-9,84,{"$f":"Inputs!$R$38*Inputs!$R$33*(G472-Inputs!$R$26)","v":-96824.199271576974},{"$f":"Inputs!$R$34*E472*Inputs!$R$39","v":135201.92495285167},{"$f":"params!$C$16*Inputs!$R$30*(G472-Inputs!$R$26)","v":-15162.087472499692},{"$f":"Inputs!$R$41*Inputs!$R$42/8760","v":0},0,360.98762153500678,2.2238327850987206E-3,1.8680195394829252E-3,{"$f":"-N472/(1.202*2465560*MAX(0,(Inputs!$R$49-Q472)))","v":0},{"$f":"params!$C$16*R472*(G472-Inputs!$R$26)","v":0},23215.638208775003,{"$f":"E472*params!$C$8","v":478.51649999999995}]
["2001-01-20",1,20,"16:00:00",204,9,-7,-9,84,{"$f":"Inputs!$R$38*Inputs!$R$33*(G473-Inputs!$R$26)","v":-96824.199271576974},{"$f":"Inputs!$R$34*E473*Inputs!$R$39","v":119399.1025557651},{"$f":"params!$C$16*Inputs!$R$30*(G473-Inputs!$R$26)","v":-15162.087472499692},{"$f":"Inputs!$R$41*Inputs!$R$42/8760","v":0},0,360.98762153500678,2.2238327850987206E-3,1.8680195394829252E-3,{"$f":"-N473/(1.202*2465560*MAX(0,(Inputs!$R$49-Q473)))","v":0},{"$f":"params!$C$16*R473*(G473-Inputs!$R$26)","v":0},7412.8158116884351,{"$f":"E473*params!$C$8","v":422.58599999999996}]
["2001-01-20",1,20,"17:00:00",53,10,-7,-11,70,{"$f":"Inputs!$R$38*Inputs!$R$33*(G474-Inputs!$R$26)","v":-96824.199271576974},{"$f":"Inputs!$R$34*E474*Inputs!$R$39","v":31020.355075762502},{"$f":"params!$C$16*Inputs!$R$30*(G474-Inputs!$R$26)","v":-15162.087472499692},{"$f":"Inputs!$R$41*Inputs!$R$42/8760","v":0},0,360.98762153500678,2.2238327850987206E-3,1.5566829495691045E-3,{"$f":"-N474/(1.202*2465560*MAX(0,(Inputs!$R$49-Q474)))","v":0},{"$f":"params!$C$16*R474*(G474-Inputs!$R$26)","v":0},-80965.931668314166,{"$f":"E474*params!$C$8","v":109.78949999999999}]
["2001-01-20",1,20,"18:00:00",0,8,-9,-12,77,{"$f":"Inputs!$R$38*Inputs!$R$33*(G475-Inputs!$R$26)","v":-108215.28153882132},{"$f":"Inputs!$R$34*E475*Inputs!$R$39","v":0},{"$f":"params!$C$16*Inputs!$R$30*(G475-Inputs!$R$26)","v":-16945.862469264361},{"$f":"Inputs!$R$41*Inputs!$R$42/8760","v":0},0,309.04098596033037,1.902841039413297E-3,1.4651876003482387E-3,{"$f":"-N475/(1.202*2465560*MAX(0,(Inputs!$R$49-Q475)))","v":0},{"$f":"params!$C$16*R475*(G475-Inputs!$R$26)","v":0},-125161.14400808568,{"$f":"E475*params!$C$8","v":0}]
["2001-01-20",1,20,"19:00:00",0,10,-8,-11,77,{"$f":"Inputs!$R$38*Inputs!$R$33*(G476-Inputs!$R$26)","v":-102519.74040519915},{"$f":"Inputs!$R$34*E476*Inputs!$R$39","v":0},{"$f":"params!$C$16*Inputs!$R$30*(G476-Inputs!$R$26)","v":-16053.974970882027},{"$f":"Inputs!$R$41*Inputs!$R$42/8760","v":0},0,334.1161188582924,2.0577455669371189E-3,1.5844640865415815E-3,{"$f":"-N476/(1.202*2465560*MAX(0,(Inputs!$R$49-Q476)))","v":0},{"$f":"params!$C$16*R476*(G476-Inputs!$R$26)","v":0},-118573.71537608118,{"$f":"E476*params!$C$8","v":0}]
["2001-01-20",1,20,"20:00:00",0,10,-9,-11,84,{"$f":"Inputs!$R$38*Inputs!$R$33*(G477-Inputs!$R$26)","v":-108215.28153882132},{"$f":"Inputs!$R$34*E477*Inputs!$R$39","v":0},{"$f":"params!$C$16*Inputs!$R$30*(G477-Inputs!$R$26)","v":-16945.862469264361},{"$f":"Inputs!$R$41*Inputs!$R$42/8760","v":0},0,309.04098596033037,1.902841039413297E-3,1.5983864731071696E-3,{"$f":"-N477/(1.202*2465560*MAX(0,(Inputs!$R$49-Q477)))","v":0},{"$f":"params!$C$16*R477*(G477-Inputs!$R$26)","v":0},-125161.14400808568,{"$f":"E477*params!$C$8","v":0}]
["2001-01-20",1,20,"21:00:00",0,10,-9,-11,84,{"$f":"Inputs!$R$38*Inputs!$R$33*(G478-Inputs!$R$26)","v":-108215.28153882132},{"$f":"Inputs!$R$34*E478*Inputs!$R$39","v":0},{"$f":"params!$C$16*Inputs!$R$30*(G478-Inputs!$R$26)","v":-16945.862469264361},{"$f":"Inputs!$R$41*Inputs!$R$42/8760","v":0},0,309.04098596033037,1.902841039413297E-3,1.5983864731071696E-3,{"$f":"-N478/(1.202*2465560*MAX(0,(Inputs!$R$49-Q478)))","v":0},{"$f":"params!$C$16*R478*(G478-Inputs!$R$26)","v":0},-125161.14400808568,{"$f":"E478*params!$C$8","v":0}]
["2001-01-20",1,20,"22:00:00",0,10,-9,-12,77,{"$f":"Inputs!$R$38*Inputs!$R$33*(G479-Inputs!$R$26)","v":-108215.28153882132},{"$f":"Inputs!$R$34*E479*Inputs!$R$39","v":0},{"$f":"params!$C$16*Inputs!$R$30*(G479-Inputs!$R$26)","v":-16945.862469264361},{"$f":"Inputs!$R$41*Inputs!$R$42/8760","v":0},0,309.04098596033037,1.902841039413297E-3,1.4651876003482387E-3,{"$f":"-N479/(1.202*2465560*MAX(0,(Inputs!$R$49-Q479)))","v":0},{"$f":"params!$C$16*R479*(G479-Inputs!$R$26)","v":0},-125161.14400808568,{"$f":"E479*params!$C$8","v":0}]
["2001-01-20",1,20,"23:00:00",0,10,-8,-13,64,{"$f":"Inputs!$R$38*Inputs!$R$33*(G480-Inputs!$R$26)","v":-102519.74040519915},{"$f":"Inputs!$R$34*E480*Inputs!$R$39","v":0},{"$f":"params!$C$16*Inputs!$R$30*(G480-Inputs!$R$26)","v":-16053.974970882027},{"$f":"Inputs!$R$41*Inputs!$R$42/8760","v":0},0,334.1161188582924,2.0577455669371189E-3,1.3169571628397561E-3,{"$f":"-N480/(1.202*2465560*MAX(0,(Inputs!$R$49-Q480)))","v":0},{"$f":"params!$C$16*R480*(G480-Inputs!$R$26)","v":0},-118573.71537608118,{"$f":"E480*params!$C$8","v":0}]
["2001-01-20",1,20,1,0,10,-8,-12,70,{"$f":"Inputs!$R$38*Inputs!$R$33*(G481-Inputs!$R$26)","v":-102519.74040519915},{"$f":"Inputs!$R$34*E481*Inputs!$R$39","v":0},{"$f":"params!$C$16*Inputs!$R$30*(G481-Inputs!$R$26)","v":-16053.974970882027},{"$f":"Inputs!$R$41*Inputs!$R$42/8760","v":0},0,334.1161188582924,2.0577455669371189E-3,1.4404218968559832E-3,{"$f":"-N481/(1.202*2465560*MAX(0,(Inputs!$R$49-Q481)))","v":0},{"$f":"params!$C$16*R481*(G481-Inputs!$R$26)","v":0},-118573.71537608118,{"$f":"E481*params!$C$8","v":0}]
["2001-01-21",1,21,"01:00:00",0,10,-8,-12,70,{"$f":"Inputs!$R$38*Inputs!$R$33*(G482-Inputs!$R$26)","v":-102519.74040519915},{"$f":"Inputs!$R$34*E482*Inputs!$R$39","v":0},{"$f":"params!$C$16*Inputs!$R$30*(G482-Inputs!$R$26)","v":-16053.974970882027},{"$f":"Inputs!$R$41*Inputs!$R$42/8760","v":0},0,334.1161188582924,2.0577455669371189E-3,1.4404218968559832E-3,{"$f":"-N482/(1.202*2465560*MAX(0,(Inputs!$R$49-Q482)))","v":0},{"$f":"params!$C$16*R482*(G482-Inputs!$R$26)","v":0},-118573.71537608118,{"$f":"E482*params!$C$8","v":0}]
["2001-01-21",1,21,"02:00:00",0,10,-8,-11,77,{"$f":"Inputs!$R$38*Inputs!$R$33*(G483-Inputs!$R$26)","v":-102519.74040519915},{"$f":"Inputs!$R$34*E483*Inputs!$R$39","v":0},{"$f":"params!$C$16*Inputs!$R$30*(G483-Inputs!$R$26)","v":-16053.974970882027},{"$f":"Inputs!$R$41*Inputs!$R$42/8760","v":0},0,334.1161188582924,2.0577455669371189E-3,1.5844640865415815E-3,{"$f":"-N483/(1.202*2465560*MAX(0,(Inputs!$R$49-Q483)))","v":0},{"$f":"params!$C$16*R483*(G483-Inputs!$R$26)","v":0},-118573.71537608118,{"$f":"E483*params!$C$8","v":0}]
["2001-01-21",1,21,"03:00:00",0,10,-8,-14,58,{"$f":"Inputs!$R$38*Inputs!$R$33*(G484-Inputs!$R$26)","v":-102519.74040519915},{"$f":"Inputs!$R$34*E484*Inputs!$R$39","v":0},{"$f":"params!$C$16*Inputs!$R$30*(G484-Inputs!$R$26)","v":-16053.974970882027},{"$f":"Inputs!$R$41*Inputs!$R$42/8760","v":0},0,334.1161188582924,2.0577455669371189E-3,1.193492428823529E-3,{"$f":"-N484/(1.202*2465560*MAX(0,(Inputs!$R$49-Q484)))","v":0},{"$f":"params!$C$16*R484*(G484-Inputs!$R$26)","v":0},-118573.71537608118,{"$f":"E484*params!$C$8","v":0}]
["2001-01-21",1,21,"04:00:00",0,10,-8,-12,70,{"$f":"Inputs!$R$38*Inputs!$R$33*(G485-Inputs!$R$26)","v":-102519.74040519915},{"$f":"Inputs!$R$34*E485*Inputs!$R$39","v":0},{"$f":"params!$C$16*Inputs!$R$30*(G485-Inputs!$R$26)","v":-16053.974970882027},{"$f":"Inputs!$R$41*Inputs!$R$42/8760","v":0},0,334.1161188582924,2.0577455669371189E-3,1.4404218968559832E-3,{"$f":"-N485/(1.202*2465560*MAX(0,(Inputs!$R$49-Q485)))","v":0},{"$f":"params!$C$16*R485*(G485-Inputs!$R$26)","v":0},-118573.71537608118,{"$f":"E485*params!$C$8","v":0}]
["2001-01-21",1,21,"05:00:00",0,10,-8,-12,70,{"$f":"Inputs!$R$38*Inputs!$R$33*(G486-Inputs!$R$26)","v":-102519.74040519915},{"$f":"Inputs!$R$34*E486*Inputs!$R$39","v":0},{"$f":"params!$C$16*Inputs!$R$30*(G486-Inputs!$R$26)","v":-16053.974970882027},{"$f":"Inputs!$R$41*Inputs!$R$42/8760","v":0},0,334.1161188582924,2.0577455669371189E-3,1.4404218968559832E-3,{"$f":"-N486/(1.202*2465560*MAX(0,(Inputs!$R$49-Q486)))","v":0},{"$f":"params!$C$16*R486*(G486-Inputs!$R$26)","v":0},-118573.71537608118,{"$f":"E486*params!$C$8","v":0}]
["2001-01-21",1,21,"06:00:00",0,10,-8,-12,70,{"$f":"Inputs!$R$38*Inputs!$R$33*(G487-Inputs!$R$26)","v":-102519.74040519915},{"$f":"Inputs!$R$34*E487*Inputs!$R$39","v":0},{"$f":"params!$C$16*Inputs!$R$30*(G487-Inputs!$R$26)","v":-16053.974970882027},{"$f":"Inputs!$R$41*Inputs!$R$42/8760","v":0},0,334.1161188582924,2.0577455669371189E-3,1.4404218968559832E-3,{"$f":"-N487/(1.202*2465560*MAX(0,(Inputs!$R$49-Q487)))","v":0},{"$f":"params!$C$16*R487*(G487-Inputs!$R$26)","v":0},-118573.71537608118,{"$f":"E487*params!$C$8","v":0}]
["2001-01-21",1,21,"07:00:00",0,7,-8,-13,64,{"$f":"Inputs!$R$38*Inputs!$R$33*(G488-Inputs!$R$26)","v":-102519.74040519915},{"$f":"Inputs!$R$34*E488*Inputs!$R$39","v":0},{"$f":"params!$C$16*Inputs!$R$30*(G488-Inputs!$R$26)","v":-16053.974970882027},{"$f":"Inputs!$R$41*Inputs!$R$42/8760","v":0},0,334.1161188582924,2.0577455669371189E-3,1.3169571628397561E-3,{"$f":"-N488/(1.202*2465560*MAX(0,(Inputs!$R$49-Q488)))","v":0},{"$f":"params!$C$16*R488*(G488-Inputs!$R$26)","v":0},-118573.71537608118,{"$f":"E488*params!$C$8","v":0}]
["2001-01-21",1,21,"08:00:00",0,10,-9,-12,77,{"$f":"Inputs!$R$38*Inputs!$R$33*(G489-Inputs!$R$26)","v":-108215.28153882132},{"$f":"Inputs!$R$34*E489*Inputs!$R$39","v":0},{"$f":"params!$C$16*Inputs!$R$30*(G489-Inputs!$R$26)","v":-16945.862469264361},{"$f":"Inputs!$R$41*Inputs!$R$42/8760","v":0},0,309.04098596033037,1.902841039413297E-3,1.4651876003482387E-3,{"$f":"-N489/(1.202*2465560*MAX(0,(Inputs!$R$49-Q489)))","v":0},{"$f":"params!$C$16*R489*(G489-Inputs!$R$26)","v":0},-125161.14400808568,{"$f":"E489*params!$C$8","v":0}]
["2001-01-21",1,21,"09:00:00",126,4,-9,-12,77,{"$f":"Inputs!$R$38*Inputs!$R$33*(G490-Inputs!$R$26)","v":-108215.28153882132},{"$f":"Inputs!$R$34*E490*Inputs!$R$39","v":73746.504519737267},{"$f":"params!$C$16*Inputs!$R$30*(G490-Inputs!$R$26)","v":-16945.862469264361},{"$f":"Inputs!$R$41*Inputs!$R$42/8760","v":0},0,309.04098596033037,1.902841039413297E-3,1.4651876003482387E-3,{"$f":"-N490/(1.202*2465560*MAX(0,(Inputs!$R$49-Q490)))","v":0},{"$f":"params!$C$16*R490*(G490-Inputs!$R$26)","v":0},-51414.639488348417,{"$f":"E490*params!$C$8","v":261.00900000000001}]
["2001-01-21",1,21,"10:00:00",270,8,-7,-12,64,{"$f":"Inputs!$R$38*Inputs!$R$33*(G491-Inputs!$R$26)","v":-96824.199271576974},{"$f":"Inputs!$R$34*E491*Inputs!$R$39","v":158028.22397086557},{"$f":"params!$C$16*Inputs!$R$30*(G491-Inputs!$R$26)","v":-15162.087472499692},{"$f":"Inputs!$R$41*Inputs!$R$42/8760","v":0},0,360.98762153500678,2.2238327850987206E-3,1.4232529824631812E-3,{"$f":"-N491/(1.202*2465560*MAX(0,(Inputs!$R$49-Q491)))","v":0},{"$f":"params!$C$16*R491*(G491-Inputs!$R$26)","v":0},46041.937226788905,{"$f":"E491*params!$C$8","v":559.30499999999995}]
["2001-01-21",1,21,"11:00:00",383,5,-6,-12,59,{"$f":"Inputs!$R$38*Inputs!$R$33*(G492-Inputs!$R$26)","v":-91128.658137954801},{"$f":"Inputs!$R$34*E492*Inputs!$R$39","v":224165.96215126489},{"$f":"params!$C$16*Inputs!$R$30*(G492-Inputs!$R$26)","v":-14270.199974117357},{"$f":"Inputs!$R$41*Inputs!$R$42/8760","v":0},0,389.76616195693094,2.4018050803048703E-3,1.4170649973798736E-3,{"$f":"-N492/(1.202*2465560*MAX(0,(Inputs!$R$49-Q492)))","v":0},{"$f":"params!$C$16*R492*(G492-Inputs!$R$26)","v":0},118767.10403919272,{"$f":"E492*params!$C$8","v":793.3845}]
["2001-01-21",1,21,"12:00:00",453,4,-4,-11,54,{"$f":"Inputs!$R$38*Inputs!$R$33*(G493-Inputs!$R$26)","v":-79737.575870710454},{"$f":"Inputs!$R$34*E493*Inputs!$R$39","v":265136.2424400078},{"$f":"params!$C$16*Inputs!$R$30*(G493-Inputs!$R$26)","v":-12486.424977352686},{"$f":"Inputs!$R$41*Inputs!$R$42/8760","v":0},0,453.51532044328405,2.7964043545646504E-3,1.5100583514649113E-3,{"$f":"-N493/(1.202*2465560*MAX(0,(Inputs!$R$49-Q493)))","v":0},{"$f":"params!$C$16*R493*(G493-Inputs!$R$26)","v":0},172912.24159194465,{"$f":"E493*params!$C$8","v":938.3895}]
["2001-01-21",1,21,"13:00:00",473,0,-4,-11,54,{"$f":"Inputs!$R$38*Inputs!$R$33*(G494-Inputs!$R$26)","v":-79737.575870710454},{"$f":"Inputs!$R$34*E494*Inputs!$R$39","v":276842.03680822009},{"$f":"params!$C$16*Inputs!$R$30*(G494-Inputs!$R$26)","v":-12486.424977352686},{"$f":"Inputs!$R$41*Inputs!$R$42/8760","v":0},0,453.51532044328405,2.7964043545646504E-3,1.5100583514649113E-3,{"$f":"-N494/(1.202*2465560*MAX(0,(Inputs!$R$49-Q494)))","v":0},{"$f":"params!$C$16*R494*(G494-Inputs!$R$26)","v":0},184618.03596015694,{"$f":"E494*params!$C$8","v":979.81949999999995}]
["2001-01-21",1,21,"14:00:00",434,0,-3,-11,50,{"$f":"Inputs!$R$38*Inputs!$R$33*(G495-Inputs!$R$26)","v":-74042.034737088281},{"$f":"Inputs!$R$34*E495*Inputs!$R$39","v":254015.73779020613},{"$f":"params!$C$16*Inputs!$R$30*(G495-Inputs!$R$26)","v":-11594.537478970353},{"$f":"Inputs!$R$41*Inputs!$R$42/8760","v":0},0,488.73621912146871,3.0146312662847319E-3,1.507315633142366E-3,{"$f":"-N495/(1.202*2465560*MAX(0,(Inputs!$R$49-Q495)))","v":0},{"$f":"params!$C$16*R495*(G495-Inputs!$R$26)","v":0},168379.16557414748,{"$f":"E495*params!$C$8","v":899.03099999999995}]
["2001-01-21",1,21,"15:00:00",341,0,-2,-12,42,{"$f":"Inputs!$R$38*Inputs!$R$33*(G496-Inputs!$R$26)","v":-68346.493603466108},{"$f":"Inputs!$R$34*E496*Inputs!$R$39","v":199583.79397801912},{"$f":"params!$C$16*Inputs!$R$30*(G496-Inputs!$R$26)","v":-10702.649980588018},{"$f":"Inputs!$R$41*Inputs!$R$42/8760","v":0},0,526.36516305985776,3.2479468065175691E-3,1.3641376587373792E-3,{"$f":"-N496/(1.202*2465560*MAX(0,(Inputs!$R$49-Q496)))","v":0},{"$f":"params!$C$16*R496*(G496-Inputs!$R$26)","v":0},120534.650393965,{"$f":"E496*params!$C$8","v":706.38149999999996}]
["2001-01-21",1,21,"16:00:00",205,0,-2,-12,42,{"$f":"Inputs!$R$38*Inputs!$R$33*(G497-Inputs!$R$26)","v":-68346.493603466108},{"$f":"Inputs!$R$34*E497*Inputs!$R$39","v":119984.39227417573},{"$f":"params!$C$16*Inputs!$R$30*(G497-Inputs!$R$26)","v":-10702.649980588018},{"$f":"Inputs!$R$41*Inputs!$R$42/8760","v":0},0,526.36516305985776,3.2479468065175691E-3,1.3641376587373792E-3,{"$f":"-N497/(1.202*2465560*MAX(0,(Inputs!$R$49-Q497)))","v":0},{"$f":"params!$C$16*R497*(G497-Inputs!$R$26)","v":0},40935.248690121603,{"$f":"E497*params!$C$8","v":424.65749999999997}]
["2001-01-21",1,21,"17:00:00",58,0,-3,-13,42,{"$f":"Inputs!$R$38*Inputs!$R$33*(G498-Inputs!$R$26)","v":-74042.034737088281},{"$f":"Inputs!$R$34*E498*Inputs!$R$39","v":33946.803667815569},{"$f":"params!$C$16*Inputs!$R$30*(G498-Inputs!$R$26)","v":-11594.537478970353},{"$f":"Inputs!$R$41*Inputs!$R$42/8760","v":0},0,488.73621912146871,3.0146312662847319E-3,1.2661451318395874E-3,{"$f":"-N498/(1.202*2465560*MAX(0,(Inputs!$R$49-Q498)))","v":0},{"$f":"params!$C$16*R498*(G498-Inputs!$R$26)","v":0},-51689.768548243068,{"$f":"E498*params!$C$8","v":120.14699999999999}]
["2001-01-21",1,21,"18:00:00",0,0,-4,-15,38,{"$f":"Inputs!$R$38*Inputs!$R$33*(G499-Inputs!$R$26)","v":-79737.575870710454},{"$f":"Inputs!$R$34*E499*Inputs!$R$39","v":0},{"$f":"params!$C$16*Inputs!$R$30*(G499-Inputs!$R$26)","v":-12486.424977352686},{"$f":"Inputs!$R$41*Inputs!$R$42/8760","v":0},0,453.51532044328405,2.7964043545646504E-3,1.0626336547345672E-3,{"$f":"-N499/(1.202*2465560*MAX(0,(Inputs!$R$49-Q499)))","v":0},{"$f":"params!$C$16*R499*(G499-Inputs!$R$26)","v":0},-92224.000848063137,{"$f":"E499*params!$C$8","v":0}]
["2001-01-21",1,21,"19:00:00",0,3,-4,-14,41,{"$f":"Inputs!$R$38*Inputs!$R$33*(G500-Inputs!$R$26)","v":-79737.575870710454},{"$f":"Inputs!$R$34*E500*Inputs!$R$39","v":0},{"$f":"params!$C$16*Inputs!$R$30*(G500-Inputs!$R$26)","v":-12486.424977352686},{"$f":"Inputs!$R$41*Inputs!$R$42/8760","v":0},0,453.51532044328405,2.7964043545646504E-3,1.1465257853715066E-3,{"$f":"-N500/(1.202*2465560*MAX(0,(Inputs!$R$49-Q500)))","v":0},{"$f":"params!$C$16*R500*(G500-Inputs!$R$26)","v":0},-92224.000848063137,{"$f":"E500*params!$C$8","v":0}]
["2001-01-21",1,21,"20:00:00",0,0,-9,-14,64,{"$f":"Inputs!$R$38*Inputs!$R$33*(G501-Inputs!$R$26)","v":-108215.28153882132},{"$f":"Inputs!$R$34*E501*Inputs!$R$39","v":0},{"$f":"params!$C$16*Inputs!$R$30*(G501-Inputs!$R$26)","v":-16945.862469264361},{"$f":"Inputs!$R$41*Inputs!$R$42/8760","v":0},0,309.04098596033037,1.902841039413297E-3,1.2178182652245102E-3,{"$f":"-N501/(1.202*2465560*MAX(0,(Inputs!$R$49-Q501)))","v":0},{"$f":"params!$C$16*R501*(G501-Inputs!$R$26)","v":0},-125161.14400808568,{"$f":"E501*params!$C$8","v":0}]
["2001-01-21",1,21,"21:00:00",0,10,-11,-14,76,{"$f":"Inputs!$R$38*Inputs!$R$33*(G502-Inputs!$R$26)","v":-119606.36380606568},{"$f":"Inputs!$R$34*E502*Inputs!$R$39","v":0},{"$f":"params!$C$16*Inputs!$R$30*(G502-Inputs!$R$26)","v":-18729.637466029031},{"$f":"Inputs!$R$41*Inputs!$R$42/8760","v":0},0,263.86397481101648,1.6239488443119262E-3,1.2342011216770639E-3,{"$f":"-N502/(1.202*2465560*MAX(0,(Inputs!$R$49-Q502)))","v":0},{"$f":"params!$C$16*R502*(G502-Inputs!$R$26)","v":0},-138336.00127209473,{"$f":"E502*params!$C$8","v":0}]
["2001-01-21",1,21,"22:00:00",0,10,-6,-13,54,{"$f":"Inputs!$R$38*Inputs!$R$33*(G503-Inputs!$R$26)","v":-91128.658137954801},{"$f":"Inputs!$R$34*E503*Inputs!$R$39","v":0},{"$f":"params!$C$16*Inputs!$R$30*(G503-Inputs!$R$26)","v":-14270.199974117357},{"$f":"Inputs!$R$41*Inputs!$R$42/8760","v":0},0,389.76616195693094,2.4018050803048703E-3,1.2969747433646301E-3,{"$f":"-N503/(1.202*2465560*MAX(0,(Inputs!$R$49-Q503)))","v":0},{"$f":"params!$C$16*R503*(G503-Inputs!$R$26)","v":0},-105398.85811207216,{"$f":"E503*params!$C$8","v":0}]
["2001-01-21",1,21,"23:00:00",0,10,-6,-12,59,{"$f":"Inputs!$R$38*Inputs!$R$33*(G504-Inputs!$R$26)","v":-91128.658137954801},{"$f":"Inputs!$R$34*E504*Inputs!$R$39","v":0},{"$f":"params!$C$16*Inputs!$R$30*(G504-Inputs!$R$26)","v":-14270.199974117357},{"$f":"Inputs!$R$41*Inputs!$R$42/8760","v":0},0,389.76616195693094,2.4018050803048703E-3,1.4170649973798736E-3,{"$f":"-N504/(1.202*2465560*MAX(0,(Inputs!$R$49-Q504)))","v":0},{"$f":"params!$C$16*R504*(G504-Inputs!$R$26)","v":0},-105398.85811207216,{"$f":"E504*params!$C$8","v":0}]
["2001-01-21",1,21,1,0,10,-7,-12,64,{"$f":"Inputs!$R$38*Inputs!$R$33*(G505-Inputs!$R$26)","v":-96824.199271576974},{"$f":"Inputs!$R$34*E505*Inputs!$R$39","v":0},{"$f":"params!$C$16*Inputs!$R$30*(G505-Inputs!$R$26)","v":-15162.087472499692},{"$f":"Inputs!$R$41*Inputs!$R$42/8760","v":0},0,360.98762153500678,2.2238327850987206E-3,1.4232529824631812E-3,{"$f":"-N505/(1.202*2465560*MAX(0,(Inputs!$R$49-Q505)))","v":0},{"$f":"params!$C$16*R505*(G505-Inputs!$R$26)","v":0},-111986.28674407667,{"$f":"E505*params!$C$8","v":0}]
["2001-01-22",1,22,"01:00:00",0,10,-7,-10,77,{"$f":"Inputs!$R$38*Inputs!$R$33*(G506-Inputs!$R$26)","v":-96824.199271576974},{"$f":"Inputs!$R$34*E506*Inputs!$R$39","v":0},{"$f":"params!$C$16*Inputs!$R$30*(G506-Inputs!$R$26)","v":-15162.087472499692},{"$f":"Inputs!$R$41*Inputs!$R$42/8760","v":0},0,360.98762153500678,2.2238327850987206E-3,1.7123512445260151E-3,{"$f":"-N506/(1.202*2465560*MAX(0,(Inputs!$R$49-Q506)))","v":0},{"$f":"params!$C$16*R506*(G506-Inputs!$R$26)","v":0},-111986.28674407667,{"$f":"E506*params!$C$8","v":0}]
["2001-01-22",1,22,"02:00:00",0,10,-6,-10,70,{"$f":"Inputs!$R$38*Inputs!$R$33*(G507-Inputs!$R$26)","v":-91128.658137954801},{"$f":"Inputs!$R$34*E507*Inputs!$R$39","v":0},{"$f":"params!$C$16*Inputs!$R$30*(G507-Inputs!$R$26)","v":-14270.199974117357},{"$f":"Inputs!$R$41*Inputs!$R$42/8760","v":0},0,389.76616195693094,2.4018050803048703E-3,1.6812635562134092E-3,{"$f":"-N507/(1.202*2465560*MAX(0,(Inputs!$R$49-Q507)))","v":0},{"$f":"params!$C$16*R507*(G507-Inputs!$R$26)","v":0},-105398.85811207216,{"$f":"E507*params!$C$8","v":0}]
["2001-01-22",1,22,"03:00:00",0,10,-6,-9,77,{"$f":"Inputs!$R$38*Inputs!$R$33*(G508-Inputs!$R$26)","v":-91128.658137954801},{"$f":"Inputs!$R$34*E508*Inputs!$R$39","v":0},{"$f":"params!$C$16*Inputs!$R$30*(G508-Inputs!$R$26)","v":-14270.199974117357},{"$f":"Inputs!$R$41*Inputs!$R$42/8760","v":0},0,389.76616195693094,2.4018050803048703E-3,1.8493899118347502E-3,{"$f":"-N508/(1.202*2465560*MAX(0,(Inputs!$R$49-Q508)))","v":0},{"$f":"params!$C$16*R508*(G508-Inputs!$R$26)","v":0},-105398.85811207216,{"$f":"E508*params!$C$8","v":0}]
["2001-01-22",1,22,"04:00:00",0,4,-8,-11,77,{"$f":"Inputs!$R$38*Inputs!$R$33*(G509-Inputs!$R$26)","v":-102519.74040519915},{"$f":"Inputs!$R$34*E509*Inputs!$R$39","v":0},{"$f":"params!$C$16*Inputs!$R$30*(G509-Inputs!$R$26)","v":-16053.974970882027},{"$f":"Inputs!$R$41*Inputs!$R$42/8760","v":0},0,334.1161188582924,2.0577455669371189E-3,1.5844640865415815E-3,{"$f":"-N509/(1.202*2465560*MAX(0,(Inputs!$R$49-Q509)))","v":0},{"$f":"params!$C$16*R509*(G509-Inputs!$R$26)","v":0},-118573.71537608118,{"$f":"E509*params!$C$8","v":0}]
["2001-01-22",1,22,"05:00:00",0,1,-9,-11,84,{"$f":"Inputs!$R$38*Inputs!$R$33*(G510-Inputs!$R$26)","v":-108215.28153882132},{"$f":"Inputs!$R$34*E510*Inputs!$R$39","v":0},{"$f":"params!$C$16*Inputs!$R$30*(G510-Inputs!$R$26)","v":-16945.862469264361},{"$f":"Inputs!$R$41*Inputs!$R$42/8760","v":0},0,309.04098596033037,1.902841039413297E-3,1.5983864731071696E-3,{"$f":"-N510/(1.202*2465560*MAX(0,(Inputs!$R$49-Q510)))","v":0},{"$f":"params!$C$16*R510*(G510-Inputs!$R$26)","v":0},-125161.14400808568,{"$f":"E510*params!$C$8","v":0}]
["2001-01-22",1,22,"06:00:00",0,10,-8,-10,84,{"$f":"Inputs!$R$38*Inputs!$R$33*(G511-Inputs!$R$26)","v":-102519.74040519915},{"$f":"Inputs!$R$34*E511*Inputs!$R$39","v":0},{"$f":"params!$C$16*Inputs!$R$30*(G511-Inputs!$R$26)","v":-16053.974970882027},{"$f":"Inputs!$R$41*Inputs!$R$42/8760","v":0},0,334.1161188582924,2.0577455669371189E-3,1.7285062762271799E-3,{"$f":"-N511/(1.202*2465560*MAX(0,(Inputs!$R$49-Q511)))","v":0},{"$f":"params!$C$16*R511*(G511-Inputs!$R$26)","v":0},-118573.71537608118,{"$f":"E511*params!$C$8","v":0}]
["2001-01-22",1,22,"07:00:00",0,10,-8,-10,84,{"$f":"Inputs!$R$38*Inputs!$R$33*(G512-Inputs!$R$26)","v":-102519.74040519915},{"$f":"Inputs!$R$34*E512*Inputs!$R$39","v":0},{"$f":"params!$C$16*Inputs!$R$30*(G512-Inputs!$R$26)","v":-16053.974970882027},{"$f":"Inputs!$R$41*Inputs!$R$42/8760","v":0},0,334.1161188582924,2.0577455669371189E-3,1.7285062762271799E-3,{"$f":"-N512/(1.202*2465560*MAX(0,(Inputs!$R$49-Q512)))","v":0},{"$f":"params!$C$16*R512*(G512-Inputs!$R$26)","v":0},-118573.71537608118,{"$f":"E512*params!$C$8","v":0}]
["2001-01-22",1,22,"08:00:00",0,10,-8,-10,84,{"$f":"Inputs!$R$38*Inputs!$R$33*(G513-Inputs!$R$26)","v":-102519.74040519915},{"$f":"Inputs!$R$34*E513*Inputs!$R$39","v":0},{"$f":"params!$C$16*Inputs!$R$30*(G513-Inputs!$R$26)","v":-16053.974970882027},{"$f":"Inputs!$R$41*Inputs!$R$42/8760","v":0},0,334.1161188582924,2.0577455669371189E-3,1.7285062762271799E-3,{"$f":"-N513/(1.202*2465560*MAX(0,(Inputs!$R$49-Q513)))","v":0},{"$f":"params!$C$16*R513*(G513-Inputs!$R$26)","v":0},-118573.71537608118,{"$f":"E513*params!$C$8","v":0}]
["2001-01-22",1,22,"09:00:00",135,10,-7,-9,84,{"$f":"Inputs!$R$38*Inputs!$R$33*(G514-Inputs!$R$26)","v":-96824.199271576974},{"$f":"Inputs!$R$34*E514*Inputs!$R$39","v":79014.111985432784},{"$f":"params!$C$16*Inputs!$R$30*(G514-Inputs!$R$26)","v":-15162.087472499692},{"$f":"Inputs!$R$41*Inputs!$R$42/8760","v":0},0,360.98762153500678,2.2238327850987206E-3,1.8680195394829252E-3,{"$f":"-N514/(1.202*2465560*MAX(0,(Inputs!$R$49-Q514)))","v":0},{"$f":"params!$C$16*R514*(G514-Inputs!$R$26)","v":0},-32972.17475864388,{"$f":"E514*params!$C$8","v":279.65249999999997}]
["2001-01-22",{"$f":"MONTH(A515)","v":1},{"$f":"DAY(A515)","v":22},"10:00:00",269,4,-4,-9,65,{"$f":"Inputs!$R$38*Inputs!$R$33*(G515-Inputs!$R$26)","v":-79737.575870710454},{"$f":"Inputs!$R$34*E515*Inputs!$R$39","v":157442.93425245496},{"$f":"params!$C$16*Inputs!$R$30*(G515-Inputs!$R$26)","v":-12486.424977352686},{"$f":"Inputs!$R$41*Inputs!$R$42/8760","v":0},0,{"$f":"EXP(77.345+0.0057*(G515+273.15)-7235/(G515+273.15))/(G515+273.15)^8.2","v":453.51532044328405},{"$f":"0.62198*O515/(101325-O515)","v":2.7964043545646504E-3},{"$f":"P515*I515/100","v":1.8176628304670229E-3},{"$f":"-N515/(1.202*2465560*MAX(0,(Inputs!$R$49-Q515)))","v":0},{"$f":"params!$C$16*R515*(G515-Inputs!$R$26)","v":0},{"$f":"J515+K515+L515+M515+N515+S515","v":65218.933404391821},{"$f":"E515*params!$C$8","v":557.23349999999994}]
["2001-01-22",1,22,"11:00:00",344,1,-3,-8,65,{"$f":"Inputs!$R$38*Inputs!$R$33*(G516-Inputs!$R$26)","v":-74042.034737088281},{"$f":"Inputs!$R$34*E516*Inputs!$R$39","v":201339.66313325096},{"$f":"params!$C$16*Inputs!$R$30*(G516-Inputs!$R$26)","v":-11594.537478970353},{"$f":"Inputs!$R$41*Inputs!$R$42/8760","v":0},0,488.73621912146871,3.0146312662847319E-3,1.9595103230850759E-3,{"$f":"-N516/(1.202*2465560*MAX(0,(Inputs!$R$49-Q516)))","v":0},{"$f":"params!$C$16*R516*(G516-Inputs!$R$26)","v":0},115703.09091719233,{"$f":"E516*params!$C$8","v":712.596}]
["2001-01-22",1,22,"12:00:00",459,2,-2,-8,60,{"$f":"Inputs!$R$38*Inputs!$R$33*(G517-Inputs!$R$26)","v":-68346.493603466108},{"$f":"Inputs!$R$34*E517*Inputs!$R$39","v":268647.98075047147},{"$f":"params!$C$16*Inputs!$R$30*(G517-Inputs!$R$26)","v":-10702.649980588018},{"$f":"Inputs!$R$41*Inputs!$R$42/8760","v":0},0,526.36516305985776,3.2479468065175691E-3,1.9487680839105415E-3,{"$f":"-N517/(1.202*2465560*MAX(0,(Inputs!$R$49-Q517)))","v":0},{"$f":"params!$C$16*R517*(G517-Inputs!$R$26)","v":0},189598.83716641733,{"$f":"E517*params!$C$8","v":950.81849999999997}]
["2001-01-22",1,22,"13:00:00",467,1,-1,-9,50,{"$f":"Inputs!$R$38*Inputs!$R$33*(G518-Inputs!$R$26)","v":-62650.952469843927},{"$f":"Inputs!$R$34*E518*Inputs!$R$39","v":273330.29849775636},{"$f":"params!$C$16*Inputs!$R$30*(G518-Inputs!$R$26)","v":-9810.7624822056823},{"$f":"Inputs!$R$41*Inputs!$R$42/8760","v":0},0,566.54310372490409,3.4972595900071069E-3,1.7486297950035535E-3,{"$f":"-N518/(1.202*2465560*MAX(0,(Inputs!$R$49-Q518)))","v":0},{"$f":"params!$C$16*R518*(G518-Inputs!$R$26)","v":0},200868.58354570676,{"$f":"E518*params!$C$8","v":967.39049999999997}]
["2001-01-22",1,22,"14:00:00",226,0,-1,-8,55,{"$f":"Inputs!$R$38*Inputs!$R$33*(G519-Inputs!$R$26)","v":-62650.952469843927},{"$f":"Inputs!$R$34*E519*Inputs!$R$39","v":132275.47636079861},{"$f":"params!$C$16*Inputs!$R$30*(G519-Inputs!$R$26)","v":-9810.7624822056823},{"$f":"Inputs!$R$41*Inputs!$R$42/8760","v":0},0,566.54310372490409,3.4972595900071069E-3,1.9234927745039087E-3,{"$f":"-N519/(1.202*2465560*MAX(0,(Inputs!$R$49-Q519)))","v":0},{"$f":"params!$C$16*R519*(G519-Inputs!$R$26)","v":0},59813.761408748993,{"$f":"E519*params!$C$8","v":468.15899999999999}]
["2001-01-22",1,22,"15:00:00",287,0,-1,-9,50,{"$f":"Inputs!$R$38*Inputs!$R$33*(G520-Inputs!$R$26)","v":-62650.952469843927},{"$f":"Inputs!$R$34*E520*Inputs!$R$39","v":167978.14918384602},{"$f":"params!$C$16*Inputs!$R$30*(G520-Inputs!$R$26)","v":-9810.7624822056823},{"$f":"Inputs!$R$41*Inputs!$R$42/8760","v":0},0,566.54310372490409,3.4972595900071069E-3,1.7486297950035535E-3,{"$f":"-N520/(1.202*2465560*MAX(0,(Inputs!$R$49-Q520)))","v":0},{"$f":"params!$C$16*R520*(G520-Inputs!$R$26)","v":0},95516.434231796404,{"$f":"E520*params!$C$8","v":594.52049999999997}]
["2001-01-22",1,22,"16:00:00",210,0,-1,-8,55,{"$f":"Inputs!$R$38*Inputs!$R$33*(G521-Inputs!$R$26)","v":-62650.952469843927},{"$f":"Inputs!$R$34*E521*Inputs!$R$39","v":122910.84086622878},{"$f":"params!$C$16*Inputs!$R$30*(G521-Inputs!$R$26)","v":-9810.7624822056823},{"$f":"Inputs!$R$41*Inputs!$R$42/8760","v":0},0,566.54310372490409,3.4972595900071069E-3,1.9234927745039087E-3,{"$f":"-N521/(1.202*2465560*MAX(0,(Inputs!$R$49-Q521)))","v":0},{"$f":"params!$C$16*R521*(G521-Inputs!$R$26)","v":0},50449.125914179174,{"$f":"E521*params!$C$8","v":435.01499999999999}]
["2001-01-22",1,22,"17:00:00",52,0,-2,-8,60,{"$f":"Inputs!$R$38*Inputs!$R$33*(G522-Inputs!$R$26)","v":-68346.493603466108},{"$f":"Inputs!$R$34*E522*Inputs!$R$39","v":30435.06535735189},{"$f":"params!$C$16*Inputs!$R$30*(G522-Inputs!$R$26)","v":-10702.649980588018},{"$f":"Inputs!$R$41*Inputs!$R$42/8760","v":0},0,526.36516305985776,3.2479468065175691E-3,1.9487680839105415E-3,{"$f":"-N522/(1.202*2465560*MAX(0,(Inputs!$R$49-Q522)))","v":0},{"$f":"params!$C$16*R522*(G522-Inputs!$R$26)","v":0},-48614.07822670223,{"$f":"E522*params!$C$8","v":107.71799999999999}]
["2001-01-22",1,22,"18:00:00",0,0,-4,-9,65,{"$f":"Inputs!$R$38*Inputs!$R$33*(G523-Inputs!$R$26)","v":-79737.575870710454},{"$f":"Inputs!$R$34*E523*Inputs!$R$39","v":0},{"$f":"params!$C$16*Inputs!$R$30*(G523-Inputs!$R$26)","v":-12486.424977352686},{"$f":"Inputs!$R$41*Inputs!$R$42/8760","v":0},0,453.51532044328405,2.7964043545646504E-3,1.8176628304670229E-3,{"$f":"-N523/(1.202*2465560*MAX(0,(Inputs!$R$49-Q523)))","v":0},{"$f":"params!$C$16*R523*(G523-Inputs!$R$26)","v":0},-92224.000848063137,{"$f":"E523*params!$C$8","v":0}]
["2001-01-22",1,22,"19:00:00",0,0,-6,-9,77,{"$f":"Inputs!$R$38*Inputs!$R$33*(G524-Inputs!$R$26)","v":-91128.658137954801},{"$f":"Inputs!$R$34*E524*Inputs!$R$39","v":0},{"$f":"params!$C$16*Inputs!$R$30*(G524-Inputs!$R$26)","v":-14270.199974117357},{"$f":"Inputs!$R$41*Inputs!$R$42/8760","v":0},0,389.76616195693094,2.4018050803048703E-3,1.8493899118347502E-3,{"$f":"-N524/(1.202*2465560*MAX(0,(Inputs!$R$49-Q524)))","v":0},{"$f":"params!$C$16*R524*(G524-Inputs!$R$26)","v":0},-105398.85811207216,{"$f":"E524*params!$C$8","v":0}]
["2001-01-22",1,22,"20:00:00",0,1,-8,-10,84,{"$f":"Inputs!$R$38*Inputs!$R$33*(G525-Inputs!$R$26)","v":-102519.74040519915},{"$f":"Inputs!$R$34*E525*Inputs!$R$39","v":0},{"$f":"params!$C$16*Inputs!$R$30*(G525-Inputs!$R$26)","v":-16053.974970882027},{"$f":"Inputs!$R$41*Inputs!$R$42/8760","v":0},0,334.1161188582924,2.0577455669371189E-3,1.7285062762271799E-3,{"$f":"-N525/(1.202*2465560*MAX(0,(Inputs!$R$49-Q525)))","v":0},{"$f":"params!$C$16*R525*(G525-Inputs!$R$26)","v":0},-118573.71537608118,{"$f":"E525*params!$C$8","v":0}]
["2001-01-22",1,22,"21:00:00",0,0,-9,-10,92,{"$f":"Inputs!$R$38*Inputs!$R$33*(G526-Inputs!$R$26)","v":-108215.28153882132},{"$f":"Inputs!$R$34*E526*Inputs!$R$39","v":0},{"$f":"params!$C$16*Inputs!$R$30*(G526-Inputs!$R$26)","v":-16945.862469264361},{"$f":"Inputs!$R$41*Inputs!$R$42/8760","v":0},0,309.04098596033037,1.902841039413297E-3,1.7506137562602333E-3,{"$f":"-N526/(1.202*2465560*MAX(0,(Inputs!$R$49-Q526)))","v":0},{"$f":"params!$C$16*R526*(G526-Inputs!$R$26)","v":0},-125161.14400808568,{"$f":"E526*params!$C$8","v":0}]
["2001-01-22",1,22,"22:00:00",0,0,-10,-12,84,{"$f":"Inputs!$R$38*Inputs!$R$33*(G527-Inputs!$R$26)","v":-113910.82267244349},{"$f":"Inputs!$R$34*E527*Inputs!$R$39","v":0},{"$f":"params!$C$16*Inputs!$R$30*(G527-Inputs!$R$26)","v":-17837.749967646698},{"$f":"Inputs!$R$41*Inputs!$R$42/8760","v":0},0,285.65695946908653,1.758452799711007E-3,1.477100351757246E-3,{"$f":"-N527/(1.202*2465560*MAX(0,(Inputs!$R$49-Q527)))","v":0},{"$f":"params!$C$16*R527*(G527-Inputs!$R$26)","v":0},-131748.57264009019,{"$f":"E527*params!$C$8","v":0}]
["2001-01-22",1,22,"23:00:00",0,0,-9,-12,77,{"$f":"Inputs!$R$38*Inputs!$R$33*(G528-Inputs!$R$26)","v":-108215.28153882132},{"$f":"Inputs!$R$34*E528*Inputs!$R$39","v":0},{"$f":"params!$C$16*Inputs!$R$30*(G528-Inputs!$R$26)","v":-16945.862469264361},{"$f":"Inputs!$R$41*Inputs!$R$42/8760","v":0},0,309.04098596033037,1.902841039413297E-3,1.4651876003482387E-3,{"$f":"-N528/(1.202*2465560*MAX(0,(Inputs!$R$49-Q528)))","v":0},{"$f":"params!$C$16*R528*(G528-Inputs!$R$26)","v":0},-125161.14400808568,{"$f":"E528*params!$C$8","v":0}]
["2001-01-22",1,22,1,0,3,-9,-11,84,{"$f":"Inputs!$R$38*Inputs!$R$33*(G529-Inputs!$R$26)","v":-108215.28153882132},{"$f":"Inputs!$R$34*E529*Inputs!$R$39","v":0},{"$f":"params!$C$16*Inputs!$R$30*(G529-Inputs!$R$26)","v":-16945.862469264361},{"$f":"Inputs!$R$41*Inputs!$R$42/8760","v":0},0,309.04098596033037,1.902841039413297E-3,1.5983864731071696E-3,{"$f":"-N529/(1.202*2465560*MAX(0,(Inputs!$R$49-Q529)))","v":0},{"$f":"params!$C$16*R529*(G529-Inputs!$R$26)","v":0},-125161.14400808568,{"$f":"E529*params!$C$8","v":0}]
["2001-01-23",1,23,"01:00:00",0,0,-12,-14,83,{"$f":"Inputs!$R$38*Inputs!$R$33*(G530-Inputs!$R$26)","v":-125301.90493968785},{"$f":"Inputs!$R$34*E530*Inputs!$R$39","v":0},{"$f":"params!$C$16*Inputs!$R$30*(G530-Inputs!$R$26)","v":-19621.524964411365},{"$f":"Inputs!$R$41*Inputs!$R$42/8760","v":0},0,243.5669653908281,1.4987300494831474E-3,1.2439459410710123E-3,{"$f":"-N530/(1.202*2465560*MAX(0,(Inputs!$R$49-Q530)))","v":0},{"$f":"params!$C$16*R530*(G530-Inputs!$R$26)","v":0},-144923.4299040992,{"$f":"E530*params!$C$8","v":0}]
["2001-01-23",1,23,"02:00:00",0,10,-10,-11,91,{"$f":"Inputs!$R$38*Inputs!$R$33*(G531-Inputs!$R$26)","v":-113910.82267244349},{"$f":"Inputs!$R$34*E531*Inputs!$R$39","v":0},{"$f":"params!$C$16*Inputs!$R$30*(G531-Inputs!$R$26)","v":-17837.749967646698},{"$f":"Inputs!$R$41*Inputs!$R$42/8760","v":0},0,285.65695946908653,1.758452799711007E-3,1.6001920477370162E-3,{"$f":"-N531/(1.202*2465560*MAX(0,(Inputs!$R$49-Q531)))","v":0},{"$f":"params!$C$16*R531*(G531-Inputs!$R$26)","v":0},-131748.57264009019,{"$f":"E531*params!$C$8","v":0}]
["2001-01-23",1,23,"03:00:00",0,10,-10,-11.1,91,{"$f":"Inputs!$R$38*Inputs!$R$33*(G532-Inputs!$R$26)","v":-113910.82267244349},{"$f":"Inputs!$R$34*E532*Inputs!$R$39","v":0},{"$f":"params!$C$16*Inputs!$R$30*(G532-Inputs!$R$26)","v":-17837.749967646698},{"$f":"Inputs!$R$41*Inputs!$R$42/8760","v":0},0,285.65695946908653,1.758452799711007E-3,1.6001920477370162E-3,{"$f":"-N532/(1.202*2465560*MAX(0,(Inputs!$R$49-Q532)))","v":0},{"$f":"params!$C$16*R532*(G532-Inputs!$R$26)","v":0},-131748.57264009019,{"$f":"E532*params!$C$8","v":0}]
["2001-01-23",1,23,"04:00:00",0,10,-10.1,-11.4,89,{"$f":"Inputs!$R$38*Inputs!$R$33*(G533-Inputs!$R$26)","v":-114480.37678580573},{"$f":"Inputs!$R$34*E533*Inputs!$R$39","v":0},{"$f":"params!$C$16*Inputs!$R$30*(G533-Inputs!$R$26)","v":-17926.938717484929},{"$f":"Inputs!$R$41*Inputs!$R$42/8760","v":0},0,283.40767123867721,1.7445677497192052E-3,1.5526652972500925E-3,{"$f":"-N533/(1.202*2465560*MAX(0,(Inputs!$R$49-Q533)))","v":0},{"$f":"params!$C$16*R533*(G533-Inputs!$R$26)","v":0},-132407.31550329065,{"$f":"E533*params!$C$8","v":0}]
["2001-01-23",1,23,"05:00:00",0,10,-10.199999999999999,-11.9,86,{"$f":"Inputs!$R$38*Inputs!$R$33*(G534-Inputs!$R$26)","v":-115049.93089916793},{"$f":"Inputs!$R$34*E534*Inputs!$R$39","v":0},{"$f":"params!$C$16*Inputs!$R$30*(G534-Inputs!$R$26)","v":-18016.127467323164},{"$f":"Inputs!$R$41*Inputs!$R$42/8760","v":0},0,281.1741920371723,1.7307809018994858E-3,1.4884715756335579E-3,{"$f":"-N534/(1.202*2465560*MAX(0,(Inputs!$R$49-Q534)))","v":0},{"$f":"params!$C$16*R534*(G534-Inputs!$R$26)","v":0},-133066.05836649108,{"$f":"E534*params!$C$8","v":0}]
["2001-01-23",1,23,"06:00:00",0,10,-9.9,-11.7,85,{"$f":"Inputs!$R$38*Inputs!$R$33*(G535-Inputs!$R$26)","v":-113341.26855908128},{"$f":"Inputs!$R$34*E535*Inputs!$R$39","v":0},{"$f":"params!$C$16*Inputs!$R$30*(G535-Inputs!$R$26)","v":-17748.561217808463},{"$f":"Inputs!$R$41*Inputs!$R$42/8760","v":0},0,287.92215399504238,1.7724366654267546E-3,1.5065711656127414E-3,{"$f":"-N535/(1.202*2465560*MAX(0,(Inputs!$R$49-Q535)))","v":0},{"$f":"params!$C$16*R535*(G535-Inputs!$R$26)","v":0},-131089.82977688973,{"$f":"E535*params!$C$8","v":0}]
["2001-01-23",1,23,"07:00:00",0,10,-10,-12,84,{"$f":"Inputs!$R$38*Inputs!$R$33*(G536-Inputs!$R$26)","v":-113910.82267244349},{"$f":"Inputs!$R$34*E536*Inputs!$R$39","v":0},{"$f":"params!$C$16*Inputs!$R$30*(G536-Inputs!$R$26)","v":-17837.749967646698},{"$f":"Inputs!$R$41*Inputs!$R$42/8760","v":0},0,285.65695946908653,1.758452799711007E-3,1.477100351757246E-3,{"$f":"-N536/(1.202*2465560*MAX(0,(Inputs!$R$49-Q536)))","v":0},{"$f":"params!$C$16*R536*(G536-Inputs!$R$26)","v":0},-131748.57264009019,{"$f":"E536*params!$C$8","v":0}]
["2001-01-23",1,23,"08:00:00",0,10,-8,-11,77,{"$f":"Inputs!$R$38*Inputs!$R$33*(G537-Inputs!$R$26)","v":-102519.74040519915},{"$f":"Inputs!$R$34*E537*Inputs!$R$39","v":0},{"$f":"params!$C$16*Inputs!$R$30*(G537-Inputs!$R$26)","v":-16053.974970882027},{"$f":"Inputs!$R$41*Inputs!$R$42/8760","v":0},0,334.1161188582924,2.0577455669371189E-3,1.5844640865415815E-3,{"$f":"-N537/(1.202*2465560*MAX(0,(Inputs!$R$49-Q537)))","v":0},{"$f":"params!$C$16*R537*(G537-Inputs!$R$26)","v":0},-118573.71537608118,{"$f":"E537*params!$C$8","v":0}]
["2001-01-23",1,23,"09:00:00",133,0,-8,-10,84,{"$f":"Inputs!$R$38*Inputs!$R$33*(G538-Inputs!$R$26)","v":-102519.74040519915},{"$f":"Inputs!$R$34*E538*Inputs!$R$39","v":77843.532548611562},{"$f":"params!$C$16*Inputs!$R$30*(G538-Inputs!$R$26)","v":-16053.974970882027},{"$f":"Inputs!$R$41*Inputs!$R$42/8760","v":0},0,334.1161188582924,2.0577455669371189E-3,1.7285062762271799E-3,{"$f":"-N538/(1.202*2465560*MAX(0,(Inputs!$R$49-Q538)))","v":0},{"$f":"params!$C$16*R538*(G538-Inputs!$R$26)","v":0},-40730.182827469616,{"$f":"E538*params!$C$8","v":275.5095}]
["2001-01-23",1,23,"10:00:00",276,0,-6,-9,77,{"$f":"Inputs!$R$38*Inputs!$R$33*(G539-Inputs!$R$26)","v":-91128.658137954801},{"$f":"Inputs!$R$34*E539*Inputs!$R$39","v":161539.96228132927},{"$f":"params!$C$16*Inputs!$R$30*(G539-Inputs!$R$26)","v":-14270.199974117357},{"$f":"Inputs!$R$41*Inputs!$R$42/8760","v":0},0,389.76616195693094,2.4018050803048703E-3,1.8493899118347502E-3,{"$f":"-N539/(1.202*2465560*MAX(0,(Inputs!$R$49-Q539)))","v":0},{"$f":"params!$C$16*R539*(G539-Inputs!$R$26)","v":0},56141.104169257109,{"$f":"E539*params!$C$8","v":571.73399999999992}]
["2001-01-23",1,23,"11:00:00",357,1,-3,-7,71,{"$f":"Inputs!$R$38*Inputs!$R$33*(G540-Inputs!$R$26)","v":-74042.034737088281},{"$f":"Inputs!$R$34*E540*Inputs!$R$39","v":208948.42947258893},{"$f":"params!$C$16*Inputs!$R$30*(G540-Inputs!$R$26)","v":-11594.537478970353},{"$f":"Inputs!$R$41*Inputs!$R$42/8760","v":0},0,488.73621912146871,3.0146312662847319E-3,2.1403881990621596E-3,{"$f":"-N540/(1.202*2465560*MAX(0,(Inputs!$R$49-Q540)))","v":0},{"$f":"params!$C$16*R540*(G540-Inputs!$R$26)","v":0},123311.8572565303,{"$f":"E540*params!$C$8","v":739.52549999999997}]
["2001-01-23",1,23,"12:00:00",465,4,-1,-7,60,{"$f":"Inputs!$R$38*Inputs!$R$33*(G541-Inputs!$R$26)","v":-62650.952469843927},{"$f":"Inputs!$R$34*E541*Inputs!$R$39","v":272159.71906093514},{"$f":"params!$C$16*Inputs!$R$30*(G541-Inputs!$R$26)","v":-9810.7624822056823},{"$f":"Inputs!$R$41*Inputs!$R$42/8760","v":0},0,566.54310372490409,3.4972595900071069E-3,2.0983557540042641E-3,{"$f":"-N541/(1.202*2465560*MAX(0,(Inputs!$R$49-Q541)))","v":0},{"$f":"params!$C$16*R541*(G541-Inputs!$R$26)","v":0},199698.00410888554,{"$f":"E541*params!$C$8","v":963.24749999999995}]
["2001-01-23",1,23,"13:00:00",455,3,1,-6,56,{"$f":"Inputs!$R$38*Inputs!$R$33*(G542-Inputs!$R$26)","v":-51259.870202599574},{"$f":"Inputs!$R$34*E542*Inputs!$R$39","v":266306.82187682902},{"$f":"params!$C$16*Inputs!$R$30*(G542-Inputs!$R$26)","v":-8026.9874854410136},{"$f":"Inputs!$R$41*Inputs!$R$42/8760","v":0},0,655.14373774848059,4.0477489204243187E-3,2.2667393954376187E-3,{"$f":"-N542/(1.202*2465560*MAX(0,(Inputs!$R$49-Q542)))","v":0},{"$f":"params!$C$16*R542*(G542-Inputs!$R$26)","v":0},207019.96418878846,{"$f":"E542*params!$C$8","v":942.53249999999991}]
["2001-01-23",1,23,"14:00:00",388,5,2,-4,62,{"$f":"Inputs!$R$38*Inputs!$R$33*(G543-Inputs!$R$26)","v":-45564.3290689774},{"$f":"Inputs!$R$34*E543*Inputs!$R$39","v":227092.41074331797},{"$f":"params!$C$16*Inputs!$R$30*(G543-Inputs!$R$26)","v":-7135.0999870586784},{"$f":"Inputs!$R$41*Inputs!$R$42/8760","v":0},0,703.88301618186097,4.3509868656616182E-3,2.6976118567102031E-3,{"$f":"-N543/(1.202*2465560*MAX(0,(Inputs!$R$49-Q543)))","v":0},{"$f":"params!$C$16*R543*(G543-Inputs!$R$26)","v":0},174392.98168728192,{"$f":"E543*params!$C$8","v":803.74199999999996}]
["2001-01-23",1,23,"15:00:00",243,4,3,-4,58,{"$f":"Inputs!$R$38*Inputs!$R$33*(G544-Inputs!$R$26)","v":-39868.787935355227},{"$f":"Inputs!$R$34*E544*Inputs!$R$39","v":142225.401573779},{"$f":"params!$C$16*Inputs!$R$30*(G544-Inputs!$R$26)","v":-6243.2124886763431},{"$f":"Inputs!$R$41*Inputs!$R$42/8760","v":0},0,755.80495631325812,4.6743495015895585E-3,2.711122710921944E-3,{"$f":"-N544/(1.202*2465560*MAX(0,(Inputs!$R$49-Q544)))","v":0},{"$f":"params!$C$16*R544*(G544-Inputs!$R$26)","v":0},96113.401149747428,{"$f":"E544*params!$C$8","v":503.37449999999995}]
["2001-01-23",1,23,"16:00:00",131,5,3,-4,58,{"$f":"Inputs!$R$38*Inputs!$R$33*(G545-Inputs!$R$26)","v":-39868.787935355227},{"$f":"Inputs!$R$34*E545*Inputs!$R$39","v":76672.953111790339},{"$f":"params!$C$16*Inputs!$R$30*(G545-Inputs!$R$26)","v":-6243.2124886763431},{"$f":"Inputs!$R$41*Inputs!$R$42/8760","v":0},0,755.80495631325812,4.6743495015895585E-3,2.711122710921944E-3,{"$f":"-N545/(1.202*2465560*MAX(0,(Inputs!$R$49-Q545)))","v":0},{"$f":"params!$C$16*R545*(G545-Inputs!$R$26)","v":0},30560.95268775877,{"$f":"E545*params!$C$8","v":271.36649999999997}]
["2001-01-23",1,23,"17:00:00",53,9,2,-4,62,{"$f":"Inputs!$R$38*Inputs!$R$33*(G546-Inputs!$R$26)","v":-45564.3290689774},{"$f":"Inputs!$R$34*E546*Inputs!$R$39","v":31020.355075762502},{"$f":"params!$C$16*Inputs!$R$30*(G546-Inputs!$R$26)","v":-7135.0999870586784},{"$f":"Inputs!$R$41*Inputs!$R$42/8760","v":0},0,703.88301618186097,4.3509868656616182E-3,2.6976118567102031E-3,{"$f":"-N546/(1.202*2465560*MAX(0,(Inputs!$R$49-Q546)))","v":0},{"$f":"params!$C$16*R546*(G546-Inputs!$R$26)","v":0},-21679.073980273577,{"$f":"E546*params!$C$8","v":109.78949999999999}]
["2001-01-23",1,23,"18:00:00",0,8,1,-4,67,{"$f":"Inputs!$R$38*Inputs!$R$33*(G547-Inputs!$R$26)","v":-51259.870202599574},{"$f":"Inputs!$R$34*E547*Inputs!$R$39","v":0},{"$f":"params!$C$16*Inputs!$R$30*(G547-Inputs!$R$26)","v":-8026.9874854410136},{"$f":"Inputs!$R$41*Inputs!$R$42/8760","v":0},0,655.14373774848059,4.0477489204243187E-3,2.7119917766842932E-3,{"$f":"-N547/(1.202*2465560*MAX(0,(Inputs!$R$49-Q547)))","v":0},{"$f":"params!$C$16*R547*(G547-Inputs!$R$26)","v":0},-59286.857688040589,{"$f":"E547*params!$C$8","v":0}]
["2001-01-23",1,23,"19:00:00",0,0,-2,-4,85,{"$f":"Inputs!$R$38*Inputs!$R$33*(G548-Inputs!$R$26)","v":-68346.493603466108},{"$f":"Inputs!$R$34*E548*Inputs!$R$39","v":0},{"$f":"params!$C$16*Inputs!$R$30*(G548-Inputs!$R$26)","v":-10702.649980588018},{"$f":"Inputs!$R$41*Inputs!$R$42/8760","v":0},0,526.36516305985776,3.2479468065175691E-3,2.7607547855399341E-3,{"$f":"-N548/(1.202*2465560*MAX(0,(Inputs!$R$49-Q548)))","v":0},{"$f":"params!$C$16*R548*(G548-Inputs!$R$26)","v":0},-79049.143584054123,{"$f":"E548*params!$C$8","v":0}]
["2001-01-23",1,23,"20:00:00",0,0,-3,-6,77,{"$f":"Inputs!$R$38*Inputs!$R$33*(G549-Inputs!$R$26)","v":-74042.034737088281},{"$f":"Inputs!$R$34*E549*Inputs!$R$39","v":0},{"$f":"params!$C$16*Inputs!$R$30*(G549-Inputs!$R$26)","v":-11594.537478970353},{"$f":"Inputs!$R$41*Inputs!$R$42/8760","v":0},0,488.73621912146871,3.0146312662847319E-3,2.3212660750392437E-3,{"$f":"-N549/(1.202*2465560*MAX(0,(Inputs!$R$49-Q549)))","v":0},{"$f":"params!$C$16*R549*(G549-Inputs!$R$26)","v":0},-85636.57221605863,{"$f":"E549*params!$C$8","v":0}]
["2001-01-23",1,23,"21:00:00",0,10,-5,-6,92,{"$f":"Inputs!$R$38*Inputs!$R$33*(G550-Inputs!$R$26)","v":-85433.117004332627},{"$f":"Inputs!$R$34*E550*Inputs!$R$39","v":0},{"$f":"params!$C$16*Inputs!$R$30*(G550-Inputs!$R$26)","v":-13378.312475735022},{"$f":"Inputs!$R$41*Inputs!$R$42/8760","v":0},0,420.56802345265027,2.5924024753231664E-3,2.3850102772973131E-3,{"$f":"-N550/(1.202*2465560*MAX(0,(Inputs!$R$49-Q550)))","v":0},{"$f":"params!$C$16*R550*(G550-Inputs!$R$26)","v":0},-98811.429480067643,{"$f":"E550*params!$C$8","v":0}]
["2001-01-23",1,23,"22:00:00",0,10,-3,-5,84,{"$f":"Inputs!$R$38*Inputs!$R$33*(G551-Inputs!$R$26)","v":-74042.034737088281},{"$f":"Inputs!$R$34*E551*Inputs!$R$39","v":0},{"$f":"params!$C$16*Inputs!$R$30*(G551-Inputs!$R$26)","v":-11594.537478970353},{"$f":"Inputs!$R$41*Inputs!$R$42/8760","v":0},0,488.73621912146871,3.0146312662847319E-3,2.5322902636791748E-3,{"$f":"-N551/(1.202*2465560*MAX(0,(Inputs!$R$49-Q551)))","v":0},{"$f":"params!$C$16*R551*(G551-Inputs!$R$26)","v":0},-85636.57221605863,{"$f":"E551*params!$C$8","v":0}]
["2001-01-23",1,23,"23:00:00",0,10,-2,-4,85,{"$f":"Inputs!$R$38*Inputs!$R$33*(G552-Inputs!$R$26)","v":-68346.493603466108},{"$f":"Inputs!$R$34*E552*Inputs!$R$39","v":0},{"$f":"params!$C$16*Inputs!$R$30*(G552-Inputs!$R$26)","v":-10702.649980588018},{"$f":"Inputs!$R$41*Inputs!$R$42/8760","v":0},0,526.36516305985776,3.2479468065175691E-3,2.7607547855399341E-3,{"$f":"-N552/(1.202*2465560*MAX(0,(Inputs!$R$49-Q552)))","v":0},{"$f":"params!$C$16*R552*(G552-Inputs!$R$26)","v":0},-79049.143584054123,{"$f":"E552*params!$C$8","v":0}]
["2001-01-23",1,23,1,0,10,-2,-4,85,{"$f":"Inputs!$R$38*Inputs!$R$33*(G553-Inputs!$R$26)","v":-68346.493603466108},{"$f":"Inputs!$R$34*E553*Inputs!$R$39","v":0},{"$f":"params!$C$16*Inputs!$R$30*(G553-Inputs!$R$26)","v":-10702.649980588018},{"$f":"Inputs!$R$41*Inputs!$R$42/8760","v":0},0,526.36516305985776,3.2479468065175691E-3,2.7607547855399341E-3,{"$f":"-N553/(1.202*2465560*MAX(0,(Inputs!$R$49-Q553)))","v":0},{"$f":"params!$C$16*R553*(G553-Inputs!$R$26)","v":0},-79049.143584054123,{"$f":"E553*params!$C$8","v":0}]
["2001-01-24",1,24,"01:00:00",0,10,-2,-4,85,{"$f":"Inputs!$R$38*Inputs!$R$33*(G554-Inputs!$R$26)","v":-68346.493603466108},{"$f":"Inputs!$R$34*E554*Inputs!$R$39","v":0},{"$f":"params!$C$16*Inputs!$R$30*(G554-Inputs!$R$26)","v":-10702.649980588018},{"$f":"Inputs!$R$41*Inputs!$R$42/8760","v":0},0,526.36516305985776,3.2479468065175691E-3,2.7607547855399341E-3,{"$f":"-N554/(1.202*2465560*MAX(0,(Inputs!$R$49-Q554)))","v":0},{"$f":"params!$C$16*R554*(G554-Inputs!$R$26)","v":0},-79049.143584054123,{"$f":"E554*params!$C$8","v":0}]
["2001-01-24",1,24,"02:00:00",0,10,-2,-4,85,{"$f":"Inputs!$R$38*Inputs!$R$33*(G555-Inputs!$R$26)","v":-68346.493603466108},{"$f":"Inputs!$R$34*E555*Inputs!$R$39","v":0},{"$f":"params!$C$16*Inputs!$R$30*(G555-Inputs!$R$26)","v":-10702.649980588018},{"$f":"Inputs!$R$41*Inputs!$R$42/8760","v":0},0,526.36516305985776,3.2479468065175691E-3,2.7607547855399341E-3,{"$f":"-N555/(1.202*2465560*MAX(0,(Inputs!$R$49-Q555)))","v":0},{"$f":"params!$C$16*R555*(G555-Inputs!$R$26)","v":0},-79049.143584054123,{"$f":"E555*params!$C$8","v":0}]
["2001-01-24",1,24,"03:00:00",0,10,-3,-4,92,{"$f":"Inputs!$R$38*Inputs!$R$33*(G556-Inputs!$R$26)","v":-74042.034737088281},{"$f":"Inputs!$R$34*E556*Inputs!$R$39","v":0},{"$f":"params!$C$16*Inputs!$R$30*(G556-Inputs!$R$26)","v":-11594.537478970353},{"$f":"Inputs!$R$41*Inputs!$R$42/8760","v":0},0,488.73621912146871,3.0146312662847319E-3,2.7734607649819529E-3,{"$f":"-N556/(1.202*2465560*MAX(0,(Inputs!$R$49-Q556)))","v":0},{"$f":"params!$C$16*R556*(G556-Inputs!$R$26)","v":0},-85636.57221605863,{"$f":"E556*params!$C$8","v":0}]
["2001-01-24",1,24,"04:00:00",0,10,-3,-4,92,{"$f":"Inputs!$R$38*Inputs!$R$33*(G557-Inputs!$R$26)","v":-74042.034737088281},{"$f":"Inputs!$R$34*E557*Inputs!$R$39","v":0},{"$f":"params!$C$16*Inputs!$R$30*(G557-Inputs!$R$26)","v":-11594.537478970353},{"$f":"Inputs!$R$41*Inputs!$R$42/8760","v":0},0,488.73621912146871,3.0146312662847319E-3,2.7734607649819529E-3,{"$f":"-N557/(1.202*2465560*MAX(0,(Inputs!$R$49-Q557)))","v":0},{"$f":"params!$C$16*R557*(G557-Inputs!$R$26)","v":0},-85636.57221605863,{"$f":"E557*params!$C$8","v":0}]
["2001-01-24",1,24,"05:00:00",0,10,-2,-4,85,{"$f":"Inputs!$R$38*Inputs!$R$33*(G558-Inputs!$R$26)","v":-68346.493603466108},{"$f":"Inputs!$R$34*E558*Inputs!$R$39","v":0},{"$f":"params!$C$16*Inputs!$R$30*(G558-Inputs!$R$26)","v":-10702.649980588018},{"$f":"Inputs!$R$41*Inputs!$R$42/8760","v":0},0,526.36516305985776,3.2479468065175691E-3,2.7607547855399341E-3,{"$f":"-N558/(1.202*2465560*MAX(0,(Inputs!$R$49-Q558)))","v":0},{"$f":"params!$C$16*R558*(G558-Inputs!$R$26)","v":0},-79049.143584054123,{"$f":"E558*params!$C$8","v":0}]
["2001-01-24",1,24,"06:00:00",0,10,-2,-4,85,{"$f":"Inputs!$R$38*Inputs!$R$33*(G559-Inputs!$R$26)","v":-68346.493603466108},{"$f":"Inputs!$R$34*E559*Inputs!$R$39","v":0},{"$f":"params!$C$16*Inputs!$R$30*(G559-Inputs!$R$26)","v":-10702.649980588018},{"$f":"Inputs!$R$41*Inputs!$R$42/8760","v":0},0,526.36516305985776,3.2479468065175691E-3,2.7607547855399341E-3,{"$f":"-N559/(1.202*2465560*MAX(0,(Inputs!$R$49-Q559)))","v":0},{"$f":"params!$C$16*R559*(G559-Inputs!$R$26)","v":0},-79049.143584054123,{"$f":"E559*params!$C$8","v":0}]
["2001-01-24",1,24,"07:00:00",0,10,-2,-4,85,{"$f":"Inputs!$R$38*Inputs!$R$33*(G560-Inputs!$R$26)","v":-68346.493603466108},{"$f":"Inputs!$R$34*E560*Inputs!$R$39","v":0},{"$f":"params!$C$16*Inputs!$R$30*(G560-Inputs!$R$26)","v":-10702.649980588018},{"$f":"Inputs!$R$41*Inputs!$R$42/8760","v":0},0,526.36516305985776,3.2479468065175691E-3,2.7607547855399341E-3,{"$f":"-N560/(1.202*2465560*MAX(0,(Inputs!$R$49-Q560)))","v":0},{"$f":"params!$C$16*R560*(G560-Inputs!$R$26)","v":0},-79049.143584054123,{"$f":"E560*params!$C$8","v":0}]
["2001-01-24",1,24,"08:00:00",0,10,-2,-4,85,{"$f":"Inputs!$R$38*Inputs!$R$33*(G561-Inputs!$R$26)","v":-68346.493603466108},{"$f":"Inputs!$R$34*E561*Inputs!$R$39","v":0},{"$f":"params!$C$16*Inputs!$R$30*(G561-Inputs!$R$26)","v":-10702.649980588018},{"$f":"Inputs!$R$41*Inputs!$R$42/8760","v":0},0,526.36516305985776,3.2479468065175691E-3,2.7607547855399341E-3,{"$f":"-N561/(1.202*2465560*MAX(0,(Inputs!$R$49-Q561)))","v":0},{"$f":"params!$C$16*R561*(G561-Inputs!$R$26)","v":0},-79049.143584054123,{"$f":"E561*params!$C$8","v":0}]
["2001-01-24",1,24,"09:00:00",113,10,-1,-4,78,{"$f":"Inputs!$R$38*Inputs!$R$33*(G562-Inputs!$R$26)","v":-62650.952469843927},{"$f":"Inputs!$R$34*E562*Inputs!$R$39","v":66137.738180399305},{"$f":"params!$C$16*Inputs!$R$30*(G562-Inputs!$R$26)","v":-9810.7624822056823},{"$f":"Inputs!$R$41*Inputs!$R$42/8760","v":0},0,566.54310372490409,3.4972595900071069E-3,2.7278624802055435E-3,{"$f":"-N562/(1.202*2465560*MAX(0,(Inputs!$R$49-Q562)))","v":0},{"$f":"params!$C$16*R562*(G562-Inputs!$R$26)","v":0},-6323.9767716503047,{"$f":"E562*params!$C$8","v":234.0795}]
["2001-01-24",1,24,"10:00:00",120,10,0,-4,72,{"$f":"Inputs!$R$38*Inputs!$R$33*(G563-Inputs!$R$26)","v":-56955.411336221747},{"$f":"Inputs!$R$34*E563*Inputs!$R$39","v":70234.766209273585},{"$f":"params!$C$16*Inputs!$R$30*(G563-Inputs!$R$26)","v":-8918.8749838233489},{"$f":"Inputs!$R$41*Inputs!$R$42/8760","v":0},0,609.41773586642103,3.7635253138895938E-3,2.7097382260005075E-3,{"$f":"-N563/(1.202*2465560*MAX(0,(Inputs!$R$49-Q563)))","v":0},{"$f":"params!$C$16*R563*(G563-Inputs!$R$26)","v":0},4360.4798892284889,{"$f":"E563*params!$C$8","v":248.57999999999998}]
["2001-01-24",1,24,"11:00:00",117,10,1,-5,61,{"$f":"Inputs!$R$38*Inputs!$R$33*(G564-Inputs!$R$26)","v":-51259.870202599574},{"$f":"Inputs!$R$34*E564*Inputs!$R$39","v":68478.89705404175},{"$f":"params!$C$16*Inputs!$R$30*(G564-Inputs!$R$26)","v":-8026.9874854410136},{"$f":"Inputs!$R$41*Inputs!$R$42/8760","v":0},0,655.14373774848059,4.0477489204243187E-3,2.4691268414588343E-3,{"$f":"-N564/(1.202*2465560*MAX(0,(Inputs!$R$49-Q564)))","v":0},{"$f":"params!$C$16*R564*(G564-Inputs!$R$26)","v":0},9192.0393660011632,{"$f":"E564*params!$C$8","v":242.3655}]
["2001-01-24",1,24,"12:00:00",81,10,1,-5,61,{"$f":"Inputs!$R$38*Inputs!$R$33*(G565-Inputs!$R$26)","v":-51259.870202599574},{"$f":"Inputs!$R$34*E565*Inputs!$R$39","v":47408.467191259668},{"$f":"params!$C$16*Inputs!$R$30*(G565-Inputs!$R$26)","v":-8026.9874854410136},{"$f":"Inputs!$R$41*Inputs!$R$42/8760","v":0},0,655.14373774848059,4.0477489204243187E-3,2.4691268414588343E-3,{"$f":"-N565/(1.202*2465560*MAX(0,(Inputs!$R$49-Q565)))","v":0},{"$f":"params!$C$16*R565*(G565-Inputs!$R$26)","v":0},-11878.390496780919,{"$f":"E565*params!$C$8","v":167.79149999999998}]
["2001-01-24",1,24,"13:00:00",102,10,1,-6,56,{"$f":"Inputs!$R$38*Inputs!$R$33*(G566-Inputs!$R$26)","v":-51259.870202599574},{"$f":"Inputs!$R$34*E566*Inputs!$R$39","v":59699.55127788255},{"$f":"params!$C$16*Inputs!$R$30*(G566-Inputs!$R$26)","v":-8026.9874854410136},{"$f":"Inputs!$R$41*Inputs!$R$42/8760","v":0},0,655.14373774848059,4.0477489204243187E-3,2.2667393954376187E-3,{"$f":"-N566/(1.202*2465560*MAX(0,(Inputs!$R$49-Q566)))","v":0},{"$f":"params!$C$16*R566*(G566-Inputs!$R$26)","v":0},412.69358984196333,{"$f":"E566*params!$C$8","v":211.29299999999998}]
["2001-01-24",1,24,"14:00:00",255,10,2,-6,52,{"$f":"Inputs!$R$38*Inputs!$R$33*(G567-Inputs!$R$26)","v":-45564.3290689774},{"$f":"Inputs!$R$34*E567*Inputs!$R$39","v":149248.8781947064},{"$f":"params!$C$16*Inputs!$R$30*(G567-Inputs!$R$26)","v":-7135.0999870586784},{"$f":"Inputs!$R$41*Inputs!$R$42/8760","v":0},0,703.88301618186097,4.3509868656616182E-3,2.2625131701440415E-3,{"$f":"-N567/(1.202*2465560*MAX(0,(Inputs!$R$49-Q567)))","v":0},{"$f":"params!$C$16*R567*(G567-Inputs!$R$26)","v":0},96549.449138670316,{"$f":"E567*params!$C$8","v":528.23249999999996}]
["2001-01-24",1,24,"15:00:00",320,3,2,-6,52,{"$f":"Inputs!$R$38*Inputs!$R$33*(G568-Inputs!$R$26)","v":-45564.3290689774},{"$f":"Inputs!$R$34*E568*Inputs!$R$39","v":187292.70989139625},{"$f":"params!$C$16*Inputs!$R$30*(G568-Inputs!$R$26)","v":-7135.0999870586784},{"$f":"Inputs!$R$41*Inputs!$R$42/8760","v":0},0,703.88301618186097,4.3509868656616182E-3,2.2625131701440415E-3,{"$f":"-N568/(1.202*2465560*MAX(0,(Inputs!$R$49-Q568)))","v":0},{"$f":"params!$C$16*R568*(G568-Inputs!$R$26)","v":0},134593.28083536017,{"$f":"E568*params!$C$8","v":662.88}]
["2001-01-24",1,24,"16:00:00",146,5,2,-6,52,{"$f":"Inputs!$R$38*Inputs!$R$33*(G569-Inputs!$R$26)","v":-45564.3290689774},{"$f":"Inputs!$R$34*E569*Inputs!$R$39","v":85452.298887949539},{"$f":"params!$C$16*Inputs!$R$30*(G569-Inputs!$R$26)","v":-7135.0999870586784},{"$f":"Inputs!$R$41*Inputs!$R$42/8760","v":0},0,703.88301618186097,4.3509868656616182E-3,2.2625131701440415E-3,{"$f":"-N569/(1.202*2465560*MAX(0,(Inputs!$R$49-Q569)))","v":0},{"$f":"params!$C$16*R569*(G569-Inputs!$R$26)","v":0},32752.86983191346,{"$f":"E569*params!$C$8","v":302.43899999999996}]
["2001-01-24",1,24,"17:00:00",43,10,2,-6,52,{"$f":"Inputs!$R$38*Inputs!$R$33*(G570-Inputs!$R$26)","v":-45564.3290689774},{"$f":"Inputs!$R$34*E570*Inputs!$R$39","v":25167.45789165637},{"$f":"params!$C$16*Inputs!$R$30*(G570-Inputs!$R$26)","v":-7135.0999870586784},{"$f":"Inputs!$R$41*Inputs!$R$42/8760","v":0},0,703.88301618186097,4.3509868656616182E-3,2.2625131701440415E-3,{"$f":"-N570/(1.202*2465560*MAX(0,(Inputs!$R$49-Q570)))","v":0},{"$f":"params!$C$16*R570*(G570-Inputs!$R$26)","v":0},-27531.971164379709,{"$f":"E570*params!$C$8","v":89.0745}]
["2001-01-24",1,24,"18:00:00",0,10,1,-5,61,{"$f":"Inputs!$R$38*Inputs!$R$33*(G571-Inputs!$R$26)","v":-51259.870202599574},{"$f":"Inputs!$R$34*E571*Inputs!$R$39","v":0},{"$f":"params!$C$16*Inputs!$R$30*(G571-Inputs!$R$26)","v":-8026.9874854410136},{"$f":"Inputs!$R$41*Inputs!$R$42/8760","v":0},0,655.14373774848059,4.0477489204243187E-3,2.4691268414588343E-3,{"$f":"-N571/(1.202*2465560*MAX(0,(Inputs!$R$49-Q571)))","v":0},{"$f":"params!$C$16*R571*(G571-Inputs!$R$26)","v":0},-59286.857688040589,{"$f":"E571*params!$C$8","v":0}]
["2001-01-24",1,24,"19:00:00",0,10,1,-5,61,{"$f":"Inputs!$R$38*Inputs!$R$33*(G572-Inputs!$R$26)","v":-51259.870202599574},{"$f":"Inputs!$R$34*E572*Inputs!$R$39","v":0},{"$f":"params!$C$16*Inputs!$R$30*(G572-Inputs!$R$26)","v":-8026.9874854410136},{"$f":"Inputs!$R$41*Inputs!$R$42/8760","v":0},0,655.14373774848059,4.0477489204243187E-3,2.4691268414588343E-3,{"$f":"-N572/(1.202*2465560*MAX(0,(Inputs!$R$49-Q572)))","v":0},{"$f":"params!$C$16*R572*(G572-Inputs!$R$26)","v":0},-59286.857688040589,{"$f":"E572*params!$C$8","v":0}]
["2001-01-24",1,24,"20:00:00",0,10,0,-4,72,{"$f":"Inputs!$R$38*Inputs!$R$33*(G573-Inputs!$R$26)","v":-56955.411336221747},{"$f":"Inputs!$R$34*E573*Inputs!$R$39","v":0},{"$f":"params!$C$16*Inputs!$R$30*(G573-Inputs!$R$26)","v":-8918.8749838233489},{"$f":"Inputs!$R$41*Inputs!$R$42/8760","v":0},0,609.41773586642103,3.7635253138895938E-3,2.7097382260005075E-3,{"$f":"-N573/(1.202*2465560*MAX(0,(Inputs!$R$49-Q573)))","v":0},{"$f":"params!$C$16*R573*(G573-Inputs!$R$26)","v":0},-65874.286320045096,{"$f":"E573*params!$C$8","v":0}]
["2001-01-24",1,24,"21:00:00",0,10,0,-4,72,{"$f":"Inputs!$R$38*Inputs!$R$33*(G574-Inputs!$R$26)","v":-56955.411336221747},{"$f":"Inputs!$R$34*E574*Inputs!$R$39","v":0},{"$f":"params!$C$16*Inputs!$R$30*(G574-Inputs!$R$26)","v":-8918.8749838233489},{"$f":"Inputs!$R$41*Inputs!$R$42/8760","v":0},0,609.41773586642103,3.7635253138895938E-3,2.7097382260005075E-3,{"$f":"-N574/(1.202*2465560*MAX(0,(Inputs!$R$49-Q574)))","v":0},{"$f":"params!$C$16*R574*(G574-Inputs!$R$26)","v":0},-65874.286320045096,{"$f":"E574*params!$C$8","v":0}]
["2001-01-24",1,24,"22:00:00",0,10,-1,-3,85,{"$f":"Inputs!$R$38*Inputs!$R$33*(G575-Inputs!$R$26)","v":-62650.952469843927},{"$f":"Inputs!$R$34*E575*Inputs!$R$39","v":0},{"$f":"params!$C$16*Inputs!$R$30*(G575-Inputs!$R$26)","v":-9810.7624822056823},{"$f":"Inputs!$R$41*Inputs!$R$42/8760","v":0},0,566.54310372490409,3.4972595900071069E-3,2.9726706515060407E-3,{"$f":"-N575/(1.202*2465560*MAX(0,(Inputs!$R$49-Q575)))","v":0},{"$f":"params!$C$16*R575*(G575-Inputs!$R$26)","v":0},-72461.714952049602,{"$f":"E575*params!$C$8","v":0}]
["2001-01-24",1,24,"23:00:00",0,10,-1,-6,66,{"$f":"Inputs!$R$38*Inputs!$R$33*(G576-Inputs!$R$26)","v":-62650.952469843927},{"$f":"Inputs!$R$34*E576*Inputs!$R$39","v":0},{"$f":"params!$C$16*Inputs!$R$30*(G576-Inputs!$R$26)","v":-9810.7624822056823},{"$f":"Inputs!$R$41*Inputs!$R$42/8760","v":0},0,566.54310372490409,3.4972595900071069E-3,2.3081913294046904E-3,{"$f":"-N576/(1.202*2465560*MAX(0,(Inputs!$R$49-Q576)))","v":0},{"$f":"params!$C$16*R576*(G576-Inputs!$R$26)","v":0},-72461.714952049602,{"$f":"E576*params!$C$8","v":0}]
["2001-01-24",1,24,1,0,10,-1,-8,55,{"$f":"Inputs!$R$38*Inputs!$R$33*(G577-Inputs!$R$26)","v":-62650.952469843927},{"$f":"Inputs!$R$34*E577*Inputs!$R$39","v":0},{"$f":"params!$C$16*Inputs!$R$30*(G577-Inputs!$R$26)","v":-9810.7624822056823},{"$f":"Inputs!$R$41*Inputs!$R$42/8760","v":0},0,566.54310372490409,3.4972595900071069E-3,1.9234927745039087E-3,{"$f":"-N577/(1.202*2465560*MAX(0,(Inputs!$R$49-Q577)))","v":0},{"$f":"params!$C$16*R577*(G577-Inputs!$R$26)","v":0},-72461.714952049602,{"$f":"E577*params!$C$8","v":0}]
["2001-01-25",1,25,"01:00:00",0,10,-3,-8,65,{"$f":"Inputs!$R$38*Inputs!$R$33*(G578-Inputs!$R$26)","v":-74042.034737088281},{"$f":"Inputs!$R$34*E578*Inputs!$R$39","v":0},{"$f":"params!$C$16*Inputs!$R$30*(G578-Inputs!$R$26)","v":-11594.537478970353},{"$f":"Inputs!$R$41*Inputs!$R$42/8760","v":0},0,488.73621912146871,3.0146312662847319E-3,1.9595103230850759E-3,{"$f":"-N578/(1.202*2465560*MAX(0,(Inputs!$R$49-Q578)))","v":0},{"$f":"params!$C$16*R578*(G578-Inputs!$R$26)","v":0},-85636.57221605863,{"$f":"E578*params!$C$8","v":0}]
["2001-01-25",{"$f":"MONTH(A579)","v":1},{"$f":"DAY(A579)","v":25},"02:00:00",0,10,-2,-8,60,{"$f":"Inputs!$R$38*Inputs!$R$33*(G579-Inputs!$R$26)","v":-68346.493603466108},{"$f":"Inputs!$R$34*E579*Inputs!$R$39","v":0},{"$f":"params!$C$16*Inputs!$R$30*(G579-Inputs!$R$26)","v":-10702.649980588018},{"$f":"Inputs!$R$41*Inputs!$R$42/8760","v":0},0,{"$f":"EXP(77.345+0.0057*(G579+273.15)-7235/(G579+273.15))/(G579+273.15)^8.2","v":526.36516305985776},{"$f":"0.62198*O579/(101325-O579)","v":3.2479468065175691E-3},{"$f":"P579*I579/100","v":1.9487680839105415E-3},{"$f":"-N579/(1.202*2465560*MAX(0,(Inputs!$R$49-Q579)))","v":0},{"$f":"params!$C$16*R579*(G579-Inputs!$R$26)","v":0},{"$f":"J579+K579+L579+M579+N579+S579","v":-79049.143584054123},{"$f":"E579*params!$C$8","v":0}]
["2001-01-25",1,25,"03:00:00",0,10,-2,-7.4,63,{"$f":"Inputs!$R$38*Inputs!$R$33*(G580-Inputs!$R$26)","v":-68346.493603466108},{"$f":"Inputs!$R$34*E580*Inputs!$R$39","v":0},{"$f":"params!$C$16*Inputs!$R$30*(G580-Inputs!$R$26)","v":-10702.649980588018},{"$f":"Inputs!$R$41*Inputs!$R$42/8760","v":0},0,526.36516305985776,3.2479468065175691E-3,2.0462064881060687E-3,{"$f":"-N580/(1.202*2465560*MAX(0,(Inputs!$R$49-Q580)))","v":0},{"$f":"params!$C$16*R580*(G580-Inputs!$R$26)","v":0},-79049.143584054123,{"$f":"E580*params!$C$8","v":0}]
["2001-01-25",1,25,"04:00:00",0,10,-2,-7,65,{"$f":"Inputs!$R$38*Inputs!$R$33*(G581-Inputs!$R$26)","v":-68346.493603466108},{"$f":"Inputs!$R$34*E581*Inputs!$R$39","v":0},{"$f":"params!$C$16*Inputs!$R$30*(G581-Inputs!$R$26)","v":-10702.649980588018},{"$f":"Inputs!$R$41*Inputs!$R$42/8760","v":0},0,526.36516305985776,3.2479468065175691E-3,2.1111654242364202E-3,{"$f":"-N581/(1.202*2465560*MAX(0,(Inputs!$R$49-Q581)))","v":0},{"$f":"params!$C$16*R581*(G581-Inputs!$R$26)","v":0},-79049.143584054123,{"$f":"E581*params!$C$8","v":0}]
["2001-01-25",1,25,"05:00:00",0,10,-2,-6,71,{"$f":"Inputs!$R$38*Inputs!$R$33*(G582-Inputs!$R$26)","v":-68346.493603466108},{"$f":"Inputs!$R$34*E582*Inputs!$R$39","v":0},{"$f":"params!$C$16*Inputs!$R$30*(G582-Inputs!$R$26)","v":-10702.649980588018},{"$f":"Inputs!$R$41*Inputs!$R$42/8760","v":0},0,526.36516305985776,3.2479468065175691E-3,2.306042232627474E-3,{"$f":"-N582/(1.202*2465560*MAX(0,(Inputs!$R$49-Q582)))","v":0},{"$f":"params!$C$16*R582*(G582-Inputs!$R$26)","v":0},-79049.143584054123,{"$f":"E582*params!$C$8","v":0}]
["2001-01-25",1,25,"06:00:00",0,10,-2,-7,65,{"$f":"Inputs!$R$38*Inputs!$R$33*(G583-Inputs!$R$26)","v":-68346.493603466108},{"$f":"Inputs!$R$34*E583*Inputs!$R$39","v":0},{"$f":"params!$C$16*Inputs!$R$30*(G583-Inputs!$R$26)","v":-10702.649980588018},{"$f":"Inputs!$R$41*Inputs!$R$42/8760","v":0},0,526.36516305985776,3.2479468065175691E-3,2.1111654242364202E-3,{"$f":"-N583/(1.202*2465560*MAX(0,(Inputs!$R$49-Q583)))","v":0},{"$f":"params!$C$16*R583*(G583-Inputs!$R$26)","v":0},-79049.143584054123,{"$f":"E583*params!$C$8","v":0}]
["2001-01-25",1,25,"07:00:00",0,10,-3,-8,65,{"$f":"Inputs!$R$38*Inputs!$R$33*(G584-Inputs!$R$26)","v":-74042.034737088281},{"$f":"Inputs!$R$34*E584*Inputs!$R$39","v":0},{"$f":"params!$C$16*Inputs!$R$30*(G584-Inputs!$R$26)","v":-11594.537478970353},{"$f":"Inputs!$R$41*Inputs!$R$42/8760","v":0},0,488.73621912146871,3.0146312662847319E-3,1.9595103230850759E-3,{"$f":"-N584/(1.202*2465560*MAX(0,(Inputs!$R$49-Q584)))","v":0},{"$f":"params!$C$16*R584*(G584-Inputs!$R$26)","v":0},-85636.57221605863,{"$f":"E584*params!$C$8","v":0}]
["2001-01-25",1,25,"08:00:00",0,10,-3,-8,65,{"$f":"Inputs!$R$38*Inputs!$R$33*(G585-Inputs!$R$26)","v":-74042.034737088281},{"$f":"Inputs!$R$34*E585*Inputs!$R$39","v":0},{"$f":"params!$C$16*Inputs!$R$30*(G585-Inputs!$R$26)","v":-11594.537478970353},{"$f":"Inputs!$R$41*Inputs!$R$42/8760","v":0},0,488.73621912146871,3.0146312662847319E-3,1.9595103230850759E-3,{"$f":"-N585/(1.202*2465560*MAX(0,(Inputs!$R$49-Q585)))","v":0},{"$f":"params!$C$16*R585*(G585-Inputs!$R$26)","v":0},-85636.57221605863,{"$f":"E585*params!$C$8","v":0}]
["2001-01-25",1,25,"09:00:00",141,10,-4,-7,77,{"$f":"Inputs!$R$38*Inputs!$R$33*(G586-Inputs!$R$26)","v":-79737.575870710454},{"$f":"Inputs!$R$34*E586*Inputs!$R$39","v":82525.850295896467},{"$f":"params!$C$16*Inputs!$R$30*(G586-Inputs!$R$26)","v":-12486.424977352686},{"$f":"Inputs!$R$41*Inputs!$R$42/8760","v":0},0,453.51532044328405,2.7964043545646504E-3,2.1532313530147808E-3,{"$f":"-N586/(1.202*2465560*MAX(0,(Inputs!$R$49-Q586)))","v":0},{"$f":"params!$C$16*R586*(G586-Inputs!$R$26)","v":0},-9698.1505521666732,{"$f":"E586*params!$C$8","v":292.08150000000001}]
["2001-01-25",1,25,"10:00:00",233,10,-4,-8,71,{"$f":"Inputs!$R$38*Inputs!$R$33*(G587-Inputs!$R$26)","v":-79737.575870710454},{"$f":"Inputs!$R$34*E587*Inputs!$R$39","v":136372.50438967289},{"$f":"params!$C$16*Inputs!$R$30*(G587-Inputs!$R$26)","v":-12486.424977352686},{"$f":"Inputs!$R$41*Inputs!$R$42/8760","v":0},0,453.51532044328405,2.7964043545646504E-3,1.9854470917409018E-3,{"$f":"-N587/(1.202*2465560*MAX(0,(Inputs!$R$49-Q587)))","v":0},{"$f":"params!$C$16*R587*(G587-Inputs!$R$26)","v":0},44148.503541609753,{"$f":"E587*params!$C$8","v":482.65949999999998}]
["2001-01-25",1,25,"11:00:00",395,10,-4,-10,59,{"$f":"Inputs!$R$38*Inputs!$R$33*(G588-Inputs!$R$26)","v":-79737.575870710454},{"$f":"Inputs!$R$34*E588*Inputs!$R$39","v":231189.43877219222},{"$f":"params!$C$16*Inputs!$R$30*(G588-Inputs!$R$26)","v":-12486.424977352686},{"$f":"Inputs!$R$41*Inputs!$R$42/8760","v":0},0,453.51532044328405,2.7964043545646504E-3,1.6498785691931436E-3,{"$f":"-N588/(1.202*2465560*MAX(0,(Inputs!$R$49-Q588)))","v":0},{"$f":"params!$C$16*R588*(G588-Inputs!$R$26)","v":0},138965.43792412907,{"$f":"E588*params!$C$8","v":818.24249999999995}]
["2001-01-25",1,25,"12:00:00",446,8,-3,-10,55,{"$f":"Inputs!$R$38*Inputs!$R$33*(G589-Inputs!$R$26)","v":-74042.034737088281},{"$f":"Inputs!$R$34*E589*Inputs!$R$39","v":261039.21441113349},{"$f":"params!$C$16*Inputs!$R$30*(G589-Inputs!$R$26)","v":-11594.537478970353},{"$f":"Inputs!$R$41*Inputs!$R$42/8760","v":0},0,488.73621912146871,3.0146312662847319E-3,1.6580471964566027E-3,{"$f":"-N589/(1.202*2465560*MAX(0,(Inputs!$R$49-Q589)))","v":0},{"$f":"params!$C$16*R589*(G589-Inputs!$R$26)","v":0},175402.64219507485,{"$f":"E589*params!$C$8","v":923.88900000000001}]
["2001-01-25",1,25,"13:00:00",491,0,-3,-12,46,{"$f":"Inputs!$R$38*Inputs!$R$33*(G590-Inputs!$R$26)","v":-74042.034737088281},{"$f":"Inputs!$R$34*E590*Inputs!$R$39","v":287377.25173961109},{"$f":"params!$C$16*Inputs!$R$30*(G590-Inputs!$R$26)","v":-11594.537478970353},{"$f":"Inputs!$R$41*Inputs!$R$42/8760","v":0},0,488.73621912146871,3.0146312662847319E-3,1.3867303824909765E-3,{"$f":"-N590/(1.202*2465560*MAX(0,(Inputs!$R$49-Q590)))","v":0},{"$f":"params!$C$16*R590*(G590-Inputs!$R$26)","v":0},201740.67952355245,{"$f":"E590*params!$C$8","v":1017.1065}]
["2001-01-25",1,25,"14:00:00",440,0,-3,-12,46,{"$f":"Inputs!$R$38*Inputs!$R$33*(G591-Inputs!$R$26)","v":-74042.034737088281},{"$f":"Inputs!$R$34*E591*Inputs!$R$39","v":257527.47610066982},{"$f":"params!$C$16*Inputs!$R$30*(G591-Inputs!$R$26)","v":-11594.537478970353},{"$f":"Inputs!$R$41*Inputs!$R$42/8760","v":0},0,488.73621912146871,3.0146312662847319E-3,1.3867303824909765E-3,{"$f":"-N591/(1.202*2465560*MAX(0,(Inputs!$R$49-Q591)))","v":0},{"$f":"params!$C$16*R591*(G591-Inputs!$R$26)","v":0},171890.90388461118,{"$f":"E591*params!$C$8","v":911.45999999999992}]
["2001-01-25",1,25,"15:00:00",359,0,-3,-13,42,{"$f":"Inputs!$R$38*Inputs!$R$33*(G592-Inputs!$R$26)","v":-74042.034737088281},{"$f":"Inputs!$R$34*E592*Inputs!$R$39","v":210119.00890941016},{"$f":"params!$C$16*Inputs!$R$30*(G592-Inputs!$R$26)","v":-11594.537478970353},{"$f":"Inputs!$R$41*Inputs!$R$42/8760","v":0},0,488.73621912146871,3.0146312662847319E-3,1.2661451318395874E-3,{"$f":"-N592/(1.202*2465560*MAX(0,(Inputs!$R$49-Q592)))","v":0},{"$f":"params!$C$16*R592*(G592-Inputs!$R$26)","v":0},124482.43669335153,{"$f":"E592*params!$C$8","v":743.66849999999999}]
["2001-01-25",1,25,"16:00:00",222,0,-3,-13,42,{"$f":"Inputs!$R$38*Inputs!$R$33*(G593-Inputs!$R$26)","v":-74042.034737088281},{"$f":"Inputs!$R$34*E593*Inputs!$R$39","v":129934.31748715614},{"$f":"params!$C$16*Inputs!$R$30*(G593-Inputs!$R$26)","v":-11594.537478970353},{"$f":"Inputs!$R$41*Inputs!$R$42/8760","v":0},0,488.73621912146871,3.0146312662847319E-3,1.2661451318395874E-3,{"$f":"-N593/(1.202*2465560*MAX(0,(Inputs!$R$49-Q593)))","v":0},{"$f":"params!$C$16*R593*(G593-Inputs!$R$26)","v":0},44297.745271097505,{"$f":"E593*params!$C$8","v":459.87299999999999}]
["2001-01-25",1,25,"17:00:00",69,0,-4,-13,45,{"$f":"Inputs!$R$38*Inputs!$R$33*(G594-Inputs!$R$26)","v":-79737.575870710454},{"$f":"Inputs!$R$34*E594*Inputs!$R$39","v":40384.990570332317},{"$f":"params!$C$16*Inputs!$R$30*(G594-Inputs!$R$26)","v":-12486.424977352686},{"$f":"Inputs!$R$41*Inputs!$R$42/8760","v":0},0,453.51532044328405,2.7964043545646504E-3,1.2583819595540927E-3,{"$f":"-N594/(1.202*2465560*MAX(0,(Inputs!$R$49-Q594)))","v":0},{"$f":"params!$C$16*R594*(G594-Inputs!$R$26)","v":0},-51839.01027773082,{"$f":"E594*params!$C$8","v":142.93349999999998}]
["2001-01-25",1,25,"18:00:00",0,0,-6,-13,54,{"$f":"Inputs!$R$38*Inputs!$R$33*(G595-Inputs!$R$26)","v":-91128.658137954801},{"$f":"Inputs!$R$34*E595*Inputs!$R$39","v":0},{"$f":"params!$C$16*Inputs!$R$30*(G595-Inputs!$R$26)","v":-14270.199974117357},{"$f":"Inputs!$R$41*Inputs!$R$42/8760","v":0},0,389.76616195693094,2.4018050803048703E-3,1.2969747433646301E-3,{"$f":"-N595/(1.202*2465560*MAX(0,(Inputs!$R$49-Q595)))","v":0},{"$f":"params!$C$16*R595*(G595-Inputs!$R$26)","v":0},-105398.85811207216,{"$f":"E595*params!$C$8","v":0}]
["2001-01-25",1,25,"19:00:00",0,0,-7,-13,59,{"$f":"Inputs!$R$38*Inputs!$R$33*(G596-Inputs!$R$26)","v":-96824.199271576974},{"$f":"Inputs!$R$34*E596*Inputs!$R$39","v":0},{"$f":"params!$C$16*Inputs!$R$30*(G596-Inputs!$R$26)","v":-15162.087472499692},{"$f":"Inputs!$R$41*Inputs!$R$42/8760","v":0},0,360.98762153500678,2.2238327850987206E-3,1.312061343208245E-3,{"$f":"-N596/(1.202*2465560*MAX(0,(Inputs!$R$49-Q596)))","v":0},{"$f":"params!$C$16*R596*(G596-Inputs!$R$26)","v":0},-111986.28674407667,{"$f":"E596*params!$C$8","v":0}]
["2001-01-25",1,25,"20:00:00",0,0,-8,-13,64,{"$f":"Inputs!$R$38*Inputs!$R$33*(G597-Inputs!$R$26)","v":-102519.74040519915},{"$f":"Inputs!$R$34*E597*Inputs!$R$39","v":0},{"$f":"params!$C$16*Inputs!$R$30*(G597-Inputs!$R$26)","v":-16053.974970882027},{"$f":"Inputs!$R$41*Inputs!$R$42/8760","v":0},0,334.1161188582924,2.0577455669371189E-3,1.3169571628397561E-3,{"$f":"-N597/(1.202*2465560*MAX(0,(Inputs!$R$49-Q597)))","v":0},{"$f":"params!$C$16*R597*(G597-Inputs!$R$26)","v":0},-118573.71537608118,{"$f":"E597*params!$C$8","v":0}]
["2001-01-25",1,25,"21:00:00",0,10,-7,-12,64,{"$f":"Inputs!$R$38*Inputs!$R$33*(G598-Inputs!$R$26)","v":-96824.199271576974},{"$f":"Inputs!$R$34*E598*Inputs!$R$39","v":0},{"$f":"params!$C$16*Inputs!$R$30*(G598-Inputs!$R$26)","v":-15162.087472499692},{"$f":"Inputs!$R$41*Inputs!$R$42/8760","v":0},0,360.98762153500678,2.2238327850987206E-3,1.4232529824631812E-3,{"$f":"-N598/(1.202*2465560*MAX(0,(Inputs!$R$49-Q598)))","v":0},{"$f":"params!$C$16*R598*(G598-Inputs!$R$26)","v":0},-111986.28674407667,{"$f":"E598*params!$C$8","v":0}]
["2001-01-25",1,25,"22:00:00",0,4,-9,-12,77,{"$f":"Inputs!$R$38*Inputs!$R$33*(G599-Inputs!$R$26)","v":-108215.28153882132},{"$f":"Inputs!$R$34*E599*Inputs!$R$39","v":0},{"$f":"params!$C$16*Inputs!$R$30*(G599-Inputs!$R$26)","v":-16945.862469264361},{"$f":"Inputs!$R$41*Inputs!$R$42/8760","v":0},0,309.04098596033037,1.902841039413297E-3,1.4651876003482387E-3,{"$f":"-N599/(1.202*2465560*MAX(0,(Inputs!$R$49-Q599)))","v":0},{"$f":"params!$C$16*R599*(G599-Inputs!$R$26)","v":0},-125161.14400808568,{"$f":"E599*params!$C$8","v":0}]
["2001-01-25",1,25,"23:00:00",0,10,-8,-11,77,{"$f":"Inputs!$R$38*Inputs!$R$33*(G600-Inputs!$R$26)","v":-102519.74040519915},{"$f":"Inputs!$R$34*E600*Inputs!$R$39","v":0},{"$f":"params!$C$16*Inputs!$R$30*(G600-Inputs!$R$26)","v":-16053.974970882027},{"$f":"Inputs!$R$41*Inputs!$R$42/8760","v":0},0,334.1161188582924,2.0577455669371189E-3,1.5844640865415815E-3,{"$f":"-N600/(1.202*2465560*MAX(0,(Inputs!$R$49-Q600)))","v":0},{"$f":"params!$C$16*R600*(G600-Inputs!$R$26)","v":0},-118573.71537608118,{"$f":"E600*params!$C$8","v":0}]
["2001-01-25",1,25,1,0,10,-7,-11,70,{"$f":"Inputs!$R$38*Inputs!$R$33*(G601-Inputs!$R$26)","v":-96824.199271576974},{"$f":"Inputs!$R$34*E601*Inputs!$R$39","v":0},{"$f":"params!$C$16*Inputs!$R$30*(G601-Inputs!$R$26)","v":-15162.087472499692},{"$f":"Inputs!$R$41*Inputs!$R$42/8760","v":0},0,360.98762153500678,2.2238327850987206E-3,1.5566829495691045E-3,{"$f":"-N601/(1.202*2465560*MAX(0,(Inputs!$R$49-Q601)))","v":0},{"$f":"params!$C$16*R601*(G601-Inputs!$R$26)","v":0},-111986.28674407667,{"$f":"E601*params!$C$8","v":0}]
["2001-01-26",1,26,"01:00:00",0,10,-7,-11,70,{"$f":"Inputs!$R$38*Inputs!$R$33*(G602-Inputs!$R$26)","v":-96824.199271576974},{"$f":"Inputs!$R$34*E602*Inputs!$R$39","v":0},{"$f":"params!$C$16*Inputs!$R$30*(G602-Inputs!$R$26)","v":-15162.087472499692},{"$f":"Inputs!$R$41*Inputs!$R$42/8760","v":0},0,360.98762153500678,2.2238327850987206E-3,1.5566829495691045E-3,{"$f":"-N602/(1.202*2465560*MAX(0,(Inputs!$R$49-Q602)))","v":0},{"$f":"params!$C$16*R602*(G602-Inputs!$R$26)","v":0},-111986.28674407667,{"$f":"E602*params!$C$8","v":0}]
["2001-01-26",1,26,"02:00:00",0,10,-7,-11,70,{"$f":"Inputs!$R$38*Inputs!$R$33*(G603-Inputs!$R$26)","v":-96824.199271576974},{"$f":"Inputs!$R$34*E603*Inputs!$R$39","v":0},{"$f":"params!$C$16*Inputs!$R$30*(G603-Inputs!$R$26)","v":-15162.087472499692},{"$f":"Inputs!$R$41*Inputs!$R$42/8760","v":0},0,360.98762153500678,2.2238327850987206E-3,1.5566829495691045E-3,{"$f":"-N603/(1.202*2465560*MAX(0,(Inputs!$R$49-Q603)))","v":0},{"$f":"params!$C$16*R603*(G603-Inputs!$R$26)","v":0},-111986.28674407667,{"$f":"E603*params!$C$8","v":0}]
["2001-01-26",1,26,"03:00:00",0,10,-8,-10,84,{"$f":"Inputs!$R$38*Inputs!$R$33*(G604-Inputs!$R$26)","v":-102519.74040519915},{"$f":"Inputs!$R$34*E604*Inputs!$R$39","v":0},{"$f":"params!$C$16*Inputs!$R$30*(G604-Inputs!$R$26)","v":-16053.974970882027},{"$f":"Inputs!$R$41*Inputs!$R$42/8760","v":0},0,334.1161188582924,2.0577455669371189E-3,1.7285062762271799E-3,{"$f":"-N604/(1.202*2465560*MAX(0,(Inputs!$R$49-Q604)))","v":0},{"$f":"params!$C$16*R604*(G604-Inputs!$R$26)","v":0},-118573.71537608118,{"$f":"E604*params!$C$8","v":0}]
["2001-01-26",1,26,"04:00:00",0,10,-7,-10,77,{"$f":"Inputs!$R$38*Inputs!$R$33*(G605-Inputs!$R$26)","v":-96824.199271576974},{"$f":"Inputs!$R$34*E605*Inputs!$R$39","v":0},{"$f":"params!$C$16*Inputs!$R$30*(G605-Inputs!$R$26)","v":-15162.087472499692},{"$f":"Inputs!$R$41*Inputs!$R$42/8760","v":0},0,360.98762153500678,2.2238327850987206E-3,1.7123512445260151E-3,{"$f":"-N605/(1.202*2465560*MAX(0,(Inputs!$R$49-Q605)))","v":0},{"$f":"params!$C$16*R605*(G605-Inputs!$R$26)","v":0},-111986.28674407667,{"$f":"E605*params!$C$8","v":0}]
["2001-01-26",1,26,"05:00:00",0,10,-7,-11,70,{"$f":"Inputs!$R$38*Inputs!$R$33*(G606-Inputs!$R$26)","v":-96824.199271576974},{"$f":"Inputs!$R$34*E606*Inputs!$R$39","v":0},{"$f":"params!$C$16*Inputs!$R$30*(G606-Inputs!$R$26)","v":-15162.087472499692},{"$f":"Inputs!$R$41*Inputs!$R$42/8760","v":0},0,360.98762153500678,2.2238327850987206E-3,1.5566829495691045E-3,{"$f":"-N606/(1.202*2465560*MAX(0,(Inputs!$R$49-Q606)))","v":0},{"$f":"params!$C$16*R606*(G606-Inputs!$R$26)","v":0},-111986.28674407667,{"$f":"E606*params!$C$8","v":0}]
["2001-01-26",1,26,"06:00:00",0,10,-7,-11,70,{"$f":"Inputs!$R$38*Inputs!$R$33*(G607-Inputs!$R$26)","v":-96824.199271576974},{"$f":"Inputs!$R$34*E607*Inputs!$R$39","v":0},{"$f":"params!$C$16*Inputs!$R$30*(G607-Inputs!$R$26)","v":-15162.087472499692},{"$f":"Inputs!$R$41*Inputs!$R$42/8760","v":0},0,360.98762153500678,2.2238327850987206E-3,1.5566829495691045E-3,{"$f":"-N607/(1.202*2465560*MAX(0,(Inputs!$R$49-Q607)))","v":0},{"$f":"params!$C$16*R607*(G607-Inputs!$R$26)","v":0},-111986.28674407667,{"$f":"E607*params!$C$8","v":0}]
["2001-01-26",1,26,"07:00:00",0,10,-7,-11,70,{"$f":"Inputs!$R$38*Inputs!$R$33*(G608-Inputs!$R$26)","v":-96824.199271576974},{"$f":"Inputs!$R$34*E608*Inputs!$R$39","v":0},{"$f":"params!$C$16*Inputs!$R$30*(G608-Inputs!$R$26)","v":-15162.087472499692},{"$f":"Inputs!$R$41*Inputs!$R$42/8760","v":0},0,360.98762153500678,2.2238327850987206E-3,1.5566829495691045E-3,{"$f":"-N608/(1.202*2465560*MAX(0,(Inputs!$R$49-Q608)))","v":0},{"$f":"params!$C$16*R608*(G608-Inputs!$R$26)","v":0},-111986.28674407667,{"$f":"E608*params!$C$8","v":0}]
["2001-01-26",1,26,"08:00:00",1,0,-9,-12,77,{"$f":"Inputs!$R$38*Inputs!$R$33*(G609-Inputs!$R$26)","v":-108215.28153882132},{"$f":"Inputs!$R$34*E609*Inputs!$R$39","v":585.2897184106132},{"$f":"params!$C$16*Inputs!$R$30*(G609-Inputs!$R$26)","v":-16945.862469264361},{"$f":"Inputs!$R$41*Inputs!$R$42/8760","v":0},0,309.04098596033037,1.902841039413297E-3,1.4651876003482387E-3,{"$f":"-N609/(1.202*2465560*MAX(0,(Inputs!$R$49-Q609)))","v":0},{"$f":"params!$C$16*R609*(G609-Inputs!$R$26)","v":0},-124575.85428967507,{"$f":"E609*params!$C$8","v":2.0714999999999999}]
["2001-01-26",1,26,"09:00:00",139,0,-7,-11,70,{"$f":"Inputs!$R$38*Inputs!$R$33*(G610-Inputs!$R$26)","v":-96824.199271576974},{"$f":"Inputs!$R$34*E610*Inputs!$R$39","v":81355.270859075245},{"$f":"params!$C$16*Inputs!$R$30*(G610-Inputs!$R$26)","v":-15162.087472499692},{"$f":"Inputs!$R$41*Inputs!$R$42/8760","v":0},0,360.98762153500678,2.2238327850987206E-3,1.5566829495691045E-3,{"$f":"-N610/(1.202*2465560*MAX(0,(Inputs!$R$49-Q610)))","v":0},{"$f":"params!$C$16*R610*(G610-Inputs!$R$26)","v":0},-30631.01588500142,{"$f":"E610*params!$C$8","v":287.93849999999998}]
["2001-01-26",1,26,"10:00:00",282,1,-6,-11,64,{"$f":"Inputs!$R$38*Inputs!$R$33*(G611-Inputs!$R$26)","v":-91128.658137954801},{"$f":"Inputs!$R$34*E611*Inputs!$R$39","v":165051.70059179293},{"$f":"params!$C$16*Inputs!$R$30*(G611-Inputs!$R$26)","v":-14270.199974117357},{"$f":"Inputs!$R$41*Inputs!$R$42/8760","v":0},0,389.76616195693094,2.4018050803048703E-3,1.5371552513951171E-3,{"$f":"-N611/(1.202*2465560*MAX(0,(Inputs!$R$49-Q611)))","v":0},{"$f":"params!$C$16*R611*(G611-Inputs!$R$26)","v":0},59652.842479720777,{"$f":"E611*params!$C$8","v":584.16300000000001}]
["2001-01-26",1,26,"11:00:00",389,1,-4,-11,54,{"$f":"Inputs!$R$38*Inputs!$R$33*(G612-Inputs!$R$26)","v":-79737.575870710454},{"$f":"Inputs!$R$34*E612*Inputs!$R$39","v":227677.70046172856},{"$f":"params!$C$16*Inputs!$R$30*(G612-Inputs!$R$26)","v":-12486.424977352686},{"$f":"Inputs!$R$41*Inputs!$R$42/8760","v":0},0,453.51532044328405,2.7964043545646504E-3,1.5100583514649113E-3,{"$f":"-N612/(1.202*2465560*MAX(0,(Inputs!$R$49-Q612)))","v":0},{"$f":"params!$C$16*R612*(G612-Inputs!$R$26)","v":0},135453.69961366541,{"$f":"E612*params!$C$8","v":805.81349999999998}]
["2001-01-26",1,26,"12:00:00",471,0,-3,-11,50,{"$f":"Inputs!$R$38*Inputs!$R$33*(G613-Inputs!$R$26)","v":-74042.034737088281},{"$f":"Inputs!$R$34*E613*Inputs!$R$39","v":275671.45737139881},{"$f":"params!$C$16*Inputs!$R$30*(G613-Inputs!$R$26)","v":-11594.537478970353},{"$f":"Inputs!$R$41*Inputs!$R$42/8760","v":0},0,488.73621912146871,3.0146312662847319E-3,1.507315633142366E-3,{"$f":"-N613/(1.202*2465560*MAX(0,(Inputs!$R$49-Q613)))","v":0},{"$f":"params!$C$16*R613*(G613-Inputs!$R$26)","v":0},190034.88515534016,{"$f":"E613*params!$C$8","v":975.67649999999992}]
["2001-01-26",1,26,"13:00:00",473,4,-2,-11,46,{"$f":"Inputs!$R$38*Inputs!$R$33*(G614-Inputs!$R$26)","v":-68346.493603466108},{"$f":"Inputs!$R$34*E614*Inputs!$R$39","v":276842.03680822009},{"$f":"params!$C$16*Inputs!$R$30*(G614-Inputs!$R$26)","v":-10702.649980588018},{"$f":"Inputs!$R$41*Inputs!$R$42/8760","v":0},0,526.36516305985776,3.2479468065175691E-3,1.4940555309980819E-3,{"$f":"-N614/(1.202*2465560*MAX(0,(Inputs!$R$49-Q614)))","v":0},{"$f":"params!$C$16*R614*(G614-Inputs!$R$26)","v":0},197792.89322416595,{"$f":"E614*params!$C$8","v":979.81949999999995}]
["2001-01-26",1,26,"14:00:00",440,7,-1,-11,42,{"$f":"Inputs!$R$38*Inputs!$R$33*(G615-Inputs!$R$26)","v":-62650.952469843927},{"$f":"Inputs!$R$34*E615*Inputs!$R$39","v":257527.47610066982},{"$f":"params!$C$16*Inputs!$R$30*(G615-Inputs!$R$26)","v":-9810.7624822056823},{"$f":"Inputs!$R$41*Inputs!$R$42/8760","v":0},0,566.54310372490409,3.4972595900071069E-3,1.4688490278029851E-3,{"$f":"-N615/(1.202*2465560*MAX(0,(Inputs!$R$49-Q615)))","v":0},{"$f":"params!$C$16*R615*(G615-Inputs!$R$26)","v":0},185065.76114862022,{"$f":"E615*params!$C$8","v":911.45999999999992}]
["2001-01-26",1,26,"15:00:00",205,8,-1,-10,46,{"$f":"Inputs!$R$38*Inputs!$R$33*(G616-Inputs!$R$26)","v":-62650.952469843927},{"$f":"Inputs!$R$34*E616*Inputs!$R$39","v":119984.39227417573},{"$f":"params!$C$16*Inputs!$R$30*(G616-Inputs!$R$26)","v":-9810.7624822056823},{"$f":"Inputs!$R$41*Inputs!$R$42/8760","v":0},0,566.54310372490409,3.4972595900071069E-3,1.6087394114032692E-3,{"$f":"-N616/(1.202*2465560*MAX(0,(Inputs!$R$49-Q616)))","v":0},{"$f":"params!$C$16*R616*(G616-Inputs!$R$26)","v":0},47522.677322126117,{"$f":"E616*params!$C$8","v":424.65749999999997}]
["2001-01-26",1,26,"16:00:00",137,9,-1,-10,46,{"$f":"Inputs!$R$38*Inputs!$R$33*(G617-Inputs!$R$26)","v":-62650.952469843927},{"$f":"Inputs!$R$34*E617*Inputs!$R$39","v":80184.691422254022},{"$f":"params!$C$16*Inputs!$R$30*(G617-Inputs!$R$26)","v":-9810.7624822056823},{"$f":"Inputs!$R$41*Inputs!$R$42/8760","v":0},0,566.54310372490409,3.4972595900071069E-3,1.6087394114032692E-3,{"$f":"-N617/(1.202*2465560*MAX(0,(Inputs!$R$49-Q617)))","v":0},{"$f":"params!$C$16*R617*(G617-Inputs!$R$26)","v":0},7722.9764702044122,{"$f":"E617*params!$C$8","v":283.7955}]
["2001-01-26",1,26,"17:00:00",41,10,-1,-10,46,{"$f":"Inputs!$R$38*Inputs!$R$33*(G618-Inputs!$R$26)","v":-62650.952469843927},{"$f":"Inputs!$R$34*E618*Inputs!$R$39","v":23996.878454835143},{"$f":"params!$C$16*Inputs!$R$30*(G618-Inputs!$R$26)","v":-9810.7624822056823},{"$f":"Inputs!$R$41*Inputs!$R$42/8760","v":0},0,566.54310372490409,3.4972595900071069E-3,1.6087394114032692E-3,{"$f":"-N618/(1.202*2465560*MAX(0,(Inputs!$R$49-Q618)))","v":0},{"$f":"params!$C$16*R618*(G618-Inputs!$R$26)","v":0},-48464.836497214463,{"$f":"E618*params!$C$8","v":84.9315}]
["2001-01-26",1,26,"18:00:00",0,10,-1,-9,50,{"$f":"Inputs!$R$38*Inputs!$R$33*(G619-Inputs!$R$26)","v":-62650.952469843927},{"$f":"Inputs!$R$34*E619*Inputs!$R$39","v":0},{"$f":"params!$C$16*Inputs!$R$30*(G619-Inputs!$R$26)","v":-9810.7624822056823},{"$f":"Inputs!$R$41*Inputs!$R$42/8760","v":0},0,566.54310372490409,3.4972595900071069E-3,1.7486297950035535E-3,{"$f":"-N619/(1.202*2465560*MAX(0,(Inputs!$R$49-Q619)))","v":0},{"$f":"params!$C$16*R619*(G619-Inputs!$R$26)","v":0},-72461.714952049602,{"$f":"E619*params!$C$8","v":0}]
["2001-01-26",1,26,"19:00:00",0,9,-1,-9,50,{"$f":"Inputs!$R$38*Inputs!$R$33*(G620-Inputs!$R$26)","v":-62650.952469843927},{"$f":"Inputs!$R$34*E620*Inputs!$R$39","v":0},{"$f":"params!$C$16*Inputs!$R$30*(G620-Inputs!$R$26)","v":-9810.7624822056823},{"$f":"Inputs!$R$41*Inputs!$R$42/8760","v":0},0,566.54310372490409,3.4972595900071069E-3,1.7486297950035535E-3,{"$f":"-N620/(1.202*2465560*MAX(0,(Inputs!$R$49-Q620)))","v":0},{"$f":"params!$C$16*R620*(G620-Inputs!$R$26)","v":0},-72461.714952049602,{"$f":"E620*params!$C$8","v":0}]
["2001-01-26",1,26,"20:00:00",0,10,-1,-9,50,{"$f":"Inputs!$R$38*Inputs!$R$33*(G621-Inputs!$R$26)","v":-62650.952469843927},{"$f":"Inputs!$R$34*E621*Inputs!$R$39","v":0},{"$f":"params!$C$16*Inputs!$R$30*(G621-Inputs!$R$26)","v":-9810.7624822056823},{"$f":"Inputs!$R$41*Inputs!$R$42/8760","v":0},0,566.54310372490409,3.4972595900071069E-3,1.7486297950035535E-3,{"$f":"-N621/(1.202*2465560*MAX(0,(Inputs!$R$49-Q621)))","v":0},{"$f":"params!$C$16*R621*(G621-Inputs!$R$26)","v":0},-72461.714952049602,{"$f":"E621*params!$C$8","v":0}]
["2001-01-26",1,26,"21:00:00",0,10,-1,-10,46,{"$f":"Inputs!$R$38*Inputs!$R$33*(G622-Inputs!$R$26)","v":-62650.952469843927},{"$f":"Inputs!$R$34*E622*Inputs!$R$39","v":0},{"$f":"params!$C$16*Inputs!$R$30*(G622-Inputs!$R$26)","v":-9810.7624822056823},{"$f":"Inputs!$R$41*Inputs!$R$42/8760","v":0},0,566.54310372490409,3.4972595900071069E-3,1.6087394114032692E-3,{"$f":"-N622/(1.202*2465560*MAX(0,(Inputs!$R$49-Q622)))","v":0},{"$f":"params!$C$16*R622*(G622-Inputs!$R$26)","v":0},-72461.714952049602,{"$f":"E622*params!$C$8","v":0}]
["2001-01-26",1,26,"22:00:00",0,10,-1,-9,50,{"$f":"Inputs!$R$38*Inputs!$R$33*(G623-Inputs!$R$26)","v":-62650.952469843927},{"$f":"Inputs!$R$34*E623*Inputs!$R$39","v":0},{"$f":"params!$C$16*Inputs!$R$30*(G623-Inputs!$R$26)","v":-9810.7624822056823},{"$f":"Inputs!$R$41*Inputs!$R$42/8760","v":0},0,566.54310372490409,3.4972595900071069E-3,1.7486297950035535E-3,{"$f":"-N623/(1.202*2465560*MAX(0,(Inputs!$R$49-Q623)))","v":0},{"$f":"params!$C$16*R623*(G623-Inputs!$R$26)","v":0},-72461.714952049602,{"$f":"E623*params!$C$8","v":0}]
["2001-01-26",1,26,"23:00:00",0,10,-2,-6,71,{"$f":"Inputs!$R$38*Inputs!$R$33*(G624-Inputs!$R$26)","v":-68346.493603466108},{"$f":"Inputs!$R$34*E624*Inputs!$R$39","v":0},{"$f":"params!$C$16*Inputs!$R$30*(G624-Inputs!$R$26)","v":-10702.649980588018},{"$f":"Inputs!$R$41*Inputs!$R$42/8760","v":0},0,526.36516305985776,3.2479468065175691E-3,2.306042232627474E-3,{"$f":"-N624/(1.202*2465560*MAX(0,(Inputs!$R$49-Q624)))","v":0},{"$f":"params!$C$16*R624*(G624-Inputs!$R$26)","v":0},-79049.143584054123,{"$f":"E624*params!$C$8","v":0}]
["2001-01-26",1,26,1,0,10,-2,-5,78,{"$f":"Inputs!$R$38*Inputs!$R$33*(G625-Inputs!$R$26)","v":-68346.493603466108},{"$f":"Inputs!$R$34*E625*Inputs!$R$39","v":0},{"$f":"params!$C$16*Inputs!$R$30*(G625-Inputs!$R$26)","v":-10702.649980588018},{"$f":"Inputs!$R$41*Inputs!$R$42/8760","v":0},0,526.36516305985776,3.2479468065175691E-3,2.5333985090837041E-3,{"$f":"-N625/(1.202*2465560*MAX(0,(Inputs!$R$49-Q625)))","v":0},{"$f":"params!$C$16*R625*(G625-Inputs!$R$26)","v":0},-79049.143584054123,{"$f":"E625*params!$C$8","v":0}]
["2001-01-27",1,27,"01:00:00",0,10,-1,-7,60,{"$f":"Inputs!$R$38*Inputs!$R$33*(G626-Inputs!$R$26)","v":-62650.952469843927},{"$f":"Inputs!$R$34*E626*Inputs!$R$39","v":0},{"$f":"params!$C$16*Inputs!$R$30*(G626-Inputs!$R$26)","v":-9810.7624822056823},{"$f":"Inputs!$R$41*Inputs!$R$42/8760","v":0},0,566.54310372490409,3.4972595900071069E-3,2.0983557540042641E-3,{"$f":"-N626/(1.202*2465560*MAX(0,(Inputs!$R$49-Q626)))","v":0},{"$f":"params!$C$16*R626*(G626-Inputs!$R$26)","v":0},-72461.714952049602,{"$f":"E626*params!$C$8","v":0}]
["2001-01-27",1,27,"02:00:00",0,10,-2,-6,71,{"$f":"Inputs!$R$38*Inputs!$R$33*(G627-Inputs!$R$26)","v":-68346.493603466108},{"$f":"Inputs!$R$34*E627*Inputs!$R$39","v":0},{"$f":"params!$C$16*Inputs!$R$30*(G627-Inputs!$R$26)","v":-10702.649980588018},{"$f":"Inputs!$R$41*Inputs!$R$42/8760","v":0},0,526.36516305985776,3.2479468065175691E-3,2.306042232627474E-3,{"$f":"-N627/(1.202*2465560*MAX(0,(Inputs!$R$49-Q627)))","v":0},{"$f":"params!$C$16*R627*(G627-Inputs!$R$26)","v":0},-79049.143584054123,{"$f":"E627*params!$C$8","v":0}]
["2001-01-27",1,27,"03:00:00",0,10,-2,-5,78,{"$f":"Inputs!$R$38*Inputs!$R$33*(G628-Inputs!$R$26)","v":-68346.493603466108},{"$f":"Inputs!$R$34*E628*Inputs!$R$39","v":0},{"$f":"params!$C$16*Inputs!$R$30*(G628-Inputs!$R$26)","v":-10702.649980588018},{"$f":"Inputs!$R$41*Inputs!$R$42/8760","v":0},0,526.36516305985776,3.2479468065175691E-3,2.5333985090837041E-3,{"$f":"-N628/(1.202*2465560*MAX(0,(Inputs!$R$49-Q628)))","v":0},{"$f":"params!$C$16*R628*(G628-Inputs!$R$26)","v":0},-79049.143584054123,{"$f":"E628*params!$C$8","v":0}]
["2001-01-27",1,27,"04:00:00",0,10,-2,-5,78,{"$f":"Inputs!$R$38*Inputs!$R$33*(G629-Inputs!$R$26)","v":-68346.493603466108},{"$f":"Inputs!$R$34*E629*Inputs!$R$39","v":0},{"$f":"params!$C$16*Inputs!$R$30*(G629-Inputs!$R$26)","v":-10702.649980588018},{"$f":"Inputs!$R$41*Inputs!$R$42/8760","v":0},0,526.36516305985776,3.2479468065175691E-3,2.5333985090837041E-3,{"$f":"-N629/(1.202*2465560*MAX(0,(Inputs!$R$49-Q629)))","v":0},{"$f":"params!$C$16*R629*(G629-Inputs!$R$26)","v":0},-79049.143584054123,{"$f":"E629*params!$C$8","v":0}]
["2001-01-27",1,27,"05:00:00",0,10,-3,-4,92,{"$f":"Inputs!$R$38*Inputs!$R$33*(G630-Inputs!$R$26)","v":-74042.034737088281},{"$f":"Inputs!$R$34*E630*Inputs!$R$39","v":0},{"$f":"params!$C$16*Inputs!$R$30*(G630-Inputs!$R$26)","v":-11594.537478970353},{"$f":"Inputs!$R$41*Inputs!$R$42/8760","v":0},0,488.73621912146871,3.0146312662847319E-3,2.7734607649819529E-3,{"$f":"-N630/(1.202*2465560*MAX(0,(Inputs!$R$49-Q630)))","v":0},{"$f":"params!$C$16*R630*(G630-Inputs!$R$26)","v":0},-85636.57221605863,{"$f":"E630*params!$C$8","v":0}]
["2001-01-27",1,27,"06:00:00",0,10,-3,-4,92,{"$f":"Inputs!$R$38*Inputs!$R$33*(G631-Inputs!$R$26)","v":-74042.034737088281},{"$f":"Inputs!$R$34*E631*Inputs!$R$39","v":0},{"$f":"params!$C$16*Inputs!$R$30*(G631-Inputs!$R$26)","v":-11594.537478970353},{"$f":"Inputs!$R$41*Inputs!$R$42/8760","v":0},0,488.73621912146871,3.0146312662847319E-3,2.7734607649819529E-3,{"$f":"-N631/(1.202*2465560*MAX(0,(Inputs!$R$49-Q631)))","v":0},{"$f":"params!$C$16*R631*(G631-Inputs!$R$26)","v":0},-85636.57221605863,{"$f":"E631*params!$C$8","v":0}]
["2001-01-27",1,27,"07:00:00",0,10,-3,-4,92,{"$f":"Inputs!$R$38*Inputs!$R$33*(G632-Inputs!$R$26)","v":-74042.034737088281},{"$f":"Inputs!$R$34*E632*Inputs!$R$39","v":0},{"$f":"params!$C$16*Inputs!$R$30*(G632-Inputs!$R$26)","v":-11594.537478970353},{"$f":"Inputs!$R$41*Inputs!$R$42/8760","v":0},0,488.73621912146871,3.0146312662847319E-3,2.7734607649819529E-3,{"$f":"-N632/(1.202*2465560*MAX(0,(Inputs!$R$49-Q632)))","v":0},{"$f":"params!$C$16*R632*(G632-Inputs!$R$26)","v":0},-85636.57221605863,{"$f":"E632*params!$C$8","v":0}]
["2001-01-27",1,27,"08:00:00",0,10,-3,-4,92,{"$f":"Inputs!$R$38*Inputs!$R$33*(G633-Inputs!$R$26)","v":-74042.034737088281},{"$f":"Inputs!$R$34*E633*Inputs!$R$39","v":0},{"$f":"params!$C$16*Inputs!$R$30*(G633-Inputs!$R$26)","v":-11594.537478970353},{"$f":"Inputs!$R$41*Inputs!$R$42/8760","v":0},0,488.73621912146871,3.0146312662847319E-3,2.7734607649819529E-3,{"$f":"-N633/(1.202*2465560*MAX(0,(Inputs!$R$49-Q633)))","v":0},{"$f":"params!$C$16*R633*(G633-Inputs!$R$26)","v":0},-85636.57221605863,{"$f":"E633*params!$C$8","v":0}]
["2001-01-27",1,27,"09:00:00",46,10,-2,-3,92,{"$f":"Inputs!$R$38*Inputs!$R$33*(G634-Inputs!$R$26)","v":-68346.493603466108},{"$f":"Inputs!$R$34*E634*Inputs!$R$39","v":26923.327046888211},{"$f":"params!$C$16*Inputs!$R$30*(G634-Inputs!$R$26)","v":-10702.649980588018},{"$f":"Inputs!$R$41*Inputs!$R$42/8760","v":0},0,526.36516305985776,3.2479468065175691E-3,2.9881110619961637E-3,{"$f":"-N634/(1.202*2465560*MAX(0,(Inputs!$R$49-Q634)))","v":0},{"$f":"params!$C$16*R634*(G634-Inputs!$R$26)","v":0},-52125.816537165912,{"$f":"E634*params!$C$8","v":95.289000000000001}]
["2001-01-27",1,27,"10:00:00",225,10,-2,-3,92,{"$f":"Inputs!$R$38*Inputs!$R$33*(G635-Inputs!$R$26)","v":-68346.493603466108},{"$f":"Inputs!$R$34*E635*Inputs!$R$39","v":131690.18664238797},{"$f":"params!$C$16*Inputs!$R$30*(G635-Inputs!$R$26)","v":-10702.649980588018},{"$f":"Inputs!$R$41*Inputs!$R$42/8760","v":0},0,526.36516305985776,3.2479468065175691E-3,2.9881110619961637E-3,{"$f":"-N635/(1.202*2465560*MAX(0,(Inputs!$R$49-Q635)))","v":0},{"$f":"params!$C$16*R635*(G635-Inputs!$R$26)","v":0},52641.043058333846,{"$f":"E635*params!$C$8","v":466.08749999999998}]
["2001-01-27",1,27,"11:00:00",181,10,0,-3,78,{"$f":"Inputs!$R$38*Inputs!$R$33*(G636-Inputs!$R$26)","v":-56955.411336221747},{"$f":"Inputs!$R$34*E636*Inputs!$R$39","v":105937.43903232101},{"$f":"params!$C$16*Inputs!$R$30*(G636-Inputs!$R$26)","v":-8918.8749838233489},{"$f":"Inputs!$R$41*Inputs!$R$42/8760","v":0},0,609.41773586642103,3.7635253138895938E-3,2.9355497448338829E-3,{"$f":"-N636/(1.202*2465560*MAX(0,(Inputs!$R$49-Q636)))","v":0},{"$f":"params!$C$16*R636*(G636-Inputs!$R$26)","v":0},40063.152712275914,{"$f":"E636*params!$C$8","v":374.94149999999996}]
["2001-01-27",1,27,"12:00:00",285,10,0,-3,78,{"$f":"Inputs!$R$38*Inputs!$R$33*(G637-Inputs!$R$26)","v":-56955.411336221747},{"$f":"Inputs!$R$34*E637*Inputs!$R$39","v":166807.56974702477},{"$f":"params!$C$16*Inputs!$R$30*(G637-Inputs!$R$26)","v":-8918.8749838233489},{"$f":"Inputs!$R$41*Inputs!$R$42/8760","v":0},0,609.41773586642103,3.7635253138895938E-3,2.9355497448338829E-3,{"$f":"-N637/(1.202*2465560*MAX(0,(Inputs!$R$49-Q637)))","v":0},{"$f":"params!$C$16*R637*(G637-Inputs!$R$26)","v":0},100933.28342697967,{"$f":"E637*params!$C$8","v":590.37749999999994}]
["2001-01-27",1,27,"13:00:00",120,10,1,-4,67,{"$f":"Inputs!$R$38*Inputs!$R$33*(G638-Inputs!$R$26)","v":-51259.870202599574},{"$f":"Inputs!$R$34*E638*Inputs!$R$39","v":70234.766209273585},{"$f":"params!$C$16*Inputs!$R$30*(G638-Inputs!$R$26)","v":-8026.9874854410136},{"$f":"Inputs!$R$41*Inputs!$R$42/8760","v":0},0,655.14373774848059,4.0477489204243187E-3,2.7119917766842932E-3,{"$f":"-N638/(1.202*2465560*MAX(0,(Inputs!$R$49-Q638)))","v":0},{"$f":"params!$C$16*R638*(G638-Inputs!$R$26)","v":0},10947.908521232997,{"$f":"E638*params!$C$8","v":248.57999999999998}]
["2001-01-27",1,27,"14:00:00",75,10,1,-6,56,{"$f":"Inputs!$R$38*Inputs!$R$33*(G639-Inputs!$R$26)","v":-51259.870202599574},{"$f":"Inputs!$R$34*E639*Inputs!$R$39","v":43896.728880795992},{"$f":"params!$C$16*Inputs!$R$30*(G639-Inputs!$R$26)","v":-8026.9874854410136},{"$f":"Inputs!$R$41*Inputs!$R$42/8760","v":0},0,655.14373774848059,4.0477489204243187E-3,2.2667393954376187E-3,{"$f":"-N639/(1.202*2465560*MAX(0,(Inputs!$R$49-Q639)))","v":0},{"$f":"params!$C$16*R639*(G639-Inputs!$R$26)","v":0},-15390.128807244595,{"$f":"E639*params!$C$8","v":155.36249999999998}]
["2001-01-27",1,27,"15:00:00",138,10,-1,-5,71,{"$f":"Inputs!$R$38*Inputs!$R$33*(G640-Inputs!$R$26)","v":-62650.952469843927},{"$f":"Inputs!$R$34*E640*Inputs!$R$39","v":80769.981140664633},{"$f":"params!$C$16*Inputs!$R$30*(G640-Inputs!$R$26)","v":-9810.7624822056823},{"$f":"Inputs!$R$41*Inputs!$R$42/8760","v":0},0,566.54310372490409,3.4972595900071069E-3,2.4830543089050458E-3,{"$f":"-N640/(1.202*2465560*MAX(0,(Inputs!$R$49-Q640)))","v":0},{"$f":"params!$C$16*R640*(G640-Inputs!$R$26)","v":0},8308.2661886150236,{"$f":"E640*params!$C$8","v":285.86699999999996}]
["2001-01-27",1,27,"16:00:00",102,10,-1,-4,78,{"$f":"Inputs!$R$38*Inputs!$R$33*(G641-Inputs!$R$26)","v":-62650.952469843927},{"$f":"Inputs!$R$34*E641*Inputs!$R$39","v":59699.55127788255},{"$f":"params!$C$16*Inputs!$R$30*(G641-Inputs!$R$26)","v":-9810.7624822056823},{"$f":"Inputs!$R$41*Inputs!$R$42/8760","v":0},0,566.54310372490409,3.4972595900071069E-3,2.7278624802055435E-3,{"$f":"-N641/(1.202*2465560*MAX(0,(Inputs!$R$49-Q641)))","v":0},{"$f":"params!$C$16*R641*(G641-Inputs!$R$26)","v":0},-12762.163674167059,{"$f":"E641*params!$C$8","v":211.29299999999998}]
["2001-01-27",1,27,"17:00:00",41,10,-1,-5,71,{"$f":"Inputs!$R$38*Inputs!$R$33*(G642-Inputs!$R$26)","v":-62650.952469843927},{"$f":"Inputs!$R$34*E642*Inputs!$R$39","v":23996.878454835143},{"$f":"params!$C$16*Inputs!$R$30*(G642-Inputs!$R$26)","v":-9810.7624822056823},{"$f":"Inputs!$R$41*Inputs!$R$42/8760","v":0},0,566.54310372490409,3.4972595900071069E-3,2.4830543089050458E-3,{"$f":"-N642/(1.202*2465560*MAX(0,(Inputs!$R$49-Q642)))","v":0},{"$f":"params!$C$16*R642*(G642-Inputs!$R$26)","v":0},-48464.836497214463,{"$f":"E642*params!$C$8","v":84.9315}]
["2001-01-27",{"$f":"MONTH(A643)","v":1},{"$f":"DAY(A643)","v":27},"18:00:00",0,10,-2,-5,78,{"$f":"Inputs!$R$38*Inputs!$R$33*(G643-Inputs!$R$26)","v":-68346.493603466108},{"$f":"Inputs!$R$34*E643*Inputs!$R$39","v":0},{"$f":"params!$C$16*Inputs!$R$30*(G643-Inputs!$R$26)","v":-10702.649980588018},{"$f":"Inputs!$R$41*Inputs!$R$42/8760","v":0},0,{"$f":"EXP(77.345+0.0057*(G643+273.15)-7235/(G643+273.15))/(G643+273.15)^8.2","v":526.36516305985776},{"$f":"0.62198*O643/(101325-O643)","v":3.2479468065175691E-3},{"$f":"P643*I643/100","v":2.5333985090837041E-3},{"$f":"-N643/(1.202*2465560*MAX(0,(Inputs!$R$49-Q643)))","v":0},{"$f":"params!$C$16*R643*(G643-Inputs!$R$26)","v":0},{"$f":"J643+K643+L643+M643+N643+S643","v":-79049.143584054123},{"$f":"E643*params!$C$8","v":0}]
["2001-01-27",1,27,"19:00:00",0,10,-2,-6,71,{"$f":"Inputs!$R$38*Inputs!$R$33*(G644-Inputs!$R$26)","v":-68346.493603466108},{"$f":"Inputs!$R$34*E644*Inputs!$R$39","v":0},{"$f":"params!$C$16*Inputs!$R$30*(G644-Inputs!$R$26)","v":-10702.649980588018},{"$f":"Inputs!$R$41*Inputs!$R$42/8760","v":0},0,526.36516305985776,3.2479468065175691E-3,2.306042232627474E-3,{"$f":"-N644/(1.202*2465560*MAX(0,(Inputs!$R$49-Q644)))","v":0},{"$f":"params!$C$16*R644*(G644-Inputs!$R$26)","v":0},-79049.143584054123,{"$f":"E644*params!$C$8","v":0}]
["2001-01-27",1,27,"20:00:00",0,10,-2,-6,71,{"$f":"Inputs!$R$38*Inputs!$R$33*(G645-Inputs!$R$26)","v":-68346.493603466108},{"$f":"Inputs!$R$34*E645*Inputs!$R$39","v":0},{"$f":"params!$C$16*Inputs!$R$30*(G645-Inputs!$R$26)","v":-10702.649980588018},{"$f":"Inputs!$R$41*Inputs!$R$42/8760","v":0},0,526.36516305985776,3.2479468065175691E-3,2.306042232627474E-3,{"$f":"-N645/(1.202*2465560*MAX(0,(Inputs!$R$49-Q645)))","v":0},{"$f":"params!$C$16*R645*(G645-Inputs!$R$26)","v":0},-79049.143584054123,{"$f":"E645*params!$C$8","v":0}]
["2001-01-27",1,27,"21:00:00",0,10,-2,-8,60,{"$f":"Inputs!$R$38*Inputs!$R$33*(G646-Inputs!$R$26)","v":-68346.493603466108},{"$f":"Inputs!$R$34*E646*Inputs!$R$39","v":0},{"$f":"params!$C$16*Inputs!$R$30*(G646-Inputs!$R$26)","v":-10702.649980588018},{"$f":"Inputs!$R$41*Inputs!$R$42/8760","v":0},0,526.36516305985776,3.2479468065175691E-3,1.9487680839105415E-3,{"$f":"-N646/(1.202*2465560*MAX(0,(Inputs!$R$49-Q646)))","v":0},{"$f":"params!$C$16*R646*(G646-Inputs!$R$26)","v":0},-79049.143584054123,{"$f":"E646*params!$C$8","v":0}]
["2001-01-27",1,27,"22:00:00",0,10,-3,-8,65,{"$f":"Inputs!$R$38*Inputs!$R$33*(G647-Inputs!$R$26)","v":-74042.034737088281},{"$f":"Inputs!$R$34*E647*Inputs!$R$39","v":0},{"$f":"params!$C$16*Inputs!$R$30*(G647-Inputs!$R$26)","v":-11594.537478970353},{"$f":"Inputs!$R$41*Inputs!$R$42/8760","v":0},0,488.73621912146871,3.0146312662847319E-3,1.9595103230850759E-3,{"$f":"-N647/(1.202*2465560*MAX(0,(Inputs!$R$49-Q647)))","v":0},{"$f":"params!$C$16*R647*(G647-Inputs!$R$26)","v":0},-85636.57221605863,{"$f":"E647*params!$C$8","v":0}]
["2001-01-27",1,27,"23:00:00",0,10,-3,-9,60,{"$f":"Inputs!$R$38*Inputs!$R$33*(G648-Inputs!$R$26)","v":-74042.034737088281},{"$f":"Inputs!$R$34*E648*Inputs!$R$39","v":0},{"$f":"params!$C$16*Inputs!$R$30*(G648-Inputs!$R$26)","v":-11594.537478970353},{"$f":"Inputs!$R$41*Inputs!$R$42/8760","v":0},0,488.73621912146871,3.0146312662847319E-3,1.8087787597708392E-3,{"$f":"-N648/(1.202*2465560*MAX(0,(Inputs!$R$49-Q648)))","v":0},{"$f":"params!$C$16*R648*(G648-Inputs!$R$26)","v":0},-85636.57221605863,{"$f":"E648*params!$C$8","v":0}]
["2001-01-27",1,27,1,0,10,-3,-9,60,{"$f":"Inputs!$R$38*Inputs!$R$33*(G649-Inputs!$R$26)","v":-74042.034737088281},{"$f":"Inputs!$R$34*E649*Inputs!$R$39","v":0},{"$f":"params!$C$16*Inputs!$R$30*(G649-Inputs!$R$26)","v":-11594.537478970353},{"$f":"Inputs!$R$41*Inputs!$R$42/8760","v":0},0,488.73621912146871,3.0146312662847319E-3,1.8087787597708392E-3,{"$f":"-N649/(1.202*2465560*MAX(0,(Inputs!$R$49-Q649)))","v":0},{"$f":"params!$C$16*R649*(G649-Inputs!$R$26)","v":0},-85636.57221605863,{"$f":"E649*params!$C$8","v":0}]
["2001-01-28",1,28,"01:00:00",0,10,-3,-8,65,{"$f":"Inputs!$R$38*Inputs!$R$33*(G650-Inputs!$R$26)","v":-74042.034737088281},{"$f":"Inputs!$R$34*E650*Inputs!$R$39","v":0},{"$f":"params!$C$16*Inputs!$R$30*(G650-Inputs!$R$26)","v":-11594.537478970353},{"$f":"Inputs!$R$41*Inputs!$R$42/8760","v":0},0,488.73621912146871,3.0146312662847319E-3,1.9595103230850759E-3,{"$f":"-N650/(1.202*2465560*MAX(0,(Inputs!$R$49-Q650)))","v":0},{"$f":"params!$C$16*R650*(G650-Inputs!$R$26)","v":0},-85636.57221605863,{"$f":"E650*params!$C$8","v":0}]
["2001-01-28",1,28,"02:00:00",0,10,-3,-8,65,{"$f":"Inputs!$R$38*Inputs!$R$33*(G651-Inputs!$R$26)","v":-74042.034737088281},{"$f":"Inputs!$R$34*E651*Inputs!$R$39","v":0},{"$f":"params!$C$16*Inputs!$R$30*(G651-Inputs!$R$26)","v":-11594.537478970353},{"$f":"Inputs!$R$41*Inputs!$R$42/8760","v":0},0,488.73621912146871,3.0146312662847319E-3,1.9595103230850759E-3,{"$f":"-N651/(1.202*2465560*MAX(0,(Inputs!$R$49-Q651)))","v":0},{"$f":"params!$C$16*R651*(G651-Inputs!$R$26)","v":0},-85636.57221605863,{"$f":"E651*params!$C$8","v":0}]
["2001-01-28",1,28,"03:00:00",0,10,-3,-8,65,{"$f":"Inputs!$R$38*Inputs!$R$33*(G652-Inputs!$R$26)","v":-74042.034737088281},{"$f":"Inputs!$R$34*E652*Inputs!$R$39","v":0},{"$f":"params!$C$16*Inputs!$R$30*(G652-Inputs!$R$26)","v":-11594.537478970353},{"$f":"Inputs!$R$41*Inputs!$R$42/8760","v":0},0,488.73621912146871,3.0146312662847319E-3,1.9595103230850759E-3,{"$f":"-N652/(1.202*2465560*MAX(0,(Inputs!$R$49-Q652)))","v":0},{"$f":"params!$C$16*R652*(G652-Inputs!$R$26)","v":0},-85636.57221605863,{"$f":"E652*params!$C$8","v":0}]
["2001-01-28",1,28,"04:00:00",0,10,-4,-10,59,{"$f":"Inputs!$R$38*Inputs!$R$33*(G653-Inputs!$R$26)","v":-79737.575870710454},{"$f":"Inputs!$R$34*E653*Inputs!$R$39","v":0},{"$f":"params!$C$16*Inputs!$R$30*(G653-Inputs!$R$26)","v":-12486.424977352686},{"$f":"Inputs!$R$41*Inputs!$R$42/8760","v":0},0,453.51532044328405,2.7964043545646504E-3,1.6498785691931436E-3,{"$f":"-N653/(1.202*2465560*MAX(0,(Inputs!$R$49-Q653)))","v":0},{"$f":"params!$C$16*R653*(G653-Inputs!$R$26)","v":0},-92224.000848063137,{"$f":"E653*params!$C$8","v":0}]
["2001-01-28",1,28,"05:00:00",0,10,-4,-11,54,{"$f":"Inputs!$R$38*Inputs!$R$33*(G654-Inputs!$R$26)","v":-79737.575870710454},{"$f":"Inputs!$R$34*E654*Inputs!$R$39","v":0},{"$f":"params!$C$16*Inputs!$R$30*(G654-Inputs!$R$26)","v":-12486.424977352686},{"$f":"Inputs!$R$41*Inputs!$R$42/8760","v":0},0,453.51532044328405,2.7964043545646504E-3,1.5100583514649113E-3,{"$f":"-N654/(1.202*2465560*MAX(0,(Inputs!$R$49-Q654)))","v":0},{"$f":"params!$C$16*R654*(G654-Inputs!$R$26)","v":0},-92224.000848063137,{"$f":"E654*params!$C$8","v":0}]
["2001-01-28",1,28,"06:00:00",0,6,-4,-11,54,{"$f":"Inputs!$R$38*Inputs!$R$33*(G655-Inputs!$R$26)","v":-79737.575870710454},{"$f":"Inputs!$R$34*E655*Inputs!$R$39","v":0},{"$f":"params!$C$16*Inputs!$R$30*(G655-Inputs!$R$26)","v":-12486.424977352686},{"$f":"Inputs!$R$41*Inputs!$R$42/8760","v":0},0,453.51532044328405,2.7964043545646504E-3,1.5100583514649113E-3,{"$f":"-N655/(1.202*2465560*MAX(0,(Inputs!$R$49-Q655)))","v":0},{"$f":"params!$C$16*R655*(G655-Inputs!$R$26)","v":0},-92224.000848063137,{"$f":"E655*params!$C$8","v":0}]
["2001-01-28",1,28,"07:00:00",0,8,-6,-11,64,{"$f":"Inputs!$R$38*Inputs!$R$33*(G656-Inputs!$R$26)","v":-91128.658137954801},{"$f":"Inputs!$R$34*E656*Inputs!$R$39","v":0},{"$f":"params!$C$16*Inputs!$R$30*(G656-Inputs!$R$26)","v":-14270.199974117357},{"$f":"Inputs!$R$41*Inputs!$R$42/8760","v":0},0,389.76616195693094,2.4018050803048703E-3,1.5371552513951171E-3,{"$f":"-N656/(1.202*2465560*MAX(0,(Inputs!$R$49-Q656)))","v":0},{"$f":"params!$C$16*R656*(G656-Inputs!$R$26)","v":0},-105398.85811207216,{"$f":"E656*params!$C$8","v":0}]
["2001-01-28",1,28,"08:00:00",2,4,-7,-12,64,{"$f":"Inputs!$R$38*Inputs!$R$33*(G657-Inputs!$R$26)","v":-96824.199271576974},{"$f":"Inputs!$R$34*E657*Inputs!$R$39","v":1170.5794368212264},{"$f":"params!$C$16*Inputs!$R$30*(G657-Inputs!$R$26)","v":-15162.087472499692},{"$f":"Inputs!$R$41*Inputs!$R$42/8760","v":0},0,360.98762153500678,2.2238327850987206E-3,1.4232529824631812E-3,{"$f":"-N657/(1.202*2465560*MAX(0,(Inputs!$R$49-Q657)))","v":0},{"$f":"params!$C$16*R657*(G657-Inputs!$R$26)","v":0},-110815.70730725545,{"$f":"E657*params!$C$8","v":4.1429999999999998}]
["2001-01-28",1,28,"09:00:00",146,0,-4,-11,54,{"$f":"Inputs!$R$38*Inputs!$R$33*(G658-Inputs!$R$26)","v":-79737.575870710454},{"$f":"Inputs!$R$34*E658*Inputs!$R$39","v":85452.298887949539},{"$f":"params!$C$16*Inputs!$R$30*(G658-Inputs!$R$26)","v":-12486.424977352686},{"$f":"Inputs!$R$41*Inputs!$R$42/8760","v":0},0,453.51532044328405,2.7964043545646504E-3,1.5100583514649113E-3,{"$f":"-N658/(1.202*2465560*MAX(0,(Inputs!$R$49-Q658)))","v":0},{"$f":"params!$C$16*R658*(G658-Inputs!$R$26)","v":0},-6771.7019601136017,{"$f":"E658*params!$C$8","v":302.43899999999996}]
["2001-01-28",1,28,"10:00:00",295,3,-4,-11,54,{"$f":"Inputs!$R$38*Inputs!$R$33*(G659-Inputs!$R$26)","v":-79737.575870710454},{"$f":"Inputs!$R$34*E659*Inputs!$R$39","v":172660.46693113091},{"$f":"params!$C$16*Inputs!$R$30*(G659-Inputs!$R$26)","v":-12486.424977352686},{"$f":"Inputs!$R$41*Inputs!$R$42/8760","v":0},0,453.51532044328405,2.7964043545646504E-3,1.5100583514649113E-3,{"$f":"-N659/(1.202*2465560*MAX(0,(Inputs!$R$49-Q659)))","v":0},{"$f":"params!$C$16*R659*(G659-Inputs!$R$26)","v":0},80436.466083067775,{"$f":"E659*params!$C$8","v":611.09249999999997}]
["2001-01-28",1,28,"11:00:00",408,10,-3,-11,50,{"$f":"Inputs!$R$38*Inputs!$R$33*(G660-Inputs!$R$26)","v":-74042.034737088281},{"$f":"Inputs!$R$34*E660*Inputs!$R$39","v":238798.2051115302},{"$f":"params!$C$16*Inputs!$R$30*(G660-Inputs!$R$26)","v":-11594.537478970353},{"$f":"Inputs!$R$41*Inputs!$R$42/8760","v":0},0,488.73621912146871,3.0146312662847319E-3,1.507315633142366E-3,{"$f":"-N660/(1.202*2465560*MAX(0,(Inputs!$R$49-Q660)))","v":0},{"$f":"params!$C$16*R660*(G660-Inputs!$R$26)","v":0},153161.63289547156,{"$f":"E660*params!$C$8","v":845.17199999999991}]
["2001-01-28",1,28,"12:00:00",378,6,-3,-11,50,{"$f":"Inputs!$R$38*Inputs!$R$33*(G661-Inputs!$R$26)","v":-74042.034737088281},{"$f":"Inputs!$R$34*E661*Inputs!$R$39","v":221239.51355921183},{"$f":"params!$C$16*Inputs!$R$30*(G661-Inputs!$R$26)","v":-11594.537478970353},{"$f":"Inputs!$R$41*Inputs!$R$42/8760","v":0},0,488.73621912146871,3.0146312662847319E-3,1.507315633142366E-3,{"$f":"-N661/(1.202*2465560*MAX(0,(Inputs!$R$49-Q661)))","v":0},{"$f":"params!$C$16*R661*(G661-Inputs!$R$26)","v":0},135602.94134315319,{"$f":"E661*params!$C$8","v":783.02699999999993}]
["2001-01-28",1,28,"13:00:00",450,5,-2,-11,46,{"$f":"Inputs!$R$38*Inputs!$R$33*(G662-Inputs!$R$26)","v":-68346.493603466108},{"$f":"Inputs!$R$34*E662*Inputs!$R$39","v":263380.37328477594},{"$f":"params!$C$16*Inputs!$R$30*(G662-Inputs!$R$26)","v":-10702.649980588018},{"$f":"Inputs!$R$41*Inputs!$R$42/8760","v":0},0,526.36516305985776,3.2479468065175691E-3,1.4940555309980819E-3,{"$f":"-N662/(1.202*2465560*MAX(0,(Inputs!$R$49-Q662)))","v":0},{"$f":"params!$C$16*R662*(G662-Inputs!$R$26)","v":0},184331.2297007218,{"$f":"E662*params!$C$8","v":932.17499999999995}]
["2001-01-28",1,28,"14:00:00",371,5,-1,-10,46,{"$f":"Inputs!$R$38*Inputs!$R$33*(G663-Inputs!$R$26)","v":-62650.952469843927},{"$f":"Inputs!$R$34*E663*Inputs!$R$39","v":217142.48553033749},{"$f":"params!$C$16*Inputs!$R$30*(G663-Inputs!$R$26)","v":-9810.7624822056823},{"$f":"Inputs!$R$41*Inputs!$R$42/8760","v":0},0,566.54310372490409,3.4972595900071069E-3,1.6087394114032692E-3,{"$f":"-N663/(1.202*2465560*MAX(0,(Inputs!$R$49-Q663)))","v":0},{"$f":"params!$C$16*R663*(G663-Inputs!$R$26)","v":0},144680.77057828789,{"$f":"E663*params!$C$8","v":768.52649999999994}]
["2001-01-28",1,28,"15:00:00",366,5,-1,-11,42,{"$f":"Inputs!$R$38*Inputs!$R$33*(G664-Inputs!$R$26)","v":-62650.952469843927},{"$f":"Inputs!$R$34*E664*Inputs!$R$39","v":214216.03693828444},{"$f":"params!$C$16*Inputs!$R$30*(G664-Inputs!$R$26)","v":-9810.7624822056823},{"$f":"Inputs!$R$41*Inputs!$R$42/8760","v":0},0,566.54310372490409,3.4972595900071069E-3,1.4688490278029851E-3,{"$f":"-N664/(1.202*2465560*MAX(0,(Inputs!$R$49-Q664)))","v":0},{"$f":"params!$C$16*R664*(G664-Inputs!$R$26)","v":0},141754.32198623481,{"$f":"E664*params!$C$8","v":758.16899999999998}]
["2001-01-28",1,28,"16:00:00",117,9,-1,-11,42,{"$f":"Inputs!$R$38*Inputs!$R$33*(G665-Inputs!$R$26)","v":-62650.952469843927},{"$f":"Inputs!$R$34*E665*Inputs!$R$39","v":68478.89705404175},{"$f":"params!$C$16*Inputs!$R$30*(G665-Inputs!$R$26)","v":-9810.7624822056823},{"$f":"Inputs!$R$41*Inputs!$R$42/8760","v":0},0,566.54310372490409,3.4972595900071069E-3,1.4688490278029851E-3,{"$f":"-N665/(1.202*2465560*MAX(0,(Inputs!$R$49-Q665)))","v":0},{"$f":"params!$C$16*R665*(G665-Inputs!$R$26)","v":0},-3982.8178980078592,{"$f":"E665*params!$C$8","v":242.3655}]
["2001-01-28",1,28,"17:00:00",80,10,-2,-10,50,{"$f":"Inputs!$R$38*Inputs!$R$33*(G666-Inputs!$R$26)","v":-68346.493603466108},{"$f":"Inputs!$R$34*E666*Inputs!$R$39","v":46823.177472849064},{"$f":"params!$C$16*Inputs!$R$30*(G666-Inputs!$R$26)","v":-10702.649980588018},{"$f":"Inputs!$R$41*Inputs!$R$42/8760","v":0},0,526.36516305985776,3.2479468065175691E-3,1.6239734032587846E-3,{"$f":"-N666/(1.202*2465560*MAX(0,(Inputs!$R$49-Q666)))","v":0},{"$f":"params!$C$16*R666*(G666-Inputs!$R$26)","v":0},-32225.96611120506,{"$f":"E666*params!$C$8","v":165.72}]
["2001-01-28",1,28,"18:00:00",0,10,-3,-10,55,{"$f":"Inputs!$R$38*Inputs!$R$33*(G667-Inputs!$R$26)","v":-74042.034737088281},{"$f":"Inputs!$R$34*E667*Inputs!$R$39","v":0},{"$f":"params!$C$16*Inputs!$R$30*(G667-Inputs!$R$26)","v":-11594.537478970353},{"$f":"Inputs!$R$41*Inputs!$R$42/8760","v":0},0,488.73621912146871,3.0146312662847319E-3,1.6580471964566027E-3,{"$f":"-N667/(1.202*2465560*MAX(0,(Inputs!$R$49-Q667)))","v":0},{"$f":"params!$C$16*R667*(G667-Inputs!$R$26)","v":0},-85636.57221605863,{"$f":"E667*params!$C$8","v":0}]
["2001-01-28",1,28,"19:00:00",0,10,-3,-11,50,{"$f":"Inputs!$R$38*Inputs!$R$33*(G668-Inputs!$R$26)","v":-74042.034737088281},{"$f":"Inputs!$R$34*E668*Inputs!$R$39","v":0},{"$f":"params!$C$16*Inputs!$R$30*(G668-Inputs!$R$26)","v":-11594.537478970353},{"$f":"Inputs!$R$41*Inputs!$R$42/8760","v":0},0,488.73621912146871,3.0146312662847319E-3,1.507315633142366E-3,{"$f":"-N668/(1.202*2465560*MAX(0,(Inputs!$R$49-Q668)))","v":0},{"$f":"params!$C$16*R668*(G668-Inputs!$R$26)","v":0},-85636.57221605863,{"$f":"E668*params!$C$8","v":0}]
["2001-01-28",1,28,"20:00:00",0,10,-4,-10,59,{"$f":"Inputs!$R$38*Inputs!$R$33*(G669-Inputs!$R$26)","v":-79737.575870710454},{"$f":"Inputs!$R$34*E669*Inputs!$R$39","v":0},{"$f":"params!$C$16*Inputs!$R$30*(G669-Inputs!$R$26)","v":-12486.424977352686},{"$f":"Inputs!$R$41*Inputs!$R$42/8760","v":0},0,453.51532044328405,2.7964043545646504E-3,1.6498785691931436E-3,{"$f":"-N669/(1.202*2465560*MAX(0,(Inputs!$R$49-Q669)))","v":0},{"$f":"params!$C$16*R669*(G669-Inputs!$R$26)","v":0},-92224.000848063137,{"$f":"E669*params!$C$8","v":0}]
["2001-01-28",1,28,"21:00:00",0,8,-5,-11,59,{"$f":"Inputs!$R$38*Inputs!$R$33*(G670-Inputs!$R$26)","v":-85433.117004332627},{"$f":"Inputs!$R$34*E670*Inputs!$R$39","v":0},{"$f":"params!$C$16*Inputs!$R$30*(G670-Inputs!$R$26)","v":-13378.312475735022},{"$f":"Inputs!$R$41*Inputs!$R$42/8760","v":0},0,420.56802345265027,2.5924024753231664E-3,1.529517460440668E-3,{"$f":"-N670/(1.202*2465560*MAX(0,(Inputs!$R$49-Q670)))","v":0},{"$f":"params!$C$16*R670*(G670-Inputs!$R$26)","v":0},-98811.429480067643,{"$f":"E670*params!$C$8","v":0}]
["2001-01-28",1,28,"22:00:00",0,10,-6,-10,70,{"$f":"Inputs!$R$38*Inputs!$R$33*(G671-Inputs!$R$26)","v":-91128.658137954801},{"$f":"Inputs!$R$34*E671*Inputs!$R$39","v":0},{"$f":"params!$C$16*Inputs!$R$30*(G671-Inputs!$R$26)","v":-14270.199974117357},{"$f":"Inputs!$R$41*Inputs!$R$42/8760","v":0},0,389.76616195693094,2.4018050803048703E-3,1.6812635562134092E-3,{"$f":"-N671/(1.202*2465560*MAX(0,(Inputs!$R$49-Q671)))","v":0},{"$f":"params!$C$16*R671*(G671-Inputs!$R$26)","v":0},-105398.85811207216,{"$f":"E671*params!$C$8","v":0}]
["2001-01-28",1,28,"23:00:00",0,10,-6,-10,70,{"$f":"Inputs!$R$38*Inputs!$R$33*(G672-Inputs!$R$26)","v":-91128.658137954801},{"$f":"Inputs!$R$34*E672*Inputs!$R$39","v":0},{"$f":"params!$C$16*Inputs!$R$30*(G672-Inputs!$R$26)","v":-14270.199974117357},{"$f":"Inputs!$R$41*Inputs!$R$42/8760","v":0},0,389.76616195693094,2.4018050803048703E-3,1.6812635562134092E-3,{"$f":"-N672/(1.202*2465560*MAX(0,(Inputs!$R$49-Q672)))","v":0},{"$f":"params!$C$16*R672*(G672-Inputs!$R$26)","v":0},-105398.85811207216,{"$f":"E672*params!$C$8","v":0}]
["2001-01-28",1,28,1,0,10,-5,-10,65,{"$f":"Inputs!$R$38*Inputs!$R$33*(G673-Inputs!$R$26)","v":-85433.117004332627},{"$f":"Inputs!$R$34*E673*Inputs!$R$39","v":0},{"$f":"params!$C$16*Inputs!$R$30*(G673-Inputs!$R$26)","v":-13378.312475735022},{"$f":"Inputs!$R$41*Inputs!$R$42/8760","v":0},0,420.56802345265027,2.5924024753231664E-3,1.6850616089600582E-3,{"$f":"-N673/(1.202*2465560*MAX(0,(Inputs!$R$49-Q673)))","v":0},{"$f":"params!$C$16*R673*(G673-Inputs!$R$26)","v":0},-98811.429480067643,{"$f":"E673*params!$C$8","v":0}]
["2001-01-29",1,29,"01:00:00",0,8,-7,-11,70,{"$f":"Inputs!$R$38*Inputs!$R$33*(G674-Inputs!$R$26)","v":-96824.199271576974},{"$f":"Inputs!$R$34*E674*Inputs!$R$39","v":0},{"$f":"params!$C$16*Inputs!$R$30*(G674-Inputs!$R$26)","v":-15162.087472499692},{"$f":"Inputs!$R$41*Inputs!$R$42/8760","v":0},0,360.98762153500678,2.2238327850987206E-3,1.5566829495691045E-3,{"$f":"-N674/(1.202*2465560*MAX(0,(Inputs!$R$49-Q674)))","v":0},{"$f":"params!$C$16*R674*(G674-Inputs!$R$26)","v":0},-111986.28674407667,{"$f":"E674*params!$C$8","v":0}]
["2001-01-29",1,29,"02:00:00",0,10,-8,-11,77,{"$f":"Inputs!$R$38*Inputs!$R$33*(G675-Inputs!$R$26)","v":-102519.74040519915},{"$f":"Inputs!$R$34*E675*Inputs!$R$39","v":0},{"$f":"params!$C$16*Inputs!$R$30*(G675-Inputs!$R$26)","v":-16053.974970882027},{"$f":"Inputs!$R$41*Inputs!$R$42/8760","v":0},0,334.1161188582924,2.0577455669371189E-3,1.5844640865415815E-3,{"$f":"-N675/(1.202*2465560*MAX(0,(Inputs!$R$49-Q675)))","v":0},{"$f":"params!$C$16*R675*(G675-Inputs!$R$26)","v":0},-118573.71537608118,{"$f":"E675*params!$C$8","v":0}]
["2001-01-29",1,29,"03:00:00",0,3,-10,-12,84,{"$f":"Inputs!$R$38*Inputs!$R$33*(G676-Inputs!$R$26)","v":-113910.82267244349},{"$f":"Inputs!$R$34*E676*Inputs!$R$39","v":0},{"$f":"params!$C$16*Inputs!$R$30*(G676-Inputs!$R$26)","v":-17837.749967646698},{"$f":"Inputs!$R$41*Inputs!$R$42/8760","v":0},0,285.65695946908653,1.758452799711007E-3,1.477100351757246E-3,{"$f":"-N676/(1.202*2465560*MAX(0,(Inputs!$R$49-Q676)))","v":0},{"$f":"params!$C$16*R676*(G676-Inputs!$R$26)","v":0},-131748.57264009019,{"$f":"E676*params!$C$8","v":0}]
["2001-01-29",1,29,"04:00:00",0,4,-12,-13,91,{"$f":"Inputs!$R$38*Inputs!$R$33*(G677-Inputs!$R$26)","v":-125301.90493968785},{"$f":"Inputs!$R$34*E677*Inputs!$R$39","v":0},{"$f":"params!$C$16*Inputs!$R$30*(G677-Inputs!$R$26)","v":-19621.524964411365},{"$f":"Inputs!$R$41*Inputs!$R$42/8760","v":0},0,243.5669653908281,1.4987300494831474E-3,1.3638443450296643E-3,{"$f":"-N677/(1.202*2465560*MAX(0,(Inputs!$R$49-Q677)))","v":0},{"$f":"params!$C$16*R677*(G677-Inputs!$R$26)","v":0},-144923.4299040992,{"$f":"E677*params!$C$8","v":0}]
["2001-01-29",1,29,"05:00:00",0,3,-12,-13,91,{"$f":"Inputs!$R$38*Inputs!$R$33*(G678-Inputs!$R$26)","v":-125301.90493968785},{"$f":"Inputs!$R$34*E678*Inputs!$R$39","v":0},{"$f":"params!$C$16*Inputs!$R$30*(G678-Inputs!$R$26)","v":-19621.524964411365},{"$f":"Inputs!$R$41*Inputs!$R$42/8760","v":0},0,243.5669653908281,1.4987300494831474E-3,1.3638443450296643E-3,{"$f":"-N678/(1.202*2465560*MAX(0,(Inputs!$R$49-Q678)))","v":0},{"$f":"params!$C$16*R678*(G678-Inputs!$R$26)","v":0},-144923.4299040992,{"$f":"E678*params!$C$8","v":0}]
["2001-01-29",1,29,"06:00:00",0,3,-12.3,-13.2,92,{"$f":"Inputs!$R$38*Inputs!$R$33*(G679-Inputs!$R$26)","v":-127010.56727977451},{"$f":"Inputs!$R$34*E679*Inputs!$R$39","v":0},{"$f":"params!$C$16*Inputs!$R$30*(G679-Inputs!$R$26)","v":-19889.091213926065},{"$f":"Inputs!$R$41*Inputs!$R$42/8760","v":0},0,237.755960883417,1.4628893482647965E-3,1.3458582004036129E-3,{"$f":"-N679/(1.202*2465560*MAX(0,(Inputs!$R$49-Q679)))","v":0},{"$f":"params!$C$16*R679*(G679-Inputs!$R$26)","v":0},-146899.65849370058,{"$f":"E679*params!$C$8","v":0}]
["2001-01-29",1,29,"07:00:00",0,3,-13,-14,91,{"$f":"Inputs!$R$38*Inputs!$R$33*(G680-Inputs!$R$26)","v":-130997.44607331003},{"$f":"Inputs!$R$34*E680*Inputs!$R$39","v":0},{"$f":"params!$C$16*Inputs!$R$30*(G680-Inputs!$R$26)","v":-20513.412462793702},{"$f":"Inputs!$R$41*Inputs!$R$42/8760","v":0},0,224.67566674612308,1.3822287131554647E-3,1.2578281289714729E-3,{"$f":"-N680/(1.202*2465560*MAX(0,(Inputs!$R$49-Q680)))","v":0},{"$f":"params!$C$16*R680*(G680-Inputs!$R$26)","v":0},-151510.85853610374,{"$f":"E680*params!$C$8","v":0}]
["2001-01-29",1,29,"08:00:00",2,3,-11,-14,76,{"$f":"Inputs!$R$38*Inputs!$R$33*(G681-Inputs!$R$26)","v":-119606.36380606568},{"$f":"Inputs!$R$34*E681*Inputs!$R$39","v":1170.5794368212264},{"$f":"params!$C$16*Inputs!$R$30*(G681-Inputs!$R$26)","v":-18729.637466029031},{"$f":"Inputs!$R$41*Inputs!$R$42/8760","v":0},0,263.86397481101648,1.6239488443119262E-3,1.2342011216770639E-3,{"$f":"-N681/(1.202*2465560*MAX(0,(Inputs!$R$49-Q681)))","v":0},{"$f":"params!$C$16*R681*(G681-Inputs!$R$26)","v":0},-137165.4218352735,{"$f":"E681*params!$C$8","v":4.1429999999999998}]
["2001-01-29",1,29,"09:00:00",154,3,-10,-12,84,{"$f":"Inputs!$R$38*Inputs!$R$33*(G682-Inputs!$R$26)","v":-113910.82267244349},{"$f":"Inputs!$R$34*E682*Inputs!$R$39","v":90134.616635234444},{"$f":"params!$C$16*Inputs!$R$30*(G682-Inputs!$R$26)","v":-17837.749967646698},{"$f":"Inputs!$R$41*Inputs!$R$42/8760","v":0},0,285.65695946908653,1.758452799711007E-3,1.477100351757246E-3,{"$f":"-N682/(1.202*2465560*MAX(0,(Inputs!$R$49-Q682)))","v":0},{"$f":"params!$C$16*R682*(G682-Inputs!$R$26)","v":0},-41613.956004855747,{"$f":"E682*params!$C$8","v":319.01099999999997}]
["2001-01-29",1,29,"10:00:00",294,5,-7,-10,77,{"$f":"Inputs!$R$38*Inputs!$R$33*(G683-Inputs!$R$26)","v":-96824.199271576974},{"$f":"Inputs!$R$34*E683*Inputs!$R$39","v":172075.1772127203},{"$f":"params!$C$16*Inputs!$R$30*(G683-Inputs!$R$26)","v":-15162.087472499692},{"$f":"Inputs!$R$41*Inputs!$R$42/8760","v":0},0,360.98762153500678,2.2238327850987206E-3,1.7123512445260151E-3,{"$f":"-N683/(1.202*2465560*MAX(0,(Inputs!$R$49-Q683)))","v":0},{"$f":"params!$C$16*R683*(G683-Inputs!$R$26)","v":0},60088.890468643636,{"$f":"E683*params!$C$8","v":609.02099999999996}]
["2001-01-29",1,29,"11:00:00",356,7,-3,-9,60,{"$f":"Inputs!$R$38*Inputs!$R$33*(G684-Inputs!$R$26)","v":-74042.034737088281},{"$f":"Inputs!$R$34*E684*Inputs!$R$39","v":208363.13975417829},{"$f":"params!$C$16*Inputs!$R$30*(G684-Inputs!$R$26)","v":-11594.537478970353},{"$f":"Inputs!$R$41*Inputs!$R$42/8760","v":0},0,488.73621912146871,3.0146312662847319E-3,1.8087787597708392E-3,{"$f":"-N684/(1.202*2465560*MAX(0,(Inputs!$R$49-Q684)))","v":0},{"$f":"params!$C$16*R684*(G684-Inputs!$R$26)","v":0},122726.56753811966,{"$f":"E684*params!$C$8","v":737.45399999999995}]
["2001-01-29",1,29,"12:00:00",384,6,0,-8,51,{"$f":"Inputs!$R$38*Inputs!$R$33*(G685-Inputs!$R$26)","v":-56955.411336221747},{"$f":"Inputs!$R$34*E685*Inputs!$R$39","v":224751.2518696755},{"$f":"params!$C$16*Inputs!$R$30*(G685-Inputs!$R$26)","v":-8918.8749838233489},{"$f":"Inputs!$R$41*Inputs!$R$42/8760","v":0},0,609.41773586642103,3.7635253138895938E-3,1.9193979100836929E-3,{"$f":"-N685/(1.202*2465560*MAX(0,(Inputs!$R$49-Q685)))","v":0},{"$f":"params!$C$16*R685*(G685-Inputs!$R$26)","v":0},158876.9655496304,{"$f":"E685*params!$C$8","v":795.4559999999999}]
["2001-01-29",1,29,"13:00:00",510,7,1,-9,43,{"$f":"Inputs!$R$38*Inputs!$R$33*(G686-Inputs!$R$26)","v":-51259.870202599574},{"$f":"Inputs!$R$34*E686*Inputs!$R$39","v":298497.7563894128},{"$f":"params!$C$16*Inputs!$R$30*(G686-Inputs!$R$26)","v":-8026.9874854410136},{"$f":"Inputs!$R$41*Inputs!$R$42/8760","v":0},0,655.14373774848059,4.0477489204243187E-3,1.740532035782457E-3,{"$f":"-N686/(1.202*2465560*MAX(0,(Inputs!$R$49-Q686)))","v":0},{"$f":"params!$C$16*R686*(G686-Inputs!$R$26)","v":0},239210.89870137224,{"$f":"E686*params!$C$8","v":1056.4649999999999}]
["2001-01-29",1,29,"14:00:00",377,6,3,-8,41,{"$f":"Inputs!$R$38*Inputs!$R$33*(G687-Inputs!$R$26)","v":-39868.787935355227},{"$f":"Inputs!$R$34*E687*Inputs!$R$39","v":220654.22384080119},{"$f":"params!$C$16*Inputs!$R$30*(G687-Inputs!$R$26)","v":-6243.2124886763431},{"$f":"Inputs!$R$41*Inputs!$R$42/8760","v":0},0,755.80495631325812,4.6743495015895585E-3,1.9164832956517189E-3,{"$f":"-N687/(1.202*2465560*MAX(0,(Inputs!$R$49-Q687)))","v":0},{"$f":"params!$C$16*R687*(G687-Inputs!$R$26)","v":0},174542.22341676962,{"$f":"E687*params!$C$8","v":780.95549999999992}]
["2001-01-29",1,29,"15:00:00",228,6,3,-8,41,{"$f":"Inputs!$R$38*Inputs!$R$33*(G688-Inputs!$R$26)","v":-39868.787935355227},{"$f":"Inputs!$R$34*E688*Inputs!$R$39","v":133446.0557976198},{"$f":"params!$C$16*Inputs!$R$30*(G688-Inputs!$R$26)","v":-6243.2124886763431},{"$f":"Inputs!$R$41*Inputs!$R$42/8760","v":0},0,755.80495631325812,4.6743495015895585E-3,1.9164832956517189E-3,{"$f":"-N688/(1.202*2465560*MAX(0,(Inputs!$R$49-Q688)))","v":0},{"$f":"params!$C$16*R688*(G688-Inputs!$R$26)","v":0},87334.055373588228,{"$f":"E688*params!$C$8","v":472.30199999999996}]
["2001-01-29",1,29,"16:00:00",138,10,4,-9,35,{"$f":"Inputs!$R$38*Inputs!$R$33*(G689-Inputs!$R$26)","v":-34173.246801733054},{"$f":"Inputs!$R$34*E689*Inputs!$R$39","v":80769.981140664633},{"$f":"params!$C$16*Inputs!$R$30*(G689-Inputs!$R$26)","v":-5351.3249902940088},{"$f":"Inputs!$R$41*Inputs!$R$42/8760","v":0},0,811.08667612094962,5.0190035800134264E-3,1.7566512530046994E-3,{"$f":"-N689/(1.202*2465560*MAX(0,(Inputs!$R$49-Q689)))","v":0},{"$f":"params!$C$16*R689*(G689-Inputs!$R$26)","v":0},41245.409348637571,{"$f":"E689*params!$C$8","v":285.86699999999996}]
["2001-01-29",1,29,"17:00:00",54,10,3,-8,41,{"$f":"Inputs!$R$38*Inputs!$R$33*(G690-Inputs!$R$26)","v":-39868.787935355227},{"$f":"Inputs!$R$34*E690*Inputs!$R$39","v":31605.644794173117},{"$f":"params!$C$16*Inputs!$R$30*(G690-Inputs!$R$26)","v":-6243.2124886763431},{"$f":"Inputs!$R$41*Inputs!$R$42/8760","v":0},0,755.80495631325812,4.6743495015895585E-3,1.9164832956517189E-3,{"$f":"-N690/(1.202*2465560*MAX(0,(Inputs!$R$49-Q690)))","v":0},{"$f":"params!$C$16*R690*(G690-Inputs!$R$26)","v":0},-14506.355629858454,{"$f":"E690*params!$C$8","v":111.86099999999999}]
["2001-01-29",1,29,"18:00:00",0,10,3,-8,41,{"$f":"Inputs!$R$38*Inputs!$R$33*(G691-Inputs!$R$26)","v":-39868.787935355227},{"$f":"Inputs!$R$34*E691*Inputs!$R$39","v":0},{"$f":"params!$C$16*Inputs!$R$30*(G691-Inputs!$R$26)","v":-6243.2124886763431},{"$f":"Inputs!$R$41*Inputs!$R$42/8760","v":0},0,755.80495631325812,4.6743495015895585E-3,1.9164832956517189E-3,{"$f":"-N691/(1.202*2465560*MAX(0,(Inputs!$R$49-Q691)))","v":0},{"$f":"params!$C$16*R691*(G691-Inputs!$R$26)","v":0},-46112.000424031568,{"$f":"E691*params!$C$8","v":0}]
["2001-01-29",1,29,"19:00:00",0,10,2,-4,62,{"$f":"Inputs!$R$38*Inputs!$R$33*(G692-Inputs!$R$26)","v":-45564.3290689774},{"$f":"Inputs!$R$34*E692*Inputs!$R$39","v":0},{"$f":"params!$C$16*Inputs!$R$30*(G692-Inputs!$R$26)","v":-7135.0999870586784},{"$f":"Inputs!$R$41*Inputs!$R$42/8760","v":0},0,703.88301618186097,4.3509868656616182E-3,2.6976118567102031E-3,{"$f":"-N692/(1.202*2465560*MAX(0,(Inputs!$R$49-Q692)))","v":0},{"$f":"params!$C$16*R692*(G692-Inputs!$R$26)","v":0},-52699.429056036082,{"$f":"E692*params!$C$8","v":0}]
["2001-01-29",1,29,"20:00:00",0,9,1,-6,56,{"$f":"Inputs!$R$38*Inputs!$R$33*(G693-Inputs!$R$26)","v":-51259.870202599574},{"$f":"Inputs!$R$34*E693*Inputs!$R$39","v":0},{"$f":"params!$C$16*Inputs!$R$30*(G693-Inputs!$R$26)","v":-8026.9874854410136},{"$f":"Inputs!$R$41*Inputs!$R$42/8760","v":0},0,655.14373774848059,4.0477489204243187E-3,2.2667393954376187E-3,{"$f":"-N693/(1.202*2465560*MAX(0,(Inputs!$R$49-Q693)))","v":0},{"$f":"params!$C$16*R693*(G693-Inputs!$R$26)","v":0},-59286.857688040589,{"$f":"E693*params!$C$8","v":0}]
["2001-01-29",1,29,"21:00:00",0,9,1,-7,51,{"$f":"Inputs!$R$38*Inputs!$R$33*(G694-Inputs!$R$26)","v":-51259.870202599574},{"$f":"Inputs!$R$34*E694*Inputs!$R$39","v":0},{"$f":"params!$C$16*Inputs!$R$30*(G694-Inputs!$R$26)","v":-8026.9874854410136},{"$f":"Inputs!$R$41*Inputs!$R$42/8760","v":0},0,655.14373774848059,4.0477489204243187E-3,2.0643519494164026E-3,{"$f":"-N694/(1.202*2465560*MAX(0,(Inputs!$R$49-Q694)))","v":0},{"$f":"params!$C$16*R694*(G694-Inputs!$R$26)","v":0},-59286.857688040589,{"$f":"E694*params!$C$8","v":0}]
["2001-01-29",1,29,"22:00:00",0,10,1,-6,56,{"$f":"Inputs!$R$38*Inputs!$R$33*(G695-Inputs!$R$26)","v":-51259.870202599574},{"$f":"Inputs!$R$34*E695*Inputs!$R$39","v":0},{"$f":"params!$C$16*Inputs!$R$30*(G695-Inputs!$R$26)","v":-8026.9874854410136},{"$f":"Inputs!$R$41*Inputs!$R$42/8760","v":0},0,655.14373774848059,4.0477489204243187E-3,2.2667393954376187E-3,{"$f":"-N695/(1.202*2465560*MAX(0,(Inputs!$R$49-Q695)))","v":0},{"$f":"params!$C$16*R695*(G695-Inputs!$R$26)","v":0},-59286.857688040589,{"$f":"E695*params!$C$8","v":0}]
["2001-01-29",1,29,"23:00:00",0,10,1,-6,56,{"$f":"Inputs!$R$38*Inputs!$R$33*(G696-Inputs!$R$26)","v":-51259.870202599574},{"$f":"Inputs!$R$34*E696*Inputs!$R$39","v":0},{"$f":"params!$C$16*Inputs!$R$30*(G696-Inputs!$R$26)","v":-8026.9874854410136},{"$f":"Inputs!$R$41*Inputs!$R$42/8760","v":0},0,655.14373774848059,4.0477489204243187E-3,2.2667393954376187E-3,{"$f":"-N696/(1.202*2465560*MAX(0,(Inputs!$R$49-Q696)))","v":0},{"$f":"params!$C$16*R696*(G696-Inputs!$R$26)","v":0},-59286.857688040589,{"$f":"E696*params!$C$8","v":0}]
["2001-01-29",1,29,1,0,10,2,-6,52,{"$f":"Inputs!$R$38*Inputs!$R$33*(G697-Inputs!$R$26)","v":-45564.3290689774},{"$f":"Inputs!$R$34*E697*Inputs!$R$39","v":0},{"$f":"params!$C$16*Inputs!$R$30*(G697-Inputs!$R$26)","v":-7135.0999870586784},{"$f":"Inputs!$R$41*Inputs!$R$42/8760","v":0},0,703.88301618186097,4.3509868656616182E-3,2.2625131701440415E-3,{"$f":"-N697/(1.202*2465560*MAX(0,(Inputs!$R$49-Q697)))","v":0},{"$f":"params!$C$16*R697*(G697-Inputs!$R$26)","v":0},-52699.429056036082,{"$f":"E697*params!$C$8","v":0}]
["2001-01-30",1,30,"01:00:00",0,10,1,-6,56,{"$f":"Inputs!$R$38*Inputs!$R$33*(G698-Inputs!$R$26)","v":-51259.870202599574},{"$f":"Inputs!$R$34*E698*Inputs!$R$39","v":0},{"$f":"params!$C$16*Inputs!$R$30*(G698-Inputs!$R$26)","v":-8026.9874854410136},{"$f":"Inputs!$R$41*Inputs!$R$42/8760","v":0},0,655.14373774848059,4.0477489204243187E-3,2.2667393954376187E-3,{"$f":"-N698/(1.202*2465560*MAX(0,(Inputs!$R$49-Q698)))","v":0},{"$f":"params!$C$16*R698*(G698-Inputs!$R$26)","v":0},-59286.857688040589,{"$f":"E698*params!$C$8","v":0}]
["2001-01-30",1,30,"02:00:00",0,10,1,-7,51,{"$f":"Inputs!$R$38*Inputs!$R$33*(G699-Inputs!$R$26)","v":-51259.870202599574},{"$f":"Inputs!$R$34*E699*Inputs!$R$39","v":0},{"$f":"params!$C$16*Inputs!$R$30*(G699-Inputs!$R$26)","v":-8026.9874854410136},{"$f":"Inputs!$R$41*Inputs!$R$42/8760","v":0},0,655.14373774848059,4.0477489204243187E-3,2.0643519494164026E-3,{"$f":"-N699/(1.202*2465560*MAX(0,(Inputs!$R$49-Q699)))","v":0},{"$f":"params!$C$16*R699*(G699-Inputs!$R$26)","v":0},-59286.857688040589,{"$f":"E699*params!$C$8","v":0}]
["2001-01-30",1,30,"03:00:00",0,10,1,-6,56,{"$f":"Inputs!$R$38*Inputs!$R$33*(G700-Inputs!$R$26)","v":-51259.870202599574},{"$f":"Inputs!$R$34*E700*Inputs!$R$39","v":0},{"$f":"params!$C$16*Inputs!$R$30*(G700-Inputs!$R$26)","v":-8026.9874854410136},{"$f":"Inputs!$R$41*Inputs!$R$42/8760","v":0},0,655.14373774848059,4.0477489204243187E-3,2.2667393954376187E-3,{"$f":"-N700/(1.202*2465560*MAX(0,(Inputs!$R$49-Q700)))","v":0},{"$f":"params!$C$16*R700*(G700-Inputs!$R$26)","v":0},-59286.857688040589,{"$f":"E700*params!$C$8","v":0}]
["2001-01-30",1,30,"04:00:00",0,10,1,-6,56,{"$f":"Inputs!$R$38*Inputs!$R$33*(G701-Inputs!$R$26)","v":-51259.870202599574},{"$f":"Inputs!$R$34*E701*Inputs!$R$39","v":0},{"$f":"params!$C$16*Inputs!$R$30*(G701-Inputs!$R$26)","v":-8026.9874854410136},{"$f":"Inputs!$R$41*Inputs!$R$42/8760","v":0},0,655.14373774848059,4.0477489204243187E-3,2.2667393954376187E-3,{"$f":"-N701/(1.202*2465560*MAX(0,(Inputs!$R$49-Q701)))","v":0},{"$f":"params!$C$16*R701*(G701-Inputs!$R$26)","v":0},-59286.857688040589,{"$f":"E701*params!$C$8","v":0}]
["2001-01-30",1,30,"05:00:00",0,10,1,-6,56,{"$f":"Inputs!$R$38*Inputs!$R$33*(G702-Inputs!$R$26)","v":-51259.870202599574},{"$f":"Inputs!$R$34*E702*Inputs!$R$39","v":0},{"$f":"params!$C$16*Inputs!$R$30*(G702-Inputs!$R$26)","v":-8026.9874854410136},{"$f":"Inputs!$R$41*Inputs!$R$42/8760","v":0},0,655.14373774848059,4.0477489204243187E-3,2.2667393954376187E-3,{"$f":"-N702/(1.202*2465560*MAX(0,(Inputs!$R$49-Q702)))","v":0},{"$f":"params!$C$16*R702*(G702-Inputs!$R$26)","v":0},-59286.857688040589,{"$f":"E702*params!$C$8","v":0}]
["2001-01-30",1,30,"06:00:00",0,10,1,-4,67,{"$f":"Inputs!$R$38*Inputs!$R$33*(G703-Inputs!$R$26)","v":-51259.870202599574},{"$f":"Inputs!$R$34*E703*Inputs!$R$39","v":0},{"$f":"params!$C$16*Inputs!$R$30*(G703-Inputs!$R$26)","v":-8026.9874854410136},{"$f":"Inputs!$R$41*Inputs!$R$42/8760","v":0},0,655.14373774848059,4.0477489204243187E-3,2.7119917766842932E-3,{"$f":"-N703/(1.202*2465560*MAX(0,(Inputs!$R$49-Q703)))","v":0},{"$f":"params!$C$16*R703*(G703-Inputs!$R$26)","v":0},-59286.857688040589,{"$f":"E703*params!$C$8","v":0}]
["2001-01-30",1,30,"07:00:00",0,10,1,-3,72,{"$f":"Inputs!$R$38*Inputs!$R$33*(G704-Inputs!$R$26)","v":-51259.870202599574},{"$f":"Inputs!$R$34*E704*Inputs!$R$39","v":0},{"$f":"params!$C$16*Inputs!$R$30*(G704-Inputs!$R$26)","v":-8026.9874854410136},{"$f":"Inputs!$R$41*Inputs!$R$42/8760","v":0},0,655.14373774848059,4.0477489204243187E-3,2.9143792227055093E-3,{"$f":"-N704/(1.202*2465560*MAX(0,(Inputs!$R$49-Q704)))","v":0},{"$f":"params!$C$16*R704*(G704-Inputs!$R$26)","v":0},-59286.857688040589,{"$f":"E704*params!$C$8","v":0}]
["2001-01-30",1,30,"08:00:00",1,10,2,-2,73,{"$f":"Inputs!$R$38*Inputs!$R$33*(G705-Inputs!$R$26)","v":-45564.3290689774},{"$f":"Inputs!$R$34*E705*Inputs!$R$39","v":585.2897184106132},{"$f":"params!$C$16*Inputs!$R$30*(G705-Inputs!$R$26)","v":-7135.0999870586784},{"$f":"Inputs!$R$41*Inputs!$R$42/8760","v":0},0,703.88301618186097,4.3509868656616182E-3,3.1762204119329812E-3,{"$f":"-N705/(1.202*2465560*MAX(0,(Inputs!$R$49-Q705)))","v":0},{"$f":"params!$C$16*R705*(G705-Inputs!$R$26)","v":0},-52114.139337625471,{"$f":"E705*params!$C$8","v":2.0714999999999999}]
["2001-01-30",1,30,"09:00:00",63,10,1,-1,86,{"$f":"Inputs!$R$38*Inputs!$R$33*(G706-Inputs!$R$26)","v":-51259.870202599574},{"$f":"Inputs!$R$34*E706*Inputs!$R$39","v":36873.252259868634},{"$f":"params!$C$16*Inputs!$R$30*(G706-Inputs!$R$26)","v":-8026.9874854410136},{"$f":"Inputs!$R$41*Inputs!$R$42/8760","v":0},0,655.14373774848059,4.0477489204243187E-3,3.481064071564914E-3,{"$f":"-N706/(1.202*2465560*MAX(0,(Inputs!$R$49-Q706)))","v":0},{"$f":"params!$C$16*R706*(G706-Inputs!$R$26)","v":0},-22413.605428171955,{"$f":"E706*params!$C$8","v":130.50450000000001}]
["2001-01-30",{"$f":"MONTH(A707)","v":1},{"$f":"DAY(A707)","v":30},"10:00:00",56,10,2,-1,80,{"$f":"Inputs!$R$38*Inputs!$R$33*(G707-Inputs!$R$26)","v":-45564.3290689774},{"$f":"Inputs!$R$34*E707*Inputs!$R$39","v":32776.224230994339},{"$f":"params!$C$16*Inputs!$R$30*(G707-Inputs!$R$26)","v":-7135.0999870586784},{"$f":"Inputs!$R$41*Inputs!$R$42/8760","v":0},0,{"$f":"EXP(77.345+0.0057*(G707+273.15)-7235/(G707+273.15))/(G707+273.15)^8.2","v":703.88301618186097},{"$f":"0.62198*O707/(101325-O707)","v":4.3509868656616182E-3},{"$f":"P707*I707/100","v":3.4807894925292949E-3},{"$f":"-N707/(1.202*2465560*MAX(0,(Inputs!$R$49-Q707)))","v":0},{"$f":"params!$C$16*R707*(G707-Inputs!$R$26)","v":0},{"$f":"J707+K707+L707+M707+N707+S707","v":-19923.204825041739},{"$f":"E707*params!$C$8","v":116.00399999999999}]
["2001-01-30",1,30,"11:00:00",71,10,2,-1,80,{"$f":"Inputs!$R$38*Inputs!$R$33*(G708-Inputs!$R$26)","v":-45564.3290689774},{"$f":"Inputs!$R$34*E708*Inputs!$R$39","v":41555.570007153539},{"$f":"params!$C$16*Inputs!$R$30*(G708-Inputs!$R$26)","v":-7135.0999870586784},{"$f":"Inputs!$R$41*Inputs!$R$42/8760","v":0},0,703.88301618186097,4.3509868656616182E-3,3.4807894925292949E-3,{"$f":"-N708/(1.202*2465560*MAX(0,(Inputs!$R$49-Q708)))","v":0},{"$f":"params!$C$16*R708*(G708-Inputs!$R$26)","v":0},-11143.859048882539,{"$f":"E708*params!$C$8","v":147.07649999999998}]
["2001-01-30",1,30,"12:00:00",81,10,2,-1,80,{"$f":"Inputs!$R$38*Inputs!$R$33*(G709-Inputs!$R$26)","v":-45564.3290689774},{"$f":"Inputs!$R$34*E709*Inputs!$R$39","v":47408.467191259668},{"$f":"params!$C$16*Inputs!$R$30*(G709-Inputs!$R$26)","v":-7135.0999870586784},{"$f":"Inputs!$R$41*Inputs!$R$42/8760","v":0},0,703.88301618186097,4.3509868656616182E-3,3.4807894925292949E-3,{"$f":"-N709/(1.202*2465560*MAX(0,(Inputs!$R$49-Q709)))","v":0},{"$f":"params!$C$16*R709*(G709-Inputs!$R$26)","v":0},-5290.9618647764109,{"$f":"E709*params!$C$8","v":167.79149999999998}]
["2001-01-30",1,30,"13:00:00",84,10,2,-1,80,{"$f":"Inputs!$R$38*Inputs!$R$33*(G710-Inputs!$R$26)","v":-45564.3290689774},{"$f":"Inputs!$R$34*E710*Inputs!$R$39","v":49164.336346491516},{"$f":"params!$C$16*Inputs!$R$30*(G710-Inputs!$R$26)","v":-7135.0999870586784},{"$f":"Inputs!$R$41*Inputs!$R$42/8760","v":0},0,703.88301618186097,4.3509868656616182E-3,3.4807894925292949E-3,{"$f":"-N710/(1.202*2465560*MAX(0,(Inputs!$R$49-Q710)))","v":0},{"$f":"params!$C$16*R710*(G710-Inputs!$R$26)","v":0},-3535.0927095445622,{"$f":"E710*params!$C$8","v":174.006}]
["2001-01-30",1,30,"14:00:00",476,10,2,-1,80,{"$f":"Inputs!$R$38*Inputs!$R$33*(G711-Inputs!$R$26)","v":-45564.3290689774},{"$f":"Inputs!$R$34*E711*Inputs!$R$39","v":278597.90596345189},{"$f":"params!$C$16*Inputs!$R$30*(G711-Inputs!$R$26)","v":-7135.0999870586784},{"$f":"Inputs!$R$41*Inputs!$R$42/8760","v":0},0,703.88301618186097,4.3509868656616182E-3,3.4807894925292949E-3,{"$f":"-N711/(1.202*2465560*MAX(0,(Inputs!$R$49-Q711)))","v":0},{"$f":"params!$C$16*R711*(G711-Inputs!$R$26)","v":0},225898.47690741584,{"$f":"E711*params!$C$8","v":986.03399999999999}]
["2001-01-30",1,30,"15:00:00",383,6,6,-1,60,{"$f":"Inputs!$R$38*Inputs!$R$33*(G712-Inputs!$R$26)","v":-22782.1645344887},{"$f":"Inputs!$R$34*E712*Inputs!$R$39","v":224165.96215126489},{"$f":"params!$C$16*Inputs!$R$30*(G712-Inputs!$R$26)","v":-3567.5499935293392},{"$f":"Inputs!$R$41*Inputs!$R$42/8760","v":0},0,932.4781503104233,5.7771510192606073E-3,3.4662906115563645E-3,{"$f":"-N712/(1.202*2465560*MAX(0,(Inputs!$R$49-Q712)))","v":0},{"$f":"params!$C$16*R712*(G712-Inputs!$R$26)","v":0},197816.24762324686,{"$f":"E712*params!$C$8","v":793.3845}]
["2001-01-30",1,30,"16:00:00",246,8,6,-1,60,{"$f":"Inputs!$R$38*Inputs!$R$33*(G713-Inputs!$R$26)","v":-22782.1645344887},{"$f":"Inputs!$R$34*E713*Inputs!$R$39","v":143981.27072901087},{"$f":"params!$C$16*Inputs!$R$30*(G713-Inputs!$R$26)","v":-3567.5499935293392},{"$f":"Inputs!$R$41*Inputs!$R$42/8760","v":0},0,932.4781503104233,5.7771510192606073E-3,3.4662906115563645E-3,{"$f":"-N713/(1.202*2465560*MAX(0,(Inputs!$R$49-Q713)))","v":0},{"$f":"params!$C$16*R713*(G713-Inputs!$R$26)","v":0},117631.55620099284,{"$f":"E713*params!$C$8","v":509.589}]
["2001-01-30",1,30,"17:00:00",70,8,6,-1,60,{"$f":"Inputs!$R$38*Inputs!$R$33*(G714-Inputs!$R$26)","v":-22782.1645344887},{"$f":"Inputs!$R$34*E714*Inputs!$R$39","v":40970.280288742928},{"$f":"params!$C$16*Inputs!$R$30*(G714-Inputs!$R$26)","v":-3567.5499935293392},{"$f":"Inputs!$R$41*Inputs!$R$42/8760","v":0},0,932.4781503104233,5.7771510192606073E-3,3.4662906115563645E-3,{"$f":"-N714/(1.202*2465560*MAX(0,(Inputs!$R$49-Q714)))","v":0},{"$f":"params!$C$16*R714*(G714-Inputs!$R$26)","v":0},14620.565760724889,{"$f":"E714*params!$C$8","v":145.005}]
["2001-01-30",1,30,"18:00:00",0,5,5,-1,64,{"$f":"Inputs!$R$38*Inputs!$R$33*(G715-Inputs!$R$26)","v":-28477.705668110873},{"$f":"Inputs!$R$34*E715*Inputs!$R$39","v":0},{"$f":"params!$C$16*Inputs!$R$30*(G715-Inputs!$R$26)","v":-4459.4374919116744},{"$f":"Inputs!$R$41*Inputs!$R$42/8760","v":0},0,869.91328556198641,5.3861748872103517E-3,3.4471519278146249E-3,{"$f":"-N715/(1.202*2465560*MAX(0,(Inputs!$R$49-Q715)))","v":0},{"$f":"params!$C$16*R715*(G715-Inputs!$R$26)","v":0},-32937.143160022548,{"$f":"E715*params!$C$8","v":0}]
["2001-01-30",1,30,"19:00:00",0,0,1,-1,86,{"$f":"Inputs!$R$38*Inputs!$R$33*(G716-Inputs!$R$26)","v":-51259.870202599574},{"$f":"Inputs!$R$34*E716*Inputs!$R$39","v":0},{"$f":"params!$C$16*Inputs!$R$30*(G716-Inputs!$R$26)","v":-8026.9874854410136},{"$f":"Inputs!$R$41*Inputs!$R$42/8760","v":0},0,655.14373774848059,4.0477489204243187E-3,3.481064071564914E-3,{"$f":"-N716/(1.202*2465560*MAX(0,(Inputs!$R$49-Q716)))","v":0},{"$f":"params!$C$16*R716*(G716-Inputs!$R$26)","v":0},-59286.857688040589,{"$f":"E716*params!$C$8","v":0}]
["2001-01-30",1,30,"20:00:00",0,6,0,-1,92,{"$f":"Inputs!$R$38*Inputs!$R$33*(G717-Inputs!$R$26)","v":-56955.411336221747},{"$f":"Inputs!$R$34*E717*Inputs!$R$39","v":0},{"$f":"params!$C$16*Inputs!$R$30*(G717-Inputs!$R$26)","v":-8918.8749838233489},{"$f":"Inputs!$R$41*Inputs!$R$42/8760","v":0},0,609.41773586642103,3.7635253138895938E-3,3.462443288778426E-3,{"$f":"-N717/(1.202*2465560*MAX(0,(Inputs!$R$49-Q717)))","v":0},{"$f":"params!$C$16*R717*(G717-Inputs!$R$26)","v":0},-65874.286320045096,{"$f":"E717*params!$C$8","v":0}]
["2001-01-30",1,30,"21:00:00",0,3,-1,-1,100,{"$f":"Inputs!$R$38*Inputs!$R$33*(G718-Inputs!$R$26)","v":-62650.952469843927},{"$f":"Inputs!$R$34*E718*Inputs!$R$39","v":0},{"$f":"params!$C$16*Inputs!$R$30*(G718-Inputs!$R$26)","v":-9810.7624822056823},{"$f":"Inputs!$R$41*Inputs!$R$42/8760","v":0},0,566.54310372490409,3.4972595900071069E-3,3.4972595900071069E-3,{"$f":"-N718/(1.202*2465560*MAX(0,(Inputs!$R$49-Q718)))","v":0},{"$f":"params!$C$16*R718*(G718-Inputs!$R$26)","v":0},-72461.714952049602,{"$f":"E718*params!$C$8","v":0}]
["2001-01-30",1,30,"22:00:00",0,5,-1,-2,92,{"$f":"Inputs!$R$38*Inputs!$R$33*(G719-Inputs!$R$26)","v":-62650.952469843927},{"$f":"Inputs!$R$34*E719*Inputs!$R$39","v":0},{"$f":"params!$C$16*Inputs!$R$30*(G719-Inputs!$R$26)","v":-9810.7624822056823},{"$f":"Inputs!$R$41*Inputs!$R$42/8760","v":0},0,566.54310372490409,3.4972595900071069E-3,3.2174788228065384E-3,{"$f":"-N719/(1.202*2465560*MAX(0,(Inputs!$R$49-Q719)))","v":0},{"$f":"params!$C$16*R719*(G719-Inputs!$R$26)","v":0},-72461.714952049602,{"$f":"E719*params!$C$8","v":0}]
["2001-01-30",1,30,"23:00:00",0,10,-1,-2,92,{"$f":"Inputs!$R$38*Inputs!$R$33*(G720-Inputs!$R$26)","v":-62650.952469843927},{"$f":"Inputs!$R$34*E720*Inputs!$R$39","v":0},{"$f":"params!$C$16*Inputs!$R$30*(G720-Inputs!$R$26)","v":-9810.7624822056823},{"$f":"Inputs!$R$41*Inputs!$R$42/8760","v":0},0,566.54310372490409,3.4972595900071069E-3,3.2174788228065384E-3,{"$f":"-N720/(1.202*2465560*MAX(0,(Inputs!$R$49-Q720)))","v":0},{"$f":"params!$C$16*R720*(G720-Inputs!$R$26)","v":0},-72461.714952049602,{"$f":"E720*params!$C$8","v":0}]
["2001-01-30",1,30,1,0,10,-1,-1,100,{"$f":"Inputs!$R$38*Inputs!$R$33*(G721-Inputs!$R$26)","v":-62650.952469843927},{"$f":"Inputs!$R$34*E721*Inputs!$R$39","v":0},{"$f":"params!$C$16*Inputs!$R$30*(G721-Inputs!$R$26)","v":-9810.7624822056823},{"$f":"Inputs!$R$41*Inputs!$R$42/8760","v":0},0,566.54310372490409,3.4972595900071069E-3,3.4972595900071069E-3,{"$f":"-N721/(1.202*2465560*MAX(0,(Inputs!$R$49-Q721)))","v":0},{"$f":"params!$C$16*R721*(G721-Inputs!$R$26)","v":0},-72461.714952049602,{"$f":"E721*params!$C$8","v":0}]
["2001-01-31",1,31,"01:00:00",0,10,-1,-1,100,{"$f":"Inputs!$R$38*Inputs!$R$33*(G722-Inputs!$R$26)","v":-62650.952469843927},{"$f":"Inputs!$R$34*E722*Inputs!$R$39","v":0},{"$f":"params!$C$16*Inputs!$R$30*(G722-Inputs!$R$26)","v":-9810.7624822056823},{"$f":"Inputs!$R$41*Inputs!$R$42/8760","v":0},0,566.54310372490409,3.4972595900071069E-3,3.4972595900071069E-3,{"$f":"-N722/(1.202*2465560*MAX(0,(Inputs!$R$49-Q722)))","v":0},{"$f":"params!$C$16*R722*(G722-Inputs!$R$26)","v":0},-72461.714952049602,{"$f":"E722*params!$C$8","v":0}]
["2001-01-31",1,31,"02:00:00",0,10,-1,-1,100,{"$f":"Inputs!$R$38*Inputs!$R$33*(G723-Inputs!$R$26)","v":-62650.952469843927},{"$f":"Inputs!$R$34*E723*Inputs!$R$39","v":0},{"$f":"params!$C$16*Inputs!$R$30*(G723-Inputs!$R$26)","v":-9810.7624822056823},{"$f":"Inputs!$R$41*Inputs!$R$42/8760","v":0},0,566.54310372490409,3.4972595900071069E-3,3.4972595900071069E-3,{"$f":"-N723/(1.202*2465560*MAX(0,(Inputs!$R$49-Q723)))","v":0},{"$f":"params!$C$16*R723*(G723-Inputs!$R$26)","v":0},-72461.714952049602,{"$f":"E723*params!$C$8","v":0}]
["2001-01-31",1,31,"03:00:00",0,10,1,0,93,{"$f":"Inputs!$R$38*Inputs!$R$33*(G724-Inputs!$R$26)","v":-51259.870202599574},{"$f":"Inputs!$R$34*E724*Inputs!$R$39","v":0},{"$f":"params!$C$16*Inputs!$R$30*(G724-Inputs!$R$26)","v":-8026.9874854410136},{"$f":"Inputs!$R$41*Inputs!$R$42/8760","v":0},0,655.14373774848059,4.0477489204243187E-3,3.7644064959946166E-3,{"$f":"-N724/(1.202*2465560*MAX(0,(Inputs!$R$49-Q724)))","v":0},{"$f":"params!$C$16*R724*(G724-Inputs!$R$26)","v":0},-59286.857688040589,{"$f":"E724*params!$C$8","v":0}]
["2001-01-31",1,31,"04:00:00",0,10,1,0,93,{"$f":"Inputs!$R$38*Inputs!$R$33*(G725-Inputs!$R$26)","v":-51259.870202599574},{"$f":"Inputs!$R$34*E725*Inputs!$R$39","v":0},{"$f":"params!$C$16*Inputs!$R$30*(G725-Inputs!$R$26)","v":-8026.9874854410136},{"$f":"Inputs!$R$41*Inputs!$R$42/8760","v":0},0,655.14373774848059,4.0477489204243187E-3,3.7644064959946166E-3,{"$f":"-N725/(1.202*2465560*MAX(0,(Inputs!$R$49-Q725)))","v":0},{"$f":"params!$C$16*R725*(G725-Inputs!$R$26)","v":0},-59286.857688040589,{"$f":"E725*params!$C$8","v":0}]
["2001-01-31",1,31,"05:00:00",0,10,4,2,87,{"$f":"Inputs!$R$38*Inputs!$R$33*(G726-Inputs!$R$26)","v":-34173.246801733054},{"$f":"Inputs!$R$34*E726*Inputs!$R$39","v":0},{"$f":"params!$C$16*Inputs!$R$30*(G726-Inputs!$R$26)","v":-5351.3249902940088},{"$f":"Inputs!$R$41*Inputs!$R$42/8760","v":0},0,811.08667612094962,5.0190035800134264E-3,4.366533114611681E-3,{"$f":"-N726/(1.202*2465560*MAX(0,(Inputs!$R$49-Q726)))","v":0},{"$f":"params!$C$16*R726*(G726-Inputs!$R$26)","v":0},-39524.571792027062,{"$f":"E726*params!$C$8","v":0}]
["2001-01-31",1,31,"06:00:00",0,10,5,2,81,{"$f":"Inputs!$R$38*Inputs!$R$33*(G727-Inputs!$R$26)","v":-28477.705668110873},{"$f":"Inputs!$R$34*E727*Inputs!$R$39","v":0},{"$f":"params!$C$16*Inputs!$R$30*(G727-Inputs!$R$26)","v":-4459.4374919116744},{"$f":"Inputs!$R$41*Inputs!$R$42/8760","v":0},0,869.91328556198641,5.3861748872103517E-3,4.3628016586403848E-3,{"$f":"-N727/(1.202*2465560*MAX(0,(Inputs!$R$49-Q727)))","v":0},{"$f":"params!$C$16*R727*(G727-Inputs!$R$26)","v":0},-32937.143160022548,{"$f":"E727*params!$C$8","v":0}]
["2001-01-31",1,31,"07:00:00",0,10,4,2,87,{"$f":"Inputs!$R$38*Inputs!$R$33*(G728-Inputs!$R$26)","v":-34173.246801733054},{"$f":"Inputs!$R$34*E728*Inputs!$R$39","v":0},{"$f":"params!$C$16*Inputs!$R$30*(G728-Inputs!$R$26)","v":-5351.3249902940088},{"$f":"Inputs!$R$41*Inputs!$R$42/8760","v":0},0,811.08667612094962,5.0190035800134264E-3,4.366533114611681E-3,{"$f":"-N728/(1.202*2465560*MAX(0,(Inputs!$R$49-Q728)))","v":0},{"$f":"params!$C$16*R728*(G728-Inputs!$R$26)","v":0},-39524.571792027062,{"$f":"E728*params!$C$8","v":0}]
["2001-01-31",1,31,"08:00:00",2,10,4,2,87,{"$f":"Inputs!$R$38*Inputs!$R$33*(G729-Inputs!$R$26)","v":-34173.246801733054},{"$f":"Inputs!$R$34*E729*Inputs!$R$39","v":1170.5794368212264},{"$f":"params!$C$16*Inputs!$R$30*(G729-Inputs!$R$26)","v":-5351.3249902940088},{"$f":"Inputs!$R$41*Inputs!$R$42/8760","v":0},0,811.08667612094962,5.0190035800134264E-3,4.366533114611681E-3,{"$f":"-N729/(1.202*2465560*MAX(0,(Inputs!$R$49-Q729)))","v":0},{"$f":"params!$C$16*R729*(G729-Inputs!$R$26)","v":0},-38353.992355205839,{"$f":"E729*params!$C$8","v":4.1429999999999998}]
["2001-01-31",1,31,"09:00:00",89,10,4,2,87,{"$f":"Inputs!$R$38*Inputs!$R$33*(G730-Inputs!$R$26)","v":-34173.246801733054},{"$f":"Inputs!$R$34*E730*Inputs!$R$39","v":52090.784938544573},{"$f":"params!$C$16*Inputs!$R$30*(G730-Inputs!$R$26)","v":-5351.3249902940088},{"$f":"Inputs!$R$41*Inputs!$R$42/8760","v":0},0,811.08667612094962,5.0190035800134264E-3,4.366533114611681E-3,{"$f":"-N730/(1.202*2465560*MAX(0,(Inputs!$R$49-Q730)))","v":0},{"$f":"params!$C$16*R730*(G730-Inputs!$R$26)","v":0},12566.213146517512,{"$f":"E730*params!$C$8","v":184.36349999999999}]
["2001-01-31",1,31,"10:00:00",126,10,4,2,87,{"$f":"Inputs!$R$38*Inputs!$R$33*(G731-Inputs!$R$26)","v":-34173.246801733054},{"$f":"Inputs!$R$34*E731*Inputs!$R$39","v":73746.504519737267},{"$f":"params!$C$16*Inputs!$R$30*(G731-Inputs!$R$26)","v":-5351.3249902940088},{"$f":"Inputs!$R$41*Inputs!$R$42/8760","v":0},0,811.08667612094962,5.0190035800134264E-3,4.366533114611681E-3,{"$f":"-N731/(1.202*2465560*MAX(0,(Inputs!$R$49-Q731)))","v":0},{"$f":"params!$C$16*R731*(G731-Inputs!$R$26)","v":0},34221.932727710206,{"$f":"E731*params!$C$8","v":261.00900000000001}]
["2001-01-31",1,31,"11:00:00",142,10,4,1,81,{"$f":"Inputs!$R$38*Inputs!$R$33*(G732-Inputs!$R$26)","v":-34173.246801733054},{"$f":"Inputs!$R$34*E732*Inputs!$R$39","v":83111.140014307079},{"$f":"params!$C$16*Inputs!$R$30*(G732-Inputs!$R$26)","v":-5351.3249902940088},{"$f":"Inputs!$R$41*Inputs!$R$42/8760","v":0},0,811.08667612094962,5.0190035800134264E-3,4.0653928998108753E-3,{"$f":"-N732/(1.202*2465560*MAX(0,(Inputs!$R$49-Q732)))","v":0},{"$f":"params!$C$16*R732*(G732-Inputs!$R$26)","v":0},43586.568222280017,{"$f":"E732*params!$C$8","v":294.15299999999996}]
["2001-01-31",1,31,"12:00:00",223,10,4,-1,69,{"$f":"Inputs!$R$38*Inputs!$R$33*(G733-Inputs!$R$26)","v":-34173.246801733054},{"$f":"Inputs!$R$34*E733*Inputs!$R$39","v":130519.60720556675},{"$f":"params!$C$16*Inputs!$R$30*(G733-Inputs!$R$26)","v":-5351.3249902940088},{"$f":"Inputs!$R$41*Inputs!$R$42/8760","v":0},0,811.08667612094962,5.0190035800134264E-3,3.4631124702092643E-3,{"$f":"-N733/(1.202*2465560*MAX(0,(Inputs!$R$49-Q733)))","v":0},{"$f":"params!$C$16*R733*(G733-Inputs!$R$26)","v":0},90995.035413539677,{"$f":"E733*params!$C$8","v":461.94450000000001}]
["2001-01-31",1,31,"13:00:00",138,10,4,-1,69,{"$f":"Inputs!$R$38*Inputs!$R$33*(G734-Inputs!$R$26)","v":-34173.246801733054},{"$f":"Inputs!$R$34*E734*Inputs!$R$39","v":80769.981140664633},{"$f":"params!$C$16*Inputs!$R$30*(G734-Inputs!$R$26)","v":-5351.3249902940088},{"$f":"Inputs!$R$41*Inputs!$R$42/8760","v":0},0,811.08667612094962,5.0190035800134264E-3,3.4631124702092643E-3,{"$f":"-N734/(1.202*2465560*MAX(0,(Inputs!$R$49-Q734)))","v":0},{"$f":"params!$C$16*R734*(G734-Inputs!$R$26)","v":0},41245.409348637571,{"$f":"E734*params!$C$8","v":285.86699999999996}]
["2001-01-31",1,31,"14:00:00",203,10,4,-3,59,{"$f":"Inputs!$R$38*Inputs!$R$33*(G735-Inputs!$R$26)","v":-34173.246801733054},{"$f":"Inputs!$R$34*E735*Inputs!$R$39","v":118813.81283735449},{"$f":"params!$C$16*Inputs!$R$30*(G735-Inputs!$R$26)","v":-5351.3249902940088},{"$f":"Inputs!$R$41*Inputs!$R$42/8760","v":0},0,811.08667612094962,5.0190035800134264E-3,2.9612121122079217E-3,{"$f":"-N735/(1.202*2465560*MAX(0,(Inputs!$R$49-Q735)))","v":0},{"$f":"params!$C$16*R735*(G735-Inputs!$R$26)","v":0},79289.241045327421,{"$f":"E735*params!$C$8","v":420.5145}]
["2001-01-31",1,31,"15:00:00",272,8,4,-2,64,{"$f":"Inputs!$R$38*Inputs!$R$33*(G736-Inputs!$R$26)","v":-34173.246801733054},{"$f":"Inputs!$R$34*E736*Inputs!$R$39","v":159198.80340768679},{"$f":"params!$C$16*Inputs!$R$30*(G736-Inputs!$R$26)","v":-5351.3249902940088},{"$f":"Inputs!$R$41*Inputs!$R$42/8760","v":0},0,811.08667612094962,5.0190035800134264E-3,3.212162291208593E-3,{"$f":"-N736/(1.202*2465560*MAX(0,(Inputs!$R$49-Q736)))","v":0},{"$f":"params!$C$16*R736*(G736-Inputs!$R$26)","v":0},119674.23161565972,{"$f":"E736*params!$C$8","v":563.44799999999998}]
["2001-01-31",1,31,"16:00:00",87,10,4,-2,64,{"$f":"Inputs!$R$38*Inputs!$R$33*(G737-Inputs!$R$26)","v":-34173.246801733054},{"$f":"Inputs!$R$34*E737*Inputs!$R$39","v":50920.205501723351},{"$f":"params!$C$16*Inputs!$R$30*(G737-Inputs!$R$26)","v":-5351.3249902940088},{"$f":"Inputs!$R$41*Inputs!$R$42/8760","v":0},0,811.08667612094962,5.0190035800134264E-3,3.212162291208593E-3,{"$f":"-N737/(1.202*2465560*MAX(0,(Inputs!$R$49-Q737)))","v":0},{"$f":"params!$C$16*R737*(G737-Inputs!$R$26)","v":0},11395.633709696289,{"$f":"E737*params!$C$8","v":180.22049999999999}]
["2001-01-31",1,31,"17:00:00",36,10,3,-2,68,{"$f":"Inputs!$R$38*Inputs!$R$33*(G738-Inputs!$R$26)","v":-39868.787935355227},{"$f":"Inputs!$R$34*E738*Inputs!$R$39","v":21070.429862782075},{"$f":"params!$C$16*Inputs!$R$30*(G738-Inputs!$R$26)","v":-6243.2124886763431},{"$f":"Inputs!$R$41*Inputs!$R$42/8760","v":0},0,755.80495631325812,4.6743495015895585E-3,3.1785576610808995E-3,{"$f":"-N738/(1.202*2465560*MAX(0,(Inputs!$R$49-Q738)))","v":0},{"$f":"params!$C$16*R738*(G738-Inputs!$R$26)","v":0},-25041.570561249493,{"$f":"E738*params!$C$8","v":74.573999999999998}]
["2001-01-31",1,31,"18:00:00",0,10,3,-2,68,{"$f":"Inputs!$R$38*Inputs!$R$33*(G739-Inputs!$R$26)","v":-39868.787935355227},{"$f":"Inputs!$R$34*E739*Inputs!$R$39","v":0},{"$f":"params!$C$16*Inputs!$R$30*(G739-Inputs!$R$26)","v":-6243.2124886763431},{"$f":"Inputs!$R$41*Inputs!$R$42/8760","v":0},0,755.80495631325812,4.6743495015895585E-3,3.1785576610808995E-3,{"$f":"-N739/(1.202*2465560*MAX(0,(Inputs!$R$49-Q739)))","v":0},{"$f":"params!$C$16*R739*(G739-Inputs!$R$26)","v":0},-46112.000424031568,{"$f":"E739*params!$C$8","v":0}]
["2001-01-31",1,31,"19:00:00",0,10,3,-1,74,{"$f":"Inputs!$R$38*Inputs!$R$33*(G740-Inputs!$R$26)","v":-39868.787935355227},{"$f":"Inputs!$R$34*E740*Inputs!$R$39","v":0},{"$f":"params!$C$16*Inputs!$R$30*(G740-Inputs!$R$26)","v":-6243.2124886763431},{"$f":"Inputs!$R$41*Inputs!$R$42/8760","v":0},0,755.80495631325812,4.6743495015895585E-3,3.4590186311762735E-3,{"$f":"-N740/(1.202*2465560*MAX(0,(Inputs!$R$49-Q740)))","v":0},{"$f":"params!$C$16*R740*(G740-Inputs!$R$26)","v":0},-46112.000424031568,{"$f":"E740*params!$C$8","v":0}]
["2001-01-31",1,31,"20:00:00",0,10,3,-1,74,{"$f":"Inputs!$R$38*Inputs!$R$33*(G741-Inputs!$R$26)","v":-39868.787935355227},{"$f":"Inputs!$R$34*E741*Inputs!$R$39","v":0},{"$f":"params!$C$16*Inputs!$R$30*(G741-Inputs!$R$26)","v":-6243.2124886763431},{"$f":"Inputs!$R$41*Inputs!$R$42/8760","v":0},0,755.80495631325812,4.6743495015895585E-3,3.4590186311762735E-3,{"$f":"-N741/(1.202*2465560*MAX(0,(Inputs!$R$49-Q741)))","v":0},{"$f":"params!$C$16*R741*(G741-Inputs!$R$26)","v":0},-46112.000424031568,{"$f":"E741*params!$C$8","v":0}]
["2001-01-31",1,31,"21:00:00",0,10,3,-1,74,{"$f":"Inputs!$R$38*Inputs!$R$33*(G742-Inputs!$R$26)","v":-39868.787935355227},{"$f":"Inputs!$R$34*E742*Inputs!$R$39","v":0},{"$f":"params!$C$16*Inputs!$R$30*(G742-Inputs!$R$26)","v":-6243.2124886763431},{"$f":"Inputs!$R$41*Inputs!$R$42/8760","v":0},0,755.80495631325812,4.6743495015895585E-3,3.4590186311762735E-3,{"$f":"-N742/(1.202*2465560*MAX(0,(Inputs!$R$49-Q742)))","v":0},{"$f":"params!$C$16*R742*(G742-Inputs!$R$26)","v":0},-46112.000424031568,{"$f":"E742*params!$C$8","v":0}]
["2001-01-31",1,31,"22:00:00",0,10,3.1,-0.2,68,{"$f":"Inputs!$R$38*Inputs!$R$33*(G743-Inputs!$R$26)","v":-39299.23382199301},{"$f":"Inputs!$R$34*E743*Inputs!$R$39","v":0},{"$f":"params!$C$16*Inputs!$R$30*(G743-Inputs!$R$26)","v":-6154.0237388381101},{"$f":"Inputs!$R$41*Inputs!$R$42/8760","v":0},0,761.17894739234043,4.7078370406333269E-3,3.201329187630662E-3,{"$f":"-N743/(1.202*2465560*MAX(0,(Inputs!$R$49-Q743)))","v":0},{"$f":"params!$C$16*R743*(G743-Inputs!$R$26)","v":0},-45453.257560831116,{"$f":"E743*params!$C$8","v":0}]
["2001-01-31",1,31,"23:00:00",0,10,3.3,0.4,63,{"$f":"Inputs!$R$38*Inputs!$R$33*(G744-Inputs!$R$26)","v":-38160.125595268575},{"$f":"Inputs!$R$34*E744*Inputs!$R$39","v":0},{"$f":"params!$C$16*Inputs!$R$30*(G744-Inputs!$R$26)","v":-5975.6462391616433},{"$f":"Inputs!$R$41*Inputs!$R$42/8760","v":0},0,772.02842975916951,4.7754555160627581E-3,3.0085369751195381E-3,{"$f":"-N744/(1.202*2465560*MAX(0,(Inputs!$R$49-Q744)))","v":0},{"$f":"params!$C$16*R744*(G744-Inputs!$R$26)","v":0},-44135.771834430219,{"$f":"E744*params!$C$8","v":0}]
["2001-01-31",1,31,1,0,10,3.4,1.1000000000000001,63,{"$f":"Inputs!$R$38*Inputs!$R$33*(G745-Inputs!$R$26)","v":-37590.571481906351},{"$f":"Inputs!$R$34*E745*Inputs!$R$39","v":0},{"$f":"params!$C$16*Inputs!$R$30*(G745-Inputs!$R$26)","v":-5886.4574893234094},{"$f":"Inputs!$R$41*Inputs!$R$42/8760","v":0},0,777.5042863523754,4.8095888673616262E-3,3.0300409864378246E-3,{"$f":"-N745/(1.202*2465560*MAX(0,(Inputs!$R$49-Q745)))","v":0},{"$f":"params!$C$16*R745*(G745-Inputs!$R$26)","v":0},-43477.02897122976,{"$f":"E745*params!$C$8","v":0}]
["2002-02-01",2,1,"01:00:00",0,10,3.6,1.9,93,{"$f":"Inputs!$R$38*Inputs!$R$33*(G746-Inputs!$R$26)","v":-36451.463255181923},{"$f":"Inputs!$R$34*E746*Inputs!$R$39","v":0},{"$f":"params!$C$16*Inputs!$R$30*(G746-Inputs!$R$26)","v":-5708.0799896469434},{"$f":"Inputs!$R$41*Inputs!$R$42/8760","v":0},0,788.55914967057754,4.8785098792414501E-3,4.5370141876945489E-3,{"$f":"-N746/(1.202*2465560*MAX(0,(Inputs!$R$49-Q746)))","v":0},{"$f":"params!$C$16*R746*(G746-Inputs!$R$26)","v":0},-42159.543244828863,{"$f":"E746*params!$C$8","v":0}]
["2002-02-01",2,1,"02:00:00",0,10,3.7,2.6,93,{"$f":"Inputs!$R$38*Inputs!$R$33*(G747-Inputs!$R$26)","v":-35881.909141819699},{"$f":"Inputs!$R$34*E747*Inputs!$R$39","v":0},{"$f":"params!$C$16*Inputs!$R$30*(G747-Inputs!$R$26)","v":-5618.8912398087086},{"$f":"Inputs!$R$41*Inputs!$R$42/8760","v":0},0,794.13852655085327,4.9132999907153096E-3,4.569368991365238E-3,{"$f":"-N747/(1.202*2465560*MAX(0,(Inputs!$R$49-Q747)))","v":0},{"$f":"params!$C$16*R747*(G747-Inputs!$R$26)","v":0},-41500.800381628404,{"$f":"E747*params!$C$8","v":0}]
["2002-02-01",2,1,"03:00:00",0,10,3.9,3.3,97,{"$f":"Inputs!$R$38*Inputs!$R$33*(G748-Inputs!$R$26)","v":-34742.800915095264},{"$f":"Inputs!$R$34*E748*Inputs!$R$39","v":0},{"$f":"params!$C$16*Inputs!$R$30*(G748-Inputs!$R$26)","v":-5440.5137401322418},{"$f":"Inputs!$R$41*Inputs!$R$42/8760","v":0},0,805.40210224974328,4.9835455974153575E-3,4.834039229492897E-3,{"$f":"-N748/(1.202*2465560*MAX(0,(Inputs!$R$49-Q748)))","v":0},{"$f":"params!$C$16*R748*(G748-Inputs!$R$26)","v":0},-40183.314655227507,{"$f":"E748*params!$C$8","v":0}]
["2002-02-01",2,1,"04:00:00",0,10,4,4,100,{"$f":"Inputs!$R$38*Inputs!$R$33*(G749-Inputs!$R$26)","v":-34173.246801733054},{"$f":"Inputs!$R$34*E749*Inputs!$R$39","v":0},{"$f":"params!$C$16*Inputs!$R$30*(G749-Inputs!$R$26)","v":-5351.3249902940088},{"$f":"Inputs!$R$41*Inputs!$R$42/8760","v":0},0,811.08667612094962,5.0190035800134264E-3,5.0190035800134255E-3,{"$f":"-N749/(1.202*2465560*MAX(0,(Inputs!$R$49-Q749)))","v":0},{"$f":"params!$C$16*R749*(G749-Inputs!$R$26)","v":0},-39524.571792027062,{"$f":"E749*params!$C$8","v":0}]
["2002-02-01",2,1,"05:00:00",0,10,5,4,93,{"$f":"Inputs!$R$38*Inputs!$R$33*(G750-Inputs!$R$26)","v":-28477.705668110873},{"$f":"Inputs!$R$34*E750*Inputs!$R$39","v":0},{"$f":"params!$C$16*Inputs!$R$30*(G750-Inputs!$R$26)","v":-4459.4374919116744},{"$f":"Inputs!$R$41*Inputs!$R$42/8760","v":0},0,869.91328556198641,5.3861748872103517E-3,5.0091426451056272E-3,{"$f":"-N750/(1.202*2465560*MAX(0,(Inputs!$R$49-Q750)))","v":0},{"$f":"params!$C$16*R750*(G750-Inputs!$R$26)","v":0},-32937.143160022548,{"$f":"E750*params!$C$8","v":0}]
["2002-02-01",2,1,"06:00:00",0,10,6,4,87,{"$f":"Inputs!$R$38*Inputs!$R$33*(G751-Inputs!$R$26)","v":-22782.1645344887},{"$f":"Inputs!$R$34*E751*Inputs!$R$39","v":0},{"$f":"params!$C$16*Inputs!$R$30*(G751-Inputs!$R$26)","v":-3567.5499935293392},{"$f":"Inputs!$R$41*Inputs!$R$42/8760","v":0},0,932.4781503104233,5.7771510192606073E-3,5.0261213867567288E-3,{"$f":"-N751/(1.202*2465560*MAX(0,(Inputs!$R$49-Q751)))","v":0},{"$f":"params!$C$16*R751*(G751-Inputs!$R$26)","v":0},-26349.714528018041,{"$f":"E751*params!$C$8","v":0}]
["2002-02-01",2,1,"07:00:00",0,10,6,4,87,{"$f":"Inputs!$R$38*Inputs!$R$33*(G752-Inputs!$R$26)","v":-22782.1645344887},{"$f":"Inputs!$R$34*E752*Inputs!$R$39","v":0},{"$f":"params!$C$16*Inputs!$R$30*(G752-Inputs!$R$26)","v":-3567.5499935293392},{"$f":"Inputs!$R$41*Inputs!$R$42/8760","v":0},0,932.4781503104233,5.7771510192606073E-3,5.0261213867567288E-3,{"$f":"-N752/(1.202*2465560*MAX(0,(Inputs!$R$49-Q752)))","v":0},{"$f":"params!$C$16*R752*(G752-Inputs!$R$26)","v":0},-26349.714528018041,{"$f":"E752*params!$C$8","v":0}]
["2002-02-01",2,1,"08:00:00",1,10,5.5,4.7,95,{"$f":"Inputs!$R$38*Inputs!$R$33*(G753-Inputs!$R$26)","v":-25629.935101299787},{"$f":"Inputs!$R$34*E753*Inputs!$R$39","v":585.2897184106132},{"$f":"params!$C$16*Inputs!$R$30*(G753-Inputs!$R$26)","v":-4013.4937427205068},{"$f":"Inputs!$R$41*Inputs!$R$42/8760","v":0},0,900.71602087450731,5.5786043819837112E-3,5.2996741628845261E-3,{"$f":"-N753/(1.202*2465560*MAX(0,(Inputs!$R$49-Q753)))","v":0},{"$f":"params!$C$16*R753*(G753-Inputs!$R$26)","v":0},-29058.139125609683,{"$f":"E753*params!$C$8","v":2.0714999999999999}]
["2002-02-01",2,1,"09:00:00",27,10,6,6,100,{"$f":"Inputs!$R$38*Inputs!$R$33*(G754-Inputs!$R$26)","v":-22782.1645344887},{"$f":"Inputs!$R$34*E754*Inputs!$R$39","v":15802.822397086558},{"$f":"params!$C$16*Inputs!$R$30*(G754-Inputs!$R$26)","v":-3567.5499935293392},{"$f":"Inputs!$R$41*Inputs!$R$42/8760","v":0},0,932.4781503104233,5.7771510192606073E-3,5.7771510192606065E-3,{"$f":"-N754/(1.202*2465560*MAX(0,(Inputs!$R$49-Q754)))","v":0},{"$f":"params!$C$16*R754*(G754-Inputs!$R$26)","v":0},-10546.892130931481,{"$f":"E754*params!$C$8","v":55.930499999999995}]
["2002-02-01",2,1,"10:00:00",49,10,8,7,93,{"$f":"Inputs!$R$38*Inputs!$R$33*(G755-Inputs!$R$26)","v":-11391.08226724435},{"$f":"Inputs!$R$34*E755*Inputs!$R$39","v":28679.196202120049},{"$f":"params!$C$16*Inputs!$R$30*(G755-Inputs!$R$26)","v":-1783.7749967646696},{"$f":"Inputs!$R$41*Inputs!$R$42/8760","v":0},0,1069.6390010481693,6.6359949158119932E-3,6.1714752717051532E-3,{"$f":"-N755/(1.202*2465560*MAX(0,(Inputs!$R$49-Q755)))","v":0},{"$f":"params!$C$16*R755*(G755-Inputs!$R$26)","v":0},15504.338938111028,{"$f":"E755*params!$C$8","v":101.50349999999999}]
["2002-02-01",2,1,"11:00:00",142,10,8,7,93,{"$f":"Inputs!$R$38*Inputs!$R$33*(G756-Inputs!$R$26)","v":-11391.08226724435},{"$f":"Inputs!$R$34*E756*Inputs!$R$39","v":83111.140014307079},{"$f":"params!$C$16*Inputs!$R$30*(G756-Inputs!$R$26)","v":-1783.7749967646696},{"$f":"Inputs!$R$41*Inputs!$R$42/8760","v":0},0,1069.6390010481693,6.6359949158119932E-3,6.1714752717051532E-3,{"$f":"-N756/(1.202*2465560*MAX(0,(Inputs!$R$49-Q756)))","v":0},{"$f":"params!$C$16*R756*(G756-Inputs!$R$26)","v":0},69936.282750298065,{"$f":"E756*params!$C$8","v":294.15299999999996}]
["2002-02-01",2,1,"12:00:00",155,10,11,9,87,{"$f":"Inputs!$R$38*Inputs!$R$33*(G757-Inputs!$R$26)","v":5695.541133622175},{"$f":"Inputs!$R$34*E757*Inputs!$R$39","v":90719.906353645056},{"$f":"params!$C$16*Inputs!$R$30*(G757-Inputs!$R$26)","v":891.8874983823348},{"$f":"Inputs!$R$41*Inputs!$R$42/8760","v":0},0,1308.7561751391206,8.138879592783612E-3,7.0808252457217422E-3,{"$f":"-N757/(1.202*2465560*MAX(0,(Inputs!$R$49-Q757)))","v":0},{"$f":"params!$C$16*R757*(G757-Inputs!$R$26)","v":0},97307.334985649562,{"$f":"E757*params!$C$8","v":321.08249999999998}]
["2002-02-01",2,1,"13:00:00",252,8,13,9,77,{"$f":"Inputs!$R$38*Inputs!$R$33*(G758-Inputs!$R$26)","v":17086.623400866527},{"$f":"Inputs!$R$34*E758*Inputs!$R$39","v":147493.00903947453},{"$f":"params!$C$16*Inputs!$R$30*(G758-Inputs!$R$26)","v":2675.6624951470044},{"$f":"Inputs!$R$41*Inputs!$R$42/8760","v":0},0,1493.2057396927576,9.303089390063848E-3,7.1633788303491633E-3,{"$f":"-N758/(1.202*2465560*MAX(0,(Inputs!$R$49-Q758)))","v":0},{"$f":"params!$C$16*R758*(G758-Inputs!$R$26)","v":0},167255.29493548805,{"$f":"E758*params!$C$8","v":522.01800000000003}]
["2002-02-01",2,1,"14:00:00",75,5,12,9,82,{"$f":"Inputs!$R$38*Inputs!$R$33*(G759-Inputs!$R$26)","v":11391.08226724435},{"$f":"Inputs!$R$34*E759*Inputs!$R$39","v":43896.728880795992},{"$f":"params!$C$16*Inputs!$R$30*(G759-Inputs!$R$26)","v":1783.7749967646696},{"$f":"Inputs!$R$41*Inputs!$R$42/8760","v":0},0,1398.3079270856979,8.70357605607666E-3,7.1369323659828607E-3,{"$f":"-N759/(1.202*2465560*MAX(0,(Inputs!$R$49-Q759)))","v":0},{"$f":"params!$C$16*R759*(G759-Inputs!$R$26)","v":0},57071.586144805013,{"$f":"E759*params!$C$8","v":155.36249999999998}]
["2002-02-01",2,1,"15:00:00",328,4,11,-1,43,{"$f":"Inputs!$R$38*Inputs!$R$33*(G760-Inputs!$R$26)","v":5695.541133622175},{"$f":"Inputs!$R$34*E760*Inputs!$R$39","v":191975.02763868115},{"$f":"params!$C$16*Inputs!$R$30*(G760-Inputs!$R$26)","v":891.8874983823348},{"$f":"Inputs!$R$41*Inputs!$R$42/8760","v":0},0,1308.7561751391206,8.138879592783612E-3,3.4997182248969532E-3,{"$f":"-N760/(1.202*2465560*MAX(0,(Inputs!$R$49-Q760)))","v":0},{"$f":"params!$C$16*R760*(G760-Inputs!$R$26)","v":0},198562.45627068565,{"$f":"E760*params!$C$8","v":679.452}]
["2002-02-01",2,1,"16:00:00",41,10,6,-4,47,{"$f":"Inputs!$R$38*Inputs!$R$33*(G761-Inputs!$R$26)","v":-22782.1645344887},{"$f":"Inputs!$R$34*E761*Inputs!$R$39","v":23996.878454835143},{"$f":"params!$C$16*Inputs!$R$30*(G761-Inputs!$R$26)","v":-3567.5499935293392},{"$f":"Inputs!$R$41*Inputs!$R$42/8760","v":0},0,932.4781503104233,5.7771510192606073E-3,2.7152609790524855E-3,{"$f":"-N761/(1.202*2465560*MAX(0,(Inputs!$R$49-Q761)))","v":0},{"$f":"params!$C$16*R761*(G761-Inputs!$R$26)","v":0},-2352.8360731828961,{"$f":"E761*params!$C$8","v":84.9315}]
["2002-02-01",2,1,"17:00:00",16,10,5,-4,50,{"$f":"Inputs!$R$38*Inputs!$R$33*(G762-Inputs!$R$26)","v":-28477.705668110873},{"$f":"Inputs!$R$34*E762*Inputs!$R$39","v":9364.6354945698113},{"$f":"params!$C$16*Inputs!$R$30*(G762-Inputs!$R$26)","v":-4459.4374919116744},{"$f":"Inputs!$R$41*Inputs!$R$42/8760","v":0},0,869.91328556198641,5.3861748872103517E-3,2.6930874436051759E-3,{"$f":"-N762/(1.202*2465560*MAX(0,(Inputs!$R$49-Q762)))","v":0},{"$f":"params!$C$16*R762*(G762-Inputs!$R$26)","v":0},-23572.507665452737,{"$f":"E762*params!$C$8","v":33.143999999999998}]
["2002-02-01",2,1,"18:00:00",0,10,3,-5,53,{"$f":"Inputs!$R$38*Inputs!$R$33*(G763-Inputs!$R$26)","v":-39868.787935355227},{"$f":"Inputs!$R$34*E763*Inputs!$R$39","v":0},{"$f":"params!$C$16*Inputs!$R$30*(G763-Inputs!$R$26)","v":-6243.2124886763431},{"$f":"Inputs!$R$41*Inputs!$R$42/8760","v":0},0,755.80495631325812,4.6743495015895585E-3,2.477405235842466E-3,{"$f":"-N763/(1.202*2465560*MAX(0,(Inputs!$R$49-Q763)))","v":0},{"$f":"params!$C$16*R763*(G763-Inputs!$R$26)","v":0},-46112.000424031568,{"$f":"E763*params!$C$8","v":0}]
["2002-02-01",2,1,"19:00:00",0,10,3,-6,49,{"$f":"Inputs!$R$38*Inputs!$R$33*(G764-Inputs!$R$26)","v":-39868.787935355227},{"$f":"Inputs!$R$34*E764*Inputs!$R$39","v":0},{"$f":"params!$C$16*Inputs!$R$30*(G764-Inputs!$R$26)","v":-6243.2124886763431},{"$f":"Inputs!$R$41*Inputs!$R$42/8760","v":0},0,755.80495631325812,4.6743495015895585E-3,2.2904312557788836E-3,{"$f":"-N764/(1.202*2465560*MAX(0,(Inputs!$R$49-Q764)))","v":0},{"$f":"params!$C$16*R764*(G764-Inputs!$R$26)","v":0},-46112.000424031568,{"$f":"E764*params!$C$8","v":0}]
["2002-02-01",2,1,"20:00:00",0,10,1,-7,51,{"$f":"Inputs!$R$38*Inputs!$R$33*(G765-Inputs!$R$26)","v":-51259.870202599574},{"$f":"Inputs!$R$34*E765*Inputs!$R$39","v":0},{"$f":"params!$C$16*Inputs!$R$30*(G765-Inputs!$R$26)","v":-8026.9874854410136},{"$f":"Inputs!$R$41*Inputs!$R$42/8760","v":0},0,655.14373774848059,4.0477489204243187E-3,2.0643519494164026E-3,{"$f":"-N765/(1.202*2465560*MAX(0,(Inputs!$R$49-Q765)))","v":0},{"$f":"params!$C$16*R765*(G765-Inputs!$R$26)","v":0},-59286.857688040589,{"$f":"E765*params!$C$8","v":0}]
["2002-02-01",2,1,"21:00:00",0,10,-1,-8,55,{"$f":"Inputs!$R$38*Inputs!$R$33*(G766-Inputs!$R$26)","v":-62650.952469843927},{"$f":"Inputs!$R$34*E766*Inputs!$R$39","v":0},{"$f":"params!$C$16*Inputs!$R$30*(G766-Inputs!$R$26)","v":-9810.7624822056823},{"$f":"Inputs!$R$41*Inputs!$R$42/8760","v":0},0,566.54310372490409,3.4972595900071069E-3,1.9234927745039087E-3,{"$f":"-N766/(1.202*2465560*MAX(0,(Inputs!$R$49-Q766)))","v":0},{"$f":"params!$C$16*R766*(G766-Inputs!$R$26)","v":0},-72461.714952049602,{"$f":"E766*params!$C$8","v":0}]
["2002-02-01",2,1,"22:00:00",0,10,-2,-8,60,{"$f":"Inputs!$R$38*Inputs!$R$33*(G767-Inputs!$R$26)","v":-68346.493603466108},{"$f":"Inputs!$R$34*E767*Inputs!$R$39","v":0},{"$f":"params!$C$16*Inputs!$R$30*(G767-Inputs!$R$26)","v":-10702.649980588018},{"$f":"Inputs!$R$41*Inputs!$R$42/8760","v":0},0,526.36516305985776,3.2479468065175691E-3,1.9487680839105415E-3,{"$f":"-N767/(1.202*2465560*MAX(0,(Inputs!$R$49-Q767)))","v":0},{"$f":"params!$C$16*R767*(G767-Inputs!$R$26)","v":0},-79049.143584054123,{"$f":"E767*params!$C$8","v":0}]
["2002-02-01",2,1,"23:00:00",0,10,-2,-10,50,{"$f":"Inputs!$R$38*Inputs!$R$33*(G768-Inputs!$R$26)","v":-68346.493603466108},{"$f":"Inputs!$R$34*E768*Inputs!$R$39","v":0},{"$f":"params!$C$16*Inputs!$R$30*(G768-Inputs!$R$26)","v":-10702.649980588018},{"$f":"Inputs!$R$41*Inputs!$R$42/8760","v":0},0,526.36516305985776,3.2479468065175691E-3,1.6239734032587846E-3,{"$f":"-N768/(1.202*2465560*MAX(0,(Inputs!$R$49-Q768)))","v":0},{"$f":"params!$C$16*R768*(G768-Inputs!$R$26)","v":0},-79049.143584054123,{"$f":"E768*params!$C$8","v":0}]
["2002-02-01",2,1,1,0,10,-3,-10,55,{"$f":"Inputs!$R$38*Inputs!$R$33*(G769-Inputs!$R$26)","v":-74042.034737088281},{"$f":"Inputs!$R$34*E769*Inputs!$R$39","v":0},{"$f":"params!$C$16*Inputs!$R$30*(G769-Inputs!$R$26)","v":-11594.537478970353},{"$f":"Inputs!$R$41*Inputs!$R$42/8760","v":0},0,488.73621912146871,3.0146312662847319E-3,1.6580471964566027E-3,{"$f":"-N769/(1.202*2465560*MAX(0,(Inputs!$R$49-Q769)))","v":0},{"$f":"params!$C$16*R769*(G769-Inputs!$R$26)","v":0},-85636.57221605863,{"$f":"E769*params!$C$8","v":0}]
["2002-02-02",2,2,"01:00:00",0,10,-3,-10,55,{"$f":"Inputs!$R$38*Inputs!$R$33*(G770-Inputs!$R$26)","v":-74042.034737088281},{"$f":"Inputs!$R$34*E770*Inputs!$R$39","v":0},{"$f":"params!$C$16*Inputs!$R$30*(G770-Inputs!$R$26)","v":-11594.537478970353},{"$f":"Inputs!$R$41*Inputs!$R$42/8760","v":0},0,488.73621912146871,3.0146312662847319E-3,1.6580471964566027E-3,{"$f":"-N770/(1.202*2465560*MAX(0,(Inputs!$R$49-Q770)))","v":0},{"$f":"params!$C$16*R770*(G770-Inputs!$R$26)","v":0},-85636.57221605863,{"$f":"E770*params!$C$8","v":0}]
["2002-02-02",{"$f":"MONTH(A771)","v":2},{"$f":"DAY(A771)","v":2},"02:00:00",0,10,-4,-10,59,{"$f":"Inputs!$R$38*Inputs!$R$33*(G771-Inputs!$R$26)","v":-79737.575870710454},{"$f":"Inputs!$R$34*E771*Inputs!$R$39","v":0},{"$f":"params!$C$16*Inputs!$R$30*(G771-Inputs!$R$26)","v":-12486.424977352686},{"$f":"Inputs!$R$41*Inputs!$R$42/8760","v":0},0,{"$f":"EXP(77.345+0.0057*(G771+273.15)-7235/(G771+273.15))/(G771+273.15)^8.2","v":453.51532044328405},{"$f":"0.62198*O771/(101325-O771)","v":2.7964043545646504E-3},{"$f":"P771*I771/100","v":1.6498785691931436E-3},{"$f":"-N771/(1.202*2465560*MAX(0,(Inputs!$R$49-Q771)))","v":0},{"$f":"params!$C$16*R771*(G771-Inputs!$R$26)","v":0},{"$f":"J771+K771+L771+M771+N771+S771","v":-92224.000848063137},{"$f":"E771*params!$C$8","v":0}]
["2002-02-02",2,2,"03:00:00",0,10,-4,-10,59,{"$f":"Inputs!$R$38*Inputs!$R$33*(G772-Inputs!$R$26)","v":-79737.575870710454},{"$f":"Inputs!$R$34*E772*Inputs!$R$39","v":0},{"$f":"params!$C$16*Inputs!$R$30*(G772-Inputs!$R$26)","v":-12486.424977352686},{"$f":"Inputs!$R$41*Inputs!$R$42/8760","v":0},0,453.51532044328405,2.7964043545646504E-3,1.6498785691931436E-3,{"$f":"-N772/(1.202*2465560*MAX(0,(Inputs!$R$49-Q772)))","v":0},{"$f":"params!$C$16*R772*(G772-Inputs!$R$26)","v":0},-92224.000848063137,{"$f":"E772*params!$C$8","v":0}]
["2002-02-02",2,2,"04:00:00",0,10,-4,-9,65,{"$f":"Inputs!$R$38*Inputs!$R$33*(G773-Inputs!$R$26)","v":-79737.575870710454},{"$f":"Inputs!$R$34*E773*Inputs!$R$39","v":0},{"$f":"params!$C$16*Inputs!$R$30*(G773-Inputs!$R$26)","v":-12486.424977352686},{"$f":"Inputs!$R$41*Inputs!$R$42/8760","v":0},0,453.51532044328405,2.7964043545646504E-3,1.8176628304670229E-3,{"$f":"-N773/(1.202*2465560*MAX(0,(Inputs!$R$49-Q773)))","v":0},{"$f":"params!$C$16*R773*(G773-Inputs!$R$26)","v":0},-92224.000848063137,{"$f":"E773*params!$C$8","v":0}]
["2002-02-02",2,2,"05:00:00",0,8,-4,-11,54,{"$f":"Inputs!$R$38*Inputs!$R$33*(G774-Inputs!$R$26)","v":-79737.575870710454},{"$f":"Inputs!$R$34*E774*Inputs!$R$39","v":0},{"$f":"params!$C$16*Inputs!$R$30*(G774-Inputs!$R$26)","v":-12486.424977352686},{"$f":"Inputs!$R$41*Inputs!$R$42/8760","v":0},0,453.51532044328405,2.7964043545646504E-3,1.5100583514649113E-3,{"$f":"-N774/(1.202*2465560*MAX(0,(Inputs!$R$49-Q774)))","v":0},{"$f":"params!$C$16*R774*(G774-Inputs!$R$26)","v":0},-92224.000848063137,{"$f":"E774*params!$C$8","v":0}]
["2002-02-02",2,2,"06:00:00",0,10,-5,-11,59,{"$f":"Inputs!$R$38*Inputs!$R$33*(G775-Inputs!$R$26)","v":-85433.117004332627},{"$f":"Inputs!$R$34*E775*Inputs!$R$39","v":0},{"$f":"params!$C$16*Inputs!$R$30*(G775-Inputs!$R$26)","v":-13378.312475735022},{"$f":"Inputs!$R$41*Inputs!$R$42/8760","v":0},0,420.56802345265027,2.5924024753231664E-3,1.529517460440668E-3,{"$f":"-N775/(1.202*2465560*MAX(0,(Inputs!$R$49-Q775)))","v":0},{"$f":"params!$C$16*R775*(G775-Inputs!$R$26)","v":0},-98811.429480067643,{"$f":"E775*params!$C$8","v":0}]
["2002-02-02",2,2,"07:00:00",0,10,-5,-10,65,{"$f":"Inputs!$R$38*Inputs!$R$33*(G776-Inputs!$R$26)","v":-85433.117004332627},{"$f":"Inputs!$R$34*E776*Inputs!$R$39","v":0},{"$f":"params!$C$16*Inputs!$R$30*(G776-Inputs!$R$26)","v":-13378.312475735022},{"$f":"Inputs!$R$41*Inputs!$R$42/8760","v":0},0,420.56802345265027,2.5924024753231664E-3,1.6850616089600582E-3,{"$f":"-N776/(1.202*2465560*MAX(0,(Inputs!$R$49-Q776)))","v":0},{"$f":"params!$C$16*R776*(G776-Inputs!$R$26)","v":0},-98811.429480067643,{"$f":"E776*params!$C$8","v":0}]
["2002-02-02",2,2,"08:00:00",3,3,-5,-10,65,{"$f":"Inputs!$R$38*Inputs!$R$33*(G777-Inputs!$R$26)","v":-85433.117004332627},{"$f":"Inputs!$R$34*E777*Inputs!$R$39","v":1755.8691552318398},{"$f":"params!$C$16*Inputs!$R$30*(G777-Inputs!$R$26)","v":-13378.312475735022},{"$f":"Inputs!$R$41*Inputs!$R$42/8760","v":0},0,420.56802345265027,2.5924024753231664E-3,1.6850616089600582E-3,{"$f":"-N777/(1.202*2465560*MAX(0,(Inputs!$R$49-Q777)))","v":0},{"$f":"params!$C$16*R777*(G777-Inputs!$R$26)","v":0},-97055.560324835809,{"$f":"E777*params!$C$8","v":6.2144999999999992}]
["2002-02-02",2,2,"09:00:00",88,8,-4,-8,71,{"$f":"Inputs!$R$38*Inputs!$R$33*(G778-Inputs!$R$26)","v":-79737.575870710454},{"$f":"Inputs!$R$34*E778*Inputs!$R$39","v":51505.495220133969},{"$f":"params!$C$16*Inputs!$R$30*(G778-Inputs!$R$26)","v":-12486.424977352686},{"$f":"Inputs!$R$41*Inputs!$R$42/8760","v":0},0,453.51532044328405,2.7964043545646504E-3,1.9854470917409018E-3,{"$f":"-N778/(1.202*2465560*MAX(0,(Inputs!$R$49-Q778)))","v":0},{"$f":"params!$C$16*R778*(G778-Inputs!$R$26)","v":0},-40718.505627929175,{"$f":"E778*params!$C$8","v":182.292}]
["2002-02-02",2,2,"10:00:00",306,8,-3,-9,60,{"$f":"Inputs!$R$38*Inputs!$R$33*(G779-Inputs!$R$26)","v":-74042.034737088281},{"$f":"Inputs!$R$34*E779*Inputs!$R$39","v":179098.65383364767},{"$f":"params!$C$16*Inputs!$R$30*(G779-Inputs!$R$26)","v":-11594.537478970353},{"$f":"Inputs!$R$41*Inputs!$R$42/8760","v":0},0,488.73621912146871,3.0146312662847319E-3,1.8087787597708392E-3,{"$f":"-N779/(1.202*2465560*MAX(0,(Inputs!$R$49-Q779)))","v":0},{"$f":"params!$C$16*R779*(G779-Inputs!$R$26)","v":0},93462.081617589036,{"$f":"E779*params!$C$8","v":633.87900000000002}]
["2002-02-02",2,2,"11:00:00",219,8,-3,-9,60,{"$f":"Inputs!$R$38*Inputs!$R$33*(G780-Inputs!$R$26)","v":-74042.034737088281},{"$f":"Inputs!$R$34*E780*Inputs!$R$39","v":128178.4483319243},{"$f":"params!$C$16*Inputs!$R$30*(G780-Inputs!$R$26)","v":-11594.537478970353},{"$f":"Inputs!$R$41*Inputs!$R$42/8760","v":0},0,488.73621912146871,3.0146312662847319E-3,1.8087787597708392E-3,{"$f":"-N780/(1.202*2465560*MAX(0,(Inputs!$R$49-Q780)))","v":0},{"$f":"params!$C$16*R780*(G780-Inputs!$R$26)","v":0},42541.876115865671,{"$f":"E780*params!$C$8","v":453.6585}]
["2002-02-02",2,2,"12:00:00",508,8,-1,-9,50,{"$f":"Inputs!$R$38*Inputs!$R$33*(G781-Inputs!$R$26)","v":-62650.952469843927},{"$f":"Inputs!$R$34*E781*Inputs!$R$39","v":297327.17695259152},{"$f":"params!$C$16*Inputs!$R$30*(G781-Inputs!$R$26)","v":-9810.7624822056823},{"$f":"Inputs!$R$41*Inputs!$R$42/8760","v":0},0,566.54310372490409,3.4972595900071069E-3,1.7486297950035535E-3,{"$f":"-N781/(1.202*2465560*MAX(0,(Inputs!$R$49-Q781)))","v":0},{"$f":"params!$C$16*R781*(G781-Inputs!$R$26)","v":0},224865.46200054191,{"$f":"E781*params!$C$8","v":1052.3219999999999}]
["2002-02-02",2,2,"13:00:00",528,8,-1,-9,50,{"$f":"Inputs!$R$38*Inputs!$R$33*(G782-Inputs!$R$26)","v":-62650.952469843927},{"$f":"Inputs!$R$34*E782*Inputs!$R$39","v":309032.9713208038},{"$f":"params!$C$16*Inputs!$R$30*(G782-Inputs!$R$26)","v":-9810.7624822056823},{"$f":"Inputs!$R$41*Inputs!$R$42/8760","v":0},0,566.54310372490409,3.4972595900071069E-3,1.7486297950035535E-3,{"$f":"-N782/(1.202*2465560*MAX(0,(Inputs!$R$49-Q782)))","v":0},{"$f":"params!$C$16*R782*(G782-Inputs!$R$26)","v":0},236571.2563687542,{"$f":"E782*params!$C$8","v":1093.752}]
["2002-02-02",2,2,"14:00:00",488,8,-1,-9,50,{"$f":"Inputs!$R$38*Inputs!$R$33*(G783-Inputs!$R$26)","v":-62650.952469843927},{"$f":"Inputs!$R$34*E783*Inputs!$R$39","v":285621.38258437923},{"$f":"params!$C$16*Inputs!$R$30*(G783-Inputs!$R$26)","v":-9810.7624822056823},{"$f":"Inputs!$R$41*Inputs!$R$42/8760","v":0},0,566.54310372490409,3.4972595900071069E-3,1.7486297950035535E-3,{"$f":"-N783/(1.202*2465560*MAX(0,(Inputs!$R$49-Q783)))","v":0},{"$f":"params!$C$16*R783*(G783-Inputs!$R$26)","v":0},213159.66763232963,{"$f":"E783*params!$C$8","v":1010.8919999999999}]
["2002-02-02",2,2,"15:00:00",395,9,-1,-9,50,{"$f":"Inputs!$R$38*Inputs!$R$33*(G784-Inputs!$R$26)","v":-62650.952469843927},{"$f":"Inputs!$R$34*E784*Inputs!$R$39","v":231189.43877219222},{"$f":"params!$C$16*Inputs!$R$30*(G784-Inputs!$R$26)","v":-9810.7624822056823},{"$f":"Inputs!$R$41*Inputs!$R$42/8760","v":0},0,566.54310372490409,3.4972595900071069E-3,1.7486297950035535E-3,{"$f":"-N784/(1.202*2465560*MAX(0,(Inputs!$R$49-Q784)))","v":0},{"$f":"params!$C$16*R784*(G784-Inputs!$R$26)","v":0},158727.72382014262,{"$f":"E784*params!$C$8","v":818.24249999999995}]
["2002-02-02",2,2,"16:00:00",258,10,-1,-9,50,{"$f":"Inputs!$R$38*Inputs!$R$33*(G785-Inputs!$R$26)","v":-62650.952469843927},{"$f":"Inputs!$R$34*E785*Inputs!$R$39","v":151004.74734993823},{"$f":"params!$C$16*Inputs!$R$30*(G785-Inputs!$R$26)","v":-9810.7624822056823},{"$f":"Inputs!$R$41*Inputs!$R$42/8760","v":0},0,566.54310372490409,3.4972595900071069E-3,1.7486297950035535E-3,{"$f":"-N785/(1.202*2465560*MAX(0,(Inputs!$R$49-Q785)))","v":0},{"$f":"params!$C$16*R785*(G785-Inputs!$R$26)","v":0},78543.032397888615,{"$f":"E785*params!$C$8","v":534.447}]
["2002-02-02",2,2,"17:00:00",97,10,-1,-8,55,{"$f":"Inputs!$R$38*Inputs!$R$33*(G786-Inputs!$R$26)","v":-62650.952469843927},{"$f":"Inputs!$R$34*E786*Inputs!$R$39","v":56773.102685829494},{"$f":"params!$C$16*Inputs!$R$30*(G786-Inputs!$R$26)","v":-9810.7624822056823},{"$f":"Inputs!$R$41*Inputs!$R$42/8760","v":0},0,566.54310372490409,3.4972595900071069E-3,1.9234927745039087E-3,{"$f":"-N786/(1.202*2465560*MAX(0,(Inputs!$R$49-Q786)))","v":0},{"$f":"params!$C$16*R786*(G786-Inputs!$R$26)","v":0},-15688.612266220116,{"$f":"E786*params!$C$8","v":200.93549999999999}]
["2002-02-02",2,2,"18:00:00",0,10,-2,-8,60,{"$f":"Inputs!$R$38*Inputs!$R$33*(G787-Inputs!$R$26)","v":-68346.493603466108},{"$f":"Inputs!$R$34*E787*Inputs!$R$39","v":0},{"$f":"params!$C$16*Inputs!$R$30*(G787-Inputs!$R$26)","v":-10702.649980588018},{"$f":"Inputs!$R$41*Inputs!$R$42/8760","v":0},0,526.36516305985776,3.2479468065175691E-3,1.9487680839105415E-3,{"$f":"-N787/(1.202*2465560*MAX(0,(Inputs!$R$49-Q787)))","v":0},{"$f":"params!$C$16*R787*(G787-Inputs!$R$26)","v":0},-79049.143584054123,{"$f":"E787*params!$C$8","v":0}]
["2002-02-02",2,2,"19:00:00",0,10,-3,-6,77,{"$f":"Inputs!$R$38*Inputs!$R$33*(G788-Inputs!$R$26)","v":-74042.034737088281},{"$f":"Inputs!$R$34*E788*Inputs!$R$39","v":0},{"$f":"params!$C$16*Inputs!$R$30*(G788-Inputs!$R$26)","v":-11594.537478970353},{"$f":"Inputs!$R$41*Inputs!$R$42/8760","v":0},0,488.73621912146871,3.0146312662847319E-3,2.3212660750392437E-3,{"$f":"-N788/(1.202*2465560*MAX(0,(Inputs!$R$49-Q788)))","v":0},{"$f":"params!$C$16*R788*(G788-Inputs!$R$26)","v":0},-85636.57221605863,{"$f":"E788*params!$C$8","v":0}]
["2002-02-02",2,2,"20:00:00",0,10,-3,-6,77,{"$f":"Inputs!$R$38*Inputs!$R$33*(G789-Inputs!$R$26)","v":-74042.034737088281},{"$f":"Inputs!$R$34*E789*Inputs!$R$39","v":0},{"$f":"params!$C$16*Inputs!$R$30*(G789-Inputs!$R$26)","v":-11594.537478970353},{"$f":"Inputs!$R$41*Inputs!$R$42/8760","v":0},0,488.73621912146871,3.0146312662847319E-3,2.3212660750392437E-3,{"$f":"-N789/(1.202*2465560*MAX(0,(Inputs!$R$49-Q789)))","v":0},{"$f":"params!$C$16*R789*(G789-Inputs!$R$26)","v":0},-85636.57221605863,{"$f":"E789*params!$C$8","v":0}]
["2002-02-02",2,2,"21:00:00",0,8,-3,-6,77,{"$f":"Inputs!$R$38*Inputs!$R$33*(G790-Inputs!$R$26)","v":-74042.034737088281},{"$f":"Inputs!$R$34*E790*Inputs!$R$39","v":0},{"$f":"params!$C$16*Inputs!$R$30*(G790-Inputs!$R$26)","v":-11594.537478970353},{"$f":"Inputs!$R$41*Inputs!$R$42/8760","v":0},0,488.73621912146871,3.0146312662847319E-3,2.3212660750392437E-3,{"$f":"-N790/(1.202*2465560*MAX(0,(Inputs!$R$49-Q790)))","v":0},{"$f":"params!$C$16*R790*(G790-Inputs!$R$26)","v":0},-85636.57221605863,{"$f":"E790*params!$C$8","v":0}]
["2002-02-02",2,2,"22:00:00",0,3,-5,-7,84,{"$f":"Inputs!$R$38*Inputs!$R$33*(G791-Inputs!$R$26)","v":-85433.117004332627},{"$f":"Inputs!$R$34*E791*Inputs!$R$39","v":0},{"$f":"params!$C$16*Inputs!$R$30*(G791-Inputs!$R$26)","v":-13378.312475735022},{"$f":"Inputs!$R$41*Inputs!$R$42/8760","v":0},0,420.56802345265027,2.5924024753231664E-3,2.1776180792714597E-3,{"$f":"-N791/(1.202*2465560*MAX(0,(Inputs!$R$49-Q791)))","v":0},{"$f":"params!$C$16*R791*(G791-Inputs!$R$26)","v":0},-98811.429480067643,{"$f":"E791*params!$C$8","v":0}]
["2002-02-02",2,2,"23:00:00",0,8,-6,-7,92,{"$f":"Inputs!$R$38*Inputs!$R$33*(G792-Inputs!$R$26)","v":-91128.658137954801},{"$f":"Inputs!$R$34*E792*Inputs!$R$39","v":0},{"$f":"params!$C$16*Inputs!$R$30*(G792-Inputs!$R$26)","v":-14270.199974117357},{"$f":"Inputs!$R$41*Inputs!$R$42/8760","v":0},0,389.76616195693094,2.4018050803048703E-3,2.2096606738804809E-3,{"$f":"-N792/(1.202*2465560*MAX(0,(Inputs!$R$49-Q792)))","v":0},{"$f":"params!$C$16*R792*(G792-Inputs!$R$26)","v":0},-105398.85811207216,{"$f":"E792*params!$C$8","v":0}]
["2002-02-02",2,2,1,0,0,-7,-8,92,{"$f":"Inputs!$R$38*Inputs!$R$33*(G793-Inputs!$R$26)","v":-96824.199271576974},{"$f":"Inputs!$R$34*E793*Inputs!$R$39","v":0},{"$f":"params!$C$16*Inputs!$R$30*(G793-Inputs!$R$26)","v":-15162.087472499692},{"$f":"Inputs!$R$41*Inputs!$R$42/8760","v":0},0,360.98762153500678,2.2238327850987206E-3,2.0459261622908231E-3,{"$f":"-N793/(1.202*2465560*MAX(0,(Inputs!$R$49-Q793)))","v":0},{"$f":"params!$C$16*R793*(G793-Inputs!$R$26)","v":0},-111986.28674407667,{"$f":"E793*params!$C$8","v":0}]
["2002-02-03",2,3,"01:00:00",0,0,-7,-8,92,{"$f":"Inputs!$R$38*Inputs!$R$33*(G794-Inputs!$R$26)","v":-96824.199271576974},{"$f":"Inputs!$R$34*E794*Inputs!$R$39","v":0},{"$f":"params!$C$16*Inputs!$R$30*(G794-Inputs!$R$26)","v":-15162.087472499692},{"$f":"Inputs!$R$41*Inputs!$R$42/8760","v":0},0,360.98762153500678,2.2238327850987206E-3,2.0459261622908231E-3,{"$f":"-N794/(1.202*2465560*MAX(0,(Inputs!$R$49-Q794)))","v":0},{"$f":"params!$C$16*R794*(G794-Inputs!$R$26)","v":0},-111986.28674407667,{"$f":"E794*params!$C$8","v":0}]
["2002-02-03",2,3,"02:00:00",0,0,-8,-10,84,{"$f":"Inputs!$R$38*Inputs!$R$33*(G795-Inputs!$R$26)","v":-102519.74040519915},{"$f":"Inputs!$R$34*E795*Inputs!$R$39","v":0},{"$f":"params!$C$16*Inputs!$R$30*(G795-Inputs!$R$26)","v":-16053.974970882027},{"$f":"Inputs!$R$41*Inputs!$R$42/8760","v":0},0,334.1161188582924,2.0577455669371189E-3,1.7285062762271799E-3,{"$f":"-N795/(1.202*2465560*MAX(0,(Inputs!$R$49-Q795)))","v":0},{"$f":"params!$C$16*R795*(G795-Inputs!$R$26)","v":0},-118573.71537608118,{"$f":"E795*params!$C$8","v":0}]
["2002-02-03",2,3,"03:00:00",0,0,-8,-10,84,{"$f":"Inputs!$R$38*Inputs!$R$33*(G796-Inputs!$R$26)","v":-102519.74040519915},{"$f":"Inputs!$R$34*E796*Inputs!$R$39","v":0},{"$f":"params!$C$16*Inputs!$R$30*(G796-Inputs!$R$26)","v":-16053.974970882027},{"$f":"Inputs!$R$41*Inputs!$R$42/8760","v":0},0,334.1161188582924,2.0577455669371189E-3,1.7285062762271799E-3,{"$f":"-N796/(1.202*2465560*MAX(0,(Inputs!$R$49-Q796)))","v":0},{"$f":"params!$C$16*R796*(G796-Inputs!$R$26)","v":0},-118573.71537608118,{"$f":"E796*params!$C$8","v":0}]
["2002-02-03",2,3,"04:00:00",0,0,-9,-10,92,{"$f":"Inputs!$R$38*Inputs!$R$33*(G797-Inputs!$R$26)","v":-108215.28153882132},{"$f":"Inputs!$R$34*E797*Inputs!$R$39","v":0},{"$f":"params!$C$16*Inputs!$R$30*(G797-Inputs!$R$26)","v":-16945.862469264361},{"$f":"Inputs!$R$41*Inputs!$R$42/8760","v":0},0,309.04098596033037,1.902841039413297E-3,1.7506137562602333E-3,{"$f":"-N797/(1.202*2465560*MAX(0,(Inputs!$R$49-Q797)))","v":0},{"$f":"params!$C$16*R797*(G797-Inputs!$R$26)","v":0},-125161.14400808568,{"$f":"E797*params!$C$8","v":0}]
["2002-02-03",2,3,"05:00:00",0,0,-9,-10,92,{"$f":"Inputs!$R$38*Inputs!$R$33*(G798-Inputs!$R$26)","v":-108215.28153882132},{"$f":"Inputs!$R$34*E798*Inputs!$R$39","v":0},{"$f":"params!$C$16*Inputs!$R$30*(G798-Inputs!$R$26)","v":-16945.862469264361},{"$f":"Inputs!$R$41*Inputs!$R$42/8760","v":0},0,309.04098596033037,1.902841039413297E-3,1.7506137562602333E-3,{"$f":"-N798/(1.202*2465560*MAX(0,(Inputs!$R$49-Q798)))","v":0},{"$f":"params!$C$16*R798*(G798-Inputs!$R$26)","v":0},-125161.14400808568,{"$f":"E798*params!$C$8","v":0}]
["2002-02-03",2,3,"06:00:00",0,0,-10,-11,91,{"$f":"Inputs!$R$38*Inputs!$R$33*(G799-Inputs!$R$26)","v":-113910.82267244349},{"$f":"Inputs!$R$34*E799*Inputs!$R$39","v":0},{"$f":"params!$C$16*Inputs!$R$30*(G799-Inputs!$R$26)","v":-17837.749967646698},{"$f":"Inputs!$R$41*Inputs!$R$42/8760","v":0},0,285.65695946908653,1.758452799711007E-3,1.6001920477370162E-3,{"$f":"-N799/(1.202*2465560*MAX(0,(Inputs!$R$49-Q799)))","v":0},{"$f":"params!$C$16*R799*(G799-Inputs!$R$26)","v":0},-131748.57264009019,{"$f":"E799*params!$C$8","v":0}]
["2002-02-03",2,3,"07:00:00",0,3,-9,-11,84,{"$f":"Inputs!$R$38*Inputs!$R$33*(G800-Inputs!$R$26)","v":-108215.28153882132},{"$f":"Inputs!$R$34*E800*Inputs!$R$39","v":0},{"$f":"params!$C$16*Inputs!$R$30*(G800-Inputs!$R$26)","v":-16945.862469264361},{"$f":"Inputs!$R$41*Inputs!$R$42/8760","v":0},0,309.04098596033037,1.902841039413297E-3,1.5983864731071696E-3,{"$f":"-N800/(1.202*2465560*MAX(0,(Inputs!$R$49-Q800)))","v":0},{"$f":"params!$C$16*R800*(G800-Inputs!$R$26)","v":0},-125161.14400808568,{"$f":"E800*params!$C$8","v":0}]
["2002-02-03",2,3,"08:00:00",6,0,-9,-11,84,{"$f":"Inputs!$R$38*Inputs!$R$33*(G801-Inputs!$R$26)","v":-108215.28153882132},{"$f":"Inputs!$R$34*E801*Inputs!$R$39","v":3511.7383104636797},{"$f":"params!$C$16*Inputs!$R$30*(G801-Inputs!$R$26)","v":-16945.862469264361},{"$f":"Inputs!$R$41*Inputs!$R$42/8760","v":0},0,309.04098596033037,1.902841039413297E-3,1.5983864731071696E-3,{"$f":"-N801/(1.202*2465560*MAX(0,(Inputs!$R$49-Q801)))","v":0},{"$f":"params!$C$16*R801*(G801-Inputs!$R$26)","v":0},-121649.405697622,{"$f":"E801*params!$C$8","v":12.428999999999998}]
["2002-02-03",2,3,"09:00:00",165,0,-4,-7,77,{"$f":"Inputs!$R$38*Inputs!$R$33*(G802-Inputs!$R$26)","v":-79737.575870710454},{"$f":"Inputs!$R$34*E802*Inputs!$R$39","v":96572.803537751199},{"$f":"params!$C$16*Inputs!$R$30*(G802-Inputs!$R$26)","v":-12486.424977352686},{"$f":"Inputs!$R$41*Inputs!$R$42/8760","v":0},0,453.51532044328405,2.7964043545646504E-3,2.1532313530147808E-3,{"$f":"-N802/(1.202*2465560*MAX(0,(Inputs!$R$49-Q802)))","v":0},{"$f":"params!$C$16*R802*(G802-Inputs!$R$26)","v":0},4348.8026896880583,{"$f":"E802*params!$C$8","v":341.79749999999996}]
["2002-02-03",2,3,"10:00:00",313,0,0,-7,55,{"$f":"Inputs!$R$38*Inputs!$R$33*(G803-Inputs!$R$26)","v":-56955.411336221747},{"$f":"Inputs!$R$34*E803*Inputs!$R$39","v":183195.68186252195},{"$f":"params!$C$16*Inputs!$R$30*(G803-Inputs!$R$26)","v":-8918.8749838233489},{"$f":"Inputs!$R$41*Inputs!$R$42/8760","v":0},0,609.41773586642103,3.7635253138895938E-3,2.0699389226392765E-3,{"$f":"-N803/(1.202*2465560*MAX(0,(Inputs!$R$49-Q803)))","v":0},{"$f":"params!$C$16*R803*(G803-Inputs!$R$26)","v":0},117321.39554247685,{"$f":"E803*params!$C$8","v":648.37950000000001}]
["2002-02-03",2,3,"11:00:00",432,5,2,-8,44,{"$f":"Inputs!$R$38*Inputs!$R$33*(G804-Inputs!$R$26)","v":-45564.3290689774},{"$f":"Inputs!$R$34*E804*Inputs!$R$39","v":252845.15835338493},{"$f":"params!$C$16*Inputs!$R$30*(G804-Inputs!$R$26)","v":-7135.0999870586784},{"$f":"Inputs!$R$41*Inputs!$R$42/8760","v":0},0,703.88301618186097,4.3509868656616182E-3,1.9144342208911118E-3,{"$f":"-N804/(1.202*2465560*MAX(0,(Inputs!$R$49-Q804)))","v":0},{"$f":"params!$C$16*R804*(G804-Inputs!$R$26)","v":0},200145.72929734888,{"$f":"E804*params!$C$8","v":894.88799999999992}]
["2002-02-03",2,3,"12:00:00",514,8,2,-8,44,{"$f":"Inputs!$R$38*Inputs!$R$33*(G805-Inputs!$R$26)","v":-45564.3290689774},{"$f":"Inputs!$R$34*E805*Inputs!$R$39","v":300838.91526305518},{"$f":"params!$C$16*Inputs!$R$30*(G805-Inputs!$R$26)","v":-7135.0999870586784},{"$f":"Inputs!$R$41*Inputs!$R$42/8760","v":0},0,703.88301618186097,4.3509868656616182E-3,1.9144342208911118E-3,{"$f":"-N805/(1.202*2465560*MAX(0,(Inputs!$R$49-Q805)))","v":0},{"$f":"params!$C$16*R805*(G805-Inputs!$R$26)","v":0},248139.48620701913,{"$f":"E805*params!$C$8","v":1064.751}]
["2002-02-03",2,3,"13:00:00",534,8,4,-8,38,{"$f":"Inputs!$R$38*Inputs!$R$33*(G806-Inputs!$R$26)","v":-34173.246801733054},{"$f":"Inputs!$R$34*E806*Inputs!$R$39","v":312544.70963126747},{"$f":"params!$C$16*Inputs!$R$30*(G806-Inputs!$R$26)","v":-5351.3249902940088},{"$f":"Inputs!$R$41*Inputs!$R$42/8760","v":0},0,811.08667612094962,5.0190035800134264E-3,1.907221360405102E-3,{"$f":"-N806/(1.202*2465560*MAX(0,(Inputs!$R$49-Q806)))","v":0},{"$f":"params!$C$16*R806*(G806-Inputs!$R$26)","v":0},273020.13783924043,{"$f":"E806*params!$C$8","v":1106.181}]
["2002-02-03",2,3,"14:00:00",215,10,3,-7,45,{"$f":"Inputs!$R$38*Inputs!$R$33*(G807-Inputs!$R$26)","v":-39868.787935355227},{"$f":"Inputs!$R$34*E807*Inputs!$R$39","v":125837.28945828184},{"$f":"params!$C$16*Inputs!$R$30*(G807-Inputs!$R$26)","v":-6243.2124886763431},{"$f":"Inputs!$R$41*Inputs!$R$42/8760","v":0},0,755.80495631325812,4.6743495015895585E-3,2.1034572757153013E-3,{"$f":"-N807/(1.202*2465560*MAX(0,(Inputs!$R$49-Q807)))","v":0},{"$f":"params!$C$16*R807*(G807-Inputs!$R$26)","v":0},79725.289034250265,{"$f":"E807*params!$C$8","v":445.3725}]
["2002-02-03",2,3,"15:00:00",106,10,4,-7,42,{"$f":"Inputs!$R$38*Inputs!$R$33*(G808-Inputs!$R$26)","v":-34173.246801733054},{"$f":"Inputs!$R$34*E808*Inputs!$R$39","v":62040.710151525003},{"$f":"params!$C$16*Inputs!$R$30*(G808-Inputs!$R$26)","v":-5351.3249902940088},{"$f":"Inputs!$R$41*Inputs!$R$42/8760","v":0},0,811.08667612094962,5.0190035800134264E-3,2.1079815036056391E-3,{"$f":"-N808/(1.202*2465560*MAX(0,(Inputs!$R$49-Q808)))","v":0},{"$f":"params!$C$16*R808*(G808-Inputs!$R$26)","v":0},22516.138359497942,{"$f":"E808*params!$C$8","v":219.57899999999998}]
["2002-02-03",2,3,"16:00:00",103,10,3,-6,49,{"$f":"Inputs!$R$38*Inputs!$R$33*(G809-Inputs!$R$26)","v":-39868.787935355227},{"$f":"Inputs!$R$34*E809*Inputs!$R$39","v":60284.840996293162},{"$f":"params!$C$16*Inputs!$R$30*(G809-Inputs!$R$26)","v":-6243.2124886763431},{"$f":"Inputs!$R$41*Inputs!$R$42/8760","v":0},0,755.80495631325812,4.6743495015895585E-3,2.2904312557788836E-3,{"$f":"-N809/(1.202*2465560*MAX(0,(Inputs!$R$49-Q809)))","v":0},{"$f":"params!$C$16*R809*(G809-Inputs!$R$26)","v":0},14172.840572261592,{"$f":"E809*params!$C$8","v":213.36449999999999}]
["2002-02-03",2,3,"17:00:00",49,10,3,-6,49,{"$f":"Inputs!$R$38*Inputs!$R$33*(G810-Inputs!$R$26)","v":-39868.787935355227},{"$f":"Inputs!$R$34*E810*Inputs!$R$39","v":28679.196202120049},{"$f":"params!$C$16*Inputs!$R$30*(G810-Inputs!$R$26)","v":-6243.2124886763431},{"$f":"Inputs!$R$41*Inputs!$R$42/8760","v":0},0,755.80495631325812,4.6743495015895585E-3,2.2904312557788836E-3,{"$f":"-N810/(1.202*2465560*MAX(0,(Inputs!$R$49-Q810)))","v":0},{"$f":"params!$C$16*R810*(G810-Inputs!$R$26)","v":0},-17432.804221911523,{"$f":"E810*params!$C$8","v":101.50349999999999}]
["2002-02-03",2,3,"18:00:00",0,10,2,-6,52,{"$f":"Inputs!$R$38*Inputs!$R$33*(G811-Inputs!$R$26)","v":-45564.3290689774},{"$f":"Inputs!$R$34*E811*Inputs!$R$39","v":0},{"$f":"params!$C$16*Inputs!$R$30*(G811-Inputs!$R$26)","v":-7135.0999870586784},{"$f":"Inputs!$R$41*Inputs!$R$42/8760","v":0},0,703.88301618186097,4.3509868656616182E-3,2.2625131701440415E-3,{"$f":"-N811/(1.202*2465560*MAX(0,(Inputs!$R$49-Q811)))","v":0},{"$f":"params!$C$16*R811*(G811-Inputs!$R$26)","v":0},-52699.429056036082,{"$f":"E811*params!$C$8","v":0}]
["2002-02-03",2,3,"19:00:00",0,9,1,-6,56,{"$f":"Inputs!$R$38*Inputs!$R$33*(G812-Inputs!$R$26)","v":-51259.870202599574},{"$f":"Inputs!$R$34*E812*Inputs!$R$39","v":0},{"$f":"params!$C$16*Inputs!$R$30*(G812-Inputs!$R$26)","v":-8026.9874854410136},{"$f":"Inputs!$R$41*Inputs!$R$42/8760","v":0},0,655.14373774848059,4.0477489204243187E-3,2.2667393954376187E-3,{"$f":"-N812/(1.202*2465560*MAX(0,(Inputs!$R$49-Q812)))","v":0},{"$f":"params!$C$16*R812*(G812-Inputs!$R$26)","v":0},-59286.857688040589,{"$f":"E812*params!$C$8","v":0}]
["2002-02-03",2,3,"20:00:00",0,3,1,-6,56,{"$f":"Inputs!$R$38*Inputs!$R$33*(G813-Inputs!$R$26)","v":-51259.870202599574},{"$f":"Inputs!$R$34*E813*Inputs!$R$39","v":0},{"$f":"params!$C$16*Inputs!$R$30*(G813-Inputs!$R$26)","v":-8026.9874854410136},{"$f":"Inputs!$R$41*Inputs!$R$42/8760","v":0},0,655.14373774848059,4.0477489204243187E-3,2.2667393954376187E-3,{"$f":"-N813/(1.202*2465560*MAX(0,(Inputs!$R$49-Q813)))","v":0},{"$f":"params!$C$16*R813*(G813-Inputs!$R$26)","v":0},-59286.857688040589,{"$f":"E813*params!$C$8","v":0}]
["2002-02-03",2,3,"21:00:00",0,6,-1,-6,66,{"$f":"Inputs!$R$38*Inputs!$R$33*(G814-Inputs!$R$26)","v":-62650.952469843927},{"$f":"Inputs!$R$34*E814*Inputs!$R$39","v":0},{"$f":"params!$C$16*Inputs!$R$30*(G814-Inputs!$R$26)","v":-9810.7624822056823},{"$f":"Inputs!$R$41*Inputs!$R$42/8760","v":0},0,566.54310372490409,3.4972595900071069E-3,2.3081913294046904E-3,{"$f":"-N814/(1.202*2465560*MAX(0,(Inputs!$R$49-Q814)))","v":0},{"$f":"params!$C$16*R814*(G814-Inputs!$R$26)","v":0},-72461.714952049602,{"$f":"E814*params!$C$8","v":0}]
["2002-02-03",2,3,"22:00:00",0,10,0,-6,60,{"$f":"Inputs!$R$38*Inputs!$R$33*(G815-Inputs!$R$26)","v":-56955.411336221747},{"$f":"Inputs!$R$34*E815*Inputs!$R$39","v":0},{"$f":"params!$C$16*Inputs!$R$30*(G815-Inputs!$R$26)","v":-8918.8749838233489},{"$f":"Inputs!$R$41*Inputs!$R$42/8760","v":0},0,609.41773586642103,3.7635253138895938E-3,2.2581151883337564E-3,{"$f":"-N815/(1.202*2465560*MAX(0,(Inputs!$R$49-Q815)))","v":0},{"$f":"params!$C$16*R815*(G815-Inputs!$R$26)","v":0},-65874.286320045096,{"$f":"E815*params!$C$8","v":0}]
["2002-02-03",2,3,"23:00:00",0,5,-1,-7,60,{"$f":"Inputs!$R$38*Inputs!$R$33*(G816-Inputs!$R$26)","v":-62650.952469843927},{"$f":"Inputs!$R$34*E816*Inputs!$R$39","v":0},{"$f":"params!$C$16*Inputs!$R$30*(G816-Inputs!$R$26)","v":-9810.7624822056823},{"$f":"Inputs!$R$41*Inputs!$R$42/8760","v":0},0,566.54310372490409,3.4972595900071069E-3,2.0983557540042641E-3,{"$f":"-N816/(1.202*2465560*MAX(0,(Inputs!$R$49-Q816)))","v":0},{"$f":"params!$C$16*R816*(G816-Inputs!$R$26)","v":0},-72461.714952049602,{"$f":"E816*params!$C$8","v":0}]
["2002-02-03",2,3,1,0,0,-2,-7,65,{"$f":"Inputs!$R$38*Inputs!$R$33*(G817-Inputs!$R$26)","v":-68346.493603466108},{"$f":"Inputs!$R$34*E817*Inputs!$R$39","v":0},{"$f":"params!$C$16*Inputs!$R$30*(G817-Inputs!$R$26)","v":-10702.649980588018},{"$f":"Inputs!$R$41*Inputs!$R$42/8760","v":0},0,526.36516305985776,3.2479468065175691E-3,2.1111654242364202E-3,{"$f":"-N817/(1.202*2465560*MAX(0,(Inputs!$R$49-Q817)))","v":0},{"$f":"params!$C$16*R817*(G817-Inputs!$R$26)","v":0},-79049.143584054123,{"$f":"E817*params!$C$8","v":0}]
["2002-02-04",2,4,"01:00:00",0,0,-4,-7,77,{"$f":"Inputs!$R$38*Inputs!$R$33*(G818-Inputs!$R$26)","v":-79737.575870710454},{"$f":"Inputs!$R$34*E818*Inputs!$R$39","v":0},{"$f":"params!$C$16*Inputs!$R$30*(G818-Inputs!$R$26)","v":-12486.424977352686},{"$f":"Inputs!$R$41*Inputs!$R$42/8760","v":0},0,453.51532044328405,2.7964043545646504E-3,2.1532313530147808E-3,{"$f":"-N818/(1.202*2465560*MAX(0,(Inputs!$R$49-Q818)))","v":0},{"$f":"params!$C$16*R818*(G818-Inputs!$R$26)","v":0},-92224.000848063137,{"$f":"E818*params!$C$8","v":0}]
["2002-02-04",2,4,"02:00:00",0,0,-6,-8,84,{"$f":"Inputs!$R$38*Inputs!$R$33*(G819-Inputs!$R$26)","v":-91128.658137954801},{"$f":"Inputs!$R$34*E819*Inputs!$R$39","v":0},{"$f":"params!$C$16*Inputs!$R$30*(G819-Inputs!$R$26)","v":-14270.199974117357},{"$f":"Inputs!$R$41*Inputs!$R$42/8760","v":0},0,389.76616195693094,2.4018050803048703E-3,2.0175162674560907E-3,{"$f":"-N819/(1.202*2465560*MAX(0,(Inputs!$R$49-Q819)))","v":0},{"$f":"params!$C$16*R819*(G819-Inputs!$R$26)","v":0},-105398.85811207216,{"$f":"E819*params!$C$8","v":0}]
["2002-02-04",2,4,"03:00:00",0,0,-7,-9,84,{"$f":"Inputs!$R$38*Inputs!$R$33*(G820-Inputs!$R$26)","v":-96824.199271576974},{"$f":"Inputs!$R$34*E820*Inputs!$R$39","v":0},{"$f":"params!$C$16*Inputs!$R$30*(G820-Inputs!$R$26)","v":-15162.087472499692},{"$f":"Inputs!$R$41*Inputs!$R$42/8760","v":0},0,360.98762153500678,2.2238327850987206E-3,1.8680195394829252E-3,{"$f":"-N820/(1.202*2465560*MAX(0,(Inputs!$R$49-Q820)))","v":0},{"$f":"params!$C$16*R820*(G820-Inputs!$R$26)","v":0},-111986.28674407667,{"$f":"E820*params!$C$8","v":0}]
["2002-02-04",2,4,"04:00:00",0,0,-7,-9,84,{"$f":"Inputs!$R$38*Inputs!$R$33*(G821-Inputs!$R$26)","v":-96824.199271576974},{"$f":"Inputs!$R$34*E821*Inputs!$R$39","v":0},{"$f":"params!$C$16*Inputs!$R$30*(G821-Inputs!$R$26)","v":-15162.087472499692},{"$f":"Inputs!$R$41*Inputs!$R$42/8760","v":0},0,360.98762153500678,2.2238327850987206E-3,1.8680195394829252E-3,{"$f":"-N821/(1.202*2465560*MAX(0,(Inputs!$R$49-Q821)))","v":0},{"$f":"params!$C$16*R821*(G821-Inputs!$R$26)","v":0},-111986.28674407667,{"$f":"E821*params!$C$8","v":0}]
["2002-02-04",2,4,"05:00:00",0,10,-7,-8,92,{"$f":"Inputs!$R$38*Inputs!$R$33*(G822-Inputs!$R$26)","v":-96824.199271576974},{"$f":"Inputs!$R$34*E822*Inputs!$R$39","v":0},{"$f":"params!$C$16*Inputs!$R$30*(G822-Inputs!$R$26)","v":-15162.087472499692},{"$f":"Inputs!$R$41*Inputs!$R$42/8760","v":0},0,360.98762153500678,2.2238327850987206E-3,2.0459261622908231E-3,{"$f":"-N822/(1.202*2465560*MAX(0,(Inputs!$R$49-Q822)))","v":0},{"$f":"params!$C$16*R822*(G822-Inputs!$R$26)","v":0},-111986.28674407667,{"$f":"E822*params!$C$8","v":0}]
["2002-02-04",2,4,"06:00:00",0,10,-6,-7,92,{"$f":"Inputs!$R$38*Inputs!$R$33*(G823-Inputs!$R$26)","v":-91128.658137954801},{"$f":"Inputs!$R$34*E823*Inputs!$R$39","v":0},{"$f":"params!$C$16*Inputs!$R$30*(G823-Inputs!$R$26)","v":-14270.199974117357},{"$f":"Inputs!$R$41*Inputs!$R$42/8760","v":0},0,389.76616195693094,2.4018050803048703E-3,2.2096606738804809E-3,{"$f":"-N823/(1.202*2465560*MAX(0,(Inputs!$R$49-Q823)))","v":0},{"$f":"params!$C$16*R823*(G823-Inputs!$R$26)","v":0},-105398.85811207216,{"$f":"E823*params!$C$8","v":0}]
["2002-02-04",2,4,"07:00:00",0,10,-5,-7,84,{"$f":"Inputs!$R$38*Inputs!$R$33*(G824-Inputs!$R$26)","v":-85433.117004332627},{"$f":"Inputs!$R$34*E824*Inputs!$R$39","v":0},{"$f":"params!$C$16*Inputs!$R$30*(G824-Inputs!$R$26)","v":-13378.312475735022},{"$f":"Inputs!$R$41*Inputs!$R$42/8760","v":0},0,420.56802345265027,2.5924024753231664E-3,2.1776180792714597E-3,{"$f":"-N824/(1.202*2465560*MAX(0,(Inputs!$R$49-Q824)))","v":0},{"$f":"params!$C$16*R824*(G824-Inputs!$R$26)","v":0},-98811.429480067643,{"$f":"E824*params!$C$8","v":0}]
["2002-02-04",2,4,"08:00:00",3,10,-4,-6,84,{"$f":"Inputs!$R$38*Inputs!$R$33*(G825-Inputs!$R$26)","v":-79737.575870710454},{"$f":"Inputs!$R$34*E825*Inputs!$R$39","v":1755.8691552318398},{"$f":"params!$C$16*Inputs!$R$30*(G825-Inputs!$R$26)","v":-12486.424977352686},{"$f":"Inputs!$R$41*Inputs!$R$42/8760","v":0},0,453.51532044328405,2.7964043545646504E-3,2.3489796578343063E-3,{"$f":"-N825/(1.202*2465560*MAX(0,(Inputs!$R$49-Q825)))","v":0},{"$f":"params!$C$16*R825*(G825-Inputs!$R$26)","v":0},-90468.131692831303,{"$f":"E825*params!$C$8","v":6.2144999999999992}]
["2002-02-04",2,4,"09:00:00",69,10,-3,-6,77,{"$f":"Inputs!$R$38*Inputs!$R$33*(G826-Inputs!$R$26)","v":-74042.034737088281},{"$f":"Inputs!$R$34*E826*Inputs!$R$39","v":40384.990570332317},{"$f":"params!$C$16*Inputs!$R$30*(G826-Inputs!$R$26)","v":-11594.537478970353},{"$f":"Inputs!$R$41*Inputs!$R$42/8760","v":0},0,488.73621912146871,3.0146312662847319E-3,2.3212660750392437E-3,{"$f":"-N826/(1.202*2465560*MAX(0,(Inputs!$R$49-Q826)))","v":0},{"$f":"params!$C$16*R826*(G826-Inputs!$R$26)","v":0},-45251.581645726314,{"$f":"E826*params!$C$8","v":142.93349999999998}]
["2002-02-04",2,4,"10:00:00",118,10,-1,-6,66,{"$f":"Inputs!$R$38*Inputs!$R$33*(G827-Inputs!$R$26)","v":-62650.952469843927},{"$f":"Inputs!$R$34*E827*Inputs!$R$39","v":69064.186772452362},{"$f":"params!$C$16*Inputs!$R$30*(G827-Inputs!$R$26)","v":-9810.7624822056823},{"$f":"Inputs!$R$41*Inputs!$R$42/8760","v":0},0,566.54310372490409,3.4972595900071069E-3,2.3081913294046904E-3,{"$f":"-N827/(1.202*2465560*MAX(0,(Inputs!$R$49-Q827)))","v":0},{"$f":"params!$C$16*R827*(G827-Inputs!$R$26)","v":0},-3397.5281795972478,{"$f":"E827*params!$C$8","v":244.43699999999998}]
["2002-02-04",2,4,"11:00:00",71,10,0,-4,72,{"$f":"Inputs!$R$38*Inputs!$R$33*(G828-Inputs!$R$26)","v":-56955.411336221747},{"$f":"Inputs!$R$34*E828*Inputs!$R$39","v":41555.570007153539},{"$f":"params!$C$16*Inputs!$R$30*(G828-Inputs!$R$26)","v":-8918.8749838233489},{"$f":"Inputs!$R$41*Inputs!$R$42/8760","v":0},0,609.41773586642103,3.7635253138895938E-3,2.7097382260005075E-3,{"$f":"-N828/(1.202*2465560*MAX(0,(Inputs!$R$49-Q828)))","v":0},{"$f":"params!$C$16*R828*(G828-Inputs!$R$26)","v":0},-24318.716312891556,{"$f":"E828*params!$C$8","v":147.07649999999998}]
["2002-02-04",2,4,"12:00:00",149,10,-1,-4,78,{"$f":"Inputs!$R$38*Inputs!$R$33*(G829-Inputs!$R$26)","v":-62650.952469843927},{"$f":"Inputs!$R$34*E829*Inputs!$R$39","v":87208.168043181373},{"$f":"params!$C$16*Inputs!$R$30*(G829-Inputs!$R$26)","v":-9810.7624822056823},{"$f":"Inputs!$R$41*Inputs!$R$42/8760","v":0},0,566.54310372490409,3.4972595900071069E-3,2.7278624802055435E-3,{"$f":"-N829/(1.202*2465560*MAX(0,(Inputs!$R$49-Q829)))","v":0},{"$f":"params!$C$16*R829*(G829-Inputs!$R$26)","v":0},14746.453091131763,{"$f":"E829*params!$C$8","v":308.65350000000001}]
["2002-02-04",2,4,"13:00:00",156,10,-1,-4,78,{"$f":"Inputs!$R$38*Inputs!$R$33*(G830-Inputs!$R$26)","v":-62650.952469843927},{"$f":"Inputs!$R$34*E830*Inputs!$R$39","v":91305.196072055667},{"$f":"params!$C$16*Inputs!$R$30*(G830-Inputs!$R$26)","v":-9810.7624822056823},{"$f":"Inputs!$R$41*Inputs!$R$42/8760","v":0},0,566.54310372490409,3.4972595900071069E-3,2.7278624802055435E-3,{"$f":"-N830/(1.202*2465560*MAX(0,(Inputs!$R$49-Q830)))","v":0},{"$f":"params!$C$16*R830*(G830-Inputs!$R$26)","v":0},18843.481120006058,{"$f":"E830*params!$C$8","v":323.154}]
["2002-02-04",2,4,"14:00:00",174,10,-3,-6,77,{"$f":"Inputs!$R$38*Inputs!$R$33*(G831-Inputs!$R$26)","v":-74042.034737088281},{"$f":"Inputs!$R$34*E831*Inputs!$R$39","v":101840.4110034467},{"$f":"params!$C$16*Inputs!$R$30*(G831-Inputs!$R$26)","v":-11594.537478970353},{"$f":"Inputs!$R$41*Inputs!$R$42/8760","v":0},0,488.73621912146871,3.0146312662847319E-3,2.3212660750392437E-3,{"$f":"-N831/(1.202*2465560*MAX(0,(Inputs!$R$49-Q831)))","v":0},{"$f":"params!$C$16*R831*(G831-Inputs!$R$26)","v":0},16203.838787388067,{"$f":"E831*params!$C$8","v":360.44099999999997}]
["2002-02-04",2,4,"15:00:00",139,10,-5,-8,77,{"$f":"Inputs!$R$38*Inputs!$R$33*(G832-Inputs!$R$26)","v":-85433.117004332627},{"$f":"Inputs!$R$34*E832*Inputs!$R$39","v":81355.270859075245},{"$f":"params!$C$16*Inputs!$R$30*(G832-Inputs!$R$26)","v":-13378.312475735022},{"$f":"Inputs!$R$41*Inputs!$R$42/8760","v":0},0,420.56802345265027,2.5924024753231664E-3,1.996149905998838E-3,{"$f":"-N832/(1.202*2465560*MAX(0,(Inputs!$R$49-Q832)))","v":0},{"$f":"params!$C$16*R832*(G832-Inputs!$R$26)","v":0},-17456.158620992406,{"$f":"E832*params!$C$8","v":287.93849999999998}]
["2002-02-04",2,4,"16:00:00",114,10,-6,-10,70,{"$f":"Inputs!$R$38*Inputs!$R$33*(G833-Inputs!$R$26)","v":-91128.658137954801},{"$f":"Inputs!$R$34*E833*Inputs!$R$39","v":66723.027898809902},{"$f":"params!$C$16*Inputs!$R$30*(G833-Inputs!$R$26)","v":-14270.199974117357},{"$f":"Inputs!$R$41*Inputs!$R$42/8760","v":0},0,389.76616195693094,2.4018050803048703E-3,1.6812635562134092E-3,{"$f":"-N833/(1.202*2465560*MAX(0,(Inputs!$R$49-Q833)))","v":0},{"$f":"params!$C$16*R833*(G833-Inputs!$R$26)","v":0},-38675.830213262256,{"$f":"E833*params!$C$8","v":236.15099999999998}]
["2002-02-04",2,4,"17:00:00",49,10,-7,-12,64,{"$f":"Inputs!$R$38*Inputs!$R$33*(G834-Inputs!$R$26)","v":-96824.199271576974},{"$f":"Inputs!$R$34*E834*Inputs!$R$39","v":28679.196202120049},{"$f":"params!$C$16*Inputs!$R$30*(G834-Inputs!$R$26)","v":-15162.087472499692},{"$f":"Inputs!$R$41*Inputs!$R$42/8760","v":0},0,360.98762153500678,2.2238327850987206E-3,1.4232529824631812E-3,{"$f":"-N834/(1.202*2465560*MAX(0,(Inputs!$R$49-Q834)))","v":0},{"$f":"params!$C$16*R834*(G834-Inputs!$R$26)","v":0},-83307.090541956626,{"$f":"E834*params!$C$8","v":101.50349999999999}]
["2002-02-04",{"$f":"MONTH(A835)","v":2},{"$f":"DAY(A835)","v":4},"18:00:00",0,10,-8,-12,70,{"$f":"Inputs!$R$38*Inputs!$R$33*(G835-Inputs!$R$26)","v":-102519.74040519915},{"$f":"Inputs!$R$34*E835*Inputs!$R$39","v":0},{"$f":"params!$C$16*Inputs!$R$30*(G835-Inputs!$R$26)","v":-16053.974970882027},{"$f":"Inputs!$R$41*Inputs!$R$42/8760","v":0},0,{"$f":"EXP(77.345+0.0057*(G835+273.15)-7235/(G835+273.15))/(G835+273.15)^8.2","v":334.1161188582924},{"$f":"0.62198*O835/(101325-O835)","v":2.0577455669371189E-3},{"$f":"P835*I835/100","v":1.4404218968559832E-3},{"$f":"-N835/(1.202*2465560*MAX(0,(Inputs!$R$49-Q835)))","v":0},{"$f":"params!$C$16*R835*(G835-Inputs!$R$26)","v":0},{"$f":"J835+K835+L835+M835+N835+S835","v":-118573.71537608118},{"$f":"E835*params!$C$8","v":0}]
["2002-02-04",2,4,"19:00:00",0,10,-9,-13,70,{"$f":"Inputs!$R$38*Inputs!$R$33*(G836-Inputs!$R$26)","v":-108215.28153882132},{"$f":"Inputs!$R$34*E836*Inputs!$R$39","v":0},{"$f":"params!$C$16*Inputs!$R$30*(G836-Inputs!$R$26)","v":-16945.862469264361},{"$f":"Inputs!$R$41*Inputs!$R$42/8760","v":0},0,309.04098596033037,1.902841039413297E-3,1.3319887275893081E-3,{"$f":"-N836/(1.202*2465560*MAX(0,(Inputs!$R$49-Q836)))","v":0},{"$f":"params!$C$16*R836*(G836-Inputs!$R$26)","v":0},-125161.14400808568,{"$f":"E836*params!$C$8","v":0}]
["2002-02-04",2,4,"20:00:00",0,10,-10,-14,70,{"$f":"Inputs!$R$38*Inputs!$R$33*(G837-Inputs!$R$26)","v":-113910.82267244349},{"$f":"Inputs!$R$34*E837*Inputs!$R$39","v":0},{"$f":"params!$C$16*Inputs!$R$30*(G837-Inputs!$R$26)","v":-17837.749967646698},{"$f":"Inputs!$R$41*Inputs!$R$42/8760","v":0},0,285.65695946908653,1.758452799711007E-3,1.2309169597977049E-3,{"$f":"-N837/(1.202*2465560*MAX(0,(Inputs!$R$49-Q837)))","v":0},{"$f":"params!$C$16*R837*(G837-Inputs!$R$26)","v":0},-131748.57264009019,{"$f":"E837*params!$C$8","v":0}]
["2002-02-04",2,4,"21:00:00",0,10,-10,-15,64,{"$f":"Inputs!$R$38*Inputs!$R$33*(G838-Inputs!$R$26)","v":-113910.82267244349},{"$f":"Inputs!$R$34*E838*Inputs!$R$39","v":0},{"$f":"params!$C$16*Inputs!$R$30*(G838-Inputs!$R$26)","v":-17837.749967646698},{"$f":"Inputs!$R$41*Inputs!$R$42/8760","v":0},0,285.65695946908653,1.758452799711007E-3,1.1254097918150445E-3,{"$f":"-N838/(1.202*2465560*MAX(0,(Inputs!$R$49-Q838)))","v":0},{"$f":"params!$C$16*R838*(G838-Inputs!$R$26)","v":0},-131748.57264009019,{"$f":"E838*params!$C$8","v":0}]
["2002-02-04",2,4,"22:00:00",0,10,-11,-15,70,{"$f":"Inputs!$R$38*Inputs!$R$33*(G839-Inputs!$R$26)","v":-119606.36380606568},{"$f":"Inputs!$R$34*E839*Inputs!$R$39","v":0},{"$f":"params!$C$16*Inputs!$R$30*(G839-Inputs!$R$26)","v":-18729.637466029031},{"$f":"Inputs!$R$41*Inputs!$R$42/8760","v":0},0,263.86397481101648,1.6239488443119262E-3,1.1367641910183482E-3,{"$f":"-N839/(1.202*2465560*MAX(0,(Inputs!$R$49-Q839)))","v":0},{"$f":"params!$C$16*R839*(G839-Inputs!$R$26)","v":0},-138336.00127209473,{"$f":"E839*params!$C$8","v":0}]
["2002-02-04",2,4,"23:00:00",0,8,-11,-16,63,{"$f":"Inputs!$R$38*Inputs!$R$33*(G840-Inputs!$R$26)","v":-119606.36380606568},{"$f":"Inputs!$R$34*E840*Inputs!$R$39","v":0},{"$f":"params!$C$16*Inputs!$R$30*(G840-Inputs!$R$26)","v":-18729.637466029031},{"$f":"Inputs!$R$41*Inputs!$R$42/8760","v":0},0,263.86397481101648,1.6239488443119262E-3,1.0230877719165136E-3,{"$f":"-N840/(1.202*2465560*MAX(0,(Inputs!$R$49-Q840)))","v":0},{"$f":"params!$C$16*R840*(G840-Inputs!$R$26)","v":0},-138336.00127209473,{"$f":"E840*params!$C$8","v":0}]
["2002-02-04",2,4,1,0,2,-11,-16,63,{"$f":"Inputs!$R$38*Inputs!$R$33*(G841-Inputs!$R$26)","v":-119606.36380606568},{"$f":"Inputs!$R$34*E841*Inputs!$R$39","v":0},{"$f":"params!$C$16*Inputs!$R$30*(G841-Inputs!$R$26)","v":-18729.637466029031},{"$f":"Inputs!$R$41*Inputs!$R$42/8760","v":0},0,263.86397481101648,1.6239488443119262E-3,1.0230877719165136E-3,{"$f":"-N841/(1.202*2465560*MAX(0,(Inputs!$R$49-Q841)))","v":0},{"$f":"params!$C$16*R841*(G841-Inputs!$R$26)","v":0},-138336.00127209473,{"$f":"E841*params!$C$8","v":0}]
["2002-02-05",2,5,"01:00:00",0,10,-11,-16,63,{"$f":"Inputs!$R$38*Inputs!$R$33*(G842-Inputs!$R$26)","v":-119606.36380606568},{"$f":"Inputs!$R$34*E842*Inputs!$R$39","v":0},{"$f":"params!$C$16*Inputs!$R$30*(G842-Inputs!$R$26)","v":-18729.637466029031},{"$f":"Inputs!$R$41*Inputs!$R$42/8760","v":0},0,263.86397481101648,1.6239488443119262E-3,1.0230877719165136E-3,{"$f":"-N842/(1.202*2465560*MAX(0,(Inputs!$R$49-Q842)))","v":0},{"$f":"params!$C$16*R842*(G842-Inputs!$R$26)","v":0},-138336.00127209473,{"$f":"E842*params!$C$8","v":0}]
["2002-02-05",2,5,"02:00:00",0,10,-11,-16,63,{"$f":"Inputs!$R$38*Inputs!$R$33*(G843-Inputs!$R$26)","v":-119606.36380606568},{"$f":"Inputs!$R$34*E843*Inputs!$R$39","v":0},{"$f":"params!$C$16*Inputs!$R$30*(G843-Inputs!$R$26)","v":-18729.637466029031},{"$f":"Inputs!$R$41*Inputs!$R$42/8760","v":0},0,263.86397481101648,1.6239488443119262E-3,1.0230877719165136E-3,{"$f":"-N843/(1.202*2465560*MAX(0,(Inputs!$R$49-Q843)))","v":0},{"$f":"params!$C$16*R843*(G843-Inputs!$R$26)","v":0},-138336.00127209473,{"$f":"E843*params!$C$8","v":0}]
["2002-02-05",2,5,"03:00:00",0,10,-11,-16,63,{"$f":"Inputs!$R$38*Inputs!$R$33*(G844-Inputs!$R$26)","v":-119606.36380606568},{"$f":"Inputs!$R$34*E844*Inputs!$R$39","v":0},{"$f":"params!$C$16*Inputs!$R$30*(G844-Inputs!$R$26)","v":-18729.637466029031},{"$f":"Inputs!$R$41*Inputs!$R$42/8760","v":0},0,263.86397481101648,1.6239488443119262E-3,1.0230877719165136E-3,{"$f":"-N844/(1.202*2465560*MAX(0,(Inputs!$R$49-Q844)))","v":0},{"$f":"params!$C$16*R844*(G844-Inputs!$R$26)","v":0},-138336.00127209473,{"$f":"E844*params!$C$8","v":0}]
["2002-02-05",2,5,"04:00:00",0,10,-12,-16,69,{"$f":"Inputs!$R$38*Inputs!$R$33*(G845-Inputs!$R$26)","v":-125301.90493968785},{"$f":"Inputs!$R$34*E845*Inputs!$R$39","v":0},{"$f":"params!$C$16*Inputs!$R$30*(G845-Inputs!$R$26)","v":-19621.524964411365},{"$f":"Inputs!$R$41*Inputs!$R$42/8760","v":0},0,243.5669653908281,1.4987300494831474E-3,1.0341237341433716E-3,{"$f":"-N845/(1.202*2465560*MAX(0,(Inputs!$R$49-Q845)))","v":0},{"$f":"params!$C$16*R845*(G845-Inputs!$R$26)","v":0},-144923.4299040992,{"$f":"E845*params!$C$8","v":0}]
["2002-02-05",2,5,"05:00:00",0,10,-11,-16,63,{"$f":"Inputs!$R$38*Inputs!$R$33*(G846-Inputs!$R$26)","v":-119606.36380606568},{"$f":"Inputs!$R$34*E846*Inputs!$R$39","v":0},{"$f":"params!$C$16*Inputs!$R$30*(G846-Inputs!$R$26)","v":-18729.637466029031},{"$f":"Inputs!$R$41*Inputs!$R$42/8760","v":0},0,263.86397481101648,1.6239488443119262E-3,1.0230877719165136E-3,{"$f":"-N846/(1.202*2465560*MAX(0,(Inputs!$R$49-Q846)))","v":0},{"$f":"params!$C$16*R846*(G846-Inputs!$R$26)","v":0},-138336.00127209473,{"$f":"E846*params!$C$8","v":0}]
["2002-02-05",2,5,"06:00:00",0,8,-12,-16,69,{"$f":"Inputs!$R$38*Inputs!$R$33*(G847-Inputs!$R$26)","v":-125301.90493968785},{"$f":"Inputs!$R$34*E847*Inputs!$R$39","v":0},{"$f":"params!$C$16*Inputs!$R$30*(G847-Inputs!$R$26)","v":-19621.524964411365},{"$f":"Inputs!$R$41*Inputs!$R$42/8760","v":0},0,243.5669653908281,1.4987300494831474E-3,1.0341237341433716E-3,{"$f":"-N847/(1.202*2465560*MAX(0,(Inputs!$R$49-Q847)))","v":0},{"$f":"params!$C$16*R847*(G847-Inputs!$R$26)","v":0},-144923.4299040992,{"$f":"E847*params!$C$8","v":0}]
["2002-02-05",2,5,"07:00:00",0,4,-13,-16,76,{"$f":"Inputs!$R$38*Inputs!$R$33*(G848-Inputs!$R$26)","v":-130997.44607331003},{"$f":"Inputs!$R$34*E848*Inputs!$R$39","v":0},{"$f":"params!$C$16*Inputs!$R$30*(G848-Inputs!$R$26)","v":-20513.412462793702},{"$f":"Inputs!$R$41*Inputs!$R$42/8760","v":0},0,224.67566674612308,1.3822287131554647E-3,1.0504938219981531E-3,{"$f":"-N848/(1.202*2465560*MAX(0,(Inputs!$R$49-Q848)))","v":0},{"$f":"params!$C$16*R848*(G848-Inputs!$R$26)","v":0},-151510.85853610374,{"$f":"E848*params!$C$8","v":0}]
["2002-02-05",2,5,"08:00:00",9,10,-11,-14,76,{"$f":"Inputs!$R$38*Inputs!$R$33*(G849-Inputs!$R$26)","v":-119606.36380606568},{"$f":"Inputs!$R$34*E849*Inputs!$R$39","v":5267.6074656955188},{"$f":"params!$C$16*Inputs!$R$30*(G849-Inputs!$R$26)","v":-18729.637466029031},{"$f":"Inputs!$R$41*Inputs!$R$42/8760","v":0},0,263.86397481101648,1.6239488443119262E-3,1.2342011216770639E-3,{"$f":"-N849/(1.202*2465560*MAX(0,(Inputs!$R$49-Q849)))","v":0},{"$f":"params!$C$16*R849*(G849-Inputs!$R$26)","v":0},-133068.3938063992,{"$f":"E849*params!$C$8","v":18.6435}]
["2002-02-05",2,5,"09:00:00",171,10,-11,-14,76,{"$f":"Inputs!$R$38*Inputs!$R$33*(G850-Inputs!$R$26)","v":-119606.36380606568},{"$f":"Inputs!$R$34*E850*Inputs!$R$39","v":100084.54184821487},{"$f":"params!$C$16*Inputs!$R$30*(G850-Inputs!$R$26)","v":-18729.637466029031},{"$f":"Inputs!$R$41*Inputs!$R$42/8760","v":0},0,263.86397481101648,1.6239488443119262E-3,1.2342011216770639E-3,{"$f":"-N850/(1.202*2465560*MAX(0,(Inputs!$R$49-Q850)))","v":0},{"$f":"params!$C$16*R850*(G850-Inputs!$R$26)","v":0},-38251.459423879845,{"$f":"E850*params!$C$8","v":354.22649999999999}]
["2002-02-05",2,5,"10:00:00",319,3,-8,-12,70,{"$f":"Inputs!$R$38*Inputs!$R$33*(G851-Inputs!$R$26)","v":-102519.74040519915},{"$f":"Inputs!$R$34*E851*Inputs!$R$39","v":186707.42017298561},{"$f":"params!$C$16*Inputs!$R$30*(G851-Inputs!$R$26)","v":-16053.974970882027},{"$f":"Inputs!$R$41*Inputs!$R$42/8760","v":0},0,334.1161188582924,2.0577455669371189E-3,1.4404218968559832E-3,{"$f":"-N851/(1.202*2465560*MAX(0,(Inputs!$R$49-Q851)))","v":0},{"$f":"params!$C$16*R851*(G851-Inputs!$R$26)","v":0},68133.704796904436,{"$f":"E851*params!$C$8","v":660.80849999999998}]
["2002-02-05",2,5,"11:00:00",444,4,-5,-12,54,{"$f":"Inputs!$R$38*Inputs!$R$33*(G852-Inputs!$R$26)","v":-85433.117004332627},{"$f":"Inputs!$R$34*E852*Inputs!$R$39","v":259868.63497431227},{"$f":"params!$C$16*Inputs!$R$30*(G852-Inputs!$R$26)","v":-13378.312475735022},{"$f":"Inputs!$R$41*Inputs!$R$42/8760","v":0},0,420.56802345265027,2.5924024753231664E-3,1.3998973366745099E-3,{"$f":"-N852/(1.202*2465560*MAX(0,(Inputs!$R$49-Q852)))","v":0},{"$f":"params!$C$16*R852*(G852-Inputs!$R$26)","v":0},161057.20549424461,{"$f":"E852*params!$C$8","v":919.74599999999998}]
["2002-02-05",2,5,"12:00:00",520,10,-4,-12,50,{"$f":"Inputs!$R$38*Inputs!$R$33*(G853-Inputs!$R$26)","v":-79737.575870710454},{"$f":"Inputs!$R$34*E853*Inputs!$R$39","v":304350.65357351891},{"$f":"params!$C$16*Inputs!$R$30*(G853-Inputs!$R$26)","v":-12486.424977352686},{"$f":"Inputs!$R$41*Inputs!$R$42/8760","v":0},0,453.51532044328405,2.7964043545646504E-3,1.3982021772823252E-3,{"$f":"-N853/(1.202*2465560*MAX(0,(Inputs!$R$49-Q853)))","v":0},{"$f":"params!$C$16*R853*(G853-Inputs!$R$26)","v":0},212126.65272545576,{"$f":"E853*params!$C$8","v":1077.1799999999998}]
["2002-02-05",2,5,"13:00:00",540,9,-2,-12,42,{"$f":"Inputs!$R$38*Inputs!$R$33*(G854-Inputs!$R$26)","v":-68346.493603466108},{"$f":"Inputs!$R$34*E854*Inputs!$R$39","v":316056.44794173114},{"$f":"params!$C$16*Inputs!$R$30*(G854-Inputs!$R$26)","v":-10702.649980588018},{"$f":"Inputs!$R$41*Inputs!$R$42/8760","v":0},0,526.36516305985776,3.2479468065175691E-3,1.3641376587373792E-3,{"$f":"-N854/(1.202*2465560*MAX(0,(Inputs!$R$49-Q854)))","v":0},{"$f":"params!$C$16*R854*(G854-Inputs!$R$26)","v":0},237007.304357677,{"$f":"E854*params!$C$8","v":1118.6099999999999}]
["2002-02-05",2,5,"14:00:00",506,9,-2,-12,42,{"$f":"Inputs!$R$38*Inputs!$R$33*(G855-Inputs!$R$26)","v":-68346.493603466108},{"$f":"Inputs!$R$34*E855*Inputs!$R$39","v":296156.59751577029},{"$f":"params!$C$16*Inputs!$R$30*(G855-Inputs!$R$26)","v":-10702.649980588018},{"$f":"Inputs!$R$41*Inputs!$R$42/8760","v":0},0,526.36516305985776,3.2479468065175691E-3,1.3641376587373792E-3,{"$f":"-N855/(1.202*2465560*MAX(0,(Inputs!$R$49-Q855)))","v":0},{"$f":"params!$C$16*R855*(G855-Inputs!$R$26)","v":0},217107.45393171615,{"$f":"E855*params!$C$8","v":1048.1789999999999}]
["2002-02-05",2,5,"15:00:00",274,10,0,-13,32,{"$f":"Inputs!$R$38*Inputs!$R$33*(G856-Inputs!$R$26)","v":-56955.411336221747},{"$f":"Inputs!$R$34*E856*Inputs!$R$39","v":160369.38284450804},{"$f":"params!$C$16*Inputs!$R$30*(G856-Inputs!$R$26)","v":-8918.8749838233489},{"$f":"Inputs!$R$41*Inputs!$R$42/8760","v":0},0,609.41773586642103,3.7635253138895938E-3,1.2043281004446701E-3,{"$f":"-N856/(1.202*2465560*MAX(0,(Inputs!$R$49-Q856)))","v":0},{"$f":"params!$C$16*R856*(G856-Inputs!$R$26)","v":0},94495.096524462948,{"$f":"E856*params!$C$8","v":567.59100000000001}]
["2002-02-05",2,5,"16:00:00",182,10,0,-11,39,{"$f":"Inputs!$R$38*Inputs!$R$33*(G857-Inputs!$R$26)","v":-56955.411336221747},{"$f":"Inputs!$R$34*E857*Inputs!$R$39","v":106522.72875073161},{"$f":"params!$C$16*Inputs!$R$30*(G857-Inputs!$R$26)","v":-8918.8749838233489},{"$f":"Inputs!$R$41*Inputs!$R$42/8760","v":0},0,609.41773586642103,3.7635253138895938E-3,1.4677748724169415E-3,{"$f":"-N857/(1.202*2465560*MAX(0,(Inputs!$R$49-Q857)))","v":0},{"$f":"params!$C$16*R857*(G857-Inputs!$R$26)","v":0},40648.442430686511,{"$f":"E857*params!$C$8","v":377.01299999999998}]
["2002-02-05",2,5,"17:00:00",108,10,-1,-11,42,{"$f":"Inputs!$R$38*Inputs!$R$33*(G858-Inputs!$R$26)","v":-62650.952469843927},{"$f":"Inputs!$R$34*E858*Inputs!$R$39","v":63211.289588346233},{"$f":"params!$C$16*Inputs!$R$30*(G858-Inputs!$R$26)","v":-9810.7624822056823},{"$f":"Inputs!$R$41*Inputs!$R$42/8760","v":0},0,566.54310372490409,3.4972595900071069E-3,1.4688490278029851E-3,{"$f":"-N858/(1.202*2465560*MAX(0,(Inputs!$R$49-Q858)))","v":0},{"$f":"params!$C$16*R858*(G858-Inputs!$R$26)","v":0},-9250.4253637033762,{"$f":"E858*params!$C$8","v":223.72199999999998}]
["2002-02-05",2,5,"18:00:00",0,10,-2,-9,55,{"$f":"Inputs!$R$38*Inputs!$R$33*(G859-Inputs!$R$26)","v":-68346.493603466108},{"$f":"Inputs!$R$34*E859*Inputs!$R$39","v":0},{"$f":"params!$C$16*Inputs!$R$30*(G859-Inputs!$R$26)","v":-10702.649980588018},{"$f":"Inputs!$R$41*Inputs!$R$42/8760","v":0},0,526.36516305985776,3.2479468065175691E-3,1.7863707435846628E-3,{"$f":"-N859/(1.202*2465560*MAX(0,(Inputs!$R$49-Q859)))","v":0},{"$f":"params!$C$16*R859*(G859-Inputs!$R$26)","v":0},-79049.143584054123,{"$f":"E859*params!$C$8","v":0}]
["2002-02-05",2,5,"19:00:00",0,10,-2,-8,60,{"$f":"Inputs!$R$38*Inputs!$R$33*(G860-Inputs!$R$26)","v":-68346.493603466108},{"$f":"Inputs!$R$34*E860*Inputs!$R$39","v":0},{"$f":"params!$C$16*Inputs!$R$30*(G860-Inputs!$R$26)","v":-10702.649980588018},{"$f":"Inputs!$R$41*Inputs!$R$42/8760","v":0},0,526.36516305985776,3.2479468065175691E-3,1.9487680839105415E-3,{"$f":"-N860/(1.202*2465560*MAX(0,(Inputs!$R$49-Q860)))","v":0},{"$f":"params!$C$16*R860*(G860-Inputs!$R$26)","v":0},-79049.143584054123,{"$f":"E860*params!$C$8","v":0}]
["2002-02-05",2,5,"20:00:00",0,10,-2,-8,60,{"$f":"Inputs!$R$38*Inputs!$R$33*(G861-Inputs!$R$26)","v":-68346.493603466108},{"$f":"Inputs!$R$34*E861*Inputs!$R$39","v":0},{"$f":"params!$C$16*Inputs!$R$30*(G861-Inputs!$R$26)","v":-10702.649980588018},{"$f":"Inputs!$R$41*Inputs!$R$42/8760","v":0},0,526.36516305985776,3.2479468065175691E-3,1.9487680839105415E-3,{"$f":"-N861/(1.202*2465560*MAX(0,(Inputs!$R$49-Q861)))","v":0},{"$f":"params!$C$16*R861*(G861-Inputs!$R$26)","v":0},-79049.143584054123,{"$f":"E861*params!$C$8","v":0}]
["2002-02-05",2,5,"21:00:00",0,10,-2,-8,60,{"$f":"Inputs!$R$38*Inputs!$R$33*(G862-Inputs!$R$26)","v":-68346.493603466108},{"$f":"Inputs!$R$34*E862*Inputs!$R$39","v":0},{"$f":"params!$C$16*Inputs!$R$30*(G862-Inputs!$R$26)","v":-10702.649980588018},{"$f":"Inputs!$R$41*Inputs!$R$42/8760","v":0},0,526.36516305985776,3.2479468065175691E-3,1.9487680839105415E-3,{"$f":"-N862/(1.202*2465560*MAX(0,(Inputs!$R$49-Q862)))","v":0},{"$f":"params!$C$16*R862*(G862-Inputs!$R$26)","v":0},-79049.143584054123,{"$f":"E862*params!$C$8","v":0}]
["2002-02-05",2,5,"22:00:00",0,10,-2,-9,55,{"$f":"Inputs!$R$38*Inputs!$R$33*(G863-Inputs!$R$26)","v":-68346.493603466108},{"$f":"Inputs!$R$34*E863*Inputs!$R$39","v":0},{"$f":"params!$C$16*Inputs!$R$30*(G863-Inputs!$R$26)","v":-10702.649980588018},{"$f":"Inputs!$R$41*Inputs!$R$42/8760","v":0},0,526.36516305985776,3.2479468065175691E-3,1.7863707435846628E-3,{"$f":"-N863/(1.202*2465560*MAX(0,(Inputs!$R$49-Q863)))","v":0},{"$f":"params!$C$16*R863*(G863-Inputs!$R$26)","v":0},-79049.143584054123,{"$f":"E863*params!$C$8","v":0}]
["2002-02-05",2,5,"23:00:00",0,10,-2,-8,60,{"$f":"Inputs!$R$38*Inputs!$R$33*(G864-Inputs!$R$26)","v":-68346.493603466108},{"$f":"Inputs!$R$34*E864*Inputs!$R$39","v":0},{"$f":"params!$C$16*Inputs!$R$30*(G864-Inputs!$R$26)","v":-10702.649980588018},{"$f":"Inputs!$R$41*Inputs!$R$42/8760","v":0},0,526.36516305985776,3.2479468065175691E-3,1.9487680839105415E-3,{"$f":"-N864/(1.202*2465560*MAX(0,(Inputs!$R$49-Q864)))","v":0},{"$f":"params!$C$16*R864*(G864-Inputs!$R$26)","v":0},-79049.143584054123,{"$f":"E864*params!$C$8","v":0}]
["2002-02-05",2,5,1,0,10,-3,-8,65,{"$f":"Inputs!$R$38*Inputs!$R$33*(G865-Inputs!$R$26)","v":-74042.034737088281},{"$f":"Inputs!$R$34*E865*Inputs!$R$39","v":0},{"$f":"params!$C$16*Inputs!$R$30*(G865-Inputs!$R$26)","v":-11594.537478970353},{"$f":"Inputs!$R$41*Inputs!$R$42/8760","v":0},0,488.73621912146871,3.0146312662847319E-3,1.9595103230850759E-3,{"$f":"-N865/(1.202*2465560*MAX(0,(Inputs!$R$49-Q865)))","v":0},{"$f":"params!$C$16*R865*(G865-Inputs!$R$26)","v":0},-85636.57221605863,{"$f":"E865*params!$C$8","v":0}]
["2002-02-06",2,6,"01:00:00",0,8,-3,-8,65,{"$f":"Inputs!$R$38*Inputs!$R$33*(G866-Inputs!$R$26)","v":-74042.034737088281},{"$f":"Inputs!$R$34*E866*Inputs!$R$39","v":0},{"$f":"params!$C$16*Inputs!$R$30*(G866-Inputs!$R$26)","v":-11594.537478970353},{"$f":"Inputs!$R$41*Inputs!$R$42/8760","v":0},0,488.73621912146871,3.0146312662847319E-3,1.9595103230850759E-3,{"$f":"-N866/(1.202*2465560*MAX(0,(Inputs!$R$49-Q866)))","v":0},{"$f":"params!$C$16*R866*(G866-Inputs!$R$26)","v":0},-85636.57221605863,{"$f":"E866*params!$C$8","v":0}]
["2002-02-06",2,6,"02:00:00",0,10,-3,-8,65,{"$f":"Inputs!$R$38*Inputs!$R$33*(G867-Inputs!$R$26)","v":-74042.034737088281},{"$f":"Inputs!$R$34*E867*Inputs!$R$39","v":0},{"$f":"params!$C$16*Inputs!$R$30*(G867-Inputs!$R$26)","v":-11594.537478970353},{"$f":"Inputs!$R$41*Inputs!$R$42/8760","v":0},0,488.73621912146871,3.0146312662847319E-3,1.9595103230850759E-3,{"$f":"-N867/(1.202*2465560*MAX(0,(Inputs!$R$49-Q867)))","v":0},{"$f":"params!$C$16*R867*(G867-Inputs!$R$26)","v":0},-85636.57221605863,{"$f":"E867*params!$C$8","v":0}]
["2002-02-06",2,6,"03:00:00",0,8,-3,-8,65,{"$f":"Inputs!$R$38*Inputs!$R$33*(G868-Inputs!$R$26)","v":-74042.034737088281},{"$f":"Inputs!$R$34*E868*Inputs!$R$39","v":0},{"$f":"params!$C$16*Inputs!$R$30*(G868-Inputs!$R$26)","v":-11594.537478970353},{"$f":"Inputs!$R$41*Inputs!$R$42/8760","v":0},0,488.73621912146871,3.0146312662847319E-3,1.9595103230850759E-3,{"$f":"-N868/(1.202*2465560*MAX(0,(Inputs!$R$49-Q868)))","v":0},{"$f":"params!$C$16*R868*(G868-Inputs!$R$26)","v":0},-85636.57221605863,{"$f":"E868*params!$C$8","v":0}]
["2002-02-06",2,6,"04:00:00",0,0,-3,-8,65,{"$f":"Inputs!$R$38*Inputs!$R$33*(G869-Inputs!$R$26)","v":-74042.034737088281},{"$f":"Inputs!$R$34*E869*Inputs!$R$39","v":0},{"$f":"params!$C$16*Inputs!$R$30*(G869-Inputs!$R$26)","v":-11594.537478970353},{"$f":"Inputs!$R$41*Inputs!$R$42/8760","v":0},0,488.73621912146871,3.0146312662847319E-3,1.9595103230850759E-3,{"$f":"-N869/(1.202*2465560*MAX(0,(Inputs!$R$49-Q869)))","v":0},{"$f":"params!$C$16*R869*(G869-Inputs!$R$26)","v":0},-85636.57221605863,{"$f":"E869*params!$C$8","v":0}]
["2002-02-06",2,6,"05:00:00",0,0,-6,-9,77,{"$f":"Inputs!$R$38*Inputs!$R$33*(G870-Inputs!$R$26)","v":-91128.658137954801},{"$f":"Inputs!$R$34*E870*Inputs!$R$39","v":0},{"$f":"params!$C$16*Inputs!$R$30*(G870-Inputs!$R$26)","v":-14270.199974117357},{"$f":"Inputs!$R$41*Inputs!$R$42/8760","v":0},0,389.76616195693094,2.4018050803048703E-3,1.8493899118347502E-3,{"$f":"-N870/(1.202*2465560*MAX(0,(Inputs!$R$49-Q870)))","v":0},{"$f":"params!$C$16*R870*(G870-Inputs!$R$26)","v":0},-105398.85811207216,{"$f":"E870*params!$C$8","v":0}]
["2002-02-06",2,6,"06:00:00",0,1,-7,-9,84,{"$f":"Inputs!$R$38*Inputs!$R$33*(G871-Inputs!$R$26)","v":-96824.199271576974},{"$f":"Inputs!$R$34*E871*Inputs!$R$39","v":0},{"$f":"params!$C$16*Inputs!$R$30*(G871-Inputs!$R$26)","v":-15162.087472499692},{"$f":"Inputs!$R$41*Inputs!$R$42/8760","v":0},0,360.98762153500678,2.2238327850987206E-3,1.8680195394829252E-3,{"$f":"-N871/(1.202*2465560*MAX(0,(Inputs!$R$49-Q871)))","v":0},{"$f":"params!$C$16*R871*(G871-Inputs!$R$26)","v":0},-111986.28674407667,{"$f":"E871*params!$C$8","v":0}]
["2002-02-06",2,6,"07:00:00",0,2,-8,-10,84,{"$f":"Inputs!$R$38*Inputs!$R$33*(G872-Inputs!$R$26)","v":-102519.74040519915},{"$f":"Inputs!$R$34*E872*Inputs!$R$39","v":0},{"$f":"params!$C$16*Inputs!$R$30*(G872-Inputs!$R$26)","v":-16053.974970882027},{"$f":"Inputs!$R$41*Inputs!$R$42/8760","v":0},0,334.1161188582924,2.0577455669371189E-3,1.7285062762271799E-3,{"$f":"-N872/(1.202*2465560*MAX(0,(Inputs!$R$49-Q872)))","v":0},{"$f":"params!$C$16*R872*(G872-Inputs!$R$26)","v":0},-118573.71537608118,{"$f":"E872*params!$C$8","v":0}]
["2002-02-06",2,6,"08:00:00",10,7,-8,-9,92,{"$f":"Inputs!$R$38*Inputs!$R$33*(G873-Inputs!$R$26)","v":-102519.74040519915},{"$f":"Inputs!$R$34*E873*Inputs!$R$39","v":5852.897184106133},{"$f":"params!$C$16*Inputs!$R$30*(G873-Inputs!$R$26)","v":-16053.974970882027},{"$f":"Inputs!$R$41*Inputs!$R$42/8760","v":0},0,334.1161188582924,2.0577455669371189E-3,1.8931259215821494E-3,{"$f":"-N873/(1.202*2465560*MAX(0,(Inputs!$R$49-Q873)))","v":0},{"$f":"params!$C$16*R873*(G873-Inputs!$R$26)","v":0},-112720.81819197505,{"$f":"E873*params!$C$8","v":20.715}]
["2002-02-06",2,6,"09:00:00",179,8,-6,-8,84,{"$f":"Inputs!$R$38*Inputs!$R$33*(G874-Inputs!$R$26)","v":-91128.658137954801},{"$f":"Inputs!$R$34*E874*Inputs!$R$39","v":104766.85959549977},{"$f":"params!$C$16*Inputs!$R$30*(G874-Inputs!$R$26)","v":-14270.199974117357},{"$f":"Inputs!$R$41*Inputs!$R$42/8760","v":0},0,389.76616195693094,2.4018050803048703E-3,2.0175162674560907E-3,{"$f":"-N874/(1.202*2465560*MAX(0,(Inputs!$R$49-Q874)))","v":0},{"$f":"params!$C$16*R874*(G874-Inputs!$R$26)","v":0},-631.99851657238469,{"$f":"E874*params!$C$8","v":370.79849999999999}]
["2002-02-06",2,6,"10:00:00",325,5,-4,-8,71,{"$f":"Inputs!$R$38*Inputs!$R$33*(G875-Inputs!$R$26)","v":-79737.575870710454},{"$f":"Inputs!$R$34*E875*Inputs!$R$39","v":190219.15848344931},{"$f":"params!$C$16*Inputs!$R$30*(G875-Inputs!$R$26)","v":-12486.424977352686},{"$f":"Inputs!$R$41*Inputs!$R$42/8760","v":0},0,453.51532044328405,2.7964043545646504E-3,1.9854470917409018E-3,{"$f":"-N875/(1.202*2465560*MAX(0,(Inputs!$R$49-Q875)))","v":0},{"$f":"params!$C$16*R875*(G875-Inputs!$R$26)","v":0},97995.157635386175,{"$f":"E875*params!$C$8","v":673.23749999999995}]
["2002-02-06",2,6,"11:00:00",451,3,1,-7,51,{"$f":"Inputs!$R$38*Inputs!$R$33*(G876-Inputs!$R$26)","v":-51259.870202599574},{"$f":"Inputs!$R$34*E876*Inputs!$R$39","v":263965.66300318658},{"$f":"params!$C$16*Inputs!$R$30*(G876-Inputs!$R$26)","v":-8026.9874854410136},{"$f":"Inputs!$R$41*Inputs!$R$42/8760","v":0},0,655.14373774848059,4.0477489204243187E-3,2.0643519494164026E-3,{"$f":"-N876/(1.202*2465560*MAX(0,(Inputs!$R$49-Q876)))","v":0},{"$f":"params!$C$16*R876*(G876-Inputs!$R$26)","v":0},204678.80531514602,{"$f":"E876*params!$C$8","v":934.24649999999997}]
["2002-02-06",2,6,"12:00:00",526,1,2,-7,48,{"$f":"Inputs!$R$38*Inputs!$R$33*(G877-Inputs!$R$26)","v":-45564.3290689774},{"$f":"Inputs!$R$34*E877*Inputs!$R$39","v":307862.39188398258},{"$f":"params!$C$16*Inputs!$R$30*(G877-Inputs!$R$26)","v":-7135.0999870586784},{"$f":"Inputs!$R$41*Inputs!$R$42/8760","v":0},0,703.88301618186097,4.3509868656616182E-3,2.0884736955175767E-3,{"$f":"-N877/(1.202*2465560*MAX(0,(Inputs!$R$49-Q877)))","v":0},{"$f":"params!$C$16*R877*(G877-Inputs!$R$26)","v":0},255162.96282794653,{"$f":"E877*params!$C$8","v":1089.6089999999999}]
["2002-02-06",2,6,"13:00:00",546,1,2,-8,44,{"$f":"Inputs!$R$38*Inputs!$R$33*(G878-Inputs!$R$26)","v":-45564.3290689774},{"$f":"Inputs!$R$34*E878*Inputs!$R$39","v":319568.18625219481},{"$f":"params!$C$16*Inputs!$R$30*(G878-Inputs!$R$26)","v":-7135.0999870586784},{"$f":"Inputs!$R$41*Inputs!$R$42/8760","v":0},0,703.88301618186097,4.3509868656616182E-3,1.9144342208911118E-3,{"$f":"-N878/(1.202*2465560*MAX(0,(Inputs!$R$49-Q878)))","v":0},{"$f":"params!$C$16*R878*(G878-Inputs!$R$26)","v":0},266868.75719615875,{"$f":"E878*params!$C$8","v":1131.039}]
["2002-02-06",2,6,"14:00:00",506,0,4,-7,42,{"$f":"Inputs!$R$38*Inputs!$R$33*(G879-Inputs!$R$26)","v":-34173.246801733054},{"$f":"Inputs!$R$34*E879*Inputs!$R$39","v":296156.59751577029},{"$f":"params!$C$16*Inputs!$R$30*(G879-Inputs!$R$26)","v":-5351.3249902940088},{"$f":"Inputs!$R$41*Inputs!$R$42/8760","v":0},0,811.08667612094962,5.0190035800134264E-3,2.1079815036056391E-3,{"$f":"-N879/(1.202*2465560*MAX(0,(Inputs!$R$49-Q879)))","v":0},{"$f":"params!$C$16*R879*(G879-Inputs!$R$26)","v":0},256632.02572374325,{"$f":"E879*params!$C$8","v":1048.1789999999999}]
["2002-02-06",2,6,"15:00:00",413,0,6,-7,36,{"$f":"Inputs!$R$38*Inputs!$R$33*(G880-Inputs!$R$26)","v":-22782.1645344887},{"$f":"Inputs!$R$34*E880*Inputs!$R$39","v":241724.65370358326},{"$f":"params!$C$16*Inputs!$R$30*(G880-Inputs!$R$26)","v":-3567.5499935293392},{"$f":"Inputs!$R$41*Inputs!$R$42/8760","v":0},0,932.4781503104233,5.7771510192606073E-3,2.0797743669338188E-3,{"$f":"-N880/(1.202*2465560*MAX(0,(Inputs!$R$49-Q880)))","v":0},{"$f":"params!$C$16*R880*(G880-Inputs!$R$26)","v":0},215374.93917556523,{"$f":"E880*params!$C$8","v":855.52949999999998}]
["2002-02-06",2,6,"16:00:00",276,0,6,-7,36,{"$f":"Inputs!$R$38*Inputs!$R$33*(G881-Inputs!$R$26)","v":-22782.1645344887},{"$f":"Inputs!$R$34*E881*Inputs!$R$39","v":161539.96228132927},{"$f":"params!$C$16*Inputs!$R$30*(G881-Inputs!$R$26)","v":-3567.5499935293392},{"$f":"Inputs!$R$41*Inputs!$R$42/8760","v":0},0,932.4781503104233,5.7771510192606073E-3,2.0797743669338188E-3,{"$f":"-N881/(1.202*2465560*MAX(0,(Inputs!$R$49-Q881)))","v":0},{"$f":"params!$C$16*R881*(G881-Inputs!$R$26)","v":0},135190.24775331124,{"$f":"E881*params!$C$8","v":571.73399999999992}]
["2002-02-06",2,6,"17:00:00",113,0,4,-5,49,{"$f":"Inputs!$R$38*Inputs!$R$33*(G882-Inputs!$R$26)","v":-34173.246801733054},{"$f":"Inputs!$R$34*E882*Inputs!$R$39","v":66137.738180399305},{"$f":"params!$C$16*Inputs!$R$30*(G882-Inputs!$R$26)","v":-5351.3249902940088},{"$f":"Inputs!$R$41*Inputs!$R$42/8760","v":0},0,811.08667612094962,5.0190035800134264E-3,2.4593117542065792E-3,{"$f":"-N882/(1.202*2465560*MAX(0,(Inputs!$R$49-Q882)))","v":0},{"$f":"params!$C$16*R882*(G882-Inputs!$R$26)","v":0},26613.166388372243,{"$f":"E882*params!$C$8","v":234.0795}]
["2002-02-06",2,6,"18:00:00",0,0,1,-6,56,{"$f":"Inputs!$R$38*Inputs!$R$33*(G883-Inputs!$R$26)","v":-51259.870202599574},{"$f":"Inputs!$R$34*E883*Inputs!$R$39","v":0},{"$f":"params!$C$16*Inputs!$R$30*(G883-Inputs!$R$26)","v":-8026.9874854410136},{"$f":"Inputs!$R$41*Inputs!$R$42/8760","v":0},0,655.14373774848059,4.0477489204243187E-3,2.2667393954376187E-3,{"$f":"-N883/(1.202*2465560*MAX(0,(Inputs!$R$49-Q883)))","v":0},{"$f":"params!$C$16*R883*(G883-Inputs!$R$26)","v":0},-59286.857688040589,{"$f":"E883*params!$C$8","v":0}]
["2002-02-06",2,6,"19:00:00",0,0,-1,-6,66,{"$f":"Inputs!$R$38*Inputs!$R$33*(G884-Inputs!$R$26)","v":-62650.952469843927},{"$f":"Inputs!$R$34*E884*Inputs!$R$39","v":0},{"$f":"params!$C$16*Inputs!$R$30*(G884-Inputs!$R$26)","v":-9810.7624822056823},{"$f":"Inputs!$R$41*Inputs!$R$42/8760","v":0},0,566.54310372490409,3.4972595900071069E-3,2.3081913294046904E-3,{"$f":"-N884/(1.202*2465560*MAX(0,(Inputs!$R$49-Q884)))","v":0},{"$f":"params!$C$16*R884*(G884-Inputs!$R$26)","v":0},-72461.714952049602,{"$f":"E884*params!$C$8","v":0}]
["2002-02-06",2,6,"20:00:00",0,1,-1,-6,66,{"$f":"Inputs!$R$38*Inputs!$R$33*(G885-Inputs!$R$26)","v":-62650.952469843927},{"$f":"Inputs!$R$34*E885*Inputs!$R$39","v":0},{"$f":"params!$C$16*Inputs!$R$30*(G885-Inputs!$R$26)","v":-9810.7624822056823},{"$f":"Inputs!$R$41*Inputs!$R$42/8760","v":0},0,566.54310372490409,3.4972595900071069E-3,2.3081913294046904E-3,{"$f":"-N885/(1.202*2465560*MAX(0,(Inputs!$R$49-Q885)))","v":0},{"$f":"params!$C$16*R885*(G885-Inputs!$R$26)","v":0},-72461.714952049602,{"$f":"E885*params!$C$8","v":0}]
["2002-02-06",2,6,"21:00:00",0,1,-1,-6,66,{"$f":"Inputs!$R$38*Inputs!$R$33*(G886-Inputs!$R$26)","v":-62650.952469843927},{"$f":"Inputs!$R$34*E886*Inputs!$R$39","v":0},{"$f":"params!$C$16*Inputs!$R$30*(G886-Inputs!$R$26)","v":-9810.7624822056823},{"$f":"Inputs!$R$41*Inputs!$R$42/8760","v":0},0,566.54310372490409,3.4972595900071069E-3,2.3081913294046904E-3,{"$f":"-N886/(1.202*2465560*MAX(0,(Inputs!$R$49-Q886)))","v":0},{"$f":"params!$C$16*R886*(G886-Inputs!$R$26)","v":0},-72461.714952049602,{"$f":"E886*params!$C$8","v":0}]
["2002-02-06",2,6,"22:00:00",0,0,-3,-6,77,{"$f":"Inputs!$R$38*Inputs!$R$33*(G887-Inputs!$R$26)","v":-74042.034737088281},{"$f":"Inputs!$R$34*E887*Inputs!$R$39","v":0},{"$f":"params!$C$16*Inputs!$R$30*(G887-Inputs!$R$26)","v":-11594.537478970353},{"$f":"Inputs!$R$41*Inputs!$R$42/8760","v":0},0,488.73621912146871,3.0146312662847319E-3,2.3212660750392437E-3,{"$f":"-N887/(1.202*2465560*MAX(0,(Inputs!$R$49-Q887)))","v":0},{"$f":"params!$C$16*R887*(G887-Inputs!$R$26)","v":0},-85636.57221605863,{"$f":"E887*params!$C$8","v":0}]
["2002-02-06",2,6,"23:00:00",0,1,-6,-7,92,{"$f":"Inputs!$R$38*Inputs!$R$33*(G888-Inputs!$R$26)","v":-91128.658137954801},{"$f":"Inputs!$R$34*E888*Inputs!$R$39","v":0},{"$f":"params!$C$16*Inputs!$R$30*(G888-Inputs!$R$26)","v":-14270.199974117357},{"$f":"Inputs!$R$41*Inputs!$R$42/8760","v":0},0,389.76616195693094,2.4018050803048703E-3,2.2096606738804809E-3,{"$f":"-N888/(1.202*2465560*MAX(0,(Inputs!$R$49-Q888)))","v":0},{"$f":"params!$C$16*R888*(G888-Inputs!$R$26)","v":0},-105398.85811207216,{"$f":"E888*params!$C$8","v":0}]
["2002-02-06",2,6,1,0,6,-5,-7,84,{"$f":"Inputs!$R$38*Inputs!$R$33*(G889-Inputs!$R$26)","v":-85433.117004332627},{"$f":"Inputs!$R$34*E889*Inputs!$R$39","v":0},{"$f":"params!$C$16*Inputs!$R$30*(G889-Inputs!$R$26)","v":-13378.312475735022},{"$f":"Inputs!$R$41*Inputs!$R$42/8760","v":0},0,420.56802345265027,2.5924024753231664E-3,2.1776180792714597E-3,{"$f":"-N889/(1.202*2465560*MAX(0,(Inputs!$R$49-Q889)))","v":0},{"$f":"params!$C$16*R889*(G889-Inputs!$R$26)","v":0},-98811.429480067643,{"$f":"E889*params!$C$8","v":0}]
["2002-02-07",2,7,"01:00:00",0,8,-4,-6,84,{"$f":"Inputs!$R$38*Inputs!$R$33*(G890-Inputs!$R$26)","v":-79737.575870710454},{"$f":"Inputs!$R$34*E890*Inputs!$R$39","v":0},{"$f":"params!$C$16*Inputs!$R$30*(G890-Inputs!$R$26)","v":-12486.424977352686},{"$f":"Inputs!$R$41*Inputs!$R$42/8760","v":0},0,453.51532044328405,2.7964043545646504E-3,2.3489796578343063E-3,{"$f":"-N890/(1.202*2465560*MAX(0,(Inputs!$R$49-Q890)))","v":0},{"$f":"params!$C$16*R890*(G890-Inputs!$R$26)","v":0},-92224.000848063137,{"$f":"E890*params!$C$8","v":0}]
["2002-02-07",2,7,"02:00:00",0,8,-4,-6,84,{"$f":"Inputs!$R$38*Inputs!$R$33*(G891-Inputs!$R$26)","v":-79737.575870710454},{"$f":"Inputs!$R$34*E891*Inputs!$R$39","v":0},{"$f":"params!$C$16*Inputs!$R$30*(G891-Inputs!$R$26)","v":-12486.424977352686},{"$f":"Inputs!$R$41*Inputs!$R$42/8760","v":0},0,453.51532044328405,2.7964043545646504E-3,2.3489796578343063E-3,{"$f":"-N891/(1.202*2465560*MAX(0,(Inputs!$R$49-Q891)))","v":0},{"$f":"params!$C$16*R891*(G891-Inputs!$R$26)","v":0},-92224.000848063137,{"$f":"E891*params!$C$8","v":0}]
["2002-02-07",2,7,"03:00:00",0,8,-4,-6,84,{"$f":"Inputs!$R$38*Inputs!$R$33*(G892-Inputs!$R$26)","v":-79737.575870710454},{"$f":"Inputs!$R$34*E892*Inputs!$R$39","v":0},{"$f":"params!$C$16*Inputs!$R$30*(G892-Inputs!$R$26)","v":-12486.424977352686},{"$f":"Inputs!$R$41*Inputs!$R$42/8760","v":0},0,453.51532044328405,2.7964043545646504E-3,2.3489796578343063E-3,{"$f":"-N892/(1.202*2465560*MAX(0,(Inputs!$R$49-Q892)))","v":0},{"$f":"params!$C$16*R892*(G892-Inputs!$R$26)","v":0},-92224.000848063137,{"$f":"E892*params!$C$8","v":0}]
["2002-02-07",2,7,"04:00:00",0,10,-3,-6,77,{"$f":"Inputs!$R$38*Inputs!$R$33*(G893-Inputs!$R$26)","v":-74042.034737088281},{"$f":"Inputs!$R$34*E893*Inputs!$R$39","v":0},{"$f":"params!$C$16*Inputs!$R$30*(G893-Inputs!$R$26)","v":-11594.537478970353},{"$f":"Inputs!$R$41*Inputs!$R$42/8760","v":0},0,488.73621912146871,3.0146312662847319E-3,2.3212660750392437E-3,{"$f":"-N893/(1.202*2465560*MAX(0,(Inputs!$R$49-Q893)))","v":0},{"$f":"params!$C$16*R893*(G893-Inputs!$R$26)","v":0},-85636.57221605863,{"$f":"E893*params!$C$8","v":0}]
["2002-02-07",2,7,"05:00:00",0,9,-3,-5,84,{"$f":"Inputs!$R$38*Inputs!$R$33*(G894-Inputs!$R$26)","v":-74042.034737088281},{"$f":"Inputs!$R$34*E894*Inputs!$R$39","v":0},{"$f":"params!$C$16*Inputs!$R$30*(G894-Inputs!$R$26)","v":-11594.537478970353},{"$f":"Inputs!$R$41*Inputs!$R$42/8760","v":0},0,488.73621912146871,3.0146312662847319E-3,2.5322902636791748E-3,{"$f":"-N894/(1.202*2465560*MAX(0,(Inputs!$R$49-Q894)))","v":0},{"$f":"params!$C$16*R894*(G894-Inputs!$R$26)","v":0},-85636.57221605863,{"$f":"E894*params!$C$8","v":0}]
["2002-02-07",2,7,"06:00:00",0,10,-3,-5,84,{"$f":"Inputs!$R$38*Inputs!$R$33*(G895-Inputs!$R$26)","v":-74042.034737088281},{"$f":"Inputs!$R$34*E895*Inputs!$R$39","v":0},{"$f":"params!$C$16*Inputs!$R$30*(G895-Inputs!$R$26)","v":-11594.537478970353},{"$f":"Inputs!$R$41*Inputs!$R$42/8760","v":0},0,488.73621912146871,3.0146312662847319E-3,2.5322902636791748E-3,{"$f":"-N895/(1.202*2465560*MAX(0,(Inputs!$R$49-Q895)))","v":0},{"$f":"params!$C$16*R895*(G895-Inputs!$R$26)","v":0},-85636.57221605863,{"$f":"E895*params!$C$8","v":0}]
["2002-02-07",2,7,"07:00:00",0,9,-3,-4,92,{"$f":"Inputs!$R$38*Inputs!$R$33*(G896-Inputs!$R$26)","v":-74042.034737088281},{"$f":"Inputs!$R$34*E896*Inputs!$R$39","v":0},{"$f":"params!$C$16*Inputs!$R$30*(G896-Inputs!$R$26)","v":-11594.537478970353},{"$f":"Inputs!$R$41*Inputs!$R$42/8760","v":0},0,488.73621912146871,3.0146312662847319E-3,2.7734607649819529E-3,{"$f":"-N896/(1.202*2465560*MAX(0,(Inputs!$R$49-Q896)))","v":0},{"$f":"params!$C$16*R896*(G896-Inputs!$R$26)","v":0},-85636.57221605863,{"$f":"E896*params!$C$8","v":0}]
["2002-02-07",2,7,"08:00:00",11,10,-2,-4,85,{"$f":"Inputs!$R$38*Inputs!$R$33*(G897-Inputs!$R$26)","v":-68346.493603466108},{"$f":"Inputs!$R$34*E897*Inputs!$R$39","v":6438.1869025167462},{"$f":"params!$C$16*Inputs!$R$30*(G897-Inputs!$R$26)","v":-10702.649980588018},{"$f":"Inputs!$R$41*Inputs!$R$42/8760","v":0},0,526.36516305985776,3.2479468065175691E-3,2.7607547855399341E-3,{"$f":"-N897/(1.202*2465560*MAX(0,(Inputs!$R$49-Q897)))","v":0},{"$f":"params!$C$16*R897*(G897-Inputs!$R$26)","v":0},-72610.956681537384,{"$f":"E897*params!$C$8","v":22.7865}]
["2002-02-07",2,7,"09:00:00",177,10,-2,-4,85,{"$f":"Inputs!$R$38*Inputs!$R$33*(G898-Inputs!$R$26)","v":-68346.493603466108},{"$f":"Inputs!$R$34*E898*Inputs!$R$39","v":103596.28015867855},{"$f":"params!$C$16*Inputs!$R$30*(G898-Inputs!$R$26)","v":-10702.649980588018},{"$f":"Inputs!$R$41*Inputs!$R$42/8760","v":0},0,526.36516305985776,3.2479468065175691E-3,2.7607547855399341E-3,{"$f":"-N898/(1.202*2465560*MAX(0,(Inputs!$R$49-Q898)))","v":0},{"$f":"params!$C$16*R898*(G898-Inputs!$R$26)","v":0},24547.136574624426,{"$f":"E898*params!$C$8","v":366.65549999999996}]
["2002-02-07",{"$f":"MONTH(A899)","v":2},{"$f":"DAY(A899)","v":7},"10:00:00",179,10,-1,-4,78,{"$f":"Inputs!$R$38*Inputs!$R$33*(G899-Inputs!$R$26)","v":-62650.952469843927},{"$f":"Inputs!$R$34*E899*Inputs!$R$39","v":104766.85959549977},{"$f":"params!$C$16*Inputs!$R$30*(G899-Inputs!$R$26)","v":-9810.7624822056823},{"$f":"Inputs!$R$41*Inputs!$R$42/8760","v":0},0,{"$f":"EXP(77.345+0.0057*(G899+273.15)-7235/(G899+273.15))/(G899+273.15)^8.2","v":566.54310372490409},{"$f":"0.62198*O899/(101325-O899)","v":3.4972595900071069E-3},{"$f":"P899*I899/100","v":2.7278624802055435E-3},{"$f":"-N899/(1.202*2465560*MAX(0,(Inputs!$R$49-Q899)))","v":0},{"$f":"params!$C$16*R899*(G899-Inputs!$R$26)","v":0},{"$f":"J899+K899+L899+M899+N899+S899","v":32305.144643450163},{"$f":"E899*params!$C$8","v":370.79849999999999}]
["2002-02-07",2,7,"11:00:00",450,3,1,-4,67,{"$f":"Inputs!$R$38*Inputs!$R$33*(G900-Inputs!$R$26)","v":-51259.870202599574},{"$f":"Inputs!$R$34*E900*Inputs!$R$39","v":263380.37328477594},{"$f":"params!$C$16*Inputs!$R$30*(G900-Inputs!$R$26)","v":-8026.9874854410136},{"$f":"Inputs!$R$41*Inputs!$R$42/8760","v":0},0,655.14373774848059,4.0477489204243187E-3,2.7119917766842932E-3,{"$f":"-N900/(1.202*2465560*MAX(0,(Inputs!$R$49-Q900)))","v":0},{"$f":"params!$C$16*R900*(G900-Inputs!$R$26)","v":0},204093.51559673538,{"$f":"E900*params!$C$8","v":932.17499999999995}]
["2002-02-07",2,7,"12:00:00",532,1,6,-5,43,{"$f":"Inputs!$R$38*Inputs!$R$33*(G901-Inputs!$R$26)","v":-22782.1645344887},{"$f":"Inputs!$R$34*E901*Inputs!$R$39","v":311374.13019444625},{"$f":"params!$C$16*Inputs!$R$30*(G901-Inputs!$R$26)","v":-3567.5499935293392},{"$f":"Inputs!$R$41*Inputs!$R$42/8760","v":0},0,932.4781503104233,5.7771510192606073E-3,2.484174938282061E-3,{"$f":"-N901/(1.202*2465560*MAX(0,(Inputs!$R$49-Q901)))","v":0},{"$f":"params!$C$16*R901*(G901-Inputs!$R$26)","v":0},285024.41566642822,{"$f":"E901*params!$C$8","v":1102.038}]
["2002-02-07",2,7,"13:00:00",552,0,8,-6,34,{"$f":"Inputs!$R$38*Inputs!$R$33*(G902-Inputs!$R$26)","v":-11391.08226724435},{"$f":"Inputs!$R$34*E902*Inputs!$R$39","v":323079.92456265853},{"$f":"params!$C$16*Inputs!$R$30*(G902-Inputs!$R$26)","v":-1783.7749967646696},{"$f":"Inputs!$R$41*Inputs!$R$42/8760","v":0},0,1069.6390010481693,6.6359949158119932E-3,2.2562382713760777E-3,{"$f":"-N902/(1.202*2465560*MAX(0,(Inputs!$R$49-Q902)))","v":0},{"$f":"params!$C$16*R902*(G902-Inputs!$R$26)","v":0},309905.06729864952,{"$f":"E902*params!$C$8","v":1143.4679999999998}]
["2002-02-07",2,7,"14:00:00",512,0,9,-7,29,{"$f":"Inputs!$R$38*Inputs!$R$33*(G903-Inputs!$R$26)","v":-5695.541133622175},{"$f":"Inputs!$R$34*E903*Inputs!$R$39","v":299668.33582623396},{"$f":"params!$C$16*Inputs!$R$30*(G903-Inputs!$R$26)","v":-891.8874983823348},{"$f":"Inputs!$R$41*Inputs!$R$42/8760","v":0},0,1144.6654335441779,7.1067740933079149E-3,2.0609644870592954E-3,{"$f":"-N903/(1.202*2465560*MAX(0,(Inputs!$R$49-Q903)))","v":0},{"$f":"params!$C$16*R903*(G903-Inputs!$R$26)","v":0},293080.90719422942,{"$f":"E903*params!$C$8","v":1060.6079999999999}]
["2002-02-07",2,7,"15:00:00",419,0,11,-8,24,{"$f":"Inputs!$R$38*Inputs!$R$33*(G904-Inputs!$R$26)","v":5695.541133622175},{"$f":"Inputs!$R$34*E904*Inputs!$R$39","v":245236.39201404693},{"$f":"params!$C$16*Inputs!$R$30*(G904-Inputs!$R$26)","v":891.8874983823348},{"$f":"Inputs!$R$41*Inputs!$R$42/8760","v":0},0,1308.7561751391206,8.138879592783612E-3,1.9533311022680668E-3,{"$f":"-N904/(1.202*2465560*MAX(0,(Inputs!$R$49-Q904)))","v":0},{"$f":"params!$C$16*R904*(G904-Inputs!$R$26)","v":0},251823.82064605143,{"$f":"E904*params!$C$8","v":867.95849999999996}]
["2002-02-07",2,7,"16:00:00",281,0,11,-9,22,{"$f":"Inputs!$R$38*Inputs!$R$33*(G905-Inputs!$R$26)","v":5695.541133622175},{"$f":"Inputs!$R$34*E905*Inputs!$R$39","v":164466.41087338232},{"$f":"params!$C$16*Inputs!$R$30*(G905-Inputs!$R$26)","v":891.8874983823348},{"$f":"Inputs!$R$41*Inputs!$R$42/8760","v":0},0,1308.7561751391206,8.138879592783612E-3,1.7905535104123945E-3,{"$f":"-N905/(1.202*2465560*MAX(0,(Inputs!$R$49-Q905)))","v":0},{"$f":"params!$C$16*R905*(G905-Inputs!$R$26)","v":0},171053.83950538683,{"$f":"E905*params!$C$8","v":582.0915}]
["2002-02-07",2,7,"17:00:00",119,0,9,-12,19,{"$f":"Inputs!$R$38*Inputs!$R$33*(G906-Inputs!$R$26)","v":-5695.541133622175},{"$f":"Inputs!$R$34*E906*Inputs!$R$39","v":69649.476490862973},{"$f":"params!$C$16*Inputs!$R$30*(G906-Inputs!$R$26)","v":-891.8874983823348},{"$f":"Inputs!$R$41*Inputs!$R$42/8760","v":0},0,1144.6654335441779,7.1067740933079149E-3,1.3502870777285039E-3,{"$f":"-N906/(1.202*2465560*MAX(0,(Inputs!$R$49-Q906)))","v":0},{"$f":"params!$C$16*R906*(G906-Inputs!$R$26)","v":0},63062.047858858466,{"$f":"E906*params!$C$8","v":246.5085}]
["2002-02-07",2,7,"18:00:00",0,0,7,-12,22,{"$f":"Inputs!$R$38*Inputs!$R$33*(G907-Inputs!$R$26)","v":-17086.623400866527},{"$f":"Inputs!$R$34*E907*Inputs!$R$39","v":0},{"$f":"params!$C$16*Inputs!$R$30*(G907-Inputs!$R$26)","v":-2675.6624951470044},{"$f":"Inputs!$R$41*Inputs!$R$42/8760","v":0},0,998.98316002102877,6.193284308903993E-3,1.3625225479588785E-3,{"$f":"-N907/(1.202*2465560*MAX(0,(Inputs!$R$49-Q907)))","v":0},{"$f":"params!$C$16*R907*(G907-Inputs!$R$26)","v":0},-19762.285896013531,{"$f":"E907*params!$C$8","v":0}]
["2002-02-07",2,7,"19:00:00",0,0,5,-10,30,{"$f":"Inputs!$R$38*Inputs!$R$33*(G908-Inputs!$R$26)","v":-28477.705668110873},{"$f":"Inputs!$R$34*E908*Inputs!$R$39","v":0},{"$f":"params!$C$16*Inputs!$R$30*(G908-Inputs!$R$26)","v":-4459.4374919116744},{"$f":"Inputs!$R$41*Inputs!$R$42/8760","v":0},0,869.91328556198641,5.3861748872103517E-3,1.6158524661631054E-3,{"$f":"-N908/(1.202*2465560*MAX(0,(Inputs!$R$49-Q908)))","v":0},{"$f":"params!$C$16*R908*(G908-Inputs!$R$26)","v":0},-32937.143160022548,{"$f":"E908*params!$C$8","v":0}]
["2002-02-07",2,7,"20:00:00",0,0,4,-6,45,{"$f":"Inputs!$R$38*Inputs!$R$33*(G909-Inputs!$R$26)","v":-34173.246801733054},{"$f":"Inputs!$R$34*E909*Inputs!$R$39","v":0},{"$f":"params!$C$16*Inputs!$R$30*(G909-Inputs!$R$26)","v":-5351.3249902940088},{"$f":"Inputs!$R$41*Inputs!$R$42/8760","v":0},0,811.08667612094962,5.0190035800134264E-3,2.2585516110060419E-3,{"$f":"-N909/(1.202*2465560*MAX(0,(Inputs!$R$49-Q909)))","v":0},{"$f":"params!$C$16*R909*(G909-Inputs!$R$26)","v":0},-39524.571792027062,{"$f":"E909*params!$C$8","v":0}]
["2002-02-07",2,7,"21:00:00",0,0,2,-4,62,{"$f":"Inputs!$R$38*Inputs!$R$33*(G910-Inputs!$R$26)","v":-45564.3290689774},{"$f":"Inputs!$R$34*E910*Inputs!$R$39","v":0},{"$f":"params!$C$16*Inputs!$R$30*(G910-Inputs!$R$26)","v":-7135.0999870586784},{"$f":"Inputs!$R$41*Inputs!$R$42/8760","v":0},0,703.88301618186097,4.3509868656616182E-3,2.6976118567102031E-3,{"$f":"-N910/(1.202*2465560*MAX(0,(Inputs!$R$49-Q910)))","v":0},{"$f":"params!$C$16*R910*(G910-Inputs!$R$26)","v":0},-52699.429056036082,{"$f":"E910*params!$C$8","v":0}]
["2002-02-07",2,7,"22:00:00",0,10,2,-4,62,{"$f":"Inputs!$R$38*Inputs!$R$33*(G911-Inputs!$R$26)","v":-45564.3290689774},{"$f":"Inputs!$R$34*E911*Inputs!$R$39","v":0},{"$f":"params!$C$16*Inputs!$R$30*(G911-Inputs!$R$26)","v":-7135.0999870586784},{"$f":"Inputs!$R$41*Inputs!$R$42/8760","v":0},0,703.88301618186097,4.3509868656616182E-3,2.6976118567102031E-3,{"$f":"-N911/(1.202*2465560*MAX(0,(Inputs!$R$49-Q911)))","v":0},{"$f":"params!$C$16*R911*(G911-Inputs!$R$26)","v":0},-52699.429056036082,{"$f":"E911*params!$C$8","v":0}]
["2002-02-07",2,7,"23:00:00",0,10,2,-4,62,{"$f":"Inputs!$R$38*Inputs!$R$33*(G912-Inputs!$R$26)","v":-45564.3290689774},{"$f":"Inputs!$R$34*E912*Inputs!$R$39","v":0},{"$f":"params!$C$16*Inputs!$R$30*(G912-Inputs!$R$26)","v":-7135.0999870586784},{"$f":"Inputs!$R$41*Inputs!$R$42/8760","v":0},0,703.88301618186097,4.3509868656616182E-3,2.6976118567102031E-3,{"$f":"-N912/(1.202*2465560*MAX(0,(Inputs!$R$49-Q912)))","v":0},{"$f":"params!$C$16*R912*(G912-Inputs!$R$26)","v":0},-52699.429056036082,{"$f":"E912*params!$C$8","v":0}]
["2002-02-07",2,7,1,0,10,2,-3,67,{"$f":"Inputs!$R$38*Inputs!$R$33*(G913-Inputs!$R$26)","v":-45564.3290689774},{"$f":"Inputs!$R$34*E913*Inputs!$R$39","v":0},{"$f":"params!$C$16*Inputs!$R$30*(G913-Inputs!$R$26)","v":-7135.0999870586784},{"$f":"Inputs!$R$41*Inputs!$R$42/8760","v":0},0,703.88301618186097,4.3509868656616182E-3,2.915161199993284E-3,{"$f":"-N913/(1.202*2465560*MAX(0,(Inputs!$R$49-Q913)))","v":0},{"$f":"params!$C$16*R913*(G913-Inputs!$R$26)","v":0},-52699.429056036082,{"$f":"E913*params!$C$8","v":0}]
["2002-02-08",2,8,"01:00:00",0,10,2,-4,62,{"$f":"Inputs!$R$38*Inputs!$R$33*(G914-Inputs!$R$26)","v":-45564.3290689774},{"$f":"Inputs!$R$34*E914*Inputs!$R$39","v":0},{"$f":"params!$C$16*Inputs!$R$30*(G914-Inputs!$R$26)","v":-7135.0999870586784},{"$f":"Inputs!$R$41*Inputs!$R$42/8760","v":0},0,703.88301618186097,4.3509868656616182E-3,2.6976118567102031E-3,{"$f":"-N914/(1.202*2465560*MAX(0,(Inputs!$R$49-Q914)))","v":0},{"$f":"params!$C$16*R914*(G914-Inputs!$R$26)","v":0},-52699.429056036082,{"$f":"E914*params!$C$8","v":0}]
["2002-02-08",2,8,"02:00:00",0,10,2,-4,62,{"$f":"Inputs!$R$38*Inputs!$R$33*(G915-Inputs!$R$26)","v":-45564.3290689774},{"$f":"Inputs!$R$34*E915*Inputs!$R$39","v":0},{"$f":"params!$C$16*Inputs!$R$30*(G915-Inputs!$R$26)","v":-7135.0999870586784},{"$f":"Inputs!$R$41*Inputs!$R$42/8760","v":0},0,703.88301618186097,4.3509868656616182E-3,2.6976118567102031E-3,{"$f":"-N915/(1.202*2465560*MAX(0,(Inputs!$R$49-Q915)))","v":0},{"$f":"params!$C$16*R915*(G915-Inputs!$R$26)","v":0},-52699.429056036082,{"$f":"E915*params!$C$8","v":0}]
["2002-02-08",2,8,"03:00:00",0,10,2,-4,62,{"$f":"Inputs!$R$38*Inputs!$R$33*(G916-Inputs!$R$26)","v":-45564.3290689774},{"$f":"Inputs!$R$34*E916*Inputs!$R$39","v":0},{"$f":"params!$C$16*Inputs!$R$30*(G916-Inputs!$R$26)","v":-7135.0999870586784},{"$f":"Inputs!$R$41*Inputs!$R$42/8760","v":0},0,703.88301618186097,4.3509868656616182E-3,2.6976118567102031E-3,{"$f":"-N916/(1.202*2465560*MAX(0,(Inputs!$R$49-Q916)))","v":0},{"$f":"params!$C$16*R916*(G916-Inputs!$R$26)","v":0},-52699.429056036082,{"$f":"E916*params!$C$8","v":0}]
["2002-02-08",2,8,"04:00:00",0,10,2,-5,57,{"$f":"Inputs!$R$38*Inputs!$R$33*(G917-Inputs!$R$26)","v":-45564.3290689774},{"$f":"Inputs!$R$34*E917*Inputs!$R$39","v":0},{"$f":"params!$C$16*Inputs!$R$30*(G917-Inputs!$R$26)","v":-7135.0999870586784},{"$f":"Inputs!$R$41*Inputs!$R$42/8760","v":0},0,703.88301618186097,4.3509868656616182E-3,2.4800625134271223E-3,{"$f":"-N917/(1.202*2465560*MAX(0,(Inputs!$R$49-Q917)))","v":0},{"$f":"params!$C$16*R917*(G917-Inputs!$R$26)","v":0},-52699.429056036082,{"$f":"E917*params!$C$8","v":0}]
["2002-02-08",2,8,"05:00:00",0,10,2,-5,57,{"$f":"Inputs!$R$38*Inputs!$R$33*(G918-Inputs!$R$26)","v":-45564.3290689774},{"$f":"Inputs!$R$34*E918*Inputs!$R$39","v":0},{"$f":"params!$C$16*Inputs!$R$30*(G918-Inputs!$R$26)","v":-7135.0999870586784},{"$f":"Inputs!$R$41*Inputs!$R$42/8760","v":0},0,703.88301618186097,4.3509868656616182E-3,2.4800625134271223E-3,{"$f":"-N918/(1.202*2465560*MAX(0,(Inputs!$R$49-Q918)))","v":0},{"$f":"params!$C$16*R918*(G918-Inputs!$R$26)","v":0},-52699.429056036082,{"$f":"E918*params!$C$8","v":0}]
["2002-02-08",2,8,"06:00:00",0,3,1,-5,61,{"$f":"Inputs!$R$38*Inputs!$R$33*(G919-Inputs!$R$26)","v":-51259.870202599574},{"$f":"Inputs!$R$34*E919*Inputs!$R$39","v":0},{"$f":"params!$C$16*Inputs!$R$30*(G919-Inputs!$R$26)","v":-8026.9874854410136},{"$f":"Inputs!$R$41*Inputs!$R$42/8760","v":0},0,655.14373774848059,4.0477489204243187E-3,2.4691268414588343E-3,{"$f":"-N919/(1.202*2465560*MAX(0,(Inputs!$R$49-Q919)))","v":0},{"$f":"params!$C$16*R919*(G919-Inputs!$R$26)","v":0},-59286.857688040589,{"$f":"E919*params!$C$8","v":0}]
["2002-02-08",2,8,"07:00:00",0,5,-1,-5,71,{"$f":"Inputs!$R$38*Inputs!$R$33*(G920-Inputs!$R$26)","v":-62650.952469843927},{"$f":"Inputs!$R$34*E920*Inputs!$R$39","v":0},{"$f":"params!$C$16*Inputs!$R$30*(G920-Inputs!$R$26)","v":-9810.7624822056823},{"$f":"Inputs!$R$41*Inputs!$R$42/8760","v":0},0,566.54310372490409,3.4972595900071069E-3,2.4830543089050458E-3,{"$f":"-N920/(1.202*2465560*MAX(0,(Inputs!$R$49-Q920)))","v":0},{"$f":"params!$C$16*R920*(G920-Inputs!$R$26)","v":0},-72461.714952049602,{"$f":"E920*params!$C$8","v":0}]
["2002-02-08",2,8,"08:00:00",0,3,-1,-5,71,{"$f":"Inputs!$R$38*Inputs!$R$33*(G921-Inputs!$R$26)","v":-62650.952469843927},{"$f":"Inputs!$R$34*E921*Inputs!$R$39","v":0},{"$f":"params!$C$16*Inputs!$R$30*(G921-Inputs!$R$26)","v":-9810.7624822056823},{"$f":"Inputs!$R$41*Inputs!$R$42/8760","v":0},0,566.54310372490409,3.4972595900071069E-3,2.4830543089050458E-3,{"$f":"-N921/(1.202*2465560*MAX(0,(Inputs!$R$49-Q921)))","v":0},{"$f":"params!$C$16*R921*(G921-Inputs!$R$26)","v":0},-72461.714952049602,{"$f":"E921*params!$C$8","v":0}]
["2002-02-08",2,8,"09:00:00",184,0,2,-4,62,{"$f":"Inputs!$R$38*Inputs!$R$33*(G922-Inputs!$R$26)","v":-45564.3290689774},{"$f":"Inputs!$R$34*E922*Inputs!$R$39","v":107693.30818755284},{"$f":"params!$C$16*Inputs!$R$30*(G922-Inputs!$R$26)","v":-7135.0999870586784},{"$f":"Inputs!$R$41*Inputs!$R$42/8760","v":0},0,703.88301618186097,4.3509868656616182E-3,2.6976118567102031E-3,{"$f":"-N922/(1.202*2465560*MAX(0,(Inputs!$R$49-Q922)))","v":0},{"$f":"params!$C$16*R922*(G922-Inputs!$R$26)","v":0},54993.879131516762,{"$f":"E922*params!$C$8","v":381.15600000000001}]
["2002-02-08",2,8,"10:00:00",337,0,3,-4,58,{"$f":"Inputs!$R$38*Inputs!$R$33*(G923-Inputs!$R$26)","v":-39868.787935355227},{"$f":"Inputs!$R$34*E923*Inputs!$R$39","v":197242.63510437668},{"$f":"params!$C$16*Inputs!$R$30*(G923-Inputs!$R$26)","v":-6243.2124886763431},{"$f":"Inputs!$R$41*Inputs!$R$42/8760","v":0},0,755.80495631325812,4.6743495015895585E-3,2.711122710921944E-3,{"$f":"-N923/(1.202*2465560*MAX(0,(Inputs!$R$49-Q923)))","v":0},{"$f":"params!$C$16*R923*(G923-Inputs!$R$26)","v":0},151130.6346803451,{"$f":"E923*params!$C$8","v":698.09550000000002}]
["2002-02-08",2,8,"11:00:00",456,0,4,-4,54,{"$f":"Inputs!$R$38*Inputs!$R$33*(G924-Inputs!$R$26)","v":-34173.246801733054},{"$f":"Inputs!$R$34*E924*Inputs!$R$39","v":266892.11159523961},{"$f":"params!$C$16*Inputs!$R$30*(G924-Inputs!$R$26)","v":-5351.3249902940088},{"$f":"Inputs!$R$41*Inputs!$R$42/8760","v":0},0,811.08667612094962,5.0190035800134264E-3,2.7102619332072505E-3,{"$f":"-N924/(1.202*2465560*MAX(0,(Inputs!$R$49-Q924)))","v":0},{"$f":"params!$C$16*R924*(G924-Inputs!$R$26)","v":0},227367.53980321257,{"$f":"E924*params!$C$8","v":944.60399999999993}]
["2002-02-08",2,8,"12:00:00",538,0,6,-4,47,{"$f":"Inputs!$R$38*Inputs!$R$33*(G925-Inputs!$R$26)","v":-22782.1645344887},{"$f":"Inputs!$R$34*E925*Inputs!$R$39","v":314885.86850490991},{"$f":"params!$C$16*Inputs!$R$30*(G925-Inputs!$R$26)","v":-3567.5499935293392},{"$f":"Inputs!$R$41*Inputs!$R$42/8760","v":0},0,932.4781503104233,5.7771510192606073E-3,2.7152609790524855E-3,{"$f":"-N925/(1.202*2465560*MAX(0,(Inputs!$R$49-Q925)))","v":0},{"$f":"params!$C$16*R925*(G925-Inputs!$R$26)","v":0},288536.15397689189,{"$f":"E925*params!$C$8","v":1114.4669999999999}]
["2002-02-08",2,8,"13:00:00",558,0,8,-6,34,{"$f":"Inputs!$R$38*Inputs!$R$33*(G926-Inputs!$R$26)","v":-11391.08226724435},{"$f":"Inputs!$R$34*E926*Inputs!$R$39","v":326591.6628731222},{"$f":"params!$C$16*Inputs!$R$30*(G926-Inputs!$R$26)","v":-1783.7749967646696},{"$f":"Inputs!$R$41*Inputs!$R$42/8760","v":0},0,1069.6390010481693,6.6359949158119932E-3,2.2562382713760777E-3,{"$f":"-N926/(1.202*2465560*MAX(0,(Inputs!$R$49-Q926)))","v":0},{"$f":"params!$C$16*R926*(G926-Inputs!$R$26)","v":0},313416.80560911319,{"$f":"E926*params!$C$8","v":1155.8969999999999}]
["2002-02-08",2,8,"14:00:00",518,0,11,-6,28,{"$f":"Inputs!$R$38*Inputs!$R$33*(G927-Inputs!$R$26)","v":5695.541133622175},{"$f":"Inputs!$R$34*E927*Inputs!$R$39","v":303180.07413669763},{"$f":"params!$C$16*Inputs!$R$30*(G927-Inputs!$R$26)","v":891.8874983823348},{"$f":"Inputs!$R$41*Inputs!$R$42/8760","v":0},0,1308.7561751391206,8.138879592783612E-3,2.2788862859794111E-3,{"$f":"-N927/(1.202*2465560*MAX(0,(Inputs!$R$49-Q927)))","v":0},{"$f":"params!$C$16*R927*(G927-Inputs!$R$26)","v":0},309767.50276870216,{"$f":"E927*params!$C$8","v":1073.037}]
["2002-02-08",2,8,"15:00:00",425,0,11,-8,24,{"$f":"Inputs!$R$38*Inputs!$R$33*(G928-Inputs!$R$26)","v":5695.541133622175},{"$f":"Inputs!$R$34*E928*Inputs!$R$39","v":248748.13032451065},{"$f":"params!$C$16*Inputs!$R$30*(G928-Inputs!$R$26)","v":891.8874983823348},{"$f":"Inputs!$R$41*Inputs!$R$42/8760","v":0},0,1308.7561751391206,8.138879592783612E-3,1.9533311022680668E-3,{"$f":"-N928/(1.202*2465560*MAX(0,(Inputs!$R$49-Q928)))","v":0},{"$f":"params!$C$16*R928*(G928-Inputs!$R$26)","v":0},255335.55895651516,{"$f":"E928*params!$C$8","v":880.38749999999993}]
["2002-02-08",2,8,"16:00:00",287,0,11,-8,24,{"$f":"Inputs!$R$38*Inputs!$R$33*(G929-Inputs!$R$26)","v":5695.541133622175},{"$f":"Inputs!$R$34*E929*Inputs!$R$39","v":167978.14918384602},{"$f":"params!$C$16*Inputs!$R$30*(G929-Inputs!$R$26)","v":891.8874983823348},{"$f":"Inputs!$R$41*Inputs!$R$42/8760","v":0},0,1308.7561751391206,8.138879592783612E-3,1.9533311022680668E-3,{"$f":"-N929/(1.202*2465560*MAX(0,(Inputs!$R$49-Q929)))","v":0},{"$f":"params!$C$16*R929*(G929-Inputs!$R$26)","v":0},174565.57781585053,{"$f":"E929*params!$C$8","v":594.52049999999997}]
["2002-02-08",2,8,"17:00:00",120,0,10,-7,28,{"$f":"Inputs!$R$38*Inputs!$R$33*(G930-Inputs!$R$26)","v":0},{"$f":"Inputs!$R$34*E930*Inputs!$R$39","v":70234.766209273585},{"$f":"params!$C$16*Inputs!$R$30*(G930-Inputs!$R$26)","v":0},{"$f":"Inputs!$R$41*Inputs!$R$42/8760","v":0},0,1224.2915728566036,7.6071876458255446E-3,2.1300125408311526E-3,{"$f":"-N930/(1.202*2465560*MAX(0,(Inputs!$R$49-Q930)))","v":0},{"$f":"params!$C$16*R930*(G930-Inputs!$R$26)","v":0},70234.766209273585,{"$f":"E930*params!$C$8","v":248.57999999999998}]
["2002-02-08",2,8,"18:00:00",0,0,8,-5,37,{"$f":"Inputs!$R$38*Inputs!$R$33*(G931-Inputs!$R$26)","v":-11391.08226724435},{"$f":"Inputs!$R$34*E931*Inputs!$R$39","v":0},{"$f":"params!$C$16*Inputs!$R$30*(G931-Inputs!$R$26)","v":-1783.7749967646696},{"$f":"Inputs!$R$41*Inputs!$R$42/8760","v":0},0,1069.6390010481693,6.6359949158119932E-3,2.4553181188504375E-3,{"$f":"-N931/(1.202*2465560*MAX(0,(Inputs!$R$49-Q931)))","v":0},{"$f":"params!$C$16*R931*(G931-Inputs!$R$26)","v":0},-13174.857264009021,{"$f":"E931*params!$C$8","v":0}]
["2002-02-08",2,8,"19:00:00",0,0,5,-4,50,{"$f":"Inputs!$R$38*Inputs!$R$33*(G932-Inputs!$R$26)","v":-28477.705668110873},{"$f":"Inputs!$R$34*E932*Inputs!$R$39","v":0},{"$f":"params!$C$16*Inputs!$R$30*(G932-Inputs!$R$26)","v":-4459.4374919116744},{"$f":"Inputs!$R$41*Inputs!$R$42/8760","v":0},0,869.91328556198641,5.3861748872103517E-3,2.6930874436051759E-3,{"$f":"-N932/(1.202*2465560*MAX(0,(Inputs!$R$49-Q932)))","v":0},{"$f":"params!$C$16*R932*(G932-Inputs!$R$26)","v":0},-32937.143160022548,{"$f":"E932*params!$C$8","v":0}]
["2002-02-08",2,8,"20:00:00",0,0,3,-2,68,{"$f":"Inputs!$R$38*Inputs!$R$33*(G933-Inputs!$R$26)","v":-39868.787935355227},{"$f":"Inputs!$R$34*E933*Inputs!$R$39","v":0},{"$f":"params!$C$16*Inputs!$R$30*(G933-Inputs!$R$26)","v":-6243.2124886763431},{"$f":"Inputs!$R$41*Inputs!$R$42/8760","v":0},0,755.80495631325812,4.6743495015895585E-3,3.1785576610808995E-3,{"$f":"-N933/(1.202*2465560*MAX(0,(Inputs!$R$49-Q933)))","v":0},{"$f":"params!$C$16*R933*(G933-Inputs!$R$26)","v":0},-46112.000424031568,{"$f":"E933*params!$C$8","v":0}]
["2002-02-08",2,8,"21:00:00",0,10,3,-2,68,{"$f":"Inputs!$R$38*Inputs!$R$33*(G934-Inputs!$R$26)","v":-39868.787935355227},{"$f":"Inputs!$R$34*E934*Inputs!$R$39","v":0},{"$f":"params!$C$16*Inputs!$R$30*(G934-Inputs!$R$26)","v":-6243.2124886763431},{"$f":"Inputs!$R$41*Inputs!$R$42/8760","v":0},0,755.80495631325812,4.6743495015895585E-3,3.1785576610808995E-3,{"$f":"-N934/(1.202*2465560*MAX(0,(Inputs!$R$49-Q934)))","v":0},{"$f":"params!$C$16*R934*(G934-Inputs!$R$26)","v":0},-46112.000424031568,{"$f":"E934*params!$C$8","v":0}]
["2002-02-08",2,8,"22:00:00",0,10,3,-3,63,{"$f":"Inputs!$R$38*Inputs!$R$33*(G935-Inputs!$R$26)","v":-39868.787935355227},{"$f":"Inputs!$R$34*E935*Inputs!$R$39","v":0},{"$f":"params!$C$16*Inputs!$R$30*(G935-Inputs!$R$26)","v":-6243.2124886763431},{"$f":"Inputs!$R$41*Inputs!$R$42/8760","v":0},0,755.80495631325812,4.6743495015895585E-3,2.9448401860014215E-3,{"$f":"-N935/(1.202*2465560*MAX(0,(Inputs!$R$49-Q935)))","v":0},{"$f":"params!$C$16*R935*(G935-Inputs!$R$26)","v":0},-46112.000424031568,{"$f":"E935*params!$C$8","v":0}]
["2002-02-08",2,8,"23:00:00",0,10,2,-3,67,{"$f":"Inputs!$R$38*Inputs!$R$33*(G936-Inputs!$R$26)","v":-45564.3290689774},{"$f":"Inputs!$R$34*E936*Inputs!$R$39","v":0},{"$f":"params!$C$16*Inputs!$R$30*(G936-Inputs!$R$26)","v":-7135.0999870586784},{"$f":"Inputs!$R$41*Inputs!$R$42/8760","v":0},0,703.88301618186097,4.3509868656616182E-3,2.915161199993284E-3,{"$f":"-N936/(1.202*2465560*MAX(0,(Inputs!$R$49-Q936)))","v":0},{"$f":"params!$C$16*R936*(G936-Inputs!$R$26)","v":0},-52699.429056036082,{"$f":"E936*params!$C$8","v":0}]
["2002-02-08",2,8,1,0,10,3,-3,63,{"$f":"Inputs!$R$38*Inputs!$R$33*(G937-Inputs!$R$26)","v":-39868.787935355227},{"$f":"Inputs!$R$34*E937*Inputs!$R$39","v":0},{"$f":"params!$C$16*Inputs!$R$30*(G937-Inputs!$R$26)","v":-6243.2124886763431},{"$f":"Inputs!$R$41*Inputs!$R$42/8760","v":0},0,755.80495631325812,4.6743495015895585E-3,2.9448401860014215E-3,{"$f":"-N937/(1.202*2465560*MAX(0,(Inputs!$R$49-Q937)))","v":0},{"$f":"params!$C$16*R937*(G937-Inputs!$R$26)","v":0},-46112.000424031568,{"$f":"E937*params!$C$8","v":0}]
["2002-02-09",2,9,"01:00:00",0,10,2,-3,67,{"$f":"Inputs!$R$38*Inputs!$R$33*(G938-Inputs!$R$26)","v":-45564.3290689774},{"$f":"Inputs!$R$34*E938*Inputs!$R$39","v":0},{"$f":"params!$C$16*Inputs!$R$30*(G938-Inputs!$R$26)","v":-7135.0999870586784},{"$f":"Inputs!$R$41*Inputs!$R$42/8760","v":0},0,703.88301618186097,4.3509868656616182E-3,2.915161199993284E-3,{"$f":"-N938/(1.202*2465560*MAX(0,(Inputs!$R$49-Q938)))","v":0},{"$f":"params!$C$16*R938*(G938-Inputs!$R$26)","v":0},-52699.429056036082,{"$f":"E938*params!$C$8","v":0}]
["2002-02-09",2,9,"02:00:00",0,10,2,-2,73,{"$f":"Inputs!$R$38*Inputs!$R$33*(G939-Inputs!$R$26)","v":-45564.3290689774},{"$f":"Inputs!$R$34*E939*Inputs!$R$39","v":0},{"$f":"params!$C$16*Inputs!$R$30*(G939-Inputs!$R$26)","v":-7135.0999870586784},{"$f":"Inputs!$R$41*Inputs!$R$42/8760","v":0},0,703.88301618186097,4.3509868656616182E-3,3.1762204119329812E-3,{"$f":"-N939/(1.202*2465560*MAX(0,(Inputs!$R$49-Q939)))","v":0},{"$f":"params!$C$16*R939*(G939-Inputs!$R$26)","v":0},-52699.429056036082,{"$f":"E939*params!$C$8","v":0}]
["2002-02-09",2,9,"03:00:00",0,10,1,-1,86,{"$f":"Inputs!$R$38*Inputs!$R$33*(G940-Inputs!$R$26)","v":-51259.870202599574},{"$f":"Inputs!$R$34*E940*Inputs!$R$39","v":0},{"$f":"params!$C$16*Inputs!$R$30*(G940-Inputs!$R$26)","v":-8026.9874854410136},{"$f":"Inputs!$R$41*Inputs!$R$42/8760","v":0},0,655.14373774848059,4.0477489204243187E-3,3.481064071564914E-3,{"$f":"-N940/(1.202*2465560*MAX(0,(Inputs!$R$49-Q940)))","v":0},{"$f":"params!$C$16*R940*(G940-Inputs!$R$26)","v":0},-59286.857688040589,{"$f":"E940*params!$C$8","v":0}]
["2002-02-09",2,9,"04:00:00",0,10,0,-3,78,{"$f":"Inputs!$R$38*Inputs!$R$33*(G941-Inputs!$R$26)","v":-56955.411336221747},{"$f":"Inputs!$R$34*E941*Inputs!$R$39","v":0},{"$f":"params!$C$16*Inputs!$R$30*(G941-Inputs!$R$26)","v":-8918.8749838233489},{"$f":"Inputs!$R$41*Inputs!$R$42/8760","v":0},0,609.41773586642103,3.7635253138895938E-3,2.9355497448338829E-3,{"$f":"-N941/(1.202*2465560*MAX(0,(Inputs!$R$49-Q941)))","v":0},{"$f":"params!$C$16*R941*(G941-Inputs!$R$26)","v":0},-65874.286320045096,{"$f":"E941*params!$C$8","v":0}]
["2002-02-09",2,9,"05:00:00",0,10,-1,-3,85,{"$f":"Inputs!$R$38*Inputs!$R$33*(G942-Inputs!$R$26)","v":-62650.952469843927},{"$f":"Inputs!$R$34*E942*Inputs!$R$39","v":0},{"$f":"params!$C$16*Inputs!$R$30*(G942-Inputs!$R$26)","v":-9810.7624822056823},{"$f":"Inputs!$R$41*Inputs!$R$42/8760","v":0},0,566.54310372490409,3.4972595900071069E-3,2.9726706515060407E-3,{"$f":"-N942/(1.202*2465560*MAX(0,(Inputs!$R$49-Q942)))","v":0},{"$f":"params!$C$16*R942*(G942-Inputs!$R$26)","v":0},-72461.714952049602,{"$f":"E942*params!$C$8","v":0}]
["2002-02-09",2,9,"06:00:00",0,10,-1,-4,78,{"$f":"Inputs!$R$38*Inputs!$R$33*(G943-Inputs!$R$26)","v":-62650.952469843927},{"$f":"Inputs!$R$34*E943*Inputs!$R$39","v":0},{"$f":"params!$C$16*Inputs!$R$30*(G943-Inputs!$R$26)","v":-9810.7624822056823},{"$f":"Inputs!$R$41*Inputs!$R$42/8760","v":0},0,566.54310372490409,3.4972595900071069E-3,2.7278624802055435E-3,{"$f":"-N943/(1.202*2465560*MAX(0,(Inputs!$R$49-Q943)))","v":0},{"$f":"params!$C$16*R943*(G943-Inputs!$R$26)","v":0},-72461.714952049602,{"$f":"E943*params!$C$8","v":0}]
["2002-02-09",2,9,"07:00:00",0,10,-1,-4,78,{"$f":"Inputs!$R$38*Inputs!$R$33*(G944-Inputs!$R$26)","v":-62650.952469843927},{"$f":"Inputs!$R$34*E944*Inputs!$R$39","v":0},{"$f":"params!$C$16*Inputs!$R$30*(G944-Inputs!$R$26)","v":-9810.7624822056823},{"$f":"Inputs!$R$41*Inputs!$R$42/8760","v":0},0,566.54310372490409,3.4972595900071069E-3,2.7278624802055435E-3,{"$f":"-N944/(1.202*2465560*MAX(0,(Inputs!$R$49-Q944)))","v":0},{"$f":"params!$C$16*R944*(G944-Inputs!$R$26)","v":0},-72461.714952049602,{"$f":"E944*params!$C$8","v":0}]
["2002-02-09",2,9,"08:00:00",0,4,-2,-4,85,{"$f":"Inputs!$R$38*Inputs!$R$33*(G945-Inputs!$R$26)","v":-68346.493603466108},{"$f":"Inputs!$R$34*E945*Inputs!$R$39","v":0},{"$f":"params!$C$16*Inputs!$R$30*(G945-Inputs!$R$26)","v":-10702.649980588018},{"$f":"Inputs!$R$41*Inputs!$R$42/8760","v":0},0,526.36516305985776,3.2479468065175691E-3,2.7607547855399341E-3,{"$f":"-N945/(1.202*2465560*MAX(0,(Inputs!$R$49-Q945)))","v":0},{"$f":"params!$C$16*R945*(G945-Inputs!$R$26)","v":0},-79049.143584054123,{"$f":"E945*params!$C$8","v":0}]
["2002-02-09",2,9,"09:00:00",191,4,-1,-4,78,{"$f":"Inputs!$R$38*Inputs!$R$33*(G946-Inputs!$R$26)","v":-62650.952469843927},{"$f":"Inputs!$R$34*E946*Inputs!$R$39","v":111790.33621642712},{"$f":"params!$C$16*Inputs!$R$30*(G946-Inputs!$R$26)","v":-9810.7624822056823},{"$f":"Inputs!$R$41*Inputs!$R$42/8760","v":0},0,566.54310372490409,3.4972595900071069E-3,2.7278624802055435E-3,{"$f":"-N946/(1.202*2465560*MAX(0,(Inputs!$R$49-Q946)))","v":0},{"$f":"params!$C$16*R946*(G946-Inputs!$R$26)","v":0},39328.621264377514,{"$f":"E946*params!$C$8","v":395.65649999999999}]
["2002-02-09",2,9,"10:00:00",302,3,1,-4,67,{"$f":"Inputs!$R$38*Inputs!$R$33*(G947-Inputs!$R$26)","v":-51259.870202599574},{"$f":"Inputs!$R$34*E947*Inputs!$R$39","v":176757.49496000519},{"$f":"params!$C$16*Inputs!$R$30*(G947-Inputs!$R$26)","v":-8026.9874854410136},{"$f":"Inputs!$R$41*Inputs!$R$42/8760","v":0},0,655.14373774848059,4.0477489204243187E-3,2.7119917766842932E-3,{"$f":"-N947/(1.202*2465560*MAX(0,(Inputs!$R$49-Q947)))","v":0},{"$f":"params!$C$16*R947*(G947-Inputs!$R$26)","v":0},117470.6372719646,{"$f":"E947*params!$C$8","v":625.59299999999996}]
["2002-02-09",2,9,"11:00:00",463,3,2,-4,62,{"$f":"Inputs!$R$38*Inputs!$R$33*(G948-Inputs!$R$26)","v":-45564.3290689774},{"$f":"Inputs!$R$34*E948*Inputs!$R$39","v":270989.13962411397},{"$f":"params!$C$16*Inputs!$R$30*(G948-Inputs!$R$26)","v":-7135.0999870586784},{"$f":"Inputs!$R$41*Inputs!$R$42/8760","v":0},0,703.88301618186097,4.3509868656616182E-3,2.6976118567102031E-3,{"$f":"-N948/(1.202*2465560*MAX(0,(Inputs!$R$49-Q948)))","v":0},{"$f":"params!$C$16*R948*(G948-Inputs!$R$26)","v":0},218289.71056807792,{"$f":"E948*params!$C$8","v":959.10449999999992}]
["2002-02-09",2,9,"12:00:00",544,2,4,-4,54,{"$f":"Inputs!$R$38*Inputs!$R$33*(G949-Inputs!$R$26)","v":-34173.246801733054},{"$f":"Inputs!$R$34*E949*Inputs!$R$39","v":318397.60681537358},{"$f":"params!$C$16*Inputs!$R$30*(G949-Inputs!$R$26)","v":-5351.3249902940088},{"$f":"Inputs!$R$41*Inputs!$R$42/8760","v":0},0,811.08667612094962,5.0190035800134264E-3,2.7102619332072505E-3,{"$f":"-N949/(1.202*2465560*MAX(0,(Inputs!$R$49-Q949)))","v":0},{"$f":"params!$C$16*R949*(G949-Inputs!$R$26)","v":0},278873.03502334654,{"$f":"E949*params!$C$8","v":1126.896}]
["2002-02-09",2,9,"13:00:00",564,5,5,-4,50,{"$f":"Inputs!$R$38*Inputs!$R$33*(G950-Inputs!$R$26)","v":-28477.705668110873},{"$f":"Inputs!$R$34*E950*Inputs!$R$39","v":330103.40118358587},{"$f":"params!$C$16*Inputs!$R$30*(G950-Inputs!$R$26)","v":-4459.4374919116744},{"$f":"Inputs!$R$41*Inputs!$R$42/8760","v":0},0,869.91328556198641,5.3861748872103517E-3,2.6930874436051759E-3,{"$f":"-N950/(1.202*2465560*MAX(0,(Inputs!$R$49-Q950)))","v":0},{"$f":"params!$C$16*R950*(G950-Inputs!$R$26)","v":0},297166.25802356331,{"$f":"E950*params!$C$8","v":1168.326}]
["2002-02-09",2,9,"14:00:00",524,3,7,-4,44,{"$f":"Inputs!$R$38*Inputs!$R$33*(G951-Inputs!$R$26)","v":-17086.623400866527},{"$f":"Inputs!$R$34*E951*Inputs!$R$39","v":306691.81244716136},{"$f":"params!$C$16*Inputs!$R$30*(G951-Inputs!$R$26)","v":-2675.6624951470044},{"$f":"Inputs!$R$41*Inputs!$R$42/8760","v":0},0,998.98316002102877,6.193284308903993E-3,2.725045095917757E-3,{"$f":"-N951/(1.202*2465560*MAX(0,(Inputs!$R$49-Q951)))","v":0},{"$f":"params!$C$16*R951*(G951-Inputs!$R$26)","v":0},286929.52655114781,{"$f":"E951*params!$C$8","v":1085.4659999999999}]
["2002-02-09",2,9,"15:00:00",431,2,7,-4,44,{"$f":"Inputs!$R$38*Inputs!$R$33*(G952-Inputs!$R$26)","v":-17086.623400866527},{"$f":"Inputs!$R$34*E952*Inputs!$R$39","v":252259.86863497432},{"$f":"params!$C$16*Inputs!$R$30*(G952-Inputs!$R$26)","v":-2675.6624951470044},{"$f":"Inputs!$R$41*Inputs!$R$42/8760","v":0},0,998.98316002102877,6.193284308903993E-3,2.725045095917757E-3,{"$f":"-N952/(1.202*2465560*MAX(0,(Inputs!$R$49-Q952)))","v":0},{"$f":"params!$C$16*R952*(G952-Inputs!$R$26)","v":0},232497.5827389608,{"$f":"E952*params!$C$8","v":892.81649999999991}]
["2002-02-09",2,9,"16:00:00",288,1,8,-4,41,{"$f":"Inputs!$R$38*Inputs!$R$33*(G953-Inputs!$R$26)","v":-11391.08226724435},{"$f":"Inputs!$R$34*E953*Inputs!$R$39","v":168563.4389022566},{"$f":"params!$C$16*Inputs!$R$30*(G953-Inputs!$R$26)","v":-1783.7749967646696},{"$f":"Inputs!$R$41*Inputs!$R$42/8760","v":0},0,1069.6390010481693,6.6359949158119932E-3,2.7207579154829172E-3,{"$f":"-N953/(1.202*2465560*MAX(0,(Inputs!$R$49-Q953)))","v":0},{"$f":"params!$C$16*R953*(G953-Inputs!$R$26)","v":0},155388.58163824759,{"$f":"E953*params!$C$8","v":596.59199999999998}]
["2002-02-09",2,9,"17:00:00",125,0,7,-4,44,{"$f":"Inputs!$R$38*Inputs!$R$33*(G954-Inputs!$R$26)","v":-17086.623400866527},{"$f":"Inputs!$R$34*E954*Inputs!$R$39","v":73161.214801326656},{"$f":"params!$C$16*Inputs!$R$30*(G954-Inputs!$R$26)","v":-2675.6624951470044},{"$f":"Inputs!$R$41*Inputs!$R$42/8760","v":0},0,998.98316002102877,6.193284308903993E-3,2.725045095917757E-3,{"$f":"-N954/(1.202*2465560*MAX(0,(Inputs!$R$49-Q954)))","v":0},{"$f":"params!$C$16*R954*(G954-Inputs!$R$26)","v":0},53398.928905313122,{"$f":"E954*params!$C$8","v":258.9375}]
["2002-02-09",2,9,"18:00:00",0,0,6,-4,47,{"$f":"Inputs!$R$38*Inputs!$R$33*(G955-Inputs!$R$26)","v":-22782.1645344887},{"$f":"Inputs!$R$34*E955*Inputs!$R$39","v":0},{"$f":"params!$C$16*Inputs!$R$30*(G955-Inputs!$R$26)","v":-3567.5499935293392},{"$f":"Inputs!$R$41*Inputs!$R$42/8760","v":0},0,932.4781503104233,5.7771510192606073E-3,2.7152609790524855E-3,{"$f":"-N955/(1.202*2465560*MAX(0,(Inputs!$R$49-Q955)))","v":0},{"$f":"params!$C$16*R955*(G955-Inputs!$R$26)","v":0},-26349.714528018041,{"$f":"E955*params!$C$8","v":0}]
["2002-02-09",2,9,"19:00:00",0,0,0,-4,72,{"$f":"Inputs!$R$38*Inputs!$R$33*(G956-Inputs!$R$26)","v":-56955.411336221747},{"$f":"Inputs!$R$34*E956*Inputs!$R$39","v":0},{"$f":"params!$C$16*Inputs!$R$30*(G956-Inputs!$R$26)","v":-8918.8749838233489},{"$f":"Inputs!$R$41*Inputs!$R$42/8760","v":0},0,609.41773586642103,3.7635253138895938E-3,2.7097382260005075E-3,{"$f":"-N956/(1.202*2465560*MAX(0,(Inputs!$R$49-Q956)))","v":0},{"$f":"params!$C$16*R956*(G956-Inputs!$R$26)","v":0},-65874.286320045096,{"$f":"E956*params!$C$8","v":0}]
["2002-02-09",2,9,"20:00:00",0,0,-1,-5,71,{"$f":"Inputs!$R$38*Inputs!$R$33*(G957-Inputs!$R$26)","v":-62650.952469843927},{"$f":"Inputs!$R$34*E957*Inputs!$R$39","v":0},{"$f":"params!$C$16*Inputs!$R$30*(G957-Inputs!$R$26)","v":-9810.7624822056823},{"$f":"Inputs!$R$41*Inputs!$R$42/8760","v":0},0,566.54310372490409,3.4972595900071069E-3,2.4830543089050458E-3,{"$f":"-N957/(1.202*2465560*MAX(0,(Inputs!$R$49-Q957)))","v":0},{"$f":"params!$C$16*R957*(G957-Inputs!$R$26)","v":0},-72461.714952049602,{"$f":"E957*params!$C$8","v":0}]
["2002-02-09",2,9,"21:00:00",0,0,-2,-5,78,{"$f":"Inputs!$R$38*Inputs!$R$33*(G958-Inputs!$R$26)","v":-68346.493603466108},{"$f":"Inputs!$R$34*E958*Inputs!$R$39","v":0},{"$f":"params!$C$16*Inputs!$R$30*(G958-Inputs!$R$26)","v":-10702.649980588018},{"$f":"Inputs!$R$41*Inputs!$R$42/8760","v":0},0,526.36516305985776,3.2479468065175691E-3,2.5333985090837041E-3,{"$f":"-N958/(1.202*2465560*MAX(0,(Inputs!$R$49-Q958)))","v":0},{"$f":"params!$C$16*R958*(G958-Inputs!$R$26)","v":0},-79049.143584054123,{"$f":"E958*params!$C$8","v":0}]
["2002-02-09",2,9,"22:00:00",0,0,-1,-5,71,{"$f":"Inputs!$R$38*Inputs!$R$33*(G959-Inputs!$R$26)","v":-62650.952469843927},{"$f":"Inputs!$R$34*E959*Inputs!$R$39","v":0},{"$f":"params!$C$16*Inputs!$R$30*(G959-Inputs!$R$26)","v":-9810.7624822056823},{"$f":"Inputs!$R$41*Inputs!$R$42/8760","v":0},0,566.54310372490409,3.4972595900071069E-3,2.4830543089050458E-3,{"$f":"-N959/(1.202*2465560*MAX(0,(Inputs!$R$49-Q959)))","v":0},{"$f":"params!$C$16*R959*(G959-Inputs!$R$26)","v":0},-72461.714952049602,{"$f":"E959*params!$C$8","v":0}]
["2002-02-09",2,9,"23:00:00",0,0,1,-4,67,{"$f":"Inputs!$R$38*Inputs!$R$33*(G960-Inputs!$R$26)","v":-51259.870202599574},{"$f":"Inputs!$R$34*E960*Inputs!$R$39","v":0},{"$f":"params!$C$16*Inputs!$R$30*(G960-Inputs!$R$26)","v":-8026.9874854410136},{"$f":"Inputs!$R$41*Inputs!$R$42/8760","v":0},0,655.14373774848059,4.0477489204243187E-3,2.7119917766842932E-3,{"$f":"-N960/(1.202*2465560*MAX(0,(Inputs!$R$49-Q960)))","v":0},{"$f":"params!$C$16*R960*(G960-Inputs!$R$26)","v":0},-59286.857688040589,{"$f":"E960*params!$C$8","v":0}]
["2002-02-09",2,9,1,0,0,4,-3,59,{"$f":"Inputs!$R$38*Inputs!$R$33*(G961-Inputs!$R$26)","v":-34173.246801733054},{"$f":"Inputs!$R$34*E961*Inputs!$R$39","v":0},{"$f":"params!$C$16*Inputs!$R$30*(G961-Inputs!$R$26)","v":-5351.3249902940088},{"$f":"Inputs!$R$41*Inputs!$R$42/8760","v":0},0,811.08667612094962,5.0190035800134264E-3,2.9612121122079217E-3,{"$f":"-N961/(1.202*2465560*MAX(0,(Inputs!$R$49-Q961)))","v":0},{"$f":"params!$C$16*R961*(G961-Inputs!$R$26)","v":0},-39524.571792027062,{"$f":"E961*params!$C$8","v":0}]
["2002-02-10",2,10,"01:00:00",0,0,4,-2,64,{"$f":"Inputs!$R$38*Inputs!$R$33*(G962-Inputs!$R$26)","v":-34173.246801733054},{"$f":"Inputs!$R$34*E962*Inputs!$R$39","v":0},{"$f":"params!$C$16*Inputs!$R$30*(G962-Inputs!$R$26)","v":-5351.3249902940088},{"$f":"Inputs!$R$41*Inputs!$R$42/8760","v":0},0,811.08667612094962,5.0190035800134264E-3,3.212162291208593E-3,{"$f":"-N962/(1.202*2465560*MAX(0,(Inputs!$R$49-Q962)))","v":0},{"$f":"params!$C$16*R962*(G962-Inputs!$R$26)","v":0},-39524.571792027062,{"$f":"E962*params!$C$8","v":0}]
["2002-02-10",{"$f":"MONTH(A963)","v":2},{"$f":"DAY(A963)","v":10},"02:00:00",0,2,3,-3,63,{"$f":"Inputs!$R$38*Inputs!$R$33*(G963-Inputs!$R$26)","v":-39868.787935355227},{"$f":"Inputs!$R$34*E963*Inputs!$R$39","v":0},{"$f":"params!$C$16*Inputs!$R$30*(G963-Inputs!$R$26)","v":-6243.2124886763431},{"$f":"Inputs!$R$41*Inputs!$R$42/8760","v":0},0,{"$f":"EXP(77.345+0.0057*(G963+273.15)-7235/(G963+273.15))/(G963+273.15)^8.2","v":755.80495631325812},{"$f":"0.62198*O963/(101325-O963)","v":4.6743495015895585E-3},{"$f":"P963*I963/100","v":2.9448401860014215E-3},{"$f":"-N963/(1.202*2465560*MAX(0,(Inputs!$R$49-Q963)))","v":0},{"$f":"params!$C$16*R963*(G963-Inputs!$R$26)","v":0},{"$f":"J963+K963+L963+M963+N963+S963","v":-46112.000424031568},{"$f":"E963*params!$C$8","v":0}]
["2002-02-10",2,10,"03:00:00",0,10,3,-2,68,{"$f":"Inputs!$R$38*Inputs!$R$33*(G964-Inputs!$R$26)","v":-39868.787935355227},{"$f":"Inputs!$R$34*E964*Inputs!$R$39","v":0},{"$f":"params!$C$16*Inputs!$R$30*(G964-Inputs!$R$26)","v":-6243.2124886763431},{"$f":"Inputs!$R$41*Inputs!$R$42/8760","v":0},0,755.80495631325812,4.6743495015895585E-3,3.1785576610808995E-3,{"$f":"-N964/(1.202*2465560*MAX(0,(Inputs!$R$49-Q964)))","v":0},{"$f":"params!$C$16*R964*(G964-Inputs!$R$26)","v":0},-46112.000424031568,{"$f":"E964*params!$C$8","v":0}]
["2002-02-10",2,10,"04:00:00",0,10,3,-1,74,{"$f":"Inputs!$R$38*Inputs!$R$33*(G965-Inputs!$R$26)","v":-39868.787935355227},{"$f":"Inputs!$R$34*E965*Inputs!$R$39","v":0},{"$f":"params!$C$16*Inputs!$R$30*(G965-Inputs!$R$26)","v":-6243.2124886763431},{"$f":"Inputs!$R$41*Inputs!$R$42/8760","v":0},0,755.80495631325812,4.6743495015895585E-3,3.4590186311762735E-3,{"$f":"-N965/(1.202*2465560*MAX(0,(Inputs!$R$49-Q965)))","v":0},{"$f":"params!$C$16*R965*(G965-Inputs!$R$26)","v":0},-46112.000424031568,{"$f":"E965*params!$C$8","v":0}]
["2002-02-10",2,10,"05:00:00",0,10,4,-1,69,{"$f":"Inputs!$R$38*Inputs!$R$33*(G966-Inputs!$R$26)","v":-34173.246801733054},{"$f":"Inputs!$R$34*E966*Inputs!$R$39","v":0},{"$f":"params!$C$16*Inputs!$R$30*(G966-Inputs!$R$26)","v":-5351.3249902940088},{"$f":"Inputs!$R$41*Inputs!$R$42/8760","v":0},0,811.08667612094962,5.0190035800134264E-3,3.4631124702092643E-3,{"$f":"-N966/(1.202*2465560*MAX(0,(Inputs!$R$49-Q966)))","v":0},{"$f":"params!$C$16*R966*(G966-Inputs!$R$26)","v":0},-39524.571792027062,{"$f":"E966*params!$C$8","v":0}]
["2002-02-10",2,10,"06:00:00",0,10,4,0,75,{"$f":"Inputs!$R$38*Inputs!$R$33*(G967-Inputs!$R$26)","v":-34173.246801733054},{"$f":"Inputs!$R$34*E967*Inputs!$R$39","v":0},{"$f":"params!$C$16*Inputs!$R$30*(G967-Inputs!$R$26)","v":-5351.3249902940088},{"$f":"Inputs!$R$41*Inputs!$R$42/8760","v":0},0,811.08667612094962,5.0190035800134264E-3,3.76425268501007E-3,{"$f":"-N967/(1.202*2465560*MAX(0,(Inputs!$R$49-Q967)))","v":0},{"$f":"params!$C$16*R967*(G967-Inputs!$R$26)","v":0},-39524.571792027062,{"$f":"E967*params!$C$8","v":0}]
["2002-02-10",2,10,"07:00:00",0,10,4,0,75,{"$f":"Inputs!$R$38*Inputs!$R$33*(G968-Inputs!$R$26)","v":-34173.246801733054},{"$f":"Inputs!$R$34*E968*Inputs!$R$39","v":0},{"$f":"params!$C$16*Inputs!$R$30*(G968-Inputs!$R$26)","v":-5351.3249902940088},{"$f":"Inputs!$R$41*Inputs!$R$42/8760","v":0},0,811.08667612094962,5.0190035800134264E-3,3.76425268501007E-3,{"$f":"-N968/(1.202*2465560*MAX(0,(Inputs!$R$49-Q968)))","v":0},{"$f":"params!$C$16*R968*(G968-Inputs!$R$26)","v":0},-39524.571792027062,{"$f":"E968*params!$C$8","v":0}]
["2002-02-10",2,10,"08:00:00",0,10,5,-1,64,{"$f":"Inputs!$R$38*Inputs!$R$33*(G969-Inputs!$R$26)","v":-28477.705668110873},{"$f":"Inputs!$R$34*E969*Inputs!$R$39","v":0},{"$f":"params!$C$16*Inputs!$R$30*(G969-Inputs!$R$26)","v":-4459.4374919116744},{"$f":"Inputs!$R$41*Inputs!$R$42/8760","v":0},0,869.91328556198641,5.3861748872103517E-3,3.4471519278146249E-3,{"$f":"-N969/(1.202*2465560*MAX(0,(Inputs!$R$49-Q969)))","v":0},{"$f":"params!$C$16*R969*(G969-Inputs!$R$26)","v":0},-32937.143160022548,{"$f":"E969*params!$C$8","v":0}]
["2002-02-10",2,10,"09:00:00",58,10,6,0,65,{"$f":"Inputs!$R$38*Inputs!$R$33*(G970-Inputs!$R$26)","v":-22782.1645344887},{"$f":"Inputs!$R$34*E970*Inputs!$R$39","v":33946.803667815569},{"$f":"params!$C$16*Inputs!$R$30*(G970-Inputs!$R$26)","v":-3567.5499935293392},{"$f":"Inputs!$R$41*Inputs!$R$42/8760","v":0},0,932.4781503104233,5.7771510192606073E-3,3.7551481625193949E-3,{"$f":"-N970/(1.202*2465560*MAX(0,(Inputs!$R$49-Q970)))","v":0},{"$f":"params!$C$16*R970*(G970-Inputs!$R$26)","v":0},7597.0891397975302,{"$f":"E970*params!$C$8","v":120.14699999999999}]
["2002-02-10",2,10,"10:00:00",192,10,6,0,65,{"$f":"Inputs!$R$38*Inputs!$R$33*(G971-Inputs!$R$26)","v":-22782.1645344887},{"$f":"Inputs!$R$34*E971*Inputs!$R$39","v":112375.62593483775},{"$f":"params!$C$16*Inputs!$R$30*(G971-Inputs!$R$26)","v":-3567.5499935293392},{"$f":"Inputs!$R$41*Inputs!$R$42/8760","v":0},0,932.4781503104233,5.7771510192606073E-3,3.7551481625193949E-3,{"$f":"-N971/(1.202*2465560*MAX(0,(Inputs!$R$49-Q971)))","v":0},{"$f":"params!$C$16*R971*(G971-Inputs!$R$26)","v":0},86025.911406819709,{"$f":"E971*params!$C$8","v":397.72799999999995}]
["2002-02-10",2,10,"11:00:00",160,10,6,0,65,{"$f":"Inputs!$R$38*Inputs!$R$33*(G972-Inputs!$R$26)","v":-22782.1645344887},{"$f":"Inputs!$R$34*E972*Inputs!$R$39","v":93646.354945698127},{"$f":"params!$C$16*Inputs!$R$30*(G972-Inputs!$R$26)","v":-3567.5499935293392},{"$f":"Inputs!$R$41*Inputs!$R$42/8760","v":0},0,932.4781503104233,5.7771510192606073E-3,3.7551481625193949E-3,{"$f":"-N972/(1.202*2465560*MAX(0,(Inputs!$R$49-Q972)))","v":0},{"$f":"params!$C$16*R972*(G972-Inputs!$R$26)","v":0},67296.640417680086,{"$f":"E972*params!$C$8","v":331.44}]
["2002-02-10",2,10,"12:00:00",99,10,6,0,65,{"$f":"Inputs!$R$38*Inputs!$R$33*(G973-Inputs!$R$26)","v":-22782.1645344887},{"$f":"Inputs!$R$34*E973*Inputs!$R$39","v":57943.682122650709},{"$f":"params!$C$16*Inputs!$R$30*(G973-Inputs!$R$26)","v":-3567.5499935293392},{"$f":"Inputs!$R$41*Inputs!$R$42/8760","v":0},0,932.4781503104233,5.7771510192606073E-3,3.7551481625193949E-3,{"$f":"-N973/(1.202*2465560*MAX(0,(Inputs!$R$49-Q973)))","v":0},{"$f":"params!$C$16*R973*(G973-Inputs!$R$26)","v":0},31593.967594632668,{"$f":"E973*params!$C$8","v":205.07849999999999}]
["2002-02-10",2,10,"13:00:00",96,10,7,0,61,{"$f":"Inputs!$R$38*Inputs!$R$33*(G974-Inputs!$R$26)","v":-17086.623400866527},{"$f":"Inputs!$R$34*E974*Inputs!$R$39","v":56187.812967418875},{"$f":"params!$C$16*Inputs!$R$30*(G974-Inputs!$R$26)","v":-2675.6624951470044},{"$f":"Inputs!$R$41*Inputs!$R$42/8760","v":0},0,998.98316002102877,6.193284308903993E-3,3.7779034284314357E-3,{"$f":"-N974/(1.202*2465560*MAX(0,(Inputs!$R$49-Q974)))","v":0},{"$f":"params!$C$16*R974*(G974-Inputs!$R$26)","v":0},36425.52707140534,{"$f":"E974*params!$C$8","v":198.86399999999998}]
["2002-02-10",2,10,"14:00:00",87,10,7,0,61,{"$f":"Inputs!$R$38*Inputs!$R$33*(G975-Inputs!$R$26)","v":-17086.623400866527},{"$f":"Inputs!$R$34*E975*Inputs!$R$39","v":50920.205501723351},{"$f":"params!$C$16*Inputs!$R$30*(G975-Inputs!$R$26)","v":-2675.6624951470044},{"$f":"Inputs!$R$41*Inputs!$R$42/8760","v":0},0,998.98316002102877,6.193284308903993E-3,3.7779034284314357E-3,{"$f":"-N975/(1.202*2465560*MAX(0,(Inputs!$R$49-Q975)))","v":0},{"$f":"params!$C$16*R975*(G975-Inputs!$R$26)","v":0},31157.91960570982,{"$f":"E975*params!$C$8","v":180.22049999999999}]
["2002-02-10",2,10,"15:00:00",73,10,7,0,61,{"$f":"Inputs!$R$38*Inputs!$R$33*(G976-Inputs!$R$26)","v":-17086.623400866527},{"$f":"Inputs!$R$34*E976*Inputs!$R$39","v":42726.149443974769},{"$f":"params!$C$16*Inputs!$R$30*(G976-Inputs!$R$26)","v":-2675.6624951470044},{"$f":"Inputs!$R$41*Inputs!$R$42/8760","v":0},0,998.98316002102877,6.193284308903993E-3,3.7779034284314357E-3,{"$f":"-N976/(1.202*2465560*MAX(0,(Inputs!$R$49-Q976)))","v":0},{"$f":"params!$C$16*R976*(G976-Inputs!$R$26)","v":0},22963.863547961239,{"$f":"E976*params!$C$8","v":151.21949999999998}]
["2002-02-10",2,10,"16:00:00",52,10,7,0,61,{"$f":"Inputs!$R$38*Inputs!$R$33*(G977-Inputs!$R$26)","v":-17086.623400866527},{"$f":"Inputs!$R$34*E977*Inputs!$R$39","v":30435.06535735189},{"$f":"params!$C$16*Inputs!$R$30*(G977-Inputs!$R$26)","v":-2675.6624951470044},{"$f":"Inputs!$R$41*Inputs!$R$42/8760","v":0},0,998.98316002102877,6.193284308903993E-3,3.7779034284314357E-3,{"$f":"-N977/(1.202*2465560*MAX(0,(Inputs!$R$49-Q977)))","v":0},{"$f":"params!$C$16*R977*(G977-Inputs!$R$26)","v":0},10672.779461338359,{"$f":"E977*params!$C$8","v":107.71799999999999}]
["2002-02-10",2,10,"17:00:00",43,10,7,0,61,{"$f":"Inputs!$R$38*Inputs!$R$33*(G978-Inputs!$R$26)","v":-17086.623400866527},{"$f":"Inputs!$R$34*E978*Inputs!$R$39","v":25167.45789165637},{"$f":"params!$C$16*Inputs!$R$30*(G978-Inputs!$R$26)","v":-2675.6624951470044},{"$f":"Inputs!$R$41*Inputs!$R$42/8760","v":0},0,998.98316002102877,6.193284308903993E-3,3.7779034284314357E-3,{"$f":"-N978/(1.202*2465560*MAX(0,(Inputs!$R$49-Q978)))","v":0},{"$f":"params!$C$16*R978*(G978-Inputs!$R$26)","v":0},5405.1719956428387,{"$f":"E978*params!$C$8","v":89.0745}]
["2002-02-10",2,10,"18:00:00",0,10,6,0,65,{"$f":"Inputs!$R$38*Inputs!$R$33*(G979-Inputs!$R$26)","v":-22782.1645344887},{"$f":"Inputs!$R$34*E979*Inputs!$R$39","v":0},{"$f":"params!$C$16*Inputs!$R$30*(G979-Inputs!$R$26)","v":-3567.5499935293392},{"$f":"Inputs!$R$41*Inputs!$R$42/8760","v":0},0,932.4781503104233,5.7771510192606073E-3,3.7551481625193949E-3,{"$f":"-N979/(1.202*2465560*MAX(0,(Inputs!$R$49-Q979)))","v":0},{"$f":"params!$C$16*R979*(G979-Inputs!$R$26)","v":0},-26349.714528018041,{"$f":"E979*params!$C$8","v":0}]
["2002-02-10",2,10,"19:00:00",0,10,6,0,65,{"$f":"Inputs!$R$38*Inputs!$R$33*(G980-Inputs!$R$26)","v":-22782.1645344887},{"$f":"Inputs!$R$34*E980*Inputs!$R$39","v":0},{"$f":"params!$C$16*Inputs!$R$30*(G980-Inputs!$R$26)","v":-3567.5499935293392},{"$f":"Inputs!$R$41*Inputs!$R$42/8760","v":0},0,932.4781503104233,5.7771510192606073E-3,3.7551481625193949E-3,{"$f":"-N980/(1.202*2465560*MAX(0,(Inputs!$R$49-Q980)))","v":0},{"$f":"params!$C$16*R980*(G980-Inputs!$R$26)","v":0},-26349.714528018041,{"$f":"E980*params!$C$8","v":0}]
["2002-02-10",2,10,"20:00:00",0,10,5,0,70,{"$f":"Inputs!$R$38*Inputs!$R$33*(G981-Inputs!$R$26)","v":-28477.705668110873},{"$f":"Inputs!$R$34*E981*Inputs!$R$39","v":0},{"$f":"params!$C$16*Inputs!$R$30*(G981-Inputs!$R$26)","v":-4459.4374919116744},{"$f":"Inputs!$R$41*Inputs!$R$42/8760","v":0},0,869.91328556198641,5.3861748872103517E-3,3.7703224210472465E-3,{"$f":"-N981/(1.202*2465560*MAX(0,(Inputs!$R$49-Q981)))","v":0},{"$f":"params!$C$16*R981*(G981-Inputs!$R$26)","v":0},-32937.143160022548,{"$f":"E981*params!$C$8","v":0}]
["2002-02-10",2,10,"21:00:00",0,10,4,0,75,{"$f":"Inputs!$R$38*Inputs!$R$33*(G982-Inputs!$R$26)","v":-34173.246801733054},{"$f":"Inputs!$R$34*E982*Inputs!$R$39","v":0},{"$f":"params!$C$16*Inputs!$R$30*(G982-Inputs!$R$26)","v":-5351.3249902940088},{"$f":"Inputs!$R$41*Inputs!$R$42/8760","v":0},0,811.08667612094962,5.0190035800134264E-3,3.76425268501007E-3,{"$f":"-N982/(1.202*2465560*MAX(0,(Inputs!$R$49-Q982)))","v":0},{"$f":"params!$C$16*R982*(G982-Inputs!$R$26)","v":0},-39524.571792027062,{"$f":"E982*params!$C$8","v":0}]
["2002-02-10",2,10,"22:00:00",0,10,4,0,75,{"$f":"Inputs!$R$38*Inputs!$R$33*(G983-Inputs!$R$26)","v":-34173.246801733054},{"$f":"Inputs!$R$34*E983*Inputs!$R$39","v":0},{"$f":"params!$C$16*Inputs!$R$30*(G983-Inputs!$R$26)","v":-5351.3249902940088},{"$f":"Inputs!$R$41*Inputs!$R$42/8760","v":0},0,811.08667612094962,5.0190035800134264E-3,3.76425268501007E-3,{"$f":"-N983/(1.202*2465560*MAX(0,(Inputs!$R$49-Q983)))","v":0},{"$f":"params!$C$16*R983*(G983-Inputs!$R$26)","v":0},-39524.571792027062,{"$f":"E983*params!$C$8","v":0}]
["2002-02-10",2,10,"23:00:00",0,10,4,0,75,{"$f":"Inputs!$R$38*Inputs!$R$33*(G984-Inputs!$R$26)","v":-34173.246801733054},{"$f":"Inputs!$R$34*E984*Inputs!$R$39","v":0},{"$f":"params!$C$16*Inputs!$R$30*(G984-Inputs!$R$26)","v":-5351.3249902940088},{"$f":"Inputs!$R$41*Inputs!$R$42/8760","v":0},0,811.08667612094962,5.0190035800134264E-3,3.76425268501007E-3,{"$f":"-N984/(1.202*2465560*MAX(0,(Inputs!$R$49-Q984)))","v":0},{"$f":"params!$C$16*R984*(G984-Inputs!$R$26)","v":0},-39524.571792027062,{"$f":"E984*params!$C$8","v":0}]
["2002-02-10",2,10,1,0,10,4,3,93,{"$f":"Inputs!$R$38*Inputs!$R$33*(G985-Inputs!$R$26)","v":-34173.246801733054},{"$f":"Inputs!$R$34*E985*Inputs!$R$39","v":0},{"$f":"params!$C$16*Inputs!$R$30*(G985-Inputs!$R$26)","v":-5351.3249902940088},{"$f":"Inputs!$R$41*Inputs!$R$42/8760","v":0},0,811.08667612094962,5.0190035800134264E-3,4.6676733294124867E-3,{"$f":"-N985/(1.202*2465560*MAX(0,(Inputs!$R$49-Q985)))","v":0},{"$f":"params!$C$16*R985*(G985-Inputs!$R$26)","v":0},-39524.571792027062,{"$f":"E985*params!$C$8","v":0}]
["2002-02-11",2,11,"01:00:00",0,10,4,4,100,{"$f":"Inputs!$R$38*Inputs!$R$33*(G986-Inputs!$R$26)","v":-34173.246801733054},{"$f":"Inputs!$R$34*E986*Inputs!$R$39","v":0},{"$f":"params!$C$16*Inputs!$R$30*(G986-Inputs!$R$26)","v":-5351.3249902940088},{"$f":"Inputs!$R$41*Inputs!$R$42/8760","v":0},0,811.08667612094962,5.0190035800134264E-3,5.0190035800134255E-3,{"$f":"-N986/(1.202*2465560*MAX(0,(Inputs!$R$49-Q986)))","v":0},{"$f":"params!$C$16*R986*(G986-Inputs!$R$26)","v":0},-39524.571792027062,{"$f":"E986*params!$C$8","v":0}]
["2002-02-11",2,11,"02:00:00",0,10,3,3,100,{"$f":"Inputs!$R$38*Inputs!$R$33*(G987-Inputs!$R$26)","v":-39868.787935355227},{"$f":"Inputs!$R$34*E987*Inputs!$R$39","v":0},{"$f":"params!$C$16*Inputs!$R$30*(G987-Inputs!$R$26)","v":-6243.2124886763431},{"$f":"Inputs!$R$41*Inputs!$R$42/8760","v":0},0,755.80495631325812,4.6743495015895585E-3,4.6743495015895585E-3,{"$f":"-N987/(1.202*2465560*MAX(0,(Inputs!$R$49-Q987)))","v":0},{"$f":"params!$C$16*R987*(G987-Inputs!$R$26)","v":0},-46112.000424031568,{"$f":"E987*params!$C$8","v":0}]
["2002-02-11",2,11,"03:00:00",0,10,0,-1,92,{"$f":"Inputs!$R$38*Inputs!$R$33*(G988-Inputs!$R$26)","v":-56955.411336221747},{"$f":"Inputs!$R$34*E988*Inputs!$R$39","v":0},{"$f":"params!$C$16*Inputs!$R$30*(G988-Inputs!$R$26)","v":-8918.8749838233489},{"$f":"Inputs!$R$41*Inputs!$R$42/8760","v":0},0,609.41773586642103,3.7635253138895938E-3,3.462443288778426E-3,{"$f":"-N988/(1.202*2465560*MAX(0,(Inputs!$R$49-Q988)))","v":0},{"$f":"params!$C$16*R988*(G988-Inputs!$R$26)","v":0},-65874.286320045096,{"$f":"E988*params!$C$8","v":0}]
["2002-02-11",2,11,"04:00:00",0,10,-3,-5,84,{"$f":"Inputs!$R$38*Inputs!$R$33*(G989-Inputs!$R$26)","v":-74042.034737088281},{"$f":"Inputs!$R$34*E989*Inputs!$R$39","v":0},{"$f":"params!$C$16*Inputs!$R$30*(G989-Inputs!$R$26)","v":-11594.537478970353},{"$f":"Inputs!$R$41*Inputs!$R$42/8760","v":0},0,488.73621912146871,3.0146312662847319E-3,2.5322902636791748E-3,{"$f":"-N989/(1.202*2465560*MAX(0,(Inputs!$R$49-Q989)))","v":0},{"$f":"params!$C$16*R989*(G989-Inputs!$R$26)","v":0},-85636.57221605863,{"$f":"E989*params!$C$8","v":0}]
["2002-02-11",2,11,"05:00:00",0,10,-4,-6,84,{"$f":"Inputs!$R$38*Inputs!$R$33*(G990-Inputs!$R$26)","v":-79737.575870710454},{"$f":"Inputs!$R$34*E990*Inputs!$R$39","v":0},{"$f":"params!$C$16*Inputs!$R$30*(G990-Inputs!$R$26)","v":-12486.424977352686},{"$f":"Inputs!$R$41*Inputs!$R$42/8760","v":0},0,453.51532044328405,2.7964043545646504E-3,2.3489796578343063E-3,{"$f":"-N990/(1.202*2465560*MAX(0,(Inputs!$R$49-Q990)))","v":0},{"$f":"params!$C$16*R990*(G990-Inputs!$R$26)","v":0},-92224.000848063137,{"$f":"E990*params!$C$8","v":0}]
["2002-02-11",2,11,"06:00:00",0,10,-5,-7,84,{"$f":"Inputs!$R$38*Inputs!$R$33*(G991-Inputs!$R$26)","v":-85433.117004332627},{"$f":"Inputs!$R$34*E991*Inputs!$R$39","v":0},{"$f":"params!$C$16*Inputs!$R$30*(G991-Inputs!$R$26)","v":-13378.312475735022},{"$f":"Inputs!$R$41*Inputs!$R$42/8760","v":0},0,420.56802345265027,2.5924024753231664E-3,2.1776180792714597E-3,{"$f":"-N991/(1.202*2465560*MAX(0,(Inputs!$R$49-Q991)))","v":0},{"$f":"params!$C$16*R991*(G991-Inputs!$R$26)","v":0},-98811.429480067643,{"$f":"E991*params!$C$8","v":0}]
["2002-02-11",2,11,"07:00:00",0,10,-6,-9,77,{"$f":"Inputs!$R$38*Inputs!$R$33*(G992-Inputs!$R$26)","v":-91128.658137954801},{"$f":"Inputs!$R$34*E992*Inputs!$R$39","v":0},{"$f":"params!$C$16*Inputs!$R$30*(G992-Inputs!$R$26)","v":-14270.199974117357},{"$f":"Inputs!$R$41*Inputs!$R$42/8760","v":0},0,389.76616195693094,2.4018050803048703E-3,1.8493899118347502E-3,{"$f":"-N992/(1.202*2465560*MAX(0,(Inputs!$R$49-Q992)))","v":0},{"$f":"params!$C$16*R992*(G992-Inputs!$R$26)","v":0},-105398.85811207216,{"$f":"E992*params!$C$8","v":0}]
["2002-02-11",2,11,"08:00:00",0,10,-7,-10,77,{"$f":"Inputs!$R$38*Inputs!$R$33*(G993-Inputs!$R$26)","v":-96824.199271576974},{"$f":"Inputs!$R$34*E993*Inputs!$R$39","v":0},{"$f":"params!$C$16*Inputs!$R$30*(G993-Inputs!$R$26)","v":-15162.087472499692},{"$f":"Inputs!$R$41*Inputs!$R$42/8760","v":0},0,360.98762153500678,2.2238327850987206E-3,1.7123512445260151E-3,{"$f":"-N993/(1.202*2465560*MAX(0,(Inputs!$R$49-Q993)))","v":0},{"$f":"params!$C$16*R993*(G993-Inputs!$R$26)","v":0},-111986.28674407667,{"$f":"E993*params!$C$8","v":0}]
["2002-02-11",2,11,"09:00:00",197,10,-8,-12,70,{"$f":"Inputs!$R$38*Inputs!$R$33*(G994-Inputs!$R$26)","v":-102519.74040519915},{"$f":"Inputs!$R$34*E994*Inputs!$R$39","v":115302.07452689082},{"$f":"params!$C$16*Inputs!$R$30*(G994-Inputs!$R$26)","v":-16053.974970882027},{"$f":"Inputs!$R$41*Inputs!$R$42/8760","v":0},0,334.1161188582924,2.0577455669371189E-3,1.4404218968559832E-3,{"$f":"-N994/(1.202*2465560*MAX(0,(Inputs!$R$49-Q994)))","v":0},{"$f":"params!$C$16*R994*(G994-Inputs!$R$26)","v":0},-3271.640849190353,{"$f":"E994*params!$C$8","v":408.08549999999997}]
["2002-02-11",2,11,"10:00:00",288,10,-7,-12,64,{"$f":"Inputs!$R$38*Inputs!$R$33*(G995-Inputs!$R$26)","v":-96824.199271576974},{"$f":"Inputs!$R$34*E995*Inputs!$R$39","v":168563.4389022566},{"$f":"params!$C$16*Inputs!$R$30*(G995-Inputs!$R$26)","v":-15162.087472499692},{"$f":"Inputs!$R$41*Inputs!$R$42/8760","v":0},0,360.98762153500678,2.2238327850987206E-3,1.4232529824631812E-3,{"$f":"-N995/(1.202*2465560*MAX(0,(Inputs!$R$49-Q995)))","v":0},{"$f":"params!$C$16*R995*(G995-Inputs!$R$26)","v":0},56577.152158179939,{"$f":"E995*params!$C$8","v":596.59199999999998}]
["2002-02-11",2,11,"11:00:00",205,5,-7,-14,54,{"$f":"Inputs!$R$38*Inputs!$R$33*(G996-Inputs!$R$26)","v":-96824.199271576974},{"$f":"Inputs!$R$34*E996*Inputs!$R$39","v":119984.39227417573},{"$f":"params!$C$16*Inputs!$R$30*(G996-Inputs!$R$26)","v":-15162.087472499692},{"$f":"Inputs!$R$41*Inputs!$R$42/8760","v":0},0,360.98762153500678,2.2238327850987206E-3,1.2008697039533093E-3,{"$f":"-N996/(1.202*2465560*MAX(0,(Inputs!$R$49-Q996)))","v":0},{"$f":"params!$C$16*R996*(G996-Inputs!$R$26)","v":0},7998.1055300990611,{"$f":"E996*params!$C$8","v":424.65749999999997}]
["2002-02-11",2,11,"12:00:00",556,3,-7,-13,59,{"$f":"Inputs!$R$38*Inputs!$R$33*(G997-Inputs!$R$26)","v":-96824.199271576974},{"$f":"Inputs!$R$34*E997*Inputs!$R$39","v":325421.08343630098},{"$f":"params!$C$16*Inputs!$R$30*(G997-Inputs!$R$26)","v":-15162.087472499692},{"$f":"Inputs!$R$41*Inputs!$R$42/8760","v":0},0,360.98762153500678,2.2238327850987206E-3,1.312061343208245E-3,{"$f":"-N997/(1.202*2465560*MAX(0,(Inputs!$R$49-Q997)))","v":0},{"$f":"params!$C$16*R997*(G997-Inputs!$R$26)","v":0},213434.79669222431,{"$f":"E997*params!$C$8","v":1151.7539999999999}]
["2002-02-11",2,11,"13:00:00",576,3,-6,-14,49,{"$f":"Inputs!$R$38*Inputs!$R$33*(G998-Inputs!$R$26)","v":-91128.658137954801},{"$f":"Inputs!$R$34*E998*Inputs!$R$39","v":337126.87780451321},{"$f":"params!$C$16*Inputs!$R$30*(G998-Inputs!$R$26)","v":-14270.199974117357},{"$f":"Inputs!$R$41*Inputs!$R$42/8760","v":0},0,389.76616195693094,2.4018050803048703E-3,1.1768844893493863E-3,{"$f":"-N998/(1.202*2465560*MAX(0,(Inputs!$R$49-Q998)))","v":0},{"$f":"params!$C$16*R998*(G998-Inputs!$R$26)","v":0},231728.01969244104,{"$f":"E998*params!$C$8","v":1193.184}]
["2002-02-11",2,11,"14:00:00",536,0,-6,-14,49,{"$f":"Inputs!$R$38*Inputs!$R$33*(G999-Inputs!$R$26)","v":-91128.658137954801},{"$f":"Inputs!$R$34*E999*Inputs!$R$39","v":313715.28906808869},{"$f":"params!$C$16*Inputs!$R$30*(G999-Inputs!$R$26)","v":-14270.199974117357},{"$f":"Inputs!$R$41*Inputs!$R$42/8760","v":0},0,389.76616195693094,2.4018050803048703E-3,1.1768844893493863E-3,{"$f":"-N999/(1.202*2465560*MAX(0,(Inputs!$R$49-Q999)))","v":0},{"$f":"params!$C$16*R999*(G999-Inputs!$R$26)","v":0},208316.43095601653,{"$f":"E999*params!$C$8","v":1110.3239999999998}]
["2002-02-11",2,11,"15:00:00",443,0,-6,-16,41,{"$f":"Inputs!$R$38*Inputs!$R$33*(G1000-Inputs!$R$26)","v":-91128.658137954801},{"$f":"Inputs!$R$34*E1000*Inputs!$R$39","v":259283.34525590166},{"$f":"params!$C$16*Inputs!$R$30*(G1000-Inputs!$R$26)","v":-14270.199974117357},{"$f":"Inputs!$R$41*Inputs!$R$42/8760","v":0},0,389.76616195693094,2.4018050803048703E-3,9.8474008292499674E-4,{"$f":"-N1000/(1.202*2465560*MAX(0,(Inputs!$R$49-Q1000)))","v":0},{"$f":"params!$C$16*R1000*(G1000-Inputs!$R$26)","v":0},153884.48714382949,{"$f":"E1000*params!$C$8","v":917.67449999999997}]
["2002-02-11",2,11,"16:00:00",299,0,-5,-17,34,{"$f":"Inputs!$R$38*Inputs!$R$33*(G1001-Inputs!$R$26)","v":-85433.117004332627},{"$f":"Inputs!$R$34*E1001*Inputs!$R$39","v":175001.62580477336},{"$f":"params!$C$16*Inputs!$R$30*(G1001-Inputs!$R$26)","v":-13378.312475735022},{"$f":"Inputs!$R$41*Inputs!$R$42/8760","v":0},0,420.56802345265027,2.5924024753231664E-3,8.8141684160987651E-4,{"$f":"-N1001/(1.202*2465560*MAX(0,(Inputs!$R$49-Q1001)))","v":0},{"$f":"params!$C$16*R1001*(G1001-Inputs!$R$26)","v":0},76190.196324705714,{"$f":"E1001*params!$C$8","v":619.37849999999992}]
["2002-02-11",2,11,"17:00:00",136,2,-6,-18,34,{"$f":"Inputs!$R$38*Inputs!$R$33*(G1002-Inputs!$R$26)","v":-91128.658137954801},{"$f":"Inputs!$R$34*E1002*Inputs!$R$39","v":79599.401703843396},{"$f":"params!$C$16*Inputs!$R$30*(G1002-Inputs!$R$26)","v":-14270.199974117357},{"$f":"Inputs!$R$41*Inputs!$R$42/8760","v":0},0,389.76616195693094,2.4018050803048703E-3,8.1661372730365588E-4,{"$f":"-N1002/(1.202*2465560*MAX(0,(Inputs!$R$49-Q1002)))","v":0},{"$f":"params!$C$16*R1002*(G1002-Inputs!$R$26)","v":0},-25799.456408228762,{"$f":"E1002*params!$C$8","v":281.72399999999999}]
["2002-02-11",2,11,"18:00:00",0,7,-7,-19,34,{"$f":"Inputs!$R$38*Inputs!$R$33*(G1003-Inputs!$R$26)","v":-96824.199271576974},{"$f":"Inputs!$R$34*E1003*Inputs!$R$39","v":0},{"$f":"params!$C$16*Inputs!$R$30*(G1003-Inputs!$R$26)","v":-15162.087472499692},{"$f":"Inputs!$R$41*Inputs!$R$42/8760","v":0},0,360.98762153500678,2.2238327850987206E-3,7.5610314693356497E-4,{"$f":"-N1003/(1.202*2465560*MAX(0,(Inputs!$R$49-Q1003)))","v":0},{"$f":"params!$C$16*R1003*(G1003-Inputs!$R$26)","v":0},-111986.28674407667,{"$f":"E1003*params!$C$8","v":0}]
["2002-02-11",2,11,"19:00:00",0,0,-9,-15,58,{"$f":"Inputs!$R$38*Inputs!$R$33*(G1004-Inputs!$R$26)","v":-108215.28153882132},{"$f":"Inputs!$R$34*E1004*Inputs!$R$39","v":0},{"$f":"params!$C$16*Inputs!$R$30*(G1004-Inputs!$R$26)","v":-16945.862469264361},{"$f":"Inputs!$R$41*Inputs!$R$42/8760","v":0},0,309.04098596033037,1.902841039413297E-3,1.1036478028597122E-3,{"$f":"-N1004/(1.202*2465560*MAX(0,(Inputs!$R$49-Q1004)))","v":0},{"$f":"params!$C$16*R1004*(G1004-Inputs!$R$26)","v":0},-125161.14400808568,{"$f":"E1004*params!$C$8","v":0}]
["2002-02-11",2,11,"20:00:00",0,2,-12,-15,76,{"$f":"Inputs!$R$38*Inputs!$R$33*(G1005-Inputs!$R$26)","v":-125301.90493968785},{"$f":"Inputs!$R$34*E1005*Inputs!$R$39","v":0},{"$f":"params!$C$16*Inputs!$R$30*(G1005-Inputs!$R$26)","v":-19621.524964411365},{"$f":"Inputs!$R$41*Inputs!$R$42/8760","v":0},0,243.5669653908281,1.4987300494831474E-3,1.1390348376071919E-3,{"$f":"-N1005/(1.202*2465560*MAX(0,(Inputs!$R$49-Q1005)))","v":0},{"$f":"params!$C$16*R1005*(G1005-Inputs!$R$26)","v":0},-144923.4299040992,{"$f":"E1005*params!$C$8","v":0}]
["2002-02-11",2,11,"21:00:00",0,0,-12,-14,83,{"$f":"Inputs!$R$38*Inputs!$R$33*(G1006-Inputs!$R$26)","v":-125301.90493968785},{"$f":"Inputs!$R$34*E1006*Inputs!$R$39","v":0},{"$f":"params!$C$16*Inputs!$R$30*(G1006-Inputs!$R$26)","v":-19621.524964411365},{"$f":"Inputs!$R$41*Inputs!$R$42/8760","v":0},0,243.5669653908281,1.4987300494831474E-3,1.2439459410710123E-3,{"$f":"-N1006/(1.202*2465560*MAX(0,(Inputs!$R$49-Q1006)))","v":0},{"$f":"params!$C$16*R1006*(G1006-Inputs!$R$26)","v":0},-144923.4299040992,{"$f":"E1006*params!$C$8","v":0}]
["2002-02-11",2,11,"22:00:00",0,3,-13,-16,76,{"$f":"Inputs!$R$38*Inputs!$R$33*(G1007-Inputs!$R$26)","v":-130997.44607331003},{"$f":"Inputs!$R$34*E1007*Inputs!$R$39","v":0},{"$f":"params!$C$16*Inputs!$R$30*(G1007-Inputs!$R$26)","v":-20513.412462793702},{"$f":"Inputs!$R$41*Inputs!$R$42/8760","v":0},0,224.67566674612308,1.3822287131554647E-3,1.0504938219981531E-3,{"$f":"-N1007/(1.202*2465560*MAX(0,(Inputs!$R$49-Q1007)))","v":0},{"$f":"params!$C$16*R1007*(G1007-Inputs!$R$26)","v":0},-151510.85853610374,{"$f":"E1007*params!$C$8","v":0}]
["2002-02-11",2,11,"23:00:00",0,5,-13,-14,91,{"$f":"Inputs!$R$38*Inputs!$R$33*(G1008-Inputs!$R$26)","v":-130997.44607331003},{"$f":"Inputs!$R$34*E1008*Inputs!$R$39","v":0},{"$f":"params!$C$16*Inputs!$R$30*(G1008-Inputs!$R$26)","v":-20513.412462793702},{"$f":"Inputs!$R$41*Inputs!$R$42/8760","v":0},0,224.67566674612308,1.3822287131554647E-3,1.2578281289714729E-3,{"$f":"-N1008/(1.202*2465560*MAX(0,(Inputs!$R$49-Q1008)))","v":0},{"$f":"params!$C$16*R1008*(G1008-Inputs!$R$26)","v":0},-151510.85853610374,{"$f":"E1008*params!$C$8","v":0}]
["2002-02-11",2,11,1,0,2,-13,-14,91,{"$f":"Inputs!$R$38*Inputs!$R$33*(G1009-Inputs!$R$26)","v":-130997.44607331003},{"$f":"Inputs!$R$34*E1009*Inputs!$R$39","v":0},{"$f":"params!$C$16*Inputs!$R$30*(G1009-Inputs!$R$26)","v":-20513.412462793702},{"$f":"Inputs!$R$41*Inputs!$R$42/8760","v":0},0,224.67566674612308,1.3822287131554647E-3,1.2578281289714729E-3,{"$f":"-N1009/(1.202*2465560*MAX(0,(Inputs!$R$49-Q1009)))","v":0},{"$f":"params!$C$16*R1009*(G1009-Inputs!$R$26)","v":0},-151510.85853610374,{"$f":"E1009*params!$C$8","v":0}]
["2002-02-12",2,12,"01:00:00",0,9,-12,-14,83,{"$f":"Inputs!$R$38*Inputs!$R$33*(G1010-Inputs!$R$26)","v":-125301.90493968785},{"$f":"Inputs!$R$34*E1010*Inputs!$R$39","v":0},{"$f":"params!$C$16*Inputs!$R$30*(G1010-Inputs!$R$26)","v":-19621.524964411365},{"$f":"Inputs!$R$41*Inputs!$R$42/8760","v":0},0,243.5669653908281,1.4987300494831474E-3,1.2439459410710123E-3,{"$f":"-N1010/(1.202*2465560*MAX(0,(Inputs!$R$49-Q1010)))","v":0},{"$f":"params!$C$16*R1010*(G1010-Inputs!$R$26)","v":0},-144923.4299040992,{"$f":"E1010*params!$C$8","v":0}]
["2002-02-12",2,12,"02:00:00",0,7,-11,-13,84,{"$f":"Inputs!$R$38*Inputs!$R$33*(G1011-Inputs!$R$26)","v":-119606.36380606568},{"$f":"Inputs!$R$34*E1011*Inputs!$R$39","v":0},{"$f":"params!$C$16*Inputs!$R$30*(G1011-Inputs!$R$26)","v":-18729.637466029031},{"$f":"Inputs!$R$41*Inputs!$R$42/8760","v":0},0,263.86397481101648,1.6239488443119262E-3,1.364117029222018E-3,{"$f":"-N1011/(1.202*2465560*MAX(0,(Inputs!$R$49-Q1011)))","v":0},{"$f":"params!$C$16*R1011*(G1011-Inputs!$R$26)","v":0},-138336.00127209473,{"$f":"E1011*params!$C$8","v":0}]
["2002-02-12",2,12,"03:00:00",0,9,-10,-13,76,{"$f":"Inputs!$R$38*Inputs!$R$33*(G1012-Inputs!$R$26)","v":-113910.82267244349},{"$f":"Inputs!$R$34*E1012*Inputs!$R$39","v":0},{"$f":"params!$C$16*Inputs!$R$30*(G1012-Inputs!$R$26)","v":-17837.749967646698},{"$f":"Inputs!$R$41*Inputs!$R$42/8760","v":0},0,285.65695946908653,1.758452799711007E-3,1.3364241277803654E-3,{"$f":"-N1012/(1.202*2465560*MAX(0,(Inputs!$R$49-Q1012)))","v":0},{"$f":"params!$C$16*R1012*(G1012-Inputs!$R$26)","v":0},-131748.57264009019,{"$f":"E1012*params!$C$8","v":0}]
["2002-02-12",2,12,"04:00:00",0,9,-9,-12,77,{"$f":"Inputs!$R$38*Inputs!$R$33*(G1013-Inputs!$R$26)","v":-108215.28153882132},{"$f":"Inputs!$R$34*E1013*Inputs!$R$39","v":0},{"$f":"params!$C$16*Inputs!$R$30*(G1013-Inputs!$R$26)","v":-16945.862469264361},{"$f":"Inputs!$R$41*Inputs!$R$42/8760","v":0},0,309.04098596033037,1.902841039413297E-3,1.4651876003482387E-3,{"$f":"-N1013/(1.202*2465560*MAX(0,(Inputs!$R$49-Q1013)))","v":0},{"$f":"params!$C$16*R1013*(G1013-Inputs!$R$26)","v":0},-125161.14400808568,{"$f":"E1013*params!$C$8","v":0}]
["2002-02-12",2,12,"05:00:00",0,9,-4,-8,71,{"$f":"Inputs!$R$38*Inputs!$R$33*(G1014-Inputs!$R$26)","v":-79737.575870710454},{"$f":"Inputs!$R$34*E1014*Inputs!$R$39","v":0},{"$f":"params!$C$16*Inputs!$R$30*(G1014-Inputs!$R$26)","v":-12486.424977352686},{"$f":"Inputs!$R$41*Inputs!$R$42/8760","v":0},0,453.51532044328405,2.7964043545646504E-3,1.9854470917409018E-3,{"$f":"-N1014/(1.202*2465560*MAX(0,(Inputs!$R$49-Q1014)))","v":0},{"$f":"params!$C$16*R1014*(G1014-Inputs!$R$26)","v":0},-92224.000848063137,{"$f":"E1014*params!$C$8","v":0}]
["2002-02-12",2,12,"06:00:00",0,8,-2,-8,60,{"$f":"Inputs!$R$38*Inputs!$R$33*(G1015-Inputs!$R$26)","v":-68346.493603466108},{"$f":"Inputs!$R$34*E1015*Inputs!$R$39","v":0},{"$f":"params!$C$16*Inputs!$R$30*(G1015-Inputs!$R$26)","v":-10702.649980588018},{"$f":"Inputs!$R$41*Inputs!$R$42/8760","v":0},0,526.36516305985776,3.2479468065175691E-3,1.9487680839105415E-3,{"$f":"-N1015/(1.202*2465560*MAX(0,(Inputs!$R$49-Q1015)))","v":0},{"$f":"params!$C$16*R1015*(G1015-Inputs!$R$26)","v":0},-79049.143584054123,{"$f":"E1015*params!$C$8","v":0}]
["2002-02-12",2,12,"07:00:00",0,7,-3,-8,65,{"$f":"Inputs!$R$38*Inputs!$R$33*(G1016-Inputs!$R$26)","v":-74042.034737088281},{"$f":"Inputs!$R$34*E1016*Inputs!$R$39","v":0},{"$f":"params!$C$16*Inputs!$R$30*(G1016-Inputs!$R$26)","v":-11594.537478970353},{"$f":"Inputs!$R$41*Inputs!$R$42/8760","v":0},0,488.73621912146871,3.0146312662847319E-3,1.9595103230850759E-3,{"$f":"-N1016/(1.202*2465560*MAX(0,(Inputs!$R$49-Q1016)))","v":0},{"$f":"params!$C$16*R1016*(G1016-Inputs!$R$26)","v":0},-85636.57221605863,{"$f":"E1016*params!$C$8","v":0}]
["2002-02-12",2,12,"08:00:00",0,6,-2,-8,60,{"$f":"Inputs!$R$38*Inputs!$R$33*(G1017-Inputs!$R$26)","v":-68346.493603466108},{"$f":"Inputs!$R$34*E1017*Inputs!$R$39","v":0},{"$f":"params!$C$16*Inputs!$R$30*(G1017-Inputs!$R$26)","v":-10702.649980588018},{"$f":"Inputs!$R$41*Inputs!$R$42/8760","v":0},0,526.36516305985776,3.2479468065175691E-3,1.9487680839105415E-3,{"$f":"-N1017/(1.202*2465560*MAX(0,(Inputs!$R$49-Q1017)))","v":0},{"$f":"params!$C$16*R1017*(G1017-Inputs!$R$26)","v":0},-79049.143584054123,{"$f":"E1017*params!$C$8","v":0}]
["2002-02-12",2,12,"09:00:00",203,2,0,-7,55,{"$f":"Inputs!$R$38*Inputs!$R$33*(G1018-Inputs!$R$26)","v":-56955.411336221747},{"$f":"Inputs!$R$34*E1018*Inputs!$R$39","v":118813.81283735449},{"$f":"params!$C$16*Inputs!$R$30*(G1018-Inputs!$R$26)","v":-8918.8749838233489},{"$f":"Inputs!$R$41*Inputs!$R$42/8760","v":0},0,609.41773586642103,3.7635253138895938E-3,2.0699389226392765E-3,{"$f":"-N1018/(1.202*2465560*MAX(0,(Inputs!$R$49-Q1018)))","v":0},{"$f":"params!$C$16*R1018*(G1018-Inputs!$R$26)","v":0},52939.526517309394,{"$f":"E1018*params!$C$8","v":420.5145}]
["2002-02-12",2,12,"10:00:00",355,2,2,-6,52,{"$f":"Inputs!$R$38*Inputs!$R$33*(G1019-Inputs!$R$26)","v":-45564.3290689774},{"$f":"Inputs!$R$34*E1019*Inputs!$R$39","v":207777.85003576768},{"$f":"params!$C$16*Inputs!$R$30*(G1019-Inputs!$R$26)","v":-7135.0999870586784},{"$f":"Inputs!$R$41*Inputs!$R$42/8760","v":0},0,703.88301618186097,4.3509868656616182E-3,2.2625131701440415E-3,{"$f":"-N1019/(1.202*2465560*MAX(0,(Inputs!$R$49-Q1019)))","v":0},{"$f":"params!$C$16*R1019*(G1019-Inputs!$R$26)","v":0},155078.4209797316,{"$f":"E1019*params!$C$8","v":735.38249999999994}]
["2002-02-12",2,12,"11:00:00",481,4,2,-6,52,{"$f":"Inputs!$R$38*Inputs!$R$33*(G1020-Inputs!$R$26)","v":-45564.3290689774},{"$f":"Inputs!$R$34*E1020*Inputs!$R$39","v":281524.35455550498},{"$f":"params!$C$16*Inputs!$R$30*(G1020-Inputs!$R$26)","v":-7135.0999870586784},{"$f":"Inputs!$R$41*Inputs!$R$42/8760","v":0},0,703.88301618186097,4.3509868656616182E-3,2.2625131701440415E-3,{"$f":"-N1020/(1.202*2465560*MAX(0,(Inputs!$R$49-Q1020)))","v":0},{"$f":"params!$C$16*R1020*(G1020-Inputs!$R$26)","v":0},228824.92549946893,{"$f":"E1020*params!$C$8","v":996.39149999999995}]
["2002-02-12",2,12,"12:00:00",562,5,3,-5,53,{"$f":"Inputs!$R$38*Inputs!$R$33*(G1021-Inputs!$R$26)","v":-39868.787935355227},{"$f":"Inputs!$R$34*E1021*Inputs!$R$39","v":328932.82174676465},{"$f":"params!$C$16*Inputs!$R$30*(G1021-Inputs!$R$26)","v":-6243.2124886763431},{"$f":"Inputs!$R$41*Inputs!$R$42/8760","v":0},0,755.80495631325812,4.6743495015895585E-3,2.477405235842466E-3,{"$f":"-N1021/(1.202*2465560*MAX(0,(Inputs!$R$49-Q1021)))","v":0},{"$f":"params!$C$16*R1021*(G1021-Inputs!$R$26)","v":0},282820.82132273307,{"$f":"E1021*params!$C$8","v":1164.183}]
["2002-02-12",2,12,"13:00:00",582,10,4,-4,54,{"$f":"Inputs!$R$38*Inputs!$R$33*(G1022-Inputs!$R$26)","v":-34173.246801733054},{"$f":"Inputs!$R$34*E1022*Inputs!$R$39","v":340638.61611497687},{"$f":"params!$C$16*Inputs!$R$30*(G1022-Inputs!$R$26)","v":-5351.3249902940088},{"$f":"Inputs!$R$41*Inputs!$R$42/8760","v":0},0,811.08667612094962,5.0190035800134264E-3,2.7102619332072505E-3,{"$f":"-N1022/(1.202*2465560*MAX(0,(Inputs!$R$49-Q1022)))","v":0},{"$f":"params!$C$16*R1022*(G1022-Inputs!$R$26)","v":0},301114.04432294983,{"$f":"E1022*params!$C$8","v":1205.6129999999998}]
["2002-02-12",2,12,"14:00:00",99,10,4,-4,54,{"$f":"Inputs!$R$38*Inputs!$R$33*(G1023-Inputs!$R$26)","v":-34173.246801733054},{"$f":"Inputs!$R$34*E1023*Inputs!$R$39","v":57943.682122650709},{"$f":"params!$C$16*Inputs!$R$30*(G1023-Inputs!$R$26)","v":-5351.3249902940088},{"$f":"Inputs!$R$41*Inputs!$R$42/8760","v":0},0,811.08667612094962,5.0190035800134264E-3,2.7102619332072505E-3,{"$f":"-N1023/(1.202*2465560*MAX(0,(Inputs!$R$49-Q1023)))","v":0},{"$f":"params!$C$16*R1023*(G1023-Inputs!$R$26)","v":0},18419.110330623647,{"$f":"E1023*params!$C$8","v":205.07849999999999}]
["2002-02-12",2,12,"15:00:00",73,10,3,-4,58,{"$f":"Inputs!$R$38*Inputs!$R$33*(G1024-Inputs!$R$26)","v":-39868.787935355227},{"$f":"Inputs!$R$34*E1024*Inputs!$R$39","v":42726.149443974769},{"$f":"params!$C$16*Inputs!$R$30*(G1024-Inputs!$R$26)","v":-6243.2124886763431},{"$f":"Inputs!$R$41*Inputs!$R$42/8760","v":0},0,755.80495631325812,4.6743495015895585E-3,2.711122710921944E-3,{"$f":"-N1024/(1.202*2465560*MAX(0,(Inputs!$R$49-Q1024)))","v":0},{"$f":"params!$C$16*R1024*(G1024-Inputs!$R$26)","v":0},-3385.8509800568008,{"$f":"E1024*params!$C$8","v":151.21949999999998}]
["2002-02-12",2,12,"16:00:00",79,10,4,-3,59,{"$f":"Inputs!$R$38*Inputs!$R$33*(G1025-Inputs!$R$26)","v":-34173.246801733054},{"$f":"Inputs!$R$34*E1025*Inputs!$R$39","v":46237.887754438445},{"$f":"params!$C$16*Inputs!$R$30*(G1025-Inputs!$R$26)","v":-5351.3249902940088},{"$f":"Inputs!$R$41*Inputs!$R$42/8760","v":0},0,811.08667612094962,5.0190035800134264E-3,2.9612121122079217E-3,{"$f":"-N1025/(1.202*2465560*MAX(0,(Inputs!$R$49-Q1025)))","v":0},{"$f":"params!$C$16*R1025*(G1025-Inputs!$R$26)","v":0},6713.3159624113823,{"$f":"E1025*params!$C$8","v":163.64849999999998}]
["2002-02-12",2,12,"17:00:00",88,10,3,-3,63,{"$f":"Inputs!$R$38*Inputs!$R$33*(G1026-Inputs!$R$26)","v":-39868.787935355227},{"$f":"Inputs!$R$34*E1026*Inputs!$R$39","v":51505.495220133969},{"$f":"params!$C$16*Inputs!$R$30*(G1026-Inputs!$R$26)","v":-6243.2124886763431},{"$f":"Inputs!$R$41*Inputs!$R$42/8760","v":0},0,755.80495631325812,4.6743495015895585E-3,2.9448401860014215E-3,{"$f":"-N1026/(1.202*2465560*MAX(0,(Inputs!$R$49-Q1026)))","v":0},{"$f":"params!$C$16*R1026*(G1026-Inputs!$R$26)","v":0},5393.4947961023991,{"$f":"E1026*params!$C$8","v":182.292}]
["2002-02-12",{"$f":"MONTH(A1027)","v":2},{"$f":"DAY(A1027)","v":12},"18:00:00",3,10,3,-3,63,{"$f":"Inputs!$R$38*Inputs!$R$33*(G1027-Inputs!$R$26)","v":-39868.787935355227},{"$f":"Inputs!$R$34*E1027*Inputs!$R$39","v":1755.8691552318398},{"$f":"params!$C$16*Inputs!$R$30*(G1027-Inputs!$R$26)","v":-6243.2124886763431},{"$f":"Inputs!$R$41*Inputs!$R$42/8760","v":0},0,{"$f":"EXP(77.345+0.0057*(G1027+273.15)-7235/(G1027+273.15))/(G1027+273.15)^8.2","v":755.80495631325812},{"$f":"0.62198*O1027/(101325-O1027)","v":4.6743495015895585E-3},{"$f":"P1027*I1027/100","v":2.9448401860014215E-3},{"$f":"-N1027/(1.202*2465560*MAX(0,(Inputs!$R$49-Q1027)))","v":0},{"$f":"params!$C$16*R1027*(G1027-Inputs!$R$26)","v":0},{"$f":"J1027+K1027+L1027+M1027+N1027+S1027","v":-44356.131268799727},{"$f":"E1027*params!$C$8","v":6.2144999999999992}]
["2002-02-12",2,12,"19:00:00",0,10,3,-3,63,{"$f":"Inputs!$R$38*Inputs!$R$33*(G1028-Inputs!$R$26)","v":-39868.787935355227},{"$f":"Inputs!$R$34*E1028*Inputs!$R$39","v":0},{"$f":"params!$C$16*Inputs!$R$30*(G1028-Inputs!$R$26)","v":-6243.2124886763431},{"$f":"Inputs!$R$41*Inputs!$R$42/8760","v":0},0,755.80495631325812,4.6743495015895585E-3,2.9448401860014215E-3,{"$f":"-N1028/(1.202*2465560*MAX(0,(Inputs!$R$49-Q1028)))","v":0},{"$f":"params!$C$16*R1028*(G1028-Inputs!$R$26)","v":0},-46112.000424031568,{"$f":"E1028*params!$C$8","v":0}]
["2002-02-12",2,12,"20:00:00",0,5,3,-4,58,{"$f":"Inputs!$R$38*Inputs!$R$33*(G1029-Inputs!$R$26)","v":-39868.787935355227},{"$f":"Inputs!$R$34*E1029*Inputs!$R$39","v":0},{"$f":"params!$C$16*Inputs!$R$30*(G1029-Inputs!$R$26)","v":-6243.2124886763431},{"$f":"Inputs!$R$41*Inputs!$R$42/8760","v":0},0,755.80495631325812,4.6743495015895585E-3,2.711122710921944E-3,{"$f":"-N1029/(1.202*2465560*MAX(0,(Inputs!$R$49-Q1029)))","v":0},{"$f":"params!$C$16*R1029*(G1029-Inputs!$R$26)","v":0},-46112.000424031568,{"$f":"E1029*params!$C$8","v":0}]
["2002-02-12",2,12,"21:00:00",0,8,3,-4,58,{"$f":"Inputs!$R$38*Inputs!$R$33*(G1030-Inputs!$R$26)","v":-39868.787935355227},{"$f":"Inputs!$R$34*E1030*Inputs!$R$39","v":0},{"$f":"params!$C$16*Inputs!$R$30*(G1030-Inputs!$R$26)","v":-6243.2124886763431},{"$f":"Inputs!$R$41*Inputs!$R$42/8760","v":0},0,755.80495631325812,4.6743495015895585E-3,2.711122710921944E-3,{"$f":"-N1030/(1.202*2465560*MAX(0,(Inputs!$R$49-Q1030)))","v":0},{"$f":"params!$C$16*R1030*(G1030-Inputs!$R$26)","v":0},-46112.000424031568,{"$f":"E1030*params!$C$8","v":0}]
["2002-02-12",2,12,"22:00:00",0,5,1,-3,72,{"$f":"Inputs!$R$38*Inputs!$R$33*(G1031-Inputs!$R$26)","v":-51259.870202599574},{"$f":"Inputs!$R$34*E1031*Inputs!$R$39","v":0},{"$f":"params!$C$16*Inputs!$R$30*(G1031-Inputs!$R$26)","v":-8026.9874854410136},{"$f":"Inputs!$R$41*Inputs!$R$42/8760","v":0},0,655.14373774848059,4.0477489204243187E-3,2.9143792227055093E-3,{"$f":"-N1031/(1.202*2465560*MAX(0,(Inputs!$R$49-Q1031)))","v":0},{"$f":"params!$C$16*R1031*(G1031-Inputs!$R$26)","v":0},-59286.857688040589,{"$f":"E1031*params!$C$8","v":0}]
["2002-02-12",2,12,"23:00:00",0,0,0,-9,46,{"$f":"Inputs!$R$38*Inputs!$R$33*(G1032-Inputs!$R$26)","v":-56955.411336221747},{"$f":"Inputs!$R$34*E1032*Inputs!$R$39","v":0},{"$f":"params!$C$16*Inputs!$R$30*(G1032-Inputs!$R$26)","v":-8918.8749838233489},{"$f":"Inputs!$R$41*Inputs!$R$42/8760","v":0},0,609.41773586642103,3.7635253138895938E-3,1.731221644389213E-3,{"$f":"-N1032/(1.202*2465560*MAX(0,(Inputs!$R$49-Q1032)))","v":0},{"$f":"params!$C$16*R1032*(G1032-Inputs!$R$26)","v":0},-65874.286320045096,{"$f":"E1032*params!$C$8","v":0}]
["2002-02-12",2,12,1,0,0,-4,-8,71,{"$f":"Inputs!$R$38*Inputs!$R$33*(G1033-Inputs!$R$26)","v":-79737.575870710454},{"$f":"Inputs!$R$34*E1033*Inputs!$R$39","v":0},{"$f":"params!$C$16*Inputs!$R$30*(G1033-Inputs!$R$26)","v":-12486.424977352686},{"$f":"Inputs!$R$41*Inputs!$R$42/8760","v":0},0,453.51532044328405,2.7964043545646504E-3,1.9854470917409018E-3,{"$f":"-N1033/(1.202*2465560*MAX(0,(Inputs!$R$49-Q1033)))","v":0},{"$f":"params!$C$16*R1033*(G1033-Inputs!$R$26)","v":0},-92224.000848063137,{"$f":"E1033*params!$C$8","v":0}]
["2002-02-13",2,13,"01:00:00",0,8,-4,-7,77,{"$f":"Inputs!$R$38*Inputs!$R$33*(G1034-Inputs!$R$26)","v":-79737.575870710454},{"$f":"Inputs!$R$34*E1034*Inputs!$R$39","v":0},{"$f":"params!$C$16*Inputs!$R$30*(G1034-Inputs!$R$26)","v":-12486.424977352686},{"$f":"Inputs!$R$41*Inputs!$R$42/8760","v":0},0,453.51532044328405,2.7964043545646504E-3,2.1532313530147808E-3,{"$f":"-N1034/(1.202*2465560*MAX(0,(Inputs!$R$49-Q1034)))","v":0},{"$f":"params!$C$16*R1034*(G1034-Inputs!$R$26)","v":0},-92224.000848063137,{"$f":"E1034*params!$C$8","v":0}]
["2002-02-13",2,13,"02:00:00",0,9,-3,-7,71,{"$f":"Inputs!$R$38*Inputs!$R$33*(G1035-Inputs!$R$26)","v":-74042.034737088281},{"$f":"Inputs!$R$34*E1035*Inputs!$R$39","v":0},{"$f":"params!$C$16*Inputs!$R$30*(G1035-Inputs!$R$26)","v":-11594.537478970353},{"$f":"Inputs!$R$41*Inputs!$R$42/8760","v":0},0,488.73621912146871,3.0146312662847319E-3,2.1403881990621596E-3,{"$f":"-N1035/(1.202*2465560*MAX(0,(Inputs!$R$49-Q1035)))","v":0},{"$f":"params!$C$16*R1035*(G1035-Inputs!$R$26)","v":0},-85636.57221605863,{"$f":"E1035*params!$C$8","v":0}]
["2002-02-13",2,13,"03:00:00",0,10,1,-6,56,{"$f":"Inputs!$R$38*Inputs!$R$33*(G1036-Inputs!$R$26)","v":-51259.870202599574},{"$f":"Inputs!$R$34*E1036*Inputs!$R$39","v":0},{"$f":"params!$C$16*Inputs!$R$30*(G1036-Inputs!$R$26)","v":-8026.9874854410136},{"$f":"Inputs!$R$41*Inputs!$R$42/8760","v":0},0,655.14373774848059,4.0477489204243187E-3,2.2667393954376187E-3,{"$f":"-N1036/(1.202*2465560*MAX(0,(Inputs!$R$49-Q1036)))","v":0},{"$f":"params!$C$16*R1036*(G1036-Inputs!$R$26)","v":0},-59286.857688040589,{"$f":"E1036*params!$C$8","v":0}]
["2002-02-13",2,13,"04:00:00",0,10,-2,-6,71,{"$f":"Inputs!$R$38*Inputs!$R$33*(G1037-Inputs!$R$26)","v":-68346.493603466108},{"$f":"Inputs!$R$34*E1037*Inputs!$R$39","v":0},{"$f":"params!$C$16*Inputs!$R$30*(G1037-Inputs!$R$26)","v":-10702.649980588018},{"$f":"Inputs!$R$41*Inputs!$R$42/8760","v":0},0,526.36516305985776,3.2479468065175691E-3,2.306042232627474E-3,{"$f":"-N1037/(1.202*2465560*MAX(0,(Inputs!$R$49-Q1037)))","v":0},{"$f":"params!$C$16*R1037*(G1037-Inputs!$R$26)","v":0},-79049.143584054123,{"$f":"E1037*params!$C$8","v":0}]
["2002-02-13",2,13,"05:00:00",0,10,-4,-8,71,{"$f":"Inputs!$R$38*Inputs!$R$33*(G1038-Inputs!$R$26)","v":-79737.575870710454},{"$f":"Inputs!$R$34*E1038*Inputs!$R$39","v":0},{"$f":"params!$C$16*Inputs!$R$30*(G1038-Inputs!$R$26)","v":-12486.424977352686},{"$f":"Inputs!$R$41*Inputs!$R$42/8760","v":0},0,453.51532044328405,2.7964043545646504E-3,1.9854470917409018E-3,{"$f":"-N1038/(1.202*2465560*MAX(0,(Inputs!$R$49-Q1038)))","v":0},{"$f":"params!$C$16*R1038*(G1038-Inputs!$R$26)","v":0},-92224.000848063137,{"$f":"E1038*params!$C$8","v":0}]
["2002-02-13",2,13,"06:00:00",0,8,-6,-10,70,{"$f":"Inputs!$R$38*Inputs!$R$33*(G1039-Inputs!$R$26)","v":-91128.658137954801},{"$f":"Inputs!$R$34*E1039*Inputs!$R$39","v":0},{"$f":"params!$C$16*Inputs!$R$30*(G1039-Inputs!$R$26)","v":-14270.199974117357},{"$f":"Inputs!$R$41*Inputs!$R$42/8760","v":0},0,389.76616195693094,2.4018050803048703E-3,1.6812635562134092E-3,{"$f":"-N1039/(1.202*2465560*MAX(0,(Inputs!$R$49-Q1039)))","v":0},{"$f":"params!$C$16*R1039*(G1039-Inputs!$R$26)","v":0},-105398.85811207216,{"$f":"E1039*params!$C$8","v":0}]
["2002-02-13",2,13,"07:00:00",0,8,-6,-13,54,{"$f":"Inputs!$R$38*Inputs!$R$33*(G1040-Inputs!$R$26)","v":-91128.658137954801},{"$f":"Inputs!$R$34*E1040*Inputs!$R$39","v":0},{"$f":"params!$C$16*Inputs!$R$30*(G1040-Inputs!$R$26)","v":-14270.199974117357},{"$f":"Inputs!$R$41*Inputs!$R$42/8760","v":0},0,389.76616195693094,2.4018050803048703E-3,1.2969747433646301E-3,{"$f":"-N1040/(1.202*2465560*MAX(0,(Inputs!$R$49-Q1040)))","v":0},{"$f":"params!$C$16*R1040*(G1040-Inputs!$R$26)","v":0},-105398.85811207216,{"$f":"E1040*params!$C$8","v":0}]
["2002-02-13",2,13,"08:00:00",0,4,-7,-11,70,{"$f":"Inputs!$R$38*Inputs!$R$33*(G1041-Inputs!$R$26)","v":-96824.199271576974},{"$f":"Inputs!$R$34*E1041*Inputs!$R$39","v":0},{"$f":"params!$C$16*Inputs!$R$30*(G1041-Inputs!$R$26)","v":-15162.087472499692},{"$f":"Inputs!$R$41*Inputs!$R$42/8760","v":0},0,360.98762153500678,2.2238327850987206E-3,1.5566829495691045E-3,{"$f":"-N1041/(1.202*2465560*MAX(0,(Inputs!$R$49-Q1041)))","v":0},{"$f":"params!$C$16*R1041*(G1041-Inputs!$R$26)","v":0},-111986.28674407667,{"$f":"E1041*params!$C$8","v":0}]
["2002-02-13",2,13,"09:00:00",202,4,-7,-14,54,{"$f":"Inputs!$R$38*Inputs!$R$33*(G1042-Inputs!$R$26)","v":-96824.199271576974},{"$f":"Inputs!$R$34*E1042*Inputs!$R$39","v":118228.52311894388},{"$f":"params!$C$16*Inputs!$R$30*(G1042-Inputs!$R$26)","v":-15162.087472499692},{"$f":"Inputs!$R$41*Inputs!$R$42/8760","v":0},0,360.98762153500678,2.2238327850987206E-3,1.2008697039533093E-3,{"$f":"-N1042/(1.202*2465560*MAX(0,(Inputs!$R$49-Q1042)))","v":0},{"$f":"params!$C$16*R1042*(G1042-Inputs!$R$26)","v":0},6242.2363748672124,{"$f":"E1042*params!$C$8","v":418.44299999999998}]
["2002-02-13",2,13,"10:00:00",362,8,-7,-14,54,{"$f":"Inputs!$R$38*Inputs!$R$33*(G1043-Inputs!$R$26)","v":-96824.199271576974},{"$f":"Inputs!$R$34*E1043*Inputs!$R$39","v":211874.87806464202},{"$f":"params!$C$16*Inputs!$R$30*(G1043-Inputs!$R$26)","v":-15162.087472499692},{"$f":"Inputs!$R$41*Inputs!$R$42/8760","v":0},0,360.98762153500678,2.2238327850987206E-3,1.2008697039533093E-3,{"$f":"-N1043/(1.202*2465560*MAX(0,(Inputs!$R$49-Q1043)))","v":0},{"$f":"params!$C$16*R1043*(G1043-Inputs!$R$26)","v":0},99888.591320565349,{"$f":"E1043*params!$C$8","v":749.88299999999992}]
["2002-02-13",2,13,"11:00:00",487,4,-7,-16,45,{"$f":"Inputs!$R$38*Inputs!$R$33*(G1044-Inputs!$R$26)","v":-96824.199271576974},{"$f":"Inputs!$R$34*E1044*Inputs!$R$39","v":285036.09286596865},{"$f":"params!$C$16*Inputs!$R$30*(G1044-Inputs!$R$26)","v":-15162.087472499692},{"$f":"Inputs!$R$41*Inputs!$R$42/8760","v":0},0,360.98762153500678,2.2238327850987206E-3,1.0007247532944242E-3,{"$f":"-N1044/(1.202*2465560*MAX(0,(Inputs!$R$49-Q1044)))","v":0},{"$f":"params!$C$16*R1044*(G1044-Inputs!$R$26)","v":0},173049.80612189198,{"$f":"E1044*params!$C$8","v":1008.8204999999999}]
["2002-02-13",2,13,"12:00:00",568,3,-7,-16,45,{"$f":"Inputs!$R$38*Inputs!$R$33*(G1045-Inputs!$R$26)","v":-96824.199271576974},{"$f":"Inputs!$R$34*E1045*Inputs!$R$39","v":332444.56005722831},{"$f":"params!$C$16*Inputs!$R$30*(G1045-Inputs!$R$26)","v":-15162.087472499692},{"$f":"Inputs!$R$41*Inputs!$R$42/8760","v":0},0,360.98762153500678,2.2238327850987206E-3,1.0007247532944242E-3,{"$f":"-N1045/(1.202*2465560*MAX(0,(Inputs!$R$49-Q1045)))","v":0},{"$f":"params!$C$16*R1045*(G1045-Inputs!$R$26)","v":0},220458.27331315164,{"$f":"E1045*params!$C$8","v":1176.6119999999999}]
["2002-02-13",2,13,"13:00:00",588,3,-6,-17,37,{"$f":"Inputs!$R$38*Inputs!$R$33*(G1046-Inputs!$R$26)","v":-91128.658137954801},{"$f":"Inputs!$R$34*E1046*Inputs!$R$39","v":344150.3544254406},{"$f":"params!$C$16*Inputs!$R$30*(G1046-Inputs!$R$26)","v":-14270.199974117357},{"$f":"Inputs!$R$41*Inputs!$R$42/8760","v":0},0,389.76616195693094,2.4018050803048703E-3,8.8866787971280195E-4,{"$f":"-N1046/(1.202*2465560*MAX(0,(Inputs!$R$49-Q1046)))","v":0},{"$f":"params!$C$16*R1046*(G1046-Inputs!$R$26)","v":0},238751.49631336844,{"$f":"E1046*params!$C$8","v":1218.0419999999999}]
["2002-02-13",2,13,"14:00:00",542,0,-6,-16,41,{"$f":"Inputs!$R$38*Inputs!$R$33*(G1047-Inputs!$R$26)","v":-91128.658137954801},{"$f":"Inputs!$R$34*E1047*Inputs!$R$39","v":317227.02737855242},{"$f":"params!$C$16*Inputs!$R$30*(G1047-Inputs!$R$26)","v":-14270.199974117357},{"$f":"Inputs!$R$41*Inputs!$R$42/8760","v":0},0,389.76616195693094,2.4018050803048703E-3,9.8474008292499674E-4,{"$f":"-N1047/(1.202*2465560*MAX(0,(Inputs!$R$49-Q1047)))","v":0},{"$f":"params!$C$16*R1047*(G1047-Inputs!$R$26)","v":0},211828.16926648025,{"$f":"E1047*params!$C$8","v":1122.7529999999999}]
["2002-02-13",2,13,"15:00:00",449,3,-5,-16,38,{"$f":"Inputs!$R$38*Inputs!$R$33*(G1048-Inputs!$R$26)","v":-85433.117004332627},{"$f":"Inputs!$R$34*E1048*Inputs!$R$39","v":262795.08356636536},{"$f":"params!$C$16*Inputs!$R$30*(G1048-Inputs!$R$26)","v":-13378.312475735022},{"$f":"Inputs!$R$41*Inputs!$R$42/8760","v":0},0,420.56802345265027,2.5924024753231664E-3,9.8511294062280318E-4,{"$f":"-N1048/(1.202*2465560*MAX(0,(Inputs!$R$49-Q1048)))","v":0},{"$f":"params!$C$16*R1048*(G1048-Inputs!$R$26)","v":0},163983.6540862977,{"$f":"E1048*params!$C$8","v":930.10349999999994}]
["2002-02-13",2,13,"16:00:00",311,0,-6,-17,37,{"$f":"Inputs!$R$38*Inputs!$R$33*(G1049-Inputs!$R$26)","v":-91128.658137954801},{"$f":"Inputs!$R$34*E1049*Inputs!$R$39","v":182025.10242570072},{"$f":"params!$C$16*Inputs!$R$30*(G1049-Inputs!$R$26)","v":-14270.199974117357},{"$f":"Inputs!$R$41*Inputs!$R$42/8760","v":0},0,389.76616195693094,2.4018050803048703E-3,8.8866787971280195E-4,{"$f":"-N1049/(1.202*2465560*MAX(0,(Inputs!$R$49-Q1049)))","v":0},{"$f":"params!$C$16*R1049*(G1049-Inputs!$R$26)","v":0},76626.244313628558,{"$f":"E1049*params!$C$8","v":644.23649999999998}]
["2002-02-13",2,13,"17:00:00",142,0,-6,-17,37,{"$f":"Inputs!$R$38*Inputs!$R$33*(G1050-Inputs!$R$26)","v":-91128.658137954801},{"$f":"Inputs!$R$34*E1050*Inputs!$R$39","v":83111.140014307079},{"$f":"params!$C$16*Inputs!$R$30*(G1050-Inputs!$R$26)","v":-14270.199974117357},{"$f":"Inputs!$R$41*Inputs!$R$42/8760","v":0},0,389.76616195693094,2.4018050803048703E-3,8.8866787971280195E-4,{"$f":"-N1050/(1.202*2465560*MAX(0,(Inputs!$R$49-Q1050)))","v":0},{"$f":"params!$C$16*R1050*(G1050-Inputs!$R$26)","v":0},-22287.718097765079,{"$f":"E1050*params!$C$8","v":294.15299999999996}]
["2002-02-13",2,13,"18:00:00",5,0,-7,-17,41,{"$f":"Inputs!$R$38*Inputs!$R$33*(G1051-Inputs!$R$26)","v":-96824.199271576974},{"$f":"Inputs!$R$34*E1051*Inputs!$R$39","v":2926.4485920530665},{"$f":"params!$C$16*Inputs!$R$30*(G1051-Inputs!$R$26)","v":-15162.087472499692},{"$f":"Inputs!$R$41*Inputs!$R$42/8760","v":0},0,360.98762153500678,2.2238327850987206E-3,9.1177144189047541E-4,{"$f":"-N1051/(1.202*2465560*MAX(0,(Inputs!$R$49-Q1051)))","v":0},{"$f":"params!$C$16*R1051*(G1051-Inputs!$R$26)","v":0},-109059.8381520236,{"$f":"E1051*params!$C$8","v":10.3575}]
["2002-02-13",2,13,"19:00:00",0,0,-9,-16,53,{"$f":"Inputs!$R$38*Inputs!$R$33*(G1052-Inputs!$R$26)","v":-108215.28153882132},{"$f":"Inputs!$R$34*E1052*Inputs!$R$39","v":0},{"$f":"params!$C$16*Inputs!$R$30*(G1052-Inputs!$R$26)","v":-16945.862469264361},{"$f":"Inputs!$R$41*Inputs!$R$42/8760","v":0},0,309.04098596033037,1.902841039413297E-3,1.0085057508890474E-3,{"$f":"-N1052/(1.202*2465560*MAX(0,(Inputs!$R$49-Q1052)))","v":0},{"$f":"params!$C$16*R1052*(G1052-Inputs!$R$26)","v":0},-125161.14400808568,{"$f":"E1052*params!$C$8","v":0}]
["2002-02-13",2,13,"20:00:00",0,0,-10,-15,64,{"$f":"Inputs!$R$38*Inputs!$R$33*(G1053-Inputs!$R$26)","v":-113910.82267244349},{"$f":"Inputs!$R$34*E1053*Inputs!$R$39","v":0},{"$f":"params!$C$16*Inputs!$R$30*(G1053-Inputs!$R$26)","v":-17837.749967646698},{"$f":"Inputs!$R$41*Inputs!$R$42/8760","v":0},0,285.65695946908653,1.758452799711007E-3,1.1254097918150445E-3,{"$f":"-N1053/(1.202*2465560*MAX(0,(Inputs!$R$49-Q1053)))","v":0},{"$f":"params!$C$16*R1053*(G1053-Inputs!$R$26)","v":0},-131748.57264009019,{"$f":"E1053*params!$C$8","v":0}]
["2002-02-13",2,13,"21:00:00",0,0,-11,-16,63,{"$f":"Inputs!$R$38*Inputs!$R$33*(G1054-Inputs!$R$26)","v":-119606.36380606568},{"$f":"Inputs!$R$34*E1054*Inputs!$R$39","v":0},{"$f":"params!$C$16*Inputs!$R$30*(G1054-Inputs!$R$26)","v":-18729.637466029031},{"$f":"Inputs!$R$41*Inputs!$R$42/8760","v":0},0,263.86397481101648,1.6239488443119262E-3,1.0230877719165136E-3,{"$f":"-N1054/(1.202*2465560*MAX(0,(Inputs!$R$49-Q1054)))","v":0},{"$f":"params!$C$16*R1054*(G1054-Inputs!$R$26)","v":0},-138336.00127209473,{"$f":"E1054*params!$C$8","v":0}]
["2002-02-13",2,13,"22:00:00",0,0,-12,-15,76,{"$f":"Inputs!$R$38*Inputs!$R$33*(G1055-Inputs!$R$26)","v":-125301.90493968785},{"$f":"Inputs!$R$34*E1055*Inputs!$R$39","v":0},{"$f":"params!$C$16*Inputs!$R$30*(G1055-Inputs!$R$26)","v":-19621.524964411365},{"$f":"Inputs!$R$41*Inputs!$R$42/8760","v":0},0,243.5669653908281,1.4987300494831474E-3,1.1390348376071919E-3,{"$f":"-N1055/(1.202*2465560*MAX(0,(Inputs!$R$49-Q1055)))","v":0},{"$f":"params!$C$16*R1055*(G1055-Inputs!$R$26)","v":0},-144923.4299040992,{"$f":"E1055*params!$C$8","v":0}]
["2002-02-13",2,13,"23:00:00",0,0,-13,-15,83,{"$f":"Inputs!$R$38*Inputs!$R$33*(G1056-Inputs!$R$26)","v":-130997.44607331003},{"$f":"Inputs!$R$34*E1056*Inputs!$R$39","v":0},{"$f":"params!$C$16*Inputs!$R$30*(G1056-Inputs!$R$26)","v":-20513.412462793702},{"$f":"Inputs!$R$41*Inputs!$R$42/8760","v":0},0,224.67566674612308,1.3822287131554647E-3,1.1472498319190358E-3,{"$f":"-N1056/(1.202*2465560*MAX(0,(Inputs!$R$49-Q1056)))","v":0},{"$f":"params!$C$16*R1056*(G1056-Inputs!$R$26)","v":0},-151510.85853610374,{"$f":"E1056*params!$C$8","v":0}]
["2002-02-13",2,13,1,0,0,-13,-16,76,{"$f":"Inputs!$R$38*Inputs!$R$33*(G1057-Inputs!$R$26)","v":-130997.44607331003},{"$f":"Inputs!$R$34*E1057*Inputs!$R$39","v":0},{"$f":"params!$C$16*Inputs!$R$30*(G1057-Inputs!$R$26)","v":-20513.412462793702},{"$f":"Inputs!$R$41*Inputs!$R$42/8760","v":0},0,224.67566674612308,1.3822287131554647E-3,1.0504938219981531E-3,{"$f":"-N1057/(1.202*2465560*MAX(0,(Inputs!$R$49-Q1057)))","v":0},{"$f":"params!$C$16*R1057*(G1057-Inputs!$R$26)","v":0},-151510.85853610374,{"$f":"E1057*params!$C$8","v":0}]
["2002-02-14",2,14,"01:00:00",0,0,-14,-16,83,{"$f":"Inputs!$R$38*Inputs!$R$33*(G1058-Inputs!$R$26)","v":-136692.98720693222},{"$f":"Inputs!$R$34*E1058*Inputs!$R$39","v":0},{"$f":"params!$C$16*Inputs!$R$30*(G1058-Inputs!$R$26)","v":-21405.299961176035},{"$f":"Inputs!$R$41*Inputs!$R$42/8760","v":0},0,207.10442567120111,1.2739071550820168E-3,1.0573429387180739E-3,{"$f":"-N1058/(1.202*2465560*MAX(0,(Inputs!$R$49-Q1058)))","v":0},{"$f":"params!$C$16*R1058*(G1058-Inputs!$R$26)","v":0},-158098.28716810825,{"$f":"E1058*params!$C$8","v":0}]
["2002-02-14",2,14,"02:00:00",0,0,-14,-16,83,{"$f":"Inputs!$R$38*Inputs!$R$33*(G1059-Inputs!$R$26)","v":-136692.98720693222},{"$f":"Inputs!$R$34*E1059*Inputs!$R$39","v":0},{"$f":"params!$C$16*Inputs!$R$30*(G1059-Inputs!$R$26)","v":-21405.299961176035},{"$f":"Inputs!$R$41*Inputs!$R$42/8760","v":0},0,207.10442567120111,1.2739071550820168E-3,1.0573429387180739E-3,{"$f":"-N1059/(1.202*2465560*MAX(0,(Inputs!$R$49-Q1059)))","v":0},{"$f":"params!$C$16*R1059*(G1059-Inputs!$R$26)","v":0},-158098.28716810825,{"$f":"E1059*params!$C$8","v":0}]
["2002-02-14",2,14,"03:00:00",0,0,-14,-17,76,{"$f":"Inputs!$R$38*Inputs!$R$33*(G1060-Inputs!$R$26)","v":-136692.98720693222},{"$f":"Inputs!$R$34*E1060*Inputs!$R$39","v":0},{"$f":"params!$C$16*Inputs!$R$30*(G1060-Inputs!$R$26)","v":-21405.299961176035},{"$f":"Inputs!$R$41*Inputs!$R$42/8760","v":0},0,207.10442567120111,1.2739071550820168E-3,9.6816943786233272E-4,{"$f":"-N1060/(1.202*2465560*MAX(0,(Inputs!$R$49-Q1060)))","v":0},{"$f":"params!$C$16*R1060*(G1060-Inputs!$R$26)","v":0},-158098.28716810825,{"$f":"E1060*params!$C$8","v":0}]
["2002-02-14",2,14,"04:00:00",0,0,-15,-17,83,{"$f":"Inputs!$R$38*Inputs!$R$33*(G1061-Inputs!$R$26)","v":-142388.52834055439},{"$f":"Inputs!$R$34*E1061*Inputs!$R$39","v":0},{"$f":"params!$C$16*Inputs!$R$30*(G1061-Inputs!$R$26)","v":-22297.187459558369},{"$f":"Inputs!$R$41*Inputs!$R$42/8760","v":0},0,190.77201429943182,1.1732563724196076E-3,9.7380278910827423E-4,{"$f":"-N1061/(1.202*2465560*MAX(0,(Inputs!$R$49-Q1061)))","v":0},{"$f":"params!$C$16*R1061*(G1061-Inputs!$R$26)","v":0},-164685.71580011275,{"$f":"E1061*params!$C$8","v":0}]
["2002-02-14",2,14,"05:00:00",0,0,-15,-17,83,{"$f":"Inputs!$R$38*Inputs!$R$33*(G1062-Inputs!$R$26)","v":-142388.52834055439},{"$f":"Inputs!$R$34*E1062*Inputs!$R$39","v":0},{"$f":"params!$C$16*Inputs!$R$30*(G1062-Inputs!$R$26)","v":-22297.187459558369},{"$f":"Inputs!$R$41*Inputs!$R$42/8760","v":0},0,190.77201429943182,1.1732563724196076E-3,9.7380278910827423E-4,{"$f":"-N1062/(1.202*2465560*MAX(0,(Inputs!$R$49-Q1062)))","v":0},{"$f":"params!$C$16*R1062*(G1062-Inputs!$R$26)","v":0},-164685.71580011275,{"$f":"E1062*params!$C$8","v":0}]
["2002-02-14",2,14,"06:00:00",0,0,-14,-16,83,{"$f":"Inputs!$R$38*Inputs!$R$33*(G1063-Inputs!$R$26)","v":-136692.98720693222},{"$f":"Inputs!$R$34*E1063*Inputs!$R$39","v":0},{"$f":"params!$C$16*Inputs!$R$30*(G1063-Inputs!$R$26)","v":-21405.299961176035},{"$f":"Inputs!$R$41*Inputs!$R$42/8760","v":0},0,207.10442567120111,1.2739071550820168E-3,1.0573429387180739E-3,{"$f":"-N1063/(1.202*2465560*MAX(0,(Inputs!$R$49-Q1063)))","v":0},{"$f":"params!$C$16*R1063*(G1063-Inputs!$R$26)","v":0},-158098.28716810825,{"$f":"E1063*params!$C$8","v":0}]
["2002-02-14",2,14,"07:00:00",0,0,-14,-16,83,{"$f":"Inputs!$R$38*Inputs!$R$33*(G1064-Inputs!$R$26)","v":-136692.98720693222},{"$f":"Inputs!$R$34*E1064*Inputs!$R$39","v":0},{"$f":"params!$C$16*Inputs!$R$30*(G1064-Inputs!$R$26)","v":-21405.299961176035},{"$f":"Inputs!$R$41*Inputs!$R$42/8760","v":0},0,207.10442567120111,1.2739071550820168E-3,1.0573429387180739E-3,{"$f":"-N1064/(1.202*2465560*MAX(0,(Inputs!$R$49-Q1064)))","v":0},{"$f":"params!$C$16*R1064*(G1064-Inputs!$R$26)","v":0},-158098.28716810825,{"$f":"E1064*params!$C$8","v":0}]
["2002-02-14",2,14,"08:00:00",0,0,-14,-16,83,{"$f":"Inputs!$R$38*Inputs!$R$33*(G1065-Inputs!$R$26)","v":-136692.98720693222},{"$f":"Inputs!$R$34*E1065*Inputs!$R$39","v":0},{"$f":"params!$C$16*Inputs!$R$30*(G1065-Inputs!$R$26)","v":-21405.299961176035},{"$f":"Inputs!$R$41*Inputs!$R$42/8760","v":0},0,207.10442567120111,1.2739071550820168E-3,1.0573429387180739E-3,{"$f":"-N1065/(1.202*2465560*MAX(0,(Inputs!$R$49-Q1065)))","v":0},{"$f":"params!$C$16*R1065*(G1065-Inputs!$R$26)","v":0},-158098.28716810825,{"$f":"E1065*params!$C$8","v":0}]
["2002-02-14",2,14,"09:00:00",209,0,-11,-14,76,{"$f":"Inputs!$R$38*Inputs!$R$33*(G1066-Inputs!$R$26)","v":-119606.36380606568},{"$f":"Inputs!$R$34*E1066*Inputs!$R$39","v":122325.55114781816},{"$f":"params!$C$16*Inputs!$R$30*(G1066-Inputs!$R$26)","v":-18729.637466029031},{"$f":"Inputs!$R$41*Inputs!$R$42/8760","v":0},0,263.86397481101648,1.6239488443119262E-3,1.2342011216770639E-3,{"$f":"-N1066/(1.202*2465560*MAX(0,(Inputs!$R$49-Q1066)))","v":0},{"$f":"params!$C$16*R1066*(G1066-Inputs!$R$26)","v":0},-16010.450124276555,{"$f":"E1066*params!$C$8","v":432.94349999999997}]
["2002-02-14",2,14,"10:00:00",361,2,-4,-11,54,{"$f":"Inputs!$R$38*Inputs!$R$33*(G1067-Inputs!$R$26)","v":-79737.575870710454},{"$f":"Inputs!$R$34*E1067*Inputs!$R$39","v":211289.58834623138},{"$f":"params!$C$16*Inputs!$R$30*(G1067-Inputs!$R$26)","v":-12486.424977352686},{"$f":"Inputs!$R$41*Inputs!$R$42/8760","v":0},0,453.51532044328405,2.7964043545646504E-3,1.5100583514649113E-3,{"$f":"-N1067/(1.202*2465560*MAX(0,(Inputs!$R$49-Q1067)))","v":0},{"$f":"params!$C$16*R1067*(G1067-Inputs!$R$26)","v":0},119065.58749816824,{"$f":"E1067*params!$C$8","v":747.81149999999991}]
["2002-02-14",2,14,"11:00:00",493,10,-1,-12,39,{"$f":"Inputs!$R$38*Inputs!$R$33*(G1068-Inputs!$R$26)","v":-62650.952469843927},{"$f":"Inputs!$R$34*E1068*Inputs!$R$39","v":288547.83117643232},{"$f":"params!$C$16*Inputs!$R$30*(G1068-Inputs!$R$26)","v":-9810.7624822056823},{"$f":"Inputs!$R$41*Inputs!$R$42/8760","v":0},0,566.54310372490409,3.4972595900071069E-3,1.3639312401027717E-3,{"$f":"-N1068/(1.202*2465560*MAX(0,(Inputs!$R$49-Q1068)))","v":0},{"$f":"params!$C$16*R1068*(G1068-Inputs!$R$26)","v":0},216086.11622438271,{"$f":"E1068*params!$C$8","v":1021.2494999999999}]
["2002-02-14",2,14,"12:00:00",574,9,1,-12,33,{"$f":"Inputs!$R$38*Inputs!$R$33*(G1069-Inputs!$R$26)","v":-51259.870202599574},{"$f":"Inputs!$R$34*E1069*Inputs!$R$39","v":335956.29836769204},{"$f":"params!$C$16*Inputs!$R$30*(G1069-Inputs!$R$26)","v":-8026.9874854410136},{"$f":"Inputs!$R$41*Inputs!$R$42/8760","v":0},0,655.14373774848059,4.0477489204243187E-3,1.335757143740025E-3,{"$f":"-N1069/(1.202*2465560*MAX(0,(Inputs!$R$49-Q1069)))","v":0},{"$f":"params!$C$16*R1069*(G1069-Inputs!$R$26)","v":0},276669.44067965145,{"$f":"E1069*params!$C$8","v":1189.0409999999999}]
["2002-02-14",2,14,"13:00:00",594,3,3,-13,26,{"$f":"Inputs!$R$38*Inputs!$R$33*(G1070-Inputs!$R$26)","v":-39868.787935355227},{"$f":"Inputs!$R$34*E1070*Inputs!$R$39","v":347662.09273590427},{"$f":"params!$C$16*Inputs!$R$30*(G1070-Inputs!$R$26)","v":-6243.2124886763431},{"$f":"Inputs!$R$41*Inputs!$R$42/8760","v":0},0,755.80495631325812,4.6743495015895585E-3,1.2153308704132852E-3,{"$f":"-N1070/(1.202*2465560*MAX(0,(Inputs!$R$49-Q1070)))","v":0},{"$f":"params!$C$16*R1070*(G1070-Inputs!$R$26)","v":0},301550.09231187269,{"$f":"E1070*params!$C$8","v":1230.471}]
["2002-02-14",2,14,"14:00:00",554,0,4,-13,24,{"$f":"Inputs!$R$38*Inputs!$R$33*(G1071-Inputs!$R$26)","v":-34173.246801733054},{"$f":"Inputs!$R$34*E1071*Inputs!$R$39","v":324250.50399947976},{"$f":"params!$C$16*Inputs!$R$30*(G1071-Inputs!$R$26)","v":-5351.3249902940088},{"$f":"Inputs!$R$41*Inputs!$R$42/8760","v":0},0,811.08667612094962,5.0190035800134264E-3,1.2045608592032222E-3,{"$f":"-N1071/(1.202*2465560*MAX(0,(Inputs!$R$49-Q1071)))","v":0},{"$f":"params!$C$16*R1071*(G1071-Inputs!$R$26)","v":0},284725.93220745272,{"$f":"E1071*params!$C$8","v":1147.6109999999999}]
["2002-02-14",2,14,"15:00:00",455,0,5,-12,25,{"$f":"Inputs!$R$38*Inputs!$R$33*(G1072-Inputs!$R$26)","v":-28477.705668110873},{"$f":"Inputs!$R$34*E1072*Inputs!$R$39","v":266306.82187682902},{"$f":"params!$C$16*Inputs!$R$30*(G1072-Inputs!$R$26)","v":-4459.4374919116744},{"$f":"Inputs!$R$41*Inputs!$R$42/8760","v":0},0,869.91328556198641,5.3861748872103517E-3,1.3465437218025879E-3,{"$f":"-N1072/(1.202*2465560*MAX(0,(Inputs!$R$49-Q1072)))","v":0},{"$f":"params!$C$16*R1072*(G1072-Inputs!$R$26)","v":0},233369.67871680649,{"$f":"E1072*params!$C$8","v":942.53249999999991}]
["2002-02-14",2,14,"16:00:00",317,0,5,-13,23,{"$f":"Inputs!$R$38*Inputs!$R$33*(G1073-Inputs!$R$26)","v":-28477.705668110873},{"$f":"Inputs!$R$34*E1073*Inputs!$R$39","v":185536.84073616439},{"$f":"params!$C$16*Inputs!$R$30*(G1073-Inputs!$R$26)","v":-4459.4374919116744},{"$f":"Inputs!$R$41*Inputs!$R$42/8760","v":0},0,869.91328556198641,5.3861748872103517E-3,1.2388202240583809E-3,{"$f":"-N1073/(1.202*2465560*MAX(0,(Inputs!$R$49-Q1073)))","v":0},{"$f":"params!$C$16*R1073*(G1073-Inputs!$R$26)","v":0},152599.69757614186,{"$f":"E1073*params!$C$8","v":656.66549999999995}]
["2002-02-14",2,14,"17:00:00",147,0,4,-13,24,{"$f":"Inputs!$R$38*Inputs!$R$33*(G1074-Inputs!$R$26)","v":-34173.246801733054},{"$f":"Inputs!$R$34*E1074*Inputs!$R$39","v":86037.58860636015},{"$f":"params!$C$16*Inputs!$R$30*(G1074-Inputs!$R$26)","v":-5351.3249902940088},{"$f":"Inputs!$R$41*Inputs!$R$42/8760","v":0},0,811.08667612094962,5.0190035800134264E-3,1.2045608592032222E-3,{"$f":"-N1074/(1.202*2465560*MAX(0,(Inputs!$R$49-Q1074)))","v":0},{"$f":"params!$C$16*R1074*(G1074-Inputs!$R$26)","v":0},46513.016814333088,{"$f":"E1074*params!$C$8","v":304.51049999999998}]
["2002-02-14",2,14,"18:00:00",6,0,1,-11,36,{"$f":"Inputs!$R$38*Inputs!$R$33*(G1075-Inputs!$R$26)","v":-51259.870202599574},{"$f":"Inputs!$R$34*E1075*Inputs!$R$39","v":3511.7383104636797},{"$f":"params!$C$16*Inputs!$R$30*(G1075-Inputs!$R$26)","v":-8026.9874854410136},{"$f":"Inputs!$R$41*Inputs!$R$42/8760","v":0},0,655.14373774848059,4.0477489204243187E-3,1.4571896113527547E-3,{"$f":"-N1075/(1.202*2465560*MAX(0,(Inputs!$R$49-Q1075)))","v":0},{"$f":"params!$C$16*R1075*(G1075-Inputs!$R$26)","v":0},-55775.119377576906,{"$f":"E1075*params!$C$8","v":12.428999999999998}]
["2002-02-14",2,14,"19:00:00",0,0,-1,-12,39,{"$f":"Inputs!$R$38*Inputs!$R$33*(G1076-Inputs!$R$26)","v":-62650.952469843927},{"$f":"Inputs!$R$34*E1076*Inputs!$R$39","v":0},{"$f":"params!$C$16*Inputs!$R$30*(G1076-Inputs!$R$26)","v":-9810.7624822056823},{"$f":"Inputs!$R$41*Inputs!$R$42/8760","v":0},0,566.54310372490409,3.4972595900071069E-3,1.3639312401027717E-3,{"$f":"-N1076/(1.202*2465560*MAX(0,(Inputs!$R$49-Q1076)))","v":0},{"$f":"params!$C$16*R1076*(G1076-Inputs!$R$26)","v":0},-72461.714952049602,{"$f":"E1076*params!$C$8","v":0}]
["2002-02-14",2,14,"20:00:00",0,0,-1,-11,42,{"$f":"Inputs!$R$38*Inputs!$R$33*(G1077-Inputs!$R$26)","v":-62650.952469843927},{"$f":"Inputs!$R$34*E1077*Inputs!$R$39","v":0},{"$f":"params!$C$16*Inputs!$R$30*(G1077-Inputs!$R$26)","v":-9810.7624822056823},{"$f":"Inputs!$R$41*Inputs!$R$42/8760","v":0},0,566.54310372490409,3.4972595900071069E-3,1.4688490278029851E-3,{"$f":"-N1077/(1.202*2465560*MAX(0,(Inputs!$R$49-Q1077)))","v":0},{"$f":"params!$C$16*R1077*(G1077-Inputs!$R$26)","v":0},-72461.714952049602,{"$f":"E1077*params!$C$8","v":0}]
["2002-02-14",2,14,"21:00:00",0,1,-3,-9,60,{"$f":"Inputs!$R$38*Inputs!$R$33*(G1078-Inputs!$R$26)","v":-74042.034737088281},{"$f":"Inputs!$R$34*E1078*Inputs!$R$39","v":0},{"$f":"params!$C$16*Inputs!$R$30*(G1078-Inputs!$R$26)","v":-11594.537478970353},{"$f":"Inputs!$R$41*Inputs!$R$42/8760","v":0},0,488.73621912146871,3.0146312662847319E-3,1.8087787597708392E-3,{"$f":"-N1078/(1.202*2465560*MAX(0,(Inputs!$R$49-Q1078)))","v":0},{"$f":"params!$C$16*R1078*(G1078-Inputs!$R$26)","v":0},-85636.57221605863,{"$f":"E1078*params!$C$8","v":0}]
["2002-02-14",2,14,"22:00:00",0,2,-4,-8,71,{"$f":"Inputs!$R$38*Inputs!$R$33*(G1079-Inputs!$R$26)","v":-79737.575870710454},{"$f":"Inputs!$R$34*E1079*Inputs!$R$39","v":0},{"$f":"params!$C$16*Inputs!$R$30*(G1079-Inputs!$R$26)","v":-12486.424977352686},{"$f":"Inputs!$R$41*Inputs!$R$42/8760","v":0},0,453.51532044328405,2.7964043545646504E-3,1.9854470917409018E-3,{"$f":"-N1079/(1.202*2465560*MAX(0,(Inputs!$R$49-Q1079)))","v":0},{"$f":"params!$C$16*R1079*(G1079-Inputs!$R$26)","v":0},-92224.000848063137,{"$f":"E1079*params!$C$8","v":0}]
["2002-02-14",2,14,"23:00:00",0,4,-6,-8,84,{"$f":"Inputs!$R$38*Inputs!$R$33*(G1080-Inputs!$R$26)","v":-91128.658137954801},{"$f":"Inputs!$R$34*E1080*Inputs!$R$39","v":0},{"$f":"params!$C$16*Inputs!$R$30*(G1080-Inputs!$R$26)","v":-14270.199974117357},{"$f":"Inputs!$R$41*Inputs!$R$42/8760","v":0},0,389.76616195693094,2.4018050803048703E-3,2.0175162674560907E-3,{"$f":"-N1080/(1.202*2465560*MAX(0,(Inputs!$R$49-Q1080)))","v":0},{"$f":"params!$C$16*R1080*(G1080-Inputs!$R$26)","v":0},-105398.85811207216,{"$f":"E1080*params!$C$8","v":0}]
["2002-02-14",2,14,1,0,1,-6,-8,84,{"$f":"Inputs!$R$38*Inputs!$R$33*(G1081-Inputs!$R$26)","v":-91128.658137954801},{"$f":"Inputs!$R$34*E1081*Inputs!$R$39","v":0},{"$f":"params!$C$16*Inputs!$R$30*(G1081-Inputs!$R$26)","v":-14270.199974117357},{"$f":"Inputs!$R$41*Inputs!$R$42/8760","v":0},0,389.76616195693094,2.4018050803048703E-3,2.0175162674560907E-3,{"$f":"-N1081/(1.202*2465560*MAX(0,(Inputs!$R$49-Q1081)))","v":0},{"$f":"params!$C$16*R1081*(G1081-Inputs!$R$26)","v":0},-105398.85811207216,{"$f":"E1081*params!$C$8","v":0}]
["2002-02-15",2,15,"01:00:00",0,4,-6,-8,84,{"$f":"Inputs!$R$38*Inputs!$R$33*(G1082-Inputs!$R$26)","v":-91128.658137954801},{"$f":"Inputs!$R$34*E1082*Inputs!$R$39","v":0},{"$f":"params!$C$16*Inputs!$R$30*(G1082-Inputs!$R$26)","v":-14270.199974117357},{"$f":"Inputs!$R$41*Inputs!$R$42/8760","v":0},0,389.76616195693094,2.4018050803048703E-3,2.0175162674560907E-3,{"$f":"-N1082/(1.202*2465560*MAX(0,(Inputs!$R$49-Q1082)))","v":0},{"$f":"params!$C$16*R1082*(G1082-Inputs!$R$26)","v":0},-105398.85811207216,{"$f":"E1082*params!$C$8","v":0}]
["2002-02-15",2,15,"02:00:00",0,6,-5,-8,77,{"$f":"Inputs!$R$38*Inputs!$R$33*(G1083-Inputs!$R$26)","v":-85433.117004332627},{"$f":"Inputs!$R$34*E1083*Inputs!$R$39","v":0},{"$f":"params!$C$16*Inputs!$R$30*(G1083-Inputs!$R$26)","v":-13378.312475735022},{"$f":"Inputs!$R$41*Inputs!$R$42/8760","v":0},0,420.56802345265027,2.5924024753231664E-3,1.996149905998838E-3,{"$f":"-N1083/(1.202*2465560*MAX(0,(Inputs!$R$49-Q1083)))","v":0},{"$f":"params!$C$16*R1083*(G1083-Inputs!$R$26)","v":0},-98811.429480067643,{"$f":"E1083*params!$C$8","v":0}]
["2002-02-15",2,15,"03:00:00",0,4,-4,-8,71,{"$f":"Inputs!$R$38*Inputs!$R$33*(G1084-Inputs!$R$26)","v":-79737.575870710454},{"$f":"Inputs!$R$34*E1084*Inputs!$R$39","v":0},{"$f":"params!$C$16*Inputs!$R$30*(G1084-Inputs!$R$26)","v":-12486.424977352686},{"$f":"Inputs!$R$41*Inputs!$R$42/8760","v":0},0,453.51532044328405,2.7964043545646504E-3,1.9854470917409018E-3,{"$f":"-N1084/(1.202*2465560*MAX(0,(Inputs!$R$49-Q1084)))","v":0},{"$f":"params!$C$16*R1084*(G1084-Inputs!$R$26)","v":0},-92224.000848063137,{"$f":"E1084*params!$C$8","v":0}]
["2002-02-15",2,15,"04:00:00",0,6,-4,-8,71,{"$f":"Inputs!$R$38*Inputs!$R$33*(G1085-Inputs!$R$26)","v":-79737.575870710454},{"$f":"Inputs!$R$34*E1085*Inputs!$R$39","v":0},{"$f":"params!$C$16*Inputs!$R$30*(G1085-Inputs!$R$26)","v":-12486.424977352686},{"$f":"Inputs!$R$41*Inputs!$R$42/8760","v":0},0,453.51532044328405,2.7964043545646504E-3,1.9854470917409018E-3,{"$f":"-N1085/(1.202*2465560*MAX(0,(Inputs!$R$49-Q1085)))","v":0},{"$f":"params!$C$16*R1085*(G1085-Inputs!$R$26)","v":0},-92224.000848063137,{"$f":"E1085*params!$C$8","v":0}]
["2002-02-15",2,15,"05:00:00",0,9,-3,-8,65,{"$f":"Inputs!$R$38*Inputs!$R$33*(G1086-Inputs!$R$26)","v":-74042.034737088281},{"$f":"Inputs!$R$34*E1086*Inputs!$R$39","v":0},{"$f":"params!$C$16*Inputs!$R$30*(G1086-Inputs!$R$26)","v":-11594.537478970353},{"$f":"Inputs!$R$41*Inputs!$R$42/8760","v":0},0,488.73621912146871,3.0146312662847319E-3,1.9595103230850759E-3,{"$f":"-N1086/(1.202*2465560*MAX(0,(Inputs!$R$49-Q1086)))","v":0},{"$f":"params!$C$16*R1086*(G1086-Inputs!$R$26)","v":0},-85636.57221605863,{"$f":"E1086*params!$C$8","v":0}]
["2002-02-15",2,15,"06:00:00",0,9,-3,-7,71,{"$f":"Inputs!$R$38*Inputs!$R$33*(G1087-Inputs!$R$26)","v":-74042.034737088281},{"$f":"Inputs!$R$34*E1087*Inputs!$R$39","v":0},{"$f":"params!$C$16*Inputs!$R$30*(G1087-Inputs!$R$26)","v":-11594.537478970353},{"$f":"Inputs!$R$41*Inputs!$R$42/8760","v":0},0,488.73621912146871,3.0146312662847319E-3,2.1403881990621596E-3,{"$f":"-N1087/(1.202*2465560*MAX(0,(Inputs!$R$49-Q1087)))","v":0},{"$f":"params!$C$16*R1087*(G1087-Inputs!$R$26)","v":0},-85636.57221605863,{"$f":"E1087*params!$C$8","v":0}]
["2002-02-15",2,15,"07:00:00",0,9,-4,-8,71,{"$f":"Inputs!$R$38*Inputs!$R$33*(G1088-Inputs!$R$26)","v":-79737.575870710454},{"$f":"Inputs!$R$34*E1088*Inputs!$R$39","v":0},{"$f":"params!$C$16*Inputs!$R$30*(G1088-Inputs!$R$26)","v":-12486.424977352686},{"$f":"Inputs!$R$41*Inputs!$R$42/8760","v":0},0,453.51532044328405,2.7964043545646504E-3,1.9854470917409018E-3,{"$f":"-N1088/(1.202*2465560*MAX(0,(Inputs!$R$49-Q1088)))","v":0},{"$f":"params!$C$16*R1088*(G1088-Inputs!$R$26)","v":0},-92224.000848063137,{"$f":"E1088*params!$C$8","v":0}]
["2002-02-15",2,15,"08:00:00",0,9,-3,-7,71,{"$f":"Inputs!$R$38*Inputs!$R$33*(G1089-Inputs!$R$26)","v":-74042.034737088281},{"$f":"Inputs!$R$34*E1089*Inputs!$R$39","v":0},{"$f":"params!$C$16*Inputs!$R$30*(G1089-Inputs!$R$26)","v":-11594.537478970353},{"$f":"Inputs!$R$41*Inputs!$R$42/8760","v":0},0,488.73621912146871,3.0146312662847319E-3,2.1403881990621596E-3,{"$f":"-N1089/(1.202*2465560*MAX(0,(Inputs!$R$49-Q1089)))","v":0},{"$f":"params!$C$16*R1089*(G1089-Inputs!$R$26)","v":0},-85636.57221605863,{"$f":"E1089*params!$C$8","v":0}]
["2002-02-15",2,15,"09:00:00",215,8,0,-6,60,{"$f":"Inputs!$R$38*Inputs!$R$33*(G1090-Inputs!$R$26)","v":-56955.411336221747},{"$f":"Inputs!$R$34*E1090*Inputs!$R$39","v":125837.28945828184},{"$f":"params!$C$16*Inputs!$R$30*(G1090-Inputs!$R$26)","v":-8918.8749838233489},{"$f":"Inputs!$R$41*Inputs!$R$42/8760","v":0},0,609.41773586642103,3.7635253138895938E-3,2.2581151883337564E-3,{"$f":"-N1090/(1.202*2465560*MAX(0,(Inputs!$R$49-Q1090)))","v":0},{"$f":"params!$C$16*R1090*(G1090-Inputs!$R$26)","v":0},59963.003138236745,{"$f":"E1090*params!$C$8","v":445.3725}]
["2002-02-15",{"$f":"MONTH(A1091)","v":2},{"$f":"DAY(A1091)","v":15},"10:00:00",360,9,3,-6,49,{"$f":"Inputs!$R$38*Inputs!$R$33*(G1091-Inputs!$R$26)","v":-39868.787935355227},{"$f":"Inputs!$R$34*E1091*Inputs!$R$39","v":210704.29862782077},{"$f":"params!$C$16*Inputs!$R$30*(G1091-Inputs!$R$26)","v":-6243.2124886763431},{"$f":"Inputs!$R$41*Inputs!$R$42/8760","v":0},0,{"$f":"EXP(77.345+0.0057*(G1091+273.15)-7235/(G1091+273.15))/(G1091+273.15)^8.2","v":755.80495631325812},{"$f":"0.62198*O1091/(101325-O1091)","v":4.6743495015895585E-3},{"$f":"P1091*I1091/100","v":2.2904312557788836E-3},{"$f":"-N1091/(1.202*2465560*MAX(0,(Inputs!$R$49-Q1091)))","v":0},{"$f":"params!$C$16*R1091*(G1091-Inputs!$R$26)","v":0},{"$f":"J1091+K1091+L1091+M1091+N1091+S1091","v":164592.29820378919},{"$f":"E1091*params!$C$8","v":745.74}]
["2002-02-15",2,15,"11:00:00",429,9,6,-7,36,{"$f":"Inputs!$R$38*Inputs!$R$33*(G1092-Inputs!$R$26)","v":-22782.1645344887},{"$f":"Inputs!$R$34*E1092*Inputs!$R$39","v":251089.28919815307},{"$f":"params!$C$16*Inputs!$R$30*(G1092-Inputs!$R$26)","v":-3567.5499935293392},{"$f":"Inputs!$R$41*Inputs!$R$42/8760","v":0},0,932.4781503104233,5.7771510192606073E-3,2.0797743669338188E-3,{"$f":"-N1092/(1.202*2465560*MAX(0,(Inputs!$R$49-Q1092)))","v":0},{"$f":"params!$C$16*R1092*(G1092-Inputs!$R$26)","v":0},224739.57467013504,{"$f":"E1092*params!$C$8","v":888.67349999999999}]
["2002-02-15",2,15,"12:00:00",580,8,7,-6,37,{"$f":"Inputs!$R$38*Inputs!$R$33*(G1093-Inputs!$R$26)","v":-17086.623400866527},{"$f":"Inputs!$R$34*E1093*Inputs!$R$39","v":339468.03667815571},{"$f":"params!$C$16*Inputs!$R$30*(G1093-Inputs!$R$26)","v":-2675.6624951470044},{"$f":"Inputs!$R$41*Inputs!$R$42/8760","v":0},0,998.98316002102877,6.193284308903993E-3,2.2915151942944773E-3,{"$f":"-N1093/(1.202*2465560*MAX(0,(Inputs!$R$49-Q1093)))","v":0},{"$f":"params!$C$16*R1093*(G1093-Inputs!$R$26)","v":0},319705.75078214216,{"$f":"E1093*params!$C$8","v":1201.47}]
["2002-02-15",2,15,"13:00:00",600,8,8,-5,37,{"$f":"Inputs!$R$38*Inputs!$R$33*(G1094-Inputs!$R$26)","v":-11391.08226724435},{"$f":"Inputs!$R$34*E1094*Inputs!$R$39","v":351173.83104636794},{"$f":"params!$C$16*Inputs!$R$30*(G1094-Inputs!$R$26)","v":-1783.7749967646696},{"$f":"Inputs!$R$41*Inputs!$R$42/8760","v":0},0,1069.6390010481693,6.6359949158119932E-3,2.4553181188504375E-3,{"$f":"-N1094/(1.202*2465560*MAX(0,(Inputs!$R$49-Q1094)))","v":0},{"$f":"params!$C$16*R1094*(G1094-Inputs!$R$26)","v":0},337998.97378235892,{"$f":"E1094*params!$C$8","v":1242.8999999999999}]
["2002-02-15",2,15,"14:00:00",560,7,8,-6,34,{"$f":"Inputs!$R$38*Inputs!$R$33*(G1095-Inputs!$R$26)","v":-11391.08226724435},{"$f":"Inputs!$R$34*E1095*Inputs!$R$39","v":327762.24230994342},{"$f":"params!$C$16*Inputs!$R$30*(G1095-Inputs!$R$26)","v":-1783.7749967646696},{"$f":"Inputs!$R$41*Inputs!$R$42/8760","v":0},0,1069.6390010481693,6.6359949158119932E-3,2.2562382713760777E-3,{"$f":"-N1095/(1.202*2465560*MAX(0,(Inputs!$R$49-Q1095)))","v":0},{"$f":"params!$C$16*R1095*(G1095-Inputs!$R$26)","v":0},314587.38504593441,{"$f":"E1095*params!$C$8","v":1160.04}]
["2002-02-15",2,15,"15:00:00",450,6,9,-5,35,{"$f":"Inputs!$R$38*Inputs!$R$33*(G1096-Inputs!$R$26)","v":-5695.541133622175},{"$f":"Inputs!$R$34*E1096*Inputs!$R$39","v":263380.37328477594},{"$f":"params!$C$16*Inputs!$R$30*(G1096-Inputs!$R$26)","v":-891.8874983823348},{"$f":"Inputs!$R$41*Inputs!$R$42/8760","v":0},0,1144.6654335441779,7.1067740933079149E-3,2.4873709326577705E-3,{"$f":"-N1096/(1.202*2465560*MAX(0,(Inputs!$R$49-Q1096)))","v":0},{"$f":"params!$C$16*R1096*(G1096-Inputs!$R$26)","v":0},256792.94465277143,{"$f":"E1096*params!$C$8","v":932.17499999999995}]
["2002-02-15",2,15,"16:00:00",317,10,9,-4,38,{"$f":"Inputs!$R$38*Inputs!$R$33*(G1097-Inputs!$R$26)","v":-5695.541133622175},{"$f":"Inputs!$R$34*E1097*Inputs!$R$39","v":185536.84073616439},{"$f":"params!$C$16*Inputs!$R$30*(G1097-Inputs!$R$26)","v":-891.8874983823348},{"$f":"Inputs!$R$41*Inputs!$R$42/8760","v":0},0,1144.6654335441779,7.1067740933079149E-3,2.7005741554570078E-3,{"$f":"-N1097/(1.202*2465560*MAX(0,(Inputs!$R$49-Q1097)))","v":0},{"$f":"params!$C$16*R1097*(G1097-Inputs!$R$26)","v":0},178949.41210415988,{"$f":"E1097*params!$C$8","v":656.66549999999995}]
["2002-02-15",2,15,"17:00:00",148,10,8,-4,41,{"$f":"Inputs!$R$38*Inputs!$R$33*(G1098-Inputs!$R$26)","v":-11391.08226724435},{"$f":"Inputs!$R$34*E1098*Inputs!$R$39","v":86622.878324770762},{"$f":"params!$C$16*Inputs!$R$30*(G1098-Inputs!$R$26)","v":-1783.7749967646696},{"$f":"Inputs!$R$41*Inputs!$R$42/8760","v":0},0,1069.6390010481693,6.6359949158119932E-3,2.7207579154829172E-3,{"$f":"-N1098/(1.202*2465560*MAX(0,(Inputs!$R$49-Q1098)))","v":0},{"$f":"params!$C$16*R1098*(G1098-Inputs!$R$26)","v":0},73448.021060761748,{"$f":"E1098*params!$C$8","v":306.58199999999999}]
["2002-02-15",2,15,"18:00:00",6,10,8,-4,41,{"$f":"Inputs!$R$38*Inputs!$R$33*(G1099-Inputs!$R$26)","v":-11391.08226724435},{"$f":"Inputs!$R$34*E1099*Inputs!$R$39","v":3511.7383104636797},{"$f":"params!$C$16*Inputs!$R$30*(G1099-Inputs!$R$26)","v":-1783.7749967646696},{"$f":"Inputs!$R$41*Inputs!$R$42/8760","v":0},0,1069.6390010481693,6.6359949158119932E-3,2.7207579154829172E-3,{"$f":"-N1099/(1.202*2465560*MAX(0,(Inputs!$R$49-Q1099)))","v":0},{"$f":"params!$C$16*R1099*(G1099-Inputs!$R$26)","v":0},-9663.1189535453414,{"$f":"E1099*params!$C$8","v":12.428999999999998}]
["2002-02-15",2,15,"19:00:00",0,10,7,-4,44,{"$f":"Inputs!$R$38*Inputs!$R$33*(G1100-Inputs!$R$26)","v":-17086.623400866527},{"$f":"Inputs!$R$34*E1100*Inputs!$R$39","v":0},{"$f":"params!$C$16*Inputs!$R$30*(G1100-Inputs!$R$26)","v":-2675.6624951470044},{"$f":"Inputs!$R$41*Inputs!$R$42/8760","v":0},0,998.98316002102877,6.193284308903993E-3,2.725045095917757E-3,{"$f":"-N1100/(1.202*2465560*MAX(0,(Inputs!$R$49-Q1100)))","v":0},{"$f":"params!$C$16*R1100*(G1100-Inputs!$R$26)","v":0},-19762.285896013531,{"$f":"E1100*params!$C$8","v":0}]
["2002-02-15",2,15,"20:00:00",0,10,6,-4,47,{"$f":"Inputs!$R$38*Inputs!$R$33*(G1101-Inputs!$R$26)","v":-22782.1645344887},{"$f":"Inputs!$R$34*E1101*Inputs!$R$39","v":0},{"$f":"params!$C$16*Inputs!$R$30*(G1101-Inputs!$R$26)","v":-3567.5499935293392},{"$f":"Inputs!$R$41*Inputs!$R$42/8760","v":0},0,932.4781503104233,5.7771510192606073E-3,2.7152609790524855E-3,{"$f":"-N1101/(1.202*2465560*MAX(0,(Inputs!$R$49-Q1101)))","v":0},{"$f":"params!$C$16*R1101*(G1101-Inputs!$R$26)","v":0},-26349.714528018041,{"$f":"E1101*params!$C$8","v":0}]
["2002-02-15",2,15,"21:00:00",0,10,6,-4,47,{"$f":"Inputs!$R$38*Inputs!$R$33*(G1102-Inputs!$R$26)","v":-22782.1645344887},{"$f":"Inputs!$R$34*E1102*Inputs!$R$39","v":0},{"$f":"params!$C$16*Inputs!$R$30*(G1102-Inputs!$R$26)","v":-3567.5499935293392},{"$f":"Inputs!$R$41*Inputs!$R$42/8760","v":0},0,932.4781503104233,5.7771510192606073E-3,2.7152609790524855E-3,{"$f":"-N1102/(1.202*2465560*MAX(0,(Inputs!$R$49-Q1102)))","v":0},{"$f":"params!$C$16*R1102*(G1102-Inputs!$R$26)","v":0},-26349.714528018041,{"$f":"E1102*params!$C$8","v":0}]
["2002-02-15",2,15,"22:00:00",0,9,3,-3,63,{"$f":"Inputs!$R$38*Inputs!$R$33*(G1103-Inputs!$R$26)","v":-39868.787935355227},{"$f":"Inputs!$R$34*E1103*Inputs!$R$39","v":0},{"$f":"params!$C$16*Inputs!$R$30*(G1103-Inputs!$R$26)","v":-6243.2124886763431},{"$f":"Inputs!$R$41*Inputs!$R$42/8760","v":0},0,755.80495631325812,4.6743495015895585E-3,2.9448401860014215E-3,{"$f":"-N1103/(1.202*2465560*MAX(0,(Inputs!$R$49-Q1103)))","v":0},{"$f":"params!$C$16*R1103*(G1103-Inputs!$R$26)","v":0},-46112.000424031568,{"$f":"E1103*params!$C$8","v":0}]
["2002-02-15",2,15,"23:00:00",0,10,7,-3,48,{"$f":"Inputs!$R$38*Inputs!$R$33*(G1104-Inputs!$R$26)","v":-17086.623400866527},{"$f":"Inputs!$R$34*E1104*Inputs!$R$39","v":0},{"$f":"params!$C$16*Inputs!$R$30*(G1104-Inputs!$R$26)","v":-2675.6624951470044},{"$f":"Inputs!$R$41*Inputs!$R$42/8760","v":0},0,998.98316002102877,6.193284308903993E-3,2.9727764682739165E-3,{"$f":"-N1104/(1.202*2465560*MAX(0,(Inputs!$R$49-Q1104)))","v":0},{"$f":"params!$C$16*R1104*(G1104-Inputs!$R$26)","v":0},-19762.285896013531,{"$f":"E1104*params!$C$8","v":0}]
["2002-02-15",2,15,1,0,10,6,-2,55,{"$f":"Inputs!$R$38*Inputs!$R$33*(G1105-Inputs!$R$26)","v":-22782.1645344887},{"$f":"Inputs!$R$34*E1105*Inputs!$R$39","v":0},{"$f":"params!$C$16*Inputs!$R$30*(G1105-Inputs!$R$26)","v":-3567.5499935293392},{"$f":"Inputs!$R$41*Inputs!$R$42/8760","v":0},0,932.4781503104233,5.7771510192606073E-3,3.1774330605933345E-3,{"$f":"-N1105/(1.202*2465560*MAX(0,(Inputs!$R$49-Q1105)))","v":0},{"$f":"params!$C$16*R1105*(G1105-Inputs!$R$26)","v":0},-26349.714528018041,{"$f":"E1105*params!$C$8","v":0}]
["2002-02-16",2,16,"01:00:00",0,8,5,-3,55,{"$f":"Inputs!$R$38*Inputs!$R$33*(G1106-Inputs!$R$26)","v":-28477.705668110873},{"$f":"Inputs!$R$34*E1106*Inputs!$R$39","v":0},{"$f":"params!$C$16*Inputs!$R$30*(G1106-Inputs!$R$26)","v":-4459.4374919116744},{"$f":"Inputs!$R$41*Inputs!$R$42/8760","v":0},0,869.91328556198641,5.3861748872103517E-3,2.9623961879656933E-3,{"$f":"-N1106/(1.202*2465560*MAX(0,(Inputs!$R$49-Q1106)))","v":0},{"$f":"params!$C$16*R1106*(G1106-Inputs!$R$26)","v":0},-32937.143160022548,{"$f":"E1106*params!$C$8","v":0}]
["2002-02-16",2,16,"02:00:00",0,10,0,-3,78,{"$f":"Inputs!$R$38*Inputs!$R$33*(G1107-Inputs!$R$26)","v":-56955.411336221747},{"$f":"Inputs!$R$34*E1107*Inputs!$R$39","v":0},{"$f":"params!$C$16*Inputs!$R$30*(G1107-Inputs!$R$26)","v":-8918.8749838233489},{"$f":"Inputs!$R$41*Inputs!$R$42/8760","v":0},0,609.41773586642103,3.7635253138895938E-3,2.9355497448338829E-3,{"$f":"-N1107/(1.202*2465560*MAX(0,(Inputs!$R$49-Q1107)))","v":0},{"$f":"params!$C$16*R1107*(G1107-Inputs!$R$26)","v":0},-65874.286320045096,{"$f":"E1107*params!$C$8","v":0}]
["2002-02-16",2,16,"03:00:00",0,10,1,-2,79,{"$f":"Inputs!$R$38*Inputs!$R$33*(G1108-Inputs!$R$26)","v":-51259.870202599574},{"$f":"Inputs!$R$34*E1108*Inputs!$R$39","v":0},{"$f":"params!$C$16*Inputs!$R$30*(G1108-Inputs!$R$26)","v":-8026.9874854410136},{"$f":"Inputs!$R$41*Inputs!$R$42/8760","v":0},0,655.14373774848059,4.0477489204243187E-3,3.1977216471352115E-3,{"$f":"-N1108/(1.202*2465560*MAX(0,(Inputs!$R$49-Q1108)))","v":0},{"$f":"params!$C$16*R1108*(G1108-Inputs!$R$26)","v":0},-59286.857688040589,{"$f":"E1108*params!$C$8","v":0}]
["2002-02-16",2,16,"04:00:00",0,10,2,-2,73,{"$f":"Inputs!$R$38*Inputs!$R$33*(G1109-Inputs!$R$26)","v":-45564.3290689774},{"$f":"Inputs!$R$34*E1109*Inputs!$R$39","v":0},{"$f":"params!$C$16*Inputs!$R$30*(G1109-Inputs!$R$26)","v":-7135.0999870586784},{"$f":"Inputs!$R$41*Inputs!$R$42/8760","v":0},0,703.88301618186097,4.3509868656616182E-3,3.1762204119329812E-3,{"$f":"-N1109/(1.202*2465560*MAX(0,(Inputs!$R$49-Q1109)))","v":0},{"$f":"params!$C$16*R1109*(G1109-Inputs!$R$26)","v":0},-52699.429056036082,{"$f":"E1109*params!$C$8","v":0}]
["2002-02-16",2,16,"05:00:00",0,10,2,-2,73,{"$f":"Inputs!$R$38*Inputs!$R$33*(G1110-Inputs!$R$26)","v":-45564.3290689774},{"$f":"Inputs!$R$34*E1110*Inputs!$R$39","v":0},{"$f":"params!$C$16*Inputs!$R$30*(G1110-Inputs!$R$26)","v":-7135.0999870586784},{"$f":"Inputs!$R$41*Inputs!$R$42/8760","v":0},0,703.88301618186097,4.3509868656616182E-3,3.1762204119329812E-3,{"$f":"-N1110/(1.202*2465560*MAX(0,(Inputs!$R$49-Q1110)))","v":0},{"$f":"params!$C$16*R1110*(G1110-Inputs!$R$26)","v":0},-52699.429056036082,{"$f":"E1110*params!$C$8","v":0}]
["2002-02-16",2,16,"06:00:00",0,10,2,-1,80,{"$f":"Inputs!$R$38*Inputs!$R$33*(G1111-Inputs!$R$26)","v":-45564.3290689774},{"$f":"Inputs!$R$34*E1111*Inputs!$R$39","v":0},{"$f":"params!$C$16*Inputs!$R$30*(G1111-Inputs!$R$26)","v":-7135.0999870586784},{"$f":"Inputs!$R$41*Inputs!$R$42/8760","v":0},0,703.88301618186097,4.3509868656616182E-3,3.4807894925292949E-3,{"$f":"-N1111/(1.202*2465560*MAX(0,(Inputs!$R$49-Q1111)))","v":0},{"$f":"params!$C$16*R1111*(G1111-Inputs!$R$26)","v":0},-52699.429056036082,{"$f":"E1111*params!$C$8","v":0}]
["2002-02-16",2,16,"07:00:00",0,10,3,-1,74,{"$f":"Inputs!$R$38*Inputs!$R$33*(G1112-Inputs!$R$26)","v":-39868.787935355227},{"$f":"Inputs!$R$34*E1112*Inputs!$R$39","v":0},{"$f":"params!$C$16*Inputs!$R$30*(G1112-Inputs!$R$26)","v":-6243.2124886763431},{"$f":"Inputs!$R$41*Inputs!$R$42/8760","v":0},0,755.80495631325812,4.6743495015895585E-3,3.4590186311762735E-3,{"$f":"-N1112/(1.202*2465560*MAX(0,(Inputs!$R$49-Q1112)))","v":0},{"$f":"params!$C$16*R1112*(G1112-Inputs!$R$26)","v":0},-46112.000424031568,{"$f":"E1112*params!$C$8","v":0}]
["2002-02-16",2,16,"08:00:00",0,8,2,-1,80,{"$f":"Inputs!$R$38*Inputs!$R$33*(G1113-Inputs!$R$26)","v":-45564.3290689774},{"$f":"Inputs!$R$34*E1113*Inputs!$R$39","v":0},{"$f":"params!$C$16*Inputs!$R$30*(G1113-Inputs!$R$26)","v":-7135.0999870586784},{"$f":"Inputs!$R$41*Inputs!$R$42/8760","v":0},0,703.88301618186097,4.3509868656616182E-3,3.4807894925292949E-3,{"$f":"-N1113/(1.202*2465560*MAX(0,(Inputs!$R$49-Q1113)))","v":0},{"$f":"params!$C$16*R1113*(G1113-Inputs!$R$26)","v":0},-52699.429056036082,{"$f":"E1113*params!$C$8","v":0}]
["2002-02-16",2,16,"09:00:00",222,8,3,-1,74,{"$f":"Inputs!$R$38*Inputs!$R$33*(G1114-Inputs!$R$26)","v":-39868.787935355227},{"$f":"Inputs!$R$34*E1114*Inputs!$R$39","v":129934.31748715614},{"$f":"params!$C$16*Inputs!$R$30*(G1114-Inputs!$R$26)","v":-6243.2124886763431},{"$f":"Inputs!$R$41*Inputs!$R$42/8760","v":0},0,755.80495631325812,4.6743495015895585E-3,3.4590186311762735E-3,{"$f":"-N1114/(1.202*2465560*MAX(0,(Inputs!$R$49-Q1114)))","v":0},{"$f":"params!$C$16*R1114*(G1114-Inputs!$R$26)","v":0},83822.317063124559,{"$f":"E1114*params!$C$8","v":459.87299999999999}]
["2002-02-16",2,16,"10:00:00",373,9,4,-4,54,{"$f":"Inputs!$R$38*Inputs!$R$33*(G1115-Inputs!$R$26)","v":-34173.246801733054},{"$f":"Inputs!$R$34*E1115*Inputs!$R$39","v":218313.06496715875},{"$f":"params!$C$16*Inputs!$R$30*(G1115-Inputs!$R$26)","v":-5351.3249902940088},{"$f":"Inputs!$R$41*Inputs!$R$42/8760","v":0},0,811.08667612094962,5.0190035800134264E-3,2.7102619332072505E-3,{"$f":"-N1115/(1.202*2465560*MAX(0,(Inputs!$R$49-Q1115)))","v":0},{"$f":"params!$C$16*R1115*(G1115-Inputs!$R$26)","v":0},178788.49317513168,{"$f":"E1115*params!$C$8","v":772.66949999999997}]
["2002-02-16",2,16,"11:00:00",499,10,6,-4,47,{"$f":"Inputs!$R$38*Inputs!$R$33*(G1116-Inputs!$R$26)","v":-22782.1645344887},{"$f":"Inputs!$R$34*E1116*Inputs!$R$39","v":292059.56948689604},{"$f":"params!$C$16*Inputs!$R$30*(G1116-Inputs!$R$26)","v":-3567.5499935293392},{"$f":"Inputs!$R$41*Inputs!$R$42/8760","v":0},0,932.4781503104233,5.7771510192606073E-3,2.7152609790524855E-3,{"$f":"-N1116/(1.202*2465560*MAX(0,(Inputs!$R$49-Q1116)))","v":0},{"$f":"params!$C$16*R1116*(G1116-Inputs!$R$26)","v":0},265709.85495887802,{"$f":"E1116*params!$C$8","v":1033.6785}]
["2002-02-16",2,16,"12:00:00",586,5,6,-5,43,{"$f":"Inputs!$R$38*Inputs!$R$33*(G1117-Inputs!$R$26)","v":-22782.1645344887},{"$f":"Inputs!$R$34*E1117*Inputs!$R$39","v":342979.77498861938},{"$f":"params!$C$16*Inputs!$R$30*(G1117-Inputs!$R$26)","v":-3567.5499935293392},{"$f":"Inputs!$R$41*Inputs!$R$42/8760","v":0},0,932.4781503104233,5.7771510192606073E-3,2.484174938282061E-3,{"$f":"-N1117/(1.202*2465560*MAX(0,(Inputs!$R$49-Q1117)))","v":0},{"$f":"params!$C$16*R1117*(G1117-Inputs!$R$26)","v":0},316630.06046060135,{"$f":"E1117*params!$C$8","v":1213.8989999999999}]
["2002-02-16",2,16,"13:00:00",102,8,6,-4,47,{"$f":"Inputs!$R$38*Inputs!$R$33*(G1118-Inputs!$R$26)","v":-22782.1645344887},{"$f":"Inputs!$R$34*E1118*Inputs!$R$39","v":59699.55127788255},{"$f":"params!$C$16*Inputs!$R$30*(G1118-Inputs!$R$26)","v":-3567.5499935293392},{"$f":"Inputs!$R$41*Inputs!$R$42/8760","v":0},0,932.4781503104233,5.7771510192606073E-3,2.7152609790524855E-3,{"$f":"-N1118/(1.202*2465560*MAX(0,(Inputs!$R$49-Q1118)))","v":0},{"$f":"params!$C$16*R1118*(G1118-Inputs!$R$26)","v":0},33349.836749864509,{"$f":"E1118*params!$C$8","v":211.29299999999998}]
["2002-02-16",2,16,"14:00:00",93,8,6,-4,47,{"$f":"Inputs!$R$38*Inputs!$R$33*(G1119-Inputs!$R$26)","v":-22782.1645344887},{"$f":"Inputs!$R$34*E1119*Inputs!$R$39","v":54431.943812187026},{"$f":"params!$C$16*Inputs!$R$30*(G1119-Inputs!$R$26)","v":-3567.5499935293392},{"$f":"Inputs!$R$41*Inputs!$R$42/8760","v":0},0,932.4781503104233,5.7771510192606073E-3,2.7152609790524855E-3,{"$f":"-N1119/(1.202*2465560*MAX(0,(Inputs!$R$49-Q1119)))","v":0},{"$f":"params!$C$16*R1119*(G1119-Inputs!$R$26)","v":0},28082.229284168985,{"$f":"E1119*params!$C$8","v":192.64949999999999}]
["2002-02-16",2,16,"15:00:00",231,10,7,-4,44,{"$f":"Inputs!$R$38*Inputs!$R$33*(G1120-Inputs!$R$26)","v":-17086.623400866527},{"$f":"Inputs!$R$34*E1120*Inputs!$R$39","v":135201.92495285167},{"$f":"params!$C$16*Inputs!$R$30*(G1120-Inputs!$R$26)","v":-2675.6624951470044},{"$f":"Inputs!$R$41*Inputs!$R$42/8760","v":0},0,998.98316002102877,6.193284308903993E-3,2.725045095917757E-3,{"$f":"-N1120/(1.202*2465560*MAX(0,(Inputs!$R$49-Q1120)))","v":0},{"$f":"params!$C$16*R1120*(G1120-Inputs!$R$26)","v":0},115439.63905683815,{"$f":"E1120*params!$C$8","v":478.51649999999995}]
["2002-02-16",2,16,"16:00:00",281,10,6,-4,47,{"$f":"Inputs!$R$38*Inputs!$R$33*(G1121-Inputs!$R$26)","v":-22782.1645344887},{"$f":"Inputs!$R$34*E1121*Inputs!$R$39","v":164466.41087338232},{"$f":"params!$C$16*Inputs!$R$30*(G1121-Inputs!$R$26)","v":-3567.5499935293392},{"$f":"Inputs!$R$41*Inputs!$R$42/8760","v":0},0,932.4781503104233,5.7771510192606073E-3,2.7152609790524855E-3,{"$f":"-N1121/(1.202*2465560*MAX(0,(Inputs!$R$49-Q1121)))","v":0},{"$f":"params!$C$16*R1121*(G1121-Inputs!$R$26)","v":0},138116.6963453643,{"$f":"E1121*params!$C$8","v":582.0915}]
["2002-02-16",2,16,"17:00:00",113,10,5,-2,59,{"$f":"Inputs!$R$38*Inputs!$R$33*(G1122-Inputs!$R$26)","v":-28477.705668110873},{"$f":"Inputs!$R$34*E1122*Inputs!$R$39","v":66137.738180399305},{"$f":"params!$C$16*Inputs!$R$30*(G1122-Inputs!$R$26)","v":-4459.4374919116744},{"$f":"Inputs!$R$41*Inputs!$R$42/8760","v":0},0,869.91328556198641,5.3861748872103517E-3,3.1778431834541074E-3,{"$f":"-N1122/(1.202*2465560*MAX(0,(Inputs!$R$49-Q1122)))","v":0},{"$f":"params!$C$16*R1122*(G1122-Inputs!$R$26)","v":0},33200.595020376757,{"$f":"E1122*params!$C$8","v":234.0795}]
["2002-02-16",2,16,"18:00:00",6,10,4,-2,64,{"$f":"Inputs!$R$38*Inputs!$R$33*(G1123-Inputs!$R$26)","v":-34173.246801733054},{"$f":"Inputs!$R$34*E1123*Inputs!$R$39","v":3511.7383104636797},{"$f":"params!$C$16*Inputs!$R$30*(G1123-Inputs!$R$26)","v":-5351.3249902940088},{"$f":"Inputs!$R$41*Inputs!$R$42/8760","v":0},0,811.08667612094962,5.0190035800134264E-3,3.212162291208593E-3,{"$f":"-N1123/(1.202*2465560*MAX(0,(Inputs!$R$49-Q1123)))","v":0},{"$f":"params!$C$16*R1123*(G1123-Inputs!$R$26)","v":0},-36012.833481563386,{"$f":"E1123*params!$C$8","v":12.428999999999998}]
["2002-02-16",2,16,"19:00:00",0,10,3,-2,68,{"$f":"Inputs!$R$38*Inputs!$R$33*(G1124-Inputs!$R$26)","v":-39868.787935355227},{"$f":"Inputs!$R$34*E1124*Inputs!$R$39","v":0},{"$f":"params!$C$16*Inputs!$R$30*(G1124-Inputs!$R$26)","v":-6243.2124886763431},{"$f":"Inputs!$R$41*Inputs!$R$42/8760","v":0},0,755.80495631325812,4.6743495015895585E-3,3.1785576610808995E-3,{"$f":"-N1124/(1.202*2465560*MAX(0,(Inputs!$R$49-Q1124)))","v":0},{"$f":"params!$C$16*R1124*(G1124-Inputs!$R$26)","v":0},-46112.000424031568,{"$f":"E1124*params!$C$8","v":0}]
["2002-02-16",2,16,"20:00:00",0,10,3,-2,68,{"$f":"Inputs!$R$38*Inputs!$R$33*(G1125-Inputs!$R$26)","v":-39868.787935355227},{"$f":"Inputs!$R$34*E1125*Inputs!$R$39","v":0},{"$f":"params!$C$16*Inputs!$R$30*(G1125-Inputs!$R$26)","v":-6243.2124886763431},{"$f":"Inputs!$R$41*Inputs!$R$42/8760","v":0},0,755.80495631325812,4.6743495015895585E-3,3.1785576610808995E-3,{"$f":"-N1125/(1.202*2465560*MAX(0,(Inputs!$R$49-Q1125)))","v":0},{"$f":"params!$C$16*R1125*(G1125-Inputs!$R$26)","v":0},-46112.000424031568,{"$f":"E1125*params!$C$8","v":0}]
["2002-02-16",2,16,"21:00:00",0,3,1,-3,72,{"$f":"Inputs!$R$38*Inputs!$R$33*(G1126-Inputs!$R$26)","v":-51259.870202599574},{"$f":"Inputs!$R$34*E1126*Inputs!$R$39","v":0},{"$f":"params!$C$16*Inputs!$R$30*(G1126-Inputs!$R$26)","v":-8026.9874854410136},{"$f":"Inputs!$R$41*Inputs!$R$42/8760","v":0},0,655.14373774848059,4.0477489204243187E-3,2.9143792227055093E-3,{"$f":"-N1126/(1.202*2465560*MAX(0,(Inputs!$R$49-Q1126)))","v":0},{"$f":"params!$C$16*R1126*(G1126-Inputs!$R$26)","v":0},-59286.857688040589,{"$f":"E1126*params!$C$8","v":0}]
["2002-02-16",2,16,"22:00:00",0,10,0,-3,78,{"$f":"Inputs!$R$38*Inputs!$R$33*(G1127-Inputs!$R$26)","v":-56955.411336221747},{"$f":"Inputs!$R$34*E1127*Inputs!$R$39","v":0},{"$f":"params!$C$16*Inputs!$R$30*(G1127-Inputs!$R$26)","v":-8918.8749838233489},{"$f":"Inputs!$R$41*Inputs!$R$42/8760","v":0},0,609.41773586642103,3.7635253138895938E-3,2.9355497448338829E-3,{"$f":"-N1127/(1.202*2465560*MAX(0,(Inputs!$R$49-Q1127)))","v":0},{"$f":"params!$C$16*R1127*(G1127-Inputs!$R$26)","v":0},-65874.286320045096,{"$f":"E1127*params!$C$8","v":0}]
["2002-02-16",2,16,"23:00:00",0,10,1,-3,72,{"$f":"Inputs!$R$38*Inputs!$R$33*(G1128-Inputs!$R$26)","v":-51259.870202599574},{"$f":"Inputs!$R$34*E1128*Inputs!$R$39","v":0},{"$f":"params!$C$16*Inputs!$R$30*(G1128-Inputs!$R$26)","v":-8026.9874854410136},{"$f":"Inputs!$R$41*Inputs!$R$42/8760","v":0},0,655.14373774848059,4.0477489204243187E-3,2.9143792227055093E-3,{"$f":"-N1128/(1.202*2465560*MAX(0,(Inputs!$R$49-Q1128)))","v":0},{"$f":"params!$C$16*R1128*(G1128-Inputs!$R$26)","v":0},-59286.857688040589,{"$f":"E1128*params!$C$8","v":0}]
["2002-02-16",2,16,1,0,9,3,-1,74,{"$f":"Inputs!$R$38*Inputs!$R$33*(G1129-Inputs!$R$26)","v":-39868.787935355227},{"$f":"Inputs!$R$34*E1129*Inputs!$R$39","v":0},{"$f":"params!$C$16*Inputs!$R$30*(G1129-Inputs!$R$26)","v":-6243.2124886763431},{"$f":"Inputs!$R$41*Inputs!$R$42/8760","v":0},0,755.80495631325812,4.6743495015895585E-3,3.4590186311762735E-3,{"$f":"-N1129/(1.202*2465560*MAX(0,(Inputs!$R$49-Q1129)))","v":0},{"$f":"params!$C$16*R1129*(G1129-Inputs!$R$26)","v":0},-46112.000424031568,{"$f":"E1129*params!$C$8","v":0}]
["2002-02-17",2,17,"01:00:00",0,10,3,-3,63,{"$f":"Inputs!$R$38*Inputs!$R$33*(G1130-Inputs!$R$26)","v":-39868.787935355227},{"$f":"Inputs!$R$34*E1130*Inputs!$R$39","v":0},{"$f":"params!$C$16*Inputs!$R$30*(G1130-Inputs!$R$26)","v":-6243.2124886763431},{"$f":"Inputs!$R$41*Inputs!$R$42/8760","v":0},0,755.80495631325812,4.6743495015895585E-3,2.9448401860014215E-3,{"$f":"-N1130/(1.202*2465560*MAX(0,(Inputs!$R$49-Q1130)))","v":0},{"$f":"params!$C$16*R1130*(G1130-Inputs!$R$26)","v":0},-46112.000424031568,{"$f":"E1130*params!$C$8","v":0}]
["2002-02-17",2,17,"02:00:00",0,10,2,-3,67,{"$f":"Inputs!$R$38*Inputs!$R$33*(G1131-Inputs!$R$26)","v":-45564.3290689774},{"$f":"Inputs!$R$34*E1131*Inputs!$R$39","v":0},{"$f":"params!$C$16*Inputs!$R$30*(G1131-Inputs!$R$26)","v":-7135.0999870586784},{"$f":"Inputs!$R$41*Inputs!$R$42/8760","v":0},0,703.88301618186097,4.3509868656616182E-3,2.915161199993284E-3,{"$f":"-N1131/(1.202*2465560*MAX(0,(Inputs!$R$49-Q1131)))","v":0},{"$f":"params!$C$16*R1131*(G1131-Inputs!$R$26)","v":0},-52699.429056036082,{"$f":"E1131*params!$C$8","v":0}]
["2002-02-17",2,17,"03:00:00",0,10,2,-3,67,{"$f":"Inputs!$R$38*Inputs!$R$33*(G1132-Inputs!$R$26)","v":-45564.3290689774},{"$f":"Inputs!$R$34*E1132*Inputs!$R$39","v":0},{"$f":"params!$C$16*Inputs!$R$30*(G1132-Inputs!$R$26)","v":-7135.0999870586784},{"$f":"Inputs!$R$41*Inputs!$R$42/8760","v":0},0,703.88301618186097,4.3509868656616182E-3,2.915161199993284E-3,{"$f":"-N1132/(1.202*2465560*MAX(0,(Inputs!$R$49-Q1132)))","v":0},{"$f":"params!$C$16*R1132*(G1132-Inputs!$R$26)","v":0},-52699.429056036082,{"$f":"E1132*params!$C$8","v":0}]
["2002-02-17",2,17,"04:00:00",0,10,2,-4,62,{"$f":"Inputs!$R$38*Inputs!$R$33*(G1133-Inputs!$R$26)","v":-45564.3290689774},{"$f":"Inputs!$R$34*E1133*Inputs!$R$39","v":0},{"$f":"params!$C$16*Inputs!$R$30*(G1133-Inputs!$R$26)","v":-7135.0999870586784},{"$f":"Inputs!$R$41*Inputs!$R$42/8760","v":0},0,703.88301618186097,4.3509868656616182E-3,2.6976118567102031E-3,{"$f":"-N1133/(1.202*2465560*MAX(0,(Inputs!$R$49-Q1133)))","v":0},{"$f":"params!$C$16*R1133*(G1133-Inputs!$R$26)","v":0},-52699.429056036082,{"$f":"E1133*params!$C$8","v":0}]
["2002-02-17",2,17,"05:00:00",0,8,1,-5,61,{"$f":"Inputs!$R$38*Inputs!$R$33*(G1134-Inputs!$R$26)","v":-51259.870202599574},{"$f":"Inputs!$R$34*E1134*Inputs!$R$39","v":0},{"$f":"params!$C$16*Inputs!$R$30*(G1134-Inputs!$R$26)","v":-8026.9874854410136},{"$f":"Inputs!$R$41*Inputs!$R$42/8760","v":0},0,655.14373774848059,4.0477489204243187E-3,2.4691268414588343E-3,{"$f":"-N1134/(1.202*2465560*MAX(0,(Inputs!$R$49-Q1134)))","v":0},{"$f":"params!$C$16*R1134*(G1134-Inputs!$R$26)","v":0},-59286.857688040589,{"$f":"E1134*params!$C$8","v":0}]
["2002-02-17",2,17,"06:00:00",0,3,-1,-6,66,{"$f":"Inputs!$R$38*Inputs!$R$33*(G1135-Inputs!$R$26)","v":-62650.952469843927},{"$f":"Inputs!$R$34*E1135*Inputs!$R$39","v":0},{"$f":"params!$C$16*Inputs!$R$30*(G1135-Inputs!$R$26)","v":-9810.7624822056823},{"$f":"Inputs!$R$41*Inputs!$R$42/8760","v":0},0,566.54310372490409,3.4972595900071069E-3,2.3081913294046904E-3,{"$f":"-N1135/(1.202*2465560*MAX(0,(Inputs!$R$49-Q1135)))","v":0},{"$f":"params!$C$16*R1135*(G1135-Inputs!$R$26)","v":0},-72461.714952049602,{"$f":"E1135*params!$C$8","v":0}]
["2002-02-17",2,17,"07:00:00",0,0,-2,-5,78,{"$f":"Inputs!$R$38*Inputs!$R$33*(G1136-Inputs!$R$26)","v":-68346.493603466108},{"$f":"Inputs!$R$34*E1136*Inputs!$R$39","v":0},{"$f":"params!$C$16*Inputs!$R$30*(G1136-Inputs!$R$26)","v":-10702.649980588018},{"$f":"Inputs!$R$41*Inputs!$R$42/8760","v":0},0,526.36516305985776,3.2479468065175691E-3,2.5333985090837041E-3,{"$f":"-N1136/(1.202*2465560*MAX(0,(Inputs!$R$49-Q1136)))","v":0},{"$f":"params!$C$16*R1136*(G1136-Inputs!$R$26)","v":0},-79049.143584054123,{"$f":"E1136*params!$C$8","v":0}]
["2002-02-17",2,17,"08:00:00",0,3,-1,-4,78,{"$f":"Inputs!$R$38*Inputs!$R$33*(G1137-Inputs!$R$26)","v":-62650.952469843927},{"$f":"Inputs!$R$34*E1137*Inputs!$R$39","v":0},{"$f":"params!$C$16*Inputs!$R$30*(G1137-Inputs!$R$26)","v":-9810.7624822056823},{"$f":"Inputs!$R$41*Inputs!$R$42/8760","v":0},0,566.54310372490409,3.4972595900071069E-3,2.7278624802055435E-3,{"$f":"-N1137/(1.202*2465560*MAX(0,(Inputs!$R$49-Q1137)))","v":0},{"$f":"params!$C$16*R1137*(G1137-Inputs!$R$26)","v":0},-72461.714952049602,{"$f":"E1137*params!$C$8","v":0}]
["2002-02-17",2,17,"09:00:00",220,5,1,-7,51,{"$f":"Inputs!$R$38*Inputs!$R$33*(G1138-Inputs!$R$26)","v":-51259.870202599574},{"$f":"Inputs!$R$34*E1138*Inputs!$R$39","v":128763.73805033491},{"$f":"params!$C$16*Inputs!$R$30*(G1138-Inputs!$R$26)","v":-8026.9874854410136},{"$f":"Inputs!$R$41*Inputs!$R$42/8760","v":0},0,655.14373774848059,4.0477489204243187E-3,2.0643519494164026E-3,{"$f":"-N1138/(1.202*2465560*MAX(0,(Inputs!$R$49-Q1138)))","v":0},{"$f":"params!$C$16*R1138*(G1138-Inputs!$R$26)","v":0},69476.880362294323,{"$f":"E1138*params!$C$8","v":455.72999999999996}]
["2002-02-17",2,17,"10:00:00",379,3,1,-7,51,{"$f":"Inputs!$R$38*Inputs!$R$33*(G1139-Inputs!$R$26)","v":-51259.870202599574},{"$f":"Inputs!$R$34*E1139*Inputs!$R$39","v":221824.80327762244},{"$f":"params!$C$16*Inputs!$R$30*(G1139-Inputs!$R$26)","v":-8026.9874854410136},{"$f":"Inputs!$R$41*Inputs!$R$42/8760","v":0},0,655.14373774848059,4.0477489204243187E-3,2.0643519494164026E-3,{"$f":"-N1139/(1.202*2465560*MAX(0,(Inputs!$R$49-Q1139)))","v":0},{"$f":"params!$C$16*R1139*(G1139-Inputs!$R$26)","v":0},162537.94558958188,{"$f":"E1139*params!$C$8","v":785.09849999999994}]
["2002-02-17",2,17,"11:00:00",415,8,0,-8,51,{"$f":"Inputs!$R$38*Inputs!$R$33*(G1140-Inputs!$R$26)","v":-56955.411336221747},{"$f":"Inputs!$R$34*E1140*Inputs!$R$39","v":242895.23314040451},{"$f":"params!$C$16*Inputs!$R$30*(G1140-Inputs!$R$26)","v":-8918.8749838233489},{"$f":"Inputs!$R$41*Inputs!$R$42/8760","v":0},0,609.41773586642103,3.7635253138895938E-3,1.9193979100836929E-3,{"$f":"-N1140/(1.202*2465560*MAX(0,(Inputs!$R$49-Q1140)))","v":0},{"$f":"params!$C$16*R1140*(G1140-Inputs!$R$26)","v":0},177020.94682035944,{"$f":"E1140*params!$C$8","v":859.67250000000001}]
["2002-02-17",2,17,"12:00:00",475,8,1,-7,51,{"$f":"Inputs!$R$38*Inputs!$R$33*(G1141-Inputs!$R$26)","v":-51259.870202599574},{"$f":"Inputs!$R$34*E1141*Inputs!$R$39","v":278012.61624504131},{"$f":"params!$C$16*Inputs!$R$30*(G1141-Inputs!$R$26)","v":-8026.9874854410136},{"$f":"Inputs!$R$41*Inputs!$R$42/8760","v":0},0,655.14373774848059,4.0477489204243187E-3,2.0643519494164026E-3,{"$f":"-N1141/(1.202*2465560*MAX(0,(Inputs!$R$49-Q1141)))","v":0},{"$f":"params!$C$16*R1141*(G1141-Inputs!$R$26)","v":0},218725.75855700075,{"$f":"E1141*params!$C$8","v":983.96249999999998}]
["2002-02-17",2,17,"13:00:00",492,10,0,-9,46,{"$f":"Inputs!$R$38*Inputs!$R$33*(G1142-Inputs!$R$26)","v":-56955.411336221747},{"$f":"Inputs!$R$34*E1142*Inputs!$R$39","v":287962.54145802173},{"$f":"params!$C$16*Inputs!$R$30*(G1142-Inputs!$R$26)","v":-8918.8749838233489},{"$f":"Inputs!$R$41*Inputs!$R$42/8760","v":0},0,609.41773586642103,3.7635253138895938E-3,1.731221644389213E-3,{"$f":"-N1142/(1.202*2465560*MAX(0,(Inputs!$R$49-Q1142)))","v":0},{"$f":"params!$C$16*R1142*(G1142-Inputs!$R$26)","v":0},222088.25513797667,{"$f":"E1142*params!$C$8","v":1019.178}]
["2002-02-17",2,17,"14:00:00",274,10,-1,-6,66,{"$f":"Inputs!$R$38*Inputs!$R$33*(G1143-Inputs!$R$26)","v":-62650.952469843927},{"$f":"Inputs!$R$34*E1143*Inputs!$R$39","v":160369.38284450804},{"$f":"params!$C$16*Inputs!$R$30*(G1143-Inputs!$R$26)","v":-9810.7624822056823},{"$f":"Inputs!$R$41*Inputs!$R$42/8760","v":0},0,566.54310372490409,3.4972595900071069E-3,2.3081913294046904E-3,{"$f":"-N1143/(1.202*2465560*MAX(0,(Inputs!$R$49-Q1143)))","v":0},{"$f":"params!$C$16*R1143*(G1143-Inputs!$R$26)","v":0},87907.667892458427,{"$f":"E1143*params!$C$8","v":567.59100000000001}]
["2002-02-17",2,17,"15:00:00",113,10,-2,-9,55,{"$f":"Inputs!$R$38*Inputs!$R$33*(G1144-Inputs!$R$26)","v":-68346.493603466108},{"$f":"Inputs!$R$34*E1144*Inputs!$R$39","v":66137.738180399305},{"$f":"params!$C$16*Inputs!$R$30*(G1144-Inputs!$R$26)","v":-10702.649980588018},{"$f":"Inputs!$R$41*Inputs!$R$42/8760","v":0},0,526.36516305985776,3.2479468065175691E-3,1.7863707435846628E-3,{"$f":"-N1144/(1.202*2465560*MAX(0,(Inputs!$R$49-Q1144)))","v":0},{"$f":"params!$C$16*R1144*(G1144-Inputs!$R$26)","v":0},-12911.40540365482,{"$f":"E1144*params!$C$8","v":234.0795}]
["2002-02-17",2,17,"16:00:00",133,10,-3,-8,65,{"$f":"Inputs!$R$38*Inputs!$R$33*(G1145-Inputs!$R$26)","v":-74042.034737088281},{"$f":"Inputs!$R$34*E1145*Inputs!$R$39","v":77843.532548611562},{"$f":"params!$C$16*Inputs!$R$30*(G1145-Inputs!$R$26)","v":-11594.537478970353},{"$f":"Inputs!$R$41*Inputs!$R$42/8760","v":0},0,488.73621912146871,3.0146312662847319E-3,1.9595103230850759E-3,{"$f":"-N1145/(1.202*2465560*MAX(0,(Inputs!$R$49-Q1145)))","v":0},{"$f":"params!$C$16*R1145*(G1145-Inputs!$R$26)","v":0},-7793.0396674470721,{"$f":"E1145*params!$C$8","v":275.5095}]
["2002-02-17",2,17,"17:00:00",159,10,-3,-9,60,{"$f":"Inputs!$R$38*Inputs!$R$33*(G1146-Inputs!$R$26)","v":-74042.034737088281},{"$f":"Inputs!$R$34*E1146*Inputs!$R$39","v":93061.065227287501},{"$f":"params!$C$16*Inputs!$R$30*(G1146-Inputs!$R$26)","v":-11594.537478970353},{"$f":"Inputs!$R$41*Inputs!$R$42/8760","v":0},0,488.73621912146871,3.0146312662847319E-3,1.8087787597708392E-3,{"$f":"-N1146/(1.202*2465560*MAX(0,(Inputs!$R$49-Q1146)))","v":0},{"$f":"params!$C$16*R1146*(G1146-Inputs!$R$26)","v":0},7424.4930112288675,{"$f":"E1146*params!$C$8","v":329.36849999999998}]
["2002-02-17",2,17,"18:00:00",7,10,-4,-9,65,{"$f":"Inputs!$R$38*Inputs!$R$33*(G1147-Inputs!$R$26)","v":-79737.575870710454},{"$f":"Inputs!$R$34*E1147*Inputs!$R$39","v":4097.0280288742924},{"$f":"params!$C$16*Inputs!$R$30*(G1147-Inputs!$R$26)","v":-12486.424977352686},{"$f":"Inputs!$R$41*Inputs!$R$42/8760","v":0},0,453.51532044328405,2.7964043545646504E-3,1.8176628304670229E-3,{"$f":"-N1147/(1.202*2465560*MAX(0,(Inputs!$R$49-Q1147)))","v":0},{"$f":"params!$C$16*R1147*(G1147-Inputs!$R$26)","v":0},-88126.972819188843,{"$f":"E1147*params!$C$8","v":14.500499999999999}]
["2002-02-17",2,17,"19:00:00",0,10,-4,-8,71,{"$f":"Inputs!$R$38*Inputs!$R$33*(G1148-Inputs!$R$26)","v":-79737.575870710454},{"$f":"Inputs!$R$34*E1148*Inputs!$R$39","v":0},{"$f":"params!$C$16*Inputs!$R$30*(G1148-Inputs!$R$26)","v":-12486.424977352686},{"$f":"Inputs!$R$41*Inputs!$R$42/8760","v":0},0,453.51532044328405,2.7964043545646504E-3,1.9854470917409018E-3,{"$f":"-N1148/(1.202*2465560*MAX(0,(Inputs!$R$49-Q1148)))","v":0},{"$f":"params!$C$16*R1148*(G1148-Inputs!$R$26)","v":0},-92224.000848063137,{"$f":"E1148*params!$C$8","v":0}]
["2002-02-17",2,17,"20:00:00",0,10,-4,-7,77,{"$f":"Inputs!$R$38*Inputs!$R$33*(G1149-Inputs!$R$26)","v":-79737.575870710454},{"$f":"Inputs!$R$34*E1149*Inputs!$R$39","v":0},{"$f":"params!$C$16*Inputs!$R$30*(G1149-Inputs!$R$26)","v":-12486.424977352686},{"$f":"Inputs!$R$41*Inputs!$R$42/8760","v":0},0,453.51532044328405,2.7964043545646504E-3,2.1532313530147808E-3,{"$f":"-N1149/(1.202*2465560*MAX(0,(Inputs!$R$49-Q1149)))","v":0},{"$f":"params!$C$16*R1149*(G1149-Inputs!$R$26)","v":0},-92224.000848063137,{"$f":"E1149*params!$C$8","v":0}]
["2002-02-17",2,17,"21:00:00",0,10,-4,-8,71,{"$f":"Inputs!$R$38*Inputs!$R$33*(G1150-Inputs!$R$26)","v":-79737.575870710454},{"$f":"Inputs!$R$34*E1150*Inputs!$R$39","v":0},{"$f":"params!$C$16*Inputs!$R$30*(G1150-Inputs!$R$26)","v":-12486.424977352686},{"$f":"Inputs!$R$41*Inputs!$R$42/8760","v":0},0,453.51532044328405,2.7964043545646504E-3,1.9854470917409018E-3,{"$f":"-N1150/(1.202*2465560*MAX(0,(Inputs!$R$49-Q1150)))","v":0},{"$f":"params!$C$16*R1150*(G1150-Inputs!$R$26)","v":0},-92224.000848063137,{"$f":"E1150*params!$C$8","v":0}]
["2002-02-17",2,17,"22:00:00",0,10,-4,-7,77,{"$f":"Inputs!$R$38*Inputs!$R$33*(G1151-Inputs!$R$26)","v":-79737.575870710454},{"$f":"Inputs!$R$34*E1151*Inputs!$R$39","v":0},{"$f":"params!$C$16*Inputs!$R$30*(G1151-Inputs!$R$26)","v":-12486.424977352686},{"$f":"Inputs!$R$41*Inputs!$R$42/8760","v":0},0,453.51532044328405,2.7964043545646504E-3,2.1532313530147808E-3,{"$f":"-N1151/(1.202*2465560*MAX(0,(Inputs!$R$49-Q1151)))","v":0},{"$f":"params!$C$16*R1151*(G1151-Inputs!$R$26)","v":0},-92224.000848063137,{"$f":"E1151*params!$C$8","v":0}]
["2002-02-17",2,17,"23:00:00",0,10,-4,-8,71,{"$f":"Inputs!$R$38*Inputs!$R$33*(G1152-Inputs!$R$26)","v":-79737.575870710454},{"$f":"Inputs!$R$34*E1152*Inputs!$R$39","v":0},{"$f":"params!$C$16*Inputs!$R$30*(G1152-Inputs!$R$26)","v":-12486.424977352686},{"$f":"Inputs!$R$41*Inputs!$R$42/8760","v":0},0,453.51532044328405,2.7964043545646504E-3,1.9854470917409018E-3,{"$f":"-N1152/(1.202*2465560*MAX(0,(Inputs!$R$49-Q1152)))","v":0},{"$f":"params!$C$16*R1152*(G1152-Inputs!$R$26)","v":0},-92224.000848063137,{"$f":"E1152*params!$C$8","v":0}]
["2002-02-17",2,17,1,0,10,-4,-8,71,{"$f":"Inputs!$R$38*Inputs!$R$33*(G1153-Inputs!$R$26)","v":-79737.575870710454},{"$f":"Inputs!$R$34*E1153*Inputs!$R$39","v":0},{"$f":"params!$C$16*Inputs!$R$30*(G1153-Inputs!$R$26)","v":-12486.424977352686},{"$f":"Inputs!$R$41*Inputs!$R$42/8760","v":0},0,453.51532044328405,2.7964043545646504E-3,1.9854470917409018E-3,{"$f":"-N1153/(1.202*2465560*MAX(0,(Inputs!$R$49-Q1153)))","v":0},{"$f":"params!$C$16*R1153*(G1153-Inputs!$R$26)","v":0},-92224.000848063137,{"$f":"E1153*params!$C$8","v":0}]
["2002-02-18",2,18,"01:00:00",0,10,-4,-9,65,{"$f":"Inputs!$R$38*Inputs!$R$33*(G1154-Inputs!$R$26)","v":-79737.575870710454},{"$f":"Inputs!$R$34*E1154*Inputs!$R$39","v":0},{"$f":"params!$C$16*Inputs!$R$30*(G1154-Inputs!$R$26)","v":-12486.424977352686},{"$f":"Inputs!$R$41*Inputs!$R$42/8760","v":0},0,453.51532044328405,2.7964043545646504E-3,1.8176628304670229E-3,{"$f":"-N1154/(1.202*2465560*MAX(0,(Inputs!$R$49-Q1154)))","v":0},{"$f":"params!$C$16*R1154*(G1154-Inputs!$R$26)","v":0},-92224.000848063137,{"$f":"E1154*params!$C$8","v":0}]
["2002-02-18",{"$f":"MONTH(A1155)","v":2},{"$f":"DAY(A1155)","v":18},"02:00:00",0,10,-4,-9,65,{"$f":"Inputs!$R$38*Inputs!$R$33*(G1155-Inputs!$R$26)","v":-79737.575870710454},{"$f":"Inputs!$R$34*E1155*Inputs!$R$39","v":0},{"$f":"params!$C$16*Inputs!$R$30*(G1155-Inputs!$R$26)","v":-12486.424977352686},{"$f":"Inputs!$R$41*Inputs!$R$42/8760","v":0},0,{"$f":"EXP(77.345+0.0057*(G1155+273.15)-7235/(G1155+273.15))/(G1155+273.15)^8.2","v":453.51532044328405},{"$f":"0.62198*O1155/(101325-O1155)","v":2.7964043545646504E-3},{"$f":"P1155*I1155/100","v":1.8176628304670229E-3},{"$f":"-N1155/(1.202*2465560*MAX(0,(Inputs!$R$49-Q1155)))","v":0},{"$f":"params!$C$16*R1155*(G1155-Inputs!$R$26)","v":0},{"$f":"J1155+K1155+L1155+M1155+N1155+S1155","v":-92224.000848063137},{"$f":"E1155*params!$C$8","v":0}]
["2002-02-18",2,18,"03:00:00",0,5,-5,-10,65,{"$f":"Inputs!$R$38*Inputs!$R$33*(G1156-Inputs!$R$26)","v":-85433.117004332627},{"$f":"Inputs!$R$34*E1156*Inputs!$R$39","v":0},{"$f":"params!$C$16*Inputs!$R$30*(G1156-Inputs!$R$26)","v":-13378.312475735022},{"$f":"Inputs!$R$41*Inputs!$R$42/8760","v":0},0,420.56802345265027,2.5924024753231664E-3,1.6850616089600582E-3,{"$f":"-N1156/(1.202*2465560*MAX(0,(Inputs!$R$49-Q1156)))","v":0},{"$f":"params!$C$16*R1156*(G1156-Inputs!$R$26)","v":0},-98811.429480067643,{"$f":"E1156*params!$C$8","v":0}]
["2002-02-18",2,18,"04:00:00",0,0,-6,-10,70,{"$f":"Inputs!$R$38*Inputs!$R$33*(G1157-Inputs!$R$26)","v":-91128.658137954801},{"$f":"Inputs!$R$34*E1157*Inputs!$R$39","v":0},{"$f":"params!$C$16*Inputs!$R$30*(G1157-Inputs!$R$26)","v":-14270.199974117357},{"$f":"Inputs!$R$41*Inputs!$R$42/8760","v":0},0,389.76616195693094,2.4018050803048703E-3,1.6812635562134092E-3,{"$f":"-N1157/(1.202*2465560*MAX(0,(Inputs!$R$49-Q1157)))","v":0},{"$f":"params!$C$16*R1157*(G1157-Inputs!$R$26)","v":0},-105398.85811207216,{"$f":"E1157*params!$C$8","v":0}]
["2002-02-18",2,18,"05:00:00",0,4,-8,-10,84,{"$f":"Inputs!$R$38*Inputs!$R$33*(G1158-Inputs!$R$26)","v":-102519.74040519915},{"$f":"Inputs!$R$34*E1158*Inputs!$R$39","v":0},{"$f":"params!$C$16*Inputs!$R$30*(G1158-Inputs!$R$26)","v":-16053.974970882027},{"$f":"Inputs!$R$41*Inputs!$R$42/8760","v":0},0,334.1161188582924,2.0577455669371189E-3,1.7285062762271799E-3,{"$f":"-N1158/(1.202*2465560*MAX(0,(Inputs!$R$49-Q1158)))","v":0},{"$f":"params!$C$16*R1158*(G1158-Inputs!$R$26)","v":0},-118573.71537608118,{"$f":"E1158*params!$C$8","v":0}]
["2002-02-18",2,18,"06:00:00",0,2,-9,-12,77,{"$f":"Inputs!$R$38*Inputs!$R$33*(G1159-Inputs!$R$26)","v":-108215.28153882132},{"$f":"Inputs!$R$34*E1159*Inputs!$R$39","v":0},{"$f":"params!$C$16*Inputs!$R$30*(G1159-Inputs!$R$26)","v":-16945.862469264361},{"$f":"Inputs!$R$41*Inputs!$R$42/8760","v":0},0,309.04098596033037,1.902841039413297E-3,1.4651876003482387E-3,{"$f":"-N1159/(1.202*2465560*MAX(0,(Inputs!$R$49-Q1159)))","v":0},{"$f":"params!$C$16*R1159*(G1159-Inputs!$R$26)","v":0},-125161.14400808568,{"$f":"E1159*params!$C$8","v":0}]
["2002-02-18",2,18,"07:00:00",0,4,-9,-11,84,{"$f":"Inputs!$R$38*Inputs!$R$33*(G1160-Inputs!$R$26)","v":-108215.28153882132},{"$f":"Inputs!$R$34*E1160*Inputs!$R$39","v":0},{"$f":"params!$C$16*Inputs!$R$30*(G1160-Inputs!$R$26)","v":-16945.862469264361},{"$f":"Inputs!$R$41*Inputs!$R$42/8760","v":0},0,309.04098596033037,1.902841039413297E-3,1.5983864731071696E-3,{"$f":"-N1160/(1.202*2465560*MAX(0,(Inputs!$R$49-Q1160)))","v":0},{"$f":"params!$C$16*R1160*(G1160-Inputs!$R$26)","v":0},-125161.14400808568,{"$f":"E1160*params!$C$8","v":0}]
["2002-02-18",2,18,"08:00:00",0,0,-8,-10,84,{"$f":"Inputs!$R$38*Inputs!$R$33*(G1161-Inputs!$R$26)","v":-102519.74040519915},{"$f":"Inputs!$R$34*E1161*Inputs!$R$39","v":0},{"$f":"params!$C$16*Inputs!$R$30*(G1161-Inputs!$R$26)","v":-16053.974970882027},{"$f":"Inputs!$R$41*Inputs!$R$42/8760","v":0},0,334.1161188582924,2.0577455669371189E-3,1.7285062762271799E-3,{"$f":"-N1161/(1.202*2465560*MAX(0,(Inputs!$R$49-Q1161)))","v":0},{"$f":"params!$C$16*R1161*(G1161-Inputs!$R$26)","v":0},-118573.71537608118,{"$f":"E1161*params!$C$8","v":0}]
["2002-02-18",2,18,"09:00:00",227,3,-6,-9,77,{"$f":"Inputs!$R$38*Inputs!$R$33*(G1162-Inputs!$R$26)","v":-91128.658137954801},{"$f":"Inputs!$R$34*E1162*Inputs!$R$39","v":132860.76607920922},{"$f":"params!$C$16*Inputs!$R$30*(G1162-Inputs!$R$26)","v":-14270.199974117357},{"$f":"Inputs!$R$41*Inputs!$R$42/8760","v":0},0,389.76616195693094,2.4018050803048703E-3,1.8493899118347502E-3,{"$f":"-N1162/(1.202*2465560*MAX(0,(Inputs!$R$49-Q1162)))","v":0},{"$f":"params!$C$16*R1162*(G1162-Inputs!$R$26)","v":0},27461.907967137064,{"$f":"E1162*params!$C$8","v":470.23049999999995}]
["2002-02-18",2,18,"10:00:00",386,3,-4,-10,59,{"$f":"Inputs!$R$38*Inputs!$R$33*(G1163-Inputs!$R$26)","v":-79737.575870710454},{"$f":"Inputs!$R$34*E1163*Inputs!$R$39","v":225921.83130649672},{"$f":"params!$C$16*Inputs!$R$30*(G1163-Inputs!$R$26)","v":-12486.424977352686},{"$f":"Inputs!$R$41*Inputs!$R$42/8760","v":0},0,453.51532044328405,2.7964043545646504E-3,1.6498785691931436E-3,{"$f":"-N1163/(1.202*2465560*MAX(0,(Inputs!$R$49-Q1163)))","v":0},{"$f":"params!$C$16*R1163*(G1163-Inputs!$R$26)","v":0},133697.83045843357,{"$f":"E1163*params!$C$8","v":799.59899999999993}]
["2002-02-18",2,18,"11:00:00",511,0,-2,-10,50,{"$f":"Inputs!$R$38*Inputs!$R$33*(G1164-Inputs!$R$26)","v":-68346.493603466108},{"$f":"Inputs!$R$34*E1164*Inputs!$R$39","v":299083.04610782338},{"$f":"params!$C$16*Inputs!$R$30*(G1164-Inputs!$R$26)","v":-10702.649980588018},{"$f":"Inputs!$R$41*Inputs!$R$42/8760","v":0},0,526.36516305985776,3.2479468065175691E-3,1.6239734032587846E-3,{"$f":"-N1164/(1.202*2465560*MAX(0,(Inputs!$R$49-Q1164)))","v":0},{"$f":"params!$C$16*R1164*(G1164-Inputs!$R$26)","v":0},220033.90252376924,{"$f":"E1164*params!$C$8","v":1058.5364999999999}]
["2002-02-18",2,18,"12:00:00",598,0,-1,-9,50,{"$f":"Inputs!$R$38*Inputs!$R$33*(G1165-Inputs!$R$26)","v":-62650.952469843927},{"$f":"Inputs!$R$34*E1165*Inputs!$R$39","v":350003.25160954671},{"$f":"params!$C$16*Inputs!$R$30*(G1165-Inputs!$R$26)","v":-9810.7624822056823},{"$f":"Inputs!$R$41*Inputs!$R$42/8760","v":0},0,566.54310372490409,3.4972595900071069E-3,1.7486297950035535E-3,{"$f":"-N1165/(1.202*2465560*MAX(0,(Inputs!$R$49-Q1165)))","v":0},{"$f":"params!$C$16*R1165*(G1165-Inputs!$R$26)","v":0},277541.53665749711,{"$f":"E1165*params!$C$8","v":1238.7569999999998}]
["2002-02-18",2,18,"13:00:00",618,0,1,-9,43,{"$f":"Inputs!$R$38*Inputs!$R$33*(G1166-Inputs!$R$26)","v":-51259.870202599574},{"$f":"Inputs!$R$34*E1166*Inputs!$R$39","v":361709.045977759},{"$f":"params!$C$16*Inputs!$R$30*(G1166-Inputs!$R$26)","v":-8026.9874854410136},{"$f":"Inputs!$R$41*Inputs!$R$42/8760","v":0},0,655.14373774848059,4.0477489204243187E-3,1.740532035782457E-3,{"$f":"-N1166/(1.202*2465560*MAX(0,(Inputs!$R$49-Q1166)))","v":0},{"$f":"params!$C$16*R1166*(G1166-Inputs!$R$26)","v":0},302422.18828971841,{"$f":"E1166*params!$C$8","v":1280.1869999999999}]
["2002-02-18",2,18,"14:00:00",578,0,2,-10,37,{"$f":"Inputs!$R$38*Inputs!$R$33*(G1167-Inputs!$R$26)","v":-45564.3290689774},{"$f":"Inputs!$R$34*E1167*Inputs!$R$39","v":338297.45724133449},{"$f":"params!$C$16*Inputs!$R$30*(G1167-Inputs!$R$26)","v":-7135.0999870586784},{"$f":"Inputs!$R$41*Inputs!$R$42/8760","v":0},0,703.88301618186097,4.3509868656616182E-3,1.6098651402947986E-3,{"$f":"-N1167/(1.202*2465560*MAX(0,(Inputs!$R$49-Q1167)))","v":0},{"$f":"params!$C$16*R1167*(G1167-Inputs!$R$26)","v":0},285598.02818529843,{"$f":"E1167*params!$C$8","v":1197.327}]
["2002-02-18",2,18,"15:00:00",479,0,3,-11,31,{"$f":"Inputs!$R$38*Inputs!$R$33*(G1168-Inputs!$R$26)","v":-39868.787935355227},{"$f":"Inputs!$R$34*E1168*Inputs!$R$39","v":280353.77511868376},{"$f":"params!$C$16*Inputs!$R$30*(G1168-Inputs!$R$26)","v":-6243.2124886763431},{"$f":"Inputs!$R$41*Inputs!$R$42/8760","v":0},0,755.80495631325812,4.6743495015895585E-3,1.449048345492763E-3,{"$f":"-N1168/(1.202*2465560*MAX(0,(Inputs!$R$49-Q1168)))","v":0},{"$f":"params!$C$16*R1168*(G1168-Inputs!$R$26)","v":0},234241.77469465221,{"$f":"E1168*params!$C$8","v":992.24849999999992}]
["2002-02-18",2,18,"16:00:00",335,0,3,-10,34,{"$f":"Inputs!$R$38*Inputs!$R$33*(G1169-Inputs!$R$26)","v":-39868.787935355227},{"$f":"Inputs!$R$34*E1169*Inputs!$R$39","v":196072.05566755543},{"$f":"params!$C$16*Inputs!$R$30*(G1169-Inputs!$R$26)","v":-6243.2124886763431},{"$f":"Inputs!$R$41*Inputs!$R$42/8760","v":0},0,755.80495631325812,4.6743495015895585E-3,1.5892788305404497E-3,{"$f":"-N1169/(1.202*2465560*MAX(0,(Inputs!$R$49-Q1169)))","v":0},{"$f":"params!$C$16*R1169*(G1169-Inputs!$R$26)","v":0},149960.05524352388,{"$f":"E1169*params!$C$8","v":693.95249999999999}]
["2002-02-18",2,18,"17:00:00",165,0,3,-10,34,{"$f":"Inputs!$R$38*Inputs!$R$33*(G1170-Inputs!$R$26)","v":-39868.787935355227},{"$f":"Inputs!$R$34*E1170*Inputs!$R$39","v":96572.803537751199},{"$f":"params!$C$16*Inputs!$R$30*(G1170-Inputs!$R$26)","v":-6243.2124886763431},{"$f":"Inputs!$R$41*Inputs!$R$42/8760","v":0},0,755.80495631325812,4.6743495015895585E-3,1.5892788305404497E-3,{"$f":"-N1170/(1.202*2465560*MAX(0,(Inputs!$R$49-Q1170)))","v":0},{"$f":"params!$C$16*R1170*(G1170-Inputs!$R$26)","v":0},50460.80311371963,{"$f":"E1170*params!$C$8","v":341.79749999999996}]
["2002-02-18",2,18,"18:00:00",12,0,-1,-9,50,{"$f":"Inputs!$R$38*Inputs!$R$33*(G1171-Inputs!$R$26)","v":-62650.952469843927},{"$f":"Inputs!$R$34*E1171*Inputs!$R$39","v":7023.4766209273594},{"$f":"params!$C$16*Inputs!$R$30*(G1171-Inputs!$R$26)","v":-9810.7624822056823},{"$f":"Inputs!$R$41*Inputs!$R$42/8760","v":0},0,566.54310372490409,3.4972595900071069E-3,1.7486297950035535E-3,{"$f":"-N1171/(1.202*2465560*MAX(0,(Inputs!$R$49-Q1171)))","v":0},{"$f":"params!$C$16*R1171*(G1171-Inputs!$R$26)","v":0},-65438.238331122251,{"$f":"E1171*params!$C$8","v":24.857999999999997}]
["2002-02-18",2,18,"19:00:00",0,0,-3,-8,65,{"$f":"Inputs!$R$38*Inputs!$R$33*(G1172-Inputs!$R$26)","v":-74042.034737088281},{"$f":"Inputs!$R$34*E1172*Inputs!$R$39","v":0},{"$f":"params!$C$16*Inputs!$R$30*(G1172-Inputs!$R$26)","v":-11594.537478970353},{"$f":"Inputs!$R$41*Inputs!$R$42/8760","v":0},0,488.73621912146871,3.0146312662847319E-3,1.9595103230850759E-3,{"$f":"-N1172/(1.202*2465560*MAX(0,(Inputs!$R$49-Q1172)))","v":0},{"$f":"params!$C$16*R1172*(G1172-Inputs!$R$26)","v":0},-85636.57221605863,{"$f":"E1172*params!$C$8","v":0}]
["2002-02-18",2,18,"20:00:00",0,0,-4,-7,77,{"$f":"Inputs!$R$38*Inputs!$R$33*(G1173-Inputs!$R$26)","v":-79737.575870710454},{"$f":"Inputs!$R$34*E1173*Inputs!$R$39","v":0},{"$f":"params!$C$16*Inputs!$R$30*(G1173-Inputs!$R$26)","v":-12486.424977352686},{"$f":"Inputs!$R$41*Inputs!$R$42/8760","v":0},0,453.51532044328405,2.7964043545646504E-3,2.1532313530147808E-3,{"$f":"-N1173/(1.202*2465560*MAX(0,(Inputs!$R$49-Q1173)))","v":0},{"$f":"params!$C$16*R1173*(G1173-Inputs!$R$26)","v":0},-92224.000848063137,{"$f":"E1173*params!$C$8","v":0}]
["2002-02-18",2,18,"21:00:00",0,0,-5,-7,84,{"$f":"Inputs!$R$38*Inputs!$R$33*(G1174-Inputs!$R$26)","v":-85433.117004332627},{"$f":"Inputs!$R$34*E1174*Inputs!$R$39","v":0},{"$f":"params!$C$16*Inputs!$R$30*(G1174-Inputs!$R$26)","v":-13378.312475735022},{"$f":"Inputs!$R$41*Inputs!$R$42/8760","v":0},0,420.56802345265027,2.5924024753231664E-3,2.1776180792714597E-3,{"$f":"-N1174/(1.202*2465560*MAX(0,(Inputs!$R$49-Q1174)))","v":0},{"$f":"params!$C$16*R1174*(G1174-Inputs!$R$26)","v":0},-98811.429480067643,{"$f":"E1174*params!$C$8","v":0}]
["2002-02-18",2,18,"22:00:00",0,0,-6,-8,84,{"$f":"Inputs!$R$38*Inputs!$R$33*(G1175-Inputs!$R$26)","v":-91128.658137954801},{"$f":"Inputs!$R$34*E1175*Inputs!$R$39","v":0},{"$f":"params!$C$16*Inputs!$R$30*(G1175-Inputs!$R$26)","v":-14270.199974117357},{"$f":"Inputs!$R$41*Inputs!$R$42/8760","v":0},0,389.76616195693094,2.4018050803048703E-3,2.0175162674560907E-3,{"$f":"-N1175/(1.202*2465560*MAX(0,(Inputs!$R$49-Q1175)))","v":0},{"$f":"params!$C$16*R1175*(G1175-Inputs!$R$26)","v":0},-105398.85811207216,{"$f":"E1175*params!$C$8","v":0}]
["2002-02-18",2,18,"23:00:00",0,0,-6,-8,84,{"$f":"Inputs!$R$38*Inputs!$R$33*(G1176-Inputs!$R$26)","v":-91128.658137954801},{"$f":"Inputs!$R$34*E1176*Inputs!$R$39","v":0},{"$f":"params!$C$16*Inputs!$R$30*(G1176-Inputs!$R$26)","v":-14270.199974117357},{"$f":"Inputs!$R$41*Inputs!$R$42/8760","v":0},0,389.76616195693094,2.4018050803048703E-3,2.0175162674560907E-3,{"$f":"-N1176/(1.202*2465560*MAX(0,(Inputs!$R$49-Q1176)))","v":0},{"$f":"params!$C$16*R1176*(G1176-Inputs!$R$26)","v":0},-105398.85811207216,{"$f":"E1176*params!$C$8","v":0}]
["2002-02-18",2,18,1,0,0,-7,-8,92,{"$f":"Inputs!$R$38*Inputs!$R$33*(G1177-Inputs!$R$26)","v":-96824.199271576974},{"$f":"Inputs!$R$34*E1177*Inputs!$R$39","v":0},{"$f":"params!$C$16*Inputs!$R$30*(G1177-Inputs!$R$26)","v":-15162.087472499692},{"$f":"Inputs!$R$41*Inputs!$R$42/8760","v":0},0,360.98762153500678,2.2238327850987206E-3,2.0459261622908231E-3,{"$f":"-N1177/(1.202*2465560*MAX(0,(Inputs!$R$49-Q1177)))","v":0},{"$f":"params!$C$16*R1177*(G1177-Inputs!$R$26)","v":0},-111986.28674407667,{"$f":"E1177*params!$C$8","v":0}]
["2002-02-19",2,19,"01:00:00",0,0,-8,-9,92,{"$f":"Inputs!$R$38*Inputs!$R$33*(G1178-Inputs!$R$26)","v":-102519.74040519915},{"$f":"Inputs!$R$34*E1178*Inputs!$R$39","v":0},{"$f":"params!$C$16*Inputs!$R$30*(G1178-Inputs!$R$26)","v":-16053.974970882027},{"$f":"Inputs!$R$41*Inputs!$R$42/8760","v":0},0,334.1161188582924,2.0577455669371189E-3,1.8931259215821494E-3,{"$f":"-N1178/(1.202*2465560*MAX(0,(Inputs!$R$49-Q1178)))","v":0},{"$f":"params!$C$16*R1178*(G1178-Inputs!$R$26)","v":0},-118573.71537608118,{"$f":"E1178*params!$C$8","v":0}]
["2002-02-19",2,19,"02:00:00",0,0,-7,-9,84,{"$f":"Inputs!$R$38*Inputs!$R$33*(G1179-Inputs!$R$26)","v":-96824.199271576974},{"$f":"Inputs!$R$34*E1179*Inputs!$R$39","v":0},{"$f":"params!$C$16*Inputs!$R$30*(G1179-Inputs!$R$26)","v":-15162.087472499692},{"$f":"Inputs!$R$41*Inputs!$R$42/8760","v":0},0,360.98762153500678,2.2238327850987206E-3,1.8680195394829252E-3,{"$f":"-N1179/(1.202*2465560*MAX(0,(Inputs!$R$49-Q1179)))","v":0},{"$f":"params!$C$16*R1179*(G1179-Inputs!$R$26)","v":0},-111986.28674407667,{"$f":"E1179*params!$C$8","v":0}]
["2002-02-19",2,19,"03:00:00",0,0,-9,-10,92,{"$f":"Inputs!$R$38*Inputs!$R$33*(G1180-Inputs!$R$26)","v":-108215.28153882132},{"$f":"Inputs!$R$34*E1180*Inputs!$R$39","v":0},{"$f":"params!$C$16*Inputs!$R$30*(G1180-Inputs!$R$26)","v":-16945.862469264361},{"$f":"Inputs!$R$41*Inputs!$R$42/8760","v":0},0,309.04098596033037,1.902841039413297E-3,1.7506137562602333E-3,{"$f":"-N1180/(1.202*2465560*MAX(0,(Inputs!$R$49-Q1180)))","v":0},{"$f":"params!$C$16*R1180*(G1180-Inputs!$R$26)","v":0},-125161.14400808568,{"$f":"E1180*params!$C$8","v":0}]
["2002-02-19",2,19,"04:00:00",0,0,-9,-10,92,{"$f":"Inputs!$R$38*Inputs!$R$33*(G1181-Inputs!$R$26)","v":-108215.28153882132},{"$f":"Inputs!$R$34*E1181*Inputs!$R$39","v":0},{"$f":"params!$C$16*Inputs!$R$30*(G1181-Inputs!$R$26)","v":-16945.862469264361},{"$f":"Inputs!$R$41*Inputs!$R$42/8760","v":0},0,309.04098596033037,1.902841039413297E-3,1.7506137562602333E-3,{"$f":"-N1181/(1.202*2465560*MAX(0,(Inputs!$R$49-Q1181)))","v":0},{"$f":"params!$C$16*R1181*(G1181-Inputs!$R$26)","v":0},-125161.14400808568,{"$f":"E1181*params!$C$8","v":0}]
["2002-02-19",2,19,"05:00:00",0,1,-9,-11,84,{"$f":"Inputs!$R$38*Inputs!$R$33*(G1182-Inputs!$R$26)","v":-108215.28153882132},{"$f":"Inputs!$R$34*E1182*Inputs!$R$39","v":0},{"$f":"params!$C$16*Inputs!$R$30*(G1182-Inputs!$R$26)","v":-16945.862469264361},{"$f":"Inputs!$R$41*Inputs!$R$42/8760","v":0},0,309.04098596033037,1.902841039413297E-3,1.5983864731071696E-3,{"$f":"-N1182/(1.202*2465560*MAX(0,(Inputs!$R$49-Q1182)))","v":0},{"$f":"params!$C$16*R1182*(G1182-Inputs!$R$26)","v":0},-125161.14400808568,{"$f":"E1182*params!$C$8","v":0}]
["2002-02-19",2,19,"06:00:00",0,1,-9.1,-10.6,88,{"$f":"Inputs!$R$38*Inputs!$R$33*(G1183-Inputs!$R$26)","v":-108784.83565218355},{"$f":"Inputs!$R$34*E1183*Inputs!$R$39","v":0},{"$f":"params!$C$16*Inputs!$R$30*(G1183-Inputs!$R$26)","v":-17035.051219102595},{"$f":"Inputs!$R$41*Inputs!$R$42/8760","v":0},0,306.62817466497791,1.8879396750511865E-3,1.661386914045044E-3,{"$f":"-N1183/(1.202*2465560*MAX(0,(Inputs!$R$49-Q1183)))","v":0},{"$f":"params!$C$16*R1183*(G1183-Inputs!$R$26)","v":0},-125819.88687128614,{"$f":"E1183*params!$C$8","v":0}]
["2002-02-19",2,19,"07:00:00",0,0,-9,-10,92,{"$f":"Inputs!$R$38*Inputs!$R$33*(G1184-Inputs!$R$26)","v":-108215.28153882132},{"$f":"Inputs!$R$34*E1184*Inputs!$R$39","v":0},{"$f":"params!$C$16*Inputs!$R$30*(G1184-Inputs!$R$26)","v":-16945.862469264361},{"$f":"Inputs!$R$41*Inputs!$R$42/8760","v":0},0,309.04098596033037,1.902841039413297E-3,1.7506137562602333E-3,{"$f":"-N1184/(1.202*2465560*MAX(0,(Inputs!$R$49-Q1184)))","v":0},{"$f":"params!$C$16*R1184*(G1184-Inputs!$R$26)","v":0},-125161.14400808568,{"$f":"E1184*params!$C$8","v":0}]
["2002-02-19",2,19,"08:00:00",0,0,-7,-9,84,{"$f":"Inputs!$R$38*Inputs!$R$33*(G1185-Inputs!$R$26)","v":-96824.199271576974},{"$f":"Inputs!$R$34*E1185*Inputs!$R$39","v":0},{"$f":"params!$C$16*Inputs!$R$30*(G1185-Inputs!$R$26)","v":-15162.087472499692},{"$f":"Inputs!$R$41*Inputs!$R$42/8760","v":0},0,360.98762153500678,2.2238327850987206E-3,1.8680195394829252E-3,{"$f":"-N1185/(1.202*2465560*MAX(0,(Inputs!$R$49-Q1185)))","v":0},{"$f":"params!$C$16*R1185*(G1185-Inputs!$R$26)","v":0},-111986.28674407667,{"$f":"E1185*params!$C$8","v":0}]
["2002-02-19",2,19,"09:00:00",233,0,-6,-8,84,{"$f":"Inputs!$R$38*Inputs!$R$33*(G1186-Inputs!$R$26)","v":-91128.658137954801},{"$f":"Inputs!$R$34*E1186*Inputs!$R$39","v":136372.50438967289},{"$f":"params!$C$16*Inputs!$R$30*(G1186-Inputs!$R$26)","v":-14270.199974117357},{"$f":"Inputs!$R$41*Inputs!$R$42/8760","v":0},0,389.76616195693094,2.4018050803048703E-3,2.0175162674560907E-3,{"$f":"-N1186/(1.202*2465560*MAX(0,(Inputs!$R$49-Q1186)))","v":0},{"$f":"params!$C$16*R1186*(G1186-Inputs!$R$26)","v":0},30973.646277600732,{"$f":"E1186*params!$C$8","v":482.65949999999998}]
["2002-02-19",2,19,"10:00:00",392,1,-2,-6,71,{"$f":"Inputs!$R$38*Inputs!$R$33*(G1187-Inputs!$R$26)","v":-68346.493603466108},{"$f":"Inputs!$R$34*E1187*Inputs!$R$39","v":229433.56961696039},{"$f":"params!$C$16*Inputs!$R$30*(G1187-Inputs!$R$26)","v":-10702.649980588018},{"$f":"Inputs!$R$41*Inputs!$R$42/8760","v":0},0,526.36516305985776,3.2479468065175691E-3,2.306042232627474E-3,{"$f":"-N1187/(1.202*2465560*MAX(0,(Inputs!$R$49-Q1187)))","v":0},{"$f":"params!$C$16*R1187*(G1187-Inputs!$R$26)","v":0},150384.42603290625,{"$f":"E1187*params!$C$8","v":812.02799999999991}]
["2002-02-19",2,19,"11:00:00",517,1,2,-8,44,{"$f":"Inputs!$R$38*Inputs!$R$33*(G1188-Inputs!$R$26)","v":-45564.3290689774},{"$f":"Inputs!$R$34*E1188*Inputs!$R$39","v":302594.78441828705},{"$f":"params!$C$16*Inputs!$R$30*(G1188-Inputs!$R$26)","v":-7135.0999870586784},{"$f":"Inputs!$R$41*Inputs!$R$42/8760","v":0},0,703.88301618186097,4.3509868656616182E-3,1.9144342208911118E-3,{"$f":"-N1188/(1.202*2465560*MAX(0,(Inputs!$R$49-Q1188)))","v":0},{"$f":"params!$C$16*R1188*(G1188-Inputs!$R$26)","v":0},249895.35536225099,{"$f":"E1188*params!$C$8","v":1070.9655}]
["2002-02-19",2,19,"12:00:00",604,4,6,-7,36,{"$f":"Inputs!$R$38*Inputs!$R$33*(G1189-Inputs!$R$26)","v":-22782.1645344887},{"$f":"Inputs!$R$34*E1189*Inputs!$R$39","v":353514.98992001038},{"$f":"params!$C$16*Inputs!$R$30*(G1189-Inputs!$R$26)","v":-3567.5499935293392},{"$f":"Inputs!$R$41*Inputs!$R$42/8760","v":0},0,932.4781503104233,5.7771510192606073E-3,2.0797743669338188E-3,{"$f":"-N1189/(1.202*2465560*MAX(0,(Inputs!$R$49-Q1189)))","v":0},{"$f":"params!$C$16*R1189*(G1189-Inputs!$R$26)","v":0},327165.27539199236,{"$f":"E1189*params!$C$8","v":1251.1859999999999}]
["2002-02-19",2,19,"13:00:00",624,7,9,-9,25,{"$f":"Inputs!$R$38*Inputs!$R$33*(G1190-Inputs!$R$26)","v":-5695.541133622175},{"$f":"Inputs!$R$34*E1190*Inputs!$R$39","v":365220.78428822267},{"$f":"params!$C$16*Inputs!$R$30*(G1190-Inputs!$R$26)","v":-891.8874983823348},{"$f":"Inputs!$R$41*Inputs!$R$42/8760","v":0},0,1144.6654335441779,7.1067740933079149E-3,1.7766935233269787E-3,{"$f":"-N1190/(1.202*2465560*MAX(0,(Inputs!$R$49-Q1190)))","v":0},{"$f":"params!$C$16*R1190*(G1190-Inputs!$R$26)","v":0},358633.35565621813,{"$f":"E1190*params!$C$8","v":1292.616}]
["2002-02-19",2,19,"14:00:00",385,9,10,-10,21,{"$f":"Inputs!$R$38*Inputs!$R$33*(G1191-Inputs!$R$26)","v":0},{"$f":"Inputs!$R$34*E1191*Inputs!$R$39","v":225336.54158808611},{"$f":"params!$C$16*Inputs!$R$30*(G1191-Inputs!$R$26)","v":0},{"$f":"Inputs!$R$41*Inputs!$R$42/8760","v":0},0,1224.2915728566036,7.6071876458255446E-3,1.5975094056233643E-3,{"$f":"-N1191/(1.202*2465560*MAX(0,(Inputs!$R$49-Q1191)))","v":0},{"$f":"params!$C$16*R1191*(G1191-Inputs!$R$26)","v":0},225336.54158808611,{"$f":"E1191*params!$C$8","v":797.52749999999992}]
["2002-02-19",2,19,"15:00:00",237,10,10,-8,25,{"$f":"Inputs!$R$38*Inputs!$R$33*(G1192-Inputs!$R$26)","v":0},{"$f":"Inputs!$R$34*E1192*Inputs!$R$39","v":138713.66326331533},{"$f":"params!$C$16*Inputs!$R$30*(G1192-Inputs!$R$26)","v":0},{"$f":"Inputs!$R$41*Inputs!$R$42/8760","v":0},0,1224.2915728566036,7.6071876458255446E-3,1.9017969114563861E-3,{"$f":"-N1192/(1.202*2465560*MAX(0,(Inputs!$R$49-Q1192)))","v":0},{"$f":"params!$C$16*R1192*(G1192-Inputs!$R$26)","v":0},138713.66326331533,{"$f":"E1192*params!$C$8","v":490.94549999999998}]
["2002-02-19",2,19,"16:00:00",96,9,9,-7,29,{"$f":"Inputs!$R$38*Inputs!$R$33*(G1193-Inputs!$R$26)","v":-5695.541133622175},{"$f":"Inputs!$R$34*E1193*Inputs!$R$39","v":56187.812967418875},{"$f":"params!$C$16*Inputs!$R$30*(G1193-Inputs!$R$26)","v":-891.8874983823348},{"$f":"Inputs!$R$41*Inputs!$R$42/8760","v":0},0,1144.6654335441779,7.1067740933079149E-3,2.0609644870592954E-3,{"$f":"-N1193/(1.202*2465560*MAX(0,(Inputs!$R$49-Q1193)))","v":0},{"$f":"params!$C$16*R1193*(G1193-Inputs!$R$26)","v":0},49600.384335414368,{"$f":"E1193*params!$C$8","v":198.86399999999998}]
["2002-02-19",2,19,"17:00:00",83,10,9,-4,38,{"$f":"Inputs!$R$38*Inputs!$R$33*(G1194-Inputs!$R$26)","v":-5695.541133622175},{"$f":"Inputs!$R$34*E1194*Inputs!$R$39","v":48579.046628080898},{"$f":"params!$C$16*Inputs!$R$30*(G1194-Inputs!$R$26)","v":-891.8874983823348},{"$f":"Inputs!$R$41*Inputs!$R$42/8760","v":0},0,1144.6654335441779,7.1067740933079149E-3,2.7005741554570078E-3,{"$f":"-N1194/(1.202*2465560*MAX(0,(Inputs!$R$49-Q1194)))","v":0},{"$f":"params!$C$16*R1194*(G1194-Inputs!$R$26)","v":0},41991.617996076391,{"$f":"E1194*params!$C$8","v":171.93449999999999}]
["2002-02-19",2,19,"18:00:00",8,10,8,-7,32,{"$f":"Inputs!$R$38*Inputs!$R$33*(G1195-Inputs!$R$26)","v":-11391.08226724435},{"$f":"Inputs!$R$34*E1195*Inputs!$R$39","v":4682.3177472849056},{"$f":"params!$C$16*Inputs!$R$30*(G1195-Inputs!$R$26)","v":-1783.7749967646696},{"$f":"Inputs!$R$41*Inputs!$R$42/8760","v":0},0,1069.6390010481693,6.6359949158119932E-3,2.1235183730598378E-3,{"$f":"-N1195/(1.202*2465560*MAX(0,(Inputs!$R$49-Q1195)))","v":0},{"$f":"params!$C$16*R1195*(G1195-Inputs!$R$26)","v":0},-8492.5395167241149,{"$f":"E1195*params!$C$8","v":16.571999999999999}]
["2002-02-19",2,19,"19:00:00",0,10,6,-4,47,{"$f":"Inputs!$R$38*Inputs!$R$33*(G1196-Inputs!$R$26)","v":-22782.1645344887},{"$f":"Inputs!$R$34*E1196*Inputs!$R$39","v":0},{"$f":"params!$C$16*Inputs!$R$30*(G1196-Inputs!$R$26)","v":-3567.5499935293392},{"$f":"Inputs!$R$41*Inputs!$R$42/8760","v":0},0,932.4781503104233,5.7771510192606073E-3,2.7152609790524855E-3,{"$f":"-N1196/(1.202*2465560*MAX(0,(Inputs!$R$49-Q1196)))","v":0},{"$f":"params!$C$16*R1196*(G1196-Inputs!$R$26)","v":0},-26349.714528018041,{"$f":"E1196*params!$C$8","v":0}]
["2002-02-19",2,19,"20:00:00",0,10,4,-2,64,{"$f":"Inputs!$R$38*Inputs!$R$33*(G1197-Inputs!$R$26)","v":-34173.246801733054},{"$f":"Inputs!$R$34*E1197*Inputs!$R$39","v":0},{"$f":"params!$C$16*Inputs!$R$30*(G1197-Inputs!$R$26)","v":-5351.3249902940088},{"$f":"Inputs!$R$41*Inputs!$R$42/8760","v":0},0,811.08667612094962,5.0190035800134264E-3,3.212162291208593E-3,{"$f":"-N1197/(1.202*2465560*MAX(0,(Inputs!$R$49-Q1197)))","v":0},{"$f":"params!$C$16*R1197*(G1197-Inputs!$R$26)","v":0},-39524.571792027062,{"$f":"E1197*params!$C$8","v":0}]
["2002-02-19",2,19,"21:00:00",0,9,3,-3,63,{"$f":"Inputs!$R$38*Inputs!$R$33*(G1198-Inputs!$R$26)","v":-39868.787935355227},{"$f":"Inputs!$R$34*E1198*Inputs!$R$39","v":0},{"$f":"params!$C$16*Inputs!$R$30*(G1198-Inputs!$R$26)","v":-6243.2124886763431},{"$f":"Inputs!$R$41*Inputs!$R$42/8760","v":0},0,755.80495631325812,4.6743495015895585E-3,2.9448401860014215E-3,{"$f":"-N1198/(1.202*2465560*MAX(0,(Inputs!$R$49-Q1198)))","v":0},{"$f":"params!$C$16*R1198*(G1198-Inputs!$R$26)","v":0},-46112.000424031568,{"$f":"E1198*params!$C$8","v":0}]
["2002-02-19",2,19,"22:00:00",0,10,3,-3,63,{"$f":"Inputs!$R$38*Inputs!$R$33*(G1199-Inputs!$R$26)","v":-39868.787935355227},{"$f":"Inputs!$R$34*E1199*Inputs!$R$39","v":0},{"$f":"params!$C$16*Inputs!$R$30*(G1199-Inputs!$R$26)","v":-6243.2124886763431},{"$f":"Inputs!$R$41*Inputs!$R$42/8760","v":0},0,755.80495631325812,4.6743495015895585E-3,2.9448401860014215E-3,{"$f":"-N1199/(1.202*2465560*MAX(0,(Inputs!$R$49-Q1199)))","v":0},{"$f":"params!$C$16*R1199*(G1199-Inputs!$R$26)","v":0},-46112.000424031568,{"$f":"E1199*params!$C$8","v":0}]
["2002-02-19",2,19,"23:00:00",0,9,5,-6,42,{"$f":"Inputs!$R$38*Inputs!$R$33*(G1200-Inputs!$R$26)","v":-28477.705668110873},{"$f":"Inputs!$R$34*E1200*Inputs!$R$39","v":0},{"$f":"params!$C$16*Inputs!$R$30*(G1200-Inputs!$R$26)","v":-4459.4374919116744},{"$f":"Inputs!$R$41*Inputs!$R$42/8760","v":0},0,869.91328556198641,5.3861748872103517E-3,2.2621934526283476E-3,{"$f":"-N1200/(1.202*2465560*MAX(0,(Inputs!$R$49-Q1200)))","v":0},{"$f":"params!$C$16*R1200*(G1200-Inputs!$R$26)","v":0},-32937.143160022548,{"$f":"E1200*params!$C$8","v":0}]
["2002-02-19",2,19,1,0,10,3,-3,63,{"$f":"Inputs!$R$38*Inputs!$R$33*(G1201-Inputs!$R$26)","v":-39868.787935355227},{"$f":"Inputs!$R$34*E1201*Inputs!$R$39","v":0},{"$f":"params!$C$16*Inputs!$R$30*(G1201-Inputs!$R$26)","v":-6243.2124886763431},{"$f":"Inputs!$R$41*Inputs!$R$42/8760","v":0},0,755.80495631325812,4.6743495015895585E-3,2.9448401860014215E-3,{"$f":"-N1201/(1.202*2465560*MAX(0,(Inputs!$R$49-Q1201)))","v":0},{"$f":"params!$C$16*R1201*(G1201-Inputs!$R$26)","v":0},-46112.000424031568,{"$f":"E1201*params!$C$8","v":0}]
["2002-02-20",2,20,"01:00:00",0,10,3,-2,68,{"$f":"Inputs!$R$38*Inputs!$R$33*(G1202-Inputs!$R$26)","v":-39868.787935355227},{"$f":"Inputs!$R$34*E1202*Inputs!$R$39","v":0},{"$f":"params!$C$16*Inputs!$R$30*(G1202-Inputs!$R$26)","v":-6243.2124886763431},{"$f":"Inputs!$R$41*Inputs!$R$42/8760","v":0},0,755.80495631325812,4.6743495015895585E-3,3.1785576610808995E-3,{"$f":"-N1202/(1.202*2465560*MAX(0,(Inputs!$R$49-Q1202)))","v":0},{"$f":"params!$C$16*R1202*(G1202-Inputs!$R$26)","v":0},-46112.000424031568,{"$f":"E1202*params!$C$8","v":0}]
["2002-02-20",2,20,"02:00:00",0,10,2,-1,80,{"$f":"Inputs!$R$38*Inputs!$R$33*(G1203-Inputs!$R$26)","v":-45564.3290689774},{"$f":"Inputs!$R$34*E1203*Inputs!$R$39","v":0},{"$f":"params!$C$16*Inputs!$R$30*(G1203-Inputs!$R$26)","v":-7135.0999870586784},{"$f":"Inputs!$R$41*Inputs!$R$42/8760","v":0},0,703.88301618186097,4.3509868656616182E-3,3.4807894925292949E-3,{"$f":"-N1203/(1.202*2465560*MAX(0,(Inputs!$R$49-Q1203)))","v":0},{"$f":"params!$C$16*R1203*(G1203-Inputs!$R$26)","v":0},-52699.429056036082,{"$f":"E1203*params!$C$8","v":0}]
["2002-02-20",2,20,"03:00:00",0,10,1,-1,86,{"$f":"Inputs!$R$38*Inputs!$R$33*(G1204-Inputs!$R$26)","v":-51259.870202599574},{"$f":"Inputs!$R$34*E1204*Inputs!$R$39","v":0},{"$f":"params!$C$16*Inputs!$R$30*(G1204-Inputs!$R$26)","v":-8026.9874854410136},{"$f":"Inputs!$R$41*Inputs!$R$42/8760","v":0},0,655.14373774848059,4.0477489204243187E-3,3.481064071564914E-3,{"$f":"-N1204/(1.202*2465560*MAX(0,(Inputs!$R$49-Q1204)))","v":0},{"$f":"params!$C$16*R1204*(G1204-Inputs!$R$26)","v":0},-59286.857688040589,{"$f":"E1204*params!$C$8","v":0}]
["2002-02-20",2,20,"04:00:00",0,9,1,-1,86,{"$f":"Inputs!$R$38*Inputs!$R$33*(G1205-Inputs!$R$26)","v":-51259.870202599574},{"$f":"Inputs!$R$34*E1205*Inputs!$R$39","v":0},{"$f":"params!$C$16*Inputs!$R$30*(G1205-Inputs!$R$26)","v":-8026.9874854410136},{"$f":"Inputs!$R$41*Inputs!$R$42/8760","v":0},0,655.14373774848059,4.0477489204243187E-3,3.481064071564914E-3,{"$f":"-N1205/(1.202*2465560*MAX(0,(Inputs!$R$49-Q1205)))","v":0},{"$f":"params!$C$16*R1205*(G1205-Inputs!$R$26)","v":0},-59286.857688040589,{"$f":"E1205*params!$C$8","v":0}]
["2002-02-20",2,20,"05:00:00",0,10,1,-1,86,{"$f":"Inputs!$R$38*Inputs!$R$33*(G1206-Inputs!$R$26)","v":-51259.870202599574},{"$f":"Inputs!$R$34*E1206*Inputs!$R$39","v":0},{"$f":"params!$C$16*Inputs!$R$30*(G1206-Inputs!$R$26)","v":-8026.9874854410136},{"$f":"Inputs!$R$41*Inputs!$R$42/8760","v":0},0,655.14373774848059,4.0477489204243187E-3,3.481064071564914E-3,{"$f":"-N1206/(1.202*2465560*MAX(0,(Inputs!$R$49-Q1206)))","v":0},{"$f":"params!$C$16*R1206*(G1206-Inputs!$R$26)","v":0},-59286.857688040589,{"$f":"E1206*params!$C$8","v":0}]
["2002-02-20",2,20,"06:00:00",0,10,1,-1,86,{"$f":"Inputs!$R$38*Inputs!$R$33*(G1207-Inputs!$R$26)","v":-51259.870202599574},{"$f":"Inputs!$R$34*E1207*Inputs!$R$39","v":0},{"$f":"params!$C$16*Inputs!$R$30*(G1207-Inputs!$R$26)","v":-8026.9874854410136},{"$f":"Inputs!$R$41*Inputs!$R$42/8760","v":0},0,655.14373774848059,4.0477489204243187E-3,3.481064071564914E-3,{"$f":"-N1207/(1.202*2465560*MAX(0,(Inputs!$R$49-Q1207)))","v":0},{"$f":"params!$C$16*R1207*(G1207-Inputs!$R$26)","v":0},-59286.857688040589,{"$f":"E1207*params!$C$8","v":0}]
["2002-02-20",2,20,"07:00:00",0,10,1,-1,86,{"$f":"Inputs!$R$38*Inputs!$R$33*(G1208-Inputs!$R$26)","v":-51259.870202599574},{"$f":"Inputs!$R$34*E1208*Inputs!$R$39","v":0},{"$f":"params!$C$16*Inputs!$R$30*(G1208-Inputs!$R$26)","v":-8026.9874854410136},{"$f":"Inputs!$R$41*Inputs!$R$42/8760","v":0},0,655.14373774848059,4.0477489204243187E-3,3.481064071564914E-3,{"$f":"-N1208/(1.202*2465560*MAX(0,(Inputs!$R$49-Q1208)))","v":0},{"$f":"params!$C$16*R1208*(G1208-Inputs!$R$26)","v":0},-59286.857688040589,{"$f":"E1208*params!$C$8","v":0}]
["2002-02-20",2,20,"08:00:00",0,10,2,-1,80,{"$f":"Inputs!$R$38*Inputs!$R$33*(G1209-Inputs!$R$26)","v":-45564.3290689774},{"$f":"Inputs!$R$34*E1209*Inputs!$R$39","v":0},{"$f":"params!$C$16*Inputs!$R$30*(G1209-Inputs!$R$26)","v":-7135.0999870586784},{"$f":"Inputs!$R$41*Inputs!$R$42/8760","v":0},0,703.88301618186097,4.3509868656616182E-3,3.4807894925292949E-3,{"$f":"-N1209/(1.202*2465560*MAX(0,(Inputs!$R$49-Q1209)))","v":0},{"$f":"params!$C$16*R1209*(G1209-Inputs!$R$26)","v":0},-52699.429056036082,{"$f":"E1209*params!$C$8","v":0}]
["2002-02-20",2,20,"09:00:00",108,10,4,0,75,{"$f":"Inputs!$R$38*Inputs!$R$33*(G1210-Inputs!$R$26)","v":-34173.246801733054},{"$f":"Inputs!$R$34*E1210*Inputs!$R$39","v":63211.289588346233},{"$f":"params!$C$16*Inputs!$R$30*(G1210-Inputs!$R$26)","v":-5351.3249902940088},{"$f":"Inputs!$R$41*Inputs!$R$42/8760","v":0},0,811.08667612094962,5.0190035800134264E-3,3.76425268501007E-3,{"$f":"-N1210/(1.202*2465560*MAX(0,(Inputs!$R$49-Q1210)))","v":0},{"$f":"params!$C$16*R1210*(G1210-Inputs!$R$26)","v":0},23686.717796319172,{"$f":"E1210*params!$C$8","v":223.72199999999998}]
["2002-02-20",2,20,"10:00:00",121,10,8,-3,44,{"$f":"Inputs!$R$38*Inputs!$R$33*(G1211-Inputs!$R$26)","v":-11391.08226724435},{"$f":"Inputs!$R$34*E1211*Inputs!$R$39","v":70820.05592768421},{"$f":"params!$C$16*Inputs!$R$30*(G1211-Inputs!$R$26)","v":-1783.7749967646696},{"$f":"Inputs!$R$41*Inputs!$R$42/8760","v":0},0,1069.6390010481693,6.6359949158119932E-3,2.919837762957277E-3,{"$f":"-N1211/(1.202*2465560*MAX(0,(Inputs!$R$49-Q1211)))","v":0},{"$f":"params!$C$16*R1211*(G1211-Inputs!$R$26)","v":0},57645.198663675197,{"$f":"E1211*params!$C$8","v":250.6515}]
["2002-02-20",2,20,"11:00:00",229,9,10,-4,36,{"$f":"Inputs!$R$38*Inputs!$R$33*(G1212-Inputs!$R$26)","v":0},{"$f":"Inputs!$R$34*E1212*Inputs!$R$39","v":134031.34551603044},{"$f":"params!$C$16*Inputs!$R$30*(G1212-Inputs!$R$26)","v":0},{"$f":"Inputs!$R$41*Inputs!$R$42/8760","v":0},0,1224.2915728566036,7.6071876458255446E-3,2.7385875524971958E-3,{"$f":"-N1212/(1.202*2465560*MAX(0,(Inputs!$R$49-Q1212)))","v":0},{"$f":"params!$C$16*R1212*(G1212-Inputs!$R$26)","v":0},134031.34551603044,{"$f":"E1212*params!$C$8","v":474.37349999999998}]
["2002-02-20",2,20,"12:00:00",296,8,11,-4,33,{"$f":"Inputs!$R$38*Inputs!$R$33*(G1213-Inputs!$R$26)","v":5695.541133622175},{"$f":"Inputs!$R$34*E1213*Inputs!$R$39","v":173245.75664954152},{"$f":"params!$C$16*Inputs!$R$30*(G1213-Inputs!$R$26)","v":891.8874983823348},{"$f":"Inputs!$R$41*Inputs!$R$42/8760","v":0},0,1308.7561751391206,8.138879592783612E-3,2.6858302656185915E-3,{"$f":"-N1213/(1.202*2465560*MAX(0,(Inputs!$R$49-Q1213)))","v":0},{"$f":"params!$C$16*R1213*(G1213-Inputs!$R$26)","v":0},179833.18528154603,{"$f":"E1213*params!$C$8","v":613.16399999999999}]
["2002-02-20",2,20,"13:00:00",306,9,12,-5,29,{"$f":"Inputs!$R$38*Inputs!$R$33*(G1214-Inputs!$R$26)","v":11391.08226724435},{"$f":"Inputs!$R$34*E1214*Inputs!$R$39","v":179098.65383364767},{"$f":"params!$C$16*Inputs!$R$30*(G1214-Inputs!$R$26)","v":1783.7749967646696},{"$f":"Inputs!$R$41*Inputs!$R$42/8760","v":0},0,1398.3079270856979,8.70357605607666E-3,2.5240370562622317E-3,{"$f":"-N1214/(1.202*2465560*MAX(0,(Inputs!$R$49-Q1214)))","v":0},{"$f":"params!$C$16*R1214*(G1214-Inputs!$R$26)","v":0},192273.51109765668,{"$f":"E1214*params!$C$8","v":633.87900000000002}]
["2002-02-20",2,20,"14:00:00",251,9,12,-4,31,{"$f":"Inputs!$R$38*Inputs!$R$33*(G1215-Inputs!$R$26)","v":11391.08226724435},{"$f":"Inputs!$R$34*E1215*Inputs!$R$39","v":146907.71932106392},{"$f":"params!$C$16*Inputs!$R$30*(G1215-Inputs!$R$26)","v":1783.7749967646696},{"$f":"Inputs!$R$41*Inputs!$R$42/8760","v":0},0,1398.3079270856979,8.70357605607666E-3,2.6981085773837648E-3,{"$f":"-N1215/(1.202*2465560*MAX(0,(Inputs!$R$49-Q1215)))","v":0},{"$f":"params!$C$16*R1215*(G1215-Inputs!$R$26)","v":0},160082.57658507294,{"$f":"E1215*params!$C$8","v":519.94650000000001}]
["2002-02-20",2,20,"15:00:00",248,9,11,-3,36,{"$f":"Inputs!$R$38*Inputs!$R$33*(G1216-Inputs!$R$26)","v":5695.541133622175},{"$f":"Inputs!$R$34*E1216*Inputs!$R$39","v":145151.85016583209},{"$f":"params!$C$16*Inputs!$R$30*(G1216-Inputs!$R$26)","v":891.8874983823348},{"$f":"Inputs!$R$41*Inputs!$R$42/8760","v":0},0,1308.7561751391206,8.138879592783612E-3,2.9299966534021005E-3,{"$f":"-N1216/(1.202*2465560*MAX(0,(Inputs!$R$49-Q1216)))","v":0},{"$f":"params!$C$16*R1216*(G1216-Inputs!$R$26)","v":0},151739.2787978366,{"$f":"E1216*params!$C$8","v":513.73199999999997}]
["2002-02-20",2,20,"16:00:00",133,9,12,-3,34,{"$f":"Inputs!$R$38*Inputs!$R$33*(G1217-Inputs!$R$26)","v":11391.08226724435},{"$f":"Inputs!$R$34*E1217*Inputs!$R$39","v":77843.532548611562},{"$f":"params!$C$16*Inputs!$R$30*(G1217-Inputs!$R$26)","v":1783.7749967646696},{"$f":"Inputs!$R$41*Inputs!$R$42/8760","v":0},0,1398.3079270856979,8.70357605607666E-3,2.9592158590660642E-3,{"$f":"-N1217/(1.202*2465560*MAX(0,(Inputs!$R$49-Q1217)))","v":0},{"$f":"params!$C$16*R1217*(G1217-Inputs!$R$26)","v":0},91018.389812620575,{"$f":"E1217*params!$C$8","v":275.5095}]
["2002-02-20",2,20,"17:00:00",28,10,11,-1,43,{"$f":"Inputs!$R$38*Inputs!$R$33*(G1218-Inputs!$R$26)","v":5695.541133622175},{"$f":"Inputs!$R$34*E1218*Inputs!$R$39","v":16388.11211549717},{"$f":"params!$C$16*Inputs!$R$30*(G1218-Inputs!$R$26)","v":891.8874983823348},{"$f":"Inputs!$R$41*Inputs!$R$42/8760","v":0},0,1308.7561751391206,8.138879592783612E-3,3.4997182248969532E-3,{"$f":"-N1218/(1.202*2465560*MAX(0,(Inputs!$R$49-Q1218)))","v":0},{"$f":"params!$C$16*R1218*(G1218-Inputs!$R$26)","v":0},22975.540747501676,{"$f":"E1218*params!$C$8","v":58.001999999999995}]
["2002-02-20",{"$f":"MONTH(A1219)","v":2},{"$f":"DAY(A1219)","v":20},"18:00:00",4,10,11,1,50,{"$f":"Inputs!$R$38*Inputs!$R$33*(G1219-Inputs!$R$26)","v":5695.541133622175},{"$f":"Inputs!$R$34*E1219*Inputs!$R$39","v":2341.1588736424528},{"$f":"params!$C$16*Inputs!$R$30*(G1219-Inputs!$R$26)","v":891.8874983823348},{"$f":"Inputs!$R$41*Inputs!$R$42/8760","v":0},0,{"$f":"EXP(77.345+0.0057*(G1219+273.15)-7235/(G1219+273.15))/(G1219+273.15)^8.2","v":1308.7561751391206},{"$f":"0.62198*O1219/(101325-O1219)","v":8.138879592783612E-3},{"$f":"P1219*I1219/100","v":4.069439796391806E-3},{"$f":"-N1219/(1.202*2465560*MAX(0,(Inputs!$R$49-Q1219)))","v":0},{"$f":"params!$C$16*R1219*(G1219-Inputs!$R$26)","v":0},{"$f":"J1219+K1219+L1219+M1219+N1219+S1219","v":8928.5875056469631},{"$f":"E1219*params!$C$8","v":8.2859999999999996}]
["2002-02-20",2,20,"19:00:00",0,10,8,4,76,{"$f":"Inputs!$R$38*Inputs!$R$33*(G1220-Inputs!$R$26)","v":-11391.08226724435},{"$f":"Inputs!$R$34*E1220*Inputs!$R$39","v":0},{"$f":"params!$C$16*Inputs!$R$30*(G1220-Inputs!$R$26)","v":-1783.7749967646696},{"$f":"Inputs!$R$41*Inputs!$R$42/8760","v":0},0,1069.6390010481693,6.6359949158119932E-3,5.0433561360171157E-3,{"$f":"-N1220/(1.202*2465560*MAX(0,(Inputs!$R$49-Q1220)))","v":0},{"$f":"params!$C$16*R1220*(G1220-Inputs!$R$26)","v":0},-13174.857264009021,{"$f":"E1220*params!$C$8","v":0}]
["2002-02-20",2,20,"20:00:00",0,8,6,5,93,{"$f":"Inputs!$R$38*Inputs!$R$33*(G1221-Inputs!$R$26)","v":-22782.1645344887},{"$f":"Inputs!$R$34*E1221*Inputs!$R$39","v":0},{"$f":"params!$C$16*Inputs!$R$30*(G1221-Inputs!$R$26)","v":-3567.5499935293392},{"$f":"Inputs!$R$41*Inputs!$R$42/8760","v":0},0,932.4781503104233,5.7771510192606073E-3,5.3727504479123642E-3,{"$f":"-N1221/(1.202*2465560*MAX(0,(Inputs!$R$49-Q1221)))","v":0},{"$f":"params!$C$16*R1221*(G1221-Inputs!$R$26)","v":0},-26349.714528018041,{"$f":"E1221*params!$C$8","v":0}]
["2002-02-20",2,20,"21:00:00",0,5,6,4,87,{"$f":"Inputs!$R$38*Inputs!$R$33*(G1222-Inputs!$R$26)","v":-22782.1645344887},{"$f":"Inputs!$R$34*E1222*Inputs!$R$39","v":0},{"$f":"params!$C$16*Inputs!$R$30*(G1222-Inputs!$R$26)","v":-3567.5499935293392},{"$f":"Inputs!$R$41*Inputs!$R$42/8760","v":0},0,932.4781503104233,5.7771510192606073E-3,5.0261213867567288E-3,{"$f":"-N1222/(1.202*2465560*MAX(0,(Inputs!$R$49-Q1222)))","v":0},{"$f":"params!$C$16*R1222*(G1222-Inputs!$R$26)","v":0},-26349.714528018041,{"$f":"E1222*params!$C$8","v":0}]
["2002-02-20",2,20,"22:00:00",0,5,3,3,100,{"$f":"Inputs!$R$38*Inputs!$R$33*(G1223-Inputs!$R$26)","v":-39868.787935355227},{"$f":"Inputs!$R$34*E1223*Inputs!$R$39","v":0},{"$f":"params!$C$16*Inputs!$R$30*(G1223-Inputs!$R$26)","v":-6243.2124886763431},{"$f":"Inputs!$R$41*Inputs!$R$42/8760","v":0},0,755.80495631325812,4.6743495015895585E-3,4.6743495015895585E-3,{"$f":"-N1223/(1.202*2465560*MAX(0,(Inputs!$R$49-Q1223)))","v":0},{"$f":"params!$C$16*R1223*(G1223-Inputs!$R$26)","v":0},-46112.000424031568,{"$f":"E1223*params!$C$8","v":0}]
["2002-02-20",2,20,"23:00:00",0,10,7,6,93,{"$f":"Inputs!$R$38*Inputs!$R$33*(G1224-Inputs!$R$26)","v":-17086.623400866527},{"$f":"Inputs!$R$34*E1224*Inputs!$R$39","v":0},{"$f":"params!$C$16*Inputs!$R$30*(G1224-Inputs!$R$26)","v":-2675.6624951470044},{"$f":"Inputs!$R$41*Inputs!$R$42/8760","v":0},0,998.98316002102877,6.193284308903993E-3,5.7597544072807141E-3,{"$f":"-N1224/(1.202*2465560*MAX(0,(Inputs!$R$49-Q1224)))","v":0},{"$f":"params!$C$16*R1224*(G1224-Inputs!$R$26)","v":0},-19762.285896013531,{"$f":"E1224*params!$C$8","v":0}]
["2002-02-20",2,20,1,0,10,9,6,81,{"$f":"Inputs!$R$38*Inputs!$R$33*(G1225-Inputs!$R$26)","v":-5695.541133622175},{"$f":"Inputs!$R$34*E1225*Inputs!$R$39","v":0},{"$f":"params!$C$16*Inputs!$R$30*(G1225-Inputs!$R$26)","v":-891.8874983823348},{"$f":"Inputs!$R$41*Inputs!$R$42/8760","v":0},0,1144.6654335441779,7.1067740933079149E-3,5.7564870155794113E-3,{"$f":"-N1225/(1.202*2465560*MAX(0,(Inputs!$R$49-Q1225)))","v":0},{"$f":"params!$C$16*R1225*(G1225-Inputs!$R$26)","v":0},-6587.4286320045103,{"$f":"E1225*params!$C$8","v":0}]
["2002-02-21",2,21,"01:00:00",0,10,8,6,87,{"$f":"Inputs!$R$38*Inputs!$R$33*(G1226-Inputs!$R$26)","v":-11391.08226724435},{"$f":"Inputs!$R$34*E1226*Inputs!$R$39","v":0},{"$f":"params!$C$16*Inputs!$R$30*(G1226-Inputs!$R$26)","v":-1783.7749967646696},{"$f":"Inputs!$R$41*Inputs!$R$42/8760","v":0},0,1069.6390010481693,6.6359949158119932E-3,5.7733155767564336E-3,{"$f":"-N1226/(1.202*2465560*MAX(0,(Inputs!$R$49-Q1226)))","v":0},{"$f":"params!$C$16*R1226*(G1226-Inputs!$R$26)","v":0},-13174.857264009021,{"$f":"E1226*params!$C$8","v":0}]
["2002-02-21",2,21,"02:00:00",0,10,9,6,81,{"$f":"Inputs!$R$38*Inputs!$R$33*(G1227-Inputs!$R$26)","v":-5695.541133622175},{"$f":"Inputs!$R$34*E1227*Inputs!$R$39","v":0},{"$f":"params!$C$16*Inputs!$R$30*(G1227-Inputs!$R$26)","v":-891.8874983823348},{"$f":"Inputs!$R$41*Inputs!$R$42/8760","v":0},0,1144.6654335441779,7.1067740933079149E-3,5.7564870155794113E-3,{"$f":"-N1227/(1.202*2465560*MAX(0,(Inputs!$R$49-Q1227)))","v":0},{"$f":"params!$C$16*R1227*(G1227-Inputs!$R$26)","v":0},-6587.4286320045103,{"$f":"E1227*params!$C$8","v":0}]
["2002-02-21",2,21,"03:00:00",0,9,9,6,81,{"$f":"Inputs!$R$38*Inputs!$R$33*(G1228-Inputs!$R$26)","v":-5695.541133622175},{"$f":"Inputs!$R$34*E1228*Inputs!$R$39","v":0},{"$f":"params!$C$16*Inputs!$R$30*(G1228-Inputs!$R$26)","v":-891.8874983823348},{"$f":"Inputs!$R$41*Inputs!$R$42/8760","v":0},0,1144.6654335441779,7.1067740933079149E-3,5.7564870155794113E-3,{"$f":"-N1228/(1.202*2465560*MAX(0,(Inputs!$R$49-Q1228)))","v":0},{"$f":"params!$C$16*R1228*(G1228-Inputs!$R$26)","v":0},-6587.4286320045103,{"$f":"E1228*params!$C$8","v":0}]
["2002-02-21",2,21,"04:00:00",0,8,7,6,93,{"$f":"Inputs!$R$38*Inputs!$R$33*(G1229-Inputs!$R$26)","v":-17086.623400866527},{"$f":"Inputs!$R$34*E1229*Inputs!$R$39","v":0},{"$f":"params!$C$16*Inputs!$R$30*(G1229-Inputs!$R$26)","v":-2675.6624951470044},{"$f":"Inputs!$R$41*Inputs!$R$42/8760","v":0},0,998.98316002102877,6.193284308903993E-3,5.7597544072807141E-3,{"$f":"-N1229/(1.202*2465560*MAX(0,(Inputs!$R$49-Q1229)))","v":0},{"$f":"params!$C$16*R1229*(G1229-Inputs!$R$26)","v":0},-19762.285896013531,{"$f":"E1229*params!$C$8","v":0}]
["2002-02-21",2,21,"05:00:00",0,10,8,6,87,{"$f":"Inputs!$R$38*Inputs!$R$33*(G1230-Inputs!$R$26)","v":-11391.08226724435},{"$f":"Inputs!$R$34*E1230*Inputs!$R$39","v":0},{"$f":"params!$C$16*Inputs!$R$30*(G1230-Inputs!$R$26)","v":-1783.7749967646696},{"$f":"Inputs!$R$41*Inputs!$R$42/8760","v":0},0,1069.6390010481693,6.6359949158119932E-3,5.7733155767564336E-3,{"$f":"-N1230/(1.202*2465560*MAX(0,(Inputs!$R$49-Q1230)))","v":0},{"$f":"params!$C$16*R1230*(G1230-Inputs!$R$26)","v":0},-13174.857264009021,{"$f":"E1230*params!$C$8","v":0}]
["2002-02-21",2,21,"06:00:00",0,8,6,5,93,{"$f":"Inputs!$R$38*Inputs!$R$33*(G1231-Inputs!$R$26)","v":-22782.1645344887},{"$f":"Inputs!$R$34*E1231*Inputs!$R$39","v":0},{"$f":"params!$C$16*Inputs!$R$30*(G1231-Inputs!$R$26)","v":-3567.5499935293392},{"$f":"Inputs!$R$41*Inputs!$R$42/8760","v":0},0,932.4781503104233,5.7771510192606073E-3,5.3727504479123642E-3,{"$f":"-N1231/(1.202*2465560*MAX(0,(Inputs!$R$49-Q1231)))","v":0},{"$f":"params!$C$16*R1231*(G1231-Inputs!$R$26)","v":0},-26349.714528018041,{"$f":"E1231*params!$C$8","v":0}]
["2002-02-21",2,21,"07:00:00",0,8,7,5,87,{"$f":"Inputs!$R$38*Inputs!$R$33*(G1232-Inputs!$R$26)","v":-17086.623400866527},{"$f":"Inputs!$R$34*E1232*Inputs!$R$39","v":0},{"$f":"params!$C$16*Inputs!$R$30*(G1232-Inputs!$R$26)","v":-2675.6624951470044},{"$f":"Inputs!$R$41*Inputs!$R$42/8760","v":0},0,998.98316002102877,6.193284308903993E-3,5.3881573487464737E-3,{"$f":"-N1232/(1.202*2465560*MAX(0,(Inputs!$R$49-Q1232)))","v":0},{"$f":"params!$C$16*R1232*(G1232-Inputs!$R$26)","v":0},-19762.285896013531,{"$f":"E1232*params!$C$8","v":0}]
["2002-02-21",2,21,"08:00:00",0,10,8,4,76,{"$f":"Inputs!$R$38*Inputs!$R$33*(G1233-Inputs!$R$26)","v":-11391.08226724435},{"$f":"Inputs!$R$34*E1233*Inputs!$R$39","v":0},{"$f":"params!$C$16*Inputs!$R$30*(G1233-Inputs!$R$26)","v":-1783.7749967646696},{"$f":"Inputs!$R$41*Inputs!$R$42/8760","v":0},0,1069.6390010481693,6.6359949158119932E-3,5.0433561360171157E-3,{"$f":"-N1233/(1.202*2465560*MAX(0,(Inputs!$R$49-Q1233)))","v":0},{"$f":"params!$C$16*R1233*(G1233-Inputs!$R$26)","v":0},-13174.857264009021,{"$f":"E1233*params!$C$8","v":0}]
["2002-02-21",2,21,"09:00:00",131,8,7,3,76,{"$f":"Inputs!$R$38*Inputs!$R$33*(G1234-Inputs!$R$26)","v":-17086.623400866527},{"$f":"Inputs!$R$34*E1234*Inputs!$R$39","v":76672.953111790339},{"$f":"params!$C$16*Inputs!$R$30*(G1234-Inputs!$R$26)","v":-2675.6624951470044},{"$f":"Inputs!$R$41*Inputs!$R$42/8760","v":0},0,998.98316002102877,6.193284308903993E-3,4.7068960747670349E-3,{"$f":"-N1234/(1.202*2465560*MAX(0,(Inputs!$R$49-Q1234)))","v":0},{"$f":"params!$C$16*R1234*(G1234-Inputs!$R$26)","v":0},56910.667215776804,{"$f":"E1234*params!$C$8","v":271.36649999999997}]
["2002-02-21",2,21,"10:00:00",135,8,9,4,71,{"$f":"Inputs!$R$38*Inputs!$R$33*(G1235-Inputs!$R$26)","v":-5695.541133622175},{"$f":"Inputs!$R$34*E1235*Inputs!$R$39","v":79014.111985432784},{"$f":"params!$C$16*Inputs!$R$30*(G1235-Inputs!$R$26)","v":-891.8874983823348},{"$f":"Inputs!$R$41*Inputs!$R$42/8760","v":0},0,1144.6654335441779,7.1067740933079149E-3,5.0458096062486191E-3,{"$f":"-N1235/(1.202*2465560*MAX(0,(Inputs!$R$49-Q1235)))","v":0},{"$f":"params!$C$16*R1235*(G1235-Inputs!$R$26)","v":0},72426.683353428278,{"$f":"E1235*params!$C$8","v":279.65249999999997}]
["2002-02-21",2,21,"11:00:00",185,10,9,2,61,{"$f":"Inputs!$R$38*Inputs!$R$33*(G1236-Inputs!$R$26)","v":-5695.541133622175},{"$f":"Inputs!$R$34*E1236*Inputs!$R$39","v":108278.59790596346},{"$f":"params!$C$16*Inputs!$R$30*(G1236-Inputs!$R$26)","v":-891.8874983823348},{"$f":"Inputs!$R$41*Inputs!$R$42/8760","v":0},0,1144.6654335441779,7.1067740933079149E-3,4.3351321969178278E-3,{"$f":"-N1236/(1.202*2465560*MAX(0,(Inputs!$R$49-Q1236)))","v":0},{"$f":"params!$C$16*R1236*(G1236-Inputs!$R$26)","v":0},101691.16927395895,{"$f":"E1236*params!$C$8","v":383.22749999999996}]
["2002-02-21",2,21,"12:00:00",99,10,9,2,61,{"$f":"Inputs!$R$38*Inputs!$R$33*(G1237-Inputs!$R$26)","v":-5695.541133622175},{"$f":"Inputs!$R$34*E1237*Inputs!$R$39","v":57943.682122650709},{"$f":"params!$C$16*Inputs!$R$30*(G1237-Inputs!$R$26)","v":-891.8874983823348},{"$f":"Inputs!$R$41*Inputs!$R$42/8760","v":0},0,1144.6654335441779,7.1067740933079149E-3,4.3351321969178278E-3,{"$f":"-N1237/(1.202*2465560*MAX(0,(Inputs!$R$49-Q1237)))","v":0},{"$f":"params!$C$16*R1237*(G1237-Inputs!$R$26)","v":0},51356.253490646202,{"$f":"E1237*params!$C$8","v":205.07849999999999}]
["2002-02-21",2,21,"13:00:00",186,10,8.6,2.9,67,{"$f":"Inputs!$R$38*Inputs!$R$33*(G1238-Inputs!$R$26)","v":-7973.7575870710471},{"$f":"Inputs!$R$34*E1238*Inputs!$R$39","v":108863.88762437405},{"$f":"params!$C$16*Inputs!$R$30*(G1238-Inputs!$R$26)","v":-1248.642497735269},{"$f":"Inputs!$R$41*Inputs!$R$42/8760","v":0},0,1114.1159390510184,6.9149956939756202E-3,4.6330471149636657E-3,{"$f":"-N1238/(1.202*2465560*MAX(0,(Inputs!$R$49-Q1238)))","v":0},{"$f":"params!$C$16*R1238*(G1238-Inputs!$R$26)","v":0},99641.487539567737,{"$f":"E1238*params!$C$8","v":385.29899999999998}]
["2002-02-21",2,21,"14:00:00",105,9,8,4,76,{"$f":"Inputs!$R$38*Inputs!$R$33*(G1239-Inputs!$R$26)","v":-11391.08226724435},{"$f":"Inputs!$R$34*E1239*Inputs!$R$39","v":61455.420433114392},{"$f":"params!$C$16*Inputs!$R$30*(G1239-Inputs!$R$26)","v":-1783.7749967646696},{"$f":"Inputs!$R$41*Inputs!$R$42/8760","v":0},0,1069.6390010481693,6.6359949158119932E-3,5.0433561360171157E-3,{"$f":"-N1239/(1.202*2465560*MAX(0,(Inputs!$R$49-Q1239)))","v":0},{"$f":"params!$C$16*R1239*(G1239-Inputs!$R$26)","v":0},48280.563169105371,{"$f":"E1239*params!$C$8","v":217.50749999999999}]
["2002-02-21",2,21,"15:00:00",90,10,7,4,81,{"$f":"Inputs!$R$38*Inputs!$R$33*(G1240-Inputs!$R$26)","v":-17086.623400866527},{"$f":"Inputs!$R$34*E1240*Inputs!$R$39","v":52676.074656955192},{"$f":"params!$C$16*Inputs!$R$30*(G1240-Inputs!$R$26)","v":-2675.6624951470044},{"$f":"Inputs!$R$41*Inputs!$R$42/8760","v":0},0,998.98316002102877,6.193284308903993E-3,5.0165602902122342E-3,{"$f":"-N1240/(1.202*2465560*MAX(0,(Inputs!$R$49-Q1240)))","v":0},{"$f":"params!$C$16*R1240*(G1240-Inputs!$R$26)","v":0},32913.788760941658,{"$f":"E1240*params!$C$8","v":186.435}]
["2002-02-21",2,21,"16:00:00",59,10,6,3,81,{"$f":"Inputs!$R$38*Inputs!$R$33*(G1241-Inputs!$R$26)","v":-22782.1645344887},{"$f":"Inputs!$R$34*E1241*Inputs!$R$39","v":34532.093386226181},{"$f":"params!$C$16*Inputs!$R$30*(G1241-Inputs!$R$26)","v":-3567.5499935293392},{"$f":"Inputs!$R$41*Inputs!$R$42/8760","v":0},0,932.4781503104233,5.7771510192606073E-3,4.6794923256010916E-3,{"$f":"-N1241/(1.202*2465560*MAX(0,(Inputs!$R$49-Q1241)))","v":0},{"$f":"params!$C$16*R1241*(G1241-Inputs!$R$26)","v":0},8182.3788582081415,{"$f":"E1241*params!$C$8","v":122.21849999999999}]
["2002-02-21",2,21,"17:00:00",60,10,6,2,75,{"$f":"Inputs!$R$38*Inputs!$R$33*(G1242-Inputs!$R$26)","v":-22782.1645344887},{"$f":"Inputs!$R$34*E1242*Inputs!$R$39","v":35117.383104636792},{"$f":"params!$C$16*Inputs!$R$30*(G1242-Inputs!$R$26)","v":-3567.5499935293392},{"$f":"Inputs!$R$41*Inputs!$R$42/8760","v":0},0,932.4781503104233,5.7771510192606073E-3,4.3328632644454553E-3,{"$f":"-N1242/(1.202*2465560*MAX(0,(Inputs!$R$49-Q1242)))","v":0},{"$f":"params!$C$16*R1242*(G1242-Inputs!$R$26)","v":0},8767.6685766187529,{"$f":"E1242*params!$C$8","v":124.28999999999999}]
["2002-02-21",2,21,"18:00:00",13,10,5,2,81,{"$f":"Inputs!$R$38*Inputs!$R$33*(G1243-Inputs!$R$26)","v":-28477.705668110873},{"$f":"Inputs!$R$34*E1243*Inputs!$R$39","v":7608.7663393379726},{"$f":"params!$C$16*Inputs!$R$30*(G1243-Inputs!$R$26)","v":-4459.4374919116744},{"$f":"Inputs!$R$41*Inputs!$R$42/8760","v":0},0,869.91328556198641,5.3861748872103517E-3,4.3628016586403848E-3,{"$f":"-N1243/(1.202*2465560*MAX(0,(Inputs!$R$49-Q1243)))","v":0},{"$f":"params!$C$16*R1243*(G1243-Inputs!$R$26)","v":0},-25328.376820684574,{"$f":"E1243*params!$C$8","v":26.929499999999997}]
["2002-02-21",2,21,"19:00:00",0,10,5,1,75,{"$f":"Inputs!$R$38*Inputs!$R$33*(G1244-Inputs!$R$26)","v":-28477.705668110873},{"$f":"Inputs!$R$34*E1244*Inputs!$R$39","v":0},{"$f":"params!$C$16*Inputs!$R$30*(G1244-Inputs!$R$26)","v":-4459.4374919116744},{"$f":"Inputs!$R$41*Inputs!$R$42/8760","v":0},0,869.91328556198641,5.3861748872103517E-3,4.039631165407764E-3,{"$f":"-N1244/(1.202*2465560*MAX(0,(Inputs!$R$49-Q1244)))","v":0},{"$f":"params!$C$16*R1244*(G1244-Inputs!$R$26)","v":0},-32937.143160022548,{"$f":"E1244*params!$C$8","v":0}]
["2002-02-21",2,21,"20:00:00",0,10,4,1,81,{"$f":"Inputs!$R$38*Inputs!$R$33*(G1245-Inputs!$R$26)","v":-34173.246801733054},{"$f":"Inputs!$R$34*E1245*Inputs!$R$39","v":0},{"$f":"params!$C$16*Inputs!$R$30*(G1245-Inputs!$R$26)","v":-5351.3249902940088},{"$f":"Inputs!$R$41*Inputs!$R$42/8760","v":0},0,811.08667612094962,5.0190035800134264E-3,4.0653928998108753E-3,{"$f":"-N1245/(1.202*2465560*MAX(0,(Inputs!$R$49-Q1245)))","v":0},{"$f":"params!$C$16*R1245*(G1245-Inputs!$R$26)","v":0},-39524.571792027062,{"$f":"E1245*params!$C$8","v":0}]
["2002-02-21",2,21,"21:00:00",0,10,4,1,81,{"$f":"Inputs!$R$38*Inputs!$R$33*(G1246-Inputs!$R$26)","v":-34173.246801733054},{"$f":"Inputs!$R$34*E1246*Inputs!$R$39","v":0},{"$f":"params!$C$16*Inputs!$R$30*(G1246-Inputs!$R$26)","v":-5351.3249902940088},{"$f":"Inputs!$R$41*Inputs!$R$42/8760","v":0},0,811.08667612094962,5.0190035800134264E-3,4.0653928998108753E-3,{"$f":"-N1246/(1.202*2465560*MAX(0,(Inputs!$R$49-Q1246)))","v":0},{"$f":"params!$C$16*R1246*(G1246-Inputs!$R$26)","v":0},-39524.571792027062,{"$f":"E1246*params!$C$8","v":0}]
["2002-02-21",2,21,"22:00:00",0,10,4,1,81,{"$f":"Inputs!$R$38*Inputs!$R$33*(G1247-Inputs!$R$26)","v":-34173.246801733054},{"$f":"Inputs!$R$34*E1247*Inputs!$R$39","v":0},{"$f":"params!$C$16*Inputs!$R$30*(G1247-Inputs!$R$26)","v":-5351.3249902940088},{"$f":"Inputs!$R$41*Inputs!$R$42/8760","v":0},0,811.08667612094962,5.0190035800134264E-3,4.0653928998108753E-3,{"$f":"-N1247/(1.202*2465560*MAX(0,(Inputs!$R$49-Q1247)))","v":0},{"$f":"params!$C$16*R1247*(G1247-Inputs!$R$26)","v":0},-39524.571792027062,{"$f":"E1247*params!$C$8","v":0}]
["2002-02-21",2,21,"23:00:00",0,10,3,1,87,{"$f":"Inputs!$R$38*Inputs!$R$33*(G1248-Inputs!$R$26)","v":-39868.787935355227},{"$f":"Inputs!$R$34*E1248*Inputs!$R$39","v":0},{"$f":"params!$C$16*Inputs!$R$30*(G1248-Inputs!$R$26)","v":-6243.2124886763431},{"$f":"Inputs!$R$41*Inputs!$R$42/8760","v":0},0,755.80495631325812,4.6743495015895585E-3,4.0666840663829158E-3,{"$f":"-N1248/(1.202*2465560*MAX(0,(Inputs!$R$49-Q1248)))","v":0},{"$f":"params!$C$16*R1248*(G1248-Inputs!$R$26)","v":0},-46112.000424031568,{"$f":"E1248*params!$C$8","v":0}]
["2002-02-21",2,21,1,0,10,2,0,87,{"$f":"Inputs!$R$38*Inputs!$R$33*(G1249-Inputs!$R$26)","v":-45564.3290689774},{"$f":"Inputs!$R$34*E1249*Inputs!$R$39","v":0},{"$f":"params!$C$16*Inputs!$R$30*(G1249-Inputs!$R$26)","v":-7135.0999870586784},{"$f":"Inputs!$R$41*Inputs!$R$42/8760","v":0},0,703.88301618186097,4.3509868656616182E-3,3.7853585731256077E-3,{"$f":"-N1249/(1.202*2465560*MAX(0,(Inputs!$R$49-Q1249)))","v":0},{"$f":"params!$C$16*R1249*(G1249-Inputs!$R$26)","v":0},-52699.429056036082,{"$f":"E1249*params!$C$8","v":0}]
["2002-02-22",2,22,"01:00:00",0,10,3,-2,68,{"$f":"Inputs!$R$38*Inputs!$R$33*(G1250-Inputs!$R$26)","v":-39868.787935355227},{"$f":"Inputs!$R$34*E1250*Inputs!$R$39","v":0},{"$f":"params!$C$16*Inputs!$R$30*(G1250-Inputs!$R$26)","v":-6243.2124886763431},{"$f":"Inputs!$R$41*Inputs!$R$42/8760","v":0},0,755.80495631325812,4.6743495015895585E-3,3.1785576610808995E-3,{"$f":"-N1250/(1.202*2465560*MAX(0,(Inputs!$R$49-Q1250)))","v":0},{"$f":"params!$C$16*R1250*(G1250-Inputs!$R$26)","v":0},-46112.000424031568,{"$f":"E1250*params!$C$8","v":0}]
["2002-02-22",2,22,"02:00:00",0,10,3,-2,68,{"$f":"Inputs!$R$38*Inputs!$R$33*(G1251-Inputs!$R$26)","v":-39868.787935355227},{"$f":"Inputs!$R$34*E1251*Inputs!$R$39","v":0},{"$f":"params!$C$16*Inputs!$R$30*(G1251-Inputs!$R$26)","v":-6243.2124886763431},{"$f":"Inputs!$R$41*Inputs!$R$42/8760","v":0},0,755.80495631325812,4.6743495015895585E-3,3.1785576610808995E-3,{"$f":"-N1251/(1.202*2465560*MAX(0,(Inputs!$R$49-Q1251)))","v":0},{"$f":"params!$C$16*R1251*(G1251-Inputs!$R$26)","v":0},-46112.000424031568,{"$f":"E1251*params!$C$8","v":0}]
["2002-02-22",2,22,"03:00:00",0,10,2,-2,73,{"$f":"Inputs!$R$38*Inputs!$R$33*(G1252-Inputs!$R$26)","v":-45564.3290689774},{"$f":"Inputs!$R$34*E1252*Inputs!$R$39","v":0},{"$f":"params!$C$16*Inputs!$R$30*(G1252-Inputs!$R$26)","v":-7135.0999870586784},{"$f":"Inputs!$R$41*Inputs!$R$42/8760","v":0},0,703.88301618186097,4.3509868656616182E-3,3.1762204119329812E-3,{"$f":"-N1252/(1.202*2465560*MAX(0,(Inputs!$R$49-Q1252)))","v":0},{"$f":"params!$C$16*R1252*(G1252-Inputs!$R$26)","v":0},-52699.429056036082,{"$f":"E1252*params!$C$8","v":0}]
["2002-02-22",2,22,"04:00:00",0,10,2,-2,73,{"$f":"Inputs!$R$38*Inputs!$R$33*(G1253-Inputs!$R$26)","v":-45564.3290689774},{"$f":"Inputs!$R$34*E1253*Inputs!$R$39","v":0},{"$f":"params!$C$16*Inputs!$R$30*(G1253-Inputs!$R$26)","v":-7135.0999870586784},{"$f":"Inputs!$R$41*Inputs!$R$42/8760","v":0},0,703.88301618186097,4.3509868656616182E-3,3.1762204119329812E-3,{"$f":"-N1253/(1.202*2465560*MAX(0,(Inputs!$R$49-Q1253)))","v":0},{"$f":"params!$C$16*R1253*(G1253-Inputs!$R$26)","v":0},-52699.429056036082,{"$f":"E1253*params!$C$8","v":0}]
["2002-02-22",2,22,"05:00:00",0,10,2,-2,73,{"$f":"Inputs!$R$38*Inputs!$R$33*(G1254-Inputs!$R$26)","v":-45564.3290689774},{"$f":"Inputs!$R$34*E1254*Inputs!$R$39","v":0},{"$f":"params!$C$16*Inputs!$R$30*(G1254-Inputs!$R$26)","v":-7135.0999870586784},{"$f":"Inputs!$R$41*Inputs!$R$42/8760","v":0},0,703.88301618186097,4.3509868656616182E-3,3.1762204119329812E-3,{"$f":"-N1254/(1.202*2465560*MAX(0,(Inputs!$R$49-Q1254)))","v":0},{"$f":"params!$C$16*R1254*(G1254-Inputs!$R$26)","v":0},-52699.429056036082,{"$f":"E1254*params!$C$8","v":0}]
["2002-02-22",2,22,"06:00:00",0,10,2,-2,73,{"$f":"Inputs!$R$38*Inputs!$R$33*(G1255-Inputs!$R$26)","v":-45564.3290689774},{"$f":"Inputs!$R$34*E1255*Inputs!$R$39","v":0},{"$f":"params!$C$16*Inputs!$R$30*(G1255-Inputs!$R$26)","v":-7135.0999870586784},{"$f":"Inputs!$R$41*Inputs!$R$42/8760","v":0},0,703.88301618186097,4.3509868656616182E-3,3.1762204119329812E-3,{"$f":"-N1255/(1.202*2465560*MAX(0,(Inputs!$R$49-Q1255)))","v":0},{"$f":"params!$C$16*R1255*(G1255-Inputs!$R$26)","v":0},-52699.429056036082,{"$f":"E1255*params!$C$8","v":0}]
["2002-02-22",2,22,"07:00:00",0,10,2,-3,67,{"$f":"Inputs!$R$38*Inputs!$R$33*(G1256-Inputs!$R$26)","v":-45564.3290689774},{"$f":"Inputs!$R$34*E1256*Inputs!$R$39","v":0},{"$f":"params!$C$16*Inputs!$R$30*(G1256-Inputs!$R$26)","v":-7135.0999870586784},{"$f":"Inputs!$R$41*Inputs!$R$42/8760","v":0},0,703.88301618186097,4.3509868656616182E-3,2.915161199993284E-3,{"$f":"-N1256/(1.202*2465560*MAX(0,(Inputs!$R$49-Q1256)))","v":0},{"$f":"params!$C$16*R1256*(G1256-Inputs!$R$26)","v":0},-52699.429056036082,{"$f":"E1256*params!$C$8","v":0}]
["2002-02-22",2,22,"08:00:00",48,10,1,-2,79,{"$f":"Inputs!$R$38*Inputs!$R$33*(G1257-Inputs!$R$26)","v":-51259.870202599574},{"$f":"Inputs!$R$34*E1257*Inputs!$R$39","v":28093.906483709437},{"$f":"params!$C$16*Inputs!$R$30*(G1257-Inputs!$R$26)","v":-8026.9874854410136},{"$f":"Inputs!$R$41*Inputs!$R$42/8760","v":0},0,655.14373774848059,4.0477489204243187E-3,3.1977216471352115E-3,{"$f":"-N1257/(1.202*2465560*MAX(0,(Inputs!$R$49-Q1257)))","v":0},{"$f":"params!$C$16*R1257*(G1257-Inputs!$R$26)","v":0},-31192.951204331148,{"$f":"E1257*params!$C$8","v":99.431999999999988}]
["2002-02-22",2,22,"09:00:00",107,10,2,-3,67,{"$f":"Inputs!$R$38*Inputs!$R$33*(G1258-Inputs!$R$26)","v":-45564.3290689774},{"$f":"Inputs!$R$34*E1258*Inputs!$R$39","v":62625.999869935615},{"$f":"params!$C$16*Inputs!$R$30*(G1258-Inputs!$R$26)","v":-7135.0999870586784},{"$f":"Inputs!$R$41*Inputs!$R$42/8760","v":0},0,703.88301618186097,4.3509868656616182E-3,2.915161199993284E-3,{"$f":"-N1258/(1.202*2465560*MAX(0,(Inputs!$R$49-Q1258)))","v":0},{"$f":"params!$C$16*R1258*(G1258-Inputs!$R$26)","v":0},9926.570813899536,{"$f":"E1258*params!$C$8","v":221.65049999999999}]
["2002-02-22",2,22,"10:00:00",74,10,2,-3,67,{"$f":"Inputs!$R$38*Inputs!$R$33*(G1259-Inputs!$R$26)","v":-45564.3290689774},{"$f":"Inputs!$R$34*E1259*Inputs!$R$39","v":43311.439162385381},{"$f":"params!$C$16*Inputs!$R$30*(G1259-Inputs!$R$26)","v":-7135.0999870586784},{"$f":"Inputs!$R$41*Inputs!$R$42/8760","v":0},0,703.88301618186097,4.3509868656616182E-3,2.915161199993284E-3,{"$f":"-N1259/(1.202*2465560*MAX(0,(Inputs!$R$49-Q1259)))","v":0},{"$f":"params!$C$16*R1259*(G1259-Inputs!$R$26)","v":0},-9387.9898936506979,{"$f":"E1259*params!$C$8","v":153.291}]
["2002-02-22",2,22,"11:00:00",95,10,2,-3,67,{"$f":"Inputs!$R$38*Inputs!$R$33*(G1260-Inputs!$R$26)","v":-45564.3290689774},{"$f":"Inputs!$R$34*E1260*Inputs!$R$39","v":55602.523249008256},{"$f":"params!$C$16*Inputs!$R$30*(G1260-Inputs!$R$26)","v":-7135.0999870586784},{"$f":"Inputs!$R$41*Inputs!$R$42/8760","v":0},0,703.88301618186097,4.3509868656616182E-3,2.915161199993284E-3,{"$f":"-N1260/(1.202*2465560*MAX(0,(Inputs!$R$49-Q1260)))","v":0},{"$f":"params!$C$16*R1260*(G1260-Inputs!$R$26)","v":0},2903.0941929721776,{"$f":"E1260*params!$C$8","v":196.79249999999999}]
["2002-02-22",2,22,"12:00:00",99,10,2,-2,73,{"$f":"Inputs!$R$38*Inputs!$R$33*(G1261-Inputs!$R$26)","v":-45564.3290689774},{"$f":"Inputs!$R$34*E1261*Inputs!$R$39","v":57943.682122650709},{"$f":"params!$C$16*Inputs!$R$30*(G1261-Inputs!$R$26)","v":-7135.0999870586784},{"$f":"Inputs!$R$41*Inputs!$R$42/8760","v":0},0,703.88301618186097,4.3509868656616182E-3,3.1762204119329812E-3,{"$f":"-N1261/(1.202*2465560*MAX(0,(Inputs!$R$49-Q1261)))","v":0},{"$f":"params!$C$16*R1261*(G1261-Inputs!$R$26)","v":0},5244.2530666146304,{"$f":"E1261*params!$C$8","v":205.07849999999999}]
["2002-02-22",2,22,"13:00:00",102,10,2,-3,67,{"$f":"Inputs!$R$38*Inputs!$R$33*(G1262-Inputs!$R$26)","v":-45564.3290689774},{"$f":"Inputs!$R$34*E1262*Inputs!$R$39","v":59699.55127788255},{"$f":"params!$C$16*Inputs!$R$30*(G1262-Inputs!$R$26)","v":-7135.0999870586784},{"$f":"Inputs!$R$41*Inputs!$R$42/8760","v":0},0,703.88301618186097,4.3509868656616182E-3,2.915161199993284E-3,{"$f":"-N1262/(1.202*2465560*MAX(0,(Inputs!$R$49-Q1262)))","v":0},{"$f":"params!$C$16*R1262*(G1262-Inputs!$R$26)","v":0},7000.1222218464718,{"$f":"E1262*params!$C$8","v":211.29299999999998}]
["2002-02-22",2,22,"14:00:00",99,10,3,-3,63,{"$f":"Inputs!$R$38*Inputs!$R$33*(G1263-Inputs!$R$26)","v":-39868.787935355227},{"$f":"Inputs!$R$34*E1263*Inputs!$R$39","v":57943.682122650709},{"$f":"params!$C$16*Inputs!$R$30*(G1263-Inputs!$R$26)","v":-6243.2124886763431},{"$f":"Inputs!$R$41*Inputs!$R$42/8760","v":0},0,755.80495631325812,4.6743495015895585E-3,2.9448401860014215E-3,{"$f":"-N1263/(1.202*2465560*MAX(0,(Inputs!$R$49-Q1263)))","v":0},{"$f":"params!$C$16*R1263*(G1263-Inputs!$R$26)","v":0},11831.681698619139,{"$f":"E1263*params!$C$8","v":205.07849999999999}]
["2002-02-22",2,22,"15:00:00",79,10,2,-3,67,{"$f":"Inputs!$R$38*Inputs!$R$33*(G1264-Inputs!$R$26)","v":-45564.3290689774},{"$f":"Inputs!$R$34*E1264*Inputs!$R$39","v":46237.887754438445},{"$f":"params!$C$16*Inputs!$R$30*(G1264-Inputs!$R$26)","v":-7135.0999870586784},{"$f":"Inputs!$R$41*Inputs!$R$42/8760","v":0},0,703.88301618186097,4.3509868656616182E-3,2.915161199993284E-3,{"$f":"-N1264/(1.202*2465560*MAX(0,(Inputs!$R$49-Q1264)))","v":0},{"$f":"params!$C$16*R1264*(G1264-Inputs!$R$26)","v":0},-6461.5413015976337,{"$f":"E1264*params!$C$8","v":163.64849999999998}]
["2002-02-22",2,22,"16:00:00",59,10,2,-3,67,{"$f":"Inputs!$R$38*Inputs!$R$33*(G1265-Inputs!$R$26)","v":-45564.3290689774},{"$f":"Inputs!$R$34*E1265*Inputs!$R$39","v":34532.093386226181},{"$f":"params!$C$16*Inputs!$R$30*(G1265-Inputs!$R$26)","v":-7135.0999870586784},{"$f":"Inputs!$R$41*Inputs!$R$42/8760","v":0},0,703.88301618186097,4.3509868656616182E-3,2.915161199993284E-3,{"$f":"-N1265/(1.202*2465560*MAX(0,(Inputs!$R$49-Q1265)))","v":0},{"$f":"params!$C$16*R1265*(G1265-Inputs!$R$26)","v":0},-18167.335669809898,{"$f":"E1265*params!$C$8","v":122.21849999999999}]
["2002-02-22",2,22,"17:00:00",28,10,2,-3,67,{"$f":"Inputs!$R$38*Inputs!$R$33*(G1266-Inputs!$R$26)","v":-45564.3290689774},{"$f":"Inputs!$R$34*E1266*Inputs!$R$39","v":16388.11211549717},{"$f":"params!$C$16*Inputs!$R$30*(G1266-Inputs!$R$26)","v":-7135.0999870586784},{"$f":"Inputs!$R$41*Inputs!$R$42/8760","v":0},0,703.88301618186097,4.3509868656616182E-3,2.915161199993284E-3,{"$f":"-N1266/(1.202*2465560*MAX(0,(Inputs!$R$49-Q1266)))","v":0},{"$f":"params!$C$16*R1266*(G1266-Inputs!$R$26)","v":0},-36311.316940538905,{"$f":"E1266*params!$C$8","v":58.001999999999995}]
["2002-02-22",2,22,"18:00:00",4,10,1,-3,72,{"$f":"Inputs!$R$38*Inputs!$R$33*(G1267-Inputs!$R$26)","v":-51259.870202599574},{"$f":"Inputs!$R$34*E1267*Inputs!$R$39","v":2341.1588736424528},{"$f":"params!$C$16*Inputs!$R$30*(G1267-Inputs!$R$26)","v":-8026.9874854410136},{"$f":"Inputs!$R$41*Inputs!$R$42/8760","v":0},0,655.14373774848059,4.0477489204243187E-3,2.9143792227055093E-3,{"$f":"-N1267/(1.202*2465560*MAX(0,(Inputs!$R$49-Q1267)))","v":0},{"$f":"params!$C$16*R1267*(G1267-Inputs!$R$26)","v":0},-56945.698814398136,{"$f":"E1267*params!$C$8","v":8.2859999999999996}]
["2002-02-22",2,22,"19:00:00",0,10,1,-4,67,{"$f":"Inputs!$R$38*Inputs!$R$33*(G1268-Inputs!$R$26)","v":-51259.870202599574},{"$f":"Inputs!$R$34*E1268*Inputs!$R$39","v":0},{"$f":"params!$C$16*Inputs!$R$30*(G1268-Inputs!$R$26)","v":-8026.9874854410136},{"$f":"Inputs!$R$41*Inputs!$R$42/8760","v":0},0,655.14373774848059,4.0477489204243187E-3,2.7119917766842932E-3,{"$f":"-N1268/(1.202*2465560*MAX(0,(Inputs!$R$49-Q1268)))","v":0},{"$f":"params!$C$16*R1268*(G1268-Inputs!$R$26)","v":0},-59286.857688040589,{"$f":"E1268*params!$C$8","v":0}]
["2002-02-22",2,22,"20:00:00",0,10,0,-4,72,{"$f":"Inputs!$R$38*Inputs!$R$33*(G1269-Inputs!$R$26)","v":-56955.411336221747},{"$f":"Inputs!$R$34*E1269*Inputs!$R$39","v":0},{"$f":"params!$C$16*Inputs!$R$30*(G1269-Inputs!$R$26)","v":-8918.8749838233489},{"$f":"Inputs!$R$41*Inputs!$R$42/8760","v":0},0,609.41773586642103,3.7635253138895938E-3,2.7097382260005075E-3,{"$f":"-N1269/(1.202*2465560*MAX(0,(Inputs!$R$49-Q1269)))","v":0},{"$f":"params!$C$16*R1269*(G1269-Inputs!$R$26)","v":0},-65874.286320045096,{"$f":"E1269*params!$C$8","v":0}]
["2002-02-22",2,22,"21:00:00",0,10,-1,-5,71,{"$f":"Inputs!$R$38*Inputs!$R$33*(G1270-Inputs!$R$26)","v":-62650.952469843927},{"$f":"Inputs!$R$34*E1270*Inputs!$R$39","v":0},{"$f":"params!$C$16*Inputs!$R$30*(G1270-Inputs!$R$26)","v":-9810.7624822056823},{"$f":"Inputs!$R$41*Inputs!$R$42/8760","v":0},0,566.54310372490409,3.4972595900071069E-3,2.4830543089050458E-3,{"$f":"-N1270/(1.202*2465560*MAX(0,(Inputs!$R$49-Q1270)))","v":0},{"$f":"params!$C$16*R1270*(G1270-Inputs!$R$26)","v":0},-72461.714952049602,{"$f":"E1270*params!$C$8","v":0}]
["2002-02-22",2,22,"22:00:00",0,10,-1,-6,66,{"$f":"Inputs!$R$38*Inputs!$R$33*(G1271-Inputs!$R$26)","v":-62650.952469843927},{"$f":"Inputs!$R$34*E1271*Inputs!$R$39","v":0},{"$f":"params!$C$16*Inputs!$R$30*(G1271-Inputs!$R$26)","v":-9810.7624822056823},{"$f":"Inputs!$R$41*Inputs!$R$42/8760","v":0},0,566.54310372490409,3.4972595900071069E-3,2.3081913294046904E-3,{"$f":"-N1271/(1.202*2465560*MAX(0,(Inputs!$R$49-Q1271)))","v":0},{"$f":"params!$C$16*R1271*(G1271-Inputs!$R$26)","v":0},-72461.714952049602,{"$f":"E1271*params!$C$8","v":0}]
["2002-02-22",2,22,"23:00:00",0,10,-1,-7,60,{"$f":"Inputs!$R$38*Inputs!$R$33*(G1272-Inputs!$R$26)","v":-62650.952469843927},{"$f":"Inputs!$R$34*E1272*Inputs!$R$39","v":0},{"$f":"params!$C$16*Inputs!$R$30*(G1272-Inputs!$R$26)","v":-9810.7624822056823},{"$f":"Inputs!$R$41*Inputs!$R$42/8760","v":0},0,566.54310372490409,3.4972595900071069E-3,2.0983557540042641E-3,{"$f":"-N1272/(1.202*2465560*MAX(0,(Inputs!$R$49-Q1272)))","v":0},{"$f":"params!$C$16*R1272*(G1272-Inputs!$R$26)","v":0},-72461.714952049602,{"$f":"E1272*params!$C$8","v":0}]
["2002-02-22",2,22,1,0,10,-1,-8,55,{"$f":"Inputs!$R$38*Inputs!$R$33*(G1273-Inputs!$R$26)","v":-62650.952469843927},{"$f":"Inputs!$R$34*E1273*Inputs!$R$39","v":0},{"$f":"params!$C$16*Inputs!$R$30*(G1273-Inputs!$R$26)","v":-9810.7624822056823},{"$f":"Inputs!$R$41*Inputs!$R$42/8760","v":0},0,566.54310372490409,3.4972595900071069E-3,1.9234927745039087E-3,{"$f":"-N1273/(1.202*2465560*MAX(0,(Inputs!$R$49-Q1273)))","v":0},{"$f":"params!$C$16*R1273*(G1273-Inputs!$R$26)","v":0},-72461.714952049602,{"$f":"E1273*params!$C$8","v":0}]
["2002-02-23",2,23,"01:00:00",0,10,-1,-8,55,{"$f":"Inputs!$R$38*Inputs!$R$33*(G1274-Inputs!$R$26)","v":-62650.952469843927},{"$f":"Inputs!$R$34*E1274*Inputs!$R$39","v":0},{"$f":"params!$C$16*Inputs!$R$30*(G1274-Inputs!$R$26)","v":-9810.7624822056823},{"$f":"Inputs!$R$41*Inputs!$R$42/8760","v":0},0,566.54310372490409,3.4972595900071069E-3,1.9234927745039087E-3,{"$f":"-N1274/(1.202*2465560*MAX(0,(Inputs!$R$49-Q1274)))","v":0},{"$f":"params!$C$16*R1274*(G1274-Inputs!$R$26)","v":0},-72461.714952049602,{"$f":"E1274*params!$C$8","v":0}]
["2002-02-23",2,23,"02:00:00",0,10,-1,-8,55,{"$f":"Inputs!$R$38*Inputs!$R$33*(G1275-Inputs!$R$26)","v":-62650.952469843927},{"$f":"Inputs!$R$34*E1275*Inputs!$R$39","v":0},{"$f":"params!$C$16*Inputs!$R$30*(G1275-Inputs!$R$26)","v":-9810.7624822056823},{"$f":"Inputs!$R$41*Inputs!$R$42/8760","v":0},0,566.54310372490409,3.4972595900071069E-3,1.9234927745039087E-3,{"$f":"-N1275/(1.202*2465560*MAX(0,(Inputs!$R$49-Q1275)))","v":0},{"$f":"params!$C$16*R1275*(G1275-Inputs!$R$26)","v":0},-72461.714952049602,{"$f":"E1275*params!$C$8","v":0}]
["2002-02-23",2,23,"03:00:00",0,10,-2,-8,60,{"$f":"Inputs!$R$38*Inputs!$R$33*(G1276-Inputs!$R$26)","v":-68346.493603466108},{"$f":"Inputs!$R$34*E1276*Inputs!$R$39","v":0},{"$f":"params!$C$16*Inputs!$R$30*(G1276-Inputs!$R$26)","v":-10702.649980588018},{"$f":"Inputs!$R$41*Inputs!$R$42/8760","v":0},0,526.36516305985776,3.2479468065175691E-3,1.9487680839105415E-3,{"$f":"-N1276/(1.202*2465560*MAX(0,(Inputs!$R$49-Q1276)))","v":0},{"$f":"params!$C$16*R1276*(G1276-Inputs!$R$26)","v":0},-79049.143584054123,{"$f":"E1276*params!$C$8","v":0}]
["2002-02-23",2,23,"04:00:00",0,10,-2,-8,60,{"$f":"Inputs!$R$38*Inputs!$R$33*(G1277-Inputs!$R$26)","v":-68346.493603466108},{"$f":"Inputs!$R$34*E1277*Inputs!$R$39","v":0},{"$f":"params!$C$16*Inputs!$R$30*(G1277-Inputs!$R$26)","v":-10702.649980588018},{"$f":"Inputs!$R$41*Inputs!$R$42/8760","v":0},0,526.36516305985776,3.2479468065175691E-3,1.9487680839105415E-3,{"$f":"-N1277/(1.202*2465560*MAX(0,(Inputs!$R$49-Q1277)))","v":0},{"$f":"params!$C$16*R1277*(G1277-Inputs!$R$26)","v":0},-79049.143584054123,{"$f":"E1277*params!$C$8","v":0}]
["2002-02-23",2,23,"05:00:00",0,10,-3,-6,77,{"$f":"Inputs!$R$38*Inputs!$R$33*(G1278-Inputs!$R$26)","v":-74042.034737088281},{"$f":"Inputs!$R$34*E1278*Inputs!$R$39","v":0},{"$f":"params!$C$16*Inputs!$R$30*(G1278-Inputs!$R$26)","v":-11594.537478970353},{"$f":"Inputs!$R$41*Inputs!$R$42/8760","v":0},0,488.73621912146871,3.0146312662847319E-3,2.3212660750392437E-3,{"$f":"-N1278/(1.202*2465560*MAX(0,(Inputs!$R$49-Q1278)))","v":0},{"$f":"params!$C$16*R1278*(G1278-Inputs!$R$26)","v":0},-85636.57221605863,{"$f":"E1278*params!$C$8","v":0}]
["2002-02-23",2,23,"06:00:00",0,10,-2,-9,55,{"$f":"Inputs!$R$38*Inputs!$R$33*(G1279-Inputs!$R$26)","v":-68346.493603466108},{"$f":"Inputs!$R$34*E1279*Inputs!$R$39","v":0},{"$f":"params!$C$16*Inputs!$R$30*(G1279-Inputs!$R$26)","v":-10702.649980588018},{"$f":"Inputs!$R$41*Inputs!$R$42/8760","v":0},0,526.36516305985776,3.2479468065175691E-3,1.7863707435846628E-3,{"$f":"-N1279/(1.202*2465560*MAX(0,(Inputs!$R$49-Q1279)))","v":0},{"$f":"params!$C$16*R1279*(G1279-Inputs!$R$26)","v":0},-79049.143584054123,{"$f":"E1279*params!$C$8","v":0}]
["2002-02-23",2,23,"07:00:00",0,10,-4,-6,84,{"$f":"Inputs!$R$38*Inputs!$R$33*(G1280-Inputs!$R$26)","v":-79737.575870710454},{"$f":"Inputs!$R$34*E1280*Inputs!$R$39","v":0},{"$f":"params!$C$16*Inputs!$R$30*(G1280-Inputs!$R$26)","v":-12486.424977352686},{"$f":"Inputs!$R$41*Inputs!$R$42/8760","v":0},0,453.51532044328405,2.7964043545646504E-3,2.3489796578343063E-3,{"$f":"-N1280/(1.202*2465560*MAX(0,(Inputs!$R$49-Q1280)))","v":0},{"$f":"params!$C$16*R1280*(G1280-Inputs!$R$26)","v":0},-92224.000848063137,{"$f":"E1280*params!$C$8","v":0}]
["2002-02-23",2,23,"08:00:00",15,10,-3,-6,77,{"$f":"Inputs!$R$38*Inputs!$R$33*(G1281-Inputs!$R$26)","v":-74042.034737088281},{"$f":"Inputs!$R$34*E1281*Inputs!$R$39","v":8779.3457761591981},{"$f":"params!$C$16*Inputs!$R$30*(G1281-Inputs!$R$26)","v":-11594.537478970353},{"$f":"Inputs!$R$41*Inputs!$R$42/8760","v":0},0,488.73621912146871,3.0146312662847319E-3,2.3212660750392437E-3,{"$f":"-N1281/(1.202*2465560*MAX(0,(Inputs!$R$49-Q1281)))","v":0},{"$f":"params!$C$16*R1281*(G1281-Inputs!$R$26)","v":0},-76857.22643989943,{"$f":"E1281*params!$C$8","v":31.072499999999998}]
["2002-02-23",2,23,"09:00:00",251,8,-3,-9,60,{"$f":"Inputs!$R$38*Inputs!$R$33*(G1282-Inputs!$R$26)","v":-74042.034737088281},{"$f":"Inputs!$R$34*E1282*Inputs!$R$39","v":146907.71932106392},{"$f":"params!$C$16*Inputs!$R$30*(G1282-Inputs!$R$26)","v":-11594.537478970353},{"$f":"Inputs!$R$41*Inputs!$R$42/8760","v":0},0,488.73621912146871,3.0146312662847319E-3,1.8087787597708392E-3,{"$f":"-N1282/(1.202*2465560*MAX(0,(Inputs!$R$49-Q1282)))","v":0},{"$f":"params!$C$16*R1282*(G1282-Inputs!$R$26)","v":0},61271.147105005293,{"$f":"E1282*params!$C$8","v":519.94650000000001}]
["2002-02-23",{"$f":"MONTH(A1283)","v":2},{"$f":"DAY(A1283)","v":23},"10:00:00",436,5,-2,-9,55,{"$f":"Inputs!$R$38*Inputs!$R$33*(G1283-Inputs!$R$26)","v":-68346.493603466108},{"$f":"Inputs!$R$34*E1283*Inputs!$R$39","v":255186.31722702738},{"$f":"params!$C$16*Inputs!$R$30*(G1283-Inputs!$R$26)","v":-10702.649980588018},{"$f":"Inputs!$R$41*Inputs!$R$42/8760","v":0},0,{"$f":"EXP(77.345+0.0057*(G1283+273.15)-7235/(G1283+273.15))/(G1283+273.15)^8.2","v":526.36516305985776},{"$f":"0.62198*O1283/(101325-O1283)","v":3.2479468065175691E-3},{"$f":"P1283*I1283/100","v":1.7863707435846628E-3},{"$f":"-N1283/(1.202*2465560*MAX(0,(Inputs!$R$49-Q1283)))","v":0},{"$f":"params!$C$16*R1283*(G1283-Inputs!$R$26)","v":0},{"$f":"J1283+K1283+L1283+M1283+N1283+S1283","v":176137.17364297324},{"$f":"E1283*params!$C$8","v":903.17399999999998}]
["2002-02-23",2,23,"11:00:00",566,3,-1,-9,50,{"$f":"Inputs!$R$38*Inputs!$R$33*(G1284-Inputs!$R$26)","v":-62650.952469843927},{"$f":"Inputs!$R$34*E1284*Inputs!$R$39","v":331273.98062040709},{"$f":"params!$C$16*Inputs!$R$30*(G1284-Inputs!$R$26)","v":-9810.7624822056823},{"$f":"Inputs!$R$41*Inputs!$R$42/8760","v":0},0,566.54310372490409,3.4972595900071069E-3,1.7486297950035535E-3,{"$f":"-N1284/(1.202*2465560*MAX(0,(Inputs!$R$49-Q1284)))","v":0},{"$f":"params!$C$16*R1284*(G1284-Inputs!$R$26)","v":0},258812.26566835749,{"$f":"E1284*params!$C$8","v":1172.4690000000001}]
["2002-02-23",2,23,"12:00:00",646,3,0,-9,46,{"$f":"Inputs!$R$38*Inputs!$R$33*(G1285-Inputs!$R$26)","v":-56955.411336221747},{"$f":"Inputs!$R$34*E1285*Inputs!$R$39","v":378097.15809325612},{"$f":"params!$C$16*Inputs!$R$30*(G1285-Inputs!$R$26)","v":-8918.8749838233489},{"$f":"Inputs!$R$41*Inputs!$R$42/8760","v":0},0,609.41773586642103,3.7635253138895938E-3,1.731221644389213E-3,{"$f":"-N1285/(1.202*2465560*MAX(0,(Inputs!$R$49-Q1285)))","v":0},{"$f":"params!$C$16*R1285*(G1285-Inputs!$R$26)","v":0},312222.87177321105,{"$f":"E1285*params!$C$8","v":1338.1889999999999}]
["2002-02-23",2,23,"13:00:00",666,3,2,-10,37,{"$f":"Inputs!$R$38*Inputs!$R$33*(G1286-Inputs!$R$26)","v":-45564.3290689774},{"$f":"Inputs!$R$34*E1286*Inputs!$R$39","v":389802.95246146841},{"$f":"params!$C$16*Inputs!$R$30*(G1286-Inputs!$R$26)","v":-7135.0999870586784},{"$f":"Inputs!$R$41*Inputs!$R$42/8760","v":0},0,703.88301618186097,4.3509868656616182E-3,1.6098651402947986E-3,{"$f":"-N1286/(1.202*2465560*MAX(0,(Inputs!$R$49-Q1286)))","v":0},{"$f":"params!$C$16*R1286*(G1286-Inputs!$R$26)","v":0},337103.52340543235,{"$f":"E1286*params!$C$8","v":1379.6189999999999}]
["2002-02-23",2,23,"14:00:00",625,0,2,-10,37,{"$f":"Inputs!$R$38*Inputs!$R$33*(G1287-Inputs!$R$26)","v":-45564.3290689774},{"$f":"Inputs!$R$34*E1287*Inputs!$R$39","v":365806.07400663325},{"$f":"params!$C$16*Inputs!$R$30*(G1287-Inputs!$R$26)","v":-7135.0999870586784},{"$f":"Inputs!$R$41*Inputs!$R$42/8760","v":0},0,703.88301618186097,4.3509868656616182E-3,1.6098651402947986E-3,{"$f":"-N1287/(1.202*2465560*MAX(0,(Inputs!$R$49-Q1287)))","v":0},{"$f":"params!$C$16*R1287*(G1287-Inputs!$R$26)","v":0},313106.6449505972,{"$f":"E1287*params!$C$8","v":1294.6875}]
["2002-02-23",2,23,"15:00:00",525,0,4,-9,35,{"$f":"Inputs!$R$38*Inputs!$R$33*(G1288-Inputs!$R$26)","v":-34173.246801733054},{"$f":"Inputs!$R$34*E1288*Inputs!$R$39","v":307277.10216557194},{"$f":"params!$C$16*Inputs!$R$30*(G1288-Inputs!$R$26)","v":-5351.3249902940088},{"$f":"Inputs!$R$41*Inputs!$R$42/8760","v":0},0,811.08667612094962,5.0190035800134264E-3,1.7566512530046994E-3,{"$f":"-N1288/(1.202*2465560*MAX(0,(Inputs!$R$49-Q1288)))","v":0},{"$f":"params!$C$16*R1288*(G1288-Inputs!$R$26)","v":0},267752.5303735449,{"$f":"E1288*params!$C$8","v":1087.5374999999999}]
["2002-02-23",2,23,"16:00:00",380,0,3,-8,41,{"$f":"Inputs!$R$38*Inputs!$R$33*(G1289-Inputs!$R$26)","v":-39868.787935355227},{"$f":"Inputs!$R$34*E1289*Inputs!$R$39","v":222410.09299603302},{"$f":"params!$C$16*Inputs!$R$30*(G1289-Inputs!$R$26)","v":-6243.2124886763431},{"$f":"Inputs!$R$41*Inputs!$R$42/8760","v":0},0,755.80495631325812,4.6743495015895585E-3,1.9164832956517189E-3,{"$f":"-N1289/(1.202*2465560*MAX(0,(Inputs!$R$49-Q1289)))","v":0},{"$f":"params!$C$16*R1289*(G1289-Inputs!$R$26)","v":0},176298.09257200148,{"$f":"E1289*params!$C$8","v":787.17}]
["2002-02-23",2,23,"17:00:00",197,0,1,-8,47,{"$f":"Inputs!$R$38*Inputs!$R$33*(G1290-Inputs!$R$26)","v":-51259.870202599574},{"$f":"Inputs!$R$34*E1290*Inputs!$R$39","v":115302.07452689082},{"$f":"params!$C$16*Inputs!$R$30*(G1290-Inputs!$R$26)","v":-8026.9874854410136},{"$f":"Inputs!$R$41*Inputs!$R$42/8760","v":0},0,655.14373774848059,4.0477489204243187E-3,1.9024419925994299E-3,{"$f":"-N1290/(1.202*2465560*MAX(0,(Inputs!$R$49-Q1290)))","v":0},{"$f":"params!$C$16*R1290*(G1290-Inputs!$R$26)","v":0},56015.216838850232,{"$f":"E1290*params!$C$8","v":408.08549999999997}]
["2002-02-23",2,23,"18:00:00",24,0,-1,-8,55,{"$f":"Inputs!$R$38*Inputs!$R$33*(G1291-Inputs!$R$26)","v":-62650.952469843927},{"$f":"Inputs!$R$34*E1291*Inputs!$R$39","v":14046.953241854719},{"$f":"params!$C$16*Inputs!$R$30*(G1291-Inputs!$R$26)","v":-9810.7624822056823},{"$f":"Inputs!$R$41*Inputs!$R$42/8760","v":0},0,566.54310372490409,3.4972595900071069E-3,1.9234927745039087E-3,{"$f":"-N1291/(1.202*2465560*MAX(0,(Inputs!$R$49-Q1291)))","v":0},{"$f":"params!$C$16*R1291*(G1291-Inputs!$R$26)","v":0},-58414.761710194893,{"$f":"E1291*params!$C$8","v":49.715999999999994}]
["2002-02-23",2,23,"19:00:00",0,0,-2,-8,60,{"$f":"Inputs!$R$38*Inputs!$R$33*(G1292-Inputs!$R$26)","v":-68346.493603466108},{"$f":"Inputs!$R$34*E1292*Inputs!$R$39","v":0},{"$f":"params!$C$16*Inputs!$R$30*(G1292-Inputs!$R$26)","v":-10702.649980588018},{"$f":"Inputs!$R$41*Inputs!$R$42/8760","v":0},0,526.36516305985776,3.2479468065175691E-3,1.9487680839105415E-3,{"$f":"-N1292/(1.202*2465560*MAX(0,(Inputs!$R$49-Q1292)))","v":0},{"$f":"params!$C$16*R1292*(G1292-Inputs!$R$26)","v":0},-79049.143584054123,{"$f":"E1292*params!$C$8","v":0}]
["2002-02-23",2,23,"20:00:00",0,0,-3,-8,65,{"$f":"Inputs!$R$38*Inputs!$R$33*(G1293-Inputs!$R$26)","v":-74042.034737088281},{"$f":"Inputs!$R$34*E1293*Inputs!$R$39","v":0},{"$f":"params!$C$16*Inputs!$R$30*(G1293-Inputs!$R$26)","v":-11594.537478970353},{"$f":"Inputs!$R$41*Inputs!$R$42/8760","v":0},0,488.73621912146871,3.0146312662847319E-3,1.9595103230850759E-3,{"$f":"-N1293/(1.202*2465560*MAX(0,(Inputs!$R$49-Q1293)))","v":0},{"$f":"params!$C$16*R1293*(G1293-Inputs!$R$26)","v":0},-85636.57221605863,{"$f":"E1293*params!$C$8","v":0}]
["2002-02-23",2,23,"21:00:00",0,0,-4,-7,77,{"$f":"Inputs!$R$38*Inputs!$R$33*(G1294-Inputs!$R$26)","v":-79737.575870710454},{"$f":"Inputs!$R$34*E1294*Inputs!$R$39","v":0},{"$f":"params!$C$16*Inputs!$R$30*(G1294-Inputs!$R$26)","v":-12486.424977352686},{"$f":"Inputs!$R$41*Inputs!$R$42/8760","v":0},0,453.51532044328405,2.7964043545646504E-3,2.1532313530147808E-3,{"$f":"-N1294/(1.202*2465560*MAX(0,(Inputs!$R$49-Q1294)))","v":0},{"$f":"params!$C$16*R1294*(G1294-Inputs!$R$26)","v":0},-92224.000848063137,{"$f":"E1294*params!$C$8","v":0}]
["2002-02-23",2,23,"22:00:00",0,0,-5,-8,77,{"$f":"Inputs!$R$38*Inputs!$R$33*(G1295-Inputs!$R$26)","v":-85433.117004332627},{"$f":"Inputs!$R$34*E1295*Inputs!$R$39","v":0},{"$f":"params!$C$16*Inputs!$R$30*(G1295-Inputs!$R$26)","v":-13378.312475735022},{"$f":"Inputs!$R$41*Inputs!$R$42/8760","v":0},0,420.56802345265027,2.5924024753231664E-3,1.996149905998838E-3,{"$f":"-N1295/(1.202*2465560*MAX(0,(Inputs!$R$49-Q1295)))","v":0},{"$f":"params!$C$16*R1295*(G1295-Inputs!$R$26)","v":0},-98811.429480067643,{"$f":"E1295*params!$C$8","v":0}]
["2002-02-23",2,23,"23:00:00",0,0,-6,-8,84,{"$f":"Inputs!$R$38*Inputs!$R$33*(G1296-Inputs!$R$26)","v":-91128.658137954801},{"$f":"Inputs!$R$34*E1296*Inputs!$R$39","v":0},{"$f":"params!$C$16*Inputs!$R$30*(G1296-Inputs!$R$26)","v":-14270.199974117357},{"$f":"Inputs!$R$41*Inputs!$R$42/8760","v":0},0,389.76616195693094,2.4018050803048703E-3,2.0175162674560907E-3,{"$f":"-N1296/(1.202*2465560*MAX(0,(Inputs!$R$49-Q1296)))","v":0},{"$f":"params!$C$16*R1296*(G1296-Inputs!$R$26)","v":0},-105398.85811207216,{"$f":"E1296*params!$C$8","v":0}]
["2002-02-23",2,23,1,0,0,-6,-8,84,{"$f":"Inputs!$R$38*Inputs!$R$33*(G1297-Inputs!$R$26)","v":-91128.658137954801},{"$f":"Inputs!$R$34*E1297*Inputs!$R$39","v":0},{"$f":"params!$C$16*Inputs!$R$30*(G1297-Inputs!$R$26)","v":-14270.199974117357},{"$f":"Inputs!$R$41*Inputs!$R$42/8760","v":0},0,389.76616195693094,2.4018050803048703E-3,2.0175162674560907E-3,{"$f":"-N1297/(1.202*2465560*MAX(0,(Inputs!$R$49-Q1297)))","v":0},{"$f":"params!$C$16*R1297*(G1297-Inputs!$R$26)","v":0},-105398.85811207216,{"$f":"E1297*params!$C$8","v":0}]
["2002-02-24",2,24,"01:00:00",0,0,-7,-8,92,{"$f":"Inputs!$R$38*Inputs!$R$33*(G1298-Inputs!$R$26)","v":-96824.199271576974},{"$f":"Inputs!$R$34*E1298*Inputs!$R$39","v":0},{"$f":"params!$C$16*Inputs!$R$30*(G1298-Inputs!$R$26)","v":-15162.087472499692},{"$f":"Inputs!$R$41*Inputs!$R$42/8760","v":0},0,360.98762153500678,2.2238327850987206E-3,2.0459261622908231E-3,{"$f":"-N1298/(1.202*2465560*MAX(0,(Inputs!$R$49-Q1298)))","v":0},{"$f":"params!$C$16*R1298*(G1298-Inputs!$R$26)","v":0},-111986.28674407667,{"$f":"E1298*params!$C$8","v":0}]
["2002-02-24",2,24,"02:00:00",0,0,-8,-9,92,{"$f":"Inputs!$R$38*Inputs!$R$33*(G1299-Inputs!$R$26)","v":-102519.74040519915},{"$f":"Inputs!$R$34*E1299*Inputs!$R$39","v":0},{"$f":"params!$C$16*Inputs!$R$30*(G1299-Inputs!$R$26)","v":-16053.974970882027},{"$f":"Inputs!$R$41*Inputs!$R$42/8760","v":0},0,334.1161188582924,2.0577455669371189E-3,1.8931259215821494E-3,{"$f":"-N1299/(1.202*2465560*MAX(0,(Inputs!$R$49-Q1299)))","v":0},{"$f":"params!$C$16*R1299*(G1299-Inputs!$R$26)","v":0},-118573.71537608118,{"$f":"E1299*params!$C$8","v":0}]
["2002-02-24",2,24,"03:00:00",0,0,-8,-9,92,{"$f":"Inputs!$R$38*Inputs!$R$33*(G1300-Inputs!$R$26)","v":-102519.74040519915},{"$f":"Inputs!$R$34*E1300*Inputs!$R$39","v":0},{"$f":"params!$C$16*Inputs!$R$30*(G1300-Inputs!$R$26)","v":-16053.974970882027},{"$f":"Inputs!$R$41*Inputs!$R$42/8760","v":0},0,334.1161188582924,2.0577455669371189E-3,1.8931259215821494E-3,{"$f":"-N1300/(1.202*2465560*MAX(0,(Inputs!$R$49-Q1300)))","v":0},{"$f":"params!$C$16*R1300*(G1300-Inputs!$R$26)","v":0},-118573.71537608118,{"$f":"E1300*params!$C$8","v":0}]
["2002-02-24",2,24,"04:00:00",0,1,-8,-9,92,{"$f":"Inputs!$R$38*Inputs!$R$33*(G1301-Inputs!$R$26)","v":-102519.74040519915},{"$f":"Inputs!$R$34*E1301*Inputs!$R$39","v":0},{"$f":"params!$C$16*Inputs!$R$30*(G1301-Inputs!$R$26)","v":-16053.974970882027},{"$f":"Inputs!$R$41*Inputs!$R$42/8760","v":0},0,334.1161188582924,2.0577455669371189E-3,1.8931259215821494E-3,{"$f":"-N1301/(1.202*2465560*MAX(0,(Inputs!$R$49-Q1301)))","v":0},{"$f":"params!$C$16*R1301*(G1301-Inputs!$R$26)","v":0},-118573.71537608118,{"$f":"E1301*params!$C$8","v":0}]
["2002-02-24",2,24,"05:00:00",0,1,-8,-9,92,{"$f":"Inputs!$R$38*Inputs!$R$33*(G1302-Inputs!$R$26)","v":-102519.74040519915},{"$f":"Inputs!$R$34*E1302*Inputs!$R$39","v":0},{"$f":"params!$C$16*Inputs!$R$30*(G1302-Inputs!$R$26)","v":-16053.974970882027},{"$f":"Inputs!$R$41*Inputs!$R$42/8760","v":0},0,334.1161188582924,2.0577455669371189E-3,1.8931259215821494E-3,{"$f":"-N1302/(1.202*2465560*MAX(0,(Inputs!$R$49-Q1302)))","v":0},{"$f":"params!$C$16*R1302*(G1302-Inputs!$R$26)","v":0},-118573.71537608118,{"$f":"E1302*params!$C$8","v":0}]
["2002-02-24",2,24,"06:00:00",0,0,-8,-9,92,{"$f":"Inputs!$R$38*Inputs!$R$33*(G1303-Inputs!$R$26)","v":-102519.74040519915},{"$f":"Inputs!$R$34*E1303*Inputs!$R$39","v":0},{"$f":"params!$C$16*Inputs!$R$30*(G1303-Inputs!$R$26)","v":-16053.974970882027},{"$f":"Inputs!$R$41*Inputs!$R$42/8760","v":0},0,334.1161188582924,2.0577455669371189E-3,1.8931259215821494E-3,{"$f":"-N1303/(1.202*2465560*MAX(0,(Inputs!$R$49-Q1303)))","v":0},{"$f":"params!$C$16*R1303*(G1303-Inputs!$R$26)","v":0},-118573.71537608118,{"$f":"E1303*params!$C$8","v":0}]
["2002-02-24",2,24,"07:00:00",0,0,-9,-10,92,{"$f":"Inputs!$R$38*Inputs!$R$33*(G1304-Inputs!$R$26)","v":-108215.28153882132},{"$f":"Inputs!$R$34*E1304*Inputs!$R$39","v":0},{"$f":"params!$C$16*Inputs!$R$30*(G1304-Inputs!$R$26)","v":-16945.862469264361},{"$f":"Inputs!$R$41*Inputs!$R$42/8760","v":0},0,309.04098596033037,1.902841039413297E-3,1.7506137562602333E-3,{"$f":"-N1304/(1.202*2465560*MAX(0,(Inputs!$R$49-Q1304)))","v":0},{"$f":"params!$C$16*R1304*(G1304-Inputs!$R$26)","v":0},-125161.14400808568,{"$f":"E1304*params!$C$8","v":0}]
["2002-02-24",2,24,"08:00:00",101,0,-7,-8,92,{"$f":"Inputs!$R$38*Inputs!$R$33*(G1305-Inputs!$R$26)","v":-96824.199271576974},{"$f":"Inputs!$R$34*E1305*Inputs!$R$39","v":59114.261559471939},{"$f":"params!$C$16*Inputs!$R$30*(G1305-Inputs!$R$26)","v":-15162.087472499692},{"$f":"Inputs!$R$41*Inputs!$R$42/8760","v":0},0,360.98762153500678,2.2238327850987206E-3,2.0459261622908231E-3,{"$f":"-N1305/(1.202*2465560*MAX(0,(Inputs!$R$49-Q1305)))","v":0},{"$f":"params!$C$16*R1305*(G1305-Inputs!$R$26)","v":0},-52872.025184604725,{"$f":"E1305*params!$C$8","v":209.22149999999999}]
["2002-02-24",2,24,"09:00:00",272,0,-5,-7,84,{"$f":"Inputs!$R$38*Inputs!$R$33*(G1306-Inputs!$R$26)","v":-85433.117004332627},{"$f":"Inputs!$R$34*E1306*Inputs!$R$39","v":159198.80340768679},{"$f":"params!$C$16*Inputs!$R$30*(G1306-Inputs!$R$26)","v":-13378.312475735022},{"$f":"Inputs!$R$41*Inputs!$R$42/8760","v":0},0,420.56802345265027,2.5924024753231664E-3,2.1776180792714597E-3,{"$f":"-N1306/(1.202*2465560*MAX(0,(Inputs!$R$49-Q1306)))","v":0},{"$f":"params!$C$16*R1306*(G1306-Inputs!$R$26)","v":0},60387.373927619141,{"$f":"E1306*params!$C$8","v":563.44799999999998}]
["2002-02-24",2,24,"10:00:00",442,0,-2,-6,71,{"$f":"Inputs!$R$38*Inputs!$R$33*(G1307-Inputs!$R$26)","v":-68346.493603466108},{"$f":"Inputs!$R$34*E1307*Inputs!$R$39","v":258698.05553749108},{"$f":"params!$C$16*Inputs!$R$30*(G1307-Inputs!$R$26)","v":-10702.649980588018},{"$f":"Inputs!$R$41*Inputs!$R$42/8760","v":0},0,526.36516305985776,3.2479468065175691E-3,2.306042232627474E-3,{"$f":"-N1307/(1.202*2465560*MAX(0,(Inputs!$R$49-Q1307)))","v":0},{"$f":"params!$C$16*R1307*(G1307-Inputs!$R$26)","v":0},179648.91195343694,{"$f":"E1307*params!$C$8","v":915.60299999999995}]
["2002-02-24",2,24,"11:00:00",572,0,2,-5,57,{"$f":"Inputs!$R$38*Inputs!$R$33*(G1308-Inputs!$R$26)","v":-45564.3290689774},{"$f":"Inputs!$R$34*E1308*Inputs!$R$39","v":334785.71893087076},{"$f":"params!$C$16*Inputs!$R$30*(G1308-Inputs!$R$26)","v":-7135.0999870586784},{"$f":"Inputs!$R$41*Inputs!$R$42/8760","v":0},0,703.88301618186097,4.3509868656616182E-3,2.4800625134271223E-3,{"$f":"-N1308/(1.202*2465560*MAX(0,(Inputs!$R$49-Q1308)))","v":0},{"$f":"params!$C$16*R1308*(G1308-Inputs!$R$26)","v":0},282086.28987483471,{"$f":"E1308*params!$C$8","v":1184.8979999999999}]
["2002-02-24",2,24,"12:00:00",652,3,6,-7,36,{"$f":"Inputs!$R$38*Inputs!$R$33*(G1309-Inputs!$R$26)","v":-22782.1645344887},{"$f":"Inputs!$R$34*E1309*Inputs!$R$39","v":381608.89640371985},{"$f":"params!$C$16*Inputs!$R$30*(G1309-Inputs!$R$26)","v":-3567.5499935293392},{"$f":"Inputs!$R$41*Inputs!$R$42/8760","v":0},0,932.4781503104233,5.7771510192606073E-3,2.0797743669338188E-3,{"$f":"-N1309/(1.202*2465560*MAX(0,(Inputs!$R$49-Q1309)))","v":0},{"$f":"params!$C$16*R1309*(G1309-Inputs!$R$26)","v":0},355259.18187570182,{"$f":"E1309*params!$C$8","v":1350.6179999999999}]
["2002-02-24",2,24,"13:00:00",672,0,9,-9,25,{"$f":"Inputs!$R$38*Inputs!$R$33*(G1310-Inputs!$R$26)","v":-5695.541133622175},{"$f":"Inputs!$R$34*E1310*Inputs!$R$39","v":393314.69077193213},{"$f":"params!$C$16*Inputs!$R$30*(G1310-Inputs!$R$26)","v":-891.8874983823348},{"$f":"Inputs!$R$41*Inputs!$R$42/8760","v":0},0,1144.6654335441779,7.1067740933079149E-3,1.7766935233269787E-3,{"$f":"-N1310/(1.202*2465560*MAX(0,(Inputs!$R$49-Q1310)))","v":0},{"$f":"params!$C$16*R1310*(G1310-Inputs!$R$26)","v":0},386727.2621399276,{"$f":"E1310*params!$C$8","v":1392.048}]
["2002-02-24",2,24,"14:00:00",631,3,10,-14,15,{"$f":"Inputs!$R$38*Inputs!$R$33*(G1311-Inputs!$R$26)","v":0},{"$f":"Inputs!$R$34*E1311*Inputs!$R$39","v":369317.81231709698},{"$f":"params!$C$16*Inputs!$R$30*(G1311-Inputs!$R$26)","v":0},{"$f":"Inputs!$R$41*Inputs!$R$42/8760","v":0},0,1224.2915728566036,7.6071876458255446E-3,1.1410781468738317E-3,{"$f":"-N1311/(1.202*2465560*MAX(0,(Inputs!$R$49-Q1311)))","v":0},{"$f":"params!$C$16*R1311*(G1311-Inputs!$R$26)","v":0},369317.81231709698,{"$f":"E1311*params!$C$8","v":1307.1164999999999}]
["2002-02-24",2,24,"15:00:00",531,4,12,-11,17,{"$f":"Inputs!$R$38*Inputs!$R$33*(G1312-Inputs!$R$26)","v":11391.08226724435},{"$f":"Inputs!$R$34*E1312*Inputs!$R$39","v":310788.84047603566},{"$f":"params!$C$16*Inputs!$R$30*(G1312-Inputs!$R$26)","v":1783.7749967646696},{"$f":"Inputs!$R$41*Inputs!$R$42/8760","v":0},0,1398.3079270856979,8.70357605607666E-3,1.4796079295330321E-3,{"$f":"-N1312/(1.202*2465560*MAX(0,(Inputs!$R$49-Q1312)))","v":0},{"$f":"params!$C$16*R1312*(G1312-Inputs!$R$26)","v":0},323963.69774004468,{"$f":"E1312*params!$C$8","v":1099.9665}]
["2002-02-24",2,24,"16:00:00",386,2,12,-12,15,{"$f":"Inputs!$R$38*Inputs!$R$33*(G1313-Inputs!$R$26)","v":11391.08226724435},{"$f":"Inputs!$R$34*E1313*Inputs!$R$39","v":225921.83130649672},{"$f":"params!$C$16*Inputs!$R$30*(G1313-Inputs!$R$26)","v":1783.7749967646696},{"$f":"Inputs!$R$41*Inputs!$R$42/8760","v":0},0,1398.3079270856979,8.70357605607666E-3,1.305536408411499E-3,{"$f":"-N1313/(1.202*2465560*MAX(0,(Inputs!$R$49-Q1313)))","v":0},{"$f":"params!$C$16*R1313*(G1313-Inputs!$R$26)","v":0},239096.68857050574,{"$f":"E1313*params!$C$8","v":799.59899999999993}]
["2002-02-24",2,24,"17:00:00",203,0,11,-11,18,{"$f":"Inputs!$R$38*Inputs!$R$33*(G1314-Inputs!$R$26)","v":5695.541133622175},{"$f":"Inputs!$R$34*E1314*Inputs!$R$39","v":118813.81283735449},{"$f":"params!$C$16*Inputs!$R$30*(G1314-Inputs!$R$26)","v":891.8874983823348},{"$f":"Inputs!$R$41*Inputs!$R$42/8760","v":0},0,1308.7561751391206,8.138879592783612E-3,1.4649983267010502E-3,{"$f":"-N1314/(1.202*2465560*MAX(0,(Inputs!$R$49-Q1314)))","v":0},{"$f":"params!$C$16*R1314*(G1314-Inputs!$R$26)","v":0},125401.241469359,{"$f":"E1314*params!$C$8","v":420.5145}]
["2002-02-24",2,24,"18:00:00",27,0,8,-9,26,{"$f":"Inputs!$R$38*Inputs!$R$33*(G1315-Inputs!$R$26)","v":-11391.08226724435},{"$f":"Inputs!$R$34*E1315*Inputs!$R$39","v":15802.822397086558},{"$f":"params!$C$16*Inputs!$R$30*(G1315-Inputs!$R$26)","v":-1783.7749967646696},{"$f":"Inputs!$R$41*Inputs!$R$42/8760","v":0},0,1069.6390010481693,6.6359949158119932E-3,1.7253586781111182E-3,{"$f":"-N1315/(1.202*2465560*MAX(0,(Inputs!$R$49-Q1315)))","v":0},{"$f":"params!$C$16*R1315*(G1315-Inputs!$R$26)","v":0},2627.9651330775387,{"$f":"E1315*params!$C$8","v":55.930499999999995}]
["2002-02-24",2,24,"19:00:00",0,0,3,-7,45,{"$f":"Inputs!$R$38*Inputs!$R$33*(G1316-Inputs!$R$26)","v":-39868.787935355227},{"$f":"Inputs!$R$34*E1316*Inputs!$R$39","v":0},{"$f":"params!$C$16*Inputs!$R$30*(G1316-Inputs!$R$26)","v":-6243.2124886763431},{"$f":"Inputs!$R$41*Inputs!$R$42/8760","v":0},0,755.80495631325812,4.6743495015895585E-3,2.1034572757153013E-3,{"$f":"-N1316/(1.202*2465560*MAX(0,(Inputs!$R$49-Q1316)))","v":0},{"$f":"params!$C$16*R1316*(G1316-Inputs!$R$26)","v":0},-46112.000424031568,{"$f":"E1316*params!$C$8","v":0}]
["2002-02-24",2,24,"20:00:00",0,0,-1,-6,66,{"$f":"Inputs!$R$38*Inputs!$R$33*(G1317-Inputs!$R$26)","v":-62650.952469843927},{"$f":"Inputs!$R$34*E1317*Inputs!$R$39","v":0},{"$f":"params!$C$16*Inputs!$R$30*(G1317-Inputs!$R$26)","v":-9810.7624822056823},{"$f":"Inputs!$R$41*Inputs!$R$42/8760","v":0},0,566.54310372490409,3.4972595900071069E-3,2.3081913294046904E-3,{"$f":"-N1317/(1.202*2465560*MAX(0,(Inputs!$R$49-Q1317)))","v":0},{"$f":"params!$C$16*R1317*(G1317-Inputs!$R$26)","v":0},-72461.714952049602,{"$f":"E1317*params!$C$8","v":0}]
["2002-02-24",2,24,"21:00:00",0,0,-1,-6,66,{"$f":"Inputs!$R$38*Inputs!$R$33*(G1318-Inputs!$R$26)","v":-62650.952469843927},{"$f":"Inputs!$R$34*E1318*Inputs!$R$39","v":0},{"$f":"params!$C$16*Inputs!$R$30*(G1318-Inputs!$R$26)","v":-9810.7624822056823},{"$f":"Inputs!$R$41*Inputs!$R$42/8760","v":0},0,566.54310372490409,3.4972595900071069E-3,2.3081913294046904E-3,{"$f":"-N1318/(1.202*2465560*MAX(0,(Inputs!$R$49-Q1318)))","v":0},{"$f":"params!$C$16*R1318*(G1318-Inputs!$R$26)","v":0},-72461.714952049602,{"$f":"E1318*params!$C$8","v":0}]
["2002-02-24",2,24,"22:00:00",0,0,-2,-5,78,{"$f":"Inputs!$R$38*Inputs!$R$33*(G1319-Inputs!$R$26)","v":-68346.493603466108},{"$f":"Inputs!$R$34*E1319*Inputs!$R$39","v":0},{"$f":"params!$C$16*Inputs!$R$30*(G1319-Inputs!$R$26)","v":-10702.649980588018},{"$f":"Inputs!$R$41*Inputs!$R$42/8760","v":0},0,526.36516305985776,3.2479468065175691E-3,2.5333985090837041E-3,{"$f":"-N1319/(1.202*2465560*MAX(0,(Inputs!$R$49-Q1319)))","v":0},{"$f":"params!$C$16*R1319*(G1319-Inputs!$R$26)","v":0},-79049.143584054123,{"$f":"E1319*params!$C$8","v":0}]
["2002-02-24",2,24,"23:00:00",0,6,-2,-6,71,{"$f":"Inputs!$R$38*Inputs!$R$33*(G1320-Inputs!$R$26)","v":-68346.493603466108},{"$f":"Inputs!$R$34*E1320*Inputs!$R$39","v":0},{"$f":"params!$C$16*Inputs!$R$30*(G1320-Inputs!$R$26)","v":-10702.649980588018},{"$f":"Inputs!$R$41*Inputs!$R$42/8760","v":0},0,526.36516305985776,3.2479468065175691E-3,2.306042232627474E-3,{"$f":"-N1320/(1.202*2465560*MAX(0,(Inputs!$R$49-Q1320)))","v":0},{"$f":"params!$C$16*R1320*(G1320-Inputs!$R$26)","v":0},-79049.143584054123,{"$f":"E1320*params!$C$8","v":0}]
["2002-02-24",2,24,1,0,9,-2,-4,85,{"$f":"Inputs!$R$38*Inputs!$R$33*(G1321-Inputs!$R$26)","v":-68346.493603466108},{"$f":"Inputs!$R$34*E1321*Inputs!$R$39","v":0},{"$f":"params!$C$16*Inputs!$R$30*(G1321-Inputs!$R$26)","v":-10702.649980588018},{"$f":"Inputs!$R$41*Inputs!$R$42/8760","v":0},0,526.36516305985776,3.2479468065175691E-3,2.7607547855399341E-3,{"$f":"-N1321/(1.202*2465560*MAX(0,(Inputs!$R$49-Q1321)))","v":0},{"$f":"params!$C$16*R1321*(G1321-Inputs!$R$26)","v":0},-79049.143584054123,{"$f":"E1321*params!$C$8","v":0}]
["2002-02-25",2,25,"01:00:00",0,7,-1,-4,78,{"$f":"Inputs!$R$38*Inputs!$R$33*(G1322-Inputs!$R$26)","v":-62650.952469843927},{"$f":"Inputs!$R$34*E1322*Inputs!$R$39","v":0},{"$f":"params!$C$16*Inputs!$R$30*(G1322-Inputs!$R$26)","v":-9810.7624822056823},{"$f":"Inputs!$R$41*Inputs!$R$42/8760","v":0},0,566.54310372490409,3.4972595900071069E-3,2.7278624802055435E-3,{"$f":"-N1322/(1.202*2465560*MAX(0,(Inputs!$R$49-Q1322)))","v":0},{"$f":"params!$C$16*R1322*(G1322-Inputs!$R$26)","v":0},-72461.714952049602,{"$f":"E1322*params!$C$8","v":0}]
["2002-02-25",2,25,"02:00:00",0,5,-1,-5,71,{"$f":"Inputs!$R$38*Inputs!$R$33*(G1323-Inputs!$R$26)","v":-62650.952469843927},{"$f":"Inputs!$R$34*E1323*Inputs!$R$39","v":0},{"$f":"params!$C$16*Inputs!$R$30*(G1323-Inputs!$R$26)","v":-9810.7624822056823},{"$f":"Inputs!$R$41*Inputs!$R$42/8760","v":0},0,566.54310372490409,3.4972595900071069E-3,2.4830543089050458E-3,{"$f":"-N1323/(1.202*2465560*MAX(0,(Inputs!$R$49-Q1323)))","v":0},{"$f":"params!$C$16*R1323*(G1323-Inputs!$R$26)","v":0},-72461.714952049602,{"$f":"E1323*params!$C$8","v":0}]
["2002-02-25",2,25,"03:00:00",0,7,-2,-4,85,{"$f":"Inputs!$R$38*Inputs!$R$33*(G1324-Inputs!$R$26)","v":-68346.493603466108},{"$f":"Inputs!$R$34*E1324*Inputs!$R$39","v":0},{"$f":"params!$C$16*Inputs!$R$30*(G1324-Inputs!$R$26)","v":-10702.649980588018},{"$f":"Inputs!$R$41*Inputs!$R$42/8760","v":0},0,526.36516305985776,3.2479468065175691E-3,2.7607547855399341E-3,{"$f":"-N1324/(1.202*2465560*MAX(0,(Inputs!$R$49-Q1324)))","v":0},{"$f":"params!$C$16*R1324*(G1324-Inputs!$R$26)","v":0},-79049.143584054123,{"$f":"E1324*params!$C$8","v":0}]
["2002-02-25",2,25,"04:00:00",0,4,-3,-5,84,{"$f":"Inputs!$R$38*Inputs!$R$33*(G1325-Inputs!$R$26)","v":-74042.034737088281},{"$f":"Inputs!$R$34*E1325*Inputs!$R$39","v":0},{"$f":"params!$C$16*Inputs!$R$30*(G1325-Inputs!$R$26)","v":-11594.537478970353},{"$f":"Inputs!$R$41*Inputs!$R$42/8760","v":0},0,488.73621912146871,3.0146312662847319E-3,2.5322902636791748E-3,{"$f":"-N1325/(1.202*2465560*MAX(0,(Inputs!$R$49-Q1325)))","v":0},{"$f":"params!$C$16*R1325*(G1325-Inputs!$R$26)","v":0},-85636.57221605863,{"$f":"E1325*params!$C$8","v":0}]
["2002-02-25",2,25,"05:00:00",0,6,-2,-5,78,{"$f":"Inputs!$R$38*Inputs!$R$33*(G1326-Inputs!$R$26)","v":-68346.493603466108},{"$f":"Inputs!$R$34*E1326*Inputs!$R$39","v":0},{"$f":"params!$C$16*Inputs!$R$30*(G1326-Inputs!$R$26)","v":-10702.649980588018},{"$f":"Inputs!$R$41*Inputs!$R$42/8760","v":0},0,526.36516305985776,3.2479468065175691E-3,2.5333985090837041E-3,{"$f":"-N1326/(1.202*2465560*MAX(0,(Inputs!$R$49-Q1326)))","v":0},{"$f":"params!$C$16*R1326*(G1326-Inputs!$R$26)","v":0},-79049.143584054123,{"$f":"E1326*params!$C$8","v":0}]
["2002-02-25",2,25,"06:00:00",0,9,-2,-4,85,{"$f":"Inputs!$R$38*Inputs!$R$33*(G1327-Inputs!$R$26)","v":-68346.493603466108},{"$f":"Inputs!$R$34*E1327*Inputs!$R$39","v":0},{"$f":"params!$C$16*Inputs!$R$30*(G1327-Inputs!$R$26)","v":-10702.649980588018},{"$f":"Inputs!$R$41*Inputs!$R$42/8760","v":0},0,526.36516305985776,3.2479468065175691E-3,2.7607547855399341E-3,{"$f":"-N1327/(1.202*2465560*MAX(0,(Inputs!$R$49-Q1327)))","v":0},{"$f":"params!$C$16*R1327*(G1327-Inputs!$R$26)","v":0},-79049.143584054123,{"$f":"E1327*params!$C$8","v":0}]
["2002-02-25",2,25,"07:00:00",0,9,-3,-4,92,{"$f":"Inputs!$R$38*Inputs!$R$33*(G1328-Inputs!$R$26)","v":-74042.034737088281},{"$f":"Inputs!$R$34*E1328*Inputs!$R$39","v":0},{"$f":"params!$C$16*Inputs!$R$30*(G1328-Inputs!$R$26)","v":-11594.537478970353},{"$f":"Inputs!$R$41*Inputs!$R$42/8760","v":0},0,488.73621912146871,3.0146312662847319E-3,2.7734607649819529E-3,{"$f":"-N1328/(1.202*2465560*MAX(0,(Inputs!$R$49-Q1328)))","v":0},{"$f":"params!$C$16*R1328*(G1328-Inputs!$R$26)","v":0},-85636.57221605863,{"$f":"E1328*params!$C$8","v":0}]
["2002-02-25",2,25,"08:00:00",69,6,-1,-4,78,{"$f":"Inputs!$R$38*Inputs!$R$33*(G1329-Inputs!$R$26)","v":-62650.952469843927},{"$f":"Inputs!$R$34*E1329*Inputs!$R$39","v":40384.990570332317},{"$f":"params!$C$16*Inputs!$R$30*(G1329-Inputs!$R$26)","v":-9810.7624822056823},{"$f":"Inputs!$R$41*Inputs!$R$42/8760","v":0},0,566.54310372490409,3.4972595900071069E-3,2.7278624802055435E-3,{"$f":"-N1329/(1.202*2465560*MAX(0,(Inputs!$R$49-Q1329)))","v":0},{"$f":"params!$C$16*R1329*(G1329-Inputs!$R$26)","v":0},-32076.724381717293,{"$f":"E1329*params!$C$8","v":142.93349999999998}]
["2002-02-25",2,25,"09:00:00",263,5,3,-3,63,{"$f":"Inputs!$R$38*Inputs!$R$33*(G1330-Inputs!$R$26)","v":-39868.787935355227},{"$f":"Inputs!$R$34*E1330*Inputs!$R$39","v":153931.19594199129},{"$f":"params!$C$16*Inputs!$R$30*(G1330-Inputs!$R$26)","v":-6243.2124886763431},{"$f":"Inputs!$R$41*Inputs!$R$42/8760","v":0},0,755.80495631325812,4.6743495015895585E-3,2.9448401860014215E-3,{"$f":"-N1330/(1.202*2465560*MAX(0,(Inputs!$R$49-Q1330)))","v":0},{"$f":"params!$C$16*R1330*(G1330-Inputs!$R$26)","v":0},107819.19551795971,{"$f":"E1330*params!$C$8","v":544.80449999999996}]
["2002-02-25",2,25,"10:00:00",421,8,8,-7,32,{"$f":"Inputs!$R$38*Inputs!$R$33*(G1331-Inputs!$R$26)","v":-11391.08226724435},{"$f":"Inputs!$R$34*E1331*Inputs!$R$39","v":246406.97145086818},{"$f":"params!$C$16*Inputs!$R$30*(G1331-Inputs!$R$26)","v":-1783.7749967646696},{"$f":"Inputs!$R$41*Inputs!$R$42/8760","v":0},0,1069.6390010481693,6.6359949158119932E-3,2.1235183730598378E-3,{"$f":"-N1331/(1.202*2465560*MAX(0,(Inputs!$R$49-Q1331)))","v":0},{"$f":"params!$C$16*R1331*(G1331-Inputs!$R$26)","v":0},233232.11418685917,{"$f":"E1331*params!$C$8","v":872.10149999999999}]
["2002-02-25",2,25,"11:00:00",553,8,11,-7,26,{"$f":"Inputs!$R$38*Inputs!$R$33*(G1332-Inputs!$R$26)","v":5695.541133622175},{"$f":"Inputs!$R$34*E1332*Inputs!$R$39","v":323665.21428106911},{"$f":"params!$C$16*Inputs!$R$30*(G1332-Inputs!$R$26)","v":891.8874983823348},{"$f":"Inputs!$R$41*Inputs!$R$42/8760","v":0},0,1308.7561751391206,8.138879592783612E-3,2.1161086941237392E-3,{"$f":"-N1332/(1.202*2465560*MAX(0,(Inputs!$R$49-Q1332)))","v":0},{"$f":"params!$C$16*R1332*(G1332-Inputs!$R$26)","v":0},330252.64291307365,{"$f":"E1332*params!$C$8","v":1145.5394999999999}]
["2002-02-25",2,25,"12:00:00",498,9,13,-6,25,{"$f":"Inputs!$R$38*Inputs!$R$33*(G1333-Inputs!$R$26)","v":17086.623400866527},{"$f":"Inputs!$R$34*E1333*Inputs!$R$39","v":291474.2797684854},{"$f":"params!$C$16*Inputs!$R$30*(G1333-Inputs!$R$26)","v":2675.6624951470044},{"$f":"Inputs!$R$41*Inputs!$R$42/8760","v":0},0,1493.2057396927576,9.303089390063848E-3,2.325772347515962E-3,{"$f":"-N1333/(1.202*2465560*MAX(0,(Inputs!$R$49-Q1333)))","v":0},{"$f":"params!$C$16*R1333*(G1333-Inputs!$R$26)","v":0},311236.56566449895,{"$f":"E1333*params!$C$8","v":1031.607}]
["2002-02-25",2,25,"13:00:00",426,9,14,-6,23,{"$f":"Inputs!$R$38*Inputs!$R$33*(G1334-Inputs!$R$26)","v":22782.1645344887},{"$f":"Inputs!$R$34*E1334*Inputs!$R$39","v":249333.42004292127},{"$f":"params!$C$16*Inputs!$R$30*(G1334-Inputs!$R$26)","v":3567.5499935293392},{"$f":"Inputs!$R$41*Inputs!$R$42/8760","v":0},0,1593.7190459500907,9.939322574797271E-3,2.2860441922033722E-3,{"$f":"-N1334/(1.202*2465560*MAX(0,(Inputs!$R$49-Q1334)))","v":0},{"$f":"params!$C$16*R1334*(G1334-Inputs!$R$26)","v":0},275683.13457093929,{"$f":"E1334*params!$C$8","v":882.45899999999995}]
["2002-02-25",2,25,"14:00:00",356,9,14,-6,23,{"$f":"Inputs!$R$38*Inputs!$R$33*(G1335-Inputs!$R$26)","v":22782.1645344887},{"$f":"Inputs!$R$34*E1335*Inputs!$R$39","v":208363.13975417829},{"$f":"params!$C$16*Inputs!$R$30*(G1335-Inputs!$R$26)","v":3567.5499935293392},{"$f":"Inputs!$R$41*Inputs!$R$42/8760","v":0},0,1593.7190459500907,9.939322574797271E-3,2.2860441922033722E-3,{"$f":"-N1335/(1.202*2465560*MAX(0,(Inputs!$R$49-Q1335)))","v":0},{"$f":"params!$C$16*R1335*(G1335-Inputs!$R$26)","v":0},234712.85428219632,{"$f":"E1335*params!$C$8","v":737.45399999999995}]
["2002-02-25",2,25,"15:00:00",328,9,14,-6,23,{"$f":"Inputs!$R$38*Inputs!$R$33*(G1336-Inputs!$R$26)","v":22782.1645344887},{"$f":"Inputs!$R$34*E1336*Inputs!$R$39","v":191975.02763868115},{"$f":"params!$C$16*Inputs!$R$30*(G1336-Inputs!$R$26)","v":3567.5499935293392},{"$f":"Inputs!$R$41*Inputs!$R$42/8760","v":0},0,1593.7190459500907,9.939322574797271E-3,2.2860441922033722E-3,{"$f":"-N1336/(1.202*2465560*MAX(0,(Inputs!$R$49-Q1336)))","v":0},{"$f":"params!$C$16*R1336*(G1336-Inputs!$R$26)","v":0},218324.74216669917,{"$f":"E1336*params!$C$8","v":679.452}]
["2002-02-25",2,25,"16:00:00",263,7,13,-5,27,{"$f":"Inputs!$R$38*Inputs!$R$33*(G1337-Inputs!$R$26)","v":17086.623400866527},{"$f":"Inputs!$R$34*E1337*Inputs!$R$39","v":153931.19594199129},{"$f":"params!$C$16*Inputs!$R$30*(G1337-Inputs!$R$26)","v":2675.6624951470044},{"$f":"Inputs!$R$41*Inputs!$R$42/8760","v":0},0,1493.2057396927576,9.303089390063848E-3,2.5118341353172393E-3,{"$f":"-N1337/(1.202*2465560*MAX(0,(Inputs!$R$49-Q1337)))","v":0},{"$f":"params!$C$16*R1337*(G1337-Inputs!$R$26)","v":0},173693.48183800481,{"$f":"E1337*params!$C$8","v":544.80449999999996}]
["2002-02-25",2,25,"17:00:00",194,7,12,-5,29,{"$f":"Inputs!$R$38*Inputs!$R$33*(G1338-Inputs!$R$26)","v":11391.08226724435},{"$f":"Inputs!$R$34*E1338*Inputs!$R$39","v":113546.20537165899},{"$f":"params!$C$16*Inputs!$R$30*(G1338-Inputs!$R$26)","v":1783.7749967646696},{"$f":"Inputs!$R$41*Inputs!$R$42/8760","v":0},0,1398.3079270856979,8.70357605607666E-3,2.5240370562622317E-3,{"$f":"-N1338/(1.202*2465560*MAX(0,(Inputs!$R$49-Q1338)))","v":0},{"$f":"params!$C$16*R1338*(G1338-Inputs!$R$26)","v":0},126721.062635668,{"$f":"E1338*params!$C$8","v":401.87099999999998}]
["2002-02-25",2,25,"18:00:00",17,6,11,-4,33,{"$f":"Inputs!$R$38*Inputs!$R$33*(G1339-Inputs!$R$26)","v":5695.541133622175},{"$f":"Inputs!$R$34*E1339*Inputs!$R$39","v":9949.9252129804245},{"$f":"params!$C$16*Inputs!$R$30*(G1339-Inputs!$R$26)","v":891.8874983823348},{"$f":"Inputs!$R$41*Inputs!$R$42/8760","v":0},0,1308.7561751391206,8.138879592783612E-3,2.6858302656185915E-3,{"$f":"-N1339/(1.202*2465560*MAX(0,(Inputs!$R$49-Q1339)))","v":0},{"$f":"params!$C$16*R1339*(G1339-Inputs!$R$26)","v":0},16537.353844984933,{"$f":"E1339*params!$C$8","v":35.215499999999999}]
["2002-02-25",2,25,"19:00:00",0,4,10,-4,36,{"$f":"Inputs!$R$38*Inputs!$R$33*(G1340-Inputs!$R$26)","v":0},{"$f":"Inputs!$R$34*E1340*Inputs!$R$39","v":0},{"$f":"params!$C$16*Inputs!$R$30*(G1340-Inputs!$R$26)","v":0},{"$f":"Inputs!$R$41*Inputs!$R$42/8760","v":0},0,1224.2915728566036,7.6071876458255446E-3,2.7385875524971958E-3,{"$f":"-N1340/(1.202*2465560*MAX(0,(Inputs!$R$49-Q1340)))","v":0},{"$f":"params!$C$16*R1340*(G1340-Inputs!$R$26)","v":0},0,{"$f":"E1340*params!$C$8","v":0}]
["2002-02-25",2,25,"20:00:00",0,1,9,-5,35,{"$f":"Inputs!$R$38*Inputs!$R$33*(G1341-Inputs!$R$26)","v":-5695.541133622175},{"$f":"Inputs!$R$34*E1341*Inputs!$R$39","v":0},{"$f":"params!$C$16*Inputs!$R$30*(G1341-Inputs!$R$26)","v":-891.8874983823348},{"$f":"Inputs!$R$41*Inputs!$R$42/8760","v":0},0,1144.6654335441779,7.1067740933079149E-3,2.4873709326577705E-3,{"$f":"-N1341/(1.202*2465560*MAX(0,(Inputs!$R$49-Q1341)))","v":0},{"$f":"params!$C$16*R1341*(G1341-Inputs!$R$26)","v":0},-6587.4286320045103,{"$f":"E1341*params!$C$8","v":0}]
["2002-02-25",2,25,"21:00:00",0,0,4,-4,54,{"$f":"Inputs!$R$38*Inputs!$R$33*(G1342-Inputs!$R$26)","v":-34173.246801733054},{"$f":"Inputs!$R$34*E1342*Inputs!$R$39","v":0},{"$f":"params!$C$16*Inputs!$R$30*(G1342-Inputs!$R$26)","v":-5351.3249902940088},{"$f":"Inputs!$R$41*Inputs!$R$42/8760","v":0},0,811.08667612094962,5.0190035800134264E-3,2.7102619332072505E-3,{"$f":"-N1342/(1.202*2465560*MAX(0,(Inputs!$R$49-Q1342)))","v":0},{"$f":"params!$C$16*R1342*(G1342-Inputs!$R$26)","v":0},-39524.571792027062,{"$f":"E1342*params!$C$8","v":0}]
["2002-02-25",2,25,"22:00:00",0,0,1,-3,72,{"$f":"Inputs!$R$38*Inputs!$R$33*(G1343-Inputs!$R$26)","v":-51259.870202599574},{"$f":"Inputs!$R$34*E1343*Inputs!$R$39","v":0},{"$f":"params!$C$16*Inputs!$R$30*(G1343-Inputs!$R$26)","v":-8026.9874854410136},{"$f":"Inputs!$R$41*Inputs!$R$42/8760","v":0},0,655.14373774848059,4.0477489204243187E-3,2.9143792227055093E-3,{"$f":"-N1343/(1.202*2465560*MAX(0,(Inputs!$R$49-Q1343)))","v":0},{"$f":"params!$C$16*R1343*(G1343-Inputs!$R$26)","v":0},-59286.857688040589,{"$f":"E1343*params!$C$8","v":0}]
["2002-02-25",2,25,"23:00:00",0,0,0,-4,72,{"$f":"Inputs!$R$38*Inputs!$R$33*(G1344-Inputs!$R$26)","v":-56955.411336221747},{"$f":"Inputs!$R$34*E1344*Inputs!$R$39","v":0},{"$f":"params!$C$16*Inputs!$R$30*(G1344-Inputs!$R$26)","v":-8918.8749838233489},{"$f":"Inputs!$R$41*Inputs!$R$42/8760","v":0},0,609.41773586642103,3.7635253138895938E-3,2.7097382260005075E-3,{"$f":"-N1344/(1.202*2465560*MAX(0,(Inputs!$R$49-Q1344)))","v":0},{"$f":"params!$C$16*R1344*(G1344-Inputs!$R$26)","v":0},-65874.286320045096,{"$f":"E1344*params!$C$8","v":0}]
["2002-02-25",2,25,1,0,8,1,-3,72,{"$f":"Inputs!$R$38*Inputs!$R$33*(G1345-Inputs!$R$26)","v":-51259.870202599574},{"$f":"Inputs!$R$34*E1345*Inputs!$R$39","v":0},{"$f":"params!$C$16*Inputs!$R$30*(G1345-Inputs!$R$26)","v":-8026.9874854410136},{"$f":"Inputs!$R$41*Inputs!$R$42/8760","v":0},0,655.14373774848059,4.0477489204243187E-3,2.9143792227055093E-3,{"$f":"-N1345/(1.202*2465560*MAX(0,(Inputs!$R$49-Q1345)))","v":0},{"$f":"params!$C$16*R1345*(G1345-Inputs!$R$26)","v":0},-59286.857688040589,{"$f":"E1345*params!$C$8","v":0}]
["2002-02-26",2,26,"01:00:00",0,0,-1,-4,78,{"$f":"Inputs!$R$38*Inputs!$R$33*(G1346-Inputs!$R$26)","v":-62650.952469843927},{"$f":"Inputs!$R$34*E1346*Inputs!$R$39","v":0},{"$f":"params!$C$16*Inputs!$R$30*(G1346-Inputs!$R$26)","v":-9810.7624822056823},{"$f":"Inputs!$R$41*Inputs!$R$42/8760","v":0},0,566.54310372490409,3.4972595900071069E-3,2.7278624802055435E-3,{"$f":"-N1346/(1.202*2465560*MAX(0,(Inputs!$R$49-Q1346)))","v":0},{"$f":"params!$C$16*R1346*(G1346-Inputs!$R$26)","v":0},-72461.714952049602,{"$f":"E1346*params!$C$8","v":0}]
["2002-02-26",{"$f":"MONTH(A1347)","v":2},{"$f":"DAY(A1347)","v":26},"02:00:00",0,8,-2,-4,85,{"$f":"Inputs!$R$38*Inputs!$R$33*(G1347-Inputs!$R$26)","v":-68346.493603466108},{"$f":"Inputs!$R$34*E1347*Inputs!$R$39","v":0},{"$f":"params!$C$16*Inputs!$R$30*(G1347-Inputs!$R$26)","v":-10702.649980588018},{"$f":"Inputs!$R$41*Inputs!$R$42/8760","v":0},0,{"$f":"EXP(77.345+0.0057*(G1347+273.15)-7235/(G1347+273.15))/(G1347+273.15)^8.2","v":526.36516305985776},{"$f":"0.62198*O1347/(101325-O1347)","v":3.2479468065175691E-3},{"$f":"P1347*I1347/100","v":2.7607547855399341E-3},{"$f":"-N1347/(1.202*2465560*MAX(0,(Inputs!$R$49-Q1347)))","v":0},{"$f":"params!$C$16*R1347*(G1347-Inputs!$R$26)","v":0},{"$f":"J1347+K1347+L1347+M1347+N1347+S1347","v":-79049.143584054123},{"$f":"E1347*params!$C$8","v":0}]
["2002-02-26",2,26,"03:00:00",0,10,1,-2,79,{"$f":"Inputs!$R$38*Inputs!$R$33*(G1348-Inputs!$R$26)","v":-51259.870202599574},{"$f":"Inputs!$R$34*E1348*Inputs!$R$39","v":0},{"$f":"params!$C$16*Inputs!$R$30*(G1348-Inputs!$R$26)","v":-8026.9874854410136},{"$f":"Inputs!$R$41*Inputs!$R$42/8760","v":0},0,655.14373774848059,4.0477489204243187E-3,3.1977216471352115E-3,{"$f":"-N1348/(1.202*2465560*MAX(0,(Inputs!$R$49-Q1348)))","v":0},{"$f":"params!$C$16*R1348*(G1348-Inputs!$R$26)","v":0},-59286.857688040589,{"$f":"E1348*params!$C$8","v":0}]
["2002-02-26",2,26,"04:00:00",0,5,-1.1000000000000001,-3.5,82,{"$f":"Inputs!$R$38*Inputs!$R$33*(G1349-Inputs!$R$26)","v":-63220.506583206137},{"$f":"Inputs!$R$34*E1349*Inputs!$R$39","v":0},{"$f":"params!$C$16*Inputs!$R$30*(G1349-Inputs!$R$26)","v":-9899.9512320439153},{"$f":"Inputs!$R$41*Inputs!$R$42/8760","v":0},0,562.40644944017174,3.4715815770192081E-3,2.8466968931557509E-3,{"$f":"-N1349/(1.202*2465560*MAX(0,(Inputs!$R$49-Q1349)))","v":0},{"$f":"params!$C$16*R1349*(G1349-Inputs!$R$26)","v":0},-73120.457815250047,{"$f":"E1349*params!$C$8","v":0}]
["2002-02-26",2,26,"05:00:00",0,0,-3,-5,84,{"$f":"Inputs!$R$38*Inputs!$R$33*(G1350-Inputs!$R$26)","v":-74042.034737088281},{"$f":"Inputs!$R$34*E1350*Inputs!$R$39","v":0},{"$f":"params!$C$16*Inputs!$R$30*(G1350-Inputs!$R$26)","v":-11594.537478970353},{"$f":"Inputs!$R$41*Inputs!$R$42/8760","v":0},0,488.73621912146871,3.0146312662847319E-3,2.5322902636791748E-3,{"$f":"-N1350/(1.202*2465560*MAX(0,(Inputs!$R$49-Q1350)))","v":0},{"$f":"params!$C$16*R1350*(G1350-Inputs!$R$26)","v":0},-85636.57221605863,{"$f":"E1350*params!$C$8","v":0}]
["2002-02-26",2,26,"06:00:00",0,0,-3,-4,92,{"$f":"Inputs!$R$38*Inputs!$R$33*(G1351-Inputs!$R$26)","v":-74042.034737088281},{"$f":"Inputs!$R$34*E1351*Inputs!$R$39","v":0},{"$f":"params!$C$16*Inputs!$R$30*(G1351-Inputs!$R$26)","v":-11594.537478970353},{"$f":"Inputs!$R$41*Inputs!$R$42/8760","v":0},0,488.73621912146871,3.0146312662847319E-3,2.7734607649819529E-3,{"$f":"-N1351/(1.202*2465560*MAX(0,(Inputs!$R$49-Q1351)))","v":0},{"$f":"params!$C$16*R1351*(G1351-Inputs!$R$26)","v":0},-85636.57221605863,{"$f":"E1351*params!$C$8","v":0}]
["2002-02-26",2,26,"07:00:00",0,1,-4,-6,84,{"$f":"Inputs!$R$38*Inputs!$R$33*(G1352-Inputs!$R$26)","v":-79737.575870710454},{"$f":"Inputs!$R$34*E1352*Inputs!$R$39","v":0},{"$f":"params!$C$16*Inputs!$R$30*(G1352-Inputs!$R$26)","v":-12486.424977352686},{"$f":"Inputs!$R$41*Inputs!$R$42/8760","v":0},0,453.51532044328405,2.7964043545646504E-3,2.3489796578343063E-3,{"$f":"-N1352/(1.202*2465560*MAX(0,(Inputs!$R$49-Q1352)))","v":0},{"$f":"params!$C$16*R1352*(G1352-Inputs!$R$26)","v":0},-92224.000848063137,{"$f":"E1352*params!$C$8","v":0}]
["2002-02-26",2,26,"08:00:00",79,1,-1,-3,85,{"$f":"Inputs!$R$38*Inputs!$R$33*(G1353-Inputs!$R$26)","v":-62650.952469843927},{"$f":"Inputs!$R$34*E1353*Inputs!$R$39","v":46237.887754438445},{"$f":"params!$C$16*Inputs!$R$30*(G1353-Inputs!$R$26)","v":-9810.7624822056823},{"$f":"Inputs!$R$41*Inputs!$R$42/8760","v":0},0,566.54310372490409,3.4972595900071069E-3,2.9726706515060407E-3,{"$f":"-N1353/(1.202*2465560*MAX(0,(Inputs!$R$49-Q1353)))","v":0},{"$f":"params!$C$16*R1353*(G1353-Inputs!$R$26)","v":0},-26223.827197611165,{"$f":"E1353*params!$C$8","v":163.64849999999998}]
["2002-02-26",2,26,"09:00:00",270,0,7,-2,52,{"$f":"Inputs!$R$38*Inputs!$R$33*(G1354-Inputs!$R$26)","v":-17086.623400866527},{"$f":"Inputs!$R$34*E1354*Inputs!$R$39","v":158028.22397086557},{"$f":"params!$C$16*Inputs!$R$30*(G1354-Inputs!$R$26)","v":-2675.6624951470044},{"$f":"Inputs!$R$41*Inputs!$R$42/8760","v":0},0,998.98316002102877,6.193284308903993E-3,3.2205078406300765E-3,{"$f":"-N1354/(1.202*2465560*MAX(0,(Inputs!$R$49-Q1354)))","v":0},{"$f":"params!$C$16*R1354*(G1354-Inputs!$R$26)","v":0},138265.93807485205,{"$f":"E1354*params!$C$8","v":559.30499999999995}]
["2002-02-26",2,26,"10:00:00",427,0,10,-2,42,{"$f":"Inputs!$R$38*Inputs!$R$33*(G1355-Inputs!$R$26)","v":0},{"$f":"Inputs!$R$34*E1355*Inputs!$R$39","v":249918.70976133185},{"$f":"params!$C$16*Inputs!$R$30*(G1355-Inputs!$R$26)","v":0},{"$f":"Inputs!$R$41*Inputs!$R$42/8760","v":0},0,1224.2915728566036,7.6071876458255446E-3,3.1950188112467286E-3,{"$f":"-N1355/(1.202*2465560*MAX(0,(Inputs!$R$49-Q1355)))","v":0},{"$f":"params!$C$16*R1355*(G1355-Inputs!$R$26)","v":0},249918.70976133185,{"$f":"E1355*params!$C$8","v":884.53049999999996}]
["2002-02-26",2,26,"11:00:00",565,8,14,-2,32,{"$f":"Inputs!$R$38*Inputs!$R$33*(G1356-Inputs!$R$26)","v":22782.1645344887},{"$f":"Inputs!$R$34*E1356*Inputs!$R$39","v":330688.69090199651},{"$f":"params!$C$16*Inputs!$R$30*(G1356-Inputs!$R$26)","v":3567.5499935293392},{"$f":"Inputs!$R$41*Inputs!$R$42/8760","v":0},0,1593.7190459500907,9.939322574797271E-3,3.1805832239351268E-3,{"$f":"-N1356/(1.202*2465560*MAX(0,(Inputs!$R$49-Q1356)))","v":0},{"$f":"params!$C$16*R1356*(G1356-Inputs!$R$26)","v":0},357038.40543001454,{"$f":"E1356*params!$C$8","v":1170.3975}]
["2002-02-26",2,26,"12:00:00",154,10,13,-1,38,{"$f":"Inputs!$R$38*Inputs!$R$33*(G1357-Inputs!$R$26)","v":17086.623400866527},{"$f":"Inputs!$R$34*E1357*Inputs!$R$39","v":90134.616635234444},{"$f":"params!$C$16*Inputs!$R$30*(G1357-Inputs!$R$26)","v":2675.6624951470044},{"$f":"Inputs!$R$41*Inputs!$R$42/8760","v":0},0,1493.2057396927576,9.303089390063848E-3,3.535173968224262E-3,{"$f":"-N1357/(1.202*2465560*MAX(0,(Inputs!$R$49-Q1357)))","v":0},{"$f":"params!$C$16*R1357*(G1357-Inputs!$R$26)","v":0},109896.90253124796,{"$f":"E1357*params!$C$8","v":319.01099999999997}]
["2002-02-26",2,26,"13:00:00",156,10,10,0,50,{"$f":"Inputs!$R$38*Inputs!$R$33*(G1358-Inputs!$R$26)","v":0},{"$f":"Inputs!$R$34*E1358*Inputs!$R$39","v":91305.196072055667},{"$f":"params!$C$16*Inputs!$R$30*(G1358-Inputs!$R$26)","v":0},{"$f":"Inputs!$R$41*Inputs!$R$42/8760","v":0},0,1224.2915728566036,7.6071876458255446E-3,3.8035938229127723E-3,{"$f":"-N1358/(1.202*2465560*MAX(0,(Inputs!$R$49-Q1358)))","v":0},{"$f":"params!$C$16*R1358*(G1358-Inputs!$R$26)","v":0},91305.196072055667,{"$f":"E1358*params!$C$8","v":323.154}]
["2002-02-26",2,26,"14:00:00",456,5,11,0,47,{"$f":"Inputs!$R$38*Inputs!$R$33*(G1359-Inputs!$R$26)","v":5695.541133622175},{"$f":"Inputs!$R$34*E1359*Inputs!$R$39","v":266892.11159523961},{"$f":"params!$C$16*Inputs!$R$30*(G1359-Inputs!$R$26)","v":891.8874983823348},{"$f":"Inputs!$R$41*Inputs!$R$42/8760","v":0},0,1308.7561751391206,8.138879592783612E-3,3.8252734086082979E-3,{"$f":"-N1359/(1.202*2465560*MAX(0,(Inputs!$R$49-Q1359)))","v":0},{"$f":"params!$C$16*R1359*(G1359-Inputs!$R$26)","v":0},273479.54022724414,{"$f":"E1359*params!$C$8","v":944.60399999999993}]
["2002-02-26",2,26,"15:00:00",385,8,12,0,44,{"$f":"Inputs!$R$38*Inputs!$R$33*(G1360-Inputs!$R$26)","v":11391.08226724435},{"$f":"Inputs!$R$34*E1360*Inputs!$R$39","v":225336.54158808611},{"$f":"params!$C$16*Inputs!$R$30*(G1360-Inputs!$R$26)","v":1783.7749967646696},{"$f":"Inputs!$R$41*Inputs!$R$42/8760","v":0},0,1398.3079270856979,8.70357605607666E-3,3.8295734646737307E-3,{"$f":"-N1360/(1.202*2465560*MAX(0,(Inputs!$R$49-Q1360)))","v":0},{"$f":"params!$C$16*R1360*(G1360-Inputs!$R$26)","v":0},238511.39885209512,{"$f":"E1360*params!$C$8","v":797.52749999999992}]
["2002-02-26",2,26,"16:00:00",376,5,12,0,44,{"$f":"Inputs!$R$38*Inputs!$R$33*(G1361-Inputs!$R$26)","v":11391.08226724435},{"$f":"Inputs!$R$34*E1361*Inputs!$R$39","v":220068.93412239058},{"$f":"params!$C$16*Inputs!$R$30*(G1361-Inputs!$R$26)","v":1783.7749967646696},{"$f":"Inputs!$R$41*Inputs!$R$42/8760","v":0},0,1398.3079270856979,8.70357605607666E-3,3.8295734646737307E-3,{"$f":"-N1361/(1.202*2465560*MAX(0,(Inputs!$R$49-Q1361)))","v":0},{"$f":"params!$C$16*R1361*(G1361-Inputs!$R$26)","v":0},233243.79138639959,{"$f":"E1361*params!$C$8","v":778.88400000000001}]
["2002-02-26",2,26,"17:00:00",200,8,11,0,47,{"$f":"Inputs!$R$38*Inputs!$R$33*(G1362-Inputs!$R$26)","v":5695.541133622175},{"$f":"Inputs!$R$34*E1362*Inputs!$R$39","v":117057.94368212266},{"$f":"params!$C$16*Inputs!$R$30*(G1362-Inputs!$R$26)","v":891.8874983823348},{"$f":"Inputs!$R$41*Inputs!$R$42/8760","v":0},0,1308.7561751391206,8.138879592783612E-3,3.8252734086082979E-3,{"$f":"-N1362/(1.202*2465560*MAX(0,(Inputs!$R$49-Q1362)))","v":0},{"$f":"params!$C$16*R1362*(G1362-Inputs!$R$26)","v":0},123645.37231412716,{"$f":"E1362*params!$C$8","v":414.29999999999995}]
["2002-02-26",2,26,"18:00:00",32,10,7,0,61,{"$f":"Inputs!$R$38*Inputs!$R$33*(G1363-Inputs!$R$26)","v":-17086.623400866527},{"$f":"Inputs!$R$34*E1363*Inputs!$R$39","v":18729.270989139623},{"$f":"params!$C$16*Inputs!$R$30*(G1363-Inputs!$R$26)","v":-2675.6624951470044},{"$f":"Inputs!$R$41*Inputs!$R$42/8760","v":0},0,998.98316002102877,6.193284308903993E-3,3.7779034284314357E-3,{"$f":"-N1363/(1.202*2465560*MAX(0,(Inputs!$R$49-Q1363)))","v":0},{"$f":"params!$C$16*R1363*(G1363-Inputs!$R$26)","v":0},-1033.0149068739088,{"$f":"E1363*params!$C$8","v":66.287999999999997}]
["2002-02-26",2,26,"19:00:00",0,10,6,-1,60,{"$f":"Inputs!$R$38*Inputs!$R$33*(G1364-Inputs!$R$26)","v":-22782.1645344887},{"$f":"Inputs!$R$34*E1364*Inputs!$R$39","v":0},{"$f":"params!$C$16*Inputs!$R$30*(G1364-Inputs!$R$26)","v":-3567.5499935293392},{"$f":"Inputs!$R$41*Inputs!$R$42/8760","v":0},0,932.4781503104233,5.7771510192606073E-3,3.4662906115563645E-3,{"$f":"-N1364/(1.202*2465560*MAX(0,(Inputs!$R$49-Q1364)))","v":0},{"$f":"params!$C$16*R1364*(G1364-Inputs!$R$26)","v":0},-26349.714528018041,{"$f":"E1364*params!$C$8","v":0}]
["2002-02-26",2,26,"20:00:00",0,10,4,-1,69,{"$f":"Inputs!$R$38*Inputs!$R$33*(G1365-Inputs!$R$26)","v":-34173.246801733054},{"$f":"Inputs!$R$34*E1365*Inputs!$R$39","v":0},{"$f":"params!$C$16*Inputs!$R$30*(G1365-Inputs!$R$26)","v":-5351.3249902940088},{"$f":"Inputs!$R$41*Inputs!$R$42/8760","v":0},0,811.08667612094962,5.0190035800134264E-3,3.4631124702092643E-3,{"$f":"-N1365/(1.202*2465560*MAX(0,(Inputs!$R$49-Q1365)))","v":0},{"$f":"params!$C$16*R1365*(G1365-Inputs!$R$26)","v":0},-39524.571792027062,{"$f":"E1365*params!$C$8","v":0}]
["2002-02-26",2,26,"21:00:00",0,10,4,-3,59,{"$f":"Inputs!$R$38*Inputs!$R$33*(G1366-Inputs!$R$26)","v":-34173.246801733054},{"$f":"Inputs!$R$34*E1366*Inputs!$R$39","v":0},{"$f":"params!$C$16*Inputs!$R$30*(G1366-Inputs!$R$26)","v":-5351.3249902940088},{"$f":"Inputs!$R$41*Inputs!$R$42/8760","v":0},0,811.08667612094962,5.0190035800134264E-3,2.9612121122079217E-3,{"$f":"-N1366/(1.202*2465560*MAX(0,(Inputs!$R$49-Q1366)))","v":0},{"$f":"params!$C$16*R1366*(G1366-Inputs!$R$26)","v":0},-39524.571792027062,{"$f":"E1366*params!$C$8","v":0}]
["2002-02-26",2,26,"22:00:00",0,10,3,-5,53,{"$f":"Inputs!$R$38*Inputs!$R$33*(G1367-Inputs!$R$26)","v":-39868.787935355227},{"$f":"Inputs!$R$34*E1367*Inputs!$R$39","v":0},{"$f":"params!$C$16*Inputs!$R$30*(G1367-Inputs!$R$26)","v":-6243.2124886763431},{"$f":"Inputs!$R$41*Inputs!$R$42/8760","v":0},0,755.80495631325812,4.6743495015895585E-3,2.477405235842466E-3,{"$f":"-N1367/(1.202*2465560*MAX(0,(Inputs!$R$49-Q1367)))","v":0},{"$f":"params!$C$16*R1367*(G1367-Inputs!$R$26)","v":0},-46112.000424031568,{"$f":"E1367*params!$C$8","v":0}]
["2002-02-26",2,26,"23:00:00",0,8,2,-5,57,{"$f":"Inputs!$R$38*Inputs!$R$33*(G1368-Inputs!$R$26)","v":-45564.3290689774},{"$f":"Inputs!$R$34*E1368*Inputs!$R$39","v":0},{"$f":"params!$C$16*Inputs!$R$30*(G1368-Inputs!$R$26)","v":-7135.0999870586784},{"$f":"Inputs!$R$41*Inputs!$R$42/8760","v":0},0,703.88301618186097,4.3509868656616182E-3,2.4800625134271223E-3,{"$f":"-N1368/(1.202*2465560*MAX(0,(Inputs!$R$49-Q1368)))","v":0},{"$f":"params!$C$16*R1368*(G1368-Inputs!$R$26)","v":0},-52699.429056036082,{"$f":"E1368*params!$C$8","v":0}]
["2002-02-26",2,26,1,0,10,2,-7,48,{"$f":"Inputs!$R$38*Inputs!$R$33*(G1369-Inputs!$R$26)","v":-45564.3290689774},{"$f":"Inputs!$R$34*E1369*Inputs!$R$39","v":0},{"$f":"params!$C$16*Inputs!$R$30*(G1369-Inputs!$R$26)","v":-7135.0999870586784},{"$f":"Inputs!$R$41*Inputs!$R$42/8760","v":0},0,703.88301618186097,4.3509868656616182E-3,2.0884736955175767E-3,{"$f":"-N1369/(1.202*2465560*MAX(0,(Inputs!$R$49-Q1369)))","v":0},{"$f":"params!$C$16*R1369*(G1369-Inputs!$R$26)","v":0},-52699.429056036082,{"$f":"E1369*params!$C$8","v":0}]
["2002-02-27",2,27,"01:00:00",0,10,0,-7,55,{"$f":"Inputs!$R$38*Inputs!$R$33*(G1370-Inputs!$R$26)","v":-56955.411336221747},{"$f":"Inputs!$R$34*E1370*Inputs!$R$39","v":0},{"$f":"params!$C$16*Inputs!$R$30*(G1370-Inputs!$R$26)","v":-8918.8749838233489},{"$f":"Inputs!$R$41*Inputs!$R$42/8760","v":0},0,609.41773586642103,3.7635253138895938E-3,2.0699389226392765E-3,{"$f":"-N1370/(1.202*2465560*MAX(0,(Inputs!$R$49-Q1370)))","v":0},{"$f":"params!$C$16*R1370*(G1370-Inputs!$R$26)","v":0},-65874.286320045096,{"$f":"E1370*params!$C$8","v":0}]
["2002-02-27",2,27,"02:00:00",0,10,1,-7,51,{"$f":"Inputs!$R$38*Inputs!$R$33*(G1371-Inputs!$R$26)","v":-51259.870202599574},{"$f":"Inputs!$R$34*E1371*Inputs!$R$39","v":0},{"$f":"params!$C$16*Inputs!$R$30*(G1371-Inputs!$R$26)","v":-8026.9874854410136},{"$f":"Inputs!$R$41*Inputs!$R$42/8760","v":0},0,655.14373774848059,4.0477489204243187E-3,2.0643519494164026E-3,{"$f":"-N1371/(1.202*2465560*MAX(0,(Inputs!$R$49-Q1371)))","v":0},{"$f":"params!$C$16*R1371*(G1371-Inputs!$R$26)","v":0},-59286.857688040589,{"$f":"E1371*params!$C$8","v":0}]
["2002-02-27",2,27,"03:00:00",0,10,0,-8,51,{"$f":"Inputs!$R$38*Inputs!$R$33*(G1372-Inputs!$R$26)","v":-56955.411336221747},{"$f":"Inputs!$R$34*E1372*Inputs!$R$39","v":0},{"$f":"params!$C$16*Inputs!$R$30*(G1372-Inputs!$R$26)","v":-8918.8749838233489},{"$f":"Inputs!$R$41*Inputs!$R$42/8760","v":0},0,609.41773586642103,3.7635253138895938E-3,1.9193979100836929E-3,{"$f":"-N1372/(1.202*2465560*MAX(0,(Inputs!$R$49-Q1372)))","v":0},{"$f":"params!$C$16*R1372*(G1372-Inputs!$R$26)","v":0},-65874.286320045096,{"$f":"E1372*params!$C$8","v":0}]
["2002-02-27",2,27,"04:00:00",0,10,-1,-4,78,{"$f":"Inputs!$R$38*Inputs!$R$33*(G1373-Inputs!$R$26)","v":-62650.952469843927},{"$f":"Inputs!$R$34*E1373*Inputs!$R$39","v":0},{"$f":"params!$C$16*Inputs!$R$30*(G1373-Inputs!$R$26)","v":-9810.7624822056823},{"$f":"Inputs!$R$41*Inputs!$R$42/8760","v":0},0,566.54310372490409,3.4972595900071069E-3,2.7278624802055435E-3,{"$f":"-N1373/(1.202*2465560*MAX(0,(Inputs!$R$49-Q1373)))","v":0},{"$f":"params!$C$16*R1373*(G1373-Inputs!$R$26)","v":0},-72461.714952049602,{"$f":"E1373*params!$C$8","v":0}]
["2002-02-27",2,27,"05:00:00",0,10,-1,-6,66,{"$f":"Inputs!$R$38*Inputs!$R$33*(G1374-Inputs!$R$26)","v":-62650.952469843927},{"$f":"Inputs!$R$34*E1374*Inputs!$R$39","v":0},{"$f":"params!$C$16*Inputs!$R$30*(G1374-Inputs!$R$26)","v":-9810.7624822056823},{"$f":"Inputs!$R$41*Inputs!$R$42/8760","v":0},0,566.54310372490409,3.4972595900071069E-3,2.3081913294046904E-3,{"$f":"-N1374/(1.202*2465560*MAX(0,(Inputs!$R$49-Q1374)))","v":0},{"$f":"params!$C$16*R1374*(G1374-Inputs!$R$26)","v":0},-72461.714952049602,{"$f":"E1374*params!$C$8","v":0}]
["2002-02-27",2,27,"06:00:00",0,8,-2,-9,55,{"$f":"Inputs!$R$38*Inputs!$R$33*(G1375-Inputs!$R$26)","v":-68346.493603466108},{"$f":"Inputs!$R$34*E1375*Inputs!$R$39","v":0},{"$f":"params!$C$16*Inputs!$R$30*(G1375-Inputs!$R$26)","v":-10702.649980588018},{"$f":"Inputs!$R$41*Inputs!$R$42/8760","v":0},0,526.36516305985776,3.2479468065175691E-3,1.7863707435846628E-3,{"$f":"-N1375/(1.202*2465560*MAX(0,(Inputs!$R$49-Q1375)))","v":0},{"$f":"params!$C$16*R1375*(G1375-Inputs!$R$26)","v":0},-79049.143584054123,{"$f":"E1375*params!$C$8","v":0}]
["2002-02-27",2,27,"07:00:00",0,0,-3,-10,55,{"$f":"Inputs!$R$38*Inputs!$R$33*(G1376-Inputs!$R$26)","v":-74042.034737088281},{"$f":"Inputs!$R$34*E1376*Inputs!$R$39","v":0},{"$f":"params!$C$16*Inputs!$R$30*(G1376-Inputs!$R$26)","v":-11594.537478970353},{"$f":"Inputs!$R$41*Inputs!$R$42/8760","v":0},0,488.73621912146871,3.0146312662847319E-3,1.6580471964566027E-3,{"$f":"-N1376/(1.202*2465560*MAX(0,(Inputs!$R$49-Q1376)))","v":0},{"$f":"params!$C$16*R1376*(G1376-Inputs!$R$26)","v":0},-85636.57221605863,{"$f":"E1376*params!$C$8","v":0}]
["2002-02-27",2,27,"08:00:00",38,0,-3,-12,46,{"$f":"Inputs!$R$38*Inputs!$R$33*(G1377-Inputs!$R$26)","v":-74042.034737088281},{"$f":"Inputs!$R$34*E1377*Inputs!$R$39","v":22241.009299603302},{"$f":"params!$C$16*Inputs!$R$30*(G1377-Inputs!$R$26)","v":-11594.537478970353},{"$f":"Inputs!$R$41*Inputs!$R$42/8760","v":0},0,488.73621912146871,3.0146312662847319E-3,1.3867303824909765E-3,{"$f":"-N1377/(1.202*2465560*MAX(0,(Inputs!$R$49-Q1377)))","v":0},{"$f":"params!$C$16*R1377*(G1377-Inputs!$R$26)","v":0},-63395.562916455325,{"$f":"E1377*params!$C$8","v":78.716999999999999}]
["2002-02-27",2,27,"09:00:00",276,3,-3,-12,46,{"$f":"Inputs!$R$38*Inputs!$R$33*(G1378-Inputs!$R$26)","v":-74042.034737088281},{"$f":"Inputs!$R$34*E1378*Inputs!$R$39","v":161539.96228132927},{"$f":"params!$C$16*Inputs!$R$30*(G1378-Inputs!$R$26)","v":-11594.537478970353},{"$f":"Inputs!$R$41*Inputs!$R$42/8760","v":0},0,488.73621912146871,3.0146312662847319E-3,1.3867303824909765E-3,{"$f":"-N1378/(1.202*2465560*MAX(0,(Inputs!$R$49-Q1378)))","v":0},{"$f":"params!$C$16*R1378*(G1378-Inputs!$R$26)","v":0},75903.390065270636,{"$f":"E1378*params!$C$8","v":571.73399999999992}]
["2002-02-27",2,27,"10:00:00",433,3,-2,-11,46,{"$f":"Inputs!$R$38*Inputs!$R$33*(G1379-Inputs!$R$26)","v":-68346.493603466108},{"$f":"Inputs!$R$34*E1379*Inputs!$R$39","v":253430.44807179554},{"$f":"params!$C$16*Inputs!$R$30*(G1379-Inputs!$R$26)","v":-10702.649980588018},{"$f":"Inputs!$R$41*Inputs!$R$42/8760","v":0},0,526.36516305985776,3.2479468065175691E-3,1.4940555309980819E-3,{"$f":"-N1379/(1.202*2465560*MAX(0,(Inputs!$R$49-Q1379)))","v":0},{"$f":"params!$C$16*R1379*(G1379-Inputs!$R$26)","v":0},174381.30448774141,{"$f":"E1379*params!$C$8","v":896.95949999999993}]
["2002-02-27",2,27,"11:00:00",571,3,-1,-11,42,{"$f":"Inputs!$R$38*Inputs!$R$33*(G1380-Inputs!$R$26)","v":-62650.952469843927},{"$f":"Inputs!$R$34*E1380*Inputs!$R$39","v":334200.42921246018},{"$f":"params!$C$16*Inputs!$R$30*(G1380-Inputs!$R$26)","v":-9810.7624822056823},{"$f":"Inputs!$R$41*Inputs!$R$42/8760","v":0},0,566.54310372490409,3.4972595900071069E-3,1.4688490278029851E-3,{"$f":"-N1380/(1.202*2465560*MAX(0,(Inputs!$R$49-Q1380)))","v":0},{"$f":"params!$C$16*R1380*(G1380-Inputs!$R$26)","v":0},261738.71426041058,{"$f":"E1380*params!$C$8","v":1182.8264999999999}]
["2002-02-27",2,27,"12:00:00",652,8,-1,-12,39,{"$f":"Inputs!$R$38*Inputs!$R$33*(G1381-Inputs!$R$26)","v":-62650.952469843927},{"$f":"Inputs!$R$34*E1381*Inputs!$R$39","v":381608.89640371985},{"$f":"params!$C$16*Inputs!$R$30*(G1381-Inputs!$R$26)","v":-9810.7624822056823},{"$f":"Inputs!$R$41*Inputs!$R$42/8760","v":0},0,566.54310372490409,3.4972595900071069E-3,1.3639312401027717E-3,{"$f":"-N1381/(1.202*2465560*MAX(0,(Inputs!$R$49-Q1381)))","v":0},{"$f":"params!$C$16*R1381*(G1381-Inputs!$R$26)","v":0},309147.18145167024,{"$f":"E1381*params!$C$8","v":1350.6179999999999}]
["2002-02-27",2,27,"13:00:00",671,8,-1,-12,39,{"$f":"Inputs!$R$38*Inputs!$R$33*(G1382-Inputs!$R$26)","v":-62650.952469843927},{"$f":"Inputs!$R$34*E1382*Inputs!$R$39","v":392729.40105352155},{"$f":"params!$C$16*Inputs!$R$30*(G1382-Inputs!$R$26)","v":-9810.7624822056823},{"$f":"Inputs!$R$41*Inputs!$R$42/8760","v":0},0,566.54310372490409,3.4972595900071069E-3,1.3639312401027717E-3,{"$f":"-N1382/(1.202*2465560*MAX(0,(Inputs!$R$49-Q1382)))","v":0},{"$f":"params!$C$16*R1382*(G1382-Inputs!$R$26)","v":0},320267.68610147195,{"$f":"E1382*params!$C$8","v":1389.9765}]
["2002-02-27",2,27,"14:00:00",491,8,-1,-11,42,{"$f":"Inputs!$R$38*Inputs!$R$33*(G1383-Inputs!$R$26)","v":-62650.952469843927},{"$f":"Inputs!$R$34*E1383*Inputs!$R$39","v":287377.25173961109},{"$f":"params!$C$16*Inputs!$R$30*(G1383-Inputs!$R$26)","v":-9810.7624822056823},{"$f":"Inputs!$R$41*Inputs!$R$42/8760","v":0},0,566.54310372490409,3.4972595900071069E-3,1.4688490278029851E-3,{"$f":"-N1383/(1.202*2465560*MAX(0,(Inputs!$R$49-Q1383)))","v":0},{"$f":"params!$C$16*R1383*(G1383-Inputs!$R$26)","v":0},214915.53678756149,{"$f":"E1383*params!$C$8","v":1017.1065}]
["2002-02-27",2,27,"15:00:00",351,10,-1,-12,39,{"$f":"Inputs!$R$38*Inputs!$R$33*(G1384-Inputs!$R$26)","v":-62650.952469843927},{"$f":"Inputs!$R$34*E1384*Inputs!$R$39","v":205436.69116212524},{"$f":"params!$C$16*Inputs!$R$30*(G1384-Inputs!$R$26)","v":-9810.7624822056823},{"$f":"Inputs!$R$41*Inputs!$R$42/8760","v":0},0,566.54310372490409,3.4972595900071069E-3,1.3639312401027717E-3,{"$f":"-N1384/(1.202*2465560*MAX(0,(Inputs!$R$49-Q1384)))","v":0},{"$f":"params!$C$16*R1384*(G1384-Inputs!$R$26)","v":0},132974.97621007561,{"$f":"E1384*params!$C$8","v":727.09649999999999}]
["2002-02-27",2,27,"16:00:00",215,10,-2,-10,50,{"$f":"Inputs!$R$38*Inputs!$R$33*(G1385-Inputs!$R$26)","v":-68346.493603466108},{"$f":"Inputs!$R$34*E1385*Inputs!$R$39","v":125837.28945828184},{"$f":"params!$C$16*Inputs!$R$30*(G1385-Inputs!$R$26)","v":-10702.649980588018},{"$f":"Inputs!$R$41*Inputs!$R$42/8760","v":0},0,526.36516305985776,3.2479468065175691E-3,1.6239734032587846E-3,{"$f":"-N1385/(1.202*2465560*MAX(0,(Inputs!$R$49-Q1385)))","v":0},{"$f":"params!$C$16*R1385*(G1385-Inputs!$R$26)","v":0},46788.145874227717,{"$f":"E1385*params!$C$8","v":445.3725}]
["2002-02-27",2,27,"17:00:00",186,10,-3,-10,55,{"$f":"Inputs!$R$38*Inputs!$R$33*(G1386-Inputs!$R$26)","v":-74042.034737088281},{"$f":"Inputs!$R$34*E1386*Inputs!$R$39","v":108863.88762437405},{"$f":"params!$C$16*Inputs!$R$30*(G1386-Inputs!$R$26)","v":-11594.537478970353},{"$f":"Inputs!$R$41*Inputs!$R$42/8760","v":0},0,488.73621912146871,3.0146312662847319E-3,1.6580471964566027E-3,{"$f":"-N1386/(1.202*2465560*MAX(0,(Inputs!$R$49-Q1386)))","v":0},{"$f":"params!$C$16*R1386*(G1386-Inputs!$R$26)","v":0},23227.315408315419,{"$f":"E1386*params!$C$8","v":385.29899999999998}]
["2002-02-27",2,27,"18:00:00",13,10,-4,-8,71,{"$f":"Inputs!$R$38*Inputs!$R$33*(G1387-Inputs!$R$26)","v":-79737.575870710454},{"$f":"Inputs!$R$34*E1387*Inputs!$R$39","v":7608.7663393379726},{"$f":"params!$C$16*Inputs!$R$30*(G1387-Inputs!$R$26)","v":-12486.424977352686},{"$f":"Inputs!$R$41*Inputs!$R$42/8760","v":0},0,453.51532044328405,2.7964043545646504E-3,1.9854470917409018E-3,{"$f":"-N1387/(1.202*2465560*MAX(0,(Inputs!$R$49-Q1387)))","v":0},{"$f":"params!$C$16*R1387*(G1387-Inputs!$R$26)","v":0},-84615.23450872516,{"$f":"E1387*params!$C$8","v":26.929499999999997}]
["2002-02-27",2,27,"19:00:00",0,10,-4,-10,59,{"$f":"Inputs!$R$38*Inputs!$R$33*(G1388-Inputs!$R$26)","v":-79737.575870710454},{"$f":"Inputs!$R$34*E1388*Inputs!$R$39","v":0},{"$f":"params!$C$16*Inputs!$R$30*(G1388-Inputs!$R$26)","v":-12486.424977352686},{"$f":"Inputs!$R$41*Inputs!$R$42/8760","v":0},0,453.51532044328405,2.7964043545646504E-3,1.6498785691931436E-3,{"$f":"-N1388/(1.202*2465560*MAX(0,(Inputs!$R$49-Q1388)))","v":0},{"$f":"params!$C$16*R1388*(G1388-Inputs!$R$26)","v":0},-92224.000848063137,{"$f":"E1388*params!$C$8","v":0}]
["2002-02-27",2,27,"20:00:00",0,10,-5,-12,54,{"$f":"Inputs!$R$38*Inputs!$R$33*(G1389-Inputs!$R$26)","v":-85433.117004332627},{"$f":"Inputs!$R$34*E1389*Inputs!$R$39","v":0},{"$f":"params!$C$16*Inputs!$R$30*(G1389-Inputs!$R$26)","v":-13378.312475735022},{"$f":"Inputs!$R$41*Inputs!$R$42/8760","v":0},0,420.56802345265027,2.5924024753231664E-3,1.3998973366745099E-3,{"$f":"-N1389/(1.202*2465560*MAX(0,(Inputs!$R$49-Q1389)))","v":0},{"$f":"params!$C$16*R1389*(G1389-Inputs!$R$26)","v":0},-98811.429480067643,{"$f":"E1389*params!$C$8","v":0}]
["2002-02-27",2,27,"21:00:00",0,10,-5,-11,59,{"$f":"Inputs!$R$38*Inputs!$R$33*(G1390-Inputs!$R$26)","v":-85433.117004332627},{"$f":"Inputs!$R$34*E1390*Inputs!$R$39","v":0},{"$f":"params!$C$16*Inputs!$R$30*(G1390-Inputs!$R$26)","v":-13378.312475735022},{"$f":"Inputs!$R$41*Inputs!$R$42/8760","v":0},0,420.56802345265027,2.5924024753231664E-3,1.529517460440668E-3,{"$f":"-N1390/(1.202*2465560*MAX(0,(Inputs!$R$49-Q1390)))","v":0},{"$f":"params!$C$16*R1390*(G1390-Inputs!$R$26)","v":0},-98811.429480067643,{"$f":"E1390*params!$C$8","v":0}]
["2002-02-27",2,27,"22:00:00",0,10,-6,-8,84,{"$f":"Inputs!$R$38*Inputs!$R$33*(G1391-Inputs!$R$26)","v":-91128.658137954801},{"$f":"Inputs!$R$34*E1391*Inputs!$R$39","v":0},{"$f":"params!$C$16*Inputs!$R$30*(G1391-Inputs!$R$26)","v":-14270.199974117357},{"$f":"Inputs!$R$41*Inputs!$R$42/8760","v":0},0,389.76616195693094,2.4018050803048703E-3,2.0175162674560907E-3,{"$f":"-N1391/(1.202*2465560*MAX(0,(Inputs!$R$49-Q1391)))","v":0},{"$f":"params!$C$16*R1391*(G1391-Inputs!$R$26)","v":0},-105398.85811207216,{"$f":"E1391*params!$C$8","v":0}]
["2002-02-27",2,27,"23:00:00",0,10,-7,-9,84,{"$f":"Inputs!$R$38*Inputs!$R$33*(G1392-Inputs!$R$26)","v":-96824.199271576974},{"$f":"Inputs!$R$34*E1392*Inputs!$R$39","v":0},{"$f":"params!$C$16*Inputs!$R$30*(G1392-Inputs!$R$26)","v":-15162.087472499692},{"$f":"Inputs!$R$41*Inputs!$R$42/8760","v":0},0,360.98762153500678,2.2238327850987206E-3,1.8680195394829252E-3,{"$f":"-N1392/(1.202*2465560*MAX(0,(Inputs!$R$49-Q1392)))","v":0},{"$f":"params!$C$16*R1392*(G1392-Inputs!$R$26)","v":0},-111986.28674407667,{"$f":"E1392*params!$C$8","v":0}]
["2002-02-27",2,27,1,0,10,-7,-9,84,{"$f":"Inputs!$R$38*Inputs!$R$33*(G1393-Inputs!$R$26)","v":-96824.199271576974},{"$f":"Inputs!$R$34*E1393*Inputs!$R$39","v":0},{"$f":"params!$C$16*Inputs!$R$30*(G1393-Inputs!$R$26)","v":-15162.087472499692},{"$f":"Inputs!$R$41*Inputs!$R$42/8760","v":0},0,360.98762153500678,2.2238327850987206E-3,1.8680195394829252E-3,{"$f":"-N1393/(1.202*2465560*MAX(0,(Inputs!$R$49-Q1393)))","v":0},{"$f":"params!$C$16*R1393*(G1393-Inputs!$R$26)","v":0},-111986.28674407667,{"$f":"E1393*params!$C$8","v":0}]
["2002-02-28",2,28,"01:00:00",0,10,-7,-12,64,{"$f":"Inputs!$R$38*Inputs!$R$33*(G1394-Inputs!$R$26)","v":-96824.199271576974},{"$f":"Inputs!$R$34*E1394*Inputs!$R$39","v":0},{"$f":"params!$C$16*Inputs!$R$30*(G1394-Inputs!$R$26)","v":-15162.087472499692},{"$f":"Inputs!$R$41*Inputs!$R$42/8760","v":0},0,360.98762153500678,2.2238327850987206E-3,1.4232529824631812E-3,{"$f":"-N1394/(1.202*2465560*MAX(0,(Inputs!$R$49-Q1394)))","v":0},{"$f":"params!$C$16*R1394*(G1394-Inputs!$R$26)","v":0},-111986.28674407667,{"$f":"E1394*params!$C$8","v":0}]
["2002-02-28",2,28,"02:00:00",0,10,-7,-12,64,{"$f":"Inputs!$R$38*Inputs!$R$33*(G1395-Inputs!$R$26)","v":-96824.199271576974},{"$f":"Inputs!$R$34*E1395*Inputs!$R$39","v":0},{"$f":"params!$C$16*Inputs!$R$30*(G1395-Inputs!$R$26)","v":-15162.087472499692},{"$f":"Inputs!$R$41*Inputs!$R$42/8760","v":0},0,360.98762153500678,2.2238327850987206E-3,1.4232529824631812E-3,{"$f":"-N1395/(1.202*2465560*MAX(0,(Inputs!$R$49-Q1395)))","v":0},{"$f":"params!$C$16*R1395*(G1395-Inputs!$R$26)","v":0},-111986.28674407667,{"$f":"E1395*params!$C$8","v":0}]
["2002-02-28",2,28,"03:00:00",0,10,-7,-12,64,{"$f":"Inputs!$R$38*Inputs!$R$33*(G1396-Inputs!$R$26)","v":-96824.199271576974},{"$f":"Inputs!$R$34*E1396*Inputs!$R$39","v":0},{"$f":"params!$C$16*Inputs!$R$30*(G1396-Inputs!$R$26)","v":-15162.087472499692},{"$f":"Inputs!$R$41*Inputs!$R$42/8760","v":0},0,360.98762153500678,2.2238327850987206E-3,1.4232529824631812E-3,{"$f":"-N1396/(1.202*2465560*MAX(0,(Inputs!$R$49-Q1396)))","v":0},{"$f":"params!$C$16*R1396*(G1396-Inputs!$R$26)","v":0},-111986.28674407667,{"$f":"E1396*params!$C$8","v":0}]
["2002-02-28",2,28,"04:00:00",0,10,-7,-12,64,{"$f":"Inputs!$R$38*Inputs!$R$33*(G1397-Inputs!$R$26)","v":-96824.199271576974},{"$f":"Inputs!$R$34*E1397*Inputs!$R$39","v":0},{"$f":"params!$C$16*Inputs!$R$30*(G1397-Inputs!$R$26)","v":-15162.087472499692},{"$f":"Inputs!$R$41*Inputs!$R$42/8760","v":0},0,360.98762153500678,2.2238327850987206E-3,1.4232529824631812E-3,{"$f":"-N1397/(1.202*2465560*MAX(0,(Inputs!$R$49-Q1397)))","v":0},{"$f":"params!$C$16*R1397*(G1397-Inputs!$R$26)","v":0},-111986.28674407667,{"$f":"E1397*params!$C$8","v":0}]
["2002-02-28",2,28,"05:00:00",0,10,-7,-12,64,{"$f":"Inputs!$R$38*Inputs!$R$33*(G1398-Inputs!$R$26)","v":-96824.199271576974},{"$f":"Inputs!$R$34*E1398*Inputs!$R$39","v":0},{"$f":"params!$C$16*Inputs!$R$30*(G1398-Inputs!$R$26)","v":-15162.087472499692},{"$f":"Inputs!$R$41*Inputs!$R$42/8760","v":0},0,360.98762153500678,2.2238327850987206E-3,1.4232529824631812E-3,{"$f":"-N1398/(1.202*2465560*MAX(0,(Inputs!$R$49-Q1398)))","v":0},{"$f":"params!$C$16*R1398*(G1398-Inputs!$R$26)","v":0},-111986.28674407667,{"$f":"E1398*params!$C$8","v":0}]
["2002-02-28",2,28,"06:00:00",0,8,-7,-13,59,{"$f":"Inputs!$R$38*Inputs!$R$33*(G1399-Inputs!$R$26)","v":-96824.199271576974},{"$f":"Inputs!$R$34*E1399*Inputs!$R$39","v":0},{"$f":"params!$C$16*Inputs!$R$30*(G1399-Inputs!$R$26)","v":-15162.087472499692},{"$f":"Inputs!$R$41*Inputs!$R$42/8760","v":0},0,360.98762153500678,2.2238327850987206E-3,1.312061343208245E-3,{"$f":"-N1399/(1.202*2465560*MAX(0,(Inputs!$R$49-Q1399)))","v":0},{"$f":"params!$C$16*R1399*(G1399-Inputs!$R$26)","v":0},-111986.28674407667,{"$f":"E1399*params!$C$8","v":0}]
["2002-02-28",2,28,"07:00:00",0,0,-7,-14,54,{"$f":"Inputs!$R$38*Inputs!$R$33*(G1400-Inputs!$R$26)","v":-96824.199271576974},{"$f":"Inputs!$R$34*E1400*Inputs!$R$39","v":0},{"$f":"params!$C$16*Inputs!$R$30*(G1400-Inputs!$R$26)","v":-15162.087472499692},{"$f":"Inputs!$R$41*Inputs!$R$42/8760","v":0},0,360.98762153500678,2.2238327850987206E-3,1.2008697039533093E-3,{"$f":"-N1400/(1.202*2465560*MAX(0,(Inputs!$R$49-Q1400)))","v":0},{"$f":"params!$C$16*R1400*(G1400-Inputs!$R$26)","v":0},-111986.28674407667,{"$f":"E1400*params!$C$8","v":0}]
["2002-02-28",2,28,"08:00:00",98,3,-6,-13,54,{"$f":"Inputs!$R$38*Inputs!$R$33*(G1401-Inputs!$R$26)","v":-91128.658137954801},{"$f":"Inputs!$R$34*E1401*Inputs!$R$39","v":57358.392404240098},{"$f":"params!$C$16*Inputs!$R$30*(G1401-Inputs!$R$26)","v":-14270.199974117357},{"$f":"Inputs!$R$41*Inputs!$R$42/8760","v":0},0,389.76616195693094,2.4018050803048703E-3,1.2969747433646301E-3,{"$f":"-N1401/(1.202*2465560*MAX(0,(Inputs!$R$49-Q1401)))","v":0},{"$f":"params!$C$16*R1401*(G1401-Inputs!$R$26)","v":0},-48040.46570783206,{"$f":"E1401*params!$C$8","v":203.00699999999998}]
["2002-02-28",2,28,"09:00:00",282,4,-5,-12,54,{"$f":"Inputs!$R$38*Inputs!$R$33*(G1402-Inputs!$R$26)","v":-85433.117004332627},{"$f":"Inputs!$R$34*E1402*Inputs!$R$39","v":165051.70059179293},{"$f":"params!$C$16*Inputs!$R$30*(G1402-Inputs!$R$26)","v":-13378.312475735022},{"$f":"Inputs!$R$41*Inputs!$R$42/8760","v":0},0,420.56802345265027,2.5924024753231664E-3,1.3998973366745099E-3,{"$f":"-N1402/(1.202*2465560*MAX(0,(Inputs!$R$49-Q1402)))","v":0},{"$f":"params!$C$16*R1402*(G1402-Inputs!$R$26)","v":0},66240.271111725291,{"$f":"E1402*params!$C$8","v":584.16300000000001}]
["2002-02-28",2,28,"10:00:00",439,4,-3,-12,46,{"$f":"Inputs!$R$38*Inputs!$R$33*(G1403-Inputs!$R$26)","v":-74042.034737088281},{"$f":"Inputs!$R$34*E1403*Inputs!$R$39","v":256942.18638225921},{"$f":"params!$C$16*Inputs!$R$30*(G1403-Inputs!$R$26)","v":-11594.537478970353},{"$f":"Inputs!$R$41*Inputs!$R$42/8760","v":0},0,488.73621912146871,3.0146312662847319E-3,1.3867303824909765E-3,{"$f":"-N1403/(1.202*2465560*MAX(0,(Inputs!$R$49-Q1403)))","v":0},{"$f":"params!$C$16*R1403*(G1403-Inputs!$R$26)","v":0},171305.61416620057,{"$f":"E1403*params!$C$8","v":909.38849999999991}]
["2002-02-28",2,28,"11:00:00",539,8,-3,-11,50,{"$f":"Inputs!$R$38*Inputs!$R$33*(G1404-Inputs!$R$26)","v":-74042.034737088281},{"$f":"Inputs!$R$34*E1404*Inputs!$R$39","v":315471.15822332056},{"$f":"params!$C$16*Inputs!$R$30*(G1404-Inputs!$R$26)","v":-11594.537478970353},{"$f":"Inputs!$R$41*Inputs!$R$42/8760","v":0},0,488.73621912146871,3.0146312662847319E-3,1.507315633142366E-3,{"$f":"-N1404/(1.202*2465560*MAX(0,(Inputs!$R$49-Q1404)))","v":0},{"$f":"params!$C$16*R1404*(G1404-Inputs!$R$26)","v":0},229834.58600726191,{"$f":"E1404*params!$C$8","v":1116.5384999999999}]
["2002-02-28",2,28,"12:00:00",184,8,-2,-11,46,{"$f":"Inputs!$R$38*Inputs!$R$33*(G1405-Inputs!$R$26)","v":-68346.493603466108},{"$f":"Inputs!$R$34*E1405*Inputs!$R$39","v":107693.30818755284},{"$f":"params!$C$16*Inputs!$R$30*(G1405-Inputs!$R$26)","v":-10702.649980588018},{"$f":"Inputs!$R$41*Inputs!$R$42/8760","v":0},0,526.36516305985776,3.2479468065175691E-3,1.4940555309980819E-3,{"$f":"-N1405/(1.202*2465560*MAX(0,(Inputs!$R$49-Q1405)))","v":0},{"$f":"params!$C$16*R1405*(G1405-Inputs!$R$26)","v":0},28644.164603498721,{"$f":"E1405*params!$C$8","v":381.15600000000001}]
["2002-02-28",2,28,"13:00:00",192,8,-1,-11,42,{"$f":"Inputs!$R$38*Inputs!$R$33*(G1406-Inputs!$R$26)","v":-62650.952469843927},{"$f":"Inputs!$R$34*E1406*Inputs!$R$39","v":112375.62593483775},{"$f":"params!$C$16*Inputs!$R$30*(G1406-Inputs!$R$26)","v":-9810.7624822056823},{"$f":"Inputs!$R$41*Inputs!$R$42/8760","v":0},0,566.54310372490409,3.4972595900071069E-3,1.4688490278029851E-3,{"$f":"-N1406/(1.202*2465560*MAX(0,(Inputs!$R$49-Q1406)))","v":0},{"$f":"params!$C$16*R1406*(G1406-Inputs!$R$26)","v":0},39913.91098278814,{"$f":"E1406*params!$C$8","v":397.72799999999995}]
["2002-02-28",2,28,"14:00:00",596,8,0,-9,46,{"$f":"Inputs!$R$38*Inputs!$R$33*(G1407-Inputs!$R$26)","v":-56955.411336221747},{"$f":"Inputs!$R$34*E1407*Inputs!$R$39","v":348832.67217272549},{"$f":"params!$C$16*Inputs!$R$30*(G1407-Inputs!$R$26)","v":-8918.8749838233489},{"$f":"Inputs!$R$41*Inputs!$R$42/8760","v":0},0,609.41773586642103,3.7635253138895938E-3,1.731221644389213E-3,{"$f":"-N1407/(1.202*2465560*MAX(0,(Inputs!$R$49-Q1407)))","v":0},{"$f":"params!$C$16*R1407*(G1407-Inputs!$R$26)","v":0},282958.38585268043,{"$f":"E1407*params!$C$8","v":1234.614}]
["2002-02-28",2,28,"15:00:00",532,8,1,-11,36,{"$f":"Inputs!$R$38*Inputs!$R$33*(G1408-Inputs!$R$26)","v":-51259.870202599574},{"$f":"Inputs!$R$34*E1408*Inputs!$R$39","v":311374.13019444625},{"$f":"params!$C$16*Inputs!$R$30*(G1408-Inputs!$R$26)","v":-8026.9874854410136},{"$f":"Inputs!$R$41*Inputs!$R$42/8760","v":0},0,655.14373774848059,4.0477489204243187E-3,1.4571896113527547E-3,{"$f":"-N1408/(1.202*2465560*MAX(0,(Inputs!$R$49-Q1408)))","v":0},{"$f":"params!$C$16*R1408*(G1408-Inputs!$R$26)","v":0},252087.27250640569,{"$f":"E1408*params!$C$8","v":1102.038}]
["2002-02-28",2,28,"16:00:00",382,0,1,-12,33,{"$f":"Inputs!$R$38*Inputs!$R$33*(G1409-Inputs!$R$26)","v":-51259.870202599574},{"$f":"Inputs!$R$34*E1409*Inputs!$R$39","v":223580.67243285425},{"$f":"params!$C$16*Inputs!$R$30*(G1409-Inputs!$R$26)","v":-8026.9874854410136},{"$f":"Inputs!$R$41*Inputs!$R$42/8760","v":0},0,655.14373774848059,4.0477489204243187E-3,1.335757143740025E-3,{"$f":"-N1409/(1.202*2465560*MAX(0,(Inputs!$R$49-Q1409)))","v":0},{"$f":"params!$C$16*R1409*(G1409-Inputs!$R$26)","v":0},164293.81474481369,{"$f":"E1409*params!$C$8","v":791.31299999999999}]
["2002-02-28",2,28,"17:00:00",206,3,0,-13,32,{"$f":"Inputs!$R$38*Inputs!$R$33*(G1410-Inputs!$R$26)","v":-56955.411336221747},{"$f":"Inputs!$R$34*E1410*Inputs!$R$39","v":120569.68199258632},{"$f":"params!$C$16*Inputs!$R$30*(G1410-Inputs!$R$26)","v":-8918.8749838233489},{"$f":"Inputs!$R$41*Inputs!$R$42/8760","v":0},0,609.41773586642103,3.7635253138895938E-3,1.2043281004446701E-3,{"$f":"-N1410/(1.202*2465560*MAX(0,(Inputs!$R$49-Q1410)))","v":0},{"$f":"params!$C$16*R1410*(G1410-Inputs!$R$26)","v":0},54695.395672541228,{"$f":"E1410*params!$C$8","v":426.72899999999998}]
["2002-02-28",{"$f":"MONTH(A1411)","v":2},{"$f":"DAY(A1411)","v":28},"18:00:00",34,0,-1,-12,39,{"$f":"Inputs!$R$38*Inputs!$R$33*(G1411-Inputs!$R$26)","v":-62650.952469843927},{"$f":"Inputs!$R$34*E1411*Inputs!$R$39","v":19899.850425960849},{"$f":"params!$C$16*Inputs!$R$30*(G1411-Inputs!$R$26)","v":-9810.7624822056823},{"$f":"Inputs!$R$41*Inputs!$R$42/8760","v":0},0,{"$f":"EXP(77.345+0.0057*(G1411+273.15)-7235/(G1411+273.15))/(G1411+273.15)^8.2","v":566.54310372490409},{"$f":"0.62198*O1411/(101325-O1411)","v":3.4972595900071069E-3},{"$f":"P1411*I1411/100","v":1.3639312401027717E-3},{"$f":"-N1411/(1.202*2465560*MAX(0,(Inputs!$R$49-Q1411)))","v":0},{"$f":"params!$C$16*R1411*(G1411-Inputs!$R$26)","v":0},{"$f":"J1411+K1411+L1411+M1411+N1411+S1411","v":-52561.864526088757},{"$f":"E1411*params!$C$8","v":70.430999999999997}]
["2002-02-28",2,28,"19:00:00",0,0,-4,-12,50,{"$f":"Inputs!$R$38*Inputs!$R$33*(G1412-Inputs!$R$26)","v":-79737.575870710454},{"$f":"Inputs!$R$34*E1412*Inputs!$R$39","v":0},{"$f":"params!$C$16*Inputs!$R$30*(G1412-Inputs!$R$26)","v":-12486.424977352686},{"$f":"Inputs!$R$41*Inputs!$R$42/8760","v":0},0,453.51532044328405,2.7964043545646504E-3,1.3982021772823252E-3,{"$f":"-N1412/(1.202*2465560*MAX(0,(Inputs!$R$49-Q1412)))","v":0},{"$f":"params!$C$16*R1412*(G1412-Inputs!$R$26)","v":0},-92224.000848063137,{"$f":"E1412*params!$C$8","v":0}]
["2002-02-28",2,28,"20:00:00",0,0,-4,-12,50,{"$f":"Inputs!$R$38*Inputs!$R$33*(G1413-Inputs!$R$26)","v":-79737.575870710454},{"$f":"Inputs!$R$34*E1413*Inputs!$R$39","v":0},{"$f":"params!$C$16*Inputs!$R$30*(G1413-Inputs!$R$26)","v":-12486.424977352686},{"$f":"Inputs!$R$41*Inputs!$R$42/8760","v":0},0,453.51532044328405,2.7964043545646504E-3,1.3982021772823252E-3,{"$f":"-N1413/(1.202*2465560*MAX(0,(Inputs!$R$49-Q1413)))","v":0},{"$f":"params!$C$16*R1413*(G1413-Inputs!$R$26)","v":0},-92224.000848063137,{"$f":"E1413*params!$C$8","v":0}]
["2002-02-28",2,28,"21:00:00",0,1,-4,-11,54,{"$f":"Inputs!$R$38*Inputs!$R$33*(G1414-Inputs!$R$26)","v":-79737.575870710454},{"$f":"Inputs!$R$34*E1414*Inputs!$R$39","v":0},{"$f":"params!$C$16*Inputs!$R$30*(G1414-Inputs!$R$26)","v":-12486.424977352686},{"$f":"Inputs!$R$41*Inputs!$R$42/8760","v":0},0,453.51532044328405,2.7964043545646504E-3,1.5100583514649113E-3,{"$f":"-N1414/(1.202*2465560*MAX(0,(Inputs!$R$49-Q1414)))","v":0},{"$f":"params!$C$16*R1414*(G1414-Inputs!$R$26)","v":0},-92224.000848063137,{"$f":"E1414*params!$C$8","v":0}]
["2002-02-28",2,28,"22:00:00",0,0,-3.5,-9.8000000000000007,54,{"$f":"Inputs!$R$38*Inputs!$R$33*(G1415-Inputs!$R$26)","v":-76889.805303899368},{"$f":"Inputs!$R$34*E1415*Inputs!$R$39","v":0},{"$f":"params!$C$16*Inputs!$R$30*(G1415-Inputs!$R$26)","v":-12040.48122816152},{"$f":"Inputs!$R$41*Inputs!$R$42/8760","v":0},0,470.83331665167725,2.9036867382035638E-3,1.5679908386299244E-3,{"$f":"-N1415/(1.202*2465560*MAX(0,(Inputs!$R$49-Q1415)))","v":0},{"$f":"params!$C$16*R1415*(G1415-Inputs!$R$26)","v":0},-88930.286532060883,{"$f":"E1415*params!$C$8","v":0}]
["2002-02-28",2,28,"23:00:00",0,0,-3.2,-8.6,54,{"$f":"Inputs!$R$38*Inputs!$R$33*(G1416-Inputs!$R$26)","v":-75181.142963812701},{"$f":"Inputs!$R$34*E1416*Inputs!$R$39","v":0},{"$f":"params!$C$16*Inputs!$R$30*(G1416-Inputs!$R$26)","v":-11772.914978646819},{"$f":"Inputs!$R$41*Inputs!$R$42/8760","v":0},0,481.50379019800954,2.9698070642482145E-3,1.6036958146940358E-3,{"$f":"-N1416/(1.202*2465560*MAX(0,(Inputs!$R$49-Q1416)))","v":0},{"$f":"params!$C$16*R1416*(G1416-Inputs!$R$26)","v":0},-86954.05794245952,{"$f":"E1416*params!$C$8","v":0}]
["2002-02-28",2,28,1,0,2,-2.8,-7.5,59,{"$f":"Inputs!$R$38*Inputs!$R$33*(G1417-Inputs!$R$26)","v":-72902.926510363846},{"$f":"Inputs!$R$34*E1417*Inputs!$R$39","v":0},{"$f":"params!$C$16*Inputs!$R$30*(G1417-Inputs!$R$26)","v":-11416.159979293887},{"$f":"Inputs!$R$41*Inputs!$R$42/8760","v":0},0,496.06494903212268,3.060058869440949E-3,1.8054347329701597E-3,{"$f":"-N1417/(1.202*2465560*MAX(0,(Inputs!$R$49-Q1417)))","v":0},{"$f":"params!$C$16*R1417*(G1417-Inputs!$R$26)","v":0},-84319.086489657726,{"$f":"E1417*params!$C$8","v":0}]
["1995-03-01",3,1,"01:00:00",0,10,-2.5,-6.3,88,{"$f":"Inputs!$R$38*Inputs!$R$33*(G1418-Inputs!$R$27)","v":-134478.05454385691},{"$f":"Inputs!$R$34*E1418*Inputs!$R$39","v":0},{"$f":"params!$C$16*Inputs!$R$30*(G1418-Inputs!$R$27)","v":-21058.454822916239},{"$f":"Inputs!$R$41*Inputs!$R$42/8760","v":0},{"$f":"-Inputs!$R$45*Inputs!$R$34","v":-90000},507.24103122998616,3.1293472482576833E-3,2.7538255784667616E-3,{"$f":"-N1418/(1.202*2465560*MAX(0,(Inputs!$R$49-Q1418)))","v":3.6834957531222439},{"$f":"params!$C$16*R1418*(G1418-Inputs!$R$27)","v":-104991.53566962782},-350528.04503640096,{"$f":"E1418*params!$C$8","v":0}]
["1995-03-01",3,1,"02:00:00",0,10,-2.1,-5.2,87,{"$f":"Inputs!$R$38*Inputs!$R$33*(G1419-Inputs!$R$27)","v":-132199.83809040804},{"$f":"Inputs!$R$34*E1419*Inputs!$R$39","v":0},{"$f":"params!$C$16*Inputs!$R$30*(G1419-Inputs!$R$27)","v":-20701.699823563304},{"$f":"Inputs!$R$41*Inputs!$R$42/8760","v":0},{"$f":"-Inputs!$R$45*Inputs!$R$34","v":-90000},522.4899415804224,3.2239107307531494E-3,2.8048023357552399E-3,{"$f":"-N1419/(1.202*2465560*MAX(0,(Inputs!$R$49-Q1419)))","v":3.7064130679873823},{"$f":"params!$C$16*R1419*(G1419-Inputs!$R$27)","v":-103855.00681476458},-346756.54472873593,{"$f":"E1419*params!$C$8","v":0}]
["1995-03-01",3,1,"03:00:00",0,10,-1.8,-4,89,{"$f":"Inputs!$R$38*Inputs!$R$33*(G1420-Inputs!$R$27)","v":-130491.17575032139},{"$f":"Inputs!$R$34*E1420*Inputs!$R$39","v":0},{"$f":"params!$C$16*Inputs!$R$30*(G1420-Inputs!$R$27)","v":-20434.133574048603},{"$f":"Inputs!$R$41*Inputs!$R$42/8760","v":0},{"$f":"-Inputs!$R$45*Inputs!$R$34","v":-90000},534.19220383385914,3.2964996928343099E-3,2.9338847266225359E-3,{"$f":"-N1420/(1.202*2465560*MAX(0,(Inputs!$R$49-Q1420)))","v":3.7657395551001875},{"$f":"params!$C$16*R1420*(G1420-Inputs!$R$27)","v":-104153.56058434478},-345078.86990871478,{"$f":"E1420*params!$C$8","v":0}]
["1995-03-01",3,1,"04:00:00",0,10,-1.5,-3,88,{"$f":"Inputs!$R$38*Inputs!$R$33*(G1421-Inputs!$R$27)","v":-128782.51341023474},{"$f":"Inputs!$R$34*E1421*Inputs!$R$39","v":0},{"$f":"params!$C$16*Inputs!$R$30*(G1421-Inputs!$R$27)","v":-20166.567324533902},{"$f":"Inputs!$R$41*Inputs!$R$42/8760","v":0},{"$f":"-Inputs!$R$45*Inputs!$R$34","v":-90000},546.12643871704938,3.3705449401225294E-3,2.9660795473078262E-3,{"$f":"-N1421/(1.202*2465560*MAX(0,(Inputs!$R$49-Q1421)))","v":3.7808334517309921},{"$f":"params!$C$16*R1421*(G1421-Inputs!$R$27)","v":-103201.76873085462},-342150.84946562327,{"$f":"E1421*params!$C$8","v":0}]
["1995-03-01",3,1,"05:00:00",0,10,-1.2,-2.8,87,{"$f":"Inputs!$R$38*Inputs!$R$33*(G1422-Inputs!$R$27)","v":-127073.85107014807},{"$f":"Inputs!$R$34*E1422*Inputs!$R$39","v":0},{"$f":"params!$C$16*Inputs!$R$30*(G1422-Inputs!$R$27)","v":-19899.001075019201},{"$f":"Inputs!$R$41*Inputs!$R$42/8760","v":0},{"$f":"-Inputs!$R$45*Inputs!$R$34","v":-90000},558.29660553202416,3.4460720755093411E-3,2.9980827056931268E-3,{"$f":"-N1422/(1.202*2465560*MAX(0,(Inputs!$R$49-Q1422)))","v":3.7959578918847274},{"$f":"params!$C$16*R1422*(G1422-Inputs!$R$27)","v":-102239.86676037333},-339212.71890554059,{"$f":"E1422*params!$C$8","v":0}]
["1995-03-01",3,1,"06:00:00",0,10,-1.2,-3.4,83,{"$f":"Inputs!$R$38*Inputs!$R$33*(G1423-Inputs!$R$27)","v":-127073.85107014807},{"$f":"Inputs!$R$34*E1423*Inputs!$R$39","v":0},{"$f":"params!$C$16*Inputs!$R$30*(G1423-Inputs!$R$27)","v":-19899.001075019201},{"$f":"Inputs!$R$41*Inputs!$R$42/8760","v":0},{"$f":"-Inputs!$R$45*Inputs!$R$34","v":-90000},558.29660553202416,3.4460720755093411E-3,2.8602398226727534E-3,{"$f":"-N1423/(1.202*2465560*MAX(0,(Inputs!$R$49-Q1423)))","v":3.7316616589936467},{"$f":"params!$C$16*R1423*(G1423-Inputs!$R$27)","v":-100508.11986770319},-337480.97201287048,{"$f":"E1423*params!$C$8","v":0}]
["1995-03-01",3,1,"07:00:00",0,10,-1.2,-2.8,87,{"$f":"Inputs!$R$38*Inputs!$R$33*(G1424-Inputs!$R$27)","v":-127073.85107014807},{"$f":"Inputs!$R$34*E1424*Inputs!$R$39","v":0},{"$f":"params!$C$16*Inputs!$R$30*(G1424-Inputs!$R$27)","v":-19899.001075019201},{"$f":"Inputs!$R$41*Inputs!$R$42/8760","v":0},{"$f":"-Inputs!$R$45*Inputs!$R$34","v":-90000},558.29660553202416,3.4460720755093411E-3,2.9980827056931268E-3,{"$f":"-N1424/(1.202*2465560*MAX(0,(Inputs!$R$49-Q1424)))","v":3.7959578918847274},{"$f":"params!$C$16*R1424*(G1424-Inputs!$R$27)","v":-102239.86676037333},-339212.71890554059,{"$f":"E1424*params!$C$8","v":0}]
["1995-03-01",3,1,"08:00:00",50,10,-1.2,-3.4,83,{"$f":"Inputs!$R$38*Inputs!$R$33*(G1425-Inputs!$R$27)","v":-127073.85107014807},{"$f":"Inputs!$R$34*E1425*Inputs!$R$39","v":29264.485920530664},{"$f":"params!$C$16*Inputs!$R$30*(G1425-Inputs!$R$27)","v":-19899.001075019201},{"$f":"Inputs!$R$41*Inputs!$R$42/8760","v":0},{"$f":"-Inputs!$R$45*Inputs!$R$34","v":-90000},558.29660553202416,3.4460720755093411E-3,2.8602398226727534E-3,{"$f":"-N1425/(1.202*2465560*MAX(0,(Inputs!$R$49-Q1425)))","v":3.7316616589936467},{"$f":"params!$C$16*R1425*(G1425-Inputs!$R$27)","v":-100508.11986770319},-308216.48609233979,{"$f":"E1425*params!$C$8","v":103.57499999999999}]
["1995-03-01",3,1,"09:00:00",101,10,-0.6,-3.4,79,{"$f":"Inputs!$R$38*Inputs!$R$33*(G1426-Inputs!$R$27)","v":-123656.52638997478},{"$f":"Inputs!$R$34*E1426*Inputs!$R$39","v":59114.261559471939},{"$f":"params!$C$16*Inputs!$R$30*(G1426-Inputs!$R$27)","v":-19363.868575989804},{"$f":"Inputs!$R$41*Inputs!$R$42/8760","v":0},{"$f":"-Inputs!$R$45*Inputs!$R$34","v":-90000},583.36085066457406,3.6016763769199135E-3,2.8453243377667315E-3,{"$f":"-N1426/(1.202*2465560*MAX(0,(Inputs!$R$49-Q1426)))","v":3.7248347489326994},{"$f":"params!$C$16*R1426*(G1426-Inputs!$R$27)","v":-97626.281948980992},-271532.41535547364,{"$f":"E1426*params!$C$8","v":209.22149999999999}]
["1995-03-01",3,1,"10:00:00",227,10,0,-2.8,79,{"$f":"Inputs!$R$38*Inputs!$R$33*(G1427-Inputs!$R$27)","v":-120239.20170980148},{"$f":"Inputs!$R$34*E1427*Inputs!$R$39","v":132860.76607920922},{"$f":"params!$C$16*Inputs!$R$30*(G1427-Inputs!$R$27)","v":-18828.736076960402},{"$f":"Inputs!$R$41*Inputs!$R$42/8760","v":0},{"$f":"-Inputs!$R$45*Inputs!$R$34","v":-90000},609.41773586642103,3.7635253138895938E-3,2.9731849979727793E-3,{"$f":"-N1427/(1.202*2465560*MAX(0,(Inputs!$R$49-Q1427)))","v":3.7841810135935248},{"$f":"params!$C$16*R1427*(G1427-Inputs!$R$27)","v":-96440.773176666451},-192647.94488421909,{"$f":"E1427*params!$C$8","v":470.23049999999995}]
["1995-03-01",3,1,"11:00:00",342,10,1.1000000000000001,-2.8,73,{"$f":"Inputs!$R$38*Inputs!$R$33*(G1428-Inputs!$R$27)","v":-113974.10646281707},{"$f":"Inputs!$R$34*E1428*Inputs!$R$39","v":200169.08369642973},{"$f":"params!$C$16*Inputs!$R$30*(G1428-Inputs!$R$27)","v":-17847.65982873983},{"$f":"Inputs!$R$41*Inputs!$R$42/8760","v":0},{"$f":"-Inputs!$R$45*Inputs!$R$34","v":-90000},659.87933273383078,4.077199179350414E-3,2.9763554009258021E-3,{"$f":"-N1428/(1.202*2465560*MAX(0,(Inputs!$R$49-Q1428)))","v":3.7856765858807191},{"$f":"params!$C$16*R1428*(G1428-Inputs!$R$27)","v":-91451.830341179695},-113104.51293630687,{"$f":"E1428*params!$C$8","v":708.45299999999997}]
["1995-03-01",3,1,"12:00:00",229,10,2.7,-3.4,62,{"$f":"Inputs!$R$38*Inputs!$R$33*(G1429-Inputs!$R$27)","v":-104861.24064902161},{"$f":"Inputs!$R$34*E1429*Inputs!$R$39","v":134031.34551603044},{"$f":"params!$C$16*Inputs!$R$30*(G1429-Inputs!$R$27)","v":-16420.639831328099},{"$f":"Inputs!$R$41*Inputs!$R$42/8760","v":0},{"$f":"-Inputs!$R$45*Inputs!$R$34","v":-90000},739.88380849706493,4.5751593141558633E-3,2.8365987747766353E-3,{"$f":"-N1429/(1.202*2465560*MAX(0,(Inputs!$R$49-Q1429)))","v":3.7208525728015145},{"$f":"params!$C$16*R1429*(G1429-Inputs!$R$27)","v":-82698.97968226322},-159949.51464658248,{"$f":"E1429*params!$C$8","v":474.37349999999998}]
["1995-03-01",3,1,"13:00:00",566,9,3.3,-3.4,59,{"$f":"Inputs!$R$38*Inputs!$R$33*(G1430-Inputs!$R$27)","v":-101443.91596884829},{"$f":"Inputs!$R$34*E1430*Inputs!$R$39","v":331273.98062040709},{"$f":"params!$C$16*Inputs!$R$30*(G1430-Inputs!$R$27)","v":-15885.507332298695},{"$f":"Inputs!$R$41*Inputs!$R$42/8760","v":0},{"$f":"-Inputs!$R$45*Inputs!$R$34","v":-90000},772.02842975916951,4.7754555160627581E-3,2.8175187544770275E-3,{"$f":"-N1430/(1.202*2465560*MAX(0,(Inputs!$R$49-Q1430)))","v":3.712174421791897},{"$f":"params!$C$16*R1430*(G1430-Inputs!$R$27)","v":-79817.308045967351},44127.249273292764,{"$f":"E1430*params!$C$8","v":1172.4690000000001}]
["1995-03-01",3,1,"14:00:00",528,9,5.0999999999999996,-2.9,55,{"$f":"Inputs!$R$38*Inputs!$R$33*(G1431-Inputs!$R$27)","v":-91191.941928328393},{"$f":"Inputs!$R$34*E1431*Inputs!$R$39","v":309032.9713208038},{"$f":"params!$C$16*Inputs!$R$30*(G1431-Inputs!$R$27)","v":-14280.109835210495},{"$f":"Inputs!$R$41*Inputs!$R$42/8760","v":0},{"$f":"-Inputs!$R$45*Inputs!$R$34","v":-90000},875.99828706609082,5.4241794870840548E-3,2.98329871789623E-3,{"$f":"-N1431/(1.202*2465560*MAX(0,(Inputs!$R$49-Q1431)))","v":3.7889560856632021},{"$f":"params!$C$16*R1431*(G1431-Inputs!$R$27)","v":-73235.007904248996},40325.911653015923,{"$f":"E1431*params!$C$8","v":1093.752}]
["1995-03-01",3,1,"15:00:00",469,9,6.6,-2.2999999999999998,52,{"$f":"Inputs!$R$38*Inputs!$R$33*(G1432-Inputs!$R$27)","v":-82648.630227895119},{"$f":"Inputs!$R$34*E1432*Inputs!$R$39","v":274500.87793457764},{"$f":"params!$C$16*Inputs!$R$30*(G1432-Inputs!$R$27)","v":-12942.278587636991},{"$f":"Inputs!$R$41*Inputs!$R$42/8760","v":0},{"$f":"-Inputs!$R$45*Inputs!$R$34","v":-90000},971.89505506814805,6.0237228004355421E-3,3.1323358562264821E-3,{"$f":"-N1432/(1.202*2465560*MAX(0,(Inputs!$R$49-Q1432)))","v":3.8607458995763668},{"$f":"params!$C$16*R1432*(G1432-Inputs!$R$27)","v":-67631.586616791392},21278.382502254142,{"$f":"E1432*params!$C$8","v":971.5335}]
["1995-03-01",3,1,"16:00:00",332,9,5.5,-4.5,46,{"$f":"Inputs!$R$38*Inputs!$R$33*(G1433-Inputs!$R$27)","v":-88913.725474879509},{"$f":"Inputs!$R$34*E1433*Inputs!$R$39","v":194316.18651232359},{"$f":"params!$C$16*Inputs!$R$30*(G1433-Inputs!$R$27)","v":-13923.354835857559},{"$f":"Inputs!$R$41*Inputs!$R$42/8760","v":0},{"$f":"-Inputs!$R$45*Inputs!$R$34","v":-90000},900.71602087450731,5.5786043819837112E-3,2.5661580157125071E-3,{"$f":"-N1433/(1.202*2465560*MAX(0,(Inputs!$R$49-Q1433)))","v":3.6015149547017944},{"$f":"params!$C$16*R1433*(G1433-Inputs!$R$27)","v":-67872.950198605424},-66393.843997018907,{"$f":"E1433*params!$C$8","v":687.73799999999994}]
["1995-03-01",3,1,"17:00:00",138,6,2.1,-5.5,54,{"$f":"Inputs!$R$38*Inputs!$R$33*(G1434-Inputs!$R$27)","v":-108278.5653291949},{"$f":"Inputs!$R$34*E1434*Inputs!$R$39","v":80769.981140664633},{"$f":"params!$C$16*Inputs!$R$30*(G1434-Inputs!$R$27)","v":-16955.772330357497},{"$f":"Inputs!$R$41*Inputs!$R$42/8760","v":0},{"$f":"-Inputs!$R$45*Inputs!$R$34","v":-90000},708.92912942371902,4.3823987172600994E-3,2.3664953073204535E-3,{"$f":"-N1434/(1.202*2465560*MAX(0,(Inputs!$R$49-Q1434)))","v":3.5182080061769363},{"$f":"params!$C$16*R1434*(G1434-Inputs!$R$27)","v":-80743.338504837157},-215207.69502372493,{"$f":"E1434*params!$C$8","v":285.86699999999996}]
["1995-03-01",3,1,"18:00:00",40,3,-1.7,-6.2,68,{"$f":"Inputs!$R$38*Inputs!$R$33*(G1435-Inputs!$R$27)","v":-129921.62163695917},{"$f":"Inputs!$R$34*E1435*Inputs!$R$39","v":23411.588736424532},{"$f":"params!$C$16*Inputs!$R$30*(G1435-Inputs!$R$27)","v":-20344.944824210368},{"$f":"Inputs!$R$41*Inputs!$R$42/8760","v":0},{"$f":"-Inputs!$R$45*Inputs!$R$34","v":-90000},538.14431300780234,3.321018376087627E-3,2.2582924957395864E-3,{"$f":"-N1435/(1.202*2465560*MAX(0,(Inputs!$R$49-Q1435)))","v":3.474651915181294},{"$f":"params!$C$16*R1435*(G1435-Inputs!$R$27)","v":-95683.143255278468},-312538.12098002346,{"$f":"E1435*params!$C$8","v":82.86}]
["1995-03-01",3,1,"19:00:00",0,2,-2.2999999999999998,-6.2,72,{"$f":"Inputs!$R$38*Inputs!$R$33*(G1436-Inputs!$R$27)","v":-133338.94631713248},{"$f":"Inputs!$R$34*E1436*Inputs!$R$39","v":0},{"$f":"params!$C$16*Inputs!$R$30*(G1436-Inputs!$R$27)","v":-20880.077323239773},{"$f":"Inputs!$R$41*Inputs!$R$42/8760","v":0},{"$f":"-Inputs!$R$45*Inputs!$R$34","v":-90000},514.81537679871087,3.1763146675913099E-3,2.2869465606657428E-3,{"$f":"-N1436/(1.202*2465560*MAX(0,(Inputs!$R$49-Q1436)))","v":3.4860810289582975},{"$f":"params!$C$16*R1436*(G1436-Inputs!$R$27)","v":-98522.901473726946},-342741.92511409917,{"$f":"E1436*params!$C$8","v":0}]
["1995-03-01",3,1,"20:00:00",0,3,-3.4,-7.8,69,{"$f":"Inputs!$R$38*Inputs!$R$33*(G1437-Inputs!$R$27)","v":-139604.04156411687},{"$f":"Inputs!$R$34*E1437*Inputs!$R$39","v":0},{"$f":"params!$C$16*Inputs!$R$30*(G1437-Inputs!$R$27)","v":-21861.153571460338},{"$f":"Inputs!$R$41*Inputs!$R$42/8760","v":0},{"$f":"-Inputs!$R$45*Inputs!$R$34","v":-90000},474.36656633458665,2.925579214362132E-3,2.0186496579098711E-3,{"$f":"-N1437/(1.202*2465560*MAX(0,(Inputs!$R$49-Q1437)))","v":3.3819226200767178},{"$f":"params!$C$16*R1437*(G1437-Inputs!$R$27)","v":-100070.10484153102},-351535.29997710825,{"$f":"E1437*params!$C$8","v":0}]
["1995-03-01",3,1,"21:00:00",0,2,-4.5,-6.2,86,{"$f":"Inputs!$R$38*Inputs!$R$33*(G1438-Inputs!$R$27)","v":-145869.13681110126},{"$f":"Inputs!$R$34*E1438*Inputs!$R$39","v":0},{"$f":"params!$C$16*Inputs!$R$30*(G1438-Inputs!$R$27)","v":-22842.229819680906},{"$f":"Inputs!$R$41*Inputs!$R$42/8760","v":0},{"$f":"-Inputs!$R$45*Inputs!$R$34","v":-90000},436.76562658229682,2.6926775565936012E-3,2.3157026986704971E-3,{"$f":"-N1438/(1.202*2465560*MAX(0,(Inputs!$R$49-Q1438)))","v":3.4976266959092732},{"$f":"params!$C$16*R1438*(G1438-Inputs!$R$27)","v":-108138.30673226139},-366849.67336304358,{"$f":"E1438*params!$C$8","v":0}]
["1995-03-01",3,1,"22:00:00",0,3,-4.5,-6.7,83,{"$f":"Inputs!$R$38*Inputs!$R$33*(G1439-Inputs!$R$27)","v":-145869.13681110126},{"$f":"Inputs!$R$34*E1439*Inputs!$R$39","v":0},{"$f":"params!$C$16*Inputs!$R$30*(G1439-Inputs!$R$27)","v":-22842.229819680906},{"$f":"Inputs!$R$41*Inputs!$R$42/8760","v":0},{"$f":"-Inputs!$R$45*Inputs!$R$34","v":-90000},436.76562658229682,2.6926775565936012E-3,2.2349223719726891E-3,{"$f":"-N1439/(1.202*2465560*MAX(0,(Inputs!$R$49-Q1439)))","v":3.4653857202536615},{"$f":"params!$C$16*R1439*(G1439-Inputs!$R$27)","v":-107141.49237272108},-365852.85900350322,{"$f":"E1439*params!$C$8","v":0}]
["1995-03-01",3,1,"23:00:00",0,2,-5,-7.3,82,{"$f":"Inputs!$R$38*Inputs!$R$33*(G1440-Inputs!$R$27)","v":-148716.90737791234},{"$f":"Inputs!$R$34*E1440*Inputs!$R$39","v":0},{"$f":"params!$C$16*Inputs!$R$30*(G1440-Inputs!$R$27)","v":-23288.173568872076},{"$f":"Inputs!$R$41*Inputs!$R$42/8760","v":0},{"$f":"-Inputs!$R$45*Inputs!$R$34","v":-90000},420.56802345265027,2.5924024753231664E-3,2.1257700297649964E-3,{"$f":"-N1440/(1.202*2465560*MAX(0,(Inputs!$R$49-Q1440)))","v":3.4227535148416166},{"$f":"params!$C$16*R1440*(G1440-Inputs!$R$27)","v":-107889.37258884449},-369894.45353562891,{"$f":"E1440*params!$C$8","v":0}]
["1995-03-01",3,1,1,0,3,-6.7,-7.8,91,{"$f":"Inputs!$R$38*Inputs!$R$33*(G1441-Inputs!$R$27)","v":-158399.32730507004},{"$f":"Inputs!$R$34*E1441*Inputs!$R$39","v":0},{"$f":"params!$C$16*Inputs!$R$30*(G1441-Inputs!$R$27)","v":-24804.382316122043},{"$f":"Inputs!$R$41*Inputs!$R$42/8760","v":0},{"$f":"-Inputs!$R$45*Inputs!$R$34","v":-90000},369.41576429308179,2.2759436123766601E-3,2.0711086872627609E-3,{"$f":"-N1441/(1.202*2465560*MAX(0,(Inputs!$R$49-Q1441)))","v":3.4017959071152628},{"$f":"params!$C$16*R1441*(G1441-Inputs!$R$27)","v":-114210.04011048964},-387413.74973168172,{"$f":"E1441*params!$C$8","v":0}]
["1995-03-02",3,2,"01:00:00",0,3,-6.8,-8.6,85,{"$f":"Inputs!$R$38*Inputs!$R$33*(G1442-Inputs!$R$27)","v":-158968.88141843225},{"$f":"Inputs!$R$34*E1442*Inputs!$R$39","v":0},{"$f":"params!$C$16*Inputs!$R$30*(G1442-Inputs!$R$27)","v":-24893.571065960277},{"$f":"Inputs!$R$41*Inputs!$R$42/8760","v":0},{"$f":"-Inputs!$R$45*Inputs!$R$34","v":-90000},366.58712774668368,2.2584533099226927E-3,1.9196853134342887E-3,{"$f":"-N1442/(1.202*2465560*MAX(0,(Inputs!$R$49-Q1442)))","v":3.3450568377712866},{"$f":"params!$C$16*R1442*(G1442-Inputs!$R$27)","v":-112708.92737959154},-386571.37986398407,{"$f":"E1442*params!$C$8","v":0}]
["1995-03-02",3,2,"02:00:00",0,2,-6.5,-9,80,{"$f":"Inputs!$R$38*Inputs!$R$33*(G1443-Inputs!$R$27)","v":-157260.2190783456},{"$f":"Inputs!$R$34*E1443*Inputs!$R$39","v":0},{"$f":"params!$C$16*Inputs!$R$30*(G1443-Inputs!$R$27)","v":-24626.004816445577},{"$f":"Inputs!$R$41*Inputs!$R$42/8760","v":0},{"$f":"-Inputs!$R$45*Inputs!$R$34","v":-90000},375.13137843371578,2.3112879486041908E-3,1.8490303588833525E-3,{"$f":"-N1443/(1.202*2465560*MAX(0,(Inputs!$R$49-Q1443)))","v":3.3192247022340897},{"$f":"params!$C$16*R1443*(G1443-Inputs!$R$27)","v":-110636.44874467273},-382522.67263946391,{"$f":"E1443*params!$C$8","v":0}]
["1995-03-02",3,2,"03:00:00",0,2,-6.1,-9.1999999999999993,76,{"$f":"Inputs!$R$38*Inputs!$R$33*(G1444-Inputs!$R$27)","v":-154982.00262489673},{"$f":"Inputs!$R$34*E1444*Inputs!$R$39","v":0},{"$f":"params!$C$16*Inputs!$R$30*(G1444-Inputs!$R$27)","v":-24269.249817092641},{"$f":"Inputs!$R$41*Inputs!$R$42/8760","v":0},{"$f":"-Inputs!$R$45*Inputs!$R$34","v":-90000},386.79922212450543,2.3834522343668782E-3,1.8114236981188274E-3,{"$f":"-N1444/(1.202*2465560*MAX(0,(Inputs!$R$49-Q1444)))","v":3.3056373707769868},{"$f":"params!$C$16*R1444*(G1444-Inputs!$R$27)","v":-108587.33508005919},-377838.58752204856,{"$f":"E1444*params!$C$8","v":0}]
["1995-03-02",3,2,"04:00:00",0,1,-5.7,-9.6,71,{"$f":"Inputs!$R$38*Inputs!$R$33*(G1445-Inputs!$R$27)","v":-152703.78617144786},{"$f":"Inputs!$R$34*E1445*Inputs!$R$39","v":0},{"$f":"params!$C$16*Inputs!$R$30*(G1445-Inputs!$R$27)","v":-23912.494817739709},{"$f":"Inputs!$R$41*Inputs!$R$42/8760","v":0},{"$f":"-Inputs!$R$45*Inputs!$R$34","v":-90000},398.78883018870977,2.4576239782095992E-3,1.7449130245288155E-3,{"$f":"-N1445/(1.202*2465560*MAX(0,(Inputs!$R$49-Q1445)))","v":3.2818773706266993},{"$f":"params!$C$16*R1445*(G1445-Inputs!$R$27)","v":-106222.09224288088},-372838.37323206844,{"$f":"E1445*params!$C$8","v":0}]
["1995-03-02",3,2,"05:00:00",0,1,-5.0999999999999996,-9.9,66,{"$f":"Inputs!$R$38*Inputs!$R$33*(G1446-Inputs!$R$27)","v":-149286.46149127456},{"$f":"Inputs!$R$34*E1446*Inputs!$R$39","v":0},{"$f":"params!$C$16*Inputs!$R$30*(G1446-Inputs!$R$27)","v":-23377.362318710308},{"$f":"Inputs!$R$41*Inputs!$R$42/8760","v":0},{"$f":"-Inputs!$R$45*Inputs!$R$34","v":-90000},417.39335429023635,2.5727527104368094E-3,1.6980167888882942E-3,{"$f":"-N1446/(1.202*2465560*MAX(0,(Inputs!$R$49-Q1446)))","v":3.2653286370697456},{"$f":"params!$C$16*R1446*(G1446-Inputs!$R$27)","v":-103321.33718309211},-365985.16099307698,{"$f":"E1446*params!$C$8","v":0}]
["1995-03-02",3,2,"06:00:00",0,0,-4.5,-10,62,{"$f":"Inputs!$R$38*Inputs!$R$33*(G1447-Inputs!$R$27)","v":-145869.13681110126},{"$f":"Inputs!$R$34*E1447*Inputs!$R$39","v":0},{"$f":"params!$C$16*Inputs!$R$30*(G1447-Inputs!$R$27)","v":-22842.229819680906},{"$f":"Inputs!$R$41*Inputs!$R$42/8760","v":0},{"$f":"-Inputs!$R$45*Inputs!$R$34","v":-90000},436.76562658229682,2.6926775565936012E-3,1.6694600850880328E-3,{"$f":"-N1447/(1.202*2465560*MAX(0,(Inputs!$R$49-Q1447)))","v":3.2553330585178255},{"$f":"params!$C$16*R1447*(G1447-Inputs!$R$27)","v":-100647.16317764594},-359358.52980842814,{"$f":"E1447*params!$C$8","v":0}]
["1995-03-02",3,2,"07:00:00",1,3,-5,-10,65,{"$f":"Inputs!$R$38*Inputs!$R$33*(G1448-Inputs!$R$27)","v":-148716.90737791234},{"$f":"Inputs!$R$34*E1448*Inputs!$R$39","v":585.2897184106132},{"$f":"params!$C$16*Inputs!$R$30*(G1448-Inputs!$R$27)","v":-23288.173568872076},{"$f":"Inputs!$R$41*Inputs!$R$42/8760","v":0},{"$f":"-Inputs!$R$45*Inputs!$R$34","v":-90000},420.56802345265027,2.5924024753231664E-3,1.6850616089600582E-3,{"$f":"-N1448/(1.202*2465560*MAX(0,(Inputs!$R$49-Q1448)))","v":3.2607863954696068},{"$f":"params!$C$16*R1448*(G1448-Inputs!$R$27)","v":-102783.9711004533},-364203.76232882711,{"$f":"E1448*params!$C$8","v":2.0714999999999999}]
["1995-03-02",3,2,"08:00:00",44,10,-3.4,-8.9,62,{"$f":"Inputs!$R$38*Inputs!$R$33*(G1449-Inputs!$R$27)","v":-139604.04156411687},{"$f":"Inputs!$R$34*E1449*Inputs!$R$39","v":25752.747610066985},{"$f":"params!$C$16*Inputs!$R$30*(G1449-Inputs!$R$27)","v":-21861.153571460338},{"$f":"Inputs!$R$41*Inputs!$R$42/8760","v":0},{"$f":"-Inputs!$R$45*Inputs!$R$34","v":-90000},474.36656633458665,2.925579214362132E-3,1.8138591129045218E-3,{"$f":"-N1449/(1.202*2465560*MAX(0,(Inputs!$R$49-Q1449)))","v":3.3065139194511479},{"$f":"params!$C$16*R1449*(G1449-Inputs!$R$27)","v":-97838.783363988405},-323551.23088949861,{"$f":"E1449*params!$C$8","v":91.146000000000001}]
["1995-03-02",3,2,"09:00:00",83,10,-5.6,-10,68,{"$f":"Inputs!$R$38*Inputs!$R$33*(G1450-Inputs!$R$27)","v":-152134.23205808565},{"$f":"Inputs!$R$34*E1450*Inputs!$R$39","v":48579.046628080898},{"$f":"params!$C$16*Inputs!$R$30*(G1450-Inputs!$R$27)","v":-23823.306067901474},{"$f":"Inputs!$R$41*Inputs!$R$42/8760","v":0},{"$f":"-Inputs!$R$45*Inputs!$R$34","v":-90000},401.83740258497369,2.4764862815169408E-3,1.6840106714315199E-3,{"$f":"-N1450/(1.202*2465560*MAX(0,(Inputs!$R$49-Q1450)))","v":3.2604184782361889},{"$f":"params!$C$16*R1450*(G1450-Inputs!$R$27)","v":-105133.9518531885},-322512.44335109473,{"$f":"E1450*params!$C$8","v":171.93449999999999}]
["1995-03-02",3,2,"10:00:00",142,10,-4.5,-11.7,53,{"$f":"Inputs!$R$38*Inputs!$R$33*(G1451-Inputs!$R$27)","v":-145869.13681110126},{"$f":"Inputs!$R$34*E1451*Inputs!$R$39","v":83111.140014307079},{"$f":"params!$C$16*Inputs!$R$30*(G1451-Inputs!$R$27)","v":-22842.229819680906},{"$f":"Inputs!$R$41*Inputs!$R$42/8760","v":0},{"$f":"-Inputs!$R$45*Inputs!$R$34","v":-90000},436.76562658229682,2.6926775565936012E-3,1.4271191049946086E-3,{"$f":"-N1451/(1.202*2465560*MAX(0,(Inputs!$R$49-Q1451)))","v":3.172908362944951},{"$f":"params!$C$16*R1451*(G1451-Inputs!$R$27)","v":-98098.787439721273},-273699.01405619638,{"$f":"E1451*params!$C$8","v":294.15299999999996}]
["1995-03-02",3,2,"11:00:00",152,10,-4.5,-11.2,56,{"$f":"Inputs!$R$38*Inputs!$R$33*(G1452-Inputs!$R$27)","v":-145869.13681110126},{"$f":"Inputs!$R$34*E1452*Inputs!$R$39","v":88964.037198413207},{"$f":"params!$C$16*Inputs!$R$30*(G1452-Inputs!$R$27)","v":-22842.229819680906},{"$f":"Inputs!$R$41*Inputs!$R$42/8760","v":0},{"$f":"-Inputs!$R$45*Inputs!$R$34","v":-90000},436.76562658229682,2.6926775565936012E-3,1.5078994316924167E-3,{"$f":"-N1452/(1.202*2465560*MAX(0,(Inputs!$R$49-Q1452)))","v":3.1999155395239129},{"$f":"params!$C$16*R1452*(G1452-Inputs!$R$27)","v":-98933.785167833281},-268681.11460020224,{"$f":"E1452*params!$C$8","v":314.86799999999999}]
["1995-03-02",3,2,"12:00:00",297,9,-3.9,-11.7,51,{"$f":"Inputs!$R$38*Inputs!$R$33*(G1453-Inputs!$R$27)","v":-142451.81213092795},{"$f":"Inputs!$R$34*E1453*Inputs!$R$39","v":173831.04636795213},{"$f":"params!$C$16*Inputs!$R$30*(G1453-Inputs!$R$27)","v":-22307.097320651505},{"$f":"Inputs!$R$41*Inputs!$R$42/8760","v":0},{"$f":"-Inputs!$R$45*Inputs!$R$34","v":-90000},456.93292986618587,2.8175730136730305E-3,1.4369622369732455E-3,{"$f":"-N1453/(1.202*2465560*MAX(0,(Inputs!$R$49-Q1453)))","v":3.1761747885074891},{"$f":"params!$C$16*R1453*(G1453-Inputs!$R$27)","v":-95899.218776694601},-176827.08186032192,{"$f":"E1453*params!$C$8","v":615.2355}]
["1995-03-02",3,2,"13:00:00",364,9,-2.2999999999999998,-12.3,42,{"$f":"Inputs!$R$38*Inputs!$R$33*(G1454-Inputs!$R$27)","v":-133338.94631713248},{"$f":"Inputs!$R$34*E1454*Inputs!$R$39","v":213045.45750146321},{"$f":"params!$C$16*Inputs!$R$30*(G1454-Inputs!$R$27)","v":-20880.077323239773},{"$f":"Inputs!$R$41*Inputs!$R$42/8760","v":0},{"$f":"-Inputs!$R$45*Inputs!$R$34","v":-90000},514.81537679871087,3.1763146675913099E-3,1.33405216038835E-3,{"$f":"-N1454/(1.202*2465560*MAX(0,(Inputs!$R$49-Q1454)))","v":3.1423531363484822},{"$f":"params!$C$16*R1454*(G1454-Inputs!$R$27)","v":-88808.534820726898},-119982.10095963594,{"$f":"E1454*params!$C$8","v":754.02599999999995}]
["1995-03-02",3,2,"14:00:00",170,10,-2.8,-12.8,42,{"$f":"Inputs!$R$38*Inputs!$R$33*(G1455-Inputs!$R$27)","v":-136186.71688394356},{"$f":"Inputs!$R$34*E1455*Inputs!$R$39","v":99499.252129804241},{"$f":"params!$C$16*Inputs!$R$30*(G1455-Inputs!$R$27)","v":-21326.02107243094},{"$f":"Inputs!$R$41*Inputs!$R$42/8760","v":0},{"$f":"-Inputs!$R$45*Inputs!$R$34","v":-90000},496.06494903212268,3.060058869440949E-3,1.2852247251651985E-3,{"$f":"-N1455/(1.202*2465560*MAX(0,(Inputs!$R$49-Q1455)))","v":3.1265565688888368},{"$f":"params!$C$16*R1455*(G1455-Inputs!$R$27)","v":-90249.278361674122},-238262.76418824436,{"$f":"E1455*params!$C$8","v":352.15499999999997}]
["1995-03-02",3,2,"15:00:00",141,10,-2.2999999999999998,-13.4,38,{"$f":"Inputs!$R$38*Inputs!$R$33*(G1456-Inputs!$R$27)","v":-133338.94631713248},{"$f":"Inputs!$R$34*E1456*Inputs!$R$39","v":82525.850295896467},{"$f":"params!$C$16*Inputs!$R$30*(G1456-Inputs!$R$27)","v":-20880.077323239773},{"$f":"Inputs!$R$41*Inputs!$R$42/8760","v":0},{"$f":"-Inputs!$R$45*Inputs!$R$34","v":-90000},514.81537679871087,3.1763146675913099E-3,1.2069995736846979E-3,{"$f":"-N1456/(1.202*2465560*MAX(0,(Inputs!$R$49-Q1456)))","v":3.1015776923243807},{"$f":"params!$C$16*R1456*(G1456-Inputs!$R$27)","v":-87656.14764992884},-249349.32099440464,{"$f":"E1456*params!$C$8","v":292.08150000000001}]
["1995-03-02",3,2,"16:00:00",98,10,-3.4,-12.8,44,{"$f":"Inputs!$R$38*Inputs!$R$33*(G1457-Inputs!$R$27)","v":-139604.04156411687},{"$f":"Inputs!$R$34*E1457*Inputs!$R$39","v":57358.392404240098},{"$f":"params!$C$16*Inputs!$R$30*(G1457-Inputs!$R$27)","v":-21861.153571460338},{"$f":"Inputs!$R$41*Inputs!$R$42/8760","v":0},{"$f":"-Inputs!$R$45*Inputs!$R$34","v":-90000},474.36656633458665,2.925579214362132E-3,1.287254854319338E-3,{"$f":"-N1457/(1.202*2465560*MAX(0,(Inputs!$R$49-Q1457)))","v":3.1272101877335023},{"$f":"params!$C$16*R1457*(G1457-Inputs!$R$27)","v":-92533.238191267825},-286640.04092260497,{"$f":"E1457*params!$C$8","v":203.00699999999998}]
["1995-03-02",3,2,"17:00:00",150,9,-5,-10.6,61,{"$f":"Inputs!$R$38*Inputs!$R$33*(G1458-Inputs!$R$27)","v":-148716.90737791234},{"$f":"Inputs!$R$34*E1458*Inputs!$R$39","v":87793.457761591984},{"$f":"params!$C$16*Inputs!$R$30*(G1458-Inputs!$R$27)","v":-23288.173568872076},{"$f":"Inputs!$R$41*Inputs!$R$42/8760","v":0},{"$f":"-Inputs!$R$45*Inputs!$R$34","v":-90000},420.56802345265027,2.5924024753231664E-3,1.5813655099471316E-3,{"$f":"-N1458/(1.202*2465560*MAX(0,(Inputs!$R$49-Q1458)))","v":3.2248796686715884},{"$f":"params!$C$16*R1458*(G1458-Inputs!$R$27)","v":-101652.14720219151},-275863.77038738393,{"$f":"E1458*params!$C$8","v":310.72499999999997}]
["1995-03-02",3,2,"18:00:00",36,9,-6.2,-11.2,64,{"$f":"Inputs!$R$38*Inputs!$R$33*(G1459-Inputs!$R$27)","v":-155551.55673825895},{"$f":"Inputs!$R$34*E1459*Inputs!$R$39","v":21070.429862782075},{"$f":"params!$C$16*Inputs!$R$30*(G1459-Inputs!$R$27)","v":-24358.438566930876},{"$f":"Inputs!$R$41*Inputs!$R$42/8760","v":0},{"$f":"-Inputs!$R$45*Inputs!$R$34","v":-90000},383.85239183936244,2.365224849662249E-3,1.5137439037838393E-3,{"$f":"-N1459/(1.202*2465560*MAX(0,(Inputs!$R$49-Q1459)))","v":3.2018873600726119},{"$f":"params!$C$16*R1459*(G1459-Inputs!$R$27)","v":-105565.76723192718},-354405.33267433493,{"$f":"E1459*params!$C$8","v":74.573999999999998}]
["1995-03-02",3,2,"19:00:00",0,3,-7.3,-11.2,71,{"$f":"Inputs!$R$38*Inputs!$R$33*(G1460-Inputs!$R$27)","v":-161816.65198524334},{"$f":"Inputs!$R$34*E1460*Inputs!$R$39","v":0},{"$f":"params!$C$16*Inputs!$R$30*(G1460-Inputs!$R$27)","v":-25339.514815151444},{"$f":"Inputs!$R$41*Inputs!$R$42/8760","v":0},{"$f":"-Inputs!$R$45*Inputs!$R$34","v":-90000},352.73107385356553,2.1727913579510532E-3,1.5426818641452477E-3,{"$f":"-N1460/(1.202*2465560*MAX(0,(Inputs!$R$49-Q1460)))","v":3.2116864250411146},{"$f":"params!$C$16*R1460*(G1460-Inputs!$R$27)","v":-110153.68854139854},-387309.85534179333,{"$f":"E1460*params!$C$8","v":0}]
["1995-03-02",3,2,"20:00:00",0,2,-7.8,-11.2,74,{"$f":"Inputs!$R$38*Inputs!$R$33*(G1461-Inputs!$R$27)","v":-164664.42255205443},{"$f":"Inputs!$R$34*E1461*Inputs!$R$39","v":0},{"$f":"params!$C$16*Inputs!$R$30*(G1461-Inputs!$R$27)","v":-25785.458564342614},{"$f":"Inputs!$R$41*Inputs!$R$42/8760","v":0},{"$f":"-Inputs!$R$45*Inputs!$R$34","v":-90000},339.34324758330234,2.0900464473813641E-3,1.5466343710622095E-3,{"$f":"-N1461/(1.202*2465560*MAX(0,(Inputs!$R$49-Q1461)))","v":3.2130294930996603},{"$f":"params!$C$16*R1461*(G1461-Inputs!$R$27)","v":-112139.13052104879},-392589.01163744583,{"$f":"E1461*params!$C$8","v":0}]
["1995-03-02",3,2,"21:00:00",0,6,-7.8,-11.3,73,{"$f":"Inputs!$R$38*Inputs!$R$33*(G1462-Inputs!$R$27)","v":-164664.42255205443},{"$f":"Inputs!$R$34*E1462*Inputs!$R$39","v":0},{"$f":"params!$C$16*Inputs!$R$30*(G1462-Inputs!$R$27)","v":-25785.458564342614},{"$f":"Inputs!$R$41*Inputs!$R$42/8760","v":0},{"$f":"-Inputs!$R$45*Inputs!$R$34","v":-90000},339.34324758330234,2.0900464473813641E-3,1.5257339065883958E-3,{"$f":"-N1462/(1.202*2465560*MAX(0,(Inputs!$R$49-Q1462)))","v":3.2059401891099748},{"$f":"params!$C$16*R1462*(G1462-Inputs!$R$27)","v":-111891.70410087118},-392341.58521726821,{"$f":"E1462*params!$C$8","v":0}]
["1995-03-02",3,2,"22:00:00",0,9,-7.8,-11.7,71,{"$f":"Inputs!$R$38*Inputs!$R$33*(G1463-Inputs!$R$27)","v":-164664.42255205443},{"$f":"Inputs!$R$34*E1463*Inputs!$R$39","v":0},{"$f":"params!$C$16*Inputs!$R$30*(G1463-Inputs!$R$27)","v":-25785.458564342614},{"$f":"Inputs!$R$41*Inputs!$R$42/8760","v":0},{"$f":"-Inputs!$R$45*Inputs!$R$34","v":-90000},339.34324758330234,2.0900464473813641E-3,1.4839329776407683E-3,{"$f":"-N1463/(1.202*2465560*MAX(0,(Inputs!$R$49-Q1463)))","v":3.1918550208397596},{"$f":"params!$C$16*R1463*(G1463-Inputs!$R$27)","v":-111400.11243435934},-391849.99355075636,{"$f":"E1463*params!$C$8","v":0}]
["1995-03-02",3,2,"23:00:00",0,9,-7.8,-11.7,71,{"$f":"Inputs!$R$38*Inputs!$R$33*(G1464-Inputs!$R$27)","v":-164664.42255205443},{"$f":"Inputs!$R$34*E1464*Inputs!$R$39","v":0},{"$f":"params!$C$16*Inputs!$R$30*(G1464-Inputs!$R$27)","v":-25785.458564342614},{"$f":"Inputs!$R$41*Inputs!$R$42/8760","v":0},{"$f":"-Inputs!$R$45*Inputs!$R$34","v":-90000},339.34324758330234,2.0900464473813641E-3,1.4839329776407683E-3,{"$f":"-N1464/(1.202*2465560*MAX(0,(Inputs!$R$49-Q1464)))","v":3.1918550208397596},{"$f":"params!$C$16*R1464*(G1464-Inputs!$R$27)","v":-111400.11243435934},-391849.99355075636,{"$f":"E1464*params!$C$8","v":0}]
["1995-03-02",3,2,1,0,8,-8.5,-11.9,74,{"$f":"Inputs!$R$38*Inputs!$R$33*(G1465-Inputs!$R$27)","v":-168651.30134558995},{"$f":"Inputs!$R$34*E1465*Inputs!$R$39","v":0},{"$f":"params!$C$16*Inputs!$R$30*(G1465-Inputs!$R$27)","v":-26409.779813210247},{"$f":"Inputs!$R$41*Inputs!$R$42/8760","v":0},{"$f":"-Inputs!$R$45*Inputs!$R$34","v":-90000},321.36070938193694,1.9789379414959694E-3,1.4644140767070173E-3,{"$f":"-N1465/(1.202*2465560*MAX(0,(Inputs!$R$49-Q1465)))","v":3.1853202681597086},{"$f":"params!$C$16*R1465*(G1465-Inputs!$R$27)","v":-113863.75412670149},-398924.83528550167,{"$f":"E1465*params!$C$8","v":0}]
["1995-03-03",3,3,"01:00:00",0,6,-9.6,-12.6,76,{"$f":"Inputs!$R$38*Inputs!$R$33*(G1466-Inputs!$R$27)","v":-174916.39659257434},{"$f":"Inputs!$R$34*E1466*Inputs!$R$39","v":0},{"$f":"params!$C$16*Inputs!$R$30*(G1466-Inputs!$R$27)","v":-27390.856061430812},{"$f":"Inputs!$R$41*Inputs!$R$42/8760","v":0},{"$f":"-Inputs!$R$45*Inputs!$R$34","v":-90000},294.8141555202277,1.8149873418300789E-3,1.3793903797908599E-3,{"$f":"-N1466/(1.202*2465560*MAX(0,(Inputs!$R$49-Q1466)))","v":3.1571644708350353},{"$f":"params!$C$16*R1466*(G1466-Inputs!$R$27)","v":-117049.73254657071},-409356.9852005759,{"$f":"E1466*params!$C$8","v":0}]
["1995-03-03",3,3,"02:00:00",0,5,-10.3,-13,78,{"$f":"Inputs!$R$38*Inputs!$R$33*(G1467-Inputs!$R$27)","v":-178903.27538610989},{"$f":"Inputs!$R$34*E1467*Inputs!$R$39","v":0},{"$f":"params!$C$16*Inputs!$R$30*(G1467-Inputs!$R$27)","v":-28015.177310298452},{"$f":"Inputs!$R$41*Inputs!$R$42/8760","v":0},{"$f":"-Inputs!$R$45*Inputs!$R$34","v":-90000},278.95642509567188,1.7170916459721495E-3,1.3393314838582764E-3,{"$f":"-N1467/(1.202*2465560*MAX(0,(Inputs!$R$49-Q1467)))","v":3.1440706614529654},{"$f":"params!$C$16*R1467*(G1467-Inputs!$R$27)","v":-119221.14450780407},-416139.59720421245,{"$f":"E1467*params!$C$8","v":0}]
["1995-03-03",3,3,"03:00:00",0,4,-10.9,-13.3,81,{"$f":"Inputs!$R$38*Inputs!$R$33*(G1468-Inputs!$R$27)","v":-182320.60006628319},{"$f":"Inputs!$R$34*E1468*Inputs!$R$39","v":0},{"$f":"params!$C$16*Inputs!$R$30*(G1468-Inputs!$R$27)","v":-28550.309809327853},{"$f":"Inputs!$R$41*Inputs!$R$42/8760","v":0},{"$f":"-Inputs!$R$45*Inputs!$R$34","v":-90000},265.97442406577909,1.6369717730568369E-3,1.325947136176038E-3,{"$f":"-N1468/(1.202*2465560*MAX(0,(Inputs!$R$49-Q1468)))","v":3.1397199732785905},{"$f":"params!$C$16*R1468*(G1468-Inputs!$R$27)","v":-121330.3231222684},-422201.2329978795,{"$f":"E1468*params!$C$8","v":0}]
["1995-03-03",3,3,"04:00:00",0,3,-11.5,-13.6,83,{"$f":"Inputs!$R$38*Inputs!$R$33*(G1469-Inputs!$R$27)","v":-185737.9247464565},{"$f":"Inputs!$R$34*E1469*Inputs!$R$39","v":0},{"$f":"params!$C$16*Inputs!$R$30*(G1469-Inputs!$R$27)","v":-29085.442308357255},{"$f":"Inputs!$R$41*Inputs!$R$42/8760","v":0},{"$f":"-Inputs!$R$45*Inputs!$R$34","v":-90000},253.53422501400453,1.5602150029690948E-3,1.2949784524643488E-3,{"$f":"-N1469/(1.202*2465560*MAX(0,(Inputs!$R$49-Q1469)))","v":3.1296993711464243},{"$f":"params!$C$16*R1469*(G1469-Inputs!$R$27)","v":-123209.986039499},-428033.35309431277,{"$f":"E1469*params!$C$8","v":0}]
["1995-03-03",3,3,"05:00:00",0,1,-11.9,-13.8,84,{"$f":"Inputs!$R$38*Inputs!$R$33*(G1470-Inputs!$R$27)","v":-188016.14119990537},{"$f":"Inputs!$R$34*E1470*Inputs!$R$39","v":0},{"$f":"params!$C$16*Inputs!$R$30*(G1470-Inputs!$R$27)","v":-29442.197307710187},{"$f":"Inputs!$R$41*Inputs!$R$42/8760","v":0},{"$f":"-Inputs!$R$45*Inputs!$R$34","v":-90000},245.53195674546464,1.5108505160631926E-3,1.2691144334930817E-3,{"$f":"-N1470/(1.202*2465560*MAX(0,(Inputs!$R$49-Q1470)))","v":3.1213793826826803},{"$f":"params!$C$16*R1470*(G1470-Inputs!$R$27)","v":-124389.69112511521},-431848.02963273076,{"$f":"E1470*params!$C$8","v":0}]
["1995-03-03",3,3,"06:00:00",0,0,-12.3,-13.9,86,{"$f":"Inputs!$R$38*Inputs!$R$33*(G1471-Inputs!$R$27)","v":-190294.35765335424},{"$f":"Inputs!$R$34*E1471*Inputs!$R$39","v":0},{"$f":"params!$C$16*Inputs!$R$30*(G1471-Inputs!$R$27)","v":-29798.952307063118},{"$f":"Inputs!$R$41*Inputs!$R$42/8760","v":0},{"$f":"-Inputs!$R$45*Inputs!$R$34","v":-90000},237.755960883417,1.4628893482647965E-3,1.2580848395077251E-3,{"$f":"-N1471/(1.202*2465560*MAX(0,(Inputs!$R$49-Q1471)))","v":3.1178448002858929},{"$f":"params!$C$16*R1471*(G1471-Inputs!$R$27)","v":-125754.37450181039},-435847.68446222774,{"$f":"E1471*params!$C$8","v":0}]
["1995-03-03",3,3,"07:00:00",1,2,-12.3,-13.9,86,{"$f":"Inputs!$R$38*Inputs!$R$33*(G1472-Inputs!$R$27)","v":-190294.35765335424},{"$f":"Inputs!$R$34*E1472*Inputs!$R$39","v":585.2897184106132},{"$f":"params!$C$16*Inputs!$R$30*(G1472-Inputs!$R$27)","v":-29798.952307063118},{"$f":"Inputs!$R$41*Inputs!$R$42/8760","v":0},{"$f":"-Inputs!$R$45*Inputs!$R$34","v":-90000},237.755960883417,1.4628893482647965E-3,1.2580848395077251E-3,{"$f":"-N1472/(1.202*2465560*MAX(0,(Inputs!$R$49-Q1472)))","v":3.1178448002858929},{"$f":"params!$C$16*R1472*(G1472-Inputs!$R$27)","v":-125754.37450181039},-435262.39474381716,{"$f":"E1472*params!$C$8","v":2.0714999999999999}]
["1995-03-03",3,3,"08:00:00",69,9,-10.6,-12.8,82,{"$f":"Inputs!$R$38*Inputs!$R$33*(G1473-Inputs!$R$27)","v":-180611.93772619651},{"$f":"Inputs!$R$34*E1473*Inputs!$R$39","v":40384.990570332317},{"$f":"params!$C$16*Inputs!$R$30*(G1473-Inputs!$R$27)","v":-28282.743559813149},{"$f":"Inputs!$R$41*Inputs!$R$42/8760","v":0},{"$f":"-Inputs!$R$45*Inputs!$R$34","v":-90000},272.39643756669773,1.6766033755187591E-3,1.3748147679253824E-3,{"$f":"-N1473/(1.202*2465560*MAX(0,(Inputs!$R$49-Q1473)))","v":3.1556633536920273},{"$f":"params!$C$16*R1473*(G1473-Inputs!$R$27)","v":-120803.58296307115},-379313.27367874852,{"$f":"E1473*params!$C$8","v":142.93349999999998}]
["1995-03-03",3,3,"09:00:00",233,9,-8.9,-11.2,82,{"$f":"Inputs!$R$38*Inputs!$R$33*(G1474-Inputs!$R$27)","v":-170929.51779903885},{"$f":"Inputs!$R$34*E1474*Inputs!$R$39","v":136372.50438967289},{"$f":"params!$C$16*Inputs!$R$30*(G1474-Inputs!$R$27)","v":-26766.534812563183},{"$f":"Inputs!$R$41*Inputs!$R$42/8760","v":0},{"$f":"-Inputs!$R$45*Inputs!$R$34","v":-90000},311.47070403127867,1.9178475382812515E-3,1.5726349813906262E-3,{"$f":"-N1474/(1.202*2465560*MAX(0,(Inputs!$R$49-Q1474)))","v":3.2218926176069638},{"$f":"params!$C$16*R1474*(G1474-Inputs!$R$27)","v":-116726.86620861024},-268050.41443053936,{"$f":"E1474*params!$C$8","v":482.65949999999998}]
["1995-03-03",{"$f":"MONTH(A1475)","v":3},{"$f":"DAY(A1475)","v":3},"10:00:00",357,9,-6.2,-10,72,{"$f":"Inputs!$R$38*Inputs!$R$33*(G1475-Inputs!$R$27)","v":-155551.55673825895},{"$f":"Inputs!$R$34*E1475*Inputs!$R$39","v":208948.42947258893},{"$f":"params!$C$16*Inputs!$R$30*(G1475-Inputs!$R$27)","v":-24358.438566930876},{"$f":"Inputs!$R$41*Inputs!$R$42/8760","v":0},{"$f":"-Inputs!$R$45*Inputs!$R$34","v":-90000},{"$f":"EXP(77.345+0.0057*(G1475+273.15)-7235/(G1475+273.15))/(G1475+273.15)^8.2","v":383.85239183936244},{"$f":"0.62198*O1475/(101325-O1475)","v":2.365224849662249E-3},{"$f":"P1475*I1475/100","v":1.7029618917568192E-3},{"$f":"-N1475/(1.202*2465560*MAX(0,(Inputs!$R$49-Q1475)))","v":3.267065788351645},{"$f":"params!$C$16*R1475*(G1475-Inputs!$R$27)","v":-107714.69066816299},{"$f":"J1475+K1475+L1475+M1475+N1475+S1475","v":-168676.25650076388},{"$f":"E1475*params!$C$8","v":739.52549999999997}]
["1995-03-03",3,3,"11:00:00",534,2,-3.4,-10,56,{"$f":"Inputs!$R$38*Inputs!$R$33*(G1476-Inputs!$R$27)","v":-139604.04156411687},{"$f":"Inputs!$R$34*E1476*Inputs!$R$39","v":312544.70963126747},{"$f":"params!$C$16*Inputs!$R$30*(G1476-Inputs!$R$27)","v":-21861.153571460338},{"$f":"Inputs!$R$41*Inputs!$R$42/8760","v":0},{"$f":"-Inputs!$R$45*Inputs!$R$34","v":-90000},474.36656633458665,2.925579214362132E-3,1.6383243600427938E-3,{"$f":"-N1476/(1.202*2465560*MAX(0,(Inputs!$R$49-Q1476)))","v":3.2445042594695859},{"$f":"params!$C$16*R1476*(G1476-Inputs!$R$27)","v":-96003.935594644165},-34924.421098953899,{"$f":"E1476*params!$C$8","v":1106.181}]
["1995-03-03",3,3,"12:00:00",611,3,-1.7,-10.6,46,{"$f":"Inputs!$R$38*Inputs!$R$33*(G1477-Inputs!$R$27)","v":-129921.62163695917},{"$f":"Inputs!$R$34*E1477*Inputs!$R$39","v":357612.01794888469},{"$f":"params!$C$16*Inputs!$R$30*(G1477-Inputs!$R$27)","v":-20344.944824210368},{"$f":"Inputs!$R$41*Inputs!$R$42/8760","v":0},{"$f":"-Inputs!$R$45*Inputs!$R$34","v":-90000},538.14431300780234,3.321018376087627E-3,1.5276684530003085E-3,{"$f":"-N1477/(1.202*2465560*MAX(0,(Inputs!$R$49-Q1477)))","v":3.2065950608089895},{"$f":"params!$C$16*R1477*(G1477-Inputs!$R$27)","v":-88301.534097422336},29043.917390292816,{"$f":"E1477*params!$C$8","v":1265.6865}]
["1995-03-03",3,3,"13:00:00",578,9,-0.6,-11.2,40,{"$f":"Inputs!$R$38*Inputs!$R$33*(G1478-Inputs!$R$27)","v":-123656.52638997478},{"$f":"Inputs!$R$34*E1478*Inputs!$R$39","v":338297.45724133449},{"$f":"params!$C$16*Inputs!$R$30*(G1478-Inputs!$R$27)","v":-19363.868575989804},{"$f":"Inputs!$R$41*Inputs!$R$42/8760","v":0},{"$f":"-Inputs!$R$45*Inputs!$R$34","v":-90000},583.36085066457406,3.6016763769199135E-3,1.4406705507679653E-3,{"$f":"-N1478/(1.202*2465560*MAX(0,(Inputs!$R$49-Q1478)))","v":3.177407130565447},{"$f":"params!$C$16*R1478*(G1478-Inputs!$R$27)","v":-83278.444630105558},21998.617645264356,{"$f":"E1478*params!$C$8","v":1197.327}]
["1995-03-03",3,3,"14:00:00",642,0,0.5,-11.7,35,{"$f":"Inputs!$R$38*Inputs!$R$33*(G1479-Inputs!$R$27)","v":-117391.43114299039},{"$f":"Inputs!$R$34*E1479*Inputs!$R$39","v":375755.99921961373},{"$f":"params!$C$16*Inputs!$R$30*(G1479-Inputs!$R$27)","v":-18382.792327769235},{"$f":"Inputs!$R$41*Inputs!$R$42/8760","v":0},{"$f":"-Inputs!$R$45*Inputs!$R$34","v":-90000},631.91436873737246,3.9033275880190387E-3,1.3661646558066633E-3,{"$f":"-N1479/(1.202*2465560*MAX(0,(Inputs!$R$49-Q1479)))","v":3.1528294152609591},{"$f":"params!$C$16*R1479*(G1479-Inputs!$R$27)","v":-78447.583093786263},71534.192655067833,{"$f":"E1479*params!$C$8","v":1329.903}]
["1995-03-03",3,3,"15:00:00",539,0,0,-12.8,33,{"$f":"Inputs!$R$38*Inputs!$R$33*(G1480-Inputs!$R$27)","v":-120239.20170980148},{"$f":"Inputs!$R$34*E1480*Inputs!$R$39","v":315471.15822332056},{"$f":"params!$C$16*Inputs!$R$30*(G1480-Inputs!$R$27)","v":-18828.736076960402},{"$f":"Inputs!$R$41*Inputs!$R$42/8760","v":0},{"$f":"-Inputs!$R$45*Inputs!$R$34","v":-90000},609.41773586642103,3.7635253138895938E-3,1.2419633535835661E-3,{"$f":"-N1480/(1.202*2465560*MAX(0,(Inputs!$R$49-Q1480)))","v":3.1126928298676457},{"$f":"params!$C$16*R1480*(G1480-Inputs!$R$27)","v":-79327.733555968414},7075.4868805902661,{"$f":"E1480*params!$C$8","v":1116.5384999999999}]
["1995-03-03",3,3,"16:00:00",385,0,1.1000000000000001,-12.3,32,{"$f":"Inputs!$R$38*Inputs!$R$33*(G1481-Inputs!$R$27)","v":-113974.10646281707},{"$f":"Inputs!$R$34*E1481*Inputs!$R$39","v":225336.54158808611},{"$f":"params!$C$16*Inputs!$R$30*(G1481-Inputs!$R$27)","v":-17847.65982873983},{"$f":"Inputs!$R$41*Inputs!$R$42/8760","v":0},{"$f":"-Inputs!$R$45*Inputs!$R$34","v":-90000},659.87933273383078,4.077199179350414E-3,1.3047037373921325E-3,{"$f":"-N1481/(1.202*2465560*MAX(0,(Inputs!$R$49-Q1481)))","v":3.1328393057969262},{"$f":"params!$C$16*R1481*(G1481-Inputs!$R$27)","v":-75681.026146945936},-72166.250850416734,{"$f":"E1481*params!$C$8","v":797.52749999999992}]
["1995-03-03",3,3,"17:00:00",202,0,1.1000000000000001,-12.3,32,{"$f":"Inputs!$R$38*Inputs!$R$33*(G1482-Inputs!$R$27)","v":-113974.10646281707},{"$f":"Inputs!$R$34*E1482*Inputs!$R$39","v":118228.52311894388},{"$f":"params!$C$16*Inputs!$R$30*(G1482-Inputs!$R$27)","v":-17847.65982873983},{"$f":"Inputs!$R$41*Inputs!$R$42/8760","v":0},{"$f":"-Inputs!$R$45*Inputs!$R$34","v":-90000},659.87933273383078,4.077199179350414E-3,1.3047037373921325E-3,{"$f":"-N1482/(1.202*2465560*MAX(0,(Inputs!$R$49-Q1482)))","v":3.1328393057969262},{"$f":"params!$C$16*R1482*(G1482-Inputs!$R$27)","v":-75681.026146945936},-179274.26931955898,{"$f":"E1482*params!$C$8","v":418.44299999999998}]
["1995-03-03",3,3,"18:00:00",40,0,-0.6,-11.7,38,{"$f":"Inputs!$R$38*Inputs!$R$33*(G1483-Inputs!$R$27)","v":-123656.52638997478},{"$f":"Inputs!$R$34*E1483*Inputs!$R$39","v":23411.588736424532},{"$f":"params!$C$16*Inputs!$R$30*(G1483-Inputs!$R$27)","v":-19363.868575989804},{"$f":"Inputs!$R$41*Inputs!$R$42/8760","v":0},{"$f":"-Inputs!$R$45*Inputs!$R$34","v":-90000},583.36085066457406,3.6016763769199135E-3,1.3686370232295672E-3,{"$f":"-N1483/(1.202*2465560*MAX(0,(Inputs!$R$49-Q1483)))","v":3.1536388894076492},{"$f":"params!$C$16*R1483*(G1483-Inputs!$R$27)","v":-82655.489473942609},-292264.2957034827,{"$f":"E1483*params!$C$8","v":82.86}]
["1995-03-03",3,3,"19:00:00",0,0,-3.4,-10,56,{"$f":"Inputs!$R$38*Inputs!$R$33*(G1484-Inputs!$R$27)","v":-139604.04156411687},{"$f":"Inputs!$R$34*E1484*Inputs!$R$39","v":0},{"$f":"params!$C$16*Inputs!$R$30*(G1484-Inputs!$R$27)","v":-21861.153571460338},{"$f":"Inputs!$R$41*Inputs!$R$42/8760","v":0},{"$f":"-Inputs!$R$45*Inputs!$R$34","v":-90000},474.36656633458665,2.925579214362132E-3,1.6383243600427938E-3,{"$f":"-N1484/(1.202*2465560*MAX(0,(Inputs!$R$49-Q1484)))","v":3.2445042594695859},{"$f":"params!$C$16*R1484*(G1484-Inputs!$R$27)","v":-96003.935594644165},-347469.1307302214,{"$f":"E1484*params!$C$8","v":0}]
["1995-03-03",3,3,"20:00:00",0,0,-2.2999999999999998,-11.7,44,{"$f":"Inputs!$R$38*Inputs!$R$33*(G1485-Inputs!$R$27)","v":-133338.94631713248},{"$f":"Inputs!$R$34*E1485*Inputs!$R$39","v":0},{"$f":"params!$C$16*Inputs!$R$30*(G1485-Inputs!$R$27)","v":-20880.077323239773},{"$f":"Inputs!$R$41*Inputs!$R$42/8760","v":0},{"$f":"-Inputs!$R$45*Inputs!$R$34","v":-90000},514.81537679871087,3.1763146675913099E-3,1.3975784537401765E-3,{"$f":"-N1485/(1.202*2465560*MAX(0,(Inputs!$R$49-Q1485)))","v":3.1631455648663103},{"$f":"params!$C$16*R1485*(G1485-Inputs!$R$27)","v":-89396.166137740089},-333615.18977811234,{"$f":"E1485*params!$C$8","v":0}]
["1995-03-03",3,3,"21:00:00",0,0,-7.3,-10,79,{"$f":"Inputs!$R$38*Inputs!$R$33*(G1486-Inputs!$R$27)","v":-161816.65198524334},{"$f":"Inputs!$R$34*E1486*Inputs!$R$39","v":0},{"$f":"params!$C$16*Inputs!$R$30*(G1486-Inputs!$R$27)","v":-25339.514815151444},{"$f":"Inputs!$R$41*Inputs!$R$42/8760","v":0},{"$f":"-Inputs!$R$45*Inputs!$R$34","v":-90000},352.73107385356553,2.1727913579510532E-3,1.7165051727813321E-3,{"$f":"-N1486/(1.202*2465560*MAX(0,(Inputs!$R$49-Q1486)))","v":3.2718328460884893},{"$f":"params!$C$16*R1486*(G1486-Inputs!$R$27)","v":-112216.57677334899},-389372.74357374373,{"$f":"E1486*params!$C$8","v":0}]
["1995-03-03",3,3,"22:00:00",0,0,-6.7,-10.6,71,{"$f":"Inputs!$R$38*Inputs!$R$33*(G1487-Inputs!$R$27)","v":-158399.32730507004},{"$f":"Inputs!$R$34*E1487*Inputs!$R$39","v":0},{"$f":"params!$C$16*Inputs!$R$30*(G1487-Inputs!$R$27)","v":-24804.382316122043},{"$f":"Inputs!$R$41*Inputs!$R$42/8760","v":0},{"$f":"-Inputs!$R$45*Inputs!$R$34","v":-90000},369.41576429308179,2.2759436123766601E-3,1.6159199647874287E-3,{"$f":"-N1487/(1.202*2465560*MAX(0,(Inputs!$R$49-Q1487)))","v":3.2367566244435184},{"$f":"params!$C$16*R1487*(G1487-Inputs!$R$27)","v":-108669.10126277067},-381872.81088396272,{"$f":"E1487*params!$C$8","v":0}]
["1995-03-03",3,3,"23:00:00",0,0,-7.3,-10,79,{"$f":"Inputs!$R$38*Inputs!$R$33*(G1488-Inputs!$R$27)","v":-161816.65198524334},{"$f":"Inputs!$R$34*E1488*Inputs!$R$39","v":0},{"$f":"params!$C$16*Inputs!$R$30*(G1488-Inputs!$R$27)","v":-25339.514815151444},{"$f":"Inputs!$R$41*Inputs!$R$42/8760","v":0},{"$f":"-Inputs!$R$45*Inputs!$R$34","v":-90000},352.73107385356553,2.1727913579510532E-3,1.7165051727813321E-3,{"$f":"-N1488/(1.202*2465560*MAX(0,(Inputs!$R$49-Q1488)))","v":3.2718328460884893},{"$f":"params!$C$16*R1488*(G1488-Inputs!$R$27)","v":-112216.57677334899},-389372.74357374373,{"$f":"E1488*params!$C$8","v":0}]
["1995-03-03",3,3,1,0,0,-7.8,-10.6,78,{"$f":"Inputs!$R$38*Inputs!$R$33*(G1489-Inputs!$R$27)","v":-164664.42255205443},{"$f":"Inputs!$R$34*E1489*Inputs!$R$39","v":0},{"$f":"params!$C$16*Inputs!$R$30*(G1489-Inputs!$R$27)","v":-25785.458564342614},{"$f":"Inputs!$R$41*Inputs!$R$42/8760","v":0},{"$f":"-Inputs!$R$45*Inputs!$R$34","v":-90000},339.34324758330234,2.0900464473813641E-3,1.6302362289574641E-3,{"$f":"-N1489/(1.202*2465560*MAX(0,(Inputs!$R$49-Q1489)))","v":3.2417030389952304},{"$f":"params!$C$16*R1489*(G1489-Inputs!$R$27)","v":-113139.87654986369},-393589.7576662607,{"$f":"E1489*params!$C$8","v":0}]
["1995-03-04",3,4,"01:00:00",0,0,-8.6,-11.2,79,{"$f":"Inputs!$R$38*Inputs!$R$33*(G1490-Inputs!$R$27)","v":-169220.85545895217},{"$f":"Inputs!$R$34*E1490*Inputs!$R$39","v":0},{"$f":"params!$C$16*Inputs!$R$30*(G1490-Inputs!$R$27)","v":-26498.968563048478},{"$f":"Inputs!$R$41*Inputs!$R$42/8760","v":0},{"$f":"-Inputs!$R$45*Inputs!$R$34","v":-90000},318.86233024449979,1.9635043645952533E-3,1.5511684480302502E-3,{"$f":"-N1490/(1.202*2465560*MAX(0,(Inputs!$R$49-Q1490)))","v":3.2145715636123806},{"$f":"params!$C$16*R1490*(G1490-Inputs!$R$27)","v":-115297.4445393104},-401017.26856131107,{"$f":"E1490*params!$C$8","v":0}]
["1995-03-04",3,4,"02:00:00",0,1,-9.1,-11.4,81,{"$f":"Inputs!$R$38*Inputs!$R$33*(G1491-Inputs!$R$27)","v":-172068.62602576325},{"$f":"Inputs!$R$34*E1491*Inputs!$R$39","v":0},{"$f":"params!$C$16*Inputs!$R$30*(G1491-Inputs!$R$27)","v":-26944.912312239645},{"$f":"Inputs!$R$41*Inputs!$R$42/8760","v":0},{"$f":"-Inputs!$R$45*Inputs!$R$34","v":-90000},306.62817466497791,1.8879396750511865E-3,1.529231136791461E-3,{"$f":"-N1491/(1.202*2465560*MAX(0,(Inputs!$R$49-Q1491)))","v":3.2071242470524339},{"$f":"params!$C$16*R1491*(G1491-Inputs!$R$27)","v":-116966.14403882391},-405979.68237682676,{"$f":"E1491*params!$C$8","v":0}]
["1995-03-04",3,4,"03:00:00",0,1,-9.4,-11.5,83,{"$f":"Inputs!$R$38*Inputs!$R$33*(G1492-Inputs!$R$27)","v":-173777.28836584993},{"$f":"Inputs!$R$34*E1492*Inputs!$R$39","v":0},{"$f":"params!$C$16*Inputs!$R$30*(G1492-Inputs!$R$27)","v":-27212.478561754349},{"$f":"Inputs!$R$41*Inputs!$R$42/8760","v":0},{"$f":"-Inputs!$R$45*Inputs!$R$34","v":-90000},299.49016048182534,1.843859935103438E-3,1.5304037461358535E-3,{"$f":"-N1492/(1.202*2465560*MAX(0,(Inputs!$R$49-Q1492)))","v":3.2075214534544405},{"$f":"params!$C$16*R1492*(G1492-Inputs!$R$27)","v":-118142.26230201194},-409132.02922961622,{"$f":"E1492*params!$C$8","v":0}]
["1995-03-04",3,4,"04:00:00",0,1,-9.6999999999999993,-11.7,84,{"$f":"Inputs!$R$38*Inputs!$R$33*(G1493-Inputs!$R$27)","v":-175485.95070593656},{"$f":"Inputs!$R$34*E1493*Inputs!$R$39","v":0},{"$f":"params!$C$16*Inputs!$R$30*(G1493-Inputs!$R$27)","v":-27480.044811269046},{"$f":"Inputs!$R$41*Inputs!$R$42/8760","v":0},{"$f":"-Inputs!$R$45*Inputs!$R$34","v":-90000},292.50065350070918,1.8007033146871746E-3,1.5125907843372265E-3,{"$f":"-N1493/(1.202*2465560*MAX(0,(Inputs!$R$49-Q1493)))","v":3.2014981257477553},{"$f":"params!$C$16*R1493*(G1493-Inputs!$R$27)","v":-119079.85623492341},-412045.85175212898,{"$f":"E1493*params!$C$8","v":0}]
["1995-03-04",3,4,"05:00:00",0,2,-9.9,-11.7,85,{"$f":"Inputs!$R$38*Inputs!$R$33*(G1494-Inputs!$R$27)","v":-176625.05893266102},{"$f":"Inputs!$R$34*E1494*Inputs!$R$39","v":0},{"$f":"params!$C$16*Inputs!$R$30*(G1494-Inputs!$R$27)","v":-27658.422310945516},{"$f":"Inputs!$R$41*Inputs!$R$42/8760","v":0},{"$f":"-Inputs!$R$45*Inputs!$R$34","v":-90000},287.92215399504238,1.7724366654267546E-3,1.5065711656127414E-3,{"$f":"-N1494/(1.202*2465560*MAX(0,(Inputs!$R$49-Q1494)))","v":3.1994677449078606},{"$f":"params!$C$16*R1494*(G1494-Inputs!$R$27)","v":-119776.81289312994},-414060.29413673648,{"$f":"E1494*params!$C$8","v":0}]
["1995-03-04",3,4,"06:00:00",0,2,-10,-11.7,86,{"$f":"Inputs!$R$38*Inputs!$R$33*(G1495-Inputs!$R$27)","v":-177194.61304602321},{"$f":"Inputs!$R$34*E1495*Inputs!$R$39","v":0},{"$f":"params!$C$16*Inputs!$R$30*(G1495-Inputs!$R$27)","v":-27747.611060783747},{"$f":"Inputs!$R$41*Inputs!$R$42/8760","v":0},{"$f":"-Inputs!$R$45*Inputs!$R$34","v":-90000},285.65695946908653,1.758452799711007E-3,1.5122694077514662E-3,{"$f":"-N1495/(1.202*2465560*MAX(0,(Inputs!$R$49-Q1495)))","v":3.2013896622622284},{"$f":"params!$C$16*R1495*(G1495-Inputs!$R$27)","v":-120235.23310745147},-415177.45721425844,{"$f":"E1495*params!$C$8","v":0}]
["1995-03-04",3,4,"07:00:00",2,3,-9.5,-11.2,86,{"$f":"Inputs!$R$38*Inputs!$R$33*(G1496-Inputs!$R$27)","v":-174346.84247921212},{"$f":"Inputs!$R$34*E1496*Inputs!$R$39","v":1170.5794368212264},{"$f":"params!$C$16*Inputs!$R$30*(G1496-Inputs!$R$27)","v":-27301.667311592581},{"$f":"Inputs!$R$41*Inputs!$R$42/8760","v":0},{"$f":"-Inputs!$R$45*Inputs!$R$34","v":-90000},297.14395791889046,1.8293726719233697E-3,1.5732604978540979E-3,{"$f":"-N1496/(1.202*2465560*MAX(0,(Inputs!$R$49-Q1496)))","v":3.2221064469118739},{"$f":"params!$C$16*R1496*(G1496-Inputs!$R$27)","v":-119068.44097259331},-409546.3713265768,{"$f":"E1496*params!$C$8","v":4.1429999999999998}]
["1995-03-04",3,4,"08:00:00",28,10,-7.8,-8.9,91,{"$f":"Inputs!$R$38*Inputs!$R$33*(G1497-Inputs!$R$27)","v":-164664.42255205443},{"$f":"Inputs!$R$34*E1497*Inputs!$R$39","v":16388.11211549717},{"$f":"params!$C$16*Inputs!$R$30*(G1497-Inputs!$R$27)","v":-25785.458564342614},{"$f":"Inputs!$R$41*Inputs!$R$42/8760","v":0},{"$f":"-Inputs!$R$45*Inputs!$R$34","v":-90000},339.34324758330234,2.0900464473813641E-3,1.9019422671170414E-3,{"$f":"-N1497/(1.202*2465560*MAX(0,(Inputs!$R$49-Q1497)))","v":3.3385320742712392},{"$f":"params!$C$16*R1497*(G1497-Inputs!$R$27)","v":-116519.34251753161},-380581.11151843145,{"$f":"E1497*params!$C$8","v":58.001999999999995}]
["1995-03-04",3,4,"09:00:00",78,10,-5.6,-7.8,83,{"$f":"Inputs!$R$38*Inputs!$R$33*(G1498-Inputs!$R$27)","v":-152134.23205808565},{"$f":"Inputs!$R$34*E1498*Inputs!$R$39","v":45652.598036027834},{"$f":"params!$C$16*Inputs!$R$30*(G1498-Inputs!$R$27)","v":-23823.306067901474},{"$f":"Inputs!$R$41*Inputs!$R$42/8760","v":0},{"$f":"-Inputs!$R$45*Inputs!$R$34","v":-90000},401.83740258497369,2.4764862815169408E-3,2.0554836136590609E-3,{"$f":"-N1498/(1.202*2465560*MAX(0,(Inputs!$R$49-Q1498)))","v":3.3958522103956477},{"$f":"params!$C$16*R1498*(G1498-Inputs!$R$27)","v":-109501.0855727388},-329806.02566269808,{"$f":"E1498*params!$C$8","v":161.577}]
["1995-03-04",3,4,"10:00:00",128,10,-2.8,-6.7,72,{"$f":"Inputs!$R$38*Inputs!$R$33*(G1499-Inputs!$R$27)","v":-136186.71688394356},{"$f":"Inputs!$R$34*E1499*Inputs!$R$39","v":74917.08395655849},{"$f":"params!$C$16*Inputs!$R$30*(G1499-Inputs!$R$27)","v":-21326.02107243094},{"$f":"Inputs!$R$41*Inputs!$R$42/8760","v":0},{"$f":"-Inputs!$R$45*Inputs!$R$34","v":-90000},496.06494903212268,3.060058869440949E-3,2.2032423859974833E-3,{"$f":"-N1499/(1.202*2465560*MAX(0,(Inputs!$R$49-Q1499)))","v":3.4529033082543474},{"$f":"params!$C$16*R1499*(G1499-Inputs!$R$27)","v":-99669.404649006872},-272265.05864882289,{"$f":"E1499*params!$C$8","v":265.15199999999999}]
["1995-03-04",3,4,"11:00:00",224,9,1.1000000000000001,-6.2,55,{"$f":"Inputs!$R$38*Inputs!$R$33*(G1500-Inputs!$R$27)","v":-113974.10646281707},{"$f":"Inputs!$R$34*E1500*Inputs!$R$39","v":131104.89692397736},{"$f":"params!$C$16*Inputs!$R$30*(G1500-Inputs!$R$27)","v":-17847.65982873983},{"$f":"Inputs!$R$41*Inputs!$R$42/8760","v":0},{"$f":"-Inputs!$R$45*Inputs!$R$34","v":-90000},659.87933273383078,4.077199179350414E-3,2.2424595486427276E-3,{"$f":"-N1500/(1.202*2465560*MAX(0,(Inputs!$R$49-Q1500)))","v":3.4683687877486542},{"$f":"params!$C$16*R1500*(G1500-Inputs!$R$27)","v":-83786.521838880391},-174503.39120645996,{"$f":"E1500*params!$C$8","v":464.01599999999996}]
["1995-03-04",3,4,"12:00:00",532,2,3.3,-6.2,47,{"$f":"Inputs!$R$38*Inputs!$R$33*(G1501-Inputs!$R$27)","v":-101443.91596884829},{"$f":"Inputs!$R$34*E1501*Inputs!$R$39","v":311374.13019444625},{"$f":"params!$C$16*Inputs!$R$30*(G1501-Inputs!$R$27)","v":-15885.507332298695},{"$f":"Inputs!$R$41*Inputs!$R$42/8760","v":0},{"$f":"-Inputs!$R$45*Inputs!$R$34","v":-90000},772.02842975916951,4.7754555160627581E-3,2.2444640925494961E-3,{"$f":"-N1501/(1.202*2465560*MAX(0,(Inputs!$R$49-Q1501)))","v":3.4691630118900085},{"$f":"params!$C$16*R1501*(G1501-Inputs!$R$27)","v":-74592.198889199601},29452.508004099669,{"$f":"E1501*params!$C$8","v":1102.038}]
["1995-03-04",3,4,"13:00:00",417,9,5,-5,46,{"$f":"Inputs!$R$38*Inputs!$R$33*(G1502-Inputs!$R$27)","v":-91761.496041690596},{"$f":"Inputs!$R$34*E1502*Inputs!$R$39","v":244065.81257722573},{"$f":"params!$C$16*Inputs!$R$30*(G1502-Inputs!$R$27)","v":-14369.298585048728},{"$f":"Inputs!$R$41*Inputs!$R$42/8760","v":0},{"$f":"-Inputs!$R$45*Inputs!$R$34","v":-90000},869.91328556198641,5.3861748872103517E-3,2.4776404481167617E-3,{"$f":"-N1502/(1.202*2465560*MAX(0,(Inputs!$R$49-Q1502)))","v":3.5641002656011156},{"$f":"params!$C$16*R1502*(G1502-Inputs!$R$27)","v":-69319.128746687522},-21384.110796201101,{"$f":"E1502*params!$C$8","v":863.81549999999993}]
["1995-03-04",3,4,"14:00:00",183,10,6.1,-5,43,{"$f":"Inputs!$R$38*Inputs!$R$33*(G1503-Inputs!$R$27)","v":-85496.400794706205},{"$f":"Inputs!$R$34*E1503*Inputs!$R$39","v":107108.01846914222},{"$f":"params!$C$16*Inputs!$R$30*(G1503-Inputs!$R$27)","v":-13388.222336828159},{"$f":"Inputs!$R$41*Inputs!$R$42/8760","v":0},{"$f":"-Inputs!$R$45*Inputs!$R$34","v":-90000},938.94793828269269,5.817609385555097E-3,2.5015720357886915E-3,{"$f":"-N1503/(1.202*2465560*MAX(0,(Inputs!$R$49-Q1503)))","v":3.5741388014188948},{"$f":"params!$C$16*R1503*(G1503-Inputs!$R$27)","v":-64768.217286583356},-146544.8219489755,{"$f":"E1503*params!$C$8","v":379.08449999999999}]
["1995-03-04",3,4,"15:00:00",381,9,6.6,-4.5,43,{"$f":"Inputs!$R$38*Inputs!$R$33*(G1504-Inputs!$R$27)","v":-82648.630227895119},{"$f":"Inputs!$R$34*E1504*Inputs!$R$39","v":222995.38271444364},{"$f":"params!$C$16*Inputs!$R$30*(G1504-Inputs!$R$27)","v":-12942.278587636991},{"$f":"Inputs!$R$41*Inputs!$R$42/8760","v":0},{"$f":"-Inputs!$R$45*Inputs!$R$34","v":-90000},971.89505506814805,6.0237228004355421E-3,2.5902008041872831E-3,{"$f":"-N1504/(1.202*2465560*MAX(0,(Inputs!$R$49-Q1504)))","v":3.6118134292582695},{"$f":"params!$C$16*R1504*(G1504-Inputs!$R$27)","v":-63270.849503816004},-25866.37560490449,{"$f":"E1504*params!$C$8","v":789.24149999999997}]
["1995-03-04",3,4,"16:00:00",383,2,6.6,-5.6,39,{"$f":"Inputs!$R$38*Inputs!$R$33*(G1505-Inputs!$R$27)","v":-82648.630227895119},{"$f":"Inputs!$R$34*E1505*Inputs!$R$39","v":224165.96215126489},{"$f":"params!$C$16*Inputs!$R$30*(G1505-Inputs!$R$27)","v":-12942.278587636991},{"$f":"Inputs!$R$41*Inputs!$R$42/8760","v":0},{"$f":"-Inputs!$R$45*Inputs!$R$34","v":-90000},971.89505506814805,6.0237228004355421E-3,2.3492518921698611E-3,{"$f":"-N1505/(1.202*2465560*MAX(0,(Inputs!$R$49-Q1505)))","v":3.5111938224966002},{"$f":"params!$C$16*R1505*(G1505-Inputs!$R$27)","v":-61508.220253650623},-22933.166917917828,{"$f":"E1505*params!$C$8","v":793.3845}]
["1995-03-04",3,4,"17:00:00",169,3,6.6,-5.6,39,{"$f":"Inputs!$R$38*Inputs!$R$33*(G1506-Inputs!$R$27)","v":-82648.630227895119},{"$f":"Inputs!$R$34*E1506*Inputs!$R$39","v":98913.962411393644},{"$f":"params!$C$16*Inputs!$R$30*(G1506-Inputs!$R$27)","v":-12942.278587636991},{"$f":"Inputs!$R$41*Inputs!$R$42/8760","v":0},{"$f":"-Inputs!$R$45*Inputs!$R$34","v":-90000},971.89505506814805,6.0237228004355421E-3,2.3492518921698611E-3,{"$f":"-N1506/(1.202*2465560*MAX(0,(Inputs!$R$49-Q1506)))","v":3.5111938224966002},{"$f":"params!$C$16*R1506*(G1506-Inputs!$R$27)","v":-61508.220253650623},-148185.16665778909,{"$f":"E1506*params!$C$8","v":350.08349999999996}]
["1995-03-04",3,4,"18:00:00",44,0,5,-5,46,{"$f":"Inputs!$R$38*Inputs!$R$33*(G1507-Inputs!$R$27)","v":-91761.496041690596},{"$f":"Inputs!$R$34*E1507*Inputs!$R$39","v":25752.747610066985},{"$f":"params!$C$16*Inputs!$R$30*(G1507-Inputs!$R$27)","v":-14369.298585048728},{"$f":"Inputs!$R$41*Inputs!$R$42/8760","v":0},{"$f":"-Inputs!$R$45*Inputs!$R$34","v":-90000},869.91328556198641,5.3861748872103517E-3,2.4776404481167617E-3,{"$f":"-N1507/(1.202*2465560*MAX(0,(Inputs!$R$49-Q1507)))","v":3.5641002656011156},{"$f":"params!$C$16*R1507*(G1507-Inputs!$R$27)","v":-69319.128746687522},-239697.17576335985,{"$f":"E1507*params!$C$8","v":91.146000000000001}]
["1995-03-04",3,4,"19:00:00",0,0,-1.7,-5.6,72,{"$f":"Inputs!$R$38*Inputs!$R$33*(G1508-Inputs!$R$27)","v":-129921.62163695917},{"$f":"Inputs!$R$34*E1508*Inputs!$R$39","v":0},{"$f":"params!$C$16*Inputs!$R$30*(G1508-Inputs!$R$27)","v":-20344.944824210368},{"$f":"Inputs!$R$41*Inputs!$R$42/8760","v":0},{"$f":"-Inputs!$R$45*Inputs!$R$34","v":-90000},538.14431300780234,3.321018376087627E-3,2.3911332307830916E-3,{"$f":"-N1508/(1.202*2465560*MAX(0,(Inputs!$R$49-Q1508)))","v":3.5282788543839501},{"$f":"params!$C$16*R1508*(G1508-Inputs!$R$27)","v":-97159.893799311612},-337426.46026048117,{"$f":"E1508*params!$C$8","v":0}]
["1995-03-04",3,4,"20:00:00",0,0,-2.8,-5.6,79,{"$f":"Inputs!$R$38*Inputs!$R$33*(G1509-Inputs!$R$27)","v":-136186.71688394356},{"$f":"Inputs!$R$34*E1509*Inputs!$R$39","v":0},{"$f":"params!$C$16*Inputs!$R$30*(G1509-Inputs!$R$27)","v":-21326.02107243094},{"$f":"Inputs!$R$41*Inputs!$R$42/8760","v":0},{"$f":"-Inputs!$R$45*Inputs!$R$34","v":-90000},496.06494903212268,3.060058869440949E-3,2.4174465068583497E-3,{"$f":"-N1509/(1.202*2465560*MAX(0,(Inputs!$R$49-Q1509)))","v":3.5390983743513691},{"$f":"params!$C$16*R1509*(G1509-Inputs!$R$27)","v":-102157.45894842346},-349670.19690479798,{"$f":"E1509*params!$C$8","v":0}]
["1995-03-04",3,4,"21:00:00",0,0,-2.6,-5.5,78,{"$f":"Inputs!$R$38*Inputs!$R$33*(G1510-Inputs!$R$27)","v":-135047.60865721913},{"$f":"Inputs!$R$34*E1510*Inputs!$R$39","v":0},{"$f":"params!$C$16*Inputs!$R$30*(G1510-Inputs!$R$27)","v":-21147.643572754474},{"$f":"Inputs!$R$41*Inputs!$R$42/8760","v":0},{"$f":"-Inputs!$R$45*Inputs!$R$34","v":-90000},503.49108626855735,3.1060969946926286E-3,2.4227556558602502E-3,{"$f":"-N1510/(1.202*2465560*MAX(0,(Inputs!$R$49-Q1510)))","v":3.5412894456382507},{"$f":"params!$C$16*R1510*(G1510-Inputs!$R$27)","v":-101365.69918069638},-347560.95141067001,{"$f":"E1510*params!$C$8","v":0}]
["1995-03-04",3,4,"22:00:00",0,0,-2.2999999999999998,-5.6,76,{"$f":"Inputs!$R$38*Inputs!$R$33*(G1511-Inputs!$R$27)","v":-133338.94631713248},{"$f":"Inputs!$R$34*E1511*Inputs!$R$39","v":0},{"$f":"params!$C$16*Inputs!$R$30*(G1511-Inputs!$R$27)","v":-20880.077323239773},{"$f":"Inputs!$R$41*Inputs!$R$42/8760","v":0},{"$f":"-Inputs!$R$45*Inputs!$R$34","v":-90000},514.81537679871087,3.1763146675913099E-3,2.4139991473693958E-3,{"$f":"-N1511/(1.202*2465560*MAX(0,(Inputs!$R$49-Q1511)))","v":3.5376771097683064},{"$f":"params!$C$16*R1511*(G1511-Inputs!$R$27)","v":-99981.09924476211},-344200.12288513436,{"$f":"E1511*params!$C$8","v":0}]
["1995-03-04",3,4,"23:00:00",0,0,-3.9,-6.2,82,{"$f":"Inputs!$R$38*Inputs!$R$33*(G1512-Inputs!$R$27)","v":-142451.81213092795},{"$f":"Inputs!$R$34*E1512*Inputs!$R$39","v":0},{"$f":"params!$C$16*Inputs!$R$30*(G1512-Inputs!$R$27)","v":-22307.097320651505},{"$f":"Inputs!$R$41*Inputs!$R$42/8760","v":0},{"$f":"-Inputs!$R$45*Inputs!$R$34","v":-90000},456.93292986618587,2.8175730136730305E-3,2.310409871211885E-3,{"$f":"-N1512/(1.202*2465560*MAX(0,(Inputs!$R$49-Q1512)))","v":3.4954958722062441},{"$f":"params!$C$16*R1512*(G1512-Inputs!$R$27)","v":-105540.57811763564},-360299.48756921507,{"$f":"E1512*params!$C$8","v":0}]
["1995-03-04",3,4,1,0,0,-3.9,-6.2,82,{"$f":"Inputs!$R$38*Inputs!$R$33*(G1513-Inputs!$R$27)","v":-142451.81213092795},{"$f":"Inputs!$R$34*E1513*Inputs!$R$39","v":0},{"$f":"params!$C$16*Inputs!$R$30*(G1513-Inputs!$R$27)","v":-22307.097320651505},{"$f":"Inputs!$R$41*Inputs!$R$42/8760","v":0},{"$f":"-Inputs!$R$45*Inputs!$R$34","v":-90000},456.93292986618587,2.8175730136730305E-3,2.310409871211885E-3,{"$f":"-N1513/(1.202*2465560*MAX(0,(Inputs!$R$49-Q1513)))","v":3.4954958722062441},{"$f":"params!$C$16*R1513*(G1513-Inputs!$R$27)","v":-105540.57811763564},-360299.48756921507,{"$f":"E1513*params!$C$8","v":0}]
["1995-03-05",3,5,"01:00:00",0,1,-4.5999999999999996,-6.8,83,{"$f":"Inputs!$R$38*Inputs!$R$33*(G1514-Inputs!$R$27)","v":-146438.69092446347},{"$f":"Inputs!$R$34*E1514*Inputs!$R$39","v":0},{"$f":"params!$C$16*Inputs!$R$30*(G1514-Inputs!$R$27)","v":-22931.418569519141},{"$f":"Inputs!$R$41*Inputs!$R$42/8760","v":0},{"$f":"-Inputs!$R$45*Inputs!$R$34","v":-90000},433.48245064523053,2.6723496801445896E-3,2.2180502345200094E-3,{"$f":"-N1514/(1.202*2465560*MAX(0,(Inputs!$R$49-Q1514)))","v":3.4587266214793857},{"$f":"params!$C$16*R1514*(G1514-Inputs!$R$27)","v":-107353.14486118675},-366723.25435516937,{"$f":"E1514*params!$C$8","v":0}]
["1995-03-05",3,5,"02:00:00",0,2,-5,-7,84,{"$f":"Inputs!$R$38*Inputs!$R$33*(G1515-Inputs!$R$27)","v":-148716.90737791234},{"$f":"Inputs!$R$34*E1515*Inputs!$R$39","v":0},{"$f":"params!$C$16*Inputs!$R$30*(G1515-Inputs!$R$27)","v":-23288.173568872076},{"$f":"Inputs!$R$41*Inputs!$R$42/8760","v":0},{"$f":"-Inputs!$R$45*Inputs!$R$34","v":-90000},420.56802345265027,2.5924024753231664E-3,2.1776180792714597E-3,{"$f":"-N1515/(1.202*2465560*MAX(0,(Inputs!$R$49-Q1515)))","v":3.4428725210447326},{"$f":"params!$C$16*R1515*(G1515-Inputs!$R$27)","v":-108523.5482450678},-370528.62919185217,{"$f":"E1515*params!$C$8","v":0}]
["1995-03-05",3,5,"03:00:00",0,3,-5.2,-7.2,84,{"$f":"Inputs!$R$38*Inputs!$R$33*(G1516-Inputs!$R$27)","v":-149856.01560463678},{"$f":"Inputs!$R$34*E1516*Inputs!$R$39","v":0},{"$f":"params!$C$16*Inputs!$R$30*(G1516-Inputs!$R$27)","v":-23466.551068548542},{"$f":"Inputs!$R$41*Inputs!$R$42/8760","v":0},{"$f":"-Inputs!$R$45*Inputs!$R$34","v":-90000},414.24000970807384,2.5532361589885432E-3,2.1447183735503763E-3,{"$f":"-N1516/(1.202*2465560*MAX(0,(Inputs!$R$49-Q1516)))","v":3.4300788672142941},{"$f":"params!$C$16*R1516*(G1516-Inputs!$R$27)","v":-108948.4319559678},-372270.99862915312,{"$f":"E1516*params!$C$8","v":0}]
["1995-03-05",3,5,"04:00:00",0,4,-5.4,-7.4,84,{"$f":"Inputs!$R$38*Inputs!$R$33*(G1517-Inputs!$R$27)","v":-150995.12383136124},{"$f":"Inputs!$R$34*E1517*Inputs!$R$39","v":0},{"$f":"params!$C$16*Inputs!$R$30*(G1517-Inputs!$R$27)","v":-23644.928568225012},{"$f":"Inputs!$R$41*Inputs!$R$42/8760","v":0},{"$f":"-Inputs!$R$45*Inputs!$R$34","v":-90000},407.99679816647671,2.5145995270594262E-3,2.1122636027299181E-3,{"$f":"-N1517/(1.202*2465560*MAX(0,(Inputs!$R$49-Q1517)))","v":3.4175510560708307},{"$f":"params!$C$16*R1517*(G1517-Inputs!$R$27)","v":-109375.6459451253},-374015.69834471156,{"$f":"E1517*params!$C$8","v":0}]
["1995-03-05",3,5,"05:00:00",0,5,-5.5,-7.4,85,{"$f":"Inputs!$R$38*Inputs!$R$33*(G1518-Inputs!$R$27)","v":-151564.67794472343},{"$f":"Inputs!$R$34*E1518*Inputs!$R$39","v":0},{"$f":"params!$C$16*Inputs!$R$30*(G1518-Inputs!$R$27)","v":-23734.117318063243},{"$f":"Inputs!$R$41*Inputs!$R$42/8760","v":0},{"$f":"-Inputs!$R$45*Inputs!$R$34","v":-90000},404.90668464743334,2.4954778720829678E-3,2.1211561912705228E-3,{"$f":"-N1518/(1.202*2465560*MAX(0,(Inputs!$R$49-Q1518)))","v":3.4209745580841053},{"$f":"params!$C$16*R1518*(G1518-Inputs!$R$27)","v":-109898.19063303017},-375196.98589581682,{"$f":"E1518*params!$C$8","v":0}]
["1995-03-05",3,5,"06:00:00",0,6,-5.5,-7.4,85,{"$f":"Inputs!$R$38*Inputs!$R$33*(G1519-Inputs!$R$27)","v":-151564.67794472343},{"$f":"Inputs!$R$34*E1519*Inputs!$R$39","v":0},{"$f":"params!$C$16*Inputs!$R$30*(G1519-Inputs!$R$27)","v":-23734.117318063243},{"$f":"Inputs!$R$41*Inputs!$R$42/8760","v":0},{"$f":"-Inputs!$R$45*Inputs!$R$34","v":-90000},404.90668464743334,2.4954778720829678E-3,2.1211561912705228E-3,{"$f":"-N1519/(1.202*2465560*MAX(0,(Inputs!$R$49-Q1519)))","v":3.4209745580841053},{"$f":"params!$C$16*R1519*(G1519-Inputs!$R$27)","v":-109898.19063303017},-375196.98589581682,{"$f":"E1519*params!$C$8","v":0}]
["1995-03-05",3,5,"07:00:00",2,7,-5.3,-7.2,85,{"$f":"Inputs!$R$38*Inputs!$R$33*(G1520-Inputs!$R$27)","v":-150425.56971799899},{"$f":"Inputs!$R$34*E1520*Inputs!$R$39","v":1170.5794368212264},{"$f":"params!$C$16*Inputs!$R$30*(G1520-Inputs!$R$27)","v":-23555.739818386777},{"$f":"Inputs!$R$41*Inputs!$R$42/8760","v":0},{"$f":"-Inputs!$R$45*Inputs!$R$34","v":-90000},411.10786552649557,2.5338520276220618E-3,2.1537742234787522E-3,{"$f":"-N1520/(1.202*2465560*MAX(0,(Inputs!$R$49-Q1520)))","v":3.4335909068350499},{"$f":"params!$C$16*R1520*(G1520-Inputs!$R$27)","v":-109474.48530670693},-372285.21540627145,{"$f":"E1520*params!$C$8","v":4.1429999999999998}]
["1995-03-05",3,5,"08:00:00",21,10,-4.2,-6,86,{"$f":"Inputs!$R$38*Inputs!$R$33*(G1521-Inputs!$R$27)","v":-144160.4744710146},{"$f":"Inputs!$R$34*E1521*Inputs!$R$39","v":12291.084086622879},{"$f":"params!$C$16*Inputs!$R$30*(G1521-Inputs!$R$27)","v":-22574.663570166205},{"$f":"Inputs!$R$41*Inputs!$R$42/8760","v":0},{"$f":"-Inputs!$R$45*Inputs!$R$34","v":-90000},446.74816317859865,2.7544928413638556E-3,2.3688638435729161E-3,{"$f":"-N1521/(1.202*2465560*MAX(0,(Inputs!$R$49-Q1521)))","v":3.5191736562568408},{"$f":"params!$C$16*R1521*(G1521-Inputs!$R$27)","v":-107529.98812820189},-351974.04208275984,{"$f":"E1521*params!$C$8","v":43.5015}]
["1995-03-05",3,5,"09:00:00",53,10,-2.6,-5.5,78,{"$f":"Inputs!$R$38*Inputs!$R$33*(G1522-Inputs!$R$27)","v":-135047.60865721913},{"$f":"Inputs!$R$34*E1522*Inputs!$R$39","v":31020.355075762502},{"$f":"params!$C$16*Inputs!$R$30*(G1522-Inputs!$R$27)","v":-21147.643572754474},{"$f":"Inputs!$R$41*Inputs!$R$42/8760","v":0},{"$f":"-Inputs!$R$45*Inputs!$R$34","v":-90000},503.49108626855735,3.1060969946926286E-3,2.4227556558602502E-3,{"$f":"-N1522/(1.202*2465560*MAX(0,(Inputs!$R$49-Q1522)))","v":3.5412894456382507},{"$f":"params!$C$16*R1522*(G1522-Inputs!$R$27)","v":-101365.69918069638},-316540.59633490746,{"$f":"E1522*params!$C$8","v":109.78949999999999}]
["1995-03-05",3,5,"10:00:00",88,10,-0.5,-3.6,77,{"$f":"Inputs!$R$38*Inputs!$R$33*(G1523-Inputs!$R$27)","v":-123086.97227661256},{"$f":"Inputs!$R$34*E1523*Inputs!$R$39","v":51505.495220133969},{"$f":"params!$C$16*Inputs!$R$30*(G1523-Inputs!$R$27)","v":-19274.679826151569},{"$f":"Inputs!$R$41*Inputs!$R$42/8760","v":0},{"$f":"-Inputs!$R$45*Inputs!$R$34","v":-90000},587.63383249384253,3.6282117057415651E-3,2.7937230134210049E-3,{"$f":"-N1523/(1.202*2465560*MAX(0,(Inputs!$R$49-Q1523)))","v":3.70140798241381},{"$f":"params!$C$16*R1523*(G1523-Inputs!$R$27)","v":-96565.444302957301},-277421.60118558747,{"$f":"E1523*params!$C$8","v":182.292}]
["1995-03-05",3,5,"11:00:00",165,10,1.9,-2.8,69,{"$f":"Inputs!$R$38*Inputs!$R$33*(G1524-Inputs!$R$27)","v":-109417.67355591935},{"$f":"Inputs!$R$34*E1524*Inputs!$R$39","v":96572.803537751199},{"$f":"params!$C$16*Inputs!$R$30*(G1524-Inputs!$R$27)","v":-17134.149830033966},{"$f":"Inputs!$R$41*Inputs!$R$42/8760","v":0},{"$f":"-Inputs!$R$45*Inputs!$R$34","v":-90000},698.86872317792734,4.3197762144546511E-3,2.9806455879737093E-3,{"$f":"-N1524/(1.202*2465560*MAX(0,(Inputs!$R$49-Q1524)))","v":3.7877022764455117},{"$f":"params!$C$16*R1524*(G1524-Inputs!$R$27)","v":-87842.767209080048},-207821.78705728217,{"$f":"E1524*params!$C$8","v":341.79749999999996}]
["1995-03-05",3,5,"12:00:00",188,10,3.8,-1.7,66,{"$f":"Inputs!$R$38*Inputs!$R$33*(G1525-Inputs!$R$27)","v":-98596.145402037204},{"$f":"Inputs!$R$34*E1525*Inputs!$R$39","v":110034.46706119529},{"$f":"params!$C$16*Inputs!$R$30*(G1525-Inputs!$R$27)","v":-15439.563583107529},{"$f":"Inputs!$R$41*Inputs!$R$42/8760","v":0},{"$f":"-Inputs!$R$45*Inputs!$R$34","v":-90000},799.75278170517424,4.9483114832316053E-3,3.2658855789328596E-3,{"$f":"-N1525/(1.202*2465560*MAX(0,(Inputs!$R$49-Q1525)))","v":3.927426548069481},{"$f":"params!$C$16*R1525*(G1525-Inputs!$R$27)","v":-82074.964768976221},-176076.20669292565,{"$f":"E1525*params!$C$8","v":389.44200000000001}]
["1995-03-05",3,5,"13:00:00",194,10,5.5,-1.2,61,{"$f":"Inputs!$R$38*Inputs!$R$33*(G1526-Inputs!$R$27)","v":-88913.725474879509},{"$f":"Inputs!$R$34*E1526*Inputs!$R$39","v":113546.20537165899},{"$f":"params!$C$16*Inputs!$R$30*(G1526-Inputs!$R$27)","v":-13923.354835857559},{"$f":"Inputs!$R$41*Inputs!$R$42/8760","v":0},{"$f":"-Inputs!$R$45*Inputs!$R$34","v":-90000},900.71602087450731,5.5786043819837112E-3,3.4029486730100637E-3,{"$f":"-N1526/(1.202*2465560*MAX(0,(Inputs!$R$49-Q1526)))","v":3.9982996557446566},{"$f":"params!$C$16*R1526*(G1526-Inputs!$R$27)","v":-75350.62239827025},-154641.49733734835,{"$f":"E1526*params!$C$8","v":401.87099999999998}]
["1995-03-05",3,5,"14:00:00",182,10,6.1,-1.2,59,{"$f":"Inputs!$R$38*Inputs!$R$33*(G1527-Inputs!$R$27)","v":-85496.400794706205},{"$f":"Inputs!$R$34*E1527*Inputs!$R$39","v":106522.72875073161},{"$f":"params!$C$16*Inputs!$R$30*(G1527-Inputs!$R$27)","v":-13388.222336828159},{"$f":"Inputs!$R$41*Inputs!$R$42/8760","v":0},{"$f":"-Inputs!$R$45*Inputs!$R$34","v":-90000},938.94793828269269,5.817609385555097E-3,3.432389537477507E-3,{"$f":"-N1527/(1.202*2465560*MAX(0,(Inputs!$R$49-Q1527)))","v":4.0138580740433749},{"$f":"params!$C$16*R1527*(G1527-Inputs!$R$27)","v":-72736.523772927569},-155098.41815373034,{"$f":"E1527*params!$C$8","v":377.01299999999998}]
["1995-03-05",3,5,"15:00:00",153,10,6.1,-1.2,59,{"$f":"Inputs!$R$38*Inputs!$R$33*(G1528-Inputs!$R$27)","v":-85496.400794706205},{"$f":"Inputs!$R$34*E1528*Inputs!$R$39","v":89549.326916823833},{"$f":"params!$C$16*Inputs!$R$30*(G1528-Inputs!$R$27)","v":-13388.222336828159},{"$f":"Inputs!$R$41*Inputs!$R$42/8760","v":0},{"$f":"-Inputs!$R$45*Inputs!$R$34","v":-90000},938.94793828269269,5.817609385555097E-3,3.432389537477507E-3,{"$f":"-N1528/(1.202*2465560*MAX(0,(Inputs!$R$49-Q1528)))","v":4.0138580740433749},{"$f":"params!$C$16*R1528*(G1528-Inputs!$R$27)","v":-72736.523772927569},-172071.8199876381,{"$f":"E1528*params!$C$8","v":316.93950000000001}]
["1995-03-05",3,5,"16:00:00",110,10,6.1,-1.2,59,{"$f":"Inputs!$R$38*Inputs!$R$33*(G1529-Inputs!$R$27)","v":-85496.400794706205},{"$f":"Inputs!$R$34*E1529*Inputs!$R$39","v":64381.869025167456},{"$f":"params!$C$16*Inputs!$R$30*(G1529-Inputs!$R$27)","v":-13388.222336828159},{"$f":"Inputs!$R$41*Inputs!$R$42/8760","v":0},{"$f":"-Inputs!$R$45*Inputs!$R$34","v":-90000},938.94793828269269,5.817609385555097E-3,3.432389537477507E-3,{"$f":"-N1529/(1.202*2465560*MAX(0,(Inputs!$R$49-Q1529)))","v":4.0138580740433749},{"$f":"params!$C$16*R1529*(G1529-Inputs!$R$27)","v":-72736.523772927569},-197239.27787929447,{"$f":"E1529*params!$C$8","v":227.86499999999998}]
["1995-03-05",3,5,"17:00:00",58,10,5.5,-1.2,61,{"$f":"Inputs!$R$38*Inputs!$R$33*(G1530-Inputs!$R$27)","v":-88913.725474879509},{"$f":"Inputs!$R$34*E1530*Inputs!$R$39","v":33946.803667815569},{"$f":"params!$C$16*Inputs!$R$30*(G1530-Inputs!$R$27)","v":-13923.354835857559},{"$f":"Inputs!$R$41*Inputs!$R$42/8760","v":0},{"$f":"-Inputs!$R$45*Inputs!$R$34","v":-90000},900.71602087450731,5.5786043819837112E-3,3.4029486730100637E-3,{"$f":"-N1530/(1.202*2465560*MAX(0,(Inputs!$R$49-Q1530)))","v":3.9982996557446566},{"$f":"params!$C$16*R1530*(G1530-Inputs!$R$27)","v":-75350.62239827025},-234240.89904119173,{"$f":"E1530*params!$C$8","v":120.14699999999999}]
["1995-03-05",3,5,"18:00:00",20,10,5.5,-1.2,61,{"$f":"Inputs!$R$38*Inputs!$R$33*(G1531-Inputs!$R$27)","v":-88913.725474879509},{"$f":"Inputs!$R$34*E1531*Inputs!$R$39","v":11705.794368212266},{"$f":"params!$C$16*Inputs!$R$30*(G1531-Inputs!$R$27)","v":-13923.354835857559},{"$f":"Inputs!$R$41*Inputs!$R$42/8760","v":0},{"$f":"-Inputs!$R$45*Inputs!$R$34","v":-90000},900.71602087450731,5.5786043819837112E-3,3.4029486730100637E-3,{"$f":"-N1531/(1.202*2465560*MAX(0,(Inputs!$R$49-Q1531)))","v":3.9982996557446566},{"$f":"params!$C$16*R1531*(G1531-Inputs!$R$27)","v":-75350.62239827025},-256481.90834079502,{"$f":"E1531*params!$C$8","v":41.43}]
["1995-03-05",3,5,"19:00:00",0,10,4.4000000000000004,-2.2999999999999998,60,{"$f":"Inputs!$R$38*Inputs!$R$33*(G1532-Inputs!$R$27)","v":-95178.820721863885},{"$f":"Inputs!$R$34*E1532*Inputs!$R$39","v":0},{"$f":"params!$C$16*Inputs!$R$30*(G1532-Inputs!$R$27)","v":-14904.431084078125},{"$f":"Inputs!$R$41*Inputs!$R$42/8760","v":0},{"$f":"-Inputs!$R$45*Inputs!$R$34","v":-90000},834.18129245512239,5.1630993453363316E-3,3.0978596072017989E-3,{"$f":"-N1532/(1.202*2465560*MAX(0,(Inputs!$R$49-Q1532)))","v":3.8438981988586645},{"$f":"params!$C$16*R1532*(G1532-Inputs!$R$27)","v":-77545.195244140239},-277628.44705008226,{"$f":"E1532*params!$C$8","v":0}]
["1995-03-05",3,5,"20:00:00",0,10,3.3,-1.2,71,{"$f":"Inputs!$R$38*Inputs!$R$33*(G1533-Inputs!$R$27)","v":-101443.91596884829},{"$f":"Inputs!$R$34*E1533*Inputs!$R$39","v":0},{"$f":"params!$C$16*Inputs!$R$30*(G1533-Inputs!$R$27)","v":-15885.507332298695},{"$f":"Inputs!$R$41*Inputs!$R$42/8760","v":0},{"$f":"-Inputs!$R$45*Inputs!$R$34","v":-90000},772.02842975916951,4.7754555160627581E-3,3.390573416404558E-3,{"$f":"-N1533/(1.202*2465560*MAX(0,(Inputs!$R$49-Q1533)))","v":3.9917957326706088},{"$f":"params!$C$16*R1533*(G1533-Inputs!$R$27)","v":-85829.584887164383},-293159.00818831136,{"$f":"E1533*params!$C$8","v":0}]
["1995-03-05",3,5,"21:00:00",0,10,3.3,-0.6,75,{"$f":"Inputs!$R$38*Inputs!$R$33*(G1534-Inputs!$R$27)","v":-101443.91596884829},{"$f":"Inputs!$R$34*E1534*Inputs!$R$39","v":0},{"$f":"params!$C$16*Inputs!$R$30*(G1534-Inputs!$R$27)","v":-15885.507332298695},{"$f":"Inputs!$R$41*Inputs!$R$42/8760","v":0},{"$f":"-Inputs!$R$45*Inputs!$R$34","v":-90000},772.02842975916951,4.7754555160627581E-3,3.5815916370470686E-3,{"$f":"-N1534/(1.202*2465560*MAX(0,(Inputs!$R$49-Q1534)))","v":4.0946050939605554},{"$f":"params!$C$16*R1534*(G1534-Inputs!$R$27)","v":-88040.140084117564},-295369.5633852646,{"$f":"E1534*params!$C$8","v":0}]
["1995-03-05",3,5,"22:00:00",0,10,2.7,-0.6,78,{"$f":"Inputs!$R$38*Inputs!$R$33*(G1535-Inputs!$R$27)","v":-104861.24064902161},{"$f":"Inputs!$R$34*E1535*Inputs!$R$39","v":0},{"$f":"params!$C$16*Inputs!$R$30*(G1535-Inputs!$R$27)","v":-16420.639831328099},{"$f":"Inputs!$R$41*Inputs!$R$42/8760","v":0},{"$f":"-Inputs!$R$45*Inputs!$R$34","v":-90000},739.88380849706493,4.5751593141558633E-3,3.5686242650415732E-3,{"$f":"-N1535/(1.202*2465560*MAX(0,(Inputs!$R$49-Q1535)))","v":4.0874585694110337},{"$f":"params!$C$16*R1535*(G1535-Inputs!$R$27)","v":-90847.096618317853},-302128.97709866753,{"$f":"E1535*params!$C$8","v":0}]
["1995-03-05",3,5,"23:00:00",0,10,3.3,0.5,82,{"$f":"Inputs!$R$38*Inputs!$R$33*(G1536-Inputs!$R$27)","v":-101443.91596884829},{"$f":"Inputs!$R$34*E1536*Inputs!$R$39","v":0},{"$f":"params!$C$16*Inputs!$R$30*(G1536-Inputs!$R$27)","v":-15885.507332298695},{"$f":"Inputs!$R$41*Inputs!$R$42/8760","v":0},{"$f":"-Inputs!$R$45*Inputs!$R$34","v":-90000},772.02842975916951,4.7754555160627581E-3,3.9158735231714613E-3,{"$f":"-N1536/(1.202*2465560*MAX(0,(Inputs!$R$49-Q1536)))","v":4.2878658106719261},{"$f":"params!$C$16*R1536*(G1536-Inputs!$R$27)","v":-92195.534849078496},-299524.95815022552,{"$f":"E1536*params!$C$8","v":0}]
["1995-03-05",3,5,1,0,10,3.3,1.1000000000000001,85,{"$f":"Inputs!$R$38*Inputs!$R$33*(G1537-Inputs!$R$27)","v":-101443.91596884829},{"$f":"Inputs!$R$34*E1537*Inputs!$R$39","v":0},{"$f":"params!$C$16*Inputs!$R$30*(G1537-Inputs!$R$27)","v":-15885.507332298695},{"$f":"Inputs!$R$41*Inputs!$R$42/8760","v":0},{"$f":"-Inputs!$R$45*Inputs!$R$34","v":-90000},772.02842975916951,4.7754555160627581E-3,4.0591371886533447E-3,{"$f":"-N1537/(1.202*2465560*MAX(0,(Inputs!$R$49-Q1537)))","v":4.376391838446744},{"$f":"params!$C$16*R1537*(G1537-Inputs!$R$27)","v":-94098.97699002664},-301428.40029117366,{"$f":"E1537*params!$C$8","v":0}]
["1995-03-06",3,6,"01:00:00",0,10,2.8,0.5,85,{"$f":"Inputs!$R$38*Inputs!$R$33*(G1538-Inputs!$R$27)","v":-104291.68653565938},{"$f":"Inputs!$R$34*E1538*Inputs!$R$39","v":0},{"$f":"params!$C$16*Inputs!$R$30*(G1538-Inputs!$R$27)","v":-16331.451081489862},{"$f":"Inputs!$R$41*Inputs!$R$42/8760","v":0},{"$f":"-Inputs!$R$45*Inputs!$R$34","v":-90000},745.15756711705887,4.6080118280633067E-3,3.9168100538538109E-3,{"$f":"-N1538/(1.202*2465560*MAX(0,(Inputs!$R$49-Q1538)))","v":4.2884328841648056},{"$f":"params!$C$16*R1538*(G1538-Inputs!$R$27)","v":-94796.216705238752},-305419.35432238801,{"$f":"E1538*params!$C$8","v":0}]
["1995-03-06",{"$f":"MONTH(A1539)","v":3},{"$f":"DAY(A1539)","v":6},"02:00:00",0,10,2.7,0.3,84,{"$f":"Inputs!$R$38*Inputs!$R$33*(G1539-Inputs!$R$27)","v":-104861.24064902161},{"$f":"Inputs!$R$34*E1539*Inputs!$R$39","v":0},{"$f":"params!$C$16*Inputs!$R$30*(G1539-Inputs!$R$27)","v":-16420.639831328099},{"$f":"Inputs!$R$41*Inputs!$R$42/8760","v":0},{"$f":"-Inputs!$R$45*Inputs!$R$34","v":-90000},{"$f":"EXP(77.345+0.0057*(G1539+273.15)-7235/(G1539+273.15))/(G1539+273.15)^8.2","v":739.88380849706493},{"$f":"0.62198*O1539/(101325-O1539)","v":4.5751593141558633E-3},{"$f":"P1539*I1539/100","v":3.843133823890925E-3},{"$f":"-N1539/(1.202*2465560*MAX(0,(Inputs!$R$49-Q1539)))","v":4.2442751201752262},{"$f":"params!$C$16*R1539*(G1539-Inputs!$R$27)","v":-94332.472212150155},{"$f":"J1539+K1539+L1539+M1539+N1539+S1539","v":-305614.35269249987},{"$f":"E1539*params!$C$8","v":0}]
["1995-03-06",3,6,"03:00:00",0,10,2.8,0.2,83,{"$f":"Inputs!$R$38*Inputs!$R$33*(G1540-Inputs!$R$27)","v":-104291.68653565938},{"$f":"Inputs!$R$34*E1540*Inputs!$R$39","v":0},{"$f":"params!$C$16*Inputs!$R$30*(G1540-Inputs!$R$27)","v":-16331.451081489862},{"$f":"Inputs!$R$41*Inputs!$R$42/8760","v":0},{"$f":"-Inputs!$R$45*Inputs!$R$34","v":-90000},745.15756711705887,4.6080118280633067E-3,3.8246498172925447E-3,{"$f":"-N1540/(1.202*2465560*MAX(0,(Inputs!$R$49-Q1540)))","v":4.2333390766020838},{"$f":"params!$C$16*R1540*(G1540-Inputs!$R$27)","v":-93578.362850018704},-304201.50046716793,{"$f":"E1540*params!$C$8","v":0}]
["1995-03-06",3,6,"04:00:00",0,10,2.8,0,82,{"$f":"Inputs!$R$38*Inputs!$R$33*(G1541-Inputs!$R$27)","v":-104291.68653565938},{"$f":"Inputs!$R$34*E1541*Inputs!$R$39","v":0},{"$f":"params!$C$16*Inputs!$R$30*(G1541-Inputs!$R$27)","v":-16331.451081489862},{"$f":"Inputs!$R$41*Inputs!$R$42/8760","v":0},{"$f":"-Inputs!$R$45*Inputs!$R$34","v":-90000},745.15756711705887,4.6080118280633067E-3,3.7785696990119116E-3,{"$f":"-N1541/(1.202*2465560*MAX(0,(Inputs!$R$49-Q1541)))","v":4.2063196302778154},{"$f":"params!$C$16*R1541*(G1541-Inputs!$R$27)","v":-92981.095419655336},-303604.2330368046,{"$f":"E1541*params!$C$8","v":0}]
["1995-03-06",3,6,"05:00:00",0,10,3,0,81,{"$f":"Inputs!$R$38*Inputs!$R$33*(G1542-Inputs!$R$27)","v":-103152.57830893494},{"$f":"Inputs!$R$34*E1542*Inputs!$R$39","v":0},{"$f":"params!$C$16*Inputs!$R$30*(G1542-Inputs!$R$27)","v":-16153.073581813396},{"$f":"Inputs!$R$41*Inputs!$R$42/8760","v":0},{"$f":"-Inputs!$R$45*Inputs!$R$34","v":-90000},755.80495631325812,4.6743495015895585E-3,3.7862230962875426E-3,{"$f":"-N1542/(1.202*2465560*MAX(0,(Inputs!$R$49-Q1542)))","v":4.2107833504301748},{"$f":"params!$C$16*R1542*(G1542-Inputs!$R$27)","v":-92063.118444351334},-301368.77033509966,{"$f":"E1542*params!$C$8","v":0}]
["1995-03-06",3,6,"06:00:00",0,10,3.3,0,79,{"$f":"Inputs!$R$38*Inputs!$R$33*(G1543-Inputs!$R$27)","v":-101443.91596884829},{"$f":"Inputs!$R$34*E1543*Inputs!$R$39","v":0},{"$f":"params!$C$16*Inputs!$R$30*(G1543-Inputs!$R$27)","v":-15885.507332298695},{"$f":"Inputs!$R$41*Inputs!$R$42/8760","v":0},{"$f":"-Inputs!$R$45*Inputs!$R$34","v":-90000},772.02842975916951,4.7754555160627581E-3,3.7726098576895788E-3,{"$f":"-N1543/(1.202*2465560*MAX(0,(Inputs!$R$49-Q1543)))","v":4.2028501980171162},{"$f":"params!$C$16*R1543*(G1543-Inputs!$R$27)","v":-90367.57188910796},-297696.99519025499,{"$f":"E1543*params!$C$8","v":0}]
["1995-03-06",3,6,"07:00:00",2,10,3.3,0,79,{"$f":"Inputs!$R$38*Inputs!$R$33*(G1544-Inputs!$R$27)","v":-101443.91596884829},{"$f":"Inputs!$R$34*E1544*Inputs!$R$39","v":1170.5794368212264},{"$f":"params!$C$16*Inputs!$R$30*(G1544-Inputs!$R$27)","v":-15885.507332298695},{"$f":"Inputs!$R$41*Inputs!$R$42/8760","v":0},{"$f":"-Inputs!$R$45*Inputs!$R$34","v":-90000},772.02842975916951,4.7754555160627581E-3,3.7726098576895788E-3,{"$f":"-N1544/(1.202*2465560*MAX(0,(Inputs!$R$49-Q1544)))","v":4.2028501980171162},{"$f":"params!$C$16*R1544*(G1544-Inputs!$R$27)","v":-90367.57188910796},-296526.41575343371,{"$f":"E1544*params!$C$8","v":4.1429999999999998}]
["1995-03-06",3,6,"08:00:00",32,10,3.9,0,76,{"$f":"Inputs!$R$38*Inputs!$R$33*(G1545-Inputs!$R$27)","v":-98026.591288675001},{"$f":"Inputs!$R$34*E1545*Inputs!$R$39","v":18729.270989139623},{"$f":"params!$C$16*Inputs!$R$30*(G1545-Inputs!$R$27)","v":-15350.374833269296},{"$f":"Inputs!$R$41*Inputs!$R$42/8760","v":0},{"$f":"-Inputs!$R$45*Inputs!$R$34","v":-90000},805.40210224974328,4.9835455974153575E-3,3.7874946540356717E-3,{"$f":"-N1545/(1.202*2465560*MAX(0,(Inputs!$R$49-Q1545)))","v":4.2115258838305047},{"$f":"params!$C$16*R1545*(G1545-Inputs!$R$27)","v":-87503.630492476659},-272151.32562528132,{"$f":"E1545*params!$C$8","v":66.287999999999997}]
["1995-03-06",3,6,"09:00:00",78,10,5,0,70,{"$f":"Inputs!$R$38*Inputs!$R$33*(G1546-Inputs!$R$27)","v":-91761.496041690596},{"$f":"Inputs!$R$34*E1546*Inputs!$R$39","v":45652.598036027834},{"$f":"params!$C$16*Inputs!$R$30*(G1546-Inputs!$R$27)","v":-14369.298585048728},{"$f":"Inputs!$R$41*Inputs!$R$42/8760","v":0},{"$f":"-Inputs!$R$45*Inputs!$R$34","v":-90000},869.91328556198641,5.3861748872103517E-3,3.7703224210472465E-3,{"$f":"-N1546/(1.202*2465560*MAX(0,(Inputs!$R$49-Q1546)))","v":4.2015201204583397},{"$f":"params!$C$16*R1546*(G1546-Inputs!$R$27)","v":-81716.476097152859},-232194.67268786434,{"$f":"E1546*params!$C$8","v":161.577}]
["1995-03-06",3,6,"10:00:00",128,10,6.6,2.7,76,{"$f":"Inputs!$R$38*Inputs!$R$33*(G1547-Inputs!$R$27)","v":-82648.630227895119},{"$f":"Inputs!$R$34*E1547*Inputs!$R$39","v":74917.08395655849},{"$f":"params!$C$16*Inputs!$R$30*(G1547-Inputs!$R$27)","v":-12942.278587636991},{"$f":"Inputs!$R$41*Inputs!$R$42/8760","v":0},{"$f":"-Inputs!$R$45*Inputs!$R$34","v":-90000},971.89505506814805,6.0237228004355421E-3,4.5780293283310116E-3,{"$f":"-N1547/(1.202*2465560*MAX(0,(Inputs!$R$49-Q1547)))","v":4.7300965376156929},{"$f":"params!$C$16*R1547*(G1547-Inputs!$R$27)","v":-82860.654912472557},-193534.47977144617,{"$f":"E1547*params!$C$8","v":265.15199999999999}]
["1995-03-06",3,6,"11:00:00",167,10,7.7,3.8,76,{"$f":"Inputs!$R$38*Inputs!$R$33*(G1548-Inputs!$R$27)","v":-76383.534980910728},{"$f":"Inputs!$R$34*E1548*Inputs!$R$39","v":97743.382974572407},{"$f":"params!$C$16*Inputs!$R$30*(G1548-Inputs!$R$27)","v":-11961.202339416424},{"$f":"Inputs!$R$41*Inputs!$R$42/8760","v":0},{"$f":"-Inputs!$R$45*Inputs!$R$34","v":-90000},1047.9935141086903,6.5003037959358509E-3,4.9402308849112462E-3,{"$f":"-N1548/(1.202*2465560*MAX(0,(Inputs!$R$49-Q1548)))","v":5.0129014972825043},{"$f":"params!$C$16*R1548*(G1548-Inputs!$R$27)","v":-81158.053275678758},-161759.40762143349,{"$f":"E1548*params!$C$8","v":345.94049999999999}]
["1995-03-06",3,6,"12:00:00",190,10,9.4,6.1,80,{"$f":"Inputs!$R$38*Inputs!$R$33*(G1549-Inputs!$R$27)","v":-66701.115053753019},{"$f":"Inputs!$R$34*E1549*Inputs!$R$39","v":111205.04649801651},{"$f":"params!$C$16*Inputs!$R$30*(G1549-Inputs!$R$27)","v":-10444.993592166453},{"$f":"Inputs!$R$41*Inputs!$R$42/8760","v":0},{"$f":"-Inputs!$R$45*Inputs!$R$34","v":-90000},1175.9507731568485,7.3032931169560531E-3,5.842634493564842E-3,{"$f":"-N1549/(1.202*2465560*MAX(0,(Inputs!$R$49-Q1549)))","v":5.8903191187599537},{"$f":"params!$C$16*R1549*(G1549-Inputs!$R$27)","v":-83274.994975067428},-139216.05712297038,{"$f":"E1549*params!$C$8","v":393.58499999999998}]
["1995-03-06",3,6,"13:00:00",164,10,10,7.2,83,{"$f":"Inputs!$R$38*Inputs!$R$33*(G1550-Inputs!$R$27)","v":-63283.790373579723},{"$f":"Inputs!$R$34*E1550*Inputs!$R$39","v":95987.513819340573},{"$f":"params!$C$16*Inputs!$R$30*(G1550-Inputs!$R$27)","v":-9909.8610931370531},{"$f":"Inputs!$R$41*Inputs!$R$42/8760","v":0},{"$f":"-Inputs!$R$45*Inputs!$R$34","v":-90000},1224.2915728566036,7.6071876458255446E-3,6.3139657460352019E-3,{"$f":"-N1550/(1.202*2465560*MAX(0,(Inputs!$R$49-Q1550)))","v":6.4829965439551707},{"$f":"params!$C$16*R1550*(G1550-Inputs!$R$27)","v":-86958.285857384908},-154164.42350476113,{"$f":"E1550*params!$C$8","v":339.726}]
["1995-03-06",3,6,"14:00:00",183,10,10,7.2,83,{"$f":"Inputs!$R$38*Inputs!$R$33*(G1551-Inputs!$R$27)","v":-63283.790373579723},{"$f":"Inputs!$R$34*E1551*Inputs!$R$39","v":107108.01846914222},{"$f":"params!$C$16*Inputs!$R$30*(G1551-Inputs!$R$27)","v":-9909.8610931370531},{"$f":"Inputs!$R$41*Inputs!$R$42/8760","v":0},{"$f":"-Inputs!$R$45*Inputs!$R$34","v":-90000},1224.2915728566036,7.6071876458255446E-3,6.3139657460352019E-3,{"$f":"-N1551/(1.202*2465560*MAX(0,(Inputs!$R$49-Q1551)))","v":6.4829965439551707},{"$f":"params!$C$16*R1551*(G1551-Inputs!$R$27)","v":-86958.285857384908},-143043.91885495948,{"$f":"E1551*params!$C$8","v":379.08449999999999}]
["1995-03-06",3,6,"15:00:00",426,9,12.2,10.5,89,{"$f":"Inputs!$R$38*Inputs!$R$33*(G1552-Inputs!$R$27)","v":-50753.599879610942},{"$f":"Inputs!$R$34*E1552*Inputs!$R$39","v":249333.42004292127},{"$f":"params!$C$16*Inputs!$R$30*(G1552-Inputs!$R$27)","v":-7947.7085966959166},{"$f":"Inputs!$R$41*Inputs!$R$42/8760","v":0},{"$f":"-Inputs!$R$45*Inputs!$R$34","v":-90000},1416.8513363145253,8.8206338116364833E-3,7.85036409235647E-3,{"$f":"-N1552/(1.202*2465560*MAX(0,(Inputs!$R$49-Q1552)))","v":9.6471353464310763},{"$f":"params!$C$16*R1552*(G1552-Inputs!$R$27)","v":-103778.62685450791},-3146.5152878934896,{"$f":"E1552*params!$C$8","v":882.45899999999995}]
["1995-03-06",3,6,"16:00:00",341,9,10.5,8.3000000000000007,86,{"$f":"Inputs!$R$38*Inputs!$R$33*(G1553-Inputs!$R$27)","v":-60436.019806768636},{"$f":"Inputs!$R$34*E1553*Inputs!$R$39","v":199583.79397801912},{"$f":"params!$C$16*Inputs!$R$30*(G1553-Inputs!$R$27)","v":-9463.9173439458864},{"$f":"Inputs!$R$41*Inputs!$R$42/8760","v":0},{"$f":"-Inputs!$R$45*Inputs!$R$34","v":-90000},1265.9037593783532,7.8690179088235224E-3,6.7673554015882289E-3,{"$f":"-N1553/(1.202*2465560*MAX(0,(Inputs!$R$49-Q1553)))","v":7.1777190816986227},{"$f":"params!$C$16*R1553*(G1553-Inputs!$R$27)","v":-91944.341944648564},-52260.485117343953,{"$f":"E1553*params!$C$8","v":706.38149999999996}]
["1995-03-06",3,6,"17:00:00",185,9,8.3000000000000007,3.8,73,{"$f":"Inputs!$R$38*Inputs!$R$33*(G1554-Inputs!$R$27)","v":-72966.21030073741},{"$f":"Inputs!$R$34*E1554*Inputs!$R$39","v":108278.59790596346},{"$f":"params!$C$16*Inputs!$R$30*(G1554-Inputs!$R$27)","v":-11426.069840387021},{"$f":"Inputs!$R$41*Inputs!$R$42/8760","v":0},{"$f":"-Inputs!$R$45*Inputs!$R$34","v":-90000},1091.6777773743988,6.7742116984131845E-3,4.9451745398416246E-3,{"$f":"-N1554/(1.202*2465560*MAX(0,(Inputs!$R$49-Q1554)))","v":5.0169955984860568},{"$f":"params!$C$16*R1554*(G1554-Inputs!$R$27)","v":-77590.438713000287},-143704.12094816126,{"$f":"E1554*params!$C$8","v":383.22749999999996}]
["1995-03-06",3,6,"18:00:00",38,9,6.6,3.3,79,{"$f":"Inputs!$R$38*Inputs!$R$33*(G1555-Inputs!$R$27)","v":-82648.630227895119},{"$f":"Inputs!$R$34*E1555*Inputs!$R$39","v":22241.009299603302},{"$f":"params!$C$16*Inputs!$R$30*(G1555-Inputs!$R$27)","v":-12942.278587636991},{"$f":"Inputs!$R$41*Inputs!$R$42/8760","v":0},{"$f":"-Inputs!$R$45*Inputs!$R$34","v":-90000},971.89505506814805,6.0237228004355421E-3,4.7587410123440784E-3,{"$f":"-N1555/(1.202*2465560*MAX(0,(Inputs!$R$49-Q1555)))","v":4.8670910731237118},{"$f":"params!$C$16*R1555*(G1555-Inputs!$R$27)","v":-85260.491119060083},-248610.3906349889,{"$f":"E1555*params!$C$8","v":78.716999999999999}]
["1995-03-06",3,6,"19:00:00",0,9,5,2.2000000000000002,82,{"$f":"Inputs!$R$38*Inputs!$R$33*(G1556-Inputs!$R$27)","v":-91761.496041690596},{"$f":"Inputs!$R$34*E1556*Inputs!$R$39","v":0},{"$f":"params!$C$16*Inputs!$R$30*(G1556-Inputs!$R$27)","v":-14369.298585048728},{"$f":"Inputs!$R$41*Inputs!$R$42/8760","v":0},{"$f":"-Inputs!$R$45*Inputs!$R$34","v":-90000},869.91328556198641,5.3861748872103517E-3,4.4166634075124885E-3,{"$f":"-N1556/(1.202*2465560*MAX(0,(Inputs!$R$49-Q1556)))","v":4.6141257035005214},{"$f":"params!$C$16*R1556*(G1556-Inputs!$R$27)","v":-89741.351213195419},-285872.14583993476,{"$f":"E1556*params!$C$8","v":0}]
["1995-03-06",3,6,"20:00:00",0,9,4.4000000000000004,1.6,82,{"$f":"Inputs!$R$38*Inputs!$R$33*(G1557-Inputs!$R$27)","v":-95178.820721863885},{"$f":"Inputs!$R$34*E1557*Inputs!$R$39","v":0},{"$f":"params!$C$16*Inputs!$R$30*(G1557-Inputs!$R$27)","v":-14904.431084078125},{"$f":"Inputs!$R$41*Inputs!$R$42/8760","v":0},{"$f":"-Inputs!$R$45*Inputs!$R$34","v":-90000},834.18129245512239,5.1630993453363316E-3,4.2337414631757921E-3,{"$f":"-N1557/(1.202*2465560*MAX(0,(Inputs!$R$49-Q1557)))","v":4.489353856731773},{"$f":"params!$C$16*R1557*(G1557-Inputs!$R$27)","v":-90566.347840238304},-290649.59964618029,{"$f":"E1557*params!$C$8","v":0}]
["1995-03-06",3,6,"21:00:00",0,10,3.3,1.6,89,{"$f":"Inputs!$R$38*Inputs!$R$33*(G1558-Inputs!$R$27)","v":-101443.91596884829},{"$f":"Inputs!$R$34*E1558*Inputs!$R$39","v":0},{"$f":"params!$C$16*Inputs!$R$30*(G1558-Inputs!$R$27)","v":-15885.507332298695},{"$f":"Inputs!$R$41*Inputs!$R$42/8760","v":0},{"$f":"-Inputs!$R$45*Inputs!$R$34","v":-90000},772.02842975916951,4.7754555160627581E-3,4.2501554092958553E-3,{"$f":"-N1558/(1.202*2465560*MAX(0,(Inputs!$R$49-Q1558)))","v":4.5002736218267403},{"$f":"params!$C$16*R1558*(G1558-Inputs!$R$27)","v":-96762.620812170106},-304092.0441133171,{"$f":"E1558*params!$C$8","v":0}]
["1995-03-06",3,6,"22:00:00",0,10,2.7,1.1000000000000001,89,{"$f":"Inputs!$R$38*Inputs!$R$33*(G1559-Inputs!$R$27)","v":-104861.24064902161},{"$f":"Inputs!$R$34*E1559*Inputs!$R$39","v":0},{"$f":"params!$C$16*Inputs!$R$30*(G1559-Inputs!$R$27)","v":-16420.639831328099},{"$f":"Inputs!$R$41*Inputs!$R$42/8760","v":0},{"$f":"-Inputs!$R$45*Inputs!$R$34","v":-90000},739.88380849706493,4.5751593141558633E-3,4.0718917895987182E-3,{"$f":"-N1559/(1.202*2465560*MAX(0,(Inputs!$R$49-Q1559)))","v":4.3844507391306031},{"$f":"params!$C$16*R1559*(G1559-Inputs!$R$27)","v":-97447.989539731672},-308729.87002008141,{"$f":"E1559*params!$C$8","v":0}]
["1995-03-06",3,6,"23:00:00",0,10,3.3,1.6,89,{"$f":"Inputs!$R$38*Inputs!$R$33*(G1560-Inputs!$R$27)","v":-101443.91596884829},{"$f":"Inputs!$R$34*E1560*Inputs!$R$39","v":0},{"$f":"params!$C$16*Inputs!$R$30*(G1560-Inputs!$R$27)","v":-15885.507332298695},{"$f":"Inputs!$R$41*Inputs!$R$42/8760","v":0},{"$f":"-Inputs!$R$45*Inputs!$R$34","v":-90000},772.02842975916951,4.7754555160627581E-3,4.2501554092958553E-3,{"$f":"-N1560/(1.202*2465560*MAX(0,(Inputs!$R$49-Q1560)))","v":4.5002736218267403},{"$f":"params!$C$16*R1560*(G1560-Inputs!$R$27)","v":-96762.620812170106},-304092.0441133171,{"$f":"E1560*params!$C$8","v":0}]
["1995-03-06",3,6,1,0,10,2.7,0.5,85,{"$f":"Inputs!$R$38*Inputs!$R$33*(G1561-Inputs!$R$27)","v":-104861.24064902161},{"$f":"Inputs!$R$34*E1561*Inputs!$R$39","v":0},{"$f":"params!$C$16*Inputs!$R$30*(G1561-Inputs!$R$27)","v":-16420.639831328099},{"$f":"Inputs!$R$41*Inputs!$R$42/8760","v":0},{"$f":"-Inputs!$R$45*Inputs!$R$34","v":-90000},739.88380849706493,4.5751593141558633E-3,3.888885417032484E-3,{"$f":"-N1561/(1.202*2465560*MAX(0,(Inputs!$R$49-Q1561)))","v":4.2715885789688546},{"$f":"params!$C$16*R1561*(G1561-Inputs!$R$27)","v":-94939.536085182335},-306221.41656553204,{"$f":"E1561*params!$C$8","v":0}]
["1995-03-07",3,7,"01:00:00",0,10,2.8,0.8,87,{"$f":"Inputs!$R$38*Inputs!$R$33*(G1562-Inputs!$R$27)","v":-104291.68653565938},{"$f":"Inputs!$R$34*E1562*Inputs!$R$39","v":0},{"$f":"params!$C$16*Inputs!$R$30*(G1562-Inputs!$R$27)","v":-16331.451081489862},{"$f":"Inputs!$R$41*Inputs!$R$42/8760","v":0},{"$f":"-Inputs!$R$45*Inputs!$R$34","v":-90000},745.15756711705887,4.6080118280633067E-3,4.0089702904150771E-3,{"$f":"-N1562/(1.202*2465560*MAX(0,(Inputs!$R$49-Q1562)))","v":4.3449796115234296},{"$f":"params!$C$16*R1562*(G1562-Inputs!$R$27)","v":-96046.187490709985},-306669.32510785921,{"$f":"E1562*params!$C$8","v":0}]
["1995-03-07",3,7,"02:00:00",0,10,3.3,1.3,87,{"$f":"Inputs!$R$38*Inputs!$R$33*(G1563-Inputs!$R$27)","v":-101443.91596884829},{"$f":"Inputs!$R$34*E1563*Inputs!$R$39","v":0},{"$f":"params!$C$16*Inputs!$R$30*(G1563-Inputs!$R$27)","v":-15885.507332298695},{"$f":"Inputs!$R$41*Inputs!$R$42/8760","v":0},{"$f":"-Inputs!$R$45*Inputs!$R$34","v":-90000},772.02842975916951,4.7754555160627581E-3,4.1546462989746E-3,{"$f":"-N1563/(1.202*2465560*MAX(0,(Inputs!$R$49-Q1563)))","v":4.4374682897496349},{"$f":"params!$C$16*R1563*(G1563-Inputs!$R$27)","v":-95412.212138509829},-302741.63543965685,{"$f":"E1563*params!$C$8","v":0}]
["1995-03-07",3,7,"03:00:00",0,10,3.9,2.1,88,{"$f":"Inputs!$R$38*Inputs!$R$33*(G1564-Inputs!$R$27)","v":-98026.591288675001},{"$f":"Inputs!$R$34*E1564*Inputs!$R$39","v":0},{"$f":"params!$C$16*Inputs!$R$30*(G1564-Inputs!$R$27)","v":-15350.374833269296},{"$f":"Inputs!$R$41*Inputs!$R$42/8760","v":0},{"$f":"-Inputs!$R$45*Inputs!$R$34","v":-90000},805.40210224974328,4.9835455974153575E-3,4.3855201257255146E-3,{"$f":"-N1564/(1.202*2465560*MAX(0,(Inputs!$R$49-Q1564)))","v":4.5923951603426971},{"$f":"params!$C$16*R1564*(G1564-Inputs!$R$27)","v":-95417.01992831401},-298793.98605025833,{"$f":"E1564*params!$C$8","v":0}]
["1995-03-07",3,7,"04:00:00",0,10,4.5,2.8,89,{"$f":"Inputs!$R$38*Inputs!$R$33*(G1565-Inputs!$R$27)","v":-94609.266608501683},{"$f":"Inputs!$R$34*E1565*Inputs!$R$39","v":0},{"$f":"params!$C$16*Inputs!$R$30*(G1565-Inputs!$R$27)","v":-14815.242334239894},{"$f":"Inputs!$R$41*Inputs!$R$42/8760","v":0},{"$f":"-Inputs!$R$45*Inputs!$R$34","v":-90000},840.04498089782919,5.1996955874589017E-3,4.6277290728384225E-3,{"$f":"-N1565/(1.202*2465560*MAX(0,(Inputs!$R$49-Q1565)))","v":4.7669982643329849},{"$f":"params!$C$16*R1565*(G1565-Inputs!$R$27)","v":-95591.960050690977},-295016.46899343259,{"$f":"E1565*params!$C$8","v":0}]
["1995-03-07",3,7,"05:00:00",0,10,5.3,3.5,88,{"$f":"Inputs!$R$38*Inputs!$R$33*(G1566-Inputs!$R$27)","v":-90052.833701603944},{"$f":"Inputs!$R$34*E1566*Inputs!$R$39","v":0},{"$f":"params!$C$16*Inputs!$R$30*(G1566-Inputs!$R$27)","v":-14101.732335534025},{"$f":"Inputs!$R$41*Inputs!$R$42/8760","v":0},{"$f":"-Inputs!$R$45*Inputs!$R$34","v":-90000},888.28120944064028,5.5009079677324291E-3,4.8407990116045374E-3,{"$f":"-N1566/(1.202*2465560*MAX(0,(Inputs!$R$49-Q1566)))","v":4.9319525480231441},{"$f":"params!$C$16*R1566*(G1566-Inputs!$R$27)","v":-94136.699962636209},-288291.26599977416,{"$f":"E1566*params!$C$8","v":0}]
["1995-03-07",3,7,"06:00:00",0,10,6.1,4.4000000000000004,89,{"$f":"Inputs!$R$38*Inputs!$R$33*(G1567-Inputs!$R$27)","v":-85496.400794706205},{"$f":"Inputs!$R$34*E1567*Inputs!$R$39","v":0},{"$f":"params!$C$16*Inputs!$R$30*(G1567-Inputs!$R$27)","v":-13388.222336828159},{"$f":"Inputs!$R$41*Inputs!$R$42/8760","v":0},{"$f":"-Inputs!$R$45*Inputs!$R$34","v":-90000},938.94793828269269,5.817609385555097E-3,5.1776723531440361E-3,{"$f":"-N1567/(1.202*2465560*MAX(0,(Inputs!$R$49-Q1567)))","v":5.2173937638450818},{"$f":"params!$C$16*R1567*(G1567-Inputs!$R$27)","v":-94546.214274675644},-283430.83740621002,{"$f":"E1567*params!$C$8","v":0}]
["1995-03-07",3,7,"07:00:00",2,10,7.2,6.1,93,{"$f":"Inputs!$R$38*Inputs!$R$33*(G1568-Inputs!$R$27)","v":-79231.305547721815},{"$f":"Inputs!$R$34*E1568*Inputs!$R$39","v":1170.5794368212264},{"$f":"params!$C$16*Inputs!$R$30*(G1568-Inputs!$R$27)","v":-12407.146088607591},{"$f":"Inputs!$R$41*Inputs!$R$42/8760","v":0},{"$f":"-Inputs!$R$45*Inputs!$R$34","v":-90000},1012.7753618292717,6.2796535698688054E-3,5.8400778199779891E-3,{"$f":"-N1568/(1.202*2465560*MAX(0,(Inputs!$R$49-Q1568)))","v":5.8873995738859426},{"$f":"params!$C$16*R1568*(G1568-Inputs!$R$27)","v":-98869.655549350908},-279337.52774885908,{"$f":"E1568*params!$C$8","v":4.1429999999999998}]
["1995-03-07",3,7,"08:00:00",32,10,8.8000000000000007,7.2,90,{"$f":"Inputs!$R$38*Inputs!$R$33*(G1569-Inputs!$R$27)","v":-70118.439733926323},{"$f":"Inputs!$R$34*E1569*Inputs!$R$39","v":18729.270989139623},{"$f":"params!$C$16*Inputs!$R$30*(G1569-Inputs!$R$27)","v":-10980.126091195854},{"$f":"Inputs!$R$41*Inputs!$R$42/8760","v":0},{"$f":"-Inputs!$R$45*Inputs!$R$34","v":-90000},1129.2996391964346,7.0102987159933764E-3,6.3092688443940389E-3,{"$f":"-N1569/(1.202*2465560*MAX(0,(Inputs!$R$49-Q1569)))","v":6.4765026478369441},{"$f":"params!$C$16*R1569*(G1569-Inputs!$R$27)","v":-96253.268960643676},-248622.56379662623,{"$f":"E1569*params!$C$8","v":66.287999999999997}]
["1995-03-07",3,7,"09:00:00",62,10,10,7.7,86,{"$f":"Inputs!$R$38*Inputs!$R$33*(G1570-Inputs!$R$27)","v":-63283.790373579723},{"$f":"Inputs!$R$34*E1570*Inputs!$R$39","v":36287.962541458022},{"$f":"params!$C$16*Inputs!$R$30*(G1570-Inputs!$R$27)","v":-9909.8610931370531},{"$f":"Inputs!$R$41*Inputs!$R$42/8760","v":0},{"$f":"-Inputs!$R$45*Inputs!$R$34","v":-90000},1224.2915728566036,7.6071876458255446E-3,6.5421813754099681E-3,{"$f":"-N1570/(1.202*2465560*MAX(0,(Inputs!$R$49-Q1570)))","v":6.8150176505919644},{"$f":"params!$C$16*R1570*(G1570-Inputs!$R$27)","v":-91411.779871434352},-218317.46879669311,{"$f":"E1570*params!$C$8","v":128.43299999999999}]
["1995-03-07",3,7,"10:00:00",104,10,10,8.3000000000000007,89,{"$f":"Inputs!$R$38*Inputs!$R$33*(G1571-Inputs!$R$27)","v":-63283.790373579723},{"$f":"Inputs!$R$34*E1571*Inputs!$R$39","v":60870.130714703781},{"$f":"params!$C$16*Inputs!$R$30*(G1571-Inputs!$R$27)","v":-9909.8610931370531},{"$f":"Inputs!$R$41*Inputs!$R$42/8760","v":0},{"$f":"-Inputs!$R$45*Inputs!$R$34","v":-90000},1224.2915728566036,7.6071876458255446E-3,6.7703970047847352E-3,{"$f":"-N1571/(1.202*2465560*MAX(0,(Inputs!$R$49-Q1571)))","v":7.1828828331401997},{"$f":"params!$C$16*R1571*(G1571-Inputs!$R$27)","v":-96346.060721982591},-198669.58147399558,{"$f":"E1571*params!$C$8","v":215.43599999999998}]
["1995-03-07",3,7,"11:00:00",163,10,11.1,7.7,80,{"$f":"Inputs!$R$38*Inputs!$R$33*(G1572-Inputs!$R$27)","v":-57018.695126595332},{"$f":"Inputs!$R$34*E1572*Inputs!$R$39","v":95402.224100929961},{"$f":"params!$C$16*Inputs!$R$30*(G1572-Inputs!$R$27)","v":-8928.7848449164849},{"$f":"Inputs!$R$41*Inputs!$R$42/8760","v":0},{"$f":"-Inputs!$R$45*Inputs!$R$34","v":-90000},1317.4782376741875,8.1938348219052388E-3,6.5550678575241909E-3,{"$f":"-N1572/(1.202*2465560*MAX(0,(Inputs!$R$49-Q1572)))","v":6.8347829602264891},{"$f":"params!$C$16*R1572*(G1572-Inputs!$R$27)","v":-82600.88475528179},-143146.14062586363,{"$f":"E1572*params!$C$8","v":337.65449999999998}]
["1995-03-07",3,7,"12:00:00",187,10,11.6,8.8000000000000007,83,{"$f":"Inputs!$R$38*Inputs!$R$33*(G1573-Inputs!$R$27)","v":-54170.924559784246},{"$f":"Inputs!$R$34*E1573*Inputs!$R$39","v":109449.17734278468},{"$f":"params!$C$16*Inputs!$R$30*(G1573-Inputs!$R$27)","v":-8482.8410957253182},{"$f":"Inputs!$R$41*Inputs!$R$42/8760","v":0},{"$f":"-Inputs!$R$45*Inputs!$R$34","v":-90000},1361.8604305174304,8.473622919620909E-3,7.0331070232853539E-3,{"$f":"-N1573/(1.202*2465560*MAX(0,(Inputs!$R$49-Q1573)))","v":7.658779329766765},{"$f":"params!$C$16*R1573*(G1573-Inputs!$R$27)","v":-87936.363378171925},-131140.95169089682,{"$f":"E1573*params!$C$8","v":387.37049999999999}]
["1995-03-07",3,7,"13:00:00",192,10,12.7,8.8000000000000007,77,{"$f":"Inputs!$R$38*Inputs!$R$33*(G1574-Inputs!$R$27)","v":-47905.829312799855},{"$f":"Inputs!$R$34*E1574*Inputs!$R$39","v":112375.62593483775},{"$f":"params!$C$16*Inputs!$R$30*(G1574-Inputs!$R$27)","v":-7501.7648475047499},{"$f":"Inputs!$R$41*Inputs!$R$42/8760","v":0},{"$f":"-Inputs!$R$45*Inputs!$R$34","v":-90000},1464.1592348808538,9.1194681912721114E-3,7.0219905072795253E-3,{"$f":"-N1574/(1.202*2465560*MAX(0,(Inputs!$R$49-Q1574)))","v":7.6373677116580891},{"$f":"params!$C$16*R1574*(G1574-Inputs!$R$27)","v":-77548.742610805726},-110580.71083627258,{"$f":"E1574*params!$C$8","v":397.72799999999995}]
["1995-03-07",3,7,"14:00:00",180,10,12.7,9.4,80,{"$f":"Inputs!$R$38*Inputs!$R$33*(G1575-Inputs!$R$27)","v":-47905.829312799855},{"$f":"Inputs!$R$34*E1575*Inputs!$R$39","v":105352.14931391038},{"$f":"params!$C$16*Inputs!$R$30*(G1575-Inputs!$R$27)","v":-7501.7648475047499},{"$f":"Inputs!$R$41*Inputs!$R$42/8760","v":0},{"$f":"-Inputs!$R$45*Inputs!$R$34","v":-90000},1464.1592348808538,9.1194681912721114E-3,7.2955745530176898E-3,{"$f":"-N1575/(1.202*2465560*MAX(0,(Inputs!$R$49-Q1575)))","v":8.2016734633201551},{"$f":"params!$C$16*R1575*(G1575-Inputs!$R$27)","v":-83278.62273987681},-123334.06758627103,{"$f":"E1575*params!$C$8","v":372.87}]
["1995-03-07",3,7,"15:00:00",150,10,12.7,9.4,80,{"$f":"Inputs!$R$38*Inputs!$R$33*(G1576-Inputs!$R$27)","v":-47905.829312799855},{"$f":"Inputs!$R$34*E1576*Inputs!$R$39","v":87793.457761591984},{"$f":"params!$C$16*Inputs!$R$30*(G1576-Inputs!$R$27)","v":-7501.7648475047499},{"$f":"Inputs!$R$41*Inputs!$R$42/8760","v":0},{"$f":"-Inputs!$R$45*Inputs!$R$34","v":-90000},1464.1592348808538,9.1194681912721114E-3,7.2955745530176898E-3,{"$f":"-N1576/(1.202*2465560*MAX(0,(Inputs!$R$49-Q1576)))","v":8.2016734633201551},{"$f":"params!$C$16*R1576*(G1576-Inputs!$R$27)","v":-83278.62273987681},-140892.75913858943,{"$f":"E1576*params!$C$8","v":310.72499999999997}]
["1995-03-07",3,7,"16:00:00",106,10,14.4,11.6,83,{"$f":"Inputs!$R$38*Inputs!$R$33*(G1577-Inputs!$R$27)","v":-38223.409385642146},{"$f":"Inputs!$R$34*E1577*Inputs!$R$39","v":62040.710151525003},{"$f":"params!$C$16*Inputs!$R$30*(G1577-Inputs!$R$27)","v":-5985.5561002547793},{"$f":"Inputs!$R$41*Inputs!$R$42/8760","v":0},{"$f":"-Inputs!$R$45*Inputs!$R$34","v":-90000},1635.559113509069,1.0204541708471198E-2,8.4697696180310936E-3,{"$f":"-N1577/(1.202*2465560*MAX(0,(Inputs!$R$49-Q1577)))","v":12.010373531402195},{"$f":"params!$C$16*R1577*(G1577-Inputs!$R$27)","v":-97303.538353102878},-169471.7936874748,{"$f":"E1577*params!$C$8","v":219.57899999999998}]
["1995-03-07",3,7,"17:00:00",56,10,13.5,10.4,82,{"$f":"Inputs!$R$38*Inputs!$R$33*(G1578-Inputs!$R$27)","v":-43349.396405902109},{"$f":"Inputs!$R$34*E1578*Inputs!$R$39","v":32776.224230994339},{"$f":"params!$C$16*Inputs!$R$30*(G1578-Inputs!$R$27)","v":-6788.2548487988815},{"$f":"Inputs!$R$41*Inputs!$R$42/8760","v":0},{"$f":"-Inputs!$R$45*Inputs!$R$34","v":-90000},1542.7431973190428,9.6164933988816814E-3,7.8855245870829791E-3,{"$f":"-N1578/(1.202*2465560*MAX(0,(Inputs!$R$49-Q1578)))","v":9.7561054512159942},{"$f":"params!$C$16*R1578*(G1578-Inputs!$R$27)","v":-89640.080422189421},-197001.50744589607,{"$f":"E1578*params!$C$8","v":116.00399999999999}]
["1995-03-07",3,7,"18:00:00",24,10,12.2,9.4,83,{"$f":"Inputs!$R$38*Inputs!$R$33*(G1579-Inputs!$R$27)","v":-50753.599879610942},{"$f":"Inputs!$R$34*E1579*Inputs!$R$39","v":14046.953241854719},{"$f":"params!$C$16*Inputs!$R$30*(G1579-Inputs!$R$27)","v":-7947.7085966959166},{"$f":"Inputs!$R$41*Inputs!$R$42/8760","v":0},{"$f":"-Inputs!$R$45*Inputs!$R$34","v":-90000},1416.8513363145253,8.8206338116364833E-3,7.3211260636582808E-3,{"$f":"-N1579/(1.202*2465560*MAX(0,(Inputs!$R$49-Q1579)))","v":8.2586644810356677},{"$f":"params!$C$16*R1579*(G1579-Inputs!$R$27)","v":-88842.213643353709},-223496.56887780584,{"$f":"E1579*params!$C$8","v":49.715999999999994}]
["1995-03-07",3,7,"19:00:00",0,10,12.2,9.4,83,{"$f":"Inputs!$R$38*Inputs!$R$33*(G1580-Inputs!$R$27)","v":-50753.599879610942},{"$f":"Inputs!$R$34*E1580*Inputs!$R$39","v":0},{"$f":"params!$C$16*Inputs!$R$30*(G1580-Inputs!$R$27)","v":-7947.7085966959166},{"$f":"Inputs!$R$41*Inputs!$R$42/8760","v":0},{"$f":"-Inputs!$R$45*Inputs!$R$34","v":-90000},1416.8513363145253,8.8206338116364833E-3,7.3211260636582808E-3,{"$f":"-N1580/(1.202*2465560*MAX(0,(Inputs!$R$49-Q1580)))","v":8.2586644810356677},{"$f":"params!$C$16*R1580*(G1580-Inputs!$R$27)","v":-88842.213643353709},-237543.52211966057,{"$f":"E1580*params!$C$8","v":0}]
["1995-03-07",3,7,"20:00:00",0,10,12.7,9.6999999999999993,82,{"$f":"Inputs!$R$38*Inputs!$R$33*(G1581-Inputs!$R$27)","v":-47905.829312799855},{"$f":"Inputs!$R$34*E1581*Inputs!$R$39","v":0},{"$f":"params!$C$16*Inputs!$R$30*(G1581-Inputs!$R$27)","v":-7501.7648475047499},{"$f":"Inputs!$R$41*Inputs!$R$42/8760","v":0},{"$f":"-Inputs!$R$45*Inputs!$R$34","v":-90000},1464.1592348808538,9.1194681912721114E-3,7.4779639168431307E-3,{"$f":"-N1581/(1.202*2465560*MAX(0,(Inputs!$R$49-Q1581)))","v":8.6266054794420413},{"$f":"params!$C$16*R1581*(G1581-Inputs!$R$27)","v":-87593.321833783964},-233000.91599408857,{"$f":"E1581*params!$C$8","v":0}]
["1995-03-07",3,7,"21:00:00",0,10,13.3,10,80,{"$f":"Inputs!$R$38*Inputs!$R$33*(G1582-Inputs!$R$27)","v":-44488.504632626536},{"$f":"Inputs!$R$34*E1582*Inputs!$R$39","v":0},{"$f":"params!$C$16*Inputs!$R$30*(G1582-Inputs!$R$27)","v":-6966.6323484753475},{"$f":"Inputs!$R$41*Inputs!$R$42/8760","v":0},{"$f":"-Inputs!$R$45*Inputs!$R$34","v":-90000},1522.7575650660701,9.4900147252429956E-3,7.5920117801943961E-3,{"$f":"-N1582/(1.202*2465560*MAX(0,(Inputs!$R$49-Q1582)))","v":8.9154388372065672},{"$f":"params!$C$16*R1582*(G1582-Inputs!$R$27)","v":-84068.486757087216},-225523.62373818911,{"$f":"E1582*params!$C$8","v":0}]
["1995-03-07",3,7,"22:00:00",0,10,14.2,10.8,80,{"$f":"Inputs!$R$38*Inputs!$R$33*(G1583-Inputs!$R$27)","v":-39362.517612366588},{"$f":"Inputs!$R$34*E1583*Inputs!$R$39","v":0},{"$f":"params!$C$16*Inputs!$R$30*(G1583-Inputs!$R$27)","v":-6163.933599931247},{"$f":"Inputs!$R$41*Inputs!$R$42/8760","v":0},{"$f":"-Inputs!$R$45*Inputs!$R$34","v":-90000},1614.5200350918774,1.0071149710440281E-2,8.0569197683522248E-3,{"$f":"-N1583/(1.202*2465560*MAX(0,(Inputs!$R$49-Q1583)))","v":10.324599387416903},{"$f":"params!$C$16*R1583*(G1583-Inputs!$R$27)","v":-86138.791433530831},-221665.24264582866,{"$f":"E1583*params!$C$8","v":0}]
["1995-03-07",3,7,"23:00:00",0,10,15,11.6,80,{"$f":"Inputs!$R$38*Inputs!$R$33*(G1584-Inputs!$R$27)","v":-34806.084705468842},{"$f":"Inputs!$R$34*E1584*Inputs!$R$39","v":0},{"$f":"params!$C$16*Inputs!$R$30*(G1584-Inputs!$R$27)","v":-5450.4236012253787},{"$f":"Inputs!$R$41*Inputs!$R$42/8760","v":0},{"$f":"-Inputs!$R$45*Inputs!$R$34","v":-90000},1700.1281023555496,1.0614273895273205E-2,8.4914191162185643E-3,{"$f":"-N1584/(1.202*2465560*MAX(0,(Inputs!$R$49-Q1584)))","v":12.11409601185761},{"$f":"params!$C$16*R1584*(G1584-Inputs!$R$27)","v":-89369.407991868982},-219625.91629856318,{"$f":"E1584*params!$C$8","v":0}]
["1995-03-07",3,7,1,0,10,15,11.6,80,{"$f":"Inputs!$R$38*Inputs!$R$33*(G1585-Inputs!$R$27)","v":-34806.084705468842},{"$f":"Inputs!$R$34*E1585*Inputs!$R$39","v":0},{"$f":"params!$C$16*Inputs!$R$30*(G1585-Inputs!$R$27)","v":-5450.4236012253787},{"$f":"Inputs!$R$41*Inputs!$R$42/8760","v":0},{"$f":"-Inputs!$R$45*Inputs!$R$34","v":-90000},1700.1281023555496,1.0614273895273205E-2,8.4914191162185643E-3,{"$f":"-N1585/(1.202*2465560*MAX(0,(Inputs!$R$49-Q1585)))","v":12.11409601185761},{"$f":"params!$C$16*R1585*(G1585-Inputs!$R$27)","v":-89369.407991868982},-219625.91629856318,{"$f":"E1585*params!$C$8","v":0}]
["1995-03-08",3,8,"01:00:00",0,10,14.6,11.2,80,{"$f":"Inputs!$R$38*Inputs!$R$33*(G1586-Inputs!$R$27)","v":-37084.301158917719},{"$f":"Inputs!$R$34*E1586*Inputs!$R$39","v":0},{"$f":"params!$C$16*Inputs!$R$30*(G1586-Inputs!$R$27)","v":-5807.1786005783133},{"$f":"Inputs!$R$41*Inputs!$R$42/8760","v":0},{"$f":"-Inputs!$R$45*Inputs!$R$34","v":-90000},1656.8385939850064,1.0339515188694973E-2,8.271612150955978E-3,{"$f":"-N1586/(1.202*2465560*MAX(0,(Inputs!$R$49-Q1586)))","v":11.137535628838155},{"$f":"params!$C$16*R1586*(G1586-Inputs!$R$27)","v":-87543.096194821061},-220434.57595431709,{"$f":"E1586*params!$C$8","v":0}]
["1995-03-08",3,8,"02:00:00",0,10,14.6,11.1,80,{"$f":"Inputs!$R$38*Inputs!$R$33*(G1587-Inputs!$R$27)","v":-37084.301158917719},{"$f":"Inputs!$R$34*E1587*Inputs!$R$39","v":0},{"$f":"params!$C$16*Inputs!$R$30*(G1587-Inputs!$R$27)","v":-5807.1786005783133},{"$f":"Inputs!$R$41*Inputs!$R$42/8760","v":0},{"$f":"-Inputs!$R$45*Inputs!$R$34","v":-90000},1656.8385939850064,1.0339515188694973E-2,8.271612150955978E-3,{"$f":"-N1587/(1.202*2465560*MAX(0,(Inputs!$R$49-Q1587)))","v":11.137535628838155},{"$f":"params!$C$16*R1587*(G1587-Inputs!$R$27)","v":-87543.096194821061},-220434.57595431709,{"$f":"E1587*params!$C$8","v":0}]
["1995-03-08",3,8,"03:00:00",0,10,14.7,11.3,80,{"$f":"Inputs!$R$38*Inputs!$R$33*(G1588-Inputs!$R$27)","v":-36514.747045555501},{"$f":"Inputs!$R$34*E1588*Inputs!$R$39","v":0},{"$f":"params!$C$16*Inputs!$R$30*(G1588-Inputs!$R$27)","v":-5717.9898507400803},{"$f":"Inputs!$R$41*Inputs!$R$42/8760","v":0},{"$f":"-Inputs!$R$45*Inputs!$R$34","v":-90000},1667.5692126595177,1.0407600223040488E-2,8.3260801784323917E-3,{"$f":"-N1588/(1.202*2465560*MAX(0,(Inputs!$R$49-Q1588)))","v":11.364553830044869},{"$f":"params!$C$16*R1588*(G1588-Inputs!$R$27)","v":-87955.577288531334},-220188.31418482692,{"$f":"E1588*params!$C$8","v":0}]
["1995-03-08",3,8,"04:00:00",0,10,14.9,11.3,79,{"$f":"Inputs!$R$38*Inputs!$R$33*(G1589-Inputs!$R$27)","v":-35375.638818831059},{"$f":"Inputs!$R$34*E1589*Inputs!$R$39","v":0},{"$f":"params!$C$16*Inputs!$R$30*(G1589-Inputs!$R$27)","v":-5539.6123510636126},{"$f":"Inputs!$R$41*Inputs!$R$42/8760","v":0},{"$f":"-Inputs!$R$45*Inputs!$R$34","v":-90000},1689.2136720988603,1.0544977447303311E-2,8.3305321833696162E-3,{"$f":"-N1589/(1.202*2465560*MAX(0,(Inputs!$R$49-Q1589)))","v":11.383519234416314},{"$f":"params!$C$16*R1589*(G1589-Inputs!$R$27)","v":-85353.932233693966},-216269.18340358866,{"$f":"E1589*params!$C$8","v":0}]
["1995-03-08",3,8,"05:00:00",0,10,15.2,11.4,78,{"$f":"Inputs!$R$38*Inputs!$R$33*(G1590-Inputs!$R$27)","v":-33666.976478744415},{"$f":"Inputs!$R$34*E1590*Inputs!$R$39","v":0},{"$f":"params!$C$16*Inputs!$R$30*(G1590-Inputs!$R$27)","v":-5272.0461015489127},{"$f":"Inputs!$R$41*Inputs!$R$42/8760","v":0},{"$f":"-Inputs!$R$45*Inputs!$R$34","v":-90000},1722.1428462226663,1.0754093186702849E-2,8.3881926856282218E-3,{"$f":"-N1590/(1.202*2465560*MAX(0,(Inputs!$R$49-Q1590)))","v":11.634996516668636},{"$f":"params!$C$16*R1590*(G1590-Inputs!$R$27)","v":-83025.80021000134},-211964.82279029465,{"$f":"E1590*params!$C$8","v":0}]
["1995-03-08",3,8,"06:00:00",0,10,15.5,11.6,78,{"$f":"Inputs!$R$38*Inputs!$R$33*(G1591-Inputs!$R$27)","v":-31958.314138657759},{"$f":"Inputs!$R$34*E1591*Inputs!$R$39","v":0},{"$f":"params!$C$16*Inputs!$R$30*(G1591-Inputs!$R$27)","v":-5004.4798520342119},{"$f":"Inputs!$R$41*Inputs!$R$42/8760","v":0},{"$f":"-Inputs!$R$45*Inputs!$R$34","v":-90000},1755.6341516132111,1.0966920601695053E-2,8.5541980693221407E-3,{"$f":"-N1591/(1.202*2465560*MAX(0,(Inputs!$R$49-Q1591)))","v":12.42525909644004},{"$f":"params!$C$16*R1591*(G1591-Inputs!$R$27)","v":-84165.09381772195},-211127.88780841394,{"$f":"E1591*params!$C$8","v":0}]
["1995-03-08",3,8,"07:00:00",3,10,8.8000000000000007,6.1,83,{"$f":"Inputs!$R$38*Inputs!$R$33*(G1592-Inputs!$R$27)","v":-70118.439733926323},{"$f":"Inputs!$R$34*E1592*Inputs!$R$39","v":1755.8691552318398},{"$f":"params!$C$16*Inputs!$R$30*(G1592-Inputs!$R$27)","v":-10980.126091195854},{"$f":"Inputs!$R$41*Inputs!$R$42/8760","v":0},{"$f":"-Inputs!$R$45*Inputs!$R$34","v":-90000},1129.2996391964346,7.0102987159933764E-3,5.8185479342745027E-3,{"$f":"-N1592/(1.202*2465560*MAX(0,(Inputs!$R$49-Q1592)))","v":5.8629282564802665},{"$f":"params!$C$16*R1592*(G1592-Inputs!$R$27)","v":-87134.374994261641},-256477.07166415197,{"$f":"E1592*params!$C$8","v":6.2144999999999992}]
["1995-03-08",3,8,"08:00:00",34,10,3.8,2.2000000000000002,89,{"$f":"Inputs!$R$38*Inputs!$R$33*(G1593-Inputs!$R$27)","v":-98596.145402037204},{"$f":"Inputs!$R$34*E1593*Inputs!$R$39","v":19899.850425960849},{"$f":"params!$C$16*Inputs!$R$30*(G1593-Inputs!$R$27)","v":-15439.563583107529},{"$f":"Inputs!$R$41*Inputs!$R$42/8760","v":0},{"$f":"-Inputs!$R$45*Inputs!$R$34","v":-90000},799.75278170517424,4.9483114832316053E-3,4.4039972200761281E-3,{"$f":"-N1593/(1.202*2465560*MAX(0,(Inputs!$R$49-Q1593)))","v":4.6052629779386161},{"$f":"params!$C$16*R1593*(G1593-Inputs!$R$27)","v":-96240.322267001073},-280376.18082618498,{"$f":"E1593*params!$C$8","v":70.430999999999997}]
["1995-03-08",3,8,"09:00:00",63,10,2.7,1.6,92,{"$f":"Inputs!$R$38*Inputs!$R$33*(G1594-Inputs!$R$27)","v":-104861.24064902161},{"$f":"Inputs!$R$34*E1594*Inputs!$R$39","v":36873.252259868634},{"$f":"params!$C$16*Inputs!$R$30*(G1594-Inputs!$R$27)","v":-16420.639831328099},{"$f":"Inputs!$R$41*Inputs!$R$42/8760","v":0},{"$f":"-Inputs!$R$45*Inputs!$R$34","v":-90000},739.88380849706493,4.5751593141558633E-3,4.2091465690233939E-3,{"$f":"-N1594/(1.202*2465560*MAX(0,(Inputs!$R$49-Q1594)))","v":4.4730903572107028},{"$f":"params!$C$16*R1594*(G1594-Inputs!$R$27)","v":-99418.077263237079},-273826.70548371813,{"$f":"E1594*params!$C$8","v":130.50450000000001}]
["1995-03-08",3,8,"10:00:00",104,10,2.2000000000000002,1.6,96,{"$f":"Inputs!$R$38*Inputs!$R$33*(G1595-Inputs!$R$27)","v":-107709.0112158327},{"$f":"Inputs!$R$34*E1595*Inputs!$R$39","v":60870.130714703781},{"$f":"params!$C$16*Inputs!$R$30*(G1595-Inputs!$R$27)","v":-16866.583580519266},{"$f":"Inputs!$R$41*Inputs!$R$42/8760","v":0},{"$f":"-Inputs!$R$45*Inputs!$R$34","v":-90000},714.00723647805364,4.4140129099852635E-3,4.2374523935858532E-3,{"$f":"-N1595/(1.202*2465560*MAX(0,(Inputs!$R$49-Q1595)))","v":4.4918180021518967},{"$f":"params!$C$16*R1595*(G1595-Inputs!$R$27)","v":-102545.56617855582},-256251.03026020399,{"$f":"E1595*params!$C$8","v":215.43599999999998}]
["1995-03-08",3,8,"11:00:00",137,10,1.6,0.5,92,{"$f":"Inputs!$R$38*Inputs!$R$33*(G1596-Inputs!$R$27)","v":-111126.33589600598},{"$f":"Inputs!$R$34*E1596*Inputs!$R$39","v":80184.691422254022},{"$f":"params!$C$16*Inputs!$R$30*(G1596-Inputs!$R$27)","v":-17401.716079548663},{"$f":"Inputs!$R$41*Inputs!$R$42/8760","v":0},{"$f":"-Inputs!$R$45*Inputs!$R$34","v":-90000},684.01504143025329,4.2273401402413606E-3,3.8891529290220519E-3,{"$f":"-N1596/(1.202*2465560*MAX(0,(Inputs!$R$49-Q1596)))","v":4.2717493160066349},{"$f":"params!$C$16*R1596*(G1596-Inputs!$R$27)","v":-100615.62987083296},-238958.99042413358,{"$f":"E1596*params!$C$8","v":283.7955}]
["1995-03-08",3,8,"12:00:00",157,10,1.6,0.5,92,{"$f":"Inputs!$R$38*Inputs!$R$33*(G1597-Inputs!$R$27)","v":-111126.33589600598},{"$f":"Inputs!$R$34*E1597*Inputs!$R$39","v":91890.485790466264},{"$f":"params!$C$16*Inputs!$R$30*(G1597-Inputs!$R$27)","v":-17401.716079548663},{"$f":"Inputs!$R$41*Inputs!$R$42/8760","v":0},{"$f":"-Inputs!$R$45*Inputs!$R$34","v":-90000},684.01504143025329,4.2273401402413606E-3,3.8891529290220519E-3,{"$f":"-N1597/(1.202*2465560*MAX(0,(Inputs!$R$49-Q1597)))","v":4.2717493160066349},{"$f":"params!$C$16*R1597*(G1597-Inputs!$R$27)","v":-100615.62987083296},-227253.19605592135,{"$f":"E1597*params!$C$8","v":325.22550000000001}]
["1995-03-08",3,8,"13:00:00",162,10,1.6,0,89,{"$f":"Inputs!$R$38*Inputs!$R$33*(G1598-Inputs!$R$27)","v":-111126.33589600598},{"$f":"Inputs!$R$34*E1598*Inputs!$R$39","v":94816.934382519335},{"$f":"params!$C$16*Inputs!$R$30*(G1598-Inputs!$R$27)","v":-17401.716079548663},{"$f":"Inputs!$R$41*Inputs!$R$42/8760","v":0},{"$f":"-Inputs!$R$45*Inputs!$R$34","v":-90000},684.01504143025329,4.2273401402413606E-3,3.7623327248148108E-3,{"$f":"-N1598/(1.202*2465560*MAX(0,(Inputs!$R$49-Q1598)))","v":4.1968809439267751},{"$f":"params!$C$16*R1598*(G1598-Inputs!$R$27)","v":-98852.200451884521},-222563.31804491981,{"$f":"E1598*params!$C$8","v":335.58299999999997}]
["1995-03-08",3,8,"14:00:00",151,10,1.4,-0.7,85,{"$f":"Inputs!$R$38*Inputs!$R$33*(G1599-Inputs!$R$27)","v":-112265.44412273043},{"$f":"Inputs!$R$34*E1599*Inputs!$R$39","v":88378.747480002596},{"$f":"params!$C$16*Inputs!$R$30*(G1599-Inputs!$R$27)","v":-17580.093579225133},{"$f":"Inputs!$R$41*Inputs!$R$42/8760","v":0},{"$f":"-Inputs!$R$45*Inputs!$R$34","v":-90000},674.26854059671382,4.166701431767522E-3,3.5416962170023935E-3,{"$f":"-N1599/(1.202*2465560*MAX(0,(Inputs!$R$49-Q1599)))","v":4.072697496526871},{"$f":"params!$C$16*R1599*(G1599-Inputs!$R$27)","v":-96910.525668782604},-228377.3158907356,{"$f":"E1599*params!$C$8","v":312.79649999999998}]
["1995-03-08",3,8,"15:00:00",151,10,1,-1.4,83,{"$f":"Inputs!$R$38*Inputs!$R$33*(G1600-Inputs!$R$27)","v":-114543.66057617929},{"$f":"Inputs!$R$34*E1600*Inputs!$R$39","v":88378.747480002596},{"$f":"params!$C$16*Inputs!$R$30*(G1600-Inputs!$R$27)","v":-17936.848578578065},{"$f":"Inputs!$R$41*Inputs!$R$42/8760","v":0},{"$f":"-Inputs!$R$45*Inputs!$R$34","v":-90000},655.14373774848059,4.0477489204243187E-3,3.3596316039521843E-3,{"$f":"-N1600/(1.202*2465560*MAX(0,(Inputs!$R$49-Q1600)))","v":3.9756262122854467},{"$f":"params!$C$16*R1600*(G1600-Inputs!$R$27)","v":-96520.441634941861},-230622.20330969663,{"$f":"E1600*params!$C$8","v":312.79649999999998}]
["1995-03-08",3,8,"16:00:00",107,10,0,-2.2999999999999998,83,{"$f":"Inputs!$R$38*Inputs!$R$33*(G1601-Inputs!$R$27)","v":-120239.20170980148},{"$f":"Inputs!$R$34*E1601*Inputs!$R$39","v":62625.999869935615},{"$f":"params!$C$16*Inputs!$R$30*(G1601-Inputs!$R$27)","v":-18828.736076960402},{"$f":"Inputs!$R$41*Inputs!$R$42/8760","v":0},{"$f":"-Inputs!$R$45*Inputs!$R$34","v":-90000},609.41773586642103,3.7635253138895938E-3,3.1237260105283628E-3,{"$f":"-N1601/(1.202*2465560*MAX(0,(Inputs!$R$49-Q1601)))","v":3.8565246577421561},{"$f":"params!$C$16*R1601*(G1601-Inputs!$R$27)","v":-98284.468536653018},-264726.40645347931,{"$f":"E1601*params!$C$8","v":221.65049999999999}]
["1995-03-08",3,8,"17:00:00",59,10,-1.2,-2.2999999999999998,91,{"$f":"Inputs!$R$38*Inputs!$R$33*(G1602-Inputs!$R$27)","v":-127073.85107014807},{"$f":"Inputs!$R$34*E1602*Inputs!$R$39","v":34532.093386226181},{"$f":"params!$C$16*Inputs!$R$30*(G1602-Inputs!$R$27)","v":-19899.001075019201},{"$f":"Inputs!$R$41*Inputs!$R$42/8760","v":0},{"$f":"-Inputs!$R$45*Inputs!$R$34","v":-90000},558.29660553202416,3.4460720755093411E-3,3.1359255887135002E-3,{"$f":"-N1602/(1.202*2465560*MAX(0,(Inputs!$R$49-Q1602)))","v":3.8625086072631869},{"$f":"params!$C$16*R1602*(G1602-Inputs!$R$27)","v":-104032.33560931594},-306473.09436825704,{"$f":"E1602*params!$C$8","v":122.21849999999999}]
["1995-03-08",{"$f":"MONTH(A1603)","v":3},{"$f":"DAY(A1603)","v":8},"18:00:00",18,10,-2.8,-3.9,91,{"$f":"Inputs!$R$38*Inputs!$R$33*(G1603-Inputs!$R$27)","v":-136186.71688394356},{"$f":"Inputs!$R$34*E1603*Inputs!$R$39","v":10535.214931391038},{"$f":"params!$C$16*Inputs!$R$30*(G1603-Inputs!$R$27)","v":-21326.02107243094},{"$f":"Inputs!$R$41*Inputs!$R$42/8760","v":0},{"$f":"-Inputs!$R$45*Inputs!$R$34","v":-90000},{"$f":"EXP(77.345+0.0057*(G1603+273.15)-7235/(G1603+273.15))/(G1603+273.15)^8.2","v":496.06494903212268},{"$f":"0.62198*O1603/(101325-O1603)","v":3.060058869440949E-3},{"$f":"P1603*I1603/100","v":2.7846535711912633E-3},{"$f":"-N1603/(1.202*2465560*MAX(0,(Inputs!$R$49-Q1603)))","v":3.6973209110875396},{"$f":"params!$C$16*R1603*(G1603-Inputs!$R$27)","v":-106724.6143624922},{"$f":"J1603+K1603+L1603+M1603+N1603+S1603","v":-343702.1373874757},{"$f":"E1603*params!$C$8","v":37.286999999999999}]
["1995-03-08",3,8,"19:00:00",0,10,-3.4,-4.5,91,{"$f":"Inputs!$R$38*Inputs!$R$33*(G1604-Inputs!$R$27)","v":-139604.04156411687},{"$f":"Inputs!$R$34*E1604*Inputs!$R$39","v":0},{"$f":"params!$C$16*Inputs!$R$30*(G1604-Inputs!$R$27)","v":-21861.153571460338},{"$f":"Inputs!$R$41*Inputs!$R$42/8760","v":0},{"$f":"-Inputs!$R$45*Inputs!$R$34","v":-90000},474.36656633458665,2.925579214362132E-3,2.6622770850695397E-3,{"$f":"-N1604/(1.202*2465560*MAX(0,(Inputs!$R$49-Q1604)))","v":3.6430425281193681},{"$f":"params!$C$16*R1604*(G1604-Inputs!$R$27)","v":-107796.56683061291},-359261.76196619013,{"$f":"E1604*params!$C$8","v":0}]
["1995-03-08",3,8,"20:00:00",0,10,-3.9,-5,91,{"$f":"Inputs!$R$38*Inputs!$R$33*(G1605-Inputs!$R$27)","v":-142451.81213092795},{"$f":"Inputs!$R$34*E1605*Inputs!$R$39","v":0},{"$f":"params!$C$16*Inputs!$R$30*(G1605-Inputs!$R$27)","v":-22307.097320651505},{"$f":"Inputs!$R$41*Inputs!$R$42/8760","v":0},{"$f":"-Inputs!$R$45*Inputs!$R$34","v":-90000},456.93292986618587,2.8175730136730305E-3,2.5639914424424575E-3,{"$f":"-N1605/(1.202*2465560*MAX(0,(Inputs!$R$49-Q1605)))","v":3.6005898097462476},{"$f":"params!$C$16*R1605*(G1605-Inputs!$R$27)","v":-108713.7115814237},-363472.62103300315,{"$f":"E1605*params!$C$8","v":0}]
["1995-03-08",3,8,"21:00:00",0,10,-3.9,-5.6,86,{"$f":"Inputs!$R$38*Inputs!$R$33*(G1606-Inputs!$R$27)","v":-142451.81213092795},{"$f":"Inputs!$R$34*E1606*Inputs!$R$39","v":0},{"$f":"params!$C$16*Inputs!$R$30*(G1606-Inputs!$R$27)","v":-22307.097320651505},{"$f":"Inputs!$R$41*Inputs!$R$42/8760","v":0},{"$f":"-Inputs!$R$45*Inputs!$R$34","v":-90000},456.93292986618587,2.8175730136730305E-3,2.4231127917588059E-3,{"$f":"-N1606/(1.202*2465560*MAX(0,(Inputs!$R$49-Q1606)))","v":3.541436932039169},{"$f":"params!$C$16*R1606*(G1606-Inputs!$R$27)","v":-106927.69061651079},-361686.60006809025,{"$f":"E1606*params!$C$8","v":0}]
["1995-03-08",3,8,"22:00:00",0,10,-4.5,-6.2,86,{"$f":"Inputs!$R$38*Inputs!$R$33*(G1607-Inputs!$R$27)","v":-145869.13681110126},{"$f":"Inputs!$R$34*E1607*Inputs!$R$39","v":0},{"$f":"params!$C$16*Inputs!$R$30*(G1607-Inputs!$R$27)","v":-22842.229819680906},{"$f":"Inputs!$R$41*Inputs!$R$42/8760","v":0},{"$f":"-Inputs!$R$45*Inputs!$R$34","v":-90000},436.76562658229682,2.6926775565936012E-3,2.3157026986704971E-3,{"$f":"-N1607/(1.202*2465560*MAX(0,(Inputs!$R$49-Q1607)))","v":3.4976266959092732},{"$f":"params!$C$16*R1607*(G1607-Inputs!$R$27)","v":-108138.30673226139},-366849.67336304358,{"$f":"E1607*params!$C$8","v":0}]
["1995-03-08",3,8,"23:00:00",0,10,-5.6,-9.5,71,{"$f":"Inputs!$R$38*Inputs!$R$33*(G1608-Inputs!$R$27)","v":-152134.23205808565},{"$f":"Inputs!$R$34*E1608*Inputs!$R$39","v":0},{"$f":"params!$C$16*Inputs!$R$30*(G1608-Inputs!$R$27)","v":-23823.306067901474},{"$f":"Inputs!$R$41*Inputs!$R$42/8760","v":0},{"$f":"-Inputs!$R$45*Inputs!$R$34","v":-90000},401.83740258497369,2.4764862815169408E-3,1.758305259877028E-3,{"$f":"-N1608/(1.202*2465560*MAX(0,(Inputs!$R$49-Q1608)))","v":3.2866340546918815},{"$f":"params!$C$16*R1608*(G1608-Inputs!$R$27)","v":-105979.28725147988},-371936.82537746697,{"$f":"E1608*params!$C$8","v":0}]
["1995-03-08",3,8,1,0,10,-5.6,-9.5,71,{"$f":"Inputs!$R$38*Inputs!$R$33*(G1609-Inputs!$R$27)","v":-152134.23205808565},{"$f":"Inputs!$R$34*E1609*Inputs!$R$39","v":0},{"$f":"params!$C$16*Inputs!$R$30*(G1609-Inputs!$R$27)","v":-23823.306067901474},{"$f":"Inputs!$R$41*Inputs!$R$42/8760","v":0},{"$f":"-Inputs!$R$45*Inputs!$R$34","v":-90000},401.83740258497369,2.4764862815169408E-3,1.758305259877028E-3,{"$f":"-N1609/(1.202*2465560*MAX(0,(Inputs!$R$49-Q1609)))","v":3.2866340546918815},{"$f":"params!$C$16*R1609*(G1609-Inputs!$R$27)","v":-105979.28725147988},-371936.82537746697,{"$f":"E1609*params!$C$8","v":0}]
["1995-03-09",3,9,"01:00:00",0,10,-6.2,-9.9,72,{"$f":"Inputs!$R$38*Inputs!$R$33*(G1610-Inputs!$R$27)","v":-155551.55673825895},{"$f":"Inputs!$R$34*E1610*Inputs!$R$39","v":0},{"$f":"params!$C$16*Inputs!$R$30*(G1610-Inputs!$R$27)","v":-24358.438566930876},{"$f":"Inputs!$R$41*Inputs!$R$42/8760","v":0},{"$f":"-Inputs!$R$45*Inputs!$R$34","v":-90000},383.85239183936244,2.365224849662249E-3,1.7029618917568192E-3,{"$f":"-N1610/(1.202*2465560*MAX(0,(Inputs!$R$49-Q1610)))","v":3.267065788351645},{"$f":"params!$C$16*R1610*(G1610-Inputs!$R$27)","v":-107714.69066816299},-377624.68597335287,{"$f":"E1610*params!$C$8","v":0}]
["1995-03-09",3,9,"02:00:00",0,9,-6.4,-9.9,74,{"$f":"Inputs!$R$38*Inputs!$R$33*(G1611-Inputs!$R$27)","v":-156690.66496498341},{"$f":"Inputs!$R$34*E1611*Inputs!$R$39","v":0},{"$f":"params!$C$16*Inputs!$R$30*(G1611-Inputs!$R$27)","v":-24536.816066607345},{"$f":"Inputs!$R$41*Inputs!$R$42/8760","v":0},{"$f":"-Inputs!$R$45*Inputs!$R$34","v":-90000},378.0185873995535,2.3291434543225085E-3,1.7235661561986562E-3,{"$f":"-N1611/(1.202*2465560*MAX(0,(Inputs!$R$49-Q1611)))","v":3.2743237412584274},{"$f":"params!$C$16*R1611*(G1611-Inputs!$R$27)","v":-108744.53426095155},-379972.01529254229,{"$f":"E1611*params!$C$8","v":0}]
["1995-03-09",3,9,"03:00:00",0,9,-6.5,-9.6999999999999993,76,{"$f":"Inputs!$R$38*Inputs!$R$33*(G1612-Inputs!$R$27)","v":-157260.2190783456},{"$f":"Inputs!$R$34*E1612*Inputs!$R$39","v":0},{"$f":"params!$C$16*Inputs!$R$30*(G1612-Inputs!$R$27)","v":-24626.004816445577},{"$f":"Inputs!$R$41*Inputs!$R$42/8760","v":0},{"$f":"-Inputs!$R$45*Inputs!$R$34","v":-90000},375.13137843371578,2.3112879486041908E-3,1.756578840939185E-3,{"$f":"-N1612/(1.202*2465560*MAX(0,(Inputs!$R$49-Q1612)))","v":3.2860200873227536},{"$f":"params!$C$16*R1612*(G1612-Inputs!$R$27)","v":-109529.67201056008},-381415.89590535127,{"$f":"E1612*params!$C$8","v":0}]
["1995-03-09",3,9,"04:00:00",0,8,-6.6,-9.6999999999999993,76,{"$f":"Inputs!$R$38*Inputs!$R$33*(G1613-Inputs!$R$27)","v":-157829.77319170782},{"$f":"Inputs!$R$34*E1613*Inputs!$R$39","v":0},{"$f":"params!$C$16*Inputs!$R$30*(G1613-Inputs!$R$27)","v":-24715.193566283808},{"$f":"Inputs!$R$41*Inputs!$R$42/8760","v":0},{"$f":"-Inputs!$R$45*Inputs!$R$34","v":-90000},372.26380938849712,2.293554913918128E-3,1.7431017345777772E-3,{"$f":"-N1613/(1.202*2465560*MAX(0,(Inputs!$R$49-Q1613)))","v":3.2812350894296172},{"$f":"params!$C$16*R1613*(G1613-Inputs!$R$27)","v":-109766.28768529014},-382311.2544432818,{"$f":"E1613*params!$C$8","v":0}]
["1995-03-09",3,9,"05:00:00",0,8,-6.5,-9.5,77,{"$f":"Inputs!$R$38*Inputs!$R$33*(G1614-Inputs!$R$27)","v":-157260.2190783456},{"$f":"Inputs!$R$34*E1614*Inputs!$R$39","v":0},{"$f":"params!$C$16*Inputs!$R$30*(G1614-Inputs!$R$27)","v":-24626.004816445577},{"$f":"Inputs!$R$41*Inputs!$R$42/8760","v":0},{"$f":"-Inputs!$R$45*Inputs!$R$34","v":-90000},375.13137843371578,2.3112879486041908E-3,1.779691720425227E-3,{"$f":"-N1614/(1.202*2465560*MAX(0,(Inputs!$R$49-Q1614)))","v":3.2942588030460223},{"$f":"params!$C$16*R1614*(G1614-Inputs!$R$27)","v":-109804.28500956128},-381690.50890435249,{"$f":"E1614*params!$C$8","v":0}]
["1995-03-09",3,9,"06:00:00",0,8,-6.4,-9.3000000000000007,78,{"$f":"Inputs!$R$38*Inputs!$R$33*(G1615-Inputs!$R$27)","v":-156690.66496498341},{"$f":"Inputs!$R$34*E1615*Inputs!$R$39","v":0},{"$f":"params!$C$16*Inputs!$R$30*(G1615-Inputs!$R$27)","v":-24536.816066607345},{"$f":"Inputs!$R$41*Inputs!$R$42/8760","v":0},{"$f":"-Inputs!$R$45*Inputs!$R$34","v":-90000},378.0185873995535,2.3291434543225085E-3,1.8167318943715567E-3,{"$f":"-N1615/(1.202*2465560*MAX(0,(Inputs!$R$49-Q1615)))","v":3.3075484818700351},{"$f":"params!$C$16*R1615*(G1615-Inputs!$R$27)","v":-109847.9709487244},-381075.45198031515,{"$f":"E1615*params!$C$8","v":0}]
["1995-03-09",3,9,"07:00:00",7,9,-8.9,-11.7,78,{"$f":"Inputs!$R$38*Inputs!$R$33*(G1616-Inputs!$R$27)","v":-170929.51779903885},{"$f":"Inputs!$R$34*E1616*Inputs!$R$39","v":4097.0280288742924},{"$f":"params!$C$16*Inputs!$R$30*(G1616-Inputs!$R$27)","v":-26766.534812563183},{"$f":"Inputs!$R$41*Inputs!$R$42/8760","v":0},{"$f":"-Inputs!$R$45*Inputs!$R$34","v":-90000},311.47070403127867,1.9178475382812515E-3,1.4959210798593762E-3,{"$f":"-N1616/(1.202*2465560*MAX(0,(Inputs!$R$49-Q1616)))","v":3.1958818373597091},{"$f":"params!$C$16*R1616*(G1616-Inputs!$R$27)","v":-115784.5142353288},-399383.53881805658,{"$f":"E1616*params!$C$8","v":14.500499999999999}]
["1995-03-09",3,9,"08:00:00",104,9,-8.4,-11.7,75,{"$f":"Inputs!$R$38*Inputs!$R$33*(G1617-Inputs!$R$27)","v":-168081.74723222776},{"$f":"Inputs!$R$34*E1617*Inputs!$R$39","v":60870.130714703781},{"$f":"params!$C$16*Inputs!$R$30*(G1617-Inputs!$R$27)","v":-26320.591063372016},{"$f":"Inputs!$R$41*Inputs!$R$42/8760","v":0},{"$f":"-Inputs!$R$45*Inputs!$R$34","v":-90000},323.87651490151154,1.9944799402965346E-3,1.4958599552224007E-3,{"$f":"-N1617/(1.202*2465560*MAX(0,(Inputs!$R$49-Q1617)))","v":3.1958612797574002},{"$f":"params!$C$16*R1617*(G1617-Inputs!$R$27)","v":-113854.75440730729},-337386.96198820329,{"$f":"E1617*params!$C$8","v":215.43599999999998}]
["1995-03-09",3,9,"09:00:00",248,9,-8.4,-11.7,75,{"$f":"Inputs!$R$38*Inputs!$R$33*(G1618-Inputs!$R$27)","v":-168081.74723222776},{"$f":"Inputs!$R$34*E1618*Inputs!$R$39","v":145151.85016583209},{"$f":"params!$C$16*Inputs!$R$30*(G1618-Inputs!$R$27)","v":-26320.591063372016},{"$f":"Inputs!$R$41*Inputs!$R$42/8760","v":0},{"$f":"-Inputs!$R$45*Inputs!$R$34","v":-90000},323.87651490151154,1.9944799402965346E-3,1.4958599552224007E-3,{"$f":"-N1618/(1.202*2465560*MAX(0,(Inputs!$R$49-Q1618)))","v":3.1958612797574002},{"$f":"params!$C$16*R1618*(G1618-Inputs!$R$27)","v":-113854.75440730729},-253105.24253707501,{"$f":"E1618*params!$C$8","v":513.73199999999997}]
["1995-03-09",3,9,"10:00:00",279,9,-7.3,-12.8,61,{"$f":"Inputs!$R$38*Inputs!$R$33*(G1619-Inputs!$R$27)","v":-161816.65198524334},{"$f":"Inputs!$R$34*E1619*Inputs!$R$39","v":163295.8314365611},{"$f":"params!$C$16*Inputs!$R$30*(G1619-Inputs!$R$27)","v":-25339.514815151444},{"$f":"Inputs!$R$41*Inputs!$R$42/8760","v":0},{"$f":"-Inputs!$R$45*Inputs!$R$34","v":-90000},352.73107385356553,2.1727913579510532E-3,1.3254027283501424E-3,{"$f":"-N1619/(1.202*2465560*MAX(0,(Inputs!$R$49-Q1619)))","v":3.1395432640294989},{"$f":"params!$C$16*R1619*(G1619-Inputs!$R$27)","v":-107679.33885815892},-221539.67422199261,{"$f":"E1619*params!$C$8","v":577.94849999999997}]
["1995-03-09",3,9,"11:00:00",505,9,-6.7,-11.7,64,{"$f":"Inputs!$R$38*Inputs!$R$33*(G1620-Inputs!$R$27)","v":-158399.32730507004},{"$f":"Inputs!$R$34*E1620*Inputs!$R$39","v":295571.30779735971},{"$f":"params!$C$16*Inputs!$R$30*(G1620-Inputs!$R$27)","v":-24804.382316122043},{"$f":"Inputs!$R$41*Inputs!$R$42/8760","v":0},{"$f":"-Inputs!$R$45*Inputs!$R$34","v":-90000},369.41576429308179,2.2759436123766601E-3,1.4566039119210624E-3,{"$f":"-N1620/(1.202*2465560*MAX(0,(Inputs!$R$49-Q1620)))","v":3.1827129843254971},{"$f":"params!$C$16*R1620*(G1620-Inputs!$R$27)","v":-106854.66957017973},-84487.071394012091,{"$f":"E1620*params!$C$8","v":1046.1074999999998}]
["1995-03-09",3,9,"12:00:00",638,9,-5.6,-11.2,61,{"$f":"Inputs!$R$38*Inputs!$R$33*(G1621-Inputs!$R$27)","v":-152134.23205808565},{"$f":"Inputs!$R$34*E1621*Inputs!$R$39","v":373414.84034597123},{"$f":"params!$C$16*Inputs!$R$30*(G1621-Inputs!$R$27)","v":-23823.306067901474},{"$f":"Inputs!$R$41*Inputs!$R$42/8760","v":0},{"$f":"-Inputs!$R$45*Inputs!$R$34","v":-90000},401.83740258497369,2.4764862815169408E-3,1.5106566317253339E-3,{"$f":"-N1621/(1.202*2465560*MAX(0,(Inputs!$R$49-Q1621)))","v":3.2008454668971704},{"$f":"params!$C$16*R1621*(G1621-Inputs!$R$27)","v":-103212.98798070608},4244.3142392780428,{"$f":"E1621*params!$C$8","v":1321.617}]
["1995-03-09",3,9,"13:00:00",662,9,-4.5,-10.6,59,{"$f":"Inputs!$R$38*Inputs!$R$33*(G1622-Inputs!$R$27)","v":-145869.13681110126},{"$f":"Inputs!$R$34*E1622*Inputs!$R$39","v":387461.79358782602},{"$f":"params!$C$16*Inputs!$R$30*(G1622-Inputs!$R$27)","v":-22842.229819680906},{"$f":"Inputs!$R$41*Inputs!$R$42/8760","v":0},{"$f":"-Inputs!$R$45*Inputs!$R$34","v":-90000},436.76562658229682,2.6926775565936012E-3,1.5886797583902245E-3,{"$f":"-N1622/(1.202*2465560*MAX(0,(Inputs!$R$49-Q1622)))","v":3.2273864227125602},{"$f":"params!$C$16*R1622*(G1622-Inputs!$R$27)","v":-99783.119602504215},28967.307354539633,{"$f":"E1622*params!$C$8","v":1371.3329999999999}]
["1995-03-09",3,9,"14:00:00",652,3,-3.9,-12.3,48,{"$f":"Inputs!$R$38*Inputs!$R$33*(G1623-Inputs!$R$27)","v":-142451.81213092795},{"$f":"Inputs!$R$34*E1623*Inputs!$R$39","v":381608.89640371985},{"$f":"params!$C$16*Inputs!$R$30*(G1623-Inputs!$R$27)","v":-22307.097320651505},{"$f":"Inputs!$R$41*Inputs!$R$42/8760","v":0},{"$f":"-Inputs!$R$45*Inputs!$R$34","v":-90000},456.93292986618587,2.8175730136730305E-3,1.3524350465630548E-3,{"$f":"-N1623/(1.202*2465560*MAX(0,(Inputs!$R$49-Q1623)))","v":3.1483417747830185},{"$f":"params!$C$16*R1623*(G1623-Inputs!$R$27)","v":-95058.848063459372},31791.138888681031,{"$f":"E1623*params!$C$8","v":1350.6179999999999}]
["1995-03-09",3,9,"15:00:00",543,2,-4.5,-12.8,48,{"$f":"Inputs!$R$38*Inputs!$R$33*(G1624-Inputs!$R$27)","v":-145869.13681110126},{"$f":"Inputs!$R$34*E1624*Inputs!$R$39","v":317812.317096963},{"$f":"params!$C$16*Inputs!$R$30*(G1624-Inputs!$R$27)","v":-22842.229819680906},{"$f":"Inputs!$R$41*Inputs!$R$42/8760","v":0},{"$f":"-Inputs!$R$45*Inputs!$R$34","v":-90000},436.76562658229682,2.6926775565936012E-3,1.2924852271649285E-3,{"$f":"-N1624/(1.202*2465560*MAX(0,(Inputs!$R$49-Q1624)))","v":3.1288954143176917},{"$f":"params!$C$16*R1624*(G1624-Inputs!$R$27)","v":-96738.011647263964},-37637.061181083132,{"$f":"E1624*params!$C$8","v":1124.8244999999999}]
["1995-03-09",3,9,"16:00:00",406,3,-3.9,-12.8,46,{"$f":"Inputs!$R$38*Inputs!$R$33*(G1625-Inputs!$R$27)","v":-142451.81213092795},{"$f":"Inputs!$R$34*E1625*Inputs!$R$39","v":237627.62567470898},{"$f":"params!$C$16*Inputs!$R$30*(G1625-Inputs!$R$27)","v":-22307.097320651505},{"$f":"Inputs!$R$41*Inputs!$R$42/8760","v":0},{"$f":"-Inputs!$R$45*Inputs!$R$34","v":-90000},456.93292986618587,2.8175730136730305E-3,1.2960835862895939E-3,{"$f":"-N1625/(1.202*2465560*MAX(0,(Inputs!$R$49-Q1625)))","v":3.1300558609532763},{"$f":"params!$C$16*R1625*(G1625-Inputs!$R$27)","v":-94506.735863200316},-111638.01964007079,{"$f":"E1625*params!$C$8","v":841.029}]
["1995-03-09",3,9,"17:00:00",234,2,-4.5,-12.8,48,{"$f":"Inputs!$R$38*Inputs!$R$33*(G1626-Inputs!$R$27)","v":-145869.13681110126},{"$f":"Inputs!$R$34*E1626*Inputs!$R$39","v":136957.7941080835},{"$f":"params!$C$16*Inputs!$R$30*(G1626-Inputs!$R$27)","v":-22842.229819680906},{"$f":"Inputs!$R$41*Inputs!$R$42/8760","v":0},{"$f":"-Inputs!$R$45*Inputs!$R$34","v":-90000},436.76562658229682,2.6926775565936012E-3,1.2924852271649285E-3,{"$f":"-N1626/(1.202*2465560*MAX(0,(Inputs!$R$49-Q1626)))","v":3.1288954143176917},{"$f":"params!$C$16*R1626*(G1626-Inputs!$R$27)","v":-96738.011647263964},-218491.58416996262,{"$f":"E1626*params!$C$8","v":484.73099999999999}]
["1995-03-09",3,9,"18:00:00",60,3,-5.6,-14.5,45,{"$f":"Inputs!$R$38*Inputs!$R$33*(G1627-Inputs!$R$27)","v":-152134.23205808565},{"$f":"Inputs!$R$34*E1627*Inputs!$R$39","v":35117.383104636792},{"$f":"params!$C$16*Inputs!$R$30*(G1627-Inputs!$R$27)","v":-23823.306067901474},{"$f":"Inputs!$R$41*Inputs!$R$42/8760","v":0},{"$f":"-Inputs!$R$45*Inputs!$R$34","v":-90000},401.83740258497369,2.4764862815169408E-3,1.1144188266826234E-3,{"$f":"-N1627/(1.202*2465560*MAX(0,(Inputs!$R$49-Q1627)))","v":3.0725256680331494},{"$f":"params!$C$16*R1627*(G1627-Inputs!$R$27)","v":-99075.246876110497},-329915.4018974608,{"$f":"E1627*params!$C$8","v":124.28999999999999}]
["1995-03-09",3,9,"19:00:00",0,2,-6.7,-14.5,50,{"$f":"Inputs!$R$38*Inputs!$R$33*(G1628-Inputs!$R$27)","v":-158399.32730507004},{"$f":"Inputs!$R$34*E1628*Inputs!$R$39","v":0},{"$f":"params!$C$16*Inputs!$R$30*(G1628-Inputs!$R$27)","v":-24804.382316122043},{"$f":"Inputs!$R$41*Inputs!$R$42/8760","v":0},{"$f":"-Inputs!$R$45*Inputs!$R$34","v":-90000},369.41576429308179,2.2759436123766601E-3,1.1379718061883301E-3,{"$f":"-N1628/(1.202*2465560*MAX(0,(Inputs!$R$49-Q1628)))","v":3.0798648993172857},{"$f":"params!$C$16*R1628*(G1628-Inputs!$R$27)","v":-103401.70406760323},-376605.41368879529,{"$f":"E1628*params!$C$8","v":0}]
["1995-03-09",3,9,"20:00:00",0,3,-6.7,-13.9,53,{"$f":"Inputs!$R$38*Inputs!$R$33*(G1629-Inputs!$R$27)","v":-158399.32730507004},{"$f":"Inputs!$R$34*E1629*Inputs!$R$39","v":0},{"$f":"params!$C$16*Inputs!$R$30*(G1629-Inputs!$R$27)","v":-24804.382316122043},{"$f":"Inputs!$R$41*Inputs!$R$42/8760","v":0},{"$f":"-Inputs!$R$45*Inputs!$R$34","v":-90000},369.41576429308179,2.2759436123766601E-3,1.2062501145596299E-3,{"$f":"-N1629/(1.202*2465560*MAX(0,(Inputs!$R$49-Q1629)))","v":3.1013403049738679},{"$f":"params!$C$16*R1629*(G1629-Inputs!$R$27)","v":-104122.70762231301},-377326.41724350507,{"$f":"E1629*params!$C$8","v":0}]
["1995-03-09",3,9,"21:00:00",0,2,-7.3,-15,50,{"$f":"Inputs!$R$38*Inputs!$R$33*(G1630-Inputs!$R$27)","v":-161816.65198524334},{"$f":"Inputs!$R$34*E1630*Inputs!$R$39","v":0},{"$f":"params!$C$16*Inputs!$R$30*(G1630-Inputs!$R$27)","v":-25339.514815151444},{"$f":"Inputs!$R$41*Inputs!$R$42/8760","v":0},{"$f":"-Inputs!$R$45*Inputs!$R$34","v":-90000},352.73107385356553,2.1727913579510532E-3,1.0863956789755266E-3,{"$f":"-N1630/(1.202*2465560*MAX(0,(Inputs!$R$49-Q1630)))","v":3.0638389464551459},{"$f":"params!$C$16*R1630*(G1630-Inputs!$R$27)","v":-105082.84943929616},-382239.01623969094,{"$f":"E1630*params!$C$8","v":0}]
["1995-03-09",3,9,"22:00:00",0,3,-7.8,-14.5,55,{"$f":"Inputs!$R$38*Inputs!$R$33*(G1631-Inputs!$R$27)","v":-164664.42255205443},{"$f":"Inputs!$R$34*E1631*Inputs!$R$39","v":0},{"$f":"params!$C$16*Inputs!$R$30*(G1631-Inputs!$R$27)","v":-25785.458564342614},{"$f":"Inputs!$R$41*Inputs!$R$42/8760","v":0},{"$f":"-Inputs!$R$45*Inputs!$R$34","v":-90000},339.34324758330234,2.0900464473813641E-3,1.1495255460597501E-3,{"$f":"-N1631/(1.202*2465560*MAX(0,(Inputs!$R$49-Q1631)))","v":3.0834779381629209},{"$f":"params!$C$16*R1631*(G1631-Inputs!$R$27)","v":-107617.60379387249},-388067.4849102695,{"$f":"E1631*params!$C$8","v":0}]
["1995-03-09",3,9,"23:00:00",0,2,-8.9,-17.3,47,{"$f":"Inputs!$R$38*Inputs!$R$33*(G1632-Inputs!$R$27)","v":-170929.51779903885},{"$f":"Inputs!$R$34*E1632*Inputs!$R$39","v":0},{"$f":"params!$C$16*Inputs!$R$30*(G1632-Inputs!$R$27)","v":-26766.534812563183},{"$f":"Inputs!$R$41*Inputs!$R$42/8760","v":0},{"$f":"-Inputs!$R$45*Inputs!$R$34","v":-90000},311.47070403127867,1.9178475382812515E-3,9.0138834299218818E-4,{"$f":"-N1632/(1.202*2465560*MAX(0,(Inputs!$R$49-Q1632)))","v":3.007699660724096},{"$f":"params!$C$16*R1632*(G1632-Inputs!$R$27)","v":-108966.80850704003},-396662.86111864203,{"$f":"E1632*params!$C$8","v":0}]
["1995-03-09",3,9,1,0,3,-8.9,-16.7,49,{"$f":"Inputs!$R$38*Inputs!$R$33*(G1633-Inputs!$R$27)","v":-170929.51779903885},{"$f":"Inputs!$R$34*E1633*Inputs!$R$39","v":0},{"$f":"params!$C$16*Inputs!$R$30*(G1633-Inputs!$R$27)","v":-26766.534812563183},{"$f":"Inputs!$R$41*Inputs!$R$42/8760","v":0},{"$f":"-Inputs!$R$45*Inputs!$R$34","v":-90000},311.47070403127867,1.9178475382812515E-3,9.3974529375781329E-4,{"$f":"-N1633/(1.202*2465560*MAX(0,(Inputs!$R$49-Q1633)))","v":3.0191691351896277},{"$f":"params!$C$16*R1633*(G1633-Inputs!$R$27)","v":-109382.33936741226},-397078.39197901427,{"$f":"E1633*params!$C$8","v":0}]
["1995-03-10",3,10,"01:00:00",0,3,-10.3,-17,54,{"$f":"Inputs!$R$38*Inputs!$R$33*(G1634-Inputs!$R$27)","v":-178903.27538610989},{"$f":"Inputs!$R$34*E1634*Inputs!$R$39","v":0},{"$f":"params!$C$16*Inputs!$R$30*(G1634-Inputs!$R$27)","v":-28015.177310298452},{"$f":"Inputs!$R$41*Inputs!$R$42/8760","v":0},{"$f":"-Inputs!$R$45*Inputs!$R$34","v":-90000},278.95642509567188,1.7170916459721495E-3,9.2722948882496077E-4,{"$f":"-N1634/(1.202*2465560*MAX(0,(Inputs!$R$49-Q1634)))","v":3.0154170633009065},{"$f":"params!$C$16*R1634*(G1634-Inputs!$R$27)","v":-114342.68251749774},-411261.13521390612,{"$f":"E1634*params!$C$8","v":0}]
["1995-03-10",3,10,"02:00:00",0,2,-11.3,-17,59,{"$f":"Inputs!$R$38*Inputs!$R$33*(G1635-Inputs!$R$27)","v":-184598.81651973206},{"$f":"Inputs!$R$34*E1635*Inputs!$R$39","v":0},{"$f":"params!$C$16*Inputs!$R$30*(G1635-Inputs!$R$27)","v":-28907.064808680785},{"$f":"Inputs!$R$41*Inputs!$R$42/8760","v":0},{"$f":"-Inputs!$R$45*Inputs!$R$34","v":-90000},257.62199276150301,1.5854346893843774E-3,9.3540646673678275E-4,{"$f":"-N1635/(1.202*2465560*MAX(0,(Inputs!$R$49-Q1635)))","v":3.017867355592843},{"$f":"params!$C$16*R1635*(G1635-Inputs!$R$27)","v":-118078.75260772074},-421584.63393613358,{"$f":"E1635*params!$C$8","v":0}]
["1995-03-10",3,10,"03:00:00",0,2,-12.2,-16.8,66,{"$f":"Inputs!$R$38*Inputs!$R$33*(G1636-Inputs!$R$27)","v":-189724.80353999199},{"$f":"Inputs!$R$34*E1636*Inputs!$R$39","v":0},{"$f":"params!$C$16*Inputs!$R$30*(G1636-Inputs!$R$27)","v":-29709.763557224884},{"$f":"Inputs!$R$41*Inputs!$R$42/8760","v":0},{"$f":"-Inputs!$R$45*Inputs!$R$34","v":-90000},239.67905491190683,1.4747500149412309E-3,9.7333500986121241E-4,{"$f":"-N1636/(1.202*2465560*MAX(0,(Inputs!$R$49-Q1636)))","v":3.0292851969661987},{"$f":"params!$C$16*R1636*(G1636-Inputs!$R$27)","v":-121816.73953600244},-431251.3066332193,{"$f":"E1636*params!$C$8","v":0}]
["1995-03-10",3,10,"04:00:00",0,1,-13.1,-16.7,72,{"$f":"Inputs!$R$38*Inputs!$R$33*(G1637-Inputs!$R$27)","v":-194850.79056025195},{"$f":"Inputs!$R$34*E1637*Inputs!$R$39","v":0},{"$f":"params!$C$16*Inputs!$R$30*(G1637-Inputs!$R$27)","v":-30512.462305768986},{"$f":"Inputs!$R$41*Inputs!$R$42/8760","v":0},{"$f":"-Inputs!$R$45*Inputs!$R$34","v":-90000},222.8605143878118,1.3710370862988256E-3,9.8714670213515443E-4,{"$f":"-N1637/(1.202*2465560*MAX(0,(Inputs!$R$49-Q1637)))","v":3.0334644965771758},{"$f":"params!$C$16*R1637*(G1637-Inputs!$R$27)","v":-125280.58868174991},-440643.84154777077,{"$f":"E1637*params!$C$8","v":0}]
["1995-03-10",3,10,"05:00:00",0,1,-13.8,-16.5,78,{"$f":"Inputs!$R$38*Inputs!$R$33*(G1638-Inputs!$R$27)","v":-198837.6693537875},{"$f":"Inputs!$R$34*E1638*Inputs!$R$39","v":0},{"$f":"params!$C$16*Inputs!$R$30*(G1638-Inputs!$R$27)","v":-31136.783554636622},{"$f":"Inputs!$R$41*Inputs!$R$42/8760","v":0},{"$f":"-Inputs!$R$45*Inputs!$R$34","v":-90000},210.51703046912198,1.2949419189597225E-3,1.0100546967885837E-3,{"$f":"-N1638/(1.202*2465560*MAX(0,(Inputs!$R$49-Q1638)))","v":3.0404217424670876},{"$f":"params!$C$16*R1638*(G1638-Inputs!$R$27)","v":-128137.18840358674},-448111.64131201082,{"$f":"E1638*params!$C$8","v":0}]
["1995-03-10",3,10,"06:00:00",0,0,-14.5,-16.2,85,{"$f":"Inputs!$R$38*Inputs!$R$33*(G1639-Inputs!$R$27)","v":-202824.54814732302},{"$f":"Inputs!$R$34*E1639*Inputs!$R$39","v":0},{"$f":"params!$C$16*Inputs!$R$30*(G1639-Inputs!$R$27)","v":-31761.104803504259},{"$f":"Inputs!$R$41*Inputs!$R$42/8760","v":0},{"$f":"-Inputs!$R$45*Inputs!$R$34","v":-90000},198.78827513150657,1.2226536449588855E-3,1.0392555982150526E-3,{"$f":"-N1639/(1.202*2465560*MAX(0,(Inputs!$R$49-Q1639)))","v":3.0493365707864331},{"$f":"params!$C$16*R1639*(G1639-Inputs!$R$27)","v":-131089.70203469295},-455675.35498552024,{"$f":"E1639*params!$C$8","v":0}]
["1995-03-10",3,10,"07:00:00",6,3,-13.4,-15.6,82,{"$f":"Inputs!$R$38*Inputs!$R$33*(G1640-Inputs!$R$27)","v":-196559.45290033863},{"$f":"Inputs!$R$34*E1640*Inputs!$R$39","v":3511.7383104636797},{"$f":"params!$C$16*Inputs!$R$30*(G1640-Inputs!$R$27)","v":-30780.02855528369},{"$f":"Inputs!$R$41*Inputs!$R$42/8760","v":0},{"$f":"-Inputs!$R$45*Inputs!$R$34","v":-90000},217.4934093270798,1.3379476489407984E-3,1.0971170721314546E-3,{"$f":"-N1640/(1.202*2465560*MAX(0,(Inputs!$R$49-Q1640)))","v":3.0671565969947649},{"$f":"params!$C$16*R1640*(G1640-Inputs!$R$27)","v":-127782.85332556564},-441610.59647072427,{"$f":"E1640*params!$C$8","v":12.428999999999998}]
["1995-03-10",3,10,"08:00:00",88,9,-11.2,-13.9,78,{"$f":"Inputs!$R$38*Inputs!$R$33*(G1641-Inputs!$R$27)","v":-184029.26240636982},{"$f":"Inputs!$R$34*E1641*Inputs!$R$39","v":51505.495220133969},{"$f":"params!$C$16*Inputs!$R$30*(G1641-Inputs!$R$27)","v":-28817.87605884255},{"$f":"Inputs!$R$41*Inputs!$R$42/8760","v":0},{"$f":"-Inputs!$R$45*Inputs!$R$34","v":-90000},259.68785129738797,1.5981808824010329E-3,1.2465810882728056E-3,{"$f":"-N1641/(1.202*2465560*MAX(0,(Inputs!$R$49-Q1641)))","v":3.1141667862930791},{"$f":"params!$C$16*R1641*(G1641-Inputs!$R$27)","v":-121470.67668087635},-372812.31992595474,{"$f":"E1641*params!$C$8","v":182.292}]
["1995-03-10",3,10,"09:00:00",185,9,-8.4,-13.4,64,{"$f":"Inputs!$R$38*Inputs!$R$33*(G1642-Inputs!$R$27)","v":-168081.74723222776},{"$f":"Inputs!$R$34*E1642*Inputs!$R$39","v":108278.59790596346},{"$f":"params!$C$16*Inputs!$R$30*(G1642-Inputs!$R$27)","v":-26320.591063372016},{"$f":"Inputs!$R$41*Inputs!$R$42/8760","v":0},{"$f":"-Inputs!$R$45*Inputs!$R$34","v":-90000},323.87651490151154,1.9944799402965346E-3,1.2764671617897822E-3,{"$f":"-N1642/(1.202*2465560*MAX(0,(Inputs!$R$49-Q1642)))","v":3.1237401191272731},{"$f":"params!$C$16*R1642*(G1642-Inputs!$R$27)","v":-111285.38849548761},-287409.12888512394,{"$f":"E1642*params!$C$8","v":383.22749999999996}]
["1995-03-10",3,10,"10:00:00",179,10,-6.2,-17.8,35,{"$f":"Inputs!$R$38*Inputs!$R$33*(G1643-Inputs!$R$27)","v":-155551.55673825895},{"$f":"Inputs!$R$34*E1643*Inputs!$R$39","v":104766.85959549977},{"$f":"params!$C$16*Inputs!$R$30*(G1643-Inputs!$R$27)","v":-24358.438566930876},{"$f":"Inputs!$R$41*Inputs!$R$42/8760","v":0},{"$f":"-Inputs!$R$45*Inputs!$R$34","v":-90000},383.85239183936244,2.365224849662249E-3,8.2782869738178705E-4,{"$f":"-N1643/(1.202*2465560*MAX(0,(Inputs!$R$49-Q1643)))","v":2.9859459389614544},{"$f":"params!$C$16*R1643*(G1643-Inputs!$R$27)","v":-98446.209535732924},-263589.34524542297,{"$f":"E1643*params!$C$8","v":370.79849999999999}]
["1995-03-10",3,10,"11:00:00",256,9,-5,-16.7,35,{"$f":"Inputs!$R$38*Inputs!$R$33*(G1644-Inputs!$R$27)","v":-148716.90737791234},{"$f":"Inputs!$R$34*E1644*Inputs!$R$39","v":149834.16791311698},{"$f":"params!$C$16*Inputs!$R$30*(G1644-Inputs!$R$27)","v":-23288.173568872076},{"$f":"Inputs!$R$41*Inputs!$R$42/8760","v":0},{"$f":"-Inputs!$R$45*Inputs!$R$34","v":-90000},420.56802345265027,2.5924024753231664E-3,9.0734086636310828E-4,{"$f":"-N1644/(1.202*2465560*MAX(0,(Inputs!$R$49-Q1644)))","v":3.0094738652636823},{"$f":"params!$C$16*R1644*(G1644-Inputs!$R$27)","v":-94862.293103465869},-207033.2061371333,{"$f":"E1644*params!$C$8","v":530.30399999999997}]
["1995-03-10",3,10,"12:00:00",383,9,-5,-15,41,{"$f":"Inputs!$R$38*Inputs!$R$33*(G1645-Inputs!$R$27)","v":-148716.90737791234},{"$f":"Inputs!$R$34*E1645*Inputs!$R$39","v":224165.96215126489},{"$f":"params!$C$16*Inputs!$R$30*(G1645-Inputs!$R$27)","v":-23288.173568872076},{"$f":"Inputs!$R$41*Inputs!$R$42/8760","v":0},{"$f":"-Inputs!$R$45*Inputs!$R$34","v":-90000},420.56802345265027,2.5924024753231664E-3,1.0628850148824982E-3,{"$f":"-N1645/(1.202*2465560*MAX(0,(Inputs!$R$49-Q1645)))","v":3.056588823302675},{"$f":"params!$C$16*R1645*(G1645-Inputs!$R$27)","v":-96347.414144269715},-134186.53293978923,{"$f":"E1645*params!$C$8","v":793.3845}]
["1995-03-10",3,10,"13:00:00",550,9,-3.4,-14.5,38,{"$f":"Inputs!$R$38*Inputs!$R$33*(G1646-Inputs!$R$27)","v":-139604.04156411687},{"$f":"Inputs!$R$34*E1646*Inputs!$R$39","v":321909.34512583725},{"$f":"params!$C$16*Inputs!$R$30*(G1646-Inputs!$R$27)","v":-21861.153571460338},{"$f":"Inputs!$R$41*Inputs!$R$42/8760","v":0},{"$f":"-Inputs!$R$45*Inputs!$R$34","v":-90000},474.36656633458665,2.925579214362132E-3,1.1117201014576102E-3,{"$f":"-N1646/(1.202*2465560*MAX(0,(Inputs!$R$49-Q1646)))","v":3.071686964105877},{"$f":"params!$C$16*R1646*(G1646-Inputs!$R$27)","v":-90890.322183499971},-20446.172193239923,{"$f":"E1646*params!$C$8","v":1139.325}]
["1995-03-10",3,10,"14:00:00",627,2,-1.7,-15,31,{"$f":"Inputs!$R$38*Inputs!$R$33*(G1647-Inputs!$R$27)","v":-129921.62163695917},{"$f":"Inputs!$R$34*E1647*Inputs!$R$39","v":366976.65344345453},{"$f":"params!$C$16*Inputs!$R$30*(G1647-Inputs!$R$27)","v":-20344.944824210368},{"$f":"Inputs!$R$41*Inputs!$R$42/8760","v":0},{"$f":"-Inputs!$R$45*Inputs!$R$34","v":-90000},538.14431300780234,3.321018376087627E-3,1.0295156965871644E-3,{"$f":"-N1647/(1.202*2465560*MAX(0,(Inputs!$R$49-Q1647)))","v":3.0463572429250028},{"$f":"params!$C$16*R1647*(G1647-Inputs!$R$27)","v":-83888.989054703503},42821.09792758149,{"$f":"E1647*params!$C$8","v":1298.8305}]
["1995-03-10",3,10,"15:00:00",471,3,-0.6,-17.3,23,{"$f":"Inputs!$R$38*Inputs!$R$33*(G1648-Inputs!$R$27)","v":-123656.52638997478},{"$f":"Inputs!$R$34*E1648*Inputs!$R$39","v":275671.45737139881},{"$f":"params!$C$16*Inputs!$R$30*(G1648-Inputs!$R$27)","v":-19363.868575989804},{"$f":"Inputs!$R$41*Inputs!$R$42/8760","v":0},{"$f":"-Inputs!$R$45*Inputs!$R$34","v":-90000},583.36085066457406,3.6016763769199135E-3,8.2838556669158011E-4,{"$f":"-N1648/(1.202*2465560*MAX(0,(Inputs!$R$49-Q1648)))","v":2.986109439233041},{"$f":"params!$C$16*R1648*(G1648-Inputs!$R$27)","v":-78264.616203070545},-35613.553797636312,{"$f":"E1648*params!$C$8","v":975.67649999999992}]
["1995-03-10",3,10,"16:00:00",404,2,0,-17.3,22,{"$f":"Inputs!$R$38*Inputs!$R$33*(G1649-Inputs!$R$27)","v":-120239.20170980148},{"$f":"Inputs!$R$34*E1649*Inputs!$R$39","v":236457.04623788776},{"$f":"params!$C$16*Inputs!$R$30*(G1649-Inputs!$R$27)","v":-18828.736076960402},{"$f":"Inputs!$R$41*Inputs!$R$42/8760","v":0},{"$f":"-Inputs!$R$45*Inputs!$R$34","v":-90000},609.41773586642103,3.7635253138895938E-3,8.2797556905571054E-4,{"$f":"-N1649/(1.202*2465560*MAX(0,(Inputs!$R$49-Q1649)))","v":2.9859890596543881},{"$f":"params!$C$16*R1649*(G1649-Inputs!$R$27)","v":-76098.657166686113},-68709.548715560231,{"$f":"E1649*params!$C$8","v":836.88599999999997}]
["1995-03-10",3,10,"17:00:00",159,9,-0.6,-17.3,23,{"$f":"Inputs!$R$38*Inputs!$R$33*(G1650-Inputs!$R$27)","v":-123656.52638997478},{"$f":"Inputs!$R$34*E1650*Inputs!$R$39","v":93061.065227287501},{"$f":"params!$C$16*Inputs!$R$30*(G1650-Inputs!$R$27)","v":-19363.868575989804},{"$f":"Inputs!$R$41*Inputs!$R$42/8760","v":0},{"$f":"-Inputs!$R$45*Inputs!$R$34","v":-90000},583.36085066457406,3.6016763769199135E-3,8.2838556669158011E-4,{"$f":"-N1650/(1.202*2465560*MAX(0,(Inputs!$R$49-Q1650)))","v":2.986109439233041},{"$f":"params!$C$16*R1650*(G1650-Inputs!$R$27)","v":-78264.616203070545},-218223.94594174763,{"$f":"E1650*params!$C$8","v":329.36849999999998}]
["1995-03-10",3,10,"18:00:00",37,9,-0.7,-16,26,{"$f":"Inputs!$R$38*Inputs!$R$33*(G1651-Inputs!$R$27)","v":-124226.08050333698},{"$f":"Inputs!$R$34*E1651*Inputs!$R$39","v":21655.71958119269},{"$f":"params!$C$16*Inputs!$R$30*(G1651-Inputs!$R$27)","v":-19453.057325828035},{"$f":"Inputs!$R$41*Inputs!$R$42/8760","v":0},{"$f":"-Inputs!$R$45*Inputs!$R$34","v":-90000},579.11544010550767,3.5753144955780504E-3,9.2958176885029307E-4,{"$f":"-N1651/(1.202*2465560*MAX(0,(Inputs!$R$49-Q1651)))","v":3.0161215337496681},{"$f":"params!$C$16*R1651*(G1651-Inputs!$R$27)","v":-79415.324914823257},-291438.74316279555,{"$f":"E1651*params!$C$8","v":76.645499999999998}]
["1995-03-10",3,10,"19:00:00",0,10,-1.2,-14.7,31,{"$f":"Inputs!$R$38*Inputs!$R$33*(G1652-Inputs!$R$27)","v":-127073.85107014807},{"$f":"Inputs!$R$34*E1652*Inputs!$R$39","v":0},{"$f":"params!$C$16*Inputs!$R$30*(G1652-Inputs!$R$27)","v":-19899.001075019201},{"$f":"Inputs!$R$41*Inputs!$R$42/8760","v":0},{"$f":"-Inputs!$R$45*Inputs!$R$34","v":-90000},558.29660553202416,3.4460720755093411E-3,1.0682823434078957E-3,{"$f":"-N1652/(1.202*2465560*MAX(0,(Inputs!$R$49-Q1652)))","v":3.0582501935173085},{"$f":"params!$C$16*R1652*(G1652-Inputs!$R$27)","v":-82370.537611482709},-319343.38975664997,{"$f":"E1652*params!$C$8","v":0}]
["1995-03-10",3,10,"20:00:00",0,10,-1.3,-13.5,35,{"$f":"Inputs!$R$38*Inputs!$R$33*(G1653-Inputs!$R$27)","v":-127643.4051835103},{"$f":"Inputs!$R$34*E1653*Inputs!$R$39","v":0},{"$f":"params!$C$16*Inputs!$R$30*(G1653-Inputs!$R$27)","v":-19988.189824857436},{"$f":"Inputs!$R$41*Inputs!$R$42/8760","v":0},{"$f":"-Inputs!$R$45*Inputs!$R$34","v":-90000},554.21342191896997,3.4207301130677074E-3,1.1972555395736977E-3,{"$f":"-N1653/(1.202*2465560*MAX(0,(Inputs!$R$49-Q1653)))","v":3.0984941516983033},{"$f":"params!$C$16*R1653*(G1653-Inputs!$R$27)","v":-83828.512361504458},-321460.10736987216,{"$f":"E1653*params!$C$8","v":0}]
["1995-03-10",3,10,"21:00:00",0,10,-1.2,-12.3,38,{"$f":"Inputs!$R$38*Inputs!$R$33*(G1654-Inputs!$R$27)","v":-127073.85107014807},{"$f":"Inputs!$R$34*E1654*Inputs!$R$39","v":0},{"$f":"params!$C$16*Inputs!$R$30*(G1654-Inputs!$R$27)","v":-19899.001075019201},{"$f":"Inputs!$R$41*Inputs!$R$42/8760","v":0},{"$f":"-Inputs!$R$45*Inputs!$R$34","v":-90000},558.29660553202416,3.4460720755093411E-3,1.3095073886935497E-3,{"$f":"-N1654/(1.202*2465560*MAX(0,(Inputs!$R$49-Q1654)))","v":3.1343925527628489},{"$f":"params!$C$16*R1654*(G1654-Inputs!$R$27)","v":-84421.346626178958},-321394.19877134624,{"$f":"E1654*params!$C$8","v":0}]
["1995-03-10",3,10,"22:00:00",0,10,-1.7,-12.3,40,{"$f":"Inputs!$R$38*Inputs!$R$33*(G1655-Inputs!$R$27)","v":-129921.62163695917},{"$f":"Inputs!$R$34*E1655*Inputs!$R$39","v":0},{"$f":"params!$C$16*Inputs!$R$30*(G1655-Inputs!$R$27)","v":-20344.944824210368},{"$f":"Inputs!$R$41*Inputs!$R$42/8760","v":0},{"$f":"-Inputs!$R$45*Inputs!$R$34","v":-90000},538.14431300780234,3.321018376087627E-3,1.3284073504350508E-3,{"$f":"-N1655/(1.202*2465560*MAX(0,(Inputs!$R$49-Q1655)))","v":3.1405187819597336},{"$f":"params!$C$16*R1655*(G1655-Inputs!$R$27)","v":-86481.96016332967},-326748.52662449924,{"$f":"E1655*params!$C$8","v":0}]
["1995-03-10",3,10,"23:00:00",0,10,-2.2999999999999998,-12.3,42,{"$f":"Inputs!$R$38*Inputs!$R$33*(G1656-Inputs!$R$27)","v":-133338.94631713248},{"$f":"Inputs!$R$34*E1656*Inputs!$R$39","v":0},{"$f":"params!$C$16*Inputs!$R$30*(G1656-Inputs!$R$27)","v":-20880.077323239773},{"$f":"Inputs!$R$41*Inputs!$R$42/8760","v":0},{"$f":"-Inputs!$R$45*Inputs!$R$34","v":-90000},514.81537679871087,3.1763146675913099E-3,1.33405216038835E-3,{"$f":"-N1656/(1.202*2465560*MAX(0,(Inputs!$R$49-Q1656)))","v":3.1423531363484822},{"$f":"params!$C$16*R1656*(G1656-Inputs!$R$27)","v":-88808.534820726898},-333027.55846109916,{"$f":"E1656*params!$C$8","v":0}]
["1995-03-10",3,10,1,0,10,-1.9,-11.3,44,{"$f":"Inputs!$R$38*Inputs!$R$33*(G1657-Inputs!$R$27)","v":-131060.72986368359},{"$f":"Inputs!$R$34*E1657*Inputs!$R$39","v":0},{"$f":"params!$C$16*Inputs!$R$30*(G1657-Inputs!$R$27)","v":-20523.322323886834},{"$f":"Inputs!$R$41*Inputs!$R$42/8760","v":0},{"$f":"-Inputs!$R$45*Inputs!$R$34","v":-90000},530.26586894388151,3.2721428158824358E-3,1.4397428389882718E-3,{"$f":"-N1657/(1.202*2465560*MAX(0,(Inputs!$R$49-Q1657)))","v":3.177098744899217},{"$f":"params!$C$16*R1657*(G1657-Inputs!$R$27)","v":-88256.356015868369},-329840.4082034388,{"$f":"E1657*params!$C$8","v":0}]
["1995-03-11",3,11,"01:00:00",0,10,-3.1,-11.4,49,{"$f":"Inputs!$R$38*Inputs!$R$33*(G1658-Inputs!$R$27)","v":-137895.37922403021},{"$f":"Inputs!$R$34*E1658*Inputs!$R$39","v":0},{"$f":"params!$C$16*Inputs!$R$30*(G1658-Inputs!$R$27)","v":-21593.587321945641},{"$f":"Inputs!$R$41*Inputs!$R$42/8760","v":0},{"$f":"-Inputs!$R$45*Inputs!$R$34","v":-90000},485.10803577493442,2.9921441823672068E-3,1.4661506493599313E-3,{"$f":"-N1658/(1.202*2465560*MAX(0,(Inputs!$R$49-Q1658)))","v":3.1859005724941682},{"$f":"params!$C$16*R1658*(G1658-Inputs!$R$27)","v":-93116.06790655943},-342605.03445253527,{"$f":"E1658*params!$C$8","v":0}]
["1995-03-11",3,11,"02:00:00",0,10,-4.4000000000000004,-11.9,52,{"$f":"Inputs!$R$38*Inputs!$R$33*(G1659-Inputs!$R$27)","v":-145299.58269773904},{"$f":"Inputs!$R$34*E1659*Inputs!$R$39","v":0},{"$f":"params!$C$16*Inputs!$R$30*(G1659-Inputs!$R$27)","v":-22753.041069842675},{"$f":"Inputs!$R$41*Inputs!$R$42/8760","v":0},{"$f":"-Inputs!$R$45*Inputs!$R$34","v":-90000},440.07088491597318,2.7131434932942018E-3,1.4108346165129849E-3,{"$f":"-N1659/(1.202*2465560*MAX(0,(Inputs!$R$49-Q1659)))","v":3.1675191117270751},{"$f":"params!$C$16*R1659*(G1659-Inputs!$R$27)","v":-97549.783043713076},-355602.40681129479,{"$f":"E1659*params!$C$8","v":0}]
["1995-03-11",3,11,"03:00:00",0,10,-3.4,-10.4,54,{"$f":"Inputs!$R$38*Inputs!$R$33*(G1660-Inputs!$R$27)","v":-139604.04156411687},{"$f":"Inputs!$R$34*E1660*Inputs!$R$39","v":0},{"$f":"params!$C$16*Inputs!$R$30*(G1660-Inputs!$R$27)","v":-21861.153571460338},{"$f":"Inputs!$R$41*Inputs!$R$42/8760","v":0},{"$f":"-Inputs!$R$45*Inputs!$R$34","v":-90000},474.36656633458665,2.925579214362132E-3,1.5798127757555513E-3,{"$f":"-N1660/(1.202*2465560*MAX(0,(Inputs!$R$49-Q1660)))","v":3.2243480134606868},{"$f":"params!$C$16*R1660*(G1660-Inputs!$R$27)","v":-95407.518148736883},-346872.71328431409,{"$f":"E1660*params!$C$8","v":0}]
["1995-03-11",3,11,"04:00:00",0,10,-5.7,-12,57,{"$f":"Inputs!$R$38*Inputs!$R$33*(G1661-Inputs!$R$27)","v":-152703.78617144786},{"$f":"Inputs!$R$34*E1661*Inputs!$R$39","v":0},{"$f":"params!$C$16*Inputs!$R$30*(G1661-Inputs!$R$27)","v":-23912.494817739709},{"$f":"Inputs!$R$41*Inputs!$R$42/8760","v":0},{"$f":"-Inputs!$R$45*Inputs!$R$34","v":-90000},398.78883018870977,2.4576239782095992E-3,1.4008456675794715E-3,{"$f":"-N1661/(1.202*2465560*MAX(0,(Inputs!$R$49-Q1661)))","v":3.1642223802961955},{"$f":"params!$C$16*R1661*(G1661-Inputs!$R$27)","v":-102414.0403797683},-369030.32136895583,{"$f":"E1661*params!$C$8","v":0}]
["1995-03-11",3,11,"05:00:00",0,10,-4.8,-10.5,61,{"$f":"Inputs!$R$38*Inputs!$R$33*(G1662-Inputs!$R$27)","v":-147577.79915118791},{"$f":"Inputs!$R$34*E1662*Inputs!$R$39","v":0},{"$f":"params!$C$16*Inputs!$R$30*(G1662-Inputs!$R$27)","v":-23109.796069195607},{"$f":"Inputs!$R$41*Inputs!$R$42/8760","v":0},{"$f":"-Inputs!$R$45*Inputs!$R$34","v":-90000},426.98183525343893,2.63210483933692E-3,1.6055839519955211E-3,{"$f":"-N1662/(1.202*2465560*MAX(0,(Inputs!$R$49-Q1662)))","v":3.233194800170502},{"$f":"params!$C$16*R1662*(G1662-Inputs!$R$27)","v":-101133.63051659611},-361821.22573697963,{"$f":"E1662*params!$C$8","v":0}]
["1995-03-11",3,11,"06:00:00",0,10,-4.9000000000000004,-10,64,{"$f":"Inputs!$R$38*Inputs!$R$33*(G1663-Inputs!$R$27)","v":-148147.35326455015},{"$f":"Inputs!$R$34*E1663*Inputs!$R$39","v":0},{"$f":"params!$C$16*Inputs!$R$30*(G1663-Inputs!$R$27)","v":-23198.984819033842},{"$f":"Inputs!$R$41*Inputs!$R$42/8760","v":0},{"$f":"-Inputs!$R$45*Inputs!$R$34","v":-90000},423.76414197784658,2.6121862511005673E-3,1.6717992007043631E-3,{"$f":"-N1663/(1.202*2465560*MAX(0,(Inputs!$R$49-Q1663)))","v":3.2561495073803206},{"$f":"params!$C$16*R1663*(G1663-Inputs!$R$27)","v":-102244.7297454548},-363591.06782903883,{"$f":"E1663*params!$C$8","v":0}]
["1995-03-11",3,11,"07:00:00",4,10,-4.5,-8.9,68,{"$f":"Inputs!$R$38*Inputs!$R$33*(G1664-Inputs!$R$27)","v":-145869.13681110126},{"$f":"Inputs!$R$34*E1664*Inputs!$R$39","v":2341.1588736424528},{"$f":"params!$C$16*Inputs!$R$30*(G1664-Inputs!$R$27)","v":-22842.229819680906},{"$f":"Inputs!$R$41*Inputs!$R$42/8760","v":0},{"$f":"-Inputs!$R$45*Inputs!$R$34","v":-90000},436.76562658229682,2.6926775565936012E-3,1.8310207384836488E-3,{"$f":"-N1664/(1.202*2465560*MAX(0,(Inputs!$R$49-Q1664)))","v":3.3127038949515257},{"$f":"params!$C$16*R1664*(G1664-Inputs!$R$27)","v":-102420.93312142235},-358791.14087856206,{"$f":"E1664*params!$C$8","v":8.2859999999999996}]
["1995-03-11",3,11,"08:00:00",36,10,-3.9,-8.4,68,{"$f":"Inputs!$R$38*Inputs!$R$33*(G1665-Inputs!$R$27)","v":-142451.81213092795},{"$f":"Inputs!$R$34*E1665*Inputs!$R$39","v":21070.429862782075},{"$f":"params!$C$16*Inputs!$R$30*(G1665-Inputs!$R$27)","v":-22307.097320651505},{"$f":"Inputs!$R$41*Inputs!$R$42/8760","v":0},{"$f":"-Inputs!$R$45*Inputs!$R$34","v":-90000},456.93292986618587,2.8175730136730305E-3,1.9159496492976607E-3,{"$f":"-N1665/(1.202*2465560*MAX(0,(Inputs!$R$49-Q1665)))","v":3.3436809795184961},{"$f":"params!$C$16*R1665*(G1665-Inputs!$R$27)","v":-100956.78453672124},-334645.26412551862,{"$f":"E1665*params!$C$8","v":74.573999999999998}]
["1995-03-11",3,11,"09:00:00",109,10,-1.7,-7.8,59,{"$f":"Inputs!$R$38*Inputs!$R$33*(G1666-Inputs!$R$27)","v":-129921.62163695917},{"$f":"Inputs!$R$34*E1666*Inputs!$R$39","v":63796.579306756845},{"$f":"params!$C$16*Inputs!$R$30*(G1666-Inputs!$R$27)","v":-20344.944824210368},{"$f":"Inputs!$R$41*Inputs!$R$42/8760","v":0},{"$f":"-Inputs!$R$45*Inputs!$R$34","v":-90000},538.14431300780234,3.321018376087627E-3,1.9594008418917E-3,{"$f":"-N1666/(1.202*2465560*MAX(0,(Inputs!$R$49-Q1666)))","v":3.359754522531476},{"$f":"params!$C$16*R1666*(G1666-Inputs!$R$27)","v":-92519.159078176541},-268989.14623258926,{"$f":"E1666*params!$C$8","v":225.79349999999999}]
["1995-03-11",{"$f":"MONTH(A1667)","v":3},{"$f":"DAY(A1667)","v":11},"10:00:00",377,9,1.1000000000000001,-6.7,52,{"$f":"Inputs!$R$38*Inputs!$R$33*(G1667-Inputs!$R$27)","v":-113974.10646281707},{"$f":"Inputs!$R$34*E1667*Inputs!$R$39","v":220654.22384080119},{"$f":"params!$C$16*Inputs!$R$30*(G1667-Inputs!$R$27)","v":-17847.65982873983},{"$f":"Inputs!$R$41*Inputs!$R$42/8760","v":0},{"$f":"-Inputs!$R$45*Inputs!$R$34","v":-90000},{"$f":"EXP(77.345+0.0057*(G1667+273.15)-7235/(G1667+273.15))/(G1667+273.15)^8.2","v":659.87933273383078},{"$f":"0.62198*O1667/(101325-O1667)","v":4.077199179350414E-3},{"$f":"P1667*I1667/100","v":2.1201435732622152E-3},{"$f":"-N1667/(1.202*2465560*MAX(0,(Inputs!$R$49-Q1667)))","v":3.4205843706025036},{"$f":"params!$C$16*R1667*(G1667-Inputs!$R$27)","v":-82632.178008744348},{"$f":"J1667+K1667+L1667+M1667+N1667+S1667","v":-83799.720459500066},{"$f":"E1667*params!$C$8","v":780.95549999999992}]
["1995-03-11",3,11,"11:00:00",332,10,3.7,-5.8,47,{"$f":"Inputs!$R$38*Inputs!$R$33*(G1668-Inputs!$R$27)","v":-99165.699515399421},{"$f":"Inputs!$R$34*E1668*Inputs!$R$39","v":194316.18651232359},{"$f":"params!$C$16*Inputs!$R$30*(G1668-Inputs!$R$27)","v":-15528.752332945764},{"$f":"Inputs!$R$41*Inputs!$R$42/8760","v":0},{"$f":"-Inputs!$R$45*Inputs!$R$34","v":-90000},794.13852655085327,4.9132999907153096E-3,2.3092509956361956E-3,{"$f":"-N1668/(1.202*2465560*MAX(0,(Inputs!$R$49-Q1668)))","v":3.4950296703436807},{"$f":"params!$C$16*R1668*(G1668-Inputs!$R$27)","v":-73460.696820522353},-83838.962156543945,{"$f":"E1668*params!$C$8","v":687.73799999999994}]
["1995-03-11",3,11,"12:00:00",248,10,6.1,-5,43,{"$f":"Inputs!$R$38*Inputs!$R$33*(G1669-Inputs!$R$27)","v":-85496.400794706205},{"$f":"Inputs!$R$34*E1669*Inputs!$R$39","v":145151.85016583209},{"$f":"params!$C$16*Inputs!$R$30*(G1669-Inputs!$R$27)","v":-13388.222336828159},{"$f":"Inputs!$R$41*Inputs!$R$42/8760","v":0},{"$f":"-Inputs!$R$45*Inputs!$R$34","v":-90000},938.94793828269269,5.817609385555097E-3,2.5015720357886915E-3,{"$f":"-N1669/(1.202*2465560*MAX(0,(Inputs!$R$49-Q1669)))","v":3.5741388014188948},{"$f":"params!$C$16*R1669*(G1669-Inputs!$R$27)","v":-64768.217286583356},-108500.99025228563,{"$f":"E1669*params!$C$8","v":513.73199999999997}]
["1995-03-11",3,11,"13:00:00",542,9,7.2,-3.9,43,{"$f":"Inputs!$R$38*Inputs!$R$33*(G1670-Inputs!$R$27)","v":-79231.305547721815},{"$f":"Inputs!$R$34*E1670*Inputs!$R$39","v":317227.02737855242},{"$f":"params!$C$16*Inputs!$R$30*(G1670-Inputs!$R$27)","v":-12407.146088607591},{"$f":"Inputs!$R$41*Inputs!$R$42/8760","v":0},{"$f":"-Inputs!$R$45*Inputs!$R$34","v":-90000},1012.7753618292717,6.2796535698688054E-3,2.7002510350435864E-3,{"$f":"-N1670/(1.202*2465560*MAX(0,(Inputs!$R$49-Q1670)))","v":3.6597140290033967},{"$f":"params!$C$16*R1670*(G1670-Inputs!$R$27)","v":-61459.165615604077},74129.410126618954,{"$f":"E1670*params!$C$8","v":1122.7529999999999}]
["1995-03-11",3,11,"14:00:00",526,9,10.5,-1.7,42,{"$f":"Inputs!$R$38*Inputs!$R$33*(G1671-Inputs!$R$27)","v":-60436.019806768636},{"$f":"Inputs!$R$34*E1671*Inputs!$R$39","v":307862.39188398258},{"$f":"params!$C$16*Inputs!$R$30*(G1671-Inputs!$R$27)","v":-9463.9173439458864},{"$f":"Inputs!$R$41*Inputs!$R$42/8760","v":0},{"$f":"-Inputs!$R$45*Inputs!$R$34","v":-90000},1265.9037593783532,7.8690179088235224E-3,3.3049875217058796E-3,{"$f":"-N1671/(1.202*2465560*MAX(0,(Inputs!$R$49-Q1671)))","v":3.9473880753198425},{"$f":"params!$C$16*R1671*(G1671-Inputs!$R$27)","v":-50564.809635813333},97397.645097454733,{"$f":"E1671*params!$C$8","v":1089.6089999999999}]
["1995-03-11",3,11,"15:00:00",475,9,10,-1.7,43,{"$f":"Inputs!$R$38*Inputs!$R$33*(G1672-Inputs!$R$27)","v":-63283.790373579723},{"$f":"Inputs!$R$34*E1672*Inputs!$R$39","v":278012.61624504131},{"$f":"params!$C$16*Inputs!$R$30*(G1672-Inputs!$R$27)","v":-9909.8610931370531},{"$f":"Inputs!$R$41*Inputs!$R$42/8760","v":0},{"$f":"-Inputs!$R$45*Inputs!$R$34","v":-90000},1224.2915728566036,7.6071876458255446E-3,3.271090687704984E-3,{"$f":"-N1672/(1.202*2465560*MAX(0,(Inputs!$R$49-Q1672)))","v":3.9300720978168373},{"$f":"params!$C$16*R1672*(G1672-Inputs!$R$27)","v":-52715.180488680533},62103.784289643998,{"$f":"E1672*params!$C$8","v":983.96249999999998}]
["1995-03-11",3,11,"16:00:00",379,9,10.9,-1.7,41,{"$f":"Inputs!$R$38*Inputs!$R$33*(G1673-Inputs!$R$27)","v":-58157.803353319759},{"$f":"Inputs!$R$34*E1673*Inputs!$R$39","v":221824.80327762244},{"$f":"params!$C$16*Inputs!$R$30*(G1673-Inputs!$R$27)","v":-9107.1623445929508},{"$f":"Inputs!$R$41*Inputs!$R$42/8760","v":0},{"$f":"-Inputs!$R$45*Inputs!$R$34","v":-90000},1300.0849756660984,8.0842543377125427E-3,3.3145442784621427E-3,{"$f":"-N1673/(1.202*2465560*MAX(0,(Inputs!$R$49-Q1673)))","v":3.9522976914786221},{"$f":"params!$C$16*R1673*(G1673-Inputs!$R$27)","v":-48719.221532703777},15840.616047005962,{"$f":"E1673*params!$C$8","v":785.09849999999994}]
["1995-03-11",3,11,"17:00:00",129,9,11.6,-1.7,39,{"$f":"Inputs!$R$38*Inputs!$R$33*(G1674-Inputs!$R$27)","v":-54170.924559784246},{"$f":"Inputs!$R$34*E1674*Inputs!$R$39","v":75502.373674969116},{"$f":"params!$C$16*Inputs!$R$30*(G1674-Inputs!$R$27)","v":-8482.8410957253182},{"$f":"Inputs!$R$41*Inputs!$R$42/8760","v":0},{"$f":"-Inputs!$R$45*Inputs!$R$34","v":-90000},1361.8604305174304,8.473622919620909E-3,3.3047129386521547E-3,{"$f":"-N1674/(1.202*2465560*MAX(0,(Inputs!$R$49-Q1674)))","v":3.9472471933504698},{"$f":"params!$C$16*R1674*(G1674-Inputs!$R$27)","v":-45321.395041226067},-122472.7870217665,{"$f":"E1674*params!$C$8","v":267.2235}]
["1995-03-11",3,11,"18:00:00",42,9,10.5,-1.7,42,{"$f":"Inputs!$R$38*Inputs!$R$33*(G1675-Inputs!$R$27)","v":-60436.019806768636},{"$f":"Inputs!$R$34*E1675*Inputs!$R$39","v":24582.168173245758},{"$f":"params!$C$16*Inputs!$R$30*(G1675-Inputs!$R$27)","v":-9463.9173439458864},{"$f":"Inputs!$R$41*Inputs!$R$42/8760","v":0},{"$f":"-Inputs!$R$45*Inputs!$R$34","v":-90000},1265.9037593783532,7.8690179088235224E-3,3.3049875217058796E-3,{"$f":"-N1675/(1.202*2465560*MAX(0,(Inputs!$R$49-Q1675)))","v":3.9473880753198425},{"$f":"params!$C$16*R1675*(G1675-Inputs!$R$27)","v":-50564.809635813333},-185882.57861328212,{"$f":"E1675*params!$C$8","v":87.003}]
["1995-03-11",3,11,"19:00:00",0,9,6.6,-1.2,57,{"$f":"Inputs!$R$38*Inputs!$R$33*(G1676-Inputs!$R$27)","v":-82648.630227895119},{"$f":"Inputs!$R$34*E1676*Inputs!$R$39","v":0},{"$f":"params!$C$16*Inputs!$R$30*(G1676-Inputs!$R$27)","v":-12942.278587636991},{"$f":"Inputs!$R$41*Inputs!$R$42/8760","v":0},{"$f":"-Inputs!$R$45*Inputs!$R$34","v":-90000},971.89505506814805,6.0237228004355421E-3,3.4335219962482589E-3,{"$f":"-N1676/(1.202*2465560*MAX(0,(Inputs!$R$49-Q1676)))","v":4.0144589557296877},{"$f":"params!$C$16*R1676*(G1676-Inputs!$R$27)","v":-70324.293710647456},-255915.20252617955,{"$f":"E1676*params!$C$8","v":0}]
["1995-03-11",3,11,"20:00:00",0,9,3.3,-1.2,71,{"$f":"Inputs!$R$38*Inputs!$R$33*(G1677-Inputs!$R$27)","v":-101443.91596884829},{"$f":"Inputs!$R$34*E1677*Inputs!$R$39","v":0},{"$f":"params!$C$16*Inputs!$R$30*(G1677-Inputs!$R$27)","v":-15885.507332298695},{"$f":"Inputs!$R$41*Inputs!$R$42/8760","v":0},{"$f":"-Inputs!$R$45*Inputs!$R$34","v":-90000},772.02842975916951,4.7754555160627581E-3,3.390573416404558E-3,{"$f":"-N1677/(1.202*2465560*MAX(0,(Inputs!$R$49-Q1677)))","v":3.9917957326706088},{"$f":"params!$C$16*R1677*(G1677-Inputs!$R$27)","v":-85829.584887164383},-293159.00818831136,{"$f":"E1677*params!$C$8","v":0}]
["1995-03-11",3,11,"21:00:00",0,9,2.2000000000000002,-1.2,77,{"$f":"Inputs!$R$38*Inputs!$R$33*(G1678-Inputs!$R$27)","v":-107709.0112158327},{"$f":"Inputs!$R$34*E1678*Inputs!$R$39","v":0},{"$f":"params!$C$16*Inputs!$R$30*(G1678-Inputs!$R$27)","v":-16866.583580519266},{"$f":"Inputs!$R$41*Inputs!$R$42/8760","v":0},{"$f":"-Inputs!$R$45*Inputs!$R$34","v":-90000},714.00723647805364,4.4140129099852635E-3,3.398789940688653E-3,{"$f":"-N1678/(1.202*2465560*MAX(0,(Inputs!$R$49-Q1678)))","v":3.996111634909135},{"$f":"params!$C$16*R1678*(G1678-Inputs!$R$27)","v":-91228.881027271476},-305804.47582362348,{"$f":"E1678*params!$C$8","v":0}]
["1995-03-11",3,11,"22:00:00",0,9,1.7,-1.5,78,{"$f":"Inputs!$R$38*Inputs!$R$33*(G1679-Inputs!$R$27)","v":-110556.78178264378},{"$f":"Inputs!$R$34*E1679*Inputs!$R$39","v":0},{"$f":"params!$C$16*Inputs!$R$30*(G1679-Inputs!$R$27)","v":-17312.527329710432},{"$f":"Inputs!$R$41*Inputs!$R$42/8760","v":0},{"$f":"-Inputs!$R$45*Inputs!$R$34","v":-90000},688.93490744882638,4.2579539784364821E-3,3.3212041031804563E-3,{"$f":"-N1679/(1.202*2465560*MAX(0,(Inputs!$R$49-Q1679)))","v":3.955726286695191},{"$f":"params!$C$16*R1679*(G1679-Inputs!$R$27)","v":-92694.575188337578},-310563.88430069177,{"$f":"E1679*params!$C$8","v":0}]
["1995-03-11",3,11,"23:00:00",0,9,1.1000000000000001,-1.7,80,{"$f":"Inputs!$R$38*Inputs!$R$33*(G1680-Inputs!$R$27)","v":-113974.10646281707},{"$f":"Inputs!$R$34*E1680*Inputs!$R$39","v":0},{"$f":"params!$C$16*Inputs!$R$30*(G1680-Inputs!$R$27)","v":-17847.65982873983},{"$f":"Inputs!$R$41*Inputs!$R$42/8760","v":0},{"$f":"-Inputs!$R$45*Inputs!$R$34","v":-90000},659.87933273383078,4.077199179350414E-3,3.2617593434803309E-3,{"$f":"-N1680/(1.202*2465560*MAX(0,(Inputs!$R$49-Q1680)))","v":3.9253318762373639},{"$f":"params!$C$16*R1680*(G1680-Inputs!$R$27)","v":-94825.528973434324},-316647.29526499123,{"$f":"E1680*params!$C$8","v":0}]
["1995-03-11",3,11,1,0,9,0.1,-2.7,79,{"$f":"Inputs!$R$38*Inputs!$R$33*(G1681-Inputs!$R$27)","v":-119669.64759643924},{"$f":"Inputs!$R$34*E1681*Inputs!$R$39","v":0},{"$f":"params!$C$16*Inputs!$R$30*(G1681-Inputs!$R$27)","v":-18739.547327122167},{"$f":"Inputs!$R$41*Inputs!$R$42/8760","v":0},{"$f":"-Inputs!$R$45*Inputs!$R$34","v":-90000},613.85941042236618,3.7911225496935316E-3,2.9949868142578901E-3,{"$f":"-N1681/(1.202*2465560*MAX(0,(Inputs!$R$49-Q1681)))","v":3.7944895134428815},{"$f":"params!$C$16*R1681*(G1681-Inputs!$R$27)","v":-96245.418648880994},-324654.61357244244,{"$f":"E1681*params!$C$8","v":0}]
["1995-03-12",3,12,"01:00:00",0,10,0.3,-1.4,87,{"$f":"Inputs!$R$38*Inputs!$R$33*(G1682-Inputs!$R$27)","v":-118530.53936971481},{"$f":"Inputs!$R$34*E1682*Inputs!$R$39","v":0},{"$f":"params!$C$16*Inputs!$R$30*(G1682-Inputs!$R$27)","v":-18561.169827445701},{"$f":"Inputs!$R$41*Inputs!$R$42/8760","v":0},{"$f":"-Inputs!$R$45*Inputs!$R$34","v":-90000},622.82891783339619,3.8468597662897688E-3,3.3467679966720986E-3,{"$f":"-N1682/(1.202*2465560*MAX(0,(Inputs!$R$49-Q1682)))","v":3.9689424552500099},{"$f":"params!$C$16*R1682*(G1682-Inputs!$R$27)","v":-99712.076326183203},-326803.78552334371,{"$f":"E1682*params!$C$8","v":0}]
["1995-03-12",3,12,"02:00:00",0,10,-1.3,-2.4,91,{"$f":"Inputs!$R$38*Inputs!$R$33*(G1683-Inputs!$R$27)","v":-127643.4051835103},{"$f":"Inputs!$R$34*E1683*Inputs!$R$39","v":0},{"$f":"params!$C$16*Inputs!$R$30*(G1683-Inputs!$R$27)","v":-19988.189824857436},{"$f":"Inputs!$R$41*Inputs!$R$42/8760","v":0},{"$f":"-Inputs!$R$45*Inputs!$R$34","v":-90000},554.21342191896997,3.4207301130677074E-3,3.1128644028916136E-3,{"$f":"-N1683/(1.202*2465560*MAX(0,(Inputs!$R$49-Q1683)))","v":3.8512125699109636},{"$f":"params!$C$16*R1683*(G1683-Inputs!$R$27)","v":-104193.00625325087},-341824.60126161861,{"$f":"E1683*params!$C$8","v":0}]
["1995-03-12",3,12,"03:00:00",0,10,-2.2999999999999998,-3.4,91,{"$f":"Inputs!$R$38*Inputs!$R$33*(G1684-Inputs!$R$27)","v":-133338.94631713248},{"$f":"Inputs!$R$34*E1684*Inputs!$R$39","v":0},{"$f":"params!$C$16*Inputs!$R$30*(G1684-Inputs!$R$27)","v":-20880.077323239773},{"$f":"Inputs!$R$41*Inputs!$R$42/8760","v":0},{"$f":"-Inputs!$R$45*Inputs!$R$34","v":-90000},514.81537679871087,3.1763146675913099E-3,2.8904463475080923E-3,{"$f":"-N1684/(1.202*2465560*MAX(0,(Inputs!$R$49-Q1684)))","v":3.7455643162795287},{"$f":"params!$C$16*R1684*(G1684-Inputs!$R$27)","v":-105856.36450526978},-350075.38814564201,{"$f":"E1684*params!$C$8","v":0}]
["1995-03-12",3,12,"04:00:00",0,10,-2.7,-4.3,87,{"$f":"Inputs!$R$38*Inputs!$R$33*(G1685-Inputs!$R$27)","v":-135617.16277058134},{"$f":"Inputs!$R$34*E1685*Inputs!$R$39","v":0},{"$f":"params!$C$16*Inputs!$R$30*(G1685-Inputs!$R$27)","v":-21236.832322592705},{"$f":"Inputs!$R$41*Inputs!$R$42/8760","v":0},{"$f":"-Inputs!$R$45*Inputs!$R$34","v":-90000},499.76577217972965,3.0830011689135092E-3,2.682211016954753E-3,{"$f":"-N1685/(1.202*2465560*MAX(0,(Inputs!$R$49-Q1685)))","v":3.6517750314471855},{"$f":"params!$C$16*R1685*(G1685-Inputs!$R$27)","v":-104969.07400924453},-351823.06910241861,{"$f":"E1685*params!$C$8","v":0}]
["1995-03-12",3,12,"05:00:00",0,10,-2.6,-3.7,91,{"$f":"Inputs!$R$38*Inputs!$R$33*(G1686-Inputs!$R$27)","v":-135047.60865721913},{"$f":"Inputs!$R$34*E1686*Inputs!$R$39","v":0},{"$f":"params!$C$16*Inputs!$R$30*(G1686-Inputs!$R$27)","v":-21147.643572754474},{"$f":"Inputs!$R$41*Inputs!$R$42/8760","v":0},{"$f":"-Inputs!$R$45*Inputs!$R$34","v":-90000},503.49108626855735,3.1060969946926286E-3,2.8265482651702923E-3,{"$f":"-N1686/(1.202*2465560*MAX(0,(Inputs!$R$49-Q1686)))","v":3.71627625611749},{"$f":"params!$C$16*R1686*(G1686-Inputs!$R$27)","v":-106374.5132479778},-352569.76547795138,{"$f":"E1686*params!$C$8","v":0}]
["1995-03-12",3,12,"06:00:00",0,10,-2.9,-4,91,{"$f":"Inputs!$R$38*Inputs!$R$33*(G1687-Inputs!$R$27)","v":-136756.27099730578},{"$f":"Inputs!$R$34*E1687*Inputs!$R$39","v":0},{"$f":"params!$C$16*Inputs!$R$30*(G1687-Inputs!$R$27)","v":-21415.209822269171},{"$f":"Inputs!$R$41*Inputs!$R$42/8760","v":0},{"$f":"-Inputs!$R$45*Inputs!$R$34","v":-90000},492.38847755212754,3.0372691993571154E-3,2.7639149714149751E-3,{"$f":"-N1687/(1.202*2465560*MAX(0,(Inputs!$R$49-Q1687)))","v":3.6880090585368239},{"$f":"params!$C$16*R1687*(G1687-Inputs!$R$27)","v":-106901.03897386692},-355072.51979344187,{"$f":"E1687*params!$C$8","v":0}]
["1995-03-12",3,12,"07:00:00",6,10,-1.7,-2.8,91,{"$f":"Inputs!$R$38*Inputs!$R$33*(G1688-Inputs!$R$27)","v":-129921.62163695917},{"$f":"Inputs!$R$34*E1688*Inputs!$R$39","v":3511.7383104636797},{"$f":"params!$C$16*Inputs!$R$30*(G1688-Inputs!$R$27)","v":-20344.944824210368},{"$f":"Inputs!$R$41*Inputs!$R$42/8760","v":0},{"$f":"-Inputs!$R$45*Inputs!$R$34","v":-90000},538.14431300780234,3.321018376087627E-3,3.0221267222397406E-3,{"$f":"-N1688/(1.202*2465560*MAX(0,(Inputs!$R$49-Q1688)))","v":3.8074007504334113},{"$f":"params!$C$16*R1688*(G1688-Inputs!$R$27)","v":-104846.20627530306},-341601.03442600893,{"$f":"E1688*params!$C$8","v":12.428999999999998}]
["1995-03-12",3,12,"08:00:00",37,10,1.6,-1.3,80,{"$f":"Inputs!$R$38*Inputs!$R$33*(G1689-Inputs!$R$27)","v":-111126.33589600598},{"$f":"Inputs!$R$34*E1689*Inputs!$R$39","v":21655.71958119269},{"$f":"params!$C$16*Inputs!$R$30*(G1689-Inputs!$R$27)","v":-17401.716079548663},{"$f":"Inputs!$R$41*Inputs!$R$42/8760","v":0},{"$f":"-Inputs!$R$45*Inputs!$R$34","v":-90000},684.01504143025329,4.2273401402413606E-3,3.3818721121930883E-3,{"$f":"-N1689/(1.202*2465560*MAX(0,(Inputs!$R$49-Q1689)))","v":3.9872353418154134},{"$f":"params!$C$16*R1689*(G1689-Inputs!$R$27)","v":-93914.264551234897},-290786.59694559686,{"$f":"E1689*params!$C$8","v":76.645499999999998}]
["1995-03-12",3,12,"09:00:00",226,9,5.2,0,69,{"$f":"Inputs!$R$38*Inputs!$R$33*(G1690-Inputs!$R$27)","v":-90622.387814966161},{"$f":"Inputs!$R$34*E1690*Inputs!$R$39","v":132275.47636079861},{"$f":"params!$C$16*Inputs!$R$30*(G1690-Inputs!$R$27)","v":-14190.92108537226},{"$f":"Inputs!$R$41*Inputs!$R$42/8760","v":0},{"$f":"-Inputs!$R$45*Inputs!$R$34","v":-90000},882.12086207833624,5.4624234042723631E-3,3.7690721489479304E-3,{"$f":"-N1690/(1.202*2465560*MAX(0,(Inputs!$R$49-Q1690)))","v":4.2007934795360411},{"$f":"params!$C$16*R1690*(G1690-Inputs!$R$27)","v":-80688.107477813741},-143225.94001735357,{"$f":"E1690*params!$C$8","v":468.15899999999999}]
["1995-03-12",3,12,"10:00:00",255,9,8.8000000000000007,1.1000000000000001,58,{"$f":"Inputs!$R$38*Inputs!$R$33*(G1691-Inputs!$R$27)","v":-70118.439733926323},{"$f":"Inputs!$R$34*E1691*Inputs!$R$39","v":149248.8781947064},{"$f":"params!$C$16*Inputs!$R$30*(G1691-Inputs!$R$27)","v":-10980.126091195854},{"$f":"Inputs!$R$41*Inputs!$R$42/8760","v":0},{"$f":"-Inputs!$R$45*Inputs!$R$34","v":-90000},1129.2996391964346,7.0102987159933764E-3,4.0659732552761584E-3,{"$f":"-N1691/(1.202*2465560*MAX(0,(Inputs!$R$49-Q1691)))","v":4.3807074691397805},{"$f":"params!$C$16*R1691*(G1691-Inputs!$R$27)","v":-65105.727148253274},-86955.414778669045,{"$f":"E1691*params!$C$8","v":528.23249999999996}]
["1995-03-12",3,12,"11:00:00",283,9,13.8,0.5,40,{"$f":"Inputs!$R$38*Inputs!$R$33*(G1692-Inputs!$R$27)","v":-41640.73406581545},{"$f":"Inputs!$R$34*E1692*Inputs!$R$39","v":165636.99031020355},{"$f":"params!$C$16*Inputs!$R$30*(G1692-Inputs!$R$27)","v":-6520.6885992841799},{"$f":"Inputs!$R$41*Inputs!$R$42/8760","v":0},{"$f":"-Inputs!$R$45*Inputs!$R$34","v":-90000},1573.1538512037964,9.8090438437819852E-3,3.9236175375127937E-3,{"$f":"-N1692/(1.202*2465560*MAX(0,(Inputs!$R$49-Q1692)))","v":4.2925593577393935},{"$f":"params!$C$16*R1692*(G1692-Inputs!$R$27)","v":-37885.88032753094},-10410.312682427037,{"$f":"E1692*params!$C$8","v":586.23450000000003}]
["1995-03-12",3,12,"12:00:00",265,9,15.5,1.1000000000000001,38,{"$f":"Inputs!$R$38*Inputs!$R$33*(G1693-Inputs!$R$27)","v":-31958.314138657759},{"$f":"Inputs!$R$34*E1693*Inputs!$R$39","v":155101.77537881251},{"$f":"params!$C$16*Inputs!$R$30*(G1693-Inputs!$R$27)","v":-5004.4798520342119},{"$f":"Inputs!$R$41*Inputs!$R$42/8760","v":0},{"$f":"-Inputs!$R$45*Inputs!$R$34","v":-90000},1755.6341516132111,1.0966920601695053E-2,4.1674298286441206E-3,{"$f":"-N1693/(1.202*2465560*MAX(0,(Inputs!$R$49-Q1693)))","v":4.4457727390629067},{"$f":"params!$C$16*R1693*(G1693-Inputs!$R$27)","v":-30114.372406343315},-1975.391018222781,{"$f":"E1693*params!$C$8","v":548.94749999999999}]
["1995-03-12",3,12,"13:00:00",228,9,16.100000000000001,0.5,35,{"$f":"Inputs!$R$38*Inputs!$R$33*(G1694-Inputs!$R$27)","v":-28540.989458484444},{"$f":"Inputs!$R$34*E1694*Inputs!$R$39","v":133446.0557976198},{"$f":"params!$C$16*Inputs!$R$30*(G1694-Inputs!$R$27)","v":-4469.3473530048095},{"$f":"Inputs!$R$41*Inputs!$R$42/8760","v":0},{"$f":"-Inputs!$R$45*Inputs!$R$34","v":-90000},1824.3357636986555,1.14039475717521E-2,3.9913816501132345E-3,{"$f":"-N1694/(1.202*2465560*MAX(0,(Inputs!$R$49-Q1694)))","v":4.3340729017603383},{"$f":"params!$C$16*R1694*(G1694-Inputs!$R$27)","v":-26218.505600147804},-15782.786614017252,{"$f":"E1694*params!$C$8","v":472.30199999999996}]
["1995-03-12",3,12,"14:00:00",450,9,17.2,0.5,32,{"$f":"Inputs!$R$38*Inputs!$R$33*(G1695-Inputs!$R$27)","v":-22275.894211500065},{"$f":"Inputs!$R$34*E1695*Inputs!$R$39","v":263380.37328477594},{"$f":"params!$C$16*Inputs!$R$30*(G1695-Inputs!$R$27)","v":-3488.2711047842431},{"$f":"Inputs!$R$41*Inputs!$R$42/8760","v":0},{"$f":"-Inputs!$R$45*Inputs!$R$34","v":-90000},1956.433941157356,1.2245952930431422E-2,3.918704937738055E-3,{"$f":"-N1695/(1.202*2465560*MAX(0,(Inputs!$R$49-Q1695)))","v":4.2895807036596523},{"$f":"params!$C$16*R1695*(G1695-Inputs!$R$27)","v":-20253.155009855222},127363.0529586364,{"$f":"E1695*params!$C$8","v":932.17499999999995}]
["1995-03-12",3,12,"15:00:00",537,3,17.7,0.5,31,{"$f":"Inputs!$R$38*Inputs!$R$33*(G1696-Inputs!$R$27)","v":-19428.123644688978},{"$f":"Inputs!$R$34*E1696*Inputs!$R$39","v":314300.57878649933},{"$f":"params!$C$16*Inputs!$R$30*(G1696-Inputs!$R$27)","v":-3042.3273555930755},{"$f":"Inputs!$R$41*Inputs!$R$42/8760","v":0},{"$f":"-Inputs!$R$45*Inputs!$R$34","v":-90000},2019.2002466438246,1.2646815921394168E-2,3.9205129356321925E-3,{"$f":"-N1696/(1.202*2465560*MAX(0,(Inputs!$R$49-Q1696)))","v":4.2906764652305158},{"$f":"params!$C$16*R1696*(G1696-Inputs!$R$27)","v":-17668.485474733006},184161.64231148426,{"$f":"E1696*params!$C$8","v":1112.3954999999999}]
["1995-03-12",3,12,"16:00:00",409,2,18.3,0.5,30,{"$f":"Inputs!$R$38*Inputs!$R$33*(G1697-Inputs!$R$27)","v":-16010.798964515663},{"$f":"Inputs!$R$34*E1697*Inputs!$R$39","v":239383.49482994078},{"$f":"params!$C$16*Inputs!$R$30*(G1697-Inputs!$R$27)","v":-2507.1948565636735},{"$f":"Inputs!$R$41*Inputs!$R$42/8760","v":0},{"$f":"-Inputs!$R$45*Inputs!$R$34","v":-90000},2096.843724028703,1.3143395064644483E-2,3.9430185193933447E-3,{"$f":"-N1697/(1.202*2465560*MAX(0,(Inputs!$R$49-Q1697)))","v":4.3043632835559382},{"$f":"params!$C$16*R1697*(G1697-Inputs!$R$27)","v":-14607.120754708141},116258.38025415329,{"$f":"E1697*params!$C$8","v":847.24349999999993}]
["1995-03-12",3,12,"17:00:00",237,3,16.600000000000001,1.1000000000000001,35,{"$f":"Inputs!$R$38*Inputs!$R$33*(G1698-Inputs!$R$27)","v":-25693.218891673358},{"$f":"Inputs!$R$34*E1698*Inputs!$R$39","v":138713.66326331533},{"$f":"params!$C$16*Inputs!$R$30*(G1698-Inputs!$R$27)","v":-4023.4036038136419},{"$f":"Inputs!$R$41*Inputs!$R$42/8760","v":0},{"$f":"-Inputs!$R$45*Inputs!$R$34","v":-90000},1883.3773233567488,1.1780007164510733E-2,4.1230025075787565E-3,{"$f":"-N1698/(1.202*2465560*MAX(0,(Inputs!$R$49-Q1698)))","v":4.4170446519972346},{"$f":"params!$C$16*R1698*(G1698-Inputs!$R$27)","v":-24054.315520443539},-5057.2747526152016,{"$f":"E1698*params!$C$8","v":490.94549999999998}]
["1995-03-12",3,12,"18:00:00",70,2,14.4,1.1000000000000001,40,{"$f":"Inputs!$R$38*Inputs!$R$33*(G1699-Inputs!$R$27)","v":-38223.409385642146},{"$f":"Inputs!$R$34*E1699*Inputs!$R$39","v":40970.280288742928},{"$f":"params!$C$16*Inputs!$R$30*(G1699-Inputs!$R$27)","v":-5985.5561002547793},{"$f":"Inputs!$R$41*Inputs!$R$42/8760","v":0},{"$f":"-Inputs!$R$45*Inputs!$R$34","v":-90000},1635.559113509069,1.0204541708471198E-2,4.0818166833884789E-3,{"$f":"-N1699/(1.202*2465560*MAX(0,(Inputs!$R$49-Q1699)))","v":4.3907422730520915},{"$f":"params!$C$16*R1699*(G1699-Inputs!$R$27)","v":-35572.145866027466},-128810.83106318147,{"$f":"E1699*params!$C$8","v":145.005}]
["1995-03-12",3,12,"19:00:00",0,2,11.4,0.9,48,{"$f":"Inputs!$R$38*Inputs!$R$33*(G1700-Inputs!$R$27)","v":-55310.032786508673},{"$f":"Inputs!$R$34*E1700*Inputs!$R$39","v":0},{"$f":"params!$C$16*Inputs!$R$30*(G1700-Inputs!$R$27)","v":-8661.2185954017841},{"$f":"Inputs!$R$41*Inputs!$R$42/8760","v":0},{"$f":"-Inputs!$R$45*Inputs!$R$34","v":-90000},1343.9521511493263,8.360698121863774E-3,4.013135098494611E-3,{"$f":"-N1700/(1.202*2465560*MAX(0,(Inputs!$R$49-Q1700)))","v":4.3475702503991176},{"$f":"params!$C$16*R1700*(G1700-Inputs!$R$27)","v":-50967.487032417252},-204938.73841432773,{"$f":"E1700*params!$C$8","v":0}]
["1995-03-12",3,12,"20:00:00",0,2,8.8000000000000007,0.5,56,{"$f":"Inputs!$R$38*Inputs!$R$33*(G1701-Inputs!$R$27)","v":-70118.439733926323},{"$f":"Inputs!$R$34*E1701*Inputs!$R$39","v":0},{"$f":"params!$C$16*Inputs!$R$30*(G1701-Inputs!$R$27)","v":-10980.126091195854},{"$f":"Inputs!$R$41*Inputs!$R$42/8760","v":0},{"$f":"-Inputs!$R$45*Inputs!$R$34","v":-90000},1129.2996391964346,7.0102987159933764E-3,3.9257672809562914E-3,{"$f":"-N1701/(1.202*2465560*MAX(0,(Inputs!$R$49-Q1701)))","v":4.2938641121465668},{"$f":"params!$C$16*R1701*(G1701-Inputs!$R$27)","v":-63815.068060681559},-234913.63388580375,{"$f":"E1701*params!$C$8","v":0}]
["1995-03-12",3,12,"21:00:00",0,3,3.3,0,79,{"$f":"Inputs!$R$38*Inputs!$R$33*(G1702-Inputs!$R$27)","v":-101443.91596884829},{"$f":"Inputs!$R$34*E1702*Inputs!$R$39","v":0},{"$f":"params!$C$16*Inputs!$R$30*(G1702-Inputs!$R$27)","v":-15885.507332298695},{"$f":"Inputs!$R$41*Inputs!$R$42/8760","v":0},{"$f":"-Inputs!$R$45*Inputs!$R$34","v":-90000},772.02842975916951,4.7754555160627581E-3,3.7726098576895788E-3,{"$f":"-N1702/(1.202*2465560*MAX(0,(Inputs!$R$49-Q1702)))","v":4.2028501980171162},{"$f":"params!$C$16*R1702*(G1702-Inputs!$R$27)","v":-90367.57188910796},-297696.99519025499,{"$f":"E1702*params!$C$8","v":0}]
["1995-03-12",3,12,"22:00:00",0,2,1.1000000000000001,-0.6,88,{"$f":"Inputs!$R$38*Inputs!$R$33*(G1703-Inputs!$R$27)","v":-113974.10646281707},{"$f":"Inputs!$R$34*E1703*Inputs!$R$39","v":0},{"$f":"params!$C$16*Inputs!$R$30*(G1703-Inputs!$R$27)","v":-17847.65982873983},{"$f":"Inputs!$R$41*Inputs!$R$42/8760","v":0},{"$f":"-Inputs!$R$45*Inputs!$R$34","v":-90000},659.87933273383078,4.077199179350414E-3,3.587935277828364E-3,{"$f":"-N1703/(1.202*2465560*MAX(0,(Inputs!$R$49-Q1703)))","v":4.0981102857065013},{"$f":"params!$C$16*R1703*(G1703-Inputs!$R$27)","v":-98999.393652821454},-320821.15994437836,{"$f":"E1703*params!$C$8","v":0}]
["1995-03-12",3,12,"23:00:00",0,2,-0.3,-1.9,88,{"$f":"Inputs!$R$38*Inputs!$R$33*(G1704-Inputs!$R$27)","v":-121947.86404988813},{"$f":"Inputs!$R$34*E1704*Inputs!$R$39","v":0},{"$f":"params!$C$16*Inputs!$R$30*(G1704-Inputs!$R$27)","v":-19096.302326475103},{"$f":"Inputs!$R$41*Inputs!$R$42/8760","v":0},{"$f":"-Inputs!$R$45*Inputs!$R$34","v":-90000},596.26312784548838,3.681806719447294E-3,3.239989913113619E-3,{"$f":"-N1704/(1.202*2465560*MAX(0,(Inputs!$R$49-Q1704)))","v":3.9143175727804809},{"$f":"params!$C$16*R1704*(G1704-Inputs!$R$27)","v":-101174.93926215709},-332219.10563852033,{"$f":"E1704*params!$C$8","v":0}]
["1995-03-12",3,12,1,0,2,-1.7,-3.2,88,{"$f":"Inputs!$R$38*Inputs!$R$33*(G1705-Inputs!$R$27)","v":-129921.62163695917},{"$f":"Inputs!$R$34*E1705*Inputs!$R$39","v":0},{"$f":"params!$C$16*Inputs!$R$30*(G1705-Inputs!$R$27)","v":-20344.944824210368},{"$f":"Inputs!$R$41*Inputs!$R$42/8760","v":0},{"$f":"-Inputs!$R$45*Inputs!$R$34","v":-90000},538.14431300780234,3.321018376087627E-3,2.9224961709571119E-3,{"$f":"-N1705/(1.202*2465560*MAX(0,(Inputs!$R$49-Q1705)))","v":3.7604290740339041},{"$f":"params!$C$16*R1705*(G1705-Inputs!$R$27)","v":-103552.7248700901},-343819.29133125965,{"$f":"E1705*params!$C$8","v":0}]
["1995-03-13",3,13,"01:00:00",0,1,-2.2000000000000002,-3.5,90,{"$f":"Inputs!$R$38*Inputs!$R$33*(G1706-Inputs!$R$27)","v":-132769.39220377026},{"$f":"Inputs!$R$34*E1706*Inputs!$R$39","v":0},{"$f":"params!$C$16*Inputs!$R$30*(G1706-Inputs!$R$27)","v":-20790.888573401538},{"$f":"Inputs!$R$41*Inputs!$R$42/8760","v":0},{"$f":"-Inputs!$R$45*Inputs!$R$34","v":-90000},518.64006057846586,3.200033659309267E-3,2.8800302933783407E-3,{"$f":"-N1706/(1.202*2465560*MAX(0,(Inputs!$R$49-Q1706)))","v":3.7407586046782804},{"$f":"params!$C$16*R1706*(G1706-Inputs!$R$27)","v":-105268.9636969305},-348829.24447410228,{"$f":"E1706*params!$C$8","v":0}]
["1995-03-13",3,13,"02:00:00",0,1,-3.6,-4.8,90,{"$f":"Inputs!$R$38*Inputs!$R$33*(G1707-Inputs!$R$27)","v":-140743.1497908413},{"$f":"Inputs!$R$34*E1707*Inputs!$R$39","v":0},{"$f":"params!$C$16*Inputs!$R$30*(G1707-Inputs!$R$27)","v":-22039.531071136807},{"$f":"Inputs!$R$41*Inputs!$R$42/8760","v":0},{"$f":"-Inputs!$R$45*Inputs!$R$34","v":-90000},467.32346194097869,2.8819407390211498E-3,2.593746665119035E-3,{"$f":"-N1707/(1.202*2465560*MAX(0,(Inputs!$R$49-Q1707)))","v":3.6133372470459197},{"$f":"params!$C$16*R1707*(G1707-Inputs!$R$27)","v":-107789.99727681483},-360572.67813879292,{"$f":"E1707*params!$C$8","v":0}]
["1995-03-13",3,13,"03:00:00",0,1,-3,-4.2,90,{"$f":"Inputs!$R$38*Inputs!$R$33*(G1708-Inputs!$R$27)","v":-137325.825110668},{"$f":"Inputs!$R$34*E1708*Inputs!$R$39","v":0},{"$f":"params!$C$16*Inputs!$R$30*(G1708-Inputs!$R$27)","v":-21504.398572107406},{"$f":"Inputs!$R$41*Inputs!$R$42/8760","v":0},{"$f":"-Inputs!$R$45*Inputs!$R$34","v":-90000},488.73621912146871,3.0146312662847319E-3,2.7131681396562585E-3,{"$f":"-N1708/(1.202*2465560*MAX(0,(Inputs!$R$49-Q1708)))","v":3.665419790078325},{"$f":"params!$C$16*R1708*(G1708-Inputs!$R$27)","v":-106688.75184772538},-355518.97553050076,{"$f":"E1708*params!$C$8","v":0}]
["1995-03-13",3,13,"04:00:00",0,1,-2.4,-3.5,91,{"$f":"Inputs!$R$38*Inputs!$R$33*(G1709-Inputs!$R$27)","v":-133908.50043049469},{"$f":"Inputs!$R$34*E1709*Inputs!$R$39","v":0},{"$f":"params!$C$16*Inputs!$R$30*(G1709-Inputs!$R$27)","v":-20969.266073078004},{"$f":"Inputs!$R$41*Inputs!$R$42/8760","v":0},{"$f":"-Inputs!$R$45*Inputs!$R$34","v":-90000},511.01574765541881,3.1527528356694772E-3,2.8690050804592243E-3,{"$f":"-N1709/(1.202*2465560*MAX(0,(Inputs!$R$49-Q1709)))","v":3.73568525868497},{"$f":"params!$C$16*R1709*(G1709-Inputs!$R$27)","v":-106028.13494975203},-350905.90145332471,{"$f":"E1709*params!$C$8","v":0}]
["1995-03-13",3,13,"05:00:00",0,0,-1.9,-3.8,85,{"$f":"Inputs!$R$38*Inputs!$R$33*(G1710-Inputs!$R$27)","v":-131060.72986368359},{"$f":"Inputs!$R$34*E1710*Inputs!$R$39","v":0},{"$f":"params!$C$16*Inputs!$R$30*(G1710-Inputs!$R$27)","v":-20523.322323886834},{"$f":"Inputs!$R$41*Inputs!$R$42/8760","v":0},{"$f":"-Inputs!$R$45*Inputs!$R$34","v":-90000},530.26586894388151,3.2721428158824358E-3,2.7813213935000704E-3,{"$f":"-N1710/(1.202*2465560*MAX(0,(Inputs!$R$49-Q1710)))","v":3.6958215583123191},{"$f":"params!$C$16*R1710*(G1710-Inputs!$R$27)","v":-102665.91296389828},-344249.9651514687,{"$f":"E1710*params!$C$8","v":0}]
["1995-03-13",3,13,"06:00:00",0,0,-2.2999999999999998,-3.1,93,{"$f":"Inputs!$R$38*Inputs!$R$33*(G1711-Inputs!$R$27)","v":-133338.94631713248},{"$f":"Inputs!$R$34*E1711*Inputs!$R$39","v":0},{"$f":"params!$C$16*Inputs!$R$30*(G1711-Inputs!$R$27)","v":-20880.077323239773},{"$f":"Inputs!$R$41*Inputs!$R$42/8760","v":0},{"$f":"-Inputs!$R$45*Inputs!$R$34","v":-90000},514.81537679871087,3.1763146675913099E-3,2.9539726408599181E-3,{"$f":"-N1711/(1.202*2465560*MAX(0,(Inputs!$R$49-Q1711)))","v":3.7751431971509537},{"$f":"params!$C$16*R1711*(G1711-Inputs!$R$27)","v":-106692.3167225564},-350911.34036292863,{"$f":"E1711*params!$C$8","v":0}]
["1995-03-13",3,13,"07:00:00",12,0,-1.7,-3.4,87,{"$f":"Inputs!$R$38*Inputs!$R$33*(G1712-Inputs!$R$27)","v":-129921.62163695917},{"$f":"Inputs!$R$34*E1712*Inputs!$R$39","v":7023.4766209273594},{"$f":"params!$C$16*Inputs!$R$30*(G1712-Inputs!$R$27)","v":-20344.944824210368},{"$f":"Inputs!$R$41*Inputs!$R$42/8760","v":0},{"$f":"-Inputs!$R$45*Inputs!$R$34","v":-90000},538.14431300780234,3.321018376087627E-3,2.8892859871962355E-3,{"$f":"-N1712/(1.202*2465560*MAX(0,(Inputs!$R$49-Q1712)))","v":3.7450283434579892},{"$f":"params!$C$16*R1712*(G1712-Inputs!$R$27)","v":-103128.62762354496},-336371.71746378712,{"$f":"E1712*params!$C$8","v":24.857999999999997}]
["1995-03-13",3,13,"08:00:00",143,0,1.8,-1.4,78,{"$f":"Inputs!$R$38*Inputs!$R$33*(G1713-Inputs!$R$27)","v":-109987.22766928155},{"$f":"Inputs!$R$34*E1713*Inputs!$R$39","v":83696.42973271769},{"$f":"params!$C$16*Inputs!$R$30*(G1713-Inputs!$R$27)","v":-17223.338579872197},{"$f":"Inputs!$R$41*Inputs!$R$42/8760","v":0},{"$f":"-Inputs!$R$45*Inputs!$R$34","v":-90000},693.88607761050571,4.2887656285414428E-3,3.345237190262325E-3,{"$f":"-N1713/(1.202*2465560*MAX(0,(Inputs!$R$49-Q1713)))","v":3.9681485648842187},{"$f":"params!$C$16*R1713*(G1713-Inputs!$R$27)","v":-92506.633363013767},-226020.76987944983,{"$f":"E1713*params!$C$8","v":296.22449999999998}]
["1995-03-13",3,13,"09:00:00",334,0,5.6,0.6,70,{"$f":"Inputs!$R$38*Inputs!$R$33*(G1714-Inputs!$R$27)","v":-88344.171361517292},{"$f":"Inputs!$R$34*E1714*Inputs!$R$39","v":195486.76594914481},{"$f":"params!$C$16*Inputs!$R$30*(G1714-Inputs!$R$27)","v":-13834.166086019326},{"$f":"Inputs!$R$41*Inputs!$R$42/8760","v":0},{"$f":"-Inputs!$R$45*Inputs!$R$34","v":-90000},906.99088692947566,5.6178189234680556E-3,3.9324732464276393E-3,{"$f":"-N1714/(1.202*2465560*MAX(0,(Inputs!$R$49-Q1714)))","v":4.2979392980042315},{"$f":"params!$C$16*R1714*(G1714-Inputs!$R$27)","v":-80478.685809749819},-77170.257308141619,{"$f":"E1714*params!$C$8","v":691.88099999999997}]
["1995-03-13",3,13,"10:00:00",510,0,9.4,2.2000000000000002,61,{"$f":"Inputs!$R$38*Inputs!$R$33*(G1715-Inputs!$R$27)","v":-66701.115053753019},{"$f":"Inputs!$R$34*E1715*Inputs!$R$39","v":298497.7563894128},{"$f":"params!$C$16*Inputs!$R$30*(G1715-Inputs!$R$27)","v":-10444.993592166453},{"$f":"Inputs!$R$41*Inputs!$R$42/8760","v":0},{"$f":"-Inputs!$R$45*Inputs!$R$34","v":-90000},1175.9507731568485,7.3032931169560531E-3,4.4550088013431931E-3,{"$f":"-N1715/(1.202*2465560*MAX(0,(Inputs!$R$49-Q1715)))","v":4.6411657376593975},{"$f":"params!$C$16*R1715*(G1715-Inputs!$R$27)","v":-65614.960019926235},65736.687723567084,{"$f":"E1715*params!$C$8","v":1056.4649999999999}]
["1995-03-13",3,13,"11:00:00",556,2,14.5,1.7,42,{"$f":"Inputs!$R$38*Inputs!$R$33*(G1716-Inputs!$R$27)","v":-37653.855272279936},{"$f":"Inputs!$R$34*E1716*Inputs!$R$39","v":325421.08343630098},{"$f":"params!$C$16*Inputs!$R$30*(G1716-Inputs!$R$27)","v":-5896.3673504165463},{"$f":"Inputs!$R$41*Inputs!$R$42/8760","v":0},{"$f":"-Inputs!$R$45*Inputs!$R$34","v":-90000},1646.1686582386831,1.0271829718195451E-2,4.3141684816420892E-3,{"$f":"-N1716/(1.202*2465560*MAX(0,(Inputs!$R$49-Q1716)))","v":4.5433722500297948},{"$f":"params!$C$16*R1716*(G1716-Inputs!$R$27)","v":-36260.222694330201},155610.63811927428,{"$f":"E1716*params!$C$8","v":1151.7539999999999}]
["1995-03-13",3,13,"12:00:00",675,3,19.399999999999999,1.1000000000000001,29,{"$f":"Inputs!$R$38*Inputs!$R$33*(G1717-Inputs!$R$27)","v":-9745.7037175312835},{"$f":"Inputs!$R$34*E1717*Inputs!$R$39","v":395070.55992716394},{"$f":"params!$C$16*Inputs!$R$30*(G1717-Inputs!$R$27)","v":-1526.1186083431071},{"$f":"Inputs!$R$41*Inputs!$R$42/8760","v":0},{"$f":"-Inputs!$R$45*Inputs!$R$34","v":-90000},2246.0039599790603,1.4099552870554911E-2,4.0888703324609248E-3,{"$f":"-N1717/(1.202*2465560*MAX(0,(Inputs!$R$49-Q1717)))","v":4.3952246709793412},{"$f":"params!$C$16*R1717*(G1717-Inputs!$R$27)","v":-9078.978357660013},284719.75924362952,{"$f":"E1717*params!$C$8","v":1398.2624999999998}]
["1995-03-13",3,13,"13:00:00",655,3,20.5,0.4,26,{"$f":"Inputs!$R$38*Inputs!$R$33*(G1718-Inputs!$R$27)","v":-3480.6084705468825},{"$f":"Inputs!$R$34*E1718*Inputs!$R$39","v":383364.76555895165},{"$f":"params!$C$16*Inputs!$R$30*(G1718-Inputs!$R$27)","v":-545.04236012253762},{"$f":"Inputs!$R$41*Inputs!$R$42/8760","v":0},{"$f":"-Inputs!$R$45*Inputs!$R$34","v":-90000},2404.3717699216595,1.511788976893247E-2,3.930651339922442E-3,{"$f":"-N1718/(1.202*2465560*MAX(0,(Inputs!$R$49-Q1718)))","v":4.2968313682961874},{"$f":"params!$C$16*R1718*(G1718-Inputs!$R$27)","v":-3169.9045083483529},286169.21021993383,{"$f":"E1718*params!$C$8","v":1356.8325}]
["1995-03-13",3,13,"14:00:00",683,3,21.6,0,24,{"$f":"Inputs!$R$38*Inputs!$R$33*(G1719-Inputs!$R$27)","v":2784.4867764375181},{"$f":"Inputs!$R$34*E1719*Inputs!$R$39","v":399752.87767444889},{"$f":"params!$C$16*Inputs!$R$30*(G1719-Inputs!$R$27)","v":436.03388809803198},{"$f":"Inputs!$R$41*Inputs!$R$42/8760","v":0},{"$f":"-Inputs!$R$45*Inputs!$R$34","v":-90000},2572.4230683269375,1.6202065300483511E-2,3.8884956721160426E-3,{"$f":"-N1719/(1.202*2465560*MAX(0,(Inputs!$R$49-Q1719)))","v":4.2713544188021348},{"$f":"params!$C$16*R1719*(G1719-Inputs!$R$27)","v":2520.8875039996751},315494.2858429841,{"$f":"E1719*params!$C$8","v":1414.8344999999999}]
["1995-03-13",3,13,"15:00:00",551,2,22.2,-0.6,22,{"$f":"Inputs!$R$38*Inputs!$R$33*(G1720-Inputs!$R$27)","v":6201.8114566108106},{"$f":"Inputs!$R$34*E1720*Inputs!$R$39","v":322494.63484424789},{"$f":"params!$C$16*Inputs!$R$30*(G1720-Inputs!$R$27)","v":971.16638712743099},{"$f":"Inputs!$R$41*Inputs!$R$42/8760","v":0},{"$f":"-Inputs!$R$45*Inputs!$R$34","v":-90000},2668.3451911941711,1.6822558450165632E-2,3.7009628590364391E-3,{"$f":"-N1720/(1.202*2465560*MAX(0,(Inputs!$R$49-Q1720)))","v":4.161585537889259},{"$f":"params!$C$16*R1720*(G1720-Inputs!$R$27)","v":5470.412571142514},245138.02525912863,{"$f":"E1720*params!$C$8","v":1141.3964999999998}]
["1995-03-13",3,13,"16:00:00",156,9,22.2,0,23,{"$f":"Inputs!$R$38*Inputs!$R$33*(G1721-Inputs!$R$27)","v":6201.8114566108106},{"$f":"Inputs!$R$34*E1721*Inputs!$R$39","v":91305.196072055667},{"$f":"params!$C$16*Inputs!$R$30*(G1721-Inputs!$R$27)","v":971.16638712743099},{"$f":"Inputs!$R$41*Inputs!$R$42/8760","v":0},{"$f":"-Inputs!$R$45*Inputs!$R$34","v":-90000},2668.3451911941711,1.6822558450165632E-2,3.8691884435380951E-3,{"$f":"-N1721/(1.202*2465560*MAX(0,(Inputs!$R$49-Q1721)))","v":4.2597866146962602},{"$f":"params!$C$16*R1721*(G1721-Inputs!$R$27)","v":5599.4980843859148},14077.672000179831,{"$f":"E1721*params!$C$8","v":323.154}]
["1995-03-13",3,13,"17:00:00",125,9,21.6,0,24,{"$f":"Inputs!$R$38*Inputs!$R$33*(G1722-Inputs!$R$27)","v":2784.4867764375181},{"$f":"Inputs!$R$34*E1722*Inputs!$R$39","v":73161.214801326656},{"$f":"params!$C$16*Inputs!$R$30*(G1722-Inputs!$R$27)","v":436.03388809803198},{"$f":"Inputs!$R$41*Inputs!$R$42/8760","v":0},{"$f":"-Inputs!$R$45*Inputs!$R$34","v":-90000},2572.4230683269375,1.6202065300483511E-2,3.8884956721160426E-3,{"$f":"-N1722/(1.202*2465560*MAX(0,(Inputs!$R$49-Q1722)))","v":4.2713544188021348},{"$f":"params!$C$16*R1722*(G1722-Inputs!$R$27)","v":2520.8875039996751},-11097.377030138119,{"$f":"E1722*params!$C$8","v":258.9375}]
["1995-03-13",3,13,"18:00:00",64,6,17.7,0.8,32,{"$f":"Inputs!$R$38*Inputs!$R$33*(G1723-Inputs!$R$27)","v":-19428.123644688978},{"$f":"Inputs!$R$34*E1723*Inputs!$R$39","v":37458.541978279245},{"$f":"params!$C$16*Inputs!$R$30*(G1723-Inputs!$R$27)","v":-3042.3273555930755},{"$f":"Inputs!$R$41*Inputs!$R$42/8760","v":0},{"$f":"-Inputs!$R$45*Inputs!$R$34","v":-90000},2019.2002466438246,1.2646815921394168E-2,4.0469810948461334E-3,{"$f":"-N1723/(1.202*2465560*MAX(0,(Inputs!$R$49-Q1723)))","v":4.3687386247789544},{"$f":"params!$C$16*R1723*(G1723-Inputs!$R$27)","v":-17989.935983361316},-93001.845005364114,{"$f":"E1723*params!$C$8","v":132.57599999999999}]
["1995-03-13",3,13,"19:00:00",0,2,13.3,1.6,45,{"$f":"Inputs!$R$38*Inputs!$R$33*(G1724-Inputs!$R$27)","v":-44488.504632626536},{"$f":"Inputs!$R$34*E1724*Inputs!$R$39","v":0},{"$f":"params!$C$16*Inputs!$R$30*(G1724-Inputs!$R$27)","v":-6966.6323484753475},{"$f":"Inputs!$R$41*Inputs!$R$42/8760","v":0},{"$f":"-Inputs!$R$45*Inputs!$R$34","v":-90000},1522.7575650660701,9.4900147252429956E-3,4.2705066263593484E-3,{"$f":"-N1724/(1.202*2465560*MAX(0,(Inputs!$R$49-Q1724)))","v":4.5138867363445883},{"$f":"params!$C$16*R1724*(G1724-Inputs!$R$27)","v":-42563.875345509739},-184019.01232661161,{"$f":"E1724*params!$C$8","v":0}]
["1995-03-13",3,13,"20:00:00",0,3,11.1,2.2000000000000002,54,{"$f":"Inputs!$R$38*Inputs!$R$33*(G1725-Inputs!$R$27)","v":-57018.695126595332},{"$f":"Inputs!$R$34*E1725*Inputs!$R$39","v":0},{"$f":"params!$C$16*Inputs!$R$30*(G1725-Inputs!$R$27)","v":-8928.7848449164849},{"$f":"Inputs!$R$41*Inputs!$R$42/8760","v":0},{"$f":"-Inputs!$R$45*Inputs!$R$34","v":-90000},1317.4782376741875,8.1938348219052388E-3,4.4246708038288294E-3,{"$f":"-N1725/(1.202*2465560*MAX(0,(Inputs!$R$49-Q1725)))","v":4.619746222221452},{"$f":"params!$C$16*R1725*(G1725-Inputs!$R$27)","v":-55831.344977736844},-211778.82494924866,{"$f":"E1725*params!$C$8","v":0}]
["1995-03-13",3,13,"21:00:00",0,2,6.6,2.2000000000000002,73,{"$f":"Inputs!$R$38*Inputs!$R$33*(G1726-Inputs!$R$27)","v":-82648.630227895119},{"$f":"Inputs!$R$34*E1726*Inputs!$R$39","v":0},{"$f":"params!$C$16*Inputs!$R$30*(G1726-Inputs!$R$27)","v":-12942.278587636991},{"$f":"Inputs!$R$41*Inputs!$R$42/8760","v":0},{"$f":"-Inputs!$R$45*Inputs!$R$34","v":-90000},971.89505506814805,6.0237228004355421E-3,4.3973176443179458E-3,{"$f":"-N1726/(1.202*2465560*MAX(0,(Inputs!$R$49-Q1726)))","v":4.6006028740858378},{"$f":"params!$C$16*R1726*(G1726-Inputs!$R$27)","v":-80592.217115956082},-266183.12593148818,{"$f":"E1726*params!$C$8","v":0}]
["1995-03-13",3,13,"22:00:00",0,3,5,1.1000000000000001,76,{"$f":"Inputs!$R$38*Inputs!$R$33*(G1727-Inputs!$R$27)","v":-91761.496041690596},{"$f":"Inputs!$R$34*E1727*Inputs!$R$39","v":0},{"$f":"params!$C$16*Inputs!$R$30*(G1727-Inputs!$R$27)","v":-14369.298585048728},{"$f":"Inputs!$R$41*Inputs!$R$42/8760","v":0},{"$f":"-Inputs!$R$45*Inputs!$R$34","v":-90000},869.91328556198641,5.3861748872103517E-3,4.0934929142798669E-3,{"$f":"-N1727/(1.202*2465560*MAX(0,(Inputs!$R$49-Q1727)))","v":4.3981671606846753},{"$f":"params!$C$16*R1727*(G1727-Inputs!$R$27)","v":-85541.116394359909},-281671.91102109925,{"$f":"E1727*params!$C$8","v":0}]
["1995-03-13",3,13,"23:00:00",0,2,4.2,1.3,81,{"$f":"Inputs!$R$38*Inputs!$R$33*(G1728-Inputs!$R$27)","v":-96317.928948588335},{"$f":"Inputs!$R$34*E1728*Inputs!$R$39","v":0},{"$f":"params!$C$16*Inputs!$R$30*(G1728-Inputs!$R$27)","v":-15082.808583754595},{"$f":"Inputs!$R$41*Inputs!$R$42/8760","v":0},{"$f":"-Inputs!$R$45*Inputs!$R$34","v":-90000},822.56233970566973,5.0905961682186935E-3,4.1233828962571415E-3,{"$f":"-N1728/(1.202*2465560*MAX(0,(Inputs!$R$49-Q1728)))","v":4.4172890472266957},{"$f":"params!$C$16*R1728*(G1728-Inputs!$R$27)","v":-90179.048994142096},-291579.786526485,{"$f":"E1728*params!$C$8","v":0}]
["1995-03-13",3,13,1,0,0,3.8,1.6,86,{"$f":"Inputs!$R$38*Inputs!$R$33*(G1729-Inputs!$R$27)","v":-98596.145402037204},{"$f":"Inputs!$R$34*E1729*Inputs!$R$39","v":0},{"$f":"params!$C$16*Inputs!$R$30*(G1729-Inputs!$R$27)","v":-15439.563583107529},{"$f":"Inputs!$R$41*Inputs!$R$42/8760","v":0},{"$f":"-Inputs!$R$45*Inputs!$R$34","v":-90000},799.75278170517424,4.9483114832316053E-3,4.2555478755791805E-3,{"$f":"-N1729/(1.202*2465560*MAX(0,(Inputs!$R$49-Q1729)))","v":4.5038726893796968},{"$f":"params!$C$16*R1729*(G1729-Inputs!$R$27)","v":-94121.478220005418},-298157.18720515014,{"$f":"E1729*params!$C$8","v":0}]
["1995-03-14",3,14,"01:00:00",0,0,0.9,0.6,98,{"$f":"Inputs!$R$38*Inputs!$R$33*(G1730-Inputs!$R$27)","v":-115113.21468954152},{"$f":"Inputs!$R$34*E1730*Inputs!$R$39","v":0},{"$f":"params!$C$16*Inputs!$R$30*(G1730-Inputs!$R$27)","v":-18026.0373284163},{"$f":"Inputs!$R$41*Inputs!$R$42/8760","v":0},{"$f":"-Inputs!$R$45*Inputs!$R$34","v":-90000},650.4382693595204,4.0184887604343654E-3,3.938118985225678E-3,{"$f":"-N1730/(1.202*2465560*MAX(0,(Inputs!$R$49-Q1730)))","v":4.3013761910686146},{"$f":"params!$C$16*R1730*(G1730-Inputs!$R$27)","v":-104948.27535696012},-328087.52737491793,{"$f":"E1730*params!$C$8","v":0}]
["1995-03-14",{"$f":"MONTH(A1731)","v":3},{"$f":"DAY(A1731)","v":14},"02:00:00",0,0,-1,-1.3,98,{"$f":"Inputs!$R$38*Inputs!$R$33*(G1731-Inputs!$R$27)","v":-125934.74284342365},{"$f":"Inputs!$R$34*E1731*Inputs!$R$39","v":0},{"$f":"params!$C$16*Inputs!$R$30*(G1731-Inputs!$R$27)","v":-19720.623575342735},{"$f":"Inputs!$R$41*Inputs!$R$42/8760","v":0},{"$f":"-Inputs!$R$45*Inputs!$R$34","v":-90000},{"$f":"EXP(77.345+0.0057*(G1731+273.15)-7235/(G1731+273.15))/(G1731+273.15)^8.2","v":566.54310372490409},{"$f":"0.62198*O1731/(101325-O1731)","v":3.4972595900071069E-3},{"$f":"P1731*I1731/100","v":3.4273143982069647E-3},{"$f":"-N1731/(1.202*2465560*MAX(0,(Inputs!$R$49-Q1731)))","v":4.0111674172834322},{"$f":"params!$C$16*R1731*(G1731-Inputs!$R$27)","v":-107067.84102888181},{"$f":"J1731+K1731+L1731+M1731+N1731+S1731","v":-342723.20744764816},{"$f":"E1731*params!$C$8","v":0}]
["1995-03-14",3,14,"03:00:00",0,0,0.1,-1.3,89,{"$f":"Inputs!$R$38*Inputs!$R$33*(G1732-Inputs!$R$27)","v":-119669.64759643924},{"$f":"Inputs!$R$34*E1732*Inputs!$R$39","v":0},{"$f":"params!$C$16*Inputs!$R$30*(G1732-Inputs!$R$27)","v":-18739.547327122167},{"$f":"Inputs!$R$41*Inputs!$R$42/8760","v":0},{"$f":"-Inputs!$R$45*Inputs!$R$34","v":-90000},613.85941042236618,3.7911225496935316E-3,3.3740990692272431E-3,{"$f":"-N1732/(1.202*2465560*MAX(0,(Inputs!$R$49-Q1732)))","v":3.9831702595121574},{"$f":"params!$C$16*R1732*(G1732-Inputs!$R$27)","v":-101031.21587722639},-329440.41080078779,{"$f":"E1732*params!$C$8","v":0}]
["1995-03-14",3,14,"04:00:00",0,0,0.1,-0.3,97,{"$f":"Inputs!$R$38*Inputs!$R$33*(G1733-Inputs!$R$27)","v":-119669.64759643924},{"$f":"Inputs!$R$34*E1733*Inputs!$R$39","v":0},{"$f":"params!$C$16*Inputs!$R$30*(G1733-Inputs!$R$27)","v":-18739.547327122167},{"$f":"Inputs!$R$41*Inputs!$R$42/8760","v":0},{"$f":"-Inputs!$R$45*Inputs!$R$34","v":-90000},613.85941042236618,3.7911225496935316E-3,3.6773888732027256E-3,{"$f":"-N1733/(1.202*2465560*MAX(0,(Inputs!$R$49-Q1733)))","v":4.1481848381142745},{"$f":"params!$C$16*R1733*(G1733-Inputs!$R$27)","v":-105216.73204335732},-333625.92696691875,{"$f":"E1733*params!$C$8","v":0}]
["1995-03-14",3,14,"05:00:00",0,0,-0.8,-1.3,96,{"$f":"Inputs!$R$38*Inputs!$R$33*(G1734-Inputs!$R$27)","v":-124795.63461669922},{"$f":"Inputs!$R$34*E1734*Inputs!$R$39","v":0},{"$f":"params!$C$16*Inputs!$R$30*(G1734-Inputs!$R$27)","v":-19542.246075666269},{"$f":"Inputs!$R$41*Inputs!$R$42/8760","v":0},{"$f":"-Inputs!$R$45*Inputs!$R$34","v":-90000},574.89744723163335,3.5491250645809493E-3,3.4071600619977114E-3,{"$f":"-N1734/(1.202*2465560*MAX(0,(Inputs!$R$49-Q1734)))","v":4.0005178237679093},{"$f":"params!$C$16*R1734*(G1734-Inputs!$R$27)","v":-105817.69580045308},-340155.57649281854,{"$f":"E1734*params!$C$8","v":0}]
["1995-03-14",3,14,"06:00:00",0,0,-0.7,-1.2,96,{"$f":"Inputs!$R$38*Inputs!$R$33*(G1735-Inputs!$R$27)","v":-124226.08050333698},{"$f":"Inputs!$R$34*E1735*Inputs!$R$39","v":0},{"$f":"params!$C$16*Inputs!$R$30*(G1735-Inputs!$R$27)","v":-19453.057325828035},{"$f":"Inputs!$R$41*Inputs!$R$42/8760","v":0},{"$f":"-Inputs!$R$45*Inputs!$R$34","v":-90000},579.11544010550767,3.5753144955780504E-3,3.4323019157549285E-3,{"$f":"-N1735/(1.202*2465560*MAX(0,(Inputs!$R$49-Q1735)))","v":4.0138115895271476},{"$f":"params!$C$16*R1735*(G1735-Inputs!$R$27)","v":-105684.78357465217},-339363.92140381719,{"$f":"E1735*params!$C$8","v":0}]
["1995-03-14",3,14,"07:00:00",13,0,-0.6,-1.2,95,{"$f":"Inputs!$R$38*Inputs!$R$33*(G1736-Inputs!$R$27)","v":-123656.52638997478},{"$f":"Inputs!$R$34*E1736*Inputs!$R$39","v":7608.7663393379726},{"$f":"params!$C$16*Inputs!$R$30*(G1736-Inputs!$R$27)","v":-19363.868575989804},{"$f":"Inputs!$R$41*Inputs!$R$42/8760","v":0},{"$f":"-Inputs!$R$45*Inputs!$R$34","v":-90000},583.36085066457406,3.6016763769199135E-3,3.4215925580739176E-3,{"$f":"-N1736/(1.202*2465560*MAX(0,(Inputs!$R$49-Q1736)))","v":4.0081382257618747},{"$f":"params!$C$16*R1736*(G1736-Inputs!$R$27)","v":-105051.54158337864},-330463.17021000525,{"$f":"E1736*params!$C$8","v":26.929499999999997}]
["1995-03-14",3,14,"08:00:00",142,0,2.2000000000000002,0.5,89,{"$f":"Inputs!$R$38*Inputs!$R$33*(G1737-Inputs!$R$27)","v":-107709.0112158327},{"$f":"Inputs!$R$34*E1737*Inputs!$R$39","v":83111.140014307079},{"$f":"params!$C$16*Inputs!$R$30*(G1737-Inputs!$R$27)","v":-16866.583580519266},{"$f":"Inputs!$R$41*Inputs!$R$42/8760","v":0},{"$f":"-Inputs!$R$45*Inputs!$R$34","v":-90000},714.00723647805364,4.4140129099852635E-3,3.9284714898868848E-3,{"$f":"-N1737/(1.202*2465560*MAX(0,(Inputs!$R$49-Q1737)))","v":4.2955065178902982},{"$f":"params!$C$16*R1737*(G1737-Inputs!$R$27)","v":-98063.890320069549},-229528.34510211443,{"$f":"E1737*params!$C$8","v":294.15299999999996}]
["1995-03-14",3,14,"09:00:00",331,0,6.6,1.6,70,{"$f":"Inputs!$R$38*Inputs!$R$33*(G1738-Inputs!$R$27)","v":-82648.630227895119},{"$f":"Inputs!$R$34*E1738*Inputs!$R$39","v":193730.89679391301},{"$f":"params!$C$16*Inputs!$R$30*(G1738-Inputs!$R$27)","v":-12942.278587636991},{"$f":"Inputs!$R$41*Inputs!$R$42/8760","v":0},{"$f":"-Inputs!$R$45*Inputs!$R$34","v":-90000},971.89505506814805,6.0237228004355421E-3,4.216605960304879E-3,{"$f":"-N1738/(1.202*2465560*MAX(0,(Inputs!$R$49-Q1738)))","v":4.478010454570521},{"$f":"params!$C$16*R1738*(G1738-Inputs!$R$27)","v":-78444.673595953398},-70304.685617572497,{"$f":"E1738*params!$C$8","v":685.66649999999993}]
["1995-03-14",3,14,"10:00:00",507,0,10,2.7,60,{"$f":"Inputs!$R$38*Inputs!$R$33*(G1739-Inputs!$R$27)","v":-63283.790373579723},{"$f":"Inputs!$R$34*E1739*Inputs!$R$39","v":296741.88723418093},{"$f":"params!$C$16*Inputs!$R$30*(G1739-Inputs!$R$27)","v":-9909.8610931370531},{"$f":"Inputs!$R$41*Inputs!$R$42/8760","v":0},{"$f":"-Inputs!$R$45*Inputs!$R$34","v":-90000},1224.2915728566036,7.6071876458255446E-3,4.5643125874953267E-3,{"$f":"-N1739/(1.202*2465560*MAX(0,(Inputs!$R$49-Q1739)))","v":4.7200123340276443},{"$f":"params!$C$16*R1739*(G1739-Inputs!$R$27)","v":-63310.874687332951},70237.361080131202,{"$f":"E1739*params!$C$8","v":1050.2504999999999}]
["1995-03-14",3,14,"11:00:00",670,3,15.5,3.8,46,{"$f":"Inputs!$R$38*Inputs!$R$33*(G1740-Inputs!$R$27)","v":-31958.314138657759},{"$f":"Inputs!$R$34*E1740*Inputs!$R$39","v":392144.11133511085},{"$f":"params!$C$16*Inputs!$R$30*(G1740-Inputs!$R$27)","v":-5004.4798520342119},{"$f":"Inputs!$R$41*Inputs!$R$42/8760","v":0},{"$f":"-Inputs!$R$45*Inputs!$R$34","v":-90000},1755.6341516132111,1.0966920601695053E-2,5.0447834767797239E-3,{"$f":"-N1740/(1.202*2465560*MAX(0,(Inputs!$R$49-Q1740)))","v":5.1009356838926232},{"$f":"params!$C$16*R1740*(G1740-Inputs!$R$27)","v":-34552.255776782382},230629.06156763653,{"$f":"E1740*params!$C$8","v":1387.905}]
["1995-03-14",3,14,"12:00:00",721,0,20,2.7,32,{"$f":"Inputs!$R$38*Inputs!$R$33*(G1741-Inputs!$R$27)","v":-6328.3790373579704},{"$f":"Inputs!$R$34*E1741*Inputs!$R$39","v":421993.88697405212},{"$f":"params!$C$16*Inputs!$R$30*(G1741-Inputs!$R$27)","v":-990.98610931370501},{"$f":"Inputs!$R$41*Inputs!$R$42/8760","v":0},{"$f":"-Inputs!$R$45*Inputs!$R$34","v":-90000},2331.2150168593957,1.4647072201887702E-2,4.6870631046040641E-3,{"$f":"-N1741/(1.202*2465560*MAX(0,(Inputs!$R$49-Q1741)))","v":4.8118144884133232},{"$f":"params!$C$16*R1741*(G1741-Inputs!$R$27)","v":-6454.2243226444225},318220.29750473599,{"$f":"E1741*params!$C$8","v":1493.5515}]
["1995-03-14",3,14,"13:00:00",739,0,20.5,1.6,28,{"$f":"Inputs!$R$38*Inputs!$R$33*(G1742-Inputs!$R$27)","v":-3480.6084705468825},{"$f":"Inputs!$R$34*E1742*Inputs!$R$39","v":432529.10190544318},{"$f":"params!$C$16*Inputs!$R$30*(G1742-Inputs!$R$27)","v":-545.04236012253762},{"$f":"Inputs!$R$41*Inputs!$R$42/8760","v":0},{"$f":"-Inputs!$R$45*Inputs!$R$34","v":-90000},2404.3717699216595,1.511788976893247E-2,4.2330091353010918E-3,{"$f":"-N1742/(1.202*2465560*MAX(0,(Inputs!$R$49-Q1742)))","v":4.4888678931081971},{"$f":"params!$C$16*R1742*(G1742-Inputs!$R$27)","v":-3311.575752479705},335191.87532229401,{"$f":"E1742*params!$C$8","v":1530.8384999999998}]
["1995-03-14",3,14,"14:00:00",694,0,21.1,2.7,30,{"$f":"Inputs!$R$38*Inputs!$R$33*(G1743-Inputs!$R$27)","v":-63.283790373569381},{"$f":"Inputs!$R$34*E1743*Inputs!$R$39","v":406191.06457696564},{"$f":"params!$C$16*Inputs!$R$30*(G1743-Inputs!$R$27)","v":-9.909861093135433},{"$f":"Inputs!$R$41*Inputs!$R$42/8760","v":0},{"$f":"-Inputs!$R$45*Inputs!$R$34","v":-90000},2494.8045104526191,1.5700854397029246E-2,4.7102563191087736E-3,{"$f":"-N1743/(1.202*2465560*MAX(0,(Inputs!$R$49-Q1743)))","v":4.8295627231800626},{"$f":"params!$C$16*R1743*(G1743-Inputs!$R$27)","v":-64.780305372826305},316053.09062012605,{"$f":"E1743*params!$C$8","v":1437.6209999999999}]
["1995-03-14",3,14,"15:00:00",589,0,21.1,2.7,30,{"$f":"Inputs!$R$38*Inputs!$R$33*(G1744-Inputs!$R$27)","v":-63.283790373569381},{"$f":"Inputs!$R$34*E1744*Inputs!$R$39","v":344735.64414385124},{"$f":"params!$C$16*Inputs!$R$30*(G1744-Inputs!$R$27)","v":-9.909861093135433},{"$f":"Inputs!$R$41*Inputs!$R$42/8760","v":0},{"$f":"-Inputs!$R$45*Inputs!$R$34","v":-90000},2494.8045104526191,1.5700854397029246E-2,4.7102563191087736E-3,{"$f":"-N1744/(1.202*2465560*MAX(0,(Inputs!$R$49-Q1744)))","v":4.8295627231800626},{"$f":"params!$C$16*R1744*(G1744-Inputs!$R$27)","v":-64.780305372826305},254597.67018701168,{"$f":"E1744*params!$C$8","v":1220.1134999999999}]
["1995-03-14",3,14,"16:00:00",437,2,21.1,2.7,30,{"$f":"Inputs!$R$38*Inputs!$R$33*(G1745-Inputs!$R$27)","v":-63.283790373569381},{"$f":"Inputs!$R$34*E1745*Inputs!$R$39","v":255771.60694543799},{"$f":"params!$C$16*Inputs!$R$30*(G1745-Inputs!$R$27)","v":-9.909861093135433},{"$f":"Inputs!$R$41*Inputs!$R$42/8760","v":0},{"$f":"-Inputs!$R$45*Inputs!$R$34","v":-90000},2494.8045104526191,1.5700854397029246E-2,4.7102563191087736E-3,{"$f":"-N1745/(1.202*2465560*MAX(0,(Inputs!$R$49-Q1745)))","v":4.8295627231800626},{"$f":"params!$C$16*R1745*(G1745-Inputs!$R$27)","v":-64.780305372826305},165633.63298859849,{"$f":"E1745*params!$C$8","v":905.24549999999999}]
["1995-03-14",3,14,"17:00:00",222,3,20,2.7,32,{"$f":"Inputs!$R$38*Inputs!$R$33*(G1746-Inputs!$R$27)","v":-6328.3790373579704},{"$f":"Inputs!$R$34*E1746*Inputs!$R$39","v":129934.31748715614},{"$f":"params!$C$16*Inputs!$R$30*(G1746-Inputs!$R$27)","v":-990.98610931370501},{"$f":"Inputs!$R$41*Inputs!$R$42/8760","v":0},{"$f":"-Inputs!$R$45*Inputs!$R$34","v":-90000},2331.2150168593957,1.4647072201887702E-2,4.6870631046040641E-3,{"$f":"-N1746/(1.202*2465560*MAX(0,(Inputs!$R$49-Q1746)))","v":4.8118144884133232},{"$f":"params!$C$16*R1746*(G1746-Inputs!$R$27)","v":-6454.2243226444225},26160.728017840043,{"$f":"E1746*params!$C$8","v":459.87299999999999}]
["1995-03-14",3,14,"18:00:00",72,0,17.7,2.2000000000000002,35,{"$f":"Inputs!$R$38*Inputs!$R$33*(G1747-Inputs!$R$27)","v":-19428.123644688978},{"$f":"Inputs!$R$34*E1747*Inputs!$R$39","v":42140.859725564151},{"$f":"params!$C$16*Inputs!$R$30*(G1747-Inputs!$R$27)","v":-3042.3273555930755},{"$f":"Inputs!$R$41*Inputs!$R$42/8760","v":0},{"$f":"-Inputs!$R$45*Inputs!$R$34","v":-90000},2019.2002466438246,1.2646815921394168E-2,4.4263855724879586E-3,{"$f":"-N1747/(1.202*2465560*MAX(0,(Inputs!$R$49-Q1747)))","v":4.6209516261772476},{"$f":"params!$C$16*R1747*(G1747-Inputs!$R$27)","v":-19028.518544376006},-89358.109819093923,{"$f":"E1747*params!$C$8","v":149.148}]
["1995-03-14",3,14,"19:00:00",0,0,15,2.7,44,{"$f":"Inputs!$R$38*Inputs!$R$33*(G1748-Inputs!$R$27)","v":-34806.084705468842},{"$f":"Inputs!$R$34*E1748*Inputs!$R$39","v":0},{"$f":"params!$C$16*Inputs!$R$30*(G1748-Inputs!$R$27)","v":-5450.4236012253787},{"$f":"Inputs!$R$41*Inputs!$R$42/8760","v":0},{"$f":"-Inputs!$R$45*Inputs!$R$34","v":-90000},1700.1281023555496,1.0614273895273205E-2,4.67028051392021E-3,{"$f":"-N1748/(1.202*2465560*MAX(0,(Inputs!$R$49-Q1748)))","v":4.7990530109119804},{"$f":"params!$C$16*R1748*(G1748-Inputs!$R$27)","v":-35404.088434414931},-165660.59674110916,{"$f":"E1748*params!$C$8","v":0}]
["1995-03-14",3,14,"20:00:00",0,0,9.4,3.3,66,{"$f":"Inputs!$R$38*Inputs!$R$33*(G1749-Inputs!$R$27)","v":-66701.115053753019},{"$f":"Inputs!$R$34*E1749*Inputs!$R$39","v":0},{"$f":"params!$C$16*Inputs!$R$30*(G1749-Inputs!$R$27)","v":-10444.993592166453},{"$f":"Inputs!$R$41*Inputs!$R$42/8760","v":0},{"$f":"-Inputs!$R$45*Inputs!$R$34","v":-90000},1175.9507731568485,7.3032931169560531E-3,4.8201734571909948E-3,{"$f":"-N1749/(1.202*2465560*MAX(0,(Inputs!$R$49-Q1749)))","v":4.9154872865548134},{"$f":"params!$C$16*R1749*(G1749-Inputs!$R$27)","v":-69493.209253157533},-236639.31789907702,{"$f":"E1749*params!$C$8","v":0}]
["1995-03-14",3,14,"21:00:00",0,0,7.7,2.7,71,{"$f":"Inputs!$R$38*Inputs!$R$33*(G1750-Inputs!$R$27)","v":-76383.534980910728},{"$f":"Inputs!$R$34*E1750*Inputs!$R$39","v":0},{"$f":"params!$C$16*Inputs!$R$30*(G1750-Inputs!$R$27)","v":-11961.202339416424},{"$f":"Inputs!$R$41*Inputs!$R$42/8760","v":0},{"$f":"-Inputs!$R$45*Inputs!$R$34","v":-90000},1047.9935141086903,6.5003037959358509E-3,4.6152156951144545E-3,{"$f":"-N1750/(1.202*2465560*MAX(0,(Inputs!$R$49-Q1750)))","v":4.7576530374666897},{"$f":"params!$C$16*R1750*(G1750-Inputs!$R$27)","v":-77025.622564343881},-255370.35988467102,{"$f":"E1750*params!$C$8","v":0}]
["1995-03-14",3,14,"22:00:00",0,0,6.1,2.7,79,{"$f":"Inputs!$R$38*Inputs!$R$33*(G1751-Inputs!$R$27)","v":-85496.400794706205},{"$f":"Inputs!$R$34*E1751*Inputs!$R$39","v":0},{"$f":"params!$C$16*Inputs!$R$30*(G1751-Inputs!$R$27)","v":-13388.222336828159},{"$f":"Inputs!$R$41*Inputs!$R$42/8760","v":0},{"$f":"-Inputs!$R$45*Inputs!$R$34","v":-90000},938.94793828269269,5.817609385555097E-3,4.595911414588527E-3,{"$f":"-N1751/(1.202*2465560*MAX(0,(Inputs!$R$49-Q1751)))","v":4.743307882769856},{"$f":"params!$C$16*R1751*(G1751-Inputs!$R$27)","v":-85955.138475998858},-274839.7616075332,{"$f":"E1751*params!$C$8","v":0}]
["1995-03-14",3,14,"23:00:00",0,0,5.5,2.2000000000000002,79,{"$f":"Inputs!$R$38*Inputs!$R$33*(G1752-Inputs!$R$27)","v":-88913.725474879509},{"$f":"Inputs!$R$34*E1752*Inputs!$R$39","v":0},{"$f":"params!$C$16*Inputs!$R$30*(G1752-Inputs!$R$27)","v":-13923.354835857559},{"$f":"Inputs!$R$41*Inputs!$R$42/8760","v":0},{"$f":"-Inputs!$R$45*Inputs!$R$34","v":-90000},900.71602087450731,5.5786043819837112E-3,4.4070974617671319E-3,{"$f":"-N1752/(1.202*2465560*MAX(0,(Inputs!$R$49-Q1752)))","v":4.6074291162504775},{"$f":"params!$C$16*R1752*(G1752-Inputs!$R$27)","v":-86830.073145362388},-279667.15345609945,{"$f":"E1752*params!$C$8","v":0}]
["1995-03-14",3,14,1,0,0,3.8,2.2000000000000002,89,{"$f":"Inputs!$R$38*Inputs!$R$33*(G1753-Inputs!$R$27)","v":-98596.145402037204},{"$f":"Inputs!$R$34*E1753*Inputs!$R$39","v":0},{"$f":"params!$C$16*Inputs!$R$30*(G1753-Inputs!$R$27)","v":-15439.563583107529},{"$f":"Inputs!$R$41*Inputs!$R$42/8760","v":0},{"$f":"-Inputs!$R$45*Inputs!$R$34","v":-90000},799.75278170517424,4.9483114832316053E-3,4.4039972200761281E-3,{"$f":"-N1753/(1.202*2465560*MAX(0,(Inputs!$R$49-Q1753)))","v":4.6052629779386161},{"$f":"params!$C$16*R1753*(G1753-Inputs!$R$27)","v":-96240.322267001073},-300276.03125214583,{"$f":"E1753*params!$C$8","v":0}]
["1995-03-15",3,15,"01:00:00",0,0,2.8,1.4,90,{"$f":"Inputs!$R$38*Inputs!$R$33*(G1754-Inputs!$R$27)","v":-104291.68653565938},{"$f":"Inputs!$R$34*E1754*Inputs!$R$39","v":0},{"$f":"params!$C$16*Inputs!$R$30*(G1754-Inputs!$R$27)","v":-16331.451081489862},{"$f":"Inputs!$R$41*Inputs!$R$42/8760","v":0},{"$f":"-Inputs!$R$45*Inputs!$R$34","v":-90000},745.15756711705887,4.6080118280633067E-3,4.1472106452569765E-3,{"$f":"-N1754/(1.202*2465560*MAX(0,(Inputs!$R$49-Q1754)))","v":4.4326521885053003},{"$f":"params!$C$16*R1754*(G1754-Inputs!$R$27)","v":-97984.198141959525},-308607.33575910877,{"$f":"E1754*params!$C$8","v":0}]
["1995-03-15",3,15,"02:00:00",0,0,2.1,1,92,{"$f":"Inputs!$R$38*Inputs!$R$33*(G1755-Inputs!$R$27)","v":-108278.5653291949},{"$f":"Inputs!$R$34*E1755*Inputs!$R$39","v":0},{"$f":"params!$C$16*Inputs!$R$30*(G1755-Inputs!$R$27)","v":-16955.772330357497},{"$f":"Inputs!$R$41*Inputs!$R$42/8760","v":0},{"$f":"-Inputs!$R$45*Inputs!$R$34","v":-90000},708.92912942371902,4.3823987172600994E-3,4.0318068198792918E-3,{"$f":"-N1755/(1.202*2465560*MAX(0,(Inputs!$R$49-Q1755)))","v":4.3592227087086659},{"$f":"params!$C$16*R1755*(G1755-Inputs!$R$27)","v":-100044.73702784684},-315279.07468739926,{"$f":"E1755*params!$C$8","v":0}]
["1995-03-15",3,15,"03:00:00",0,0,1.6,0.8,94,{"$f":"Inputs!$R$38*Inputs!$R$33*(G1756-Inputs!$R$27)","v":-111126.33589600598},{"$f":"Inputs!$R$34*E1756*Inputs!$R$39","v":0},{"$f":"params!$C$16*Inputs!$R$30*(G1756-Inputs!$R$27)","v":-17401.716079548663},{"$f":"Inputs!$R$41*Inputs!$R$42/8760","v":0},{"$f":"-Inputs!$R$45*Inputs!$R$34","v":-90000},684.01504143025329,4.2273401402413606E-3,3.9736997318268793E-3,{"$f":"-N1756/(1.202*2465560*MAX(0,(Inputs!$R$49-Q1756)))","v":4.3231634035289108},{"$f":"params!$C$16*R1756*(G1756-Inputs!$R$27)","v":-101826.62340477093},-320354.67538032559,{"$f":"E1756*params!$C$8","v":0}]
["1995-03-15",3,15,"04:00:00",0,0,1.1000000000000001,0.4,95,{"$f":"Inputs!$R$38*Inputs!$R$33*(G1757-Inputs!$R$27)","v":-113974.10646281707},{"$f":"Inputs!$R$34*E1757*Inputs!$R$39","v":0},{"$f":"params!$C$16*Inputs!$R$30*(G1757-Inputs!$R$27)","v":-17847.65982873983},{"$f":"Inputs!$R$41*Inputs!$R$42/8760","v":0},{"$f":"-Inputs!$R$45*Inputs!$R$34","v":-90000},659.87933273383078,4.077199179350414E-3,3.8733392203828933E-3,{"$f":"-N1757/(1.202*2465560*MAX(0,(Inputs!$R$49-Q1757)))","v":4.2622682361864488},{"$f":"params!$C$16*R1757*(G1757-Inputs!$R$27)","v":-102965.01107836689},-324786.77736992377,{"$f":"E1757*params!$C$8","v":0}]
["1995-03-15",3,15,"05:00:00",0,0,0.8,0.1,95,{"$f":"Inputs!$R$38*Inputs!$R$33*(G1758-Inputs!$R$27)","v":-115682.76880290372},{"$f":"Inputs!$R$34*E1758*Inputs!$R$39","v":0},{"$f":"params!$C$16*Inputs!$R$30*(G1758-Inputs!$R$27)","v":-18115.226078254531},{"$f":"Inputs!$R$41*Inputs!$R$42/8760","v":0},{"$f":"-Inputs!$R$45*Inputs!$R$34","v":-90000},645.76276235728631,3.9894176192746562E-3,3.789946738310923E-3,{"$f":"-N1758/(1.202*2465560*MAX(0,(Inputs!$R$49-Q1758)))","v":4.2129585321173089},{"$f":"params!$C$16*R1758*(G1758-Inputs!$R$27)","v":-103299.58005362182},-327097.57493478007,{"$f":"E1758*params!$C$8","v":0}]
["1995-03-15",3,15,"06:00:00",0,0,0.5,0,96,{"$f":"Inputs!$R$38*Inputs!$R$33*(G1759-Inputs!$R$27)","v":-117391.43114299039},{"$f":"Inputs!$R$34*E1759*Inputs!$R$39","v":0},{"$f":"params!$C$16*Inputs!$R$30*(G1759-Inputs!$R$27)","v":-18382.792327769235},{"$f":"Inputs!$R$41*Inputs!$R$42/8760","v":0},{"$f":"-Inputs!$R$45*Inputs!$R$34","v":-90000},631.91436873737246,3.9033275880190387E-3,3.7471944844982776E-3,{"$f":"-N1759/(1.202*2465560*MAX(0,(Inputs!$R$49-Q1759)))","v":4.188119037806052},{"$f":"params!$C$16*R1759*(G1759-Inputs!$R$27)","v":-104207.29222921329},-329981.51569997292,{"$f":"E1759*params!$C$8","v":0}]
["1995-03-15",3,15,"07:00:00",15,0,1.6,0.5,92,{"$f":"Inputs!$R$38*Inputs!$R$33*(G1760-Inputs!$R$27)","v":-111126.33589600598},{"$f":"Inputs!$R$34*E1760*Inputs!$R$39","v":8779.3457761591981},{"$f":"params!$C$16*Inputs!$R$30*(G1760-Inputs!$R$27)","v":-17401.716079548663},{"$f":"Inputs!$R$41*Inputs!$R$42/8760","v":0},{"$f":"-Inputs!$R$45*Inputs!$R$34","v":-90000},684.01504143025329,4.2273401402413606E-3,3.8891529290220519E-3,{"$f":"-N1760/(1.202*2465560*MAX(0,(Inputs!$R$49-Q1760)))","v":4.2717493160066349},{"$f":"params!$C$16*R1760*(G1760-Inputs!$R$27)","v":-100615.62987083296},-310364.33607022837,{"$f":"E1760*params!$C$8","v":31.072499999999998}]
["1995-03-15",3,15,"08:00:00",151,0,3.8,2.2000000000000002,89,{"$f":"Inputs!$R$38*Inputs!$R$33*(G1761-Inputs!$R$27)","v":-98596.145402037204},{"$f":"Inputs!$R$34*E1761*Inputs!$R$39","v":88378.747480002596},{"$f":"params!$C$16*Inputs!$R$30*(G1761-Inputs!$R$27)","v":-15439.563583107529},{"$f":"Inputs!$R$41*Inputs!$R$42/8760","v":0},{"$f":"-Inputs!$R$45*Inputs!$R$34","v":-90000},799.75278170517424,4.9483114832316053E-3,4.4039972200761281E-3,{"$f":"-N1761/(1.202*2465560*MAX(0,(Inputs!$R$49-Q1761)))","v":4.6052629779386161},{"$f":"params!$C$16*R1761*(G1761-Inputs!$R$27)","v":-96240.322267001073},-211897.28377214319,{"$f":"E1761*params!$C$8","v":312.79649999999998}]
["1995-03-15",3,15,"09:00:00",341,0,7.7,3.3,74,{"$f":"Inputs!$R$38*Inputs!$R$33*(G1762-Inputs!$R$27)","v":-76383.534980910728},{"$f":"Inputs!$R$34*E1762*Inputs!$R$39","v":199583.79397801912},{"$f":"params!$C$16*Inputs!$R$30*(G1762-Inputs!$R$27)","v":-11961.202339416424},{"$f":"Inputs!$R$41*Inputs!$R$42/8760","v":0},{"$f":"-Inputs!$R$45*Inputs!$R$34","v":-90000},1047.9935141086903,6.5003037959358509E-3,4.8102248089925302E-3,{"$f":"-N1762/(1.202*2465560*MAX(0,(Inputs!$R$49-Q1762)))","v":4.9075845777820684},{"$f":"params!$C$16*R1762*(G1762-Inputs!$R$27)","v":-79452.989617779182},-58213.932960087215,{"$f":"E1762*params!$C$8","v":706.38149999999996}]
["1995-03-15",3,15,"10:00:00",516,0,12.5,4.2,57,{"$f":"Inputs!$R$38*Inputs!$R$33*(G1763-Inputs!$R$27)","v":-49044.937539524282},{"$f":"Inputs!$R$34*E1763*Inputs!$R$39","v":302009.49469987646},{"$f":"params!$C$16*Inputs!$R$30*(G1763-Inputs!$R$27)","v":-7680.1423471812159},{"$f":"Inputs!$R$41*Inputs!$R$42/8760","v":0},{"$f":"-Inputs!$R$45*Inputs!$R$34","v":-90000},1445.0719863689671,8.9988638553995196E-3,5.129352397577727E-3,{"$f":"-N1763/(1.202*2465560*MAX(0,(Inputs!$R$49-Q1763)))","v":5.1744380572506223},{"$f":"params!$C$16*R1763*(G1763-Inputs!$R$27)","v":-53789.818030798087},101494.59678237289,{"$f":"E1763*params!$C$8","v":1068.894}]
["1995-03-15",3,15,"11:00:00",650,0,17.2,5,44,{"$f":"Inputs!$R$38*Inputs!$R$33*(G1764-Inputs!$R$27)","v":-22275.894211500065},{"$f":"Inputs!$R$34*E1764*Inputs!$R$39","v":380438.31696689862},{"$f":"params!$C$16*Inputs!$R$30*(G1764-Inputs!$R$27)","v":-3488.2711047842431},{"$f":"Inputs!$R$41*Inputs!$R$42/8760","v":0},{"$f":"-Inputs!$R$45*Inputs!$R$34","v":-90000},1956.433941157356,1.2245952930431422E-2,5.388219289389826E-3,{"$f":"-N1764/(1.202*2465560*MAX(0,(Inputs!$R$49-Q1764)))","v":5.4132035685648141},{"$f":"params!$C$16*R1764*(G1764-Inputs!$R$27)","v":-25558.314098277737},239115.8375523366,{"$f":"E1764*params!$C$8","v":1346.4749999999999}]
["1995-03-15",3,15,"12:00:00",729,0,20,6.6,42,{"$f":"Inputs!$R$38*Inputs!$R$33*(G1765-Inputs!$R$27)","v":-6328.3790373579704},{"$f":"Inputs!$R$34*E1765*Inputs!$R$39","v":426676.20472133707},{"$f":"params!$C$16*Inputs!$R$30*(G1765-Inputs!$R$27)","v":-990.98610931370501},{"$f":"Inputs!$R$41*Inputs!$R$42/8760","v":0},{"$f":"-Inputs!$R$45*Inputs!$R$34","v":-90000},2331.2150168593957,1.4647072201887702E-2,6.151770324792835E-3,{"$f":"-N1765/(1.202*2465560*MAX(0,(Inputs!$R$49-Q1765)))","v":6.2660340499542446},{"$f":"params!$C$16*R1765*(G1765-Inputs!$R$27)","v":-8404.8105904989989},320952.02898416633,{"$f":"E1765*params!$C$8","v":1510.1234999999999}]
["1995-03-15",3,15,"13:00:00",697,2,22.7,6.1,34,{"$f":"Inputs!$R$38*Inputs!$R$33*(G1766-Inputs!$R$27)","v":9049.5820234218991},{"$f":"Inputs!$R$34*E1766*Inputs!$R$39","v":407946.93373219745},{"$f":"params!$C$16*Inputs!$R$30*(G1766-Inputs!$R$27)","v":1417.1101363185983},{"$f":"Inputs!$R$41*Inputs!$R$42/8760","v":0},{"$f":"-Inputs!$R$45*Inputs!$R$34","v":-90000},2750.653088702984,1.7355947685364897E-2,5.9010222130240651E-3,{"$f":"-N1766/(1.202*2465560*MAX(0,(Inputs!$R$49-Q1766)))","v":5.9577910495708286},{"$f":"params!$C$16*R1766*(G1766-Inputs!$R$27)","v":11427.638283099266},339841.26417503721,{"$f":"E1766*params!$C$8","v":1443.8354999999999}]
["1995-03-15",3,15,"14:00:00",607,3,22.2,6.1,35,{"$f":"Inputs!$R$38*Inputs!$R$33*(G1767-Inputs!$R$27)","v":6201.8114566108106},{"$f":"Inputs!$R$34*E1767*Inputs!$R$39","v":355270.85907524225},{"$f":"params!$C$16*Inputs!$R$30*(G1767-Inputs!$R$27)","v":971.16638712743099},{"$f":"Inputs!$R$41*Inputs!$R$42/8760","v":0},{"$f":"-Inputs!$R$45*Inputs!$R$34","v":-90000},2668.3451911941711,1.6822558450165632E-2,5.8878954575579713E-3,{"$f":"-N1767/(1.202*2465560*MAX(0,(Inputs!$R$49-Q1767)))","v":5.942487630087113},{"$f":"params!$C$16*R1767*(G1767-Inputs!$R$27)","v":7811.411958139227},280255.24887711968,{"$f":"E1767*params!$C$8","v":1257.4005}]
["1995-03-15",3,15,"15:00:00",591,2,21.6,6.6,38,{"$f":"Inputs!$R$38*Inputs!$R$33*(G1768-Inputs!$R$27)","v":2784.4867764375181},{"$f":"Inputs!$R$34*E1768*Inputs!$R$39","v":345906.22358067241},{"$f":"params!$C$16*Inputs!$R$30*(G1768-Inputs!$R$27)","v":436.03388809803198},{"$f":"Inputs!$R$41*Inputs!$R$42/8760","v":0},{"$f":"-Inputs!$R$45*Inputs!$R$34","v":-90000},2572.4230683269375,1.6202065300483511E-2,6.1567848141837345E-3,{"$f":"-N1768/(1.202*2465560*MAX(0,(Inputs!$R$49-Q1768)))","v":6.2725239697668966},{"$f":"params!$C$16*R1768*(G1768-Inputs!$R$27)","v":3701.9469104037116},262828.69115561165,{"$f":"E1768*params!$C$8","v":1224.2565}]
["1995-03-15",3,15,"16:00:00",370,3,21.6,8.3000000000000007,42,{"$f":"Inputs!$R$38*Inputs!$R$33*(G1769-Inputs!$R$27)","v":2784.4867764375181},{"$f":"Inputs!$R$34*E1769*Inputs!$R$39","v":216557.19581192691},{"$f":"params!$C$16*Inputs!$R$30*(G1769-Inputs!$R$27)","v":436.03388809803198},{"$f":"Inputs!$R$41*Inputs!$R$42/8760","v":0},{"$f":"-Inputs!$R$45*Inputs!$R$34","v":-90000},2572.4230683269375,1.6202065300483511E-2,6.8048674262030755E-3,{"$f":"-N1769/(1.202*2465560*MAX(0,(Inputs!$R$49-Q1769)))","v":7.2419270072561961},{"$f":"params!$C$16*R1769*(G1769-Inputs!$R$27)","v":4274.0736327353688},134051.79010919784,{"$f":"E1769*params!$C$8","v":766.45499999999993}]
["1995-03-15",3,15,"17:00:00",237,2,20.5,8.3000000000000007,45,{"$f":"Inputs!$R$38*Inputs!$R$33*(G1770-Inputs!$R$27)","v":-3480.6084705468825},{"$f":"Inputs!$R$34*E1770*Inputs!$R$39","v":138713.66326331533},{"$f":"params!$C$16*Inputs!$R$30*(G1770-Inputs!$R$27)","v":-545.04236012253762},{"$f":"Inputs!$R$41*Inputs!$R$42/8760","v":0},{"$f":"-Inputs!$R$45*Inputs!$R$34","v":-90000},2404.3717699216595,1.511788976893247E-2,6.8030503960196118E-3,{"$f":"-N1770/(1.202*2465560*MAX(0,(Inputs!$R$49-Q1770)))","v":7.2387904023273135},{"$f":"params!$C$16*R1770*(G1770-Inputs!$R$27)","v":-5340.2780710998613},39347.734361546027,{"$f":"E1770*params!$C$8","v":490.94549999999998}]
["1995-03-15",3,15,"18:00:00",84,3,18.3,8.3000000000000007,52,{"$f":"Inputs!$R$38*Inputs!$R$33*(G1771-Inputs!$R$27)","v":-16010.798964515663},{"$f":"Inputs!$R$34*E1771*Inputs!$R$39","v":49164.336346491516},{"$f":"params!$C$16*Inputs!$R$30*(G1771-Inputs!$R$27)","v":-2507.1948565636735},{"$f":"Inputs!$R$41*Inputs!$R$42/8760","v":0},{"$f":"-Inputs!$R$45*Inputs!$R$34","v":-90000},2096.843724028703,1.3143395064644483E-2,6.8345654336151307E-3,{"$f":"-N1771/(1.202*2465560*MAX(0,(Inputs!$R$49-Q1771)))","v":7.2935805090719006},{"$f":"params!$C$16*R1771*(G1771-Inputs!$R$27)","v":-24751.212714133446},-84104.870188721266,{"$f":"E1771*params!$C$8","v":174.006}]
["1995-03-15",3,15,"19:00:00",0,2,13.8,7.2,64,{"$f":"Inputs!$R$38*Inputs!$R$33*(G1772-Inputs!$R$27)","v":-41640.73406581545},{"$f":"Inputs!$R$34*E1772*Inputs!$R$39","v":0},{"$f":"params!$C$16*Inputs!$R$30*(G1772-Inputs!$R$27)","v":-6520.6885992841799},{"$f":"Inputs!$R$41*Inputs!$R$42/8760","v":0},{"$f":"-Inputs!$R$45*Inputs!$R$34","v":-90000},1573.1538512037964,9.8090438437819852E-3,6.2777880600204707E-3,{"$f":"-N1772/(1.202*2465560*MAX(0,(Inputs!$R$49-Q1772)))","v":6.4333111581458358},{"$f":"params!$C$16*R1772*(G1772-Inputs!$R$27)","v":-56780.031756075688},-194941.45442117529,{"$f":"E1772*params!$C$8","v":0}]
["1995-03-15",3,15,"20:00:00",0,0,12.7,7.2,69,{"$f":"Inputs!$R$38*Inputs!$R$33*(G1773-Inputs!$R$27)","v":-47905.829312799855},{"$f":"Inputs!$R$34*E1773*Inputs!$R$39","v":0},{"$f":"params!$C$16*Inputs!$R$30*(G1773-Inputs!$R$27)","v":-7501.7648475047499},{"$f":"Inputs!$R$41*Inputs!$R$42/8760","v":0},{"$f":"-Inputs!$R$45*Inputs!$R$34","v":-90000},1464.1592348808538,9.1194681912721114E-3,6.2924330519777572E-3,{"$f":"-N1773/(1.202*2465560*MAX(0,(Inputs!$R$49-Q1773)))","v":6.4533321342026593},{"$f":"params!$C$16*R1773*(G1773-Inputs!$R$27)","v":-65526.214207731966},-210933.80836803658,{"$f":"E1773*params!$C$8","v":0}]
["1995-03-15",3,15,"21:00:00",0,0,9.4,6.1,80,{"$f":"Inputs!$R$38*Inputs!$R$33*(G1774-Inputs!$R$27)","v":-66701.115053753019},{"$f":"Inputs!$R$34*E1774*Inputs!$R$39","v":0},{"$f":"params!$C$16*Inputs!$R$30*(G1774-Inputs!$R$27)","v":-10444.993592166453},{"$f":"Inputs!$R$41*Inputs!$R$42/8760","v":0},{"$f":"-Inputs!$R$45*Inputs!$R$34","v":-90000},1175.9507731568485,7.3032931169560531E-3,5.842634493564842E-3,{"$f":"-N1774/(1.202*2465560*MAX(0,(Inputs!$R$49-Q1774)))","v":5.8903191187599537},{"$f":"params!$C$16*R1774*(G1774-Inputs!$R$27)","v":-83274.994975067428},-250421.10362098692,{"$f":"E1774*params!$C$8","v":0}]
["1995-03-15",3,15,"22:00:00",0,0,8.8000000000000007,6.6,86,{"$f":"Inputs!$R$38*Inputs!$R$33*(G1775-Inputs!$R$27)","v":-70118.439733926323},{"$f":"Inputs!$R$34*E1775*Inputs!$R$39","v":0},{"$f":"params!$C$16*Inputs!$R$30*(G1775-Inputs!$R$27)","v":-10980.126091195854},{"$f":"Inputs!$R$41*Inputs!$R$42/8760","v":0},{"$f":"-Inputs!$R$45*Inputs!$R$34","v":-90000},1129.2996391964346,7.0102987159933764E-3,6.028856895754304E-3,{"$f":"-N1775/(1.202*2465560*MAX(0,(Inputs!$R$49-Q1775)))","v":6.11105053916015},{"$f":"params!$C$16*R1775*(G1775-Inputs!$R$27)","v":-90821.948690829508},-261920.51451595168,{"$f":"E1775*params!$C$8","v":0}]
["1995-03-15",3,15,"23:00:00",0,0,7.2,5.5,89,{"$f":"Inputs!$R$38*Inputs!$R$33*(G1776-Inputs!$R$27)","v":-79231.305547721815},{"$f":"Inputs!$R$34*E1776*Inputs!$R$39","v":0},{"$f":"params!$C$16*Inputs!$R$30*(G1776-Inputs!$R$27)","v":-12407.146088607591},{"$f":"Inputs!$R$41*Inputs!$R$42/8760","v":0},{"$f":"-Inputs!$R$45*Inputs!$R$34","v":-90000},1012.7753618292717,6.2796535698688054E-3,5.588891677183236E-3,{"$f":"-N1776/(1.202*2465560*MAX(0,(Inputs!$R$49-Q1776)))","v":5.6140172291249995},{"$f":"params!$C$16*R1776*(G1776-Inputs!$R$27)","v":-94278.627214926528},-275917.07885125594,{"$f":"E1776*params!$C$8","v":0}]
["1995-03-15",3,15,1,0,0,5.5,5,97,{"$f":"Inputs!$R$38*Inputs!$R$33*(G1777-Inputs!$R$27)","v":-88913.725474879509},{"$f":"Inputs!$R$34*E1777*Inputs!$R$39","v":0},{"$f":"params!$C$16*Inputs!$R$30*(G1777-Inputs!$R$27)","v":-13923.354835857559},{"$f":"Inputs!$R$41*Inputs!$R$42/8760","v":0},{"$f":"-Inputs!$R$45*Inputs!$R$34","v":-90000},900.71602087450731,5.5786043819837112E-3,5.4112462505242001E-3,{"$f":"-N1777/(1.202*2465560*MAX(0,(Inputs!$R$49-Q1777)))","v":5.4355140604185568},{"$f":"params!$C$16*R1777*(G1777-Inputs!$R$27)","v":-102435.88594432345},-295272.96625506051,{"$f":"E1777*params!$C$8","v":0}]
["1995-03-16",3,16,"01:00:00",0,1,4.4000000000000004,4,97,{"$f":"Inputs!$R$38*Inputs!$R$33*(G1778-Inputs!$R$27)","v":-95178.820721863885},{"$f":"Inputs!$R$34*E1778*Inputs!$R$39","v":0},{"$f":"params!$C$16*Inputs!$R$30*(G1778-Inputs!$R$27)","v":-14904.431084078125},{"$f":"Inputs!$R$41*Inputs!$R$42/8760","v":0},{"$f":"-Inputs!$R$45*Inputs!$R$34","v":-90000},834.18129245512239,5.1630993453363316E-3,5.0082063649762422E-3,{"$f":"-N1778/(1.202*2465560*MAX(0,(Inputs!$R$49-Q1778)))","v":5.0697879406979824},{"$f":"params!$C$16*R1778*(G1778-Inputs!$R$27)","v":-102275.78238792685},-302359.03419386887,{"$f":"E1778*params!$C$8","v":0}]
["1995-03-16",3,16,"02:00:00",0,1,3.7,3.3,97,{"$f":"Inputs!$R$38*Inputs!$R$33*(G1779-Inputs!$R$27)","v":-99165.699515399421},{"$f":"Inputs!$R$34*E1779*Inputs!$R$39","v":0},{"$f":"params!$C$16*Inputs!$R$30*(G1779-Inputs!$R$27)","v":-15528.752332945764},{"$f":"Inputs!$R$41*Inputs!$R$42/8760","v":0},{"$f":"-Inputs!$R$45*Inputs!$R$34","v":-90000},794.13852655085327,4.9132999907153096E-3,4.7659009909938503E-3,{"$f":"-N1779/(1.202*2465560*MAX(0,(Inputs!$R$49-Q1779)))","v":4.8726825541158263},{"$f":"params!$C$16*R1779*(G1779-Inputs!$R$27)","v":-102417.05781437685},-307111.509662722,{"$f":"E1779*params!$C$8","v":0}]
["1995-03-16",3,16,"03:00:00",0,2,3.2,2.7,97,{"$f":"Inputs!$R$38*Inputs!$R$33*(G1780-Inputs!$R$27)","v":-102013.47008221051},{"$f":"Inputs!$R$34*E1780*Inputs!$R$39","v":0},{"$f":"params!$C$16*Inputs!$R$30*(G1780-Inputs!$R$27)","v":-15974.69608213693},{"$f":"Inputs!$R$41*Inputs!$R$42/8760","v":0},{"$f":"-Inputs!$R$45*Inputs!$R$34","v":-90000},766.58671112411537,4.741538643964688E-3,4.5992924846457476E-3,{"$f":"-N1780/(1.202*2465560*MAX(0,(Inputs!$R$49-Q1780)))","v":4.7458141290398395},{"$f":"params!$C$16*R1780*(G1780-Inputs!$R$27)","v":-102615.02200162348},-310603.1881659709,{"$f":"E1780*params!$C$8","v":0}]
["1995-03-16",3,16,"04:00:00",0,2,2.6,2.1,96,{"$f":"Inputs!$R$38*Inputs!$R$33*(G1781-Inputs!$R$27)","v":-105430.79476238381},{"$f":"Inputs!$R$34*E1781*Inputs!$R$39","v":0},{"$f":"params!$C$16*Inputs!$R$30*(G1781-Inputs!$R$27)","v":-16509.82858116633},{"$f":"Inputs!$R$41*Inputs!$R$42/8760","v":0},{"$f":"-Inputs!$R$45*Inputs!$R$34","v":-90000},734.64310151877623,4.5425161056322633E-3,4.360815461406973E-3,{"$f":"-N1781/(1.202*2465560*MAX(0,(Inputs!$R$49-Q1781)))","v":4.5753022689631937},{"$f":"params!$C$16*R1781*(G1781-Inputs!$R$27)","v":-102242.14880545982},-314182.77214900998,{"$f":"E1781*params!$C$8","v":0}]
["1995-03-16",3,16,"05:00:00",0,3,2.2000000000000002,1.6,96,{"$f":"Inputs!$R$38*Inputs!$R$33*(G1782-Inputs!$R$27)","v":-107709.0112158327},{"$f":"Inputs!$R$34*E1782*Inputs!$R$39","v":0},{"$f":"params!$C$16*Inputs!$R$30*(G1782-Inputs!$R$27)","v":-16866.583580519266},{"$f":"Inputs!$R$41*Inputs!$R$42/8760","v":0},{"$f":"-Inputs!$R$45*Inputs!$R$34","v":-90000},714.00723647805364,4.4140129099852635E-3,4.2374523935858532E-3,{"$f":"-N1782/(1.202*2465560*MAX(0,(Inputs!$R$49-Q1782)))","v":4.4918180021518967},{"$f":"params!$C$16*R1782*(G1782-Inputs!$R$27)","v":-102545.56617855582},-317121.16097490781,{"$f":"E1782*params!$C$8","v":0}]
["1995-03-16",3,16,"06:00:00",0,2,3.3,2.7,96,{"$f":"Inputs!$R$38*Inputs!$R$33*(G1783-Inputs!$R$27)","v":-101443.91596884829},{"$f":"Inputs!$R$34*E1783*Inputs!$R$39","v":0},{"$f":"params!$C$16*Inputs!$R$30*(G1783-Inputs!$R$27)","v":-15885.507332298695},{"$f":"Inputs!$R$41*Inputs!$R$42/8760","v":0},{"$f":"-Inputs!$R$45*Inputs!$R$34","v":-90000},772.02842975916951,4.7754555160627581E-3,4.5844372954202475E-3,{"$f":"-N1783/(1.202*2465560*MAX(0,(Inputs!$R$49-Q1783)))","v":4.734822295797426},{"$f":"params!$C$16*R1783*(G1783-Inputs!$R$27)","v":-101805.76847575823},-309135.19177690521,{"$f":"E1783*params!$C$8","v":0}]
["1995-03-16",3,16,"07:00:00",18,9,2.2000000000000002,2.2000000000000002,100,{"$f":"Inputs!$R$38*Inputs!$R$33*(G1784-Inputs!$R$27)","v":-107709.0112158327},{"$f":"Inputs!$R$34*E1784*Inputs!$R$39","v":10535.214931391038},{"$f":"params!$C$16*Inputs!$R$30*(G1784-Inputs!$R$27)","v":-16866.583580519266},{"$f":"Inputs!$R$41*Inputs!$R$42/8760","v":0},{"$f":"-Inputs!$R$45*Inputs!$R$34","v":-90000},714.00723647805364,4.4140129099852635E-3,4.4140129099852635E-3,{"$f":"-N1784/(1.202*2465560*MAX(0,(Inputs!$R$49-Q1784)))","v":4.6122682886189192},{"$f":"params!$C$16*R1784*(G1784-Inputs!$R$27)","v":-105295.37545760782},-309335.7553225687,{"$f":"E1784*params!$C$8","v":37.286999999999999}]
["1995-03-16",3,16,"08:00:00",125,9,5.5,5,97,{"$f":"Inputs!$R$38*Inputs!$R$33*(G1785-Inputs!$R$27)","v":-88913.725474879509},{"$f":"Inputs!$R$34*E1785*Inputs!$R$39","v":73161.214801326656},{"$f":"params!$C$16*Inputs!$R$30*(G1785-Inputs!$R$27)","v":-13923.354835857559},{"$f":"Inputs!$R$41*Inputs!$R$42/8760","v":0},{"$f":"-Inputs!$R$45*Inputs!$R$34","v":-90000},900.71602087450731,5.5786043819837112E-3,5.4112462505242001E-3,{"$f":"-N1785/(1.202*2465560*MAX(0,(Inputs!$R$49-Q1785)))","v":5.4355140604185568},{"$f":"params!$C$16*R1785*(G1785-Inputs!$R$27)","v":-102435.88594432345},-222111.75145373389,{"$f":"E1785*params!$C$8","v":258.9375}]
["1995-03-16",3,16,"09:00:00",107,10,8.3000000000000007,5.5,83,{"$f":"Inputs!$R$38*Inputs!$R$33*(G1786-Inputs!$R$27)","v":-72966.21030073741},{"$f":"Inputs!$R$34*E1786*Inputs!$R$39","v":62625.999869935615},{"$f":"params!$C$16*Inputs!$R$30*(G1786-Inputs!$R$27)","v":-11426.069840387021},{"$f":"Inputs!$R$41*Inputs!$R$42/8760","v":0},{"$f":"-Inputs!$R$45*Inputs!$R$34","v":-90000},1091.6777773743988,6.7742116984131845E-3,5.6225957096829428E-3,{"$f":"-N1786/(1.202*2465560*MAX(0,(Inputs!$R$49-Q1786)))","v":5.6492154961489751},{"$f":"params!$C$16*R1786*(G1786-Inputs!$R$27)","v":-87368.047295626253},-199134.32756681507,{"$f":"E1786*params!$C$8","v":221.65049999999999}]
["1995-03-16",3,16,"10:00:00",157,10,10,6.1,77,{"$f":"Inputs!$R$38*Inputs!$R$33*(G1787-Inputs!$R$27)","v":-63283.790373579723},{"$f":"Inputs!$R$34*E1787*Inputs!$R$39","v":91890.485790466264},{"$f":"params!$C$16*Inputs!$R$30*(G1787-Inputs!$R$27)","v":-9909.8610931370531},{"$f":"Inputs!$R$41*Inputs!$R$42/8760","v":0},{"$f":"-Inputs!$R$45*Inputs!$R$34","v":-90000},1224.2915728566036,7.6071876458255446E-3,5.8575344872856695E-3,{"$f":"-N1787/(1.202*2465560*MAX(0,(Inputs!$R$49-Q1787)))","v":5.9073916615163782},{"$f":"params!$C$16*R1787*(G1787-Inputs!$R$27)","v":-79237.533028249178},-150540.69870449969,{"$f":"E1787*params!$C$8","v":325.22550000000001}]
["1995-03-16",3,16,"11:00:00",194,10,11.6,6.6,71,{"$f":"Inputs!$R$38*Inputs!$R$33*(G1788-Inputs!$R$27)","v":-54170.924559784246},{"$f":"Inputs!$R$34*E1788*Inputs!$R$39","v":113546.20537165899},{"$f":"params!$C$16*Inputs!$R$30*(G1788-Inputs!$R$27)","v":-8482.8410957253182},{"$f":"Inputs!$R$41*Inputs!$R$42/8760","v":0},{"$f":"-Inputs!$R$45*Inputs!$R$34","v":-90000},1361.8604305174304,8.473622919620909E-3,6.0162722729308451E-3,{"$f":"-N1788/(1.202*2465560*MAX(0,(Inputs!$R$49-Q1788)))","v":6.0956139598701524},{"$f":"params!$C$16*R1788*(G1788-Inputs!$R$27)","v":-69988.453917828578},-109096.01420167915,{"$f":"E1788*params!$C$8","v":401.87099999999998}]
["1995-03-16",3,16,"12:00:00",215,10,11.1,6.6,74,{"$f":"Inputs!$R$38*Inputs!$R$33*(G1789-Inputs!$R$27)","v":-57018.695126595332},{"$f":"Inputs!$R$34*E1789*Inputs!$R$39","v":125837.28945828184},{"$f":"params!$C$16*Inputs!$R$30*(G1789-Inputs!$R$27)","v":-8928.7848449164849},{"$f":"Inputs!$R$41*Inputs!$R$42/8760","v":0},{"$f":"-Inputs!$R$45*Inputs!$R$34","v":-90000},1317.4782376741875,8.1938348219052388E-3,6.0634377682098773E-3,{"$f":"-N1789/(1.202*2465560*MAX(0,(Inputs!$R$49-Q1789)))","v":6.1538736219550589},{"$f":"params!$C$16*R1789*(G1789-Inputs!$R$27)","v":-74371.843086123961},-104482.03359935395,{"$f":"E1789*params!$C$8","v":445.3725}]
["1995-03-16",3,16,"13:00:00",720,6,13.9,7.3,64,{"$f":"Inputs!$R$38*Inputs!$R$33*(G1790-Inputs!$R$27)","v":-41071.179952453233},{"$f":"Inputs!$R$34*E1790*Inputs!$R$39","v":421408.59725564154},{"$f":"params!$C$16*Inputs!$R$30*(G1790-Inputs!$R$27)","v":-6431.4998494459469},{"$f":"Inputs!$R$41*Inputs!$R$42/8760","v":0},{"$f":"-Inputs!$R$45*Inputs!$R$34","v":-90000},1583.4071170108264,9.873990681036721E-3,6.3193540358635015E-3,{"$f":"-N1790/(1.202*2465560*MAX(0,(Inputs!$R$49-Q1790)))","v":6.4904624051351387},{"$f":"params!$C$16*R1790*(G1790-Inputs!$R$27)","v":-56500.919504329278},227404.99794941308,{"$f":"E1790*params!$C$8","v":1491.48}]
["1995-03-16",3,16,"14:00:00",646,2,16.600000000000001,8.3000000000000007,58,{"$f":"Inputs!$R$38*Inputs!$R$33*(G1791-Inputs!$R$27)","v":-25693.218891673358},{"$f":"Inputs!$R$34*E1791*Inputs!$R$39","v":378097.15809325612},{"$f":"params!$C$16*Inputs!$R$30*(G1791-Inputs!$R$27)","v":-4023.4036038136419},{"$f":"Inputs!$R$41*Inputs!$R$42/8760","v":0},{"$f":"-Inputs!$R$45*Inputs!$R$34","v":-90000},1883.3773233567488,1.1780007164510733E-2,6.8324041554162253E-3,{"$f":"-N1791/(1.202*2465560*MAX(0,(Inputs!$R$49-Q1791)))","v":7.2897965677190486},{"$f":"params!$C$16*R1791*(G1791-Inputs!$R$27)","v":-39698.730833629372},218681.8047641397,{"$f":"E1791*params!$C$8","v":1338.1889999999999}]
["1995-03-16",3,16,"15:00:00",351,9,17.7,7.2,50,{"$f":"Inputs!$R$38*Inputs!$R$33*(G1792-Inputs!$R$27)","v":-19428.123644688978},{"$f":"Inputs!$R$34*E1792*Inputs!$R$39","v":205436.69116212524},{"$f":"params!$C$16*Inputs!$R$30*(G1792-Inputs!$R$27)","v":-3042.3273555930755},{"$f":"Inputs!$R$41*Inputs!$R$42/8760","v":0},{"$f":"-Inputs!$R$45*Inputs!$R$34","v":-90000},2019.2002466438246,1.2646815921394168E-2,6.323407960697084E-3,{"$f":"-N1792/(1.202*2465560*MAX(0,(Inputs!$R$49-Q1792)))","v":6.4960907532137675},{"$f":"params!$C$16*R1792*(G1792-Inputs!$R$27)","v":-26750.114124379335},66216.126037463851,{"$f":"E1792*params!$C$8","v":727.09649999999999}]
["1995-03-16",3,16,"16:00:00",306,9,17.2,7.2,52,{"$f":"Inputs!$R$38*Inputs!$R$33*(G1793-Inputs!$R$27)","v":-22275.894211500065},{"$f":"Inputs!$R$34*E1793*Inputs!$R$39","v":179098.65383364767},{"$f":"params!$C$16*Inputs!$R$30*(G1793-Inputs!$R$27)","v":-3488.2711047842431},{"$f":"Inputs!$R$41*Inputs!$R$42/8760","v":0},{"$f":"-Inputs!$R$45*Inputs!$R$34","v":-90000},1956.433941157356,1.2245952930431422E-2,6.36789552382434E-3,{"$f":"-N1793/(1.202*2465560*MAX(0,(Inputs!$R$49-Q1793)))","v":6.5585034554638808},{"$f":"params!$C$16*R1793*(G1793-Inputs!$R$27)","v":-30965.820739275736},32368.667778087616,{"$f":"E1793*params!$C$8","v":633.87900000000002}]
["1995-03-16",3,16,"17:00:00",142,9,16.600000000000001,7.2,54,{"$f":"Inputs!$R$38*Inputs!$R$33*(G1794-Inputs!$R$27)","v":-25693.218891673358},{"$f":"Inputs!$R$34*E1794*Inputs!$R$39","v":83111.140014307079},{"$f":"params!$C$16*Inputs!$R$30*(G1794-Inputs!$R$27)","v":-4023.4036038136419},{"$f":"Inputs!$R$41*Inputs!$R$42/8760","v":0},{"$f":"-Inputs!$R$45*Inputs!$R$34","v":-90000},1883.3773233567488,1.1780007164510733E-2,6.361203868835796E-3,{"$f":"-N1794/(1.202*2465560*MAX(0,(Inputs!$R$49-Q1794)))","v":6.5490390484918919},{"$f":"params!$C$16*R1794*(G1794-Inputs!$R$27)","v":-35664.71793688988},-72270.200418069799,{"$f":"E1794*params!$C$8","v":294.15299999999996}]
["1995-03-16",{"$f":"MONTH(A1795)","v":3},{"$f":"DAY(A1795)","v":16},"18:00:00",28,10,14.4,8.3000000000000007,67,{"$f":"Inputs!$R$38*Inputs!$R$33*(G1795-Inputs!$R$27)","v":-38223.409385642146},{"$f":"Inputs!$R$34*E1795*Inputs!$R$39","v":16388.11211549717},{"$f":"params!$C$16*Inputs!$R$30*(G1795-Inputs!$R$27)","v":-5985.5561002547793},{"$f":"Inputs!$R$41*Inputs!$R$42/8760","v":0},{"$f":"-Inputs!$R$45*Inputs!$R$34","v":-90000},{"$f":"EXP(77.345+0.0057*(G1795+273.15)-7235/(G1795+273.15))/(G1795+273.15)^8.2","v":1635.559113509069},{"$f":"0.62198*O1795/(101325-O1795)","v":1.0204541708471198E-2},{"$f":"P1795*I1795/100","v":6.837042944675702E-3},{"$f":"-N1795/(1.202*2465560*MAX(0,(Inputs!$R$49-Q1795)))","v":7.2979229427134298},{"$f":"params!$C$16*R1795*(G1795-Inputs!$R$27)","v":-59125.032464448326},{"$f":"J1795+K1795+L1795+M1795+N1795+S1795","v":-176945.88583484807},{"$f":"E1795*params!$C$8","v":58.001999999999995}]
["1995-03-16",3,16,"19:00:00",0,10,13.8,7.7,67,{"$f":"Inputs!$R$38*Inputs!$R$33*(G1796-Inputs!$R$27)","v":-41640.73406581545},{"$f":"Inputs!$R$34*E1796*Inputs!$R$39","v":0},{"$f":"params!$C$16*Inputs!$R$30*(G1796-Inputs!$R$27)","v":-6520.6885992841799},{"$f":"Inputs!$R$41*Inputs!$R$42/8760","v":0},{"$f":"-Inputs!$R$45*Inputs!$R$34","v":-90000},1573.1538512037964,9.8090438437819852E-3,6.5720593753339296E-3,{"$f":"-N1796/(1.202*2465560*MAX(0,(Inputs!$R$49-Q1796)))","v":6.8610205026662117},{"$f":"params!$C$16*R1796*(G1796-Inputs!$R$27)","v":-60554.969663981363},-198716.39232908096,{"$f":"E1796*params!$C$8","v":0}]
["1995-03-16",3,16,"20:00:00",0,10,12.2,7.7,74,{"$f":"Inputs!$R$38*Inputs!$R$33*(G1797-Inputs!$R$27)","v":-50753.599879610942},{"$f":"Inputs!$R$34*E1797*Inputs!$R$39","v":0},{"$f":"params!$C$16*Inputs!$R$30*(G1797-Inputs!$R$27)","v":-7947.7085966959166},{"$f":"Inputs!$R$41*Inputs!$R$42/8760","v":0},{"$f":"-Inputs!$R$45*Inputs!$R$34","v":-90000},1416.8513363145253,8.8206338116364833E-3,6.5272690206109978E-3,{"$f":"-N1797/(1.202*2465560*MAX(0,(Inputs!$R$49-Q1797)))","v":6.7922872655750925},{"$f":"params!$C$16*R1797*(G1797-Inputs!$R$27)","v":-73067.726357080363},-221769.03483338721,{"$f":"E1797*params!$C$8","v":0}]
["1995-03-16",3,16,"21:00:00",0,9,8.3000000000000007,6.6,89,{"$f":"Inputs!$R$38*Inputs!$R$33*(G1798-Inputs!$R$27)","v":-72966.21030073741},{"$f":"Inputs!$R$34*E1798*Inputs!$R$39","v":0},{"$f":"params!$C$16*Inputs!$R$30*(G1798-Inputs!$R$27)","v":-11426.069840387021},{"$f":"Inputs!$R$41*Inputs!$R$42/8760","v":0},{"$f":"-Inputs!$R$45*Inputs!$R$34","v":-90000},1091.6777773743988,6.7742116984131845E-3,6.0290484115877339E-3,{"$f":"-N1798/(1.202*2465560*MAX(0,(Inputs!$R$49-Q1798)))","v":6.1112860607405981},{"$f":"params!$C$16*R1798*(G1798-Inputs!$R$27)","v":-94514.208203928953},-268906.4883450534,{"$f":"E1798*params!$C$8","v":0}]
["1995-03-16",3,16,"22:00:00",0,2,7.7,5.5,86,{"$f":"Inputs!$R$38*Inputs!$R$33*(G1799-Inputs!$R$27)","v":-76383.534980910728},{"$f":"Inputs!$R$34*E1799*Inputs!$R$39","v":0},{"$f":"params!$C$16*Inputs!$R$30*(G1799-Inputs!$R$27)","v":-11961.202339416424},{"$f":"Inputs!$R$41*Inputs!$R$42/8760","v":0},{"$f":"-Inputs!$R$45*Inputs!$R$34","v":-90000},1047.9935141086903,6.5003037959358509E-3,5.5902612645048321E-3,{"$f":"-N1799/(1.202*2465560*MAX(0,(Inputs!$R$49-Q1799)))","v":5.6154389839628758},{"$f":"params!$C$16*R1799*(G1799-Inputs!$R$27)","v":-90913.036386978332},-269257.77370730549,{"$f":"E1799*params!$C$8","v":0}]
["1995-03-16",3,16,"23:00:00",0,3,6.1,5,93,{"$f":"Inputs!$R$38*Inputs!$R$33*(G1800-Inputs!$R$27)","v":-85496.400794706205},{"$f":"Inputs!$R$34*E1800*Inputs!$R$39","v":0},{"$f":"params!$C$16*Inputs!$R$30*(G1800-Inputs!$R$27)","v":-13388.222336828159},{"$f":"Inputs!$R$41*Inputs!$R$42/8760","v":0},{"$f":"-Inputs!$R$45*Inputs!$R$34","v":-90000},938.94793828269269,5.817609385555097E-3,5.4103767285662409E-3,{"$f":"-N1800/(1.202*2465560*MAX(0,(Inputs!$R$49-Q1800)))","v":5.4346682524941921},{"$f":"params!$C$16*R1800*(G1800-Inputs!$R$27)","v":-98483.521154327391},-287368.14428586175,{"$f":"E1800*params!$C$8","v":0}]
["1995-03-16",3,16,1,0,0,6.1,5,93,{"$f":"Inputs!$R$38*Inputs!$R$33*(G1801-Inputs!$R$27)","v":-85496.400794706205},{"$f":"Inputs!$R$34*E1801*Inputs!$R$39","v":0},{"$f":"params!$C$16*Inputs!$R$30*(G1801-Inputs!$R$27)","v":-13388.222336828159},{"$f":"Inputs!$R$41*Inputs!$R$42/8760","v":0},{"$f":"-Inputs!$R$45*Inputs!$R$34","v":-90000},938.94793828269269,5.817609385555097E-3,5.4103767285662409E-3,{"$f":"-N1801/(1.202*2465560*MAX(0,(Inputs!$R$49-Q1801)))","v":5.4346682524941921},{"$f":"params!$C$16*R1801*(G1801-Inputs!$R$27)","v":-98483.521154327391},-287368.14428586175,{"$f":"E1801*params!$C$8","v":0}]
["1995-03-17",3,17,"01:00:00",0,2,4.9000000000000004,4.0999999999999996,95,{"$f":"Inputs!$R$38*Inputs!$R$33*(G1802-Inputs!$R$27)","v":-92331.050155052799},{"$f":"Inputs!$R$34*E1802*Inputs!$R$39","v":0},{"$f":"params!$C$16*Inputs!$R$30*(G1802-Inputs!$R$27)","v":-14458.487334886959},{"$f":"Inputs!$R$41*Inputs!$R$42/8760","v":0},{"$f":"-Inputs!$R$45*Inputs!$R$34","v":-90000},863.86565957917867,5.3484082821954604E-3,5.080987868085687E-3,{"$f":"-N1802/(1.202*2465560*MAX(0,(Inputs!$R$49-Q1802)))","v":5.1321452384426083},{"$f":"params!$C$16*R1802*(G1802-Inputs!$R$27)","v":-100436.00054134405},-297225.53803128382,{"$f":"E1802*params!$C$8","v":0}]
["1995-03-17",3,17,"02:00:00",0,4,4.0999999999999996,3.5,96,{"$f":"Inputs!$R$38*Inputs!$R$33*(G1803-Inputs!$R$27)","v":-96887.483061950566},{"$f":"Inputs!$R$34*E1803*Inputs!$R$39","v":0},{"$f":"params!$C$16*Inputs!$R$30*(G1803-Inputs!$R$27)","v":-15171.99733359283},{"$f":"Inputs!$R$41*Inputs!$R$42/8760","v":0},{"$f":"-Inputs!$R$45*Inputs!$R$34","v":-90000},816.80669207801907,5.054686683922744E-3,4.8524992165658344E-3,{"$f":"-N1803/(1.202*2465560*MAX(0,(Inputs!$R$49-Q1803)))","v":4.941341882191419},{"$f":"params!$C$16*R1803*(G1803-Inputs!$R$27)","v":-101474.11534510677},-303533.59574065014,{"$f":"E1803*params!$C$8","v":0}]
["1995-03-17",3,17,"03:00:00",0,5,3.4,3.1,98,{"$f":"Inputs!$R$38*Inputs!$R$33*(G1804-Inputs!$R$27)","v":-100874.36185548609},{"$f":"Inputs!$R$34*E1804*Inputs!$R$39","v":0},{"$f":"params!$C$16*Inputs!$R$30*(G1804-Inputs!$R$27)","v":-15796.318582460464},{"$f":"Inputs!$R$41*Inputs!$R$42/8760","v":0},{"$f":"-Inputs!$R$45*Inputs!$R$34","v":-90000},777.5042863523754,4.8095888673616262E-3,4.7133970900143938E-3,{"$f":"-N1804/(1.202*2465560*MAX(0,(Inputs!$R$49-Q1804)))","v":4.8319762181164299},{"$f":"params!$C$16*R1804*(G1804-Inputs!$R$27)","v":-103311.4091629125},-309982.08960085904,{"$f":"E1804*params!$C$8","v":0}]
["1995-03-17",3,17,"04:00:00",0,7,2.7,2.6,99,{"$f":"Inputs!$R$38*Inputs!$R$33*(G1805-Inputs!$R$27)","v":-104861.24064902161},{"$f":"Inputs!$R$34*E1805*Inputs!$R$39","v":0},{"$f":"params!$C$16*Inputs!$R$30*(G1805-Inputs!$R$27)","v":-16420.639831328099},{"$f":"Inputs!$R$41*Inputs!$R$42/8760","v":0},{"$f":"-Inputs!$R$45*Inputs!$R$34","v":-90000},739.88380849706493,4.5751593141558633E-3,4.5294077210143047E-3,{"$f":"-N1805/(1.202*2465560*MAX(0,(Inputs!$R$49-Q1805)))","v":4.6945440276959181},{"$f":"params!$C$16*R1805*(G1805-Inputs!$R$27)","v":-104340.06550052713},-315621.9459808768,{"$f":"E1805*params!$C$8","v":0}]
["1995-03-17",3,17,"05:00:00",0,9,2.2000000000000002,2.2000000000000002,100,{"$f":"Inputs!$R$38*Inputs!$R$33*(G1806-Inputs!$R$27)","v":-107709.0112158327},{"$f":"Inputs!$R$34*E1806*Inputs!$R$39","v":0},{"$f":"params!$C$16*Inputs!$R$30*(G1806-Inputs!$R$27)","v":-16866.583580519266},{"$f":"Inputs!$R$41*Inputs!$R$42/8760","v":0},{"$f":"-Inputs!$R$45*Inputs!$R$34","v":-90000},714.00723647805364,4.4140129099852635E-3,4.4140129099852635E-3,{"$f":"-N1806/(1.202*2465560*MAX(0,(Inputs!$R$49-Q1806)))","v":4.6122682886189192},{"$f":"params!$C$16*R1806*(G1806-Inputs!$R$27)","v":-105295.37545760782},-319870.97025395976,{"$f":"E1806*params!$C$8","v":0}]
["1995-03-17",3,17,"06:00:00",0,9,2.7,2.7,100,{"$f":"Inputs!$R$38*Inputs!$R$33*(G1807-Inputs!$R$27)","v":-104861.24064902161},{"$f":"Inputs!$R$34*E1807*Inputs!$R$39","v":0},{"$f":"params!$C$16*Inputs!$R$30*(G1807-Inputs!$R$27)","v":-16420.639831328099},{"$f":"Inputs!$R$41*Inputs!$R$42/8760","v":0},{"$f":"-Inputs!$R$45*Inputs!$R$34","v":-90000},739.88380849706493,4.5751593141558633E-3,4.5751593141558633E-3,{"$f":"-N1807/(1.202*2465560*MAX(0,(Inputs!$R$49-Q1807)))","v":4.7279830121376829},{"$f":"params!$C$16*R1807*(G1807-Inputs!$R$27)","v":-105083.27417134606},-316365.15465169575,{"$f":"E1807*params!$C$8","v":0}]
["1995-03-17",3,17,"07:00:00",12,9,2.6,2.6,100,{"$f":"Inputs!$R$38*Inputs!$R$33*(G1808-Inputs!$R$27)","v":-105430.79476238381},{"$f":"Inputs!$R$34*E1808*Inputs!$R$39","v":7023.4766209273594},{"$f":"params!$C$16*Inputs!$R$30*(G1808-Inputs!$R$27)","v":-16509.82858116633},{"$f":"Inputs!$R$41*Inputs!$R$42/8760","v":0},{"$f":"-Inputs!$R$45*Inputs!$R$34","v":-90000},734.64310151877623,4.5425161056322633E-3,4.5425161056322633E-3,{"$f":"-N1808/(1.202*2465560*MAX(0,(Inputs!$R$49-Q1808)))","v":4.704076256964246},{"$f":"params!$C$16*R1808*(G1808-Inputs!$R$27)","v":-105119.80113737003},-310036.9478599928,{"$f":"E1808*params!$C$8","v":24.857999999999997}]
["1995-03-17",3,17,"08:00:00",46,10,3.8,3.3,97,{"$f":"Inputs!$R$38*Inputs!$R$33*(G1809-Inputs!$R$27)","v":-98596.145402037204},{"$f":"Inputs!$R$34*E1809*Inputs!$R$39","v":26923.327046888211},{"$f":"params!$C$16*Inputs!$R$30*(G1809-Inputs!$R$27)","v":-15439.563583107529},{"$f":"Inputs!$R$41*Inputs!$R$42/8760","v":0},{"$f":"-Inputs!$R$45*Inputs!$R$34","v":-90000},799.75278170517424,4.9483114832316053E-3,4.7998621387346577E-3,{"$f":"-N1809/(1.202*2465560*MAX(0,(Inputs!$R$49-Q1809)))","v":4.8993799642727769},{"$f":"params!$C$16*R1809*(G1809-Inputs!$R$27)","v":-102386.74944924831},-279499.13138750487,{"$f":"E1809*params!$C$8","v":95.289000000000001}]
["1995-03-17",3,17,"09:00:00",101,10,5,4.4000000000000004,96,{"$f":"Inputs!$R$38*Inputs!$R$33*(G1810-Inputs!$R$27)","v":-91761.496041690596},{"$f":"Inputs!$R$34*E1810*Inputs!$R$39","v":59114.261559471939},{"$f":"params!$C$16*Inputs!$R$30*(G1810-Inputs!$R$27)","v":-14369.298585048728},{"$f":"Inputs!$R$41*Inputs!$R$42/8760","v":0},{"$f":"-Inputs!$R$45*Inputs!$R$34","v":-90000},869.91328556198641,5.3861748872103517E-3,5.1707278917219376E-3,{"$f":"-N1810/(1.202*2465560*MAX(0,(Inputs!$R$49-Q1810)))","v":5.2111764113053907},{"$f":"params!$C$16*R1810*(G1810-Inputs!$R$27)","v":-101353.54834526639},-238370.08141253376,{"$f":"E1810*params!$C$8","v":209.22149999999999}]
["1995-03-17",3,17,"10:00:00",278,9,8.3000000000000007,5,80,{"$f":"Inputs!$R$38*Inputs!$R$33*(G1811-Inputs!$R$27)","v":-72966.21030073741},{"$f":"Inputs!$R$34*E1811*Inputs!$R$39","v":162710.54171815049},{"$f":"params!$C$16*Inputs!$R$30*(G1811-Inputs!$R$27)","v":-11426.069840387021},{"$f":"Inputs!$R$41*Inputs!$R$42/8760","v":0},{"$f":"-Inputs!$R$45*Inputs!$R$34","v":-90000},1091.6777773743988,6.7742116984131845E-3,5.4193693587305481E-3,{"$f":"-N1811/(1.202*2465560*MAX(0,(Inputs!$R$49-Q1811)))","v":5.4434283676970763},{"$f":"params!$C$16*R1811*(G1811-Inputs!$R$27)","v":-84185.442634205057},-95867.181057178997,{"$f":"E1811*params!$C$8","v":575.87699999999995}]
["1995-03-17",3,17,"11:00:00",447,9,10.5,2.2000000000000002,56,{"$f":"Inputs!$R$38*Inputs!$R$33*(G1812-Inputs!$R$27)","v":-60436.019806768636},{"$f":"Inputs!$R$34*E1812*Inputs!$R$39","v":261624.50412954413},{"$f":"params!$C$16*Inputs!$R$30*(G1812-Inputs!$R$27)","v":-9463.9173439458864},{"$f":"Inputs!$R$41*Inputs!$R$42/8760","v":0},{"$f":"-Inputs!$R$45*Inputs!$R$34","v":-90000},1265.9037593783532,7.8690179088235224E-3,4.4066500289411722E-3,{"$f":"-N1812/(1.202*2465560*MAX(0,(Inputs!$R$49-Q1812)))","v":4.6071163692008286},{"$f":"params!$C$16*R1812*(G1812-Inputs!$R$27)","v":-59015.723241197578},42708.843737632043,{"$f":"E1812*params!$C$8","v":925.96049999999991}]
["1995-03-17",3,17,"12:00:00",211,10,9.4,0.5,54,{"$f":"Inputs!$R$38*Inputs!$R$33*(G1813-Inputs!$R$27)","v":-66701.115053753019},{"$f":"Inputs!$R$34*E1813*Inputs!$R$39","v":123496.1305846394},{"$f":"params!$C$16*Inputs!$R$30*(G1813-Inputs!$R$27)","v":-10444.993592166453},{"$f":"Inputs!$R$41*Inputs!$R$42/8760","v":0},{"$f":"-Inputs!$R$45*Inputs!$R$34","v":-90000},1175.9507731568485,7.3032931169560531E-3,3.9437782831562686E-3,{"$f":"-N1813/(1.202*2465560*MAX(0,(Inputs!$R$49-Q1813)))","v":4.3048268593135965},{"$f":"params!$C$16*R1813*(G1813-Inputs!$R$27)","v":-60859.934385582856},-104509.91244686293,{"$f":"E1813*params!$C$8","v":437.0865}]
["1995-03-17",3,17,"13:00:00",216,10,8.3000000000000007,0,56,{"$f":"Inputs!$R$38*Inputs!$R$33*(G1814-Inputs!$R$27)","v":-72966.21030073741},{"$f":"Inputs!$R$34*E1814*Inputs!$R$39","v":126422.57917669247},{"$f":"params!$C$16*Inputs!$R$30*(G1814-Inputs!$R$27)","v":-11426.069840387021},{"$f":"Inputs!$R$41*Inputs!$R$42/8760","v":0},{"$f":"-Inputs!$R$45*Inputs!$R$34","v":-90000},1091.6777773743988,6.7742116984131845E-3,3.7935585511113834E-3,{"$f":"-N1814/(1.202*2465560*MAX(0,(Inputs!$R$49-Q1814)))","v":4.2150705364158592},{"$f":"params!$C$16*R1814*(G1814-Inputs!$R$27)","v":-65188.251754783145},-113157.9527192151,{"$f":"E1814*params!$C$8","v":447.44399999999996}]
["1995-03-17",3,17,"14:00:00",203,10,8.3000000000000007,-2.8,44,{"$f":"Inputs!$R$38*Inputs!$R$33*(G1815-Inputs!$R$27)","v":-72966.21030073741},{"$f":"Inputs!$R$34*E1815*Inputs!$R$39","v":118813.81283735449},{"$f":"params!$C$16*Inputs!$R$30*(G1815-Inputs!$R$27)","v":-11426.069840387021},{"$f":"Inputs!$R$41*Inputs!$R$42/8760","v":0},{"$f":"-Inputs!$R$45*Inputs!$R$34","v":-90000},1091.6777773743988,6.7742116984131845E-3,2.9806531473018012E-3,{"$f":"-N1815/(1.202*2465560*MAX(0,(Inputs!$R$49-Q1815)))","v":3.7877058476342911},{"$f":"params!$C$16*R1815*(G1815-Inputs!$R$27)","v":-58578.83521413221},-114157.30251790215,{"$f":"E1815*params!$C$8","v":420.5145}]
["1995-03-17",3,17,"15:00:00",174,10,7.2,-1.2,54,{"$f":"Inputs!$R$38*Inputs!$R$33*(G1816-Inputs!$R$27)","v":-79231.305547721815},{"$f":"Inputs!$R$34*E1816*Inputs!$R$39","v":101840.4110034467},{"$f":"params!$C$16*Inputs!$R$30*(G1816-Inputs!$R$27)","v":-12407.146088607591},{"$f":"Inputs!$R$41*Inputs!$R$42/8760","v":0},{"$f":"-Inputs!$R$45*Inputs!$R$34","v":-90000},1012.7753618292717,6.2796535698688054E-3,3.3910129277291549E-3,{"$f":"-N1816/(1.202*2465560*MAX(0,(Inputs!$R$49-Q1816)))","v":3.9920263592265055},{"$f":"params!$C$16*R1816*(G1816-Inputs!$R$27)","v":-67039.830765239036},-146837.87139812176,{"$f":"E1816*params!$C$8","v":360.44099999999997}]
["1995-03-17",3,17,"16:00:00",130,10,6.6,-1.2,57,{"$f":"Inputs!$R$38*Inputs!$R$33*(G1817-Inputs!$R$27)","v":-82648.630227895119},{"$f":"Inputs!$R$34*E1817*Inputs!$R$39","v":76087.663393379727},{"$f":"params!$C$16*Inputs!$R$30*(G1817-Inputs!$R$27)","v":-12942.278587636991},{"$f":"Inputs!$R$41*Inputs!$R$42/8760","v":0},{"$f":"-Inputs!$R$45*Inputs!$R$34","v":-90000},971.89505506814805,6.0237228004355421E-3,3.4335219962482589E-3,{"$f":"-N1817/(1.202*2465560*MAX(0,(Inputs!$R$49-Q1817)))","v":4.0144589557296877},{"$f":"params!$C$16*R1817*(G1817-Inputs!$R$27)","v":-70324.293710647456},-179827.53913279984,{"$f":"E1817*params!$C$8","v":269.29499999999996}]
["1995-03-17",3,17,"17:00:00",76,10,5,0,70,{"$f":"Inputs!$R$38*Inputs!$R$33*(G1818-Inputs!$R$27)","v":-91761.496041690596},{"$f":"Inputs!$R$34*E1818*Inputs!$R$39","v":44482.018599206604},{"$f":"params!$C$16*Inputs!$R$30*(G1818-Inputs!$R$27)","v":-14369.298585048728},{"$f":"Inputs!$R$41*Inputs!$R$42/8760","v":0},{"$f":"-Inputs!$R$45*Inputs!$R$34","v":-90000},869.91328556198641,5.3861748872103517E-3,3.7703224210472465E-3,{"$f":"-N1818/(1.202*2465560*MAX(0,(Inputs!$R$49-Q1818)))","v":4.2015201204583397},{"$f":"params!$C$16*R1818*(G1818-Inputs!$R$27)","v":-81716.476097152859},-233365.25212468556,{"$f":"E1818*params!$C$8","v":157.434}]
["1995-03-17",3,17,"18:00:00",26,10,5,-0.6,67,{"$f":"Inputs!$R$38*Inputs!$R$33*(G1819-Inputs!$R$27)","v":-91761.496041690596},{"$f":"Inputs!$R$34*E1819*Inputs!$R$39","v":15217.532678675945},{"$f":"params!$C$16*Inputs!$R$30*(G1819-Inputs!$R$27)","v":-14369.298585048728},{"$f":"Inputs!$R$41*Inputs!$R$42/8760","v":0},{"$f":"-Inputs!$R$45*Inputs!$R$34","v":-90000},869.91328556198641,5.3861748872103517E-3,3.6087371744309353E-3,{"$f":"-N1819/(1.202*2465560*MAX(0,(Inputs!$R$49-Q1819)))","v":4.1096466401386902},{"$f":"params!$C$16*R1819*(G1819-Inputs!$R$27)","v":-79929.60447848645},-260842.86642654985,{"$f":"E1819*params!$C$8","v":53.858999999999995}]
["1995-03-17",3,17,"19:00:00",0,10,4.4000000000000004,-1.2,66,{"$f":"Inputs!$R$38*Inputs!$R$33*(G1820-Inputs!$R$27)","v":-95178.820721863885},{"$f":"Inputs!$R$34*E1820*Inputs!$R$39","v":0},{"$f":"params!$C$16*Inputs!$R$30*(G1820-Inputs!$R$27)","v":-14904.431084078125},{"$f":"Inputs!$R$41*Inputs!$R$42/8760","v":0},{"$f":"-Inputs!$R$45*Inputs!$R$34","v":-90000},834.18129245512239,5.1630993453363316E-3,3.4076455679219785E-3,{"$f":"-N1820/(1.202*2465560*MAX(0,(Inputs!$R$49-Q1820)))","v":4.000773701365187},{"$f":"params!$C$16*R1820*(G1820-Inputs!$R$27)","v":-80709.936046720017},-280793.18785266206,{"$f":"E1820*params!$C$8","v":0}]
["1995-03-17",3,17,"20:00:00",0,10,3.8,-1.7,66,{"$f":"Inputs!$R$38*Inputs!$R$33*(G1821-Inputs!$R$27)","v":-98596.145402037204},{"$f":"Inputs!$R$34*E1821*Inputs!$R$39","v":0},{"$f":"params!$C$16*Inputs!$R$30*(G1821-Inputs!$R$27)","v":-15439.563583107529},{"$f":"Inputs!$R$41*Inputs!$R$42/8760","v":0},{"$f":"-Inputs!$R$45*Inputs!$R$34","v":-90000},799.75278170517424,4.9483114832316053E-3,3.2658855789328596E-3,{"$f":"-N1821/(1.202*2465560*MAX(0,(Inputs!$R$49-Q1821)))","v":3.927426548069481},{"$f":"params!$C$16*R1821*(G1821-Inputs!$R$27)","v":-82074.964768976221},-286110.67375412094,{"$f":"E1821*params!$C$8","v":0}]
["1995-03-17",3,17,"21:00:00",0,9,2.7,-2.2999999999999998,68,{"$f":"Inputs!$R$38*Inputs!$R$33*(G1822-Inputs!$R$27)","v":-104861.24064902161},{"$f":"Inputs!$R$34*E1822*Inputs!$R$39","v":0},{"$f":"params!$C$16*Inputs!$R$30*(G1822-Inputs!$R$27)","v":-16420.639831328099},{"$f":"Inputs!$R$41*Inputs!$R$42/8760","v":0},{"$f":"-Inputs!$R$45*Inputs!$R$34","v":-90000},739.88380849706493,4.5751593141558633E-3,3.1111083336259871E-3,{"$f":"-N1822/(1.202*2465560*MAX(0,(Inputs!$R$49-Q1822)))","v":3.85035510284006},{"$f":"params!$C$16*R1822*(G1822-Inputs!$R$27)","v":-85577.278913666451},-296859.15939401614,{"$f":"E1822*params!$C$8","v":0}]
["1995-03-17",3,17,"22:00:00",0,10,2.7,-2.2999999999999998,68,{"$f":"Inputs!$R$38*Inputs!$R$33*(G1823-Inputs!$R$27)","v":-104861.24064902161},{"$f":"Inputs!$R$34*E1823*Inputs!$R$39","v":0},{"$f":"params!$C$16*Inputs!$R$30*(G1823-Inputs!$R$27)","v":-16420.639831328099},{"$f":"Inputs!$R$41*Inputs!$R$42/8760","v":0},{"$f":"-Inputs!$R$45*Inputs!$R$34","v":-90000},739.88380849706493,4.5751593141558633E-3,3.1111083336259871E-3,{"$f":"-N1823/(1.202*2465560*MAX(0,(Inputs!$R$49-Q1823)))","v":3.85035510284006},{"$f":"params!$C$16*R1823*(G1823-Inputs!$R$27)","v":-85577.278913666451},-296859.15939401614,{"$f":"E1823*params!$C$8","v":0}]
["1995-03-17",3,17,"23:00:00",0,10,2.7,-2.8,65,{"$f":"Inputs!$R$38*Inputs!$R$33*(G1824-Inputs!$R$27)","v":-104861.24064902161},{"$f":"Inputs!$R$34*E1824*Inputs!$R$39","v":0},{"$f":"params!$C$16*Inputs!$R$30*(G1824-Inputs!$R$27)","v":-16420.639831328099},{"$f":"Inputs!$R$41*Inputs!$R$42/8760","v":0},{"$f":"-Inputs!$R$45*Inputs!$R$34","v":-90000},739.88380849706493,4.5751593141558633E-3,2.973853554201311E-3,{"$f":"-N1824/(1.202*2465560*MAX(0,(Inputs!$R$49-Q1824)))","v":3.7844962928950063},{"$f":"params!$C$16*R1824*(G1824-Inputs!$R$27)","v":-84113.513209710247},-295395.39369005995,{"$f":"E1824*params!$C$8","v":0}]
["1995-03-17",3,17,1,0,10,2.2000000000000002,-2.8,68,{"$f":"Inputs!$R$38*Inputs!$R$33*(G1825-Inputs!$R$27)","v":-107709.0112158327},{"$f":"Inputs!$R$34*E1825*Inputs!$R$39","v":0},{"$f":"params!$C$16*Inputs!$R$30*(G1825-Inputs!$R$27)","v":-16866.583580519266},{"$f":"Inputs!$R$41*Inputs!$R$42/8760","v":0},{"$f":"-Inputs!$R$45*Inputs!$R$34","v":-90000},714.00723647805364,4.4140129099852635E-3,3.001528778789979E-3,{"$f":"-N1825/(1.202*2465560*MAX(0,(Inputs!$R$49-Q1825)))","v":3.797593698286343},{"$f":"params!$C$16*R1825*(G1825-Inputs!$R$27)","v":-86696.833157604808},-301272.42795395677,{"$f":"E1825*params!$C$8","v":0}]
["1995-03-18",3,18,"01:00:00",0,10,1.4,-3.2,69,{"$f":"Inputs!$R$38*Inputs!$R$33*(G1826-Inputs!$R$27)","v":-112265.44412273043},{"$f":"Inputs!$R$34*E1826*Inputs!$R$39","v":0},{"$f":"params!$C$16*Inputs!$R$30*(G1826-Inputs!$R$27)","v":-17580.093579225133},{"$f":"Inputs!$R$41*Inputs!$R$42/8760","v":0},{"$f":"-Inputs!$R$45*Inputs!$R$34","v":-90000},674.26854059671382,4.166701431767522E-3,2.8750239879195899E-3,{"$f":"-N1826/(1.202*2465560*MAX(0,(Inputs!$R$49-Q1826)))","v":3.738453203500788},{"$f":"params!$C$16*R1826*(G1826-Inputs!$R$27)","v":-88957.126191759948},-308802.66389371548,{"$f":"E1826*params!$C$8","v":0}]
["1995-03-18",3,18,"02:00:00",0,10,0.9,-3.3,71,{"$f":"Inputs!$R$38*Inputs!$R$33*(G1827-Inputs!$R$27)","v":-115113.21468954152},{"$f":"Inputs!$R$34*E1827*Inputs!$R$39","v":0},{"$f":"params!$C$16*Inputs!$R$30*(G1827-Inputs!$R$27)","v":-18026.0373284163},{"$f":"Inputs!$R$41*Inputs!$R$42/8760","v":0},{"$f":"-Inputs!$R$45*Inputs!$R$34","v":-90000},650.4382693595204,4.0184887604343654E-3,2.8531270199083996E-3,{"$f":"-N1827/(1.202*2465560*MAX(0,(Inputs!$R$49-Q1827)))","v":3.7284029663130793},{"$f":"params!$C$16*R1827*(G1827-Inputs!$R$27)","v":-90968.435163333575},-314107.6871812914,{"$f":"E1827*params!$C$8","v":0}]
["1995-03-18",3,18,"03:00:00",0,10,0.6,-3.1,74,{"$f":"Inputs!$R$38*Inputs!$R$33*(G1828-Inputs!$R$27)","v":-116821.87702962816},{"$f":"Inputs!$R$34*E1828*Inputs!$R$39","v":0},{"$f":"params!$C$16*Inputs!$R$30*(G1828-Inputs!$R$27)","v":-18293.603577931},{"$f":"Inputs!$R$41*Inputs!$R$42/8760","v":0},{"$f":"-Inputs!$R$45*Inputs!$R$34","v":-90000},636.50097539783337,3.931838099813293E-3,2.909560193861837E-3,{"$f":"-N1828/(1.202*2465560*MAX(0,(Inputs!$R$49-Q1828)))","v":3.7544151703317814},{"$f":"params!$C$16*R1828*(G1828-Inputs!$R$27)","v":-92962.795053189271},-318078.27566074842,{"$f":"E1828*params!$C$8","v":0}]
["1995-03-18",3,18,"04:00:00",0,9,0.3,-3.1,76,{"$f":"Inputs!$R$38*Inputs!$R$33*(G1829-Inputs!$R$27)","v":-118530.53936971481},{"$f":"Inputs!$R$34*E1829*Inputs!$R$39","v":0},{"$f":"params!$C$16*Inputs!$R$30*(G1829-Inputs!$R$27)","v":-18561.169827445701},{"$f":"Inputs!$R$41*Inputs!$R$42/8760","v":0},{"$f":"-Inputs!$R$45*Inputs!$R$34","v":-90000},622.82891783339619,3.8468597662897688E-3,2.9236134223802248E-3,{"$f":"-N1829/(1.202*2465560*MAX(0,(Inputs!$R$49-Q1829)))","v":3.7609493854334199},{"$f":"params!$C$16*R1829*(G1829-Inputs!$R$27)","v":-94486.648876249936},-321578.35807341046,{"$f":"E1829*params!$C$8","v":0}]
["1995-03-18",3,18,"05:00:00",0,9,0.1,-3,77,{"$f":"Inputs!$R$38*Inputs!$R$33*(G1830-Inputs!$R$27)","v":-119669.64759643924},{"$f":"Inputs!$R$34*E1830*Inputs!$R$39","v":0},{"$f":"params!$C$16*Inputs!$R$30*(G1830-Inputs!$R$27)","v":-18739.547327122167},{"$f":"Inputs!$R$41*Inputs!$R$42/8760","v":0},{"$f":"-Inputs!$R$45*Inputs!$R$34","v":-90000},613.85941042236618,3.7911225496935316E-3,2.9191643632640197E-3,{"$f":"-N1830/(1.202*2465560*MAX(0,(Inputs!$R$49-Q1830)))","v":3.7588782835572654},{"$f":"params!$C$16*R1830*(G1830-Inputs!$R$27)","v":-95342.156769568843},-323751.35169313027,{"$f":"E1830*params!$C$8","v":0}]
["1995-03-18",3,18,"06:00:00",0,9,0,-2.8,79,{"$f":"Inputs!$R$38*Inputs!$R$33*(G1831-Inputs!$R$27)","v":-120239.20170980148},{"$f":"Inputs!$R$34*E1831*Inputs!$R$39","v":0},{"$f":"params!$C$16*Inputs!$R$30*(G1831-Inputs!$R$27)","v":-18828.736076960402},{"$f":"Inputs!$R$41*Inputs!$R$42/8760","v":0},{"$f":"-Inputs!$R$45*Inputs!$R$34","v":-90000},609.41773586642103,3.7635253138895938E-3,2.9731849979727793E-3,{"$f":"-N1831/(1.202*2465560*MAX(0,(Inputs!$R$49-Q1831)))","v":3.7841810135935248},{"$f":"params!$C$16*R1831*(G1831-Inputs!$R$27)","v":-96440.773176666451},-325508.71096342831,{"$f":"E1831*params!$C$8","v":0}]
["1995-03-18",3,18,"07:00:00",16,9,0.5,-2.8,76,{"$f":"Inputs!$R$38*Inputs!$R$33*(G1832-Inputs!$R$27)","v":-117391.43114299039},{"$f":"Inputs!$R$34*E1832*Inputs!$R$39","v":9364.6354945698113},{"$f":"params!$C$16*Inputs!$R$30*(G1832-Inputs!$R$27)","v":-18382.792327769235},{"$f":"Inputs!$R$41*Inputs!$R$42/8760","v":0},{"$f":"-Inputs!$R$45*Inputs!$R$34","v":-90000},631.91436873737246,3.9033275880190387E-3,2.9665289668944694E-3,{"$f":"-N1832/(1.202*2465560*MAX(0,(Inputs!$R$49-Q1832)))","v":3.7810450094733956},{"$f":"params!$C$16*R1832*(G1832-Inputs!$R$27)","v":-94078.620659360793},-310488.20863555057,{"$f":"E1832*params!$C$8","v":33.143999999999998}]
["1995-03-18",3,18,"08:00:00",117,9,0.5,-2.8,76,{"$f":"Inputs!$R$38*Inputs!$R$33*(G1833-Inputs!$R$27)","v":-117391.43114299039},{"$f":"Inputs!$R$34*E1833*Inputs!$R$39","v":68478.89705404175},{"$f":"params!$C$16*Inputs!$R$30*(G1833-Inputs!$R$27)","v":-18382.792327769235},{"$f":"Inputs!$R$41*Inputs!$R$42/8760","v":0},{"$f":"-Inputs!$R$45*Inputs!$R$34","v":-90000},631.91436873737246,3.9033275880190387E-3,2.9665289668944694E-3,{"$f":"-N1833/(1.202*2465560*MAX(0,(Inputs!$R$49-Q1833)))","v":3.7810450094733956},{"$f":"params!$C$16*R1833*(G1833-Inputs!$R$27)","v":-94078.620659360793},-251373.94707607868,{"$f":"E1833*params!$C$8","v":242.3655}]
["1995-03-18",3,18,"09:00:00",316,9,2.2000000000000002,-2.2999999999999998,71,{"$f":"Inputs!$R$38*Inputs!$R$33*(G1834-Inputs!$R$27)","v":-107709.0112158327},{"$f":"Inputs!$R$34*E1834*Inputs!$R$39","v":184951.55101775378},{"$f":"params!$C$16*Inputs!$R$30*(G1834-Inputs!$R$27)","v":-16866.583580519266},{"$f":"Inputs!$R$41*Inputs!$R$42/8760","v":0},{"$f":"-Inputs!$R$45*Inputs!$R$34","v":-90000},714.00723647805364,4.4140129099852635E-3,3.1339491660895367E-3,{"$f":"-N1834/(1.202*2465560*MAX(0,(Inputs!$R$49-Q1834)))","v":3.86153790260733},{"$f":"params!$C$16*R1834*(G1834-Inputs!$R$27)","v":-88156.641776919205},-117780.68555551738,{"$f":"E1834*params!$C$8","v":654.59399999999994}]
["1995-03-18",3,18,"10:00:00",451,9,2.7,-2.2999999999999998,68,{"$f":"Inputs!$R$38*Inputs!$R$33*(G1835-Inputs!$R$27)","v":-104861.24064902161},{"$f":"Inputs!$R$34*E1835*Inputs!$R$39","v":263965.66300318658},{"$f":"params!$C$16*Inputs!$R$30*(G1835-Inputs!$R$27)","v":-16420.639831328099},{"$f":"Inputs!$R$41*Inputs!$R$42/8760","v":0},{"$f":"-Inputs!$R$45*Inputs!$R$34","v":-90000},739.88380849706493,4.5751593141558633E-3,3.1111083336259871E-3,{"$f":"-N1835/(1.202*2465560*MAX(0,(Inputs!$R$49-Q1835)))","v":3.85035510284006},{"$f":"params!$C$16*R1835*(G1835-Inputs!$R$27)","v":-85577.278913666451},-32893.496390829576,{"$f":"E1835*params!$C$8","v":934.24649999999997}]
["1995-03-18",3,18,"11:00:00",199,10,3.3,-1.7,69,{"$f":"Inputs!$R$38*Inputs!$R$33*(G1836-Inputs!$R$27)","v":-101443.91596884829},{"$f":"Inputs!$R$34*E1836*Inputs!$R$39","v":116472.65396371203},{"$f":"params!$C$16*Inputs!$R$30*(G1836-Inputs!$R$27)","v":-15885.507332298695},{"$f":"Inputs!$R$41*Inputs!$R$42/8760","v":0},{"$f":"-Inputs!$R$45*Inputs!$R$34","v":-90000},772.02842975916951,4.7754555160627581E-3,3.2950643060833031E-3,{"$f":"-N1836/(1.202*2465560*MAX(0,(Inputs!$R$49-Q1836)))","v":3.9423030889014754},{"$f":"params!$C$16*R1836*(G1836-Inputs!$R$27)","v":-84765.418944276535},-175622.18828171148,{"$f":"E1836*params!$C$8","v":412.2285}]
["1995-03-18",3,18,"12:00:00",220,10,5,-0.6,67,{"$f":"Inputs!$R$38*Inputs!$R$33*(G1837-Inputs!$R$27)","v":-91761.496041690596},{"$f":"Inputs!$R$34*E1837*Inputs!$R$39","v":128763.73805033491},{"$f":"params!$C$16*Inputs!$R$30*(G1837-Inputs!$R$27)","v":-14369.298585048728},{"$f":"Inputs!$R$41*Inputs!$R$42/8760","v":0},{"$f":"-Inputs!$R$45*Inputs!$R$34","v":-90000},869.91328556198641,5.3861748872103517E-3,3.6087371744309353E-3,{"$f":"-N1837/(1.202*2465560*MAX(0,(Inputs!$R$49-Q1837)))","v":4.1096466401386902},{"$f":"params!$C$16*R1837*(G1837-Inputs!$R$27)","v":-79929.60447848645},-147296.66105489086,{"$f":"E1837*params!$C$8","v":455.72999999999996}]
["1995-03-18",3,18,"13:00:00",225,10,6.1,-0.6,62,{"$f":"Inputs!$R$38*Inputs!$R$33*(G1838-Inputs!$R$27)","v":-85496.400794706205},{"$f":"Inputs!$R$34*E1838*Inputs!$R$39","v":131690.18664238797},{"$f":"params!$C$16*Inputs!$R$30*(G1838-Inputs!$R$27)","v":-13388.222336828159},{"$f":"Inputs!$R$41*Inputs!$R$42/8760","v":0},{"$f":"-Inputs!$R$45*Inputs!$R$34","v":-90000},938.94793828269269,5.817609385555097E-3,3.6069178190441605E-3,{"$f":"-N1838/(1.202*2465560*MAX(0,(Inputs!$R$49-Q1838)))","v":4.1086350673811323},{"$f":"params!$C$16*R1838*(G1838-Inputs!$R$27)","v":-74454.010764711988},-131648.44725385838,{"$f":"E1838*params!$C$8","v":466.08749999999998}]
["1995-03-18",3,18,"14:00:00",213,10,5.5,0,68,{"$f":"Inputs!$R$38*Inputs!$R$33*(G1839-Inputs!$R$27)","v":-88913.725474879509},{"$f":"Inputs!$R$34*E1839*Inputs!$R$39","v":124666.71002146063},{"$f":"params!$C$16*Inputs!$R$30*(G1839-Inputs!$R$27)","v":-13923.354835857559},{"$f":"Inputs!$R$41*Inputs!$R$42/8760","v":0},{"$f":"-Inputs!$R$45*Inputs!$R$34","v":-90000},900.71602087450731,5.5786043819837112E-3,3.7934509797489233E-3,{"$f":"-N1839/(1.202*2465560*MAX(0,(Inputs!$R$49-Q1839)))","v":4.2150076035640627},{"$f":"params!$C$16*R1839*(G1839-Inputs!$R$27)","v":-79434.628138906264},-147604.99842818271,{"$f":"E1839*params!$C$8","v":441.22949999999997}]
["1995-03-18",3,18,"15:00:00",184,10,6.1,-0.6,62,{"$f":"Inputs!$R$38*Inputs!$R$33*(G1840-Inputs!$R$27)","v":-85496.400794706205},{"$f":"Inputs!$R$34*E1840*Inputs!$R$39","v":107693.30818755284},{"$f":"params!$C$16*Inputs!$R$30*(G1840-Inputs!$R$27)","v":-13388.222336828159},{"$f":"Inputs!$R$41*Inputs!$R$42/8760","v":0},{"$f":"-Inputs!$R$45*Inputs!$R$34","v":-90000},938.94793828269269,5.817609385555097E-3,3.6069178190441605E-3,{"$f":"-N1840/(1.202*2465560*MAX(0,(Inputs!$R$49-Q1840)))","v":4.1086350673811323},{"$f":"params!$C$16*R1840*(G1840-Inputs!$R$27)","v":-74454.010764711988},-155645.3257086935,{"$f":"E1840*params!$C$8","v":381.15600000000001}]
["1995-03-18",3,18,"16:00:00",142,10,6.1,-0.6,62,{"$f":"Inputs!$R$38*Inputs!$R$33*(G1841-Inputs!$R$27)","v":-85496.400794706205},{"$f":"Inputs!$R$34*E1841*Inputs!$R$39","v":83111.140014307079},{"$f":"params!$C$16*Inputs!$R$30*(G1841-Inputs!$R$27)","v":-13388.222336828159},{"$f":"Inputs!$R$41*Inputs!$R$42/8760","v":0},{"$f":"-Inputs!$R$45*Inputs!$R$34","v":-90000},938.94793828269269,5.817609385555097E-3,3.6069178190441605E-3,{"$f":"-N1841/(1.202*2465560*MAX(0,(Inputs!$R$49-Q1841)))","v":4.1086350673811323},{"$f":"params!$C$16*R1841*(G1841-Inputs!$R$27)","v":-74454.010764711988},-180227.49388193927,{"$f":"E1841*params!$C$8","v":294.15299999999996}]
["1995-03-18",3,18,"17:00:00",148,9,6.1,-0.6,62,{"$f":"Inputs!$R$38*Inputs!$R$33*(G1842-Inputs!$R$27)","v":-85496.400794706205},{"$f":"Inputs!$R$34*E1842*Inputs!$R$39","v":86622.878324770762},{"$f":"params!$C$16*Inputs!$R$30*(G1842-Inputs!$R$27)","v":-13388.222336828159},{"$f":"Inputs!$R$41*Inputs!$R$42/8760","v":0},{"$f":"-Inputs!$R$45*Inputs!$R$34","v":-90000},938.94793828269269,5.817609385555097E-3,3.6069178190441605E-3,{"$f":"-N1842/(1.202*2465560*MAX(0,(Inputs!$R$49-Q1842)))","v":4.1086350673811323},{"$f":"params!$C$16*R1842*(G1842-Inputs!$R$27)","v":-74454.010764711988},-176715.7555714756,{"$f":"E1842*params!$C$8","v":306.58199999999999}]
["1995-03-18",3,18,"18:00:00",90,2,5,-0.6,67,{"$f":"Inputs!$R$38*Inputs!$R$33*(G1843-Inputs!$R$27)","v":-91761.496041690596},{"$f":"Inputs!$R$34*E1843*Inputs!$R$39","v":52676.074656955192},{"$f":"params!$C$16*Inputs!$R$30*(G1843-Inputs!$R$27)","v":-14369.298585048728},{"$f":"Inputs!$R$41*Inputs!$R$42/8760","v":0},{"$f":"-Inputs!$R$45*Inputs!$R$34","v":-90000},869.91328556198641,5.3861748872103517E-3,3.6087371744309353E-3,{"$f":"-N1843/(1.202*2465560*MAX(0,(Inputs!$R$49-Q1843)))","v":4.1096466401386902},{"$f":"params!$C$16*R1843*(G1843-Inputs!$R$27)","v":-79929.60447848645},-223384.32444827061,{"$f":"E1843*params!$C$8","v":186.435}]
["1995-03-18",3,18,"19:00:00",2,3,3.3,-1.2,71,{"$f":"Inputs!$R$38*Inputs!$R$33*(G1844-Inputs!$R$27)","v":-101443.91596884829},{"$f":"Inputs!$R$34*E1844*Inputs!$R$39","v":1170.5794368212264},{"$f":"params!$C$16*Inputs!$R$30*(G1844-Inputs!$R$27)","v":-15885.507332298695},{"$f":"Inputs!$R$41*Inputs!$R$42/8760","v":0},{"$f":"-Inputs!$R$45*Inputs!$R$34","v":-90000},772.02842975916951,4.7754555160627581E-3,3.390573416404558E-3,{"$f":"-N1844/(1.202*2465560*MAX(0,(Inputs!$R$49-Q1844)))","v":3.9917957326706088},{"$f":"params!$C$16*R1844*(G1844-Inputs!$R$27)","v":-85829.584887164383},-291988.4287514902,{"$f":"E1844*params!$C$8","v":4.1429999999999998}]
["1995-03-18",3,18,"20:00:00",0,2,2.2000000000000002,-1.2,77,{"$f":"Inputs!$R$38*Inputs!$R$33*(G1845-Inputs!$R$27)","v":-107709.0112158327},{"$f":"Inputs!$R$34*E1845*Inputs!$R$39","v":0},{"$f":"params!$C$16*Inputs!$R$30*(G1845-Inputs!$R$27)","v":-16866.583580519266},{"$f":"Inputs!$R$41*Inputs!$R$42/8760","v":0},{"$f":"-Inputs!$R$45*Inputs!$R$34","v":-90000},714.00723647805364,4.4140129099852635E-3,3.398789940688653E-3,{"$f":"-N1845/(1.202*2465560*MAX(0,(Inputs!$R$49-Q1845)))","v":3.996111634909135},{"$f":"params!$C$16*R1845*(G1845-Inputs!$R$27)","v":-91228.881027271476},-305804.47582362348,{"$f":"E1845*params!$C$8","v":0}]
["1995-03-18",3,18,"21:00:00",0,3,-0.6,-2.2999999999999998,87,{"$f":"Inputs!$R$38*Inputs!$R$33*(G1846-Inputs!$R$27)","v":-123656.52638997478},{"$f":"Inputs!$R$34*E1846*Inputs!$R$39","v":0},{"$f":"params!$C$16*Inputs!$R$30*(G1846-Inputs!$R$27)","v":-19363.868575989804},{"$f":"Inputs!$R$41*Inputs!$R$42/8760","v":0},{"$f":"-Inputs!$R$45*Inputs!$R$34","v":-90000},583.36085066457406,3.6016763769199135E-3,3.133458447920325E-3,{"$f":"-N1846/(1.202*2465560*MAX(0,(Inputs!$R$49-Q1846)))","v":3.8612969657851304},{"$f":"params!$C$16*R1846*(G1846-Inputs!$R$27)","v":-101202.89668649001},-334223.29165245459,{"$f":"E1846*params!$C$8","v":0}]
["1995-03-18",3,18,"22:00:00",0,2,-1.2,-2.2999999999999998,91,{"$f":"Inputs!$R$38*Inputs!$R$33*(G1847-Inputs!$R$27)","v":-127073.85107014807},{"$f":"Inputs!$R$34*E1847*Inputs!$R$39","v":0},{"$f":"params!$C$16*Inputs!$R$30*(G1847-Inputs!$R$27)","v":-19899.001075019201},{"$f":"Inputs!$R$41*Inputs!$R$42/8760","v":0},{"$f":"-Inputs!$R$45*Inputs!$R$34","v":-90000},558.29660553202416,3.4460720755093411E-3,3.1359255887135002E-3,{"$f":"-N1847/(1.202*2465560*MAX(0,(Inputs!$R$49-Q1847)))","v":3.8625086072631869},{"$f":"params!$C$16*R1847*(G1847-Inputs!$R$27)","v":-104032.33560931594},-341005.1877544832,{"$f":"E1847*params!$C$8","v":0}]
["1995-03-18",3,18,"23:00:00",0,9,-0.6,-2.2999999999999998,87,{"$f":"Inputs!$R$38*Inputs!$R$33*(G1848-Inputs!$R$27)","v":-123656.52638997478},{"$f":"Inputs!$R$34*E1848*Inputs!$R$39","v":0},{"$f":"params!$C$16*Inputs!$R$30*(G1848-Inputs!$R$27)","v":-19363.868575989804},{"$f":"Inputs!$R$41*Inputs!$R$42/8760","v":0},{"$f":"-Inputs!$R$45*Inputs!$R$34","v":-90000},583.36085066457406,3.6016763769199135E-3,3.133458447920325E-3,{"$f":"-N1848/(1.202*2465560*MAX(0,(Inputs!$R$49-Q1848)))","v":3.8612969657851304},{"$f":"params!$C$16*R1848*(G1848-Inputs!$R$27)","v":-101202.89668649001},-334223.29165245459,{"$f":"E1848*params!$C$8","v":0}]
["1995-03-18",3,18,1,0,9,-1,-2.4,89,{"$f":"Inputs!$R$38*Inputs!$R$33*(G1849-Inputs!$R$27)","v":-125934.74284342365},{"$f":"Inputs!$R$34*E1849*Inputs!$R$39","v":0},{"$f":"params!$C$16*Inputs!$R$30*(G1849-Inputs!$R$27)","v":-19720.623575342735},{"$f":"Inputs!$R$41*Inputs!$R$42/8760","v":0},{"$f":"-Inputs!$R$45*Inputs!$R$34","v":-90000},566.54310372490409,3.4972595900071069E-3,3.1125610351063256E-3,{"$f":"-N1849/(1.202*2465560*MAX(0,(Inputs!$R$49-Q1849)))","v":3.8510644118559938},{"$f":"params!$C$16*R1849*(G1849-Inputs!$R$27)","v":-102794.30134577367},-338449.66776454006,{"$f":"E1849*params!$C$8","v":0}]
["1995-03-19",3,19,"01:00:00",0,9,-1.7,-2.9,90,{"$f":"Inputs!$R$38*Inputs!$R$33*(G1850-Inputs!$R$27)","v":-129921.62163695917},{"$f":"Inputs!$R$34*E1850*Inputs!$R$39","v":0},{"$f":"params!$C$16*Inputs!$R$30*(G1850-Inputs!$R$27)","v":-20344.944824210368},{"$f":"Inputs!$R$41*Inputs!$R$42/8760","v":0},{"$f":"-Inputs!$R$45*Inputs!$R$34","v":-90000},538.14431300780234,3.321018376087627E-3,2.9889165384788642E-3,{"$f":"-N1850/(1.202*2465560*MAX(0,(Inputs!$R$49-Q1850)))","v":3.7916136822197544},{"$f":"params!$C$16*R1850*(G1850-Inputs!$R$27)","v":-104411.47026538267},-344678.03672655218,{"$f":"E1850*params!$C$8","v":0}]
["1995-03-19",3,19,"02:00:00",0,9,-2.1,-3.2,91,{"$f":"Inputs!$R$38*Inputs!$R$33*(G1851-Inputs!$R$27)","v":-132199.83809040804},{"$f":"Inputs!$R$34*E1851*Inputs!$R$39","v":0},{"$f":"params!$C$16*Inputs!$R$30*(G1851-Inputs!$R$27)","v":-20701.699823563304},{"$f":"Inputs!$R$41*Inputs!$R$42/8760","v":0},{"$f":"-Inputs!$R$45*Inputs!$R$34","v":-90000},522.4899415804224,3.2239107307531494E-3,2.9337587649853657E-3,{"$f":"-N1851/(1.202*2465560*MAX(0,(Inputs!$R$49-Q1851)))","v":3.7656807371876067},{"$f":"params!$C$16*R1851*(G1851-Inputs!$R$27)","v":-105515.70789577681},-348417.24580974819,{"$f":"E1851*params!$C$8","v":0}]
["1995-03-19",3,19,"03:00:00",0,9,-2.4,-3.2,93,{"$f":"Inputs!$R$38*Inputs!$R$33*(G1852-Inputs!$R$27)","v":-133908.50043049469},{"$f":"Inputs!$R$34*E1852*Inputs!$R$39","v":0},{"$f":"params!$C$16*Inputs!$R$30*(G1852-Inputs!$R$27)","v":-20969.266073078004},{"$f":"Inputs!$R$41*Inputs!$R$42/8760","v":0},{"$f":"-Inputs!$R$45*Inputs!$R$34","v":-90000},511.01574765541881,3.1527528356694772E-3,2.9320601371726142E-3,{"$f":"-N1852/(1.202*2465560*MAX(0,(Inputs!$R$49-Q1852)))","v":3.7648877406471795},{"$f":"params!$C$16*R1852*(G1852-Inputs!$R$27)","v":-106856.97477001212},-351734.74127358483,{"$f":"E1852*params!$C$8","v":0}]
["1995-03-19",3,19,"04:00:00",0,9,-2.7,-3.4,94,{"$f":"Inputs!$R$38*Inputs!$R$33*(G1853-Inputs!$R$27)","v":-135617.16277058134},{"$f":"Inputs!$R$34*E1853*Inputs!$R$39","v":0},{"$f":"params!$C$16*Inputs!$R$30*(G1853-Inputs!$R$27)","v":-21236.832322592705},{"$f":"Inputs!$R$41*Inputs!$R$42/8760","v":0},{"$f":"-Inputs!$R$45*Inputs!$R$34","v":-90000},499.76577217972965,3.0830011689135092E-3,2.8980210987786985E-3,{"$f":"-N1853/(1.202*2465560*MAX(0,(Inputs!$R$49-Q1853)))","v":3.7490668825216416},{"$f":"params!$C$16*R1853*(G1853-Inputs!$R$27)","v":-107765.69631702227},-354619.6914101963,{"$f":"E1853*params!$C$8","v":0}]
["1995-03-19",3,19,"05:00:00",0,9,-2.8,-3.4,95,{"$f":"Inputs!$R$38*Inputs!$R$33*(G1854-Inputs!$R$27)","v":-136186.71688394356},{"$f":"Inputs!$R$34*E1854*Inputs!$R$39","v":0},{"$f":"params!$C$16*Inputs!$R$30*(G1854-Inputs!$R$27)","v":-21326.02107243094},{"$f":"Inputs!$R$41*Inputs!$R$42/8760","v":0},{"$f":"-Inputs!$R$45*Inputs!$R$34","v":-90000},496.06494903212268,3.060058869440949E-3,2.9070559259689018E-3,{"$f":"-N1854/(1.202*2465560*MAX(0,(Inputs!$R$49-Q1854)))","v":3.7532531640528011},{"$f":"params!$C$16*R1854*(G1854-Inputs!$R$27)","v":-108339.12072309564},-355851.85867947014,{"$f":"E1854*params!$C$8","v":0}]
["1995-03-19",3,19,"06:00:00",0,9,-2.8,-3.4,95,{"$f":"Inputs!$R$38*Inputs!$R$33*(G1855-Inputs!$R$27)","v":-136186.71688394356},{"$f":"Inputs!$R$34*E1855*Inputs!$R$39","v":0},{"$f":"params!$C$16*Inputs!$R$30*(G1855-Inputs!$R$27)","v":-21326.02107243094},{"$f":"Inputs!$R$41*Inputs!$R$42/8760","v":0},{"$f":"-Inputs!$R$45*Inputs!$R$34","v":-90000},496.06494903212268,3.060058869440949E-3,2.9070559259689018E-3,{"$f":"-N1855/(1.202*2465560*MAX(0,(Inputs!$R$49-Q1855)))","v":3.7532531640528011},{"$f":"params!$C$16*R1855*(G1855-Inputs!$R$27)","v":-108339.12072309564},-355851.85867947014,{"$f":"E1855*params!$C$8","v":0}]
["1995-03-19",3,19,"07:00:00",22,9,-3.4,-3.9,96,{"$f":"Inputs!$R$38*Inputs!$R$33*(G1856-Inputs!$R$27)","v":-139604.04156411687},{"$f":"Inputs!$R$34*E1856*Inputs!$R$39","v":12876.373805033492},{"$f":"params!$C$16*Inputs!$R$30*(G1856-Inputs!$R$27)","v":-21861.153571460338},{"$f":"Inputs!$R$41*Inputs!$R$42/8760","v":0},{"$f":"-Inputs!$R$45*Inputs!$R$34","v":-90000},474.36656633458665,2.925579214362132E-3,2.8085560457876469E-3,{"$f":"-N1856/(1.202*2465560*MAX(0,(Inputs!$R$49-Q1856)))","v":3.708111878353042},{"$f":"params!$C$16*R1856*(G1856-Inputs!$R$27)","v":-109721.94994292856},-348310.77127347229,{"$f":"E1856*params!$C$8","v":45.573}]
["1995-03-19",3,19,"08:00:00",131,9,-0.6,-1.2,95,{"$f":"Inputs!$R$38*Inputs!$R$33*(G1857-Inputs!$R$27)","v":-123656.52638997478},{"$f":"Inputs!$R$34*E1857*Inputs!$R$39","v":76672.953111790339},{"$f":"params!$C$16*Inputs!$R$30*(G1857-Inputs!$R$27)","v":-19363.868575989804},{"$f":"Inputs!$R$41*Inputs!$R$42/8760","v":0},{"$f":"-Inputs!$R$45*Inputs!$R$34","v":-90000},583.36085066457406,3.6016763769199135E-3,3.4215925580739176E-3,{"$f":"-N1857/(1.202*2465560*MAX(0,(Inputs!$R$49-Q1857)))","v":4.0081382257618747},{"$f":"params!$C$16*R1857*(G1857-Inputs!$R$27)","v":-105051.54158337864},-261398.98343755287,{"$f":"E1857*params!$C$8","v":271.36649999999997}]
["1995-03-19",3,19,"09:00:00",303,9,3.8,-0.6,73,{"$f":"Inputs!$R$38*Inputs!$R$33*(G1858-Inputs!$R$27)","v":-98596.145402037204},{"$f":"Inputs!$R$34*E1858*Inputs!$R$39","v":177342.78467841583},{"$f":"params!$C$16*Inputs!$R$30*(G1858-Inputs!$R$27)","v":-15439.563583107529},{"$f":"Inputs!$R$41*Inputs!$R$42/8760","v":0},{"$f":"-Inputs!$R$45*Inputs!$R$34","v":-90000},799.75278170517424,4.9483114832316053E-3,3.6122673827590716E-3,{"$f":"-N1858/(1.202*2465560*MAX(0,(Inputs!$R$49-Q1858)))","v":4.1116108792625203},{"$f":"params!$C$16*R1858*(G1858-Inputs!$R$27)","v":-85924.030387045335},-112616.95469377423,{"$f":"E1858*params!$C$8","v":627.66449999999998}]
["1995-03-19",{"$f":"MONTH(A1859)","v":3},{"$f":"DAY(A1859)","v":19},"10:00:00",484,9,7.2,0.5,62,{"$f":"Inputs!$R$38*Inputs!$R$33*(G1859-Inputs!$R$27)","v":-79231.305547721815},{"$f":"Inputs!$R$34*E1859*Inputs!$R$39","v":283280.22371073684},{"$f":"params!$C$16*Inputs!$R$30*(G1859-Inputs!$R$27)","v":-12407.146088607591},{"$f":"Inputs!$R$41*Inputs!$R$42/8760","v":0},{"$f":"-Inputs!$R$45*Inputs!$R$34","v":-90000},{"$f":"EXP(77.345+0.0057*(G1859+273.15)-7235/(G1859+273.15))/(G1859+273.15)^8.2","v":1012.7753618292717},{"$f":"0.62198*O1859/(101325-O1859)","v":6.2796535698688054E-3},{"$f":"P1859*I1859/100","v":3.8933852133186593E-3},{"$f":"-N1859/(1.202*2465560*MAX(0,(Inputs!$R$49-Q1859)))","v":4.2742939335075256},{"$f":"params!$C$16*R1859*(G1859-Inputs!$R$27)","v":-71780.072614238408},{"$f":"J1859+K1859+L1859+M1859+N1859+S1859","v":29861.699460169053},{"$f":"E1859*params!$C$8","v":1002.606}]
["1995-03-19",3,19,"11:00:00",514,9,10,0.5,52,{"$f":"Inputs!$R$38*Inputs!$R$33*(G1860-Inputs!$R$27)","v":-63283.790373579723},{"$f":"Inputs!$R$34*E1860*Inputs!$R$39","v":300838.91526305518},{"$f":"params!$C$16*Inputs!$R$30*(G1860-Inputs!$R$27)","v":-9909.8610931370531},{"$f":"Inputs!$R$41*Inputs!$R$42/8760","v":0},{"$f":"-Inputs!$R$45*Inputs!$R$34","v":-90000},1224.2915728566036,7.6071876458255446E-3,3.9557375758292835E-3,{"$f":"-N1860/(1.202*2465560*MAX(0,(Inputs!$R$49-Q1860)))","v":4.3121370932742984},{"$f":"params!$C$16*R1860*(G1860-Inputs!$R$27)","v":-57839.92748890353},79805.336307434874,{"$f":"E1860*params!$C$8","v":1064.751}]
["1995-03-19",3,19,"12:00:00",504,9,11.6,0.5,46,{"$f":"Inputs!$R$38*Inputs!$R$33*(G1861-Inputs!$R$27)","v":-54170.924559784246},{"$f":"Inputs!$R$34*E1861*Inputs!$R$39","v":294986.01807894907},{"$f":"params!$C$16*Inputs!$R$30*(G1861-Inputs!$R$27)","v":-8482.8410957253182},{"$f":"Inputs!$R$41*Inputs!$R$42/8760","v":0},{"$f":"-Inputs!$R$45*Inputs!$R$34","v":-90000},1361.8604305174304,8.473622919620909E-3,3.8978665430256182E-3,{"$f":"-N1861/(1.202*2465560*MAX(0,(Inputs!$R$49-Q1861)))","v":4.2769915935078924},{"$f":"params!$C$16*R1861*(G1861-Inputs!$R$27)","v":-49107.445290965217},93224.807132474307,{"$f":"E1861*params!$C$8","v":1044.0360000000001}]
["1995-03-19",3,19,"13:00:00",267,10,12.7,1.1000000000000001,45,{"$f":"Inputs!$R$38*Inputs!$R$33*(G1862-Inputs!$R$27)","v":-47905.829312799855},{"$f":"Inputs!$R$34*E1862*Inputs!$R$39","v":156272.35481563373},{"$f":"params!$C$16*Inputs!$R$30*(G1862-Inputs!$R$27)","v":-7501.7648475047499},{"$f":"Inputs!$R$41*Inputs!$R$42/8760","v":0},{"$f":"-Inputs!$R$45*Inputs!$R$34","v":-90000},1464.1592348808538,9.1194681912721114E-3,4.1037606860724503E-3,{"$f":"-N1862/(1.202*2465560*MAX(0,(Inputs!$R$49-Q1862)))","v":4.4047171939059107},{"$f":"params!$C$16*R1862*(G1862-Inputs!$R$27)","v":-44724.870248448744},-33860.109593119603,{"$f":"E1862*params!$C$8","v":553.09050000000002}]
["1995-03-19",3,19,"14:00:00",250,10,13.3,0.5,41,{"$f":"Inputs!$R$38*Inputs!$R$33*(G1863-Inputs!$R$27)","v":-44488.504632626536},{"$f":"Inputs!$R$34*E1863*Inputs!$R$39","v":146322.42960265331},{"$f":"params!$C$16*Inputs!$R$30*(G1863-Inputs!$R$27)","v":-6966.6323484753475},{"$f":"Inputs!$R$41*Inputs!$R$42/8760","v":0},{"$f":"-Inputs!$R$45*Inputs!$R$34","v":-90000},1522.7575650660701,9.4900147252429956E-3,3.8909060373496286E-3,{"$f":"-N1863/(1.202*2465560*MAX(0,(Inputs!$R$49-Q1863)))","v":4.2728029867312793},{"$f":"params!$C$16*R1863*(G1863-Inputs!$R$27)","v":-40290.566495345978},-35423.273873794562,{"$f":"E1863*params!$C$8","v":517.875}]
["1995-03-19",3,19,"15:00:00",213,10,13.3,0.5,41,{"$f":"Inputs!$R$38*Inputs!$R$33*(G1864-Inputs!$R$27)","v":-44488.504632626536},{"$f":"Inputs!$R$34*E1864*Inputs!$R$39","v":124666.71002146063},{"$f":"params!$C$16*Inputs!$R$30*(G1864-Inputs!$R$27)","v":-6966.6323484753475},{"$f":"Inputs!$R$41*Inputs!$R$42/8760","v":0},{"$f":"-Inputs!$R$45*Inputs!$R$34","v":-90000},1522.7575650660701,9.4900147252429956E-3,3.8909060373496286E-3,{"$f":"-N1864/(1.202*2465560*MAX(0,(Inputs!$R$49-Q1864)))","v":4.2728029867312793},{"$f":"params!$C$16*R1864*(G1864-Inputs!$R$27)","v":-40290.566495345978},-57078.993454987241,{"$f":"E1864*params!$C$8","v":441.22949999999997}]
["1995-03-19",3,19,"16:00:00",157,10,13.3,0,40,{"$f":"Inputs!$R$38*Inputs!$R$33*(G1865-Inputs!$R$27)","v":-44488.504632626536},{"$f":"Inputs!$R$34*E1865*Inputs!$R$39","v":91890.485790466264},{"$f":"params!$C$16*Inputs!$R$30*(G1865-Inputs!$R$27)","v":-6966.6323484753475},{"$f":"Inputs!$R$41*Inputs!$R$42/8760","v":0},{"$f":"-Inputs!$R$45*Inputs!$R$34","v":-90000},1522.7575650660701,9.4900147252429956E-3,3.7960058900971981E-3,{"$f":"-N1865/(1.202*2465560*MAX(0,(Inputs!$R$49-Q1865)))","v":4.2165028196364664},{"$f":"params!$C$16*R1865*(G1865-Inputs!$R$27)","v":-39759.681820092563},-89324.33301072818,{"$f":"E1865*params!$C$8","v":325.22550000000001}]
["1995-03-19",3,19,"17:00:00",90,10,12.7,0,42,{"$f":"Inputs!$R$38*Inputs!$R$33*(G1866-Inputs!$R$27)","v":-47905.829312799855},{"$f":"Inputs!$R$34*E1866*Inputs!$R$39","v":52676.074656955192},{"$f":"params!$C$16*Inputs!$R$30*(G1866-Inputs!$R$27)","v":-7501.7648475047499},{"$f":"Inputs!$R$41*Inputs!$R$42/8760","v":0},{"$f":"-Inputs!$R$45*Inputs!$R$34","v":-90000},1464.1592348808538,9.1194681912721114E-3,3.8301766403342867E-3,{"$f":"-N1866/(1.202*2465560*MAX(0,(Inputs!$R$49-Q1866)))","v":4.2366031050033373},{"$f":"params!$C$16*R1866*(G1866-Inputs!$R$27)","v":-43017.86376378579},-135749.38326713518,{"$f":"E1866*params!$C$8","v":186.435}]
["1995-03-19",3,19,"18:00:00",40,10,12.2,0,43,{"$f":"Inputs!$R$38*Inputs!$R$33*(G1867-Inputs!$R$27)","v":-50753.599879610942},{"$f":"Inputs!$R$34*E1867*Inputs!$R$39","v":23411.588736424532},{"$f":"params!$C$16*Inputs!$R$30*(G1867-Inputs!$R$27)","v":-7947.7085966959166},{"$f":"Inputs!$R$41*Inputs!$R$42/8760","v":0},{"$f":"-Inputs!$R$45*Inputs!$R$34","v":-90000},1416.8513363145253,8.8206338116364833E-3,3.7928725390036877E-3,{"$f":"-N1867/(1.202*2465560*MAX(0,(Inputs!$R$49-Q1867)))","v":4.2146692285633565},{"$f":"params!$C$16*R1867*(G1867-Inputs!$R$27)","v":-45339.115652406093},-170628.83539228843,{"$f":"E1867*params!$C$8","v":82.86}]
["1995-03-19",3,19,"19:00:00",0,10,11.6,0.5,46,{"$f":"Inputs!$R$38*Inputs!$R$33*(G1868-Inputs!$R$27)","v":-54170.924559784246},{"$f":"Inputs!$R$34*E1868*Inputs!$R$39","v":0},{"$f":"params!$C$16*Inputs!$R$30*(G1868-Inputs!$R$27)","v":-8482.8410957253182},{"$f":"Inputs!$R$41*Inputs!$R$42/8760","v":0},{"$f":"-Inputs!$R$45*Inputs!$R$34","v":-90000},1361.8604305174304,8.473622919620909E-3,3.8978665430256182E-3,{"$f":"-N1868/(1.202*2465560*MAX(0,(Inputs!$R$49-Q1868)))","v":4.2769915935078924},{"$f":"params!$C$16*R1868*(G1868-Inputs!$R$27)","v":-49107.445290965217},-201761.21094647475,{"$f":"E1868*params!$C$8","v":0}]
["1995-03-19",3,19,"20:00:00",0,10,11,0.5,48,{"$f":"Inputs!$R$38*Inputs!$R$33*(G1869-Inputs!$R$27)","v":-57588.249239957542},{"$f":"Inputs!$R$34*E1869*Inputs!$R$39","v":0},{"$f":"params!$C$16*Inputs!$R$30*(G1869-Inputs!$R$27)","v":-9017.9735947547179},{"$f":"Inputs!$R$41*Inputs!$R$42/8760","v":0},{"$f":"-Inputs!$R$45*Inputs!$R$34","v":-90000},1308.7561751391206,8.138879592783612E-3,3.9066622045361337E-3,{"$f":"-N1869/(1.202*2465560*MAX(0,(Inputs!$R$49-Q1869)))","v":4.2822962974612508},{"$f":"params!$C$16*R1869*(G1869-Inputs!$R$27)","v":-52270.094571646987},-208876.31740635925,{"$f":"E1869*params!$C$8","v":0}]
["1995-03-19",3,19,"21:00:00",0,9,10.5,0.5,50,{"$f":"Inputs!$R$38*Inputs!$R$33*(G1870-Inputs!$R$27)","v":-60436.019806768636},{"$f":"Inputs!$R$34*E1870*Inputs!$R$39","v":0},{"$f":"params!$C$16*Inputs!$R$30*(G1870-Inputs!$R$27)","v":-9463.9173439458864},{"$f":"Inputs!$R$41*Inputs!$R$42/8760","v":0},{"$f":"-Inputs!$R$45*Inputs!$R$34","v":-90000},1265.9037593783532,7.8690179088235224E-3,3.9345089544117612E-3,{"$f":"-N1870/(1.202*2465560*MAX(0,(Inputs!$R$49-Q1870)))","v":4.299177919777029},{"$f":"params!$C$16*R1870*(G1870-Inputs!$R$27)","v":-55071.127782743628},-214971.06493345814,{"$f":"E1870*params!$C$8","v":0}]
["1995-03-19",3,19,"22:00:00",0,10,10,0.5,52,{"$f":"Inputs!$R$38*Inputs!$R$33*(G1871-Inputs!$R$27)","v":-63283.790373579723},{"$f":"Inputs!$R$34*E1871*Inputs!$R$39","v":0},{"$f":"params!$C$16*Inputs!$R$30*(G1871-Inputs!$R$27)","v":-9909.8610931370531},{"$f":"Inputs!$R$41*Inputs!$R$42/8760","v":0},{"$f":"-Inputs!$R$45*Inputs!$R$34","v":-90000},1224.2915728566036,7.6071876458255446E-3,3.9557375758292835E-3,{"$f":"-N1871/(1.202*2465560*MAX(0,(Inputs!$R$49-Q1871)))","v":4.3121370932742984},{"$f":"params!$C$16*R1871*(G1871-Inputs!$R$27)","v":-57839.92748890353},-221033.57895562029,{"$f":"E1871*params!$C$8","v":0}]
["1995-03-19",3,19,"23:00:00",0,10,9.4,0.5,54,{"$f":"Inputs!$R$38*Inputs!$R$33*(G1872-Inputs!$R$27)","v":-66701.115053753019},{"$f":"Inputs!$R$34*E1872*Inputs!$R$39","v":0},{"$f":"params!$C$16*Inputs!$R$30*(G1872-Inputs!$R$27)","v":-10444.993592166453},{"$f":"Inputs!$R$41*Inputs!$R$42/8760","v":0},{"$f":"-Inputs!$R$45*Inputs!$R$34","v":-90000},1175.9507731568485,7.3032931169560531E-3,3.9437782831562686E-3,{"$f":"-N1872/(1.202*2465560*MAX(0,(Inputs!$R$49-Q1872)))","v":4.3048268593135965},{"$f":"params!$C$16*R1872*(G1872-Inputs!$R$27)","v":-60859.934385582856},-228006.04303150234,{"$f":"E1872*params!$C$8","v":0}]
["1995-03-19",3,19,1,0,10,8.3000000000000007,0.5,58,{"$f":"Inputs!$R$38*Inputs!$R$33*(G1873-Inputs!$R$27)","v":-72966.21030073741},{"$f":"Inputs!$R$34*E1873*Inputs!$R$39","v":0},{"$f":"params!$C$16*Inputs!$R$30*(G1873-Inputs!$R$27)","v":-11426.069840387021},{"$f":"Inputs!$R$41*Inputs!$R$42/8760","v":0},{"$f":"-Inputs!$R$45*Inputs!$R$34","v":-90000},1091.6777773743988,6.7742116984131845E-3,3.9290427850796469E-3,{"$f":"-N1873/(1.202*2465560*MAX(0,(Inputs!$R$49-Q1873)))","v":4.2958536557360256},{"$f":"params!$C$16*R1873*(G1873-Inputs!$R$27)","v":-66437.604588687915},-240829.88472981236,{"$f":"E1873*params!$C$8","v":0}]
["1995-03-20",3,20,"01:00:00",0,10,7.6,0.6,61,{"$f":"Inputs!$R$38*Inputs!$R$33*(G1874-Inputs!$R$27)","v":-76953.089094272946},{"$f":"Inputs!$R$34*E1874*Inputs!$R$39","v":0},{"$f":"params!$C$16*Inputs!$R$30*(G1874-Inputs!$R$27)","v":-12050.391089254657},{"$f":"Inputs!$R$41*Inputs!$R$42/8760","v":0},{"$f":"-Inputs!$R$45*Inputs!$R$34","v":-90000},1040.864706740547,6.4556275866099015E-3,3.9379328278320398E-3,{"$f":"-N1874/(1.202*2465560*MAX(0,(Inputs!$R$49-Q1874)))","v":4.3012627784896029},{"$f":"params!$C$16*R1874*(G1874-Inputs!$R$27)","v":-70155.985710569177},-249159.46589409676,{"$f":"E1874*params!$C$8","v":0}]
["1995-03-20",3,20,"02:00:00",0,10,7.2,1,65,{"$f":"Inputs!$R$38*Inputs!$R$33*(G1875-Inputs!$R$27)","v":-79231.305547721815},{"$f":"Inputs!$R$34*E1875*Inputs!$R$39","v":0},{"$f":"params!$C$16*Inputs!$R$30*(G1875-Inputs!$R$27)","v":-12407.146088607591},{"$f":"Inputs!$R$41*Inputs!$R$42/8760","v":0},{"$f":"-Inputs!$R$45*Inputs!$R$34","v":-90000},1012.7753618292717,6.2796535698688054E-3,4.0817748204147238E-3,{"$f":"-N1875/(1.202*2465560*MAX(0,(Inputs!$R$49-Q1875)))","v":4.3907156975871011},{"$f":"params!$C$16*R1875*(G1875-Inputs!$R$27)","v":-73735.193813086807},-255373.64544941622,{"$f":"E1875*params!$C$8","v":0}]
["1995-03-20",3,20,"03:00:00",0,10,6.9,1.6,69,{"$f":"Inputs!$R$38*Inputs!$R$33*(G1876-Inputs!$R$27)","v":-80939.967887808467},{"$f":"Inputs!$R$34*E1876*Inputs!$R$39","v":0},{"$f":"params!$C$16*Inputs!$R$30*(G1876-Inputs!$R$27)","v":-12674.71233812229},{"$f":"Inputs!$R$41*Inputs!$R$42/8760","v":0},{"$f":"-Inputs!$R$45*Inputs!$R$34","v":-90000},992.14941816241287,6.150498979447569E-3,4.2438442958188227E-3,{"$f":"-N1876/(1.202*2465560*MAX(0,(Inputs!$R$49-Q1876)))","v":4.4960687246132309},{"$f":"params!$C$16*R1876*(G1876-Inputs!$R$27)","v":-77132.723393976252},-260747.40361990701,{"$f":"E1876*params!$C$8","v":0}]
["1995-03-20",3,20,"04:00:00",0,10,6.7,2,72,{"$f":"Inputs!$R$38*Inputs!$R$33*(G1877-Inputs!$R$27)","v":-82079.076114532902},{"$f":"Inputs!$R$34*E1877*Inputs!$R$39","v":0},{"$f":"params!$C$16*Inputs!$R$30*(G1877-Inputs!$R$27)","v":-12853.089837798758},{"$f":"Inputs!$R$41*Inputs!$R$42/8760","v":0},{"$f":"-Inputs!$R$45*Inputs!$R$34","v":-90000},978.60557903106951,6.0657196659430037E-3,4.3673181594789633E-3,{"$f":"-N1877/(1.202*2465560*MAX(0,(Inputs!$R$49-Q1877)))","v":4.5797890656509663},{"$f":"params!$C$16*R1877*(G1877-Inputs!$R$27)","v":-79674.735816422908},-264606.90176875459,{"$f":"E1877*params!$C$8","v":0}]
["1995-03-20",3,20,"05:00:00",0,10,6.6,2.6,76,{"$f":"Inputs!$R$38*Inputs!$R$33*(G1878-Inputs!$R$27)","v":-82648.630227895119},{"$f":"Inputs!$R$34*E1878*Inputs!$R$39","v":0},{"$f":"params!$C$16*Inputs!$R$30*(G1878-Inputs!$R$27)","v":-12942.278587636991},{"$f":"Inputs!$R$41*Inputs!$R$42/8760","v":0},{"$f":"-Inputs!$R$45*Inputs!$R$34","v":-90000},971.89505506814805,6.0237228004355421E-3,4.5780293283310116E-3,{"$f":"-N1878/(1.202*2465560*MAX(0,(Inputs!$R$49-Q1878)))","v":4.7300965376156929},{"$f":"params!$C$16*R1878*(G1878-Inputs!$R$27)","v":-82860.654912472557},-268451.56372800469,{"$f":"E1878*params!$C$8","v":0}]
["1995-03-20",3,20,"06:00:00",0,10,6.6,3.3,79,{"$f":"Inputs!$R$38*Inputs!$R$33*(G1879-Inputs!$R$27)","v":-82648.630227895119},{"$f":"Inputs!$R$34*E1879*Inputs!$R$39","v":0},{"$f":"params!$C$16*Inputs!$R$30*(G1879-Inputs!$R$27)","v":-12942.278587636991},{"$f":"Inputs!$R$41*Inputs!$R$42/8760","v":0},{"$f":"-Inputs!$R$45*Inputs!$R$34","v":-90000},971.89505506814805,6.0237228004355421E-3,4.7587410123440784E-3,{"$f":"-N1879/(1.202*2465560*MAX(0,(Inputs!$R$49-Q1879)))","v":4.8670910731237118},{"$f":"params!$C$16*R1879*(G1879-Inputs!$R$27)","v":-85260.491119060083},-270851.39993459219,{"$f":"E1879*params!$C$8","v":0}]
["1995-03-20",3,20,"07:00:00",25,9,6.6,2.2000000000000002,73,{"$f":"Inputs!$R$38*Inputs!$R$33*(G1880-Inputs!$R$27)","v":-82648.630227895119},{"$f":"Inputs!$R$34*E1880*Inputs!$R$39","v":14632.242960265332},{"$f":"params!$C$16*Inputs!$R$30*(G1880-Inputs!$R$27)","v":-12942.278587636991},{"$f":"Inputs!$R$41*Inputs!$R$42/8760","v":0},{"$f":"-Inputs!$R$45*Inputs!$R$34","v":-90000},971.89505506814805,6.0237228004355421E-3,4.3973176443179458E-3,{"$f":"-N1880/(1.202*2465560*MAX(0,(Inputs!$R$49-Q1880)))","v":4.6006028740858378},{"$f":"params!$C$16*R1880*(G1880-Inputs!$R$27)","v":-80592.217115956082},-251550.88297122286,{"$f":"E1880*params!$C$8","v":51.787499999999994}]
["1995-03-20",3,20,"08:00:00",149,9,6.6,2.2000000000000002,73,{"$f":"Inputs!$R$38*Inputs!$R$33*(G1881-Inputs!$R$27)","v":-82648.630227895119},{"$f":"Inputs!$R$34*E1881*Inputs!$R$39","v":87208.168043181373},{"$f":"params!$C$16*Inputs!$R$30*(G1881-Inputs!$R$27)","v":-12942.278587636991},{"$f":"Inputs!$R$41*Inputs!$R$42/8760","v":0},{"$f":"-Inputs!$R$45*Inputs!$R$34","v":-90000},971.89505506814805,6.0237228004355421E-3,4.3973176443179458E-3,{"$f":"-N1881/(1.202*2465560*MAX(0,(Inputs!$R$49-Q1881)))","v":4.6006028740858378},{"$f":"params!$C$16*R1881*(G1881-Inputs!$R$27)","v":-80592.217115956082},-178974.95788830682,{"$f":"E1881*params!$C$8","v":308.65350000000001}]
["1995-03-20",3,20,"09:00:00",338,9,7.7,2.2000000000000002,68,{"$f":"Inputs!$R$38*Inputs!$R$33*(G1882-Inputs!$R$27)","v":-76383.534980910728},{"$f":"Inputs!$R$34*E1882*Inputs!$R$39","v":197827.92482278729},{"$f":"params!$C$16*Inputs!$R$30*(G1882-Inputs!$R$27)","v":-11961.202339416424},{"$f":"Inputs!$R$41*Inputs!$R$42/8760","v":0},{"$f":"-Inputs!$R$45*Inputs!$R$34","v":-90000},1047.9935141086903,6.5003037959358509E-3,4.4202065812363788E-3,{"$f":"-N1882/(1.202*2465560*MAX(0,(Inputs!$R$49-Q1882)))","v":4.6166110256298873},{"$f":"params!$C$16*R1882*(G1882-Inputs!$R$27)","v":-74742.175519360972},-55258.988016900839,{"$f":"E1882*params!$C$8","v":700.16699999999992}]
["1995-03-20",3,20,"10:00:00",327,9,10,2.7,60,{"$f":"Inputs!$R$38*Inputs!$R$33*(G1883-Inputs!$R$27)","v":-63283.790373579723},{"$f":"Inputs!$R$34*E1883*Inputs!$R$39","v":191389.73792027053},{"$f":"params!$C$16*Inputs!$R$30*(G1883-Inputs!$R$27)","v":-9909.8610931370531},{"$f":"Inputs!$R$41*Inputs!$R$42/8760","v":0},{"$f":"-Inputs!$R$45*Inputs!$R$34","v":-90000},1224.2915728566036,7.6071876458255446E-3,4.5643125874953267E-3,{"$f":"-N1883/(1.202*2465560*MAX(0,(Inputs!$R$49-Q1883)))","v":4.7200123340276443},{"$f":"params!$C$16*R1883*(G1883-Inputs!$R$27)","v":-63310.874687332951},-35114.788233779182,{"$f":"E1883*params!$C$8","v":677.38049999999998}]
["1995-03-20",3,20,"11:00:00",199,10,10.5,3.3,61,{"$f":"Inputs!$R$38*Inputs!$R$33*(G1884-Inputs!$R$27)","v":-60436.019806768636},{"$f":"Inputs!$R$34*E1884*Inputs!$R$39","v":116472.65396371203},{"$f":"params!$C$16*Inputs!$R$30*(G1884-Inputs!$R$27)","v":-9463.9173439458864},{"$f":"Inputs!$R$41*Inputs!$R$42/8760","v":0},{"$f":"-Inputs!$R$45*Inputs!$R$34","v":-90000},1265.9037593783532,7.8690179088235224E-3,4.8001009243823492E-3,{"$f":"-N1884/(1.202*2465560*MAX(0,(Inputs!$R$49-Q1884)))","v":4.8995687133027079},{"$f":"params!$C$16*R1884*(G1884-Inputs!$R$27)","v":-62761.946522236569},-106189.22970923907,{"$f":"E1884*params!$C$8","v":412.2285}]
["1995-03-20",3,20,"12:00:00",610,9,11.6,3.3,57,{"$f":"Inputs!$R$38*Inputs!$R$33*(G1885-Inputs!$R$27)","v":-54170.924559784246},{"$f":"Inputs!$R$34*E1885*Inputs!$R$39","v":357026.72823047411},{"$f":"params!$C$16*Inputs!$R$30*(G1885-Inputs!$R$27)","v":-8482.8410957253182},{"$f":"Inputs!$R$41*Inputs!$R$42/8760","v":0},{"$f":"-Inputs!$R$45*Inputs!$R$34","v":-90000},1361.8604305174304,8.473622919620909E-3,4.829965064183918E-3,{"$f":"-N1885/(1.202*2465560*MAX(0,(Inputs!$R$49-Q1885)))","v":4.9232901411754737},{"$f":"params!$C$16*R1885*(G1885-Inputs!$R$27)","v":-56528.098307770699},147844.86426719386,{"$f":"E1885*params!$C$8","v":1263.615}]
["1995-03-20",3,20,"13:00:00",224,10,11.1,3.8,61,{"$f":"Inputs!$R$38*Inputs!$R$33*(G1886-Inputs!$R$27)","v":-57018.695126595332},{"$f":"Inputs!$R$34*E1886*Inputs!$R$39","v":131104.89692397736},{"$f":"params!$C$16*Inputs!$R$30*(G1886-Inputs!$R$27)","v":-8928.7848449164849},{"$f":"Inputs!$R$41*Inputs!$R$42/8760","v":0},{"$f":"-Inputs!$R$45*Inputs!$R$34","v":-90000},1317.4782376741875,8.1938348219052388E-3,4.9982392413621957E-3,{"$f":"-N1886/(1.202*2465560*MAX(0,(Inputs!$R$49-Q1886)))","v":5.0613661406165109},{"$f":"params!$C$16*R1886*(G1886-Inputs!$R$27)","v":-61168.48533716947},-86011.068384703918,{"$f":"E1886*params!$C$8","v":464.01599999999996}]
["1995-03-20",3,20,"14:00:00",212,10,10.5,3.8,63,{"$f":"Inputs!$R$38*Inputs!$R$33*(G1887-Inputs!$R$27)","v":-60436.019806768636},{"$f":"Inputs!$R$34*E1887*Inputs!$R$39","v":124081.42030305001},{"$f":"params!$C$16*Inputs!$R$30*(G1887-Inputs!$R$27)","v":-9463.9173439458864},{"$f":"Inputs!$R$41*Inputs!$R$42/8760","v":0},{"$f":"-Inputs!$R$45*Inputs!$R$34","v":-90000},1265.9037593783532,7.8690179088235224E-3,4.9574812825588189E-3,{"$f":"-N1887/(1.202*2465560*MAX(0,(Inputs!$R$49-Q1887)))","v":5.0272165650999741},{"$f":"params!$C$16*R1887*(G1887-Inputs!$R$27)","v":-64397.075676855173},-100215.59252451968,{"$f":"E1887*params!$C$8","v":439.15799999999996}]
["1995-03-20",3,20,"15:00:00",183,10,11.1,4.4000000000000004,63,{"$f":"Inputs!$R$38*Inputs!$R$33*(G1888-Inputs!$R$27)","v":-57018.695126595332},{"$f":"Inputs!$R$34*E1888*Inputs!$R$39","v":107108.01846914222},{"$f":"params!$C$16*Inputs!$R$30*(G1888-Inputs!$R$27)","v":-8928.7848449164849},{"$f":"Inputs!$R$41*Inputs!$R$42/8760","v":0},{"$f":"-Inputs!$R$45*Inputs!$R$34","v":-90000},1317.4782376741875,8.1938348219052388E-3,5.1621159378003002E-3,{"$f":"-N1888/(1.202*2465560*MAX(0,(Inputs!$R$49-Q1888)))","v":5.2034867102516174},{"$f":"params!$C$16*R1888*(G1888-Inputs!$R$27)","v":-62886.065085070557},-111725.52658744015,{"$f":"E1888*params!$C$8","v":379.08449999999999}]
["1995-03-20",3,20,"16:00:00",140,10,10,5.5,74,{"$f":"Inputs!$R$38*Inputs!$R$33*(G1889-Inputs!$R$27)","v":-63283.790373579723},{"$f":"Inputs!$R$34*E1889*Inputs!$R$39","v":81940.560577485856},{"$f":"params!$C$16*Inputs!$R$30*(G1889-Inputs!$R$27)","v":-9909.8610931370531},{"$f":"Inputs!$R$41*Inputs!$R$42/8760","v":0},{"$f":"-Inputs!$R$45*Inputs!$R$34","v":-90000},1224.2915728566036,7.6071876458255446E-3,5.6293188579109033E-3,{"$f":"-N1889/(1.202*2465560*MAX(0,(Inputs!$R$49-Q1889)))","v":5.656289576644828},{"$f":"params!$C$16*R1889*(G1889-Inputs!$R$27)","v":-75869.428984447833},-157122.51987367874,{"$f":"E1889*params!$C$8","v":290.01}]
["1995-03-20",3,20,"17:00:00",85,10,10,6.1,77,{"$f":"Inputs!$R$38*Inputs!$R$33*(G1890-Inputs!$R$27)","v":-63283.790373579723},{"$f":"Inputs!$R$34*E1890*Inputs!$R$39","v":49749.626064902121},{"$f":"params!$C$16*Inputs!$R$30*(G1890-Inputs!$R$27)","v":-9909.8610931370531},{"$f":"Inputs!$R$41*Inputs!$R$42/8760","v":0},{"$f":"-Inputs!$R$45*Inputs!$R$34","v":-90000},1224.2915728566036,7.6071876458255446E-3,5.8575344872856695E-3,{"$f":"-N1890/(1.202*2465560*MAX(0,(Inputs!$R$49-Q1890)))","v":5.9073916615163782},{"$f":"params!$C$16*R1890*(G1890-Inputs!$R$27)","v":-79237.533028249178},-192681.55843006383,{"$f":"E1890*params!$C$8","v":176.07749999999999}]
["1995-03-20",3,20,"18:00:00",38,10,10,6.1,77,{"$f":"Inputs!$R$38*Inputs!$R$33*(G1891-Inputs!$R$27)","v":-63283.790373579723},{"$f":"Inputs!$R$34*E1891*Inputs!$R$39","v":22241.009299603302},{"$f":"params!$C$16*Inputs!$R$30*(G1891-Inputs!$R$27)","v":-9909.8610931370531},{"$f":"Inputs!$R$41*Inputs!$R$42/8760","v":0},{"$f":"-Inputs!$R$45*Inputs!$R$34","v":-90000},1224.2915728566036,7.6071876458255446E-3,5.8575344872856695E-3,{"$f":"-N1891/(1.202*2465560*MAX(0,(Inputs!$R$49-Q1891)))","v":5.9073916615163782},{"$f":"params!$C$16*R1891*(G1891-Inputs!$R$27)","v":-79237.533028249178},-220190.17519536265,{"$f":"E1891*params!$C$8","v":78.716999999999999}]
["1995-03-20",3,20,"19:00:00",2,3,9.4,5.5,77,{"$f":"Inputs!$R$38*Inputs!$R$33*(G1892-Inputs!$R$27)","v":-66701.115053753019},{"$f":"Inputs!$R$34*E1892*Inputs!$R$39","v":1170.5794368212264},{"$f":"params!$C$16*Inputs!$R$30*(G1892-Inputs!$R$27)","v":-10444.993592166453},{"$f":"Inputs!$R$41*Inputs!$R$42/8760","v":0},{"$f":"-Inputs!$R$45*Inputs!$R$34","v":-90000},1175.9507731568485,7.3032931169560531E-3,5.6235357000561613E-3,{"$f":"-N1892/(1.202*2465560*MAX(0,(Inputs!$R$49-Q1892)))","v":5.6502034875627949},{"$f":"params!$C$16*R1892*(G1892-Inputs!$R$27)","v":-79880.335436555339},-245855.86464565358,{"$f":"E1892*params!$C$8","v":4.1429999999999998}]
["1995-03-20",3,20,"20:00:00",0,2,7.2,5.5,89,{"$f":"Inputs!$R$38*Inputs!$R$33*(G1893-Inputs!$R$27)","v":-79231.305547721815},{"$f":"Inputs!$R$34*E1893*Inputs!$R$39","v":0},{"$f":"params!$C$16*Inputs!$R$30*(G1893-Inputs!$R$27)","v":-12407.146088607591},{"$f":"Inputs!$R$41*Inputs!$R$42/8760","v":0},{"$f":"-Inputs!$R$45*Inputs!$R$34","v":-90000},1012.7753618292717,6.2796535698688054E-3,5.588891677183236E-3,{"$f":"-N1893/(1.202*2465560*MAX(0,(Inputs!$R$49-Q1893)))","v":5.6140172291249995},{"$f":"params!$C$16*R1893*(G1893-Inputs!$R$27)","v":-94278.627214926528},-275917.07885125594,{"$f":"E1893*params!$C$8","v":0}]
["1995-03-20",3,20,"21:00:00",0,3,8.3000000000000007,5,80,{"$f":"Inputs!$R$38*Inputs!$R$33*(G1894-Inputs!$R$27)","v":-72966.21030073741},{"$f":"Inputs!$R$34*E1894*Inputs!$R$39","v":0},{"$f":"params!$C$16*Inputs!$R$30*(G1894-Inputs!$R$27)","v":-11426.069840387021},{"$f":"Inputs!$R$41*Inputs!$R$42/8760","v":0},{"$f":"-Inputs!$R$45*Inputs!$R$34","v":-90000},1091.6777773743988,6.7742116984131845E-3,5.4193693587305481E-3,{"$f":"-N1894/(1.202*2465560*MAX(0,(Inputs!$R$49-Q1894)))","v":5.4434283676970763},{"$f":"params!$C$16*R1894*(G1894-Inputs!$R$27)","v":-84185.442634205057},-258577.72277532949,{"$f":"E1894*params!$C$8","v":0}]
["1995-03-20",3,20,"22:00:00",0,2,10,5,71,{"$f":"Inputs!$R$38*Inputs!$R$33*(G1895-Inputs!$R$27)","v":-63283.790373579723},{"$f":"Inputs!$R$34*E1895*Inputs!$R$39","v":0},{"$f":"params!$C$16*Inputs!$R$30*(G1895-Inputs!$R$27)","v":-9909.8610931370531},{"$f":"Inputs!$R$41*Inputs!$R$42/8760","v":0},{"$f":"-Inputs!$R$45*Inputs!$R$34","v":-90000},1224.2915728566036,7.6071876458255446E-3,5.401103228536137E-3,{"$f":"-N1895/(1.202*2465560*MAX(0,(Inputs!$R$49-Q1895)))","v":5.4256640107480081},{"$f":"params!$C$16*R1895*(G1895-Inputs!$R$27)","v":-72775.982343021475},-235969.63380973827,{"$f":"E1895*params!$C$8","v":0}]
["1995-03-20",3,20,"23:00:00",0,3,9.6,5.3,75,{"$f":"Inputs!$R$38*Inputs!$R$33*(G1896-Inputs!$R$27)","v":-65562.006827028599},{"$f":"Inputs!$R$34*E1896*Inputs!$R$39","v":0},{"$f":"params!$C$16*Inputs!$R$30*(G1896-Inputs!$R$27)","v":-10266.616092489987},{"$f":"Inputs!$R$41*Inputs!$R$42/8760","v":0},{"$f":"-Inputs!$R$45*Inputs!$R$34","v":-90000},1191.8740912297251,7.4033626787849511E-3,5.5525220090887131E-3,{"$f":"-N1896/(1.202*2465560*MAX(0,(Inputs!$R$49-Q1896)))","v":5.5765238848725707},{"$f":"params!$C$16*R1896*(G1896-Inputs!$R$27)","v":-77492.291281610727},-243320.91420112932,{"$f":"E1896*params!$C$8","v":0}]
["1995-03-20",3,20,1,0,4,9.5,5.7,77,{"$f":"Inputs!$R$38*Inputs!$R$33*(G1897-Inputs!$R$27)","v":-66131.560940390802},{"$f":"Inputs!$R$34*E1897*Inputs!$R$39","v":0},{"$f":"params!$C$16*Inputs!$R$30*(G1897-Inputs!$R$27)","v":-10355.80484232822},{"$f":"Inputs!$R$41*Inputs!$R$42/8760","v":0},{"$f":"-Inputs!$R$45*Inputs!$R$34","v":-90000},1183.8888469205292,7.3531756990594058E-3,5.6619452882757425E-3,{"$f":"-N1897/(1.202*2465560*MAX(0,(Inputs!$R$49-Q1897)))","v":5.6908721701751874},{"$f":"params!$C$16*R1897*(G1897-Inputs!$R$27)","v":-79768.293481037384},-246255.65926375642,{"$f":"E1897*params!$C$8","v":0}]
["1995-03-21",3,21,"01:00:00",0,5,9,5.7,80,{"$f":"Inputs!$R$38*Inputs!$R$33*(G1898-Inputs!$R$27)","v":-68979.331507201889},{"$f":"Inputs!$R$34*E1898*Inputs!$R$39","v":0},{"$f":"params!$C$16*Inputs!$R$30*(G1898-Inputs!$R$27)","v":-10801.748591519388},{"$f":"Inputs!$R$41*Inputs!$R$42/8760","v":0},{"$f":"-Inputs!$R$45*Inputs!$R$34","v":-90000},1144.6654335441779,7.1067740933079149E-3,5.6854192746463314E-3,{"$f":"-N1898/(1.202*2465560*MAX(0,(Inputs!$R$49-Q1898)))","v":5.7160163035270273},{"$f":"params!$C$16*R1898*(G1898-Inputs!$R$27)","v":-83570.911103543549},-253351.99120226479,{"$f":"E1898*params!$C$8","v":0}]
["1995-03-21",3,21,"02:00:00",0,6,8.9,5.9,81,{"$f":"Inputs!$R$38*Inputs!$R$33*(G1899-Inputs!$R$27)","v":-69548.885620564106},{"$f":"Inputs!$R$34*E1899*Inputs!$R$39","v":0},{"$f":"params!$C$16*Inputs!$R$30*(G1899-Inputs!$R$27)","v":-10890.937341357621},{"$f":"Inputs!$R$41*Inputs!$R$42/8760","v":0},{"$f":"-Inputs!$R$45*Inputs!$R$34","v":-90000},1136.9596585041099,7.0583890650618127E-3,5.7172951427000686E-3,{"$f":"-N1899/(1.202*2465560*MAX(0,(Inputs!$R$49-Q1899)))","v":5.7505179624523501},{"$f":"params!$C$16*R1899*(G1899-Inputs!$R$27)","v":-84769.542043835318},-255209.36500575708,{"$f":"E1899*params!$C$8","v":0}]
["1995-03-21",3,21,"03:00:00",0,7,8.9,6.4,84,{"$f":"Inputs!$R$38*Inputs!$R$33*(G1900-Inputs!$R$27)","v":-69548.885620564106},{"$f":"Inputs!$R$34*E1900*Inputs!$R$39","v":0},{"$f":"params!$C$16*Inputs!$R$30*(G1900-Inputs!$R$27)","v":-10890.937341357621},{"$f":"Inputs!$R$41*Inputs!$R$42/8760","v":0},{"$f":"-Inputs!$R$45*Inputs!$R$34","v":-90000},1136.9596585041099,7.0583890650618127E-3,5.9290468146519226E-3,{"$f":"-N1900/(1.202*2465560*MAX(0,(Inputs!$R$49-Q1900)))","v":5.9907278829185104},{"$f":"params!$C$16*R1900*(G1900-Inputs!$R$27)","v":-88310.524801433508},-258750.34776335524,{"$f":"E1900*params!$C$8","v":0}]
["1995-03-21",3,21,"04:00:00",0,8,9,6.7,85,{"$f":"Inputs!$R$38*Inputs!$R$33*(G1901-Inputs!$R$27)","v":-68979.331507201889},{"$f":"Inputs!$R$34*E1901*Inputs!$R$39","v":0},{"$f":"params!$C$16*Inputs!$R$30*(G1901-Inputs!$R$27)","v":-10801.748591519388},{"$f":"Inputs!$R$41*Inputs!$R$42/8760","v":0},{"$f":"-Inputs!$R$45*Inputs!$R$34","v":-90000},1144.6654335441779,7.1067740933079149E-3,6.0407579793117271E-3,{"$f":"-N1901/(1.202*2465560*MAX(0,(Inputs!$R$49-Q1901)))","v":6.1257207754998522},{"$f":"params!$C$16*R1901*(G1901-Inputs!$R$27)","v":-89560.987791190157},-259342.06788991141,{"$f":"E1901*params!$C$8","v":0}]
["1995-03-21",3,21,"05:00:00",0,9,9.1999999999999993,7.2,87,{"$f":"Inputs!$R$38*Inputs!$R$33*(G1902-Inputs!$R$27)","v":-67840.223280477469},{"$f":"Inputs!$R$34*E1902*Inputs!$R$39","v":0},{"$f":"params!$C$16*Inputs!$R$30*(G1902-Inputs!$R$27)","v":-10623.371091842921},{"$f":"Inputs!$R$41*Inputs!$R$42/8760","v":0},{"$f":"-Inputs!$R$45*Inputs!$R$34","v":-90000},1160.215185315742,7.2044345954297246E-3,6.267858098023861E-3,{"$f":"-N1902/(1.202*2465560*MAX(0,(Inputs!$R$49-Q1902)))","v":6.4198065614177047},{"$f":"params!$C$16*R1902*(G1902-Inputs!$R$27)","v":-92310.670998474205},-260774.2653707946,{"$f":"E1902*params!$C$8","v":0}]
["1995-03-21",3,21,"06:00:00",0,10,9.4,7.7,89,{"$f":"Inputs!$R$38*Inputs!$R$33*(G1903-Inputs!$R$27)","v":-66701.115053753019},{"$f":"Inputs!$R$34*E1903*Inputs!$R$39","v":0},{"$f":"params!$C$16*Inputs!$R$30*(G1903-Inputs!$R$27)","v":-10444.993592166453},{"$f":"Inputs!$R$41*Inputs!$R$42/8760","v":0},{"$f":"-Inputs!$R$45*Inputs!$R$34","v":-90000},1175.9507731568485,7.3032931169560531E-3,6.4999308740908866E-3,{"$f":"-N1903/(1.202*2465560*MAX(0,(Inputs!$R$49-Q1903)))","v":6.7510080655033651},{"$f":"params!$C$16*R1903*(G1903-Inputs!$R$27)","v":-95443.073863506768},-262589.18250942626,{"$f":"E1903*params!$C$8","v":0}]
["1995-03-21",3,21,"07:00:00",11,10,10,7.7,86,{"$f":"Inputs!$R$38*Inputs!$R$33*(G1904-Inputs!$R$27)","v":-63283.790373579723},{"$f":"Inputs!$R$34*E1904*Inputs!$R$39","v":6438.1869025167462},{"$f":"params!$C$16*Inputs!$R$30*(G1904-Inputs!$R$27)","v":-9909.8610931370531},{"$f":"Inputs!$R$41*Inputs!$R$42/8760","v":0},{"$f":"-Inputs!$R$45*Inputs!$R$34","v":-90000},1224.2915728566036,7.6071876458255446E-3,6.5421813754099681E-3,{"$f":"-N1904/(1.202*2465560*MAX(0,(Inputs!$R$49-Q1904)))","v":6.8150176505919644},{"$f":"params!$C$16*R1904*(G1904-Inputs!$R$27)","v":-91411.779871434352},-248167.24443563438,{"$f":"E1904*params!$C$8","v":22.7865}]
["1995-03-21",3,21,"08:00:00",59,10,9.4,8.3000000000000007,93,{"$f":"Inputs!$R$38*Inputs!$R$33*(G1905-Inputs!$R$27)","v":-66701.115053753019},{"$f":"Inputs!$R$34*E1905*Inputs!$R$39","v":34532.093386226181},{"$f":"params!$C$16*Inputs!$R$30*(G1905-Inputs!$R$27)","v":-10444.993592166453},{"$f":"Inputs!$R$41*Inputs!$R$42/8760","v":0},{"$f":"-Inputs!$R$45*Inputs!$R$34","v":-90000},1175.9507731568485,7.3032931169560531E-3,6.7920625987691295E-3,{"$f":"-N1905/(1.202*2465560*MAX(0,(Inputs!$R$49-Q1905)))","v":7.2198807216266294},{"$f":"params!$C$16*R1905*(G1905-Inputs!$R$27)","v":-102071.80947110003},-234685.82473079331,{"$f":"E1905*params!$C$8","v":122.21849999999999}]
["1995-03-21",3,21,"09:00:00",115,10,10.5,8.8000000000000007,89,{"$f":"Inputs!$R$38*Inputs!$R$33*(G1906-Inputs!$R$27)","v":-60436.019806768636},{"$f":"Inputs!$R$34*E1906*Inputs!$R$39","v":67308.317617220528},{"$f":"params!$C$16*Inputs!$R$30*(G1906-Inputs!$R$27)","v":-9463.9173439458864},{"$f":"Inputs!$R$41*Inputs!$R$42/8760","v":0},{"$f":"-Inputs!$R$45*Inputs!$R$34","v":-90000},1265.9037593783532,7.8690179088235224E-3,7.0034259388529353E-3,{"$f":"-N1906/(1.202*2465560*MAX(0,(Inputs!$R$49-Q1906)))","v":7.6018760057817962},{"$f":"params!$C$16*R1906*(G1906-Inputs!$R$27)","v":-97377.659802619746},-189969.27933611374,{"$f":"E1906*params!$C$8","v":238.2225}]
["1995-03-21",3,21,"10:00:00",165,10,12.2,8.3000000000000007,77,{"$f":"Inputs!$R$38*Inputs!$R$33*(G1907-Inputs!$R$27)","v":-50753.599879610942},{"$f":"Inputs!$R$34*E1907*Inputs!$R$39","v":96572.803537751199},{"$f":"params!$C$16*Inputs!$R$30*(G1907-Inputs!$R$27)","v":-7947.7085966959166},{"$f":"Inputs!$R$41*Inputs!$R$42/8760","v":0},{"$f":"-Inputs!$R$45*Inputs!$R$34","v":-90000},1416.8513363145253,8.8206338116364833E-3,6.7918880349600915E-3,{"$f":"-N1907/(1.202*2465560*MAX(0,(Inputs!$R$49-Q1907)))","v":7.2195810995803535},{"$f":"params!$C$16*R1907*(G1907-Inputs!$R$27)","v":-77664.320658296303},-129792.82559685197,{"$f":"E1907*params!$C$8","v":341.79749999999996}]
["1995-03-21",3,21,"11:00:00",201,10,10.5,5.5,71,{"$f":"Inputs!$R$38*Inputs!$R$33*(G1908-Inputs!$R$27)","v":-60436.019806768636},{"$f":"Inputs!$R$34*E1908*Inputs!$R$39","v":117643.23340053325},{"$f":"params!$C$16*Inputs!$R$30*(G1908-Inputs!$R$27)","v":-9463.9173439458864},{"$f":"Inputs!$R$41*Inputs!$R$42/8760","v":0},{"$f":"-Inputs!$R$45*Inputs!$R$34","v":-90000},1265.9037593783532,7.8690179088235224E-3,5.5870027152647005E-3,{"$f":"-N1908/(1.202*2465560*MAX(0,(Inputs!$R$49-Q1908)))","v":5.6120574975520725},{"$f":"params!$C$16*R1908*(G1908-Inputs!$R$27)","v":-71888.705547646576},-114145.40929782785,{"$f":"E1908*params!$C$8","v":416.37149999999997}]
["1995-03-21",3,21,"12:00:00",222,10,10,6.1,77,{"$f":"Inputs!$R$38*Inputs!$R$33*(G1909-Inputs!$R$27)","v":-63283.790373579723},{"$f":"Inputs!$R$34*E1909*Inputs!$R$39","v":129934.31748715614},{"$f":"params!$C$16*Inputs!$R$30*(G1909-Inputs!$R$27)","v":-9909.8610931370531},{"$f":"Inputs!$R$41*Inputs!$R$42/8760","v":0},{"$f":"-Inputs!$R$45*Inputs!$R$34","v":-90000},1224.2915728566036,7.6071876458255446E-3,5.8575344872856695E-3,{"$f":"-N1909/(1.202*2465560*MAX(0,(Inputs!$R$49-Q1909)))","v":5.9073916615163782},{"$f":"params!$C$16*R1909*(G1909-Inputs!$R$27)","v":-79237.533028249178},-112496.86700780981,{"$f":"E1909*params!$C$8","v":459.87299999999999}]
["1995-03-21",3,21,"13:00:00",226,10,10,5,71,{"$f":"Inputs!$R$38*Inputs!$R$33*(G1910-Inputs!$R$27)","v":-63283.790373579723},{"$f":"Inputs!$R$34*E1910*Inputs!$R$39","v":132275.47636079861},{"$f":"params!$C$16*Inputs!$R$30*(G1910-Inputs!$R$27)","v":-9909.8610931370531},{"$f":"Inputs!$R$41*Inputs!$R$42/8760","v":0},{"$f":"-Inputs!$R$45*Inputs!$R$34","v":-90000},1224.2915728566036,7.6071876458255446E-3,5.401103228536137E-3,{"$f":"-N1910/(1.202*2465560*MAX(0,(Inputs!$R$49-Q1910)))","v":5.4256640107480081},{"$f":"params!$C$16*R1910*(G1910-Inputs!$R$27)","v":-72775.982343021475},-103694.15744893963,{"$f":"E1910*params!$C$8","v":468.15899999999999}]
["1995-03-21",3,21,"14:00:00",214,10,11.1,3.3,59,{"$f":"Inputs!$R$38*Inputs!$R$33*(G1911-Inputs!$R$27)","v":-57018.695126595332},{"$f":"Inputs!$R$34*E1911*Inputs!$R$39","v":125251.99973987123},{"$f":"params!$C$16*Inputs!$R$30*(G1911-Inputs!$R$27)","v":-8928.7848449164849},{"$f":"Inputs!$R$41*Inputs!$R$42/8760","v":0},{"$f":"-Inputs!$R$45*Inputs!$R$34","v":-90000},1317.4782376741875,8.1938348219052388E-3,4.8343625449240903E-3,{"$f":"-N1911/(1.202*2465560*MAX(0,(Inputs!$R$49-Q1911)))","v":4.926802525787795},{"$f":"params!$C$16*R1911*(G1911-Inputs!$R$27)","v":-59542.234188390845},-90237.714420031436,{"$f":"E1911*params!$C$8","v":443.30099999999999}]
["1995-03-21",3,21,"15:00:00",185,10,10.5,2.7,58,{"$f":"Inputs!$R$38*Inputs!$R$33*(G1912-Inputs!$R$27)","v":-60436.019806768636},{"$f":"Inputs!$R$34*E1912*Inputs!$R$39","v":108278.59790596346},{"$f":"params!$C$16*Inputs!$R$30*(G1912-Inputs!$R$27)","v":-9463.9173439458864},{"$f":"Inputs!$R$41*Inputs!$R$42/8760","v":0},{"$f":"-Inputs!$R$45*Inputs!$R$34","v":-90000},1265.9037593783532,7.8690179088235224E-3,4.5640303871176428E-3,{"$f":"-N1912/(1.202*2465560*MAX(0,(Inputs!$R$49-Q1912)))","v":4.7198053187757418},{"$f":"params!$C$16*R1912*(G1912-Inputs!$R$27)","v":-60459.23352561611},-112080.57277036717,{"$f":"E1912*params!$C$8","v":383.22749999999996}]
["1995-03-21",3,21,"16:00:00",142,10,10.5,2.7,58,{"$f":"Inputs!$R$38*Inputs!$R$33*(G1913-Inputs!$R$27)","v":-60436.019806768636},{"$f":"Inputs!$R$34*E1913*Inputs!$R$39","v":83111.140014307079},{"$f":"params!$C$16*Inputs!$R$30*(G1913-Inputs!$R$27)","v":-9463.9173439458864},{"$f":"Inputs!$R$41*Inputs!$R$42/8760","v":0},{"$f":"-Inputs!$R$45*Inputs!$R$34","v":-90000},1265.9037593783532,7.8690179088235224E-3,4.5640303871176428E-3,{"$f":"-N1913/(1.202*2465560*MAX(0,(Inputs!$R$49-Q1913)))","v":4.7198053187757418},{"$f":"params!$C$16*R1913*(G1913-Inputs!$R$27)","v":-60459.23352561611},-137248.03066202355,{"$f":"E1913*params!$C$8","v":294.15299999999996}]
["1995-03-21",3,21,"17:00:00",88,10,8.8000000000000007,1.6,61,{"$f":"Inputs!$R$38*Inputs!$R$33*(G1914-Inputs!$R$27)","v":-70118.439733926323},{"$f":"Inputs!$R$34*E1914*Inputs!$R$39","v":51505.495220133969},{"$f":"params!$C$16*Inputs!$R$30*(G1914-Inputs!$R$27)","v":-10980.126091195854},{"$f":"Inputs!$R$41*Inputs!$R$42/8760","v":0},{"$f":"-Inputs!$R$45*Inputs!$R$34","v":-90000},1129.2996391964346,7.0102987159933764E-3,4.2762822167559597E-3,{"$f":"-N1914/(1.202*2465560*MAX(0,(Inputs!$R$49-Q1914)))","v":4.5177650972715053},{"$f":"params!$C$16*R1914*(G1914-Inputs!$R$27)","v":-67142.666753006895},-186735.73735799509,{"$f":"E1914*params!$C$8","v":182.292}]
["1995-03-21",3,21,"18:00:00",92,9,8.3000000000000007,1.6,63,{"$f":"Inputs!$R$38*Inputs!$R$33*(G1915-Inputs!$R$27)","v":-72966.21030073741},{"$f":"Inputs!$R$34*E1915*Inputs!$R$39","v":53846.654093776422},{"$f":"params!$C$16*Inputs!$R$30*(G1915-Inputs!$R$27)","v":-11426.069840387021},{"$f":"Inputs!$R$41*Inputs!$R$42/8760","v":0},{"$f":"-Inputs!$R$45*Inputs!$R$34","v":-90000},1091.6777773743988,6.7742116984131845E-3,4.2677533700003064E-3,{"$f":"-N1915/(1.202*2465560*MAX(0,(Inputs!$R$49-Q1915)))","v":4.5120402427444573},{"$f":"params!$C$16*R1915*(G1915-Inputs!$R$27)","v":-69781.042269779806},-190326.6683171278,{"$f":"E1915*params!$C$8","v":190.578}]
["1995-03-21",3,21,"19:00:00",2,9,7.2,1.6,68,{"$f":"Inputs!$R$38*Inputs!$R$33*(G1916-Inputs!$R$27)","v":-79231.305547721815},{"$f":"Inputs!$R$34*E1916*Inputs!$R$39","v":1170.5794368212264},{"$f":"params!$C$16*Inputs!$R$30*(G1916-Inputs!$R$27)","v":-12407.146088607591},{"$f":"Inputs!$R$41*Inputs!$R$42/8760","v":0},{"$f":"-Inputs!$R$45*Inputs!$R$34","v":-90000},1012.7753618292717,6.2796535698688054E-3,4.2701644275107871E-3,{"$f":"-N1916/(1.202*2465560*MAX(0,(Inputs!$R$49-Q1916)))","v":4.5136571556827931},{"$f":"params!$C$16*R1916*(G1916-Inputs!$R$27)","v":-75799.80306240145},-256267.67526190964,{"$f":"E1916*params!$C$8","v":4.1429999999999998}]
["1995-03-21",3,21,"20:00:00",0,10,3.8,2.2000000000000002,89,{"$f":"Inputs!$R$38*Inputs!$R$33*(G1917-Inputs!$R$27)","v":-98596.145402037204},{"$f":"Inputs!$R$34*E1917*Inputs!$R$39","v":0},{"$f":"params!$C$16*Inputs!$R$30*(G1917-Inputs!$R$27)","v":-15439.563583107529},{"$f":"Inputs!$R$41*Inputs!$R$42/8760","v":0},{"$f":"-Inputs!$R$45*Inputs!$R$34","v":-90000},799.75278170517424,4.9483114832316053E-3,4.4039972200761281E-3,{"$f":"-N1917/(1.202*2465560*MAX(0,(Inputs!$R$49-Q1917)))","v":4.6052629779386161},{"$f":"params!$C$16*R1917*(G1917-Inputs!$R$27)","v":-96240.322267001073},-300276.03125214583,{"$f":"E1917*params!$C$8","v":0}]
["1995-03-21",3,21,"21:00:00",0,10,3.3,2.7,96,{"$f":"Inputs!$R$38*Inputs!$R$33*(G1918-Inputs!$R$27)","v":-101443.91596884829},{"$f":"Inputs!$R$34*E1918*Inputs!$R$39","v":0},{"$f":"params!$C$16*Inputs!$R$30*(G1918-Inputs!$R$27)","v":-15885.507332298695},{"$f":"Inputs!$R$41*Inputs!$R$42/8760","v":0},{"$f":"-Inputs!$R$45*Inputs!$R$34","v":-90000},772.02842975916951,4.7754555160627581E-3,4.5844372954202475E-3,{"$f":"-N1918/(1.202*2465560*MAX(0,(Inputs!$R$49-Q1918)))","v":4.734822295797426},{"$f":"params!$C$16*R1918*(G1918-Inputs!$R$27)","v":-101805.76847575823},-309135.19177690521,{"$f":"E1918*params!$C$8","v":0}]
["1995-03-21",3,21,"22:00:00",0,10,4.4000000000000004,2.7,89,{"$f":"Inputs!$R$38*Inputs!$R$33*(G1919-Inputs!$R$27)","v":-95178.820721863885},{"$f":"Inputs!$R$34*E1919*Inputs!$R$39","v":0},{"$f":"params!$C$16*Inputs!$R$30*(G1919-Inputs!$R$27)","v":-14904.431084078125},{"$f":"Inputs!$R$41*Inputs!$R$42/8760","v":0},{"$f":"-Inputs!$R$45*Inputs!$R$34","v":-90000},834.18129245512239,5.1630993453363316E-3,4.595158417349335E-3,{"$f":"-N1919/(1.202*2465560*MAX(0,(Inputs!$R$49-Q1919)))","v":4.7427500776800775},{"$f":"params!$C$16*R1919*(G1919-Inputs!$R$27)","v":-95678.257264217857},-295761.50907015987,{"$f":"E1919*params!$C$8","v":0}]
["1995-03-21",3,21,"23:00:00",0,10,4.4000000000000004,1.1000000000000001,79,{"$f":"Inputs!$R$38*Inputs!$R$33*(G1920-Inputs!$R$27)","v":-95178.820721863885},{"$f":"Inputs!$R$34*E1920*Inputs!$R$39","v":0},{"$f":"params!$C$16*Inputs!$R$30*(G1920-Inputs!$R$27)","v":-14904.431084078125},{"$f":"Inputs!$R$41*Inputs!$R$42/8760","v":0},{"$f":"-Inputs!$R$45*Inputs!$R$34","v":-90000},834.18129245512239,5.1630993453363316E-3,4.0788484828157019E-3,{"$f":"-N1920/(1.202*2465560*MAX(0,(Inputs!$R$49-Q1920)))","v":4.3888587960028911},{"$f":"params!$C$16*R1920*(G1920-Inputs!$R$27)","v":-88539.002499093025},-288622.25430503505,{"$f":"E1920*params!$C$8","v":0}]
["1995-03-21",3,21,1,0,10,3.3,1.1000000000000001,85,{"$f":"Inputs!$R$38*Inputs!$R$33*(G1921-Inputs!$R$27)","v":-101443.91596884829},{"$f":"Inputs!$R$34*E1921*Inputs!$R$39","v":0},{"$f":"params!$C$16*Inputs!$R$30*(G1921-Inputs!$R$27)","v":-15885.507332298695},{"$f":"Inputs!$R$41*Inputs!$R$42/8760","v":0},{"$f":"-Inputs!$R$45*Inputs!$R$34","v":-90000},772.02842975916951,4.7754555160627581E-3,4.0591371886533447E-3,{"$f":"-N1921/(1.202*2465560*MAX(0,(Inputs!$R$49-Q1921)))","v":4.376391838446744},{"$f":"params!$C$16*R1921*(G1921-Inputs!$R$27)","v":-94098.97699002664},-301428.40029117366,{"$f":"E1921*params!$C$8","v":0}]
["1995-03-22",3,22,"01:00:00",0,10,2.7,0.7,87,{"$f":"Inputs!$R$38*Inputs!$R$33*(G1922-Inputs!$R$27)","v":-104861.24064902161},{"$f":"Inputs!$R$34*E1922*Inputs!$R$39","v":0},{"$f":"params!$C$16*Inputs!$R$30*(G1922-Inputs!$R$27)","v":-16420.639831328099},{"$f":"Inputs!$R$41*Inputs!$R$42/8760","v":0},{"$f":"-Inputs!$R$45*Inputs!$R$34","v":-90000},739.88380849706493,4.5751593141558633E-3,3.9803886033156011E-3,{"$f":"-N1922/(1.202*2465560*MAX(0,(Inputs!$R$49-Q1922)))","v":4.3272838798597162},{"$f":"params!$C$16*R1922*(G1922-Inputs!$R$27)","v":-96177.409520544752},-307459.29000089446,{"$f":"E1922*params!$C$8","v":0}]
["1995-03-22",{"$f":"MONTH(A1923)","v":3},{"$f":"DAY(A1923)","v":22},"02:00:00",0,10,2.5,0.6,87,{"$f":"Inputs!$R$38*Inputs!$R$33*(G1923-Inputs!$R$27)","v":-106000.34887574603},{"$f":"Inputs!$R$34*E1923*Inputs!$R$39","v":0},{"$f":"params!$C$16*Inputs!$R$30*(G1923-Inputs!$R$27)","v":-16599.017331004565},{"$f":"Inputs!$R$41*Inputs!$R$42/8760","v":0},{"$f":"-Inputs!$R$45*Inputs!$R$34","v":-90000},{"$f":"EXP(77.345+0.0057*(G1923+273.15)-7235/(G1923+273.15))/(G1923+273.15)^8.2","v":729.435267914223},{"$f":"0.62198*O1923/(101325-O1923)","v":4.510081027385285E-3},{"$f":"P1923*I1923/100","v":3.9237704938251978E-3},{"$f":"-N1923/(1.202*2465560*MAX(0,(Inputs!$R$49-Q1923)))","v":4.2926521660670245},{"$f":"params!$C$16*R1923*(G1923-Inputs!$R$27)","v":-96444.105738851984},{"$f":"J1923+K1923+L1923+M1923+N1923+S1923","v":-309043.47194560256},{"$f":"E1923*params!$C$8","v":0}]
["1995-03-22",3,22,"03:00:00",0,10,2.5,0.8,89,{"$f":"Inputs!$R$38*Inputs!$R$33*(G1924-Inputs!$R$27)","v":-106000.34887574603},{"$f":"Inputs!$R$34*E1924*Inputs!$R$39","v":0},{"$f":"params!$C$16*Inputs!$R$30*(G1924-Inputs!$R$27)","v":-16599.017331004565},{"$f":"Inputs!$R$41*Inputs!$R$42/8760","v":0},{"$f":"-Inputs!$R$45*Inputs!$R$34","v":-90000},729.435267914223,4.510081027385285E-3,4.0139721143729037E-3,{"$f":"-N1924/(1.202*2465560*MAX(0,(Inputs!$R$49-Q1924)))","v":4.3480912729140604},{"$f":"params!$C$16*R1924*(G1924-Inputs!$R$27)","v":-97689.67022345867},-310289.03643020929,{"$f":"E1924*params!$C$8","v":0}]
["1995-03-22",3,22,"04:00:00",0,10,2.4,0.8,89,{"$f":"Inputs!$R$38*Inputs!$R$33*(G1925-Inputs!$R$27)","v":-106569.90298910826},{"$f":"Inputs!$R$34*E1925*Inputs!$R$39","v":0},{"$f":"params!$C$16*Inputs!$R$30*(G1925-Inputs!$R$27)","v":-16688.2060808428},{"$f":"Inputs!$R$41*Inputs!$R$42/8760","v":0},{"$f":"-Inputs!$R$45*Inputs!$R$34","v":-90000},724.2601302041196,4.4778529101017865E-3,3.98528908999059E-3,{"$f":"-N1925/(1.202*2465560*MAX(0,(Inputs!$R$49-Q1925)))","v":4.3303076647119081},{"$f":"params!$C$16*R1925*(G1925-Inputs!$R$27)","v":-97812.874275319511},-311070.98334527056,{"$f":"E1925*params!$C$8","v":0}]
["1995-03-22",3,22,"05:00:00",0,10,2.5,0.9,89,{"$f":"Inputs!$R$38*Inputs!$R$33*(G1926-Inputs!$R$27)","v":-106000.34887574603},{"$f":"Inputs!$R$34*E1926*Inputs!$R$39","v":0},{"$f":"params!$C$16*Inputs!$R$30*(G1926-Inputs!$R$27)","v":-16599.017331004565},{"$f":"Inputs!$R$41*Inputs!$R$42/8760","v":0},{"$f":"-Inputs!$R$45*Inputs!$R$34","v":-90000},729.435267914223,4.510081027385285E-3,4.0139721143729037E-3,{"$f":"-N1926/(1.202*2465560*MAX(0,(Inputs!$R$49-Q1926)))","v":4.3480912729140604},{"$f":"params!$C$16*R1926*(G1926-Inputs!$R$27)","v":-97689.67022345867},-310289.03643020929,{"$f":"E1926*params!$C$8","v":0}]
["1995-03-22",3,22,"06:00:00",0,10,2.7,1.1000000000000001,89,{"$f":"Inputs!$R$38*Inputs!$R$33*(G1927-Inputs!$R$27)","v":-104861.24064902161},{"$f":"Inputs!$R$34*E1927*Inputs!$R$39","v":0},{"$f":"params!$C$16*Inputs!$R$30*(G1927-Inputs!$R$27)","v":-16420.639831328099},{"$f":"Inputs!$R$41*Inputs!$R$42/8760","v":0},{"$f":"-Inputs!$R$45*Inputs!$R$34","v":-90000},739.88380849706493,4.5751593141558633E-3,4.0718917895987182E-3,{"$f":"-N1927/(1.202*2465560*MAX(0,(Inputs!$R$49-Q1927)))","v":4.3844507391306031},{"$f":"params!$C$16*R1927*(G1927-Inputs!$R$27)","v":-97447.989539731672},-308729.87002008141,{"$f":"E1927*params!$C$8","v":0}]
["1995-03-22",3,22,"07:00:00",14,10,2.4,0.8,89,{"$f":"Inputs!$R$38*Inputs!$R$33*(G1928-Inputs!$R$27)","v":-106569.90298910826},{"$f":"Inputs!$R$34*E1928*Inputs!$R$39","v":8194.0560577485849},{"$f":"params!$C$16*Inputs!$R$30*(G1928-Inputs!$R$27)","v":-16688.2060808428},{"$f":"Inputs!$R$41*Inputs!$R$42/8760","v":0},{"$f":"-Inputs!$R$45*Inputs!$R$34","v":-90000},724.2601302041196,4.4778529101017865E-3,3.98528908999059E-3,{"$f":"-N1928/(1.202*2465560*MAX(0,(Inputs!$R$49-Q1928)))","v":4.3303076647119081},{"$f":"params!$C$16*R1928*(G1928-Inputs!$R$27)","v":-97812.874275319511},-302876.927287522,{"$f":"E1928*params!$C$8","v":29.000999999999998}]
["1995-03-22",3,22,"08:00:00",52,10,3.3,1.1000000000000001,85,{"$f":"Inputs!$R$38*Inputs!$R$33*(G1929-Inputs!$R$27)","v":-101443.91596884829},{"$f":"Inputs!$R$34*E1929*Inputs!$R$39","v":30435.06535735189},{"$f":"params!$C$16*Inputs!$R$30*(G1929-Inputs!$R$27)","v":-15885.507332298695},{"$f":"Inputs!$R$41*Inputs!$R$42/8760","v":0},{"$f":"-Inputs!$R$45*Inputs!$R$34","v":-90000},772.02842975916951,4.7754555160627581E-3,4.0591371886533447E-3,{"$f":"-N1929/(1.202*2465560*MAX(0,(Inputs!$R$49-Q1929)))","v":4.376391838446744},{"$f":"params!$C$16*R1929*(G1929-Inputs!$R$27)","v":-94098.97699002664},-270993.33493382175,{"$f":"E1929*params!$C$8","v":107.71799999999999}]
["1995-03-22",3,22,"09:00:00",107,10,3.3,1.6,89,{"$f":"Inputs!$R$38*Inputs!$R$33*(G1930-Inputs!$R$27)","v":-101443.91596884829},{"$f":"Inputs!$R$34*E1930*Inputs!$R$39","v":62625.999869935615},{"$f":"params!$C$16*Inputs!$R$30*(G1930-Inputs!$R$27)","v":-15885.507332298695},{"$f":"Inputs!$R$41*Inputs!$R$42/8760","v":0},{"$f":"-Inputs!$R$45*Inputs!$R$34","v":-90000},772.02842975916951,4.7754555160627581E-3,4.2501554092958553E-3,{"$f":"-N1930/(1.202*2465560*MAX(0,(Inputs!$R$49-Q1930)))","v":4.5002736218267403},{"$f":"params!$C$16*R1930*(G1930-Inputs!$R$27)","v":-96762.620812170106},-241466.04424338148,{"$f":"E1930*params!$C$8","v":221.65049999999999}]
["1995-03-22",3,22,"10:00:00",157,10,3.8,2.7,93,{"$f":"Inputs!$R$38*Inputs!$R$33*(G1931-Inputs!$R$27)","v":-98596.145402037204},{"$f":"Inputs!$R$34*E1931*Inputs!$R$39","v":91890.485790466264},{"$f":"params!$C$16*Inputs!$R$30*(G1931-Inputs!$R$27)","v":-15439.563583107529},{"$f":"Inputs!$R$41*Inputs!$R$42/8760","v":0},{"$f":"-Inputs!$R$45*Inputs!$R$34","v":-90000},799.75278170517424,4.9483114832316053E-3,4.6019296794053925E-3,{"$f":"-N1931/(1.202*2465560*MAX(0,(Inputs!$R$49-Q1931)))","v":4.7477708108559504},{"$f":"params!$C$16*R1931*(G1931-Inputs!$R$27)","v":-99218.436618176565},-211363.65981285501,{"$f":"E1931*params!$C$8","v":325.22550000000001}]
["1995-03-22",3,22,"11:00:00",163,10,4.4000000000000004,2.7,89,{"$f":"Inputs!$R$38*Inputs!$R$33*(G1932-Inputs!$R$27)","v":-95178.820721863885},{"$f":"Inputs!$R$34*E1932*Inputs!$R$39","v":95402.224100929961},{"$f":"params!$C$16*Inputs!$R$30*(G1932-Inputs!$R$27)","v":-14904.431084078125},{"$f":"Inputs!$R$41*Inputs!$R$42/8760","v":0},{"$f":"-Inputs!$R$45*Inputs!$R$34","v":-90000},834.18129245512239,5.1630993453363316E-3,4.595158417349335E-3,{"$f":"-N1932/(1.202*2465560*MAX(0,(Inputs!$R$49-Q1932)))","v":4.7427500776800775},{"$f":"params!$C$16*R1932*(G1932-Inputs!$R$27)","v":-95678.257264217857},-200359.28496922989,{"$f":"E1932*params!$C$8","v":337.65449999999998}]
["1995-03-22",3,22,"12:00:00",216,10,4.4000000000000004,1.6,82,{"$f":"Inputs!$R$38*Inputs!$R$33*(G1933-Inputs!$R$27)","v":-95178.820721863885},{"$f":"Inputs!$R$34*E1933*Inputs!$R$39","v":126422.57917669247},{"$f":"params!$C$16*Inputs!$R$30*(G1933-Inputs!$R$27)","v":-14904.431084078125},{"$f":"Inputs!$R$41*Inputs!$R$42/8760","v":0},{"$f":"-Inputs!$R$45*Inputs!$R$34","v":-90000},834.18129245512239,5.1630993453363316E-3,4.2337414631757921E-3,{"$f":"-N1933/(1.202*2465560*MAX(0,(Inputs!$R$49-Q1933)))","v":4.489353856731773},{"$f":"params!$C$16*R1933*(G1933-Inputs!$R$27)","v":-90566.347840238304},-164227.02046948785,{"$f":"E1933*params!$C$8","v":447.44399999999996}]
["1995-03-22",3,22,"13:00:00",221,10,5,1.6,79,{"$f":"Inputs!$R$38*Inputs!$R$33*(G1934-Inputs!$R$27)","v":-91761.496041690596},{"$f":"Inputs!$R$34*E1934*Inputs!$R$39","v":129349.02776874554},{"$f":"params!$C$16*Inputs!$R$30*(G1934-Inputs!$R$27)","v":-14369.298585048728},{"$f":"Inputs!$R$41*Inputs!$R$42/8760","v":0},{"$f":"-Inputs!$R$45*Inputs!$R$34","v":-90000},869.91328556198641,5.3861748872103517E-3,4.2550781608961781E-3,{"$f":"-N1934/(1.202*2465560*MAX(0,(Inputs!$R$49-Q1934)))","v":4.5035589611283298},{"$f":"params!$C$16*R1934*(G1934-Inputs!$R$27)","v":-87590.9093966246},-154372.67625461839,{"$f":"E1934*params!$C$8","v":457.80149999999998}]
["1995-03-22",3,22,"14:00:00",207,10,5,1.6,79,{"$f":"Inputs!$R$38*Inputs!$R$33*(G1935-Inputs!$R$27)","v":-91761.496041690596},{"$f":"Inputs!$R$34*E1935*Inputs!$R$39","v":121154.97171099694},{"$f":"params!$C$16*Inputs!$R$30*(G1935-Inputs!$R$27)","v":-14369.298585048728},{"$f":"Inputs!$R$41*Inputs!$R$42/8760","v":0},{"$f":"-Inputs!$R$45*Inputs!$R$34","v":-90000},869.91328556198641,5.3861748872103517E-3,4.2550781608961781E-3,{"$f":"-N1935/(1.202*2465560*MAX(0,(Inputs!$R$49-Q1935)))","v":4.5035589611283298},{"$f":"params!$C$16*R1935*(G1935-Inputs!$R$27)","v":-87590.9093966246},-162566.73231236701,{"$f":"E1935*params!$C$8","v":428.8005}]
["1995-03-22",3,22,"15:00:00",178,10,5,1.1000000000000001,76,{"$f":"Inputs!$R$38*Inputs!$R$33*(G1936-Inputs!$R$27)","v":-91761.496041690596},{"$f":"Inputs!$R$34*E1936*Inputs!$R$39","v":104181.56987708915},{"$f":"params!$C$16*Inputs!$R$30*(G1936-Inputs!$R$27)","v":-14369.298585048728},{"$f":"Inputs!$R$41*Inputs!$R$42/8760","v":0},{"$f":"-Inputs!$R$45*Inputs!$R$34","v":-90000},869.91328556198641,5.3861748872103517E-3,4.0934929142798669E-3,{"$f":"-N1936/(1.202*2465560*MAX(0,(Inputs!$R$49-Q1936)))","v":4.3981671606846753},{"$f":"params!$C$16*R1936*(G1936-Inputs!$R$27)","v":-85541.116394359909},-177490.34114401008,{"$f":"E1936*params!$C$8","v":368.72699999999998}]
["1995-03-22",3,22,"16:00:00",133,10,4.4000000000000004,1.1000000000000001,79,{"$f":"Inputs!$R$38*Inputs!$R$33*(G1937-Inputs!$R$27)","v":-95178.820721863885},{"$f":"Inputs!$R$34*E1937*Inputs!$R$39","v":77843.532548611562},{"$f":"params!$C$16*Inputs!$R$30*(G1937-Inputs!$R$27)","v":-14904.431084078125},{"$f":"Inputs!$R$41*Inputs!$R$42/8760","v":0},{"$f":"-Inputs!$R$45*Inputs!$R$34","v":-90000},834.18129245512239,5.1630993453363316E-3,4.0788484828157019E-3,{"$f":"-N1937/(1.202*2465560*MAX(0,(Inputs!$R$49-Q1937)))","v":4.3888587960028911},{"$f":"params!$C$16*R1937*(G1937-Inputs!$R$27)","v":-88539.002499093025},-210778.72175642347,{"$f":"E1937*params!$C$8","v":275.5095}]
["1995-03-22",3,22,"17:00:00",79,10,5,1.1000000000000001,76,{"$f":"Inputs!$R$38*Inputs!$R$33*(G1938-Inputs!$R$27)","v":-91761.496041690596},{"$f":"Inputs!$R$34*E1938*Inputs!$R$39","v":46237.887754438445},{"$f":"params!$C$16*Inputs!$R$30*(G1938-Inputs!$R$27)","v":-14369.298585048728},{"$f":"Inputs!$R$41*Inputs!$R$42/8760","v":0},{"$f":"-Inputs!$R$45*Inputs!$R$34","v":-90000},869.91328556198641,5.3861748872103517E-3,4.0934929142798669E-3,{"$f":"-N1938/(1.202*2465560*MAX(0,(Inputs!$R$49-Q1938)))","v":4.3981671606846753},{"$f":"params!$C$16*R1938*(G1938-Inputs!$R$27)","v":-85541.116394359909},-235434.02326666081,{"$f":"E1938*params!$C$8","v":163.64849999999998}]
["1995-03-22",3,22,"18:00:00",30,10,5,0.5,73,{"$f":"Inputs!$R$38*Inputs!$R$33*(G1939-Inputs!$R$27)","v":-91761.496041690596},{"$f":"Inputs!$R$34*E1939*Inputs!$R$39","v":17558.691552318396},{"$f":"params!$C$16*Inputs!$R$30*(G1939-Inputs!$R$27)","v":-14369.298585048728},{"$f":"Inputs!$R$41*Inputs!$R$42/8760","v":0},{"$f":"-Inputs!$R$45*Inputs!$R$34","v":-90000},869.91328556198641,5.3861748872103517E-3,3.9319076676635565E-3,{"$f":"-N1939/(1.202*2465560*MAX(0,(Inputs!$R$49-Q1939)))","v":4.2975952996048203},{"$f":"params!$C$16*R1939*(G1939-Inputs!$R$27)","v":-83585.067667623924},-262157.17074204487,{"$f":"E1939*params!$C$8","v":62.144999999999996}]
["1995-03-22",3,22,"19:00:00",1,10,5,0,70,{"$f":"Inputs!$R$38*Inputs!$R$33*(G1940-Inputs!$R$27)","v":-91761.496041690596},{"$f":"Inputs!$R$34*E1940*Inputs!$R$39","v":585.2897184106132},{"$f":"params!$C$16*Inputs!$R$30*(G1940-Inputs!$R$27)","v":-14369.298585048728},{"$f":"Inputs!$R$41*Inputs!$R$42/8760","v":0},{"$f":"-Inputs!$R$45*Inputs!$R$34","v":-90000},869.91328556198641,5.3861748872103517E-3,3.7703224210472465E-3,{"$f":"-N1940/(1.202*2465560*MAX(0,(Inputs!$R$49-Q1940)))","v":4.2015201204583397},{"$f":"params!$C$16*R1940*(G1940-Inputs!$R$27)","v":-81716.476097152859},-277261.98100548156,{"$f":"E1940*params!$C$8","v":2.0714999999999999}]
["1995-03-22",3,22,"20:00:00",0,10,5,0,70,{"$f":"Inputs!$R$38*Inputs!$R$33*(G1941-Inputs!$R$27)","v":-91761.496041690596},{"$f":"Inputs!$R$34*E1941*Inputs!$R$39","v":0},{"$f":"params!$C$16*Inputs!$R$30*(G1941-Inputs!$R$27)","v":-14369.298585048728},{"$f":"Inputs!$R$41*Inputs!$R$42/8760","v":0},{"$f":"-Inputs!$R$45*Inputs!$R$34","v":-90000},869.91328556198641,5.3861748872103517E-3,3.7703224210472465E-3,{"$f":"-N1941/(1.202*2465560*MAX(0,(Inputs!$R$49-Q1941)))","v":4.2015201204583397},{"$f":"params!$C$16*R1941*(G1941-Inputs!$R$27)","v":-81716.476097152859},-277847.2707238922,{"$f":"E1941*params!$C$8","v":0}]
["1995-03-22",3,22,"21:00:00",0,10,5,-0.6,67,{"$f":"Inputs!$R$38*Inputs!$R$33*(G1942-Inputs!$R$27)","v":-91761.496041690596},{"$f":"Inputs!$R$34*E1942*Inputs!$R$39","v":0},{"$f":"params!$C$16*Inputs!$R$30*(G1942-Inputs!$R$27)","v":-14369.298585048728},{"$f":"Inputs!$R$41*Inputs!$R$42/8760","v":0},{"$f":"-Inputs!$R$45*Inputs!$R$34","v":-90000},869.91328556198641,5.3861748872103517E-3,3.6087371744309353E-3,{"$f":"-N1942/(1.202*2465560*MAX(0,(Inputs!$R$49-Q1942)))","v":4.1096466401386902},{"$f":"params!$C$16*R1942*(G1942-Inputs!$R$27)","v":-79929.60447848645},-276060.39910522581,{"$f":"E1942*params!$C$8","v":0}]
["1995-03-22",3,22,"22:00:00",0,10,4.4000000000000004,0,73,{"$f":"Inputs!$R$38*Inputs!$R$33*(G1943-Inputs!$R$27)","v":-95178.820721863885},{"$f":"Inputs!$R$34*E1943*Inputs!$R$39","v":0},{"$f":"params!$C$16*Inputs!$R$30*(G1943-Inputs!$R$27)","v":-14904.431084078125},{"$f":"Inputs!$R$41*Inputs!$R$42/8760","v":0},{"$f":"-Inputs!$R$45*Inputs!$R$34","v":-90000},834.18129245512239,5.1630993453363316E-3,3.7690625220955219E-3,{"$f":"-N1943/(1.202*2465560*MAX(0,(Inputs!$R$49-Q1943)))","v":4.2007878855171139},{"$f":"params!$C$16*R1943*(G1943-Inputs!$R$27)","v":-84744.938577813024},-284828.19038375502,{"$f":"E1943*params!$C$8","v":0}]
["1995-03-22",3,22,"23:00:00",0,10,5,0.5,73,{"$f":"Inputs!$R$38*Inputs!$R$33*(G1944-Inputs!$R$27)","v":-91761.496041690596},{"$f":"Inputs!$R$34*E1944*Inputs!$R$39","v":0},{"$f":"params!$C$16*Inputs!$R$30*(G1944-Inputs!$R$27)","v":-14369.298585048728},{"$f":"Inputs!$R$41*Inputs!$R$42/8760","v":0},{"$f":"-Inputs!$R$45*Inputs!$R$34","v":-90000},869.91328556198641,5.3861748872103517E-3,3.9319076676635565E-3,{"$f":"-N1944/(1.202*2465560*MAX(0,(Inputs!$R$49-Q1944)))","v":4.2975952996048203},{"$f":"params!$C$16*R1944*(G1944-Inputs!$R$27)","v":-83585.067667623924},-279715.86229436327,{"$f":"E1944*params!$C$8","v":0}]
["1995-03-22",3,22,1,0,10,4.4000000000000004,1.6,82,{"$f":"Inputs!$R$38*Inputs!$R$33*(G1945-Inputs!$R$27)","v":-95178.820721863885},{"$f":"Inputs!$R$34*E1945*Inputs!$R$39","v":0},{"$f":"params!$C$16*Inputs!$R$30*(G1945-Inputs!$R$27)","v":-14904.431084078125},{"$f":"Inputs!$R$41*Inputs!$R$42/8760","v":0},{"$f":"-Inputs!$R$45*Inputs!$R$34","v":-90000},834.18129245512239,5.1630993453363316E-3,4.2337414631757921E-3,{"$f":"-N1945/(1.202*2465560*MAX(0,(Inputs!$R$49-Q1945)))","v":4.489353856731773},{"$f":"params!$C$16*R1945*(G1945-Inputs!$R$27)","v":-90566.347840238304},-290649.59964618029,{"$f":"E1945*params!$C$8","v":0}]
["1995-03-23",3,23,"01:00:00",0,10,3.7,0.7,81,{"$f":"Inputs!$R$38*Inputs!$R$33*(G1946-Inputs!$R$27)","v":-99165.699515399421},{"$f":"Inputs!$R$34*E1946*Inputs!$R$39","v":0},{"$f":"params!$C$16*Inputs!$R$30*(G1946-Inputs!$R$27)","v":-15528.752332945764},{"$f":"Inputs!$R$41*Inputs!$R$42/8760","v":0},{"$f":"-Inputs!$R$45*Inputs!$R$34","v":-90000},794.13852655085327,4.9132999907153096E-3,3.9797729924794002E-3,{"$f":"-N1946/(1.202*2465560*MAX(0,(Inputs!$R$49-Q1946)))","v":4.3269043233286757},{"$f":"params!$C$16*R1946*(G1946-Inputs!$R$27)","v":-90945.553156405396},-295640.00500475056,{"$f":"E1946*params!$C$8","v":0}]
["1995-03-23",3,23,"02:00:00",0,10,3.3,0.2,80,{"$f":"Inputs!$R$38*Inputs!$R$33*(G1947-Inputs!$R$27)","v":-101443.91596884829},{"$f":"Inputs!$R$34*E1947*Inputs!$R$39","v":0},{"$f":"params!$C$16*Inputs!$R$30*(G1947-Inputs!$R$27)","v":-15885.507332298695},{"$f":"Inputs!$R$41*Inputs!$R$42/8760","v":0},{"$f":"-Inputs!$R$45*Inputs!$R$34","v":-90000},772.02842975916951,4.7754555160627581E-3,3.8203644128502069E-3,{"$f":"-N1947/(1.202*2465560*MAX(0,(Inputs!$R$49-Q1947)))","v":4.230811664284011},{"$f":"params!$C$16*R1947*(G1947-Inputs!$R$27)","v":-90968.785278581287},-298298.20857972826,{"$f":"E1947*params!$C$8","v":0}]
["1995-03-23",3,23,"03:00:00",0,10,3,-0.1,80,{"$f":"Inputs!$R$38*Inputs!$R$33*(G1948-Inputs!$R$27)","v":-103152.57830893494},{"$f":"Inputs!$R$34*E1948*Inputs!$R$39","v":0},{"$f":"params!$C$16*Inputs!$R$30*(G1948-Inputs!$R$27)","v":-16153.073581813396},{"$f":"Inputs!$R$41*Inputs!$R$42/8760","v":0},{"$f":"-Inputs!$R$45*Inputs!$R$34","v":-90000},755.80495631325812,4.6743495015895585E-3,3.739479601271647E-3,{"$f":"-N1948/(1.202*2465560*MAX(0,(Inputs!$R$49-Q1948)))","v":4.1836677764169634},{"$f":"params!$C$16*R1948*(G1948-Inputs!$R$27)","v":-91470.272863300532},-300775.92475404887,{"$f":"E1948*params!$C$8","v":0}]
["1995-03-23",3,23,"04:00:00",0,10,2.8,-0.6,78,{"$f":"Inputs!$R$38*Inputs!$R$33*(G1949-Inputs!$R$27)","v":-104291.68653565938},{"$f":"Inputs!$R$34*E1949*Inputs!$R$39","v":0},{"$f":"params!$C$16*Inputs!$R$30*(G1949-Inputs!$R$27)","v":-16331.451081489862},{"$f":"Inputs!$R$41*Inputs!$R$42/8760","v":0},{"$f":"-Inputs!$R$45*Inputs!$R$34","v":-90000},745.15756711705887,4.6080118280633067E-3,3.5942492258893791E-3,{"$f":"-N1949/(1.202*2465560*MAX(0,(Inputs!$R$49-Q1949)))","v":4.1016050349387383},{"$f":"params!$C$16*R1949*(G1949-Inputs!$R$27)","v":-90666.369332039816},-301289.50694918906,{"$f":"E1949*params!$C$8","v":0}]
["1995-03-23",3,23,"05:00:00",0,10,2.7,-1,76,{"$f":"Inputs!$R$38*Inputs!$R$33*(G1950-Inputs!$R$27)","v":-104861.24064902161},{"$f":"Inputs!$R$34*E1950*Inputs!$R$39","v":0},{"$f":"params!$C$16*Inputs!$R$30*(G1950-Inputs!$R$27)","v":-16420.639831328099},{"$f":"Inputs!$R$41*Inputs!$R$42/8760","v":0},{"$f":"-Inputs!$R$45*Inputs!$R$34","v":-90000},739.88380849706493,4.5751593141558633E-3,3.477121078758456E-3,{"$f":"-N1950/(1.202*2465560*MAX(0,(Inputs!$R$49-Q1950)))","v":4.0377301782999382},{"$f":"params!$C$16*R1950*(G1950-Inputs!$R$27)","v":-89741.842613848712},-301023.72309419839,{"$f":"E1950*params!$C$8","v":0}]
["1995-03-23",3,23,"06:00:00",0,10,2.7,-1.2,75,{"$f":"Inputs!$R$38*Inputs!$R$33*(G1951-Inputs!$R$27)","v":-104861.24064902161},{"$f":"Inputs!$R$34*E1951*Inputs!$R$39","v":0},{"$f":"params!$C$16*Inputs!$R$30*(G1951-Inputs!$R$27)","v":-16420.639831328099},{"$f":"Inputs!$R$41*Inputs!$R$42/8760","v":0},{"$f":"-Inputs!$R$45*Inputs!$R$34","v":-90000},739.88380849706493,4.5751593141558633E-3,3.4313694856168975E-3,{"$f":"-N1951/(1.202*2465560*MAX(0,(Inputs!$R$49-Q1951)))","v":4.0133169893330942},{"$f":"params!$C$16*R1951*(G1951-Inputs!$R$27)","v":-89199.239600467801},-300481.12008081749,{"$f":"E1951*params!$C$8","v":0}]
["1995-03-23",3,23,"07:00:00",14,10,2.7,-1.2,75,{"$f":"Inputs!$R$38*Inputs!$R$33*(G1952-Inputs!$R$27)","v":-104861.24064902161},{"$f":"Inputs!$R$34*E1952*Inputs!$R$39","v":8194.0560577485849},{"$f":"params!$C$16*Inputs!$R$30*(G1952-Inputs!$R$27)","v":-16420.639831328099},{"$f":"Inputs!$R$41*Inputs!$R$42/8760","v":0},{"$f":"-Inputs!$R$45*Inputs!$R$34","v":-90000},739.88380849706493,4.5751593141558633E-3,3.4313694856168975E-3,{"$f":"-N1952/(1.202*2465560*MAX(0,(Inputs!$R$49-Q1952)))","v":4.0133169893330942},{"$f":"params!$C$16*R1952*(G1952-Inputs!$R$27)","v":-89199.239600467801},-292287.06402306893,{"$f":"E1952*params!$C$8","v":29.000999999999998}]
["1995-03-23",3,23,"08:00:00",56,10,2.7,-1.2,75,{"$f":"Inputs!$R$38*Inputs!$R$33*(G1953-Inputs!$R$27)","v":-104861.24064902161},{"$f":"Inputs!$R$34*E1953*Inputs!$R$39","v":32776.224230994339},{"$f":"params!$C$16*Inputs!$R$30*(G1953-Inputs!$R$27)","v":-16420.639831328099},{"$f":"Inputs!$R$41*Inputs!$R$42/8760","v":0},{"$f":"-Inputs!$R$45*Inputs!$R$34","v":-90000},739.88380849706493,4.5751593141558633E-3,3.4313694856168975E-3,{"$f":"-N1953/(1.202*2465560*MAX(0,(Inputs!$R$49-Q1953)))","v":4.0133169893330942},{"$f":"params!$C$16*R1953*(G1953-Inputs!$R$27)","v":-89199.239600467801},-267704.89584982314,{"$f":"E1953*params!$C$8","v":116.00399999999999}]
["1995-03-23",3,23,"09:00:00",112,10,2.7,-1.2,75,{"$f":"Inputs!$R$38*Inputs!$R$33*(G1954-Inputs!$R$27)","v":-104861.24064902161},{"$f":"Inputs!$R$34*E1954*Inputs!$R$39","v":65552.448461988679},{"$f":"params!$C$16*Inputs!$R$30*(G1954-Inputs!$R$27)","v":-16420.639831328099},{"$f":"Inputs!$R$41*Inputs!$R$42/8760","v":0},{"$f":"-Inputs!$R$45*Inputs!$R$34","v":-90000},739.88380849706493,4.5751593141558633E-3,3.4313694856168975E-3,{"$f":"-N1954/(1.202*2465560*MAX(0,(Inputs!$R$49-Q1954)))","v":4.0133169893330942},{"$f":"params!$C$16*R1954*(G1954-Inputs!$R$27)","v":-89199.239600467801},-234928.67161882884,{"$f":"E1954*params!$C$8","v":232.00799999999998}]
["1995-03-23",3,23,"10:00:00",162,10,3.3,-1.2,71,{"$f":"Inputs!$R$38*Inputs!$R$33*(G1955-Inputs!$R$27)","v":-101443.91596884829},{"$f":"Inputs!$R$34*E1955*Inputs!$R$39","v":94816.934382519335},{"$f":"params!$C$16*Inputs!$R$30*(G1955-Inputs!$R$27)","v":-15885.507332298695},{"$f":"Inputs!$R$41*Inputs!$R$42/8760","v":0},{"$f":"-Inputs!$R$45*Inputs!$R$34","v":-90000},772.02842975916951,4.7754555160627581E-3,3.390573416404558E-3,{"$f":"-N1955/(1.202*2465560*MAX(0,(Inputs!$R$49-Q1955)))","v":3.9917957326706088},{"$f":"params!$C$16*R1955*(G1955-Inputs!$R$27)","v":-85829.584887164383},-198342.07380579202,{"$f":"E1955*params!$C$8","v":335.58299999999997}]
["1995-03-23",3,23,"11:00:00",199,10,3.8,-0.6,73,{"$f":"Inputs!$R$38*Inputs!$R$33*(G1956-Inputs!$R$27)","v":-98596.145402037204},{"$f":"Inputs!$R$34*E1956*Inputs!$R$39","v":116472.65396371203},{"$f":"params!$C$16*Inputs!$R$30*(G1956-Inputs!$R$27)","v":-15439.563583107529},{"$f":"Inputs!$R$41*Inputs!$R$42/8760","v":0},{"$f":"-Inputs!$R$45*Inputs!$R$34","v":-90000},799.75278170517424,4.9483114832316053E-3,3.6122673827590716E-3,{"$f":"-N1956/(1.202*2465560*MAX(0,(Inputs!$R$49-Q1956)))","v":4.1116108792625203},{"$f":"params!$C$16*R1956*(G1956-Inputs!$R$27)","v":-85924.030387045335},-173487.08540847804,{"$f":"E1956*params!$C$8","v":412.2285}]
["1995-03-23",3,23,"12:00:00",221,10,3.8,-1.2,69,{"$f":"Inputs!$R$38*Inputs!$R$33*(G1957-Inputs!$R$27)","v":-98596.145402037204},{"$f":"Inputs!$R$34*E1957*Inputs!$R$39","v":129349.02776874554},{"$f":"params!$C$16*Inputs!$R$30*(G1957-Inputs!$R$27)","v":-15439.563583107529},{"$f":"Inputs!$R$41*Inputs!$R$42/8760","v":0},{"$f":"-Inputs!$R$45*Inputs!$R$34","v":-90000},799.75278170517424,4.9483114832316053E-3,3.4143349234298077E-3,{"$f":"-N1957/(1.202*2465560*MAX(0,(Inputs!$R$49-Q1957)))","v":4.0043025471644809},{"$f":"params!$C$16*R1957*(G1957-Inputs!$R$27)","v":-83681.511661725468},-158368.19287812465,{"$f":"E1957*params!$C$8","v":457.80149999999998}]
["1995-03-23",3,23,"13:00:00",225,10,4.4000000000000004,-1.2,66,{"$f":"Inputs!$R$38*Inputs!$R$33*(G1958-Inputs!$R$27)","v":-95178.820721863885},{"$f":"Inputs!$R$34*E1958*Inputs!$R$39","v":131690.18664238797},{"$f":"params!$C$16*Inputs!$R$30*(G1958-Inputs!$R$27)","v":-14904.431084078125},{"$f":"Inputs!$R$41*Inputs!$R$42/8760","v":0},{"$f":"-Inputs!$R$45*Inputs!$R$34","v":-90000},834.18129245512239,5.1630993453363316E-3,3.4076455679219785E-3,{"$f":"-N1958/(1.202*2465560*MAX(0,(Inputs!$R$49-Q1958)))","v":4.000773701365187},{"$f":"params!$C$16*R1958*(G1958-Inputs!$R$27)","v":-80709.936046720017},-149103.00121027406,{"$f":"E1958*params!$C$8","v":466.08749999999998}]
["1995-03-23",3,23,"14:00:00",212,10,3.8,-0.6,73,{"$f":"Inputs!$R$38*Inputs!$R$33*(G1959-Inputs!$R$27)","v":-98596.145402037204},{"$f":"Inputs!$R$34*E1959*Inputs!$R$39","v":124081.42030305001},{"$f":"params!$C$16*Inputs!$R$30*(G1959-Inputs!$R$27)","v":-15439.563583107529},{"$f":"Inputs!$R$41*Inputs!$R$42/8760","v":0},{"$f":"-Inputs!$R$45*Inputs!$R$34","v":-90000},799.75278170517424,4.9483114832316053E-3,3.6122673827590716E-3,{"$f":"-N1959/(1.202*2465560*MAX(0,(Inputs!$R$49-Q1959)))","v":4.1116108792625203},{"$f":"params!$C$16*R1959*(G1959-Inputs!$R$27)","v":-85924.030387045335},-165878.31906914007,{"$f":"E1959*params!$C$8","v":439.15799999999996}]
["1995-03-23",3,23,"15:00:00",182,10,3.8,0,76,{"$f":"Inputs!$R$38*Inputs!$R$33*(G1960-Inputs!$R$27)","v":-98596.145402037204},{"$f":"Inputs!$R$34*E1960*Inputs!$R$39","v":106522.72875073161},{"$f":"params!$C$16*Inputs!$R$30*(G1960-Inputs!$R$27)","v":-15439.563583107529},{"$f":"Inputs!$R$41*Inputs!$R$42/8760","v":0},{"$f":"-Inputs!$R$45*Inputs!$R$34","v":-90000},799.75278170517424,4.9483114832316053E-3,3.76071672725602E-3,{"$f":"-N1960/(1.202*2465560*MAX(0,(Inputs!$R$49-Q1960)))","v":4.1959438684912493},{"$f":"params!$C$16*R1960*(G1960-Inputs!$R$27)","v":-87686.412709182638},-185199.39294359577,{"$f":"E1960*params!$C$8","v":377.01299999999998}]
["1995-03-23",3,23,"16:00:00",138,10,4.4000000000000004,0,73,{"$f":"Inputs!$R$38*Inputs!$R$33*(G1961-Inputs!$R$27)","v":-95178.820721863885},{"$f":"Inputs!$R$34*E1961*Inputs!$R$39","v":80769.981140664633},{"$f":"params!$C$16*Inputs!$R$30*(G1961-Inputs!$R$27)","v":-14904.431084078125},{"$f":"Inputs!$R$41*Inputs!$R$42/8760","v":0},{"$f":"-Inputs!$R$45*Inputs!$R$34","v":-90000},834.18129245512239,5.1630993453363316E-3,3.7690625220955219E-3,{"$f":"-N1961/(1.202*2465560*MAX(0,(Inputs!$R$49-Q1961)))","v":4.2007878855171139},{"$f":"params!$C$16*R1961*(G1961-Inputs!$R$27)","v":-84744.938577813024},-204058.20924309042,{"$f":"E1961*params!$C$8","v":285.86699999999996}]
["1995-03-23",3,23,"17:00:00",83,10,4.4000000000000004,0,73,{"$f":"Inputs!$R$38*Inputs!$R$33*(G1962-Inputs!$R$27)","v":-95178.820721863885},{"$f":"Inputs!$R$34*E1962*Inputs!$R$39","v":48579.046628080898},{"$f":"params!$C$16*Inputs!$R$30*(G1962-Inputs!$R$27)","v":-14904.431084078125},{"$f":"Inputs!$R$41*Inputs!$R$42/8760","v":0},{"$f":"-Inputs!$R$45*Inputs!$R$34","v":-90000},834.18129245512239,5.1630993453363316E-3,3.7690625220955219E-3,{"$f":"-N1962/(1.202*2465560*MAX(0,(Inputs!$R$49-Q1962)))","v":4.2007878855171139},{"$f":"params!$C$16*R1962*(G1962-Inputs!$R$27)","v":-84744.938577813024},-236249.14375567413,{"$f":"E1962*params!$C$8","v":171.93449999999999}]
["1995-03-23",3,23,"18:00:00",30,10,4.4000000000000004,0,73,{"$f":"Inputs!$R$38*Inputs!$R$33*(G1963-Inputs!$R$27)","v":-95178.820721863885},{"$f":"Inputs!$R$34*E1963*Inputs!$R$39","v":17558.691552318396},{"$f":"params!$C$16*Inputs!$R$30*(G1963-Inputs!$R$27)","v":-14904.431084078125},{"$f":"Inputs!$R$41*Inputs!$R$42/8760","v":0},{"$f":"-Inputs!$R$45*Inputs!$R$34","v":-90000},834.18129245512239,5.1630993453363316E-3,3.7690625220955219E-3,{"$f":"-N1963/(1.202*2465560*MAX(0,(Inputs!$R$49-Q1963)))","v":4.2007878855171139},{"$f":"params!$C$16*R1963*(G1963-Inputs!$R$27)","v":-84744.938577813024},-267269.49883143662,{"$f":"E1963*params!$C$8","v":62.144999999999996}]
["1995-03-23",3,23,"19:00:00",1,10,3.8,0,76,{"$f":"Inputs!$R$38*Inputs!$R$33*(G1964-Inputs!$R$27)","v":-98596.145402037204},{"$f":"Inputs!$R$34*E1964*Inputs!$R$39","v":585.2897184106132},{"$f":"params!$C$16*Inputs!$R$30*(G1964-Inputs!$R$27)","v":-15439.563583107529},{"$f":"Inputs!$R$41*Inputs!$R$42/8760","v":0},{"$f":"-Inputs!$R$45*Inputs!$R$34","v":-90000},799.75278170517424,4.9483114832316053E-3,3.76071672725602E-3,{"$f":"-N1964/(1.202*2465560*MAX(0,(Inputs!$R$49-Q1964)))","v":4.1959438684912493},{"$f":"params!$C$16*R1964*(G1964-Inputs!$R$27)","v":-87686.412709182638},-291136.83197591675,{"$f":"E1964*params!$C$8","v":2.0714999999999999}]
["1995-03-23",3,23,"20:00:00",0,10,3.3,0,79,{"$f":"Inputs!$R$38*Inputs!$R$33*(G1965-Inputs!$R$27)","v":-101443.91596884829},{"$f":"Inputs!$R$34*E1965*Inputs!$R$39","v":0},{"$f":"params!$C$16*Inputs!$R$30*(G1965-Inputs!$R$27)","v":-15885.507332298695},{"$f":"Inputs!$R$41*Inputs!$R$42/8760","v":0},{"$f":"-Inputs!$R$45*Inputs!$R$34","v":-90000},772.02842975916951,4.7754555160627581E-3,3.7726098576895788E-3,{"$f":"-N1965/(1.202*2465560*MAX(0,(Inputs!$R$49-Q1965)))","v":4.2028501980171162},{"$f":"params!$C$16*R1965*(G1965-Inputs!$R$27)","v":-90367.57188910796},-297696.99519025499,{"$f":"E1965*params!$C$8","v":0}]
["1995-03-23",3,23,"21:00:00",0,9,2.7,0,82,{"$f":"Inputs!$R$38*Inputs!$R$33*(G1966-Inputs!$R$27)","v":-104861.24064902161},{"$f":"Inputs!$R$34*E1966*Inputs!$R$39","v":0},{"$f":"params!$C$16*Inputs!$R$30*(G1966-Inputs!$R$27)","v":-16420.639831328099},{"$f":"Inputs!$R$41*Inputs!$R$42/8760","v":0},{"$f":"-Inputs!$R$45*Inputs!$R$34","v":-90000},739.88380849706493,4.5751593141558633E-3,3.7516306376078079E-3,{"$f":"-N1966/(1.202*2465560*MAX(0,(Inputs!$R$49-Q1966)))","v":4.1906828598285051},{"$f":"params!$C$16*R1966*(G1966-Inputs!$R$27)","v":-93141.340566156709},-304423.22104650643,{"$f":"E1966*params!$C$8","v":0}]
["1995-03-23",3,23,"22:00:00",0,9,2.7,0,82,{"$f":"Inputs!$R$38*Inputs!$R$33*(G1967-Inputs!$R$27)","v":-104861.24064902161},{"$f":"Inputs!$R$34*E1967*Inputs!$R$39","v":0},{"$f":"params!$C$16*Inputs!$R$30*(G1967-Inputs!$R$27)","v":-16420.639831328099},{"$f":"Inputs!$R$41*Inputs!$R$42/8760","v":0},{"$f":"-Inputs!$R$45*Inputs!$R$34","v":-90000},739.88380849706493,4.5751593141558633E-3,3.7516306376078079E-3,{"$f":"-N1967/(1.202*2465560*MAX(0,(Inputs!$R$49-Q1967)))","v":4.1906828598285051},{"$f":"params!$C$16*R1967*(G1967-Inputs!$R$27)","v":-93141.340566156709},-304423.22104650643,{"$f":"E1967*params!$C$8","v":0}]
["1995-03-23",3,23,"23:00:00",0,2,2.7,-1.2,75,{"$f":"Inputs!$R$38*Inputs!$R$33*(G1968-Inputs!$R$27)","v":-104861.24064902161},{"$f":"Inputs!$R$34*E1968*Inputs!$R$39","v":0},{"$f":"params!$C$16*Inputs!$R$30*(G1968-Inputs!$R$27)","v":-16420.639831328099},{"$f":"Inputs!$R$41*Inputs!$R$42/8760","v":0},{"$f":"-Inputs!$R$45*Inputs!$R$34","v":-90000},739.88380849706493,4.5751593141558633E-3,3.4313694856168975E-3,{"$f":"-N1968/(1.202*2465560*MAX(0,(Inputs!$R$49-Q1968)))","v":4.0133169893330942},{"$f":"params!$C$16*R1968*(G1968-Inputs!$R$27)","v":-89199.239600467801},-300481.12008081749,{"$f":"E1968*params!$C$8","v":0}]
["1995-03-23",3,23,1,0,0,1.6,-1.7,77,{"$f":"Inputs!$R$38*Inputs!$R$33*(G1969-Inputs!$R$27)","v":-111126.33589600598},{"$f":"Inputs!$R$34*E1969*Inputs!$R$39","v":0},{"$f":"params!$C$16*Inputs!$R$30*(G1969-Inputs!$R$27)","v":-17401.716079548663},{"$f":"Inputs!$R$41*Inputs!$R$42/8760","v":0},{"$f":"-Inputs!$R$45*Inputs!$R$34","v":-90000},684.01504143025329,4.2273401402413606E-3,3.2550519079858477E-3,{"$f":"-N1969/(1.202*2465560*MAX(0,(Inputs!$R$49-Q1969)))","v":3.9219316294567652},{"$f":"params!$C$16*R1969*(G1969-Inputs!$R$27)","v":-92376.118544574681},-310904.17052012932,{"$f":"E1969*params!$C$8","v":0}]
["1995-03-24",3,24,"01:00:00",0,0,0.9,-2.8,74,{"$f":"Inputs!$R$38*Inputs!$R$33*(G1970-Inputs!$R$27)","v":-115113.21468954152},{"$f":"Inputs!$R$34*E1970*Inputs!$R$39","v":0},{"$f":"params!$C$16*Inputs!$R$30*(G1970-Inputs!$R$27)","v":-18026.0373284163},{"$f":"Inputs!$R$41*Inputs!$R$42/8760","v":0},{"$f":"-Inputs!$R$45*Inputs!$R$34","v":-90000},650.4382693595204,4.0184887604343654E-3,2.9736816827214303E-3,{"$f":"-N1970/(1.202*2465560*MAX(0,(Inputs!$R$49-Q1970)))","v":3.7844152363260037},{"$f":"params!$C$16*R1970*(G1970-Inputs!$R$27)","v":-92335.065487110114},-315474.31750506791,{"$f":"E1970*params!$C$8","v":0}]
["1995-03-24",3,24,"02:00:00",0,0,0.5,-3.7,71,{"$f":"Inputs!$R$38*Inputs!$R$33*(G1971-Inputs!$R$27)","v":-117391.43114299039},{"$f":"Inputs!$R$34*E1971*Inputs!$R$39","v":0},{"$f":"params!$C$16*Inputs!$R$30*(G1971-Inputs!$R$27)","v":-18382.792327769235},{"$f":"Inputs!$R$41*Inputs!$R$42/8760","v":0},{"$f":"-Inputs!$R$45*Inputs!$R$34","v":-90000},631.91436873737246,3.9033275880190387E-3,2.7713625874935177E-3,{"$f":"-N1971/(1.202*2465560*MAX(0,(Inputs!$R$49-Q1971)))","v":3.6913477151266521},{"$f":"params!$C$16*R1971*(G1971-Inputs!$R$27)","v":-91846.804400132067},-317621.02787089173,{"$f":"E1971*params!$C$8","v":0}]
["1995-03-24",3,24,"03:00:00",0,0,0.3,-4.3,68,{"$f":"Inputs!$R$38*Inputs!$R$33*(G1972-Inputs!$R$27)","v":-118530.53936971481},{"$f":"Inputs!$R$34*E1972*Inputs!$R$39","v":0},{"$f":"params!$C$16*Inputs!$R$30*(G1972-Inputs!$R$27)","v":-18561.169827445701},{"$f":"Inputs!$R$41*Inputs!$R$42/8760","v":0},{"$f":"-Inputs!$R$45*Inputs!$R$34","v":-90000},622.82891783339619,3.8468597662897688E-3,2.6158646410770424E-3,{"$f":"-N1972/(1.202*2465560*MAX(0,(Inputs!$R$49-Q1972)))","v":3.6228714487938301},{"$f":"params!$C$16*R1972*(G1972-Inputs!$R$27)","v":-91017.705218738163},-318109.41441589867,{"$f":"E1972*params!$C$8","v":0}]
["1995-03-24",3,24,"04:00:00",0,0,0.1,-5,65,{"$f":"Inputs!$R$38*Inputs!$R$33*(G1973-Inputs!$R$27)","v":-119669.64759643924},{"$f":"Inputs!$R$34*E1973*Inputs!$R$39","v":0},{"$f":"params!$C$16*Inputs!$R$30*(G1973-Inputs!$R$27)","v":-18739.547327122167},{"$f":"Inputs!$R$41*Inputs!$R$42/8760","v":0},{"$f":"-Inputs!$R$45*Inputs!$R$34","v":-90000},613.85941042236618,3.7911225496935316E-3,2.4642296573007955E-3,{"$f":"-N1973/(1.202*2465560*MAX(0,(Inputs!$R$49-Q1973)))","v":3.5584994826529699},{"$f":"params!$C$16*R1973*(G1973-Inputs!$R$27)","v":-90259.643953794526},-318668.83887735591,{"$f":"E1973*params!$C$8","v":0}]
["1995-03-24",3,24,"05:00:00",0,0,0,-5.7,62,{"$f":"Inputs!$R$38*Inputs!$R$33*(G1974-Inputs!$R$27)","v":-120239.20170980148},{"$f":"Inputs!$R$34*E1974*Inputs!$R$39","v":0},{"$f":"params!$C$16*Inputs!$R$30*(G1974-Inputs!$R$27)","v":-18828.736076960402},{"$f":"Inputs!$R$41*Inputs!$R$42/8760","v":0},{"$f":"-Inputs!$R$45*Inputs!$R$34","v":-90000},609.41773586642103,3.7635253138895938E-3,2.3333856946115479E-3,{"$f":"-N1974/(1.202*2465560*MAX(0,(Inputs!$R$49-Q1974)))","v":3.5047645173510587},{"$f":"params!$C$16*R1974*(G1974-Inputs!$R$27)","v":-89319.775835593406},-318387.71362235525,{"$f":"E1974*params!$C$8","v":0}]
["1995-03-24",3,24,"06:00:00",0,0,0,-6.2,59,{"$f":"Inputs!$R$38*Inputs!$R$33*(G1975-Inputs!$R$27)","v":-120239.20170980148},{"$f":"Inputs!$R$34*E1975*Inputs!$R$39","v":0},{"$f":"params!$C$16*Inputs!$R$30*(G1975-Inputs!$R$27)","v":-18828.736076960402},{"$f":"Inputs!$R$41*Inputs!$R$42/8760","v":0},{"$f":"-Inputs!$R$45*Inputs!$R$34","v":-90000},609.41773586642103,3.7635253138895938E-3,2.2204799351948604E-3,{"$f":"-N1975/(1.202*2465560*MAX(0,(Inputs!$R$49-Q1975)))","v":3.4596839984528014},{"$f":"params!$C$16*R1975*(G1975-Inputs!$R$27)","v":-88170.88785107687},-317238.82563783875,{"$f":"E1975*params!$C$8","v":0}]
["1995-03-24",3,24,"07:00:00",28,0,0.5,-6.7,55,{"$f":"Inputs!$R$38*Inputs!$R$33*(G1976-Inputs!$R$27)","v":-117391.43114299039},{"$f":"Inputs!$R$34*E1976*Inputs!$R$39","v":16388.11211549717},{"$f":"params!$C$16*Inputs!$R$30*(G1976-Inputs!$R$27)","v":-18382.792327769235},{"$f":"Inputs!$R$41*Inputs!$R$42/8760","v":0},{"$f":"-Inputs!$R$45*Inputs!$R$34","v":-90000},631.91436873737246,3.9033275880190387E-3,2.1468301734104715E-3,{"$f":"-N1976/(1.202*2465560*MAX(0,(Inputs!$R$49-Q1976)))","v":3.4308972229013861},{"$f":"params!$C$16*R1976*(G1976-Inputs!$R$27)","v":-85366.367643306148},-294752.47899856861,{"$f":"E1976*params!$C$8","v":58.001999999999995}]
["1995-03-24",3,24,"08:00:00",173,0,1.6,-7.3,48,{"$f":"Inputs!$R$38*Inputs!$R$33*(G1977-Inputs!$R$27)","v":-111126.33589600598},{"$f":"Inputs!$R$34*E1977*Inputs!$R$39","v":101255.1212850361},{"$f":"params!$C$16*Inputs!$R$30*(G1977-Inputs!$R$27)","v":-17401.716079548663},{"$f":"Inputs!$R$41*Inputs!$R$42/8760","v":0},{"$f":"-Inputs!$R$45*Inputs!$R$34","v":-90000},684.01504143025329,4.2273401402413606E-3,2.0291232673158533E-3,{"$f":"-N1977/(1.202*2465560*MAX(0,(Inputs!$R$49-Q1977)))","v":3.3858718105957371},{"$f":"params!$C$16*R1977*(G1977-Inputs!$R$27)","v":-79749.910325603618},-197022.84101612217,{"$f":"E1977*params!$C$8","v":358.36949999999996}]
["1995-03-24",3,24,"09:00:00",249,5,2.2000000000000002,-7.4,46,{"$f":"Inputs!$R$38*Inputs!$R$33*(G1978-Inputs!$R$27)","v":-107709.0112158327},{"$f":"Inputs!$R$34*E1978*Inputs!$R$39","v":145737.1398842427},{"$f":"params!$C$16*Inputs!$R$30*(G1978-Inputs!$R$27)","v":-16866.583580519266},{"$f":"Inputs!$R$41*Inputs!$R$42/8760","v":0},{"$f":"-Inputs!$R$45*Inputs!$R$34","v":-90000},714.00723647805364,4.4140129099852635E-3,2.030445938593221E-3,{"$f":"-N1978/(1.202*2465560*MAX(0,(Inputs!$R$49-Q1978)))","v":3.3863711944873973},{"$f":"params!$C$16*R1978*(G1978-Inputs!$R$27)","v":-77308.864976965197},-146147.31988907445,{"$f":"E1978*params!$C$8","v":515.80349999999999}]
["1995-03-24",3,24,"10:00:00",241,9,2.7,-7.8,43,{"$f":"Inputs!$R$38*Inputs!$R$33*(G1979-Inputs!$R$27)","v":-104861.24064902161},{"$f":"Inputs!$R$34*E1979*Inputs!$R$39","v":141054.82213695778},{"$f":"params!$C$16*Inputs!$R$30*(G1979-Inputs!$R$27)","v":-16420.639831328099},{"$f":"Inputs!$R$41*Inputs!$R$42/8760","v":0},{"$f":"-Inputs!$R$45*Inputs!$R$34","v":-90000},739.88380849706493,4.5751593141558633E-3,1.9673185050870213E-3,{"$f":"-N1979/(1.202*2465560*MAX(0,(Inputs!$R$49-Q1979)))","v":3.362700098590528},{"$f":"params!$C$16*R1979*(G1979-Inputs!$R$27)","v":-74738.749168312497},-144965.80751170442,{"$f":"E1979*params!$C$8","v":499.23149999999998}]
["1995-03-24",3,24,"11:00:00",434,9,3.3,-7.8,41,{"$f":"Inputs!$R$38*Inputs!$R$33*(G1980-Inputs!$R$27)","v":-101443.91596884829},{"$f":"Inputs!$R$34*E1980*Inputs!$R$39","v":254015.73779020613},{"$f":"params!$C$16*Inputs!$R$30*(G1980-Inputs!$R$27)","v":-15885.507332298695},{"$f":"Inputs!$R$41*Inputs!$R$42/8760","v":0},{"$f":"-Inputs!$R$45*Inputs!$R$34","v":-90000},772.02842975916951,4.7754555160627581E-3,1.9579367615857306E-3,{"$f":"-N1980/(1.202*2465560*MAX(0,(Inputs!$R$49-Q1980)))","v":3.3592104119302491},{"$f":"params!$C$16*R1980*(G1980-Inputs!$R$27)","v":-72228.053365777014},-25541.738876717893,{"$f":"E1980*params!$C$8","v":899.03099999999995}]
["1995-03-24",3,24,"12:00:00",233,9,3.8,-8.9,36,{"$f":"Inputs!$R$38*Inputs!$R$33*(G1981-Inputs!$R$27)","v":-98596.145402037204},{"$f":"Inputs!$R$34*E1981*Inputs!$R$39","v":136372.50438967289},{"$f":"params!$C$16*Inputs!$R$30*(G1981-Inputs!$R$27)","v":-15439.563583107529},{"$f":"Inputs!$R$41*Inputs!$R$42/8760","v":0},{"$f":"-Inputs!$R$45*Inputs!$R$34","v":-90000},799.75278170517424,4.9483114832316053E-3,1.7813921339633778E-3,{"$f":"-N1981/(1.202*2465560*MAX(0,(Inputs!$R$49-Q1981)))","v":3.2948665567764777},{"$f":"params!$C$16*R1981*(G1981-Inputs!$R$27)","v":-68855.789727966985},-136518.99432343885,{"$f":"E1981*params!$C$8","v":482.65949999999998}]
["1995-03-24",3,24,"13:00:00",414,9,3.8,-7.8,39,{"$f":"Inputs!$R$38*Inputs!$R$33*(G1982-Inputs!$R$27)","v":-98596.145402037204},{"$f":"Inputs!$R$34*E1982*Inputs!$R$39","v":242309.94342199387},{"$f":"params!$C$16*Inputs!$R$30*(G1982-Inputs!$R$27)","v":-15439.563583107529},{"$f":"Inputs!$R$41*Inputs!$R$42/8760","v":0},{"$f":"-Inputs!$R$45*Inputs!$R$34","v":-90000},799.75278170517424,4.9483114832316053E-3,1.9298414784603259E-3,{"$f":"-N1982/(1.202*2465560*MAX(0,(Inputs!$R$49-Q1982)))","v":3.348803119204804},{"$f":"params!$C$16*R1982*(G1982-Inputs!$R$27)","v":-69982.950581742989},-31708.716144893842,{"$f":"E1982*params!$C$8","v":857.601}]
["1995-03-24",3,24,"14:00:00",424,9,4.4000000000000004,-8.4,36,{"$f":"Inputs!$R$38*Inputs!$R$33*(G1983-Inputs!$R$27)","v":-95178.820721863885},{"$f":"Inputs!$R$34*E1983*Inputs!$R$39","v":248162.84060610001},{"$f":"params!$C$16*Inputs!$R$30*(G1983-Inputs!$R$27)","v":-14904.431084078125},{"$f":"Inputs!$R$41*Inputs!$R$42/8760","v":0},{"$f":"-Inputs!$R$45*Inputs!$R$34","v":-90000},834.18129245512239,5.1630993453363316E-3,1.8587157643210795E-3,{"$f":"-N1983/(1.202*2465560*MAX(0,(Inputs!$R$49-Q1983)))","v":3.3227421579203851},{"$f":"params!$C$16*R1983*(G1983-Inputs!$R$27)","v":-67031.611154108527},-18952.022353950524,{"$f":"E1983*params!$C$8","v":878.31599999999992}]
["1995-03-24",3,24,"15:00:00",323,9,3.3,-9.5,35,{"$f":"Inputs!$R$38*Inputs!$R$33*(G1984-Inputs!$R$27)","v":-101443.91596884829},{"$f":"Inputs!$R$34*E1984*Inputs!$R$39","v":189048.57904662806},{"$f":"params!$C$16*Inputs!$R$30*(G1984-Inputs!$R$27)","v":-15885.507332298695},{"$f":"Inputs!$R$41*Inputs!$R$42/8760","v":0},{"$f":"-Inputs!$R$45*Inputs!$R$34","v":-90000},772.02842975916951,4.7754555160627581E-3,1.6714094306219654E-3,{"$f":"-N1984/(1.202*2465560*MAX(0,(Inputs!$R$49-Q1984)))","v":3.2560134329389125},{"$f":"params!$C$16*R1984*(G1984-Inputs!$R$27)","v":-70009.163807891237},-88290.008062410168,{"$f":"E1984*params!$C$8","v":669.09449999999993}]
["1995-03-24",3,24,"16:00:00",243,9,3.8,-8.9,36,{"$f":"Inputs!$R$38*Inputs!$R$33*(G1985-Inputs!$R$27)","v":-98596.145402037204},{"$f":"Inputs!$R$34*E1985*Inputs!$R$39","v":142225.401573779},{"$f":"params!$C$16*Inputs!$R$30*(G1985-Inputs!$R$27)","v":-15439.563583107529},{"$f":"Inputs!$R$41*Inputs!$R$42/8760","v":0},{"$f":"-Inputs!$R$45*Inputs!$R$34","v":-90000},799.75278170517424,4.9483114832316053E-3,1.7813921339633778E-3,{"$f":"-N1985/(1.202*2465560*MAX(0,(Inputs!$R$49-Q1985)))","v":3.2948665567764777},{"$f":"params!$C$16*R1985*(G1985-Inputs!$R$27)","v":-68855.789727966985},-130666.09713933271,{"$f":"E1985*params!$C$8","v":503.37449999999995}]
["1995-03-24",3,24,"17:00:00",233,3,2.7,-9.5,37,{"$f":"Inputs!$R$38*Inputs!$R$33*(G1986-Inputs!$R$27)","v":-104861.24064902161},{"$f":"Inputs!$R$34*E1986*Inputs!$R$39","v":136372.50438967289},{"$f":"params!$C$16*Inputs!$R$30*(G1986-Inputs!$R$27)","v":-16420.639831328099},{"$f":"Inputs!$R$41*Inputs!$R$42/8760","v":0},{"$f":"-Inputs!$R$45*Inputs!$R$34","v":-90000},739.88380849706493,4.5751593141558633E-3,1.6928089462376695E-3,{"$f":"-N1986/(1.202*2465560*MAX(0,(Inputs!$R$49-Q1986)))","v":3.2635011847282831},{"$f":"params!$C$16*R1986*(G1986-Inputs!$R$27)","v":-72533.972493750611},-147443.34858442744,{"$f":"E1986*params!$C$8","v":482.65949999999998}]
["1995-03-24",{"$f":"MONTH(A1987)","v":3},{"$f":"DAY(A1987)","v":24},"18:00:00",84,2,2.7,-10,35,{"$f":"Inputs!$R$38*Inputs!$R$33*(G1987-Inputs!$R$27)","v":-104861.24064902161},{"$f":"Inputs!$R$34*E1987*Inputs!$R$39","v":49164.336346491516},{"$f":"params!$C$16*Inputs!$R$30*(G1987-Inputs!$R$27)","v":-16420.639831328099},{"$f":"Inputs!$R$41*Inputs!$R$42/8760","v":0},{"$f":"-Inputs!$R$45*Inputs!$R$34","v":-90000},{"$f":"EXP(77.345+0.0057*(G1987+273.15)-7235/(G1987+273.15))/(G1987+273.15)^8.2","v":739.88380849706493},{"$f":"0.62198*O1987/(101325-O1987)","v":4.5751593141558633E-3},{"$f":"P1987*I1987/100","v":1.6013057599545521E-3},{"$f":"-N1987/(1.202*2465560*MAX(0,(Inputs!$R$49-Q1987)))","v":3.23172281381256},{"$f":"params!$C$16*R1987*(G1987-Inputs!$R$27)","v":-71827.67231139318},{"$f":"J1987+K1987+L1987+M1987+N1987+S1987","v":-233945.21644525137},{"$f":"E1987*params!$C$8","v":174.006}]
["1995-03-24",3,24,"19:00:00",2,0,1.1000000000000001,-11.2,35,{"$f":"Inputs!$R$38*Inputs!$R$33*(G1988-Inputs!$R$27)","v":-113974.10646281707},{"$f":"Inputs!$R$34*E1988*Inputs!$R$39","v":1170.5794368212264},{"$f":"params!$C$16*Inputs!$R$30*(G1988-Inputs!$R$27)","v":-17847.65982873983},{"$f":"Inputs!$R$41*Inputs!$R$42/8760","v":0},{"$f":"-Inputs!$R$45*Inputs!$R$34","v":-90000},659.87933273383078,4.077199179350414E-3,1.427019712772645E-3,{"$f":"-N1988/(1.202*2465560*MAX(0,(Inputs!$R$49-Q1988)))","v":3.1728754140781761},{"$f":"params!$C$16*R1988*(G1988-Inputs!$R$27)","v":-76648.19153970918},-297299.37839444488,{"$f":"E1988*params!$C$8","v":4.1429999999999998}]
["1995-03-24",3,24,"20:00:00",0,0,0.5,-11.7,35,{"$f":"Inputs!$R$38*Inputs!$R$33*(G1989-Inputs!$R$27)","v":-117391.43114299039},{"$f":"Inputs!$R$34*E1989*Inputs!$R$39","v":0},{"$f":"params!$C$16*Inputs!$R$30*(G1989-Inputs!$R$27)","v":-18382.792327769235},{"$f":"Inputs!$R$41*Inputs!$R$42/8760","v":0},{"$f":"-Inputs!$R$45*Inputs!$R$34","v":-90000},631.91436873737246,3.9033275880190387E-3,1.3661646558066633E-3,{"$f":"-N1989/(1.202*2465560*MAX(0,(Inputs!$R$49-Q1989)))","v":3.1528294152609591},{"$f":"params!$C$16*R1989*(G1989-Inputs!$R$27)","v":-78447.583093786263},-304221.8065645459,{"$f":"E1989*params!$C$8","v":0}]
["1995-03-24",3,24,"21:00:00",0,0,-1.2,-10.6,45,{"$f":"Inputs!$R$38*Inputs!$R$33*(G1990-Inputs!$R$27)","v":-127073.85107014807},{"$f":"Inputs!$R$34*E1990*Inputs!$R$39","v":0},{"$f":"params!$C$16*Inputs!$R$30*(G1990-Inputs!$R$27)","v":-19899.001075019201},{"$f":"Inputs!$R$41*Inputs!$R$42/8760","v":0},{"$f":"-Inputs!$R$45*Inputs!$R$34","v":-90000},558.29660553202416,3.4460720755093411E-3,1.5507324339792032E-3,{"$f":"-N1990/(1.202*2465560*MAX(0,(Inputs!$R$49-Q1990)))","v":3.2144232079344111},{"$f":"params!$C$16*R1990*(G1990-Inputs!$R$27)","v":-86576.882528981951},-323549.73467414919,{"$f":"E1990*params!$C$8","v":0}]
["1995-03-24",3,24,"22:00:00",0,0,-2.8,-9.5,56,{"$f":"Inputs!$R$38*Inputs!$R$33*(G1991-Inputs!$R$27)","v":-136186.71688394356},{"$f":"Inputs!$R$34*E1991*Inputs!$R$39","v":0},{"$f":"params!$C$16*Inputs!$R$30*(G1991-Inputs!$R$27)","v":-21326.02107243094},{"$f":"Inputs!$R$41*Inputs!$R$42/8760","v":0},{"$f":"-Inputs!$R$45*Inputs!$R$34","v":-90000},496.06494903212268,3.060058869440949E-3,1.7136329668869315E-3,{"$f":"-N1991/(1.202*2465560*MAX(0,(Inputs!$R$49-Q1991)))","v":3.2708207052478593},{"$f":"params!$C$16*R1991*(G1991-Inputs!$R$27)","v":-94413.519088813453},-341926.25704518799,{"$f":"E1991*params!$C$8","v":0}]
["1995-03-24",3,24,"23:00:00",0,0,-3.4,-10,56,{"$f":"Inputs!$R$38*Inputs!$R$33*(G1992-Inputs!$R$27)","v":-139604.04156411687},{"$f":"Inputs!$R$34*E1992*Inputs!$R$39","v":0},{"$f":"params!$C$16*Inputs!$R$30*(G1992-Inputs!$R$27)","v":-21861.153571460338},{"$f":"Inputs!$R$41*Inputs!$R$42/8760","v":0},{"$f":"-Inputs!$R$45*Inputs!$R$34","v":-90000},474.36656633458665,2.925579214362132E-3,1.6383243600427938E-3,{"$f":"-N1992/(1.202*2465560*MAX(0,(Inputs!$R$49-Q1992)))","v":3.2445042594695859},{"$f":"params!$C$16*R1992*(G1992-Inputs!$R$27)","v":-96003.935594644165},-347469.1307302214,{"$f":"E1992*params!$C$8","v":0}]
["1995-03-24",3,24,1,0,0,-3.9,-8.9,65,{"$f":"Inputs!$R$38*Inputs!$R$33*(G1993-Inputs!$R$27)","v":-142451.81213092795},{"$f":"Inputs!$R$34*E1993*Inputs!$R$39","v":0},{"$f":"params!$C$16*Inputs!$R$30*(G1993-Inputs!$R$27)","v":-22307.097320651505},{"$f":"Inputs!$R$41*Inputs!$R$42/8760","v":0},{"$f":"-Inputs!$R$45*Inputs!$R$34","v":-90000},456.93292986618587,2.8175730136730305E-3,1.8314224588874698E-3,{"$f":"-N1993/(1.202*2465560*MAX(0,(Inputs!$R$49-Q1993)))","v":3.3128490678984548},{"$f":"params!$C$16*R1993*(G1993-Inputs!$R$27)","v":-100025.86718026699},-354784.77663184644,{"$f":"E1993*params!$C$8","v":0}]
["1995-03-25",3,25,"01:00:00",0,0,-4.0999999999999996,-9.5,63,{"$f":"Inputs!$R$38*Inputs!$R$33*(G1994-Inputs!$R$27)","v":-143590.92035765239},{"$f":"Inputs!$R$34*E1994*Inputs!$R$39","v":0},{"$f":"params!$C$16*Inputs!$R$30*(G1994-Inputs!$R$27)","v":-22485.474820327971},{"$f":"Inputs!$R$41*Inputs!$R$42/8760","v":0},{"$f":"-Inputs!$R$45*Inputs!$R$34","v":-90000},450.12044185895849,2.7753779102761816E-3,1.7484880834739943E-3,{"$f":"-N1994/(1.202*2465560*MAX(0,(Inputs!$R$49-Q1994)))","v":3.2831458203623711},{"$f":"params!$C$16*R1994*(G1994-Inputs!$R$27)","v":-99921.707845603974},-355998.10302358435,{"$f":"E1994*params!$C$8","v":0}]
["1995-03-25",3,25,"02:00:00",0,1,-3.9,-9.6999999999999993,60,{"$f":"Inputs!$R$38*Inputs!$R$33*(G1995-Inputs!$R$27)","v":-142451.81213092795},{"$f":"Inputs!$R$34*E1995*Inputs!$R$39","v":0},{"$f":"params!$C$16*Inputs!$R$30*(G1995-Inputs!$R$27)","v":-22307.097320651505},{"$f":"Inputs!$R$41*Inputs!$R$42/8760","v":0},{"$f":"-Inputs!$R$45*Inputs!$R$34","v":-90000},456.93292986618587,2.8175730136730305E-3,1.6905438082038182E-3,{"$f":"-N1995/(1.202*2465560*MAX(0,(Inputs!$R$49-Q1995)))","v":3.2627069771027553},{"$f":"params!$C$16*R1995*(G1995-Inputs!$R$27)","v":-98511.911666062661},-353270.8211176421,{"$f":"E1995*params!$C$8","v":0}]
["1995-03-25",3,25,"03:00:00",0,1,-3.6,-9.8000000000000007,58,{"$f":"Inputs!$R$38*Inputs!$R$33*(G1996-Inputs!$R$27)","v":-140743.1497908413},{"$f":"Inputs!$R$34*E1996*Inputs!$R$39","v":0},{"$f":"params!$C$16*Inputs!$R$30*(G1996-Inputs!$R$27)","v":-22039.531071136807},{"$f":"Inputs!$R$41*Inputs!$R$42/8760","v":0},{"$f":"-Inputs!$R$45*Inputs!$R$34","v":-90000},467.32346194097869,2.8819407390211498E-3,1.671525628632267E-3,{"$f":"-N1996/(1.202*2465560*MAX(0,(Inputs!$R$49-Q1996)))","v":3.2560539981753798},{"$f":"params!$C$16*R1996*(G1996-Inputs!$R$27)","v":-97131.827892185116},-349914.50875416322,{"$f":"E1996*params!$C$8","v":0}]
["1995-03-25",3,25,"04:00:00",0,2,-3.3,-10,56,{"$f":"Inputs!$R$38*Inputs!$R$33*(G1997-Inputs!$R$27)","v":-139034.48745075465},{"$f":"Inputs!$R$34*E1997*Inputs!$R$39","v":0},{"$f":"params!$C$16*Inputs!$R$30*(G1997-Inputs!$R$27)","v":-21771.964821622107},{"$f":"Inputs!$R$41*Inputs!$R$42/8760","v":0},{"$f":"-Inputs!$R$45*Inputs!$R$34","v":-90000},477.92334572458884,2.9476190330518367E-3,1.6506666585090284E-3,{"$f":"-N1997/(1.202*2465560*MAX(0,(Inputs!$R$49-Q1997)))","v":3.248788198940729},{"$f":"params!$C$16*R1997*(G1997-Inputs!$R$27)","v":-95738.503792036194},-346544.95606441295,{"$f":"E1997*params!$C$8","v":0}]
["1995-03-25",3,25,"05:00:00",0,2,-2.8,-10,54,{"$f":"Inputs!$R$38*Inputs!$R$33*(G1998-Inputs!$R$27)","v":-136186.71688394356},{"$f":"Inputs!$R$34*E1998*Inputs!$R$39","v":0},{"$f":"params!$C$16*Inputs!$R$30*(G1998-Inputs!$R$27)","v":-21326.02107243094},{"$f":"Inputs!$R$41*Inputs!$R$42/8760","v":0},{"$f":"-Inputs!$R$45*Inputs!$R$34","v":-90000},496.06494903212268,3.060058869440949E-3,1.6524317894981125E-3,{"$f":"-N1998/(1.202*2465560*MAX(0,(Inputs!$R$49-Q1998)))","v":3.249401790374435},{"$f":"params!$C$16*R1998*(G1998-Inputs!$R$27)","v":-93795.253732654033},-341307.99168902857,{"$f":"E1998*params!$C$8","v":0}]
["1995-03-25",3,25,"06:00:00",0,0,-1.2,-9.5,49,{"$f":"Inputs!$R$38*Inputs!$R$33*(G1999-Inputs!$R$27)","v":-127073.85107014807},{"$f":"Inputs!$R$34*E1999*Inputs!$R$39","v":0},{"$f":"params!$C$16*Inputs!$R$30*(G1999-Inputs!$R$27)","v":-19899.001075019201},{"$f":"Inputs!$R$41*Inputs!$R$42/8760","v":0},{"$f":"-Inputs!$R$45*Inputs!$R$34","v":-90000},558.29660553202416,3.4460720755093411E-3,1.6885753169995771E-3,{"$f":"-N1999/(1.202*2465560*MAX(0,(Inputs!$R$49-Q1999)))","v":3.2620170943037579},{"$f":"params!$C$16*R1999*(G1999-Inputs!$R$27)","v":-87858.770458090235},-324831.62260325754,{"$f":"E1999*params!$C$8","v":0}]
["1995-03-25",3,25,"07:00:00",36,0,0,-8.9,47,{"$f":"Inputs!$R$38*Inputs!$R$33*(G2000-Inputs!$R$27)","v":-120239.20170980148},{"$f":"Inputs!$R$34*E2000*Inputs!$R$39","v":21070.429862782075},{"$f":"params!$C$16*Inputs!$R$30*(G2000-Inputs!$R$27)","v":-18828.736076960402},{"$f":"Inputs!$R$41*Inputs!$R$42/8760","v":0},{"$f":"-Inputs!$R$45*Inputs!$R$34","v":-90000},609.41773586642103,3.7635253138895938E-3,1.7688568975281092E-3,{"$f":"-N2000/(1.202*2465560*MAX(0,(Inputs!$R$49-Q2000)))","v":3.2903915317054762},{"$f":"params!$C$16*R2000*(G2000-Inputs!$R$27)","v":-83856.428176064379},-291853.93610004417,{"$f":"E2000*params!$C$8","v":74.573999999999998}]
["1995-03-25",3,25,"08:00:00",200,0,1.6,-8.9,42,{"$f":"Inputs!$R$38*Inputs!$R$33*(G2001-Inputs!$R$27)","v":-111126.33589600598},{"$f":"Inputs!$R$34*E2001*Inputs!$R$39","v":117057.94368212266},{"$f":"params!$C$16*Inputs!$R$30*(G2001-Inputs!$R$27)","v":-17401.716079548663},{"$f":"Inputs!$R$41*Inputs!$R$42/8760","v":0},{"$f":"-Inputs!$R$45*Inputs!$R$34","v":-90000},684.01504143025329,4.2273401402413606E-3,1.7754828589013716E-3,{"$f":"-N2001/(1.202*2465560*MAX(0,(Inputs!$R$49-Q2001)))","v":3.2927554555995902},{"$f":"params!$C$16*R2001*(G2001-Inputs!$R$27)","v":-77556.672844624321},-179026.78113805631,{"$f":"E2001*params!$C$8","v":414.29999999999995}]
["1995-03-25",3,25,"12:00:00",787,0,8.3000000000000007,-10.6,23,{"$f":"Inputs!$R$38*Inputs!$R$33*(G2005-Inputs!$R$27)","v":-72966.21030073741},{"$f":"Inputs!$R$34*E2005*Inputs!$R$39","v":460623.00838915264},{"$f":"params!$C$16*Inputs!$R$30*(G2005-Inputs!$R$27)","v":-11426.069840387021},{"$f":"Inputs!$R$41*Inputs!$R$42/8760","v":0},{"$f":"-Inputs!$R$45*Inputs!$R$34","v":-90000},1091.6777773743988,6.7742116984131845E-3,1.5580686906350324E-3,{"$f":"-N2005/(1.202*2465560*MAX(0,(Inputs!$R$49-Q2005)))","v":3.2169212257516473},{"$f":"params!$C$16*R2005*(G2005-Inputs!$R$27)","v":-49751.355031396415},236479.37321663179,{"$f":"E2005*params!$C$8","v":1630.2704999999999}]
["1995-03-25",3,25,"15:00:00",643,0,10,-9.5,22,{"$f":"Inputs!$R$38*Inputs!$R$33*(G2008-Inputs!$R$27)","v":-63283.790373579723},{"$f":"Inputs!$R$34*E2008*Inputs!$R$39","v":376341.28893802431},{"$f":"params!$C$16*Inputs!$R$30*(G2008-Inputs!$R$27)","v":-9909.8610931370531},{"$f":"Inputs!$R$41*Inputs!$R$42/8760","v":0},{"$f":"-Inputs!$R$45*Inputs!$R$34","v":-90000},1224.2915728566036,7.6071876458255446E-3,1.6735812820816197E-3,{"$f":"-N2008/(1.202*2465560*MAX(0,(Inputs!$R$49-Q2008)))","v":3.2567718029834949},{"$f":"params!$C$16*R2008*(G2008-Inputs!$R$27)","v":-43684.01116612841},169463.62630517912,{"$f":"E2008*params!$C$8","v":1331.9745}]
["1995-03-25",3,25,"19:00:00",3,0,7.2,-7.3,32,{"$f":"Inputs!$R$38*Inputs!$R$33*(G2012-Inputs!$R$27)","v":-79231.305547721815},{"$f":"Inputs!$R$34*E2012*Inputs!$R$39","v":1755.8691552318398},{"$f":"params!$C$16*Inputs!$R$30*(G2012-Inputs!$R$27)","v":-12407.146088607591},{"$f":"Inputs!$R$41*Inputs!$R$42/8760","v":0},{"$f":"-Inputs!$R$45*Inputs!$R$34","v":-90000},1012.7753618292717,6.2796535698688054E-3,2.0094891423580179E-3,{"$f":"-N2012/(1.202*2465560*MAX(0,(Inputs!$R$49-Q2012)))","v":3.378476090842935},{"$f":"params!$C$16*R2012*(G2012-Inputs!$R$27)","v":-56736.214892729775},-236618.79737382734,{"$f":"E2012*params!$C$8","v":6.2144999999999992}]
["1995-03-25",3,25,"22:00:00",0,0,5,-6.2,42,{"$f":"Inputs!$R$38*Inputs!$R$33*(G2015-Inputs!$R$27)","v":-91761.496041690596},{"$f":"Inputs!$R$34*E2015*Inputs!$R$39","v":0},{"$f":"params!$C$16*Inputs!$R$30*(G2015-Inputs!$R$27)","v":-14369.298585048728},{"$f":"Inputs!$R$41*Inputs!$R$42/8760","v":0},{"$f":"-Inputs!$R$45*Inputs!$R$34","v":-90000},869.91328556198641,5.3861748872103517E-3,2.2621934526283476E-3,{"$f":"-N2015/(1.202*2465560*MAX(0,(Inputs!$R$49-Q2015)))","v":3.4762034630416152},{"$f":"params!$C$16*R2015*(G2015-Inputs!$R$27)","v":-67609.600585583292},-263740.39521232265,{"$f":"E2015*params!$C$8","v":0}]
["1995-03-26",3,26,"01:00:00",0,0,-0.1,-5.4,64,{"$f":"Inputs!$R$38*Inputs!$R$33*(G2018-Inputs!$R$27)","v":-120808.75582316369},{"$f":"Inputs!$R$34*E2018*Inputs!$R$39","v":0},{"$f":"params!$C$16*Inputs!$R$30*(G2018-Inputs!$R$27)","v":-18917.924826798637},{"$f":"Inputs!$R$41*Inputs!$R$42/8760","v":0},{"$f":"-Inputs!$R$45*Inputs!$R$34","v":-90000},605.00456904485077,3.7361076144257297E-3,2.3911088732324671E-3,{"$f":"-N2018/(1.202*2465560*MAX(0,(Inputs!$R$49-Q2018)))","v":3.5282688696678126},{"$f":"params!$C$16*R2018*(G2018-Inputs!$R$27)","v":-90344.721079361727},-320071.40172932408,{"$f":"E2018*params!$C$8","v":0}]
["1995-03-26",3,26,"02:00:00",0,0,-0.4,-5.5,65,{"$f":"Inputs!$R$38*Inputs!$R$33*(G2019-Inputs!$R$27)","v":-122517.41816325033},{"$f":"Inputs!$R$34*E2019*Inputs!$R$39","v":0},{"$f":"params!$C$16*Inputs!$R$30*(G2019-Inputs!$R$27)","v":-19185.491076313334},{"$f":"Inputs!$R$41*Inputs!$R$42/8760","v":0},{"$f":"-Inputs!$R$45*Inputs!$R$34","v":-90000},591.93453988632518,3.6549214841900936E-3,2.3756989647235609E-3,{"$f":"-N2019/(1.202*2465560*MAX(0,(Inputs!$R$49-Q2019)))","v":3.5219633034091768},{"$f":"params!$C$16*R2019*(G2019-Inputs!$R$27)","v":-91458.770700272784},-323161.67993983644,{"$f":"E2019*params!$C$8","v":0}]
["1995-03-26",3,26,"05:00:00",0,0,-0.7,-5.2,68,{"$f":"Inputs!$R$38*Inputs!$R$33*(G2022-Inputs!$R$27)","v":-124226.08050333698},{"$f":"Inputs!$R$34*E2022*Inputs!$R$39","v":0},{"$f":"params!$C$16*Inputs!$R$30*(G2022-Inputs!$R$27)","v":-19453.057325828035},{"$f":"Inputs!$R$41*Inputs!$R$42/8760","v":0},{"$f":"-Inputs!$R$45*Inputs!$R$34","v":-90000},579.11544010550767,3.5753144955780504E-3,2.4312138569930739E-3,{"$f":"-N2022/(1.202*2465560*MAX(0,(Inputs!$R$49-Q2022)))","v":3.5447857316784122},{"$f":"params!$C$16*R2022*(G2022-Inputs!$R$27)","v":-93335.201345382971},-327014.33917454799,{"$f":"E2022*params!$C$8","v":0}]
["1995-03-26",3,26,"10:00:00",537,2,8.1,-5,37,{"$f":"Inputs!$R$38*Inputs!$R$33*(G2027-Inputs!$R$27)","v":-74105.318527461859},{"$f":"Inputs!$R$34*E2027*Inputs!$R$39","v":314300.57878649933},{"$f":"params!$C$16*Inputs!$R$30*(G2027-Inputs!$R$27)","v":-11604.447340063489},{"$f":"Inputs!$R$41*Inputs!$R$42/8760","v":0},{"$f":"-Inputs!$R$45*Inputs!$R$34","v":-90000},1076.9412615333097,6.6817845081269568E-3,2.4722602680069742E-3,{"$f":"-N2027/(1.202*2465560*MAX(0,(Inputs!$R$49-Q2027)))","v":3.5618512108122466},{"$f":"params!$C$16*R2027*(G2027-Inputs!$R$27)","v":-55945.84644138928},82644.96647758472,{"$f":"E2027*params!$C$8","v":1112.3954999999999}]
["1995-03-26",3,26,"13:00:00",739,1,12.5,-6,25,{"$f":"Inputs!$R$38*Inputs!$R$33*(G2030-Inputs!$R$27)","v":-49044.937539524282},{"$f":"Inputs!$R$34*E2030*Inputs!$R$39","v":432529.10190544318},{"$f":"params!$C$16*Inputs!$R$30*(G2030-Inputs!$R$27)","v":-7680.1423471812159},{"$f":"Inputs!$R$41*Inputs!$R$42/8760","v":0},{"$f":"-Inputs!$R$45*Inputs!$R$34","v":-90000},1445.0719863689671,8.9988638553995196E-3,2.2497159638498799E-3,{"$f":"-N2030/(1.202*2465560*MAX(0,(Inputs!$R$49-Q2030)))","v":3.4712455917175538},{"$f":"params!$C$16*R2030*(G2030-Inputs!$R$27)","v":-36084.627287606862},249719.39473113083,{"$f":"E2030*params!$C$8","v":1530.8384999999998}]
["1995-03-26",3,26,"16:00:00",422,2,14.4,-6.2,22,{"$f":"Inputs!$R$38*Inputs!$R$33*(G2033-Inputs!$R$27)","v":-38223.409385642146},{"$f":"Inputs!$R$34*E2033*Inputs!$R$39","v":246992.26116927879},{"$f":"params!$C$16*Inputs!$R$30*(G2033-Inputs!$R$27)","v":-5985.5561002547793},{"$f":"Inputs!$R$41*Inputs!$R$42/8760","v":0},{"$f":"-Inputs!$R$45*Inputs!$R$34","v":-90000},1635.559113509069,1.0204541708471198E-2,2.2449991758636632E-3,{"$f":"-N2033/(1.202*2465560*MAX(0,(Inputs!$R$49-Q2033)))","v":3.4693750797745602},{"$f":"params!$C$16*R2033*(G2033-Inputs!$R$27)","v":-28107.574693951334},84675.720989430512,{"$f":"E2033*params!$C$8","v":874.173}]
["1995-03-26",3,26,"20:00:00",0,10,6,-5.6,41,{"$f":"Inputs!$R$38*Inputs!$R$33*(G2037-Inputs!$R$27)","v":-86065.954908068423},{"$f":"Inputs!$R$34*E2037*Inputs!$R$39","v":0},{"$f":"params!$C$16*Inputs!$R$30*(G2037-Inputs!$R$27)","v":-13477.411086666392},{"$f":"Inputs!$R$41*Inputs!$R$42/8760","v":0},{"$f":"-Inputs!$R$45*Inputs!$R$34","v":-90000},932.4781503104233,5.7771510192606073E-3,2.3686319178968492E-3,{"$f":"-N2037/(1.202*2465560*MAX(0,(Inputs!$R$49-Q2037)))","v":3.5190790769582279},{"$f":"params!$C$16*R2037*(G2037-Inputs!$R$27)","v":-64195.282515663312},-253738.64851039811,{"$f":"E2037*params!$C$8","v":0}]
["1995-03-26",3,26,"23:00:00",0,3,1.1000000000000001,-5,61,{"$f":"Inputs!$R$38*Inputs!$R$33*(G2040-Inputs!$R$27)","v":-113974.10646281707},{"$f":"Inputs!$R$34*E2040*Inputs!$R$39","v":0},{"$f":"params!$C$16*Inputs!$R$30*(G2040-Inputs!$R$27)","v":-17847.65982873983},{"$f":"Inputs!$R$41*Inputs!$R$42/8760","v":0},{"$f":"-Inputs!$R$45*Inputs!$R$34","v":-90000},659.87933273383078,4.077199179350414E-3,2.4870914994037526E-3,{"$f":"-N2040/(1.202*2465560*MAX(0,(Inputs!$R$49-Q2040)))","v":3.5680579345575056},{"$f":"params!$C$16*R2040*(G2040-Inputs!$R$27)","v":-86194.745239374359},-308016.51153093128,{"$f":"E2040*params!$C$8","v":0}]
["1995-03-27",3,27,"02:00:00",0,1,-0.8,-5.2,69,{"$f":"Inputs!$R$38*Inputs!$R$33*(G2043-Inputs!$R$27)","v":-124795.63461669922},{"$f":"Inputs!$R$34*E2043*Inputs!$R$39","v":0},{"$f":"params!$C$16*Inputs!$R$30*(G2043-Inputs!$R$27)","v":-19542.246075666269},{"$f":"Inputs!$R$41*Inputs!$R$42/8760","v":0},{"$f":"-Inputs!$R$45*Inputs!$R$34","v":-90000},574.89744723163335,3.5491250645809493E-3,2.4488962945608552E-3,{"$f":"-N2043/(1.202*2465560*MAX(0,(Inputs!$R$49-Q2043)))","v":3.5521173011672165},{"$f":"params!$C$16*R2043*(G2043-Inputs!$R$27)","v":-93957.053706716688},-328294.93439908221,{"$f":"E2043*params!$C$8","v":0}]
["1995-03-27",3,27,"03:00:00",0,1,-0.6,-4.9000000000000004,70,{"$f":"Inputs!$R$38*Inputs!$R$33*(G2044-Inputs!$R$27)","v":-123656.52638997478},{"$f":"Inputs!$R$34*E2044*Inputs!$R$39","v":0},{"$f":"params!$C$16*Inputs!$R$30*(G2044-Inputs!$R$27)","v":-19363.868575989804},{"$f":"Inputs!$R$41*Inputs!$R$42/8760","v":0},{"$f":"-Inputs!$R$45*Inputs!$R$34","v":-90000},583.36085066457406,3.6016763769199135E-3,2.5211734638439392E-3,{"$f":"-N2044/(1.202*2465560*MAX(0,(Inputs!$R$49-Q2044)))","v":3.582403197534946},{"$f":"params!$C$16*R2044*(G2044-Inputs!$R$27)","v":-93893.213576170034},-326913.60854213464,{"$f":"E2044*params!$C$8","v":0}]
["1995-03-27",3,27,"06:00:00",0,3,-0.6,-4.5,72,{"$f":"Inputs!$R$38*Inputs!$R$33*(G2047-Inputs!$R$27)","v":-123656.52638997478},{"$f":"Inputs!$R$34*E2047*Inputs!$R$39","v":0},{"$f":"params!$C$16*Inputs!$R$30*(G2047-Inputs!$R$27)","v":-19363.868575989804},{"$f":"Inputs!$R$41*Inputs!$R$42/8760","v":0},{"$f":"-Inputs!$R$45*Inputs!$R$34","v":-90000},583.36085066457406,3.6016763769199135E-3,2.5932069913823376E-3,{"$f":"-N2047/(1.202*2465560*MAX(0,(Inputs!$R$49-Q2047)))","v":3.6131052417347203},{"$f":"params!$C$16*R2047*(G2047-Inputs!$R$27)","v":-94697.900663111577},-327718.29562907614,{"$f":"E2047*params!$C$8","v":0}]
["1995-03-27",3,27,"11:00:00",720,0,5.5,-5,44,{"$f":"Inputs!$R$38*Inputs!$R$33*(G2052-Inputs!$R$27)","v":-88913.725474879509},{"$f":"Inputs!$R$34*E2052*Inputs!$R$39","v":421408.59725564154},{"$f":"params!$C$16*Inputs!$R$30*(G2052-Inputs!$R$27)","v":-13923.354835857559},{"$f":"Inputs!$R$41*Inputs!$R$42/8760","v":0},{"$f":"-Inputs!$R$45*Inputs!$R$34","v":-90000},900.71602087450731,5.5786043819837112E-3,2.454585928072833E-3,{"$f":"-N2052/(1.202*2465560*MAX(0,(Inputs!$R$49-Q2052)))","v":3.5544828152872521},{"$f":"params!$C$16*R2052*(G2052-Inputs!$R$27)","v":-66986.59817831195},161584.91876659251,{"$f":"E2052*params!$C$8","v":1491.48}]
["1995-03-27",3,27,"14:00:00",761,0,9.4,-4.5,36,{"$f":"Inputs!$R$38*Inputs!$R$33*(G2055-Inputs!$R$27)","v":-66701.115053753019},{"$f":"Inputs!$R$34*E2055*Inputs!$R$39","v":445405.47571047669},{"$f":"params!$C$16*Inputs!$R$30*(G2055-Inputs!$R$27)","v":-10444.993592166453},{"$f":"Inputs!$R$41*Inputs!$R$42/8760","v":0},{"$f":"-Inputs!$R$45*Inputs!$R$34","v":-90000},1175.9507731568485,7.3032931169560531E-3,2.6291855221041794E-3,{"$f":"-N2055/(1.202*2465560*MAX(0,(Inputs!$R$49-Q2055)))","v":3.6286378789655727},{"$f":"params!$C$16*R2055*(G2055-Inputs!$R$27)","v":-51300.242829765746},226959.12423479147,{"$f":"E2055*params!$C$8","v":1576.4114999999999}]
["1995-03-27",3,27,"17:00:00",266,2,9.4,-3.9,37,{"$f":"Inputs!$R$38*Inputs!$R$33*(G2058-Inputs!$R$27)","v":-66701.115053753019},{"$f":"Inputs!$R$34*E2058*Inputs!$R$39","v":155687.06509722312},{"$f":"params!$C$16*Inputs!$R$30*(G2058-Inputs!$R$27)","v":-10444.993592166453},{"$f":"Inputs!$R$41*Inputs!$R$42/8760","v":0},{"$f":"-Inputs!$R$45*Inputs!$R$34","v":-90000},1175.9507731568485,7.3032931169560531E-3,2.7022184532737399E-3,{"$f":"-N2058/(1.202*2465560*MAX(0,(Inputs!$R$49-Q2058)))","v":3.6605819326394498},{"$f":"params!$C$16*R2058*(G2058-Inputs!$R$27)","v":-51751.855188203699},-63210.898736900053,{"$f":"E2058*params!$C$8","v":551.01900000000001}]
["1995-03-27",3,27,"21:00:00",0,2,2.2000000000000002,-3.9,62,{"$f":"Inputs!$R$38*Inputs!$R$33*(G2062-Inputs!$R$27)","v":-107709.0112158327},{"$f":"Inputs!$R$34*E2062*Inputs!$R$39","v":0},{"$f":"params!$C$16*Inputs!$R$30*(G2062-Inputs!$R$27)","v":-16866.583580519266},{"$f":"Inputs!$R$41*Inputs!$R$42/8760","v":0},{"$f":"-Inputs!$R$45*Inputs!$R$34","v":-90000},714.00723647805364,4.4140129099852635E-3,2.7366880041908631E-3,{"$f":"-N2062/(1.202*2465560*MAX(0,(Inputs!$R$49-Q2062)))","v":3.6758548373947035},{"$f":"params!$C$16*R2062*(G2062-Inputs!$R$27)","v":-83917.606481438284},-298493.20127779024,{"$f":"E2062*params!$C$8","v":0}]
["1995-03-27",3,27,1,0,9,0,-3.4,75,{"$f":"Inputs!$R$38*Inputs!$R$33*(G2065-Inputs!$R$27)","v":-120239.20170980148},{"$f":"Inputs!$R$34*E2065*Inputs!$R$39","v":0},{"$f":"params!$C$16*Inputs!$R$30*(G2065-Inputs!$R$27)","v":-18828.736076960402},{"$f":"Inputs!$R$41*Inputs!$R$42/8760","v":0},{"$f":"-Inputs!$R$45*Inputs!$R$34","v":-90000},609.41773586642103,3.7635253138895938E-3,2.8226439854171954E-3,{"$f":"-N2065/(1.202*2465560*MAX(0,(Inputs!$R$49-Q2065)))","v":3.7145015477509888},{"$f":"params!$C$16*R2065*(G2065-Inputs!$R$27)","v":-94664.975048550492},-323732.91283531237,{"$f":"E2065*params!$C$8","v":0}]
["1995-03-28",3,28,"01:00:00",0,9,-0.7,-3.8,77,{"$f":"Inputs!$R$38*Inputs!$R$33*(G2066-Inputs!$R$27)","v":-124226.08050333698},{"$f":"Inputs!$R$34*E2066*Inputs!$R$39","v":0},{"$f":"params!$C$16*Inputs!$R$30*(G2066-Inputs!$R$27)","v":-19453.057325828035},{"$f":"Inputs!$R$41*Inputs!$R$42/8760","v":0},{"$f":"-Inputs!$R$45*Inputs!$R$34","v":-90000},579.11544010550767,3.5753144955780504E-3,2.7529921615950985E-3,{"$f":"-N2066/(1.202*2465560*MAX(0,(Inputs!$R$49-Q2066)))","v":3.6831234332052656},{"$f":"params!$C$16*R2066*(G2066-Inputs!$R$27)","v":-96977.671780275195},-330656.80960944021,{"$f":"E2066*params!$C$8","v":0}]
["1995-03-28",3,28,"07:00:00",33,9,-1.7,-4.5,79,{"$f":"Inputs!$R$38*Inputs!$R$33*(G2072-Inputs!$R$27)","v":-129921.62163695917},{"$f":"Inputs!$R$34*E2072*Inputs!$R$39","v":19314.560707550238},{"$f":"params!$C$16*Inputs!$R$30*(G2072-Inputs!$R$27)","v":-20344.944824210368},{"$f":"Inputs!$R$41*Inputs!$R$42/8760","v":0},{"$f":"-Inputs!$R$45*Inputs!$R$34","v":-90000},538.14431300780234,3.321018376087627E-3,2.6236045171092255E-3,{"$f":"-N2072/(1.202*2465560*MAX(0,(Inputs!$R$49-Q2072)))","v":3.6262197041805502},{"$f":"params!$C$16*R2072*(G2072-Inputs!$R$27)","v":-99856.937586830943},-320808.94334045023,{"$f":"E2072*params!$C$8","v":68.359499999999997}]
["1995-03-28",3,28,"08:00:00",182,2,2.7,-2.8,65,{"$f":"Inputs!$R$38*Inputs!$R$33*(G2073-Inputs!$R$27)","v":-104861.24064902161},{"$f":"Inputs!$R$34*E2073*Inputs!$R$39","v":106522.72875073161},{"$f":"params!$C$16*Inputs!$R$30*(G2073-Inputs!$R$27)","v":-16420.639831328099},{"$f":"Inputs!$R$41*Inputs!$R$42/8760","v":0},{"$f":"-Inputs!$R$45*Inputs!$R$34","v":-90000},739.88380849706493,4.5751593141558633E-3,2.973853554201311E-3,{"$f":"-N2073/(1.202*2465560*MAX(0,(Inputs!$R$49-Q2073)))","v":3.7844962928950063},{"$f":"params!$C$16*R2073*(G2073-Inputs!$R$27)","v":-84113.513209710247},-188872.66493932833,{"$f":"E2073*params!$C$8","v":377.01299999999998}]
["1995-03-28",3,28,"12:00:00",798,0,10,-7.8,26,{"$f":"Inputs!$R$38*Inputs!$R$33*(G2077-Inputs!$R$27)","v":-63283.790373579723},{"$f":"Inputs!$R$34*E2077*Inputs!$R$39","v":467061.1952916694},{"$f":"params!$C$16*Inputs!$R$30*(G2077-Inputs!$R$27)","v":-9909.8610931370531},{"$f":"Inputs!$R$41*Inputs!$R$42/8760","v":0},{"$f":"-Inputs!$R$45*Inputs!$R$34","v":-90000},1224.2915728566036,7.6071876458255446E-3,1.9778687879146418E-3,{"$f":"-N2077/(1.202*2465560*MAX(0,(Inputs!$R$49-Q2077)))","v":3.3666331132339664},{"$f":"params!$C$16*R2077*(G2077-Inputs!$R$27)","v":-45157.612325199676},258709.93149975294,{"$f":"E2077*params!$C$8","v":1653.057}]
["1995-03-28",3,28,"15:00:00",652,0,11.1,-7.8,24,{"$f":"Inputs!$R$38*Inputs!$R$33*(G2080-Inputs!$R$27)","v":-57018.695126595332},{"$f":"Inputs!$R$34*E2080*Inputs!$R$39","v":381608.89640371985},{"$f":"params!$C$16*Inputs!$R$30*(G2080-Inputs!$R$27)","v":-8928.7848449164849},{"$f":"Inputs!$R$41*Inputs!$R$42/8760","v":0},{"$f":"-Inputs!$R$45*Inputs!$R$34","v":-90000},1317.4782376741875,8.1938348219052388E-3,1.9665203572572574E-3,{"$f":"-N2080/(1.202*2465560*MAX(0,(Inputs!$R$49-Q2080)))","v":3.3624029328334943},{"$f":"params!$C$16*R2080*(G2080-Inputs!$R$27)","v":-40635.8854073396},185025.53102486843,{"$f":"E2080*params!$C$8","v":1350.6179999999999}]
["1995-03-28",3,28,"18:00:00",108,0,9.4,-5.6,32,{"$f":"Inputs!$R$38*Inputs!$R$33*(G2083-Inputs!$R$27)","v":-66701.115053753019},{"$f":"Inputs!$R$34*E2083*Inputs!$R$39","v":63211.289588346233},{"$f":"params!$C$16*Inputs!$R$30*(G2083-Inputs!$R$27)","v":-10444.993592166453},{"$f":"Inputs!$R$41*Inputs!$R$42/8760","v":0},{"$f":"-Inputs!$R$45*Inputs!$R$34","v":-90000},1175.9507731568485,7.3032931169560531E-3,2.3370537974259369E-3,{"$f":"-N2083/(1.202*2465560*MAX(0,(Inputs!$R$49-Q2083)))","v":3.5062488136653127},{"$f":"params!$C$16*R2083*(G2083-Inputs!$R$27)","v":-49569.954777048486},-153504.77383462174,{"$f":"E2083*params!$C$8","v":223.72199999999998}]
["1995-03-28",3,28,"22:00:00",0,0,2.2000000000000002,-5.6,53,{"$f":"Inputs!$R$38*Inputs!$R$33*(G2087-Inputs!$R$27)","v":-107709.0112158327},{"$f":"Inputs!$R$34*E2087*Inputs!$R$39","v":0},{"$f":"params!$C$16*Inputs!$R$30*(G2087-Inputs!$R$27)","v":-16866.583580519266},{"$f":"Inputs!$R$41*Inputs!$R$42/8760","v":0},{"$f":"-Inputs!$R$45*Inputs!$R$34","v":-90000},714.00723647805364,4.4140129099852635E-3,2.3394268422921895E-3,{"$f":"-N2087/(1.202*2465560*MAX(0,(Inputs!$R$49-Q2087)))","v":3.507209735258912},{"$f":"params!$C$16*R2087*(G2087-Inputs!$R$27)","v":-80067.5378737008},-294643.13267005276,{"$f":"E2087*params!$C$8","v":0}]
["1995-03-29",3,29,"01:00:00",0,0,-3.9,-6.9,77,{"$f":"Inputs!$R$38*Inputs!$R$33*(G2090-Inputs!$R$27)","v":-142451.81213092795},{"$f":"Inputs!$R$34*E2090*Inputs!$R$39","v":0},{"$f":"params!$C$16*Inputs!$R$30*(G2090-Inputs!$R$27)","v":-22307.097320651505},{"$f":"Inputs!$R$41*Inputs!$R$42/8760","v":0},{"$f":"-Inputs!$R$45*Inputs!$R$34","v":-90000},456.93292986618587,2.8175730136730305E-3,2.1695312205282334E-3,{"$f":"-N2090/(1.202*2465560*MAX(0,(Inputs!$R$49-Q2090)))","v":3.439718959626282},{"$f":"params!$C$16*R2090*(G2090-Inputs!$R$27)","v":-103856.48870242186},-358615.39815400133,{"$f":"E2090*params!$C$8","v":0}]
["1995-03-29",3,29,"02:00:00",0,0,-4.5999999999999996,-7.2,80,{"$f":"Inputs!$R$38*Inputs!$R$33*(G2091-Inputs!$R$27)","v":-146438.69092446347},{"$f":"Inputs!$R$34*E2091*Inputs!$R$39","v":0},{"$f":"params!$C$16*Inputs!$R$30*(G2091-Inputs!$R$27)","v":-22931.418569519141},{"$f":"Inputs!$R$41*Inputs!$R$42/8760","v":0},{"$f":"-Inputs!$R$45*Inputs!$R$34","v":-90000},433.48245064523053,2.6723496801445896E-3,2.1378797441156715E-3,{"$f":"-N2091/(1.202*2465560*MAX(0,(Inputs!$R$49-Q2091)))","v":3.4274314676646216},{"$f":"params!$C$16*R2091*(G2091-Inputs!$R$27)","v":-106381.79512800302},-365751.90462198562,{"$f":"E2091*params!$C$8","v":0}]
["1995-03-29",3,29,"08:00:00",210,3,0.5,-3.4,73,{"$f":"Inputs!$R$38*Inputs!$R$33*(G2097-Inputs!$R$27)","v":-117391.43114299039},{"$f":"Inputs!$R$34*E2097*Inputs!$R$39","v":122910.84086622878},{"$f":"params!$C$16*Inputs!$R$30*(G2097-Inputs!$R$27)","v":-18382.792327769235},{"$f":"Inputs!$R$41*Inputs!$R$42/8760","v":0},{"$f":"-Inputs!$R$45*Inputs!$R$34","v":-90000},631.91436873737246,3.9033275880190387E-3,2.8494291392538985E-3,{"$f":"-N2097/(1.202*2465560*MAX(0,(Inputs!$R$49-Q2097)))","v":3.7267110495614713},{"$f":"params!$C$16*R2097*(G2097-Inputs!$R$27)","v":-92726.702342951539},-195590.08494748239,{"$f":"E2097*params!$C$8","v":435.01499999999999}]
["1995-03-29",3,29,"09:00:00",321,3,4.3,-4.5,50,{"$f":"Inputs!$R$38*Inputs!$R$33*(G2098-Inputs!$R$27)","v":-95748.374835226117},{"$f":"Inputs!$R$34*E2098*Inputs!$R$39","v":187877.99960980687},{"$f":"params!$C$16*Inputs!$R$30*(G2098-Inputs!$R$27)","v":-14993.61983391636},{"$f":"Inputs!$R$41*Inputs!$R$42/8760","v":0},{"$f":"-Inputs!$R$45*Inputs!$R$34","v":-90000},828.35380941680557,5.1267332981838566E-3,2.5633666490919283E-3,{"$f":"-N2098/(1.202*2465560*MAX(0,(Inputs!$R$49-Q2098)))","v":3.6003231060353795},{"$f":"params!$C$16*R2098*(G2098-Inputs!$R$27)","v":-73066.042620039152},-85930.037679374756,{"$f":"E2098*params!$C$8","v":664.95150000000001}]
["1995-03-29",3,29,"13:00:00",377,9,15,-5.6,22,{"$f":"Inputs!$R$38*Inputs!$R$33*(G2102-Inputs!$R$27)","v":-34806.084705468842},{"$f":"Inputs!$R$34*E2102*Inputs!$R$39","v":220654.22384080119},{"$f":"params!$C$16*Inputs!$R$30*(G2102-Inputs!$R$27)","v":-5450.4236012253787},{"$f":"Inputs!$R$41*Inputs!$R$42/8760","v":0},{"$f":"-Inputs!$R$45*Inputs!$R$34","v":-90000},1700.1281023555496,1.0614273895273205E-2,2.335140256960105E-3,{"$f":"-N2102/(1.202*2465560*MAX(0,(Inputs!$R$49-Q2102)))","v":3.5054743434698397},{"$f":"params!$C$16*R2102*(G2102-Inputs!$R$27)","v":-25860.961189339756},64536.754344767221,{"$f":"E2102*params!$C$8","v":780.95549999999992}]
["1995-03-29",3,29,"16:00:00",107,10,14.4,-3.3,28,{"$f":"Inputs!$R$38*Inputs!$R$33*(G2105-Inputs!$R$27)","v":-38223.409385642146},{"$f":"Inputs!$R$34*E2105*Inputs!$R$39","v":62625.999869935615},{"$f":"params!$C$16*Inputs!$R$30*(G2105-Inputs!$R$27)","v":-5985.5561002547793},{"$f":"Inputs!$R$41*Inputs!$R$42/8760","v":0},{"$f":"-Inputs!$R$45*Inputs!$R$34","v":-90000},1635.559113509069,1.0204541708471198E-2,2.8572716783719352E-3,{"$f":"-N2105/(1.202*2465560*MAX(0,(Inputs!$R$49-Q2105)))","v":3.7303011271946493},{"$f":"params!$C$16*R2105*(G2105-Inputs!$R$27)","v":-30221.499593629294},-101804.46520959061,{"$f":"E2105*params!$C$8","v":221.65049999999999}]
["1995-03-29",3,29,"19:00:00",3,10,8.3000000000000007,2.2000000000000002,65,{"$f":"Inputs!$R$38*Inputs!$R$33*(G2108-Inputs!$R$27)","v":-72966.21030073741},{"$f":"Inputs!$R$34*E2108*Inputs!$R$39","v":1755.8691552318398},{"$f":"params!$C$16*Inputs!$R$30*(G2108-Inputs!$R$27)","v":-11426.069840387021},{"$f":"Inputs!$R$41*Inputs!$R$42/8760","v":0},{"$f":"-Inputs!$R$45*Inputs!$R$34","v":-90000},1091.6777773743988,6.7742116984131845E-3,4.4032376039685704E-3,{"$f":"-N2108/(1.202*2465560*MAX(0,(Inputs!$R$49-Q2108)))","v":4.6047325449270708},{"$f":"params!$C$16*R2108*(G2108-Inputs!$R$27)","v":-71214.576792679785},-243850.98777857237,{"$f":"E2108*params!$C$8","v":6.2144999999999992}]
["1995-03-29",3,29,"23:00:00",0,10,5.5,3.8,89,{"$f":"Inputs!$R$38*Inputs!$R$33*(G2112-Inputs!$R$27)","v":-88913.725474879509},{"$f":"Inputs!$R$34*E2112*Inputs!$R$39","v":0},{"$f":"params!$C$16*Inputs!$R$30*(G2112-Inputs!$R$27)","v":-13923.354835857559},{"$f":"Inputs!$R$41*Inputs!$R$42/8760","v":0},{"$f":"-Inputs!$R$45*Inputs!$R$34","v":-90000},900.71602087450731,5.5786043819837112E-3,4.964957899965503E-3,{"$f":"-N2112/(1.202*2465560*MAX(0,(Inputs!$R$49-Q2112)))","v":5.0334463884626892},{"$f":"params!$C$16*R2112*(G2112-Inputs!$R$27)","v":-94858.652636017126},-287695.7329467542,{"$f":"E2112*params!$C$8","v":0}]
["1995-03-30",{"$f":"MONTH(A2115)","v":3},{"$f":"DAY(A2115)","v":30},"02:00:00",0,10,4.5999999999999996,3.7,94,{"$f":"Inputs!$R$38*Inputs!$R$33*(G2115-Inputs!$R$27)","v":-94039.71249513948},{"$f":"Inputs!$R$34*E2115*Inputs!$R$39","v":0},{"$f":"params!$C$16*Inputs!$R$30*(G2115-Inputs!$R$27)","v":-14726.053584401663},{"$f":"Inputs!$R$41*Inputs!$R$42/8760","v":0},{"$f":"-Inputs!$R$45*Inputs!$R$34","v":-90000},{"$f":"EXP(77.345+0.0057*(G2115+273.15)-7235/(G2115+273.15))/(G2115+273.15)^8.2","v":845.94506765830306},{"$f":"0.62198*O2115/(101325-O2115)","v":5.2365233086279096E-3},{"$f":"P2115*I2115/100","v":4.9223319101102348E-3},{"$f":"-N2115/(1.202*2465560*MAX(0,(Inputs!$R$49-Q2115)))","v":4.9981341404551367},{"$f":"params!$C$16*R2115*(G2115-Inputs!$R$27)","v":-99623.523342509972},{"$f":"J2115+K2115+L2115+M2115+N2115+S2115","v":-298389.28942205111},{"$f":"E2115*params!$C$8","v":0}]
["1995-03-30",3,30,"03:00:00",0,10,4.4000000000000004,3.8,96,{"$f":"Inputs!$R$38*Inputs!$R$33*(G2116-Inputs!$R$27)","v":-95178.820721863885},{"$f":"Inputs!$R$34*E2116*Inputs!$R$39","v":0},{"$f":"params!$C$16*Inputs!$R$30*(G2116-Inputs!$R$27)","v":-14904.431084078125},{"$f":"Inputs!$R$41*Inputs!$R$42/8760","v":0},{"$f":"-Inputs!$R$45*Inputs!$R$34","v":-90000},834.18129245512239,5.1630993453363316E-3,4.956575371522878E-3,{"$f":"-N2116/(1.202*2465560*MAX(0,(Inputs!$R$49-Q2116)))","v":5.0264627702797817},{"$f":"params!$C$16*R2116*(G2116-Inputs!$R$27)","v":-101401.75851287664},-301485.01031881862,{"$f":"E2116*params!$C$8","v":0}]
["1995-03-30",3,30,"09:00:00",124,10,7.2,3.8,79,{"$f":"Inputs!$R$38*Inputs!$R$33*(G2122-Inputs!$R$27)","v":-79231.305547721815},{"$f":"Inputs!$R$34*E2122*Inputs!$R$39","v":72575.925082916045},{"$f":"params!$C$16*Inputs!$R$30*(G2122-Inputs!$R$27)","v":-12407.146088607591},{"$f":"Inputs!$R$41*Inputs!$R$42/8760","v":0},{"$f":"-Inputs!$R$45*Inputs!$R$34","v":-90000},1012.7753618292717,6.2796535698688054E-3,4.9609263201963565E-3,{"$f":"-N2122/(1.202*2465560*MAX(0,(Inputs!$R$49-Q2122)))","v":5.0300851944665634},{"$f":"params!$C$16*R2122*(G2122-Inputs!$R$27)","v":-84472.403192525962},-193534.92974593933,{"$f":"E2122*params!$C$8","v":256.86599999999999}]
["1995-03-30",3,30,"10:00:00",174,10,7.2,3.8,79,{"$f":"Inputs!$R$38*Inputs!$R$33*(G2123-Inputs!$R$27)","v":-79231.305547721815},{"$f":"Inputs!$R$34*E2123*Inputs!$R$39","v":101840.4110034467},{"$f":"params!$C$16*Inputs!$R$30*(G2123-Inputs!$R$27)","v":-12407.146088607591},{"$f":"Inputs!$R$41*Inputs!$R$42/8760","v":0},{"$f":"-Inputs!$R$45*Inputs!$R$34","v":-90000},1012.7753618292717,6.2796535698688054E-3,4.9609263201963565E-3,{"$f":"-N2123/(1.202*2465560*MAX(0,(Inputs!$R$49-Q2123)))","v":5.0300851944665634},{"$f":"params!$C$16*R2123*(G2123-Inputs!$R$27)","v":-84472.403192525962},-164270.44382540867,{"$f":"E2123*params!$C$8","v":360.44099999999997}]
["1995-03-30",3,30,"14:00:00",220,10,11.1,0,46,{"$f":"Inputs!$R$38*Inputs!$R$33*(G2127-Inputs!$R$27)","v":-57018.695126595332},{"$f":"Inputs!$R$34*E2127*Inputs!$R$39","v":128763.73805033491},{"$f":"params!$C$16*Inputs!$R$30*(G2127-Inputs!$R$27)","v":-8928.7848449164849},{"$f":"Inputs!$R$41*Inputs!$R$42/8760","v":0},{"$f":"-Inputs!$R$45*Inputs!$R$34","v":-90000},1317.4782376741875,8.1938348219052388E-3,3.7691640180764095E-3,{"$f":"-N2127/(1.202*2465560*MAX(0,(Inputs!$R$49-Q2127)))","v":4.2008468640522985},{"$f":"params!$C$16*R2127*(G2127-Inputs!$R$27)","v":-50768.791007911132},-77952.532929088033,{"$f":"E2127*params!$C$8","v":455.72999999999996}]
["1995-03-30",3,30,"17:00:00",91,10,5.5,2.7,82,{"$f":"Inputs!$R$38*Inputs!$R$33*(G2130-Inputs!$R$27)","v":-88913.725474879509},{"$f":"Inputs!$R$34*E2130*Inputs!$R$39","v":53261.364375365803},{"$f":"params!$C$16*Inputs!$R$30*(G2130-Inputs!$R$27)","v":-13923.354835857559},{"$f":"Inputs!$R$41*Inputs!$R$42/8760","v":0},{"$f":"-Inputs!$R$45*Inputs!$R$34","v":-90000},900.71602087450731,5.5786043819837112E-3,4.574455593226643E-3,{"$f":"-N2130/(1.202*2465560*MAX(0,(Inputs!$R$49-Q2130)))","v":4.727465068816417},{"$f":"params!$C$16*R2130*(G2130-Inputs!$R$27)","v":-89092.230691012432},-228667.94662638369,{"$f":"E2130*params!$C$8","v":188.50649999999999}]
["1995-03-30",3,30,"21:00:00",0,9,3.8,1.1000000000000001,83,{"$f":"Inputs!$R$38*Inputs!$R$33*(G2134-Inputs!$R$27)","v":-98596.145402037204},{"$f":"Inputs!$R$34*E2134*Inputs!$R$39","v":0},{"$f":"params!$C$16*Inputs!$R$30*(G2134-Inputs!$R$27)","v":-15439.563583107529},{"$f":"Inputs!$R$41*Inputs!$R$42/8760","v":0},{"$f":"-Inputs!$R$45*Inputs!$R$34","v":-90000},799.75278170517424,4.9483114832316053E-3,4.107098531082232E-3,{"$f":"-N2134/(1.202*2465560*MAX(0,(Inputs!$R$49-Q2134)))","v":4.4068506812238546},{"$f":"params!$C$16*R2134*(G2134-Inputs!$R$27)","v":-92093.922057275835},-296129.63104242057,{"$f":"E2134*params!$C$8","v":0}]
["1995-03-30",3,30,1,0,9,1.6,-0.6,85,{"$f":"Inputs!$R$38*Inputs!$R$33*(G2137-Inputs!$R$27)","v":-111126.33589600598},{"$f":"Inputs!$R$34*E2137*Inputs!$R$39","v":0},{"$f":"params!$C$16*Inputs!$R$30*(G2137-Inputs!$R$27)","v":-17401.716079548663},{"$f":"Inputs!$R$41*Inputs!$R$42/8760","v":0},{"$f":"-Inputs!$R$45*Inputs!$R$34","v":-90000},684.01504143025329,4.2273401402413606E-3,3.5932391192051564E-3,{"$f":"-N2137/(1.202*2465560*MAX(0,(Inputs!$R$49-Q2137)))","v":4.1010455438048528},{"$f":"params!$C$16*R2137*(G2137-Inputs!$R$27)","v":-96594.919316247877},-315122.97129180253,{"$f":"E2137*params!$C$8","v":0}]
["1995-03-31",3,31,"03:00:00",0,10,1.6,-1.5,79,{"$f":"Inputs!$R$38*Inputs!$R$33*(G2140-Inputs!$R$27)","v":-111126.33589600598},{"$f":"Inputs!$R$34*E2140*Inputs!$R$39","v":0},{"$f":"params!$C$16*Inputs!$R$30*(G2140-Inputs!$R$27)","v":-17401.716079548663},{"$f":"Inputs!$R$41*Inputs!$R$42/8760","v":0},{"$f":"-Inputs!$R$45*Inputs!$R$34","v":-90000},684.01504143025329,4.2273401402413606E-3,3.3395987107906751E-3,{"$f":"-N2140/(1.202*2465560*MAX(0,(Inputs!$R$49-Q2140)))","v":3.9652271345765602},{"$f":"params!$C$16*R2140*(G2140-Inputs!$R$27)","v":-93395.889180899467},-311923.94115645409,{"$f":"E2140*params!$C$8","v":0}]
["1995-03-31",3,31,"06:00:00",0,10,2.7,-1.7,72,{"$f":"Inputs!$R$38*Inputs!$R$33*(G2143-Inputs!$R$27)","v":-104861.24064902161},{"$f":"Inputs!$R$34*E2143*Inputs!$R$39","v":0},{"$f":"params!$C$16*Inputs!$R$30*(G2143-Inputs!$R$27)","v":-16420.639831328099},{"$f":"Inputs!$R$41*Inputs!$R$42/8760","v":0},{"$f":"-Inputs!$R$45*Inputs!$R$34","v":-90000},739.88380849706493,4.5751593141558633E-3,3.2941147061922218E-3,{"$f":"-N2143/(1.202*2465560*MAX(0,(Inputs!$R$49-Q2143)))","v":3.9418171690105361},{"$f":"params!$C$16*R2143*(G2143-Inputs!$R$27)","v":-87610.097845332712},-298891.9783256824,{"$f":"E2143*params!$C$8","v":0}]
["1995-03-31",3,31,"08:00:00",215,3,3.8,0,76,{"$f":"Inputs!$R$38*Inputs!$R$33*(G2145-Inputs!$R$27)","v":-98596.145402037204},{"$f":"Inputs!$R$34*E2145*Inputs!$R$39","v":125837.28945828184},{"$f":"params!$C$16*Inputs!$R$30*(G2145-Inputs!$R$27)","v":-15439.563583107529},{"$f":"Inputs!$R$41*Inputs!$R$42/8760","v":0},{"$f":"-Inputs!$R$45*Inputs!$R$34","v":-90000},799.75278170517424,4.9483114832316053E-3,3.76071672725602E-3,{"$f":"-N2145/(1.202*2465560*MAX(0,(Inputs!$R$49-Q2145)))","v":4.1959438684912493},{"$f":"params!$C$16*R2145*(G2145-Inputs!$R$27)","v":-87686.412709182638},-165884.83223604553,{"$f":"E2145*params!$C$8","v":445.3725}]
["1995-03-31",3,31,"11:00:00",210,10,6.1,-2.8,51,{"$f":"Inputs!$R$38*Inputs!$R$33*(G2148-Inputs!$R$27)","v":-85496.400794706205},{"$f":"Inputs!$R$34*E2148*Inputs!$R$39","v":122910.84086622878},{"$f":"params!$C$16*Inputs!$R$30*(G2148-Inputs!$R$27)","v":-13388.222336828159},{"$f":"Inputs!$R$41*Inputs!$R$42/8760","v":0},{"$f":"-Inputs!$R$45*Inputs!$R$34","v":-90000},938.94793828269269,5.817609385555097E-3,2.9669807866330995E-3,{"$f":"-N2148/(1.202*2465560*MAX(0,(Inputs!$R$49-Q2148)))","v":3.7812577209193861},{"$f":"params!$C$16*R2148*(G2148-Inputs!$R$27)","v":-68521.491551434141},-134495.27381673973,{"$f":"E2148*params!$C$8","v":435.01499999999999}]
["1995-03-31",3,31,"15:00:00",190,10,6.1,-3.9,47,{"$f":"Inputs!$R$38*Inputs!$R$33*(G2152-Inputs!$R$27)","v":-85496.400794706205},{"$f":"Inputs!$R$34*E2152*Inputs!$R$39","v":111205.04649801651},{"$f":"params!$C$16*Inputs!$R$30*(G2152-Inputs!$R$27)","v":-13388.222336828159},{"$f":"Inputs!$R$41*Inputs!$R$42/8760","v":0},{"$f":"-Inputs!$R$45*Inputs!$R$34","v":-90000},938.94793828269269,5.817609385555097E-3,2.734276411210896E-3,{"$f":"-N2152/(1.202*2465560*MAX(0,(Inputs!$R$49-Q2152)))","v":3.6747821541526955},{"$f":"params!$C$16*R2152*(G2152-Inputs!$R$27)","v":-66592.010625478113},-144271.58725899598,{"$f":"E2152*params!$C$8","v":393.58499999999998}]
["1995-03-31",3,31,"18:00:00",107,9,4.4000000000000004,-3.4,55,{"$f":"Inputs!$R$38*Inputs!$R$33*(G2155-Inputs!$R$27)","v":-95178.820721863885},{"$f":"Inputs!$R$34*E2155*Inputs!$R$39","v":62625.999869935615},{"$f":"params!$C$16*Inputs!$R$30*(G2155-Inputs!$R$27)","v":-14904.431084078125},{"$f":"Inputs!$R$41*Inputs!$R$42/8760","v":0},{"$f":"-Inputs!$R$45*Inputs!$R$34","v":-90000},834.18129245512239,5.1630993453363316E-3,2.8397046399349824E-3,{"$f":"-N2155/(1.202*2465560*MAX(0,(Inputs!$R$49-Q2155)))","v":3.7222690525020319},{"$f":"params!$C$16*R2155*(G2155-Inputs!$R$27)","v":-75091.499695074017},-212548.75163108041,{"$f":"E2155*params!$C$8","v":221.65049999999999}]
["1995-03-31",3,31,"22:00:00",0,9,2.2999999999999998,-2.5,77,{"$f":"Inputs!$R$38*Inputs!$R$33*(G2159-Inputs!$R$27)","v":-107139.45710247046},{"$f":"Inputs!$R$34*E2159*Inputs!$R$39","v":0},{"$f":"params!$C$16*Inputs!$R$30*(G2159-Inputs!$R$27)","v":-16777.394830681031},{"$f":"Inputs!$R$41*Inputs!$R$42/8760","v":0},{"$f":"-Inputs!$R$45*Inputs!$R$34","v":-90000},719.11751169528566,4.445830590236401E-3,3.4232895544820284E-3,{"$f":"-N2159/(1.202*2465560*MAX(0,(Inputs!$R$49-Q2159)))","v":4.009036152946492},{"$f":"params!$C$16*R2159*(G2159-Inputs!$R$27)","v":-91039.971049897809},-304956.82298304932,{"$f":"E2159*params!$C$8","v":0}]
["1991-04-01",4,1,"01:00:00",0,10,2.5,-3.3,60,{"$f":"Inputs!$R$38*Inputs!$R$33*(G2162-Inputs!$R$27)","v":-106000.34887574603},{"$f":"Inputs!$R$34*E2162*Inputs!$R$39","v":0},{"$f":"params!$C$16*Inputs!$R$30*(G2162-Inputs!$R$27)","v":-16599.017331004565},{"$f":"Inputs!$R$41*Inputs!$R$42/8760","v":0},{"$f":"-Inputs!$R$45*Inputs!$R$34","v":-90000},729.435267914223,4.510081027385285E-3,2.7060486164311708E-3,{"$f":"-N2162/(1.202*2465560*MAX(0,(Inputs!$R$49-Q2162)))","v":3.662272745822142},{"$f":"params!$C$16*R2162*(G2162-Inputs!$R$27)","v":-82281.211306761077},-294880.57751351164,{"$f":"E2162*params!$C$8","v":0}]
["1991-04-01",4,1,"04:00:00",0,10,2.8,-4.3,57,{"$f":"Inputs!$R$38*Inputs!$R$33*(G2165-Inputs!$R$27)","v":-104291.68653565938},{"$f":"Inputs!$R$34*E2165*Inputs!$R$39","v":0},{"$f":"params!$C$16*Inputs!$R$30*(G2165-Inputs!$R$27)","v":-16331.451081489862},{"$f":"Inputs!$R$41*Inputs!$R$42/8760","v":0},{"$f":"-Inputs!$R$45*Inputs!$R$34","v":-90000},745.15756711705887,4.6080118280633067E-3,2.6265667419960847E-3,{"$f":"-N2165/(1.202*2465560*MAX(0,(Inputs!$R$49-Q2165)))","v":3.6275027950938927},{"$f":"params!$C$16*R2165*(G2165-Inputs!$R$27)","v":-80186.294236373738},-290809.43185352301,{"$f":"E2165*params!$C$8","v":0}]
["1991-04-01",4,1,"07:00:00",22,10,1.7,0,88,{"$f":"Inputs!$R$38*Inputs!$R$33*(G2168-Inputs!$R$27)","v":-110556.78178264378},{"$f":"Inputs!$R$34*E2168*Inputs!$R$39","v":12876.373805033492},{"$f":"params!$C$16*Inputs!$R$30*(G2168-Inputs!$R$27)","v":-17312.527329710432},{"$f":"Inputs!$R$41*Inputs!$R$42/8760","v":0},{"$f":"-Inputs!$R$45*Inputs!$R$34","v":-90000},688.93490744882638,4.2579539784364821E-3,3.7469995010241041E-3,{"$f":"-N2168/(1.202*2465560*MAX(0,(Inputs!$R$49-Q2168)))","v":4.1880064213920685},{"$f":"params!$C$16*R2168*(G2168-Inputs!$R$27)","v":-98137.597998797253},-303130.53330611798,{"$f":"E2168*params!$C$8","v":45.573}]
["1991-04-01",4,1,"09:00:00",128,10,3.9,-2.7,60,{"$f":"Inputs!$R$38*Inputs!$R$33*(G2170-Inputs!$R$27)","v":-98026.591288675001},{"$f":"Inputs!$R$34*E2170*Inputs!$R$39","v":74917.08395655849},{"$f":"params!$C$16*Inputs!$R$30*(G2170-Inputs!$R$27)","v":-15350.374833269296},{"$f":"Inputs!$R$41*Inputs!$R$42/8760","v":0},{"$f":"-Inputs!$R$45*Inputs!$R$34","v":-90000},805.40210224974328,4.9835455974153575E-3,2.9901273584492143E-3,{"$f":"-N2170/(1.202*2465560*MAX(0,(Inputs!$R$49-Q2170)))","v":3.7921869676866518},{"$f":"params!$C$16*R2170*(G2170-Inputs!$R$27)","v":-78790.950437428924},-207250.83260281471,{"$f":"E2170*params!$C$8","v":265.15199999999999}]
["1991-04-01",4,1,"13:00:00",197,10,4.4000000000000004,1.7,83,{"$f":"Inputs!$R$38*Inputs!$R$33*(G2174-Inputs!$R$27)","v":-95178.820721863885},{"$f":"Inputs!$R$34*E2174*Inputs!$R$39","v":115302.07452689082},{"$f":"params!$C$16*Inputs!$R$30*(G2174-Inputs!$R$27)","v":-14904.431084078125},{"$f":"Inputs!$R$41*Inputs!$R$42/8760","v":0},{"$f":"-Inputs!$R$45*Inputs!$R$34","v":-90000},834.18129245512239,5.1630993453363316E-3,4.2853724566291555E-3,{"$f":"-N2174/(1.202*2465560*MAX(0,(Inputs!$R$49-Q2174)))","v":4.5238827929265728},{"$f":"params!$C$16*R2174*(G2174-Inputs!$R$27)","v":-91262.920163509829},-176044.097442561,{"$f":"E2174*params!$C$8","v":408.08549999999997}]
["1991-04-01",4,1,"16:00:00",148,10,5.6,1.1000000000000001,73,{"$f":"Inputs!$R$38*Inputs!$R$33*(G2177-Inputs!$R$27)","v":-88344.171361517292},{"$f":"Inputs!$R$34*E2177*Inputs!$R$39","v":86622.878324770762},{"$f":"params!$C$16*Inputs!$R$30*(G2177-Inputs!$R$27)","v":-13834.166086019326},{"$f":"Inputs!$R$41*Inputs!$R$42/8760","v":0},{"$f":"-Inputs!$R$45*Inputs!$R$34","v":-90000},906.99088692947566,5.6178189234680556E-3,4.1010078141316807E-3,{"$f":"-N2177/(1.202*2465560*MAX(0,(Inputs!$R$49-Q2177)))","v":4.4029591641147441},{"$f":"params!$C$16*R2177*(G2177-Inputs!$R$27)","v":-82445.17724261267},-188000.63636537851,{"$f":"E2177*params!$C$8","v":306.58199999999999}]
["1991-04-01",4,1,"19:00:00",4,10,3.9,-1,70,{"$f":"Inputs!$R$38*Inputs!$R$33*(G2180-Inputs!$R$27)","v":-98026.591288675001},{"$f":"Inputs!$R$34*E2180*Inputs!$R$39","v":2341.1588736424528},{"$f":"params!$C$16*Inputs!$R$30*(G2180-Inputs!$R$27)","v":-15350.374833269296},{"$f":"Inputs!$R$41*Inputs!$R$42/8760","v":0},{"$f":"-Inputs!$R$45*Inputs!$R$34","v":-90000},805.40210224974328,4.9835455974153575E-3,3.4884819181907499E-3,{"$f":"-N2180/(1.202*2465560*MAX(0,(Inputs!$R$49-Q2180)))","v":4.0438384598647978},{"$f":"params!$C$16*R2180*(G2180-Inputs!$R$27)","v":-84019.558735666113},-285055.36598396796,{"$f":"E2180*params!$C$8","v":8.2859999999999996}]
["1991-04-01",4,1,"23:00:00",0,10,2.2000000000000002,-3.8,62,{"$f":"Inputs!$R$38*Inputs!$R$33*(G2184-Inputs!$R$27)","v":-107709.0112158327},{"$f":"Inputs!$R$34*E2184*Inputs!$R$39","v":0},{"$f":"params!$C$16*Inputs!$R$30*(G2184-Inputs!$R$27)","v":-16866.583580519266},{"$f":"Inputs!$R$41*Inputs!$R$42/8760","v":0},{"$f":"-Inputs!$R$45*Inputs!$R$34","v":-90000},714.00723647805364,4.4140129099852635E-3,2.7366880041908631E-3,{"$f":"-N2184/(1.202*2465560*MAX(0,(Inputs!$R$49-Q2184)))","v":3.6758548373947035},{"$f":"params!$C$16*R2184*(G2184-Inputs!$R$27)","v":-83917.606481438284},-298493.20127779024,{"$f":"E2184*params!$C$8","v":0}]
["1991-04-02",4,2,"02:00:00",0,9,2.2000000000000002,-3.2,65,{"$f":"Inputs!$R$38*Inputs!$R$33*(G2187-Inputs!$R$27)","v":-107709.0112158327},{"$f":"Inputs!$R$34*E2187*Inputs!$R$39","v":0},{"$f":"params!$C$16*Inputs!$R$30*(G2187-Inputs!$R$27)","v":-16866.583580519266},{"$f":"Inputs!$R$41*Inputs!$R$42/8760","v":0},{"$f":"-Inputs!$R$45*Inputs!$R$34","v":-90000},714.00723647805364,4.4140129099852635E-3,2.8691083914904212E-3,{"$f":"-N2187/(1.202*2465560*MAX(0,(Inputs!$R$49-Q2187)))","v":3.7357327342680078},{"$f":"params!$C$16*R2187*(G2187-Inputs!$R$27)","v":-85284.583690557745},-299860.17848690972,{"$f":"E2187*params!$C$8","v":0}]
["1991-04-02",4,2,"05:00:00",0,10,-0.5,-2.7,83,{"$f":"Inputs!$R$38*Inputs!$R$33*(G2190-Inputs!$R$27)","v":-123086.97227661256},{"$f":"Inputs!$R$34*E2190*Inputs!$R$39","v":0},{"$f":"params!$C$16*Inputs!$R$30*(G2190-Inputs!$R$27)","v":-19274.679826151569},{"$f":"Inputs!$R$41*Inputs!$R$42/8760","v":0},{"$f":"-Inputs!$R$45*Inputs!$R$34","v":-90000},587.63383249384253,3.6282117057415651E-3,3.0114157157654993E-3,{"$f":"-N2190/(1.202*2465560*MAX(0,(Inputs!$R$49-Q2190)))","v":3.8022947342733326},{"$f":"params!$C$16*R2190*(G2190-Inputs!$R$27)","v":-99197.462730508167},-331559.1148332723,{"$f":"E2190*params!$C$8","v":0}]
["1991-04-02",4,2,"08:00:00",72,10,1.7,-4.9000000000000004,59,{"$f":"Inputs!$R$38*Inputs!$R$33*(G2193-Inputs!$R$27)","v":-110556.78178264378},{"$f":"Inputs!$R$34*E2193*Inputs!$R$39","v":42140.859725564151},{"$f":"params!$C$16*Inputs!$R$30*(G2193-Inputs!$R$27)","v":-17312.527329710432},{"$f":"Inputs!$R$41*Inputs!$R$42/8760","v":0},{"$f":"-Inputs!$R$45*Inputs!$R$34","v":-90000},688.93490744882638,4.2579539784364821E-3,2.5121928472775245E-3,{"$f":"-N2193/(1.202*2465560*MAX(0,(Inputs!$R$49-Q2193)))","v":3.5786120318061001},{"$f":"params!$C$16*R2193*(G2193-Inputs!$R$27)","v":-83857.652934140075},-259586.10232093011,{"$f":"E2193*params!$C$8","v":149.148}]
["1991-04-02",4,2,"10:00:00",428,9,2.8,-5.5,52,{"$f":"Inputs!$R$38*Inputs!$R$33*(G2195-Inputs!$R$27)","v":-104291.68653565938},{"$f":"Inputs!$R$34*E2195*Inputs!$R$39","v":250503.99947974246},{"$f":"params!$C$16*Inputs!$R$30*(G2195-Inputs!$R$27)","v":-16331.451081489862},{"$f":"Inputs!$R$41*Inputs!$R$42/8760","v":0},{"$f":"-Inputs!$R$45*Inputs!$R$34","v":-90000},745.15756711705887,4.6080118280633067E-3,2.3961661505929196E-3,{"$f":"-N2195/(1.202*2465560*MAX(0,(Inputs!$R$49-Q2195)))","v":3.5303431760499437},{"$f":"params!$C$16*R2195*(G2195-Inputs!$R$27)","v":-78038.571618188827},-38157.709755595628,{"$f":"E2195*params!$C$8","v":886.60199999999998}]
["1991-04-02",4,2,"14:00:00",224,10,3.3,-6,48,{"$f":"Inputs!$R$38*Inputs!$R$33*(G2199-Inputs!$R$27)","v":-101443.91596884829},{"$f":"Inputs!$R$34*E2199*Inputs!$R$39","v":131104.89692397736},{"$f":"params!$C$16*Inputs!$R$30*(G2199-Inputs!$R$27)","v":-15885.507332298695},{"$f":"Inputs!$R$41*Inputs!$R$42/8760","v":0},{"$f":"-Inputs!$R$45*Inputs!$R$34","v":-90000},772.02842975916951,4.7754555160627581E-3,2.2922186477101238E-3,{"$f":"-N2199/(1.202*2465560*MAX(0,(Inputs!$R$49-Q2199)))","v":3.488192076308791},{"$f":"params!$C$16*R2199*(G2199-Inputs!$R$27)","v":-75001.352265082009},-151225.87864225166,{"$f":"E2199*params!$C$8","v":464.01599999999996}]
["1991-04-02",4,2,"17:00:00",95,10,3.3,-4.3,55,{"$f":"Inputs!$R$38*Inputs!$R$33*(G2202-Inputs!$R$27)","v":-101443.91596884829},{"$f":"Inputs!$R$34*E2202*Inputs!$R$39","v":55602.523249008256},{"$f":"params!$C$16*Inputs!$R$30*(G2202-Inputs!$R$27)","v":-15885.507332298695},{"$f":"Inputs!$R$41*Inputs!$R$42/8760","v":0},{"$f":"-Inputs!$R$45*Inputs!$R$34","v":-90000},772.02842975916951,4.7754555160627581E-3,2.6265005338345169E-3,{"$f":"-N2202/(1.202*2465560*MAX(0,(Inputs!$R$49-Q2202)))","v":3.6274741070365994},{"$f":"params!$C$16*R2202*(G2202-Inputs!$R$27)","v":-77996.124462909691},-229723.02451504843,{"$f":"E2202*params!$C$8","v":196.79249999999999}]
["1991-04-02",4,2,"20:00:00",0,10,2.2000000000000002,-5.5,54,{"$f":"Inputs!$R$38*Inputs!$R$33*(G2205-Inputs!$R$27)","v":-107709.0112158327},{"$f":"Inputs!$R$34*E2205*Inputs!$R$39","v":0},{"$f":"params!$C$16*Inputs!$R$30*(G2205-Inputs!$R$27)","v":-16866.583580519266},{"$f":"Inputs!$R$41*Inputs!$R$42/8760","v":0},{"$f":"-Inputs!$R$45*Inputs!$R$34","v":-90000},714.00723647805364,4.4140129099852635E-3,2.3835669713920425E-3,{"$f":"-N2205/(1.202*2465560*MAX(0,(Inputs!$R$49-Q2205)))","v":3.5251799872378795},{"$f":"params!$C$16*R2205*(G2205-Inputs!$R$27)","v":-80477.788169387684},-295053.38296573964,{"$f":"E2205*params!$C$8","v":0}]
["1991-04-02",4,2,1,0,10,1.1000000000000001,-6,56,{"$f":"Inputs!$R$38*Inputs!$R$33*(G2209-Inputs!$R$27)","v":-113974.10646281707},{"$f":"Inputs!$R$34*E2209*Inputs!$R$39","v":0},{"$f":"params!$C$16*Inputs!$R$30*(G2209-Inputs!$R$27)","v":-17847.65982873983},{"$f":"Inputs!$R$41*Inputs!$R$42/8760","v":0},{"$f":"-Inputs!$R$45*Inputs!$R$34","v":-90000},659.87933273383078,4.077199179350414E-3,2.2832315404362319E-3,{"$f":"-N2209/(1.202*2465560*MAX(0,(Inputs!$R$49-Q2209)))","v":3.484594995790304},{"$f":"params!$C$16*R2209*(G2209-Inputs!$R$27)","v":-84178.503665970478},-306000.2699575274,{"$f":"E2209*params!$C$8","v":0}]
["1991-04-03",4,3,"03:00:00",0,9,-3.2,-6.6,75,{"$f":"Inputs!$R$38*Inputs!$R$33*(G2212-Inputs!$R$27)","v":-138464.93333739243},{"$f":"Inputs!$R$34*E2212*Inputs!$R$39","v":0},{"$f":"params!$C$16*Inputs!$R$30*(G2212-Inputs!$R$27)","v":-21682.776071783872},{"$f":"Inputs!$R$41*Inputs!$R$42/8760","v":0},{"$f":"-Inputs!$R$45*Inputs!$R$34","v":-90000},481.50379019800954,2.9698070642482145E-3,2.227355298186161E-3,{"$f":"-N2212/(1.202*2465560*MAX(0,(Inputs!$R$49-Q2212)))","v":3.46239597752237},{"$f":"params!$C$16*R2212*(G2212-Inputs!$R$27)","v":-101615.33011257563},-351763.03952175193,{"$f":"E2212*params!$C$8","v":0}]
["1991-04-03",4,3,"05:00:00",0,3,-3.2,-6,79,{"$f":"Inputs!$R$38*Inputs!$R$33*(G2214-Inputs!$R$27)","v":-138464.93333739243},{"$f":"Inputs!$R$34*E2214*Inputs!$R$39","v":0},{"$f":"params!$C$16*Inputs!$R$30*(G2214-Inputs!$R$27)","v":-21682.776071783872},{"$f":"Inputs!$R$41*Inputs!$R$42/8760","v":0},{"$f":"-Inputs!$R$45*Inputs!$R$34","v":-90000},481.50379019800954,2.9698070642482145E-3,2.3461475807560893E-3,{"$f":"-N2214/(1.202*2465560*MAX(0,(Inputs!$R$49-Q2214)))","v":3.5099340370873233},{"$f":"params!$C$16*R2214*(G2214-Inputs!$R$27)","v":-103010.48989411531},-353158.19930329162,{"$f":"E2214*params!$C$8","v":0}]
["1991-04-03",4,3,"08:00:00",274,0,0.6,-4.3,67,{"$f":"Inputs!$R$38*Inputs!$R$33*(G2217-Inputs!$R$27)","v":-116821.87702962816},{"$f":"Inputs!$R$34*E2217*Inputs!$R$39","v":160369.38284450804},{"$f":"params!$C$16*Inputs!$R$30*(G2217-Inputs!$R$27)","v":-18293.603577931},{"$f":"Inputs!$R$41*Inputs!$R$42/8760","v":0},{"$f":"-Inputs!$R$45*Inputs!$R$34","v":-90000},636.50097539783337,3.931838099813293E-3,2.6343315268749063E-3,{"$f":"-N2217/(1.202*2465560*MAX(0,(Inputs!$R$49-Q2217)))","v":3.630870433621145},{"$f":"params!$C$16*R2217*(G2217-Inputs!$R$27)","v":-89903.713007738188},-154649.81077078931,{"$f":"E2217*params!$C$8","v":567.59100000000001}]
["1991-04-03",4,3,"11:00:00",782,0,7.2,-5.5,38,{"$f":"Inputs!$R$38*Inputs!$R$33*(G2220-Inputs!$R$27)","v":-79231.305547721815},{"$f":"Inputs!$R$34*E2220*Inputs!$R$39","v":457696.55979709956},{"$f":"params!$C$16*Inputs!$R$30*(G2220-Inputs!$R$27)","v":-12407.146088607591},{"$f":"Inputs!$R$41*Inputs!$R$42/8760","v":0},{"$f":"-Inputs!$R$45*Inputs!$R$34","v":-90000},1012.7753618292717,6.2796535698688054E-3,2.3862683565501462E-3,{"$f":"-N2220/(1.202*2465560*MAX(0,(Inputs!$R$49-Q2220)))","v":3.5262857522436208},{"$f":"params!$C$16*R2220*(G2220-Inputs!$R$27)","v":-59218.446670299818},216839.66149047035,{"$f":"E2220*params!$C$8","v":1619.913}]
["1991-04-03",4,3,"15:00:00",704,0,11.1,-8.8000000000000007,22,{"$f":"Inputs!$R$38*Inputs!$R$33*(G2224-Inputs!$R$27)","v":-57018.695126595332},{"$f":"Inputs!$R$34*E2224*Inputs!$R$39","v":412043.96176107175},{"$f":"params!$C$16*Inputs!$R$30*(G2224-Inputs!$R$27)","v":-8928.7848449164849},{"$f":"Inputs!$R$41*Inputs!$R$42/8760","v":0},{"$f":"-Inputs!$R$45*Inputs!$R$34","v":-90000},1317.4782376741875,8.1938348219052388E-3,1.8026436608191527E-3,{"$f":"-N2224/(1.202*2465560*MAX(0,(Inputs!$R$49-Q2224)))","v":3.3024811349167642},{"$f":"params!$C$16*R2224*(G2224-Inputs!$R$27)","v":-39911.708275036763},216184.77351452317,{"$f":"E2224*params!$C$8","v":1458.336}]
["1991-04-03",4,3,"18:00:00",147,0,10.6,-7.7,25,{"$f":"Inputs!$R$38*Inputs!$R$33*(G2227-Inputs!$R$27)","v":-59866.465693406419},{"$f":"Inputs!$R$34*E2227*Inputs!$R$39","v":86037.58860636015},{"$f":"params!$C$16*Inputs!$R$30*(G2227-Inputs!$R$27)","v":-9374.7285941076516},{"$f":"Inputs!$R$41*Inputs!$R$42/8760","v":0},{"$f":"-Inputs!$R$45*Inputs!$R$34","v":-90000},1274.3740285685947,7.922340820890262E-3,1.9805852052225655E-3,{"$f":"-N2227/(1.202*2465560*MAX(0,(Inputs!$R$49-Q2227)))","v":3.367647249719985},{"$f":"params!$C$16*R2227*(G2227-Inputs!$R$27)","v":-42731.969605484788},-115935.5752866387,{"$f":"E2227*params!$C$8","v":304.51049999999998}]
["1991-04-03",4,3,"21:00:00",0,0,0,-5.5,63,{"$f":"Inputs!$R$38*Inputs!$R$33*(G2230-Inputs!$R$27)","v":-120239.20170980148},{"$f":"Inputs!$R$34*E2230*Inputs!$R$39","v":0},{"$f":"params!$C$16*Inputs!$R$30*(G2230-Inputs!$R$27)","v":-18828.736076960402},{"$f":"Inputs!$R$41*Inputs!$R$42/8760","v":0},{"$f":"-Inputs!$R$45*Inputs!$R$34","v":-90000},609.41773586642103,3.7635253138895938E-3,2.3710209477504438E-3,{"$f":"-N2230/(1.202*2465560*MAX(0,(Inputs!$R$49-Q2230)))","v":3.5200535670081328},{"$f":"params!$C$16*R2230*(G2230-Inputs!$R$27)","v":-89709.420983319709},-318777.3587700816,{"$f":"E2230*params!$C$8","v":0}]
["1991-04-04",4,4,"01:00:00",0,0,-2.7,-5.5,79,{"$f":"Inputs!$R$38*Inputs!$R$33*(G2234-Inputs!$R$27)","v":-135617.16277058134},{"$f":"Inputs!$R$34*E2234*Inputs!$R$39","v":0},{"$f":"params!$C$16*Inputs!$R$30*(G2234-Inputs!$R$27)","v":-21236.832322592705},{"$f":"Inputs!$R$41*Inputs!$R$42/8760","v":0},{"$f":"-Inputs!$R$45*Inputs!$R$34","v":-90000},499.76577217972965,3.0830011689135092E-3,2.4355709234416723E-3,{"$f":"-N2234/(1.202*2465560*MAX(0,(Inputs!$R$49-Q2234)))","v":3.546589466235921},{"$f":"params!$C$16*R2234*(G2234-Inputs!$R$27)","v":-101945.54948095784},-348799.5445741319,{"$f":"E2234*params!$C$8","v":0}]
["1991-04-04",4,4,"04:00:00",0,0,-4.3,-6.6,82,{"$f":"Inputs!$R$38*Inputs!$R$33*(G2237-Inputs!$R$27)","v":-144730.02858437682},{"$f":"Inputs!$R$34*E2237*Inputs!$R$39","v":0},{"$f":"params!$C$16*Inputs!$R$30*(G2237-Inputs!$R$27)","v":-22663.85232000444},{"$f":"Inputs!$R$41*Inputs!$R$42/8760","v":0},{"$f":"-Inputs!$R$45*Inputs!$R$34","v":-90000},443.39835409297098,2.7337483126680237E-3,2.2416736163877794E-3,{"$f":"-N2237/(1.202*2465560*MAX(0,(Inputs!$R$49-Q2237)))","v":3.4680574912727029},{"$f":"params!$C$16*R2237*(G2237-Inputs!$R$27)","v":-106386.77234722537},-363780.65325160662,{"$f":"E2237*params!$C$8","v":0}]
["1991-04-04",4,4,"06:00:00",0,0,-5.5,-7.7,83,{"$f":"Inputs!$R$38*Inputs!$R$33*(G2239-Inputs!$R$27)","v":-151564.67794472343},{"$f":"Inputs!$R$34*E2239*Inputs!$R$39","v":0},{"$f":"params!$C$16*Inputs!$R$30*(G2239-Inputs!$R$27)","v":-23734.117318063243},{"$f":"Inputs!$R$41*Inputs!$R$42/8760","v":0},{"$f":"-Inputs!$R$45*Inputs!$R$34","v":-90000},404.90668464743334,2.4954778720829678E-3,2.0712466338288632E-3,{"$f":"-N2239/(1.202*2465560*MAX(0,(Inputs!$R$49-Q2239)))","v":3.401848473928252},{"$f":"params!$C$16*R2239*(G2239-Inputs!$R$27)","v":-109283.76862931889},-374582.56389210559,{"$f":"E2239*params!$C$8","v":0}]
["1991-04-04",4,4,"09:00:00",394,2,4.4000000000000004,-2.7,58,{"$f":"Inputs!$R$38*Inputs!$R$33*(G2242-Inputs!$R$27)","v":-95178.820721863885},{"$f":"Inputs!$R$34*E2242*Inputs!$R$39","v":230604.14905378164},{"$f":"params!$C$16*Inputs!$R$30*(G2242-Inputs!$R$27)","v":-14904.431084078125},{"$f":"Inputs!$R$41*Inputs!$R$42/8760","v":0},{"$f":"-Inputs!$R$45*Inputs!$R$34","v":-90000},834.18129245512239,5.1630993453363316E-3,2.9945976202950726E-3,{"$f":"-N2242/(1.202*2465560*MAX(0,(Inputs!$R$49-Q2242)))","v":3.7943049994854054},{"$f":"params!$C$16*R2242*(G2242-Inputs!$R$27)","v":-76544.722773427362},-46023.82552558773,{"$f":"E2242*params!$C$8","v":816.17099999999994}]
["1991-04-04",4,4,"12:00:00",767,3,17.2,-0.5,30,{"$f":"Inputs!$R$38*Inputs!$R$33*(G2245-Inputs!$R$27)","v":-22275.894211500065},{"$f":"Inputs!$R$34*E2245*Inputs!$R$39","v":448917.21402094042},{"$f":"params!$C$16*Inputs!$R$30*(G2245-Inputs!$R$27)","v":-3488.2711047842431},{"$f":"Inputs!$R$41*Inputs!$R$42/8760","v":0},{"$f":"-Inputs!$R$45*Inputs!$R$34","v":-90000},1956.433941157356,1.2245952930431422E-2,3.6737858791294265E-3,{"$f":"-N2245/(1.202*2465560*MAX(0,(Inputs!$R$49-Q2245)))","v":4.1461443052447642},{"$f":"params!$C$16*R2245*(G2245-Inputs!$R$27)","v":-19575.923408017388},313577.12529663875,{"$f":"E2245*params!$C$8","v":1588.8405}]
["1991-04-04",4,4,"16:00:00",208,9,19.399999999999999,-3.8,20,{"$f":"Inputs!$R$38*Inputs!$R$33*(G2249-Inputs!$R$27)","v":-9745.7037175312835},{"$f":"Inputs!$R$34*E2249*Inputs!$R$39","v":121740.26142940756},{"$f":"params!$C$16*Inputs!$R$30*(G2249-Inputs!$R$27)","v":-1526.1186083431071},{"$f":"Inputs!$R$41*Inputs!$R$42/8760","v":0},{"$f":"-Inputs!$R$45*Inputs!$R$34","v":-90000},2246.0039599790603,1.4099552870554911E-2,2.819910574110982E-3,{"$f":"-N2249/(1.202*2465560*MAX(0,(Inputs!$R$49-Q2249)))","v":3.7132600714554558},{"$f":"params!$C$16*R2249*(G2249-Inputs!$R$27)","v":-7670.2808954690672},12798.158208064098,{"$f":"E2249*params!$C$8","v":430.87199999999996}]
["1991-04-04",4,4,"19:00:00",8,9,15.6,0.6,36,{"$f":"Inputs!$R$38*Inputs!$R$33*(G2252-Inputs!$R$27)","v":-31388.760025295542},{"$f":"Inputs!$R$34*E2252*Inputs!$R$39","v":4682.3177472849056},{"$f":"params!$C$16*Inputs!$R$30*(G2252-Inputs!$R$27)","v":-4915.2911021959781},{"$f":"Inputs!$R$41*Inputs!$R$42/8760","v":0},{"$f":"-Inputs!$R$45*Inputs!$R$34","v":-90000},1766.9242403471044,1.1038698072712965E-2,3.9739313061766673E-3,{"$f":"-N2252/(1.202*2465560*MAX(0,(Inputs!$R$49-Q2252)))","v":4.3233059267425809},{"$f":"params!$C$16*R2252*(G2252-Inputs!$R$27)","v":-28762.910169474682},-150384.64354968129,{"$f":"E2252*params!$C$8","v":16.571999999999999}]
["1991-04-04",4,4,"22:00:00",0,3,5,1.1000000000000001,76,{"$f":"Inputs!$R$38*Inputs!$R$33*(G2255-Inputs!$R$27)","v":-91761.496041690596},{"$f":"Inputs!$R$34*E2255*Inputs!$R$39","v":0},{"$f":"params!$C$16*Inputs!$R$30*(G2255-Inputs!$R$27)","v":-14369.298585048728},{"$f":"Inputs!$R$41*Inputs!$R$42/8760","v":0},{"$f":"-Inputs!$R$45*Inputs!$R$34","v":-90000},869.91328556198641,5.3861748872103517E-3,4.0934929142798669E-3,{"$f":"-N2255/(1.202*2465560*MAX(0,(Inputs!$R$49-Q2255)))","v":4.3981671606846753},{"$f":"params!$C$16*R2255*(G2255-Inputs!$R$27)","v":-85541.116394359909},-281671.91102109925,{"$f":"E2255*params!$C$8","v":0}]
["1991-04-05",4,5,"02:00:00",0,10,8.3000000000000007,2.8,68,{"$f":"Inputs!$R$38*Inputs!$R$33*(G2259-Inputs!$R$27)","v":-72966.21030073741},{"$f":"Inputs!$R$34*E2259*Inputs!$R$39","v":0},{"$f":"params!$C$16*Inputs!$R$30*(G2259-Inputs!$R$27)","v":-11426.069840387021},{"$f":"Inputs!$R$41*Inputs!$R$42/8760","v":0},{"$f":"-Inputs!$R$45*Inputs!$R$34","v":-90000},1091.6777773743988,6.7742116984131845E-3,4.606463954920966E-3,{"$f":"-N2259/(1.202*2465560*MAX(0,(Inputs!$R$49-Q2259)))","v":4.7511388172337332},{"$f":"params!$C$16*R2259*(G2259-Inputs!$R$27)","v":-73478.825719275788},-247871.10586040025,{"$f":"E2259*params!$C$8","v":0}]
["1991-04-05",4,5,"05:00:00",0,10,9.4,5,74,{"$f":"Inputs!$R$38*Inputs!$R$33*(G2262-Inputs!$R$27)","v":-66701.115053753019},{"$f":"Inputs!$R$34*E2262*Inputs!$R$39","v":0},{"$f":"params!$C$16*Inputs!$R$30*(G2262-Inputs!$R$27)","v":-10444.993592166453},{"$f":"Inputs!$R$41*Inputs!$R$42/8760","v":0},{"$f":"-Inputs!$R$45*Inputs!$R$34","v":-90000},1175.9507731568485,7.3032931169560531E-3,5.4044369065474798E-3,{"$f":"-N2262/(1.202*2465560*MAX(0,(Inputs!$R$49-Q2262)))","v":5.4288974575429778},{"$f":"params!$C$16*R2262*(G2262-Inputs!$R$27)","v":-76751.59857760361},-243897.70722352309,{"$f":"E2262*params!$C$8","v":0}]
["1991-04-05",4,5,"07:00:00",26,10,11.7,5.6,66,{"$f":"Inputs!$R$38*Inputs!$R$33*(G2264-Inputs!$R$27)","v":-53601.370446422028},{"$f":"Inputs!$R$34*E2264*Inputs!$R$39","v":15217.532678675945},{"$f":"params!$C$16*Inputs!$R$30*(G2264-Inputs!$R$27)","v":-8393.6523458870852},{"$f":"Inputs!$R$41*Inputs!$R$42/8760","v":0},{"$f":"-Inputs!$R$45*Inputs!$R$34","v":-90000},1370.8930463882082,8.5305955200846006E-3,5.6301930432558368E-3,{"$f":"-N2264/(1.202*2465560*MAX(0,(Inputs!$R$49-Q2264)))","v":5.6572106941682465},{"$f":"params!$C$16*R2264*(G2264-Inputs!$R$27)","v":-64271.871214941857},-201049.361328575,{"$f":"E2264*params!$C$8","v":53.858999999999995}]
["1991-04-05",4,5,"10:00:00",182,10,13.9,8.3000000000000007,69,{"$f":"Inputs!$R$38*Inputs!$R$33*(G2267-Inputs!$R$27)","v":-41071.179952453233},{"$f":"Inputs!$R$34*E2267*Inputs!$R$39","v":106522.72875073161},{"$f":"params!$C$16*Inputs!$R$30*(G2267-Inputs!$R$27)","v":-6431.4998494459469},{"$f":"Inputs!$R$41*Inputs!$R$42/8760","v":0},{"$f":"-Inputs!$R$45*Inputs!$R$34","v":-90000},1583.4071170108264,9.873990681036721E-3,6.8130535699153375E-3,{"$f":"-N2267/(1.202*2465560*MAX(0,(Inputs!$R$49-Q2267)))","v":7.2560919171838432},{"$f":"params!$C$16*R2267*(G2267-Inputs!$R$27)","v":-63165.894775764042},-94145.845826931618,{"$f":"E2267*params!$C$8","v":377.01299999999998}]
["1991-04-05",4,5,"13:00:00",240,10,15.6,8.9,64,{"$f":"Inputs!$R$38*Inputs!$R$33*(G2270-Inputs!$R$27)","v":-31388.760025295542},{"$f":"Inputs!$R$34*E2270*Inputs!$R$39","v":140469.53241854717},{"$f":"params!$C$16*Inputs!$R$30*(G2270-Inputs!$R$27)","v":-4915.2911021959781},{"$f":"Inputs!$R$41*Inputs!$R$42/8760","v":0},{"$f":"-Inputs!$R$45*Inputs!$R$34","v":-90000},1766.9242403471044,1.1038698072712965E-2,7.0647667665362981E-3,{"$f":"-N2270/(1.202*2465560*MAX(0,(Inputs!$R$49-Q2270)))","v":7.7204225831075686},{"$f":"params!$C$16*R2270*(G2270-Inputs!$R$27)","v":-51363.892583845074},-37198.411292789424,{"$f":"E2270*params!$C$8","v":497.15999999999997}]
["1991-04-05",4,5,"17:00:00",97,10,15.6,10.6,72,{"$f":"Inputs!$R$38*Inputs!$R$33*(G2274-Inputs!$R$27)","v":-31388.760025295542},{"$f":"Inputs!$R$34*E2274*Inputs!$R$39","v":56773.102685829494},{"$f":"params!$C$16*Inputs!$R$30*(G2274-Inputs!$R$27)","v":-4915.2911021959781},{"$f":"Inputs!$R$41*Inputs!$R$42/8760","v":0},{"$f":"-Inputs!$R$45*Inputs!$R$34","v":-90000},1766.9242403471044,1.1038698072712965E-2,7.9478626123533347E-3,{"$f":"-N2274/(1.202*2465560*MAX(0,(Inputs!$R$49-Q2274)))","v":9.9554797878380157},{"$f":"params!$C$16*R2274*(G2274-Inputs!$R$27)","v":-66233.705336544779},-135764.65377820679,{"$f":"E2274*params!$C$8","v":200.93549999999999}]
["1991-04-05",4,5,"20:00:00",0,10,13.3,9.4,77,{"$f":"Inputs!$R$38*Inputs!$R$33*(G2277-Inputs!$R$27)","v":-44488.504632626536},{"$f":"Inputs!$R$34*E2277*Inputs!$R$39","v":0},{"$f":"params!$C$16*Inputs!$R$30*(G2277-Inputs!$R$27)","v":-6966.6323484753475},{"$f":"Inputs!$R$41*Inputs!$R$42/8760","v":0},{"$f":"-Inputs!$R$45*Inputs!$R$34","v":-90000},1522.7575650660701,9.4900147252429956E-3,7.3073113384371068E-3,{"$f":"-N2277/(1.202*2465560*MAX(0,(Inputs!$R$49-Q2277)))","v":8.2277536353691598},{"$f":"params!$C$16*R2277*(G2277-Inputs!$R$27)","v":-77583.931667948476},-219039.06864905037,{"$f":"E2277*params!$C$8","v":0}]
["1991-04-05",4,5,"23:00:00",0,9,10,7.2,83,{"$f":"Inputs!$R$38*Inputs!$R$33*(G2280-Inputs!$R$27)","v":-63283.790373579723},{"$f":"Inputs!$R$34*E2280*Inputs!$R$39","v":0},{"$f":"params!$C$16*Inputs!$R$30*(G2280-Inputs!$R$27)","v":-9909.8610931370531},{"$f":"Inputs!$R$41*Inputs!$R$42/8760","v":0},{"$f":"-Inputs!$R$45*Inputs!$R$34","v":-90000},1224.2915728566036,7.6071876458255446E-3,6.3139657460352019E-3,{"$f":"-N2280/(1.202*2465560*MAX(0,(Inputs!$R$49-Q2280)))","v":6.4829965439551707},{"$f":"params!$C$16*R2280*(G2280-Inputs!$R$27)","v":-86958.285857384908},-250151.93732410169,{"$f":"E2280*params!$C$8","v":0}]
["1991-04-06",4,6,"03:00:00",0,0,6.1,5,93,{"$f":"Inputs!$R$38*Inputs!$R$33*(G2284-Inputs!$R$27)","v":-85496.400794706205},{"$f":"Inputs!$R$34*E2284*Inputs!$R$39","v":0},{"$f":"params!$C$16*Inputs!$R$30*(G2284-Inputs!$R$27)","v":-13388.222336828159},{"$f":"Inputs!$R$41*Inputs!$R$42/8760","v":0},{"$f":"-Inputs!$R$45*Inputs!$R$34","v":-90000},938.94793828269269,5.817609385555097E-3,5.4103767285662409E-3,{"$f":"-N2284/(1.202*2465560*MAX(0,(Inputs!$R$49-Q2284)))","v":5.4346682524941921},{"$f":"params!$C$16*R2284*(G2284-Inputs!$R$27)","v":-98483.521154327391},-287368.14428586175,{"$f":"E2284*params!$C$8","v":0}]
["1991-04-06",4,6,"04:00:00",0,0,7.8,6.7,93,{"$f":"Inputs!$R$38*Inputs!$R$33*(G2285-Inputs!$R$27)","v":-75813.980867548496},{"$f":"Inputs!$R$34*E2285*Inputs!$R$39","v":0},{"$f":"params!$C$16*Inputs!$R$30*(G2285-Inputs!$R$27)","v":-11872.01358957819},{"$f":"Inputs!$R$41*Inputs!$R$42/8760","v":0},{"$f":"-Inputs!$R$45*Inputs!$R$34","v":-90000},1055.1653507694125,6.5452560799310663E-3,6.0870881543358913E-3,{"$f":"-N2285/(1.202*2465560*MAX(0,(Inputs!$R$49-Q2285)))","v":6.1835082367402006},{"$f":"params!$C$16*R2285*(G2285-Inputs!$R$27)","v":-99363.513970907428},-277049.50842803414,{"$f":"E2285*params!$C$8","v":0}]
["1991-04-06",4,6,"08:00:00",284,0,9.4,7.8,90,{"$f":"Inputs!$R$38*Inputs!$R$33*(G2289-Inputs!$R$27)","v":-66701.115053753019},{"$f":"Inputs!$R$34*E2289*Inputs!$R$39","v":166222.28002861416},{"$f":"params!$C$16*Inputs!$R$30*(G2289-Inputs!$R$27)","v":-10444.993592166453},{"$f":"Inputs!$R$41*Inputs!$R$42/8760","v":0},{"$f":"-Inputs!$R$45*Inputs!$R$34","v":-90000},1175.9507731568485,7.3032931169560531E-3,6.572963805260448E-3,{"$f":"-N2289/(1.202*2465560*MAX(0,(Inputs!$R$49-Q2289)))","v":6.8624227306910361},{"$f":"params!$C$16*R2289*(G2289-Inputs!$R$27)","v":-97018.210201044523},-97942.038818349843,{"$f":"E2289*params!$C$8","v":588.30599999999993}]
["1991-04-06",4,6,"11:00:00",708,2,21.7,10.6,49,{"$f":"Inputs!$R$38*Inputs!$R$33*(G2292-Inputs!$R$27)","v":3354.0408897997236},{"$f":"Inputs!$R$34*E2292*Inputs!$R$39","v":414385.1206347142},{"$f":"params!$C$16*Inputs!$R$30*(G2292-Inputs!$R$27)","v":525.2226379362636},{"$f":"Inputs!$R$41*Inputs!$R$42/8760","v":0},{"$f":"-Inputs!$R$45*Inputs!$R$34","v":-90000},2588.1975932684663,1.630402342208491E-2,7.9889714768216057E-3,{"$f":"-N2292/(1.202*2465560*MAX(0,(Inputs!$R$49-Q2292)))","v":10.091476980459689},{"$f":"params!$C$16*R2292*(G2292-Inputs!$R$27)","v":7174.0728695648886},335438.45703201502,{"$f":"E2292*params!$C$8","v":1466.6219999999998}]
["1991-04-06",4,6,"14:00:00",233,10,19.399999999999999,12.2,63,{"$f":"Inputs!$R$38*Inputs!$R$33*(G2295-Inputs!$R$27)","v":-9745.7037175312835},{"$f":"Inputs!$R$34*E2295*Inputs!$R$39","v":136372.50438967289},{"$f":"params!$C$16*Inputs!$R$30*(G2295-Inputs!$R$27)","v":-1526.1186083431071},{"$f":"Inputs!$R$41*Inputs!$R$42/8760","v":0},{"$f":"-Inputs!$R$45*Inputs!$R$34","v":-90000},2246.0039599790603,1.4099552870554911E-2,8.8827183084495935E-3,{"$f":"-N2295/(1.202*2465560*MAX(0,(Inputs!$R$49-Q2295)))","v":14.354739814499146},{"$f":"params!$C$16*R2295*(G2295-Inputs!$R$27)","v":-29651.811195498911},5448.8708682995821,{"$f":"E2295*params!$C$8","v":482.65949999999998}]
["1991-04-06",4,6,"18:00:00",69,9,16.7,12.8,78,{"$f":"Inputs!$R$38*Inputs!$R$33*(G2299-Inputs!$R$27)","v":-25123.664778311151},{"$f":"Inputs!$R$34*E2299*Inputs!$R$39","v":40384.990570332317},{"$f":"params!$C$16*Inputs!$R$30*(G2299-Inputs!$R$27)","v":-3934.2148539754103},{"$f":"Inputs!$R$41*Inputs!$R$42/8760","v":0},{"$f":"-Inputs!$R$45*Inputs!$R$34","v":-90000},1895.3846669421735,1.1856541445883897E-2,9.2481023277894408E-3,{"$f":"-N2299/(1.202*2465560*MAX(0,(Inputs!$R$49-Q2299)))","v":17.351562076259864},{"$f":"params!$C$16*R2299*(G2299-Inputs!$R$27)","v":-92398.360494740569},-171071.24955669482,{"$f":"E2299*params!$C$8","v":142.93349999999998}]
["1991-04-06",4,6,"21:00:00",0,9,12.2,11.7,97,{"$f":"Inputs!$R$38*Inputs!$R$33*(G2302-Inputs!$R$27)","v":-50753.599879610942},{"$f":"Inputs!$R$34*E2302*Inputs!$R$39","v":0},{"$f":"params!$C$16*Inputs!$R$30*(G2302-Inputs!$R$27)","v":-7947.7085966959166},{"$f":"Inputs!$R$41*Inputs!$R$42/8760","v":0},{"$f":"-Inputs!$R$45*Inputs!$R$34","v":-90000},1416.8513363145253,8.8206338116364833E-3,8.5560147972873896E-3,{"$f":"-N2302/(1.202*2465560*MAX(0,(Inputs!$R$49-Q2302)))","v":12.434501848010708},{"$f":"params!$C$16*R2302*(G2302-Inputs!$R$27)","v":-133763.5972821491},-282464.90575845598,{"$f":"E2302*params!$C$8","v":0}]
["1991-04-07",4,7,"01:00:00",0,3,13.9,8.9,72,{"$f":"Inputs!$R$38*Inputs!$R$33*(G2306-Inputs!$R$27)","v":-41071.179952453233},{"$f":"Inputs!$R$34*E2306*Inputs!$R$39","v":0},{"$f":"params!$C$16*Inputs!$R$30*(G2306-Inputs!$R$27)","v":-6431.4998494459469},{"$f":"Inputs!$R$41*Inputs!$R$42/8760","v":0},{"$f":"-Inputs!$R$45*Inputs!$R$34","v":-90000},1583.4071170108264,9.873990681036721E-3,7.1092732903464398E-3,{"$f":"-N2306/(1.202*2465560*MAX(0,(Inputs!$R$49-Q2306)))","v":7.8087763902634197},{"$f":"params!$C$16*R2306*(G2306-Inputs!$R$27)","v":-67977.136098116578},-205479.81590001576,{"$f":"E2306*params!$C$8","v":0}]
["1991-04-07",4,7,"04:00:00",0,0,11.7,7.8,77,{"$f":"Inputs!$R$38*Inputs!$R$33*(G2309-Inputs!$R$27)","v":-53601.370446422028},{"$f":"Inputs!$R$34*E2309*Inputs!$R$39","v":0},{"$f":"params!$C$16*Inputs!$R$30*(G2309-Inputs!$R$27)","v":-8393.6523458870852},{"$f":"Inputs!$R$41*Inputs!$R$42/8760","v":0},{"$f":"-Inputs!$R$45*Inputs!$R$34","v":-90000},1370.8930463882082,8.5305955200846006E-3,6.5685585504651426E-3,{"$f":"-N2309/(1.202*2465560*MAX(0,(Inputs!$R$49-Q2309)))","v":6.8555982219965346},{"$f":"params!$C$16*R2309*(G2309-Inputs!$R$27)","v":-77886.815578525711},-229881.83837083483,{"$f":"E2309*params!$C$8","v":0}]
["1991-04-07",4,7,"05:00:00",0,0,9.4,7.2,86,{"$f":"Inputs!$R$38*Inputs!$R$33*(G2310-Inputs!$R$27)","v":-66701.115053753019},{"$f":"Inputs!$R$34*E2310*Inputs!$R$39","v":0},{"$f":"params!$C$16*Inputs!$R$30*(G2310-Inputs!$R$27)","v":-10444.993592166453},{"$f":"Inputs!$R$41*Inputs!$R$42/8760","v":0},{"$f":"-Inputs!$R$45*Inputs!$R$34","v":-90000},1175.9507731568485,7.3032931169560531E-3,6.2808320805822059E-3,{"$f":"-N2310/(1.202*2465560*MAX(0,(Inputs!$R$49-Q2310)))","v":6.4374623650112071},{"$f":"params!$C$16*R2310*(G2310-Inputs!$R$27)","v":-91010.289135463841},-258156.3977813833,{"$f":"E2310*params!$C$8","v":0}]
["1991-04-07",4,7,"09:00:00",297,3,21.1,10.6,51,{"$f":"Inputs!$R$38*Inputs!$R$33*(G2314-Inputs!$R$27)","v":-63.283790373569381},{"$f":"Inputs!$R$34*E2314*Inputs!$R$39","v":173831.04636795213},{"$f":"params!$C$16*Inputs!$R$30*(G2314-Inputs!$R$27)","v":-9.909861093135433},{"$f":"Inputs!$R$41*Inputs!$R$42/8760","v":0},{"$f":"-Inputs!$R$45*Inputs!$R$34","v":-90000},2494.8045104526191,1.5700854397029246E-2,8.0074357424849158E-3,{"$f":"-N2314/(1.202*2465560*MAX(0,(Inputs!$R$49-Q2314)))","v":10.153777540703045},{"$f":"params!$C$16*R2314*(G2314-Inputs!$R$27)","v":-136.19552068709407},83621.657195798354,{"$f":"E2314*params!$C$8","v":615.2355}]
["1991-04-07",4,7,"12:00:00",386,9,27.8,9.4,32,{"$f":"Inputs!$R$38*Inputs!$R$33*(G2317-Inputs!$R$27)","v":38096.841804894997},{"$f":"Inputs!$R$34*E2317*Inputs!$R$39","v":225921.83130649672},{"$f":"params!$C$16*Inputs!$R$30*(G2317-Inputs!$R$27)","v":5965.7363780685073},{"$f":"Inputs!$R$41*Inputs!$R$42/8760","v":0},{"$f":"-Inputs!$R$45*Inputs!$R$34","v":-90000},3725.4196159746762,2.3741254661410284E-2,7.5972014916512905E-3,{"$f":"-N2317/(1.202*2465560*MAX(0,(Inputs!$R$49-Q2317)))","v":8.9290428922407425},{"$f":"params!$C$16*R2317*(G2317-Inputs!$R$27)","v":72100.218458104704},252084.62794756494,{"$f":"E2317*params!$C$8","v":799.59899999999993}]
["1991-04-07",4,7,"15:00:00",410,9,30,8.3000000000000007,26,{"$f":"Inputs!$R$38*Inputs!$R$33*(G2320-Inputs!$R$27)","v":50627.032298863778},{"$f":"Inputs!$R$34*E2320*Inputs!$R$39","v":239968.78454835145},{"$f":"params!$C$16*Inputs!$R$30*(G2320-Inputs!$R$27)","v":7927.8888745096428},{"$f":"Inputs!$R$41*Inputs!$R$42/8760","v":0},{"$f":"-Inputs!$R$45*Inputs!$R$34","v":-90000},4231.0890272287934,2.710419970510591E-2,7.0470919233275361E-3,{"$f":"-N2320/(1.202*2465560*MAX(0,(Inputs!$R$49-Q2320)))","v":7.6858868908990097},{"$f":"params!$C$16*R2320*(G2320-Inputs!$R$27)","v":82474.398348955219},290998.1040706801,{"$f":"E2320*params!$C$8","v":849.31499999999994}]
["1991-04-07",4,7,"19:00:00",11,3,25,7.2,32,{"$f":"Inputs!$R$38*Inputs!$R$33*(G2324-Inputs!$R$27)","v":22149.326630752905},{"$f":"Inputs!$R$34*E2324*Inputs!$R$39","v":6438.1869025167462},{"$f":"params!$C$16*Inputs!$R$30*(G2324-Inputs!$R$27)","v":3468.4513825979689},{"$f":"Inputs!$R$41*Inputs!$R$42/8760","v":0},{"$f":"-Inputs!$R$45*Inputs!$R$34","v":-90000},3158.5016332003511,2.0012171957865876E-2,6.4038950265170799E-3,{"$f":"-N2324/(1.202*2465560*MAX(0,(Inputs!$R$49-Q2324)))","v":6.6098928148678748},{"$f":"params!$C$16*R2324*(G2324-Inputs!$R$27)","v":31031.133634686612},-26912.90144944577,{"$f":"E2324*params!$C$8","v":22.7865}]
["1991-04-07",4,7,"22:00:00",0,0,13.3,8.3000000000000007,72,{"$f":"Inputs!$R$38*Inputs!$R$33*(G2327-Inputs!$R$27)","v":-44488.504632626536},{"$f":"Inputs!$R$34*E2327*Inputs!$R$39","v":0},{"$f":"params!$C$16*Inputs!$R$30*(G2327-Inputs!$R$27)","v":-6966.6323484753475},{"$f":"Inputs!$R$41*Inputs!$R$42/8760","v":0},{"$f":"-Inputs!$R$45*Inputs!$R$34","v":-90000},1522.7575650660701,9.4900147252429956E-3,6.8328106021749565E-3,{"$f":"-N2327/(1.202*2465560*MAX(0,(Inputs!$R$49-Q2327)))","v":7.2905078703096882},{"$f":"params!$C$16*R2327*(G2327-Inputs!$R$27)","v":-68746.135276007102},-210201.272257109,{"$f":"E2327*params!$C$8","v":0}]
["1991-04-08",4,8,"02:00:00",0,0,9.4,7.8,90,{"$f":"Inputs!$R$38*Inputs!$R$33*(G2331-Inputs!$R$27)","v":-66701.115053753019},{"$f":"Inputs!$R$34*E2331*Inputs!$R$39","v":0},{"$f":"params!$C$16*Inputs!$R$30*(G2331-Inputs!$R$27)","v":-10444.993592166453},{"$f":"Inputs!$R$41*Inputs!$R$42/8760","v":0},{"$f":"-Inputs!$R$45*Inputs!$R$34","v":-90000},1175.9507731568485,7.3032931169560531E-3,6.572963805260448E-3,{"$f":"-N2331/(1.202*2465560*MAX(0,(Inputs!$R$49-Q2331)))","v":6.8624227306910361},{"$f":"params!$C$16*R2331*(G2331-Inputs!$R$27)","v":-97018.210201044523},-264164.31884696399,{"$f":"E2331*params!$C$8","v":0}]
["1991-04-08",4,8,"05:00:00",0,9,7.2,6.7,97,{"$f":"Inputs!$R$38*Inputs!$R$33*(G2334-Inputs!$R$27)","v":-79231.305547721815},{"$f":"Inputs!$R$34*E2334*Inputs!$R$39","v":0},{"$f":"params!$C$16*Inputs!$R$30*(G2334-Inputs!$R$27)","v":-12407.146088607591},{"$f":"Inputs!$R$41*Inputs!$R$42/8760","v":0},{"$f":"-Inputs!$R$45*Inputs!$R$34","v":-90000},1012.7753618292717,6.2796535698688054E-3,6.0912639627727413E-3,{"$f":"-N2334/(1.202*2465560*MAX(0,(Inputs!$R$49-Q2334)))","v":6.1887703162981849},{"$f":"params!$C$16*R2334*(G2334-Inputs!$R$27)","v":-103930.70518952058},-285569.15682585002,{"$f":"E2334*params!$C$8","v":0}]
["1991-04-08",4,8,"06:00:00",2,3,7.8,6.7,93,{"$f":"Inputs!$R$38*Inputs!$R$33*(G2335-Inputs!$R$27)","v":-75813.980867548496},{"$f":"Inputs!$R$34*E2335*Inputs!$R$39","v":1170.5794368212264},{"$f":"params!$C$16*Inputs!$R$30*(G2335-Inputs!$R$27)","v":-11872.01358957819},{"$f":"Inputs!$R$41*Inputs!$R$42/8760","v":0},{"$f":"-Inputs!$R$45*Inputs!$R$34","v":-90000},1055.1653507694125,6.5452560799310663E-3,6.0870881543358913E-3,{"$f":"-N2335/(1.202*2465560*MAX(0,(Inputs!$R$49-Q2335)))","v":6.1835082367402006},{"$f":"params!$C$16*R2335*(G2335-Inputs!$R$27)","v":-99363.513970907428},-275878.92899121286,{"$f":"E2335*params!$C$8","v":4.1429999999999998}]
["1991-04-08",4,8,"10:00:00",391,9,24.4,12.8,48,{"$f":"Inputs!$R$38*Inputs!$R$33*(G2339-Inputs!$R$27)","v":18732.001950579594},{"$f":"Inputs!$R$34*E2339*Inputs!$R$39","v":228848.27989854978},{"$f":"params!$C$16*Inputs!$R$30*(G2339-Inputs!$R$27)","v":2933.3188835685669},{"$f":"Inputs!$R$41*Inputs!$R$42/8760","v":0},{"$f":"-Inputs!$R$45*Inputs!$R$34","v":-90000},3047.3242324488288,1.9285913217784171E-2,9.2572383445364021E-3,{"$f":"-N2339/(1.202*2465560*MAX(0,(Inputs!$R$49-Q2339)))","v":17.442613039654269},{"$f":"params!$C$16*R2339*(G2339-Inputs!$R$27)","v":69252.975421684561},229766.57615438249,{"$f":"E2339*params!$C$8","v":809.95650000000001}]
["1991-04-08",4,8,"13:00:00",407,9,28.3,12.2,37,{"$f":"Inputs!$R$38*Inputs!$R$33*(G2342-Inputs!$R$27)","v":40944.612371706084},{"$f":"Inputs!$R$34*E2342*Inputs!$R$39","v":238212.91539311959},{"$f":"params!$C$16*Inputs!$R$30*(G2342-Inputs!$R$27)","v":6411.6801272596749},{"$f":"Inputs!$R$41*Inputs!$R$42/8760","v":0},{"$f":"-Inputs!$R$45*Inputs!$R$34","v":-90000},3835.4704828214572,2.4470175850883843E-2,9.0539650648270228E-3,{"$f":"-N2342/(1.202*2465560*MAX(0,(Inputs!$R$49-Q2342)))","v":15.619037936865377},{"$f":"params!$C$16*R2342*(G2342-Inputs!$R$27)","v":135548.19557130619},331117.40346339159,{"$f":"E2342*params!$C$8","v":843.10050000000001}]
["1991-04-08",4,8,"17:00:00",100,10,22.2,15,64,{"$f":"Inputs!$R$38*Inputs!$R$33*(G2346-Inputs!$R$27)","v":6201.8114566108106},{"$f":"Inputs!$R$34*E2346*Inputs!$R$39","v":58528.971841061328},{"$f":"params!$C$16*Inputs!$R$30*(G2346-Inputs!$R$27)","v":971.16638712743099},{"$f":"Inputs!$R$41*Inputs!$R$42/8760","v":0},{"$f":"-Inputs!$R$45*Inputs!$R$34","v":-90000},2668.3451911941711,1.6822558450165632E-2,1.0766437408106004E-2,{"$f":"-N2346/(1.202*2465560*MAX(0,(Inputs!$R$49-Q2346)))","v":130.98333427128375},{"$f":"params!$C$16*R2346*(G2346-Inputs!$R$27)","v":172177.85670487877},147879.80638967833,{"$f":"E2346*params!$C$8","v":207.14999999999998}]
["1991-04-08",4,8,"20:00:00",0,10,18.3,14.4,78,{"$f":"Inputs!$R$38*Inputs!$R$33*(G2349-Inputs!$R$27)","v":-16010.798964515663},{"$f":"Inputs!$R$34*E2349*Inputs!$R$39","v":0},{"$f":"params!$C$16*Inputs!$R$30*(G2349-Inputs!$R$27)","v":-2507.1948565636735},{"$f":"Inputs!$R$41*Inputs!$R$42/8760","v":0},{"$f":"-Inputs!$R$45*Inputs!$R$34","v":-90000},2096.843724028703,1.3143395064644483E-2,1.0251848150422698E-2,{"$f":"-N2349/(1.202*2465560*MAX(0,(Inputs!$R$49-Q2349)))","v":40.684426990100334},{"$f":"params!$C$16*R2349*(G2349-Inputs!$R$27)","v":-138065.09783940722},-246583.09166048653,{"$f":"E2349*params!$C$8","v":0}]
["1991-04-08",4,8,"23:00:00",0,10,16.100000000000001,15.6,97,{"$f":"Inputs!$R$38*Inputs!$R$33*(G2352-Inputs!$R$27)","v":-28540.989458484444},{"$f":"Inputs!$R$34*E2352*Inputs!$R$39","v":0},{"$f":"params!$C$16*Inputs!$R$30*(G2352-Inputs!$R$27)","v":-4469.3473530048095},{"$f":"Inputs!$R$41*Inputs!$R$42/8760","v":0},{"$f":"-Inputs!$R$45*Inputs!$R$34","v":-90000},1824.3357636986555,1.14039475717521E-2,1.1061829144599538E-2,{"$f":"-N2352/(1.202*2465560*MAX(0,(Inputs!$R$49-Q2352)))","v":{"$error":"#DIV/0!"}},{"$f":"params!$C$16*R2352*(G2352-Inputs!$R$27)","v":{"$error":"#DIV/0!"}},{"$error":"#DIV/0!"},{"$f":"E2352*params!$C$8","v":0}]
["1991-04-09",4,9,"03:00:00",0,10,14.4,14.4,100,{"$f":"Inputs!$R$38*Inputs!$R$33*(G2356-Inputs!$R$27)","v":-38223.409385642146},{"$f":"Inputs!$R$34*E2356*Inputs!$R$39","v":0},{"$f":"params!$C$16*Inputs!$R$30*(G2356-Inputs!$R$27)","v":-5985.5561002547793},{"$f":"Inputs!$R$41*Inputs!$R$42/8760","v":0},{"$f":"-Inputs!$R$45*Inputs!$R$34","v":-90000},1635.559113509069,1.0204541708471198E-2,1.0204541708471198E-2,{"$f":"-N2356/(1.202*2465560*MAX(0,(Inputs!$R$49-Q2356)))","v":38.259675134206276},{"$f":"params!$C$16*R2356*(G2356-Inputs!$R$27)","v":-309965.52747213887},-444174.49295803579,{"$f":"E2356*params!$C$8","v":0}]
["1991-04-09",4,9,"07:00:00",34,9,15,14.4,96,{"$f":"Inputs!$R$38*Inputs!$R$33*(G2360-Inputs!$R$27)","v":-34806.084705468842},{"$f":"Inputs!$R$34*E2360*Inputs!$R$39","v":19899.850425960849},{"$f":"params!$C$16*Inputs!$R$30*(G2360-Inputs!$R$27)","v":-5450.4236012253787},{"$f":"Inputs!$R$41*Inputs!$R$42/8760","v":0},{"$f":"-Inputs!$R$45*Inputs!$R$34","v":-90000},1700.1281023555496,1.0614273895273205E-2,1.0189702939462277E-2,{"$f":"-N2360/(1.202*2465560*MAX(0,(Inputs!$R$49-Q2360)))","v":37.557550919691664},{"$f":"params!$C$16*R2360*(G2360-Inputs!$R$27)","v":-277073.59162680298},-387430.24950753635,{"$f":"E2360*params!$C$8","v":70.430999999999997}]
["1991-04-09",4,9,"10:00:00",486,9,19.399999999999999,15,76,{"$f":"Inputs!$R$38*Inputs!$R$33*(G2363-Inputs!$R$27)","v":-9745.7037175312835},{"$f":"Inputs!$R$34*E2363*Inputs!$R$39","v":284450.80314755801},{"$f":"params!$C$16*Inputs!$R$30*(G2363-Inputs!$R$27)","v":-1526.1186083431071},{"$f":"Inputs!$R$41*Inputs!$R$42/8760","v":0},{"$f":"-Inputs!$R$45*Inputs!$R$34","v":-90000},2246.0039599790603,1.4099552870554911E-2,1.0715660181621732E-2,{"$f":"-N2363/(1.202*2465560*MAX(0,(Inputs!$R$49-Q2363)))","v":107.45064423122601},{"$f":"params!$C$16*R2363*(G2363-Inputs!$R$27)","v":-221954.99582381005},-38776.015002126456,{"$f":"E2363*params!$C$8","v":1006.7489999999999}]
["1991-04-09",4,9,"11:00:00",281,9,21.7,13.9,61,{"$f":"Inputs!$R$38*Inputs!$R$33*(G2364-Inputs!$R$27)","v":3354.0408897997236},{"$f":"Inputs!$R$34*E2364*Inputs!$R$39","v":164466.41087338232},{"$f":"params!$C$16*Inputs!$R$30*(G2364-Inputs!$R$27)","v":525.2226379362636},{"$f":"Inputs!$R$41*Inputs!$R$42/8760","v":0},{"$f":"-Inputs!$R$45*Inputs!$R$34","v":-90000},2588.1975932684663,1.630402342208491E-2,9.945454287471794E-3,{"$f":"-N2364/(1.202*2465560*MAX(0,(Inputs!$R$49-Q2364)))","v":28.844504049265531},{"$f":"params!$C$16*R2364*(G2364-Inputs!$R$27)","v":20505.677646253145},98851.352047371445,{"$f":"E2364*params!$C$8","v":582.0915}]
["1991-04-09",4,9,"14:00:00",539,9,25,13.3,48,{"$f":"Inputs!$R$38*Inputs!$R$33*(G2367-Inputs!$R$27)","v":22149.326630752905},{"$f":"Inputs!$R$34*E2367*Inputs!$R$39","v":315471.15822332056},{"$f":"params!$C$16*Inputs!$R$30*(G2367-Inputs!$R$27)","v":3468.4513825979689},{"$f":"Inputs!$R$41*Inputs!$R$42/8760","v":0},{"$f":"-Inputs!$R$45*Inputs!$R$34","v":-90000},3158.5016332003511,2.0012171957865876E-2,9.6058425397756199E-3,{"$f":"-N2367/(1.202*2465560*MAX(0,(Inputs!$R$49-Q2367)))","v":21.809442775526037},{"$f":"params!$C$16*R2367*(G2367-Inputs!$R$27)","v":102387.70161947428},353476.63785614568,{"$f":"E2367*params!$C$8","v":1116.5384999999999}]
["1991-04-09",{"$f":"MONTH(A2371)","v":4},{"$f":"DAY(A2371)","v":9},"18:00:00",107,9,23.9,11.7,46,{"$f":"Inputs!$R$38*Inputs!$R$33*(G2371-Inputs!$R$27)","v":15884.231383768505},{"$f":"Inputs!$R$34*E2371*Inputs!$R$39","v":62625.999869935615},{"$f":"params!$C$16*Inputs!$R$30*(G2371-Inputs!$R$27)","v":2487.3751343773993},{"$f":"Inputs!$R$41*Inputs!$R$42/8760","v":0},{"$f":"-Inputs!$R$45*Inputs!$R$34","v":-90000},{"$f":"EXP(77.345+0.0057*(G2371+273.15)-7235/(G2371+273.15))/(G2371+273.15)^8.2","v":2957.3004217822781},{"$f":"0.62198*O2371/(101325-O2371)","v":1.8699041699938756E-2},{"$f":"P2371*I2371/100","v":8.6015591819718282E-3},{"$f":"-N2371/(1.202*2465560*MAX(0,(Inputs!$R$49-Q2371)))","v":12.670791392471742},{"$f":"params!$C$16*R2371*(G2371-Inputs!$R$27)","v":42659.19369404504},{"$f":"J2371+K2371+L2371+M2371+N2371+S2371","v":33656.80008212656},{"$f":"E2371*params!$C$8","v":221.65049999999999}]
["1991-04-09",4,9,"21:00:00",0,10,21.1,13.3,61,{"$f":"Inputs!$R$38*Inputs!$R$33*(G2374-Inputs!$R$27)","v":-63.283790373569381},{"$f":"Inputs!$R$34*E2374*Inputs!$R$39","v":0},{"$f":"params!$C$16*Inputs!$R$30*(G2374-Inputs!$R$27)","v":-9.909861093135433},{"$f":"Inputs!$R$41*Inputs!$R$42/8760","v":0},{"$f":"-Inputs!$R$45*Inputs!$R$34","v":-90000},2494.8045104526191,1.5700854397029246E-2,9.5775211821878398E-3,{"$f":"-N2374/(1.202*2465560*MAX(0,(Inputs!$R$49-Q2374)))","v":21.37469624708767},{"$f":"params!$C$16*R2374*(G2374-Inputs!$R$27)","v":-286.70491087979991},-90359.898562346498,{"$f":"E2374*params!$C$8","v":0}]
["1991-04-09",4,9,1,0,10,17.2,14.4,84,{"$f":"Inputs!$R$38*Inputs!$R$33*(G2377-Inputs!$R$27)","v":-22275.894211500065},{"$f":"Inputs!$R$34*E2377*Inputs!$R$39","v":0},{"$f":"params!$C$16*Inputs!$R$30*(G2377-Inputs!$R$27)","v":-3488.2711047842431},{"$f":"Inputs!$R$41*Inputs!$R$42/8760","v":0},{"$f":"-Inputs!$R$45*Inputs!$R$34","v":-90000},1956.433941157356,1.2245952930431422E-2,1.0286600461562394E-2,{"$f":"-N2377/(1.202*2465560*MAX(0,(Inputs!$R$49-Q2377)))","v":42.671085012585195},{"$f":"params!$C$16*R2377*(G2377-Inputs!$R$27)","v":-201470.53031576858},-317234.6956320529,{"$f":"E2377*params!$C$8","v":0}]
["1991-04-10",4,10,"04:00:00",0,10,15.1,12.3,83,{"$f":"Inputs!$R$38*Inputs!$R$33*(G2381-Inputs!$R$27)","v":-34236.530592106632},{"$f":"Inputs!$R$34*E2381*Inputs!$R$39","v":0},{"$f":"params!$C$16*Inputs!$R$30*(G2381-Inputs!$R$27)","v":-5361.2348513871457},{"$f":"Inputs!$R$41*Inputs!$R$42/8760","v":0},{"$f":"-Inputs!$R$45*Inputs!$R$34","v":-90000},1711.1043945304971,1.0683978423303851E-2,8.8677020913421958E-3,{"$f":"-N2381/(1.202*2465560*MAX(0,(Inputs!$R$49-Q2381)))","v":14.253568589686331},{"$f":"params!$C$16*R2381*(G2381-Inputs!$R$27)","v":-103432.26978092791},-233030.03522442171,{"$f":"E2381*params!$C$8","v":0}]
["1991-04-10",4,10,"08:00:00",225,7,13.1,2.8,50,{"$f":"Inputs!$R$38*Inputs!$R$33*(G2385-Inputs!$R$27)","v":-45627.612859350978},{"$f":"Inputs!$R$34*E2385*Inputs!$R$39","v":131690.18664238797},{"$f":"params!$C$16*Inputs!$R$30*(G2385-Inputs!$R$27)","v":-7145.0098481518153},{"$f":"Inputs!$R$41*Inputs!$R$42/8760","v":0},{"$f":"-Inputs!$R$45*Inputs!$R$34","v":-90000},1502.9998347001704,9.3650281064171659E-3,4.682514053208583E-3,{"$f":"-N2385/(1.202*2465560*MAX(0,(Inputs!$R$49-Q2385)))","v":4.808348690729753},{"$f":"params!$C$16*R2385*(G2385-Inputs!$R$27)","v":-46501.439709292325},-57583.875774407155,{"$f":"E2385*params!$C$8","v":466.08749999999998}]
["1991-04-10",4,10,"11:00:00",732,2,13.3,0,40,{"$f":"Inputs!$R$38*Inputs!$R$33*(G2388-Inputs!$R$27)","v":-44488.504632626536},{"$f":"Inputs!$R$34*E2388*Inputs!$R$39","v":428432.07387656887},{"$f":"params!$C$16*Inputs!$R$30*(G2388-Inputs!$R$27)","v":-6966.6323484753475},{"$f":"Inputs!$R$41*Inputs!$R$42/8760","v":0},{"$f":"-Inputs!$R$45*Inputs!$R$34","v":-90000},1522.7575650660701,9.4900147252429956E-3,3.7960058900971981E-3,{"$f":"-N2388/(1.202*2465560*MAX(0,(Inputs!$R$49-Q2388)))","v":4.2165028196364664},{"$f":"params!$C$16*R2388*(G2388-Inputs!$R$27)","v":-39759.681820092563},247217.25507537444,{"$f":"E2388*params!$C$8","v":1516.338}]
["1991-04-10",4,10,"12:00:00",245,10,12.8,-1,38,{"$f":"Inputs!$R$38*Inputs!$R$33*(G2389-Inputs!$R$27)","v":-47336.275199437623},{"$f":"Inputs!$R$34*E2389*Inputs!$R$39","v":143395.98101060026},{"$f":"params!$C$16*Inputs!$R$30*(G2389-Inputs!$R$27)","v":-7412.5760976665151},{"$f":"Inputs!$R$41*Inputs!$R$42/8760","v":0},{"$f":"-Inputs!$R$45*Inputs!$R$34","v":-90000},1473.7857134719666,9.1803113724273511E-3,3.4885183215223937E-3,{"$f":"-N2389/(1.202*2465560*MAX(0,(Inputs!$R$49-Q2389)))","v":4.0438580622251292},{"$f":"params!$C$16*R2389*(G2389-Inputs!$R$27)","v":-40572.585268585171},-41925.455555089065,{"$f":"E2389*params!$C$8","v":507.51749999999998}]
["1991-04-10",4,10,"15:00:00",203,10,8.3000000000000007,0,56,{"$f":"Inputs!$R$38*Inputs!$R$33*(G2392-Inputs!$R$27)","v":-72966.21030073741},{"$f":"Inputs!$R$34*E2392*Inputs!$R$39","v":118813.81283735449},{"$f":"params!$C$16*Inputs!$R$30*(G2392-Inputs!$R$27)","v":-11426.069840387021},{"$f":"Inputs!$R$41*Inputs!$R$42/8760","v":0},{"$f":"-Inputs!$R$45*Inputs!$R$34","v":-90000},1091.6777773743988,6.7742116984131845E-3,3.7935585511113834E-3,{"$f":"-N2392/(1.202*2465560*MAX(0,(Inputs!$R$49-Q2392)))","v":4.2150705364158592},{"$f":"params!$C$16*R2392*(G2392-Inputs!$R$27)","v":-65188.251754783145},-120766.71905855308,{"$f":"E2392*params!$C$8","v":420.5145}]
["1991-04-10",4,10,"19:00:00",8,10,5,-3.8,51,{"$f":"Inputs!$R$38*Inputs!$R$33*(G2396-Inputs!$R$27)","v":-91761.496041690596},{"$f":"Inputs!$R$34*E2396*Inputs!$R$39","v":4682.3177472849056},{"$f":"params!$C$16*Inputs!$R$30*(G2396-Inputs!$R$27)","v":-14369.298585048728},{"$f":"Inputs!$R$41*Inputs!$R$42/8760","v":0},{"$f":"-Inputs!$R$45*Inputs!$R$34","v":-90000},869.91328556198641,5.3861748872103517E-3,2.7469491924772792E-3,{"$f":"-N2396/(1.202*2465560*MAX(0,(Inputs!$R$49-Q2396)))","v":3.6804260523010734},{"$f":"params!$C$16*R2396*(G2396-Inputs!$R$27)","v":-71581.57973961829},-263030.05661907268,{"$f":"E2396*params!$C$8","v":16.571999999999999}]
["1991-04-10",4,10,"22:00:00",0,10,1.7,-3.8,64,{"$f":"Inputs!$R$38*Inputs!$R$33*(G2399-Inputs!$R$27)","v":-110556.78178264378},{"$f":"Inputs!$R$34*E2399*Inputs!$R$39","v":0},{"$f":"params!$C$16*Inputs!$R$30*(G2399-Inputs!$R$27)","v":-17312.527329710432},{"$f":"Inputs!$R$41*Inputs!$R$42/8760","v":0},{"$f":"-Inputs!$R$45*Inputs!$R$34","v":-90000},688.93490744882638,4.2579539784364821E-3,2.7250905461993487E-3,{"$f":"-N2399/(1.202*2465560*MAX(0,(Inputs!$R$49-Q2399)))","v":3.6707019835910648},{"$f":"params!$C$16*R2399*(G2399-Inputs!$R$27)","v":-86015.59773141607},-303884.9068437703,{"$f":"E2399*params!$C$8","v":0}]
["1991-04-11",4,11,"01:00:00",0,9,2.8,-4.3,57,{"$f":"Inputs!$R$38*Inputs!$R$33*(G2402-Inputs!$R$27)","v":-104291.68653565938},{"$f":"Inputs!$R$34*E2402*Inputs!$R$39","v":0},{"$f":"params!$C$16*Inputs!$R$30*(G2402-Inputs!$R$27)","v":-16331.451081489862},{"$f":"Inputs!$R$41*Inputs!$R$42/8760","v":0},{"$f":"-Inputs!$R$45*Inputs!$R$34","v":-90000},745.15756711705887,4.6080118280633067E-3,2.6265667419960847E-3,{"$f":"-N2402/(1.202*2465560*MAX(0,(Inputs!$R$49-Q2402)))","v":3.6275027950938927},{"$f":"params!$C$16*R2402*(G2402-Inputs!$R$27)","v":-80186.294236373738},-290809.43185352301,{"$f":"E2402*params!$C$8","v":0}]
["1991-04-11",4,11,"05:00:00",0,3,0.6,-6,58,{"$f":"Inputs!$R$38*Inputs!$R$33*(G2406-Inputs!$R$27)","v":-116821.87702962816},{"$f":"Inputs!$R$34*E2406*Inputs!$R$39","v":0},{"$f":"params!$C$16*Inputs!$R$30*(G2406-Inputs!$R$27)","v":-18293.603577931},{"$f":"Inputs!$R$41*Inputs!$R$42/8760","v":0},{"$f":"-Inputs!$R$45*Inputs!$R$34","v":-90000},636.50097539783337,3.931838099813293E-3,2.28046609789171E-3,{"$f":"-N2406/(1.202*2465560*MAX(0,(Inputs!$R$49-Q2406)))","v":3.4834896224054215},{"$f":"params!$C$16*R2406*(G2406-Inputs!$R$27)","v":-86254.427692654266},-311369.9083002134,{"$f":"E2406*params!$C$8","v":0}]
["1991-04-11",4,11,"09:00:00",498,0,4.4000000000000004,-7.7,38,{"$f":"Inputs!$R$38*Inputs!$R$33*(G2410-Inputs!$R$27)","v":-95178.820721863885},{"$f":"Inputs!$R$34*E2410*Inputs!$R$39","v":291474.2797684854},{"$f":"params!$C$16*Inputs!$R$30*(G2410-Inputs!$R$27)","v":-14904.431084078125},{"$f":"Inputs!$R$41*Inputs!$R$42/8760","v":0},{"$f":"-Inputs!$R$45*Inputs!$R$34","v":-90000},834.18129245512239,5.1630993453363316E-3,1.9619777512278063E-3,{"$f":"-N2410/(1.202*2465560*MAX(0,(Inputs!$R$49-Q2410)))","v":3.3607126330290633},{"$f":"params!$C$16*R2410*(G2410-Inputs!$R$27)","v":-67797.611644623466},23593.416317919924,{"$f":"E2410*params!$C$8","v":1031.607}]
["1991-04-11",4,11,"10:00:00",672,0,6.1,-8.8000000000000007,31,{"$f":"Inputs!$R$38*Inputs!$R$33*(G2411-Inputs!$R$27)","v":-85496.400794706205},{"$f":"Inputs!$R$34*E2411*Inputs!$R$39","v":393314.69077193213},{"$f":"params!$C$16*Inputs!$R$30*(G2411-Inputs!$R$27)","v":-13388.222336828159},{"$f":"Inputs!$R$41*Inputs!$R$42/8760","v":0},{"$f":"-Inputs!$R$45*Inputs!$R$34","v":-90000},938.94793828269269,5.817609385555097E-3,1.8034589095220802E-3,{"$f":"-N2411/(1.202*2465560*MAX(0,(Inputs!$R$49-Q2411)))","v":3.3027739455513192},{"$f":"params!$C$16*R2411*(G2411-Inputs!$R$27)","v":-59850.719974560641},144579.34766583712,{"$f":"E2411*params!$C$8","v":1392.048}]
["1991-04-11",4,11,"13:00:00",787,3,7.8,-8.8000000000000007,27,{"$f":"Inputs!$R$38*Inputs!$R$33*(G2414-Inputs!$R$27)","v":-75813.980867548496},{"$f":"Inputs!$R$34*E2414*Inputs!$R$39","v":460623.00838915264},{"$f":"params!$C$16*Inputs!$R$30*(G2414-Inputs!$R$27)","v":-11872.01358957819},{"$f":"Inputs!$R$41*Inputs!$R$42/8760","v":0},{"$f":"-Inputs!$R$45*Inputs!$R$34","v":-90000},1055.1653507694125,6.5452560799310663E-3,1.7672191415813879E-3,{"$f":"-N2414/(1.202*2465560*MAX(0,(Inputs!$R$49-Q2414)))","v":3.2898077576120492},{"$f":"params!$C$16*R2414*(G2414-Inputs!$R$27)","v":-52864.303979226446},230072.70995279949,{"$f":"E2414*params!$C$8","v":1630.2704999999999}]
["1991-04-11",4,11,"16:00:00",553,0,8.9,-11.6,20,{"$f":"Inputs!$R$38*Inputs!$R$33*(G2417-Inputs!$R$27)","v":-69548.885620564106},{"$f":"Inputs!$R$34*E2417*Inputs!$R$39","v":323665.21428106911},{"$f":"params!$C$16*Inputs!$R$30*(G2417-Inputs!$R$27)","v":-10890.937341357621},{"$f":"Inputs!$R$41*Inputs!$R$42/8760","v":0},{"$f":"-Inputs!$R$45*Inputs!$R$34","v":-90000},1136.9596585041099,7.0583890650618127E-3,1.4116778130123626E-3,{"$f":"-N2417/(1.202*2465560*MAX(0,(Inputs!$R$49-Q2417)))","v":3.167797712946903},{"$f":"params!$C$16*R2417*(G2417-Inputs!$R$27)","v":-46697.143312547814},106528.24800659958,{"$f":"E2417*params!$C$8","v":1145.5394999999999}]
["1991-04-11",4,11,"20:00:00",0,0,3.9,-10.5,31,{"$f":"Inputs!$R$38*Inputs!$R$33*(G2421-Inputs!$R$27)","v":-98026.591288675001},{"$f":"Inputs!$R$34*E2421*Inputs!$R$39","v":0},{"$f":"params!$C$16*Inputs!$R$30*(G2421-Inputs!$R$27)","v":-15350.374833269296},{"$f":"Inputs!$R$41*Inputs!$R$42/8760","v":0},{"$f":"-Inputs!$R$45*Inputs!$R$34","v":-90000},805.40210224974328,4.9835455974153575E-3,1.544899135198761E-3,{"$f":"-N2421/(1.202*2465560*MAX(0,(Inputs!$R$49-Q2421)))","v":3.2124397189299643},{"$f":"params!$C$16*R2421*(G2421-Inputs!$R$27)","v":-66745.437615341085},-270122.40373728541,{"$f":"E2421*params!$C$8","v":0}]
["1991-04-11",4,11,"23:00:00",0,0,2.2000000000000002,-9.3000000000000007,39,{"$f":"Inputs!$R$38*Inputs!$R$33*(G2424-Inputs!$R$27)","v":-107709.0112158327},{"$f":"Inputs!$R$34*E2424*Inputs!$R$39","v":0},{"$f":"params!$C$16*Inputs!$R$30*(G2424-Inputs!$R$27)","v":-16866.583580519266},{"$f":"Inputs!$R$41*Inputs!$R$42/8760","v":0},{"$f":"-Inputs!$R$45*Inputs!$R$34","v":-90000},714.00723647805364,4.4140129099852635E-3,1.7214650348942528E-3,{"$f":"-N2424/(1.202*2465560*MAX(0,(Inputs!$R$49-Q2424)))","v":3.2735821347728251},{"$f":"params!$C$16*R2424*(G2424-Inputs!$R$27)","v":-74733.957003926931},-289309.55180027889,{"$f":"E2424*params!$C$8","v":0}]
["1991-04-12",4,12,"02:00:00",0,0,1.1000000000000001,-6.6,53,{"$f":"Inputs!$R$38*Inputs!$R$33*(G2427-Inputs!$R$27)","v":-113974.10646281707},{"$f":"Inputs!$R$34*E2427*Inputs!$R$39","v":0},{"$f":"params!$C$16*Inputs!$R$30*(G2427-Inputs!$R$27)","v":-17847.65982873983},{"$f":"Inputs!$R$41*Inputs!$R$42/8760","v":0},{"$f":"-Inputs!$R$45*Inputs!$R$34","v":-90000},659.87933273383078,4.077199179350414E-3,2.1609155650557195E-3,{"$f":"-N2427/(1.202*2465560*MAX(0,(Inputs!$R$49-Q2427)))","v":3.4363655379060871},{"$f":"params!$C$16*R2427*(G2427-Inputs!$R$27)","v":-83013.408840827527},-304835.17513238441,{"$f":"E2427*params!$C$8","v":0}]
["1991-04-12",4,12,"06:00:00",5,0,-0.5,-6.6,60,{"$f":"Inputs!$R$38*Inputs!$R$33*(G2431-Inputs!$R$27)","v":-123086.97227661256},{"$f":"Inputs!$R$34*E2431*Inputs!$R$39","v":2926.4485920530665},{"$f":"params!$C$16*Inputs!$R$30*(G2431-Inputs!$R$27)","v":-19274.679826151569},{"$f":"Inputs!$R$41*Inputs!$R$42/8760","v":0},{"$f":"-Inputs!$R$45*Inputs!$R$34","v":-90000},587.63383249384253,3.6282117057415651E-3,2.1769270234449391E-3,{"$f":"-N2431/(1.202*2465560*MAX(0,(Inputs!$R$49-Q2431)))","v":3.4426028101261021},{"$f":"params!$C$16*R2431*(G2431-Inputs!$R$27)","v":-89813.517315009303},-319248.72082572035,{"$f":"E2431*params!$C$8","v":10.3575}]
["1991-04-12",{"$f":"MONTH(A2435)","v":4},{"$f":"DAY(A2435)","v":12},"10:00:00",679,0,4.4000000000000004,-8.8000000000000007,35,{"$f":"Inputs!$R$38*Inputs!$R$33*(G2435-Inputs!$R$27)","v":-95178.820721863885},{"$f":"Inputs!$R$34*E2435*Inputs!$R$39","v":397411.71880080638},{"$f":"params!$C$16*Inputs!$R$30*(G2435-Inputs!$R$27)","v":-14904.431084078125},{"$f":"Inputs!$R$41*Inputs!$R$42/8760","v":0},{"$f":"-Inputs!$R$45*Inputs!$R$34","v":-90000},{"$f":"EXP(77.345+0.0057*(G2435+273.15)-7235/(G2435+273.15))/(G2435+273.15)^8.2","v":834.18129245512239},{"$f":"0.62198*O2435/(101325-O2435)","v":5.1630993453363316E-3},{"$f":"P2435*I2435/100","v":1.807084770867716E-3},{"$f":"-N2435/(1.202*2465560*MAX(0,(Inputs!$R$49-Q2435)))","v":3.3040768654547463},{"$f":"params!$C$16*R2435*(G2435-Inputs!$R$27)","v":-66655.065347310971},{"$f":"J2435+K2435+L2435+M2435+N2435+S2435","v":130673.40164755343},{"$f":"E2435*params!$C$8","v":1406.5484999999999}]
["1991-04-12",4,12,"11:00:00",806,0,5.6,-10.5,27,{"$f":"Inputs!$R$38*Inputs!$R$33*(G2436-Inputs!$R$27)","v":-88344.171361517292},{"$f":"Inputs!$R$34*E2436*Inputs!$R$39","v":471743.51303895423},{"$f":"params!$C$16*Inputs!$R$30*(G2436-Inputs!$R$27)","v":-13834.166086019326},{"$f":"Inputs!$R$41*Inputs!$R$42/8760","v":0},{"$f":"-Inputs!$R$45*Inputs!$R$34","v":-90000},906.99088692947566,5.6178189234680556E-3,1.5168111093363751E-3,{"$f":"-N2436/(1.202*2465560*MAX(0,(Inputs!$R$49-Q2436)))","v":3.2029231531024669},{"$f":"params!$C$16*R2436*(G2436-Inputs!$R$27)","v":-59974.56646979681},219590.60912162083,{"$f":"E2436*params!$C$8","v":1669.6289999999999}]
["1991-04-12",4,12,"14:00:00",801,3,8.9,-10.5,22,{"$f":"Inputs!$R$38*Inputs!$R$33*(G2439-Inputs!$R$27)","v":-69548.885620564106},{"$f":"Inputs!$R$34*E2439*Inputs!$R$39","v":468817.0644469012},{"$f":"params!$C$16*Inputs!$R$30*(G2439-Inputs!$R$27)","v":-10890.937341357621},{"$f":"Inputs!$R$41*Inputs!$R$42/8760","v":0},{"$f":"-Inputs!$R$45*Inputs!$R$34","v":-90000},1136.9596585041099,7.0583890650618127E-3,1.5528455943135987E-3,{"$f":"-N2439/(1.202*2465560*MAX(0,(Inputs!$R$49-Q2439)))","v":3.2151423476013803},{"$f":"params!$C$16*R2439*(G2439-Inputs!$R$27)","v":-47395.060095713758},250982.18138926569,{"$f":"E2439*params!$C$8","v":1659.2714999999998}]
["1991-04-12",4,12,"17:00:00",128,10,8.3000000000000007,-9.9,24,{"$f":"Inputs!$R$38*Inputs!$R$33*(G2442-Inputs!$R$27)","v":-72966.21030073741},{"$f":"Inputs!$R$34*E2442*Inputs!$R$39","v":74917.08395655849},{"$f":"params!$C$16*Inputs!$R$30*(G2442-Inputs!$R$27)","v":-11426.069840387021},{"$f":"Inputs!$R$41*Inputs!$R$42/8760","v":0},{"$f":"-Inputs!$R$45*Inputs!$R$34","v":-90000},1091.6777773743988,6.7742116984131845E-3,1.6258108076191644E-3,{"$f":"-N2442/(1.202*2465560*MAX(0,(Inputs!$R$49-Q2442)))","v":3.2401723974193923},{"$f":"params!$C$16*R2442*(G2442-Inputs!$R$27)","v":-50110.946459149716},-149586.14264371566,{"$f":"E2442*params!$C$8","v":265.15199999999999}]
["1991-04-12",4,12,"21:00:00",0,10,2.8,-7.7,43,{"$f":"Inputs!$R$38*Inputs!$R$33*(G2446-Inputs!$R$27)","v":-104291.68653565938},{"$f":"Inputs!$R$34*E2446*Inputs!$R$39","v":0},{"$f":"params!$C$16*Inputs!$R$30*(G2446-Inputs!$R$27)","v":-16331.451081489862},{"$f":"Inputs!$R$41*Inputs!$R$42/8760","v":0},{"$f":"-Inputs!$R$45*Inputs!$R$34","v":-90000},745.15756711705887,4.6080118280633067E-3,1.981445086067222E-3,{"$f":"-N2446/(1.202*2465560*MAX(0,(Inputs!$R$49-Q2446)))","v":3.3679684015571807},{"$f":"params!$C$16*R2446*(G2446-Inputs!$R$27)","v":-74449.261787290554},-285072.39940443978,{"$f":"E2446*params!$C$8","v":0}]
["1991-04-12",4,12,1,0,10,1.1000000000000001,-4.9000000000000004,61,{"$f":"Inputs!$R$38*Inputs!$R$33*(G2449-Inputs!$R$27)","v":-113974.10646281707},{"$f":"Inputs!$R$34*E2449*Inputs!$R$39","v":0},{"$f":"params!$C$16*Inputs!$R$30*(G2449-Inputs!$R$27)","v":-17847.65982873983},{"$f":"Inputs!$R$41*Inputs!$R$42/8760","v":0},{"$f":"-Inputs!$R$45*Inputs!$R$34","v":-90000},659.87933273383078,4.077199179350414E-3,2.4870914994037526E-3,{"$f":"-N2449/(1.202*2465560*MAX(0,(Inputs!$R$49-Q2449)))","v":3.5680579345575056},{"$f":"params!$C$16*R2449*(G2449-Inputs!$R$27)","v":-86194.745239374359},-308016.51153093128,{"$f":"E2449*params!$C$8","v":0}]
["1991-04-13",4,13,"04:00:00",0,10,3.9,-7.1,42,{"$f":"Inputs!$R$38*Inputs!$R$33*(G2453-Inputs!$R$27)","v":-98026.591288675001},{"$f":"Inputs!$R$34*E2453*Inputs!$R$39","v":0},{"$f":"params!$C$16*Inputs!$R$30*(G2453-Inputs!$R$27)","v":-15350.374833269296},{"$f":"Inputs!$R$41*Inputs!$R$42/8760","v":0},{"$f":"-Inputs!$R$45*Inputs!$R$34","v":-90000},805.40210224974328,4.9835455974153575E-3,2.09308915091445E-3,{"$f":"-N2453/(1.202*2465560*MAX(0,(Inputs!$R$49-Q2453)))","v":3.4101924696797066},{"$f":"params!$C$16*R2453*(G2453-Inputs!$R$27)","v":-70854.182072287833},-274231.14819423214,{"$f":"E2453*params!$C$8","v":0}]
["1991-04-13",4,13,"07:00:00",37,10,5.6,-7.7,35,{"$f":"Inputs!$R$38*Inputs!$R$33*(G2456-Inputs!$R$27)","v":-88344.171361517292},{"$f":"Inputs!$R$34*E2456*Inputs!$R$39","v":21655.71958119269},{"$f":"params!$C$16*Inputs!$R$30*(G2456-Inputs!$R$27)","v":-13834.166086019326},{"$f":"Inputs!$R$41*Inputs!$R$42/8760","v":0},{"$f":"-Inputs!$R$45*Inputs!$R$34","v":-90000},906.99088692947566,5.6178189234680556E-3,1.9662366232138196E-3,{"$f":"-N2456/(1.202*2465560*MAX(0,(Inputs!$R$49-Q2456)))","v":3.3622973058567842},{"$f":"params!$C$16*R2456*(G2456-Inputs!$R$27)","v":-62958.839042391242},-233481.45690873518,{"$f":"E2456*params!$C$8","v":76.645499999999998}]
["1991-04-13",4,13,"11:00:00",223,10,10.6,-1,44,{"$f":"Inputs!$R$38*Inputs!$R$33*(G2460-Inputs!$R$27)","v":-59866.465693406419},{"$f":"Inputs!$R$34*E2460*Inputs!$R$39","v":130519.60720556675},{"$f":"params!$C$16*Inputs!$R$30*(G2460-Inputs!$R$27)","v":-9374.7285941076516},{"$f":"Inputs!$R$41*Inputs!$R$42/8760","v":0},{"$f":"-Inputs!$R$45*Inputs!$R$34","v":-90000},1274.3740285685947,7.922340820890262E-3,3.4858299611917154E-3,{"$f":"-N2460/(1.202*2465560*MAX(0,(Inputs!$R$49-Q2460)))","v":4.0424109527810961},{"$f":"params!$C$16*R2460*(G2460-Inputs!$R$27)","v":-51294.024925408587},-80015.6120073559,{"$f":"E2460*params!$C$8","v":461.94450000000001}]
["1991-04-13",4,13,"12:00:00",243,10,11.7,-1,41,{"$f":"Inputs!$R$38*Inputs!$R$33*(G2461-Inputs!$R$27)","v":-53601.370446422028},{"$f":"Inputs!$R$34*E2461*Inputs!$R$39","v":142225.401573779},{"$f":"params!$C$16*Inputs!$R$30*(G2461-Inputs!$R$27)","v":-8393.6523458870852},{"$f":"Inputs!$R$41*Inputs!$R$42/8760","v":0},{"$f":"-Inputs!$R$45*Inputs!$R$34","v":-90000},1370.8930463882082,8.5305955200846006E-3,3.4975441632346862E-3,{"$f":"-N2461/(1.202*2465560*MAX(0,(Inputs!$R$49-Q2461)))","v":4.0487241432707215},{"$f":"params!$C$16*R2461*(G2461-Inputs!$R$27)","v":-45997.770065267199},-55767.391283797297,{"$f":"E2461*params!$C$8","v":503.37449999999995}]
["1991-04-13",4,13,"15:00:00",199,10,6.7,-1,57,{"$f":"Inputs!$R$38*Inputs!$R$33*(G2464-Inputs!$R$27)","v":-82079.076114532902},{"$f":"Inputs!$R$34*E2464*Inputs!$R$39","v":116472.65396371203},{"$f":"params!$C$16*Inputs!$R$30*(G2464-Inputs!$R$27)","v":-12853.089837798758},{"$f":"Inputs!$R$41*Inputs!$R$42/8760","v":0},{"$f":"-Inputs!$R$45*Inputs!$R$34","v":-90000},978.60557903106951,6.0657196659430037E-3,3.4574602095875121E-3,{"$f":"-N2464/(1.202*2465560*MAX(0,(Inputs!$R$49-Q2464)))","v":4.0272027803778974},{"$f":"params!$C$16*R2464*(G2464-Inputs!$R$27)","v":-70061.374662932256},-138520.88665155187,{"$f":"E2464*params!$C$8","v":412.2285}]
["1991-04-13",4,13,"18:00:00",37,10,4.4000000000000004,-0.5,70,{"$f":"Inputs!$R$38*Inputs!$R$33*(G2467-Inputs!$R$27)","v":-95178.820721863885},{"$f":"Inputs!$R$34*E2467*Inputs!$R$39","v":21655.71958119269},{"$f":"params!$C$16*Inputs!$R$30*(G2467-Inputs!$R$27)","v":-14904.431084078125},{"$f":"Inputs!$R$41*Inputs!$R$42/8760","v":0},{"$f":"-Inputs!$R$45*Inputs!$R$34","v":-90000},834.18129245512239,5.1630993453363316E-3,3.6141695417354321E-3,{"$f":"-N2467/(1.202*2465560*MAX(0,(Inputs!$R$49-Q2467)))","v":4.1126700359640838},{"$f":"params!$C$16*R2467*(G2467-Inputs!$R$27)","v":-82967.285920385111},-261394.81814513443,{"$f":"E2467*params!$C$8","v":76.645499999999998}]
["1991-04-13",4,13,"22:00:00",0,10,3.9,1.7,86,{"$f":"Inputs!$R$38*Inputs!$R$33*(G2471-Inputs!$R$27)","v":-98026.591288675001},{"$f":"Inputs!$R$34*E2471*Inputs!$R$39","v":0},{"$f":"params!$C$16*Inputs!$R$30*(G2471-Inputs!$R$27)","v":-15350.374833269296},{"$f":"Inputs!$R$41*Inputs!$R$42/8760","v":0},{"$f":"-Inputs!$R$45*Inputs!$R$34","v":-90000},805.40210224974328,4.9835455974153575E-3,4.2858492137772073E-3,{"$f":"-N2471/(1.202*2465560*MAX(0,(Inputs!$R$49-Q2471)))","v":4.5242041059147784},{"$f":"params!$C$16*R2471*(G2471-Inputs!$R$27)","v":-94000.202130170524},-297377.16825211485,{"$f":"E2471*params!$C$8","v":0}]
["1991-04-14",4,14,"01:00:00",0,10,3.9,1.1000000000000001,82,{"$f":"Inputs!$R$38*Inputs!$R$33*(G2474-Inputs!$R$27)","v":-98026.591288675001},{"$f":"Inputs!$R$34*E2474*Inputs!$R$39","v":0},{"$f":"params!$C$16*Inputs!$R$30*(G2474-Inputs!$R$27)","v":-15350.374833269296},{"$f":"Inputs!$R$41*Inputs!$R$42/8760","v":0},{"$f":"-Inputs!$R$45*Inputs!$R$34","v":-90000},805.40210224974328,4.9835455974153575E-3,4.0865073898805927E-3,{"$f":"-N2474/(1.202*2465560*MAX(0,(Inputs!$R$49-Q2474)))","v":4.3937220675921154},{"$f":"params!$C$16*R2474*(G2474-Inputs!$R$27)","v":-91289.153360144497},-294666.11948208883,{"$f":"E2474*params!$C$8","v":0}]
["1991-04-14",4,14,"05:00:00",0,10,3.3,0,79,{"$f":"Inputs!$R$38*Inputs!$R$33*(G2478-Inputs!$R$27)","v":-101443.91596884829},{"$f":"Inputs!$R$34*E2478*Inputs!$R$39","v":0},{"$f":"params!$C$16*Inputs!$R$30*(G2478-Inputs!$R$27)","v":-15885.507332298695},{"$f":"Inputs!$R$41*Inputs!$R$42/8760","v":0},{"$f":"-Inputs!$R$45*Inputs!$R$34","v":-90000},772.02842975916951,4.7754555160627581E-3,3.7726098576895788E-3,{"$f":"-N2478/(1.202*2465560*MAX(0,(Inputs!$R$49-Q2478)))","v":4.2028501980171162},{"$f":"params!$C$16*R2478*(G2478-Inputs!$R$27)","v":-90367.57188910796},-297696.99519025499,{"$f":"E2478*params!$C$8","v":0}]
["1991-04-14",4,14,"08:00:00",95,10,3.9,0,76,{"$f":"Inputs!$R$38*Inputs!$R$33*(G2481-Inputs!$R$27)","v":-98026.591288675001},{"$f":"Inputs!$R$34*E2481*Inputs!$R$39","v":55602.523249008256},{"$f":"params!$C$16*Inputs!$R$30*(G2481-Inputs!$R$27)","v":-15350.374833269296},{"$f":"Inputs!$R$41*Inputs!$R$42/8760","v":0},{"$f":"-Inputs!$R$45*Inputs!$R$34","v":-90000},805.40210224974328,4.9835455974153575E-3,3.7874946540356717E-3,{"$f":"-N2481/(1.202*2465560*MAX(0,(Inputs!$R$49-Q2481)))","v":4.2115258838305047},{"$f":"params!$C$16*R2481*(G2481-Inputs!$R$27)","v":-87503.630492476659},-235278.07336541268,{"$f":"E2481*params!$C$8","v":196.79249999999999}]
["1991-04-14",4,14,"12:00:00",251,10,10,1.7,56,{"$f":"Inputs!$R$38*Inputs!$R$33*(G2485-Inputs!$R$27)","v":-63283.790373579723},{"$f":"Inputs!$R$34*E2485*Inputs!$R$39","v":146907.71932106392},{"$f":"params!$C$16*Inputs!$R$30*(G2485-Inputs!$R$27)","v":-9909.8610931370531},{"$f":"Inputs!$R$41*Inputs!$R$42/8760","v":0},{"$f":"-Inputs!$R$45*Inputs!$R$34","v":-90000},1224.2915728566036,7.6071876458255446E-3,4.2600250816623051E-3,{"$f":"-N2485/(1.202*2465560*MAX(0,(Inputs!$R$49-Q2485)))","v":4.5068652661457778},{"$f":"params!$C$16*R2485*(G2485-Inputs!$R$27)","v":-60451.872136141254},-76737.804281794088,{"$f":"E2485*params!$C$8","v":519.94650000000001}]
["1991-04-14",4,14,"13:00:00",651,9,11.7,1.7,50,{"$f":"Inputs!$R$38*Inputs!$R$33*(G2486-Inputs!$R$27)","v":-53601.370446422028},{"$f":"Inputs!$R$34*E2486*Inputs!$R$39","v":381023.60668530926},{"$f":"params!$C$16*Inputs!$R$30*(G2486-Inputs!$R$27)","v":-8393.6523458870852},{"$f":"Inputs!$R$41*Inputs!$R$42/8760","v":0},{"$f":"-Inputs!$R$45*Inputs!$R$34","v":-90000},1370.8930463882082,8.5305955200846006E-3,4.2652977600423003E-3,{"$f":"-N2486/(1.202*2465560*MAX(0,(Inputs!$R$49-Q2486)))","v":4.5103946421830878},{"$f":"params!$C$16*R2486*(G2486-Inputs!$R$27)","v":-51242.833127956641},177785.75076504351,{"$f":"E2486*params!$C$8","v":1348.5464999999999}]
["1991-04-14",4,14,"16:00:00",166,10,13.3,1.7,45,{"$f":"Inputs!$R$38*Inputs!$R$33*(G2489-Inputs!$R$27)","v":-44488.504632626536},{"$f":"Inputs!$R$34*E2489*Inputs!$R$39","v":97158.093256161796},{"$f":"params!$C$16*Inputs!$R$30*(G2489-Inputs!$R$27)","v":-6966.6323484753475},{"$f":"Inputs!$R$41*Inputs!$R$42/8760","v":0},{"$f":"-Inputs!$R$45*Inputs!$R$34","v":-90000},1522.7575650660701,9.4900147252429956E-3,4.2705066263593484E-3,{"$f":"-N2489/(1.202*2465560*MAX(0,(Inputs!$R$49-Q2489)))","v":4.5138867363445883},{"$f":"params!$C$16*R2489*(G2489-Inputs!$R$27)","v":-42563.875345509739},-86860.919070449832,{"$f":"E2489*params!$C$8","v":343.86899999999997}]
["1991-04-14",4,14,"19:00:00",10,10,7.2,5,86,{"$f":"Inputs!$R$38*Inputs!$R$33*(G2492-Inputs!$R$27)","v":-79231.305547721815},{"$f":"Inputs!$R$34*E2492*Inputs!$R$39","v":5852.897184106133},{"$f":"params!$C$16*Inputs!$R$30*(G2492-Inputs!$R$27)","v":-12407.146088607591},{"$f":"Inputs!$R$41*Inputs!$R$42/8760","v":0},{"$f":"-Inputs!$R$45*Inputs!$R$34","v":-90000},1012.7753618292717,6.2796535698688054E-3,5.4005020700871728E-3,{"$f":"-N2492/(1.202*2465560*MAX(0,(Inputs!$R$49-Q2492)))","v":5.4250813367484705},{"$f":"params!$C$16*R2492*(G2492-Inputs!$R$27)","v":-91105.744796170125},-266891.29924839339,{"$f":"E2492*params!$C$8","v":20.715}]
["1991-04-14",4,14,"23:00:00",0,10,6.1,2.2000000000000002,76,{"$f":"Inputs!$R$38*Inputs!$R$33*(G2496-Inputs!$R$27)","v":-85496.400794706205},{"$f":"Inputs!$R$34*E2496*Inputs!$R$39","v":0},{"$f":"params!$C$16*Inputs!$R$30*(G2496-Inputs!$R$27)","v":-13388.222336828159},{"$f":"Inputs!$R$41*Inputs!$R$42/8760","v":0},{"$f":"-Inputs!$R$45*Inputs!$R$34","v":-90000},938.94793828269269,5.817609385555097E-3,4.421383133021874E-3,{"$f":"-N2496/(1.202*2465560*MAX(0,(Inputs!$R$49-Q2496)))","v":4.6174368978055851},{"$f":"params!$C$16*R2496*(G2496-Inputs!$R$27)","v":-83674.18640413032},-272558.80953566468,{"$f":"E2496*params!$C$8","v":0}]
["1991-04-15",{"$f":"MONTH(A2499)","v":4},{"$f":"DAY(A2499)","v":15},"02:00:00",0,10,6.1,3.3,82,{"$f":"Inputs!$R$38*Inputs!$R$33*(G2499-Inputs!$R$27)","v":-85496.400794706205},{"$f":"Inputs!$R$34*E2499*Inputs!$R$39","v":0},{"$f":"params!$C$16*Inputs!$R$30*(G2499-Inputs!$R$27)","v":-13388.222336828159},{"$f":"Inputs!$R$41*Inputs!$R$42/8760","v":0},{"$f":"-Inputs!$R$45*Inputs!$R$34","v":-90000},{"$f":"EXP(77.345+0.0057*(G2499+273.15)-7235/(G2499+273.15))/(G2499+273.15)^8.2","v":938.94793828269269},{"$f":"0.62198*O2499/(101325-O2499)","v":5.817609385555097E-3},{"$f":"P2499*I2499/100","v":4.77043969615518E-3},{"$f":"-N2499/(1.202*2465560*MAX(0,(Inputs!$R$49-Q2499)))","v":4.8762336478100821},{"$f":"params!$C$16*R2499*(G2499-Inputs!$R$27)","v":-88363.932681107181},{"$f":"J2499+K2499+L2499+M2499+N2499+S2499","v":-277248.55581264157},{"$f":"E2499*params!$C$8","v":0}]
["1991-04-15",4,15,"05:00:00",0,10,6.1,3.9,86,{"$f":"Inputs!$R$38*Inputs!$R$33*(G2502-Inputs!$R$27)","v":-85496.400794706205},{"$f":"Inputs!$R$34*E2502*Inputs!$R$39","v":0},{"$f":"params!$C$16*Inputs!$R$30*(G2502-Inputs!$R$27)","v":-13388.222336828159},{"$f":"Inputs!$R$41*Inputs!$R$42/8760","v":0},{"$f":"-Inputs!$R$45*Inputs!$R$34","v":-90000},938.94793828269269,5.817609385555097E-3,5.0031440715773831E-3,{"$f":"-N2502/(1.202*2465560*MAX(0,(Inputs!$R$49-Q2502)))","v":5.0655070162681231},{"$f":"params!$C$16*R2502*(G2502-Inputs!$R$27)","v":-91793.821483967142},-280678.4446155015,{"$f":"E2502*params!$C$8","v":0}]
["1991-04-15",4,15,"10:00:00",167,10,7.8,5.6,86,{"$f":"Inputs!$R$38*Inputs!$R$33*(G2507-Inputs!$R$27)","v":-75813.980867548496},{"$f":"Inputs!$R$34*E2507*Inputs!$R$39","v":97743.382974572407},{"$f":"params!$C$16*Inputs!$R$30*(G2507-Inputs!$R$27)","v":-11872.01358957819},{"$f":"Inputs!$R$41*Inputs!$R$42/8760","v":0},{"$f":"-Inputs!$R$45*Inputs!$R$34","v":-90000},1055.1653507694125,6.5452560799310663E-3,5.6289202287407173E-3,{"$f":"-N2507/(1.202*2465560*MAX(0,(Inputs!$R$49-Q2507)))","v":5.6558696459348559},{"$f":"params!$C$16*R2507*(G2507-Inputs!$R$27)","v":-90884.828007885968},-170827.43949044024,{"$f":"E2507*params!$C$8","v":345.94049999999999}]
["1991-04-15",4,15,"13:00:00",212,10,8.3000000000000007,6.1,86,{"$f":"Inputs!$R$38*Inputs!$R$33*(G2510-Inputs!$R$27)","v":-72966.21030073741},{"$f":"Inputs!$R$34*E2510*Inputs!$R$39","v":124081.42030305001},{"$f":"params!$C$16*Inputs!$R$30*(G2510-Inputs!$R$27)","v":-11426.069840387021},{"$f":"Inputs!$R$41*Inputs!$R$42/8760","v":0},{"$f":"-Inputs!$R$45*Inputs!$R$34","v":-90000},1091.6777773743988,6.7742116984131845E-3,5.8258220606353384E-3,{"$f":"-N2510/(1.202*2465560*MAX(0,(Inputs!$R$49-Q2510)))","v":5.8711733931976857},{"$f":"params!$C$16*R2510*(G2510-Inputs!$R$27)","v":-90800.741279456197},-141111.6011175306,{"$f":"E2510*params!$C$8","v":439.15799999999996}]
["1991-04-15",4,15,"14:00:00",239,10,9.4,6.1,80,{"$f":"Inputs!$R$38*Inputs!$R$33*(G2511-Inputs!$R$27)","v":-66701.115053753019},{"$f":"Inputs!$R$34*E2511*Inputs!$R$39","v":139884.24270013659},{"$f":"params!$C$16*Inputs!$R$30*(G2511-Inputs!$R$27)","v":-10444.993592166453},{"$f":"Inputs!$R$41*Inputs!$R$42/8760","v":0},{"$f":"-Inputs!$R$45*Inputs!$R$34","v":-90000},1175.9507731568485,7.3032931169560531E-3,5.842634493564842E-3,{"$f":"-N2511/(1.202*2465560*MAX(0,(Inputs!$R$49-Q2511)))","v":5.8903191187599537},{"$f":"params!$C$16*R2511*(G2511-Inputs!$R$27)","v":-83274.994975067428},-110536.8609208503,{"$f":"E2511*params!$C$8","v":495.08849999999995}]
["1991-04-15",4,15,"17:00:00",111,10,11.7,7.8,77,{"$f":"Inputs!$R$38*Inputs!$R$33*(G2514-Inputs!$R$27)","v":-53601.370446422028},{"$f":"Inputs!$R$34*E2514*Inputs!$R$39","v":64967.158743578068},{"$f":"params!$C$16*Inputs!$R$30*(G2514-Inputs!$R$27)","v":-8393.6523458870852},{"$f":"Inputs!$R$41*Inputs!$R$42/8760","v":0},{"$f":"-Inputs!$R$45*Inputs!$R$34","v":-90000},1370.8930463882082,8.5305955200846006E-3,6.5685585504651426E-3,{"$f":"-N2514/(1.202*2465560*MAX(0,(Inputs!$R$49-Q2514)))","v":6.8555982219965346},{"$f":"params!$C$16*R2514*(G2514-Inputs!$R$27)","v":-77886.815578525711},-164914.67962725676,{"$f":"E2514*params!$C$8","v":229.9365}]
["1991-04-15",4,15,"21:00:00",0,3,9.4,7.2,86,{"$f":"Inputs!$R$38*Inputs!$R$33*(G2518-Inputs!$R$27)","v":-66701.115053753019},{"$f":"Inputs!$R$34*E2518*Inputs!$R$39","v":0},{"$f":"params!$C$16*Inputs!$R$30*(G2518-Inputs!$R$27)","v":-10444.993592166453},{"$f":"Inputs!$R$41*Inputs!$R$42/8760","v":0},{"$f":"-Inputs!$R$45*Inputs!$R$34","v":-90000},1175.9507731568485,7.3032931169560531E-3,6.2808320805822059E-3,{"$f":"-N2518/(1.202*2465560*MAX(0,(Inputs!$R$49-Q2518)))","v":6.4374623650112071},{"$f":"params!$C$16*R2518*(G2518-Inputs!$R$27)","v":-91010.289135463841},-258156.3977813833,{"$f":"E2518*params!$C$8","v":0}]
["1991-04-15",4,15,1,0,0,3.9,2.8,93,{"$f":"Inputs!$R$38*Inputs!$R$33*(G2521-Inputs!$R$27)","v":-98026.591288675001},{"$f":"Inputs!$R$34*E2521*Inputs!$R$39","v":0},{"$f":"params!$C$16*Inputs!$R$30*(G2521-Inputs!$R$27)","v":-15350.374833269296},{"$f":"Inputs!$R$41*Inputs!$R$42/8760","v":0},{"$f":"-Inputs!$R$45*Inputs!$R$34","v":-90000},805.40210224974328,4.9835455974153575E-3,4.6346974055962824E-3,{"$f":"-N2521/(1.202*2465560*MAX(0,(Inputs!$R$49-Q2521)))","v":4.7722182788266387},{"$f":"params!$C$16*R2521*(G2521-Inputs!$R$27)","v":-99153.237192046465},-302530.20331399079,{"$f":"E2521*params!$C$8","v":0}]
["1991-04-16",4,16,"03:00:00",0,0,2.2000000000000002,1.7,96,{"$f":"Inputs!$R$38*Inputs!$R$33*(G2524-Inputs!$R$27)","v":-107709.0112158327},{"$f":"Inputs!$R$34*E2524*Inputs!$R$39","v":0},{"$f":"params!$C$16*Inputs!$R$30*(G2524-Inputs!$R$27)","v":-16866.583580519266},{"$f":"Inputs!$R$41*Inputs!$R$42/8760","v":0},{"$f":"-Inputs!$R$45*Inputs!$R$34","v":-90000},714.00723647805364,4.4140129099852635E-3,4.2374523935858532E-3,{"$f":"-N2524/(1.202*2465560*MAX(0,(Inputs!$R$49-Q2524)))","v":4.4918180021518967},{"$f":"params!$C$16*R2524*(G2524-Inputs!$R$27)","v":-102545.56617855582},-317121.16097490781,{"$f":"E2524*params!$C$8","v":0}]
["1991-04-16",4,16,"06:00:00",5,10,4.4000000000000004,3.3,93,{"$f":"Inputs!$R$38*Inputs!$R$33*(G2527-Inputs!$R$27)","v":-95178.820721863885},{"$f":"Inputs!$R$34*E2527*Inputs!$R$39","v":2926.4485920530665},{"$f":"params!$C$16*Inputs!$R$30*(G2527-Inputs!$R$27)","v":-14904.431084078125},{"$f":"Inputs!$R$41*Inputs!$R$42/8760","v":0},{"$f":"-Inputs!$R$45*Inputs!$R$34","v":-90000},834.18129245512239,5.1630993453363316E-3,4.8016823911627877E-3,{"$f":"-N2527/(1.202*2465560*MAX(0,(Inputs!$R$49-Q2527)))","v":4.9008191569873354},{"$f":"params!$C$16*R2527*(G2527-Inputs!$R$27)","v":-98867.076786176651},-296023.8800000656,{"$f":"E2527*params!$C$8","v":10.3575}]
["1991-04-16",4,16,"11:00:00",757,2,17.8,0,30,{"$f":"Inputs!$R$38*Inputs!$R$33*(G2532-Inputs!$R$27)","v":-18858.56953132675},{"$f":"Inputs!$R$34*E2532*Inputs!$R$39","v":443064.31683683424},{"$f":"params!$C$16*Inputs!$R$30*(G2532-Inputs!$R$27)","v":-2953.1386057548407},{"$f":"Inputs!$R$41*Inputs!$R$42/8760","v":0},{"$f":"-Inputs!$R$45*Inputs!$R$34","v":-90000},2031.9631240131093,1.2728389257065034E-2,3.8185167771195099E-3,{"$f":"-N2532/(1.202*2465560*MAX(0,(Inputs!$R$49-Q2532)))","v":4.22972291095257},{"$f":"params!$C$16*R2532*(G2532-Inputs!$R$27)","v":-16906.875785807104},314345.73291394557,{"$f":"E2532*params!$C$8","v":1568.1254999999999}]
["1991-04-16",4,16,"14:00:00",237,10,16.7,1.1000000000000001,35,{"$f":"Inputs!$R$38*Inputs!$R$33*(G2535-Inputs!$R$27)","v":-25123.664778311151},{"$f":"Inputs!$R$34*E2535*Inputs!$R$39","v":138713.66326331533},{"$f":"params!$C$16*Inputs!$R$30*(G2535-Inputs!$R$27)","v":-3934.2148539754103},{"$f":"Inputs!$R$41*Inputs!$R$42/8760","v":0},{"$f":"-Inputs!$R$45*Inputs!$R$34","v":-90000},1895.3846669421735,1.1856541445883897E-2,4.1497895060593646E-3,{"$f":"-N2535/(1.202*2465560*MAX(0,(Inputs!$R$49-Q2535)))","v":4.4343213419087313},{"$f":"params!$C$16*R2535*(G2535-Inputs!$R$27)","v":-23613.091438020023},-3957.3078069912553,{"$f":"E2535*params!$C$8","v":490.94549999999998}]
["1991-04-16",4,16,"15:00:00",259,9,16.100000000000001,2.8,41,{"$f":"Inputs!$R$38*Inputs!$R$33*(G2536-Inputs!$R$27)","v":-28540.989458484444},{"$f":"Inputs!$R$34*E2536*Inputs!$R$39","v":151590.03706834881},{"$f":"params!$C$16*Inputs!$R$30*(G2536-Inputs!$R$27)","v":-4469.3473530048095},{"$f":"Inputs!$R$41*Inputs!$R$42/8760","v":0},{"$f":"-Inputs!$R$45*Inputs!$R$34","v":-90000},1824.3357636986555,1.14039475717521E-2,4.6756185044183607E-3,{"$f":"-N2536/(1.202*2465560*MAX(0,(Inputs!$R$49-Q2536)))","v":4.8031046703020177},{"$f":"params!$C$16*R2536*(G2536-Inputs!$R$27)","v":-29055.862591803976},-476.16233494441258,{"$f":"E2536*params!$C$8","v":536.51850000000002}]
["1991-04-16",4,16,"18:00:00",128,9,13.3,1.1000000000000001,43,{"$f":"Inputs!$R$38*Inputs!$R$33*(G2539-Inputs!$R$27)","v":-44488.504632626536},{"$f":"Inputs!$R$34*E2539*Inputs!$R$39","v":74917.08395655849},{"$f":"params!$C$16*Inputs!$R$30*(G2539-Inputs!$R$27)","v":-6966.6323484753475},{"$f":"Inputs!$R$41*Inputs!$R$42/8760","v":0},{"$f":"-Inputs!$R$45*Inputs!$R$34","v":-90000},1522.7575650660701,9.4900147252429956E-3,4.0807063318544883E-3,{"$f":"-N2539/(1.202*2465560*MAX(0,(Inputs!$R$49-Q2539)))","v":4.3900375082479357},{"$f":"params!$C$16*R2539*(G2539-Inputs!$R$27)","v":-41396.034100425139},-107934.08712496853,{"$f":"E2539*params!$C$8","v":265.15199999999999}]
["1991-04-16",4,16,"22:00:00",0,9,10,2.7,60,{"$f":"Inputs!$R$38*Inputs!$R$33*(G2543-Inputs!$R$27)","v":-63283.790373579723},{"$f":"Inputs!$R$34*E2543*Inputs!$R$39","v":0},{"$f":"params!$C$16*Inputs!$R$30*(G2543-Inputs!$R$27)","v":-9909.8610931370531},{"$f":"Inputs!$R$41*Inputs!$R$42/8760","v":0},{"$f":"-Inputs!$R$45*Inputs!$R$34","v":-90000},1224.2915728566036,7.6071876458255446E-3,4.5643125874953267E-3,{"$f":"-N2543/(1.202*2465560*MAX(0,(Inputs!$R$49-Q2543)))","v":4.7200123340276443},{"$f":"params!$C$16*R2543*(G2543-Inputs!$R$27)","v":-63310.874687332951},-226504.52615404973,{"$f":"E2543*params!$C$8","v":0}]
["1991-04-17",4,17,"01:00:00",0,9,5.6,2.2000000000000002,79,{"$f":"Inputs!$R$38*Inputs!$R$33*(G2546-Inputs!$R$27)","v":-88344.171361517292},{"$f":"Inputs!$R$34*E2546*Inputs!$R$39","v":0},{"$f":"params!$C$16*Inputs!$R$30*(G2546-Inputs!$R$27)","v":-13834.166086019326},{"$f":"Inputs!$R$41*Inputs!$R$42/8760","v":0},{"$f":"-Inputs!$R$45*Inputs!$R$34","v":-90000},906.99088692947566,5.6178189234680556E-3,4.4380769495397637E-3,{"$f":"-N2546/(1.202*2465560*MAX(0,(Inputs!$R$49-Q2546)))","v":4.6291869245889865},{"$f":"params!$C$16*R2546*(G2546-Inputs!$R$27)","v":-86681.280080338678},-278859.61752787529,{"$f":"E2546*params!$C$8","v":0}]
["1991-04-17",4,17,"04:00:00",0,10,4.4000000000000004,1.7,83,{"$f":"Inputs!$R$38*Inputs!$R$33*(G2549-Inputs!$R$27)","v":-95178.820721863885},{"$f":"Inputs!$R$34*E2549*Inputs!$R$39","v":0},{"$f":"params!$C$16*Inputs!$R$30*(G2549-Inputs!$R$27)","v":-14904.431084078125},{"$f":"Inputs!$R$41*Inputs!$R$42/8760","v":0},{"$f":"-Inputs!$R$45*Inputs!$R$34","v":-90000},834.18129245512239,5.1630993453363316E-3,4.2853724566291555E-3,{"$f":"-N2549/(1.202*2465560*MAX(0,(Inputs!$R$49-Q2549)))","v":4.5238827929265728},{"$f":"params!$C$16*R2549*(G2549-Inputs!$R$27)","v":-91262.920163509829},-291346.17196945183,{"$f":"E2549*params!$C$8","v":0}]
["1991-04-17",4,17,"07:00:00",44,9,6.1,3.3,82,{"$f":"Inputs!$R$38*Inputs!$R$33*(G2552-Inputs!$R$27)","v":-85496.400794706205},{"$f":"Inputs!$R$34*E2552*Inputs!$R$39","v":25752.747610066985},{"$f":"params!$C$16*Inputs!$R$30*(G2552-Inputs!$R$27)","v":-13388.222336828159},{"$f":"Inputs!$R$41*Inputs!$R$42/8760","v":0},{"$f":"-Inputs!$R$45*Inputs!$R$34","v":-90000},938.94793828269269,5.817609385555097E-3,4.77043969615518E-3,{"$f":"-N2552/(1.202*2465560*MAX(0,(Inputs!$R$49-Q2552)))","v":4.8762336478100821},{"$f":"params!$C$16*R2552*(G2552-Inputs!$R$27)","v":-88363.932681107181},-251495.80820257455,{"$f":"E2552*params!$C$8","v":91.146000000000001}]
["1991-04-17",4,17,"12:00:00",395,9,12.8,3.3,52,{"$f":"Inputs!$R$38*Inputs!$R$33*(G2557-Inputs!$R$27)","v":-47336.275199437623},{"$f":"Inputs!$R$34*E2557*Inputs!$R$39","v":231189.43877219222},{"$f":"params!$C$16*Inputs!$R$30*(G2557-Inputs!$R$27)","v":-7412.5760976665151},{"$f":"Inputs!$R$41*Inputs!$R$42/8760","v":0},{"$f":"-Inputs!$R$45*Inputs!$R$34","v":-90000},1473.7857134719666,9.1803113724273511E-3,4.7737619136622228E-3,{"$f":"-N2557/(1.202*2465560*MAX(0,(Inputs!$R$49-Q2557)))","v":4.8788362413324879},{"$f":"params!$C$16*R2557*(G2557-Inputs!$R$27)","v":-48950.03641745176},37490.551057636316,{"$f":"E2557*params!$C$8","v":818.24249999999995}]
["1991-04-17",4,17,"15:00:00",316,9,13.3,2.2000000000000002,47,{"$f":"Inputs!$R$38*Inputs!$R$33*(G2560-Inputs!$R$27)","v":-44488.504632626536},{"$f":"Inputs!$R$34*E2560*Inputs!$R$39","v":184951.55101775378},{"$f":"params!$C$16*Inputs!$R$30*(G2560-Inputs!$R$27)","v":-6966.6323484753475},{"$f":"Inputs!$R$41*Inputs!$R$42/8760","v":0},{"$f":"-Inputs!$R$45*Inputs!$R$34","v":-90000},1522.7575650660701,9.4900147252429956E-3,4.4603069208642076E-3,{"$f":"-N2560/(1.202*2465560*MAX(0,(Inputs!$R$49-Q2560)))","v":4.6449267541077441},{"$f":"params!$C$16*R2560*(G2560-Inputs!$R$27)","v":-43799.52242908303},-303.10839243113151,{"$f":"E2560*params!$C$8","v":654.59399999999994}]
["1991-04-17",4,17,"16:00:00",164,10,11.7,2.8,54,{"$f":"Inputs!$R$38*Inputs!$R$33*(G2561-Inputs!$R$27)","v":-53601.370446422028},{"$f":"Inputs!$R$34*E2561*Inputs!$R$39","v":95987.513819340573},{"$f":"params!$C$16*Inputs!$R$30*(G2561-Inputs!$R$27)","v":-8393.6523458870852},{"$f":"Inputs!$R$41*Inputs!$R$42/8760","v":0},{"$f":"-Inputs!$R$45*Inputs!$R$34","v":-90000},1370.8930463882082,8.5305955200846006E-3,4.6065215808456846E-3,{"$f":"-N2561/(1.202*2465560*MAX(0,(Inputs!$R$49-Q2561)))","v":4.7511816518416738},{"$f":"params!$C$16*R2561*(G2561-Inputs!$R$27)","v":-53978.427135611491},-109985.93610858003,{"$f":"E2561*params!$C$8","v":339.726}]
["1991-04-17",4,17,"19:00:00",25,3,5.6,2.2000000000000002,79,{"$f":"Inputs!$R$38*Inputs!$R$33*(G2564-Inputs!$R$27)","v":-88344.171361517292},{"$f":"Inputs!$R$34*E2564*Inputs!$R$39","v":14632.242960265332},{"$f":"params!$C$16*Inputs!$R$30*(G2564-Inputs!$R$27)","v":-13834.166086019326},{"$f":"Inputs!$R$41*Inputs!$R$42/8760","v":0},{"$f":"-Inputs!$R$45*Inputs!$R$34","v":-90000},906.99088692947566,5.6178189234680556E-3,4.4380769495397637E-3,{"$f":"-N2564/(1.202*2465560*MAX(0,(Inputs!$R$49-Q2564)))","v":4.6291869245889865},{"$f":"params!$C$16*R2564*(G2564-Inputs!$R$27)","v":-86681.280080338678},-264227.37456760998,{"$f":"E2564*params!$C$8","v":51.787499999999994}]
["1991-04-17",4,17,"23:00:00",0,10,3.3,1.7,89,{"$f":"Inputs!$R$38*Inputs!$R$33*(G2568-Inputs!$R$27)","v":-101443.91596884829},{"$f":"Inputs!$R$34*E2568*Inputs!$R$39","v":0},{"$f":"params!$C$16*Inputs!$R$30*(G2568-Inputs!$R$27)","v":-15885.507332298695},{"$f":"Inputs!$R$41*Inputs!$R$42/8760","v":0},{"$f":"-Inputs!$R$45*Inputs!$R$34","v":-90000},772.02842975916951,4.7754555160627581E-3,4.2501554092958553E-3,{"$f":"-N2568/(1.202*2465560*MAX(0,(Inputs!$R$49-Q2568)))","v":4.5002736218267403},{"$f":"params!$C$16*R2568*(G2568-Inputs!$R$27)","v":-96762.620812170106},-304092.0441133171,{"$f":"E2568*params!$C$8","v":0}]
["1991-04-18",4,18,"02:00:00",0,10,3.9,1.7,86,{"$f":"Inputs!$R$38*Inputs!$R$33*(G2571-Inputs!$R$27)","v":-98026.591288675001},{"$f":"Inputs!$R$34*E2571*Inputs!$R$39","v":0},{"$f":"params!$C$16*Inputs!$R$30*(G2571-Inputs!$R$27)","v":-15350.374833269296},{"$f":"Inputs!$R$41*Inputs!$R$42/8760","v":0},{"$f":"-Inputs!$R$45*Inputs!$R$34","v":-90000},805.40210224974328,4.9835455974153575E-3,4.2858492137772073E-3,{"$f":"-N2571/(1.202*2465560*MAX(0,(Inputs!$R$49-Q2571)))","v":4.5242041059147784},{"$f":"params!$C$16*R2571*(G2571-Inputs!$R$27)","v":-94000.202130170524},-297377.16825211485,{"$f":"E2571*params!$C$8","v":0}]
["1991-04-18",4,18,"04:00:00",0,10,3.9,1.7,86,{"$f":"Inputs!$R$38*Inputs!$R$33*(G2573-Inputs!$R$27)","v":-98026.591288675001},{"$f":"Inputs!$R$34*E2573*Inputs!$R$39","v":0},{"$f":"params!$C$16*Inputs!$R$30*(G2573-Inputs!$R$27)","v":-15350.374833269296},{"$f":"Inputs!$R$41*Inputs!$R$42/8760","v":0},{"$f":"-Inputs!$R$45*Inputs!$R$34","v":-90000},805.40210224974328,4.9835455974153575E-3,4.2858492137772073E-3,{"$f":"-N2573/(1.202*2465560*MAX(0,(Inputs!$R$49-Q2573)))","v":4.5242041059147784},{"$f":"params!$C$16*R2573*(G2573-Inputs!$R$27)","v":-94000.202130170524},-297377.16825211485,{"$f":"E2573*params!$C$8","v":0}]
["1991-04-18",4,18,"10:00:00",199,10,7.8,1.7,65,{"$f":"Inputs!$R$38*Inputs!$R$33*(G2579-Inputs!$R$27)","v":-75813.980867548496},{"$f":"Inputs!$R$34*E2579*Inputs!$R$39","v":116472.65396371203},{"$f":"params!$C$16*Inputs!$R$30*(G2579-Inputs!$R$27)","v":-11872.01358957819},{"$f":"Inputs!$R$41*Inputs!$R$42/8760","v":0},{"$f":"-Inputs!$R$45*Inputs!$R$34","v":-90000},1055.1653507694125,6.5452560799310663E-3,4.2544164519551933E-3,{"$f":"-N2579/(1.202*2465560*MAX(0,(Inputs!$R$49-Q2579)))","v":4.503117071683886},{"$f":"params!$C$16*R2579*(G2579-Inputs!$R$27)","v":-72361.112645784437},-133574.45313919909,{"$f":"E2579*params!$C$8","v":412.2285}]
["1991-04-18",4,18,"13:00:00",253,10,10,0,50,{"$f":"Inputs!$R$38*Inputs!$R$33*(G2582-Inputs!$R$27)","v":-63283.790373579723},{"$f":"Inputs!$R$34*E2582*Inputs!$R$39","v":148078.29875788515},{"$f":"params!$C$16*Inputs!$R$30*(G2582-Inputs!$R$27)","v":-9909.8610931370531},{"$f":"Inputs!$R$41*Inputs!$R$42/8760","v":0},{"$f":"-Inputs!$R$45*Inputs!$R$34","v":-90000},1224.2915728566036,7.6071876458255446E-3,3.8035938229127723E-3,{"$f":"-N2582/(1.202*2465560*MAX(0,(Inputs!$R$49-Q2582)))","v":4.2209497834073568},{"$f":"params!$C$16*R2582*(G2582-Inputs!$R$27)","v":-56616.806035079993},-71732.158743911612,{"$f":"E2582*params!$C$8","v":524.08949999999993}]
["1991-04-18",4,18,"14:00:00",239,10,10,0.6,52,{"$f":"Inputs!$R$38*Inputs!$R$33*(G2583-Inputs!$R$27)","v":-63283.790373579723},{"$f":"Inputs!$R$34*E2583*Inputs!$R$39","v":139884.24270013659},{"$f":"params!$C$16*Inputs!$R$30*(G2583-Inputs!$R$27)","v":-9909.8610931370531},{"$f":"Inputs!$R$41*Inputs!$R$42/8760","v":0},{"$f":"-Inputs!$R$45*Inputs!$R$34","v":-90000},1224.2915728566036,7.6071876458255446E-3,3.9557375758292835E-3,{"$f":"-N2583/(1.202*2465560*MAX(0,(Inputs!$R$49-Q2583)))","v":4.3121370932742984},{"$f":"params!$C$16*R2583*(G2583-Inputs!$R$27)","v":-57839.92748890353},-81149.336255483708,{"$f":"E2583*params!$C$8","v":495.08849999999995}]
["1991-04-18",4,18,"17:00:00",141,9,10.6,0,48,{"$f":"Inputs!$R$38*Inputs!$R$33*(G2586-Inputs!$R$27)","v":-59866.465693406419},{"$f":"Inputs!$R$34*E2586*Inputs!$R$39","v":82525.850295896467},{"$f":"params!$C$16*Inputs!$R$30*(G2586-Inputs!$R$27)","v":-9374.7285941076516},{"$f":"Inputs!$R$41*Inputs!$R$42/8760","v":0},{"$f":"-Inputs!$R$45*Inputs!$R$34","v":-90000},1274.3740285685947,7.922340820890262E-3,3.8027235940273256E-3,{"$f":"-N2586/(1.202*2465560*MAX(0,(Inputs!$R$49-Q2586)))","v":4.2204393032414416},{"$f":"params!$C$16*R2586*(G2586-Inputs!$R$27)","v":-53553.021042480723},-130268.36503409833,{"$f":"E2586*params!$C$8","v":292.08150000000001}]
["1991-04-18",4,18,"20:00:00",0,3,4.4000000000000004,0.6,76,{"$f":"Inputs!$R$38*Inputs!$R$33*(G2589-Inputs!$R$27)","v":-95178.820721863885},{"$f":"Inputs!$R$34*E2589*Inputs!$R$39","v":0},{"$f":"params!$C$16*Inputs!$R$30*(G2589-Inputs!$R$27)","v":-14904.431084078125},{"$f":"Inputs!$R$41*Inputs!$R$42/8760","v":0},{"$f":"-Inputs!$R$45*Inputs!$R$34","v":-90000},834.18129245512239,5.1630993453363316E-3,3.9239555024556125E-3,{"$f":"-N2589/(1.202*2465560*MAX(0,(Inputs!$R$49-Q2589)))","v":4.2927644279384172},{"$f":"params!$C$16*R2589*(G2589-Inputs!$R$27)","v":-86600.434891960642},-286683.68669790262,{"$f":"E2589*params!$C$8","v":0}]
["1991-04-18",4,18,1,0,0,0.6,-1,88,{"$f":"Inputs!$R$38*Inputs!$R$33*(G2593-Inputs!$R$27)","v":-116821.87702962816},{"$f":"Inputs!$R$34*E2593*Inputs!$R$39","v":0},{"$f":"params!$C$16*Inputs!$R$30*(G2593-Inputs!$R$27)","v":-18293.603577931},{"$f":"Inputs!$R$41*Inputs!$R$42/8760","v":0},{"$f":"-Inputs!$R$45*Inputs!$R$34","v":-90000},636.50097539783337,3.931838099813293E-3,3.460017527835698E-3,{"$f":"-N2593/(1.202*2465560*MAX(0,(Inputs!$R$49-Q2593)))","v":4.0285689877193356},{"$f":"params!$C$16*R2593*(G2593-Inputs!$R$27)","v":-99751.097353969832},-324866.57796152896,{"$f":"E2593*params!$C$8","v":0}]
["1991-04-19",4,19,"03:00:00",0,3,3.9,1.7,86,{"$f":"Inputs!$R$38*Inputs!$R$33*(G2596-Inputs!$R$27)","v":-98026.591288675001},{"$f":"Inputs!$R$34*E2596*Inputs!$R$39","v":0},{"$f":"params!$C$16*Inputs!$R$30*(G2596-Inputs!$R$27)","v":-15350.374833269296},{"$f":"Inputs!$R$41*Inputs!$R$42/8760","v":0},{"$f":"-Inputs!$R$45*Inputs!$R$34","v":-90000},805.40210224974328,4.9835455974153575E-3,4.2858492137772073E-3,{"$f":"-N2596/(1.202*2465560*MAX(0,(Inputs!$R$49-Q2596)))","v":4.5242041059147784},{"$f":"params!$C$16*R2596*(G2596-Inputs!$R$27)","v":-94000.202130170524},-297377.16825211485,{"$f":"E2596*params!$C$8","v":0}]
["1991-04-19",4,19,"05:00:00",0,10,6.1,2.2000000000000002,76,{"$f":"Inputs!$R$38*Inputs!$R$33*(G2598-Inputs!$R$27)","v":-85496.400794706205},{"$f":"Inputs!$R$34*E2598*Inputs!$R$39","v":0},{"$f":"params!$C$16*Inputs!$R$30*(G2598-Inputs!$R$27)","v":-13388.222336828159},{"$f":"Inputs!$R$41*Inputs!$R$42/8760","v":0},{"$f":"-Inputs!$R$45*Inputs!$R$34","v":-90000},938.94793828269269,5.817609385555097E-3,4.421383133021874E-3,{"$f":"-N2598/(1.202*2465560*MAX(0,(Inputs!$R$49-Q2598)))","v":4.6174368978055851},{"$f":"params!$C$16*R2598*(G2598-Inputs!$R$27)","v":-83674.18640413032},-272558.80953566468,{"$f":"E2598*params!$C$8","v":0}]
["1991-04-19",4,19,"11:00:00",228,10,7.8,-1,53,{"$f":"Inputs!$R$38*Inputs!$R$33*(G2604-Inputs!$R$27)","v":-75813.980867548496},{"$f":"Inputs!$R$34*E2604*Inputs!$R$39","v":133446.0557976198},{"$f":"params!$C$16*Inputs!$R$30*(G2604-Inputs!$R$27)","v":-11872.01358957819},{"$f":"Inputs!$R$41*Inputs!$R$42/8760","v":0},{"$f":"-Inputs!$R$45*Inputs!$R$34","v":-90000},1055.1653507694125,6.5452560799310663E-3,3.468985722363465E-3,{"$f":"-N2604/(1.202*2465560*MAX(0,(Inputs!$R$49-Q2604)))","v":4.0333674396328139},{"$f":"params!$C$16*R2604*(G2604-Inputs!$R$27)","v":-64812.651102577722},-109052.58976208459,{"$f":"E2604*params!$C$8","v":472.30199999999996}]
["1991-04-19",4,19,"14:00:00",460,9,11.7,0,44,{"$f":"Inputs!$R$38*Inputs!$R$33*(G2607-Inputs!$R$27)","v":-53601.370446422028},{"$f":"Inputs!$R$34*E2607*Inputs!$R$39","v":269233.27046888211},{"$f":"params!$C$16*Inputs!$R$30*(G2607-Inputs!$R$27)","v":-8393.6523458870852},{"$f":"Inputs!$R$41*Inputs!$R$42/8760","v":0},{"$f":"-Inputs!$R$45*Inputs!$R$34","v":-90000},1370.8930463882082,8.5305955200846006E-3,3.7534620288372247E-3,{"$f":"-N2607/(1.202*2465560*MAX(0,(Inputs!$R$49-Q2607)))","v":4.1917422063020329},{"$f":"params!$C$16*R2607*(G2607-Inputs!$R$27)","v":-47622.605876674141},69615.641799898847,{"$f":"E2607*params!$C$8","v":952.89}]
["1991-04-19",4,19,"15:00:00",458,9,13.3,-1.6,35,{"$f":"Inputs!$R$38*Inputs!$R$33*(G2608-Inputs!$R$27)","v":-44488.504632626536},{"$f":"Inputs!$R$34*E2608*Inputs!$R$39","v":268062.69103206089},{"$f":"params!$C$16*Inputs!$R$30*(G2608-Inputs!$R$27)","v":-6966.6323484753475},{"$f":"Inputs!$R$41*Inputs!$R$42/8760","v":0},{"$f":"-Inputs!$R$45*Inputs!$R$34","v":-90000},1522.7575650660701,9.4900147252429956E-3,3.3215051538350482E-3,{"$f":"-N2608/(1.202*2465560*MAX(0,(Inputs!$R$49-Q2608)))","v":3.9558814134142386},{"$f":"params!$C$16*R2608*(G2608-Inputs!$R$27)","v":-37302.141856252521},89305.412194706485,{"$f":"E2608*params!$C$8","v":948.74699999999996}]
["1991-04-19",4,19,"18:00:00",52,10,13.3,-1,37,{"$f":"Inputs!$R$38*Inputs!$R$33*(G2611-Inputs!$R$27)","v":-44488.504632626536},{"$f":"Inputs!$R$34*E2611*Inputs!$R$39","v":30435.06535735189},{"$f":"params!$C$16*Inputs!$R$30*(G2611-Inputs!$R$27)","v":-6966.6323484753475},{"$f":"Inputs!$R$41*Inputs!$R$42/8760","v":0},{"$f":"-Inputs!$R$45*Inputs!$R$34","v":-90000},1522.7575650660701,9.4900147252429956E-3,3.5113054483399088E-3,{"$f":"-N2611/(1.202*2465560*MAX(0,(Inputs!$R$49-Q2611)))","v":4.056165813389792},{"$f":"params!$C$16*R2611*(G2611-Inputs!$R$27)","v":-38247.777612969658},-149267.84923671966,{"$f":"E2611*params!$C$8","v":107.71799999999999}]
["1991-04-19",4,19,"21:00:00",0,10,10.9,-0.2,46,{"$f":"Inputs!$R$38*Inputs!$R$33*(G2614-Inputs!$R$27)","v":-58157.803353319759},{"$f":"Inputs!$R$34*E2614*Inputs!$R$39","v":0},{"$f":"params!$C$16*Inputs!$R$30*(G2614-Inputs!$R$27)","v":-9107.1623445929508},{"$f":"Inputs!$R$41*Inputs!$R$42/8760","v":0},{"$f":"-Inputs!$R$45*Inputs!$R$34","v":-90000},1300.0849756660984,8.0842543377125427E-3,3.7187569953477696E-3,{"$f":"-N2614/(1.202*2465560*MAX(0,(Inputs!$R$49-Q2614)))","v":4.1717581479070329},{"$f":"params!$C$16*R2614*(G2614-Inputs!$R$27)","v":-51424.468816443681},-208689.43451435637,{"$f":"E2614*params!$C$8","v":0}]
["1991-04-20",4,20,"01:00:00",0,10,8.3000000000000007,-3.2,43,{"$f":"Inputs!$R$38*Inputs!$R$33*(G2618-Inputs!$R$27)","v":-72966.21030073741},{"$f":"Inputs!$R$34*E2618*Inputs!$R$39","v":0},{"$f":"params!$C$16*Inputs!$R$30*(G2618-Inputs!$R$27)","v":-11426.069840387021},{"$f":"Inputs!$R$41*Inputs!$R$42/8760","v":0},{"$f":"-Inputs!$R$45*Inputs!$R$34","v":-90000},1091.6777773743988,6.7742116984131845E-3,2.9129110303176692E-3,{"$f":"-N2618/(1.202*2465560*MAX(0,(Inputs!$R$49-Q2618)))","v":3.7559711191455971},{"$f":"params!$C$16*R2618*(G2618-Inputs!$R$27)","v":-58088.04118062363},-232480.32132174808,{"$f":"E2618*params!$C$8","v":0}]
["1991-04-20",4,20,"04:00:00",0,10,6.7,-2.1,52,{"$f":"Inputs!$R$38*Inputs!$R$33*(G2621-Inputs!$R$27)","v":-82079.076114532902},{"$f":"Inputs!$R$34*E2621*Inputs!$R$39","v":0},{"$f":"params!$C$16*Inputs!$R$30*(G2621-Inputs!$R$27)","v":-12853.089837798758},{"$f":"Inputs!$R$41*Inputs!$R$42/8760","v":0},{"$f":"-Inputs!$R$45*Inputs!$R$34","v":-90000},978.60557903106951,6.0657196659430037E-3,3.1541742262903624E-3,{"$f":"-N2621/(1.202*2465560*MAX(0,(Inputs!$R$49-Q2621)))","v":3.8714943933321408},{"$f":"params!$C$16*R2621*(G2621-Inputs!$R$27)","v":-67352.510908634315},-252284.67686096599,{"$f":"E2621*params!$C$8","v":0}]
["1991-04-20",4,20,"06:00:00",7,10,5.6,-0.5,64,{"$f":"Inputs!$R$38*Inputs!$R$33*(G2623-Inputs!$R$27)","v":-88344.171361517292},{"$f":"Inputs!$R$34*E2623*Inputs!$R$39","v":4097.0280288742924},{"$f":"params!$C$16*Inputs!$R$30*(G2623-Inputs!$R$27)","v":-13834.166086019326},{"$f":"Inputs!$R$41*Inputs!$R$42/8760","v":0},{"$f":"-Inputs!$R$45*Inputs!$R$34","v":-90000},906.99088692947566,5.6178189234680556E-3,3.5954041110195555E-3,{"$f":"-N2623/(1.202*2465560*MAX(0,(Inputs!$R$49-Q2623)))","v":4.10224490493336},{"$f":"params!$C$16*R2623*(G2623-Inputs!$R$27)","v":-76814.318660126839},-264895.62807878916,{"$f":"E2623*params!$C$8","v":14.500499999999999}]
["1991-04-20",4,20,"12:00:00",253,10,6.7,-0.5,60,{"$f":"Inputs!$R$38*Inputs!$R$33*(G2629-Inputs!$R$27)","v":-82079.076114532902},{"$f":"Inputs!$R$34*E2629*Inputs!$R$39","v":148078.29875788515},{"$f":"params!$C$16*Inputs!$R$30*(G2629-Inputs!$R$27)","v":-12853.089837798758},{"$f":"Inputs!$R$41*Inputs!$R$42/8760","v":0},{"$f":"-Inputs!$R$45*Inputs!$R$34","v":-90000},978.60557903106951,6.0657196659430037E-3,3.6394317995658023E-3,{"$f":"-N2629/(1.202*2465560*MAX(0,(Inputs!$R$49-Q2629)))","v":4.1267884453253743},{"$f":"params!$C$16*R2629*(G2629-Inputs!$R$27)","v":-71793.869638585733},-108647.73683303225,{"$f":"E2629*params!$C$8","v":524.08949999999993}]
["1991-04-20",4,20,"15:00:00",176,10,6.1,0,65,{"$f":"Inputs!$R$38*Inputs!$R$33*(G2632-Inputs!$R$27)","v":-85496.400794706205},{"$f":"Inputs!$R$34*E2632*Inputs!$R$39","v":103010.99044026794},{"$f":"params!$C$16*Inputs!$R$30*(G2632-Inputs!$R$27)","v":-13388.222336828159},{"$f":"Inputs!$R$41*Inputs!$R$42/8760","v":0},{"$f":"-Inputs!$R$45*Inputs!$R$34","v":-90000},938.94793828269269,5.817609385555097E-3,3.781446100610813E-3,{"$f":"-N2632/(1.202*2465560*MAX(0,(Inputs!$R$49-Q2632)))","v":4.2079961345265842},{"$f":"params!$C$16*R2632*(G2632-Inputs!$R$27)","v":-76254.567358694476},-162128.2000499609,{"$f":"E2632*params!$C$8","v":364.584}]
["1991-04-20",4,20,"16:00:00",139,10,6.1,0,65,{"$f":"Inputs!$R$38*Inputs!$R$33*(G2633-Inputs!$R$27)","v":-85496.400794706205},{"$f":"Inputs!$R$34*E2633*Inputs!$R$39","v":81355.270859075245},{"$f":"params!$C$16*Inputs!$R$30*(G2633-Inputs!$R$27)","v":-13388.222336828159},{"$f":"Inputs!$R$41*Inputs!$R$42/8760","v":0},{"$f":"-Inputs!$R$45*Inputs!$R$34","v":-90000},938.94793828269269,5.817609385555097E-3,3.781446100610813E-3,{"$f":"-N2633/(1.202*2465560*MAX(0,(Inputs!$R$49-Q2633)))","v":4.2079961345265842},{"$f":"params!$C$16*R2633*(G2633-Inputs!$R$27)","v":-76254.567358694476},-183783.91963115358,{"$f":"E2633*params!$C$8","v":287.93849999999998}]
["1991-04-20",4,20,"19:00:00",12,10,6.1,0,65,{"$f":"Inputs!$R$38*Inputs!$R$33*(G2636-Inputs!$R$27)","v":-85496.400794706205},{"$f":"Inputs!$R$34*E2636*Inputs!$R$39","v":7023.4766209273594},{"$f":"params!$C$16*Inputs!$R$30*(G2636-Inputs!$R$27)","v":-13388.222336828159},{"$f":"Inputs!$R$41*Inputs!$R$42/8760","v":0},{"$f":"-Inputs!$R$45*Inputs!$R$34","v":-90000},938.94793828269269,5.817609385555097E-3,3.781446100610813E-3,{"$f":"-N2636/(1.202*2465560*MAX(0,(Inputs!$R$49-Q2636)))","v":4.2079961345265842},{"$f":"params!$C$16*R2636*(G2636-Inputs!$R$27)","v":-76254.567358694476},-258115.71386930146,{"$f":"E2636*params!$C$8","v":24.857999999999997}]
["1991-04-20",4,20,"22:00:00",0,10,6.1,5,93,{"$f":"Inputs!$R$38*Inputs!$R$33*(G2639-Inputs!$R$27)","v":-85496.400794706205},{"$f":"Inputs!$R$34*E2639*Inputs!$R$39","v":0},{"$f":"params!$C$16*Inputs!$R$30*(G2639-Inputs!$R$27)","v":-13388.222336828159},{"$f":"Inputs!$R$41*Inputs!$R$42/8760","v":0},{"$f":"-Inputs!$R$45*Inputs!$R$34","v":-90000},938.94793828269269,5.817609385555097E-3,5.4103767285662409E-3,{"$f":"-N2639/(1.202*2465560*MAX(0,(Inputs!$R$49-Q2639)))","v":5.4346682524941921},{"$f":"params!$C$16*R2639*(G2639-Inputs!$R$27)","v":-98483.521154327391},-287368.14428586175,{"$f":"E2639*params!$C$8","v":0}]
["1991-04-21",4,21,"02:00:00",0,10,5.6,5,96,{"$f":"Inputs!$R$38*Inputs!$R$33*(G2643-Inputs!$R$27)","v":-88344.171361517292},{"$f":"Inputs!$R$34*E2643*Inputs!$R$39","v":0},{"$f":"params!$C$16*Inputs!$R$30*(G2643-Inputs!$R$27)","v":-13834.166086019326},{"$f":"Inputs!$R$41*Inputs!$R$42/8760","v":0},{"$f":"-Inputs!$R$45*Inputs!$R$34","v":-90000},906.99088692947566,5.6178189234680556E-3,5.3931061665293337E-3,{"$f":"-N2643/(1.202*2465560*MAX(0,(Inputs!$R$49-Q2643)))","v":5.4179230702781096},{"$f":"params!$C$16*R2643*(G2643-Inputs!$R$27)","v":-101450.32265038698},-293628.6600979236,{"$f":"E2643*params!$C$8","v":0}]
["1991-04-21",4,21,"07:00:00",46,10,5.6,3.9,89,{"$f":"Inputs!$R$38*Inputs!$R$33*(G2648-Inputs!$R$27)","v":-88344.171361517292},{"$f":"Inputs!$R$34*E2648*Inputs!$R$39","v":26923.327046888211},{"$f":"params!$C$16*Inputs!$R$30*(G2648-Inputs!$R$27)","v":-13834.166086019326},{"$f":"Inputs!$R$41*Inputs!$R$42/8760","v":0},{"$f":"-Inputs!$R$45*Inputs!$R$34","v":-90000},906.99088692947566,5.6178189234680556E-3,4.9998588418865694E-3,{"$f":"-N2648/(1.202*2465560*MAX(0,(Inputs!$R$49-Q2648)))","v":5.0627327304921419},{"$f":"params!$C$16*R2648*(G2648-Inputs!$R$27)","v":-94799.402342702117},-260054.41274335052,{"$f":"E2648*params!$C$8","v":95.289000000000001}]
["1991-04-21",4,21,"10:00:00",172,10,5,3.3,89,{"$f":"Inputs!$R$38*Inputs!$R$33*(G2651-Inputs!$R$27)","v":-91761.496041690596},{"$f":"Inputs!$R$34*E2651*Inputs!$R$39","v":100669.83156662548},{"$f":"params!$C$16*Inputs!$R$30*(G2651-Inputs!$R$27)","v":-14369.298585048728},{"$f":"Inputs!$R$41*Inputs!$R$42/8760","v":0},{"$f":"-Inputs!$R$45*Inputs!$R$34","v":-90000},869.91328556198641,5.3861748872103517E-3,4.793695649617213E-3,{"$f":"-N2651/(1.202*2465560*MAX(0,(Inputs!$R$49-Q2651)))","v":4.8945106713097317},{"$f":"params!$C$16*R2651*(G2651-Inputs!$R$27)","v":-95194.6326120913},-190655.59567220515,{"$f":"E2651*params!$C$8","v":356.298}]
["1991-04-21",4,21,"13:00:00",215,10,5.6,3.3,85,{"$f":"Inputs!$R$38*Inputs!$R$33*(G2654-Inputs!$R$27)","v":-88344.171361517292},{"$f":"Inputs!$R$34*E2654*Inputs!$R$39","v":125837.28945828184},{"$f":"params!$C$16*Inputs!$R$30*(G2654-Inputs!$R$27)","v":-13834.166086019326},{"$f":"Inputs!$R$41*Inputs!$R$42/8760","v":0},{"$f":"-Inputs!$R$45*Inputs!$R$34","v":-90000},906.99088692947566,5.6178189234680556E-3,4.7751460849478474E-3,{"$f":"-N2654/(1.202*2465560*MAX(0,(Inputs!$R$49-Q2654)))","v":4.879921407982776},{"$f":"params!$C$16*R2654*(G2654-Inputs!$R$27)","v":-91376.270007276195},-157717.31799653097,{"$f":"E2654*params!$C$8","v":445.3725}]
["1991-04-21",4,21,"16:00:00",142,10,3.9,1.7,86,{"$f":"Inputs!$R$38*Inputs!$R$33*(G2657-Inputs!$R$27)","v":-98026.591288675001},{"$f":"Inputs!$R$34*E2657*Inputs!$R$39","v":83111.140014307079},{"$f":"params!$C$16*Inputs!$R$30*(G2657-Inputs!$R$27)","v":-15350.374833269296},{"$f":"Inputs!$R$41*Inputs!$R$42/8760","v":0},{"$f":"-Inputs!$R$45*Inputs!$R$34","v":-90000},805.40210224974328,4.9835455974153575E-3,4.2858492137772073E-3,{"$f":"-N2657/(1.202*2465560*MAX(0,(Inputs!$R$49-Q2657)))","v":4.5242041059147784},{"$f":"params!$C$16*R2657*(G2657-Inputs!$R$27)","v":-94000.202130170524},-214266.02823780774,{"$f":"E2657*params!$C$8","v":294.15299999999996}]
["1991-04-21",4,21,"17:00:00",97,10,3.3,1.7,89,{"$f":"Inputs!$R$38*Inputs!$R$33*(G2658-Inputs!$R$27)","v":-101443.91596884829},{"$f":"Inputs!$R$34*E2658*Inputs!$R$39","v":56773.102685829494},{"$f":"params!$C$16*Inputs!$R$30*(G2658-Inputs!$R$27)","v":-15885.507332298695},{"$f":"Inputs!$R$41*Inputs!$R$42/8760","v":0},{"$f":"-Inputs!$R$45*Inputs!$R$34","v":-90000},772.02842975916951,4.7754555160627581E-3,4.2501554092958553E-3,{"$f":"-N2658/(1.202*2465560*MAX(0,(Inputs!$R$49-Q2658)))","v":4.5002736218267403},{"$f":"params!$C$16*R2658*(G2658-Inputs!$R$27)","v":-96762.620812170106},-247318.94142748759,{"$f":"E2658*params!$C$8","v":200.93549999999999}]
["1991-04-21",4,21,"20:00:00",0,10,2.8,0.6,85,{"$f":"Inputs!$R$38*Inputs!$R$33*(G2661-Inputs!$R$27)","v":-104291.68653565938},{"$f":"Inputs!$R$34*E2661*Inputs!$R$39","v":0},{"$f":"params!$C$16*Inputs!$R$30*(G2661-Inputs!$R$27)","v":-16331.451081489862},{"$f":"Inputs!$R$41*Inputs!$R$42/8760","v":0},{"$f":"-Inputs!$R$45*Inputs!$R$34","v":-90000},745.15756711705887,4.6080118280633067E-3,3.9168100538538109E-3,{"$f":"-N2661/(1.202*2465560*MAX(0,(Inputs!$R$49-Q2661)))","v":4.2884328841648056},{"$f":"params!$C$16*R2661*(G2661-Inputs!$R$27)","v":-94796.216705238752},-305419.35432238801,{"$f":"E2661*params!$C$8","v":0}]
["1991-04-21",4,21,"23:00:00",0,10,2.2000000000000002,0,85,{"$f":"Inputs!$R$38*Inputs!$R$33*(G2664-Inputs!$R$27)","v":-107709.0112158327},{"$f":"Inputs!$R$34*E2664*Inputs!$R$39","v":0},{"$f":"params!$C$16*Inputs!$R$30*(G2664-Inputs!$R$27)","v":-16866.583580519266},{"$f":"Inputs!$R$41*Inputs!$R$42/8760","v":0},{"$f":"-Inputs!$R$45*Inputs!$R$34","v":-90000},714.00723647805364,4.4140129099852635E-3,3.751910973487474E-3,{"$f":"-N2664/(1.202*2465560*MAX(0,(Inputs!$R$49-Q2664)))","v":4.1908449820747053},{"$f":"params!$C$16*R2664*(G2664-Inputs!$R$27)","v":-95674.528942964418},-310250.12373931636,{"$f":"E2664*params!$C$8","v":0}]
["1991-04-22",4,22,"03:00:00",0,10,0.6,0,96,{"$f":"Inputs!$R$38*Inputs!$R$33*(G2668-Inputs!$R$27)","v":-116821.87702962816},{"$f":"Inputs!$R$34*E2668*Inputs!$R$39","v":0},{"$f":"params!$C$16*Inputs!$R$30*(G2668-Inputs!$R$27)","v":-18293.603577931},{"$f":"Inputs!$R$41*Inputs!$R$42/8760","v":0},{"$f":"-Inputs!$R$45*Inputs!$R$34","v":-90000},636.50097539783337,3.931838099813293E-3,3.7745645758207615E-3,{"$f":"-N2668/(1.202*2465560*MAX(0,(Inputs!$R$49-Q2668)))","v":4.203987476963948},{"$f":"params!$C$16*R2668*(G2668-Inputs!$R$27)","v":-104094.62153133082},-329210.10213888995,{"$f":"E2668*params!$C$8","v":0}]
["1991-04-22",4,22,"08:00:00",90,10,2.2000000000000002,1.7,96,{"$f":"Inputs!$R$38*Inputs!$R$33*(G2673-Inputs!$R$27)","v":-107709.0112158327},{"$f":"Inputs!$R$34*E2673*Inputs!$R$39","v":52676.074656955192},{"$f":"params!$C$16*Inputs!$R$30*(G2673-Inputs!$R$27)","v":-16866.583580519266},{"$f":"Inputs!$R$41*Inputs!$R$42/8760","v":0},{"$f":"-Inputs!$R$45*Inputs!$R$34","v":-90000},714.00723647805364,4.4140129099852635E-3,4.2374523935858532E-3,{"$f":"-N2673/(1.202*2465560*MAX(0,(Inputs!$R$49-Q2673)))","v":4.4918180021518967},{"$f":"params!$C$16*R2673*(G2673-Inputs!$R$27)","v":-102545.56617855582},-264445.08631795261,{"$f":"E2673*params!$C$8","v":186.435}]
["1991-04-22",4,22,"11:00:00",229,10,5,2.2000000000000002,82,{"$f":"Inputs!$R$38*Inputs!$R$33*(G2676-Inputs!$R$27)","v":-91761.496041690596},{"$f":"Inputs!$R$34*E2676*Inputs!$R$39","v":134031.34551603044},{"$f":"params!$C$16*Inputs!$R$30*(G2676-Inputs!$R$27)","v":-14369.298585048728},{"$f":"Inputs!$R$41*Inputs!$R$42/8760","v":0},{"$f":"-Inputs!$R$45*Inputs!$R$34","v":-90000},869.91328556198641,5.3861748872103517E-3,4.4166634075124885E-3,{"$f":"-N2676/(1.202*2465560*MAX(0,(Inputs!$R$49-Q2676)))","v":4.6141257035005214},{"$f":"params!$C$16*R2676*(G2676-Inputs!$R$27)","v":-89741.351213195419},-151840.80032390432,{"$f":"E2676*params!$C$8","v":474.37349999999998}]
["1991-04-22",4,22,"14:00:00",235,10,6.1,2.2000000000000002,76,{"$f":"Inputs!$R$38*Inputs!$R$33*(G2679-Inputs!$R$27)","v":-85496.400794706205},{"$f":"Inputs!$R$34*E2679*Inputs!$R$39","v":137543.08382649411},{"$f":"params!$C$16*Inputs!$R$30*(G2679-Inputs!$R$27)","v":-13388.222336828159},{"$f":"Inputs!$R$41*Inputs!$R$42/8760","v":0},{"$f":"-Inputs!$R$45*Inputs!$R$34","v":-90000},938.94793828269269,5.817609385555097E-3,4.421383133021874E-3,{"$f":"-N2679/(1.202*2465560*MAX(0,(Inputs!$R$49-Q2679)))","v":4.6174368978055851},{"$f":"params!$C$16*R2679*(G2679-Inputs!$R$27)","v":-83674.18640413032},-135015.72570917057,{"$f":"E2679*params!$C$8","v":486.80249999999995}]
["1991-04-22",4,22,"17:00:00",102,10,7.2,1.7,68,{"$f":"Inputs!$R$38*Inputs!$R$33*(G2682-Inputs!$R$27)","v":-79231.305547721815},{"$f":"Inputs!$R$34*E2682*Inputs!$R$39","v":59699.55127788255},{"$f":"params!$C$16*Inputs!$R$30*(G2682-Inputs!$R$27)","v":-12407.146088607591},{"$f":"Inputs!$R$41*Inputs!$R$42/8760","v":0},{"$f":"-Inputs!$R$45*Inputs!$R$34","v":-90000},1012.7753618292717,6.2796535698688054E-3,4.2701644275107871E-3,{"$f":"-N2682/(1.202*2465560*MAX(0,(Inputs!$R$49-Q2682)))","v":4.5136571556827931},{"$f":"params!$C$16*R2682*(G2682-Inputs!$R$27)","v":-75799.80306240145},-197738.70342084829,{"$f":"E2682*params!$C$8","v":211.29299999999998}]
["1991-04-22",4,22,"18:00:00",58,10,7.2,0.6,63,{"$f":"Inputs!$R$38*Inputs!$R$33*(G2683-Inputs!$R$27)","v":-79231.305547721815},{"$f":"Inputs!$R$34*E2683*Inputs!$R$39","v":33946.803667815569},{"$f":"params!$C$16*Inputs!$R$30*(G2683-Inputs!$R$27)","v":-12407.146088607591},{"$f":"Inputs!$R$41*Inputs!$R$42/8760","v":0},{"$f":"-Inputs!$R$45*Inputs!$R$34","v":-90000},1012.7753618292717,6.2796535698688054E-3,3.9561817490173477E-3,{"$f":"-N2683/(1.202*2465560*MAX(0,(Inputs!$R$49-Q2683)))","v":4.3124090766654755},{"$f":"params!$C$16*R2683*(G2683-Inputs!$R$27)","v":-72420.156751207105},-220111.80471972094,{"$f":"E2683*params!$C$8","v":120.14699999999999}]
["1991-04-22",4,22,"21:00:00",0,10,6.7,1.1000000000000001,67,{"$f":"Inputs!$R$38*Inputs!$R$33*(G2686-Inputs!$R$27)","v":-82079.076114532902},{"$f":"Inputs!$R$34*E2686*Inputs!$R$39","v":0},{"$f":"params!$C$16*Inputs!$R$30*(G2686-Inputs!$R$27)","v":-12853.089837798758},{"$f":"Inputs!$R$41*Inputs!$R$42/8760","v":0},{"$f":"-Inputs!$R$45*Inputs!$R$34","v":-90000},978.60557903106951,6.0657196659430037E-3,4.0640321761818126E-3,{"$f":"-N2686/(1.202*2465560*MAX(0,(Inputs!$R$49-Q2686)))","v":4.379481194674149},{"$f":"params!$C$16*R2686*(G2686-Inputs!$R$27)","v":-76189.973423821415},-261122.13937615309,{"$f":"E2686*params!$C$8","v":0}]
["1991-04-23",4,23,"01:00:00",0,0,2.2000000000000002,-0.5,82,{"$f":"Inputs!$R$38*Inputs!$R$33*(G2690-Inputs!$R$27)","v":-107709.0112158327},{"$f":"Inputs!$R$34*E2690*Inputs!$R$39","v":0},{"$f":"params!$C$16*Inputs!$R$30*(G2690-Inputs!$R$27)","v":-16866.583580519266},{"$f":"Inputs!$R$41*Inputs!$R$42/8760","v":0},{"$f":"-Inputs!$R$45*Inputs!$R$34","v":-90000},714.00723647805364,4.4140129099852635E-3,3.6194905861879163E-3,{"$f":"-N2690/(1.202*2465560*MAX(0,(Inputs!$R$49-Q2690)))","v":4.1156357906362357},{"$f":"params!$C$16*R2690*(G2690-Inputs!$R$27)","v":-93957.547285605542},-308533.14208195754,{"$f":"E2690*params!$C$8","v":0}]
["1991-04-23",4,23,"04:00:00",0,0,-1,-2.1,91,{"$f":"Inputs!$R$38*Inputs!$R$33*(G2693-Inputs!$R$27)","v":-125934.74284342365},{"$f":"Inputs!$R$34*E2693*Inputs!$R$39","v":0},{"$f":"params!$C$16*Inputs!$R$30*(G2693-Inputs!$R$27)","v":-19720.623575342735},{"$f":"Inputs!$R$41*Inputs!$R$42/8760","v":0},{"$f":"-Inputs!$R$45*Inputs!$R$34","v":-90000},566.54310372490409,3.4972595900071069E-3,3.1825062269064675E-3,{"$f":"-N2693/(1.202*2465560*MAX(0,(Inputs!$R$49-Q2693)))","v":3.8855284590328023},{"$f":"params!$C$16*R2693*(G2693-Inputs!$R$27)","v":-103714.23081778694},-339369.59723655332,{"$f":"E2693*params!$C$8","v":0}]
["1991-04-23",4,23,"09:00:00",551,0,11.1,1.1000000000000001,50,{"$f":"Inputs!$R$38*Inputs!$R$33*(G2698-Inputs!$R$27)","v":-57018.695126595332},{"$f":"Inputs!$R$34*E2698*Inputs!$R$39","v":322494.63484424789},{"$f":"params!$C$16*Inputs!$R$30*(G2698-Inputs!$R$27)","v":-8928.7848449164849},{"$f":"Inputs!$R$41*Inputs!$R$42/8760","v":0},{"$f":"-Inputs!$R$45*Inputs!$R$34","v":-90000},1317.4782376741875,8.1938348219052388E-3,4.0969174109526194E-3,{"$f":"-N2698/(1.202*2465560*MAX(0,(Inputs!$R$49-Q2698)))","v":4.4003495548471872},{"$f":"params!$C$16*R2698*(G2698-Inputs!$R$27)","v":-53179.854953410744},113367.29991932533,{"$f":"E2698*params!$C$8","v":1141.3964999999998}]
["1991-04-23",4,23,"12:00:00",639,9,15.6,-4.3,24,{"$f":"Inputs!$R$38*Inputs!$R$33*(G2701-Inputs!$R$27)","v":-31388.760025295542},{"$f":"Inputs!$R$34*E2701*Inputs!$R$39","v":374000.13006438193},{"$f":"params!$C$16*Inputs!$R$30*(G2701-Inputs!$R$27)","v":-4915.2911021959781},{"$f":"Inputs!$R$41*Inputs!$R$42/8760","v":0},{"$f":"-Inputs!$R$45*Inputs!$R$34","v":-90000},1766.9242403471044,1.1038698072712965E-2,2.6492875374511116E-3,{"$f":"-N2701/(1.202*2465560*MAX(0,(Inputs!$R$49-Q2701)))","v":3.6373746065512296},{"$f":"params!$C$16*R2701*(G2701-Inputs!$R$27)","v":-24199.41610280376},223496.66283408666,{"$f":"E2701*params!$C$8","v":1323.6885}]
["1991-04-23",4,23,"15:00:00",570,9,17.2,-2.7,25,{"$f":"Inputs!$R$38*Inputs!$R$33*(G2704-Inputs!$R$27)","v":-22275.894211500065},{"$f":"Inputs!$R$34*E2704*Inputs!$R$39","v":333615.13949404954},{"$f":"params!$C$16*Inputs!$R$30*(G2704-Inputs!$R$27)","v":-3488.2711047842431},{"$f":"Inputs!$R$41*Inputs!$R$42/8760","v":0},{"$f":"-Inputs!$R$45*Inputs!$R$34","v":-90000},1956.433941157356,1.2245952930431422E-2,3.0614882326078559E-3,{"$f":"-N2704/(1.202*2465560*MAX(0,(Inputs!$R$49-Q2704)))","v":3.8262830539427251},{"$f":"params!$C$16*R2704*(G2704-Inputs!$R$27)","v":-18065.70598776007},199785.26819000518,{"$f":"E2704*params!$C$8","v":1180.7549999999999}]
["1991-04-23",4,23,"18:00:00",170,9,15.6,-1,32,{"$f":"Inputs!$R$38*Inputs!$R$33*(G2707-Inputs!$R$27)","v":-31388.760025295542},{"$f":"Inputs!$R$34*E2707*Inputs!$R$39","v":99499.252129804241},{"$f":"params!$C$16*Inputs!$R$30*(G2707-Inputs!$R$27)","v":-4915.2911021959781},{"$f":"Inputs!$R$41*Inputs!$R$42/8760","v":0},{"$f":"-Inputs!$R$45*Inputs!$R$34","v":-90000},1766.9242403471044,1.1038698072712965E-2,3.532383383268149E-3,{"$f":"-N2707/(1.202*2465560*MAX(0,(Inputs!$R$49-Q2707)))","v":4.0676172870383507},{"$f":"params!$C$16*R2707*(G2707-Inputs!$R$27)","v":-27061.816261297539},-53866.615258984821,{"$f":"E2707*params!$C$8","v":352.15499999999997}]
["1991-04-23",4,23,"19:00:00",40,9,14.4,-1,34,{"$f":"Inputs!$R$38*Inputs!$R$33*(G2708-Inputs!$R$27)","v":-38223.409385642146},{"$f":"Inputs!$R$34*E2708*Inputs!$R$39","v":23411.588736424532},{"$f":"params!$C$16*Inputs!$R$30*(G2708-Inputs!$R$27)","v":-5985.5561002547793},{"$f":"Inputs!$R$41*Inputs!$R$42/8760","v":0},{"$f":"-Inputs!$R$45*Inputs!$R$34","v":-90000},1635.559113509069,1.0204541708471198E-2,3.4695441808802073E-3,{"$f":"-N2708/(1.202*2465560*MAX(0,(Inputs!$R$49-Q2708)))","v":4.0336666221706876},{"$f":"params!$C$16*R2708*(G2708-Inputs!$R$27)","v":-32679.252968095967},-143476.62971756837,{"$f":"E2708*params!$C$8","v":82.86}]
["1991-04-23",4,23,"22:00:00",0,9,7.2,3.3,76,{"$f":"Inputs!$R$38*Inputs!$R$33*(G2711-Inputs!$R$27)","v":-79231.305547721815},{"$f":"Inputs!$R$34*E2711*Inputs!$R$39","v":0},{"$f":"params!$C$16*Inputs!$R$30*(G2711-Inputs!$R$27)","v":-12407.146088607591},{"$f":"Inputs!$R$41*Inputs!$R$42/8760","v":0},{"$f":"-Inputs!$R$45*Inputs!$R$34","v":-90000},1012.7753618292717,6.2796535698688054E-3,4.7725367131002923E-3,{"$f":"-N2711/(1.202*2465560*MAX(0,(Inputs!$R$49-Q2711)))","v":4.8778761076002555},{"$f":"params!$C$16*R2711*(G2711-Inputs!$R$27)","v":-81916.289954229112},-263554.74159055855,{"$f":"E2711*params!$C$8","v":0}]
["1991-04-24",4,24,"02:00:00",0,10,6.7,3.3,79,{"$f":"Inputs!$R$38*Inputs!$R$33*(G2715-Inputs!$R$27)","v":-82079.076114532902},{"$f":"Inputs!$R$34*E2715*Inputs!$R$39","v":0},{"$f":"params!$C$16*Inputs!$R$30*(G2715-Inputs!$R$27)","v":-12853.089837798758},{"$f":"Inputs!$R$41*Inputs!$R$42/8760","v":0},{"$f":"-Inputs!$R$45*Inputs!$R$34","v":-90000},978.60557903106951,6.0657196659430037E-3,4.7919185360949731E-3,{"$f":"-N2715/(1.202*2465560*MAX(0,(Inputs!$R$49-Q2715)))","v":4.8931091913488096},{"$f":"params!$C$16*R2715*(G2715-Inputs!$R$27)","v":-85125.575993359264},-270057.74194569094,{"$f":"E2715*params!$C$8","v":0}]
["1991-04-24",4,24,"06:00:00",12,9,3.9,2.2000000000000002,89,{"$f":"Inputs!$R$38*Inputs!$R$33*(G2719-Inputs!$R$27)","v":-98026.591288675001},{"$f":"Inputs!$R$34*E2719*Inputs!$R$39","v":7023.4766209273594},{"$f":"params!$C$16*Inputs!$R$30*(G2719-Inputs!$R$27)","v":-15350.374833269296},{"$f":"Inputs!$R$41*Inputs!$R$42/8760","v":0},{"$f":"-Inputs!$R$45*Inputs!$R$34","v":-90000},805.40210224974328,4.9835455974153575E-3,4.4353555816996678E-3,{"$f":"-N2719/(1.202*2465560*MAX(0,(Inputs!$R$49-Q2719)))","v":4.6272673981566044},{"$f":"params!$C$16*R2719*(G2719-Inputs!$R$27)","v":-96141.566683168203},-292495.05618418509,{"$f":"E2719*params!$C$8","v":24.857999999999997}]
["1991-04-24",4,24,"09:00:00",161,10,10,3.9,66,{"$f":"Inputs!$R$38*Inputs!$R$33*(G2722-Inputs!$R$27)","v":-63283.790373579723},{"$f":"Inputs!$R$34*E2722*Inputs!$R$39","v":94231.644664108739},{"$f":"params!$C$16*Inputs!$R$30*(G2722-Inputs!$R$27)","v":-9909.8610931370531},{"$f":"Inputs!$R$41*Inputs!$R$42/8760","v":0},{"$f":"-Inputs!$R$45*Inputs!$R$34","v":-90000},1224.2915728566036,7.6071876458255446E-3,5.0207438462448592E-3,{"$f":"-N2722/(1.202*2465560*MAX(0,(Inputs!$R$49-Q2722)))","v":5.0804214684205107},{"$f":"params!$C$16*R2722*(G2722-Inputs!$R$27)","v":-68145.145432605816},-137107.15223521384,{"$f":"E2722*params!$C$8","v":333.51149999999996}]
["1991-04-24",4,24,"13:00:00",259,10,8.3000000000000007,6.1,86,{"$f":"Inputs!$R$38*Inputs!$R$33*(G2726-Inputs!$R$27)","v":-72966.21030073741},{"$f":"Inputs!$R$34*E2726*Inputs!$R$39","v":151590.03706834881},{"$f":"params!$C$16*Inputs!$R$30*(G2726-Inputs!$R$27)","v":-11426.069840387021},{"$f":"Inputs!$R$41*Inputs!$R$42/8760","v":0},{"$f":"-Inputs!$R$45*Inputs!$R$34","v":-90000},1091.6777773743988,6.7742116984131845E-3,5.8258220606353384E-3,{"$f":"-N2726/(1.202*2465560*MAX(0,(Inputs!$R$49-Q2726)))","v":5.8711733931976857},{"$f":"params!$C$16*R2726*(G2726-Inputs!$R$27)","v":-90800.741279456197},-113602.98435223181,{"$f":"E2726*params!$C$8","v":536.51850000000002}]
["1991-04-24",4,24,"16:00:00",171,10,7.2,6.1,93,{"$f":"Inputs!$R$38*Inputs!$R$33*(G2729-Inputs!$R$27)","v":-79231.305547721815},{"$f":"Inputs!$R$34*E2729*Inputs!$R$39","v":100084.54184821487},{"$f":"params!$C$16*Inputs!$R$30*(G2729-Inputs!$R$27)","v":-12407.146088607591},{"$f":"Inputs!$R$41*Inputs!$R$42/8760","v":0},{"$f":"-Inputs!$R$45*Inputs!$R$34","v":-90000},1012.7753618292717,6.2796535698688054E-3,5.8400778199779891E-3,{"$f":"-N2729/(1.202*2465560*MAX(0,(Inputs!$R$49-Q2729)))","v":5.8873995738859426},{"$f":"params!$C$16*R2729*(G2729-Inputs!$R$27)","v":-98869.655549350908},-180423.56533746544,{"$f":"E2729*params!$C$8","v":354.22649999999999}]
["1991-04-24",4,24,"19:00:00",16,10,7.2,5.6,90,{"$f":"Inputs!$R$38*Inputs!$R$33*(G2732-Inputs!$R$27)","v":-79231.305547721815},{"$f":"Inputs!$R$34*E2732*Inputs!$R$39","v":9364.6354945698113},{"$f":"params!$C$16*Inputs!$R$30*(G2732-Inputs!$R$27)","v":-12407.146088607591},{"$f":"Inputs!$R$41*Inputs!$R$42/8760","v":0},{"$f":"-Inputs!$R$45*Inputs!$R$34","v":-90000},1012.7753618292717,6.2796535698688054E-3,5.651688212881925E-3,{"$f":"-N2732/(1.202*2465560*MAX(0,(Inputs!$R$49-Q2732)))","v":5.679954630499509},{"$f":"params!$C$16*R2732*(G2732-Inputs!$R$27)","v":-95385.942606026118},-267659.7587477857,{"$f":"E2732*params!$C$8","v":33.143999999999998}]
["1991-04-24",4,24,"20:00:00",0,10,6.7,5.6,93,{"$f":"Inputs!$R$38*Inputs!$R$33*(G2733-Inputs!$R$27)","v":-82079.076114532902},{"$f":"Inputs!$R$34*E2733*Inputs!$R$39","v":0},{"$f":"params!$C$16*Inputs!$R$30*(G2733-Inputs!$R$27)","v":-12853.089837798758},{"$f":"Inputs!$R$41*Inputs!$R$42/8760","v":0},{"$f":"-Inputs!$R$45*Inputs!$R$34","v":-90000},978.60557903106951,6.0657196659430037E-3,5.6411192893269938E-3,{"$f":"-N2733/(1.202*2465560*MAX(0,(Inputs!$R$49-Q2733)))","v":5.6687488947458595},{"$f":"params!$C$16*R2733*(G2733-Inputs!$R$27)","v":-98619.404545505589},-283551.57049783727,{"$f":"E2733*params!$C$8","v":0}]
["1991-04-24",4,24,"23:00:00",0,9,4.4000000000000004,3.9,97,{"$f":"Inputs!$R$38*Inputs!$R$33*(G2736-Inputs!$R$27)","v":-95178.820721863885},{"$f":"Inputs!$R$34*E2736*Inputs!$R$39","v":0},{"$f":"params!$C$16*Inputs!$R$30*(G2736-Inputs!$R$27)","v":-14904.431084078125},{"$f":"Inputs!$R$41*Inputs!$R$42/8760","v":0},{"$f":"-Inputs!$R$45*Inputs!$R$34","v":-90000},834.18129245512239,5.1630993453363316E-3,5.0082063649762422E-3,{"$f":"-N2736/(1.202*2465560*MAX(0,(Inputs!$R$49-Q2736)))","v":5.0697879406979824},{"$f":"params!$C$16*R2736*(G2736-Inputs!$R$27)","v":-102275.78238792685},-302359.03419386887,{"$f":"E2736*params!$C$8","v":0}]
["1991-04-25",4,25,"03:00:00",0,0,3.3,2.8,97,{"$f":"Inputs!$R$38*Inputs!$R$33*(G2740-Inputs!$R$27)","v":-101443.91596884829},{"$f":"Inputs!$R$34*E2740*Inputs!$R$39","v":0},{"$f":"params!$C$16*Inputs!$R$30*(G2740-Inputs!$R$27)","v":-15885.507332298695},{"$f":"Inputs!$R$41*Inputs!$R$42/8760","v":0},{"$f":"-Inputs!$R$45*Inputs!$R$34","v":-90000},772.02842975916951,4.7754555160627581E-3,4.6321918505808747E-3,{"$f":"-N2740/(1.202*2465560*MAX(0,(Inputs!$R$49-Q2740)))","v":4.7703400387008763},{"$f":"params!$C$16*R2740*(G2740-Inputs!$R$27)","v":-102569.45312639856},-309898.87642754556,{"$f":"E2740*params!$C$8","v":0}]
["1991-04-25",4,25,"07:00:00",91,9,2.8,2.8,100,{"$f":"Inputs!$R$38*Inputs!$R$33*(G2744-Inputs!$R$27)","v":-104291.68653565938},{"$f":"Inputs!$R$34*E2744*Inputs!$R$39","v":53261.364375365803},{"$f":"params!$C$16*Inputs!$R$30*(G2744-Inputs!$R$27)","v":-16331.451081489862},{"$f":"Inputs!$R$41*Inputs!$R$42/8760","v":0},{"$f":"-Inputs!$R$45*Inputs!$R$34","v":-90000},745.15756711705887,4.6080118280633067E-3,4.6080118280633067E-3,{"$f":"-N2744/(1.202*2465560*MAX(0,(Inputs!$R$49-Q2744)))","v":4.7522896534525625},{"$f":"params!$C$16*R2744*(G2744-Inputs!$R$27)","v":-105049.81469996588},-262411.58794174931,{"$f":"E2744*params!$C$8","v":188.50649999999999}]
["1991-04-25",4,25,"10:00:00",721,2,13.3,6.7,64,{"$f":"Inputs!$R$38*Inputs!$R$33*(G2747-Inputs!$R$27)","v":-44488.504632626536},{"$f":"Inputs!$R$34*E2747*Inputs!$R$39","v":421993.88697405212},{"$f":"params!$C$16*Inputs!$R$30*(G2747-Inputs!$R$27)","v":-6966.6323484753475},{"$f":"Inputs!$R$41*Inputs!$R$42/8760","v":0},{"$f":"-Inputs!$R$45*Inputs!$R$34","v":-90000},1522.7575650660701,9.4900147252429956E-3,6.0736094241555169E-3,{"$f":"-N2747/(1.202*2465560*MAX(0,(Inputs!$R$49-Q2747)))","v":6.1665841159211414},{"$f":"params!$C$16*R2747*(G2747-Inputs!$R$27)","v":-58148.051324438617},222390.69866851161,{"$f":"E2747*params!$C$8","v":1493.5515}]
["1991-04-25",4,25,"14:00:00",845,2,18.3,-1.6,25,{"$f":"Inputs!$R$38*Inputs!$R$33*(G2751-Inputs!$R$27)","v":-16010.798964515663},{"$f":"Inputs!$R$34*E2751*Inputs!$R$39","v":494569.81205696816},{"$f":"params!$C$16*Inputs!$R$30*(G2751-Inputs!$R$27)","v":-2507.1948565636735},{"$f":"Inputs!$R$41*Inputs!$R$42/8760","v":0},{"$f":"-Inputs!$R$45*Inputs!$R$34","v":-90000},2096.843724028703,1.3143395064644483E-2,3.2858487661611207E-3,{"$f":"-N2751/(1.202*2465560*MAX(0,(Inputs!$R$49-Q2751)))","v":3.9375924578174808},{"$f":"params!$C$16*R2751*(G2751-Inputs!$R$27)","v":-13362.461466461511},372689.35676942725,{"$f":"E2751*params!$C$8","v":1750.4175}]
["1991-04-25",4,25,"17:00:00",367,3,17.8,-1,28,{"$f":"Inputs!$R$38*Inputs!$R$33*(G2754-Inputs!$R$27)","v":-18858.56953132675},{"$f":"Inputs!$R$34*E2754*Inputs!$R$39","v":214801.32665669508},{"$f":"params!$C$16*Inputs!$R$30*(G2754-Inputs!$R$27)","v":-2953.1386057548407},{"$f":"Inputs!$R$41*Inputs!$R$42/8760","v":0},{"$f":"-Inputs!$R$45*Inputs!$R$34","v":-90000},2031.9631240131093,1.2728389257065034E-2,3.5639489919782096E-3,{"$f":"-N2754/(1.202*2465560*MAX(0,(Inputs!$R$49-Q2754)))","v":4.0848880668585998},{"$f":"params!$C$16*R2754*(G2754-Inputs!$R$27)","v":-16327.947858350497},86661.670661262993,{"$f":"E2754*params!$C$8","v":760.2405}]
["1991-04-25",{"$f":"MONTH(A2755)","v":4},{"$f":"DAY(A2755)","v":25},"18:00:00",178,2,15.6,0.6,36,{"$f":"Inputs!$R$38*Inputs!$R$33*(G2755-Inputs!$R$27)","v":-31388.760025295542},{"$f":"Inputs!$R$34*E2755*Inputs!$R$39","v":104181.56987708915},{"$f":"params!$C$16*Inputs!$R$30*(G2755-Inputs!$R$27)","v":-4915.2911021959781},{"$f":"Inputs!$R$41*Inputs!$R$42/8760","v":0},{"$f":"-Inputs!$R$45*Inputs!$R$34","v":-90000},{"$f":"EXP(77.345+0.0057*(G2755+273.15)-7235/(G2755+273.15))/(G2755+273.15)^8.2","v":1766.9242403471044},{"$f":"0.62198*O2755/(101325-O2755)","v":1.1038698072712965E-2},{"$f":"P2755*I2755/100","v":3.9739313061766673E-3},{"$f":"-N2755/(1.202*2465560*MAX(0,(Inputs!$R$49-Q2755)))","v":4.3233059267425809},{"$f":"params!$C$16*R2755*(G2755-Inputs!$R$27)","v":-28762.910169474682},{"$f":"J2755+K2755+L2755+M2755+N2755+S2755","v":-50885.391419877051},{"$f":"E2755*params!$C$8","v":368.72699999999998}]
["1991-04-25",4,25,"21:00:00",0,9,7.8,1.7,65,{"$f":"Inputs!$R$38*Inputs!$R$33*(G2758-Inputs!$R$27)","v":-75813.980867548496},{"$f":"Inputs!$R$34*E2758*Inputs!$R$39","v":0},{"$f":"params!$C$16*Inputs!$R$30*(G2758-Inputs!$R$27)","v":-11872.01358957819},{"$f":"Inputs!$R$41*Inputs!$R$42/8760","v":0},{"$f":"-Inputs!$R$45*Inputs!$R$34","v":-90000},1055.1653507694125,6.5452560799310663E-3,4.2544164519551933E-3,{"$f":"-N2758/(1.202*2465560*MAX(0,(Inputs!$R$49-Q2758)))","v":4.503117071683886},{"$f":"params!$C$16*R2758*(G2758-Inputs!$R$27)","v":-72361.112645784437},-250047.1071029111,{"$f":"E2758*params!$C$8","v":0}]
["1991-04-25",4,25,1,0,2,3.9,0,76,{"$f":"Inputs!$R$38*Inputs!$R$33*(G2761-Inputs!$R$27)","v":-98026.591288675001},{"$f":"Inputs!$R$34*E2761*Inputs!$R$39","v":0},{"$f":"params!$C$16*Inputs!$R$30*(G2761-Inputs!$R$27)","v":-15350.374833269296},{"$f":"Inputs!$R$41*Inputs!$R$42/8760","v":0},{"$f":"-Inputs!$R$45*Inputs!$R$34","v":-90000},805.40210224974328,4.9835455974153575E-3,3.7874946540356717E-3,{"$f":"-N2761/(1.202*2465560*MAX(0,(Inputs!$R$49-Q2761)))","v":4.2115258838305047},{"$f":"params!$C$16*R2761*(G2761-Inputs!$R$27)","v":-87503.630492476659},-290880.596614421,{"$f":"E2761*params!$C$8","v":0}]
["1991-04-26",4,26,"04:00:00",0,3,1.7,0,88,{"$f":"Inputs!$R$38*Inputs!$R$33*(G2765-Inputs!$R$27)","v":-110556.78178264378},{"$f":"Inputs!$R$34*E2765*Inputs!$R$39","v":0},{"$f":"params!$C$16*Inputs!$R$30*(G2765-Inputs!$R$27)","v":-17312.527329710432},{"$f":"Inputs!$R$41*Inputs!$R$42/8760","v":0},{"$f":"-Inputs!$R$45*Inputs!$R$34","v":-90000},688.93490744882638,4.2579539784364821E-3,3.7469995010241041E-3,{"$f":"-N2765/(1.202*2465560*MAX(0,(Inputs!$R$49-Q2765)))","v":4.1880064213920685},{"$f":"params!$C$16*R2765*(G2765-Inputs!$R$27)","v":-98137.597998797253},-316006.90711115149,{"$f":"E2765*params!$C$8","v":0}]
["1991-04-26",4,26,"08:00:00",197,9,7.8,3.9,76,{"$f":"Inputs!$R$38*Inputs!$R$33*(G2769-Inputs!$R$27)","v":-75813.980867548496},{"$f":"Inputs!$R$34*E2769*Inputs!$R$39","v":115302.07452689082},{"$f":"params!$C$16*Inputs!$R$30*(G2769-Inputs!$R$27)","v":-11872.01358957819},{"$f":"Inputs!$R$41*Inputs!$R$42/8760","v":0},{"$f":"-Inputs!$R$45*Inputs!$R$34","v":-90000},1055.1653507694125,6.5452560799310663E-3,4.9743946207476105E-3,{"$f":"-N2769/(1.202*2465560*MAX(0,(Inputs!$R$49-Q2769)))","v":5.0413315273023658},{"$f":"params!$C$16*R2769*(G2769-Inputs!$R$27)","v":-81009.743412124924},-143393.66334236079,{"$f":"E2769*params!$C$8","v":408.08549999999997}]
["1991-04-26",4,26,"11:00:00",678,9,19.399999999999999,5.6,40,{"$f":"Inputs!$R$38*Inputs!$R$33*(G2772-Inputs!$R$27)","v":-9745.7037175312835},{"$f":"Inputs!$R$34*E2772*Inputs!$R$39","v":396826.42908239574},{"$f":"params!$C$16*Inputs!$R$30*(G2772-Inputs!$R$27)","v":-1526.1186083431071},{"$f":"Inputs!$R$41*Inputs!$R$42/8760","v":0},{"$f":"-Inputs!$R$45*Inputs!$R$34","v":-90000},2246.0039599790603,1.4099552870554911E-2,5.6398211482219639E-3,{"$f":"-N2772/(1.202*2465560*MAX(0,(Inputs!$R$49-Q2772)))","v":5.6673755845311851},{"$f":"params!$C$16*R2772*(G2772-Inputs!$R$27)","v":-11706.791831695933},283847.81492482539,{"$f":"E2772*params!$C$8","v":1404.4769999999999}]
["1991-04-26",4,26,"15:00:00",267,10,22.2,5.6,34,{"$f":"Inputs!$R$38*Inputs!$R$33*(G2776-Inputs!$R$27)","v":6201.8114566108106},{"$f":"Inputs!$R$34*E2776*Inputs!$R$39","v":156272.35481563373},{"$f":"params!$C$16*Inputs!$R$30*(G2776-Inputs!$R$27)","v":971.16638712743099},{"$f":"Inputs!$R$41*Inputs!$R$42/8760","v":0},{"$f":"-Inputs!$R$45*Inputs!$R$34","v":-90000},2668.3451911941711,1.6822558450165632E-2,5.7196698730563149E-3,{"$f":"-N2776/(1.202*2465560*MAX(0,(Inputs!$R$49-Q2776)))","v":5.7531049902890876},{"$f":"params!$C$16*R2776*(G2776-Inputs!$R$27)","v":7562.4680967010863},81007.800756073033,{"$f":"E2776*params!$C$8","v":553.09050000000002}]
["1991-04-26",4,26,"18:00:00",57,10,19.399999999999999,7.2,45,{"$f":"Inputs!$R$38*Inputs!$R$33*(G2779-Inputs!$R$27)","v":-9745.7037175312835},{"$f":"Inputs!$R$34*E2779*Inputs!$R$39","v":33361.513949404951},{"$f":"params!$C$16*Inputs!$R$30*(G2779-Inputs!$R$27)","v":-1526.1186083431071},{"$f":"Inputs!$R$41*Inputs!$R$42/8760","v":0},{"$f":"-Inputs!$R$45*Inputs!$R$34","v":-90000},2246.0039599790603,1.4099552870554911E-2,6.3447987917497096E-3,{"$f":"-N2779/(1.202*2465560*MAX(0,(Inputs!$R$49-Q2779)))","v":6.5259515312301355},{"$f":"params!$C$16*R2779*(G2779-Inputs!$R$27)","v":-13480.30582062937},-81390.61419709881,{"$f":"E2779*params!$C$8","v":118.07549999999999}]
["1991-04-26",4,26,"19:00:00",18,10,18.899999999999999,7.8,48,{"$f":"Inputs!$R$38*Inputs!$R$33*(G2780-Inputs!$R$27)","v":-12593.47428434237},{"$f":"Inputs!$R$34*E2780*Inputs!$R$39","v":10535.214931391038},{"$f":"params!$C$16*Inputs!$R$30*(G2780-Inputs!$R$27)","v":-1972.0623575342745},{"$f":"Inputs!$R$41*Inputs!$R$42/8760","v":0},{"$f":"-Inputs!$R$45*Inputs!$R$34","v":-90000},2177.0903237484558,1.3657440121396807E-2,6.5555712582704671E-3,{"$f":"-N2780/(1.202*2465560*MAX(0,(Inputs!$R$49-Q2780)))","v":6.8355574042841551},{"$f":"params!$C$16*R2780*(G2780-Inputs!$R$27)","v":-18245.769806371009},-112276.09151685661,{"$f":"E2780*params!$C$8","v":37.286999999999999}]
["1991-04-26",4,26,"22:00:00",0,9,16.100000000000001,7.2,56,{"$f":"Inputs!$R$38*Inputs!$R$33*(G2783-Inputs!$R$27)","v":-28540.989458484444},{"$f":"Inputs!$R$34*E2783*Inputs!$R$39","v":0},{"$f":"params!$C$16*Inputs!$R$30*(G2783-Inputs!$R$27)","v":-4469.3473530048095},{"$f":"Inputs!$R$41*Inputs!$R$42/8760","v":0},{"$f":"-Inputs!$R$45*Inputs!$R$34","v":-90000},1824.3357636986555,1.14039475717521E-2,6.3862106401811761E-3,{"$f":"-N2783/(1.202*2465560*MAX(0,(Inputs!$R$49-Q2783)))","v":6.5845480703633328},{"$f":"params!$C$16*R2783*(G2783-Inputs!$R$27)","v":-39832.51190517463},-162842.8487166639,{"$f":"E2783*params!$C$8","v":0}]
["1991-04-27",4,27,"01:00:00",0,10,13.9,7.8,67,{"$f":"Inputs!$R$38*Inputs!$R$33*(G2786-Inputs!$R$27)","v":-41071.179952453233},{"$f":"Inputs!$R$34*E2786*Inputs!$R$39","v":0},{"$f":"params!$C$16*Inputs!$R$30*(G2786-Inputs!$R$27)","v":-6431.4998494459469},{"$f":"Inputs!$R$41*Inputs!$R$42/8760","v":0},{"$f":"-Inputs!$R$45*Inputs!$R$34","v":-90000},1583.4071170108264,9.873990681036721E-3,6.6155737562946029E-3,{"$f":"-N2786/(1.202*2465560*MAX(0,(Inputs!$R$49-Q2786)))","v":6.9291411028743441},{"$f":"params!$C$16*R2786*(G2786-Inputs!$R$27)","v":-60319.715183604269},-197822.39498550346,{"$f":"E2786*params!$C$8","v":0}]
["1991-04-27",4,27,"05:00:00",0,9,10,7.8,86,{"$f":"Inputs!$R$38*Inputs!$R$33*(G2790-Inputs!$R$27)","v":-63283.790373579723},{"$f":"Inputs!$R$34*E2790*Inputs!$R$39","v":0},{"$f":"params!$C$16*Inputs!$R$30*(G2790-Inputs!$R$27)","v":-9909.8610931370531},{"$f":"Inputs!$R$41*Inputs!$R$42/8760","v":0},{"$f":"-Inputs!$R$45*Inputs!$R$34","v":-90000},1224.2915728566036,7.6071876458255446E-3,6.5421813754099681E-3,{"$f":"-N2790/(1.202*2465560*MAX(0,(Inputs!$R$49-Q2790)))","v":6.8150176505919644},{"$f":"params!$C$16*R2790*(G2790-Inputs!$R$27)","v":-91411.779871434352},-254605.43133815113,{"$f":"E2790*params!$C$8","v":0}]
["1991-04-27",4,27,"09:00:00",532,3,17.8,8.9,56,{"$f":"Inputs!$R$38*Inputs!$R$33*(G2794-Inputs!$R$27)","v":-18858.56953132675},{"$f":"Inputs!$R$34*E2794*Inputs!$R$39","v":311374.13019444625},{"$f":"params!$C$16*Inputs!$R$30*(G2794-Inputs!$R$27)","v":-2953.1386057548407},{"$f":"Inputs!$R$41*Inputs!$R$42/8760","v":0},{"$f":"-Inputs!$R$45*Inputs!$R$34","v":-90000},2031.9631240131093,1.2728389257065034E-2,7.1278979839564192E-3,{"$f":"-N2794/(1.202*2465560*MAX(0,(Inputs!$R$49-Q2794)))","v":7.8463529918278967},{"$f":"params!$C$16*R2794*(G2794-Inputs!$R$27)","v":-31363.121934281651},168199.300123083,{"$f":"E2794*params!$C$8","v":1102.038}]
["1991-04-27",4,27,"13:00:00",319,9,23.3,7.8,37,{"$f":"Inputs!$R$38*Inputs!$R$33*(G2798-Inputs!$R$27)","v":12466.906703595212},{"$f":"Inputs!$R$34*E2798*Inputs!$R$39","v":186707.42017298561},{"$f":"params!$C$16*Inputs!$R$30*(G2798-Inputs!$R$27)","v":1952.2426353480005},{"$f":"Inputs!$R$41*Inputs!$R$42/8760","v":0},{"$f":"-Inputs!$R$45*Inputs!$R$34","v":-90000},2852.3430534955901,1.8016172076853503E-2,6.6659836684357966E-3,{"$f":"-N2798/(1.202*2465560*MAX(0,(Inputs!$R$49-Q2798)))","v":7.0097673572368144},{"$f":"params!$C$16*R2798*(G2798-Inputs!$R$27)","v":18522.730631393999},129649.30014332282,{"$f":"E2798*params!$C$8","v":660.80849999999998}]
["1991-04-27",4,27,"16:00:00",561,2,23.3,8.3000000000000007,38,{"$f":"Inputs!$R$38*Inputs!$R$33*(G2801-Inputs!$R$27)","v":12466.906703595212},{"$f":"Inputs!$R$34*E2801*Inputs!$R$39","v":328347.53202835401},{"$f":"params!$C$16*Inputs!$R$30*(G2801-Inputs!$R$27)","v":1952.2426353480005},{"$f":"Inputs!$R$41*Inputs!$R$42/8760","v":0},{"$f":"-Inputs!$R$45*Inputs!$R$34","v":-90000},2852.3430534955901,1.8016172076853503E-2,6.8461453892043308E-3,{"$f":"-N2801/(1.202*2465560*MAX(0,(Inputs!$R$49-Q2801)))","v":7.3139216595752998},{"$f":"params!$C$16*R2801*(G2801-Inputs!$R$27)","v":19326.43322599995},272093.11459329713,{"$f":"E2801*params!$C$8","v":1162.1115}]
["1991-04-27",4,27,"19:00:00",28,9,18.3,7.8,50,{"$f":"Inputs!$R$38*Inputs!$R$33*(G2804-Inputs!$R$27)","v":-16010.798964515663},{"$f":"Inputs!$R$34*E2804*Inputs!$R$39","v":16388.11211549717},{"$f":"params!$C$16*Inputs!$R$30*(G2804-Inputs!$R$27)","v":-2507.1948565636735},{"$f":"Inputs!$R$41*Inputs!$R$42/8760","v":0},{"$f":"-Inputs!$R$45*Inputs!$R$34","v":-90000},2096.843724028703,1.3143395064644483E-2,6.5716975323222415E-3,{"$f":"-N2804/(1.202*2465560*MAX(0,(Inputs!$R$49-Q2804)))","v":6.8604596617945957},{"$f":"params!$C$16*R2804*(G2804-Inputs!$R$27)","v":-23281.390559081865},-115411.27226466403,{"$f":"E2804*params!$C$8","v":58.001999999999995}]
["1991-04-27",4,27,"20:00:00",0,2,15.6,7.8,60,{"$f":"Inputs!$R$38*Inputs!$R$33*(G2805-Inputs!$R$27)","v":-31388.760025295542},{"$f":"Inputs!$R$34*E2805*Inputs!$R$39","v":0},{"$f":"params!$C$16*Inputs!$R$30*(G2805-Inputs!$R$27)","v":-4915.2911021959781},{"$f":"Inputs!$R$41*Inputs!$R$42/8760","v":0},{"$f":"-Inputs!$R$45*Inputs!$R$34","v":-90000},1766.9242403471044,1.1038698072712965E-2,6.6232188436277798E-3,{"$f":"-N2805/(1.202*2465560*MAX(0,(Inputs!$R$49-Q2805)))","v":6.941249231572634},{"$f":"params!$C$16*R2805*(G2805-Inputs!$R$27)","v":-46180.060235081874},-172484.1113625734,{"$f":"E2805*params!$C$8","v":0}]
["1991-04-27",4,27,"23:00:00",0,9,11.7,7.2,74,{"$f":"Inputs!$R$38*Inputs!$R$33*(G2808-Inputs!$R$27)","v":-53601.370446422028},{"$f":"Inputs!$R$34*E2808*Inputs!$R$39","v":0},{"$f":"params!$C$16*Inputs!$R$30*(G2808-Inputs!$R$27)","v":-8393.6523458870852},{"$f":"Inputs!$R$41*Inputs!$R$42/8760","v":0},{"$f":"-Inputs!$R$45*Inputs!$R$34","v":-90000},1370.8930463882082,8.5305955200846006E-3,6.3126406848626046E-3,{"$f":"-N2808/(1.202*2465560*MAX(0,(Inputs!$R$49-Q2808)))","v":6.4811632073484828},{"$f":"params!$C$16*R2808*(G2808-Inputs!$R$27)","v":-73632.83948662717},-225627.86227893629,{"$f":"E2808*params!$C$8","v":0}]
["1991-04-28",4,28,"02:00:00",0,9,8.9,7.2,89,{"$f":"Inputs!$R$38*Inputs!$R$33*(G2811-Inputs!$R$27)","v":-69548.885620564106},{"$f":"Inputs!$R$34*E2811*Inputs!$R$39","v":0},{"$f":"params!$C$16*Inputs!$R$30*(G2811-Inputs!$R$27)","v":-10890.937341357621},{"$f":"Inputs!$R$41*Inputs!$R$42/8760","v":0},{"$f":"-Inputs!$R$45*Inputs!$R$34","v":-90000},1136.9596585041099,7.0583890650618127E-3,6.2819662679050141E-3,{"$f":"-N2811/(1.202*2465560*MAX(0,(Inputs!$R$49-Q2811)))","v":6.4390104548351976},{"$f":"params!$C$16*R2811*(G2811-Inputs!$R$27)","v":-94918.748369420529},-265358.57133134227,{"$f":"E2811*params!$C$8","v":0}]
["1991-04-28",4,28,"06:00:00",25,9,7.8,5.6,86,{"$f":"Inputs!$R$38*Inputs!$R$33*(G2815-Inputs!$R$27)","v":-75813.980867548496},{"$f":"Inputs!$R$34*E2815*Inputs!$R$39","v":14632.242960265332},{"$f":"params!$C$16*Inputs!$R$30*(G2815-Inputs!$R$27)","v":-11872.01358957819},{"$f":"Inputs!$R$41*Inputs!$R$42/8760","v":0},{"$f":"-Inputs!$R$45*Inputs!$R$34","v":-90000},1055.1653507694125,6.5452560799310663E-3,5.6289202287407173E-3,{"$f":"-N2815/(1.202*2465560*MAX(0,(Inputs!$R$49-Q2815)))","v":5.6558696459348559},{"$f":"params!$C$16*R2815*(G2815-Inputs!$R$27)","v":-90884.828007885968},-253938.57950474729,{"$f":"E2815*params!$C$8","v":51.787499999999994}]
["1991-04-28",{"$f":"MONTH(A2819)","v":4},{"$f":"DAY(A2819)","v":28},"10:00:00",615,9,19.399999999999999,7.8,47,{"$f":"Inputs!$R$38*Inputs!$R$33*(G2819-Inputs!$R$27)","v":-9745.7037175312835},{"$f":"Inputs!$R$34*E2819*Inputs!$R$39","v":359953.1768225272},{"$f":"params!$C$16*Inputs!$R$30*(G2819-Inputs!$R$27)","v":-1526.1186083431071},{"$f":"Inputs!$R$41*Inputs!$R$42/8760","v":0},{"$f":"-Inputs!$R$45*Inputs!$R$34","v":-90000},{"$f":"EXP(77.345+0.0057*(G2819+273.15)-7235/(G2819+273.15))/(G2819+273.15)^8.2","v":2246.0039599790603},{"$f":"0.62198*O2819/(101325-O2819)","v":1.4099552870554911E-2},{"$f":"P2819*I2819/100","v":6.6267898491608078E-3},{"$f":"-N2819/(1.202*2465560*MAX(0,(Inputs!$R$49-Q2819)))","v":6.9469194260821743},{"$f":"params!$C$16*R2819*(G2819-Inputs!$R$27)","v":-14349.876478044649},{"$f":"J2819+K2819+L2819+M2819+N2819+S2819","v":244331.47801860815},{"$f":"E2819*params!$C$8","v":1273.9724999999999}]
["1991-04-28",4,28,"14:00:00",833,9,25.6,12.2,43,{"$f":"Inputs!$R$38*Inputs!$R$33*(G2823-Inputs!$R$27)","v":25566.65131092622},{"$f":"Inputs!$R$34*E2823*Inputs!$R$39","v":487546.33543604083},{"$f":"params!$C$16*Inputs!$R$30*(G2823-Inputs!$R$27)","v":4003.5838816273713},{"$f":"Inputs!$R$41*Inputs!$R$42/8760","v":0},{"$f":"-Inputs!$R$45*Inputs!$R$34","v":-90000},3273.2005007163498,2.0763160470608485E-2,8.9281590023616488E-3,{"$f":"-N2823/(1.202*2465560*MAX(0,(Inputs!$R$49-Q2823)))","v":14.669835945703754},{"$f":"params!$C$16*R2823*(G2823-Inputs!$R$27)","v":79495.364021149275},506611.93464974372,{"$f":"E2823*params!$C$8","v":1725.5594999999998}]
["1991-04-28",4,28,"17:00:00",250,10,19.399999999999999,16.100000000000001,81,{"$f":"Inputs!$R$38*Inputs!$R$33*(G2826-Inputs!$R$27)","v":-9745.7037175312835},{"$f":"Inputs!$R$34*E2826*Inputs!$R$39","v":146322.42960265331},{"$f":"params!$C$16*Inputs!$R$30*(G2826-Inputs!$R$27)","v":-1526.1186083431071},{"$f":"Inputs!$R$41*Inputs!$R$42/8760","v":0},{"$f":"-Inputs!$R$45*Inputs!$R$34","v":-90000},2246.0039599790603,1.4099552870554911E-2,1.1420637825149477E-2,{"$f":"-N2826/(1.202*2465560*MAX(0,(Inputs!$R$49-Q2826)))","v":{"$error":"#DIV/0!"}},{"$f":"params!$C$16*R2826*(G2826-Inputs!$R$27)","v":{"$error":"#DIV/0!"}},{"$error":"#DIV/0!"},{"$f":"E2826*params!$C$8","v":517.875}]
["1991-04-28",4,28,"20:00:00",0,10,18.3,8.9,54,{"$f":"Inputs!$R$38*Inputs!$R$33*(G2829-Inputs!$R$27)","v":-16010.798964515663},{"$f":"Inputs!$R$34*E2829*Inputs!$R$39","v":0},{"$f":"params!$C$16*Inputs!$R$30*(G2829-Inputs!$R$27)","v":-2507.1948565636735},{"$f":"Inputs!$R$41*Inputs!$R$42/8760","v":0},{"$f":"-Inputs!$R$45*Inputs!$R$34","v":-90000},2096.843724028703,1.3143395064644483E-2,7.0974333349080208E-3,{"$f":"-N2829/(1.202*2465560*MAX(0,(Inputs!$R$49-Q2829)))","v":7.7850750235106458},{"$f":"params!$C$16*R2829*(G2829-Inputs!$R$27)","v":-26419.129488284627},-134937.12330936396,{"$f":"E2829*params!$C$8","v":0}]
["1991-04-28",4,28,"21:00:00",0,10,17.8,7.2,50,{"$f":"Inputs!$R$38*Inputs!$R$33*(G2830-Inputs!$R$27)","v":-18858.56953132675},{"$f":"Inputs!$R$34*E2830*Inputs!$R$39","v":0},{"$f":"params!$C$16*Inputs!$R$30*(G2830-Inputs!$R$27)","v":-2953.1386057548407},{"$f":"Inputs!$R$41*Inputs!$R$42/8760","v":0},{"$f":"-Inputs!$R$45*Inputs!$R$34","v":-90000},2031.9631240131093,1.2728389257065034E-2,6.3641946285325169E-3,{"$f":"-N2830/(1.202*2465560*MAX(0,(Inputs!$R$49-Q2830)))","v":6.5532656802177991},{"$f":"params!$C$16*R2830*(G2830-Inputs!$R$27)","v":-26194.446108972887},-138006.15424605447,{"$f":"E2830*params!$C$8","v":0}]
["1991-04-28",4,28,1,0,10,14.4,3.9,49,{"$f":"Inputs!$R$38*Inputs!$R$33*(G2833-Inputs!$R$27)","v":-38223.409385642146},{"$f":"Inputs!$R$34*E2833*Inputs!$R$39","v":0},{"$f":"params!$C$16*Inputs!$R$30*(G2833-Inputs!$R$27)","v":-5985.5561002547793},{"$f":"Inputs!$R$41*Inputs!$R$42/8760","v":0},{"$f":"-Inputs!$R$45*Inputs!$R$34","v":-90000},1635.559113509069,1.0204541708471198E-2,5.0002254371508872E-3,{"$f":"-N2833/(1.202*2465560*MAX(0,(Inputs!$R$49-Q2833)))","v":5.0630421594317063},{"$f":"params!$C$16*R2833*(G2833-Inputs!$R$27)","v":-41018.867203052214},-175227.83268894913,{"$f":"E2833*params!$C$8","v":0}]
["1991-04-29",4,29,"03:00:00",0,10,11.7,5.6,66,{"$f":"Inputs!$R$38*Inputs!$R$33*(G2836-Inputs!$R$27)","v":-53601.370446422028},{"$f":"Inputs!$R$34*E2836*Inputs!$R$39","v":0},{"$f":"params!$C$16*Inputs!$R$30*(G2836-Inputs!$R$27)","v":-8393.6523458870852},{"$f":"Inputs!$R$41*Inputs!$R$42/8760","v":0},{"$f":"-Inputs!$R$45*Inputs!$R$34","v":-90000},1370.8930463882082,8.5305955200846006E-3,5.6301930432558368E-3,{"$f":"-N2836/(1.202*2465560*MAX(0,(Inputs!$R$49-Q2836)))","v":5.6572106941682465},{"$f":"params!$C$16*R2836*(G2836-Inputs!$R$27)","v":-64271.871214941857},-216266.89400725096,{"$f":"E2836*params!$C$8","v":0}]
["1991-04-29",4,29,"07:00:00",49,10,11.1,4.4000000000000004,63,{"$f":"Inputs!$R$38*Inputs!$R$33*(G2840-Inputs!$R$27)","v":-57018.695126595332},{"$f":"Inputs!$R$34*E2840*Inputs!$R$39","v":28679.196202120049},{"$f":"params!$C$16*Inputs!$R$30*(G2840-Inputs!$R$27)","v":-8928.7848449164849},{"$f":"Inputs!$R$41*Inputs!$R$42/8760","v":0},{"$f":"-Inputs!$R$45*Inputs!$R$34","v":-90000},1317.4782376741875,8.1938348219052388E-3,5.1621159378003002E-3,{"$f":"-N2840/(1.202*2465560*MAX(0,(Inputs!$R$49-Q2840)))","v":5.2034867102516174},{"$f":"params!$C$16*R2840*(G2840-Inputs!$R$27)","v":-62886.065085070557},-190154.34885446233,{"$f":"E2840*params!$C$8","v":101.50349999999999}]
["1991-04-29",4,29,"11:00:00",240,10,15.6,8.3000000000000007,62,{"$f":"Inputs!$R$38*Inputs!$R$33*(G2844-Inputs!$R$27)","v":-31388.760025295542},{"$f":"Inputs!$R$34*E2844*Inputs!$R$39","v":140469.53241854717},{"$f":"params!$C$16*Inputs!$R$30*(G2844-Inputs!$R$27)","v":-4915.2911021959781},{"$f":"Inputs!$R$41*Inputs!$R$42/8760","v":0},{"$f":"-Inputs!$R$45*Inputs!$R$34","v":-90000},1766.9242403471044,1.1038698072712965E-2,6.8439928050820385E-3,{"$f":"-N2844/(1.202*2465560*MAX(0,(Inputs!$R$49-Q2844)))","v":7.3101318866998923},{"$f":"params!$C$16*R2844*(G2844-Inputs!$R$27)","v":-48634.2327716289},-34468.75148057325,{"$f":"E2844*params!$C$8","v":497.15999999999997}]
["1991-04-29",4,29,"15:00:00",214,10,15.6,10.6,72,{"$f":"Inputs!$R$38*Inputs!$R$33*(G2848-Inputs!$R$27)","v":-31388.760025295542},{"$f":"Inputs!$R$34*E2848*Inputs!$R$39","v":125251.99973987123},{"$f":"params!$C$16*Inputs!$R$30*(G2848-Inputs!$R$27)","v":-4915.2911021959781},{"$f":"Inputs!$R$41*Inputs!$R$42/8760","v":0},{"$f":"-Inputs!$R$45*Inputs!$R$34","v":-90000},1766.9242403471044,1.1038698072712965E-2,7.9478626123533347E-3,{"$f":"-N2848/(1.202*2465560*MAX(0,(Inputs!$R$49-Q2848)))","v":9.9554797878380157},{"$f":"params!$C$16*R2848*(G2848-Inputs!$R$27)","v":-66233.705336544779},-67285.756724165069,{"$f":"E2848*params!$C$8","v":443.30099999999999}]
["1991-04-29",4,29,"18:00:00",58,10,14.4,11.1,81,{"$f":"Inputs!$R$38*Inputs!$R$33*(G2851-Inputs!$R$27)","v":-38223.409385642146},{"$f":"Inputs!$R$34*E2851*Inputs!$R$39","v":33946.803667815569},{"$f":"params!$C$16*Inputs!$R$30*(G2851-Inputs!$R$27)","v":-5985.5561002547793},{"$f":"Inputs!$R$41*Inputs!$R$42/8760","v":0},{"$f":"-Inputs!$R$45*Inputs!$R$34","v":-90000},1635.559113509069,1.0204541708471198E-2,8.2656787838616703E-3,{"$f":"-N2851/(1.202*2465560*MAX(0,(Inputs!$R$49-Q2851)))","v":11.113352474489627},{"$f":"params!$C$16*R2851*(G2851-Inputs!$R$27)","v":-90036.210439726754},-190298.37225780811,{"$f":"E2851*params!$C$8","v":120.14699999999999}]
["1991-04-29",4,29,"21:00:00",0,10,13.3,10.6,84,{"$f":"Inputs!$R$38*Inputs!$R$33*(G2854-Inputs!$R$27)","v":-44488.504632626536},{"$f":"Inputs!$R$34*E2854*Inputs!$R$39","v":0},{"$f":"params!$C$16*Inputs!$R$30*(G2854-Inputs!$R$27)","v":-6966.6323484753475},{"$f":"Inputs!$R$41*Inputs!$R$42/8760","v":0},{"$f":"-Inputs!$R$45*Inputs!$R$34","v":-90000},1522.7575650660701,9.4900147252429956E-3,7.9716123692041164E-3,{"$f":"-N2854/(1.202*2465560*MAX(0,(Inputs!$R$49-Q2854)))","v":10.033598597895578},{"$f":"params!$C$16*R2854*(G2854-Inputs!$R$27)","v":-94612.21889974919},-236067.35588085107,{"$f":"E2854*params!$C$8","v":0}]
["1991-04-29",4,29,"22:00:00",0,10,13.9,10.6,80,{"$f":"Inputs!$R$38*Inputs!$R$33*(G2855-Inputs!$R$27)","v":-41071.179952453233},{"$f":"Inputs!$R$34*E2855*Inputs!$R$39","v":0},{"$f":"params!$C$16*Inputs!$R$30*(G2855-Inputs!$R$27)","v":-6431.4998494459469},{"$f":"Inputs!$R$41*Inputs!$R$42/8760","v":0},{"$f":"-Inputs!$R$45*Inputs!$R$34","v":-90000},1583.4071170108264,9.873990681036721E-3,7.8991925448293771E-3,{"$f":"-N2855/(1.202*2465560*MAX(0,(Inputs!$R$49-Q2855)))","v":9.7991328700200722},{"$f":"params!$C$16*R2855*(G2855-Inputs!$R$27)","v":-85303.632151568308},-222806.31195346749,{"$f":"E2855*params!$C$8","v":0}]
["1991-04-30",4,30,"01:00:00",0,10,13.3,11.7,90,{"$f":"Inputs!$R$38*Inputs!$R$33*(G2858-Inputs!$R$27)","v":-44488.504632626536},{"$f":"Inputs!$R$34*E2858*Inputs!$R$39","v":0},{"$f":"params!$C$16*Inputs!$R$30*(G2858-Inputs!$R$27)","v":-6966.6323484753475},{"$f":"Inputs!$R$41*Inputs!$R$42/8760","v":0},{"$f":"-Inputs!$R$45*Inputs!$R$34","v":-90000},1522.7575650660701,9.4900147252429956E-3,8.5410132527186967E-3,{"$f":"-N2858/(1.202*2465560*MAX(0,(Inputs!$R$49-Q2858)))","v":12.358589780717178},{"$f":"params!$C$16*R2858*(G2858-Inputs!$R$27)","v":-116535.81615978316},-257990.95314088505,{"$f":"E2858*params!$C$8","v":0}]
["1991-04-30",4,30,"04:00:00",0,10,14.4,12.8,90,{"$f":"Inputs!$R$38*Inputs!$R$33*(G2861-Inputs!$R$27)","v":-38223.409385642146},{"$f":"Inputs!$R$34*E2861*Inputs!$R$39","v":0},{"$f":"params!$C$16*Inputs!$R$30*(G2861-Inputs!$R$27)","v":-5985.5561002547793},{"$f":"Inputs!$R$41*Inputs!$R$42/8760","v":0},{"$f":"-Inputs!$R$45*Inputs!$R$34","v":-90000},1635.559113509069,1.0204541708471198E-2,9.1840875376240777E-3,{"$f":"-N2861/(1.202*2465560*MAX(0,(Inputs!$R$49-Q2861)))","v":16.739304935106468},{"$f":"params!$C$16*R2861*(G2861-Inputs!$R$27)","v":-135615.56561907005},-269824.531104967,{"$f":"E2861*params!$C$8","v":0}]
["1991-04-30",4,30,"09:00:00",161,10,16.7,13.9,84,{"$f":"Inputs!$R$38*Inputs!$R$33*(G2866-Inputs!$R$27)","v":-25123.664778311151},{"$f":"Inputs!$R$34*E2866*Inputs!$R$39","v":94231.644664108739},{"$f":"params!$C$16*Inputs!$R$30*(G2866-Inputs!$R$27)","v":-3934.2148539754103},{"$f":"Inputs!$R$41*Inputs!$R$42/8760","v":0},{"$f":"-Inputs!$R$45*Inputs!$R$34","v":-90000},1895.3846669421735,1.1856541445883897E-2,9.9594948145424727E-3,{"$f":"-N2866/(1.202*2465560*MAX(0,(Inputs!$R$49-Q2866)))","v":29.234372231875955},{"$f":"params!$C$16*R2866*(G2866-Inputs!$R$27)","v":-155675.20966968493},-180501.44463786276,{"$f":"E2866*params!$C$8","v":333.51149999999996}]
["1991-04-30",4,30,"12:00:00",758,3,23.9,15.6,60,{"$f":"Inputs!$R$38*Inputs!$R$33*(G2869-Inputs!$R$27)","v":15884.231383768505},{"$f":"Inputs!$R$34*E2869*Inputs!$R$39","v":443649.60655524489},{"$f":"params!$C$16*Inputs!$R$30*(G2869-Inputs!$R$27)","v":2487.3751343773993},{"$f":"Inputs!$R$41*Inputs!$R$42/8760","v":0},{"$f":"-Inputs!$R$45*Inputs!$R$34","v":-90000},2957.3004217822781,1.8699041699938756E-2,1.1219425019963253E-2,{"$f":"-N2869/(1.202*2465560*MAX(0,(Inputs!$R$49-Q2869)))","v":{"$error":"#DIV/0!"}},{"$f":"params!$C$16*R2869*(G2869-Inputs!$R$27)","v":{"$error":"#DIV/0!"}},{"$error":"#DIV/0!"},{"$f":"E2869*params!$C$8","v":1570.1969999999999}]
["1991-04-30",4,30,"16:00:00",250,9,26.1,7.8,31,{"$f":"Inputs!$R$38*Inputs!$R$33*(G2873-Inputs!$R$27)","v":28414.421877737306},{"$f":"Inputs!$R$34*E2873*Inputs!$R$39","v":146322.42960265331},{"$f":"params!$C$16*Inputs!$R$30*(G2873-Inputs!$R$27)","v":4449.5276308185385},{"$f":"Inputs!$R$41*Inputs!$R$42/8760","v":0},{"$f":"-Inputs!$R$45*Inputs!$R$34","v":-90000},3371.5401452483529,2.1408437666735922E-2,6.6366156766881354E-3,{"$f":"-N2873/(1.202*2465560*MAX(0,(Inputs!$R$49-Q2873)))","v":6.962569214047603},{"$f":"params!$C$16*R2873*(G2873-Inputs!$R$27)","v":41932.528095684196},131118.90720689335,{"$f":"E2873*params!$C$8","v":517.875}]
["1991-04-30",4,30,"19:00:00",46,0,21.3,5.6,36,{"$f":"Inputs!$R$38*Inputs!$R$33*(G2876-Inputs!$R$27)","v":1075.8244363508616},{"$f":"Inputs!$R$34*E2876*Inputs!$R$39","v":26923.327046888211},{"$f":"params!$C$16*Inputs!$R$30*(G2876-Inputs!$R$27)","v":168.46763858333088},{"$f":"Inputs!$R$41*Inputs!$R$42/8760","v":0},{"$f":"-Inputs!$R$45*Inputs!$R$34","v":-90000},2525.6026285047415,1.5899634660429558E-2,5.7238684777546414E-3,{"$f":"-N2876/(1.202*2465560*MAX(0,(Inputs!$R$49-Q2876)))","v":5.7576846445814285},{"$f":"params!$C$16*R2876*(G2876-Inputs!$R$27)","v":1312.9009902588177},-60519.479887918787,{"$f":"E2876*params!$C$8","v":95.289000000000001}]
["1991-04-30",4,30,"22:00:00",0,0,12.8,8.5,83,{"$f":"Inputs!$R$38*Inputs!$R$33*(G2879-Inputs!$R$27)","v":-47336.275199437623},{"$f":"Inputs!$R$34*E2879*Inputs!$R$39","v":0},{"$f":"params!$C$16*Inputs!$R$30*(G2879-Inputs!$R$27)","v":-7412.5760976665151},{"$f":"Inputs!$R$41*Inputs!$R$42/8760","v":0},{"$f":"-Inputs!$R$45*Inputs!$R$34","v":-90000},1473.7857134719666,9.1803113724273511E-3,7.6196584391147017E-3,{"$f":"-N2879/(1.202*2465560*MAX(0,(Inputs!$R$49-Q2879)))","v":8.9883921343078761},{"$f":"params!$C$16*R2879*(G2879-Inputs!$R$27)","v":-90181.777076522936},-234930.62837362709,{"$f":"E2879*params!$C$8","v":0}]
["1991-04-30",4,30,"23:00:00",0,0,11.6,7.6,90,{"$f":"Inputs!$R$38*Inputs!$R$33*(G2880-Inputs!$R$27)","v":-54170.924559784246},{"$f":"Inputs!$R$34*E2880*Inputs!$R$39","v":0},{"$f":"params!$C$16*Inputs!$R$30*(G2880-Inputs!$R$27)","v":-8482.8410957253182},{"$f":"Inputs!$R$41*Inputs!$R$42/8760","v":0},{"$f":"-Inputs!$R$45*Inputs!$R$34","v":-90000},1361.8604305174304,8.473622919620909E-3,7.6262606276588183E-3,{"$f":"-N2880/(1.202*2465560*MAX(0,(Inputs!$R$49-Q2880)))","v":9.0059907685389984},{"$f":"params!$C$16*R2880*(G2880-Inputs!$R$27)","v":-103404.73888896142},-256058.50454447098,{"$f":"E2880*params!$C$8","v":0}]
["2005-05-01",{"$f":"MONTH(A2883)","v":5},{"$f":"DAY(A2883)","v":1},"02:00:00",0,10,8.3000000000000007,4.8,87,{"$f":"Inputs!$R$38*Inputs!$R$33*(G2883-Inputs!$R$27)","v":-72966.21030073741},{"$f":"Inputs!$R$34*E2883*Inputs!$R$39","v":0},{"$f":"params!$C$16*Inputs!$R$30*(G2883-Inputs!$R$27)","v":-11426.069840387021},{"$f":"Inputs!$R$41*Inputs!$R$42/8760","v":0},{"$f":"-Inputs!$R$45*Inputs!$R$34","v":-90000},{"$f":"EXP(77.345+0.0057*(G2883+273.15)-7235/(G2883+273.15))/(G2883+273.15)^8.2","v":1091.6777773743988},{"$f":"0.62198*O2883/(101325-O2883)","v":6.7742116984131845E-3},{"$f":"P2883*I2883/100","v":5.8935641776194699E-3},{"$f":"-N2883/(1.202*2465560*MAX(0,(Inputs!$R$49-Q2883)))","v":5.9490866756578589},{"$f":"params!$C$16*R2883*(G2883-Inputs!$R$27)","v":-92005.710598041813},{"$f":"J2883+K2883+L2883+M2883+N2883+S2883","v":-266397.99073916627},{"$f":"E2883*params!$C$8","v":0}]
["2005-05-01",5,1,"05:00:00",0,10,6,3,81,{"$f":"Inputs!$R$38*Inputs!$R$33*(G2886-Inputs!$R$27)","v":-86065.954908068423},{"$f":"Inputs!$R$34*E2886*Inputs!$R$39","v":0},{"$f":"params!$C$16*Inputs!$R$30*(G2886-Inputs!$R$27)","v":-13477.411086666392},{"$f":"Inputs!$R$41*Inputs!$R$42/8760","v":0},{"$f":"-Inputs!$R$45*Inputs!$R$34","v":-90000},932.4781503104233,5.7771510192606073E-3,4.6794923256010916E-3,{"$f":"-N2886/(1.202*2465560*MAX(0,(Inputs!$R$49-Q2886)))","v":4.8060492775307395},{"$f":"params!$C$16*R2886*(G2886-Inputs!$R$27)","v":-87672.281414592275},-277215.6474093271,{"$f":"E2886*params!$C$8","v":0}]
["2005-05-01",5,1,"10:00:00",695,8,10,2,57,{"$f":"Inputs!$R$38*Inputs!$R$33*(G2891-Inputs!$R$27)","v":-63283.790373579723},{"$f":"Inputs!$R$34*E2891*Inputs!$R$39","v":406776.35429537622},{"$f":"params!$C$16*Inputs!$R$30*(G2891-Inputs!$R$27)","v":-9909.8610931370531},{"$f":"Inputs!$R$41*Inputs!$R$42/8760","v":0},{"$f":"-Inputs!$R$45*Inputs!$R$34","v":-90000},1224.2915728566036,7.6071876458255446E-3,4.3360969581205605E-3,{"$f":"-N2891/(1.202*2465560*MAX(0,(Inputs!$R$49-Q2891)))","v":4.5583266764544703},{"$f":"params!$C$16*R2891*(G2891-Inputs!$R$27)","v":-61142.138743242875},182440.56408541655,{"$f":"E2891*params!$C$8","v":1439.6924999999999}]
["2005-05-01",5,1,"13:00:00",890,10,12,1,47,{"$f":"Inputs!$R$38*Inputs!$R$33*(G2894-Inputs!$R$27)","v":-51892.708106335369},{"$f":"Inputs!$R$34*E2894*Inputs!$R$39","v":520907.84938544576},{"$f":"params!$C$16*Inputs!$R$30*(G2894-Inputs!$R$27)","v":-8126.0860963723835},{"$f":"Inputs!$R$41*Inputs!$R$42/8760","v":0},{"$f":"-Inputs!$R$45*Inputs!$R$34","v":-90000},1398.3079270856979,8.70357605607666E-3,4.0906807463560301E-3,{"$f":"-N2894/(1.202*2465560*MAX(0,(Inputs!$R$49-Q2894)))","v":4.3963766150059165},{"$f":"params!$C$16*R2894*(G2894-Inputs!$R$27)","v":-48355.282145000201},322533.77303773782,{"$f":"E2894*params!$C$8","v":1843.635}]
["2005-05-01",5,1,"17:00:00",241,5,11,0,47,{"$f":"Inputs!$R$38*Inputs!$R$33*(G2898-Inputs!$R$27)","v":-57588.249239957542},{"$f":"Inputs!$R$34*E2898*Inputs!$R$39","v":141054.82213695778},{"$f":"params!$C$16*Inputs!$R$30*(G2898-Inputs!$R$27)","v":-9017.9735947547179},{"$f":"Inputs!$R$41*Inputs!$R$42/8760","v":0},{"$f":"-Inputs!$R$45*Inputs!$R$34","v":-90000},1308.7561751391206,8.138879592783612E-3,3.8252734086082979E-3,{"$f":"-N2898/(1.202*2465560*MAX(0,(Inputs!$R$49-Q2898)))","v":4.2337071051069399},{"$f":"params!$C$16*R2898*(G2898-Inputs!$R$27)","v":-51677.010510409687},-67228.411208164165,{"$f":"E2898*params!$C$8","v":499.23149999999998}]
["2005-05-01",5,1,"20:00:00",0,0,6,0,65,{"$f":"Inputs!$R$38*Inputs!$R$33*(G2901-Inputs!$R$27)","v":-86065.954908068423},{"$f":"Inputs!$R$34*E2901*Inputs!$R$39","v":0},{"$f":"params!$C$16*Inputs!$R$30*(G2901-Inputs!$R$27)","v":-13477.411086666392},{"$f":"Inputs!$R$41*Inputs!$R$42/8760","v":0},{"$f":"-Inputs!$R$45*Inputs!$R$34","v":-90000},932.4781503104233,5.7771510192606073E-3,3.7551481625193949E-3,{"$f":"-N2901/(1.202*2465560*MAX(0,(Inputs!$R$49-Q2901)))","v":4.1927180039269754},{"$f":"params!$C$16*R2901*(G2901-Inputs!$R$27)","v":-76483.85014503471},-266027.21613976953,{"$f":"E2901*params!$C$8","v":0}]
["2005-05-01",5,1,"21:00:00",0,0,2,-1,80,{"$f":"Inputs!$R$38*Inputs!$R$33*(G2902-Inputs!$R$27)","v":-108848.11944255712},{"$f":"Inputs!$R$34*E2902*Inputs!$R$39","v":0},{"$f":"params!$C$16*Inputs!$R$30*(G2902-Inputs!$R$27)","v":-17044.961080195731},{"$f":"Inputs!$R$41*Inputs!$R$42/8760","v":0},{"$f":"-Inputs!$R$45*Inputs!$R$34","v":-90000},703.88301618186097,4.3509868656616182E-3,3.4807894925292949E-3,{"$f":"-N2902/(1.202*2465560*MAX(0,(Inputs!$R$49-Q2902)))","v":4.0397005234687713},{"$f":"params!$C$16*R2902*(G2902-Inputs!$R$27)","v":-93199.331588102854},-309092.41211085569,{"$f":"E2902*params!$C$8","v":0}]
["2005-05-01",5,1,1,0,8,-1,-3,85,{"$f":"Inputs!$R$38*Inputs!$R$33*(G2905-Inputs!$R$27)","v":-125934.74284342365},{"$f":"Inputs!$R$34*E2905*Inputs!$R$39","v":0},{"$f":"params!$C$16*Inputs!$R$30*(G2905-Inputs!$R$27)","v":-19720.623575342735},{"$f":"Inputs!$R$41*Inputs!$R$42/8760","v":0},{"$f":"-Inputs!$R$45*Inputs!$R$34","v":-90000},566.54310372490409,3.4972595900071069E-3,2.9726706515060407E-3,{"$f":"-N2905/(1.202*2465560*MAX(0,(Inputs!$R$49-Q2905)))","v":3.7839384926408872},{"$f":"params!$C$16*R2905*(G2905-Inputs!$R$27)","v":-101002.54685144042},-336657.91327020677,{"$f":"E2905*params!$C$8","v":0}]
["2005-05-02",5,2,"03:00:00",0,10,1,0,93,{"$f":"Inputs!$R$38*Inputs!$R$33*(G2908-Inputs!$R$27)","v":-114543.66057617929},{"$f":"Inputs!$R$34*E2908*Inputs!$R$39","v":0},{"$f":"params!$C$16*Inputs!$R$30*(G2908-Inputs!$R$27)","v":-17936.848578578065},{"$f":"Inputs!$R$41*Inputs!$R$42/8760","v":0},{"$f":"-Inputs!$R$45*Inputs!$R$34","v":-90000},655.14373774848059,4.0477489204243187E-3,3.7644064959946166E-3,{"$f":"-N2908/(1.202*2465560*MAX(0,(Inputs!$R$49-Q2908)))","v":4.1980840838852957},{"$f":"params!$C$16*R2908*(G2908-Inputs!$R$27)","v":-101921.28438661575},-324401.7935413731,{"$f":"E2908*params!$C$8","v":0}]
["2005-05-02",5,2,"06:00:00",0,10,1,-1,86,{"$f":"Inputs!$R$38*Inputs!$R$33*(G2911-Inputs!$R$27)","v":-114543.66057617929},{"$f":"Inputs!$R$34*E2911*Inputs!$R$39","v":0},{"$f":"params!$C$16*Inputs!$R$30*(G2911-Inputs!$R$27)","v":-17936.848578578065},{"$f":"Inputs!$R$41*Inputs!$R$42/8760","v":0},{"$f":"-Inputs!$R$45*Inputs!$R$34","v":-90000},655.14373774848059,4.0477489204243187E-3,3.481064071564914E-3,{"$f":"-N2911/(1.202*2465560*MAX(0,(Inputs!$R$49-Q2911)))","v":4.0398480802297572},{"$f":"params!$C$16*R2911*(G2911-Inputs!$R$27)","v":-98079.623189145947},-320560.1323439033,{"$f":"E2911*params!$C$8","v":0}]
["2005-05-02",5,2,"11:00:00",161,10,6,3,81,{"$f":"Inputs!$R$38*Inputs!$R$33*(G2916-Inputs!$R$27)","v":-86065.954908068423},{"$f":"Inputs!$R$34*E2916*Inputs!$R$39","v":94231.644664108739},{"$f":"params!$C$16*Inputs!$R$30*(G2916-Inputs!$R$27)","v":-13477.411086666392},{"$f":"Inputs!$R$41*Inputs!$R$42/8760","v":0},{"$f":"-Inputs!$R$45*Inputs!$R$34","v":-90000},932.4781503104233,5.7771510192606073E-3,4.6794923256010916E-3,{"$f":"-N2916/(1.202*2465560*MAX(0,(Inputs!$R$49-Q2916)))","v":4.8060492775307395},{"$f":"params!$C$16*R2916*(G2916-Inputs!$R$27)","v":-87672.281414592275},-182984.00274521834,{"$f":"E2916*params!$C$8","v":333.51149999999996}]
["2005-05-02",5,2,"14:00:00",282,8,7,3,76,{"$f":"Inputs!$R$38*Inputs!$R$33*(G2919-Inputs!$R$27)","v":-80370.41377444625},{"$f":"Inputs!$R$34*E2919*Inputs!$R$39","v":165051.70059179293},{"$f":"params!$C$16*Inputs!$R$30*(G2919-Inputs!$R$27)","v":-12585.523588284057},{"$f":"Inputs!$R$41*Inputs!$R$42/8760","v":0},{"$f":"-Inputs!$R$45*Inputs!$R$34","v":-90000},998.98316002102877,6.193284308903993E-3,4.7068960747670349E-3,{"$f":"-N2919/(1.202*2465560*MAX(0,(Inputs!$R$49-Q2919)))","v":4.8269832441929577},{"$f":"params!$C$16*R2919*(G2919-Inputs!$R$27)","v":-82227.046726450615},-100131.28349738798,{"$f":"E2919*params!$C$8","v":584.16300000000001}]
["2005-05-02",5,2,"18:00:00",175,8,7,-3,48,{"$f":"Inputs!$R$38*Inputs!$R$33*(G2923-Inputs!$R$27)","v":-80370.41377444625},{"$f":"Inputs!$R$34*E2923*Inputs!$R$39","v":102425.70072185731},{"$f":"params!$C$16*Inputs!$R$30*(G2923-Inputs!$R$27)","v":-12585.523588284057},{"$f":"Inputs!$R$41*Inputs!$R$42/8760","v":0},{"$f":"-Inputs!$R$45*Inputs!$R$34","v":-90000},998.98316002102877,6.193284308903993E-3,2.9727764682739165E-3,{"$f":"-N2923/(1.202*2465560*MAX(0,(Inputs!$R$49-Q2923)))","v":3.7839883840636421},{"$f":"params!$C$16*R2923*(G2923-Inputs!$R$27)","v":-64459.761703765609},-144989.99834463859,{"$f":"E2923*params!$C$8","v":362.51249999999999}]
["2005-05-02",5,2,"21:00:00",0,9,4,-1,69,{"$f":"Inputs!$R$38*Inputs!$R$33*(G2926-Inputs!$R$27)","v":-97457.037175312769},{"$f":"Inputs!$R$34*E2926*Inputs!$R$39","v":0},{"$f":"params!$C$16*Inputs!$R$30*(G2926-Inputs!$R$27)","v":-15261.186083431061},{"$f":"Inputs!$R$41*Inputs!$R$42/8760","v":0},{"$f":"-Inputs!$R$45*Inputs!$R$34","v":-90000},811.08667612094962,5.0190035800134264E-3,3.4631124702092643E-3,{"$f":"-N2926/(1.202*2465560*MAX(0,(Inputs!$R$49-Q2926)))","v":4.0302236526162361},{"$f":"params!$C$16*R2926*(G2926-Inputs!$R$27)","v":-83250.154560311115},-285968.37781905493,{"$f":"E2926*params!$C$8","v":0}]
["2005-05-02",5,2,"22:00:00",0,0,2,-1,80,{"$f":"Inputs!$R$38*Inputs!$R$33*(G2927-Inputs!$R$27)","v":-108848.11944255712},{"$f":"Inputs!$R$34*E2927*Inputs!$R$39","v":0},{"$f":"params!$C$16*Inputs!$R$30*(G2927-Inputs!$R$27)","v":-17044.961080195731},{"$f":"Inputs!$R$41*Inputs!$R$42/8760","v":0},{"$f":"-Inputs!$R$45*Inputs!$R$34","v":-90000},703.88301618186097,4.3509868656616182E-3,3.4807894925292949E-3,{"$f":"-N2927/(1.202*2465560*MAX(0,(Inputs!$R$49-Q2927)))","v":4.0397005234687713},{"$f":"params!$C$16*R2927*(G2927-Inputs!$R$27)","v":-93199.331588102854},-309092.41211085569,{"$f":"E2927*params!$C$8","v":0}]
["2005-05-03",5,3,"01:00:00",0,10,-1,-3,85,{"$f":"Inputs!$R$38*Inputs!$R$33*(G2930-Inputs!$R$27)","v":-125934.74284342365},{"$f":"Inputs!$R$34*E2930*Inputs!$R$39","v":0},{"$f":"params!$C$16*Inputs!$R$30*(G2930-Inputs!$R$27)","v":-19720.623575342735},{"$f":"Inputs!$R$41*Inputs!$R$42/8760","v":0},{"$f":"-Inputs!$R$45*Inputs!$R$34","v":-90000},566.54310372490409,3.4972595900071069E-3,2.9726706515060407E-3,{"$f":"-N2930/(1.202*2465560*MAX(0,(Inputs!$R$49-Q2930)))","v":3.7839384926408872},{"$f":"params!$C$16*R2930*(G2930-Inputs!$R$27)","v":-101002.54685144042},-336657.91327020677,{"$f":"E2930*params!$C$8","v":0}]
["2005-05-03",5,3,"07:00:00",144,10,3,0,81,{"$f":"Inputs!$R$38*Inputs!$R$33*(G2936-Inputs!$R$27)","v":-103152.57830893494},{"$f":"Inputs!$R$34*E2936*Inputs!$R$39","v":84281.719451128301},{"$f":"params!$C$16*Inputs!$R$30*(G2936-Inputs!$R$27)","v":-16153.073581813396},{"$f":"Inputs!$R$41*Inputs!$R$42/8760","v":0},{"$f":"-Inputs!$R$45*Inputs!$R$34","v":-90000},755.80495631325812,4.6743495015895585E-3,3.7862230962875426E-3,{"$f":"-N2936/(1.202*2465560*MAX(0,(Inputs!$R$49-Q2936)))","v":4.2107833504301748},{"$f":"params!$C$16*R2936*(G2936-Inputs!$R$27)","v":-92063.118444351334},-217087.05088397139,{"$f":"E2936*params!$C$8","v":298.29599999999999}]
["2005-05-03",5,3,"09:00:00",202,10,7,1,66,{"$f":"Inputs!$R$38*Inputs!$R$33*(G2938-Inputs!$R$27)","v":-80370.41377444625},{"$f":"Inputs!$R$34*E2938*Inputs!$R$39","v":118228.52311894388},{"$f":"params!$C$16*Inputs!$R$30*(G2938-Inputs!$R$27)","v":-12585.523588284057},{"$f":"Inputs!$R$41*Inputs!$R$42/8760","v":0},{"$f":"-Inputs!$R$45*Inputs!$R$34","v":-90000},998.98316002102877,6.193284308903993E-3,4.0875676438766355E-3,{"$f":"-N2938/(1.202*2465560*MAX(0,(Inputs!$R$49-Q2938)))","v":4.3943961596956491},{"$f":"params!$C$16*R2938*(G2938-Inputs!$R$27)","v":-74857.98066370601},-139585.39490749245,{"$f":"E2938*params!$C$8","v":418.44299999999998}]
["2005-05-03",5,3,"12:00:00",164,10,8,-3,44,{"$f":"Inputs!$R$38*Inputs!$R$33*(G2941-Inputs!$R$27)","v":-74674.872640824076},{"$f":"Inputs!$R$34*E2941*Inputs!$R$39","v":95987.513819340573},{"$f":"params!$C$16*Inputs!$R$30*(G2941-Inputs!$R$27)","v":-11693.636089901722},{"$f":"Inputs!$R$41*Inputs!$R$42/8760","v":0},{"$f":"-Inputs!$R$45*Inputs!$R$34","v":-90000},1069.6390010481693,6.6359949158119932E-3,2.919837762957277E-3,{"$f":"-N2941/(1.202*2465560*MAX(0,(Inputs!$R$49-Q2941)))","v":3.7591916144199109},{"$f":"params!$C$16*R2941*(G2941-Inputs!$R$27)","v":-59499.271826539494},-139880.26673792471,{"$f":"E2941*params!$C$8","v":339.726}]
["2005-05-03",5,3,"15:00:00",639,10,8,-1,52,{"$f":"Inputs!$R$38*Inputs!$R$33*(G2944-Inputs!$R$27)","v":-74674.872640824076},{"$f":"Inputs!$R$34*E2944*Inputs!$R$39","v":374000.13006438193},{"$f":"params!$C$16*Inputs!$R$30*(G2944-Inputs!$R$27)","v":-11693.636089901722},{"$f":"Inputs!$R$41*Inputs!$R$42/8760","v":0},{"$f":"-Inputs!$R$45*Inputs!$R$34","v":-90000},1069.6390010481693,6.6359949158119932E-3,3.4507173562222365E-3,{"$f":"-N2944/(1.202*2465560*MAX(0,(Inputs!$R$49-Q2944)))","v":4.0236049549941892},{"$f":"params!$C$16*R2944*(G2944-Inputs!$R$27)","v":-63684.320858103711},133947.30047555242,{"$f":"E2944*params!$C$8","v":1323.6885}]
["2005-05-03",5,3,"19:00:00",50,10,5,2,81,{"$f":"Inputs!$R$38*Inputs!$R$33*(G2948-Inputs!$R$27)","v":-91761.496041690596},{"$f":"Inputs!$R$34*E2948*Inputs!$R$39","v":29264.485920530664},{"$f":"params!$C$16*Inputs!$R$30*(G2948-Inputs!$R$27)","v":-14369.298585048728},{"$f":"Inputs!$R$41*Inputs!$R$42/8760","v":0},{"$f":"-Inputs!$R$45*Inputs!$R$34","v":-90000},869.91328556198641,5.3861748872103517E-3,4.3628016586403848E-3,{"$f":"-N2948/(1.202*2465560*MAX(0,(Inputs!$R$49-Q2948)))","v":4.5766717923930846},{"$f":"params!$C$16*R2948*(G2948-Inputs!$R$27)","v":-89012.900189754437},-255879.20889596309,{"$f":"E2948*params!$C$8","v":103.57499999999999}]
["2005-05-03",5,3,"22:00:00",0,10,3,2,93,{"$f":"Inputs!$R$38*Inputs!$R$33*(G2951-Inputs!$R$27)","v":-103152.57830893494},{"$f":"Inputs!$R$34*E2951*Inputs!$R$39","v":0},{"$f":"params!$C$16*Inputs!$R$30*(G2951-Inputs!$R$27)","v":-16153.073581813396},{"$f":"Inputs!$R$41*Inputs!$R$42/8760","v":0},{"$f":"-Inputs!$R$45*Inputs!$R$34","v":-90000},755.80495631325812,4.6743495015895585E-3,4.3471450364782893E-3,{"$f":"-N2951/(1.202*2465560*MAX(0,(Inputs!$R$49-Q2951)))","v":4.5658984213095204},{"$f":"params!$C$16*R2951*(G2951-Inputs!$R$27)","v":-99827.232175920901},-309132.88406666927,{"$f":"E2951*params!$C$8","v":0}]
["2005-05-03",5,3,"23:00:00",0,10,3,2,93,{"$f":"Inputs!$R$38*Inputs!$R$33*(G2952-Inputs!$R$27)","v":-103152.57830893494},{"$f":"Inputs!$R$34*E2952*Inputs!$R$39","v":0},{"$f":"params!$C$16*Inputs!$R$30*(G2952-Inputs!$R$27)","v":-16153.073581813396},{"$f":"Inputs!$R$41*Inputs!$R$42/8760","v":0},{"$f":"-Inputs!$R$45*Inputs!$R$34","v":-90000},755.80495631325812,4.6743495015895585E-3,4.3471450364782893E-3,{"$f":"-N2952/(1.202*2465560*MAX(0,(Inputs!$R$49-Q2952)))","v":4.5658984213095204},{"$f":"params!$C$16*R2952*(G2952-Inputs!$R$27)","v":-99827.232175920901},-309132.88406666927,{"$f":"E2952*params!$C$8","v":0}]
["2005-05-04",5,4,"02:00:00",0,3,-1,-2,92,{"$f":"Inputs!$R$38*Inputs!$R$33*(G2955-Inputs!$R$27)","v":-125934.74284342365},{"$f":"Inputs!$R$34*E2955*Inputs!$R$39","v":0},{"$f":"params!$C$16*Inputs!$R$30*(G2955-Inputs!$R$27)","v":-19720.623575342735},{"$f":"Inputs!$R$41*Inputs!$R$42/8760","v":0},{"$f":"-Inputs!$R$45*Inputs!$R$34","v":-90000},566.54310372490409,3.4972595900071069E-3,3.2174788228065384E-3,{"$f":"-N2955/(1.202*2465560*MAX(0,(Inputs!$R$49-Q2955)))","v":3.9029928422605007},{"$f":"params!$C$16*R2955*(G2955-Inputs!$R$27)","v":-104180.39779925815},-339835.76421802456,{"$f":"E2955*params!$C$8","v":0}]
["2005-05-04",5,4,"08:00:00",310,8,2,2,100,{"$f":"Inputs!$R$38*Inputs!$R$33*(G2961-Inputs!$R$27)","v":-108848.11944255712},{"$f":"Inputs!$R$34*E2961*Inputs!$R$39","v":181439.81270729011},{"$f":"params!$C$16*Inputs!$R$30*(G2961-Inputs!$R$27)","v":-17044.961080195731},{"$f":"Inputs!$R$41*Inputs!$R$42/8760","v":0},{"$f":"-Inputs!$R$45*Inputs!$R$34","v":-90000},703.88301618186097,4.3509868656616182E-3,4.3509868656616182E-3,{"$f":"-N2961/(1.202*2465560*MAX(0,(Inputs!$R$49-Q2961)))","v":4.5685372974432061},{"$f":"params!$C$16*R2961*(G2961-Inputs!$R$27)","v":-105400.04636071784},-139853.31417618057,{"$f":"E2961*params!$C$8","v":642.16499999999996}]
["2005-05-04",5,4,"10:00:00",701,9,8,-2,48,{"$f":"Inputs!$R$38*Inputs!$R$33*(G2963-Inputs!$R$27)","v":-74674.872640824076},{"$f":"Inputs!$R$34*E2963*Inputs!$R$39","v":410288.09260583983},{"$f":"params!$C$16*Inputs!$R$30*(G2963-Inputs!$R$27)","v":-11693.636089901722},{"$f":"Inputs!$R$41*Inputs!$R$42/8760","v":0},{"$f":"-Inputs!$R$45*Inputs!$R$34","v":-90000},1069.6390010481693,6.6359949158119932E-3,3.1852775595897563E-3,{"$f":"-N2963/(1.202*2465560*MAX(0,(Inputs!$R$49-Q2963)))","v":3.8869066849298948},{"$f":"params!$C$16*R2963*(G2963-Inputs!$R$27)","v":-61520.704750434699},172398.87912467934,{"$f":"E2963*params!$C$8","v":1452.1215}]
["2005-05-04",5,4,"13:00:00",531,10,9,-3,41,{"$f":"Inputs!$R$38*Inputs!$R$33*(G2966-Inputs!$R$27)","v":-68979.331507201889},{"$f":"Inputs!$R$34*E2966*Inputs!$R$39","v":310788.84047603566},{"$f":"params!$C$16*Inputs!$R$30*(G2966-Inputs!$R$27)","v":-10801.748591519388},{"$f":"Inputs!$R$41*Inputs!$R$42/8760","v":0},{"$f":"-Inputs!$R$45*Inputs!$R$34","v":-90000},1144.6654335441779,7.1067740933079149E-3,2.9137773782562455E-3,{"$f":"-N2966/(1.202*2465560*MAX(0,(Inputs!$R$49-Q2966)))","v":3.7563736145311655},{"$f":"params!$C$16*R2966*(G2966-Inputs!$R$27)","v":-54919.991256493842},86087.769120820536,{"$f":"E2966*params!$C$8","v":1099.9665}]
["2005-05-04",5,4,"17:00:00",215,10,11,-2,39,{"$f":"Inputs!$R$38*Inputs!$R$33*(G2970-Inputs!$R$27)","v":-57588.249239957542},{"$f":"Inputs!$R$34*E2970*Inputs!$R$39","v":125837.28945828184},{"$f":"params!$C$16*Inputs!$R$30*(G2970-Inputs!$R$27)","v":-9017.9735947547179},{"$f":"Inputs!$R$41*Inputs!$R$42/8760","v":0},{"$f":"-Inputs!$R$45*Inputs!$R$34","v":-90000},1308.7561751391206,8.138879592783612E-3,3.1741630411856086E-3,{"$f":"-N2970/(1.202*2465560*MAX(0,(Inputs!$R$49-Q2970)))","v":3.8813851599834082},{"$f":"params!$C$16*R2970*(G2970-Inputs!$R$27)","v":-47376.537093334024},-78145.470469764434,{"$f":"E2970*params!$C$8","v":445.3725}]
["2005-05-04",5,4,"20:00:00",0,10,6,-1,60,{"$f":"Inputs!$R$38*Inputs!$R$33*(G2973-Inputs!$R$27)","v":-86065.954908068423},{"$f":"Inputs!$R$34*E2973*Inputs!$R$39","v":0},{"$f":"params!$C$16*Inputs!$R$30*(G2973-Inputs!$R$27)","v":-13477.411086666392},{"$f":"Inputs!$R$41*Inputs!$R$42/8760","v":0},{"$f":"-Inputs!$R$45*Inputs!$R$34","v":-90000},932.4781503104233,5.7771510192606073E-3,3.4662906115563645E-3,{"$f":"-N2973/(1.202*2465560*MAX(0,(Inputs!$R$49-Q2973)))","v":4.0319242137539764},{"$f":"params!$C$16*R2973*(G2973-Inputs!$R$27)","v":-73550.638767516546},-263094.00476225134,{"$f":"E2973*params!$C$8","v":0}]
["2005-05-04",5,4,"23:00:00",0,0,-2,-3,92,{"$f":"Inputs!$R$38*Inputs!$R$33*(G2976-Inputs!$R$27)","v":-131630.28397704582},{"$f":"Inputs!$R$34*E2976*Inputs!$R$39","v":0},{"$f":"params!$C$16*Inputs!$R$30*(G2976-Inputs!$R$27)","v":-20612.511073725069},{"$f":"Inputs!$R$41*Inputs!$R$42/8760","v":0},{"$f":"-Inputs!$R$45*Inputs!$R$34","v":-90000},526.36516305985776,3.2479468065175691E-3,2.9881110619961637E-3,{"$f":"-N2976/(1.202*2465560*MAX(0,(Inputs!$R$49-Q2976)))","v":3.791232410240454},{"$f":"params!$C$16*R2976*(G2976-Inputs!$R$27)","v":-105773.99886736744},-348016.79391813831,{"$f":"E2976*params!$C$8","v":0}]
["2005-05-04",5,4,1,0,0,-1,-3,85,{"$f":"Inputs!$R$38*Inputs!$R$33*(G2977-Inputs!$R$27)","v":-125934.74284342365},{"$f":"Inputs!$R$34*E2977*Inputs!$R$39","v":0},{"$f":"params!$C$16*Inputs!$R$30*(G2977-Inputs!$R$27)","v":-19720.623575342735},{"$f":"Inputs!$R$41*Inputs!$R$42/8760","v":0},{"$f":"-Inputs!$R$45*Inputs!$R$34","v":-90000},566.54310372490409,3.4972595900071069E-3,2.9726706515060407E-3,{"$f":"-N2977/(1.202*2465560*MAX(0,(Inputs!$R$49-Q2977)))","v":3.7839384926408872},{"$f":"params!$C$16*R2977*(G2977-Inputs!$R$27)","v":-101002.54685144042},-336657.91327020677,{"$f":"E2977*params!$C$8","v":0}]
["2005-05-05",5,5,"03:00:00",0,0,-2,-3,92,{"$f":"Inputs!$R$38*Inputs!$R$33*(G2980-Inputs!$R$27)","v":-131630.28397704582},{"$f":"Inputs!$R$34*E2980*Inputs!$R$39","v":0},{"$f":"params!$C$16*Inputs!$R$30*(G2980-Inputs!$R$27)","v":-20612.511073725069},{"$f":"Inputs!$R$41*Inputs!$R$42/8760","v":0},{"$f":"-Inputs!$R$45*Inputs!$R$34","v":-90000},526.36516305985776,3.2479468065175691E-3,2.9881110619961637E-3,{"$f":"-N2980/(1.202*2465560*MAX(0,(Inputs!$R$49-Q2980)))","v":3.791232410240454},{"$f":"params!$C$16*R2980*(G2980-Inputs!$R$27)","v":-105773.99886736744},-348016.79391813831,{"$f":"E2980*params!$C$8","v":0}]
["2005-05-05",5,5,"09:00:00",547,4,8,2,66,{"$f":"Inputs!$R$38*Inputs!$R$33*(G2986-Inputs!$R$27)","v":-74674.872640824076},{"$f":"Inputs!$R$34*E2986*Inputs!$R$39","v":320153.47597060545},{"$f":"params!$C$16*Inputs!$R$30*(G2986-Inputs!$R$27)","v":-11693.636089901722},{"$f":"Inputs!$R$41*Inputs!$R$42/8760","v":0},{"$f":"-Inputs!$R$45*Inputs!$R$34","v":-90000},1069.6390010481693,6.6359949158119932E-3,4.3797566444359155E-3,{"$f":"-N2986/(1.202*2465560*MAX(0,(Inputs!$R$49-Q2986)))","v":4.588396057525383},{"$f":"params!$C$16*R2986*(G2986-Inputs!$R$27)","v":-72623.652177584765},71161.315062294889,{"$f":"E2986*params!$C$8","v":1133.1105}]
["2005-05-05",5,5,"11:00:00",747,10,12,-2,37,{"$f":"Inputs!$R$38*Inputs!$R$33*(G2988-Inputs!$R$27)","v":-51892.708106335369},{"$f":"Inputs!$R$34*E2988*Inputs!$R$39","v":437211.41965272813},{"$f":"params!$C$16*Inputs!$R$30*(G2988-Inputs!$R$27)","v":-8126.0860963723835},{"$f":"Inputs!$R$41*Inputs!$R$42/8760","v":0},{"$f":"-Inputs!$R$45*Inputs!$R$34","v":-90000},1398.3079270856979,8.70357605607666E-3,3.2203231407483641E-3,{"$f":"-N2988/(1.202*2465560*MAX(0,(Inputs!$R$49-Q2988)))","v":3.9044201248631532},{"$f":"params!$C$16*R2988*(G2988-Inputs!$R$27)","v":-42944.30465896758},244248.32079105277,{"$f":"E2988*params!$C$8","v":1547.4105}]
["2005-05-05",5,5,"14:00:00",787,5,15,0,36,{"$f":"Inputs!$R$38*Inputs!$R$33*(G2991-Inputs!$R$27)","v":-34806.084705468842},{"$f":"Inputs!$R$34*E2991*Inputs!$R$39","v":460623.00838915264},{"$f":"params!$C$16*Inputs!$R$30*(G2991-Inputs!$R$27)","v":-5450.4236012253787},{"$f":"Inputs!$R$41*Inputs!$R$42/8760","v":0},{"$f":"-Inputs!$R$45*Inputs!$R$34","v":-90000},1700.1281023555496,1.0614273895273205E-2,3.821138602298354E-3,{"$f":"-N2991/(1.202*2465560*MAX(0,(Inputs!$R$49-Q2991)))","v":4.2312680363059396},{"$f":"params!$C$16*R2991*(G2991-Inputs!$R$27)","v":-31215.364240917374},299151.13584154105,{"$f":"E2991*params!$C$8","v":1630.2704999999999}]
["2005-05-05",5,5,"18:00:00",186,0,16,-1,31,{"$f":"Inputs!$R$38*Inputs!$R$33*(G2995-Inputs!$R$27)","v":-29110.543571846669},{"$f":"Inputs!$R$34*E2995*Inputs!$R$39","v":108863.88762437405},{"$f":"params!$C$16*Inputs!$R$30*(G2995-Inputs!$R$27)","v":-4558.5361028430443},{"$f":"Inputs!$R$41*Inputs!$R$42/8760","v":0},{"$f":"-Inputs!$R$45*Inputs!$R$34","v":-90000},1812.7242941450775,1.1330041931761578E-2,3.5123129988460892E-3,{"$f":"-N2995/(1.202*2465560*MAX(0,(Inputs!$R$49-Q2995)))","v":4.0567117399308019},{"$f":"params!$C$16*R2995*(G2995-Inputs!$R$27)","v":-25030.363736254614},-39835.555786570272,{"$f":"E2995*params!$C$8","v":385.29899999999998}]
["2005-05-05",5,5,"21:00:00",0,6,7,0,61,{"$f":"Inputs!$R$38*Inputs!$R$33*(G2998-Inputs!$R$27)","v":-80370.41377444625},{"$f":"Inputs!$R$34*E2998*Inputs!$R$39","v":0},{"$f":"params!$C$16*Inputs!$R$30*(G2998-Inputs!$R$27)","v":-12585.523588284057},{"$f":"Inputs!$R$41*Inputs!$R$42/8760","v":0},{"$f":"-Inputs!$R$45*Inputs!$R$34","v":-90000},998.98316002102877,6.193284308903993E-3,3.7779034284314357E-3,{"$f":"-N2998/(1.202*2465560*MAX(0,(Inputs!$R$49-Q2998)))","v":4.2059314864935491},{"$f":"params!$C$16*R2998*(G2998-Inputs!$R$27)","v":-71647.508883362112},-254603.44624609241,{"$f":"E2998*params!$C$8","v":0}]
["2005-05-05",5,5,1,0,3,4,0,75,{"$f":"Inputs!$R$38*Inputs!$R$33*(G3001-Inputs!$R$27)","v":-97457.037175312769},{"$f":"Inputs!$R$34*E3001*Inputs!$R$39","v":0},{"$f":"params!$C$16*Inputs!$R$30*(G3001-Inputs!$R$27)","v":-15261.186083431061},{"$f":"Inputs!$R$41*Inputs!$R$42/8760","v":0},{"$f":"-Inputs!$R$45*Inputs!$R$34","v":-90000},811.08667612094962,5.0190035800134264E-3,3.76425268501007E-3,{"$f":"-N3001/(1.202*2465560*MAX(0,(Inputs!$R$49-Q3001)))","v":4.1979948236725564},{"$f":"params!$C$16*R3001*(G3001-Inputs!$R$27)","v":-86715.713081396243},-289433.93634014006,{"$f":"E3001*params!$C$8","v":0}]
["2005-05-06",5,6,"01:00:00",0,7,2,0,87,{"$f":"Inputs!$R$38*Inputs!$R$33*(G3002-Inputs!$R$27)","v":-108848.11944255712},{"$f":"Inputs!$R$34*E3002*Inputs!$R$39","v":0},{"$f":"params!$C$16*Inputs!$R$30*(G3002-Inputs!$R$27)","v":-17044.961080195731},{"$f":"Inputs!$R$41*Inputs!$R$42/8760","v":0},{"$f":"-Inputs!$R$45*Inputs!$R$34","v":-90000},703.88301618186097,4.3509868656616182E-3,3.7853585731256077E-3,{"$f":"-N3002/(1.202*2465560*MAX(0,(Inputs!$R$49-Q3002)))","v":4.2102786567056629},{"$f":"params!$C$16*R3002*(G3002-Inputs!$R$27)","v":-97134.71439899836},-313027.79492175119,{"$f":"E3002*params!$C$8","v":0}]
["2005-05-06",5,6,"06:00:00",0,0,1,0,93,{"$f":"Inputs!$R$38*Inputs!$R$33*(G3007-Inputs!$R$27)","v":-114543.66057617929},{"$f":"Inputs!$R$34*E3007*Inputs!$R$39","v":0},{"$f":"params!$C$16*Inputs!$R$30*(G3007-Inputs!$R$27)","v":-17936.848578578065},{"$f":"Inputs!$R$41*Inputs!$R$42/8760","v":0},{"$f":"-Inputs!$R$45*Inputs!$R$34","v":-90000},655.14373774848059,4.0477489204243187E-3,3.7644064959946166E-3,{"$f":"-N3007/(1.202*2465560*MAX(0,(Inputs!$R$49-Q3007)))","v":4.1980840838852957},{"$f":"params!$C$16*R3007*(G3007-Inputs!$R$27)","v":-101921.28438661575},-324401.7935413731,{"$f":"E3007*params!$C$8","v":0}]
["2005-05-06",5,6,"08:00:00",330,2,8,4,76,{"$f":"Inputs!$R$38*Inputs!$R$33*(G3009-Inputs!$R$27)","v":-74674.872640824076},{"$f":"Inputs!$R$34*E3009*Inputs!$R$39","v":193145.6070755024},{"$f":"params!$C$16*Inputs!$R$30*(G3009-Inputs!$R$27)","v":-11693.636089901722},{"$f":"Inputs!$R$41*Inputs!$R$42/8760","v":0},{"$f":"-Inputs!$R$45*Inputs!$R$34","v":-90000},1069.6390010481693,6.6359949158119932E-3,5.0433561360171157E-3,{"$f":"-N3009/(1.202*2465560*MAX(0,(Inputs!$R$49-Q3009)))","v":5.0997130377297397},{"$f":"params!$C$16*R3009*(G3009-Inputs!$R$27)","v":-80716.612344340974},-63939.513999564369,{"$f":"E3009*params!$C$8","v":683.59499999999991}]
["2005-05-06",5,6,"12:00:00",740,3,16,-1,31,{"$f":"Inputs!$R$38*Inputs!$R$33*(G3013-Inputs!$R$27)","v":-29110.543571846669},{"$f":"Inputs!$R$34*E3013*Inputs!$R$39","v":433114.39162385382},{"$f":"params!$C$16*Inputs!$R$30*(G3013-Inputs!$R$27)","v":-4558.5361028430443},{"$f":"Inputs!$R$41*Inputs!$R$42/8760","v":0},{"$f":"-Inputs!$R$45*Inputs!$R$34","v":-90000},1812.7242941450775,1.1330041931761578E-2,3.5123129988460892E-3,{"$f":"-N3013/(1.202*2465560*MAX(0,(Inputs!$R$49-Q3013)))","v":4.0567117399308019},{"$f":"params!$C$16*R3013*(G3013-Inputs!$R$27)","v":-25030.363736254614},284414.94821290945,{"$f":"E3013*params!$C$8","v":1532.9099999999999}]
["2005-05-06",5,6,"15:00:00",743,3,17,0,32,{"$f":"Inputs!$R$38*Inputs!$R$33*(G3016-Inputs!$R$27)","v":-23415.002438224496},{"$f":"Inputs!$R$34*E3016*Inputs!$R$39","v":434870.26077908563},{"$f":"params!$C$16*Inputs!$R$30*(G3016-Inputs!$R$27)","v":-3666.6486044607095},{"$f":"Inputs!$R$41*Inputs!$R$42/8760","v":0},{"$f":"-Inputs!$R$45*Inputs!$R$34","v":-90000},1931.8104441244629,1.2088830888770941E-2,3.8684258844067011E-3,{"$f":"-N3016/(1.202*2465560*MAX(0,(Inputs!$R$49-Q3016)))","v":4.2593310182818902},{"$f":"params!$C$16*R3016*(G3016-Inputs!$R$27)","v":-21138.701068706185},296649.90866769425,{"$f":"E3016*params!$C$8","v":1539.1244999999999}]
["2005-05-06",5,6,"19:00:00",60,4,14,-2,32,{"$f":"Inputs!$R$38*Inputs!$R$33*(G3020-Inputs!$R$27)","v":-40501.625839091022},{"$f":"Inputs!$R$34*E3020*Inputs!$R$39","v":35117.383104636792},{"$f":"params!$C$16*Inputs!$R$30*(G3020-Inputs!$R$27)","v":-6342.3110996077139},{"$f":"Inputs!$R$41*Inputs!$R$42/8760","v":0},{"$f":"-Inputs!$R$45*Inputs!$R$34","v":-90000},1593.7190459500907,9.939322574797271E-3,3.1805832239351268E-3,{"$f":"-N3020/(1.202*2465560*MAX(0,(Inputs!$R$49-Q3020)))","v":3.8845726946625145},{"$f":"params!$C$16*R3020*(G3020-Inputs!$R$27)","v":-33347.125752208027},-135073.67958626995,{"$f":"E3020*params!$C$8","v":124.28999999999999}]
["2005-05-06",5,6,"22:00:00",0,4,9,-1,49,{"$f":"Inputs!$R$38*Inputs!$R$33*(G3023-Inputs!$R$27)","v":-68979.331507201889},{"$f":"Inputs!$R$34*E3023*Inputs!$R$39","v":0},{"$f":"params!$C$16*Inputs!$R$30*(G3023-Inputs!$R$27)","v":-10801.748591519388},{"$f":"Inputs!$R$41*Inputs!$R$42/8760","v":0},{"$f":"-Inputs!$R$45*Inputs!$R$34","v":-90000},1144.6654335441779,7.1067740933079149E-3,3.4823193057208785E-3,{"$f":"-N3023/(1.202*2465560*MAX(0,(Inputs!$R$49-Q3023)))","v":4.0405227711637099},{"$f":"params!$C$16*R3023*(G3023-Inputs!$R$27)","v":-59074.388768347089},-228855.46886706835,{"$f":"E3023*params!$C$8","v":0}]
["2005-05-07",5,7,"01:00:00",0,0,2,-1,80,{"$f":"Inputs!$R$38*Inputs!$R$33*(G3026-Inputs!$R$27)","v":-108848.11944255712},{"$f":"Inputs!$R$34*E3026*Inputs!$R$39","v":0},{"$f":"params!$C$16*Inputs!$R$30*(G3026-Inputs!$R$27)","v":-17044.961080195731},{"$f":"Inputs!$R$41*Inputs!$R$42/8760","v":0},{"$f":"-Inputs!$R$45*Inputs!$R$34","v":-90000},703.88301618186097,4.3509868656616182E-3,3.4807894925292949E-3,{"$f":"-N3026/(1.202*2465560*MAX(0,(Inputs!$R$49-Q3026)))","v":4.0397005234687713},{"$f":"params!$C$16*R3026*(G3026-Inputs!$R$27)","v":-93199.331588102854},-309092.41211085569,{"$f":"E3026*params!$C$8","v":0}]
["2005-05-07",5,7,"02:00:00",0,0,2,-1,80,{"$f":"Inputs!$R$38*Inputs!$R$33*(G3027-Inputs!$R$27)","v":-108848.11944255712},{"$f":"Inputs!$R$34*E3027*Inputs!$R$39","v":0},{"$f":"params!$C$16*Inputs!$R$30*(G3027-Inputs!$R$27)","v":-17044.961080195731},{"$f":"Inputs!$R$41*Inputs!$R$42/8760","v":0},{"$f":"-Inputs!$R$45*Inputs!$R$34","v":-90000},703.88301618186097,4.3509868656616182E-3,3.4807894925292949E-3,{"$f":"-N3027/(1.202*2465560*MAX(0,(Inputs!$R$49-Q3027)))","v":4.0397005234687713},{"$f":"params!$C$16*R3027*(G3027-Inputs!$R$27)","v":-93199.331588102854},-309092.41211085569,{"$f":"E3027*params!$C$8","v":0}]
["2005-05-07",5,7,"07:00:00",220,0,4,1,81,{"$f":"Inputs!$R$38*Inputs!$R$33*(G3032-Inputs!$R$27)","v":-97457.037175312769},{"$f":"Inputs!$R$34*E3032*Inputs!$R$39","v":128763.73805033491},{"$f":"params!$C$16*Inputs!$R$30*(G3032-Inputs!$R$27)","v":-15261.186083431061},{"$f":"Inputs!$R$41*Inputs!$R$42/8760","v":0},{"$f":"-Inputs!$R$45*Inputs!$R$34","v":-90000},811.08667612094962,5.0190035800134264E-3,4.0653928998108753E-3,{"$f":"-N3032/(1.202*2465560*MAX(0,(Inputs!$R$49-Q3032)))","v":4.3803407582875176},{"$f":"params!$C$16*R3032*(G3032-Inputs!$R$27)","v":-90482.334626154814},-164436.81983456374,{"$f":"E3032*params!$C$8","v":455.72999999999996}]
["2005-05-07",5,7,"10:00:00",738,0,14,1,41,{"$f":"Inputs!$R$38*Inputs!$R$33*(G3035-Inputs!$R$27)","v":-40501.625839091022},{"$f":"Inputs!$R$34*E3035*Inputs!$R$39","v":431943.8121870326},{"$f":"params!$C$16*Inputs!$R$30*(G3035-Inputs!$R$27)","v":-6342.3110996077139},{"$f":"Inputs!$R$41*Inputs!$R$42/8760","v":0},{"$f":"-Inputs!$R$45*Inputs!$R$34","v":-90000},1593.7190459500907,9.939322574797271E-3,4.0751222556668805E-3,{"$f":"-N3035/(1.202*2465560*MAX(0,(Inputs!$R$49-Q3035)))","v":4.3864965981800879},{"$f":"params!$C$16*R3035*(G3035-Inputs!$R$27)","v":-37655.892982034267},257443.98226629957,{"$f":"E3035*params!$C$8","v":1528.7669999999998}]
["2005-05-07",5,7,"13:00:00",914,3,18,1,32,{"$f":"Inputs!$R$38*Inputs!$R$33*(G3038-Inputs!$R$27)","v":-17719.461304602319},{"$f":"Inputs!$R$34*E3038*Inputs!$R$39","v":534954.80262730049},{"$f":"params!$C$16*Inputs!$R$30*(G3038-Inputs!$R$27)","v":-2774.7611060783747},{"$f":"Inputs!$R$41*Inputs!$R$42/8760","v":0},{"$f":"-Inputs!$R$45*Inputs!$R$34","v":-90000},2057.7011249857014,1.2892956292988709E-2,4.1257460137563871E-3,{"$f":"-N3038/(1.202*2465560*MAX(0,(Inputs!$R$49-Q3038)))","v":4.4188079283793273},{"$f":"params!$C$16*R3038*(G3038-Inputs!$R$27)","v":-16595.805489991744},407864.77472662803,{"$f":"E3038*params!$C$8","v":1893.3509999999999}]
["2005-05-07",5,7,"16:00:00",567,3,18,1,32,{"$f":"Inputs!$R$38*Inputs!$R$33*(G3041-Inputs!$R$27)","v":-17719.461304602319},{"$f":"Inputs!$R$34*E3041*Inputs!$R$39","v":331859.27033881767},{"$f":"params!$C$16*Inputs!$R$30*(G3041-Inputs!$R$27)","v":-2774.7611060783747},{"$f":"Inputs!$R$41*Inputs!$R$42/8760","v":0},{"$f":"-Inputs!$R$45*Inputs!$R$34","v":-90000},2057.7011249857014,1.2892956292988709E-2,4.1257460137563871E-3,{"$f":"-N3041/(1.202*2465560*MAX(0,(Inputs!$R$49-Q3041)))","v":4.4188079283793273},{"$f":"params!$C$16*R3041*(G3041-Inputs!$R$27)","v":-16595.805489991744},204769.24243814521,{"$f":"E3041*params!$C$8","v":1174.5404999999998}]
["2005-05-07",5,7,"20:00:00",0,0,13,0,41,{"$f":"Inputs!$R$38*Inputs!$R$33*(G3045-Inputs!$R$27)","v":-46197.166972713196},{"$f":"Inputs!$R$34*E3045*Inputs!$R$39","v":0},{"$f":"params!$C$16*Inputs!$R$30*(G3045-Inputs!$R$27)","v":-7234.1985979900483},{"$f":"Inputs!$R$41*Inputs!$R$42/8760","v":0},{"$f":"-Inputs!$R$45*Inputs!$R$34","v":-90000},1493.2057396927576,9.303089390063848E-3,3.8142666499261777E-3,{"$f":"-N3045/(1.202*2465560*MAX(0,(Inputs!$R$49-Q3045)))","v":4.2272205711248105},{"$f":"params!$C$16*R3045*(G3045-Inputs!$R$27)","v":-41391.670069398795},-184823.03564010203,{"$f":"E3045*params!$C$8","v":0}]
["2005-05-07",5,7,"23:00:00",0,0,12,-1,40,{"$f":"Inputs!$R$38*Inputs!$R$33*(G3048-Inputs!$R$27)","v":-51892.708106335369},{"$f":"Inputs!$R$34*E3048*Inputs!$R$39","v":0},{"$f":"params!$C$16*Inputs!$R$30*(G3048-Inputs!$R$27)","v":-8126.0860963723835},{"$f":"Inputs!$R$41*Inputs!$R$42/8760","v":0},{"$f":"-Inputs!$R$45*Inputs!$R$34","v":-90000},1398.3079270856979,8.70357605607666E-3,3.481430422430664E-3,{"$f":"-N3048/(1.202*2465560*MAX(0,(Inputs!$R$49-Q3048)))","v":4.0400449712861555},{"$f":"params!$C$16*R3048*(G3048-Inputs!$R$27)","v":-44436.028023219835},-194454.82222592761,{"$f":"E3048*params!$C$8","v":0}]
["2005-05-08",5,8,"02:00:00",0,0,9,-2,45,{"$f":"Inputs!$R$38*Inputs!$R$33*(G3051-Inputs!$R$27)","v":-68979.331507201889},{"$f":"Inputs!$R$34*E3051*Inputs!$R$39","v":0},{"$f":"params!$C$16*Inputs!$R$30*(G3051-Inputs!$R$27)","v":-10801.748591519388},{"$f":"Inputs!$R$41*Inputs!$R$42/8760","v":0},{"$f":"-Inputs!$R$45*Inputs!$R$34","v":-90000},1144.6654335441779,7.1067740933079149E-3,3.1980483419885618E-3,{"$f":"-N3051/(1.202*2465560*MAX(0,(Inputs!$R$49-Q3051)))","v":3.8932704439573076},{"$f":"params!$C$16*R3051*(G3051-Inputs!$R$27)","v":-56921.488830122136},-226702.56892884339,{"$f":"E3051*params!$C$8","v":0}]
["2005-05-08",5,8,"03:00:00",0,0,9,-2,45,{"$f":"Inputs!$R$38*Inputs!$R$33*(G3052-Inputs!$R$27)","v":-68979.331507201889},{"$f":"Inputs!$R$34*E3052*Inputs!$R$39","v":0},{"$f":"params!$C$16*Inputs!$R$30*(G3052-Inputs!$R$27)","v":-10801.748591519388},{"$f":"Inputs!$R$41*Inputs!$R$42/8760","v":0},{"$f":"-Inputs!$R$45*Inputs!$R$34","v":-90000},1144.6654335441779,7.1067740933079149E-3,3.1980483419885618E-3,{"$f":"-N3052/(1.202*2465560*MAX(0,(Inputs!$R$49-Q3052)))","v":3.8932704439573076},{"$f":"params!$C$16*R3052*(G3052-Inputs!$R$27)","v":-56921.488830122136},-226702.56892884339,{"$f":"E3052*params!$C$8","v":0}]
["2005-05-08",5,8,"08:00:00",411,0,11,2,54,{"$f":"Inputs!$R$38*Inputs!$R$33*(G3057-Inputs!$R$27)","v":-57588.249239957542},{"$f":"Inputs!$R$34*E3057*Inputs!$R$39","v":240554.07426676204},{"$f":"params!$C$16*Inputs!$R$30*(G3057-Inputs!$R$27)","v":-9017.9735947547179},{"$f":"Inputs!$R$41*Inputs!$R$42/8760","v":0},{"$f":"-Inputs!$R$45*Inputs!$R$34","v":-90000},1308.7561751391206,8.138879592783612E-3,4.3949949801031507E-3,{"$f":"-N3057/(1.202*2465560*MAX(0,(Inputs!$R$49-Q3057)))","v":4.598984642519949},{"$f":"params!$C$16*R3057*(G3057-Inputs!$R$27)","v":-56135.621054662683},27812.230377387081,{"$f":"E3057*params!$C$8","v":851.38649999999996}]
["2005-05-08",5,8,"11:00:00",864,0,16,1,36,{"$f":"Inputs!$R$38*Inputs!$R$33*(G3060-Inputs!$R$27)","v":-29110.543571846669},{"$f":"Inputs!$R$34*E3060*Inputs!$R$39","v":505690.31670676987},{"$f":"params!$C$16*Inputs!$R$30*(G3060-Inputs!$R$27)","v":-4558.5361028430443},{"$f":"Inputs!$R$41*Inputs!$R$42/8760","v":0},{"$f":"-Inputs!$R$45*Inputs!$R$34","v":-90000},1812.7242941450775,1.1330041931761578E-2,4.0788150954341688E-3,{"$f":"-N3060/(1.202*2465560*MAX(0,(Inputs!$R$49-Q3060)))","v":4.3888376191697267},{"$f":"params!$C$16*R3060*(G3060-Inputs!$R$27)","v":-27079.617441354068},354941.61959072604,{"$f":"E3060*params!$C$8","v":1789.7759999999998}]
["2005-05-08",5,8,"14:00:00",887,0,18,2,34,{"$f":"Inputs!$R$38*Inputs!$R$33*(G3063-Inputs!$R$27)","v":-17719.461304602319},{"$f":"Inputs!$R$34*E3063*Inputs!$R$39","v":519151.98023021396},{"$f":"params!$C$16*Inputs!$R$30*(G3063-Inputs!$R$27)","v":-2774.7611060783747},{"$f":"Inputs!$R$41*Inputs!$R$42/8760","v":0},{"$f":"-Inputs!$R$45*Inputs!$R$34","v":-90000},2057.7011249857014,1.2892956292988709E-2,4.3836051396161611E-3,{"$f":"-N3063/(1.202*2465560*MAX(0,(Inputs!$R$49-Q3063)))","v":4.5910656371602849},{"$f":"params!$C$16*R3063*(G3063-Inputs!$R$27)","v":-17242.757218923063},391415.00060061016,{"$f":"E3063*params!$C$8","v":1837.4204999999999}]
["2005-05-08",5,8,"17:00:00",436,0,17,0,32,{"$f":"Inputs!$R$38*Inputs!$R$33*(G3066-Inputs!$R$27)","v":-23415.002438224496},{"$f":"Inputs!$R$34*E3066*Inputs!$R$39","v":255186.31722702738},{"$f":"params!$C$16*Inputs!$R$30*(G3066-Inputs!$R$27)","v":-3666.6486044607095},{"$f":"Inputs!$R$41*Inputs!$R$42/8760","v":0},{"$f":"-Inputs!$R$45*Inputs!$R$34","v":-90000},1931.8104441244629,1.2088830888770941E-2,3.8684258844067011E-3,{"$f":"-N3066/(1.202*2465560*MAX(0,(Inputs!$R$49-Q3066)))","v":4.2593310182818902},{"$f":"params!$C$16*R3066*(G3066-Inputs!$R$27)","v":-21138.701068706185},116965.96511563599,{"$f":"E3066*params!$C$8","v":903.17399999999998}]
["2005-05-08",5,8,"21:00:00",0,0,11,1,50,{"$f":"Inputs!$R$38*Inputs!$R$33*(G3070-Inputs!$R$27)","v":-57588.249239957542},{"$f":"Inputs!$R$34*E3070*Inputs!$R$39","v":0},{"$f":"params!$C$16*Inputs!$R$30*(G3070-Inputs!$R$27)","v":-9017.9735947547179},{"$f":"Inputs!$R$41*Inputs!$R$42/8760","v":0},{"$f":"-Inputs!$R$45*Inputs!$R$34","v":-90000},1308.7561751391206,8.138879592783612E-3,4.069439796391806E-3,{"$f":"-N3070/(1.202*2465560*MAX(0,(Inputs!$R$49-Q3070)))","v":4.3828991616403092},{"$f":"params!$C$16*R3070*(G3070-Inputs!$R$27)","v":-53498.062199187247},-210104.28503389948,{"$f":"E3070*params!$C$8","v":0}]
["2005-05-08",5,8,1,0,0,6,2,75,{"$f":"Inputs!$R$38*Inputs!$R$33*(G3073-Inputs!$R$27)","v":-86065.954908068423},{"$f":"Inputs!$R$34*E3073*Inputs!$R$39","v":0},{"$f":"params!$C$16*Inputs!$R$30*(G3073-Inputs!$R$27)","v":-13477.411086666392},{"$f":"Inputs!$R$41*Inputs!$R$42/8760","v":0},{"$f":"-Inputs!$R$45*Inputs!$R$34","v":-90000},932.4781503104233,5.7771510192606073E-3,4.3328632644454553E-3,{"$f":"-N3073/(1.202*2465560*MAX(0,(Inputs!$R$49-Q3073)))","v":4.5561152293473342},{"$f":"params!$C$16*R3073*(G3073-Inputs!$R$27)","v":-83112.967320609052},-272656.33331534383,{"$f":"E3073*params!$C$8","v":0}]
["2005-05-09",5,9,"01:00:00",0,0,4,1,81,{"$f":"Inputs!$R$38*Inputs!$R$33*(G3074-Inputs!$R$27)","v":-97457.037175312769},{"$f":"Inputs!$R$34*E3074*Inputs!$R$39","v":0},{"$f":"params!$C$16*Inputs!$R$30*(G3074-Inputs!$R$27)","v":-15261.186083431061},{"$f":"Inputs!$R$41*Inputs!$R$42/8760","v":0},{"$f":"-Inputs!$R$45*Inputs!$R$34","v":-90000},811.08667612094962,5.0190035800134264E-3,4.0653928998108753E-3,{"$f":"-N3074/(1.202*2465560*MAX(0,(Inputs!$R$49-Q3074)))","v":4.3803407582875176},{"$f":"params!$C$16*R3074*(G3074-Inputs!$R$27)","v":-90482.334626154814},-293200.55788489862,{"$f":"E3074*params!$C$8","v":0}]
["2005-05-09",5,9,"05:00:00",0,0,1,0,93,{"$f":"Inputs!$R$38*Inputs!$R$33*(G3078-Inputs!$R$27)","v":-114543.66057617929},{"$f":"Inputs!$R$34*E3078*Inputs!$R$39","v":0},{"$f":"params!$C$16*Inputs!$R$30*(G3078-Inputs!$R$27)","v":-17936.848578578065},{"$f":"Inputs!$R$41*Inputs!$R$42/8760","v":0},{"$f":"-Inputs!$R$45*Inputs!$R$34","v":-90000},655.14373774848059,4.0477489204243187E-3,3.7644064959946166E-3,{"$f":"-N3078/(1.202*2465560*MAX(0,(Inputs!$R$49-Q3078)))","v":4.1980840838852957},{"$f":"params!$C$16*R3078*(G3078-Inputs!$R$27)","v":-101921.28438661575},-324401.7935413731,{"$f":"E3078*params!$C$8","v":0}]
["2005-05-09",5,9,"08:00:00",411,0,12,4,58,{"$f":"Inputs!$R$38*Inputs!$R$33*(G3081-Inputs!$R$27)","v":-51892.708106335369},{"$f":"Inputs!$R$34*E3081*Inputs!$R$39","v":240554.07426676204},{"$f":"params!$C$16*Inputs!$R$30*(G3081-Inputs!$R$27)","v":-8126.0860963723835},{"$f":"Inputs!$R$41*Inputs!$R$42/8760","v":0},{"$f":"-Inputs!$R$45*Inputs!$R$34","v":-90000},1398.3079270856979,8.70357605607666E-3,5.0480741125244633E-3,{"$f":"-N3081/(1.202*2465560*MAX(0,(Inputs!$R$49-Q3081)))","v":5.103756645339999},{"$f":"params!$C$16*R3081*(G3081-Inputs!$R$27)","v":-56135.680401553414},34399.599662500856,{"$f":"E3081*params!$C$8","v":851.38649999999996}]
["2005-05-09",5,9,"12:00:00",928,0,22,3,29,{"$f":"Inputs!$R$38*Inputs!$R$33*(G3085-Inputs!$R$27)","v":5062.7032298863796},{"$f":"Inputs!$R$34*E3085*Inputs!$R$39","v":543148.85868504911},{"$f":"params!$C$16*Inputs!$R$30*(G3085-Inputs!$R$27)","v":792.78888745096458},{"$f":"Inputs!$R$41*Inputs!$R$42/8760","v":0},{"$f":"-Inputs!$R$45*Inputs!$R$34","v":-90000},2636.0296246790026,1.6613383438113645E-2,4.8178811970529568E-3,{"$f":"-N3085/(1.202*2465560*MAX(0,(Inputs!$R$49-Q3085)))","v":4.9136641739892655},{"$f":"params!$C$16*R3085*(G3085-Inputs!$R$27)","v":5272.6705738858336},464277.02137627226,{"$f":"E3085*params!$C$8","v":1922.3519999999999}]
["2005-05-09",5,9,"15:00:00",772,0,23,6,33,{"$f":"Inputs!$R$38*Inputs!$R$33*(G3088-Inputs!$R$27)","v":10758.244363508555},{"$f":"Inputs!$R$34*E3088*Inputs!$R$39","v":451843.66261299344},{"$f":"params!$C$16*Inputs!$R$30*(G3088-Inputs!$R$27)","v":1684.6763858332995},{"$f":"Inputs!$R$41*Inputs!$R$42/8760","v":0},{"$f":"-Inputs!$R$45*Inputs!$R$34","v":-90000},2801.0950714195728,1.768327304712981E-2,5.835480105552837E-3,{"$f":"-N3088/(1.202*2465560*MAX(0,(Inputs!$R$49-Q3088)))","v":5.8821565767620427},{"$f":"params!$C$16*R3088*(G3088-Inputs!$R$27)","v":13412.838095876095},387699.42145821138,{"$f":"E3088*params!$C$8","v":1599.1979999999999}]
["2005-05-09",5,9,"18:00:00",242,1,21,5,35,{"$f":"Inputs!$R$38*Inputs!$R$33*(G3091-Inputs!$R$27)","v":-632.83790373579495},{"$f":"Inputs!$R$34*E3091*Inputs!$R$39","v":141640.11185536842},{"$f":"params!$C$16*Inputs!$R$30*(G3091-Inputs!$R$27)","v":-99.098610931370175},{"$f":"Inputs!$R$41*Inputs!$R$42/8760","v":0},{"$f":"-Inputs!$R$45*Inputs!$R$34","v":-90000},2479.5289798458998,1.5602307510579843E-2,5.4608076287029454E-3,{"$f":"-N3091/(1.202*2465560*MAX(0,(Inputs!$R$49-Q3091)))","v":5.4841628313798454},{"$f":"params!$C$16*R3091*(G3091-Inputs!$R$27)","v":-735.60643746483834},50172.568903236432,{"$f":"E3091*params!$C$8","v":501.303}]
["2005-05-09",5,9,"22:00:00",0,0,10,5,71,{"$f":"Inputs!$R$38*Inputs!$R$33*(G3095-Inputs!$R$27)","v":-63283.790373579723},{"$f":"Inputs!$R$34*E3095*Inputs!$R$39","v":0},{"$f":"params!$C$16*Inputs!$R$30*(G3095-Inputs!$R$27)","v":-9909.8610931370531},{"$f":"Inputs!$R$41*Inputs!$R$42/8760","v":0},{"$f":"-Inputs!$R$45*Inputs!$R$34","v":-90000},1224.2915728566036,7.6071876458255446E-3,5.401103228536137E-3,{"$f":"-N3095/(1.202*2465560*MAX(0,(Inputs!$R$49-Q3095)))","v":5.4256640107480081},{"$f":"params!$C$16*R3095*(G3095-Inputs!$R$27)","v":-72775.982343021475},-235969.63380973827,{"$f":"E3095*params!$C$8","v":0}]
["2005-05-10",5,10,"01:00:00",0,0,7,4,81,{"$f":"Inputs!$R$38*Inputs!$R$33*(G3098-Inputs!$R$27)","v":-80370.41377444625},{"$f":"Inputs!$R$34*E3098*Inputs!$R$39","v":0},{"$f":"params!$C$16*Inputs!$R$30*(G3098-Inputs!$R$27)","v":-12585.523588284057},{"$f":"Inputs!$R$41*Inputs!$R$42/8760","v":0},{"$f":"-Inputs!$R$45*Inputs!$R$34","v":-90000},998.98316002102877,6.193284308903993E-3,5.0165602902122342E-3,{"$f":"-N3098/(1.202*2465560*MAX(0,(Inputs!$R$49-Q3098)))","v":5.076868275714598},{"$f":"params!$C$16*R3098*(G3098-Inputs!$R$27)","v":-86483.80651278088},-269439.74387551117,{"$f":"E3098*params!$C$8","v":0}]
["2005-05-10",5,10,"02:00:00",0,0,7,5,87,{"$f":"Inputs!$R$38*Inputs!$R$33*(G3099-Inputs!$R$27)","v":-80370.41377444625},{"$f":"Inputs!$R$34*E3099*Inputs!$R$39","v":0},{"$f":"params!$C$16*Inputs!$R$30*(G3099-Inputs!$R$27)","v":-12585.523588284057},{"$f":"Inputs!$R$41*Inputs!$R$42/8760","v":0},{"$f":"-Inputs!$R$45*Inputs!$R$34","v":-90000},998.98316002102877,6.193284308903993E-3,5.3881573487464737E-3,{"$f":"-N3099/(1.202*2465560*MAX(0,(Inputs!$R$49-Q3099)))","v":5.4131438021548304},{"$f":"params!$C$16*R3099*(G3099-Inputs!$R$27)","v":-92212.217411830061},-275168.15477456036,{"$f":"E3099*params!$C$8","v":0}]
["2005-05-10",5,10,"06:00:00",62,0,7,6,93,{"$f":"Inputs!$R$38*Inputs!$R$33*(G3103-Inputs!$R$27)","v":-80370.41377444625},{"$f":"Inputs!$R$34*E3103*Inputs!$R$39","v":36287.962541458022},{"$f":"params!$C$16*Inputs!$R$30*(G3103-Inputs!$R$27)","v":-12585.523588284057},{"$f":"Inputs!$R$41*Inputs!$R$42/8760","v":0},{"$f":"-Inputs!$R$45*Inputs!$R$34","v":-90000},998.98316002102877,6.193284308903993E-3,5.7597544072807141E-3,{"$f":"-N3103/(1.202*2465560*MAX(0,(Inputs!$R$49-Q3103)))","v":5.797126961654226},{"$f":"params!$C$16*R3103*(G3103-Inputs!$R$27)","v":-98753.321783035703},-245421.29660430798,{"$f":"E3103*params!$C$8","v":128.43299999999999}]
["2005-05-10",5,10,"09:00:00",571,0,18,9,56,{"$f":"Inputs!$R$38*Inputs!$R$33*(G3106-Inputs!$R$27)","v":-17719.461304602319},{"$f":"Inputs!$R$34*E3106*Inputs!$R$39","v":334200.42921246018},{"$f":"params!$C$16*Inputs!$R$30*(G3106-Inputs!$R$27)","v":-2774.7611060783747},{"$f":"Inputs!$R$41*Inputs!$R$42/8760","v":0},{"$f":"-Inputs!$R$45*Inputs!$R$34","v":-90000},2057.7011249857014,1.2892956292988709E-2,7.2200555240736763E-3,{"$f":"-N3106/(1.202*2465560*MAX(0,(Inputs!$R$49-Q3106)))","v":8.0377389844938527},{"$f":"params!$C$16*R3106*(G3106-Inputs!$R$27)","v":-30187.497381201589},193518.70942057786,{"$f":"E3106*params!$C$8","v":1182.8264999999999}]
["2005-05-10",5,10,"13:00:00",949,0,27,8,30,{"$f":"Inputs!$R$38*Inputs!$R$33*(G3110-Inputs!$R$27)","v":33540.408897997258},{"$f":"Inputs!$R$34*E3110*Inputs!$R$39","v":555439.94277167192},{"$f":"params!$C$16*Inputs!$R$30*(G3110-Inputs!$R$27)","v":5252.2263793626389},{"$f":"Inputs!$R$41*Inputs!$R$42/8760","v":0},{"$f":"-Inputs!$R$45*Inputs!$R$34","v":-90000},3555.0534347297348,2.2616071840205452E-2,6.784821552061635E-3,{"$f":"-N3110/(1.202*2465560*MAX(0,(Inputs!$R$49-Q3110)))","v":7.2074730031855134},{"$f":"params!$C$16*R3110*(G3110-Inputs!$R$27)","v":51238.224722105282},555470.8027711371,{"$f":"E3110*params!$C$8","v":1965.8534999999999}]
["2005-05-10",5,10,"16:00:00",612,0,28,8,28,{"$f":"Inputs!$R$38*Inputs!$R$33*(G3113-Inputs!$R$27)","v":39235.950031619432},{"$f":"Inputs!$R$34*E3113*Inputs!$R$39","v":358197.30766729533},{"$f":"params!$C$16*Inputs!$R$30*(G3113-Inputs!$R$27)","v":6144.1138777449733},{"$f":"Inputs!$R$41*Inputs!$R$42/8760","v":0},{"$f":"-Inputs!$R$45*Inputs!$R$34","v":-90000},3769.1055437563177,2.4030411275220657E-2,6.7285151570617837E-3,{"$f":"-N3113/(1.202*2465560*MAX(0,(Inputs!$R$49-Q3113)))","v":7.1124265153897595},{"$f":"params!$C$16*R3113*(G3113-Inputs!$R$27)","v":59148.626194747165},372725.9977714069,{"$f":"E3113*params!$C$8","v":1267.758}]
["2005-05-10",5,10,"19:00:00",70,5,23,9,41,{"$f":"Inputs!$R$38*Inputs!$R$33*(G3116-Inputs!$R$27)","v":10758.244363508555},{"$f":"Inputs!$R$34*E3116*Inputs!$R$39","v":40970.280288742928},{"$f":"params!$C$16*Inputs!$R$30*(G3116-Inputs!$R$27)","v":1684.6763858332995},{"$f":"Inputs!$R$41*Inputs!$R$42/8760","v":0},{"$f":"-Inputs!$R$45*Inputs!$R$34","v":-90000},2801.0950714195728,1.768327304712981E-2,7.2501419493232223E-3,{"$f":"-N3116/(1.202*2465560*MAX(0,(Inputs!$R$49-Q3116)))","v":8.1022580537408686},{"$f":"params!$C$16*R3116*(G3116-Inputs!$R$27)","v":18475.243572257383},-18111.555389657839,{"$f":"E3116*params!$C$8","v":145.005}]
["2005-05-10",5,10,"23:00:00",0,6,14,11,82,{"$f":"Inputs!$R$38*Inputs!$R$33*(G3120-Inputs!$R$27)","v":-40501.625839091022},{"$f":"Inputs!$R$34*E3120*Inputs!$R$39","v":0},{"$f":"params!$C$16*Inputs!$R$30*(G3120-Inputs!$R$27)","v":-6342.3110996077139},{"$f":"Inputs!$R$41*Inputs!$R$42/8760","v":0},{"$f":"-Inputs!$R$45*Inputs!$R$34","v":-90000},1593.7190459500907,9.939322574797271E-3,8.150244511333761E-3,{"$f":"-N3120/(1.202*2465560*MAX(0,(Inputs!$R$49-Q3120)))","v":10.662916168858013},{"$f":"params!$C$16*R3120*(G3120-Inputs!$R$27)","v":-91535.835294505261},-228379.77223320401,{"$f":"E3120*params!$C$8","v":0}]
["2005-05-11",5,11,"02:00:00",0,6,13,11,88,{"$f":"Inputs!$R$38*Inputs!$R$33*(G3123-Inputs!$R$27)","v":-46197.166972713196},{"$f":"Inputs!$R$34*E3123*Inputs!$R$39","v":0},{"$f":"params!$C$16*Inputs!$R$30*(G3123-Inputs!$R$27)","v":-7234.1985979900483},{"$f":"Inputs!$R$41*Inputs!$R$42/8760","v":0},{"$f":"-Inputs!$R$45*Inputs!$R$34","v":-90000},1493.2057396927576,9.303089390063848E-3,8.1867186632561869E-3,{"$f":"-N3123/(1.202*2465560*MAX(0,(Inputs!$R$49-Q3123)))","v":10.801244948790535},{"$f":"params!$C$16*R3123*(G3123-Inputs!$R$27)","v":-105762.5358641116},-249193.90143481485,{"$f":"E3123*params!$C$8","v":0}]
["2005-05-11",5,11,"03:00:00",0,0,11,10,94,{"$f":"Inputs!$R$38*Inputs!$R$33*(G3124-Inputs!$R$27)","v":-57588.249239957542},{"$f":"Inputs!$R$34*E3124*Inputs!$R$39","v":0},{"$f":"params!$C$16*Inputs!$R$30*(G3124-Inputs!$R$27)","v":-9017.9735947547179},{"$f":"Inputs!$R$41*Inputs!$R$42/8760","v":0},{"$f":"-Inputs!$R$45*Inputs!$R$34","v":-90000},1308.7561751391206,8.138879592783612E-3,7.6505468172165959E-3,{"$f":"-N3124/(1.202*2465560*MAX(0,(Inputs!$R$49-Q3124)))","v":9.071324750246017},{"$f":"params!$C$16*R3124*(G3124-Inputs!$R$27)","v":-110725.40750311586},-267331.63033782807,{"$f":"E3124*params!$C$8","v":0}]
["2005-05-11",5,11,"07:00:00",232,0,16,12,77,{"$f":"Inputs!$R$38*Inputs!$R$33*(G3128-Inputs!$R$27)","v":-29110.543571846669},{"$f":"Inputs!$R$34*E3128*Inputs!$R$39","v":135787.21467126228},{"$f":"params!$C$16*Inputs!$R$30*(G3128-Inputs!$R$27)","v":-4558.5361028430443},{"$f":"Inputs!$R$41*Inputs!$R$42/8760","v":0},{"$f":"-Inputs!$R$45*Inputs!$R$34","v":-90000},1812.7242941450775,1.1330041931761578E-2,8.7241322874564153E-3,{"$f":"-N3128/(1.202*2465560*MAX(0,(Inputs!$R$49-Q3128)))","v":13.353725675248349},{"$f":"params!$C$16*R3128*(G3128-Inputs!$R$27)","v":-82393.976282704753},-70275.841286132199,{"$f":"E3128*params!$C$8","v":480.58799999999997}]
["2005-05-11",5,11,"10:00:00",744,0,26,13,45,{"$f":"Inputs!$R$38*Inputs!$R$33*(G3131-Inputs!$R$27)","v":27844.867764375082},{"$f":"Inputs!$R$34*E3131*Inputs!$R$39","v":435455.55049749621},{"$f":"params!$C$16*Inputs!$R$30*(G3131-Inputs!$R$27)","v":4360.3388809803037},{"$f":"Inputs!$R$41*Inputs!$R$42/8760","v":0},{"$f":"-Inputs!$R$45*Inputs!$R$34","v":-90000},3351.668772324198,2.1277942853302922E-2,9.5750742839863165E-3,{"$f":"-N3131/(1.202*2465560*MAX(0,(Inputs!$R$49-Q3131)))","v":21.337947204956606},{"$f":"params!$C$16*R3131*(G3131-Inputs!$R$27)","v":125933.27360801124},503594.03075086285,{"$f":"E3131*params!$C$8","v":1541.1959999999999}]
["2005-05-11",5,11,"14:00:00",805,8,28,10,32,{"$f":"Inputs!$R$38*Inputs!$R$33*(G3135-Inputs!$R$27)","v":39235.950031619432},{"$f":"Inputs!$R$34*E3135*Inputs!$R$39","v":471158.22332054365},{"$f":"params!$C$16*Inputs!$R$30*(G3135-Inputs!$R$27)","v":6144.1138777449733},{"$f":"Inputs!$R$41*Inputs!$R$42/8760","v":0},{"$f":"-Inputs!$R$45*Inputs!$R$34","v":-90000},3769.1055437563177,2.4030411275220657E-2,7.6897316080706104E-3,{"$f":"-N3135/(1.202*2465560*MAX(0,(Inputs!$R$49-Q3135)))","v":9.1787607505254982},{"$f":"params!$C$16*R3135*(G3135-Inputs!$R$27)","v":76332.751894041648},502871.03912394971,{"$f":"E3135*params!$C$8","v":1667.5574999999999}]
["2005-05-11",5,11,"17:00:00",130,10,25,10,39,{"$f":"Inputs!$R$38*Inputs!$R$33*(G3138-Inputs!$R$27)","v":22149.326630752905},{"$f":"Inputs!$R$34*E3138*Inputs!$R$39","v":76087.663393379727},{"$f":"params!$C$16*Inputs!$R$30*(G3138-Inputs!$R$27)","v":3468.4513825979689},{"$f":"Inputs!$R$41*Inputs!$R$42/8760","v":0},{"$f":"-Inputs!$R$45*Inputs!$R$34","v":-90000},3158.5016332003511,2.0012171957865876E-2,7.8047470635676918E-3,{"$f":"-N3138/(1.202*2465560*MAX(0,(Inputs!$R$49-Q3138)))","v":9.5093341436743337},{"$f":"params!$C$16*R3138*(G3138-Inputs!$R$27)","v":44642.996014322642},56348.437421053233,{"$f":"E3138*params!$C$8","v":269.29499999999996}]
["2005-05-11",5,11,"21:00:00",0,7,19,12,64,{"$f":"Inputs!$R$38*Inputs!$R$33*(G3142-Inputs!$R$27)","v":-12023.920170980145},{"$f":"Inputs!$R$34*E3142*Inputs!$R$39","v":0},{"$f":"params!$C$16*Inputs!$R$30*(G3142-Inputs!$R$27)","v":-1882.8736076960397},{"$f":"Inputs!$R$41*Inputs!$R$42/8760","v":0},{"$f":"-Inputs!$R$45*Inputs!$R$34","v":-90000},2190.7229749852513,1.3744851093608144E-2,8.7967046999092129E-3,{"$f":"-N3142/(1.202*2465560*MAX(0,(Inputs!$R$49-Q3142)))","v":13.793914564198534},{"$f":"params!$C$16*R3142*(G3142-Inputs!$R$27)","v":-35154.126637322617},-139060.92041599881,{"$f":"E3142*params!$C$8","v":0}]
["2005-05-11",5,11,1,0,10,13,9,77,{"$f":"Inputs!$R$38*Inputs!$R$33*(G3145-Inputs!$R$27)","v":-46197.166972713196},{"$f":"Inputs!$R$34*E3145*Inputs!$R$39","v":0},{"$f":"params!$C$16*Inputs!$R$30*(G3145-Inputs!$R$27)","v":-7234.1985979900483},{"$f":"Inputs!$R$41*Inputs!$R$42/8760","v":0},{"$f":"-Inputs!$R$45*Inputs!$R$34","v":-90000},1493.2057396927576,9.303089390063848E-3,7.1633788303491633E-3,{"$f":"-N3145/(1.202*2465560*MAX(0,(Inputs!$R$49-Q3145)))","v":7.9189480135305343},{"$f":"params!$C$16*R3145*(G3145-Inputs!$R$27)","v":-77539.952779317377},-220971.31835002062,{"$f":"E3145*params!$C$8","v":0}]
["2005-05-12",5,12,"03:00:00",0,10,8,3,71,{"$f":"Inputs!$R$38*Inputs!$R$33*(G3148-Inputs!$R$27)","v":-74674.872640824076},{"$f":"Inputs!$R$34*E3148*Inputs!$R$39","v":0},{"$f":"params!$C$16*Inputs!$R$30*(G3148-Inputs!$R$27)","v":-11693.636089901722},{"$f":"Inputs!$R$41*Inputs!$R$42/8760","v":0},{"$f":"-Inputs!$R$45*Inputs!$R$34","v":-90000},1069.6390010481693,6.6359949158119932E-3,4.7115563902265147E-3,{"$f":"-N3148/(1.202*2465560*MAX(0,(Inputs!$R$49-Q3148)))","v":4.8305614577131761},{"$f":"params!$C$16*R3148*(G3148-Inputs!$R$27)","v":-76456.567987857881},-252825.07671858367,{"$f":"E3148*params!$C$8","v":0}]
["2005-05-12",5,12,"04:00:00",0,10,7,1,66,{"$f":"Inputs!$R$38*Inputs!$R$33*(G3149-Inputs!$R$27)","v":-80370.41377444625},{"$f":"Inputs!$R$34*E3149*Inputs!$R$39","v":0},{"$f":"params!$C$16*Inputs!$R$30*(G3149-Inputs!$R$27)","v":-12585.523588284057},{"$f":"Inputs!$R$41*Inputs!$R$42/8760","v":0},{"$f":"-Inputs!$R$45*Inputs!$R$34","v":-90000},998.98316002102877,6.193284308903993E-3,4.0875676438766355E-3,{"$f":"-N3149/(1.202*2465560*MAX(0,(Inputs!$R$49-Q3149)))","v":4.3943961596956491},{"$f":"params!$C$16*R3149*(G3149-Inputs!$R$27)","v":-74857.98066370601},-257813.91802643629,{"$f":"E3149*params!$C$8","v":0}]
["2005-05-12",5,12,"08:00:00",116,10,3,-1,74,{"$f":"Inputs!$R$38*Inputs!$R$33*(G3153-Inputs!$R$27)","v":-103152.57830893494},{"$f":"Inputs!$R$34*E3153*Inputs!$R$39","v":67893.607335631139},{"$f":"params!$C$16*Inputs!$R$30*(G3153-Inputs!$R$27)","v":-16153.073581813396},{"$f":"Inputs!$R$41*Inputs!$R$42/8760","v":0},{"$f":"-Inputs!$R$45*Inputs!$R$34","v":-90000},755.80495631325812,4.6743495015895585E-3,3.4590186311762735E-3,{"$f":"-N3153/(1.202*2465560*MAX(0,(Inputs!$R$49-Q3153)))","v":4.0280352324685724},{"$f":"params!$C$16*R3153*(G3153-Inputs!$R$27)","v":-88067.57646813865},-229479.62102325587,{"$f":"E3153*params!$C$8","v":240.29399999999998}]
["2005-05-12",5,12,"11:00:00",864,0,8,-2,48,{"$f":"Inputs!$R$38*Inputs!$R$33*(G3156-Inputs!$R$27)","v":-74674.872640824076},{"$f":"Inputs!$R$34*E3156*Inputs!$R$39","v":505690.31670676987},{"$f":"params!$C$16*Inputs!$R$30*(G3156-Inputs!$R$27)","v":-11693.636089901722},{"$f":"Inputs!$R$41*Inputs!$R$42/8760","v":0},{"$f":"-Inputs!$R$45*Inputs!$R$34","v":-90000},1069.6390010481693,6.6359949158119932E-3,3.1852775595897563E-3,{"$f":"-N3156/(1.202*2465560*MAX(0,(Inputs!$R$49-Q3156)))","v":3.8869066849298948},{"$f":"params!$C$16*R3156*(G3156-Inputs!$R$27)","v":-61520.704750434699},267801.1032256094,{"$f":"E3156*params!$C$8","v":1789.7759999999998}]
["2005-05-12",5,12,"15:00:00",772,0,11,-8,24,{"$f":"Inputs!$R$38*Inputs!$R$33*(G3160-Inputs!$R$27)","v":-57588.249239957542},{"$f":"Inputs!$R$34*E3160*Inputs!$R$39","v":451843.66261299344},{"$f":"params!$C$16*Inputs!$R$30*(G3160-Inputs!$R$27)","v":-9017.9735947547179},{"$f":"Inputs!$R$41*Inputs!$R$42/8760","v":0},{"$f":"-Inputs!$R$45*Inputs!$R$34","v":-90000},1308.7561751391206,8.138879592783612E-3,1.9533311022680668E-3,{"$f":"-N3160/(1.202*2465560*MAX(0,(Inputs!$R$49-Q3160)))","v":3.3574999139656918},{"$f":"params!$C$16*R3160*(G3160-Inputs!$R$27)","v":-40981.946562484758},254255.49321579645,{"$f":"E3160*params!$C$8","v":1599.1979999999999}]
["2005-05-12",5,12,"18:00:00",254,0,8,-6,34,{"$f":"Inputs!$R$38*Inputs!$R$33*(G3163-Inputs!$R$27)","v":-74674.872640824076},{"$f":"Inputs!$R$34*E3163*Inputs!$R$39","v":148663.58847629576},{"$f":"params!$C$16*Inputs!$R$30*(G3163-Inputs!$R$27)","v":-11693.636089901722},{"$f":"Inputs!$R$41*Inputs!$R$42/8760","v":0},{"$f":"-Inputs!$R$45*Inputs!$R$34","v":-90000},1069.6390010481693,6.6359949158119932E-3,2.2562382713760777E-3,{"$f":"-N3163/(1.202*2465560*MAX(0,(Inputs!$R$49-Q3163)))","v":3.4738354344224094},{"$f":"params!$C$16*R3163*(G3163-Inputs!$R$27)","v":-54982.746290590119},-82687.666545020154,{"$f":"E3163*params!$C$8","v":526.16099999999994}]
["2005-05-12",5,12,"22:00:00",0,0,1,-7,51,{"$f":"Inputs!$R$38*Inputs!$R$33*(G3167-Inputs!$R$27)","v":-114543.66057617929},{"$f":"Inputs!$R$34*E3167*Inputs!$R$39","v":0},{"$f":"params!$C$16*Inputs!$R$30*(G3167-Inputs!$R$27)","v":-17936.848578578065},{"$f":"Inputs!$R$41*Inputs!$R$42/8760","v":0},{"$f":"-Inputs!$R$45*Inputs!$R$34","v":-90000},655.14373774848059,4.0477489204243187E-3,2.0643519494164026E-3,{"$f":"-N3167/(1.202*2465560*MAX(0,(Inputs!$R$49-Q3167)))","v":3.3992231278305423},{"$f":"params!$C$16*R3167*(G3167-Inputs!$R$27)","v":-82526.500227822587},-305007.00938257994,{"$f":"E3167*params!$C$8","v":0}]
["2005-05-13",5,13,"01:00:00",0,0,-3,-7,71,{"$f":"Inputs!$R$38*Inputs!$R$33*(G3170-Inputs!$R$27)","v":-137325.825110668},{"$f":"Inputs!$R$34*E3170*Inputs!$R$39","v":0},{"$f":"params!$C$16*Inputs!$R$30*(G3170-Inputs!$R$27)","v":-21504.398572107406},{"$f":"Inputs!$R$41*Inputs!$R$42/8760","v":0},{"$f":"-Inputs!$R$45*Inputs!$R$34","v":-90000},488.73621912146871,3.0146312662847319E-3,2.1403881990621596E-3,{"$f":"-N3170/(1.202*2465560*MAX(0,(Inputs!$R$49-Q3170)))","v":3.4284020767860395},{"$f":"params!$C$16*R3170*(G3170-Inputs!$R$27)","v":-99789.91748626862},-348620.14116904401,{"$f":"E3170*params!$C$8","v":0}]
["2005-05-13",5,13,"04:00:00",0,6,-1,-4,78,{"$f":"Inputs!$R$38*Inputs!$R$33*(G3173-Inputs!$R$27)","v":-125934.74284342365},{"$f":"Inputs!$R$34*E3173*Inputs!$R$39","v":0},{"$f":"params!$C$16*Inputs!$R$30*(G3173-Inputs!$R$27)","v":-19720.623575342735},{"$f":"Inputs!$R$41*Inputs!$R$42/8760","v":0},{"$f":"-Inputs!$R$45*Inputs!$R$34","v":-90000},566.54310372490409,3.4972595900071069E-3,2.7278624802055435E-3,{"$f":"-N3173/(1.202*2465560*MAX(0,(Inputs!$R$49-Q3173)))","v":3.6719322642824879},{"$f":"params!$C$16*R3173*(G3173-Inputs!$R$27)","v":-98012.827449440636},-333668.19386820705,{"$f":"E3173*params!$C$8","v":0}]
["2005-05-13",5,13,"05:00:00",0,0,-2,-4,85,{"$f":"Inputs!$R$38*Inputs!$R$33*(G3174-Inputs!$R$27)","v":-131630.28397704582},{"$f":"Inputs!$R$34*E3174*Inputs!$R$39","v":0},{"$f":"params!$C$16*Inputs!$R$30*(G3174-Inputs!$R$27)","v":-20612.511073725069},{"$f":"Inputs!$R$41*Inputs!$R$42/8760","v":0},{"$f":"-Inputs!$R$45*Inputs!$R$34","v":-90000},526.36516305985776,3.2479468065175691E-3,2.7607547855399341E-3,{"$f":"-N3174/(1.202*2465560*MAX(0,(Inputs!$R$49-Q3174)))","v":3.6865942180526492},{"$f":"params!$C$16*R3174*(G3174-Inputs!$R$27)","v":-102854.63154183482},-345097.42659260571,{"$f":"E3174*params!$C$8","v":0}]
["2005-05-13",5,13,"09:00:00",610,1,8,-7,32,{"$f":"Inputs!$R$38*Inputs!$R$33*(G3178-Inputs!$R$27)","v":-74674.872640824076},{"$f":"Inputs!$R$34*E3178*Inputs!$R$39","v":357026.72823047411},{"$f":"params!$C$16*Inputs!$R$30*(G3178-Inputs!$R$27)","v":-11693.636089901722},{"$f":"Inputs!$R$41*Inputs!$R$42/8760","v":0},{"$f":"-Inputs!$R$45*Inputs!$R$34","v":-90000},1069.6390010481693,6.6359949158119932E-3,2.1235183730598378E-3,{"$f":"-N3178/(1.202*2465560*MAX(0,(Inputs!$R$49-Q3178)))","v":3.4218851129503016},{"$f":"params!$C$16*R3178*(G3178-Inputs!$R$27)","v":-54160.493366081508},126497.72613366682,{"$f":"E3178*params!$C$8","v":1263.615}]
["2005-05-13",5,13,"13:00:00",955,1,16,-3,26,{"$f":"Inputs!$R$38*Inputs!$R$33*(G3182-Inputs!$R$27)","v":-29110.543571846669},{"$f":"Inputs!$R$34*E3182*Inputs!$R$39","v":558951.68108213565},{"$f":"params!$C$16*Inputs!$R$30*(G3182-Inputs!$R$27)","v":-4558.5361028430443},{"$f":"Inputs!$R$41*Inputs!$R$42/8760","v":0},{"$f":"-Inputs!$R$45*Inputs!$R$34","v":-90000},1812.7242941450775,1.1330041931761578E-2,2.9458109022580102E-3,{"$f":"-N3182/(1.202*2465560*MAX(0,(Inputs!$R$49-Q3182)))","v":3.7713168297821524},{"$f":"params!$C$16*R3182*(G3182-Inputs!$R$27)","v":-23269.445320686278},412013.1560867597,{"$f":"E3182*params!$C$8","v":1978.2824999999998}]
["2005-05-13",5,13,"16:00:00",630,1,20,-1,24,{"$f":"Inputs!$R$38*Inputs!$R$33*(G3185-Inputs!$R$27)","v":-6328.3790373579704},{"$f":"Inputs!$R$34*E3185*Inputs!$R$39","v":368732.5225986864},{"$f":"params!$C$16*Inputs!$R$30*(G3185-Inputs!$R$27)","v":-990.98610931370501},{"$f":"Inputs!$R$41*Inputs!$R$42/8760","v":0},{"$f":"-Inputs!$R$45*Inputs!$R$34","v":-90000},2331.2150168593957,1.4647072201887702E-2,3.5152973284530487E-3,{"$f":"-N3185/(1.202*2465560*MAX(0,(Inputs!$R$49-Q3185)))","v":4.0583296179991999},{"$f":"params!$C$16*R3185*(G3185-Inputs!$R$27)","v":-5443.5535270263172},265969.60392498836,{"$f":"E3185*params!$C$8","v":1305.0449999999998}]
["2005-05-13",5,13,"19:00:00",76,1,17,2,36,{"$f":"Inputs!$R$38*Inputs!$R$33*(G3188-Inputs!$R$27)","v":-23415.002438224496},{"$f":"Inputs!$R$34*E3188*Inputs!$R$39","v":44482.018599206604},{"$f":"params!$C$16*Inputs!$R$30*(G3188-Inputs!$R$27)","v":-3666.6486044607095},{"$f":"Inputs!$R$41*Inputs!$R$42/8760","v":0},{"$f":"-Inputs!$R$45*Inputs!$R$34","v":-90000},1931.8104441244629,1.2088830888770941E-2,4.3519791199575384E-3,{"$f":"-N3188/(1.202*2465560*MAX(0,(Inputs!$R$49-Q3188)))","v":4.569219352925578},{"$f":"params!$C$16*R3188*(G3188-Inputs!$R$27)","v":-22676.650770806231},-95276.28321428482,{"$f":"E3188*params!$C$8","v":157.434}]
["2005-05-13",5,13,"23:00:00",0,9,13,2,47,{"$f":"Inputs!$R$38*Inputs!$R$33*(G3192-Inputs!$R$27)","v":-46197.166972713196},{"$f":"Inputs!$R$34*E3192*Inputs!$R$39","v":0},{"$f":"params!$C$16*Inputs!$R$30*(G3192-Inputs!$R$27)","v":-7234.1985979900483},{"$f":"Inputs!$R$41*Inputs!$R$42/8760","v":0},{"$f":"-Inputs!$R$45*Inputs!$R$34","v":-90000},1493.2057396927576,9.303089390063848E-3,4.3724520133300087E-3,{"$f":"-N3192/(1.202*2465560*MAX(0,(Inputs!$R$49-Q3192)))","v":4.5833375946455277},{"$f":"params!$C$16*R3192*(G3192-Inputs!$R$27)","v":-44878.660657103959},-188310.02622780719,{"$f":"E3192*params!$C$8","v":0}]
["2005-05-14",5,14,"02:00:00",0,9,12,7,71,{"$f":"Inputs!$R$38*Inputs!$R$33*(G3195-Inputs!$R$27)","v":-51892.708106335369},{"$f":"Inputs!$R$34*E3195*Inputs!$R$39","v":0},{"$f":"params!$C$16*Inputs!$R$30*(G3195-Inputs!$R$27)","v":-8126.0860963723835},{"$f":"Inputs!$R$41*Inputs!$R$42/8760","v":0},{"$f":"-Inputs!$R$45*Inputs!$R$34","v":-90000},1398.3079270856979,8.70357605607666E-3,6.1795389998144292E-3,{"$f":"-N3195/(1.202*2465560*MAX(0,(Inputs!$R$49-Q3195)))","v":6.3021429026039861},{"$f":"params!$C$16*R3195*(G3195-Inputs!$R$27)","v":-69316.604299405808},-219335.39850211359,{"$f":"E3195*params!$C$8","v":0}]
["2005-05-14",5,14,"05:00:00",0,10,11,9,87,{"$f":"Inputs!$R$38*Inputs!$R$33*(G3198-Inputs!$R$27)","v":-57588.249239957542},{"$f":"Inputs!$R$34*E3198*Inputs!$R$39","v":0},{"$f":"params!$C$16*Inputs!$R$30*(G3198-Inputs!$R$27)","v":-9017.9735947547179},{"$f":"Inputs!$R$41*Inputs!$R$42/8760","v":0},{"$f":"-Inputs!$R$45*Inputs!$R$34","v":-90000},1308.7561751391206,8.138879592783612E-3,7.0808252457217422E-3,{"$f":"-N3198/(1.202*2465560*MAX(0,(Inputs!$R$49-Q3198)))","v":7.7520701783182577},{"$f":"params!$C$16*R3198*(G3198-Inputs!$R$27)","v":-94622.467293298309},-251228.69012801055,{"$f":"E3198*params!$C$8","v":0}]
["2005-05-14",5,14,"06:00:00",54,10,11,10,94,{"$f":"Inputs!$R$38*Inputs!$R$33*(G3199-Inputs!$R$27)","v":-57588.249239957542},{"$f":"Inputs!$R$34*E3199*Inputs!$R$39","v":31605.644794173117},{"$f":"params!$C$16*Inputs!$R$30*(G3199-Inputs!$R$27)","v":-9017.9735947547179},{"$f":"Inputs!$R$41*Inputs!$R$42/8760","v":0},{"$f":"-Inputs!$R$45*Inputs!$R$34","v":-90000},1308.7561751391206,8.138879592783612E-3,7.6505468172165959E-3,{"$f":"-N3199/(1.202*2465560*MAX(0,(Inputs!$R$49-Q3199)))","v":9.071324750246017},{"$f":"params!$C$16*R3199*(G3199-Inputs!$R$27)","v":-110725.40750311586},-235725.985543655,{"$f":"E3199*params!$C$8","v":111.86099999999999}]
["2005-05-14",{"$f":"MONTH(A3203)","v":5},{"$f":"DAY(A3203)","v":14},"10:00:00",642,10,20,13,64,{"$f":"Inputs!$R$38*Inputs!$R$33*(G3203-Inputs!$R$27)","v":-6328.3790373579704},{"$f":"Inputs!$R$34*E3203*Inputs!$R$39","v":375755.99921961373},{"$f":"params!$C$16*Inputs!$R$30*(G3203-Inputs!$R$27)","v":-990.98610931370501},{"$f":"Inputs!$R$41*Inputs!$R$42/8760","v":0},{"$f":"-Inputs!$R$45*Inputs!$R$34","v":-90000},{"$f":"EXP(77.345+0.0057*(G3203+273.15)-7235/(G3203+273.15))/(G3203+273.15)^8.2","v":2331.2150168593957},{"$f":"0.62198*O3203/(101325-O3203)","v":1.4647072201887702E-2},{"$f":"P3203*I3203/100","v":9.3741262092081282E-3},{"$f":"-N3203/(1.202*2465560*MAX(0,(Inputs!$R$49-Q3203)))","v":18.697925779947823},{"$f":"params!$C$16*R3203*(G3203-Inputs!$R$27)","v":-25080.062342913261},{"$f":"J3203+K3203+L3203+M3203+N3203+S3203","v":253356.57173002875},{"$f":"E3203*params!$C$8","v":1329.903}]
["2005-05-14",5,14,"14:00:00",388,10,24,14,54,{"$f":"Inputs!$R$38*Inputs!$R$33*(G3207-Inputs!$R$27)","v":16453.785497130732},{"$f":"Inputs!$R$34*E3207*Inputs!$R$39","v":227092.41074331797},{"$f":"params!$C$16*Inputs!$R$30*(G3207-Inputs!$R$27)","v":2576.5638842156341},{"$f":"Inputs!$R$41*Inputs!$R$42/8760","v":0},{"$f":"-Inputs!$R$45*Inputs!$R$34","v":-90000},2975.1171299801654,1.8815104792251288E-2,1.0160156587815695E-2,{"$f":"-N3207/(1.202*2465560*MAX(0,(Inputs!$R$49-Q3207)))","v":36.23354629280584},{"$f":"params!$C$16*R3207*(G3207-Inputs!$R$27)","v":126362.83765484307},282485.5977795074,{"$f":"E3207*params!$C$8","v":803.74199999999996}]
["2005-05-14",5,14,"17:00:00",162,10,22,15,64,{"$f":"Inputs!$R$38*Inputs!$R$33*(G3210-Inputs!$R$27)","v":5062.7032298863796},{"$f":"Inputs!$R$34*E3210*Inputs!$R$39","v":94816.934382519335},{"$f":"params!$C$16*Inputs!$R$30*(G3210-Inputs!$R$27)","v":792.78888745096458},{"$f":"Inputs!$R$41*Inputs!$R$42/8760","v":0},{"$f":"-Inputs!$R$45*Inputs!$R$34","v":-90000},2636.0296246790026,1.6613383438113645E-2,1.0632565400392733E-2,{"$f":"-N3210/(1.202*2465560*MAX(0,(Inputs!$R$49-Q3210)))","v":83.03702844516485},{"$f":"params!$C$16*R3210*(G3210-Inputs!$R$27)","v":89103.951943521271},99776.378443377951,{"$f":"E3210*params!$C$8","v":335.58299999999997}]
["2005-05-14",5,14,"20:00:00",0,10,19,14,73,{"$f":"Inputs!$R$38*Inputs!$R$33*(G3213-Inputs!$R$27)","v":-12023.920170980145},{"$f":"Inputs!$R$34*E3213*Inputs!$R$39","v":0},{"$f":"params!$C$16*Inputs!$R$30*(G3213-Inputs!$R$27)","v":-1882.8736076960397},{"$f":"Inputs!$R$41*Inputs!$R$42/8760","v":0},{"$f":"-Inputs!$R$45*Inputs!$R$34","v":-90000},2190.7229749852513,1.3744851093608144E-2,1.0033741298333945E-2,{"$f":"-N3213/(1.202*2465560*MAX(0,(Inputs!$R$49-Q3213)))","v":31.484705454651195},{"$f":"params!$C$16*R3213*(G3213-Inputs!$R$27)","v":-80239.537336580543},-184146.33111525673,{"$f":"E3213*params!$C$8","v":0}]
["2005-05-14",5,14,1,0,10,16,15,94,{"$f":"Inputs!$R$38*Inputs!$R$33*(G3217-Inputs!$R$27)","v":-29110.543571846669},{"$f":"Inputs!$R$34*E3217*Inputs!$R$39","v":0},{"$f":"params!$C$16*Inputs!$R$30*(G3217-Inputs!$R$27)","v":-4558.5361028430443},{"$f":"Inputs!$R$41*Inputs!$R$42/8760","v":0},{"$f":"-Inputs!$R$45*Inputs!$R$34","v":-90000},1812.7242941450775,1.1330041931761578E-2,1.0650239415855885E-2,{"$f":"-N3217/(1.202*2465560*MAX(0,(Inputs!$R$49-Q3217)))","v":87.25368614266047},{"$f":"params!$C$16*R3217*(G3217-Inputs!$R$27)","v":-538364.97180276457},-662034.05147745425,{"$f":"E3217*params!$C$8","v":0}]
["2005-05-15",5,15,"03:00:00",0,10,15,14,94,{"$f":"Inputs!$R$38*Inputs!$R$33*(G3220-Inputs!$R$27)","v":-34806.084705468842},{"$f":"Inputs!$R$34*E3220*Inputs!$R$39","v":0},{"$f":"params!$C$16*Inputs!$R$30*(G3220-Inputs!$R$27)","v":-5450.4236012253787},{"$f":"Inputs!$R$41*Inputs!$R$42/8760","v":0},{"$f":"-Inputs!$R$45*Inputs!$R$34","v":-90000},1700.1281023555496,1.0614273895273205E-2,9.9774174615568124E-3,{"$f":"-N3220/(1.202*2465560*MAX(0,(Inputs!$R$49-Q3220)))","v":29.747618332504732},{"$f":"params!$C$16*R3220*(G3220-Inputs!$R$27)","v":-219457.31955085855},-349713.82785755279,{"$f":"E3220*params!$C$8","v":0}]
["2005-05-15",5,15,"07:00:00",145,10,14,13,94,{"$f":"Inputs!$R$38*Inputs!$R$33*(G3224-Inputs!$R$27)","v":-40501.625839091022},{"$f":"Inputs!$R$34*E3224*Inputs!$R$39","v":84867.009169538927},{"$f":"params!$C$16*Inputs!$R$30*(G3224-Inputs!$R$27)","v":-6342.3110996077139},{"$f":"Inputs!$R$41*Inputs!$R$42/8760","v":0},{"$f":"-Inputs!$R$45*Inputs!$R$34","v":-90000},1593.7190459500907,9.939322574797271E-3,9.3429632203094349E-3,{"$f":"-N3224/(1.202*2465560*MAX(0,(Inputs!$R$49-Q3224)))","v":18.345920182031556},{"$f":"params!$C$16*R3224*(G3224-Inputs!$R$27)","v":-157490.60590133409},-209467.5336704939,{"$f":"E3224*params!$C$8","v":300.36750000000001}]
["2005-05-15",5,15,"08:00:00",354,4,16,12,77,{"$f":"Inputs!$R$38*Inputs!$R$33*(G3225-Inputs!$R$27)","v":-29110.543571846669},{"$f":"Inputs!$R$34*E3225*Inputs!$R$39","v":207192.5603173571},{"$f":"params!$C$16*Inputs!$R$30*(G3225-Inputs!$R$27)","v":-4558.5361028430443},{"$f":"Inputs!$R$41*Inputs!$R$42/8760","v":0},{"$f":"-Inputs!$R$45*Inputs!$R$34","v":-90000},1812.7242941450775,1.1330041931761578E-2,8.7241322874564153E-3,{"$f":"-N3225/(1.202*2465560*MAX(0,(Inputs!$R$49-Q3225)))","v":13.353725675248349},{"$f":"params!$C$16*R3225*(G3225-Inputs!$R$27)","v":-82393.976282704753},1129.504359962637,{"$f":"E3225*params!$C$8","v":733.31099999999992}]
["2005-05-15",5,15,"11:00:00",876,8,18,6,45,{"$f":"Inputs!$R$38*Inputs!$R$33*(G3228-Inputs!$R$27)","v":-17719.461304602319},{"$f":"Inputs!$R$34*E3228*Inputs!$R$39","v":512713.7933276972},{"$f":"params!$C$16*Inputs!$R$30*(G3228-Inputs!$R$27)","v":-2774.7611060783747},{"$f":"Inputs!$R$41*Inputs!$R$42/8760","v":0},{"$f":"-Inputs!$R$45*Inputs!$R$34","v":-90000},2057.7011249857014,1.2892956292988709E-2,5.8018303318449196E-3,{"$f":"-N3228/(1.202*2465560*MAX(0,(Inputs!$R$49-Q3228)))","v":5.84406653799984},{"$f":"params!$C$16*R3228*(G3228-Inputs!$R$27)","v":-21948.677812476544},380270.89310453995,{"$f":"E3228*params!$C$8","v":1814.634}]
["2005-05-15",5,15,"15:00:00",248,3,22,6,35,{"$f":"Inputs!$R$38*Inputs!$R$33*(G3232-Inputs!$R$27)","v":5062.7032298863796},{"$f":"Inputs!$R$34*E3232*Inputs!$R$39","v":145151.85016583209},{"$f":"params!$C$16*Inputs!$R$30*(G3232-Inputs!$R$27)","v":792.78888745096458},{"$f":"Inputs!$R$41*Inputs!$R$42/8760","v":0},{"$f":"-Inputs!$R$45*Inputs!$R$34","v":-90000},2636.0296246790026,1.6613383438113645E-2,5.8146842033397761E-3,{"$f":"-N3232/(1.202*2465560*MAX(0,(Inputs!$R$49-Q3232)))","v":5.8585581729777294},{"$f":"params!$C$16*R3232*(G3232-Inputs!$R$27)","v":6286.6012389648322},67293.943522134286,{"$f":"E3232*params!$C$8","v":513.73199999999997}]
["2005-05-15",5,15,"18:00:00",220,8,17,7,52,{"$f":"Inputs!$R$38*Inputs!$R$33*(G3235-Inputs!$R$27)","v":-23415.002438224496},{"$f":"Inputs!$R$34*E3235*Inputs!$R$39","v":128763.73805033491},{"$f":"params!$C$16*Inputs!$R$30*(G3235-Inputs!$R$27)","v":-3666.6486044607095},{"$f":"Inputs!$R$41*Inputs!$R$42/8760","v":0},{"$f":"-Inputs!$R$45*Inputs!$R$34","v":-90000},1931.8104441244629,1.2088830888770941E-2,6.2861920621608888E-3,{"$f":"-N3235/(1.202*2465560*MAX(0,(Inputs!$R$49-Q3235)))","v":6.4447849422932482},{"$f":"params!$C$16*R3235*(G3235-Inputs!$R$27)","v":-31984.924806851344},-20302.83779920165,{"$f":"E3235*params!$C$8","v":455.72999999999996}]
["2005-05-15",5,15,"21:00:00",0,8,13,5,58,{"$f":"Inputs!$R$38*Inputs!$R$33*(G3238-Inputs!$R$27)","v":-46197.166972713196},{"$f":"Inputs!$R$34*E3238*Inputs!$R$39","v":0},{"$f":"params!$C$16*Inputs!$R$30*(G3238-Inputs!$R$27)","v":-7234.1985979900483},{"$f":"Inputs!$R$41*Inputs!$R$42/8760","v":0},{"$f":"-Inputs!$R$45*Inputs!$R$34","v":-90000},1493.2057396927576,9.303089390063848E-3,5.3957918462370314E-3,{"$f":"-N3238/(1.202*2465560*MAX(0,(Inputs!$R$49-Q3238)))","v":5.420520271261811},{"$f":"params!$C$16*R3238*(G3238-Inputs!$R$27)","v":-53076.101163289051},-196507.46673399227,{"$f":"E3238*params!$C$8","v":0}]
["2005-05-16",5,16,"01:00:00",0,0,7,3,76,{"$f":"Inputs!$R$38*Inputs!$R$33*(G3242-Inputs!$R$27)","v":-80370.41377444625},{"$f":"Inputs!$R$34*E3242*Inputs!$R$39","v":0},{"$f":"params!$C$16*Inputs!$R$30*(G3242-Inputs!$R$27)","v":-12585.523588284057},{"$f":"Inputs!$R$41*Inputs!$R$42/8760","v":0},{"$f":"-Inputs!$R$45*Inputs!$R$34","v":-90000},998.98316002102877,6.193284308903993E-3,4.7068960747670349E-3,{"$f":"-N3242/(1.202*2465560*MAX(0,(Inputs!$R$49-Q3242)))","v":4.8269832441929577},{"$f":"params!$C$16*R3242*(G3242-Inputs!$R$27)","v":-82227.046726450615},-265182.98408918094,{"$f":"E3242*params!$C$8","v":0}]
["2005-05-16",5,16,"04:00:00",0,8,3,3,100,{"$f":"Inputs!$R$38*Inputs!$R$33*(G3245-Inputs!$R$27)","v":-103152.57830893494},{"$f":"Inputs!$R$34*E3245*Inputs!$R$39","v":0},{"$f":"params!$C$16*Inputs!$R$30*(G3245-Inputs!$R$27)","v":-16153.073581813396},{"$f":"Inputs!$R$41*Inputs!$R$42/8760","v":0},{"$f":"-Inputs!$R$45*Inputs!$R$34","v":-90000},755.80495631325812,4.6743495015895585E-3,4.6743495015895585E-3,{"$f":"-N3245/(1.202*2465560*MAX(0,(Inputs!$R$49-Q3245)))","v":4.8021408477833001},{"$f":"params!$C$16*R3245*(G3245-Inputs!$R$27)","v":-104992.35530860705},-314298.0071993554,{"$f":"E3245*params!$C$8","v":0}]
["2005-05-16",5,16,"08:00:00",333,8,11,4,62,{"$f":"Inputs!$R$38*Inputs!$R$33*(G3249-Inputs!$R$27)","v":-57588.249239957542},{"$f":"Inputs!$R$34*E3249*Inputs!$R$39","v":194901.4762307342},{"$f":"params!$C$16*Inputs!$R$30*(G3249-Inputs!$R$27)","v":-9017.9735947547179},{"$f":"Inputs!$R$41*Inputs!$R$42/8760","v":0},{"$f":"-Inputs!$R$45*Inputs!$R$34","v":-90000},1308.7561751391206,8.138879592783612E-3,5.0461053475258401E-3,{"$f":"-N3249/(1.202*2465560*MAX(0,(Inputs!$R$49-Q3249)))","v":5.1020685084598689},{"$f":"params!$C$16*R3249*(G3249-Inputs!$R$27)","v":-62276.308065446843},-23981.054669424899,{"$f":"E3249*params!$C$8","v":689.80949999999996}]
["2005-05-16",5,16,"09:00:00",376,8,12,3,54,{"$f":"Inputs!$R$38*Inputs!$R$33*(G3250-Inputs!$R$27)","v":-51892.708106335369},{"$f":"Inputs!$R$34*E3250*Inputs!$R$39","v":220068.93412239058},{"$f":"params!$C$16*Inputs!$R$30*(G3250-Inputs!$R$27)","v":-8126.0860963723835},{"$f":"Inputs!$R$41*Inputs!$R$42/8760","v":0},{"$f":"-Inputs!$R$45*Inputs!$R$34","v":-90000},1398.3079270856979,8.70357605607666E-3,4.6999310702813962E-3,{"$f":"-N3250/(1.202*2465560*MAX(0,(Inputs!$R$49-Q3250)))","v":4.8216453496582714},{"$f":"params!$C$16*R3250*(G3250-Inputs!$R$27)","v":-53032.76805040965},17017.371869273164,{"$f":"E3250*params!$C$8","v":778.88400000000001}]
["2005-05-16",5,16,"12:00:00",255,10,12,2,50,{"$f":"Inputs!$R$38*Inputs!$R$33*(G3253-Inputs!$R$27)","v":-51892.708106335369},{"$f":"Inputs!$R$34*E3253*Inputs!$R$39","v":149248.8781947064},{"$f":"params!$C$16*Inputs!$R$30*(G3253-Inputs!$R$27)","v":-8126.0860963723835},{"$f":"Inputs!$R$41*Inputs!$R$42/8760","v":0},{"$f":"-Inputs!$R$45*Inputs!$R$34","v":-90000},1398.3079270856979,8.70357605607666E-3,4.35178802803833E-3,{"$f":"-N3253/(1.202*2465560*MAX(0,(Inputs!$R$49-Q3253)))","v":4.5690879843820955},{"$f":"params!$C$16*R3253*(G3253-Inputs!$R$27)","v":-50254.916258995065},-51024.832266996418,{"$f":"E3253*params!$C$8","v":528.23249999999996}]
["2005-05-16",5,16,"16:00:00",141,10,11,3,58,{"$f":"Inputs!$R$38*Inputs!$R$33*(G3257-Inputs!$R$27)","v":-57588.249239957542},{"$f":"Inputs!$R$34*E3257*Inputs!$R$39","v":82525.850295896467},{"$f":"params!$C$16*Inputs!$R$30*(G3257-Inputs!$R$27)","v":-9017.9735947547179},{"$f":"Inputs!$R$41*Inputs!$R$42/8760","v":0},{"$f":"-Inputs!$R$45*Inputs!$R$34","v":-90000},1308.7561751391206,8.138879592783612E-3,4.7205501638144945E-3,{"$f":"-N3257/(1.202*2465560*MAX(0,(Inputs!$R$49-Q3257)))","v":4.8374819414573915},{"$f":"params!$C$16*R3257*(G3257-Inputs!$R$27)","v":-59046.740581336511},-133127.11312015229,{"$f":"E3257*params!$C$8","v":292.08150000000001}]
["2005-05-16",5,16,"19:00:00",59,10,11,2,54,{"$f":"Inputs!$R$38*Inputs!$R$33*(G3260-Inputs!$R$27)","v":-57588.249239957542},{"$f":"Inputs!$R$34*E3260*Inputs!$R$39","v":34532.093386226181},{"$f":"params!$C$16*Inputs!$R$30*(G3260-Inputs!$R$27)","v":-9017.9735947547179},{"$f":"Inputs!$R$41*Inputs!$R$42/8760","v":0},{"$f":"-Inputs!$R$45*Inputs!$R$34","v":-90000},1308.7561751391206,8.138879592783612E-3,4.3949949801031507E-3,{"$f":"-N3260/(1.202*2465560*MAX(0,(Inputs!$R$49-Q3260)))","v":4.598984642519949},{"$f":"params!$C$16*R3260*(G3260-Inputs!$R$27)","v":-56135.621054662683},-178209.75050314877,{"$f":"E3260*params!$C$8","v":122.21849999999999}]
["2005-05-16",5,16,"22:00:00",0,10,8,3,71,{"$f":"Inputs!$R$38*Inputs!$R$33*(G3263-Inputs!$R$27)","v":-74674.872640824076},{"$f":"Inputs!$R$34*E3263*Inputs!$R$39","v":0},{"$f":"params!$C$16*Inputs!$R$30*(G3263-Inputs!$R$27)","v":-11693.636089901722},{"$f":"Inputs!$R$41*Inputs!$R$42/8760","v":0},{"$f":"-Inputs!$R$45*Inputs!$R$34","v":-90000},1069.6390010481693,6.6359949158119932E-3,4.7115563902265147E-3,{"$f":"-N3263/(1.202*2465560*MAX(0,(Inputs!$R$49-Q3263)))","v":4.8305614577131761},{"$f":"params!$C$16*R3263*(G3263-Inputs!$R$27)","v":-76456.567987857881},-252825.07671858367,{"$f":"E3263*params!$C$8","v":0}]
["2005-05-17",{"$f":"MONTH(A3267)","v":5},{"$f":"DAY(A3267)","v":17},"02:00:00",0,0,-1,-1,100,{"$f":"Inputs!$R$38*Inputs!$R$33*(G3267-Inputs!$R$27)","v":-125934.74284342365},{"$f":"Inputs!$R$34*E3267*Inputs!$R$39","v":0},{"$f":"params!$C$16*Inputs!$R$30*(G3267-Inputs!$R$27)","v":-19720.623575342735},{"$f":"Inputs!$R$41*Inputs!$R$42/8760","v":0},{"$f":"-Inputs!$R$45*Inputs!$R$34","v":-90000},{"$f":"EXP(77.345+0.0057*(G3267+273.15)-7235/(G3267+273.15))/(G3267+273.15)^8.2","v":566.54310372490409},{"$f":"0.62198*O3267/(101325-O3267)","v":3.4972595900071069E-3},{"$f":"P3267*I3267/100","v":3.4972595900071069E-3},{"$f":"-N3267/(1.202*2465560*MAX(0,(Inputs!$R$49-Q3267)))","v":4.0485705431801247},{"$f":"params!$C$16*R3267*(G3267-Inputs!$R$27)","v":-108066.22167991994},{"$f":"J3267+K3267+L3267+M3267+N3267+S3267","v":-343721.5880986863},{"$f":"E3267*params!$C$8","v":0}]
["2005-05-17",5,17,"05:00:00",0,0,0,-1,92,{"$f":"Inputs!$R$38*Inputs!$R$33*(G3270-Inputs!$R$27)","v":-120239.20170980148},{"$f":"Inputs!$R$34*E3270*Inputs!$R$39","v":0},{"$f":"params!$C$16*Inputs!$R$30*(G3270-Inputs!$R$27)","v":-18828.736076960402},{"$f":"Inputs!$R$41*Inputs!$R$42/8760","v":0},{"$f":"-Inputs!$R$45*Inputs!$R$34","v":-90000},609.41773586642103,3.7635253138895938E-3,3.462443288778426E-3,{"$f":"-N3270/(1.202*2465560*MAX(0,(Inputs!$R$49-Q3270)))","v":4.0298657695553812},{"$f":"params!$C$16*R3270*(G3270-Inputs!$R$27)","v":-102702.10891551415},-331770.04670227604,{"$f":"E3270*params!$C$8","v":0}]
["2005-05-17",5,17,"09:00:00",596,4,10,1,54,{"$f":"Inputs!$R$38*Inputs!$R$33*(G3274-Inputs!$R$27)","v":-63283.790373579723},{"$f":"Inputs!$R$34*E3274*Inputs!$R$39","v":348832.67217272549},{"$f":"params!$C$16*Inputs!$R$30*(G3274-Inputs!$R$27)","v":-9909.8610931370531},{"$f":"Inputs!$R$41*Inputs!$R$42/8760","v":0},{"$f":"-Inputs!$R$45*Inputs!$R$34","v":-90000},1224.2915728566036,7.6071876458255446E-3,4.1078813287457935E-3,{"$f":"-N3274/(1.202*2465560*MAX(0,(Inputs!$R$49-Q3274)))","v":4.4073513298877751},{"$f":"params!$C$16*R3274*(G3274-Inputs!$R$27)","v":-59117.063262305637},126521.95744370308,{"$f":"E3274*params!$C$8","v":1234.614}]
["2005-05-17",5,17,"10:00:00",711,8,11,0,47,{"$f":"Inputs!$R$38*Inputs!$R$33*(G3275-Inputs!$R$27)","v":-57588.249239957542},{"$f":"Inputs!$R$34*E3275*Inputs!$R$39","v":416140.989789946},{"$f":"params!$C$16*Inputs!$R$30*(G3275-Inputs!$R$27)","v":-9017.9735947547179},{"$f":"Inputs!$R$41*Inputs!$R$42/8760","v":0},{"$f":"-Inputs!$R$45*Inputs!$R$34","v":-90000},1308.7561751391206,8.138879592783612E-3,3.8252734086082979E-3,{"$f":"-N3275/(1.202*2465560*MAX(0,(Inputs!$R$49-Q3275)))","v":4.2337071051069399},{"$f":"params!$C$16*R3275*(G3275-Inputs!$R$27)","v":-51677.010510409687},207857.75644482407,{"$f":"E3275*params!$C$8","v":1472.8364999999999}]
["2005-05-17",5,17,"13:00:00",860,10,13,1,44,{"$f":"Inputs!$R$38*Inputs!$R$33*(G3278-Inputs!$R$27)","v":-46197.166972713196},{"$f":"Inputs!$R$34*E3278*Inputs!$R$39","v":503349.15783312736},{"$f":"params!$C$16*Inputs!$R$30*(G3278-Inputs!$R$27)","v":-7234.1985979900483},{"$f":"Inputs!$R$41*Inputs!$R$42/8760","v":0},{"$f":"-Inputs!$R$45*Inputs!$R$34","v":-90000},1493.2057396927576,9.303089390063848E-3,4.0933593316280934E-3,{"$f":"-N3278/(1.202*2465560*MAX(0,(Inputs!$R$49-Q3278)))","v":4.398082073793625},{"$f":"params!$C$16*R3278*(G3278-Inputs!$R$27)","v":-43064.69441885862},316853.09784356551,{"$f":"E3278*params!$C$8","v":1781.49}]
["2005-05-17",5,17,"17:00:00",439,8,13,1,44,{"$f":"Inputs!$R$38*Inputs!$R$33*(G3282-Inputs!$R$27)","v":-46197.166972713196},{"$f":"Inputs!$R$34*E3282*Inputs!$R$39","v":256942.18638225921},{"$f":"params!$C$16*Inputs!$R$30*(G3282-Inputs!$R$27)","v":-7234.1985979900483},{"$f":"Inputs!$R$41*Inputs!$R$42/8760","v":0},{"$f":"-Inputs!$R$45*Inputs!$R$34","v":-90000},1493.2057396927576,9.303089390063848E-3,4.0933593316280934E-3,{"$f":"-N3282/(1.202*2465560*MAX(0,(Inputs!$R$49-Q3282)))","v":4.398082073793625},{"$f":"params!$C$16*R3282*(G3282-Inputs!$R$27)","v":-43064.69441885862},70446.126392697362,{"$f":"E3282*params!$C$8","v":909.38849999999991}]
["2005-05-17",5,17,"20:00:00",0,3,9,-1,49,{"$f":"Inputs!$R$38*Inputs!$R$33*(G3285-Inputs!$R$27)","v":-68979.331507201889},{"$f":"Inputs!$R$34*E3285*Inputs!$R$39","v":0},{"$f":"params!$C$16*Inputs!$R$30*(G3285-Inputs!$R$27)","v":-10801.748591519388},{"$f":"Inputs!$R$41*Inputs!$R$42/8760","v":0},{"$f":"-Inputs!$R$45*Inputs!$R$34","v":-90000},1144.6654335441779,7.1067740933079149E-3,3.4823193057208785E-3,{"$f":"-N3285/(1.202*2465560*MAX(0,(Inputs!$R$49-Q3285)))","v":4.0405227711637099},{"$f":"params!$C$16*R3285*(G3285-Inputs!$R$27)","v":-59074.388768347089},-228855.46886706835,{"$f":"E3285*params!$C$8","v":0}]
["2005-05-17",5,17,"23:00:00",0,4,2,0,87,{"$f":"Inputs!$R$38*Inputs!$R$33*(G3288-Inputs!$R$27)","v":-108848.11944255712},{"$f":"Inputs!$R$34*E3288*Inputs!$R$39","v":0},{"$f":"params!$C$16*Inputs!$R$30*(G3288-Inputs!$R$27)","v":-17044.961080195731},{"$f":"Inputs!$R$41*Inputs!$R$42/8760","v":0},{"$f":"-Inputs!$R$45*Inputs!$R$34","v":-90000},703.88301618186097,4.3509868656616182E-3,3.7853585731256077E-3,{"$f":"-N3288/(1.202*2465560*MAX(0,(Inputs!$R$49-Q3288)))","v":4.2102786567056629},{"$f":"params!$C$16*R3288*(G3288-Inputs!$R$27)","v":-97134.71439899836},-313027.79492175119,{"$f":"E3288*params!$C$8","v":0}]
["2005-05-18",5,18,"03:00:00",0,8,2,1,93,{"$f":"Inputs!$R$38*Inputs!$R$33*(G3292-Inputs!$R$27)","v":-108848.11944255712},{"$f":"Inputs!$R$34*E3292*Inputs!$R$39","v":0},{"$f":"params!$C$16*Inputs!$R$30*(G3292-Inputs!$R$27)","v":-17044.961080195731},{"$f":"Inputs!$R$41*Inputs!$R$42/8760","v":0},{"$f":"-Inputs!$R$45*Inputs!$R$34","v":-90000},703.88301618186097,4.3509868656616182E-3,4.0464177850653045E-3,{"$f":"-N3292/(1.202*2465560*MAX(0,(Inputs!$R$49-Q3292)))","v":4.3683846260047616},{"$f":"params!$C$16*R3292*(G3292-Inputs!$R$27)","v":-100782.35376561961},-316675.43428837246,{"$f":"E3292*params!$C$8","v":0}]
["2005-05-18",5,18,"06:00:00",87,0,2,1,93,{"$f":"Inputs!$R$38*Inputs!$R$33*(G3295-Inputs!$R$27)","v":-108848.11944255712},{"$f":"Inputs!$R$34*E3295*Inputs!$R$39","v":50920.205501723351},{"$f":"params!$C$16*Inputs!$R$30*(G3295-Inputs!$R$27)","v":-17044.961080195731},{"$f":"Inputs!$R$41*Inputs!$R$42/8760","v":0},{"$f":"-Inputs!$R$45*Inputs!$R$34","v":-90000},703.88301618186097,4.3509868656616182E-3,4.0464177850653045E-3,{"$f":"-N3295/(1.202*2465560*MAX(0,(Inputs!$R$49-Q3295)))","v":4.3683846260047616},{"$f":"params!$C$16*R3295*(G3295-Inputs!$R$27)","v":-100782.35376561961},-265755.22878664912,{"$f":"E3295*params!$C$8","v":180.22049999999999}]
["2005-05-18",5,18,"08:00:00",421,0,8,2,66,{"$f":"Inputs!$R$38*Inputs!$R$33*(G3297-Inputs!$R$27)","v":-74674.872640824076},{"$f":"Inputs!$R$34*E3297*Inputs!$R$39","v":246406.97145086818},{"$f":"params!$C$16*Inputs!$R$30*(G3297-Inputs!$R$27)","v":-11693.636089901722},{"$f":"Inputs!$R$41*Inputs!$R$42/8760","v":0},{"$f":"-Inputs!$R$45*Inputs!$R$34","v":-90000},1069.6390010481693,6.6359949158119932E-3,4.3797566444359155E-3,{"$f":"-N3297/(1.202*2465560*MAX(0,(Inputs!$R$49-Q3297)))","v":4.588396057525383},{"$f":"params!$C$16*R3297*(G3297-Inputs!$R$27)","v":-72623.652177584765},-2585.1894574423786,{"$f":"E3297*params!$C$8","v":872.10149999999999}]
["2005-05-18",5,18,"11:00:00",869,4,16,1,36,{"$f":"Inputs!$R$38*Inputs!$R$33*(G3300-Inputs!$R$27)","v":-29110.543571846669},{"$f":"Inputs!$R$34*E3300*Inputs!$R$39","v":508616.76529882289},{"$f":"params!$C$16*Inputs!$R$30*(G3300-Inputs!$R$27)","v":-4558.5361028430443},{"$f":"Inputs!$R$41*Inputs!$R$42/8760","v":0},{"$f":"-Inputs!$R$45*Inputs!$R$34","v":-90000},1812.7242941450775,1.1330041931761578E-2,4.0788150954341688E-3,{"$f":"-N3300/(1.202*2465560*MAX(0,(Inputs!$R$49-Q3300)))","v":4.3888376191697267},{"$f":"params!$C$16*R3300*(G3300-Inputs!$R$27)","v":-27079.617441354068},357868.06818277907,{"$f":"E3300*params!$C$8","v":1800.1334999999999}]
["2005-05-18",5,18,"14:00:00",535,3,19,1,30,{"$f":"Inputs!$R$38*Inputs!$R$33*(G3303-Inputs!$R$27)","v":-12023.920170980145},{"$f":"Inputs!$R$34*E3303*Inputs!$R$39","v":313129.99934967805},{"$f":"params!$C$16*Inputs!$R$30*(G3303-Inputs!$R$27)","v":-1882.8736076960397},{"$f":"Inputs!$R$41*Inputs!$R$42/8760","v":0},{"$f":"-Inputs!$R$45*Inputs!$R$34","v":-90000},2190.7229749852513,1.3744851093608144E-2,4.123455328082443E-3,{"$f":"-N3303/(1.202*2465560*MAX(0,(Inputs!$R$49-Q3303)))","v":4.4173355868834658},{"$f":"params!$C$16*R3303*(G3303-Inputs!$R$27)","v":-11257.687141538117},197965.51842946373,{"$f":"E3303*params!$C$8","v":1108.2525000000001}]
["2005-05-18",5,18,"18:00:00",146,3,15,1,39,{"$f":"Inputs!$R$38*Inputs!$R$33*(G3307-Inputs!$R$27)","v":-34806.084705468842},{"$f":"Inputs!$R$34*E3307*Inputs!$R$39","v":85452.298887949539},{"$f":"params!$C$16*Inputs!$R$30*(G3307-Inputs!$R$27)","v":-5450.4236012253787},{"$f":"Inputs!$R$41*Inputs!$R$42/8760","v":0},{"$f":"-Inputs!$R$45*Inputs!$R$34","v":-90000},1700.1281023555496,1.0614273895273205E-2,4.1395668191565498E-3,{"$f":"-N3307/(1.202*2465560*MAX(0,(Inputs!$R$49-Q3307)))","v":4.4277121382677995},{"$f":"params!$C$16*R3307*(G3307-Inputs!$R$27)","v":-32664.592732968402},-77468.802151713084,{"$f":"E3307*params!$C$8","v":302.43899999999996}]
["2005-05-18",5,18,"21:00:00",0,0,7,1,66,{"$f":"Inputs!$R$38*Inputs!$R$33*(G3310-Inputs!$R$27)","v":-80370.41377444625},{"$f":"Inputs!$R$34*E3310*Inputs!$R$39","v":0},{"$f":"params!$C$16*Inputs!$R$30*(G3310-Inputs!$R$27)","v":-12585.523588284057},{"$f":"Inputs!$R$41*Inputs!$R$42/8760","v":0},{"$f":"-Inputs!$R$45*Inputs!$R$34","v":-90000},998.98316002102877,6.193284308903993E-3,4.0875676438766355E-3,{"$f":"-N3310/(1.202*2465560*MAX(0,(Inputs!$R$49-Q3310)))","v":4.3943961596956491},{"$f":"params!$C$16*R3310*(G3310-Inputs!$R$27)","v":-74857.98066370601},-257813.91802643629,{"$f":"E3310*params!$C$8","v":0}]
["2005-05-19",5,19,"01:00:00",0,0,2,0,87,{"$f":"Inputs!$R$38*Inputs!$R$33*(G3314-Inputs!$R$27)","v":-108848.11944255712},{"$f":"Inputs!$R$34*E3314*Inputs!$R$39","v":0},{"$f":"params!$C$16*Inputs!$R$30*(G3314-Inputs!$R$27)","v":-17044.961080195731},{"$f":"Inputs!$R$41*Inputs!$R$42/8760","v":0},{"$f":"-Inputs!$R$45*Inputs!$R$34","v":-90000},703.88301618186097,4.3509868656616182E-3,3.7853585731256077E-3,{"$f":"-N3314/(1.202*2465560*MAX(0,(Inputs!$R$49-Q3314)))","v":4.2102786567056629},{"$f":"params!$C$16*R3314*(G3314-Inputs!$R$27)","v":-97134.71439899836},-313027.79492175119,{"$f":"E3314*params!$C$8","v":0}]
["2005-05-19",5,19,"04:00:00",0,0,-1,-1,100,{"$f":"Inputs!$R$38*Inputs!$R$33*(G3317-Inputs!$R$27)","v":-125934.74284342365},{"$f":"Inputs!$R$34*E3317*Inputs!$R$39","v":0},{"$f":"params!$C$16*Inputs!$R$30*(G3317-Inputs!$R$27)","v":-19720.623575342735},{"$f":"Inputs!$R$41*Inputs!$R$42/8760","v":0},{"$f":"-Inputs!$R$45*Inputs!$R$34","v":-90000},566.54310372490409,3.4972595900071069E-3,3.4972595900071069E-3,{"$f":"-N3317/(1.202*2465560*MAX(0,(Inputs!$R$49-Q3317)))","v":4.0485705431801247},{"$f":"params!$C$16*R3317*(G3317-Inputs!$R$27)","v":-108066.22167991994},-343721.5880986863,{"$f":"E3317*params!$C$8","v":0}]
["2005-05-19",5,19,"07:00:00",249,0,6,2,75,{"$f":"Inputs!$R$38*Inputs!$R$33*(G3320-Inputs!$R$27)","v":-86065.954908068423},{"$f":"Inputs!$R$34*E3320*Inputs!$R$39","v":145737.1398842427},{"$f":"params!$C$16*Inputs!$R$30*(G3320-Inputs!$R$27)","v":-13477.411086666392},{"$f":"Inputs!$R$41*Inputs!$R$42/8760","v":0},{"$f":"-Inputs!$R$45*Inputs!$R$34","v":-90000},932.4781503104233,5.7771510192606073E-3,4.3328632644454553E-3,{"$f":"-N3320/(1.202*2465560*MAX(0,(Inputs!$R$49-Q3320)))","v":4.5561152293473342},{"$f":"params!$C$16*R3320*(G3320-Inputs!$R$27)","v":-83112.967320609052},-126919.19343110116,{"$f":"E3320*params!$C$8","v":515.80349999999999}]
["2005-05-19",5,19,"09:00:00",608,0,13,2,47,{"$f":"Inputs!$R$38*Inputs!$R$33*(G3322-Inputs!$R$27)","v":-46197.166972713196},{"$f":"Inputs!$R$34*E3322*Inputs!$R$39","v":355856.14879365283},{"$f":"params!$C$16*Inputs!$R$30*(G3322-Inputs!$R$27)","v":-7234.1985979900483},{"$f":"Inputs!$R$41*Inputs!$R$42/8760","v":0},{"$f":"-Inputs!$R$45*Inputs!$R$34","v":-90000},1493.2057396927576,9.303089390063848E-3,4.3724520133300087E-3,{"$f":"-N3322/(1.202*2465560*MAX(0,(Inputs!$R$49-Q3322)))","v":4.5833375946455277},{"$f":"params!$C$16*R3322*(G3322-Inputs!$R$27)","v":-44878.660657103959},167546.12256584564,{"$f":"E3322*params!$C$8","v":1259.472}]
["2005-05-19",5,19,"12:00:00",825,5,18,1,32,{"$f":"Inputs!$R$38*Inputs!$R$33*(G3325-Inputs!$R$27)","v":-17719.461304602319},{"$f":"Inputs!$R$34*E3325*Inputs!$R$39","v":482864.01768875594},{"$f":"params!$C$16*Inputs!$R$30*(G3325-Inputs!$R$27)","v":-2774.7611060783747},{"$f":"Inputs!$R$41*Inputs!$R$42/8760","v":0},{"$f":"-Inputs!$R$45*Inputs!$R$34","v":-90000},2057.7011249857014,1.2892956292988709E-2,4.1257460137563871E-3,{"$f":"-N3325/(1.202*2465560*MAX(0,(Inputs!$R$49-Q3325)))","v":4.4188079283793273},{"$f":"params!$C$16*R3325*(G3325-Inputs!$R$27)","v":-16595.805489991744},355773.98978808348,{"$f":"E3325*params!$C$8","v":1708.9875}]
["2005-05-19",5,19,"15:00:00",583,8,19,1,30,{"$f":"Inputs!$R$38*Inputs!$R$33*(G3328-Inputs!$R$27)","v":-12023.920170980145},{"$f":"Inputs!$R$34*E3328*Inputs!$R$39","v":341223.90583338751},{"$f":"params!$C$16*Inputs!$R$30*(G3328-Inputs!$R$27)","v":-1882.8736076960397},{"$f":"Inputs!$R$41*Inputs!$R$42/8760","v":0},{"$f":"-Inputs!$R$45*Inputs!$R$34","v":-90000},2190.7229749852513,1.3744851093608144E-2,4.123455328082443E-3,{"$f":"-N3328/(1.202*2465560*MAX(0,(Inputs!$R$49-Q3328)))","v":4.4173355868834658},{"$f":"params!$C$16*R3328*(G3328-Inputs!$R$27)","v":-11257.687141538117},226059.42491317319,{"$f":"E3328*params!$C$8","v":1207.6844999999998}]
["2005-05-19",5,19,"19:00:00",48,0,17,3,39,{"$f":"Inputs!$R$38*Inputs!$R$33*(G3332-Inputs!$R$27)","v":-23415.002438224496},{"$f":"Inputs!$R$34*E3332*Inputs!$R$39","v":28093.906483709437},{"$f":"params!$C$16*Inputs!$R$30*(G3332-Inputs!$R$27)","v":-3666.6486044607095},{"$f":"Inputs!$R$41*Inputs!$R$42/8760","v":0},{"$f":"-Inputs!$R$45*Inputs!$R$34","v":-90000},1931.8104441244629,1.2088830888770941E-2,4.714644046620667E-3,{"$f":"-N3332/(1.202*2465560*MAX(0,(Inputs!$R$49-Q3332)))","v":4.8329350989226372},{"$f":"params!$C$16*R3332*(G3332-Inputs!$R$27)","v":-23985.449804695672},-112973.19436367144,{"$f":"E3332*params!$C$8","v":99.431999999999988}]
["2005-05-19",5,19,"22:00:00",0,10,11,4,62,{"$f":"Inputs!$R$38*Inputs!$R$33*(G3335-Inputs!$R$27)","v":-57588.249239957542},{"$f":"Inputs!$R$34*E3335*Inputs!$R$39","v":0},{"$f":"params!$C$16*Inputs!$R$30*(G3335-Inputs!$R$27)","v":-9017.9735947547179},{"$f":"Inputs!$R$41*Inputs!$R$42/8760","v":0},{"$f":"-Inputs!$R$45*Inputs!$R$34","v":-90000},1308.7561751391206,8.138879592783612E-3,5.0461053475258401E-3,{"$f":"-N3335/(1.202*2465560*MAX(0,(Inputs!$R$49-Q3335)))","v":5.1020685084598689},{"$f":"params!$C$16*R3335*(G3335-Inputs!$R$27)","v":-62276.308065446843},-218882.53090015909,{"$f":"E3335*params!$C$8","v":0}]
["2005-05-20",5,20,"02:00:00",0,10,8,5,81,{"$f":"Inputs!$R$38*Inputs!$R$33*(G3339-Inputs!$R$27)","v":-74674.872640824076},{"$f":"Inputs!$R$34*E3339*Inputs!$R$39","v":0},{"$f":"params!$C$16*Inputs!$R$30*(G3339-Inputs!$R$27)","v":-11693.636089901722},{"$f":"Inputs!$R$41*Inputs!$R$42/8760","v":0},{"$f":"-Inputs!$R$45*Inputs!$R$34","v":-90000},1069.6390010481693,6.6359949158119932E-3,5.3751558818077149E-3,{"$f":"-N3339/(1.202*2465560*MAX(0,(Inputs!$R$49-Q3339)))","v":5.4006278554152649},{"$f":"params!$C$16*R3339*(G3339-Inputs!$R$27)","v":-85479.394977028744},-261847.90370775454,{"$f":"E3339*params!$C$8","v":0}]
["2005-05-20",5,20,"05:00:00",0,8,7,5,87,{"$f":"Inputs!$R$38*Inputs!$R$33*(G3342-Inputs!$R$27)","v":-80370.41377444625},{"$f":"Inputs!$R$34*E3342*Inputs!$R$39","v":0},{"$f":"params!$C$16*Inputs!$R$30*(G3342-Inputs!$R$27)","v":-12585.523588284057},{"$f":"Inputs!$R$41*Inputs!$R$42/8760","v":0},{"$f":"-Inputs!$R$45*Inputs!$R$34","v":-90000},998.98316002102877,6.193284308903993E-3,5.3881573487464737E-3,{"$f":"-N3342/(1.202*2465560*MAX(0,(Inputs!$R$49-Q3342)))","v":5.4131438021548304},{"$f":"params!$C$16*R3342*(G3342-Inputs!$R$27)","v":-92212.217411830061},-275168.15477456036,{"$f":"E3342*params!$C$8","v":0}]
["2005-05-20",5,20,"08:00:00",312,3,13,7,67,{"$f":"Inputs!$R$38*Inputs!$R$33*(G3345-Inputs!$R$27)","v":-46197.166972713196},{"$f":"Inputs!$R$34*E3345*Inputs!$R$39","v":182610.39214411133},{"$f":"params!$C$16*Inputs!$R$30*(G3345-Inputs!$R$27)","v":-7234.1985979900483},{"$f":"Inputs!$R$41*Inputs!$R$42/8760","v":0},{"$f":"-Inputs!$R$45*Inputs!$R$34","v":-90000},1493.2057396927576,9.303089390063848E-3,6.2330698913427782E-3,{"$f":"-N3345/(1.202*2465560*MAX(0,(Inputs!$R$49-Q3345)))","v":6.3729391154659325},{"$f":"params!$C$16*R3345*(G3345-Inputs!$R$27)","v":-62401.899499070088},-23222.872925661999,{"$f":"E3345*params!$C$8","v":646.30799999999999}]
["2005-05-20",5,20,"10:00:00",723,4,17,7,52,{"$f":"Inputs!$R$38*Inputs!$R$33*(G3347-Inputs!$R$27)","v":-23415.002438224496},{"$f":"Inputs!$R$34*E3347*Inputs!$R$39","v":423164.46641087334},{"$f":"params!$C$16*Inputs!$R$30*(G3347-Inputs!$R$27)","v":-3666.6486044607095},{"$f":"Inputs!$R$41*Inputs!$R$42/8760","v":0},{"$f":"-Inputs!$R$45*Inputs!$R$34","v":-90000},1931.8104441244629,1.2088830888770941E-2,6.2861920621608888E-3,{"$f":"-N3347/(1.202*2465560*MAX(0,(Inputs!$R$49-Q3347)))","v":6.4447849422932482},{"$f":"params!$C$16*R3347*(G3347-Inputs!$R$27)","v":-31984.924806851344},274097.89056133677,{"$f":"E3347*params!$C$8","v":1497.6944999999998}]
["2005-05-20",5,20,"13:00:00",669,8,18,7,49,{"$f":"Inputs!$R$38*Inputs!$R$33*(G3350-Inputs!$R$27)","v":-17719.461304602319},{"$f":"Inputs!$R$34*E3350*Inputs!$R$39","v":391558.82161670021},{"$f":"params!$C$16*Inputs!$R$30*(G3350-Inputs!$R$27)","v":-2774.7611060783747},{"$f":"Inputs!$R$41*Inputs!$R$42/8760","v":0},{"$f":"-Inputs!$R$45*Inputs!$R$34","v":-90000},2057.7011249857014,1.2892956292988709E-2,6.3175485835644677E-3,{"$f":"-N3350/(1.202*2465560*MAX(0,(Inputs!$R$49-Q3350)))","v":6.4879589069453516},{"$f":"params!$C$16*R3350*(G3350-Inputs!$R$27)","v":-24366.95728619627},256697.64191982322,{"$f":"E3350*params!$C$8","v":1385.8335}]
["2005-05-20",5,20,"17:00:00",130,10,18,6,45,{"$f":"Inputs!$R$38*Inputs!$R$33*(G3354-Inputs!$R$27)","v":-17719.461304602319},{"$f":"Inputs!$R$34*E3354*Inputs!$R$39","v":76087.663393379727},{"$f":"params!$C$16*Inputs!$R$30*(G3354-Inputs!$R$27)","v":-2774.7611060783747},{"$f":"Inputs!$R$41*Inputs!$R$42/8760","v":0},{"$f":"-Inputs!$R$45*Inputs!$R$34","v":-90000},2057.7011249857014,1.2892956292988709E-2,5.8018303318449196E-3,{"$f":"-N3354/(1.202*2465560*MAX(0,(Inputs!$R$49-Q3354)))","v":5.84406653799984},{"$f":"params!$C$16*R3354*(G3354-Inputs!$R$27)","v":-21948.677812476544},-56355.23682977751,{"$f":"E3354*params!$C$8","v":269.29499999999996}]
["2005-05-20",5,20,"20:00:00",0,10,13,8,72,{"$f":"Inputs!$R$38*Inputs!$R$33*(G3357-Inputs!$R$27)","v":-46197.166972713196},{"$f":"Inputs!$R$34*E3357*Inputs!$R$39","v":0},{"$f":"params!$C$16*Inputs!$R$30*(G3357-Inputs!$R$27)","v":-7234.1985979900483},{"$f":"Inputs!$R$41*Inputs!$R$42/8760","v":0},{"$f":"-Inputs!$R$45*Inputs!$R$34","v":-90000},1493.2057396927576,9.303089390063848E-3,6.6982243608459703E-3,{"$f":"-N3357/(1.202*2465560*MAX(0,(Inputs!$R$49-Q3357)))","v":7.0623246731887139},{"$f":"params!$C$16*R3357*(G3357-Inputs!$R$27)","v":-69152.155151870596},-212583.52072257383,{"$f":"E3357*params!$C$8","v":0}]
["2005-05-20",5,20,"23:00:00",0,4,7,6,93,{"$f":"Inputs!$R$38*Inputs!$R$33*(G3360-Inputs!$R$27)","v":-80370.41377444625},{"$f":"Inputs!$R$34*E3360*Inputs!$R$39","v":0},{"$f":"params!$C$16*Inputs!$R$30*(G3360-Inputs!$R$27)","v":-12585.523588284057},{"$f":"Inputs!$R$41*Inputs!$R$42/8760","v":0},{"$f":"-Inputs!$R$45*Inputs!$R$34","v":-90000},998.98316002102877,6.193284308903993E-3,5.7597544072807141E-3,{"$f":"-N3360/(1.202*2465560*MAX(0,(Inputs!$R$49-Q3360)))","v":5.797126961654226},{"$f":"params!$C$16*R3360*(G3360-Inputs!$R$27)","v":-98753.321783035703},-281709.25914576603,{"$f":"E3360*params!$C$8","v":0}]
["2005-05-21",5,21,"03:00:00",0,10,5,5,100,{"$f":"Inputs!$R$38*Inputs!$R$33*(G3364-Inputs!$R$27)","v":-91761.496041690596},{"$f":"Inputs!$R$34*E3364*Inputs!$R$39","v":0},{"$f":"params!$C$16*Inputs!$R$30*(G3364-Inputs!$R$27)","v":-14369.298585048728},{"$f":"Inputs!$R$41*Inputs!$R$42/8760","v":0},{"$f":"-Inputs!$R$45*Inputs!$R$34","v":-90000},869.91328556198641,5.3861748872103517E-3,5.3861748872103517E-3,{"$f":"-N3364/(1.202*2465560*MAX(0,(Inputs!$R$49-Q3364)))","v":5.4112316255854909},{"$f":"params!$C$16*R3364*(G3364-Inputs!$R$27)","v":-105244.47512108467},-301375.269747824,{"$f":"E3364*params!$C$8","v":0}]
["2005-05-21",5,21,"05:00:00",0,0,4,4,100,{"$f":"Inputs!$R$38*Inputs!$R$33*(G3366-Inputs!$R$27)","v":-97457.037175312769},{"$f":"Inputs!$R$34*E3366*Inputs!$R$39","v":0},{"$f":"params!$C$16*Inputs!$R$30*(G3366-Inputs!$R$27)","v":-15261.186083431061},{"$f":"Inputs!$R$41*Inputs!$R$42/8760","v":0},{"$f":"-Inputs!$R$45*Inputs!$R$34","v":-90000},811.08667612094962,5.0190035800134264E-3,5.0190035800134255E-3,{"$f":"-N3366/(1.202*2465560*MAX(0,(Inputs!$R$49-Q3366)))","v":5.0789428153392295},{"$f":"params!$C$16*R3366*(G3366-Inputs!$R$27)","v":-104912.98022765943},-307631.20348640322,{"$f":"E3366*params!$C$8","v":0}]
["2005-05-21",5,21,"10:00:00",761,3,19,3,34,{"$f":"Inputs!$R$38*Inputs!$R$33*(G3371-Inputs!$R$27)","v":-12023.920170980145},{"$f":"Inputs!$R$34*E3371*Inputs!$R$39","v":445405.47571047669},{"$f":"params!$C$16*Inputs!$R$30*(G3371-Inputs!$R$27)","v":-1882.8736076960397},{"$f":"Inputs!$R$41*Inputs!$R$42/8760","v":0},{"$f":"-Inputs!$R$45*Inputs!$R$34","v":-90000},2190.7229749852513,1.3744851093608144E-2,4.673249371826769E-3,{"$f":"-N3371/(1.202*2465560*MAX(0,(Inputs!$R$49-Q3371)))","v":4.801305599308475},{"$f":"params!$C$16*R3371*(G3371-Inputs!$R$27)","v":-12236.244053638826},329262.43787816167,{"$f":"E3371*params!$C$8","v":1576.4114999999999}]
["2005-05-21",5,21,"11:00:00",265,8,20,2,30,{"$f":"Inputs!$R$38*Inputs!$R$33*(G3372-Inputs!$R$27)","v":-6328.3790373579704},{"$f":"Inputs!$R$34*E3372*Inputs!$R$39","v":155101.77537881251},{"$f":"params!$C$16*Inputs!$R$30*(G3372-Inputs!$R$27)","v":-990.98610931370501},{"$f":"Inputs!$R$41*Inputs!$R$42/8760","v":0},{"$f":"-Inputs!$R$45*Inputs!$R$34","v":-90000},2331.2150168593957,1.4647072201887702E-2,4.3941216605663099E-3,{"$f":"-N3372/(1.202*2465560*MAX(0,(Inputs!$R$49-Q3372)))","v":4.5983764834411449},{"$f":"params!$C$16*R3372*(G3372-Inputs!$R$27)","v":-6167.9338252893613},51614.476406851463,{"$f":"E3372*params!$C$8","v":548.94749999999999}]
["2005-05-21",5,21,"14:00:00",506,8,19,3,34,{"$f":"Inputs!$R$38*Inputs!$R$33*(G3375-Inputs!$R$27)","v":-12023.920170980145},{"$f":"Inputs!$R$34*E3375*Inputs!$R$39","v":296156.59751577029},{"$f":"params!$C$16*Inputs!$R$30*(G3375-Inputs!$R$27)","v":-1882.8736076960397},{"$f":"Inputs!$R$41*Inputs!$R$42/8760","v":0},{"$f":"-Inputs!$R$45*Inputs!$R$34","v":-90000},2190.7229749852513,1.3744851093608144E-2,4.673249371826769E-3,{"$f":"-N3375/(1.202*2465560*MAX(0,(Inputs!$R$49-Q3375)))","v":4.801305599308475},{"$f":"params!$C$16*R3375*(G3375-Inputs!$R$27)","v":-12236.244053638826},180013.55968345527,{"$f":"E3375*params!$C$8","v":1048.1789999999999}]
["2005-05-21",5,21,"18:00:00",76,8,17,2,36,{"$f":"Inputs!$R$38*Inputs!$R$33*(G3379-Inputs!$R$27)","v":-23415.002438224496},{"$f":"Inputs!$R$34*E3379*Inputs!$R$39","v":44482.018599206604},{"$f":"params!$C$16*Inputs!$R$30*(G3379-Inputs!$R$27)","v":-3666.6486044607095},{"$f":"Inputs!$R$41*Inputs!$R$42/8760","v":0},{"$f":"-Inputs!$R$45*Inputs!$R$34","v":-90000},1931.8104441244629,1.2088830888770941E-2,4.3519791199575384E-3,{"$f":"-N3379/(1.202*2465560*MAX(0,(Inputs!$R$49-Q3379)))","v":4.569219352925578},{"$f":"params!$C$16*R3379*(G3379-Inputs!$R$27)","v":-22676.650770806231},-95276.28321428482,{"$f":"E3379*params!$C$8","v":157.434}]
["2005-05-21",5,21,"21:00:00",0,10,12,6,67,{"$f":"Inputs!$R$38*Inputs!$R$33*(G3382-Inputs!$R$27)","v":-51892.708106335369},{"$f":"Inputs!$R$34*E3382*Inputs!$R$39","v":0},{"$f":"params!$C$16*Inputs!$R$30*(G3382-Inputs!$R$27)","v":-8126.0860963723835},{"$f":"Inputs!$R$41*Inputs!$R$42/8760","v":0},{"$f":"-Inputs!$R$45*Inputs!$R$34","v":-90000},1398.3079270856979,8.70357605607666E-3,5.8313959575713621E-3,{"$f":"-N3382/(1.202*2465560*MAX(0,(Inputs!$R$49-Q3382)))","v":5.8775070500946676},{"$f":"params!$C$16*R3382*(G3382-Inputs!$R$27)","v":-64646.079397857269},-214664.87360056504,{"$f":"E3382*params!$C$8","v":0}]
["2005-05-21",5,21,1,0,10,9,8,93,{"$f":"Inputs!$R$38*Inputs!$R$33*(G3385-Inputs!$R$27)","v":-68979.331507201889},{"$f":"Inputs!$R$34*E3385*Inputs!$R$39","v":0},{"$f":"params!$C$16*Inputs!$R$30*(G3385-Inputs!$R$27)","v":-10801.748591519388},{"$f":"Inputs!$R$41*Inputs!$R$42/8760","v":0},{"$f":"-Inputs!$R$45*Inputs!$R$34","v":-90000},1144.6654335441779,7.1067740933079149E-3,6.6092999067763614E-3,{"$f":"-N3385/(1.202*2465560*MAX(0,(Inputs!$R$49-Q3385)))","v":6.9192362234165143},{"$f":"params!$C$16*R3385*(G3385-Inputs!$R$27)","v":-101162.56578462814},-270943.64588334941,{"$f":"E3385*params!$C$8","v":0}]
["2005-05-22",5,22,"04:00:00",0,10,9,6,81,{"$f":"Inputs!$R$38*Inputs!$R$33*(G3389-Inputs!$R$27)","v":-68979.331507201889},{"$f":"Inputs!$R$34*E3389*Inputs!$R$39","v":0},{"$f":"params!$C$16*Inputs!$R$30*(G3389-Inputs!$R$27)","v":-10801.748591519388},{"$f":"Inputs!$R$41*Inputs!$R$42/8760","v":0},{"$f":"-Inputs!$R$45*Inputs!$R$34","v":-90000},1144.6654335441779,7.1067740933079149E-3,5.7564870155794113E-3,{"$f":"-N3389/(1.202*2465560*MAX(0,(Inputs!$R$49-Q3389)))","v":5.7935134158472845},{"$f":"params!$C$16*R3389*(G3389-Inputs!$R$27)","v":-84703.956207089053},-254485.03630581032,{"$f":"E3389*params!$C$8","v":0}]
["2005-05-22",5,22,"06:00:00",58,10,8,6,87,{"$f":"Inputs!$R$38*Inputs!$R$33*(G3391-Inputs!$R$27)","v":-74674.872640824076},{"$f":"Inputs!$R$34*E3391*Inputs!$R$39","v":33946.803667815569},{"$f":"params!$C$16*Inputs!$R$30*(G3391-Inputs!$R$27)","v":-11693.636089901722},{"$f":"Inputs!$R$41*Inputs!$R$42/8760","v":0},{"$f":"-Inputs!$R$45*Inputs!$R$34","v":-90000},1069.6390010481693,6.6359949158119932E-3,5.7733155767564336E-3,{"$f":"-N3391/(1.202*2465560*MAX(0,(Inputs!$R$49-Q3391)))","v":5.8121731339903953},{"$f":"params!$C$16*R3391*(G3391-Inputs!$R$27)","v":-91993.200845541025},-234414.90590845124,{"$f":"E3391*params!$C$8","v":120.14699999999999}]
["2005-05-22",5,22,"11:00:00",228,10,10,6,76,{"$f":"Inputs!$R$38*Inputs!$R$33*(G3396-Inputs!$R$27)","v":-63283.790373579723},{"$f":"Inputs!$R$34*E3396*Inputs!$R$39","v":133446.0557976198},{"$f":"params!$C$16*Inputs!$R$30*(G3396-Inputs!$R$27)","v":-9909.8610931370531},{"$f":"Inputs!$R$41*Inputs!$R$42/8760","v":0},{"$f":"-Inputs!$R$45*Inputs!$R$34","v":-90000},1224.2915728566036,7.6071876458255446E-3,5.7814626108274141E-3,{"$f":"-N3396/(1.202*2465560*MAX(0,(Inputs!$R$49-Q3396)))","v":5.8212499149180532},{"$f":"params!$C$16*R3396*(G3396-Inputs!$R$27)","v":-78082.089156859802},-107829.68482595676,{"$f":"E3396*params!$C$8","v":472.30199999999996}]
["2005-05-22",5,22,"12:00:00",158,10,10,5,71,{"$f":"Inputs!$R$38*Inputs!$R$33*(G3397-Inputs!$R$27)","v":-63283.790373579723},{"$f":"Inputs!$R$34*E3397*Inputs!$R$39","v":92475.77550887689},{"$f":"params!$C$16*Inputs!$R$30*(G3397-Inputs!$R$27)","v":-9909.8610931370531},{"$f":"Inputs!$R$41*Inputs!$R$42/8760","v":0},{"$f":"-Inputs!$R$45*Inputs!$R$34","v":-90000},1224.2915728566036,7.6071876458255446E-3,5.401103228536137E-3,{"$f":"-N3397/(1.202*2465560*MAX(0,(Inputs!$R$49-Q3397)))","v":5.4256640107480081},{"$f":"params!$C$16*R3397*(G3397-Inputs!$R$27)","v":-72775.982343021475},-143493.85830086138,{"$f":"E3397*params!$C$8","v":327.29699999999997}]
["2005-05-22",5,22,"15:00:00",150,10,11,6,71,{"$f":"Inputs!$R$38*Inputs!$R$33*(G3400-Inputs!$R$27)","v":-57588.249239957542},{"$f":"Inputs!$R$34*E3400*Inputs!$R$39","v":87793.457761591984},{"$f":"params!$C$16*Inputs!$R$30*(G3400-Inputs!$R$27)","v":-9017.9735947547179},{"$f":"Inputs!$R$41*Inputs!$R$42/8760","v":0},{"$f":"-Inputs!$R$45*Inputs!$R$34","v":-90000},1308.7561751391206,8.138879592783612E-3,5.7786045108763652E-3,{"$f":"-N3400/(1.202*2465560*MAX(0,(Inputs!$R$49-Q3400)))","v":5.818062419513808},{"$f":"params!$C$16*R3400*(G3400-Inputs!$R$27)","v":-71015.794276548142},-139828.55934966842,{"$f":"E3400*params!$C$8","v":310.72499999999997}]
["2005-05-22",5,22,"19:00:00",53,9,10,5,71,{"$f":"Inputs!$R$38*Inputs!$R$33*(G3404-Inputs!$R$27)","v":-63283.790373579723},{"$f":"Inputs!$R$34*E3404*Inputs!$R$39","v":31020.355075762502},{"$f":"params!$C$16*Inputs!$R$30*(G3404-Inputs!$R$27)","v":-9909.8610931370531},{"$f":"Inputs!$R$41*Inputs!$R$42/8760","v":0},{"$f":"-Inputs!$R$45*Inputs!$R$34","v":-90000},1224.2915728566036,7.6071876458255446E-3,5.401103228536137E-3,{"$f":"-N3404/(1.202*2465560*MAX(0,(Inputs!$R$49-Q3404)))","v":5.4256640107480081},{"$f":"params!$C$16*R3404*(G3404-Inputs!$R$27)","v":-72775.982343021475},-204949.27873397578,{"$f":"E3404*params!$C$8","v":109.78949999999999}]
["2005-05-22",5,22,"22:00:00",0,10,7,6,93,{"$f":"Inputs!$R$38*Inputs!$R$33*(G3407-Inputs!$R$27)","v":-80370.41377444625},{"$f":"Inputs!$R$34*E3407*Inputs!$R$39","v":0},{"$f":"params!$C$16*Inputs!$R$30*(G3407-Inputs!$R$27)","v":-12585.523588284057},{"$f":"Inputs!$R$41*Inputs!$R$42/8760","v":0},{"$f":"-Inputs!$R$45*Inputs!$R$34","v":-90000},998.98316002102877,6.193284308903993E-3,5.7597544072807141E-3,{"$f":"-N3407/(1.202*2465560*MAX(0,(Inputs!$R$49-Q3407)))","v":5.797126961654226},{"$f":"params!$C$16*R3407*(G3407-Inputs!$R$27)","v":-98753.321783035703},-281709.25914576603,{"$f":"E3407*params!$C$8","v":0}]
["2005-05-23",5,23,"01:00:00",0,10,8,6,87,{"$f":"Inputs!$R$38*Inputs!$R$33*(G3410-Inputs!$R$27)","v":-74674.872640824076},{"$f":"Inputs!$R$34*E3410*Inputs!$R$39","v":0},{"$f":"params!$C$16*Inputs!$R$30*(G3410-Inputs!$R$27)","v":-11693.636089901722},{"$f":"Inputs!$R$41*Inputs!$R$42/8760","v":0},{"$f":"-Inputs!$R$45*Inputs!$R$34","v":-90000},1069.6390010481693,6.6359949158119932E-3,5.7733155767564336E-3,{"$f":"-N3410/(1.202*2465560*MAX(0,(Inputs!$R$49-Q3410)))","v":5.8121731339903953},{"$f":"params!$C$16*R3410*(G3410-Inputs!$R$27)","v":-91993.200845541025},-268361.70957626682,{"$f":"E3410*params!$C$8","v":0}]
["2005-05-23",5,23,"05:00:00",0,10,7,6,93,{"$f":"Inputs!$R$38*Inputs!$R$33*(G3414-Inputs!$R$27)","v":-80370.41377444625},{"$f":"Inputs!$R$34*E3414*Inputs!$R$39","v":0},{"$f":"params!$C$16*Inputs!$R$30*(G3414-Inputs!$R$27)","v":-12585.523588284057},{"$f":"Inputs!$R$41*Inputs!$R$42/8760","v":0},{"$f":"-Inputs!$R$45*Inputs!$R$34","v":-90000},998.98316002102877,6.193284308903993E-3,5.7597544072807141E-3,{"$f":"-N3414/(1.202*2465560*MAX(0,(Inputs!$R$49-Q3414)))","v":5.797126961654226},{"$f":"params!$C$16*R3414*(G3414-Inputs!$R$27)","v":-98753.321783035703},-281709.25914576603,{"$f":"E3414*params!$C$8","v":0}]
["2005-05-23",5,23,"07:00:00",60,10,8,6,87,{"$f":"Inputs!$R$38*Inputs!$R$33*(G3416-Inputs!$R$27)","v":-74674.872640824076},{"$f":"Inputs!$R$34*E3416*Inputs!$R$39","v":35117.383104636792},{"$f":"params!$C$16*Inputs!$R$30*(G3416-Inputs!$R$27)","v":-11693.636089901722},{"$f":"Inputs!$R$41*Inputs!$R$42/8760","v":0},{"$f":"-Inputs!$R$45*Inputs!$R$34","v":-90000},1069.6390010481693,6.6359949158119932E-3,5.7733155767564336E-3,{"$f":"-N3416/(1.202*2465560*MAX(0,(Inputs!$R$49-Q3416)))","v":5.8121731339903953},{"$f":"params!$C$16*R3416*(G3416-Inputs!$R$27)","v":-91993.200845541025},-233244.32647163002,{"$f":"E3416*params!$C$8","v":124.28999999999999}]
["2005-05-23",5,23,"10:00:00",214,10,11,6,71,{"$f":"Inputs!$R$38*Inputs!$R$33*(G3419-Inputs!$R$27)","v":-57588.249239957542},{"$f":"Inputs!$R$34*E3419*Inputs!$R$39","v":125251.99973987123},{"$f":"params!$C$16*Inputs!$R$30*(G3419-Inputs!$R$27)","v":-9017.9735947547179},{"$f":"Inputs!$R$41*Inputs!$R$42/8760","v":0},{"$f":"-Inputs!$R$45*Inputs!$R$34","v":-90000},1308.7561751391206,8.138879592783612E-3,5.7786045108763652E-3,{"$f":"-N3419/(1.202*2465560*MAX(0,(Inputs!$R$49-Q3419)))","v":5.818062419513808},{"$f":"params!$C$16*R3419*(G3419-Inputs!$R$27)","v":-71015.794276548142},-102370.01737138917,{"$f":"E3419*params!$C$8","v":443.30099999999999}]
["2005-05-23",5,23,"13:00:00",406,10,13,6,62,{"$f":"Inputs!$R$38*Inputs!$R$33*(G3422-Inputs!$R$27)","v":-46197.166972713196},{"$f":"Inputs!$R$34*E3422*Inputs!$R$39","v":237627.62567470898},{"$f":"params!$C$16*Inputs!$R$30*(G3422-Inputs!$R$27)","v":-7234.1985979900483},{"$f":"Inputs!$R$41*Inputs!$R$42/8760","v":0},{"$f":"-Inputs!$R$45*Inputs!$R$34","v":-90000},1493.2057396927576,9.303089390063848E-3,5.767915421839586E-3,{"$f":"-N3422/(1.202*2465560*MAX(0,(Inputs!$R$49-Q3422)))","v":5.806172291684363},{"$f":"params!$C$16*R3422*(G3422-Inputs!$R$27)","v":-56852.289541053266},37343.970562952483,{"$f":"E3422*params!$C$8","v":841.029}]
["2005-05-23",5,23,"16:00:00",152,10,13,6,62,{"$f":"Inputs!$R$38*Inputs!$R$33*(G3425-Inputs!$R$27)","v":-46197.166972713196},{"$f":"Inputs!$R$34*E3425*Inputs!$R$39","v":88964.037198413207},{"$f":"params!$C$16*Inputs!$R$30*(G3425-Inputs!$R$27)","v":-7234.1985979900483},{"$f":"Inputs!$R$41*Inputs!$R$42/8760","v":0},{"$f":"-Inputs!$R$45*Inputs!$R$34","v":-90000},1493.2057396927576,9.303089390063848E-3,5.767915421839586E-3,{"$f":"-N3425/(1.202*2465560*MAX(0,(Inputs!$R$49-Q3425)))","v":5.806172291684363},{"$f":"params!$C$16*R3425*(G3425-Inputs!$R$27)","v":-56852.289541053266},-111319.6179133433,{"$f":"E3425*params!$C$8","v":314.86799999999999}]
["2005-05-23",5,23,"20:00:00",0,3,11,7,76,{"$f":"Inputs!$R$38*Inputs!$R$33*(G3429-Inputs!$R$27)","v":-57588.249239957542},{"$f":"Inputs!$R$34*E3429*Inputs!$R$39","v":0},{"$f":"params!$C$16*Inputs!$R$30*(G3429-Inputs!$R$27)","v":-9017.9735947547179},{"$f":"Inputs!$R$41*Inputs!$R$42/8760","v":0},{"$f":"-Inputs!$R$45*Inputs!$R$34","v":-90000},1308.7561751391206,8.138879592783612E-3,6.1855484905155456E-3,{"$f":"-N3429/(1.202*2465560*MAX(0,(Inputs!$R$49-Q3429)))","v":6.3100121580647732},{"$f":"params!$C$16*R3429*(G3429-Inputs!$R$27)","v":-77020.577124899995},-233626.79995961225,{"$f":"E3429*params!$C$8","v":0}]
["2005-05-23",5,23,"23:00:00",0,10,9,8,93,{"$f":"Inputs!$R$38*Inputs!$R$33*(G3432-Inputs!$R$27)","v":-68979.331507201889},{"$f":"Inputs!$R$34*E3432*Inputs!$R$39","v":0},{"$f":"params!$C$16*Inputs!$R$30*(G3432-Inputs!$R$27)","v":-10801.748591519388},{"$f":"Inputs!$R$41*Inputs!$R$42/8760","v":0},{"$f":"-Inputs!$R$45*Inputs!$R$34","v":-90000},1144.6654335441779,7.1067740933079149E-3,6.6092999067763614E-3,{"$f":"-N3432/(1.202*2465560*MAX(0,(Inputs!$R$49-Q3432)))","v":6.9192362234165143},{"$f":"params!$C$16*R3432*(G3432-Inputs!$R$27)","v":-101162.56578462814},-270943.64588334941,{"$f":"E3432*params!$C$8","v":0}]
["2005-05-24",5,24,"02:00:00",0,10,10,8,87,{"$f":"Inputs!$R$38*Inputs!$R$33*(G3435-Inputs!$R$27)","v":-63283.790373579723},{"$f":"Inputs!$R$34*E3435*Inputs!$R$39","v":0},{"$f":"params!$C$16*Inputs!$R$30*(G3435-Inputs!$R$27)","v":-9909.8610931370531},{"$f":"Inputs!$R$41*Inputs!$R$42/8760","v":0},{"$f":"-Inputs!$R$45*Inputs!$R$34","v":-90000},1224.2915728566036,7.6071876458255446E-3,6.6182532518682235E-3,{"$f":"-N3435/(1.202*2465560*MAX(0,(Inputs!$R$49-Q3435)))","v":6.9333800206043792},{"$f":"params!$C$16*R3435*(G3435-Inputs!$R$27)","v":-92999.408175184421},-256193.0596419012,{"$f":"E3435*params!$C$8","v":0}]
["2005-05-24",5,24,"04:00:00",0,10,9,8,93,{"$f":"Inputs!$R$38*Inputs!$R$33*(G3437-Inputs!$R$27)","v":-68979.331507201889},{"$f":"Inputs!$R$34*E3437*Inputs!$R$39","v":0},{"$f":"params!$C$16*Inputs!$R$30*(G3437-Inputs!$R$27)","v":-10801.748591519388},{"$f":"Inputs!$R$41*Inputs!$R$42/8760","v":0},{"$f":"-Inputs!$R$45*Inputs!$R$34","v":-90000},1144.6654335441779,7.1067740933079149E-3,6.6092999067763614E-3,{"$f":"-N3437/(1.202*2465560*MAX(0,(Inputs!$R$49-Q3437)))","v":6.9192362234165143},{"$f":"params!$C$16*R3437*(G3437-Inputs!$R$27)","v":-101162.56578462814},-270943.64588334941,{"$f":"E3437*params!$C$8","v":0}]
["2005-05-24",5,24,"10:00:00",226,10,9,8,93,{"$f":"Inputs!$R$38*Inputs!$R$33*(G3443-Inputs!$R$27)","v":-68979.331507201889},{"$f":"Inputs!$R$34*E3443*Inputs!$R$39","v":132275.47636079861},{"$f":"params!$C$16*Inputs!$R$30*(G3443-Inputs!$R$27)","v":-10801.748591519388},{"$f":"Inputs!$R$41*Inputs!$R$42/8760","v":0},{"$f":"-Inputs!$R$45*Inputs!$R$34","v":-90000},1144.6654335441779,7.1067740933079149E-3,6.6092999067763614E-3,{"$f":"-N3443/(1.202*2465560*MAX(0,(Inputs!$R$49-Q3443)))","v":6.9192362234165143},{"$f":"params!$C$16*R3443*(G3443-Inputs!$R$27)","v":-101162.56578462814},-138668.1695225508,{"$f":"E3443*params!$C$8","v":468.15899999999999}]
["2005-05-24",5,24,"11:00:00",284,10,11,8,82,{"$f":"Inputs!$R$38*Inputs!$R$33*(G3444-Inputs!$R$27)","v":-57588.249239957542},{"$f":"Inputs!$R$34*E3444*Inputs!$R$39","v":166222.28002861416},{"$f":"params!$C$16*Inputs!$R$30*(G3444-Inputs!$R$27)","v":-9017.9735947547179},{"$f":"Inputs!$R$41*Inputs!$R$42/8760","v":0},{"$f":"-Inputs!$R$45*Inputs!$R$34","v":-90000},1308.7561751391206,8.138879592783612E-3,6.6738812660825618E-3,{"$f":"-N3444/(1.202*2465560*MAX(0,(Inputs!$R$49-Q3444)))","v":7.0225691905947585},{"$f":"params!$C$16*R3444*(G3444-Inputs!$R$27)","v":-85718.112486970887},-76102.055293068988,{"$f":"E3444*params!$C$8","v":588.30599999999993}]
["2005-05-24",5,24,"14:00:00",218,10,12,7,71,{"$f":"Inputs!$R$38*Inputs!$R$33*(G3447-Inputs!$R$27)","v":-51892.708106335369},{"$f":"Inputs!$R$34*E3447*Inputs!$R$39","v":127593.15861351369},{"$f":"params!$C$16*Inputs!$R$30*(G3447-Inputs!$R$27)","v":-8126.0860963723835},{"$f":"Inputs!$R$41*Inputs!$R$42/8760","v":0},{"$f":"-Inputs!$R$45*Inputs!$R$34","v":-90000},1398.3079270856979,8.70357605607666E-3,6.1795389998144292E-3,{"$f":"-N3447/(1.202*2465560*MAX(0,(Inputs!$R$49-Q3447)))","v":6.3021429026039861},{"$f":"params!$C$16*R3447*(G3447-Inputs!$R$27)","v":-69316.604299405808},-91742.23988859987,{"$f":"E3447*params!$C$8","v":451.58699999999999}]
["2005-05-24",5,24,"17:00:00",131,10,13,6,62,{"$f":"Inputs!$R$38*Inputs!$R$33*(G3450-Inputs!$R$27)","v":-46197.166972713196},{"$f":"Inputs!$R$34*E3450*Inputs!$R$39","v":76672.953111790339},{"$f":"params!$C$16*Inputs!$R$30*(G3450-Inputs!$R$27)","v":-7234.1985979900483},{"$f":"Inputs!$R$41*Inputs!$R$42/8760","v":0},{"$f":"-Inputs!$R$45*Inputs!$R$34","v":-90000},1493.2057396927576,9.303089390063848E-3,5.767915421839586E-3,{"$f":"-N3450/(1.202*2465560*MAX(0,(Inputs!$R$49-Q3450)))","v":5.806172291684363},{"$f":"params!$C$16*R3450*(G3450-Inputs!$R$27)","v":-56852.289541053266},-123610.70199996617,{"$f":"E3450*params!$C$8","v":271.36649999999997}]
["2005-05-24",5,24,"21:00:00",0,10,10,6,76,{"$f":"Inputs!$R$38*Inputs!$R$33*(G3454-Inputs!$R$27)","v":-63283.790373579723},{"$f":"Inputs!$R$34*E3454*Inputs!$R$39","v":0},{"$f":"params!$C$16*Inputs!$R$30*(G3454-Inputs!$R$27)","v":-9909.8610931370531},{"$f":"Inputs!$R$41*Inputs!$R$42/8760","v":0},{"$f":"-Inputs!$R$45*Inputs!$R$34","v":-90000},1224.2915728566036,7.6071876458255446E-3,5.7814626108274141E-3,{"$f":"-N3454/(1.202*2465560*MAX(0,(Inputs!$R$49-Q3454)))","v":5.8212499149180532},{"$f":"params!$C$16*R3454*(G3454-Inputs!$R$27)","v":-78082.089156859802},-241275.74062357657,{"$f":"E3454*params!$C$8","v":0}]
["2005-05-24",5,24,1,0,10,9,7,87,{"$f":"Inputs!$R$38*Inputs!$R$33*(G3457-Inputs!$R$27)","v":-68979.331507201889},{"$f":"Inputs!$R$34*E3457*Inputs!$R$39","v":0},{"$f":"params!$C$16*Inputs!$R$30*(G3457-Inputs!$R$27)","v":-10801.748591519388},{"$f":"Inputs!$R$41*Inputs!$R$42/8760","v":0},{"$f":"-Inputs!$R$45*Inputs!$R$34","v":-90000},1144.6654335441779,7.1067740933079149E-3,6.1828934611778859E-3,{"$f":"-N3457/(1.202*2465560*MAX(0,(Inputs!$R$49-Q3457)))","v":6.3065330515077314},{"$f":"params!$C$16*R3457*(G3457-Inputs!$R$27)","v":-92204.550342850474},-261985.63044157173,{"$f":"E3457*params!$C$8","v":0}]
["2005-05-25",5,25,"03:00:00",0,10,8,8,100,{"$f":"Inputs!$R$38*Inputs!$R$33*(G3460-Inputs!$R$27)","v":-74674.872640824076},{"$f":"Inputs!$R$34*E3460*Inputs!$R$39","v":0},{"$f":"params!$C$16*Inputs!$R$30*(G3460-Inputs!$R$27)","v":-11693.636089901722},{"$f":"Inputs!$R$41*Inputs!$R$42/8760","v":0},{"$f":"-Inputs!$R$45*Inputs!$R$34","v":-90000},1069.6390010481693,6.6359949158119932E-3,6.6359949158119932E-3,{"$f":"-N3460/(1.202*2465560*MAX(0,(Inputs!$R$49-Q3460)))","v":6.9615784297454262},{"$f":"params!$C$16*R3460*(G3460-Inputs!$R$27)","v":-110185.6169673103},-286554.12569803611,{"$f":"E3460*params!$C$8","v":0}]
["2005-05-25",5,25,"05:00:00",0,10,8,8,100,{"$f":"Inputs!$R$38*Inputs!$R$33*(G3462-Inputs!$R$27)","v":-74674.872640824076},{"$f":"Inputs!$R$34*E3462*Inputs!$R$39","v":0},{"$f":"params!$C$16*Inputs!$R$30*(G3462-Inputs!$R$27)","v":-11693.636089901722},{"$f":"Inputs!$R$41*Inputs!$R$42/8760","v":0},{"$f":"-Inputs!$R$45*Inputs!$R$34","v":-90000},1069.6390010481693,6.6359949158119932E-3,6.6359949158119932E-3,{"$f":"-N3462/(1.202*2465560*MAX(0,(Inputs!$R$49-Q3462)))","v":6.9615784297454262},{"$f":"params!$C$16*R3462*(G3462-Inputs!$R$27)","v":-110185.6169673103},-286554.12569803611,{"$f":"E3462*params!$C$8","v":0}]
["2005-05-25",5,25,"11:00:00",234,9,15,9,67,{"$f":"Inputs!$R$38*Inputs!$R$33*(G3468-Inputs!$R$27)","v":-34806.084705468842},{"$f":"Inputs!$R$34*E3468*Inputs!$R$39","v":136957.7941080835},{"$f":"params!$C$16*Inputs!$R$30*(G3468-Inputs!$R$27)","v":-5450.4236012253787},{"$f":"Inputs!$R$41*Inputs!$R$42/8760","v":0},{"$f":"-Inputs!$R$45*Inputs!$R$34","v":-90000},1700.1281023555496,1.0614273895273205E-2,7.1115635098330477E-3,{"$f":"-N3468/(1.202*2465560*MAX(0,(Inputs!$R$49-Q3468)))","v":7.8133776467414195},{"$f":"params!$C$16*R3468*(G3468-Inputs!$R$27)","v":-57641.687338674747},-50940.401537285477,{"$f":"E3468*params!$C$8","v":484.73099999999999}]
["2005-05-25",5,25,"12:00:00",449,9,16,9,63,{"$f":"Inputs!$R$38*Inputs!$R$33*(G3469-Inputs!$R$27)","v":-29110.543571846669},{"$f":"Inputs!$R$34*E3469*Inputs!$R$39","v":262795.08356636536},{"$f":"params!$C$16*Inputs!$R$30*(G3469-Inputs!$R$27)","v":-4558.5361028430443},{"$f":"Inputs!$R$41*Inputs!$R$42/8760","v":0},{"$f":"-Inputs!$R$45*Inputs!$R$34","v":-90000},1812.7242941450775,1.1330041931761578E-2,7.1379264170097941E-3,{"$f":"-N3469/(1.202*2465560*MAX(0,(Inputs!$R$49-Q3469)))","v":7.8667362236616585},{"$f":"params!$C$16*R3469*(G3469-Inputs!$R$27)","v":-48538.639597493348},90587.364294182305,{"$f":"E3469*params!$C$8","v":930.10349999999994}]
["2005-05-25",5,25,"15:00:00",133,10,16,8,59,{"$f":"Inputs!$R$38*Inputs!$R$33*(G3472-Inputs!$R$27)","v":-29110.543571846669},{"$f":"Inputs!$R$34*E3472*Inputs!$R$39","v":77843.532548611562},{"$f":"params!$C$16*Inputs!$R$30*(G3472-Inputs!$R$27)","v":-4558.5361028430443},{"$f":"Inputs!$R$41*Inputs!$R$42/8760","v":0},{"$f":"-Inputs!$R$45*Inputs!$R$34","v":-90000},1812.7242941450775,1.1330041931761578E-2,6.6847247397393318E-3,{"$f":"-N3472/(1.202*2465560*MAX(0,(Inputs!$R$49-Q3472)))","v":7.0402225913316316},{"$f":"params!$C$16*R3472*(G3472-Inputs!$R$27)","v":-43438.958334326613},-89264.505460404762,{"$f":"E3472*params!$C$8","v":275.5095}]
["2005-05-25",5,25,"18:00:00",61,10,16,6,51,{"$f":"Inputs!$R$38*Inputs!$R$33*(G3475-Inputs!$R$27)","v":-29110.543571846669},{"$f":"Inputs!$R$34*E3475*Inputs!$R$39","v":35702.672823047404},{"$f":"params!$C$16*Inputs!$R$30*(G3475-Inputs!$R$27)","v":-4558.5361028430443},{"$f":"Inputs!$R$41*Inputs!$R$42/8760","v":0},{"$f":"-Inputs!$R$45*Inputs!$R$34","v":-90000},1812.7242941450775,1.1330041931761578E-2,5.7783213851984047E-3,{"$f":"-N3475/(1.202*2465560*MAX(0,(Inputs!$R$49-Q3475)))","v":5.8177468536703651},{"$f":"params!$C$16*R3475*(G3475-Inputs!$R$27)","v":-35896.146733685353},-123862.55358532767,{"$f":"E3475*params!$C$8","v":126.36149999999999}]
["2005-05-25",5,25,"22:00:00",0,6,7,6,93,{"$f":"Inputs!$R$38*Inputs!$R$33*(G3479-Inputs!$R$27)","v":-80370.41377444625},{"$f":"Inputs!$R$34*E3479*Inputs!$R$39","v":0},{"$f":"params!$C$16*Inputs!$R$30*(G3479-Inputs!$R$27)","v":-12585.523588284057},{"$f":"Inputs!$R$41*Inputs!$R$42/8760","v":0},{"$f":"-Inputs!$R$45*Inputs!$R$34","v":-90000},998.98316002102877,6.193284308903993E-3,5.7597544072807141E-3,{"$f":"-N3479/(1.202*2465560*MAX(0,(Inputs!$R$49-Q3479)))","v":5.797126961654226},{"$f":"params!$C$16*R3479*(G3479-Inputs!$R$27)","v":-98753.321783035703},-281709.25914576603,{"$f":"E3479*params!$C$8","v":0}]
["2005-05-26",5,26,"01:00:00",0,8,7,7,100,{"$f":"Inputs!$R$38*Inputs!$R$33*(G3482-Inputs!$R$27)","v":-80370.41377444625},{"$f":"Inputs!$R$34*E3482*Inputs!$R$39","v":0},{"$f":"params!$C$16*Inputs!$R$30*(G3482-Inputs!$R$27)","v":-12585.523588284057},{"$f":"Inputs!$R$41*Inputs!$R$42/8760","v":0},{"$f":"-Inputs!$R$45*Inputs!$R$34","v":-90000},998.98316002102877,6.193284308903993E-3,6.1932843089039921E-3,{"$f":"-N3482/(1.202*2465560*MAX(0,(Inputs!$R$49-Q3482)))","v":6.3201709676929854},{"$f":"params!$C$16*R3482*(G3482-Inputs!$R$27)","v":-107663.31001974228},-290619.24738247256,{"$f":"E3482*params!$C$8","v":0}]
["2005-05-26",5,26,"05:00:00",0,3,6,6,100,{"$f":"Inputs!$R$38*Inputs!$R$33*(G3486-Inputs!$R$27)","v":-86065.954908068423},{"$f":"Inputs!$R$34*E3486*Inputs!$R$39","v":0},{"$f":"params!$C$16*Inputs!$R$30*(G3486-Inputs!$R$27)","v":-13477.411086666392},{"$f":"Inputs!$R$41*Inputs!$R$42/8760","v":0},{"$f":"-Inputs!$R$45*Inputs!$R$34","v":-90000},932.4781503104233,5.7771510192606073E-3,5.7771510192606065E-3,{"$f":"-N3486/(1.202*2465560*MAX(0,(Inputs!$R$49-Q3486)))","v":5.8164427518971999},{"$f":"params!$C$16*R3486*(G3486-Inputs!$R$27)","v":-106103.94865493246},-295647.31464966724,{"$f":"E3486*params!$C$8","v":0}]
["2005-05-26",5,26,"06:00:00",100,0,9,7,87,{"$f":"Inputs!$R$38*Inputs!$R$33*(G3487-Inputs!$R$27)","v":-68979.331507201889},{"$f":"Inputs!$R$34*E3487*Inputs!$R$39","v":58528.971841061328},{"$f":"params!$C$16*Inputs!$R$30*(G3487-Inputs!$R$27)","v":-10801.748591519388},{"$f":"Inputs!$R$41*Inputs!$R$42/8760","v":0},{"$f":"-Inputs!$R$45*Inputs!$R$34","v":-90000},1144.6654335441779,7.1067740933079149E-3,6.1828934611778859E-3,{"$f":"-N3487/(1.202*2465560*MAX(0,(Inputs!$R$49-Q3487)))","v":6.3065330515077314},{"$f":"params!$C$16*R3487*(G3487-Inputs!$R$27)","v":-92204.550342850474},-203456.65860051042,{"$f":"E3487*params!$C$8","v":207.14999999999998}]
["2005-05-26",5,26,"12:00:00",964,3,21,2,28,{"$f":"Inputs!$R$38*Inputs!$R$33*(G3493-Inputs!$R$27)","v":-632.83790373579495},{"$f":"Inputs!$R$34*E3493*Inputs!$R$39","v":564219.28854783112},{"$f":"params!$C$16*Inputs!$R$30*(G3493-Inputs!$R$27)","v":-99.098610931370175},{"$f":"Inputs!$R$41*Inputs!$R$42/8760","v":0},{"$f":"-Inputs!$R$45*Inputs!$R$34","v":-90000},2479.5289798458998,1.5602307510579843E-2,4.368646102962356E-3,{"$f":"-N3493/(1.202*2465560*MAX(0,(Inputs!$R$49-Q3493)))","v":4.5807064156395993},{"$f":"params!$C$16*R3493*(G3493-Inputs!$R$27)","v":-614.42324582349534},472872.92878734041,{"$f":"E3493*params!$C$8","v":1996.9259999999999}]
["2005-05-26",5,26,"13:00:00",968,2,22,3,29,{"$f":"Inputs!$R$38*Inputs!$R$33*(G3494-Inputs!$R$27)","v":5062.7032298863796},{"$f":"Inputs!$R$34*E3494*Inputs!$R$39","v":566560.44742147368},{"$f":"params!$C$16*Inputs!$R$30*(G3494-Inputs!$R$27)","v":792.78888745096458},{"$f":"Inputs!$R$41*Inputs!$R$42/8760","v":0},{"$f":"-Inputs!$R$45*Inputs!$R$34","v":-90000},2636.0296246790026,1.6613383438113645E-2,4.8178811970529568E-3,{"$f":"-N3494/(1.202*2465560*MAX(0,(Inputs!$R$49-Q3494)))","v":4.9136641739892655},{"$f":"params!$C$16*R3494*(G3494-Inputs!$R$27)","v":5272.6705738858336},487688.61011269683,{"$f":"E3494*params!$C$8","v":2005.212}]
["2005-05-26",5,26,"16:00:00",638,5,22,6,35,{"$f":"Inputs!$R$38*Inputs!$R$33*(G3497-Inputs!$R$27)","v":5062.7032298863796},{"$f":"Inputs!$R$34*E3497*Inputs!$R$39","v":373414.84034597123},{"$f":"params!$C$16*Inputs!$R$30*(G3497-Inputs!$R$27)","v":792.78888745096458},{"$f":"Inputs!$R$41*Inputs!$R$42/8760","v":0},{"$f":"-Inputs!$R$45*Inputs!$R$34","v":-90000},2636.0296246790026,1.6613383438113645E-2,5.8146842033397761E-3,{"$f":"-N3497/(1.202*2465560*MAX(0,(Inputs!$R$49-Q3497)))","v":5.8585581729777294},{"$f":"params!$C$16*R3497*(G3497-Inputs!$R$27)","v":6286.6012389648322},295556.93370227335,{"$f":"E3497*params!$C$8","v":1321.617}]
["2005-05-26",5,26,"19:00:00",104,9,20,6,40,{"$f":"Inputs!$R$38*Inputs!$R$33*(G3500-Inputs!$R$27)","v":-6328.3790373579704},{"$f":"Inputs!$R$34*E3500*Inputs!$R$39","v":60870.130714703781},{"$f":"params!$C$16*Inputs!$R$30*(G3500-Inputs!$R$27)","v":-990.98610931370501},{"$f":"Inputs!$R$41*Inputs!$R$42/8760","v":0},{"$f":"-Inputs!$R$45*Inputs!$R$34","v":-90000},2331.2150168593957,1.4647072201887702E-2,5.8588288807550799E-3,{"$f":"-N3500/(1.202*2465560*MAX(0,(Inputs!$R$49-Q3500)))","v":5.9088794621638288},{"$f":"params!$C$16*R3500*(G3500-Inputs!$R$27)","v":-7925.7489323632417},-44374.983364331136,{"$f":"E3500*params!$C$8","v":215.43599999999998}]
["2005-05-26",5,26,"23:00:00",0,1,11,7,76,{"$f":"Inputs!$R$38*Inputs!$R$33*(G3504-Inputs!$R$27)","v":-57588.249239957542},{"$f":"Inputs!$R$34*E3504*Inputs!$R$39","v":0},{"$f":"params!$C$16*Inputs!$R$30*(G3504-Inputs!$R$27)","v":-9017.9735947547179},{"$f":"Inputs!$R$41*Inputs!$R$42/8760","v":0},{"$f":"-Inputs!$R$45*Inputs!$R$34","v":-90000},1308.7561751391206,8.138879592783612E-3,6.1855484905155456E-3,{"$f":"-N3504/(1.202*2465560*MAX(0,(Inputs!$R$49-Q3504)))","v":6.3100121580647732},{"$f":"params!$C$16*R3504*(G3504-Inputs!$R$27)","v":-77020.577124899995},-233626.79995961225,{"$f":"E3504*params!$C$8","v":0}]
["2005-05-27",5,27,"02:00:00",0,0,7,6,93,{"$f":"Inputs!$R$38*Inputs!$R$33*(G3507-Inputs!$R$27)","v":-80370.41377444625},{"$f":"Inputs!$R$34*E3507*Inputs!$R$39","v":0},{"$f":"params!$C$16*Inputs!$R$30*(G3507-Inputs!$R$27)","v":-12585.523588284057},{"$f":"Inputs!$R$41*Inputs!$R$42/8760","v":0},{"$f":"-Inputs!$R$45*Inputs!$R$34","v":-90000},998.98316002102877,6.193284308903993E-3,5.7597544072807141E-3,{"$f":"-N3507/(1.202*2465560*MAX(0,(Inputs!$R$49-Q3507)))","v":5.797126961654226},{"$f":"params!$C$16*R3507*(G3507-Inputs!$R$27)","v":-98753.321783035703},-281709.25914576603,{"$f":"E3507*params!$C$8","v":0}]
["2005-05-27",5,27,"07:00:00",238,3,10,7,82,{"$f":"Inputs!$R$38*Inputs!$R$33*(G3512-Inputs!$R$27)","v":-63283.790373579723},{"$f":"Inputs!$R$34*E3512*Inputs!$R$39","v":139298.95298172595},{"$f":"params!$C$16*Inputs!$R$30*(G3512-Inputs!$R$27)","v":-9909.8610931370531},{"$f":"Inputs!$R$41*Inputs!$R$42/8760","v":0},{"$f":"-Inputs!$R$45*Inputs!$R$34","v":-90000},1224.2915728566036,7.6071876458255446E-3,6.2378938695769473E-3,{"$f":"-N3512/(1.202*2465560*MAX(0,(Inputs!$R$49-Q3512)))","v":6.3793971785779782},{"$f":"params!$C$16*R3512*(G3512-Inputs!$R$27)","v":-85568.677954922954},-109463.37643991377,{"$f":"E3512*params!$C$8","v":493.017}]
["2005-05-27",5,27,"10:00:00",748,8,19,9,52,{"$f":"Inputs!$R$38*Inputs!$R$33*(G3515-Inputs!$R$27)","v":-12023.920170980145},{"$f":"Inputs!$R$34*E3515*Inputs!$R$39","v":437796.70937113871},{"$f":"params!$C$16*Inputs!$R$30*(G3515-Inputs!$R$27)","v":-1882.8736076960397},{"$f":"Inputs!$R$41*Inputs!$R$42/8760","v":0},{"$f":"-Inputs!$R$45*Inputs!$R$34","v":-90000},2190.7229749852513,1.3744851093608144E-2,7.1473225686762357E-3,{"$f":"-N3515/(1.202*2465560*MAX(0,(Inputs!$R$49-Q3515)))","v":7.8859306480935913},{"$f":"params!$C$16*R3515*(G3515-Inputs!$R$27)","v":-20097.485986736876},313792.42960572563,{"$f":"E3515*params!$C$8","v":1549.482}]
["2005-05-27",5,27,"13:00:00",185,9,19,11,60,{"$f":"Inputs!$R$38*Inputs!$R$33*(G3518-Inputs!$R$27)","v":-12023.920170980145},{"$f":"Inputs!$R$34*E3518*Inputs!$R$39","v":108278.59790596346},{"$f":"params!$C$16*Inputs!$R$30*(G3518-Inputs!$R$27)","v":-1882.8736076960397},{"$f":"Inputs!$R$41*Inputs!$R$42/8760","v":0},{"$f":"-Inputs!$R$45*Inputs!$R$34","v":-90000},2190.7229749852513,1.3744851093608144E-2,8.246910656164886E-3,{"$f":"-N3518/(1.202*2465560*MAX(0,(Inputs!$R$49-Q3518)))","v":11.037544301153876},{"$f":"params!$C$16*R3518*(G3518-Inputs!$R$27)","v":-28129.450006519361},-23757.645879232081,{"$f":"E3518*params!$C$8","v":383.22749999999996}]
["2005-05-27",5,27,"14:00:00",141,9,16,13,82,{"$f":"Inputs!$R$38*Inputs!$R$33*(G3519-Inputs!$R$27)","v":-29110.543571846669},{"$f":"Inputs!$R$34*E3519*Inputs!$R$39","v":82525.850295896467},{"$f":"params!$C$16*Inputs!$R$30*(G3519-Inputs!$R$27)","v":-4558.5361028430443},{"$f":"Inputs!$R$41*Inputs!$R$42/8760","v":0},{"$f":"-Inputs!$R$45*Inputs!$R$34","v":-90000},1812.7242941450775,1.1330041931761578E-2,9.2906343840444931E-3,{"$f":"-N3519/(1.202*2465560*MAX(0,(Inputs!$R$49-Q3519)))","v":17.783732874318559},{"$f":"params!$C$16*R3519*(G3519-Inputs!$R$27)","v":-109727.61462222485},-150870.84400101809,{"$f":"E3519*params!$C$8","v":292.08150000000001}]
["2005-05-27",5,27,"17:00:00",305,9,17,13,77,{"$f":"Inputs!$R$38*Inputs!$R$33*(G3522-Inputs!$R$27)","v":-23415.002438224496},{"$f":"Inputs!$R$34*E3522*Inputs!$R$39","v":178513.36411523705},{"$f":"params!$C$16*Inputs!$R$30*(G3522-Inputs!$R$27)","v":-3666.6486044607095},{"$f":"Inputs!$R$41*Inputs!$R$42/8760","v":0},{"$f":"-Inputs!$R$45*Inputs!$R$34","v":-90000},1931.8104441244629,1.2088830888770941E-2,9.3083997843536256E-3,{"$f":"-N3522/(1.202*2465560*MAX(0,(Inputs!$R$49-Q3522)))","v":17.970689211825121},{"$f":"params!$C$16*R3522*(G3522-Inputs!$R$27)","v":-89187.016838298587},-27755.303765746736,{"$f":"E3522*params!$C$8","v":631.8075}]
["2005-05-27",5,27,"21:00:00",0,0,10,10,100,{"$f":"Inputs!$R$38*Inputs!$R$33*(G3526-Inputs!$R$27)","v":-63283.790373579723},{"$f":"Inputs!$R$34*E3526*Inputs!$R$39","v":0},{"$f":"params!$C$16*Inputs!$R$30*(G3526-Inputs!$R$27)","v":-9909.8610931370531},{"$f":"Inputs!$R$41*Inputs!$R$42/8760","v":0},{"$f":"-Inputs!$R$45*Inputs!$R$34","v":-90000},1224.2915728566036,7.6071876458255446E-3,7.6071876458255446E-3,{"$f":"-N3526/(1.202*2465560*MAX(0,(Inputs!$R$49-Q3526)))","v":8.9553372553338342},{"$f":"params!$C$16*R3526*(G3526-Inputs!$R$27)","v":-120120.49855629126},-283314.15002300806,{"$f":"E3526*params!$C$8","v":0}]
["2005-05-27",5,27,1,0,10,9,9,100,{"$f":"Inputs!$R$38*Inputs!$R$33*(G3529-Inputs!$R$27)","v":-68979.331507201889},{"$f":"Inputs!$R$34*E3529*Inputs!$R$39","v":0},{"$f":"params!$C$16*Inputs!$R$30*(G3529-Inputs!$R$27)","v":-10801.748591519388},{"$f":"Inputs!$R$41*Inputs!$R$42/8760","v":0},{"$f":"-Inputs!$R$45*Inputs!$R$34","v":-90000},1144.6654335441779,7.1067740933079149E-3,7.1067740933079149E-3,{"$f":"-N3529/(1.202*2465560*MAX(0,(Inputs!$R$49-Q3529)))","v":7.8037614587806914},{"$f":"params!$C$16*R3529*(G3529-Inputs!$R$27)","v":-114094.7506994697},-283875.83079819096,{"$f":"E3529*params!$C$8","v":0}]
["2005-05-28",5,28,"03:00:00",0,10,8,8,100,{"$f":"Inputs!$R$38*Inputs!$R$33*(G3532-Inputs!$R$27)","v":-74674.872640824076},{"$f":"Inputs!$R$34*E3532*Inputs!$R$39","v":0},{"$f":"params!$C$16*Inputs!$R$30*(G3532-Inputs!$R$27)","v":-11693.636089901722},{"$f":"Inputs!$R$41*Inputs!$R$42/8760","v":0},{"$f":"-Inputs!$R$45*Inputs!$R$34","v":-90000},1069.6390010481693,6.6359949158119932E-3,6.6359949158119932E-3,{"$f":"-N3532/(1.202*2465560*MAX(0,(Inputs!$R$49-Q3532)))","v":6.9615784297454262},{"$f":"params!$C$16*R3532*(G3532-Inputs!$R$27)","v":-110185.6169673103},-286554.12569803611,{"$f":"E3532*params!$C$8","v":0}]
["2005-05-28",5,28,"08:00:00",270,10,13,11,88,{"$f":"Inputs!$R$38*Inputs!$R$33*(G3537-Inputs!$R$27)","v":-46197.166972713196},{"$f":"Inputs!$R$34*E3537*Inputs!$R$39","v":158028.22397086557},{"$f":"params!$C$16*Inputs!$R$30*(G3537-Inputs!$R$27)","v":-7234.1985979900483},{"$f":"Inputs!$R$41*Inputs!$R$42/8760","v":0},{"$f":"-Inputs!$R$45*Inputs!$R$34","v":-90000},1493.2057396927576,9.303089390063848E-3,8.1867186632561869E-3,{"$f":"-N3537/(1.202*2465560*MAX(0,(Inputs!$R$49-Q3537)))","v":10.801244948790535},{"$f":"params!$C$16*R3537*(G3537-Inputs!$R$27)","v":-105762.5358641116},-91165.67746394928,{"$f":"E3537*params!$C$8","v":559.30499999999995}]
["2005-05-28",5,28,"11:00:00",475,9,19,9,52,{"$f":"Inputs!$R$38*Inputs!$R$33*(G3540-Inputs!$R$27)","v":-12023.920170980145},{"$f":"Inputs!$R$34*E3540*Inputs!$R$39","v":278012.61624504131},{"$f":"params!$C$16*Inputs!$R$30*(G3540-Inputs!$R$27)","v":-1882.8736076960397},{"$f":"Inputs!$R$41*Inputs!$R$42/8760","v":0},{"$f":"-Inputs!$R$45*Inputs!$R$34","v":-90000},2190.7229749852513,1.3744851093608144E-2,7.1473225686762357E-3,{"$f":"-N3540/(1.202*2465560*MAX(0,(Inputs!$R$49-Q3540)))","v":7.8859306480935913},{"$f":"params!$C$16*R3540*(G3540-Inputs!$R$27)","v":-20097.485986736876},154008.33647962825,{"$f":"E3540*params!$C$8","v":983.96249999999998}]
["2005-05-28",5,28,"14:00:00",212,5,16,12,77,{"$f":"Inputs!$R$38*Inputs!$R$33*(G3543-Inputs!$R$27)","v":-29110.543571846669},{"$f":"Inputs!$R$34*E3543*Inputs!$R$39","v":124081.42030305001},{"$f":"params!$C$16*Inputs!$R$30*(G3543-Inputs!$R$27)","v":-4558.5361028430443},{"$f":"Inputs!$R$41*Inputs!$R$42/8760","v":0},{"$f":"-Inputs!$R$45*Inputs!$R$34","v":-90000},1812.7242941450775,1.1330041931761578E-2,8.7241322874564153E-3,{"$f":"-N3543/(1.202*2465560*MAX(0,(Inputs!$R$49-Q3543)))","v":13.353725675248349},{"$f":"params!$C$16*R3543*(G3543-Inputs!$R$27)","v":-82393.976282704753},-81981.635654344456,{"$f":"E3543*params!$C$8","v":439.15799999999996}]
["2005-05-28",5,28,"15:00:00",196,10,14,11,82,{"$f":"Inputs!$R$38*Inputs!$R$33*(G3544-Inputs!$R$27)","v":-40501.625839091022},{"$f":"Inputs!$R$34*E3544*Inputs!$R$39","v":114716.7848084802},{"$f":"params!$C$16*Inputs!$R$30*(G3544-Inputs!$R$27)","v":-6342.3110996077139},{"$f":"Inputs!$R$41*Inputs!$R$42/8760","v":0},{"$f":"-Inputs!$R$45*Inputs!$R$34","v":-90000},1593.7190459500907,9.939322574797271E-3,8.150244511333761E-3,{"$f":"-N3544/(1.202*2465560*MAX(0,(Inputs!$R$49-Q3544)))","v":10.662916168858013},{"$f":"params!$C$16*R3544*(G3544-Inputs!$R$27)","v":-91535.835294505261},-113662.9874247238,{"$f":"E3544*params!$C$8","v":406.01399999999995}]
["2005-05-28",5,28,"18:00:00",77,9,14,11,82,{"$f":"Inputs!$R$38*Inputs!$R$33*(G3547-Inputs!$R$27)","v":-40501.625839091022},{"$f":"Inputs!$R$34*E3547*Inputs!$R$39","v":45067.308317617222},{"$f":"params!$C$16*Inputs!$R$30*(G3547-Inputs!$R$27)","v":-6342.3110996077139},{"$f":"Inputs!$R$41*Inputs!$R$42/8760","v":0},{"$f":"-Inputs!$R$45*Inputs!$R$34","v":-90000},1593.7190459500907,9.939322574797271E-3,8.150244511333761E-3,{"$f":"-N3547/(1.202*2465560*MAX(0,(Inputs!$R$49-Q3547)))","v":10.662916168858013},{"$f":"params!$C$16*R3547*(G3547-Inputs!$R$27)","v":-91535.835294505261},-183312.46391558676,{"$f":"E3547*params!$C$8","v":159.50549999999998}]
["2005-05-28",5,28,"22:00:00",0,0,9,9,100,{"$f":"Inputs!$R$38*Inputs!$R$33*(G3551-Inputs!$R$27)","v":-68979.331507201889},{"$f":"Inputs!$R$34*E3551*Inputs!$R$39","v":0},{"$f":"params!$C$16*Inputs!$R$30*(G3551-Inputs!$R$27)","v":-10801.748591519388},{"$f":"Inputs!$R$41*Inputs!$R$42/8760","v":0},{"$f":"-Inputs!$R$45*Inputs!$R$34","v":-90000},1144.6654335441779,7.1067740933079149E-3,7.1067740933079149E-3,{"$f":"-N3551/(1.202*2465560*MAX(0,(Inputs!$R$49-Q3551)))","v":7.8037614587806914},{"$f":"params!$C$16*R3551*(G3551-Inputs!$R$27)","v":-114094.7506994697},-283875.83079819096,{"$f":"E3551*params!$C$8","v":0}]
["2005-05-29",5,29,"01:00:00",0,10,7,7,100,{"$f":"Inputs!$R$38*Inputs!$R$33*(G3554-Inputs!$R$27)","v":-80370.41377444625},{"$f":"Inputs!$R$34*E3554*Inputs!$R$39","v":0},{"$f":"params!$C$16*Inputs!$R$30*(G3554-Inputs!$R$27)","v":-12585.523588284057},{"$f":"Inputs!$R$41*Inputs!$R$42/8760","v":0},{"$f":"-Inputs!$R$45*Inputs!$R$34","v":-90000},998.98316002102877,6.193284308903993E-3,6.1932843089039921E-3,{"$f":"-N3554/(1.202*2465560*MAX(0,(Inputs!$R$49-Q3554)))","v":6.3201709676929854},{"$f":"params!$C$16*R3554*(G3554-Inputs!$R$27)","v":-107663.31001974228},-290619.24738247256,{"$f":"E3554*params!$C$8","v":0}]
["2005-05-29",5,29,"04:00:00",0,10,8,8,100,{"$f":"Inputs!$R$38*Inputs!$R$33*(G3557-Inputs!$R$27)","v":-74674.872640824076},{"$f":"Inputs!$R$34*E3557*Inputs!$R$39","v":0},{"$f":"params!$C$16*Inputs!$R$30*(G3557-Inputs!$R$27)","v":-11693.636089901722},{"$f":"Inputs!$R$41*Inputs!$R$42/8760","v":0},{"$f":"-Inputs!$R$45*Inputs!$R$34","v":-90000},1069.6390010481693,6.6359949158119932E-3,6.6359949158119932E-3,{"$f":"-N3557/(1.202*2465560*MAX(0,(Inputs!$R$49-Q3557)))","v":6.9615784297454262},{"$f":"params!$C$16*R3557*(G3557-Inputs!$R$27)","v":-110185.6169673103},-286554.12569803611,{"$f":"E3557*params!$C$8","v":0}]
["2005-05-29",5,29,"09:00:00",620,0,14,11,82,{"$f":"Inputs!$R$38*Inputs!$R$33*(G3562-Inputs!$R$27)","v":-40501.625839091022},{"$f":"Inputs!$R$34*E3562*Inputs!$R$39","v":362879.62541458022},{"$f":"params!$C$16*Inputs!$R$30*(G3562-Inputs!$R$27)","v":-6342.3110996077139},{"$f":"Inputs!$R$41*Inputs!$R$42/8760","v":0},{"$f":"-Inputs!$R$45*Inputs!$R$34","v":-90000},1593.7190459500907,9.939322574797271E-3,8.150244511333761E-3,{"$f":"-N3562/(1.202*2465560*MAX(0,(Inputs!$R$49-Q3562)))","v":10.662916168858013},{"$f":"params!$C$16*R3562*(G3562-Inputs!$R$27)","v":-91535.835294505261},134499.85318137621,{"$f":"E3562*params!$C$8","v":1284.33}]
["2005-05-29",5,29,"12:00:00",509,8,18,6,45,{"$f":"Inputs!$R$38*Inputs!$R$33*(G3565-Inputs!$R$27)","v":-17719.461304602319},{"$f":"Inputs!$R$34*E3565*Inputs!$R$39","v":297912.4666710021},{"$f":"params!$C$16*Inputs!$R$30*(G3565-Inputs!$R$27)","v":-2774.7611060783747},{"$f":"Inputs!$R$41*Inputs!$R$42/8760","v":0},{"$f":"-Inputs!$R$45*Inputs!$R$34","v":-90000},2057.7011249857014,1.2892956292988709E-2,5.8018303318449196E-3,{"$f":"-N3565/(1.202*2465560*MAX(0,(Inputs!$R$49-Q3565)))","v":5.84406653799984},{"$f":"params!$C$16*R3565*(G3565-Inputs!$R$27)","v":-21948.677812476544},165469.56644784482,{"$f":"E3565*params!$C$8","v":1054.3934999999999}]
["2005-05-29",5,29,"15:00:00",653,8,19,7,46,{"$f":"Inputs!$R$38*Inputs!$R$33*(G3568-Inputs!$R$27)","v":-12023.920170980145},{"$f":"Inputs!$R$34*E3568*Inputs!$R$39","v":382194.18612213049},{"$f":"params!$C$16*Inputs!$R$30*(G3568-Inputs!$R$27)","v":-1882.8736076960397},{"$f":"Inputs!$R$41*Inputs!$R$42/8760","v":0},{"$f":"-Inputs!$R$45*Inputs!$R$34","v":-90000},2190.7229749852513,1.3744851093608144E-2,6.3226315030597471E-3,{"$f":"-N3568/(1.202*2465560*MAX(0,(Inputs!$R$49-Q3568)))","v":6.4950119869893719},{"$f":"params!$C$16*R3568*(G3568-Inputs!$R$27)","v":-16552.695961606401},261734.6963818479,{"$f":"E3568*params!$C$8","v":1352.6895}]
["2005-05-29",5,29,"16:00:00",147,8,18,8,52,{"$f":"Inputs!$R$38*Inputs!$R$33*(G3569-Inputs!$R$27)","v":-17719.461304602319},{"$f":"Inputs!$R$34*E3569*Inputs!$R$39","v":86037.58860636015},{"$f":"params!$C$16*Inputs!$R$30*(G3569-Inputs!$R$27)","v":-2774.7611060783747},{"$f":"Inputs!$R$41*Inputs!$R$42/8760","v":0},{"$f":"-Inputs!$R$45*Inputs!$R$34","v":-90000},2057.7011249857014,1.2892956292988709E-2,6.7043372723541283E-3,{"$f":"-N3569/(1.202*2465560*MAX(0,(Inputs!$R$49-Q3569)))","v":7.072378671961526},{"$f":"params!$C$16*R3569*(G3569-Inputs!$R$27)","v":-26561.87430950132},-51018.508113821852,{"$f":"E3569*params!$C$8","v":304.51049999999998}]
["2005-05-29",5,29,"19:00:00",97,4,18,6,45,{"$f":"Inputs!$R$38*Inputs!$R$33*(G3572-Inputs!$R$27)","v":-17719.461304602319},{"$f":"Inputs!$R$34*E3572*Inputs!$R$39","v":56773.102685829494},{"$f":"params!$C$16*Inputs!$R$30*(G3572-Inputs!$R$27)","v":-2774.7611060783747},{"$f":"Inputs!$R$41*Inputs!$R$42/8760","v":0},{"$f":"-Inputs!$R$45*Inputs!$R$34","v":-90000},2057.7011249857014,1.2892956292988709E-2,5.8018303318449196E-3,{"$f":"-N3572/(1.202*2465560*MAX(0,(Inputs!$R$49-Q3572)))","v":5.84406653799984},{"$f":"params!$C$16*R3572*(G3572-Inputs!$R$27)","v":-21948.677812476544},-75669.797537327744,{"$f":"E3572*params!$C$8","v":200.93549999999999}]
["2005-05-29",5,29,"23:00:00",0,0,8,6,87,{"$f":"Inputs!$R$38*Inputs!$R$33*(G3576-Inputs!$R$27)","v":-74674.872640824076},{"$f":"Inputs!$R$34*E3576*Inputs!$R$39","v":0},{"$f":"params!$C$16*Inputs!$R$30*(G3576-Inputs!$R$27)","v":-11693.636089901722},{"$f":"Inputs!$R$41*Inputs!$R$42/8760","v":0},{"$f":"-Inputs!$R$45*Inputs!$R$34","v":-90000},1069.6390010481693,6.6359949158119932E-3,5.7733155767564336E-3,{"$f":"-N3576/(1.202*2465560*MAX(0,(Inputs!$R$49-Q3576)))","v":5.8121731339903953},{"$f":"params!$C$16*R3576*(G3576-Inputs!$R$27)","v":-91993.200845541025},-268361.70957626682,{"$f":"E3576*params!$C$8","v":0}]
["2005-05-30",5,30,"02:00:00",0,0,4,4,100,{"$f":"Inputs!$R$38*Inputs!$R$33*(G3579-Inputs!$R$27)","v":-97457.037175312769},{"$f":"Inputs!$R$34*E3579*Inputs!$R$39","v":0},{"$f":"params!$C$16*Inputs!$R$30*(G3579-Inputs!$R$27)","v":-15261.186083431061},{"$f":"Inputs!$R$41*Inputs!$R$42/8760","v":0},{"$f":"-Inputs!$R$45*Inputs!$R$34","v":-90000},811.08667612094962,5.0190035800134264E-3,5.0190035800134255E-3,{"$f":"-N3579/(1.202*2465560*MAX(0,(Inputs!$R$49-Q3579)))","v":5.0789428153392295},{"$f":"params!$C$16*R3579*(G3579-Inputs!$R$27)","v":-104912.98022765943},-307631.20348640322,{"$f":"E3579*params!$C$8","v":0}]
["2005-05-30",5,30,"06:00:00",96,2,8,7,93,{"$f":"Inputs!$R$38*Inputs!$R$33*(G3583-Inputs!$R$27)","v":-74674.872640824076},{"$f":"Inputs!$R$34*E3583*Inputs!$R$39","v":56187.812967418875},{"$f":"params!$C$16*Inputs!$R$30*(G3583-Inputs!$R$27)","v":-11693.636089901722},{"$f":"Inputs!$R$41*Inputs!$R$42/8760","v":0},{"$f":"-Inputs!$R$45*Inputs!$R$34","v":-90000},1069.6390010481693,6.6359949158119932E-3,6.1714752717051532E-3,{"$f":"-N3583/(1.202*2465560*MAX(0,(Inputs!$R$49-Q3583)))","v":6.2916144690885085},{"$f":"params!$C$16*R3583*(G3583-Inputs!$R$27)","v":-99581.643587447819},-219762.33935075474,{"$f":"E3583*params!$C$8","v":198.86399999999998}]
["2005-05-30",{"$f":"MONTH(A3587)","v":5},{"$f":"DAY(A3587)","v":30},"10:00:00",283,8,16,9,63,{"$f":"Inputs!$R$38*Inputs!$R$33*(G3587-Inputs!$R$27)","v":-29110.543571846669},{"$f":"Inputs!$R$34*E3587*Inputs!$R$39","v":165636.99031020355},{"$f":"params!$C$16*Inputs!$R$30*(G3587-Inputs!$R$27)","v":-4558.5361028430443},{"$f":"Inputs!$R$41*Inputs!$R$42/8760","v":0},{"$f":"-Inputs!$R$45*Inputs!$R$34","v":-90000},{"$f":"EXP(77.345+0.0057*(G3587+273.15)-7235/(G3587+273.15))/(G3587+273.15)^8.2","v":1812.7242941450775},{"$f":"0.62198*O3587/(101325-O3587)","v":1.1330041931761578E-2},{"$f":"P3587*I3587/100","v":7.1379264170097941E-3},{"$f":"-N3587/(1.202*2465560*MAX(0,(Inputs!$R$49-Q3587)))","v":7.8667362236616585},{"$f":"params!$C$16*R3587*(G3587-Inputs!$R$27)","v":-48538.639597493348},{"$f":"J3587+K3587+L3587+M3587+N3587+S3587","v":-6570.728961979512},{"$f":"E3587*params!$C$8","v":586.23450000000003}]
["2005-05-30",5,30,"13:00:00",938,9,18,8,52,{"$f":"Inputs!$R$38*Inputs!$R$33*(G3590-Inputs!$R$27)","v":-17719.461304602319},{"$f":"Inputs!$R$34*E3590*Inputs!$R$39","v":549001.75586915528},{"$f":"params!$C$16*Inputs!$R$30*(G3590-Inputs!$R$27)","v":-2774.7611060783747},{"$f":"Inputs!$R$41*Inputs!$R$42/8760","v":0},{"$f":"-Inputs!$R$45*Inputs!$R$34","v":-90000},2057.7011249857014,1.2892956292988709E-2,6.7043372723541283E-3,{"$f":"-N3590/(1.202*2465560*MAX(0,(Inputs!$R$49-Q3590)))","v":7.072378671961526},{"$f":"params!$C$16*R3590*(G3590-Inputs!$R$27)","v":-26561.87430950132},411945.65914897324,{"$f":"E3590*params!$C$8","v":1943.067}]
["2005-05-30",5,30,"14:00:00",241,10,19,12,64,{"$f":"Inputs!$R$38*Inputs!$R$33*(G3591-Inputs!$R$27)","v":-12023.920170980145},{"$f":"Inputs!$R$34*E3591*Inputs!$R$39","v":141054.82213695778},{"$f":"params!$C$16*Inputs!$R$30*(G3591-Inputs!$R$27)","v":-1882.8736076960397},{"$f":"Inputs!$R$41*Inputs!$R$42/8760","v":0},{"$f":"-Inputs!$R$45*Inputs!$R$34","v":-90000},2190.7229749852513,1.3744851093608144E-2,8.7967046999092129E-3,{"$f":"-N3591/(1.202*2465560*MAX(0,(Inputs!$R$49-Q3591)))","v":13.793914564198534},{"$f":"params!$C$16*R3591*(G3591-Inputs!$R$27)","v":-35154.126637322617},1993.9017209589874,{"$f":"E3591*params!$C$8","v":499.23149999999998}]
["2005-05-30",5,30,"17:00:00",207,8,15,10,72,{"$f":"Inputs!$R$38*Inputs!$R$33*(G3594-Inputs!$R$27)","v":-34806.084705468842},{"$f":"Inputs!$R$34*E3594*Inputs!$R$39","v":121154.97171099694},{"$f":"params!$C$16*Inputs!$R$30*(G3594-Inputs!$R$27)","v":-5450.4236012253787},{"$f":"Inputs!$R$41*Inputs!$R$42/8760","v":0},{"$f":"-Inputs!$R$45*Inputs!$R$34","v":-90000},1700.1281023555496,1.0614273895273205E-2,7.6422772045967079E-3,{"$f":"-N3594/(1.202*2465560*MAX(0,(Inputs!$R$49-Q3594)))","v":9.0489719130533519},{"$f":"params!$C$16*R3594*(G3594-Inputs!$R$27)","v":-66757.045842549807},-75858.582438247104,{"$f":"E3594*params!$C$8","v":428.8005}]
["2005-05-30",5,30,"20:00:00",0,5,12,9,82,{"$f":"Inputs!$R$38*Inputs!$R$33*(G3597-Inputs!$R$27)","v":-51892.708106335369},{"$f":"Inputs!$R$34*E3597*Inputs!$R$39","v":0},{"$f":"params!$C$16*Inputs!$R$30*(G3597-Inputs!$R$27)","v":-8126.0860963723835},{"$f":"Inputs!$R$41*Inputs!$R$42/8760","v":0},{"$f":"-Inputs!$R$45*Inputs!$R$34","v":-90000},1398.3079270856979,8.70357605607666E-3,7.1369323659828607E-3,{"$f":"-N3597/(1.202*2465560*MAX(0,(Inputs!$R$49-Q3597)))","v":7.8647110439341068},{"$f":"params!$C$16*R3597*(G3597-Inputs!$R$27)","v":-86503.126283647798},-236521.92048635555,{"$f":"E3597*params!$C$8","v":0}]
["2005-05-30",5,30,1,0,3,8,7,93,{"$f":"Inputs!$R$38*Inputs!$R$33*(G3601-Inputs!$R$27)","v":-74674.872640824076},{"$f":"Inputs!$R$34*E3601*Inputs!$R$39","v":0},{"$f":"params!$C$16*Inputs!$R$30*(G3601-Inputs!$R$27)","v":-11693.636089901722},{"$f":"Inputs!$R$41*Inputs!$R$42/8760","v":0},{"$f":"-Inputs!$R$45*Inputs!$R$34","v":-90000},1069.6390010481693,6.6359949158119932E-3,6.1714752717051532E-3,{"$f":"-N3601/(1.202*2465560*MAX(0,(Inputs!$R$49-Q3601)))","v":6.2916144690885085},{"$f":"params!$C$16*R3601*(G3601-Inputs!$R$27)","v":-99581.643587447819},-275950.15231817361,{"$f":"E3601*params!$C$8","v":0}]
["2005-05-31",5,31,"03:00:00",0,0,5,5,100,{"$f":"Inputs!$R$38*Inputs!$R$33*(G3604-Inputs!$R$27)","v":-91761.496041690596},{"$f":"Inputs!$R$34*E3604*Inputs!$R$39","v":0},{"$f":"params!$C$16*Inputs!$R$30*(G3604-Inputs!$R$27)","v":-14369.298585048728},{"$f":"Inputs!$R$41*Inputs!$R$42/8760","v":0},{"$f":"-Inputs!$R$45*Inputs!$R$34","v":-90000},869.91328556198641,5.3861748872103517E-3,5.3861748872103517E-3,{"$f":"-N3604/(1.202*2465560*MAX(0,(Inputs!$R$49-Q3604)))","v":5.4112316255854909},{"$f":"params!$C$16*R3604*(G3604-Inputs!$R$27)","v":-105244.47512108467},-301375.269747824,{"$f":"E3604*params!$C$8","v":0}]
["2005-05-31",5,31,"07:00:00",267,10,9,9,100,{"$f":"Inputs!$R$38*Inputs!$R$33*(G3608-Inputs!$R$27)","v":-68979.331507201889},{"$f":"Inputs!$R$34*E3608*Inputs!$R$39","v":156272.35481563373},{"$f":"params!$C$16*Inputs!$R$30*(G3608-Inputs!$R$27)","v":-10801.748591519388},{"$f":"Inputs!$R$41*Inputs!$R$42/8760","v":0},{"$f":"-Inputs!$R$45*Inputs!$R$34","v":-90000},1144.6654335441779,7.1067740933079149E-3,7.1067740933079149E-3,{"$f":"-N3608/(1.202*2465560*MAX(0,(Inputs!$R$49-Q3608)))","v":7.8037614587806914},{"$f":"params!$C$16*R3608*(G3608-Inputs!$R$27)","v":-114094.7506994697},-127603.47598255724,{"$f":"E3608*params!$C$8","v":553.09050000000002}]
["2005-05-31",5,31,"11:00:00",789,8,20,11,56,{"$f":"Inputs!$R$38*Inputs!$R$33*(G3612-Inputs!$R$27)","v":-6328.3790373579704},{"$f":"Inputs!$R$34*E3612*Inputs!$R$39","v":461793.58782597387},{"$f":"params!$C$16*Inputs!$R$30*(G3612-Inputs!$R$27)","v":-990.98610931370501},{"$f":"Inputs!$R$41*Inputs!$R$42/8760","v":0},{"$f":"-Inputs!$R$45*Inputs!$R$34","v":-90000},2331.2150168593957,1.4647072201887702E-2,8.2023604330571133E-3,{"$f":"-N3612/(1.202*2465560*MAX(0,(Inputs!$R$49-Q3612)))","v":10.861672352780374},{"$f":"params!$C$16*R3612*(G3612-Inputs!$R$27)","v":-14569.071615856488},349905.15106344566,{"$f":"E3612*params!$C$8","v":1634.4134999999999}]
["2005-05-31",5,31,"14:00:00",800,8,22,11,50,{"$f":"Inputs!$R$38*Inputs!$R$33*(G3615-Inputs!$R$27)","v":5062.7032298863796},{"$f":"Inputs!$R$34*E3615*Inputs!$R$39","v":468231.77472849062},{"$f":"params!$C$16*Inputs!$R$30*(G3615-Inputs!$R$27)","v":792.78888745096458},{"$f":"Inputs!$R$41*Inputs!$R$42/8760","v":0},{"$f":"-Inputs!$R$45*Inputs!$R$34","v":-90000},2636.0296246790026,1.6613383438113645E-2,8.3066917190568225E-3,{"$f":"-N3615/(1.202*2465560*MAX(0,(Inputs!$R$49-Q3615)))","v":11.282691156286692},{"$f":"params!$C$16*R3615*(G3615-Inputs!$R$27)","v":12107.036937710902},396194.30378353881,{"$f":"E3615*params!$C$8","v":1657.1999999999998}]
["2005-05-31",5,31,"15:00:00",711,4,22,10,46,{"$f":"Inputs!$R$38*Inputs!$R$33*(G3616-Inputs!$R$27)","v":5062.7032298863796},{"$f":"Inputs!$R$34*E3616*Inputs!$R$39","v":416140.989789946},{"$f":"params!$C$16*Inputs!$R$30*(G3616-Inputs!$R$27)","v":792.78888745096458},{"$f":"Inputs!$R$41*Inputs!$R$42/8760","v":0},{"$f":"-Inputs!$R$45*Inputs!$R$34","v":-90000},2636.0296246790026,1.6613383438113645E-2,7.6421563815322769E-3,{"$f":"-N3616/(1.202*2465560*MAX(0,(Inputs!$R$49-Q3616)))","v":9.0486461437000933},{"$f":"params!$C$16*R3616*(G3616-Inputs!$R$27)","v":9709.7661879196294},341706.24809520296,{"$f":"E3616*params!$C$8","v":1472.8364999999999}]
["2005-05-31",5,31,"18:00:00",282,8,21,12,56,{"$f":"Inputs!$R$38*Inputs!$R$33*(G3619-Inputs!$R$27)","v":-632.83790373579495},{"$f":"Inputs!$R$34*E3619*Inputs!$R$39","v":165051.70059179293},{"$f":"params!$C$16*Inputs!$R$30*(G3619-Inputs!$R$27)","v":-99.098610931370175},{"$f":"Inputs!$R$41*Inputs!$R$42/8760","v":0},{"$f":"-Inputs!$R$45*Inputs!$R$34","v":-90000},2479.5289798458998,1.5602307510579843E-2,8.737292205924712E-3,{"$f":"-N3619/(1.202*2465560*MAX(0,(Inputs!$R$49-Q3619)))","v":13.431449842463874},{"$f":"params!$C$16*R3619*(G3619-Inputs!$R$27)","v":-1801.5987621790921},72518.165314946687,{"$f":"E3619*params!$C$8","v":584.16300000000001}]
["2005-05-31",5,31,"21:00:00",0,8,14,11,82,{"$f":"Inputs!$R$38*Inputs!$R$33*(G3622-Inputs!$R$27)","v":-40501.625839091022},{"$f":"Inputs!$R$34*E3622*Inputs!$R$39","v":0},{"$f":"params!$C$16*Inputs!$R$30*(G3622-Inputs!$R$27)","v":-6342.3110996077139},{"$f":"Inputs!$R$41*Inputs!$R$42/8760","v":0},{"$f":"-Inputs!$R$45*Inputs!$R$34","v":-90000},1593.7190459500907,9.939322574797271E-3,8.150244511333761E-3,{"$f":"-N3622/(1.202*2465560*MAX(0,(Inputs!$R$49-Q3622)))","v":10.662916168858013},{"$f":"params!$C$16*R3622*(G3622-Inputs!$R$27)","v":-91535.835294505261},-228379.77223320401,{"$f":"E3622*params!$C$8","v":0}]
["2000-06-01",6,1,"01:00:00",0,4,15.7,13.9,88,{"$f":"Inputs!$R$38*Inputs!$R$33*(G3626-Inputs!$R$27)","v":-30819.205911933328},{"$f":"Inputs!$R$34*E3626*Inputs!$R$39","v":0},{"$f":"params!$C$16*Inputs!$R$30*(G3626-Inputs!$R$27)","v":-4826.1023523577451},{"$f":"Inputs!$R$41*Inputs!$R$42/8760","v":0},{"$f":"-Inputs!$R$45*Inputs!$R$34","v":-90000},1778.2779938575329,1.1110896715928627E-2,9.7775891100171913E-3,{"$f":"-N3626/(1.202*2465560*MAX(0,(Inputs!$R$49-Q3626)))","v":24.877930794378866},{"$f":"params!$C$16*R3626*(G3626-Inputs!$R$27)","v":-162509.36627954978},-288154.67454384087,{"$f":"E3626*params!$C$8","v":0}]
["2000-06-01",6,1,"04:00:00",0,10,17,16,94,{"$f":"Inputs!$R$38*Inputs!$R$33*(G3629-Inputs!$R$27)","v":-23415.002438224496},{"$f":"Inputs!$R$34*E3629*Inputs!$R$39","v":0},{"$f":"params!$C$16*Inputs!$R$30*(G3629-Inputs!$R$27)","v":-3666.6486044607095},{"$f":"Inputs!$R$41*Inputs!$R$42/8760","v":0},{"$f":"-Inputs!$R$45*Inputs!$R$34","v":-90000},1931.8104441244629,1.2088830888770941E-2,1.1363501035444683E-2,{"$f":"-N3629/(1.202*2465560*MAX(0,(Inputs!$R$49-Q3629)))","v":{"$error":"#DIV/0!"}},{"$f":"params!$C$16*R3629*(G3629-Inputs!$R$27)","v":{"$error":"#DIV/0!"}},{"$error":"#DIV/0!"},{"$f":"E3629*params!$C$8","v":0}]
["2000-06-01",6,1,"08:00:00",121,10,18,17,94,{"$f":"Inputs!$R$38*Inputs!$R$33*(G3633-Inputs!$R$27)","v":-17719.461304602319},{"$f":"Inputs!$R$34*E3633*Inputs!$R$39","v":70820.05592768421},{"$f":"params!$C$16*Inputs!$R$30*(G3633-Inputs!$R$27)","v":-2774.7611060783747},{"$f":"Inputs!$R$41*Inputs!$R$42/8760","v":0},{"$f":"-Inputs!$R$45*Inputs!$R$34","v":-90000},2057.7011249857014,1.2892956292988709E-2,1.2119378915409387E-2,{"$f":"-N3633/(1.202*2465560*MAX(0,(Inputs!$R$49-Q3633)))","v":{"$error":"#DIV/0!"}},{"$f":"params!$C$16*R3633*(G3633-Inputs!$R$27)","v":{"$error":"#DIV/0!"}},{"$error":"#DIV/0!"},{"$f":"E3633*params!$C$8","v":250.6515}]
["2000-06-01",6,1,"12:00:00",237,8,22,19,83,{"$f":"Inputs!$R$38*Inputs!$R$33*(G3637-Inputs!$R$27)","v":5062.7032298863796},{"$f":"Inputs!$R$34*E3637*Inputs!$R$39","v":138713.66326331533},{"$f":"params!$C$16*Inputs!$R$30*(G3637-Inputs!$R$27)","v":792.78888745096458},{"$f":"Inputs!$R$41*Inputs!$R$42/8760","v":0},{"$f":"-Inputs!$R$45*Inputs!$R$34","v":-90000},2636.0296246790026,1.6613383438113645E-2,1.3789108253634325E-2,{"$f":"-N3637/(1.202*2465560*MAX(0,(Inputs!$R$49-Q3637)))","v":{"$error":"#DIV/0!"}},{"$f":"params!$C$16*R3637*(G3637-Inputs!$R$27)","v":{"$error":"#DIV/0!"}},{"$error":"#DIV/0!"},{"$f":"E3637*params!$C$8","v":490.94549999999998}]
["2000-06-01",6,1,"15:00:00",711,1,27,16,51,{"$f":"Inputs!$R$38*Inputs!$R$33*(G3640-Inputs!$R$27)","v":33540.408897997258},{"$f":"Inputs!$R$34*E3640*Inputs!$R$39","v":416140.989789946},{"$f":"params!$C$16*Inputs!$R$30*(G3640-Inputs!$R$27)","v":5252.2263793626389},{"$f":"Inputs!$R$41*Inputs!$R$42/8760","v":0},{"$f":"-Inputs!$R$45*Inputs!$R$34","v":-90000},3555.0534347297348,2.2616071840205452E-2,1.153419663850478E-2,{"$f":"-N3640/(1.202*2465560*MAX(0,(Inputs!$R$49-Q3640)))","v":{"$error":"#DIV/0!"}},{"$f":"params!$C$16*R3640*(G3640-Inputs!$R$27)","v":{"$error":"#DIV/0!"}},{"$error":"#DIV/0!"},{"$f":"E3640*params!$C$8","v":1472.8364999999999}]
["2000-06-01",6,1,"16:00:00",254,9,26,12,42,{"$f":"Inputs!$R$38*Inputs!$R$33*(G3641-Inputs!$R$27)","v":27844.867764375082},{"$f":"Inputs!$R$34*E3641*Inputs!$R$39","v":148663.58847629576},{"$f":"params!$C$16*Inputs!$R$30*(G3641-Inputs!$R$27)","v":4360.3388809803037},{"$f":"Inputs!$R$41*Inputs!$R$42/8760","v":0},{"$f":"-Inputs!$R$45*Inputs!$R$34","v":-90000},3351.668772324198,2.1277942853302922E-2,8.9367359983872283E-3,{"$f":"-N3641/(1.202*2465560*MAX(0,(Inputs!$R$49-Q3641)))","v":14.730869178259837},{"$f":"params!$C$16*R3641*(G3641-Inputs!$R$27)","v":86939.318055801152},177808.11317745229,{"$f":"E3641*params!$C$8","v":526.16099999999994}]
["2000-06-01",6,1,"19:00:00",99,3,22,13,57,{"$f":"Inputs!$R$38*Inputs!$R$33*(G3644-Inputs!$R$27)","v":5062.7032298863796},{"$f":"Inputs!$R$34*E3644*Inputs!$R$39","v":57943.682122650709},{"$f":"params!$C$16*Inputs!$R$30*(G3644-Inputs!$R$27)","v":792.78888745096458},{"$f":"Inputs!$R$41*Inputs!$R$42/8760","v":0},{"$f":"-Inputs!$R$45*Inputs!$R$34","v":-90000},2636.0296246790026,1.6613383438113645E-2,9.4696285597247777E-3,{"$f":"-N3644/(1.202*2465560*MAX(0,(Inputs!$R$49-Q3644)))","v":19.866071494728441},{"$f":"params!$C$16*R3644*(G3644-Inputs!$R$27)","v":21317.543665977781},-4883.2820940341662,{"$f":"E3644*params!$C$8","v":205.07849999999999}]
["2000-06-01",6,1,"22:00:00",0,0,14,12,88,{"$f":"Inputs!$R$38*Inputs!$R$33*(G3647-Inputs!$R$27)","v":-40501.625839091022},{"$f":"Inputs!$R$34*E3647*Inputs!$R$39","v":0},{"$f":"params!$C$16*Inputs!$R$30*(G3647-Inputs!$R$27)","v":-6342.3110996077139},{"$f":"Inputs!$R$41*Inputs!$R$42/8760","v":0},{"$f":"-Inputs!$R$45*Inputs!$R$34","v":-90000},1593.7190459500907,9.939322574797271E-3,8.7466038658215988E-3,{"$f":"-N3647/(1.202*2465560*MAX(0,(Inputs!$R$49-Q3647)))","v":13.486994554027611},{"$f":"params!$C$16*R3647*(G3647-Inputs!$R$27)","v":-115779.14451967215},-252623.0814583709,{"$f":"E3647*params!$C$8","v":0}]
["2000-06-02",{"$f":"MONTH(A3651)","v":6},{"$f":"DAY(A3651)","v":2},"02:00:00",0,0,11,10,94,{"$f":"Inputs!$R$38*Inputs!$R$33*(G3651-Inputs!$R$27)","v":-57588.249239957542},{"$f":"Inputs!$R$34*E3651*Inputs!$R$39","v":0},{"$f":"params!$C$16*Inputs!$R$30*(G3651-Inputs!$R$27)","v":-9017.9735947547179},{"$f":"Inputs!$R$41*Inputs!$R$42/8760","v":0},{"$f":"-Inputs!$R$45*Inputs!$R$34","v":-90000},{"$f":"EXP(77.345+0.0057*(G3651+273.15)-7235/(G3651+273.15))/(G3651+273.15)^8.2","v":1308.7561751391206},{"$f":"0.62198*O3651/(101325-O3651)","v":8.138879592783612E-3},{"$f":"P3651*I3651/100","v":7.6505468172165959E-3},{"$f":"-N3651/(1.202*2465560*MAX(0,(Inputs!$R$49-Q3651)))","v":9.071324750246017},{"$f":"params!$C$16*R3651*(G3651-Inputs!$R$27)","v":-110725.40750311586},{"$f":"J3651+K3651+L3651+M3651+N3651+S3651","v":-267331.63033782807},{"$f":"E3651*params!$C$8","v":0}]
["2000-06-02",6,2,"05:00:00",0,7,12,11,94,{"$f":"Inputs!$R$38*Inputs!$R$33*(G3654-Inputs!$R$27)","v":-51892.708106335369},{"$f":"Inputs!$R$34*E3654*Inputs!$R$39","v":0},{"$f":"params!$C$16*Inputs!$R$30*(G3654-Inputs!$R$27)","v":-8126.0860963723835},{"$f":"Inputs!$R$41*Inputs!$R$42/8760","v":0},{"$f":"-Inputs!$R$45*Inputs!$R$34","v":-90000},1398.3079270856979,8.70357605607666E-3,8.1813614927120602E-3,{"$f":"-N3654/(1.202*2465560*MAX(0,(Inputs!$R$49-Q3654)))","v":10.78070336536717},{"$f":"params!$C$16*R3654*(G3654-Inputs!$R$27)","v":-118575.81790753412},-268594.6121102419,{"$f":"E3654*params!$C$8","v":0}]
["2000-06-02",6,2,"10:00:00",653,4,27,21,70,{"$f":"Inputs!$R$38*Inputs!$R$33*(G3659-Inputs!$R$27)","v":33540.408897997258},{"$f":"Inputs!$R$34*E3659*Inputs!$R$39","v":382194.18612213049},{"$f":"params!$C$16*Inputs!$R$30*(G3659-Inputs!$R$27)","v":5252.2263793626389},{"$f":"Inputs!$R$41*Inputs!$R$42/8760","v":0},{"$f":"-Inputs!$R$45*Inputs!$R$34","v":-90000},3555.0534347297348,2.2616071840205452E-2,1.5831250288143816E-2,{"$f":"-N3659/(1.202*2465560*MAX(0,(Inputs!$R$49-Q3659)))","v":{"$error":"#DIV/0!"}},{"$f":"params!$C$16*R3659*(G3659-Inputs!$R$27)","v":{"$error":"#DIV/0!"}},{"$error":"#DIV/0!"},{"$f":"E3659*params!$C$8","v":1352.6895}]
["2000-06-02",6,2,"13:00:00",621,7,22,19,83,{"$f":"Inputs!$R$38*Inputs!$R$33*(G3662-Inputs!$R$27)","v":5062.7032298863796},{"$f":"Inputs!$R$34*E3662*Inputs!$R$39","v":363464.91513299086},{"$f":"params!$C$16*Inputs!$R$30*(G3662-Inputs!$R$27)","v":792.78888745096458},{"$f":"Inputs!$R$41*Inputs!$R$42/8760","v":0},{"$f":"-Inputs!$R$45*Inputs!$R$34","v":-90000},2636.0296246790026,1.6613383438113645E-2,1.3789108253634325E-2,{"$f":"-N3662/(1.202*2465560*MAX(0,(Inputs!$R$49-Q3662)))","v":{"$error":"#DIV/0!"}},{"$f":"params!$C$16*R3662*(G3662-Inputs!$R$27)","v":{"$error":"#DIV/0!"}},{"$error":"#DIV/0!"},{"$f":"E3662*params!$C$8","v":1286.4014999999999}]
["2000-06-02",6,2,"16:00:00",119,7,22,20,88,{"$f":"Inputs!$R$38*Inputs!$R$33*(G3665-Inputs!$R$27)","v":5062.7032298863796},{"$f":"Inputs!$R$34*E3665*Inputs!$R$39","v":69649.476490862973},{"$f":"params!$C$16*Inputs!$R$30*(G3665-Inputs!$R$27)","v":792.78888745096458},{"$f":"Inputs!$R$41*Inputs!$R$42/8760","v":0},{"$f":"-Inputs!$R$45*Inputs!$R$34","v":-90000},2636.0296246790026,1.6613383438113645E-2,1.4619777425540008E-2,{"$f":"-N3665/(1.202*2465560*MAX(0,(Inputs!$R$49-Q3665)))","v":{"$error":"#DIV/0!"}},{"$f":"params!$C$16*R3665*(G3665-Inputs!$R$27)","v":{"$error":"#DIV/0!"}},{"$error":"#DIV/0!"},{"$f":"E3665*params!$C$8","v":246.5085}]
["2000-06-02",6,2,"17:00:00",87,6,23,21,89,{"$f":"Inputs!$R$38*Inputs!$R$33*(G3666-Inputs!$R$27)","v":10758.244363508555},{"$f":"Inputs!$R$34*E3666*Inputs!$R$39","v":50920.205501723351},{"$f":"params!$C$16*Inputs!$R$30*(G3666-Inputs!$R$27)","v":1684.6763858332995},{"$f":"Inputs!$R$41*Inputs!$R$42/8760","v":0},{"$f":"-Inputs!$R$45*Inputs!$R$34","v":-90000},2801.0950714195728,1.768327304712981E-2,1.5738113011945533E-2,{"$f":"-N3666/(1.202*2465560*MAX(0,(Inputs!$R$49-Q3666)))","v":{"$error":"#DIV/0!"}},{"$f":"params!$C$16*R3666*(G3666-Inputs!$R$27)","v":{"$error":"#DIV/0!"}},{"$error":"#DIV/0!"},{"$f":"E3666*params!$C$8","v":180.22049999999999}]
["2000-06-02",6,2,"20:00:00",1,3,22,16,69,{"$f":"Inputs!$R$38*Inputs!$R$33*(G3669-Inputs!$R$27)","v":5062.7032298863796},{"$f":"Inputs!$R$34*E3669*Inputs!$R$39","v":585.2897184106132},{"$f":"params!$C$16*Inputs!$R$30*(G3669-Inputs!$R$27)","v":792.78888745096458},{"$f":"Inputs!$R$41*Inputs!$R$42/8760","v":0},{"$f":"-Inputs!$R$45*Inputs!$R$34","v":-90000},2636.0296246790026,1.6613383438113645E-2,1.1463234572298414E-2,{"$f":"-N3669/(1.202*2465560*MAX(0,(Inputs!$R$49-Q3669)))","v":{"$error":"#DIV/0!"}},{"$f":"params!$C$16*R3669*(G3669-Inputs!$R$27)","v":{"$error":"#DIV/0!"}},{"$error":"#DIV/0!"},{"$f":"E3669*params!$C$8","v":2.0714999999999999}]
["2000-06-02",6,2,"23:00:00",0,4,16,11,72,{"$f":"Inputs!$R$38*Inputs!$R$33*(G3672-Inputs!$R$27)","v":-29110.543571846669},{"$f":"Inputs!$R$34*E3672*Inputs!$R$39","v":0},{"$f":"params!$C$16*Inputs!$R$30*(G3672-Inputs!$R$27)","v":-4558.5361028430443},{"$f":"Inputs!$R$41*Inputs!$R$42/8760","v":0},{"$f":"-Inputs!$R$45*Inputs!$R$34","v":-90000},1812.7242941450775,1.1330041931761578E-2,8.1576301908683375E-3,{"$f":"-N3672/(1.202*2465560*MAX(0,(Inputs!$R$49-Q3672)))","v":10.690639644696162},{"$f":"params!$C$16*R3672*(G3672-Inputs!$R$27)","v":-65962.438554860986},-189631.51822955068,{"$f":"E3672*params!$C$8","v":0}]
["2000-06-03",6,3,"03:00:00",0,10,11,8,82,{"$f":"Inputs!$R$38*Inputs!$R$33*(G3676-Inputs!$R$27)","v":-57588.249239957542},{"$f":"Inputs!$R$34*E3676*Inputs!$R$39","v":0},{"$f":"params!$C$16*Inputs!$R$30*(G3676-Inputs!$R$27)","v":-9017.9735947547179},{"$f":"Inputs!$R$41*Inputs!$R$42/8760","v":0},{"$f":"-Inputs!$R$45*Inputs!$R$34","v":-90000},1308.7561751391206,8.138879592783612E-3,6.6738812660825618E-3,{"$f":"-N3676/(1.202*2465560*MAX(0,(Inputs!$R$49-Q3676)))","v":7.0225691905947585},{"$f":"params!$C$16*R3676*(G3676-Inputs!$R$27)","v":-85718.112486970887},-242324.33532168315,{"$f":"E3676*params!$C$8","v":0}]
["2000-06-03",6,3,"06:00:00",21,10,11,8,82,{"$f":"Inputs!$R$38*Inputs!$R$33*(G3679-Inputs!$R$27)","v":-57588.249239957542},{"$f":"Inputs!$R$34*E3679*Inputs!$R$39","v":12291.084086622879},{"$f":"params!$C$16*Inputs!$R$30*(G3679-Inputs!$R$27)","v":-9017.9735947547179},{"$f":"Inputs!$R$41*Inputs!$R$42/8760","v":0},{"$f":"-Inputs!$R$45*Inputs!$R$34","v":-90000},1308.7561751391206,8.138879592783612E-3,6.6738812660825618E-3,{"$f":"-N3679/(1.202*2465560*MAX(0,(Inputs!$R$49-Q3679)))","v":7.0225691905947585},{"$f":"params!$C$16*R3679*(G3679-Inputs!$R$27)","v":-85718.112486970887},-230033.25123506028,{"$f":"E3679*params!$C$8","v":43.5015}]
["2000-06-03",6,3,"11:00:00",154,8,16,7,55,{"$f":"Inputs!$R$38*Inputs!$R$33*(G3684-Inputs!$R$27)","v":-29110.543571846669},{"$f":"Inputs!$R$34*E3684*Inputs!$R$39","v":90134.616635234444},{"$f":"params!$C$16*Inputs!$R$30*(G3684-Inputs!$R$27)","v":-4558.5361028430443},{"$f":"Inputs!$R$41*Inputs!$R$42/8760","v":0},{"$f":"-Inputs!$R$45*Inputs!$R$34","v":-90000},1812.7242941450775,1.1330041931761578E-2,6.2315230624688678E-3,{"$f":"-N3684/(1.202*2465560*MAX(0,(Inputs!$R$49-Q3684)))","v":6.3708710780580429},{"$f":"params!$C$16*R3684*(G3684-Inputs!$R$27)","v":-39308.984868443593},-72843.447907898866,{"$f":"E3684*params!$C$8","v":319.01099999999997}]
["2000-06-03",6,3,"14:00:00",159,3,18,7,49,{"$f":"Inputs!$R$38*Inputs!$R$33*(G3687-Inputs!$R$27)","v":-17719.461304602319},{"$f":"Inputs!$R$34*E3687*Inputs!$R$39","v":93061.065227287501},{"$f":"params!$C$16*Inputs!$R$30*(G3687-Inputs!$R$27)","v":-2774.7611060783747},{"$f":"Inputs!$R$41*Inputs!$R$42/8760","v":0},{"$f":"-Inputs!$R$45*Inputs!$R$34","v":-90000},2057.7011249857014,1.2892956292988709E-2,6.3175485835644677E-3,{"$f":"-N3687/(1.202*2465560*MAX(0,(Inputs!$R$49-Q3687)))","v":6.4879589069453516},{"$f":"params!$C$16*R3687*(G3687-Inputs!$R$27)","v":-24366.95728619627},-41800.114469589462,{"$f":"E3687*params!$C$8","v":329.36849999999998}]
["2000-06-03",6,3,"17:00:00",87,0,18,6,45,{"$f":"Inputs!$R$38*Inputs!$R$33*(G3690-Inputs!$R$27)","v":-17719.461304602319},{"$f":"Inputs!$R$34*E3690*Inputs!$R$39","v":50920.205501723351},{"$f":"params!$C$16*Inputs!$R$30*(G3690-Inputs!$R$27)","v":-2774.7611060783747},{"$f":"Inputs!$R$41*Inputs!$R$42/8760","v":0},{"$f":"-Inputs!$R$45*Inputs!$R$34","v":-90000},2057.7011249857014,1.2892956292988709E-2,5.8018303318449196E-3,{"$f":"-N3690/(1.202*2465560*MAX(0,(Inputs!$R$49-Q3690)))","v":5.84406653799984},{"$f":"params!$C$16*R3690*(G3690-Inputs!$R$27)","v":-21948.677812476544},-81522.694721433887,{"$f":"E3690*params!$C$8","v":180.22049999999999}]
["2000-06-03",6,3,"18:00:00",56,0,17,5,45,{"$f":"Inputs!$R$38*Inputs!$R$33*(G3691-Inputs!$R$27)","v":-23415.002438224496},{"$f":"Inputs!$R$34*E3691*Inputs!$R$39","v":32776.224230994339},{"$f":"params!$C$16*Inputs!$R$30*(G3691-Inputs!$R$27)","v":-3666.6486044607095},{"$f":"Inputs!$R$41*Inputs!$R$42/8760","v":0},{"$f":"-Inputs!$R$45*Inputs!$R$34","v":-90000},1931.8104441244629,1.2088830888770941E-2,5.4399738999469241E-3,{"$f":"-N3691/(1.202*2465560*MAX(0,(Inputs!$R$49-Q3691)))","v":5.463607033631269},{"$f":"params!$C$16*R3691*(G3691-Inputs!$R$27)","v":-27115.421493443639},-111420.84830513451,{"$f":"E3691*params!$C$8","v":116.00399999999999}]
["2000-06-03",6,3,"21:00:00",0,0,9,6,81,{"$f":"Inputs!$R$38*Inputs!$R$33*(G3694-Inputs!$R$27)","v":-68979.331507201889},{"$f":"Inputs!$R$34*E3694*Inputs!$R$39","v":0},{"$f":"params!$C$16*Inputs!$R$30*(G3694-Inputs!$R$27)","v":-10801.748591519388},{"$f":"Inputs!$R$41*Inputs!$R$42/8760","v":0},{"$f":"-Inputs!$R$45*Inputs!$R$34","v":-90000},1144.6654335441779,7.1067740933079149E-3,5.7564870155794113E-3,{"$f":"-N3694/(1.202*2465560*MAX(0,(Inputs!$R$49-Q3694)))","v":5.7935134158472845},{"$f":"params!$C$16*R3694*(G3694-Inputs!$R$27)","v":-84703.956207089053},-254485.03630581032,{"$f":"E3694*params!$C$8","v":0}]
["2000-06-04",6,4,"01:00:00",0,0,4,4,100,{"$f":"Inputs!$R$38*Inputs!$R$33*(G3698-Inputs!$R$27)","v":-97457.037175312769},{"$f":"Inputs!$R$34*E3698*Inputs!$R$39","v":0},{"$f":"params!$C$16*Inputs!$R$30*(G3698-Inputs!$R$27)","v":-15261.186083431061},{"$f":"Inputs!$R$41*Inputs!$R$42/8760","v":0},{"$f":"-Inputs!$R$45*Inputs!$R$34","v":-90000},811.08667612094962,5.0190035800134264E-3,5.0190035800134255E-3,{"$f":"-N3698/(1.202*2465560*MAX(0,(Inputs!$R$49-Q3698)))","v":5.0789428153392295},{"$f":"params!$C$16*R3698*(G3698-Inputs!$R$27)","v":-104912.98022765943},-307631.20348640322,{"$f":"E3698*params!$C$8","v":0}]
["2000-06-04",6,4,"04:00:00",0,0,3,3,100,{"$f":"Inputs!$R$38*Inputs!$R$33*(G3701-Inputs!$R$27)","v":-103152.57830893494},{"$f":"Inputs!$R$34*E3701*Inputs!$R$39","v":0},{"$f":"params!$C$16*Inputs!$R$30*(G3701-Inputs!$R$27)","v":-16153.073581813396},{"$f":"Inputs!$R$41*Inputs!$R$42/8760","v":0},{"$f":"-Inputs!$R$45*Inputs!$R$34","v":-90000},755.80495631325812,4.6743495015895585E-3,4.6743495015895585E-3,{"$f":"-N3701/(1.202*2465560*MAX(0,(Inputs!$R$49-Q3701)))","v":4.8021408477833001},{"$f":"params!$C$16*R3701*(G3701-Inputs!$R$27)","v":-104992.35530860705},-314298.0071993554,{"$f":"E3701*params!$C$8","v":0}]
["2000-06-04",6,4,"07:00:00",52,4,7,6,93,{"$f":"Inputs!$R$38*Inputs!$R$33*(G3704-Inputs!$R$27)","v":-80370.41377444625},{"$f":"Inputs!$R$34*E3704*Inputs!$R$39","v":30435.06535735189},{"$f":"params!$C$16*Inputs!$R$30*(G3704-Inputs!$R$27)","v":-12585.523588284057},{"$f":"Inputs!$R$41*Inputs!$R$42/8760","v":0},{"$f":"-Inputs!$R$45*Inputs!$R$34","v":-90000},998.98316002102877,6.193284308903993E-3,5.7597544072807141E-3,{"$f":"-N3704/(1.202*2465560*MAX(0,(Inputs!$R$49-Q3704)))","v":5.797126961654226},{"$f":"params!$C$16*R3704*(G3704-Inputs!$R$27)","v":-98753.321783035703},-251274.19378841412,{"$f":"E3704*params!$C$8","v":107.71799999999999}]
["2000-06-04",6,4,"12:00:00",164,8,19,8,49,{"$f":"Inputs!$R$38*Inputs!$R$33*(G3709-Inputs!$R$27)","v":-12023.920170980145},{"$f":"Inputs!$R$34*E3709*Inputs!$R$39","v":95987.513819340573},{"$f":"params!$C$16*Inputs!$R$30*(G3709-Inputs!$R$27)","v":-1882.8736076960397},{"$f":"Inputs!$R$41*Inputs!$R$42/8760","v":0},{"$f":"-Inputs!$R$45*Inputs!$R$34","v":-90000},2190.7229749852513,1.3744851093608144E-2,6.7349770358679905E-3,{"$f":"-N3709/(1.202*2465560*MAX(0,(Inputs!$R$49-Q3709)))","v":7.1232067865959126},{"$f":"params!$C$16*R3709*(G3709-Inputs!$R$27)","v":-18153.665681659106},-26072.945640994709,{"$f":"E3709*params!$C$8","v":339.726}]
["2000-06-04",6,4,"15:00:00",145,9,20,9,49,{"$f":"Inputs!$R$38*Inputs!$R$33*(G3712-Inputs!$R$27)","v":-6328.3790373579704},{"$f":"Inputs!$R$34*E3712*Inputs!$R$39","v":84867.009169538927},{"$f":"params!$C$16*Inputs!$R$30*(G3712-Inputs!$R$27)","v":-990.98610931370501},{"$f":"Inputs!$R$41*Inputs!$R$42/8760","v":0},{"$f":"-Inputs!$R$45*Inputs!$R$34","v":-90000},2331.2150168593957,1.4647072201887702E-2,7.1770653789249737E-3,{"$f":"-N3712/(1.202*2465560*MAX(0,(Inputs!$R$49-Q3712)))","v":7.9473114731931673},{"$f":"params!$C$16*R3712*(G3712-Inputs!$R$27)","v":-10659.956058868827},-23112.312036001567,{"$f":"E3712*params!$C$8","v":300.36750000000001}]
["2000-06-04",{"$f":"MONTH(A3715)","v":6},{"$f":"DAY(A3715)","v":4},"18:00:00",57,9,17,6,48,{"$f":"Inputs!$R$38*Inputs!$R$33*(G3715-Inputs!$R$27)","v":-23415.002438224496},{"$f":"Inputs!$R$34*E3715*Inputs!$R$39","v":33361.513949404951},{"$f":"params!$C$16*Inputs!$R$30*(G3715-Inputs!$R$27)","v":-3666.6486044607095},{"$f":"Inputs!$R$41*Inputs!$R$42/8760","v":0},{"$f":"-Inputs!$R$45*Inputs!$R$34","v":-90000},{"$f":"EXP(77.345+0.0057*(G3715+273.15)-7235/(G3715+273.15))/(G3715+273.15)^8.2","v":1931.8104441244629},{"$f":"0.62198*O3715/(101325-O3715)","v":1.2088830888770941E-2},{"$f":"P3715*I3715/100","v":5.8026388266100518E-3},{"$f":"-N3715/(1.202*2465560*MAX(0,(Inputs!$R$49-Q3715)))","v":5.8449759331325071},{"$f":"params!$C$16*R3715*(G3715-Inputs!$R$27)","v":-29008.123217929468},{"$f":"J3715+K3715+L3715+M3715+N3715+S3715","v":-112728.26031120971},{"$f":"E3715*params!$C$8","v":118.07549999999999}]
["2000-06-04",6,4,"19:00:00",22,0,17,7,52,{"$f":"Inputs!$R$38*Inputs!$R$33*(G3716-Inputs!$R$27)","v":-23415.002438224496},{"$f":"Inputs!$R$34*E3716*Inputs!$R$39","v":12876.373805033492},{"$f":"params!$C$16*Inputs!$R$30*(G3716-Inputs!$R$27)","v":-3666.6486044607095},{"$f":"Inputs!$R$41*Inputs!$R$42/8760","v":0},{"$f":"-Inputs!$R$45*Inputs!$R$34","v":-90000},1931.8104441244629,1.2088830888770941E-2,6.2861920621608888E-3,{"$f":"-N3716/(1.202*2465560*MAX(0,(Inputs!$R$49-Q3716)))","v":6.4447849422932482},{"$f":"params!$C$16*R3716*(G3716-Inputs!$R$27)","v":-31984.924806851344},-136190.20204450306,{"$f":"E3716*params!$C$8","v":45.573}]
["2000-06-04",6,4,"22:00:00",0,10,14,6,59,{"$f":"Inputs!$R$38*Inputs!$R$33*(G3719-Inputs!$R$27)","v":-40501.625839091022},{"$f":"Inputs!$R$34*E3719*Inputs!$R$39","v":0},{"$f":"params!$C$16*Inputs!$R$30*(G3719-Inputs!$R$27)","v":-6342.3110996077139},{"$f":"Inputs!$R$41*Inputs!$R$42/8760","v":0},{"$f":"-Inputs!$R$45*Inputs!$R$34","v":-90000},1593.7190459500907,9.939322574797271E-3,5.8642003191303905E-3,{"$f":"-N3719/(1.202*2465560*MAX(0,(Inputs!$R$49-Q3719)))","v":5.9150615123662984},{"$f":"params!$C$16*R3719*(G3719-Inputs!$R$27)","v":-50777.86299531757},-187621.79993401631,{"$f":"E3719*params!$C$8","v":0}]
["2000-06-05",6,5,"02:00:00",0,10,12,9,82,{"$f":"Inputs!$R$38*Inputs!$R$33*(G3723-Inputs!$R$27)","v":-51892.708106335369},{"$f":"Inputs!$R$34*E3723*Inputs!$R$39","v":0},{"$f":"params!$C$16*Inputs!$R$30*(G3723-Inputs!$R$27)","v":-8126.0860963723835},{"$f":"Inputs!$R$41*Inputs!$R$42/8760","v":0},{"$f":"-Inputs!$R$45*Inputs!$R$34","v":-90000},1398.3079270856979,8.70357605607666E-3,7.1369323659828607E-3,{"$f":"-N3723/(1.202*2465560*MAX(0,(Inputs!$R$49-Q3723)))","v":7.8647110439341068},{"$f":"params!$C$16*R3723*(G3723-Inputs!$R$27)","v":-86503.126283647798},-236521.92048635555,{"$f":"E3723*params!$C$8","v":0}]
["2000-06-05",6,5,"04:00:00",0,10,11,10,94,{"$f":"Inputs!$R$38*Inputs!$R$33*(G3725-Inputs!$R$27)","v":-57588.249239957542},{"$f":"Inputs!$R$34*E3725*Inputs!$R$39","v":0},{"$f":"params!$C$16*Inputs!$R$30*(G3725-Inputs!$R$27)","v":-9017.9735947547179},{"$f":"Inputs!$R$41*Inputs!$R$42/8760","v":0},{"$f":"-Inputs!$R$45*Inputs!$R$34","v":-90000},1308.7561751391206,8.138879592783612E-3,7.6505468172165959E-3,{"$f":"-N3725/(1.202*2465560*MAX(0,(Inputs!$R$49-Q3725)))","v":9.071324750246017},{"$f":"params!$C$16*R3725*(G3725-Inputs!$R$27)","v":-110725.40750311586},-267331.63033782807,{"$f":"E3725*params!$C$8","v":0}]
["2000-06-05",6,5,"09:00:00",103,10,11,10,94,{"$f":"Inputs!$R$38*Inputs!$R$33*(G3730-Inputs!$R$27)","v":-57588.249239957542},{"$f":"Inputs!$R$34*E3730*Inputs!$R$39","v":60284.840996293162},{"$f":"params!$C$16*Inputs!$R$30*(G3730-Inputs!$R$27)","v":-9017.9735947547179},{"$f":"Inputs!$R$41*Inputs!$R$42/8760","v":0},{"$f":"-Inputs!$R$45*Inputs!$R$34","v":-90000},1308.7561751391206,8.138879592783612E-3,7.6505468172165959E-3,{"$f":"-N3730/(1.202*2465560*MAX(0,(Inputs!$R$49-Q3730)))","v":9.071324750246017},{"$f":"params!$C$16*R3730*(G3730-Inputs!$R$27)","v":-110725.40750311586},-207046.78934153495,{"$f":"E3730*params!$C$8","v":213.36449999999999}]
["2000-06-05",6,5,"13:00:00",173,10,11,9,87,{"$f":"Inputs!$R$38*Inputs!$R$33*(G3734-Inputs!$R$27)","v":-57588.249239957542},{"$f":"Inputs!$R$34*E3734*Inputs!$R$39","v":101255.1212850361},{"$f":"params!$C$16*Inputs!$R$30*(G3734-Inputs!$R$27)","v":-9017.9735947547179},{"$f":"Inputs!$R$41*Inputs!$R$42/8760","v":0},{"$f":"-Inputs!$R$45*Inputs!$R$34","v":-90000},1308.7561751391206,8.138879592783612E-3,7.0808252457217422E-3,{"$f":"-N3734/(1.202*2465560*MAX(0,(Inputs!$R$49-Q3734)))","v":7.7520701783182577},{"$f":"params!$C$16*R3734*(G3734-Inputs!$R$27)","v":-94622.467293298309},-149973.56884297446,{"$f":"E3734*params!$C$8","v":358.36949999999996}]
["2000-06-05",6,5,"16:00:00",107,10,12,10,88,{"$f":"Inputs!$R$38*Inputs!$R$33*(G3737-Inputs!$R$27)","v":-51892.708106335369},{"$f":"Inputs!$R$34*E3737*Inputs!$R$39","v":62625.999869935615},{"$f":"params!$C$16*Inputs!$R$30*(G3737-Inputs!$R$27)","v":-8126.0860963723835},{"$f":"Inputs!$R$41*Inputs!$R$42/8760","v":0},{"$f":"-Inputs!$R$45*Inputs!$R$34","v":-90000},1398.3079270856979,8.70357605607666E-3,7.6591469293474613E-3,{"$f":"-N3737/(1.202*2465560*MAX(0,(Inputs!$R$49-Q3737)))","v":9.094688372995849},{"$f":"params!$C$16*R3737*(G3737-Inputs!$R$27)","v":-100031.51704428655},-187424.31137705868,{"$f":"E3737*params!$C$8","v":221.65049999999999}]
["2000-06-05",6,5,"19:00:00",26,10,11,11,100,{"$f":"Inputs!$R$38*Inputs!$R$33*(G3740-Inputs!$R$27)","v":-57588.249239957542},{"$f":"Inputs!$R$34*E3740*Inputs!$R$39","v":15217.532678675945},{"$f":"params!$C$16*Inputs!$R$30*(G3740-Inputs!$R$27)","v":-9017.9735947547179},{"$f":"Inputs!$R$41*Inputs!$R$42/8760","v":0},{"$f":"-Inputs!$R$45*Inputs!$R$34","v":-90000},1308.7561751391206,8.138879592783612E-3,8.138879592783612E-3,{"$f":"-N3740/(1.202*2465560*MAX(0,(Inputs!$R$49-Q3740)))","v":10.620535649226438},{"$f":"params!$C$16*R3740*(G3740-Inputs!$R$27)","v":-129635.2153669809},-271023.90552301722,{"$f":"E3740*params!$C$8","v":53.858999999999995}]
["2000-06-05",6,5,"20:00:00",2,10,12,11,94,{"$f":"Inputs!$R$38*Inputs!$R$33*(G3741-Inputs!$R$27)","v":-51892.708106335369},{"$f":"Inputs!$R$34*E3741*Inputs!$R$39","v":1170.5794368212264},{"$f":"params!$C$16*Inputs!$R$30*(G3741-Inputs!$R$27)","v":-8126.0860963723835},{"$f":"Inputs!$R$41*Inputs!$R$42/8760","v":0},{"$f":"-Inputs!$R$45*Inputs!$R$34","v":-90000},1398.3079270856979,8.70357605607666E-3,8.1813614927120602E-3,{"$f":"-N3741/(1.202*2465560*MAX(0,(Inputs!$R$49-Q3741)))","v":10.78070336536717},{"$f":"params!$C$16*R3741*(G3741-Inputs!$R$27)","v":-118575.81790753412},-267424.03267342068,{"$f":"E3741*params!$C$8","v":4.1429999999999998}]
["2000-06-05",6,5,"23:00:00",0,10,12,11,94,{"$f":"Inputs!$R$38*Inputs!$R$33*(G3744-Inputs!$R$27)","v":-51892.708106335369},{"$f":"Inputs!$R$34*E3744*Inputs!$R$39","v":0},{"$f":"params!$C$16*Inputs!$R$30*(G3744-Inputs!$R$27)","v":-8126.0860963723835},{"$f":"Inputs!$R$41*Inputs!$R$42/8760","v":0},{"$f":"-Inputs!$R$45*Inputs!$R$34","v":-90000},1398.3079270856979,8.70357605607666E-3,8.1813614927120602E-3,{"$f":"-N3744/(1.202*2465560*MAX(0,(Inputs!$R$49-Q3744)))","v":10.78070336536717},{"$f":"params!$C$16*R3744*(G3744-Inputs!$R$27)","v":-118575.81790753412},-268594.6121102419,{"$f":"E3744*params!$C$8","v":0}]
["2000-06-06",6,6,"03:00:00",0,10,11,9,87,{"$f":"Inputs!$R$38*Inputs!$R$33*(G3748-Inputs!$R$27)","v":-57588.249239957542},{"$f":"Inputs!$R$34*E3748*Inputs!$R$39","v":0},{"$f":"params!$C$16*Inputs!$R$30*(G3748-Inputs!$R$27)","v":-9017.9735947547179},{"$f":"Inputs!$R$41*Inputs!$R$42/8760","v":0},{"$f":"-Inputs!$R$45*Inputs!$R$34","v":-90000},1308.7561751391206,8.138879592783612E-3,7.0808252457217422E-3,{"$f":"-N3748/(1.202*2465560*MAX(0,(Inputs!$R$49-Q3748)))","v":7.7520701783182577},{"$f":"params!$C$16*R3748*(G3748-Inputs!$R$27)","v":-94622.467293298309},-251228.69012801055,{"$f":"E3748*params!$C$8","v":0}]
["2000-06-06",6,6,"05:00:00",0,10,11,9,87,{"$f":"Inputs!$R$38*Inputs!$R$33*(G3750-Inputs!$R$27)","v":-57588.249239957542},{"$f":"Inputs!$R$34*E3750*Inputs!$R$39","v":0},{"$f":"params!$C$16*Inputs!$R$30*(G3750-Inputs!$R$27)","v":-9017.9735947547179},{"$f":"Inputs!$R$41*Inputs!$R$42/8760","v":0},{"$f":"-Inputs!$R$45*Inputs!$R$34","v":-90000},1308.7561751391206,8.138879592783612E-3,7.0808252457217422E-3,{"$f":"-N3750/(1.202*2465560*MAX(0,(Inputs!$R$49-Q3750)))","v":7.7520701783182577},{"$f":"params!$C$16*R3750*(G3750-Inputs!$R$27)","v":-94622.467293298309},-251228.69012801055,{"$f":"E3750*params!$C$8","v":0}]
["2000-06-06",6,6,"10:00:00",207,10,11,10,94,{"$f":"Inputs!$R$38*Inputs!$R$33*(G3755-Inputs!$R$27)","v":-57588.249239957542},{"$f":"Inputs!$R$34*E3755*Inputs!$R$39","v":121154.97171099694},{"$f":"params!$C$16*Inputs!$R$30*(G3755-Inputs!$R$27)","v":-9017.9735947547179},{"$f":"Inputs!$R$41*Inputs!$R$42/8760","v":0},{"$f":"-Inputs!$R$45*Inputs!$R$34","v":-90000},1308.7561751391206,8.138879592783612E-3,7.6505468172165959E-3,{"$f":"-N3755/(1.202*2465560*MAX(0,(Inputs!$R$49-Q3755)))","v":9.071324750246017},{"$f":"params!$C$16*R3755*(G3755-Inputs!$R$27)","v":-110725.40750311586},-146176.65862683119,{"$f":"E3755*params!$C$8","v":428.8005}]
["2000-06-06",6,6,"14:00:00",194,10,12,10,88,{"$f":"Inputs!$R$38*Inputs!$R$33*(G3759-Inputs!$R$27)","v":-51892.708106335369},{"$f":"Inputs!$R$34*E3759*Inputs!$R$39","v":113546.20537165899},{"$f":"params!$C$16*Inputs!$R$30*(G3759-Inputs!$R$27)","v":-8126.0860963723835},{"$f":"Inputs!$R$41*Inputs!$R$42/8760","v":0},{"$f":"-Inputs!$R$45*Inputs!$R$34","v":-90000},1398.3079270856979,8.70357605607666E-3,7.6591469293474613E-3,{"$f":"-N3759/(1.202*2465560*MAX(0,(Inputs!$R$49-Q3759)))","v":9.094688372995849},{"$f":"params!$C$16*R3759*(G3759-Inputs!$R$27)","v":-100031.51704428655},-136504.10587533531,{"$f":"E3759*params!$C$8","v":401.87099999999998}]
["2000-06-06",6,6,"17:00:00",88,10,11,9,87,{"$f":"Inputs!$R$38*Inputs!$R$33*(G3762-Inputs!$R$27)","v":-57588.249239957542},{"$f":"Inputs!$R$34*E3762*Inputs!$R$39","v":51505.495220133969},{"$f":"params!$C$16*Inputs!$R$30*(G3762-Inputs!$R$27)","v":-9017.9735947547179},{"$f":"Inputs!$R$41*Inputs!$R$42/8760","v":0},{"$f":"-Inputs!$R$45*Inputs!$R$34","v":-90000},1308.7561751391206,8.138879592783612E-3,7.0808252457217422E-3,{"$f":"-N3762/(1.202*2465560*MAX(0,(Inputs!$R$49-Q3762)))","v":7.7520701783182577},{"$f":"params!$C$16*R3762*(G3762-Inputs!$R$27)","v":-94622.467293298309},-199723.1949078766,{"$f":"E3762*params!$C$8","v":182.292}]
["2000-06-06",6,6,"18:00:00",129,10,11,9,87,{"$f":"Inputs!$R$38*Inputs!$R$33*(G3763-Inputs!$R$27)","v":-57588.249239957542},{"$f":"Inputs!$R$34*E3763*Inputs!$R$39","v":75502.373674969116},{"$f":"params!$C$16*Inputs!$R$30*(G3763-Inputs!$R$27)","v":-9017.9735947547179},{"$f":"Inputs!$R$41*Inputs!$R$42/8760","v":0},{"$f":"-Inputs!$R$45*Inputs!$R$34","v":-90000},1308.7561751391206,8.138879592783612E-3,7.0808252457217422E-3,{"$f":"-N3763/(1.202*2465560*MAX(0,(Inputs!$R$49-Q3763)))","v":7.7520701783182577},{"$f":"params!$C$16*R3763*(G3763-Inputs!$R$27)","v":-94622.467293298309},-175726.31645304145,{"$f":"E3763*params!$C$8","v":267.2235}]
["2000-06-06",6,6,"21:00:00",0,10,11,9,87,{"$f":"Inputs!$R$38*Inputs!$R$33*(G3766-Inputs!$R$27)","v":-57588.249239957542},{"$f":"Inputs!$R$34*E3766*Inputs!$R$39","v":0},{"$f":"params!$C$16*Inputs!$R$30*(G3766-Inputs!$R$27)","v":-9017.9735947547179},{"$f":"Inputs!$R$41*Inputs!$R$42/8760","v":0},{"$f":"-Inputs!$R$45*Inputs!$R$34","v":-90000},1308.7561751391206,8.138879592783612E-3,7.0808252457217422E-3,{"$f":"-N3766/(1.202*2465560*MAX(0,(Inputs!$R$49-Q3766)))","v":7.7520701783182577},{"$f":"params!$C$16*R3766*(G3766-Inputs!$R$27)","v":-94622.467293298309},-251228.69012801055,{"$f":"E3766*params!$C$8","v":0}]
["2000-06-06",6,6,1,0,10,11,8,82,{"$f":"Inputs!$R$38*Inputs!$R$33*(G3769-Inputs!$R$27)","v":-57588.249239957542},{"$f":"Inputs!$R$34*E3769*Inputs!$R$39","v":0},{"$f":"params!$C$16*Inputs!$R$30*(G3769-Inputs!$R$27)","v":-9017.9735947547179},{"$f":"Inputs!$R$41*Inputs!$R$42/8760","v":0},{"$f":"-Inputs!$R$45*Inputs!$R$34","v":-90000},1308.7561751391206,8.138879592783612E-3,6.6738812660825618E-3,{"$f":"-N3769/(1.202*2465560*MAX(0,(Inputs!$R$49-Q3769)))","v":7.0225691905947585},{"$f":"params!$C$16*R3769*(G3769-Inputs!$R$27)","v":-85718.112486970887},-242324.33532168315,{"$f":"E3769*params!$C$8","v":0}]
["2000-06-07",6,7,"04:00:00",0,0,7,7,100,{"$f":"Inputs!$R$38*Inputs!$R$33*(G3773-Inputs!$R$27)","v":-80370.41377444625},{"$f":"Inputs!$R$34*E3773*Inputs!$R$39","v":0},{"$f":"params!$C$16*Inputs!$R$30*(G3773-Inputs!$R$27)","v":-12585.523588284057},{"$f":"Inputs!$R$41*Inputs!$R$42/8760","v":0},{"$f":"-Inputs!$R$45*Inputs!$R$34","v":-90000},998.98316002102877,6.193284308903993E-3,6.1932843089039921E-3,{"$f":"-N3773/(1.202*2465560*MAX(0,(Inputs!$R$49-Q3773)))","v":6.3201709676929854},{"$f":"params!$C$16*R3773*(G3773-Inputs!$R$27)","v":-107663.31001974228},-290619.24738247256,{"$f":"E3773*params!$C$8","v":0}]
["2000-06-07",6,7,"06:00:00",103,0,9,8,93,{"$f":"Inputs!$R$38*Inputs!$R$33*(G3775-Inputs!$R$27)","v":-68979.331507201889},{"$f":"Inputs!$R$34*E3775*Inputs!$R$39","v":60284.840996293162},{"$f":"params!$C$16*Inputs!$R$30*(G3775-Inputs!$R$27)","v":-10801.748591519388},{"$f":"Inputs!$R$41*Inputs!$R$42/8760","v":0},{"$f":"-Inputs!$R$45*Inputs!$R$34","v":-90000},1144.6654335441779,7.1067740933079149E-3,6.6092999067763614E-3,{"$f":"-N3775/(1.202*2465560*MAX(0,(Inputs!$R$49-Q3775)))","v":6.9192362234165143},{"$f":"params!$C$16*R3775*(G3775-Inputs!$R$27)","v":-101162.56578462814},-210658.80488705623,{"$f":"E3775*params!$C$8","v":213.36449999999999}]
["2000-06-07",6,7,"11:00:00",875,3,21,9,46,{"$f":"Inputs!$R$38*Inputs!$R$33*(G3780-Inputs!$R$27)","v":-632.83790373579495},{"$f":"Inputs!$R$34*E3780*Inputs!$R$39","v":512128.50360928662},{"$f":"params!$C$16*Inputs!$R$30*(G3780-Inputs!$R$27)","v":-99.098610931370175},{"$f":"Inputs!$R$41*Inputs!$R$42/8760","v":0},{"$f":"-Inputs!$R$45*Inputs!$R$34","v":-90000},2479.5289798458998,1.5602307510579843E-2,7.1770614548667278E-3,{"$f":"-N3780/(1.202*2465560*MAX(0,(Inputs!$R$49-Q3780)))","v":7.9473033120123207},{"$f":"params!$C$16*R3780*(G3780-Inputs!$R$27)","v":-1065.9945112043631},420330.57258341508,{"$f":"E3780*params!$C$8","v":1812.5625}]
["2000-06-07",6,7,"15:00:00",561,4,22,9,43,{"$f":"Inputs!$R$38*Inputs!$R$33*(G3784-Inputs!$R$27)","v":5062.7032298863796},{"$f":"Inputs!$R$34*E3784*Inputs!$R$39","v":328347.53202835401},{"$f":"params!$C$16*Inputs!$R$30*(G3784-Inputs!$R$27)","v":792.78888745096458},{"$f":"Inputs!$R$41*Inputs!$R$42/8760","v":0},{"$f":"-Inputs!$R$45*Inputs!$R$34","v":-90000},2636.0296246790026,1.6613383438113645E-2,7.1437548783888673E-3,{"$f":"-N3784/(1.202*2465560*MAX(0,(Inputs!$R$49-Q3784)))","v":7.8786315630305408},{"$f":"params!$C$16*R3784*(G3784-Inputs!$R$27)","v":8454.2669856806606},252657.29113137198,{"$f":"E3784*params!$C$8","v":1162.1115}]
["2000-06-07",6,7,"18:00:00",273,2,21,11,53,{"$f":"Inputs!$R$38*Inputs!$R$33*(G3787-Inputs!$R$27)","v":-632.83790373579495},{"$f":"Inputs!$R$34*E3787*Inputs!$R$39","v":159784.0931260974},{"$f":"params!$C$16*Inputs!$R$30*(G3787-Inputs!$R$27)","v":-99.098610931370175},{"$f":"Inputs!$R$41*Inputs!$R$42/8760","v":0},{"$f":"-Inputs!$R$45*Inputs!$R$34","v":-90000},2479.5289798458998,1.5602307510579843E-2,8.2692229806073173E-3,{"$f":"-N3787/(1.202*2465560*MAX(0,(Inputs!$R$49-Q3787)))","v":11.127785227517384},{"$f":"params!$C$16*R3787*(G3787-Inputs!$R$27)","v":-1492.6016421777833},67559.554969252466,{"$f":"E3787*params!$C$8","v":565.51949999999999}]
["2000-06-07",6,7,"19:00:00",70,3,19,11,60,{"$f":"Inputs!$R$38*Inputs!$R$33*(G3788-Inputs!$R$27)","v":-12023.920170980145},{"$f":"Inputs!$R$34*E3788*Inputs!$R$39","v":40970.280288742928},{"$f":"params!$C$16*Inputs!$R$30*(G3788-Inputs!$R$27)","v":-1882.8736076960397},{"$f":"Inputs!$R$41*Inputs!$R$42/8760","v":0},{"$f":"-Inputs!$R$45*Inputs!$R$34","v":-90000},2190.7229749852513,1.3744851093608144E-2,8.246910656164886E-3,{"$f":"-N3788/(1.202*2465560*MAX(0,(Inputs!$R$49-Q3788)))","v":11.037544301153876},{"$f":"params!$C$16*R3788*(G3788-Inputs!$R$27)","v":-28129.450006519361},-91065.963496452619,{"$f":"E3788*params!$C$8","v":145.005}]
["2000-06-07",6,7,"22:00:00",0,9,13,11,88,{"$f":"Inputs!$R$38*Inputs!$R$33*(G3791-Inputs!$R$27)","v":-46197.166972713196},{"$f":"Inputs!$R$34*E3791*Inputs!$R$39","v":0},{"$f":"params!$C$16*Inputs!$R$30*(G3791-Inputs!$R$27)","v":-7234.1985979900483},{"$f":"Inputs!$R$41*Inputs!$R$42/8760","v":0},{"$f":"-Inputs!$R$45*Inputs!$R$34","v":-90000},1493.2057396927576,9.303089390063848E-3,8.1867186632561869E-3,{"$f":"-N3791/(1.202*2465560*MAX(0,(Inputs!$R$49-Q3791)))","v":10.801244948790535},{"$f":"params!$C$16*R3791*(G3791-Inputs!$R$27)","v":-105762.5358641116},-249193.90143481485,{"$f":"E3791*params!$C$8","v":0}]
["2000-06-08",6,8,"01:00:00",0,8,12,12,100,{"$f":"Inputs!$R$38*Inputs!$R$33*(G3794-Inputs!$R$27)","v":-51892.708106335369},{"$f":"Inputs!$R$34*E3794*Inputs!$R$39","v":0},{"$f":"params!$C$16*Inputs!$R$30*(G3794-Inputs!$R$27)","v":-8126.0860963723835},{"$f":"Inputs!$R$41*Inputs!$R$42/8760","v":0},{"$f":"-Inputs!$R$45*Inputs!$R$34","v":-90000},1398.3079270856979,8.70357605607666E-3,8.70357605607666E-3,{"$f":"-N3794/(1.202*2465560*MAX(0,(Inputs!$R$49-Q3794)))","v":13.23410177672821},{"$f":"params!$C$16*R3794*(G3794-Inputs!$R$27)","v":-145560.48796299036},-295579.28216569813,{"$f":"E3794*params!$C$8","v":0}]
["2000-06-08",6,8,"07:00:00",125,8,13,12,94,{"$f":"Inputs!$R$38*Inputs!$R$33*(G3800-Inputs!$R$27)","v":-46197.166972713196},{"$f":"Inputs!$R$34*E3800*Inputs!$R$39","v":73161.214801326656},{"$f":"params!$C$16*Inputs!$R$30*(G3800-Inputs!$R$27)","v":-7234.1985979900483},{"$f":"Inputs!$R$41*Inputs!$R$42/8760","v":0},{"$f":"-Inputs!$R$45*Inputs!$R$34","v":-90000},1493.2057396927576,9.303089390063848E-3,8.7449040266600175E-3,{"$f":"-N3800/(1.202*2465560*MAX(0,(Inputs!$R$49-Q3800)))","v":13.476820641601849},{"$f":"params!$C$16*R3800*(G3800-Inputs!$R$27)","v":-131960.9668329221},-202231.11760229868,{"$f":"E3800*params!$C$8","v":258.9375}]
["2000-06-08",6,8,"09:00:00",226,9,18,13,73,{"$f":"Inputs!$R$38*Inputs!$R$33*(G3802-Inputs!$R$27)","v":-17719.461304602319},{"$f":"Inputs!$R$34*E3802*Inputs!$R$39","v":132275.47636079861},{"$f":"params!$C$16*Inputs!$R$30*(G3802-Inputs!$R$27)","v":-2774.7611060783747},{"$f":"Inputs!$R$41*Inputs!$R$42/8760","v":0},{"$f":"-Inputs!$R$45*Inputs!$R$34","v":-90000},2057.7011249857014,1.2892956292988709E-2,9.4118580938817569E-3,{"$f":"-N3802/(1.202*2465560*MAX(0,(Inputs!$R$49-Q3802)))","v":19.142640292746528},{"$f":"params!$C$16*R3802*(G3802-Inputs!$R$27)","v":-71894.397768001043},-50113.14381788313,{"$f":"E3802*params!$C$8","v":468.15899999999999}]
["2000-06-08",6,8,"13:00:00",789,5,23,12,50,{"$f":"Inputs!$R$38*Inputs!$R$33*(G3806-Inputs!$R$27)","v":10758.244363508555},{"$f":"Inputs!$R$34*E3806*Inputs!$R$39","v":461793.58782597387},{"$f":"params!$C$16*Inputs!$R$30*(G3806-Inputs!$R$27)","v":1684.6763858332995},{"$f":"Inputs!$R$41*Inputs!$R$42/8760","v":0},{"$f":"-Inputs!$R$45*Inputs!$R$34","v":-90000},2801.0950714195728,1.768327304712981E-2,8.8416365235649049E-3,{"$f":"-N3806/(1.202*2465560*MAX(0,(Inputs!$R$49-Q3806)))","v":14.081298046066852},{"$f":"params!$C$16*R3806*(G3806-Inputs!$R$27)","v":32109.000909261526},416345.50948457723,{"$f":"E3806*params!$C$8","v":1634.4134999999999}]
["2000-06-08",6,8,"16:00:00",487,7,24,12,47,{"$f":"Inputs!$R$38*Inputs!$R$33*(G3809-Inputs!$R$27)","v":16453.785497130732},{"$f":"Inputs!$R$34*E3809*Inputs!$R$39","v":285036.09286596865},{"$f":"params!$C$16*Inputs!$R$30*(G3809-Inputs!$R$27)","v":2576.5638842156341},{"$f":"Inputs!$R$41*Inputs!$R$42/8760","v":0},{"$f":"-Inputs!$R$45*Inputs!$R$34","v":-90000},2975.1171299801654,1.8815104792251288E-2,8.843099252358105E-3,{"$f":"-N3809/(1.202*2465560*MAX(0,(Inputs!$R$49-Q3809)))","v":14.090855041584716},{"$f":"params!$C$16*R3809*(G3809-Inputs!$R$27)","v":49141.213328909682},263207.65557622467,{"$f":"E3809*params!$C$8","v":1008.8204999999999}]
["2000-06-08",6,8,"19:00:00",40,9,21,13,60,{"$f":"Inputs!$R$38*Inputs!$R$33*(G3812-Inputs!$R$27)","v":-632.83790373579495},{"$f":"Inputs!$R$34*E3812*Inputs!$R$39","v":23411.588736424532},{"$f":"params!$C$16*Inputs!$R$30*(G3812-Inputs!$R$27)","v":-99.098610931370175},{"$f":"Inputs!$R$41*Inputs!$R$42/8760","v":0},{"$f":"-Inputs!$R$45*Inputs!$R$34","v":-90000},2479.5289798458998,1.5602307510579843E-2,9.3613845063479067E-3,{"$f":"-N3812/(1.202*2465560*MAX(0,(Inputs!$R$49-Q3812)))","v":18.552380514782737},{"$f":"params!$C$16*R3812*(G3812-Inputs!$R$27)","v":-2488.4838318226393},-69808.831610065274,{"$f":"E3812*params!$C$8","v":82.86}]
["2000-06-08",6,8,"20:00:00",3,5,18.600000000000001,12.9,69,{"$f":"Inputs!$R$38*Inputs!$R$33*(G3813-Inputs!$R$27)","v":-14302.136624429007},{"$f":"Inputs!$R$34*E3813*Inputs!$R$39","v":1755.8691552318398},{"$f":"params!$C$16*Inputs!$R$30*(G3813-Inputs!$R$27)","v":-2239.6286070489723},{"$f":"Inputs!$R$41*Inputs!$R$42/8760","v":0},{"$f":"-Inputs!$R$45*Inputs!$R$34","v":-90000},2136.6370783828165,1.3398200059645433E-2,9.2447580411553487E-3,{"$f":"-N3813/(1.202*2465560*MAX(0,(Inputs!$R$49-Q3813)))","v":17.318469611336415},{"$f":"params!$C$16*R3813*(G3813-Inputs!$R$27)","v":-52499.253873628011},-157285.14994987415,{"$f":"E3813*params!$C$8","v":6.2144999999999992}]
["2000-06-08",6,8,"23:00:00",0,2,16,13,82,{"$f":"Inputs!$R$38*Inputs!$R$33*(G3816-Inputs!$R$27)","v":-29110.543571846669},{"$f":"Inputs!$R$34*E3816*Inputs!$R$39","v":0},{"$f":"params!$C$16*Inputs!$R$30*(G3816-Inputs!$R$27)","v":-4558.5361028430443},{"$f":"Inputs!$R$41*Inputs!$R$42/8760","v":0},{"$f":"-Inputs!$R$45*Inputs!$R$34","v":-90000},1812.7242941450775,1.1330041931761578E-2,9.2906343840444931E-3,{"$f":"-N3816/(1.202*2465560*MAX(0,(Inputs!$R$49-Q3816)))","v":17.783732874318559},{"$f":"params!$C$16*R3816*(G3816-Inputs!$R$27)","v":-109727.61462222485},-233396.69429691456,{"$f":"E3816*params!$C$8","v":0}]
["2000-06-09",6,9,"02:00:00",0,2,13,12,94,{"$f":"Inputs!$R$38*Inputs!$R$33*(G3819-Inputs!$R$27)","v":-46197.166972713196},{"$f":"Inputs!$R$34*E3819*Inputs!$R$39","v":0},{"$f":"params!$C$16*Inputs!$R$30*(G3819-Inputs!$R$27)","v":-7234.1985979900483},{"$f":"Inputs!$R$41*Inputs!$R$42/8760","v":0},{"$f":"-Inputs!$R$45*Inputs!$R$34","v":-90000},1493.2057396927576,9.303089390063848E-3,8.7449040266600175E-3,{"$f":"-N3819/(1.202*2465560*MAX(0,(Inputs!$R$49-Q3819)))","v":13.476820641601849},{"$f":"params!$C$16*R3819*(G3819-Inputs!$R$27)","v":-131960.9668329221},-275392.33240362536,{"$f":"E3819*params!$C$8","v":0}]
["2000-06-09",6,9,"08:00:00",410,7,22,16,69,{"$f":"Inputs!$R$38*Inputs!$R$33*(G3825-Inputs!$R$27)","v":5062.7032298863796},{"$f":"Inputs!$R$34*E3825*Inputs!$R$39","v":239968.78454835145},{"$f":"params!$C$16*Inputs!$R$30*(G3825-Inputs!$R$27)","v":792.78888745096458},{"$f":"Inputs!$R$41*Inputs!$R$42/8760","v":0},{"$f":"-Inputs!$R$45*Inputs!$R$34","v":-90000},2636.0296246790026,1.6613383438113645E-2,1.1463234572298414E-2,{"$f":"-N3825/(1.202*2465560*MAX(0,(Inputs!$R$49-Q3825)))","v":{"$error":"#DIV/0!"}},{"$f":"params!$C$16*R3825*(G3825-Inputs!$R$27)","v":{"$error":"#DIV/0!"}},{"$error":"#DIV/0!"},{"$f":"E3825*params!$C$8","v":849.31499999999994}]
["2000-06-09",6,9,"10:00:00",490,8,23,17,69,{"$f":"Inputs!$R$38*Inputs!$R$33*(G3827-Inputs!$R$27)","v":10758.244363508555},{"$f":"Inputs!$R$34*E3827*Inputs!$R$39","v":286791.96202120051},{"$f":"params!$C$16*Inputs!$R$30*(G3827-Inputs!$R$27)","v":1684.6763858332995},{"$f":"Inputs!$R$41*Inputs!$R$42/8760","v":0},{"$f":"-Inputs!$R$45*Inputs!$R$34","v":-90000},2801.0950714195728,1.768327304712981E-2,1.220145840251957E-2,{"$f":"-N3827/(1.202*2465560*MAX(0,(Inputs!$R$49-Q3827)))","v":{"$error":"#DIV/0!"}},{"$f":"params!$C$16*R3827*(G3827-Inputs!$R$27)","v":{"$error":"#DIV/0!"}},{"$error":"#DIV/0!"},{"$f":"E3827*params!$C$8","v":1015.035}]
["2000-06-09",6,9,"14:00:00",147,8,19,18,94,{"$f":"Inputs!$R$38*Inputs!$R$33*(G3831-Inputs!$R$27)","v":-12023.920170980145},{"$f":"Inputs!$R$34*E3831*Inputs!$R$39","v":86037.58860636015},{"$f":"params!$C$16*Inputs!$R$30*(G3831-Inputs!$R$27)","v":-1882.8736076960397},{"$f":"Inputs!$R$41*Inputs!$R$42/8760","v":0},{"$f":"-Inputs!$R$45*Inputs!$R$34","v":-90000},2190.7229749852513,1.3744851093608144E-2,1.2920160027991656E-2,{"$f":"-N3831/(1.202*2465560*MAX(0,(Inputs!$R$49-Q3831)))","v":{"$error":"#DIV/0!"}},{"$f":"params!$C$16*R3831*(G3831-Inputs!$R$27)","v":{"$error":"#DIV/0!"}},{"$error":"#DIV/0!"},{"$f":"E3831*params!$C$8","v":304.51049999999998}]
["2000-06-09",6,9,"17:00:00",471,1,27,20,66,{"$f":"Inputs!$R$38*Inputs!$R$33*(G3834-Inputs!$R$27)","v":33540.408897997258},{"$f":"Inputs!$R$34*E3834*Inputs!$R$39","v":275671.45737139881},{"$f":"params!$C$16*Inputs!$R$30*(G3834-Inputs!$R$27)","v":5252.2263793626389},{"$f":"Inputs!$R$41*Inputs!$R$42/8760","v":0},{"$f":"-Inputs!$R$45*Inputs!$R$34","v":-90000},3555.0534347297348,2.2616071840205452E-2,1.4926607414535598E-2,{"$f":"-N3834/(1.202*2465560*MAX(0,(Inputs!$R$49-Q3834)))","v":{"$error":"#DIV/0!"}},{"$f":"params!$C$16*R3834*(G3834-Inputs!$R$27)","v":{"$error":"#DIV/0!"}},{"$error":"#DIV/0!"},{"$f":"E3834*params!$C$8","v":975.67649999999992}]
["2000-06-09",6,9,"20:00:00",6,0,19,19,100,{"$f":"Inputs!$R$38*Inputs!$R$33*(G3837-Inputs!$R$27)","v":-12023.920170980145},{"$f":"Inputs!$R$34*E3837*Inputs!$R$39","v":3511.7383104636797},{"$f":"params!$C$16*Inputs!$R$30*(G3837-Inputs!$R$27)","v":-1882.8736076960397},{"$f":"Inputs!$R$41*Inputs!$R$42/8760","v":0},{"$f":"-Inputs!$R$45*Inputs!$R$34","v":-90000},2190.7229749852513,1.3744851093608144E-2,1.3744851093608144E-2,{"$f":"-N3837/(1.202*2465560*MAX(0,(Inputs!$R$49-Q3837)))","v":{"$error":"#DIV/0!"}},{"$f":"params!$C$16*R3837*(G3837-Inputs!$R$27)","v":{"$error":"#DIV/0!"}},{"$error":"#DIV/0!"},{"$f":"E3837*params!$C$8","v":12.428999999999998}]
["2000-06-09",6,9,"21:00:00",0,0,19,18,94,{"$f":"Inputs!$R$38*Inputs!$R$33*(G3838-Inputs!$R$27)","v":-12023.920170980145},{"$f":"Inputs!$R$34*E3838*Inputs!$R$39","v":0},{"$f":"params!$C$16*Inputs!$R$30*(G3838-Inputs!$R$27)","v":-1882.8736076960397},{"$f":"Inputs!$R$41*Inputs!$R$42/8760","v":0},{"$f":"-Inputs!$R$45*Inputs!$R$34","v":-90000},2190.7229749852513,1.3744851093608144E-2,1.2920160027991656E-2,{"$f":"-N3838/(1.202*2465560*MAX(0,(Inputs!$R$49-Q3838)))","v":{"$error":"#DIV/0!"}},{"$f":"params!$C$16*R3838*(G3838-Inputs!$R$27)","v":{"$error":"#DIV/0!"}},{"$error":"#DIV/0!"},{"$f":"E3838*params!$C$8","v":0}]
["2000-06-09",6,9,1,0,3,15,15,100,{"$f":"Inputs!$R$38*Inputs!$R$33*(G3841-Inputs!$R$27)","v":-34806.084705468842},{"$f":"Inputs!$R$34*E3841*Inputs!$R$39","v":0},{"$f":"params!$C$16*Inputs!$R$30*(G3841-Inputs!$R$27)","v":-5450.4236012253787},{"$f":"Inputs!$R$41*Inputs!$R$42/8760","v":0},{"$f":"-Inputs!$R$45*Inputs!$R$34","v":-90000},1700.1281023555496,1.0614273895273205E-2,1.0614273895273205E-2,{"$f":"-N3841/(1.202*2465560*MAX(0,(Inputs!$R$49-Q3841)))","v":79.081767479749018},{"$f":"params!$C$16*R3841*(G3841-Inputs!$R$27)","v":-583410.49432809127},-713667.00263478549,{"$f":"E3841*params!$C$8","v":0}]
["2000-06-10",6,10,"03:00:00",0,10,12,12,100,{"$f":"Inputs!$R$38*Inputs!$R$33*(G3844-Inputs!$R$27)","v":-51892.708106335369},{"$f":"Inputs!$R$34*E3844*Inputs!$R$39","v":0},{"$f":"params!$C$16*Inputs!$R$30*(G3844-Inputs!$R$27)","v":-8126.0860963723835},{"$f":"Inputs!$R$41*Inputs!$R$42/8760","v":0},{"$f":"-Inputs!$R$45*Inputs!$R$34","v":-90000},1398.3079270856979,8.70357605607666E-3,8.70357605607666E-3,{"$f":"-N3844/(1.202*2465560*MAX(0,(Inputs!$R$49-Q3844)))","v":13.23410177672821},{"$f":"params!$C$16*R3844*(G3844-Inputs!$R$27)","v":-145560.48796299036},-295579.28216569813,{"$f":"E3844*params!$C$8","v":0}]
["2000-06-10",6,10,"09:00:00",619,0,26,19,65,{"$f":"Inputs!$R$38*Inputs!$R$33*(G3850-Inputs!$R$27)","v":27844.867764375082},{"$f":"Inputs!$R$34*E3850*Inputs!$R$39","v":362294.33569616958},{"$f":"params!$C$16*Inputs!$R$30*(G3850-Inputs!$R$27)","v":4360.3388809803037},{"$f":"Inputs!$R$41*Inputs!$R$42/8760","v":0},{"$f":"-Inputs!$R$45*Inputs!$R$34","v":-90000},3351.668772324198,2.1277942853302922E-2,1.3830662854646901E-2,{"$f":"-N3850/(1.202*2465560*MAX(0,(Inputs!$R$49-Q3850)))","v":{"$error":"#DIV/0!"}},{"$f":"params!$C$16*R3850*(G3850-Inputs!$R$27)","v":{"$error":"#DIV/0!"}},{"$error":"#DIV/0!"},{"$f":"E3850*params!$C$8","v":1282.2584999999999}]
["2000-06-10",6,10,"11:00:00",863,0,29,17,48,{"$f":"Inputs!$R$38*Inputs!$R$33*(G3852-Inputs!$R$27)","v":44931.491165241605},{"$f":"Inputs!$R$34*E3852*Inputs!$R$39","v":505105.02698835923},{"$f":"params!$C$16*Inputs!$R$30*(G3852-Inputs!$R$27)","v":7036.0013761273085},{"$f":"Inputs!$R$41*Inputs!$R$42/8760","v":0},{"$f":"-Inputs!$R$45*Inputs!$R$34","v":-90000},3994.2904004730208,2.5525024460504739E-2,1.2252011741042275E-2,{"$f":"-N3852/(1.202*2465560*MAX(0,(Inputs!$R$49-Q3852)))","v":{"$error":"#DIV/0!"}},{"$f":"params!$C$16*R3852*(G3852-Inputs!$R$27)","v":{"$error":"#DIV/0!"}},{"$error":"#DIV/0!"},{"$f":"E3852*params!$C$8","v":1787.7044999999998}]
["2000-06-10",6,10,"15:00:00",793,0,32,16,38,{"$f":"Inputs!$R$38*Inputs!$R$33*(G3856-Inputs!$R$27)","v":62018.114566108132},{"$f":"Inputs!$R$34*E3856*Inputs!$R$39","v":464134.74669961631},{"$f":"params!$C$16*Inputs!$R$30*(G3856-Inputs!$R$27)","v":9711.6638712743134},{"$f":"Inputs!$R$41*Inputs!$R$42/8760","v":0},{"$f":"-Inputs!$R$45*Inputs!$R$34","v":-90000},4741.5323591331353,3.0534607720853601E-2,1.1603150933924368E-2,{"$f":"-N3856/(1.202*2465560*MAX(0,(Inputs!$R$49-Q3856)))","v":{"$error":"#DIV/0!"}},{"$f":"params!$C$16*R3856*(G3856-Inputs!$R$27)","v":{"$error":"#DIV/0!"}},{"$error":"#DIV/0!"},{"$f":"E3856*params!$C$8","v":1642.6994999999999}]
["2000-06-10",6,10,"18:00:00",294,0,30,17,46,{"$f":"Inputs!$R$38*Inputs!$R$33*(G3859-Inputs!$R$27)","v":50627.032298863778},{"$f":"Inputs!$R$34*E3859*Inputs!$R$39","v":172075.1772127203},{"$f":"params!$C$16*Inputs!$R$30*(G3859-Inputs!$R$27)","v":7927.8888745096428},{"$f":"Inputs!$R$41*Inputs!$R$42/8760","v":0},{"$f":"-Inputs!$R$45*Inputs!$R$34","v":-90000},4231.0890272287934,2.710419970510591E-2,1.2467931864348717E-2,{"$f":"-N3859/(1.202*2465560*MAX(0,(Inputs!$R$49-Q3859)))","v":{"$error":"#DIV/0!"}},{"$f":"params!$C$16*R3859*(G3859-Inputs!$R$27)","v":{"$error":"#DIV/0!"}},{"$error":"#DIV/0!"},{"$f":"E3859*params!$C$8","v":609.02099999999996}]
["2000-06-10",6,10,"21:00:00",0,0,19,17,88,{"$f":"Inputs!$R$38*Inputs!$R$33*(G3862-Inputs!$R$27)","v":-12023.920170980145},{"$f":"Inputs!$R$34*E3862*Inputs!$R$39","v":0},{"$f":"params!$C$16*Inputs!$R$30*(G3862-Inputs!$R$27)","v":-1882.8736076960397},{"$f":"Inputs!$R$41*Inputs!$R$42/8760","v":0},{"$f":"-Inputs!$R$45*Inputs!$R$34","v":-90000},2190.7229749852513,1.3744851093608144E-2,1.2095468962375167E-2,{"$f":"-N3862/(1.202*2465560*MAX(0,(Inputs!$R$49-Q3862)))","v":{"$error":"#DIV/0!"}},{"$f":"params!$C$16*R3862*(G3862-Inputs!$R$27)","v":{"$error":"#DIV/0!"}},{"$error":"#DIV/0!"},{"$f":"E3862*params!$C$8","v":0}]
["2000-06-10",6,10,"22:00:00",0,0,18,17,94,{"$f":"Inputs!$R$38*Inputs!$R$33*(G3863-Inputs!$R$27)","v":-17719.461304602319},{"$f":"Inputs!$R$34*E3863*Inputs!$R$39","v":0},{"$f":"params!$C$16*Inputs!$R$30*(G3863-Inputs!$R$27)","v":-2774.7611060783747},{"$f":"Inputs!$R$41*Inputs!$R$42/8760","v":0},{"$f":"-Inputs!$R$45*Inputs!$R$34","v":-90000},2057.7011249857014,1.2892956292988709E-2,1.2119378915409387E-2,{"$f":"-N3863/(1.202*2465560*MAX(0,(Inputs!$R$49-Q3863)))","v":{"$error":"#DIV/0!"}},{"$f":"params!$C$16*R3863*(G3863-Inputs!$R$27)","v":{"$error":"#DIV/0!"}},{"$error":"#DIV/0!"},{"$f":"E3863*params!$C$8","v":0}]
["2000-06-11",6,11,"01:00:00",0,0,17,16,94,{"$f":"Inputs!$R$38*Inputs!$R$33*(G3866-Inputs!$R$27)","v":-23415.002438224496},{"$f":"Inputs!$R$34*E3866*Inputs!$R$39","v":0},{"$f":"params!$C$16*Inputs!$R$30*(G3866-Inputs!$R$27)","v":-3666.6486044607095},{"$f":"Inputs!$R$41*Inputs!$R$42/8760","v":0},{"$f":"-Inputs!$R$45*Inputs!$R$34","v":-90000},1931.8104441244629,1.2088830888770941E-2,1.1363501035444683E-2,{"$f":"-N3866/(1.202*2465560*MAX(0,(Inputs!$R$49-Q3866)))","v":{"$error":"#DIV/0!"}},{"$f":"params!$C$16*R3866*(G3866-Inputs!$R$27)","v":{"$error":"#DIV/0!"}},{"$error":"#DIV/0!"},{"$f":"E3866*params!$C$8","v":0}]
["2000-06-11",6,11,"06:00:00",41,5,21,18,83,{"$f":"Inputs!$R$38*Inputs!$R$33*(G3871-Inputs!$R$27)","v":-632.83790373579495},{"$f":"Inputs!$R$34*E3871*Inputs!$R$39","v":23996.878454835143},{"$f":"params!$C$16*Inputs!$R$30*(G3871-Inputs!$R$27)","v":-99.098610931370175},{"$f":"Inputs!$R$41*Inputs!$R$42/8760","v":0},{"$f":"-Inputs!$R$45*Inputs!$R$34","v":-90000},2479.5289798458998,1.5602307510579843E-2,1.2949915233781271E-2,{"$f":"-N3871/(1.202*2465560*MAX(0,(Inputs!$R$49-Q3871)))","v":{"$error":"#DIV/0!"}},{"$f":"params!$C$16*R3871*(G3871-Inputs!$R$27)","v":{"$error":"#DIV/0!"}},{"$error":"#DIV/0!"},{"$f":"E3871*params!$C$8","v":84.9315}]
["2000-06-11",6,11,"09:00:00",445,2,27,20,66,{"$f":"Inputs!$R$38*Inputs!$R$33*(G3874-Inputs!$R$27)","v":33540.408897997258},{"$f":"Inputs!$R$34*E3874*Inputs!$R$39","v":260453.92469272288},{"$f":"params!$C$16*Inputs!$R$30*(G3874-Inputs!$R$27)","v":5252.2263793626389},{"$f":"Inputs!$R$41*Inputs!$R$42/8760","v":0},{"$f":"-Inputs!$R$45*Inputs!$R$34","v":-90000},3555.0534347297348,2.2616071840205452E-2,1.4926607414535598E-2,{"$f":"-N3874/(1.202*2465560*MAX(0,(Inputs!$R$49-Q3874)))","v":{"$error":"#DIV/0!"}},{"$f":"params!$C$16*R3874*(G3874-Inputs!$R$27)","v":{"$error":"#DIV/0!"}},{"$error":"#DIV/0!"},{"$f":"E3874*params!$C$8","v":921.8175}]
["2000-06-11",6,11,"12:00:00",352,9,27,21,70,{"$f":"Inputs!$R$38*Inputs!$R$33*(G3877-Inputs!$R$27)","v":33540.408897997258},{"$f":"Inputs!$R$34*E3877*Inputs!$R$39","v":206021.98088053588},{"$f":"params!$C$16*Inputs!$R$30*(G3877-Inputs!$R$27)","v":5252.2263793626389},{"$f":"Inputs!$R$41*Inputs!$R$42/8760","v":0},{"$f":"-Inputs!$R$45*Inputs!$R$34","v":-90000},3555.0534347297348,2.2616071840205452E-2,1.5831250288143816E-2,{"$f":"-N3877/(1.202*2465560*MAX(0,(Inputs!$R$49-Q3877)))","v":{"$error":"#DIV/0!"}},{"$f":"params!$C$16*R3877*(G3877-Inputs!$R$27)","v":{"$error":"#DIV/0!"}},{"$error":"#DIV/0!"},{"$f":"E3877*params!$C$8","v":729.16800000000001}]
["2000-06-11",6,11,"16:00:00",215,8,22,21,94,{"$f":"Inputs!$R$38*Inputs!$R$33*(G3881-Inputs!$R$27)","v":5062.7032298863796},{"$f":"Inputs!$R$34*E3881*Inputs!$R$39","v":125837.28945828184},{"$f":"params!$C$16*Inputs!$R$30*(G3881-Inputs!$R$27)","v":792.78888745096458},{"$f":"Inputs!$R$41*Inputs!$R$42/8760","v":0},{"$f":"-Inputs!$R$45*Inputs!$R$34","v":-90000},2636.0296246790026,1.6613383438113645E-2,1.5616580431826826E-2,{"$f":"-N3881/(1.202*2465560*MAX(0,(Inputs!$R$49-Q3881)))","v":{"$error":"#DIV/0!"}},{"$f":"params!$C$16*R3881*(G3881-Inputs!$R$27)","v":{"$error":"#DIV/0!"}},{"$error":"#DIV/0!"},{"$f":"E3881*params!$C$8","v":445.3725}]
["2000-06-11",6,11,"19:00:00",44,10,23,22,94,{"$f":"Inputs!$R$38*Inputs!$R$33*(G3884-Inputs!$R$27)","v":10758.244363508555},{"$f":"Inputs!$R$34*E3884*Inputs!$R$39","v":25752.747610066985},{"$f":"params!$C$16*Inputs!$R$30*(G3884-Inputs!$R$27)","v":1684.6763858332995},{"$f":"Inputs!$R$41*Inputs!$R$42/8760","v":0},{"$f":"-Inputs!$R$45*Inputs!$R$34","v":-90000},2801.0950714195728,1.768327304712981E-2,1.6622276664302021E-2,{"$f":"-N3884/(1.202*2465560*MAX(0,(Inputs!$R$49-Q3884)))","v":{"$error":"#DIV/0!"}},{"$f":"params!$C$16*R3884*(G3884-Inputs!$R$27)","v":{"$error":"#DIV/0!"}},{"$error":"#DIV/0!"},{"$f":"E3884*params!$C$8","v":91.146000000000001}]
["2000-06-11",6,11,"22:00:00",0,8,21,21,100,{"$f":"Inputs!$R$38*Inputs!$R$33*(G3887-Inputs!$R$27)","v":-632.83790373579495},{"$f":"Inputs!$R$34*E3887*Inputs!$R$39","v":0},{"$f":"params!$C$16*Inputs!$R$30*(G3887-Inputs!$R$27)","v":-99.098610931370175},{"$f":"Inputs!$R$41*Inputs!$R$42/8760","v":0},{"$f":"-Inputs!$R$45*Inputs!$R$34","v":-90000},2479.5289798458998,1.5602307510579843E-2,1.5602307510579843E-2,{"$f":"-N3887/(1.202*2465560*MAX(0,(Inputs!$R$49-Q3887)))","v":{"$error":"#DIV/0!"}},{"$f":"params!$C$16*R3887*(G3887-Inputs!$R$27)","v":{"$error":"#DIV/0!"}},{"$error":"#DIV/0!"},{"$f":"E3887*params!$C$8","v":0}]
["2000-06-11",6,11,"23:00:00",0,10,21,21,100,{"$f":"Inputs!$R$38*Inputs!$R$33*(G3888-Inputs!$R$27)","v":-632.83790373579495},{"$f":"Inputs!$R$34*E3888*Inputs!$R$39","v":0},{"$f":"params!$C$16*Inputs!$R$30*(G3888-Inputs!$R$27)","v":-99.098610931370175},{"$f":"Inputs!$R$41*Inputs!$R$42/8760","v":0},{"$f":"-Inputs!$R$45*Inputs!$R$34","v":-90000},2479.5289798458998,1.5602307510579843E-2,1.5602307510579843E-2,{"$f":"-N3888/(1.202*2465560*MAX(0,(Inputs!$R$49-Q3888)))","v":{"$error":"#DIV/0!"}},{"$f":"params!$C$16*R3888*(G3888-Inputs!$R$27)","v":{"$error":"#DIV/0!"}},{"$error":"#DIV/0!"},{"$f":"E3888*params!$C$8","v":0}]
["2000-06-12",6,12,"02:00:00",0,10,15,15,100,{"$f":"Inputs!$R$38*Inputs!$R$33*(G3891-Inputs!$R$27)","v":-34806.084705468842},{"$f":"Inputs!$R$34*E3891*Inputs!$R$39","v":0},{"$f":"params!$C$16*Inputs!$R$30*(G3891-Inputs!$R$27)","v":-5450.4236012253787},{"$f":"Inputs!$R$41*Inputs!$R$42/8760","v":0},{"$f":"-Inputs!$R$45*Inputs!$R$34","v":-90000},1700.1281023555496,1.0614273895273205E-2,1.0614273895273205E-2,{"$f":"-N3891/(1.202*2465560*MAX(0,(Inputs!$R$49-Q3891)))","v":79.081767479749018},{"$f":"params!$C$16*R3891*(G3891-Inputs!$R$27)","v":-583410.49432809127},-713667.00263478549,{"$f":"E3891*params!$C$8","v":0}]
["2000-06-12",6,12,"07:00:00",88,10,14,14,100,{"$f":"Inputs!$R$38*Inputs!$R$33*(G3896-Inputs!$R$27)","v":-40501.625839091022},{"$f":"Inputs!$R$34*E3896*Inputs!$R$39","v":51505.495220133969},{"$f":"params!$C$16*Inputs!$R$30*(G3896-Inputs!$R$27)","v":-6342.3110996077139},{"$f":"Inputs!$R$41*Inputs!$R$42/8760","v":0},{"$f":"-Inputs!$R$45*Inputs!$R$34","v":-90000},1593.7190459500907,9.939322574797271E-3,9.939322574797271E-3,{"$f":"-N3896/(1.202*2465560*MAX(0,(Inputs!$R$49-Q3896)))","v":28.677485971095059},{"$f":"params!$C$16*R3896*(G3896-Inputs!$R$27)","v":-246181.96288340315},-331520.40460196789,{"$f":"E3896*params!$C$8","v":182.292}]
["2000-06-12",6,12,"10:00:00",232,10,16,15,94,{"$f":"Inputs!$R$38*Inputs!$R$33*(G3899-Inputs!$R$27)","v":-29110.543571846669},{"$f":"Inputs!$R$34*E3899*Inputs!$R$39","v":135787.21467126228},{"$f":"params!$C$16*Inputs!$R$30*(G3899-Inputs!$R$27)","v":-4558.5361028430443},{"$f":"Inputs!$R$41*Inputs!$R$42/8760","v":0},{"$f":"-Inputs!$R$45*Inputs!$R$34","v":-90000},1812.7242941450775,1.1330041931761578E-2,1.0650239415855885E-2,{"$f":"-N3899/(1.202*2465560*MAX(0,(Inputs!$R$49-Q3899)))","v":87.25368614266047},{"$f":"params!$C$16*R3899*(G3899-Inputs!$R$27)","v":-538364.97180276457},-526246.83680619206,{"$f":"E3899*params!$C$8","v":480.58799999999997}]
["2000-06-12",6,12,"13:00:00",275,10,17,15,88,{"$f":"Inputs!$R$38*Inputs!$R$33*(G3902-Inputs!$R$27)","v":-23415.002438224496},{"$f":"Inputs!$R$34*E3902*Inputs!$R$39","v":160954.67256291863},{"$f":"params!$C$16*Inputs!$R$30*(G3902-Inputs!$R$27)","v":-3666.6486044607095},{"$f":"Inputs!$R$41*Inputs!$R$42/8760","v":0},{"$f":"-Inputs!$R$45*Inputs!$R$34","v":-90000},1931.8104441244629,1.2088830888770941E-2,1.0638171182118428E-2,{"$f":"-N3902/(1.202*2465560*MAX(0,(Inputs!$R$49-Q3902)))","v":84.329633135648947},{"$f":"params!$C$16*R3902*(G3902-Inputs!$R$27)","v":-418520.86593805236},-374647.84441781894,{"$f":"E3902*params!$C$8","v":569.66250000000002}]
["2000-06-12",6,12,"17:00:00",82,10,17,15,88,{"$f":"Inputs!$R$38*Inputs!$R$33*(G3906-Inputs!$R$27)","v":-23415.002438224496},{"$f":"Inputs!$R$34*E3906*Inputs!$R$39","v":47993.756909670286},{"$f":"params!$C$16*Inputs!$R$30*(G3906-Inputs!$R$27)","v":-3666.6486044607095},{"$f":"Inputs!$R$41*Inputs!$R$42/8760","v":0},{"$f":"-Inputs!$R$45*Inputs!$R$34","v":-90000},1931.8104441244629,1.2088830888770941E-2,1.0638171182118428E-2,{"$f":"-N3906/(1.202*2465560*MAX(0,(Inputs!$R$49-Q3906)))","v":84.329633135648947},{"$f":"params!$C$16*R3906*(G3906-Inputs!$R$27)","v":-418520.86593805236},-487608.76007106726,{"$f":"E3906*params!$C$8","v":169.863}]
["2000-06-12",6,12,"20:00:00",2,10,16,14,88,{"$f":"Inputs!$R$38*Inputs!$R$33*(G3909-Inputs!$R$27)","v":-29110.543571846669},{"$f":"Inputs!$R$34*E3909*Inputs!$R$39","v":1170.5794368212264},{"$f":"params!$C$16*Inputs!$R$30*(G3909-Inputs!$R$27)","v":-4558.5361028430443},{"$f":"Inputs!$R$41*Inputs!$R$42/8760","v":0},{"$f":"-Inputs!$R$45*Inputs!$R$34","v":-90000},1812.7242941450775,1.1330041931761578E-2,9.9704368999501899E-3,{"$f":"-N3909/(1.202*2465560*MAX(0,(Inputs!$R$49-Q3909)))","v":29.545589775199605},{"$f":"params!$C$16*R3909*(G3909-Inputs!$R$27)","v":-182299.58308253525},-304798.0833204037,{"$f":"E3909*params!$C$8","v":4.1429999999999998}]
["2000-06-12",6,12,"23:00:00",0,10,15,14,94,{"$f":"Inputs!$R$38*Inputs!$R$33*(G3912-Inputs!$R$27)","v":-34806.084705468842},{"$f":"Inputs!$R$34*E3912*Inputs!$R$39","v":0},{"$f":"params!$C$16*Inputs!$R$30*(G3912-Inputs!$R$27)","v":-5450.4236012253787},{"$f":"Inputs!$R$41*Inputs!$R$42/8760","v":0},{"$f":"-Inputs!$R$45*Inputs!$R$34","v":-90000},1700.1281023555496,1.0614273895273205E-2,9.9774174615568124E-3,{"$f":"-N3912/(1.202*2465560*MAX(0,(Inputs!$R$49-Q3912)))","v":29.747618332504732},{"$f":"params!$C$16*R3912*(G3912-Inputs!$R$27)","v":-219457.31955085855},-349713.82785755279,{"$f":"E3912*params!$C$8","v":0}]
["2000-06-12",6,12,1,0,10,15,14,94,{"$f":"Inputs!$R$38*Inputs!$R$33*(G3913-Inputs!$R$27)","v":-34806.084705468842},{"$f":"Inputs!$R$34*E3913*Inputs!$R$39","v":0},{"$f":"params!$C$16*Inputs!$R$30*(G3913-Inputs!$R$27)","v":-5450.4236012253787},{"$f":"Inputs!$R$41*Inputs!$R$42/8760","v":0},{"$f":"-Inputs!$R$45*Inputs!$R$34","v":-90000},1700.1281023555496,1.0614273895273205E-2,9.9774174615568124E-3,{"$f":"-N3913/(1.202*2465560*MAX(0,(Inputs!$R$49-Q3913)))","v":29.747618332504732},{"$f":"params!$C$16*R3913*(G3913-Inputs!$R$27)","v":-219457.31955085855},-349713.82785755279,{"$f":"E3913*params!$C$8","v":0}]
["2000-06-13",6,13,"03:00:00",0,10,15,14,94,{"$f":"Inputs!$R$38*Inputs!$R$33*(G3916-Inputs!$R$27)","v":-34806.084705468842},{"$f":"Inputs!$R$34*E3916*Inputs!$R$39","v":0},{"$f":"params!$C$16*Inputs!$R$30*(G3916-Inputs!$R$27)","v":-5450.4236012253787},{"$f":"Inputs!$R$41*Inputs!$R$42/8760","v":0},{"$f":"-Inputs!$R$45*Inputs!$R$34","v":-90000},1700.1281023555496,1.0614273895273205E-2,9.9774174615568124E-3,{"$f":"-N3916/(1.202*2465560*MAX(0,(Inputs!$R$49-Q3916)))","v":29.747618332504732},{"$f":"params!$C$16*R3916*(G3916-Inputs!$R$27)","v":-219457.31955085855},-349713.82785755279,{"$f":"E3916*params!$C$8","v":0}]
["2000-06-13",6,13,"08:00:00",101,10,17,16,94,{"$f":"Inputs!$R$38*Inputs!$R$33*(G3921-Inputs!$R$27)","v":-23415.002438224496},{"$f":"Inputs!$R$34*E3921*Inputs!$R$39","v":59114.261559471939},{"$f":"params!$C$16*Inputs!$R$30*(G3921-Inputs!$R$27)","v":-3666.6486044607095},{"$f":"Inputs!$R$41*Inputs!$R$42/8760","v":0},{"$f":"-Inputs!$R$45*Inputs!$R$34","v":-90000},1931.8104441244629,1.2088830888770941E-2,1.1363501035444683E-2,{"$f":"-N3921/(1.202*2465560*MAX(0,(Inputs!$R$49-Q3921)))","v":{"$error":"#DIV/0!"}},{"$f":"params!$C$16*R3921*(G3921-Inputs!$R$27)","v":{"$error":"#DIV/0!"}},{"$error":"#DIV/0!"},{"$f":"E3921*params!$C$8","v":209.22149999999999}]
["2000-06-13",6,13,"11:00:00",142,10,18,17,94,{"$f":"Inputs!$R$38*Inputs!$R$33*(G3924-Inputs!$R$27)","v":-17719.461304602319},{"$f":"Inputs!$R$34*E3924*Inputs!$R$39","v":83111.140014307079},{"$f":"params!$C$16*Inputs!$R$30*(G3924-Inputs!$R$27)","v":-2774.7611060783747},{"$f":"Inputs!$R$41*Inputs!$R$42/8760","v":0},{"$f":"-Inputs!$R$45*Inputs!$R$34","v":-90000},2057.7011249857014,1.2892956292988709E-2,1.2119378915409387E-2,{"$f":"-N3924/(1.202*2465560*MAX(0,(Inputs!$R$49-Q3924)))","v":{"$error":"#DIV/0!"}},{"$f":"params!$C$16*R3924*(G3924-Inputs!$R$27)","v":{"$error":"#DIV/0!"}},{"$error":"#DIV/0!"},{"$f":"E3924*params!$C$8","v":294.15299999999996}]
["2000-06-13",6,13,"14:00:00",294,10,20,18,88,{"$f":"Inputs!$R$38*Inputs!$R$33*(G3927-Inputs!$R$27)","v":-6328.3790373579704},{"$f":"Inputs!$R$34*E3927*Inputs!$R$39","v":172075.1772127203},{"$f":"params!$C$16*Inputs!$R$30*(G3927-Inputs!$R$27)","v":-990.98610931370501},{"$f":"Inputs!$R$41*Inputs!$R$42/8760","v":0},{"$f":"-Inputs!$R$45*Inputs!$R$34","v":-90000},2331.2150168593957,1.4647072201887702E-2,1.2889423537661178E-2,{"$f":"-N3927/(1.202*2465560*MAX(0,(Inputs!$R$49-Q3927)))","v":{"$error":"#DIV/0!"}},{"$f":"params!$C$16*R3927*(G3927-Inputs!$R$27)","v":{"$error":"#DIV/0!"}},{"$error":"#DIV/0!"},{"$f":"E3927*params!$C$8","v":609.02099999999996}]
["2000-06-13",6,13,"18:00:00",135,10,18,18,100,{"$f":"Inputs!$R$38*Inputs!$R$33*(G3931-Inputs!$R$27)","v":-17719.461304602319},{"$f":"Inputs!$R$34*E3931*Inputs!$R$39","v":79014.111985432784},{"$f":"params!$C$16*Inputs!$R$30*(G3931-Inputs!$R$27)","v":-2774.7611060783747},{"$f":"Inputs!$R$41*Inputs!$R$42/8760","v":0},{"$f":"-Inputs!$R$45*Inputs!$R$34","v":-90000},2057.7011249857014,1.2892956292988709E-2,1.2892956292988709E-2,{"$f":"-N3931/(1.202*2465560*MAX(0,(Inputs!$R$49-Q3931)))","v":{"$error":"#DIV/0!"}},{"$f":"params!$C$16*R3931*(G3931-Inputs!$R$27)","v":{"$error":"#DIV/0!"}},{"$error":"#DIV/0!"},{"$f":"E3931*params!$C$8","v":279.65249999999997}]
["2000-06-13",6,13,"21:00:00",0,10,17,17,100,{"$f":"Inputs!$R$38*Inputs!$R$33*(G3934-Inputs!$R$27)","v":-23415.002438224496},{"$f":"Inputs!$R$34*E3934*Inputs!$R$39","v":0},{"$f":"params!$C$16*Inputs!$R$30*(G3934-Inputs!$R$27)","v":-3666.6486044607095},{"$f":"Inputs!$R$41*Inputs!$R$42/8760","v":0},{"$f":"-Inputs!$R$45*Inputs!$R$34","v":-90000},1931.8104441244629,1.2088830888770941E-2,1.2088830888770941E-2,{"$f":"-N3934/(1.202*2465560*MAX(0,(Inputs!$R$49-Q3934)))","v":{"$error":"#DIV/0!"}},{"$f":"params!$C$16*R3934*(G3934-Inputs!$R$27)","v":{"$error":"#DIV/0!"}},{"$error":"#DIV/0!"},{"$f":"E3934*params!$C$8","v":0}]
["2000-06-13",6,13,"22:00:00",0,10,17,17,100,{"$f":"Inputs!$R$38*Inputs!$R$33*(G3935-Inputs!$R$27)","v":-23415.002438224496},{"$f":"Inputs!$R$34*E3935*Inputs!$R$39","v":0},{"$f":"params!$C$16*Inputs!$R$30*(G3935-Inputs!$R$27)","v":-3666.6486044607095},{"$f":"Inputs!$R$41*Inputs!$R$42/8760","v":0},{"$f":"-Inputs!$R$45*Inputs!$R$34","v":-90000},1931.8104441244629,1.2088830888770941E-2,1.2088830888770941E-2,{"$f":"-N3935/(1.202*2465560*MAX(0,(Inputs!$R$49-Q3935)))","v":{"$error":"#DIV/0!"}},{"$f":"params!$C$16*R3935*(G3935-Inputs!$R$27)","v":{"$error":"#DIV/0!"}},{"$error":"#DIV/0!"},{"$f":"E3935*params!$C$8","v":0}]
["2000-06-14",6,14,"01:00:00",0,10,17,16,94,{"$f":"Inputs!$R$38*Inputs!$R$33*(G3938-Inputs!$R$27)","v":-23415.002438224496},{"$f":"Inputs!$R$34*E3938*Inputs!$R$39","v":0},{"$f":"params!$C$16*Inputs!$R$30*(G3938-Inputs!$R$27)","v":-3666.6486044607095},{"$f":"Inputs!$R$41*Inputs!$R$42/8760","v":0},{"$f":"-Inputs!$R$45*Inputs!$R$34","v":-90000},1931.8104441244629,1.2088830888770941E-2,1.1363501035444683E-2,{"$f":"-N3938/(1.202*2465560*MAX(0,(Inputs!$R$49-Q3938)))","v":{"$error":"#DIV/0!"}},{"$f":"params!$C$16*R3938*(G3938-Inputs!$R$27)","v":{"$error":"#DIV/0!"}},{"$error":"#DIV/0!"},{"$f":"E3938*params!$C$8","v":0}]
["2000-06-14",6,14,"05:00:00",0,9,17,16,94,{"$f":"Inputs!$R$38*Inputs!$R$33*(G3942-Inputs!$R$27)","v":-23415.002438224496},{"$f":"Inputs!$R$34*E3942*Inputs!$R$39","v":0},{"$f":"params!$C$16*Inputs!$R$30*(G3942-Inputs!$R$27)","v":-3666.6486044607095},{"$f":"Inputs!$R$41*Inputs!$R$42/8760","v":0},{"$f":"-Inputs!$R$45*Inputs!$R$34","v":-90000},1931.8104441244629,1.2088830888770941E-2,1.1363501035444683E-2,{"$f":"-N3942/(1.202*2465560*MAX(0,(Inputs!$R$49-Q3942)))","v":{"$error":"#DIV/0!"}},{"$f":"params!$C$16*R3942*(G3942-Inputs!$R$27)","v":{"$error":"#DIV/0!"}},{"$error":"#DIV/0!"},{"$f":"E3942*params!$C$8","v":0}]
["2000-06-14",6,14,"09:00:00",219,10,18,17,94,{"$f":"Inputs!$R$38*Inputs!$R$33*(G3946-Inputs!$R$27)","v":-17719.461304602319},{"$f":"Inputs!$R$34*E3946*Inputs!$R$39","v":128178.4483319243},{"$f":"params!$C$16*Inputs!$R$30*(G3946-Inputs!$R$27)","v":-2774.7611060783747},{"$f":"Inputs!$R$41*Inputs!$R$42/8760","v":0},{"$f":"-Inputs!$R$45*Inputs!$R$34","v":-90000},2057.7011249857014,1.2892956292988709E-2,1.2119378915409387E-2,{"$f":"-N3946/(1.202*2465560*MAX(0,(Inputs!$R$49-Q3946)))","v":{"$error":"#DIV/0!"}},{"$f":"params!$C$16*R3946*(G3946-Inputs!$R$27)","v":{"$error":"#DIV/0!"}},{"$error":"#DIV/0!"},{"$f":"E3946*params!$C$8","v":453.6585}]
["2000-06-14",6,14,"12:00:00",886,8,23,20,83,{"$f":"Inputs!$R$38*Inputs!$R$33*(G3949-Inputs!$R$27)","v":10758.244363508555},{"$f":"Inputs!$R$34*E3949*Inputs!$R$39","v":518566.69051180332},{"$f":"params!$C$16*Inputs!$R$30*(G3949-Inputs!$R$27)","v":1684.6763858332995},{"$f":"Inputs!$R$41*Inputs!$R$42/8760","v":0},{"$f":"-Inputs!$R$45*Inputs!$R$34","v":-90000},2801.0950714195728,1.768327304712981E-2,1.4677116629117741E-2,{"$f":"-N3949/(1.202*2465560*MAX(0,(Inputs!$R$49-Q3949)))","v":{"$error":"#DIV/0!"}},{"$f":"params!$C$16*R3949*(G3949-Inputs!$R$27)","v":{"$error":"#DIV/0!"}},{"$error":"#DIV/0!"},{"$f":"E3949*params!$C$8","v":1835.3489999999999}]
["2000-06-14",6,14,"15:00:00",770,4,26,21,74,{"$f":"Inputs!$R$38*Inputs!$R$33*(G3952-Inputs!$R$27)","v":27844.867764375082},{"$f":"Inputs!$R$34*E3952*Inputs!$R$39","v":450673.08317617222},{"$f":"params!$C$16*Inputs!$R$30*(G3952-Inputs!$R$27)","v":4360.3388809803037},{"$f":"Inputs!$R$41*Inputs!$R$42/8760","v":0},{"$f":"-Inputs!$R$45*Inputs!$R$34","v":-90000},3351.668772324198,2.1277942853302922E-2,1.5745677711444164E-2,{"$f":"-N3952/(1.202*2465560*MAX(0,(Inputs!$R$49-Q3952)))","v":{"$error":"#DIV/0!"}},{"$f":"params!$C$16*R3952*(G3952-Inputs!$R$27)","v":{"$error":"#DIV/0!"}},{"$error":"#DIV/0!"},{"$f":"E3952*params!$C$8","v":1595.0549999999998}]
["2000-06-14",6,14,"19:00:00",27,10,19,17,88,{"$f":"Inputs!$R$38*Inputs!$R$33*(G3956-Inputs!$R$27)","v":-12023.920170980145},{"$f":"Inputs!$R$34*E3956*Inputs!$R$39","v":15802.822397086558},{"$f":"params!$C$16*Inputs!$R$30*(G3956-Inputs!$R$27)","v":-1882.8736076960397},{"$f":"Inputs!$R$41*Inputs!$R$42/8760","v":0},{"$f":"-Inputs!$R$45*Inputs!$R$34","v":-90000},2190.7229749852513,1.3744851093608144E-2,1.2095468962375167E-2,{"$f":"-N3956/(1.202*2465560*MAX(0,(Inputs!$R$49-Q3956)))","v":{"$error":"#DIV/0!"}},{"$f":"params!$C$16*R3956*(G3956-Inputs!$R$27)","v":{"$error":"#DIV/0!"}},{"$error":"#DIV/0!"},{"$f":"E3956*params!$C$8","v":55.930499999999995}]
["2000-06-14",6,14,"22:00:00",0,10,18,16,88,{"$f":"Inputs!$R$38*Inputs!$R$33*(G3959-Inputs!$R$27)","v":-17719.461304602319},{"$f":"Inputs!$R$34*E3959*Inputs!$R$39","v":0},{"$f":"params!$C$16*Inputs!$R$30*(G3959-Inputs!$R$27)","v":-2774.7611060783747},{"$f":"Inputs!$R$41*Inputs!$R$42/8760","v":0},{"$f":"-Inputs!$R$45*Inputs!$R$34","v":-90000},2057.7011249857014,1.2892956292988709E-2,1.1345801537830063E-2,{"$f":"-N3959/(1.202*2465560*MAX(0,(Inputs!$R$49-Q3959)))","v":{"$error":"#DIV/0!"}},{"$f":"params!$C$16*R3959*(G3959-Inputs!$R$27)","v":{"$error":"#DIV/0!"}},{"$error":"#DIV/0!"},{"$f":"E3959*params!$C$8","v":0}]
["2000-06-14",6,14,"23:00:00",0,10,18,16,88,{"$f":"Inputs!$R$38*Inputs!$R$33*(G3960-Inputs!$R$27)","v":-17719.461304602319},{"$f":"Inputs!$R$34*E3960*Inputs!$R$39","v":0},{"$f":"params!$C$16*Inputs!$R$30*(G3960-Inputs!$R$27)","v":-2774.7611060783747},{"$f":"Inputs!$R$41*Inputs!$R$42/8760","v":0},{"$f":"-Inputs!$R$45*Inputs!$R$34","v":-90000},2057.7011249857014,1.2892956292988709E-2,1.1345801537830063E-2,{"$f":"-N3960/(1.202*2465560*MAX(0,(Inputs!$R$49-Q3960)))","v":{"$error":"#DIV/0!"}},{"$f":"params!$C$16*R3960*(G3960-Inputs!$R$27)","v":{"$error":"#DIV/0!"}},{"$error":"#DIV/0!"},{"$f":"E3960*params!$C$8","v":0}]
["2000-06-15",6,15,"02:00:00",0,10,17,16,94,{"$f":"Inputs!$R$38*Inputs!$R$33*(G3963-Inputs!$R$27)","v":-23415.002438224496},{"$f":"Inputs!$R$34*E3963*Inputs!$R$39","v":0},{"$f":"params!$C$16*Inputs!$R$30*(G3963-Inputs!$R$27)","v":-3666.6486044607095},{"$f":"Inputs!$R$41*Inputs!$R$42/8760","v":0},{"$f":"-Inputs!$R$45*Inputs!$R$34","v":-90000},1931.8104441244629,1.2088830888770941E-2,1.1363501035444683E-2,{"$f":"-N3963/(1.202*2465560*MAX(0,(Inputs!$R$49-Q3963)))","v":{"$error":"#DIV/0!"}},{"$f":"params!$C$16*R3963*(G3963-Inputs!$R$27)","v":{"$error":"#DIV/0!"}},{"$error":"#DIV/0!"},{"$f":"E3963*params!$C$8","v":0}]
["2000-06-15",6,15,"06:00:00",20,10,18,16,88,{"$f":"Inputs!$R$38*Inputs!$R$33*(G3967-Inputs!$R$27)","v":-17719.461304602319},{"$f":"Inputs!$R$34*E3967*Inputs!$R$39","v":11705.794368212266},{"$f":"params!$C$16*Inputs!$R$30*(G3967-Inputs!$R$27)","v":-2774.7611060783747},{"$f":"Inputs!$R$41*Inputs!$R$42/8760","v":0},{"$f":"-Inputs!$R$45*Inputs!$R$34","v":-90000},2057.7011249857014,1.2892956292988709E-2,1.1345801537830063E-2,{"$f":"-N3967/(1.202*2465560*MAX(0,(Inputs!$R$49-Q3967)))","v":{"$error":"#DIV/0!"}},{"$f":"params!$C$16*R3967*(G3967-Inputs!$R$27)","v":{"$error":"#DIV/0!"}},{"$error":"#DIV/0!"},{"$f":"E3967*params!$C$8","v":41.43}]
["2000-06-15",{"$f":"MONTH(A3971)","v":6},{"$f":"DAY(A3971)","v":15},"10:00:00",597,10,22,18,78,{"$f":"Inputs!$R$38*Inputs!$R$33*(G3971-Inputs!$R$27)","v":5062.7032298863796},{"$f":"Inputs!$R$34*E3971*Inputs!$R$39","v":349417.96189113613},{"$f":"params!$C$16*Inputs!$R$30*(G3971-Inputs!$R$27)","v":792.78888745096458},{"$f":"Inputs!$R$41*Inputs!$R$42/8760","v":0},{"$f":"-Inputs!$R$45*Inputs!$R$34","v":-90000},{"$f":"EXP(77.345+0.0057*(G3971+273.15)-7235/(G3971+273.15))/(G3971+273.15)^8.2","v":2636.0296246790026},{"$f":"0.62198*O3971/(101325-O3971)","v":1.6613383438113645E-2},{"$f":"P3971*I3971/100","v":1.2958439081728643E-2},{"$f":"-N3971/(1.202*2465560*MAX(0,(Inputs!$R$49-Q3971)))","v":{"$error":"#DIV/0!"}},{"$f":"params!$C$16*R3971*(G3971-Inputs!$R$27)","v":{"$error":"#DIV/0!"}},{"$f":"J3971+K3971+L3971+M3971+N3971+S3971","v":{"$error":"#DIV/0!"}},{"$f":"E3971*params!$C$8","v":1236.6855}]
["2000-06-15",6,15,"13:00:00",843,7,23,19,78,{"$f":"Inputs!$R$38*Inputs!$R$33*(G3974-Inputs!$R$27)","v":10758.244363508555},{"$f":"Inputs!$R$34*E3974*Inputs!$R$39","v":493399.232620147},{"$f":"params!$C$16*Inputs!$R$30*(G3974-Inputs!$R$27)","v":1684.6763858332995},{"$f":"Inputs!$R$41*Inputs!$R$42/8760","v":0},{"$f":"-Inputs!$R$45*Inputs!$R$34","v":-90000},2801.0950714195728,1.768327304712981E-2,1.3792952976761252E-2,{"$f":"-N3974/(1.202*2465560*MAX(0,(Inputs!$R$49-Q3974)))","v":{"$error":"#DIV/0!"}},{"$f":"params!$C$16*R3974*(G3974-Inputs!$R$27)","v":{"$error":"#DIV/0!"}},{"$error":"#DIV/0!"},{"$f":"E3974*params!$C$8","v":1746.2745}]
["2000-06-15",6,15,"17:00:00",126,6,23,20,83,{"$f":"Inputs!$R$38*Inputs!$R$33*(G3978-Inputs!$R$27)","v":10758.244363508555},{"$f":"Inputs!$R$34*E3978*Inputs!$R$39","v":73746.504519737267},{"$f":"params!$C$16*Inputs!$R$30*(G3978-Inputs!$R$27)","v":1684.6763858332995},{"$f":"Inputs!$R$41*Inputs!$R$42/8760","v":0},{"$f":"-Inputs!$R$45*Inputs!$R$34","v":-90000},2801.0950714195728,1.768327304712981E-2,1.4677116629117741E-2,{"$f":"-N3978/(1.202*2465560*MAX(0,(Inputs!$R$49-Q3978)))","v":{"$error":"#DIV/0!"}},{"$f":"params!$C$16*R3978*(G3978-Inputs!$R$27)","v":{"$error":"#DIV/0!"}},{"$error":"#DIV/0!"},{"$f":"E3978*params!$C$8","v":261.00900000000001}]
["2000-06-15",6,15,"20:00:00",2,9,21,19,88,{"$f":"Inputs!$R$38*Inputs!$R$33*(G3981-Inputs!$R$27)","v":-632.83790373579495},{"$f":"Inputs!$R$34*E3981*Inputs!$R$39","v":1170.5794368212264},{"$f":"params!$C$16*Inputs!$R$30*(G3981-Inputs!$R$27)","v":-99.098610931370175},{"$f":"Inputs!$R$41*Inputs!$R$42/8760","v":0},{"$f":"-Inputs!$R$45*Inputs!$R$34","v":-90000},2479.5289798458998,1.5602307510579843E-2,1.3730030609310263E-2,{"$f":"-N3981/(1.202*2465560*MAX(0,(Inputs!$R$49-Q3981)))","v":{"$error":"#DIV/0!"}},{"$f":"params!$C$16*R3981*(G3981-Inputs!$R$27)","v":{"$error":"#DIV/0!"}},{"$error":"#DIV/0!"},{"$f":"E3981*params!$C$8","v":4.1429999999999998}]
["2000-06-15",6,15,"23:00:00",0,10,19,19,100,{"$f":"Inputs!$R$38*Inputs!$R$33*(G3984-Inputs!$R$27)","v":-12023.920170980145},{"$f":"Inputs!$R$34*E3984*Inputs!$R$39","v":0},{"$f":"params!$C$16*Inputs!$R$30*(G3984-Inputs!$R$27)","v":-1882.8736076960397},{"$f":"Inputs!$R$41*Inputs!$R$42/8760","v":0},{"$f":"-Inputs!$R$45*Inputs!$R$34","v":-90000},2190.7229749852513,1.3744851093608144E-2,1.3744851093608144E-2,{"$f":"-N3984/(1.202*2465560*MAX(0,(Inputs!$R$49-Q3984)))","v":{"$error":"#DIV/0!"}},{"$f":"params!$C$16*R3984*(G3984-Inputs!$R$27)","v":{"$error":"#DIV/0!"}},{"$error":"#DIV/0!"},{"$f":"E3984*params!$C$8","v":0}]
["2000-06-15",6,15,1,0,10,19,19,100,{"$f":"Inputs!$R$38*Inputs!$R$33*(G3985-Inputs!$R$27)","v":-12023.920170980145},{"$f":"Inputs!$R$34*E3985*Inputs!$R$39","v":0},{"$f":"params!$C$16*Inputs!$R$30*(G3985-Inputs!$R$27)","v":-1882.8736076960397},{"$f":"Inputs!$R$41*Inputs!$R$42/8760","v":0},{"$f":"-Inputs!$R$45*Inputs!$R$34","v":-90000},2190.7229749852513,1.3744851093608144E-2,1.3744851093608144E-2,{"$f":"-N3985/(1.202*2465560*MAX(0,(Inputs!$R$49-Q3985)))","v":{"$error":"#DIV/0!"}},{"$f":"params!$C$16*R3985*(G3985-Inputs!$R$27)","v":{"$error":"#DIV/0!"}},{"$error":"#DIV/0!"},{"$f":"E3985*params!$C$8","v":0}]
["2000-06-16",6,16,"03:00:00",0,10,17,17,100,{"$f":"Inputs!$R$38*Inputs!$R$33*(G3988-Inputs!$R$27)","v":-23415.002438224496},{"$f":"Inputs!$R$34*E3988*Inputs!$R$39","v":0},{"$f":"params!$C$16*Inputs!$R$30*(G3988-Inputs!$R$27)","v":-3666.6486044607095},{"$f":"Inputs!$R$41*Inputs!$R$42/8760","v":0},{"$f":"-Inputs!$R$45*Inputs!$R$34","v":-90000},1931.8104441244629,1.2088830888770941E-2,1.2088830888770941E-2,{"$f":"-N3988/(1.202*2465560*MAX(0,(Inputs!$R$49-Q3988)))","v":{"$error":"#DIV/0!"}},{"$f":"params!$C$16*R3988*(G3988-Inputs!$R$27)","v":{"$error":"#DIV/0!"}},{"$error":"#DIV/0!"},{"$f":"E3988*params!$C$8","v":0}]
["2000-06-16",6,16,"07:00:00",177,10,20,19,94,{"$f":"Inputs!$R$38*Inputs!$R$33*(G3992-Inputs!$R$27)","v":-6328.3790373579704},{"$f":"Inputs!$R$34*E3992*Inputs!$R$39","v":103596.28015867855},{"$f":"params!$C$16*Inputs!$R$30*(G3992-Inputs!$R$27)","v":-990.98610931370501},{"$f":"Inputs!$R$41*Inputs!$R$42/8760","v":0},{"$f":"-Inputs!$R$45*Inputs!$R$34","v":-90000},2331.2150168593957,1.4647072201887702E-2,1.3768247869774439E-2,{"$f":"-N3992/(1.202*2465560*MAX(0,(Inputs!$R$49-Q3992)))","v":{"$error":"#DIV/0!"}},{"$f":"params!$C$16*R3992*(G3992-Inputs!$R$27)","v":{"$error":"#DIV/0!"}},{"$error":"#DIV/0!"},{"$f":"E3992*params!$C$8","v":366.65549999999996}]
["2000-06-16",6,16,"11:00:00",777,9,27,21,70,{"$f":"Inputs!$R$38*Inputs!$R$33*(G3996-Inputs!$R$27)","v":33540.408897997258},{"$f":"Inputs!$R$34*E3996*Inputs!$R$39","v":454770.11120504653},{"$f":"params!$C$16*Inputs!$R$30*(G3996-Inputs!$R$27)","v":5252.2263793626389},{"$f":"Inputs!$R$41*Inputs!$R$42/8760","v":0},{"$f":"-Inputs!$R$45*Inputs!$R$34","v":-90000},3555.0534347297348,2.2616071840205452E-2,1.5831250288143816E-2,{"$f":"-N3996/(1.202*2465560*MAX(0,(Inputs!$R$49-Q3996)))","v":{"$error":"#DIV/0!"}},{"$f":"params!$C$16*R3996*(G3996-Inputs!$R$27)","v":{"$error":"#DIV/0!"}},{"$error":"#DIV/0!"},{"$f":"E3996*params!$C$8","v":1609.5554999999999}]
["2000-06-16",6,16,"14:00:00",878,1,29,22,66,{"$f":"Inputs!$R$38*Inputs!$R$33*(G3999-Inputs!$R$27)","v":44931.491165241605},{"$f":"Inputs!$R$34*E3999*Inputs!$R$39","v":513884.37276451843},{"$f":"params!$C$16*Inputs!$R$30*(G3999-Inputs!$R$27)","v":7036.0013761273085},{"$f":"Inputs!$R$41*Inputs!$R$42/8760","v":0},{"$f":"-Inputs!$R$45*Inputs!$R$34","v":-90000},3994.2904004730208,2.5525024460504739E-2,1.6846516143933128E-2,{"$f":"-N3999/(1.202*2465560*MAX(0,(Inputs!$R$49-Q3999)))","v":{"$error":"#DIV/0!"}},{"$f":"params!$C$16*R3999*(G3999-Inputs!$R$27)","v":{"$error":"#DIV/0!"}},{"$error":"#DIV/0!"},{"$f":"E3999*params!$C$8","v":1818.7769999999998}]
["2000-06-16",6,16,"18:00:00",176,7,25,22,83,{"$f":"Inputs!$R$38*Inputs!$R$33*(G4003-Inputs!$R$27)","v":22149.326630752905},{"$f":"Inputs!$R$34*E4003*Inputs!$R$39","v":103010.99044026794},{"$f":"params!$C$16*Inputs!$R$30*(G4003-Inputs!$R$27)","v":3468.4513825979689},{"$f":"Inputs!$R$41*Inputs!$R$42/8760","v":0},{"$f":"-Inputs!$R$45*Inputs!$R$34","v":-90000},3158.5016332003511,2.0012171957865876E-2,1.6610102725028678E-2,{"$f":"-N4003/(1.202*2465560*MAX(0,(Inputs!$R$49-Q4003)))","v":{"$error":"#DIV/0!"}},{"$f":"params!$C$16*R4003*(G4003-Inputs!$R$27)","v":{"$error":"#DIV/0!"}},{"$error":"#DIV/0!"},{"$f":"E4003*params!$C$8","v":364.584}]
["2000-06-16",6,16,"21:00:00",0,6,22,21,94,{"$f":"Inputs!$R$38*Inputs!$R$33*(G4006-Inputs!$R$27)","v":5062.7032298863796},{"$f":"Inputs!$R$34*E4006*Inputs!$R$39","v":0},{"$f":"params!$C$16*Inputs!$R$30*(G4006-Inputs!$R$27)","v":792.78888745096458},{"$f":"Inputs!$R$41*Inputs!$R$42/8760","v":0},{"$f":"-Inputs!$R$45*Inputs!$R$34","v":-90000},2636.0296246790026,1.6613383438113645E-2,1.5616580431826826E-2,{"$f":"-N4006/(1.202*2465560*MAX(0,(Inputs!$R$49-Q4006)))","v":{"$error":"#DIV/0!"}},{"$f":"params!$C$16*R4006*(G4006-Inputs!$R$27)","v":{"$error":"#DIV/0!"}},{"$error":"#DIV/0!"},{"$f":"E4006*params!$C$8","v":0}]
["2000-06-16",6,16,1,0,8,20.399999999999999,20,98,{"$f":"Inputs!$R$38*Inputs!$R$33*(G4009-Inputs!$R$27)","v":-4050.162583909108},{"$f":"Inputs!$R$34*E4009*Inputs!$R$39","v":0},{"$f":"params!$C$16*Inputs!$R$30*(G4009-Inputs!$R$27)","v":-634.2311099607723},{"$f":"Inputs!$R$41*Inputs!$R$42/8760","v":0},{"$f":"-Inputs!$R$45*Inputs!$R$34","v":-90000},2389.5818403368344,1.5022649529353992E-2,1.4722196538766911E-2,{"$f":"-N4009/(1.202*2465560*MAX(0,(Inputs!$R$49-Q4009)))","v":{"$error":"#DIV/0!"}},{"$f":"params!$C$16*R4009*(G4009-Inputs!$R$27)","v":{"$error":"#DIV/0!"}},{"$error":"#DIV/0!"},{"$f":"E4009*params!$C$8","v":0}]
["2000-06-17",6,17,"01:00:00",0,7,19,19,100,{"$f":"Inputs!$R$38*Inputs!$R$33*(G4010-Inputs!$R$27)","v":-12023.920170980145},{"$f":"Inputs!$R$34*E4010*Inputs!$R$39","v":0},{"$f":"params!$C$16*Inputs!$R$30*(G4010-Inputs!$R$27)","v":-1882.8736076960397},{"$f":"Inputs!$R$41*Inputs!$R$42/8760","v":0},{"$f":"-Inputs!$R$45*Inputs!$R$34","v":-90000},2190.7229749852513,1.3744851093608144E-2,1.3744851093608144E-2,{"$f":"-N4010/(1.202*2465560*MAX(0,(Inputs!$R$49-Q4010)))","v":{"$error":"#DIV/0!"}},{"$f":"params!$C$16*R4010*(G4010-Inputs!$R$27)","v":{"$error":"#DIV/0!"}},{"$error":"#DIV/0!"},{"$f":"E4010*params!$C$8","v":0}]
["2000-06-17",6,17,"04:00:00",0,10,19,19,100,{"$f":"Inputs!$R$38*Inputs!$R$33*(G4013-Inputs!$R$27)","v":-12023.920170980145},{"$f":"Inputs!$R$34*E4013*Inputs!$R$39","v":0},{"$f":"params!$C$16*Inputs!$R$30*(G4013-Inputs!$R$27)","v":-1882.8736076960397},{"$f":"Inputs!$R$41*Inputs!$R$42/8760","v":0},{"$f":"-Inputs!$R$45*Inputs!$R$34","v":-90000},2190.7229749852513,1.3744851093608144E-2,1.3744851093608144E-2,{"$f":"-N4013/(1.202*2465560*MAX(0,(Inputs!$R$49-Q4013)))","v":{"$error":"#DIV/0!"}},{"$f":"params!$C$16*R4013*(G4013-Inputs!$R$27)","v":{"$error":"#DIV/0!"}},{"$error":"#DIV/0!"},{"$f":"E4013*params!$C$8","v":0}]
["2000-06-17",6,17,"08:00:00",74,10,23,20,83,{"$f":"Inputs!$R$38*Inputs!$R$33*(G4017-Inputs!$R$27)","v":10758.244363508555},{"$f":"Inputs!$R$34*E4017*Inputs!$R$39","v":43311.439162385381},{"$f":"params!$C$16*Inputs!$R$30*(G4017-Inputs!$R$27)","v":1684.6763858332995},{"$f":"Inputs!$R$41*Inputs!$R$42/8760","v":0},{"$f":"-Inputs!$R$45*Inputs!$R$34","v":-90000},2801.0950714195728,1.768327304712981E-2,1.4677116629117741E-2,{"$f":"-N4017/(1.202*2465560*MAX(0,(Inputs!$R$49-Q4017)))","v":{"$error":"#DIV/0!"}},{"$f":"params!$C$16*R4017*(G4017-Inputs!$R$27)","v":{"$error":"#DIV/0!"}},{"$error":"#DIV/0!"},{"$f":"E4017*params!$C$8","v":153.291}]
["2000-06-17",6,17,"12:00:00",200,10,21,17,78,{"$f":"Inputs!$R$38*Inputs!$R$33*(G4021-Inputs!$R$27)","v":-632.83790373579495},{"$f":"Inputs!$R$34*E4021*Inputs!$R$39","v":117057.94368212266},{"$f":"params!$C$16*Inputs!$R$30*(G4021-Inputs!$R$27)","v":-99.098610931370175},{"$f":"Inputs!$R$41*Inputs!$R$42/8760","v":0},{"$f":"-Inputs!$R$45*Inputs!$R$34","v":-90000},2479.5289798458998,1.5602307510579843E-2,1.2169799858252277E-2,{"$f":"-N4021/(1.202*2465560*MAX(0,(Inputs!$R$49-Q4021)))","v":{"$error":"#DIV/0!"}},{"$f":"params!$C$16*R4021*(G4021-Inputs!$R$27)","v":{"$error":"#DIV/0!"}},{"$error":"#DIV/0!"},{"$f":"E4021*params!$C$8","v":414.29999999999995}]
["2000-06-17",6,17,"15:00:00",237,8,21,16,73,{"$f":"Inputs!$R$38*Inputs!$R$33*(G4024-Inputs!$R$27)","v":-632.83790373579495},{"$f":"Inputs!$R$34*E4024*Inputs!$R$39","v":138713.66326331533},{"$f":"params!$C$16*Inputs!$R$30*(G4024-Inputs!$R$27)","v":-99.098610931370175},{"$f":"Inputs!$R$41*Inputs!$R$42/8760","v":0},{"$f":"-Inputs!$R$45*Inputs!$R$34","v":-90000},2479.5289798458998,1.5602307510579843E-2,1.1389684482723286E-2,{"$f":"-N4024/(1.202*2465560*MAX(0,(Inputs!$R$49-Q4024)))","v":{"$error":"#DIV/0!"}},{"$f":"params!$C$16*R4024*(G4024-Inputs!$R$27)","v":{"$error":"#DIV/0!"}},{"$error":"#DIV/0!"},{"$f":"E4024*params!$C$8","v":490.94549999999998}]
["2000-06-17",6,17,"19:00:00",134,0,21,18,83,{"$f":"Inputs!$R$38*Inputs!$R$33*(G4028-Inputs!$R$27)","v":-632.83790373579495},{"$f":"Inputs!$R$34*E4028*Inputs!$R$39","v":78428.822267022173},{"$f":"params!$C$16*Inputs!$R$30*(G4028-Inputs!$R$27)","v":-99.098610931370175},{"$f":"Inputs!$R$41*Inputs!$R$42/8760","v":0},{"$f":"-Inputs!$R$45*Inputs!$R$34","v":-90000},2479.5289798458998,1.5602307510579843E-2,1.2949915233781271E-2,{"$f":"-N4028/(1.202*2465560*MAX(0,(Inputs!$R$49-Q4028)))","v":{"$error":"#DIV/0!"}},{"$f":"params!$C$16*R4028*(G4028-Inputs!$R$27)","v":{"$error":"#DIV/0!"}},{"$error":"#DIV/0!"},{"$f":"E4028*params!$C$8","v":277.58099999999996}]
["2000-06-17",6,17,"22:00:00",0,2,17,14,82,{"$f":"Inputs!$R$38*Inputs!$R$33*(G4031-Inputs!$R$27)","v":-23415.002438224496},{"$f":"Inputs!$R$34*E4031*Inputs!$R$39","v":0},{"$f":"params!$C$16*Inputs!$R$30*(G4031-Inputs!$R$27)","v":-3666.6486044607095},{"$f":"Inputs!$R$41*Inputs!$R$42/8760","v":0},{"$f":"-Inputs!$R$45*Inputs!$R$34","v":-90000},1931.8104441244629,1.2088830888770941E-2,9.9128413287921709E-3,{"$f":"-N4031/(1.202*2465560*MAX(0,(Inputs!$R$49-Q4031)))","v":27.977851205604995},{"$f":"params!$C$16*R4031*(G4031-Inputs!$R$27)","v":-138851.71888297788},-255933.36992566308,{"$f":"E4031*params!$C$8","v":0}]
["2000-06-18",6,18,"01:00:00",0,7,15,15,100,{"$f":"Inputs!$R$38*Inputs!$R$33*(G4034-Inputs!$R$27)","v":-34806.084705468842},{"$f":"Inputs!$R$34*E4034*Inputs!$R$39","v":0},{"$f":"params!$C$16*Inputs!$R$30*(G4034-Inputs!$R$27)","v":-5450.4236012253787},{"$f":"Inputs!$R$41*Inputs!$R$42/8760","v":0},{"$f":"-Inputs!$R$45*Inputs!$R$34","v":-90000},1700.1281023555496,1.0614273895273205E-2,1.0614273895273205E-2,{"$f":"-N4034/(1.202*2465560*MAX(0,(Inputs!$R$49-Q4034)))","v":79.081767479749018},{"$f":"params!$C$16*R4034*(G4034-Inputs!$R$27)","v":-583410.49432809127},-713667.00263478549,{"$f":"E4034*params!$C$8","v":0}]
["2000-06-18",{"$f":"MONTH(A4035)","v":6},{"$f":"DAY(A4035)","v":18},"02:00:00",0,7,16,14,88,{"$f":"Inputs!$R$38*Inputs!$R$33*(G4035-Inputs!$R$27)","v":-29110.543571846669},{"$f":"Inputs!$R$34*E4035*Inputs!$R$39","v":0},{"$f":"params!$C$16*Inputs!$R$30*(G4035-Inputs!$R$27)","v":-4558.5361028430443},{"$f":"Inputs!$R$41*Inputs!$R$42/8760","v":0},{"$f":"-Inputs!$R$45*Inputs!$R$34","v":-90000},{"$f":"EXP(77.345+0.0057*(G4035+273.15)-7235/(G4035+273.15))/(G4035+273.15)^8.2","v":1812.7242941450775},{"$f":"0.62198*O4035/(101325-O4035)","v":1.1330041931761578E-2},{"$f":"P4035*I4035/100","v":9.9704368999501899E-3},{"$f":"-N4035/(1.202*2465560*MAX(0,(Inputs!$R$49-Q4035)))","v":29.545589775199605},{"$f":"params!$C$16*R4035*(G4035-Inputs!$R$27)","v":-182299.58308253525},{"$f":"J4035+K4035+L4035+M4035+N4035+S4035","v":-305968.66275722499},{"$f":"E4035*params!$C$8","v":0}]
["2000-06-18",6,18,"05:00:00",0,10,14,11,82,{"$f":"Inputs!$R$38*Inputs!$R$33*(G4038-Inputs!$R$27)","v":-40501.625839091022},{"$f":"Inputs!$R$34*E4038*Inputs!$R$39","v":0},{"$f":"params!$C$16*Inputs!$R$30*(G4038-Inputs!$R$27)","v":-6342.3110996077139},{"$f":"Inputs!$R$41*Inputs!$R$42/8760","v":0},{"$f":"-Inputs!$R$45*Inputs!$R$34","v":-90000},1593.7190459500907,9.939322574797271E-3,8.150244511333761E-3,{"$f":"-N4038/(1.202*2465560*MAX(0,(Inputs!$R$49-Q4038)))","v":10.662916168858013},{"$f":"params!$C$16*R4038*(G4038-Inputs!$R$27)","v":-91535.835294505261},-228379.77223320401,{"$f":"E4038*params!$C$8","v":0}]
["2000-06-18",6,18,"10:00:00",157,10,13,13,100,{"$f":"Inputs!$R$38*Inputs!$R$33*(G4043-Inputs!$R$27)","v":-46197.166972713196},{"$f":"Inputs!$R$34*E4043*Inputs!$R$39","v":91890.485790466264},{"$f":"params!$C$16*Inputs!$R$30*(G4043-Inputs!$R$27)","v":-7234.1985979900483},{"$f":"Inputs!$R$41*Inputs!$R$42/8760","v":0},{"$f":"-Inputs!$R$45*Inputs!$R$34","v":-90000},1493.2057396927576,9.303089390063848E-3,9.303089390063848E-3,{"$f":"-N4043/(1.202*2465560*MAX(0,(Inputs!$R$49-Q4043)))","v":17.914394038834878},{"$f":"params!$C$16*R4043*(G4043-Inputs!$R$27)","v":-175412.3483912154},-226953.22817145239,{"$f":"E4043*params!$C$8","v":325.22550000000001}]
["2000-06-18",6,18,"13:00:00",150,10,13,12,94,{"$f":"Inputs!$R$38*Inputs!$R$33*(G4046-Inputs!$R$27)","v":-46197.166972713196},{"$f":"Inputs!$R$34*E4046*Inputs!$R$39","v":87793.457761591984},{"$f":"params!$C$16*Inputs!$R$30*(G4046-Inputs!$R$27)","v":-7234.1985979900483},{"$f":"Inputs!$R$41*Inputs!$R$42/8760","v":0},{"$f":"-Inputs!$R$45*Inputs!$R$34","v":-90000},1493.2057396927576,9.303089390063848E-3,8.7449040266600175E-3,{"$f":"-N4046/(1.202*2465560*MAX(0,(Inputs!$R$49-Q4046)))","v":13.476820641601849},{"$f":"params!$C$16*R4046*(G4046-Inputs!$R$27)","v":-131960.9668329221},-187598.87464203336,{"$f":"E4046*params!$C$8","v":310.72499999999997}]
["2000-06-18",6,18,"16:00:00",113,10,12,11,94,{"$f":"Inputs!$R$38*Inputs!$R$33*(G4049-Inputs!$R$27)","v":-51892.708106335369},{"$f":"Inputs!$R$34*E4049*Inputs!$R$39","v":66137.738180399305},{"$f":"params!$C$16*Inputs!$R$30*(G4049-Inputs!$R$27)","v":-8126.0860963723835},{"$f":"Inputs!$R$41*Inputs!$R$42/8760","v":0},{"$f":"-Inputs!$R$45*Inputs!$R$34","v":-90000},1398.3079270856979,8.70357605607666E-3,8.1813614927120602E-3,{"$f":"-N4049/(1.202*2465560*MAX(0,(Inputs!$R$49-Q4049)))","v":10.78070336536717},{"$f":"params!$C$16*R4049*(G4049-Inputs!$R$27)","v":-118575.81790753412},-202456.87392984255,{"$f":"E4049*params!$C$8","v":234.0795}]
["2000-06-18",6,18,"20:00:00",2,10,11,9,87,{"$f":"Inputs!$R$38*Inputs!$R$33*(G4053-Inputs!$R$27)","v":-57588.249239957542},{"$f":"Inputs!$R$34*E4053*Inputs!$R$39","v":1170.5794368212264},{"$f":"params!$C$16*Inputs!$R$30*(G4053-Inputs!$R$27)","v":-9017.9735947547179},{"$f":"Inputs!$R$41*Inputs!$R$42/8760","v":0},{"$f":"-Inputs!$R$45*Inputs!$R$34","v":-90000},1308.7561751391206,8.138879592783612E-3,7.0808252457217422E-3,{"$f":"-N4053/(1.202*2465560*MAX(0,(Inputs!$R$49-Q4053)))","v":7.7520701783182577},{"$f":"params!$C$16*R4053*(G4053-Inputs!$R$27)","v":-94622.467293298309},-250058.11069118933,{"$f":"E4053*params!$C$8","v":4.1429999999999998}]
["2000-06-18",6,18,"23:00:00",0,10,11,10,94,{"$f":"Inputs!$R$38*Inputs!$R$33*(G4056-Inputs!$R$27)","v":-57588.249239957542},{"$f":"Inputs!$R$34*E4056*Inputs!$R$39","v":0},{"$f":"params!$C$16*Inputs!$R$30*(G4056-Inputs!$R$27)","v":-9017.9735947547179},{"$f":"Inputs!$R$41*Inputs!$R$42/8760","v":0},{"$f":"-Inputs!$R$45*Inputs!$R$34","v":-90000},1308.7561751391206,8.138879592783612E-3,7.6505468172165959E-3,{"$f":"-N4056/(1.202*2465560*MAX(0,(Inputs!$R$49-Q4056)))","v":9.071324750246017},{"$f":"params!$C$16*R4056*(G4056-Inputs!$R$27)","v":-110725.40750311586},-267331.63033782807,{"$f":"E4056*params!$C$8","v":0}]
["2000-06-19",6,19,"02:00:00",0,10,11,11,100,{"$f":"Inputs!$R$38*Inputs!$R$33*(G4059-Inputs!$R$27)","v":-57588.249239957542},{"$f":"Inputs!$R$34*E4059*Inputs!$R$39","v":0},{"$f":"params!$C$16*Inputs!$R$30*(G4059-Inputs!$R$27)","v":-9017.9735947547179},{"$f":"Inputs!$R$41*Inputs!$R$42/8760","v":0},{"$f":"-Inputs!$R$45*Inputs!$R$34","v":-90000},1308.7561751391206,8.138879592783612E-3,8.138879592783612E-3,{"$f":"-N4059/(1.202*2465560*MAX(0,(Inputs!$R$49-Q4059)))","v":10.620535649226438},{"$f":"params!$C$16*R4059*(G4059-Inputs!$R$27)","v":-129635.2153669809},-286241.43820169312,{"$f":"E4059*params!$C$8","v":0}]
["2000-06-19",6,19,"03:00:00",0,10,11,11,100,{"$f":"Inputs!$R$38*Inputs!$R$33*(G4060-Inputs!$R$27)","v":-57588.249239957542},{"$f":"Inputs!$R$34*E4060*Inputs!$R$39","v":0},{"$f":"params!$C$16*Inputs!$R$30*(G4060-Inputs!$R$27)","v":-9017.9735947547179},{"$f":"Inputs!$R$41*Inputs!$R$42/8760","v":0},{"$f":"-Inputs!$R$45*Inputs!$R$34","v":-90000},1308.7561751391206,8.138879592783612E-3,8.138879592783612E-3,{"$f":"-N4060/(1.202*2465560*MAX(0,(Inputs!$R$49-Q4060)))","v":10.620535649226438},{"$f":"params!$C$16*R4060*(G4060-Inputs!$R$27)","v":-129635.2153669809},-286241.43820169312,{"$f":"E4060*params!$C$8","v":0}]
["2000-06-19",6,19,"06:00:00",20,10,11,10,94,{"$f":"Inputs!$R$38*Inputs!$R$33*(G4063-Inputs!$R$27)","v":-57588.249239957542},{"$f":"Inputs!$R$34*E4063*Inputs!$R$39","v":11705.794368212266},{"$f":"params!$C$16*Inputs!$R$30*(G4063-Inputs!$R$27)","v":-9017.9735947547179},{"$f":"Inputs!$R$41*Inputs!$R$42/8760","v":0},{"$f":"-Inputs!$R$45*Inputs!$R$34","v":-90000},1308.7561751391206,8.138879592783612E-3,7.6505468172165959E-3,{"$f":"-N4063/(1.202*2465560*MAX(0,(Inputs!$R$49-Q4063)))","v":9.071324750246017},{"$f":"params!$C$16*R4063*(G4063-Inputs!$R$27)","v":-110725.40750311586},-255625.83596961584,{"$f":"E4063*params!$C$8","v":41.43}]
["2000-06-19",6,19,"11:00:00",580,8,16,12,77,{"$f":"Inputs!$R$38*Inputs!$R$33*(G4068-Inputs!$R$27)","v":-29110.543571846669},{"$f":"Inputs!$R$34*E4068*Inputs!$R$39","v":339468.03667815571},{"$f":"params!$C$16*Inputs!$R$30*(G4068-Inputs!$R$27)","v":-4558.5361028430443},{"$f":"Inputs!$R$41*Inputs!$R$42/8760","v":0},{"$f":"-Inputs!$R$45*Inputs!$R$34","v":-90000},1812.7242941450775,1.1330041931761578E-2,8.7241322874564153E-3,{"$f":"-N4068/(1.202*2465560*MAX(0,(Inputs!$R$49-Q4068)))","v":13.353725675248349},{"$f":"params!$C$16*R4068*(G4068-Inputs!$R$27)","v":-82393.976282704753},133404.98072076123,{"$f":"E4068*params!$C$8","v":1201.47}]
["2000-06-19",6,19,"14:00:00",901,4,21,13,60,{"$f":"Inputs!$R$38*Inputs!$R$33*(G4071-Inputs!$R$27)","v":-632.83790373579495},{"$f":"Inputs!$R$34*E4071*Inputs!$R$39","v":527346.03628796246},{"$f":"params!$C$16*Inputs!$R$30*(G4071-Inputs!$R$27)","v":-99.098610931370175},{"$f":"Inputs!$R$41*Inputs!$R$42/8760","v":0},{"$f":"-Inputs!$R$45*Inputs!$R$34","v":-90000},2479.5289798458998,1.5602307510579843E-2,9.3613845063479067E-3,{"$f":"-N4071/(1.202*2465560*MAX(0,(Inputs!$R$49-Q4071)))","v":18.552380514782737},{"$f":"params!$C$16*R4071*(G4071-Inputs!$R$27)","v":-2488.4838318226393},434125.61594147258,{"$f":"E4071*params!$C$8","v":1866.4214999999999}]
["2000-06-19",6,19,"17:00:00",494,0,23,12,50,{"$f":"Inputs!$R$38*Inputs!$R$33*(G4074-Inputs!$R$27)","v":10758.244363508555},{"$f":"Inputs!$R$34*E4074*Inputs!$R$39","v":289133.12089484296},{"$f":"params!$C$16*Inputs!$R$30*(G4074-Inputs!$R$27)","v":1684.6763858332995},{"$f":"Inputs!$R$41*Inputs!$R$42/8760","v":0},{"$f":"-Inputs!$R$45*Inputs!$R$34","v":-90000},2801.0950714195728,1.768327304712981E-2,8.8416365235649049E-3,{"$f":"-N4074/(1.202*2465560*MAX(0,(Inputs!$R$49-Q4074)))","v":14.081298046066852},{"$f":"params!$C$16*R4074*(G4074-Inputs!$R$27)","v":32109.000909261526},243685.04255344631,{"$f":"E4074*params!$C$8","v":1023.3209999999999}]
["2000-06-19",6,19,"21:00:00",0,0,13,12,94,{"$f":"Inputs!$R$38*Inputs!$R$33*(G4078-Inputs!$R$27)","v":-46197.166972713196},{"$f":"Inputs!$R$34*E4078*Inputs!$R$39","v":0},{"$f":"params!$C$16*Inputs!$R$30*(G4078-Inputs!$R$27)","v":-7234.1985979900483},{"$f":"Inputs!$R$41*Inputs!$R$42/8760","v":0},{"$f":"-Inputs!$R$45*Inputs!$R$34","v":-90000},1493.2057396927576,9.303089390063848E-3,8.7449040266600175E-3,{"$f":"-N4078/(1.202*2465560*MAX(0,(Inputs!$R$49-Q4078)))","v":13.476820641601849},{"$f":"params!$C$16*R4078*(G4078-Inputs!$R$27)","v":-131960.9668329221},-275392.33240362536,{"$f":"E4078*params!$C$8","v":0}]
["2000-06-19",6,19,1,0,0,11,11,100,{"$f":"Inputs!$R$38*Inputs!$R$33*(G4081-Inputs!$R$27)","v":-57588.249239957542},{"$f":"Inputs!$R$34*E4081*Inputs!$R$39","v":0},{"$f":"params!$C$16*Inputs!$R$30*(G4081-Inputs!$R$27)","v":-9017.9735947547179},{"$f":"Inputs!$R$41*Inputs!$R$42/8760","v":0},{"$f":"-Inputs!$R$45*Inputs!$R$34","v":-90000},1308.7561751391206,8.138879592783612E-3,8.138879592783612E-3,{"$f":"-N4081/(1.202*2465560*MAX(0,(Inputs!$R$49-Q4081)))","v":10.620535649226438},{"$f":"params!$C$16*R4081*(G4081-Inputs!$R$27)","v":-129635.2153669809},-286241.43820169312,{"$f":"E4081*params!$C$8","v":0}]
["2000-06-20",6,20,"01:00:00",0,1,12,11,94,{"$f":"Inputs!$R$38*Inputs!$R$33*(G4082-Inputs!$R$27)","v":-51892.708106335369},{"$f":"Inputs!$R$34*E4082*Inputs!$R$39","v":0},{"$f":"params!$C$16*Inputs!$R$30*(G4082-Inputs!$R$27)","v":-8126.0860963723835},{"$f":"Inputs!$R$41*Inputs!$R$42/8760","v":0},{"$f":"-Inputs!$R$45*Inputs!$R$34","v":-90000},1398.3079270856979,8.70357605607666E-3,8.1813614927120602E-3,{"$f":"-N4082/(1.202*2465560*MAX(0,(Inputs!$R$49-Q4082)))","v":10.78070336536717},{"$f":"params!$C$16*R4082*(G4082-Inputs!$R$27)","v":-118575.81790753412},-268594.6121102419,{"$f":"E4082*params!$C$8","v":0}]
["2000-06-20",6,20,"07:00:00",236,8,13,13,100,{"$f":"Inputs!$R$38*Inputs!$R$33*(G4088-Inputs!$R$27)","v":-46197.166972713196},{"$f":"Inputs!$R$34*E4088*Inputs!$R$39","v":138128.37354490472},{"$f":"params!$C$16*Inputs!$R$30*(G4088-Inputs!$R$27)","v":-7234.1985979900483},{"$f":"Inputs!$R$41*Inputs!$R$42/8760","v":0},{"$f":"-Inputs!$R$45*Inputs!$R$34","v":-90000},1493.2057396927576,9.303089390063848E-3,9.303089390063848E-3,{"$f":"-N4088/(1.202*2465560*MAX(0,(Inputs!$R$49-Q4088)))","v":17.914394038834878},{"$f":"params!$C$16*R4088*(G4088-Inputs!$R$27)","v":-175412.3483912154},-180715.34041701391,{"$f":"E4088*params!$C$8","v":488.87399999999997}]
["2000-06-20",6,20,"08:00:00",431,0,16,14,88,{"$f":"Inputs!$R$38*Inputs!$R$33*(G4089-Inputs!$R$27)","v":-29110.543571846669},{"$f":"Inputs!$R$34*E4089*Inputs!$R$39","v":252259.86863497432},{"$f":"params!$C$16*Inputs!$R$30*(G4089-Inputs!$R$27)","v":-4558.5361028430443},{"$f":"Inputs!$R$41*Inputs!$R$42/8760","v":0},{"$f":"-Inputs!$R$45*Inputs!$R$34","v":-90000},1812.7242941450775,1.1330041931761578E-2,9.9704368999501899E-3,{"$f":"-N4089/(1.202*2465560*MAX(0,(Inputs!$R$49-Q4089)))","v":29.545589775199605},{"$f":"params!$C$16*R4089*(G4089-Inputs!$R$27)","v":-182299.58308253525},-53708.794122250634,{"$f":"E4089*params!$C$8","v":892.81649999999991}]
["2000-06-20",6,20,"12:00:00",947,0,24,15,57,{"$f":"Inputs!$R$38*Inputs!$R$33*(G4093-Inputs!$R$27)","v":16453.785497130732},{"$f":"Inputs!$R$34*E4093*Inputs!$R$39","v":554269.36333485076},{"$f":"params!$C$16*Inputs!$R$30*(G4093-Inputs!$R$27)","v":2576.5638842156341},{"$f":"Inputs!$R$41*Inputs!$R$42/8760","v":0},{"$f":"-Inputs!$R$45*Inputs!$R$34","v":-90000},2975.1171299801654,1.8815104792251288E-2,1.0724609731583234E-2,{"$f":"-N4093/(1.202*2465560*MAX(0,(Inputs!$R$49-Q4093)))","v":110.96439876357648},{"$f":"params!$C$16*R4093*(G4093-Inputs!$R$27)","v":386983.27216215938},870282.98487835657,{"$f":"E4093*params!$C$8","v":1961.7104999999999}]
["2000-06-20",6,20,"15:00:00",770,4,26,15,51,{"$f":"Inputs!$R$38*Inputs!$R$33*(G4096-Inputs!$R$27)","v":27844.867764375082},{"$f":"Inputs!$R$34*E4096*Inputs!$R$39","v":450673.08317617222},{"$f":"params!$C$16*Inputs!$R$30*(G4096-Inputs!$R$27)","v":4360.3388809803037},{"$f":"Inputs!$R$41*Inputs!$R$42/8760","v":0},{"$f":"-Inputs!$R$45*Inputs!$R$34","v":-90000},3351.668772324198,2.1277942853302922E-2,1.0851750855184489E-2,{"$f":"-N4096/(1.202*2465560*MAX(0,(Inputs!$R$49-Q4096)))","v":207.24189937799275},{"$f":"params!$C$16*R4096*(G4096-Inputs!$R$27)","v":1223109.7287254615},1615988.0185469892,{"$f":"E4096*params!$C$8","v":1595.0549999999998}]
["2000-06-20",{"$f":"MONTH(A4099)","v":6},{"$f":"DAY(A4099)","v":20},"18:00:00",306,0,26,16,54,{"$f":"Inputs!$R$38*Inputs!$R$33*(G4099-Inputs!$R$27)","v":27844.867764375082},{"$f":"Inputs!$R$34*E4099*Inputs!$R$39","v":179098.65383364767},{"$f":"params!$C$16*Inputs!$R$30*(G4099-Inputs!$R$27)","v":4360.3388809803037},{"$f":"Inputs!$R$41*Inputs!$R$42/8760","v":0},{"$f":"-Inputs!$R$45*Inputs!$R$34","v":-90000},{"$f":"EXP(77.345+0.0057*(G4099+273.15)-7235/(G4099+273.15))/(G4099+273.15)^8.2","v":3351.668772324198},{"$f":"0.62198*O4099/(101325-O4099)","v":2.1277942853302922E-2},{"$f":"P4099*I4099/100","v":1.1490089140783578E-2},{"$f":"-N4099/(1.202*2465560*MAX(0,(Inputs!$R$49-Q4099)))","v":{"$error":"#DIV/0!"}},{"$f":"params!$C$16*R4099*(G4099-Inputs!$R$27)","v":{"$error":"#DIV/0!"}},{"$f":"J4099+K4099+L4099+M4099+N4099+S4099","v":{"$error":"#DIV/0!"}},{"$f":"E4099*params!$C$8","v":633.87900000000002}]
["2000-06-20",6,20,"22:00:00",0,5,19,16,83,{"$f":"Inputs!$R$38*Inputs!$R$33*(G4103-Inputs!$R$27)","v":-12023.920170980145},{"$f":"Inputs!$R$34*E4103*Inputs!$R$39","v":0},{"$f":"params!$C$16*Inputs!$R$30*(G4103-Inputs!$R$27)","v":-1882.8736076960397},{"$f":"Inputs!$R$41*Inputs!$R$42/8760","v":0},{"$f":"-Inputs!$R$45*Inputs!$R$34","v":-90000},2190.7229749852513,1.3744851093608144E-2,1.1408226407694759E-2,{"$f":"-N4103/(1.202*2465560*MAX(0,(Inputs!$R$49-Q4103)))","v":{"$error":"#DIV/0!"}},{"$f":"params!$C$16*R4103*(G4103-Inputs!$R$27)","v":{"$error":"#DIV/0!"}},{"$error":"#DIV/0!"},{"$f":"E4103*params!$C$8","v":0}]
["2000-06-21",6,21,"01:00:00",0,10,20,15,73,{"$f":"Inputs!$R$38*Inputs!$R$33*(G4106-Inputs!$R$27)","v":-6328.3790373579704},{"$f":"Inputs!$R$34*E4106*Inputs!$R$39","v":0},{"$f":"params!$C$16*Inputs!$R$30*(G4106-Inputs!$R$27)","v":-990.98610931370501},{"$f":"Inputs!$R$41*Inputs!$R$42/8760","v":0},{"$f":"-Inputs!$R$45*Inputs!$R$34","v":-90000},2331.2150168593957,1.4647072201887702E-2,1.0692362707378023E-2,{"$f":"-N4106/(1.202*2465560*MAX(0,(Inputs!$R$49-Q4106)))","v":99.267808514209676},{"$f":"params!$C$16*R4106*(G4106-Inputs!$R$27)","v":-133150.74920506513},-230470.11435173679,{"$f":"E4106*params!$C$8","v":0}]
["2000-06-21",6,21,"02:00:00",0,10,21,15,69,{"$f":"Inputs!$R$38*Inputs!$R$33*(G4107-Inputs!$R$27)","v":-632.83790373579495},{"$f":"Inputs!$R$34*E4107*Inputs!$R$39","v":0},{"$f":"params!$C$16*Inputs!$R$30*(G4107-Inputs!$R$27)","v":-99.098610931370175},{"$f":"Inputs!$R$41*Inputs!$R$42/8760","v":0},{"$f":"-Inputs!$R$45*Inputs!$R$34","v":-90000},2479.5289798458998,1.5602307510579843E-2,1.0765592182300093E-2,{"$f":"-N4107/(1.202*2465560*MAX(0,(Inputs!$R$49-Q4107)))","v":130.50755886381762},{"$f":"params!$C$16*R4107*(G4107-Inputs!$R$27)","v":-17505.351936074971},-108237.28845074214,{"$f":"E4107*params!$C$8","v":0}]
["2000-06-21",6,21,"08:00:00",108,8,21,17,78,{"$f":"Inputs!$R$38*Inputs!$R$33*(G4113-Inputs!$R$27)","v":-632.83790373579495},{"$f":"Inputs!$R$34*E4113*Inputs!$R$39","v":63211.289588346233},{"$f":"params!$C$16*Inputs!$R$30*(G4113-Inputs!$R$27)","v":-99.098610931370175},{"$f":"Inputs!$R$41*Inputs!$R$42/8760","v":0},{"$f":"-Inputs!$R$45*Inputs!$R$34","v":-90000},2479.5289798458998,1.5602307510579843E-2,1.2169799858252277E-2,{"$f":"-N4113/(1.202*2465560*MAX(0,(Inputs!$R$49-Q4113)))","v":{"$error":"#DIV/0!"}},{"$f":"params!$C$16*R4113*(G4113-Inputs!$R$27)","v":{"$error":"#DIV/0!"}},{"$error":"#DIV/0!"},{"$f":"E4113*params!$C$8","v":223.72199999999998}]
["2000-06-21",6,21,"09:00:00",232,6,23,18,73,{"$f":"Inputs!$R$38*Inputs!$R$33*(G4114-Inputs!$R$27)","v":10758.244363508555},{"$f":"Inputs!$R$34*E4114*Inputs!$R$39","v":135787.21467126228},{"$f":"params!$C$16*Inputs!$R$30*(G4114-Inputs!$R$27)","v":1684.6763858332995},{"$f":"Inputs!$R$41*Inputs!$R$42/8760","v":0},{"$f":"-Inputs!$R$45*Inputs!$R$34","v":-90000},2801.0950714195728,1.768327304712981E-2,1.2908789324404762E-2,{"$f":"-N4114/(1.202*2465560*MAX(0,(Inputs!$R$49-Q4114)))","v":{"$error":"#DIV/0!"}},{"$f":"params!$C$16*R4114*(G4114-Inputs!$R$27)","v":{"$error":"#DIV/0!"}},{"$error":"#DIV/0!"},{"$f":"E4114*params!$C$8","v":480.58799999999997}]
["2000-06-21",6,21,"13:00:00",496,10,25,20,74,{"$f":"Inputs!$R$38*Inputs!$R$33*(G4118-Inputs!$R$27)","v":22149.326630752905},{"$f":"Inputs!$R$34*E4118*Inputs!$R$39","v":290303.70033166418},{"$f":"params!$C$16*Inputs!$R$30*(G4118-Inputs!$R$27)","v":3468.4513825979689},{"$f":"Inputs!$R$41*Inputs!$R$42/8760","v":0},{"$f":"-Inputs!$R$45*Inputs!$R$34","v":-90000},3158.5016332003511,2.0012171957865876E-2,1.4809007248820748E-2,{"$f":"-N4118/(1.202*2465560*MAX(0,(Inputs!$R$49-Q4118)))","v":{"$error":"#DIV/0!"}},{"$f":"params!$C$16*R4118*(G4118-Inputs!$R$27)","v":{"$error":"#DIV/0!"}},{"$error":"#DIV/0!"},{"$f":"E4118*params!$C$8","v":1027.4639999999999}]
["2000-06-21",6,21,"16:00:00",170,10,24,21,83,{"$f":"Inputs!$R$38*Inputs!$R$33*(G4121-Inputs!$R$27)","v":16453.785497130732},{"$f":"Inputs!$R$34*E4121*Inputs!$R$39","v":99499.252129804241},{"$f":"params!$C$16*Inputs!$R$30*(G4121-Inputs!$R$27)","v":2576.5638842156341},{"$f":"Inputs!$R$41*Inputs!$R$42/8760","v":0},{"$f":"-Inputs!$R$45*Inputs!$R$34","v":-90000},2975.1171299801654,1.8815104792251288E-2,1.561653697756857E-2,{"$f":"-N4121/(1.202*2465560*MAX(0,(Inputs!$R$49-Q4121)))","v":{"$error":"#DIV/0!"}},{"$f":"params!$C$16*R4121*(G4121-Inputs!$R$27)","v":{"$error":"#DIV/0!"}},{"$error":"#DIV/0!"},{"$f":"E4121*params!$C$8","v":352.15499999999997}]
["2000-06-21",6,21,"19:00:00",36,0,22,21,94,{"$f":"Inputs!$R$38*Inputs!$R$33*(G4124-Inputs!$R$27)","v":5062.7032298863796},{"$f":"Inputs!$R$34*E4124*Inputs!$R$39","v":21070.429862782075},{"$f":"params!$C$16*Inputs!$R$30*(G4124-Inputs!$R$27)","v":792.78888745096458},{"$f":"Inputs!$R$41*Inputs!$R$42/8760","v":0},{"$f":"-Inputs!$R$45*Inputs!$R$34","v":-90000},2636.0296246790026,1.6613383438113645E-2,1.5616580431826826E-2,{"$f":"-N4124/(1.202*2465560*MAX(0,(Inputs!$R$49-Q4124)))","v":{"$error":"#DIV/0!"}},{"$f":"params!$C$16*R4124*(G4124-Inputs!$R$27)","v":{"$error":"#DIV/0!"}},{"$error":"#DIV/0!"},{"$f":"E4124*params!$C$8","v":74.573999999999998}]
["2000-06-21",6,21,"23:00:00",0,8,21,18,83,{"$f":"Inputs!$R$38*Inputs!$R$33*(G4128-Inputs!$R$27)","v":-632.83790373579495},{"$f":"Inputs!$R$34*E4128*Inputs!$R$39","v":0},{"$f":"params!$C$16*Inputs!$R$30*(G4128-Inputs!$R$27)","v":-99.098610931370175},{"$f":"Inputs!$R$41*Inputs!$R$42/8760","v":0},{"$f":"-Inputs!$R$45*Inputs!$R$34","v":-90000},2479.5289798458998,1.5602307510579843E-2,1.2949915233781271E-2,{"$f":"-N4128/(1.202*2465560*MAX(0,(Inputs!$R$49-Q4128)))","v":{"$error":"#DIV/0!"}},{"$f":"params!$C$16*R4128*(G4128-Inputs!$R$27)","v":{"$error":"#DIV/0!"}},{"$error":"#DIV/0!"},{"$f":"E4128*params!$C$8","v":0}]
["2000-06-22",6,22,"02:00:00",0,0,18,18,100,{"$f":"Inputs!$R$38*Inputs!$R$33*(G4131-Inputs!$R$27)","v":-17719.461304602319},{"$f":"Inputs!$R$34*E4131*Inputs!$R$39","v":0},{"$f":"params!$C$16*Inputs!$R$30*(G4131-Inputs!$R$27)","v":-2774.7611060783747},{"$f":"Inputs!$R$41*Inputs!$R$42/8760","v":0},{"$f":"-Inputs!$R$45*Inputs!$R$34","v":-90000},2057.7011249857014,1.2892956292988709E-2,1.2892956292988709E-2,{"$f":"-N4131/(1.202*2465560*MAX(0,(Inputs!$R$49-Q4131)))","v":{"$error":"#DIV/0!"}},{"$f":"params!$C$16*R4131*(G4131-Inputs!$R$27)","v":{"$error":"#DIV/0!"}},{"$error":"#DIV/0!"},{"$f":"E4131*params!$C$8","v":0}]
["2000-06-22",6,22,"05:00:00",0,2,14,14,100,{"$f":"Inputs!$R$38*Inputs!$R$33*(G4134-Inputs!$R$27)","v":-40501.625839091022},{"$f":"Inputs!$R$34*E4134*Inputs!$R$39","v":0},{"$f":"params!$C$16*Inputs!$R$30*(G4134-Inputs!$R$27)","v":-6342.3110996077139},{"$f":"Inputs!$R$41*Inputs!$R$42/8760","v":0},{"$f":"-Inputs!$R$45*Inputs!$R$34","v":-90000},1593.7190459500907,9.939322574797271E-3,9.939322574797271E-3,{"$f":"-N4134/(1.202*2465560*MAX(0,(Inputs!$R$49-Q4134)))","v":28.677485971095059},{"$f":"params!$C$16*R4134*(G4134-Inputs!$R$27)","v":-246181.96288340315},-383025.89982210193,{"$f":"E4134*params!$C$8","v":0}]
["2000-06-22",6,22,"07:00:00",243,5,21,18,83,{"$f":"Inputs!$R$38*Inputs!$R$33*(G4136-Inputs!$R$27)","v":-632.83790373579495},{"$f":"Inputs!$R$34*E4136*Inputs!$R$39","v":142225.401573779},{"$f":"params!$C$16*Inputs!$R$30*(G4136-Inputs!$R$27)","v":-99.098610931370175},{"$f":"Inputs!$R$41*Inputs!$R$42/8760","v":0},{"$f":"-Inputs!$R$45*Inputs!$R$34","v":-90000},2479.5289798458998,1.5602307510579843E-2,1.2949915233781271E-2,{"$f":"-N4136/(1.202*2465560*MAX(0,(Inputs!$R$49-Q4136)))","v":{"$error":"#DIV/0!"}},{"$f":"params!$C$16*R4136*(G4136-Inputs!$R$27)","v":{"$error":"#DIV/0!"}},{"$error":"#DIV/0!"},{"$f":"E4136*params!$C$8","v":503.37449999999995}]
["2000-06-22",6,22,"10:00:00",377,5,24,18,69,{"$f":"Inputs!$R$38*Inputs!$R$33*(G4139-Inputs!$R$27)","v":16453.785497130732},{"$f":"Inputs!$R$34*E4139*Inputs!$R$39","v":220654.22384080119},{"$f":"params!$C$16*Inputs!$R$30*(G4139-Inputs!$R$27)","v":2576.5638842156341},{"$f":"Inputs!$R$41*Inputs!$R$42/8760","v":0},{"$f":"-Inputs!$R$45*Inputs!$R$34","v":-90000},2975.1171299801654,1.8815104792251288E-2,1.2982422306653389E-2,{"$f":"-N4139/(1.202*2465560*MAX(0,(Inputs!$R$49-Q4139)))","v":{"$error":"#DIV/0!"}},{"$f":"params!$C$16*R4139*(G4139-Inputs!$R$27)","v":{"$error":"#DIV/0!"}},{"$error":"#DIV/0!"},{"$f":"E4139*params!$C$8","v":780.95549999999992}]
["2000-06-22",6,22,"14:00:00",778,5,27,15,48,{"$f":"Inputs!$R$38*Inputs!$R$33*(G4143-Inputs!$R$27)","v":33540.408897997258},{"$f":"Inputs!$R$34*E4143*Inputs!$R$39","v":455355.40092345711},{"$f":"params!$C$16*Inputs!$R$30*(G4143-Inputs!$R$27)","v":5252.2263793626389},{"$f":"Inputs!$R$41*Inputs!$R$42/8760","v":0},{"$f":"-Inputs!$R$45*Inputs!$R$34","v":-90000},3555.0534347297348,2.2616071840205452E-2,1.0855714483298617E-2,{"$f":"-N4143/(1.202*2465560*MAX(0,(Inputs!$R$49-Q4143)))","v":213.0033852839876},{"$f":"params!$C$16*R4143*(G4143-Inputs!$R$27)","v":1514249.9065798048},1918397.9427806218,{"$f":"E4143*params!$C$8","v":1611.627}]
["2000-06-22",6,22,"17:00:00",121,7,24,13,50,{"$f":"Inputs!$R$38*Inputs!$R$33*(G4146-Inputs!$R$27)","v":16453.785497130732},{"$f":"Inputs!$R$34*E4146*Inputs!$R$39","v":70820.05592768421},{"$f":"params!$C$16*Inputs!$R$30*(G4146-Inputs!$R$27)","v":2576.5638842156341},{"$f":"Inputs!$R$41*Inputs!$R$42/8760","v":0},{"$f":"-Inputs!$R$45*Inputs!$R$34","v":-90000},2975.1171299801654,1.8815104792251288E-2,9.407552396125644E-3,{"$f":"-N4146/(1.202*2465560*MAX(0,(Inputs!$R$49-Q4146)))","v":19.090826231056731},{"$f":"params!$C$16*R4146*(G4146-Inputs!$R$27)","v":66578.384468285323},66428.789777315906,{"$f":"E4146*params!$C$8","v":250.6515}]
["2000-06-22",6,22,"21:00:00",0,8,18,14,77,{"$f":"Inputs!$R$38*Inputs!$R$33*(G4150-Inputs!$R$27)","v":-17719.461304602319},{"$f":"Inputs!$R$34*E4150*Inputs!$R$39","v":0},{"$f":"params!$C$16*Inputs!$R$30*(G4150-Inputs!$R$27)","v":-2774.7611060783747},{"$f":"Inputs!$R$41*Inputs!$R$42/8760","v":0},{"$f":"-Inputs!$R$45*Inputs!$R$34","v":-90000},2057.7011249857014,1.2892956292988709E-2,9.927576345601305E-3,{"$f":"-N4150/(1.202*2465560*MAX(0,(Inputs!$R$49-Q4150)))","v":28.362879679772284},{"$f":"params!$C$16*R4150*(G4150-Inputs!$R$27)","v":-106523.03560842463},-217017.25801910533,{"$f":"E4150*params!$C$8","v":0}]
["2000-06-22",6,22,1,0,0,19,14,73,{"$f":"Inputs!$R$38*Inputs!$R$33*(G4153-Inputs!$R$27)","v":-12023.920170980145},{"$f":"Inputs!$R$34*E4153*Inputs!$R$39","v":0},{"$f":"params!$C$16*Inputs!$R$30*(G4153-Inputs!$R$27)","v":-1882.8736076960397},{"$f":"Inputs!$R$41*Inputs!$R$42/8760","v":0},{"$f":"-Inputs!$R$45*Inputs!$R$34","v":-90000},2190.7229749852513,1.3744851093608144E-2,1.0033741298333945E-2,{"$f":"-N4153/(1.202*2465560*MAX(0,(Inputs!$R$49-Q4153)))","v":31.484705454651195},{"$f":"params!$C$16*R4153*(G4153-Inputs!$R$27)","v":-80239.537336580543},-184146.33111525673,{"$f":"E4153*params!$C$8","v":0}]
["2000-06-23",6,23,"03:00:00",0,0,14,12,88,{"$f":"Inputs!$R$38*Inputs!$R$33*(G4156-Inputs!$R$27)","v":-40501.625839091022},{"$f":"Inputs!$R$34*E4156*Inputs!$R$39","v":0},{"$f":"params!$C$16*Inputs!$R$30*(G4156-Inputs!$R$27)","v":-6342.3110996077139},{"$f":"Inputs!$R$41*Inputs!$R$42/8760","v":0},{"$f":"-Inputs!$R$45*Inputs!$R$34","v":-90000},1593.7190459500907,9.939322574797271E-3,8.7466038658215988E-3,{"$f":"-N4156/(1.202*2465560*MAX(0,(Inputs!$R$49-Q4156)))","v":13.486994554027611},{"$f":"params!$C$16*R4156*(G4156-Inputs!$R$27)","v":-115779.14451967215},-252623.0814583709,{"$f":"E4156*params!$C$8","v":0}]
["2000-06-23",6,23,"06:00:00",72,8,16,14,88,{"$f":"Inputs!$R$38*Inputs!$R$33*(G4159-Inputs!$R$27)","v":-29110.543571846669},{"$f":"Inputs!$R$34*E4159*Inputs!$R$39","v":42140.859725564151},{"$f":"params!$C$16*Inputs!$R$30*(G4159-Inputs!$R$27)","v":-4558.5361028430443},{"$f":"Inputs!$R$41*Inputs!$R$42/8760","v":0},{"$f":"-Inputs!$R$45*Inputs!$R$34","v":-90000},1812.7242941450775,1.1330041931761578E-2,9.9704368999501899E-3,{"$f":"-N4159/(1.202*2465560*MAX(0,(Inputs!$R$49-Q4159)))","v":29.545589775199605},{"$f":"params!$C$16*R4159*(G4159-Inputs!$R$27)","v":-182299.58308253525},-263827.80303166079,{"$f":"E4159*params!$C$8","v":149.148}]
["2000-06-23",6,23,"08:00:00",330,10,17,13,77,{"$f":"Inputs!$R$38*Inputs!$R$33*(G4161-Inputs!$R$27)","v":-23415.002438224496},{"$f":"Inputs!$R$34*E4161*Inputs!$R$39","v":193145.6070755024},{"$f":"params!$C$16*Inputs!$R$30*(G4161-Inputs!$R$27)","v":-3666.6486044607095},{"$f":"Inputs!$R$41*Inputs!$R$42/8760","v":0},{"$f":"-Inputs!$R$45*Inputs!$R$34","v":-90000},1931.8104441244629,1.2088830888770941E-2,9.3083997843536256E-3,{"$f":"-N4161/(1.202*2465560*MAX(0,(Inputs!$R$49-Q4161)))","v":17.970689211825121},{"$f":"params!$C$16*R4161*(G4161-Inputs!$R$27)","v":-89187.016838298587},-13123.060805481393,{"$f":"E4161*params!$C$8","v":683.59499999999991}]
["2000-06-23",6,23,"11:00:00",284,8,21,14,64,{"$f":"Inputs!$R$38*Inputs!$R$33*(G4164-Inputs!$R$27)","v":-632.83790373579495},{"$f":"Inputs!$R$34*E4164*Inputs!$R$39","v":166222.28002861416},{"$f":"params!$C$16*Inputs!$R$30*(G4164-Inputs!$R$27)","v":-99.098610931370175},{"$f":"Inputs!$R$41*Inputs!$R$42/8760","v":0},{"$f":"-Inputs!$R$45*Inputs!$R$34","v":-90000},2479.5289798458998,1.5602307510579843E-2,9.9854768067710997E-3,{"$f":"-N4164/(1.202*2465560*MAX(0,(Inputs!$R$49-Q4164)))","v":29.984332295121813},{"$f":"params!$C$16*R4164*(G4164-Inputs!$R$27)","v":-4021.8842032133612},71468.459310733655,{"$f":"E4164*params!$C$8","v":588.30599999999993}]
["2000-06-23",6,23,"15:00:00",771,4,24,16,61,{"$f":"Inputs!$R$38*Inputs!$R$33*(G4168-Inputs!$R$27)","v":16453.785497130732},{"$f":"Inputs!$R$34*E4168*Inputs!$R$39","v":451258.3728945828},{"$f":"params!$C$16*Inputs!$R$30*(G4168-Inputs!$R$27)","v":2576.5638842156341},{"$f":"Inputs!$R$41*Inputs!$R$42/8760","v":0},{"$f":"-Inputs!$R$45*Inputs!$R$34","v":-90000},2975.1171299801654,1.8815104792251288E-2,1.1477213923273286E-2,{"$f":"-N4168/(1.202*2465560*MAX(0,(Inputs!$R$49-Q4168)))","v":{"$error":"#DIV/0!"}},{"$f":"params!$C$16*R4168*(G4168-Inputs!$R$27)","v":{"$error":"#DIV/0!"}},{"$error":"#DIV/0!"},{"$f":"E4168*params!$C$8","v":1597.1264999999999}]
["2000-06-23",6,23,"18:00:00",301,3,23,17,69,{"$f":"Inputs!$R$38*Inputs!$R$33*(G4171-Inputs!$R$27)","v":10758.244363508555},{"$f":"Inputs!$R$34*E4171*Inputs!$R$39","v":176172.20524159458},{"$f":"params!$C$16*Inputs!$R$30*(G4171-Inputs!$R$27)","v":1684.6763858332995},{"$f":"Inputs!$R$41*Inputs!$R$42/8760","v":0},{"$f":"-Inputs!$R$45*Inputs!$R$34","v":-90000},2801.0950714195728,1.768327304712981E-2,1.220145840251957E-2,{"$f":"-N4171/(1.202*2465560*MAX(0,(Inputs!$R$49-Q4171)))","v":{"$error":"#DIV/0!"}},{"$f":"params!$C$16*R4171*(G4171-Inputs!$R$27)","v":{"$error":"#DIV/0!"}},{"$error":"#DIV/0!"},{"$f":"E4171*params!$C$8","v":623.52149999999995}]
["2000-06-23",6,23,"22:00:00",0,0,18,14,77,{"$f":"Inputs!$R$38*Inputs!$R$33*(G4175-Inputs!$R$27)","v":-17719.461304602319},{"$f":"Inputs!$R$34*E4175*Inputs!$R$39","v":0},{"$f":"params!$C$16*Inputs!$R$30*(G4175-Inputs!$R$27)","v":-2774.7611060783747},{"$f":"Inputs!$R$41*Inputs!$R$42/8760","v":0},{"$f":"-Inputs!$R$45*Inputs!$R$34","v":-90000},2057.7011249857014,1.2892956292988709E-2,9.927576345601305E-3,{"$f":"-N4175/(1.202*2465560*MAX(0,(Inputs!$R$49-Q4175)))","v":28.362879679772284},{"$f":"params!$C$16*R4175*(G4175-Inputs!$R$27)","v":-106523.03560842463},-217017.25801910533,{"$f":"E4175*params!$C$8","v":0}]
["2000-06-24",6,24,"01:00:00",0,0,13,13,100,{"$f":"Inputs!$R$38*Inputs!$R$33*(G4178-Inputs!$R$27)","v":-46197.166972713196},{"$f":"Inputs!$R$34*E4178*Inputs!$R$39","v":0},{"$f":"params!$C$16*Inputs!$R$30*(G4178-Inputs!$R$27)","v":-7234.1985979900483},{"$f":"Inputs!$R$41*Inputs!$R$42/8760","v":0},{"$f":"-Inputs!$R$45*Inputs!$R$34","v":-90000},1493.2057396927576,9.303089390063848E-3,9.303089390063848E-3,{"$f":"-N4178/(1.202*2465560*MAX(0,(Inputs!$R$49-Q4178)))","v":17.914394038834878},{"$f":"params!$C$16*R4178*(G4178-Inputs!$R$27)","v":-175412.3483912154},-318843.71396191861,{"$f":"E4178*params!$C$8","v":0}]
["2000-06-24",6,24,"04:00:00",0,6,12,12,100,{"$f":"Inputs!$R$38*Inputs!$R$33*(G4181-Inputs!$R$27)","v":-51892.708106335369},{"$f":"Inputs!$R$34*E4181*Inputs!$R$39","v":0},{"$f":"params!$C$16*Inputs!$R$30*(G4181-Inputs!$R$27)","v":-8126.0860963723835},{"$f":"Inputs!$R$41*Inputs!$R$42/8760","v":0},{"$f":"-Inputs!$R$45*Inputs!$R$34","v":-90000},1398.3079270856979,8.70357605607666E-3,8.70357605607666E-3,{"$f":"-N4181/(1.202*2465560*MAX(0,(Inputs!$R$49-Q4181)))","v":13.23410177672821},{"$f":"params!$C$16*R4181*(G4181-Inputs!$R$27)","v":-145560.48796299036},-295579.28216569813,{"$f":"E4181*params!$C$8","v":0}]
["2000-06-24",6,24,"07:00:00",177,10,13,13,100,{"$f":"Inputs!$R$38*Inputs!$R$33*(G4184-Inputs!$R$27)","v":-46197.166972713196},{"$f":"Inputs!$R$34*E4184*Inputs!$R$39","v":103596.28015867855},{"$f":"params!$C$16*Inputs!$R$30*(G4184-Inputs!$R$27)","v":-7234.1985979900483},{"$f":"Inputs!$R$41*Inputs!$R$42/8760","v":0},{"$f":"-Inputs!$R$45*Inputs!$R$34","v":-90000},1493.2057396927576,9.303089390063848E-3,9.303089390063848E-3,{"$f":"-N4184/(1.202*2465560*MAX(0,(Inputs!$R$49-Q4184)))","v":17.914394038834878},{"$f":"params!$C$16*R4184*(G4184-Inputs!$R$27)","v":-175412.3483912154},-215247.4338032401,{"$f":"E4184*params!$C$8","v":366.65549999999996}]
["2000-06-24",6,24,"09:00:00",407,9,17,16,94,{"$f":"Inputs!$R$38*Inputs!$R$33*(G4186-Inputs!$R$27)","v":-23415.002438224496},{"$f":"Inputs!$R$34*E4186*Inputs!$R$39","v":238212.91539311959},{"$f":"params!$C$16*Inputs!$R$30*(G4186-Inputs!$R$27)","v":-3666.6486044607095},{"$f":"Inputs!$R$41*Inputs!$R$42/8760","v":0},{"$f":"-Inputs!$R$45*Inputs!$R$34","v":-90000},1931.8104441244629,1.2088830888770941E-2,1.1363501035444683E-2,{"$f":"-N4186/(1.202*2465560*MAX(0,(Inputs!$R$49-Q4186)))","v":{"$error":"#DIV/0!"}},{"$f":"params!$C$16*R4186*(G4186-Inputs!$R$27)","v":{"$error":"#DIV/0!"}},{"$error":"#DIV/0!"},{"$f":"E4186*params!$C$8","v":843.10050000000001}]
["2000-06-24",6,24,"12:00:00",838,5,26,16,54,{"$f":"Inputs!$R$38*Inputs!$R$33*(G4189-Inputs!$R$27)","v":27844.867764375082},{"$f":"Inputs!$R$34*E4189*Inputs!$R$39","v":490472.78402809385},{"$f":"params!$C$16*Inputs!$R$30*(G4189-Inputs!$R$27)","v":4360.3388809803037},{"$f":"Inputs!$R$41*Inputs!$R$42/8760","v":0},{"$f":"-Inputs!$R$45*Inputs!$R$34","v":-90000},3351.668772324198,2.1277942853302922E-2,1.1490089140783578E-2,{"$f":"-N4189/(1.202*2465560*MAX(0,(Inputs!$R$49-Q4189)))","v":{"$error":"#DIV/0!"}},{"$f":"params!$C$16*R4189*(G4189-Inputs!$R$27)","v":{"$error":"#DIV/0!"}},{"$error":"#DIV/0!"},{"$f":"E4189*params!$C$8","v":1735.9169999999999}]
["2000-06-24",6,24,"16:00:00",607,3,28,17,51,{"$f":"Inputs!$R$38*Inputs!$R$33*(G4193-Inputs!$R$27)","v":39235.950031619432},{"$f":"Inputs!$R$34*E4193*Inputs!$R$39","v":355270.85907524225},{"$f":"params!$C$16*Inputs!$R$30*(G4193-Inputs!$R$27)","v":6144.1138777449733},{"$f":"Inputs!$R$41*Inputs!$R$42/8760","v":0},{"$f":"-Inputs!$R$45*Inputs!$R$34","v":-90000},3769.1055437563177,2.4030411275220657E-2,1.2255509750362534E-2,{"$f":"-N4193/(1.202*2465560*MAX(0,(Inputs!$R$49-Q4193)))","v":{"$error":"#DIV/0!"}},{"$f":"params!$C$16*R4193*(G4193-Inputs!$R$27)","v":{"$error":"#DIV/0!"}},{"$error":"#DIV/0!"},{"$f":"E4193*params!$C$8","v":1257.4005}]
["2000-06-24",6,24,"19:00:00",112,0,25,17,61,{"$f":"Inputs!$R$38*Inputs!$R$33*(G4196-Inputs!$R$27)","v":22149.326630752905},{"$f":"Inputs!$R$34*E4196*Inputs!$R$39","v":65552.448461988679},{"$f":"params!$C$16*Inputs!$R$30*(G4196-Inputs!$R$27)","v":3468.4513825979689},{"$f":"Inputs!$R$41*Inputs!$R$42/8760","v":0},{"$f":"-Inputs!$R$45*Inputs!$R$34","v":-90000},3158.5016332003511,2.0012171957865876E-2,1.2207424894298184E-2,{"$f":"-N4196/(1.202*2465560*MAX(0,(Inputs!$R$49-Q4196)))","v":{"$error":"#DIV/0!"}},{"$f":"params!$C$16*R4196*(G4196-Inputs!$R$27)","v":{"$error":"#DIV/0!"}},{"$error":"#DIV/0!"},{"$f":"E4196*params!$C$8","v":232.00799999999998}]
["2000-06-24",6,24,"23:00:00",0,9,21,18,83,{"$f":"Inputs!$R$38*Inputs!$R$33*(G4200-Inputs!$R$27)","v":-632.83790373579495},{"$f":"Inputs!$R$34*E4200*Inputs!$R$39","v":0},{"$f":"params!$C$16*Inputs!$R$30*(G4200-Inputs!$R$27)","v":-99.098610931370175},{"$f":"Inputs!$R$41*Inputs!$R$42/8760","v":0},{"$f":"-Inputs!$R$45*Inputs!$R$34","v":-90000},2479.5289798458998,1.5602307510579843E-2,1.2949915233781271E-2,{"$f":"-N4200/(1.202*2465560*MAX(0,(Inputs!$R$49-Q4200)))","v":{"$error":"#DIV/0!"}},{"$f":"params!$C$16*R4200*(G4200-Inputs!$R$27)","v":{"$error":"#DIV/0!"}},{"$error":"#DIV/0!"},{"$f":"E4200*params!$C$8","v":0}]
["2000-06-25",6,25,"02:00:00",0,8,24,19,74,{"$f":"Inputs!$R$38*Inputs!$R$33*(G4203-Inputs!$R$27)","v":16453.785497130732},{"$f":"Inputs!$R$34*E4203*Inputs!$R$39","v":0},{"$f":"params!$C$16*Inputs!$R$30*(G4203-Inputs!$R$27)","v":2576.5638842156341},{"$f":"Inputs!$R$41*Inputs!$R$42/8760","v":0},{"$f":"-Inputs!$R$45*Inputs!$R$34","v":-90000},2975.1171299801654,1.8815104792251288E-2,1.3923177546265953E-2,{"$f":"-N4203/(1.202*2465560*MAX(0,(Inputs!$R$49-Q4203)))","v":{"$error":"#DIV/0!"}},{"$f":"params!$C$16*R4203*(G4203-Inputs!$R$27)","v":{"$error":"#DIV/0!"}},{"$error":"#DIV/0!"},{"$f":"E4203*params!$C$8","v":0}]
["2000-06-25",6,25,"04:00:00",0,7,23,19,78,{"$f":"Inputs!$R$38*Inputs!$R$33*(G4205-Inputs!$R$27)","v":10758.244363508555},{"$f":"Inputs!$R$34*E4205*Inputs!$R$39","v":0},{"$f":"params!$C$16*Inputs!$R$30*(G4205-Inputs!$R$27)","v":1684.6763858332995},{"$f":"Inputs!$R$41*Inputs!$R$42/8760","v":0},{"$f":"-Inputs!$R$45*Inputs!$R$34","v":-90000},2801.0950714195728,1.768327304712981E-2,1.3792952976761252E-2,{"$f":"-N4205/(1.202*2465560*MAX(0,(Inputs!$R$49-Q4205)))","v":{"$error":"#DIV/0!"}},{"$f":"params!$C$16*R4205*(G4205-Inputs!$R$27)","v":{"$error":"#DIV/0!"}},{"$error":"#DIV/0!"},{"$f":"E4205*params!$C$8","v":0}]
["2000-06-25",6,25,"07:00:00",163,8,24,20,78,{"$f":"Inputs!$R$38*Inputs!$R$33*(G4208-Inputs!$R$27)","v":16453.785497130732},{"$f":"Inputs!$R$34*E4208*Inputs!$R$39","v":95402.224100929961},{"$f":"params!$C$16*Inputs!$R$30*(G4208-Inputs!$R$27)","v":2576.5638842156341},{"$f":"Inputs!$R$41*Inputs!$R$42/8760","v":0},{"$f":"-Inputs!$R$45*Inputs!$R$34","v":-90000},2975.1171299801654,1.8815104792251288E-2,1.4675781737956004E-2,{"$f":"-N4208/(1.202*2465560*MAX(0,(Inputs!$R$49-Q4208)))","v":{"$error":"#DIV/0!"}},{"$f":"params!$C$16*R4208*(G4208-Inputs!$R$27)","v":{"$error":"#DIV/0!"}},{"$error":"#DIV/0!"},{"$f":"E4208*params!$C$8","v":337.65449999999998}]
["2000-06-25",6,25,"10:00:00",717,9,28,19,58,{"$f":"Inputs!$R$38*Inputs!$R$33*(G4211-Inputs!$R$27)","v":39235.950031619432},{"$f":"Inputs!$R$34*E4211*Inputs!$R$39","v":419652.72810040973},{"$f":"params!$C$16*Inputs!$R$30*(G4211-Inputs!$R$27)","v":6144.1138777449733},{"$f":"Inputs!$R$41*Inputs!$R$42/8760","v":0},{"$f":"-Inputs!$R$45*Inputs!$R$34","v":-90000},3769.1055437563177,2.4030411275220657E-2,1.3937638539627982E-2,{"$f":"-N4211/(1.202*2465560*MAX(0,(Inputs!$R$49-Q4211)))","v":{"$error":"#DIV/0!"}},{"$f":"params!$C$16*R4211*(G4211-Inputs!$R$27)","v":{"$error":"#DIV/0!"}},{"$error":"#DIV/0!"},{"$f":"E4211*params!$C$8","v":1485.2655}]
["2000-06-25",6,25,"14:00:00",418,9,28,20,62,{"$f":"Inputs!$R$38*Inputs!$R$33*(G4215-Inputs!$R$27)","v":39235.950031619432},{"$f":"Inputs!$R$34*E4215*Inputs!$R$39","v":244651.10229563632},{"$f":"params!$C$16*Inputs!$R$30*(G4215-Inputs!$R$27)","v":6144.1138777449733},{"$f":"Inputs!$R$41*Inputs!$R$42/8760","v":0},{"$f":"-Inputs!$R$45*Inputs!$R$34","v":-90000},3769.1055437563177,2.4030411275220657E-2,1.4898854990636807E-2,{"$f":"-N4215/(1.202*2465560*MAX(0,(Inputs!$R$49-Q4215)))","v":{"$error":"#DIV/0!"}},{"$f":"params!$C$16*R4215*(G4215-Inputs!$R$27)","v":{"$error":"#DIV/0!"}},{"$error":"#DIV/0!"},{"$f":"E4215*params!$C$8","v":865.88699999999994}]
["2000-06-25",6,25,"17:00:00",209,9,26,20,70,{"$f":"Inputs!$R$38*Inputs!$R$33*(G4218-Inputs!$R$27)","v":27844.867764375082},{"$f":"Inputs!$R$34*E4218*Inputs!$R$39","v":122325.55114781816},{"$f":"params!$C$16*Inputs!$R$30*(G4218-Inputs!$R$27)","v":4360.3388809803037},{"$f":"Inputs!$R$41*Inputs!$R$42/8760","v":0},{"$f":"-Inputs!$R$45*Inputs!$R$34","v":-90000},3351.668772324198,2.1277942853302922E-2,1.4894559997312045E-2,{"$f":"-N4218/(1.202*2465560*MAX(0,(Inputs!$R$49-Q4218)))","v":{"$error":"#DIV/0!"}},{"$f":"params!$C$16*R4218*(G4218-Inputs!$R$27)","v":{"$error":"#DIV/0!"}},{"$error":"#DIV/0!"},{"$f":"E4218*params!$C$8","v":432.94349999999997}]
["2000-06-25",6,25,"20:00:00",7,6,24,19,74,{"$f":"Inputs!$R$38*Inputs!$R$33*(G4221-Inputs!$R$27)","v":16453.785497130732},{"$f":"Inputs!$R$34*E4221*Inputs!$R$39","v":4097.0280288742924},{"$f":"params!$C$16*Inputs!$R$30*(G4221-Inputs!$R$27)","v":2576.5638842156341},{"$f":"Inputs!$R$41*Inputs!$R$42/8760","v":0},{"$f":"-Inputs!$R$45*Inputs!$R$34","v":-90000},2975.1171299801654,1.8815104792251288E-2,1.3923177546265953E-2,{"$f":"-N4221/(1.202*2465560*MAX(0,(Inputs!$R$49-Q4221)))","v":{"$error":"#DIV/0!"}},{"$f":"params!$C$16*R4221*(G4221-Inputs!$R$27)","v":{"$error":"#DIV/0!"}},{"$error":"#DIV/0!"},{"$f":"E4221*params!$C$8","v":14.500499999999999}]
["2000-06-25",6,25,1,0,10,20,19,94,{"$f":"Inputs!$R$38*Inputs!$R$33*(G4225-Inputs!$R$27)","v":-6328.3790373579704},{"$f":"Inputs!$R$34*E4225*Inputs!$R$39","v":0},{"$f":"params!$C$16*Inputs!$R$30*(G4225-Inputs!$R$27)","v":-990.98610931370501},{"$f":"Inputs!$R$41*Inputs!$R$42/8760","v":0},{"$f":"-Inputs!$R$45*Inputs!$R$34","v":-90000},2331.2150168593957,1.4647072201887702E-2,1.3768247869774439E-2,{"$f":"-N4225/(1.202*2465560*MAX(0,(Inputs!$R$49-Q4225)))","v":{"$error":"#DIV/0!"}},{"$f":"params!$C$16*R4225*(G4225-Inputs!$R$27)","v":{"$error":"#DIV/0!"}},{"$error":"#DIV/0!"},{"$f":"E4225*params!$C$8","v":0}]
["2000-06-26",6,26,"03:00:00",0,10,20,19,94,{"$f":"Inputs!$R$38*Inputs!$R$33*(G4228-Inputs!$R$27)","v":-6328.3790373579704},{"$f":"Inputs!$R$34*E4228*Inputs!$R$39","v":0},{"$f":"params!$C$16*Inputs!$R$30*(G4228-Inputs!$R$27)","v":-990.98610931370501},{"$f":"Inputs!$R$41*Inputs!$R$42/8760","v":0},{"$f":"-Inputs!$R$45*Inputs!$R$34","v":-90000},2331.2150168593957,1.4647072201887702E-2,1.3768247869774439E-2,{"$f":"-N4228/(1.202*2465560*MAX(0,(Inputs!$R$49-Q4228)))","v":{"$error":"#DIV/0!"}},{"$f":"params!$C$16*R4228*(G4228-Inputs!$R$27)","v":{"$error":"#DIV/0!"}},{"$error":"#DIV/0!"},{"$f":"E4228*params!$C$8","v":0}]
["2000-06-26",6,26,"05:00:00",0,10,20,20,100,{"$f":"Inputs!$R$38*Inputs!$R$33*(G4230-Inputs!$R$27)","v":-6328.3790373579704},{"$f":"Inputs!$R$34*E4230*Inputs!$R$39","v":0},{"$f":"params!$C$16*Inputs!$R$30*(G4230-Inputs!$R$27)","v":-990.98610931370501},{"$f":"Inputs!$R$41*Inputs!$R$42/8760","v":0},{"$f":"-Inputs!$R$45*Inputs!$R$34","v":-90000},2331.2150168593957,1.4647072201887702E-2,1.4647072201887702E-2,{"$f":"-N4230/(1.202*2465560*MAX(0,(Inputs!$R$49-Q4230)))","v":{"$error":"#DIV/0!"}},{"$f":"params!$C$16*R4230*(G4230-Inputs!$R$27)","v":{"$error":"#DIV/0!"}},{"$error":"#DIV/0!"},{"$f":"E4230*params!$C$8","v":0}]
["2000-06-26",6,26,"08:00:00",148,3,22,20,88,{"$f":"Inputs!$R$38*Inputs!$R$33*(G4233-Inputs!$R$27)","v":5062.7032298863796},{"$f":"Inputs!$R$34*E4233*Inputs!$R$39","v":86622.878324770762},{"$f":"params!$C$16*Inputs!$R$30*(G4233-Inputs!$R$27)","v":792.78888745096458},{"$f":"Inputs!$R$41*Inputs!$R$42/8760","v":0},{"$f":"-Inputs!$R$45*Inputs!$R$34","v":-90000},2636.0296246790026,1.6613383438113645E-2,1.4619777425540008E-2,{"$f":"-N4233/(1.202*2465560*MAX(0,(Inputs!$R$49-Q4233)))","v":{"$error":"#DIV/0!"}},{"$f":"params!$C$16*R4233*(G4233-Inputs!$R$27)","v":{"$error":"#DIV/0!"}},{"$error":"#DIV/0!"},{"$f":"E4233*params!$C$8","v":306.58199999999999}]
["2000-06-26",6,26,"11:00:00",167,9,24,21,83,{"$f":"Inputs!$R$38*Inputs!$R$33*(G4236-Inputs!$R$27)","v":16453.785497130732},{"$f":"Inputs!$R$34*E4236*Inputs!$R$39","v":97743.382974572407},{"$f":"params!$C$16*Inputs!$R$30*(G4236-Inputs!$R$27)","v":2576.5638842156341},{"$f":"Inputs!$R$41*Inputs!$R$42/8760","v":0},{"$f":"-Inputs!$R$45*Inputs!$R$34","v":-90000},2975.1171299801654,1.8815104792251288E-2,1.561653697756857E-2,{"$f":"-N4236/(1.202*2465560*MAX(0,(Inputs!$R$49-Q4236)))","v":{"$error":"#DIV/0!"}},{"$f":"params!$C$16*R4236*(G4236-Inputs!$R$27)","v":{"$error":"#DIV/0!"}},{"$error":"#DIV/0!"},{"$f":"E4236*params!$C$8","v":345.94049999999999}]
["2000-06-26",6,26,"15:00:00",597,5,27,22,74,{"$f":"Inputs!$R$38*Inputs!$R$33*(G4240-Inputs!$R$27)","v":33540.408897997258},{"$f":"Inputs!$R$34*E4240*Inputs!$R$39","v":349417.96189113613},{"$f":"params!$C$16*Inputs!$R$30*(G4240-Inputs!$R$27)","v":5252.2263793626389},{"$f":"Inputs!$R$41*Inputs!$R$42/8760","v":0},{"$f":"-Inputs!$R$45*Inputs!$R$34","v":-90000},3555.0534347297348,2.2616071840205452E-2,1.6735893161752034E-2,{"$f":"-N4240/(1.202*2465560*MAX(0,(Inputs!$R$49-Q4240)))","v":{"$error":"#DIV/0!"}},{"$f":"params!$C$16*R4240*(G4240-Inputs!$R$27)","v":{"$error":"#DIV/0!"}},{"$error":"#DIV/0!"},{"$f":"E4240*params!$C$8","v":1236.6855}]
["2000-06-26",6,26,"18:00:00",52,3,27,22,74,{"$f":"Inputs!$R$38*Inputs!$R$33*(G4243-Inputs!$R$27)","v":33540.408897997258},{"$f":"Inputs!$R$34*E4243*Inputs!$R$39","v":30435.06535735189},{"$f":"params!$C$16*Inputs!$R$30*(G4243-Inputs!$R$27)","v":5252.2263793626389},{"$f":"Inputs!$R$41*Inputs!$R$42/8760","v":0},{"$f":"-Inputs!$R$45*Inputs!$R$34","v":-90000},3555.0534347297348,2.2616071840205452E-2,1.6735893161752034E-2,{"$f":"-N4243/(1.202*2465560*MAX(0,(Inputs!$R$49-Q4243)))","v":{"$error":"#DIV/0!"}},{"$f":"params!$C$16*R4243*(G4243-Inputs!$R$27)","v":{"$error":"#DIV/0!"}},{"$error":"#DIV/0!"},{"$f":"E4243*params!$C$8","v":107.71799999999999}]
["2000-06-26",6,26,"21:00:00",0,0,23,21,89,{"$f":"Inputs!$R$38*Inputs!$R$33*(G4246-Inputs!$R$27)","v":10758.244363508555},{"$f":"Inputs!$R$34*E4246*Inputs!$R$39","v":0},{"$f":"params!$C$16*Inputs!$R$30*(G4246-Inputs!$R$27)","v":1684.6763858332995},{"$f":"Inputs!$R$41*Inputs!$R$42/8760","v":0},{"$f":"-Inputs!$R$45*Inputs!$R$34","v":-90000},2801.0950714195728,1.768327304712981E-2,1.5738113011945533E-2,{"$f":"-N4246/(1.202*2465560*MAX(0,(Inputs!$R$49-Q4246)))","v":{"$error":"#DIV/0!"}},{"$f":"params!$C$16*R4246*(G4246-Inputs!$R$27)","v":{"$error":"#DIV/0!"}},{"$error":"#DIV/0!"},{"$f":"E4246*params!$C$8","v":0}]
["2000-06-27",6,27,"01:00:00",0,9,22,20,88,{"$f":"Inputs!$R$38*Inputs!$R$33*(G4250-Inputs!$R$27)","v":5062.7032298863796},{"$f":"Inputs!$R$34*E4250*Inputs!$R$39","v":0},{"$f":"params!$C$16*Inputs!$R$30*(G4250-Inputs!$R$27)","v":792.78888745096458},{"$f":"Inputs!$R$41*Inputs!$R$42/8760","v":0},{"$f":"-Inputs!$R$45*Inputs!$R$34","v":-90000},2636.0296246790026,1.6613383438113645E-2,1.4619777425540008E-2,{"$f":"-N4250/(1.202*2465560*MAX(0,(Inputs!$R$49-Q4250)))","v":{"$error":"#DIV/0!"}},{"$f":"params!$C$16*R4250*(G4250-Inputs!$R$27)","v":{"$error":"#DIV/0!"}},{"$error":"#DIV/0!"},{"$f":"E4250*params!$C$8","v":0}]
["2000-06-27",6,27,"04:00:00",0,9,21,21,100,{"$f":"Inputs!$R$38*Inputs!$R$33*(G4253-Inputs!$R$27)","v":-632.83790373579495},{"$f":"Inputs!$R$34*E4253*Inputs!$R$39","v":0},{"$f":"params!$C$16*Inputs!$R$30*(G4253-Inputs!$R$27)","v":-99.098610931370175},{"$f":"Inputs!$R$41*Inputs!$R$42/8760","v":0},{"$f":"-Inputs!$R$45*Inputs!$R$34","v":-90000},2479.5289798458998,1.5602307510579843E-2,1.5602307510579843E-2,{"$f":"-N4253/(1.202*2465560*MAX(0,(Inputs!$R$49-Q4253)))","v":{"$error":"#DIV/0!"}},{"$f":"params!$C$16*R4253*(G4253-Inputs!$R$27)","v":{"$error":"#DIV/0!"}},{"$error":"#DIV/0!"},{"$f":"E4253*params!$C$8","v":0}]
["2000-06-27",6,27,"06:00:00",42,10,21,21,100,{"$f":"Inputs!$R$38*Inputs!$R$33*(G4255-Inputs!$R$27)","v":-632.83790373579495},{"$f":"Inputs!$R$34*E4255*Inputs!$R$39","v":24582.168173245758},{"$f":"params!$C$16*Inputs!$R$30*(G4255-Inputs!$R$27)","v":-99.098610931370175},{"$f":"Inputs!$R$41*Inputs!$R$42/8760","v":0},{"$f":"-Inputs!$R$45*Inputs!$R$34","v":-90000},2479.5289798458998,1.5602307510579843E-2,1.5602307510579843E-2,{"$f":"-N4255/(1.202*2465560*MAX(0,(Inputs!$R$49-Q4255)))","v":{"$error":"#DIV/0!"}},{"$f":"params!$C$16*R4255*(G4255-Inputs!$R$27)","v":{"$error":"#DIV/0!"}},{"$error":"#DIV/0!"},{"$f":"E4255*params!$C$8","v":87.003}]
["2000-06-27",6,27,"09:00:00",97,9,19,16,83,{"$f":"Inputs!$R$38*Inputs!$R$33*(G4258-Inputs!$R$27)","v":-12023.920170980145},{"$f":"Inputs!$R$34*E4258*Inputs!$R$39","v":56773.102685829494},{"$f":"params!$C$16*Inputs!$R$30*(G4258-Inputs!$R$27)","v":-1882.8736076960397},{"$f":"Inputs!$R$41*Inputs!$R$42/8760","v":0},{"$f":"-Inputs!$R$45*Inputs!$R$34","v":-90000},2190.7229749852513,1.3744851093608144E-2,1.1408226407694759E-2,{"$f":"-N4258/(1.202*2465560*MAX(0,(Inputs!$R$49-Q4258)))","v":{"$error":"#DIV/0!"}},{"$f":"params!$C$16*R4258*(G4258-Inputs!$R$27)","v":{"$error":"#DIV/0!"}},{"$error":"#DIV/0!"},{"$f":"E4258*params!$C$8","v":200.93549999999999}]
["2000-06-27",6,27,"12:00:00",947,0,24,11,44,{"$f":"Inputs!$R$38*Inputs!$R$33*(G4261-Inputs!$R$27)","v":16453.785497130732},{"$f":"Inputs!$R$34*E4261*Inputs!$R$39","v":554269.36333485076},{"$f":"params!$C$16*Inputs!$R$30*(G4261-Inputs!$R$27)","v":2576.5638842156341},{"$f":"Inputs!$R$41*Inputs!$R$42/8760","v":0},{"$f":"-Inputs!$R$45*Inputs!$R$34","v":-90000},2975.1171299801654,1.8815104792251288E-2,8.2786461085905677E-3,{"$f":"-N4261/(1.202*2465560*MAX(0,(Inputs!$R$49-Q4261)))","v":11.166341252642498},{"$f":"params!$C$16*R4261*(G4261-Inputs!$R$27)","v":38942.105073121063},522241.81778931821,{"$f":"E4261*params!$C$8","v":1961.7104999999999}]
["2000-06-27",6,27,"16:00:00",476,4,25,13,47,{"$f":"Inputs!$R$38*Inputs!$R$33*(G4265-Inputs!$R$27)","v":22149.326630752905},{"$f":"Inputs!$R$34*E4265*Inputs!$R$39","v":278597.90596345189},{"$f":"params!$C$16*Inputs!$R$30*(G4265-Inputs!$R$27)","v":3468.4513825979689},{"$f":"Inputs!$R$41*Inputs!$R$42/8760","v":0},{"$f":"-Inputs!$R$45*Inputs!$R$34","v":-90000},3158.5016332003511,2.0012171957865876E-2,9.4057208201969618E-3,{"$f":"-N4265/(1.202*2465560*MAX(0,(Inputs!$R$49-Q4265)))","v":19.068870285246991},{"$f":"params!$C$16*R4265*(G4265-Inputs!$R$27)","v":89521.672840595376},303737.3568173981,{"$f":"E4265*params!$C$8","v":986.03399999999999}]
["2000-06-27",6,27,"19:00:00",140,3,21,18,83,{"$f":"Inputs!$R$38*Inputs!$R$33*(G4268-Inputs!$R$27)","v":-632.83790373579495},{"$f":"Inputs!$R$34*E4268*Inputs!$R$39","v":81940.560577485856},{"$f":"params!$C$16*Inputs!$R$30*(G4268-Inputs!$R$27)","v":-99.098610931370175},{"$f":"Inputs!$R$41*Inputs!$R$42/8760","v":0},{"$f":"-Inputs!$R$45*Inputs!$R$34","v":-90000},2479.5289798458998,1.5602307510579843E-2,1.2949915233781271E-2,{"$f":"-N4268/(1.202*2465560*MAX(0,(Inputs!$R$49-Q4268)))","v":{"$error":"#DIV/0!"}},{"$f":"params!$C$16*R4268*(G4268-Inputs!$R$27)","v":{"$error":"#DIV/0!"}},{"$error":"#DIV/0!"},{"$f":"E4268*params!$C$8","v":290.01}]
["2000-06-27",6,27,"22:00:00",0,2,16,14,88,{"$f":"Inputs!$R$38*Inputs!$R$33*(G4271-Inputs!$R$27)","v":-29110.543571846669},{"$f":"Inputs!$R$34*E4271*Inputs!$R$39","v":0},{"$f":"params!$C$16*Inputs!$R$30*(G4271-Inputs!$R$27)","v":-4558.5361028430443},{"$f":"Inputs!$R$41*Inputs!$R$42/8760","v":0},{"$f":"-Inputs!$R$45*Inputs!$R$34","v":-90000},1812.7242941450775,1.1330041931761578E-2,9.9704368999501899E-3,{"$f":"-N4271/(1.202*2465560*MAX(0,(Inputs!$R$49-Q4271)))","v":29.545589775199605},{"$f":"params!$C$16*R4271*(G4271-Inputs!$R$27)","v":-182299.58308253525},-305968.66275722499,{"$f":"E4271*params!$C$8","v":0}]
["2000-06-28",6,28,"02:00:00",0,0,12,12,100,{"$f":"Inputs!$R$38*Inputs!$R$33*(G4275-Inputs!$R$27)","v":-51892.708106335369},{"$f":"Inputs!$R$34*E4275*Inputs!$R$39","v":0},{"$f":"params!$C$16*Inputs!$R$30*(G4275-Inputs!$R$27)","v":-8126.0860963723835},{"$f":"Inputs!$R$41*Inputs!$R$42/8760","v":0},{"$f":"-Inputs!$R$45*Inputs!$R$34","v":-90000},1398.3079270856979,8.70357605607666E-3,8.70357605607666E-3,{"$f":"-N4275/(1.202*2465560*MAX(0,(Inputs!$R$49-Q4275)))","v":13.23410177672821},{"$f":"params!$C$16*R4275*(G4275-Inputs!$R$27)","v":-145560.48796299036},-295579.28216569813,{"$f":"E4275*params!$C$8","v":0}]
["2000-06-28",6,28,"03:00:00",0,0,12,12,100,{"$f":"Inputs!$R$38*Inputs!$R$33*(G4276-Inputs!$R$27)","v":-51892.708106335369},{"$f":"Inputs!$R$34*E4276*Inputs!$R$39","v":0},{"$f":"params!$C$16*Inputs!$R$30*(G4276-Inputs!$R$27)","v":-8126.0860963723835},{"$f":"Inputs!$R$41*Inputs!$R$42/8760","v":0},{"$f":"-Inputs!$R$45*Inputs!$R$34","v":-90000},1398.3079270856979,8.70357605607666E-3,8.70357605607666E-3,{"$f":"-N4276/(1.202*2465560*MAX(0,(Inputs!$R$49-Q4276)))","v":13.23410177672821},{"$f":"params!$C$16*R4276*(G4276-Inputs!$R$27)","v":-145560.48796299036},-295579.28216569813,{"$f":"E4276*params!$C$8","v":0}]
["2000-06-28",6,28,"07:00:00",245,8,13,13,100,{"$f":"Inputs!$R$38*Inputs!$R$33*(G4280-Inputs!$R$27)","v":-46197.166972713196},{"$f":"Inputs!$R$34*E4280*Inputs!$R$39","v":143395.98101060026},{"$f":"params!$C$16*Inputs!$R$30*(G4280-Inputs!$R$27)","v":-7234.1985979900483},{"$f":"Inputs!$R$41*Inputs!$R$42/8760","v":0},{"$f":"-Inputs!$R$45*Inputs!$R$34","v":-90000},1493.2057396927576,9.303089390063848E-3,9.303089390063848E-3,{"$f":"-N4280/(1.202*2465560*MAX(0,(Inputs!$R$49-Q4280)))","v":17.914394038834878},{"$f":"params!$C$16*R4280*(G4280-Inputs!$R$27)","v":-175412.3483912154},-175447.73295131838,{"$f":"E4280*params!$C$8","v":507.51749999999998}]
["2000-06-28",6,28,"10:00:00",711,4,21,12,56,{"$f":"Inputs!$R$38*Inputs!$R$33*(G4283-Inputs!$R$27)","v":-632.83790373579495},{"$f":"Inputs!$R$34*E4283*Inputs!$R$39","v":416140.989789946},{"$f":"params!$C$16*Inputs!$R$30*(G4283-Inputs!$R$27)","v":-99.098610931370175},{"$f":"Inputs!$R$41*Inputs!$R$42/8760","v":0},{"$f":"-Inputs!$R$45*Inputs!$R$34","v":-90000},2479.5289798458998,1.5602307510579843E-2,8.737292205924712E-3,{"$f":"-N4283/(1.202*2465560*MAX(0,(Inputs!$R$49-Q4283)))","v":13.431449842463874},{"$f":"params!$C$16*R4283*(G4283-Inputs!$R$27)","v":-1801.5987621790921},323607.45451309974,{"$f":"E4283*params!$C$8","v":1472.8364999999999}]
["2000-06-28",6,28,"13:00:00",724,8,23,10,44,{"$f":"Inputs!$R$38*Inputs!$R$33*(G4286-Inputs!$R$27)","v":10758.244363508555},{"$f":"Inputs!$R$34*E4286*Inputs!$R$39","v":423749.75612928404},{"$f":"params!$C$16*Inputs!$R$30*(G4286-Inputs!$R$27)","v":1684.6763858332995},{"$f":"Inputs!$R$41*Inputs!$R$42/8760","v":0},{"$f":"-Inputs!$R$45*Inputs!$R$34","v":-90000},2801.0950714195728,1.768327304712981E-2,7.7806401407371165E-3,{"$f":"-N4286/(1.202*2465560*MAX(0,(Inputs!$R$49-Q4286)))","v":9.4380892895869621},{"$f":"params!$C$16*R4286*(G4286-Inputs!$R$27)","v":21521.284230304722},367713.96110893058,{"$f":"E4286*params!$C$8","v":1499.7659999999998}]
["2000-06-28",6,28,"17:00:00",192,9,22,14,60,{"$f":"Inputs!$R$38*Inputs!$R$33*(G4290-Inputs!$R$27)","v":5062.7032298863796},{"$f":"Inputs!$R$34*E4290*Inputs!$R$39","v":112375.62593483775},{"$f":"params!$C$16*Inputs!$R$30*(G4290-Inputs!$R$27)","v":792.78888745096458},{"$f":"Inputs!$R$41*Inputs!$R$42/8760","v":0},{"$f":"-Inputs!$R$45*Inputs!$R$34","v":-90000},2636.0296246790026,1.6613383438113645E-2,9.9680300628681873E-3,{"$f":"-N4290/(1.202*2465560*MAX(0,(Inputs!$R$49-Q4290)))","v":29.47656678176547},{"$f":"params!$C$16*R4290*(G4290-Inputs!$R$27)","v":31630.209307367895},59861.327359542993,{"$f":"E4290*params!$C$8","v":397.72799999999995}]
["2000-06-28",6,28,"20:00:00",4,0,17,14,82,{"$f":"Inputs!$R$38*Inputs!$R$33*(G4293-Inputs!$R$27)","v":-23415.002438224496},{"$f":"Inputs!$R$34*E4293*Inputs!$R$39","v":2341.1588736424528},{"$f":"params!$C$16*Inputs!$R$30*(G4293-Inputs!$R$27)","v":-3666.6486044607095},{"$f":"Inputs!$R$41*Inputs!$R$42/8760","v":0},{"$f":"-Inputs!$R$45*Inputs!$R$34","v":-90000},1931.8104441244629,1.2088830888770941E-2,9.9128413287921709E-3,{"$f":"-N4293/(1.202*2465560*MAX(0,(Inputs!$R$49-Q4293)))","v":27.977851205604995},{"$f":"params!$C$16*R4293*(G4293-Inputs!$R$27)","v":-138851.71888297788},-253592.21105202063,{"$f":"E4293*params!$C$8","v":8.2859999999999996}]
["2000-06-28",6,28,"23:00:00",0,10,15,12,82,{"$f":"Inputs!$R$38*Inputs!$R$33*(G4296-Inputs!$R$27)","v":-34806.084705468842},{"$f":"Inputs!$R$34*E4296*Inputs!$R$39","v":0},{"$f":"params!$C$16*Inputs!$R$30*(G4296-Inputs!$R$27)","v":-5450.4236012253787},{"$f":"Inputs!$R$41*Inputs!$R$42/8760","v":0},{"$f":"-Inputs!$R$45*Inputs!$R$34","v":-90000},1700.1281023555496,1.0614273895273205E-2,8.7037045941240274E-3,{"$f":"-N4296/(1.202*2465560*MAX(0,(Inputs!$R$49-Q4296)))","v":13.234843125376891},{"$f":"params!$C$16*R4296*(G4296-Inputs!$R$27)","v":-97637.503766062466},-227894.01207275668,{"$f":"E4296*params!$C$8","v":0}]
["2000-06-29",6,29,"03:00:00",0,4,12,12,100,{"$f":"Inputs!$R$38*Inputs!$R$33*(G4300-Inputs!$R$27)","v":-51892.708106335369},{"$f":"Inputs!$R$34*E4300*Inputs!$R$39","v":0},{"$f":"params!$C$16*Inputs!$R$30*(G4300-Inputs!$R$27)","v":-8126.0860963723835},{"$f":"Inputs!$R$41*Inputs!$R$42/8760","v":0},{"$f":"-Inputs!$R$45*Inputs!$R$34","v":-90000},1398.3079270856979,8.70357605607666E-3,8.70357605607666E-3,{"$f":"-N4300/(1.202*2465560*MAX(0,(Inputs!$R$49-Q4300)))","v":13.23410177672821},{"$f":"params!$C$16*R4300*(G4300-Inputs!$R$27)","v":-145560.48796299036},-295579.28216569813,{"$f":"E4300*params!$C$8","v":0}]
["2000-06-29",6,29,"04:00:00",0,2,12,12,100,{"$f":"Inputs!$R$38*Inputs!$R$33*(G4301-Inputs!$R$27)","v":-51892.708106335369},{"$f":"Inputs!$R$34*E4301*Inputs!$R$39","v":0},{"$f":"params!$C$16*Inputs!$R$30*(G4301-Inputs!$R$27)","v":-8126.0860963723835},{"$f":"Inputs!$R$41*Inputs!$R$42/8760","v":0},{"$f":"-Inputs!$R$45*Inputs!$R$34","v":-90000},1398.3079270856979,8.70357605607666E-3,8.70357605607666E-3,{"$f":"-N4301/(1.202*2465560*MAX(0,(Inputs!$R$49-Q4301)))","v":13.23410177672821},{"$f":"params!$C$16*R4301*(G4301-Inputs!$R$27)","v":-145560.48796299036},-295579.28216569813,{"$f":"E4301*params!$C$8","v":0}]
["2000-06-29",6,29,"08:00:00",297,5,16,15,94,{"$f":"Inputs!$R$38*Inputs!$R$33*(G4305-Inputs!$R$27)","v":-29110.543571846669},{"$f":"Inputs!$R$34*E4305*Inputs!$R$39","v":173831.04636795213},{"$f":"params!$C$16*Inputs!$R$30*(G4305-Inputs!$R$27)","v":-4558.5361028430443},{"$f":"Inputs!$R$41*Inputs!$R$42/8760","v":0},{"$f":"-Inputs!$R$45*Inputs!$R$34","v":-90000},1812.7242941450775,1.1330041931761578E-2,1.0650239415855885E-2,{"$f":"-N4305/(1.202*2465560*MAX(0,(Inputs!$R$49-Q4305)))","v":87.25368614266047},{"$f":"params!$C$16*R4305*(G4305-Inputs!$R$27)","v":-538364.97180276457},-488203.00510950212,{"$f":"E4305*params!$C$8","v":615.2355}]
["2000-06-29",6,29,"11:00:00",154,10,17,13,77,{"$f":"Inputs!$R$38*Inputs!$R$33*(G4308-Inputs!$R$27)","v":-23415.002438224496},{"$f":"Inputs!$R$34*E4308*Inputs!$R$39","v":90134.616635234444},{"$f":"params!$C$16*Inputs!$R$30*(G4308-Inputs!$R$27)","v":-3666.6486044607095},{"$f":"Inputs!$R$41*Inputs!$R$42/8760","v":0},{"$f":"-Inputs!$R$45*Inputs!$R$34","v":-90000},1931.8104441244629,1.2088830888770941E-2,9.3083997843536256E-3,{"$f":"-N4308/(1.202*2465560*MAX(0,(Inputs!$R$49-Q4308)))","v":17.970689211825121},{"$f":"params!$C$16*R4308*(G4308-Inputs!$R$27)","v":-89187.016838298587},-116134.05124574935,{"$f":"E4308*params!$C$8","v":319.01099999999997}]
["2000-06-29",6,29,"14:00:00",477,3,21,16,73,{"$f":"Inputs!$R$38*Inputs!$R$33*(G4311-Inputs!$R$27)","v":-632.83790373579495},{"$f":"Inputs!$R$34*E4311*Inputs!$R$39","v":279183.19568186247},{"$f":"params!$C$16*Inputs!$R$30*(G4311-Inputs!$R$27)","v":-99.098610931370175},{"$f":"Inputs!$R$41*Inputs!$R$42/8760","v":0},{"$f":"-Inputs!$R$45*Inputs!$R$34","v":-90000},2479.5289798458998,1.5602307510579843E-2,1.1389684482723286E-2,{"$f":"-N4311/(1.202*2465560*MAX(0,(Inputs!$R$49-Q4311)))","v":{"$error":"#DIV/0!"}},{"$f":"params!$C$16*R4311*(G4311-Inputs!$R$27)","v":{"$error":"#DIV/0!"}},{"$error":"#DIV/0!"},{"$f":"E4311*params!$C$8","v":988.10550000000001}]
["2000-06-29",6,29,"18:00:00",301,6,22,14,60,{"$f":"Inputs!$R$38*Inputs!$R$33*(G4315-Inputs!$R$27)","v":5062.7032298863796},{"$f":"Inputs!$R$34*E4315*Inputs!$R$39","v":176172.20524159458},{"$f":"params!$C$16*Inputs!$R$30*(G4315-Inputs!$R$27)","v":792.78888745096458},{"$f":"Inputs!$R$41*Inputs!$R$42/8760","v":0},{"$f":"-Inputs!$R$45*Inputs!$R$34","v":-90000},2636.0296246790026,1.6613383438113645E-2,9.9680300628681873E-3,{"$f":"-N4315/(1.202*2465560*MAX(0,(Inputs!$R$49-Q4315)))","v":29.47656678176547},{"$f":"params!$C$16*R4315*(G4315-Inputs!$R$27)","v":31630.209307367895},123657.90666629984,{"$f":"E4315*params!$C$8","v":623.52149999999995}]
["2000-06-29",6,29,"21:00:00",0,10,16,14,88,{"$f":"Inputs!$R$38*Inputs!$R$33*(G4318-Inputs!$R$27)","v":-29110.543571846669},{"$f":"Inputs!$R$34*E4318*Inputs!$R$39","v":0},{"$f":"params!$C$16*Inputs!$R$30*(G4318-Inputs!$R$27)","v":-4558.5361028430443},{"$f":"Inputs!$R$41*Inputs!$R$42/8760","v":0},{"$f":"-Inputs!$R$45*Inputs!$R$34","v":-90000},1812.7242941450775,1.1330041931761578E-2,9.9704368999501899E-3,{"$f":"-N4318/(1.202*2465560*MAX(0,(Inputs!$R$49-Q4318)))","v":29.545589775199605},{"$f":"params!$C$16*R4318*(G4318-Inputs!$R$27)","v":-182299.58308253525},-305968.66275722499,{"$f":"E4318*params!$C$8","v":0}]
["2000-06-30",6,30,"01:00:00",0,5,12,12,100,{"$f":"Inputs!$R$38*Inputs!$R$33*(G4322-Inputs!$R$27)","v":-51892.708106335369},{"$f":"Inputs!$R$34*E4322*Inputs!$R$39","v":0},{"$f":"params!$C$16*Inputs!$R$30*(G4322-Inputs!$R$27)","v":-8126.0860963723835},{"$f":"Inputs!$R$41*Inputs!$R$42/8760","v":0},{"$f":"-Inputs!$R$45*Inputs!$R$34","v":-90000},1398.3079270856979,8.70357605607666E-3,8.70357605607666E-3,{"$f":"-N4322/(1.202*2465560*MAX(0,(Inputs!$R$49-Q4322)))","v":13.23410177672821},{"$f":"params!$C$16*R4322*(G4322-Inputs!$R$27)","v":-145560.48796299036},-295579.28216569813,{"$f":"E4322*params!$C$8","v":0}]
["2000-06-30",6,30,"04:00:00",0,1,11,11,100,{"$f":"Inputs!$R$38*Inputs!$R$33*(G4325-Inputs!$R$27)","v":-57588.249239957542},{"$f":"Inputs!$R$34*E4325*Inputs!$R$39","v":0},{"$f":"params!$C$16*Inputs!$R$30*(G4325-Inputs!$R$27)","v":-9017.9735947547179},{"$f":"Inputs!$R$41*Inputs!$R$42/8760","v":0},{"$f":"-Inputs!$R$45*Inputs!$R$34","v":-90000},1308.7561751391206,8.138879592783612E-3,8.138879592783612E-3,{"$f":"-N4325/(1.202*2465560*MAX(0,(Inputs!$R$49-Q4325)))","v":10.620535649226438},{"$f":"params!$C$16*R4325*(G4325-Inputs!$R$27)","v":-129635.2153669809},-286241.43820169312,{"$f":"E4325*params!$C$8","v":0}]
["2000-06-30",6,30,"05:00:00",0,5,11,11,100,{"$f":"Inputs!$R$38*Inputs!$R$33*(G4326-Inputs!$R$27)","v":-57588.249239957542},{"$f":"Inputs!$R$34*E4326*Inputs!$R$39","v":0},{"$f":"params!$C$16*Inputs!$R$30*(G4326-Inputs!$R$27)","v":-9017.9735947547179},{"$f":"Inputs!$R$41*Inputs!$R$42/8760","v":0},{"$f":"-Inputs!$R$45*Inputs!$R$34","v":-90000},1308.7561751391206,8.138879592783612E-3,8.138879592783612E-3,{"$f":"-N4326/(1.202*2465560*MAX(0,(Inputs!$R$49-Q4326)))","v":10.620535649226438},{"$f":"params!$C$16*R4326*(G4326-Inputs!$R$27)","v":-129635.2153669809},-286241.43820169312,{"$f":"E4326*params!$C$8","v":0}]
["2000-06-30",6,30,"09:00:00",510,8,20.399999999999999,19.8,96,{"$f":"Inputs!$R$38*Inputs!$R$33*(G4330-Inputs!$R$27)","v":-4050.162583909108},{"$f":"Inputs!$R$34*E4330*Inputs!$R$39","v":298497.7563894128},{"$f":"params!$C$16*Inputs!$R$30*(G4330-Inputs!$R$27)","v":-634.2311099607723},{"$f":"Inputs!$R$41*Inputs!$R$42/8760","v":0},{"$f":"-Inputs!$R$45*Inputs!$R$34","v":-90000},2389.5818403368344,1.5022649529353992E-2,1.4421743548179832E-2,{"$f":"-N4330/(1.202*2465560*MAX(0,(Inputs!$R$49-Q4330)))","v":{"$error":"#DIV/0!"}},{"$f":"params!$C$16*R4330*(G4330-Inputs!$R$27)","v":{"$error":"#DIV/0!"}},{"$error":"#DIV/0!"},{"$f":"E4330*params!$C$8","v":1056.4649999999999}]
["2000-06-30",6,30,"12:00:00",832,3,21,11,53,{"$f":"Inputs!$R$38*Inputs!$R$33*(G4333-Inputs!$R$27)","v":-632.83790373579495},{"$f":"Inputs!$R$34*E4333*Inputs!$R$39","v":486961.04571763024},{"$f":"params!$C$16*Inputs!$R$30*(G4333-Inputs!$R$27)","v":-99.098610931370175},{"$f":"Inputs!$R$41*Inputs!$R$42/8760","v":0},{"$f":"-Inputs!$R$45*Inputs!$R$34","v":-90000},2479.5289798458998,1.5602307510579843E-2,8.2692229806073173E-3,{"$f":"-N4333/(1.202*2465560*MAX(0,(Inputs!$R$49-Q4333)))","v":11.127785227517384},{"$f":"params!$C$16*R4333*(G4333-Inputs!$R$27)","v":-1492.6016421777833},394736.50756078528,{"$f":"E4333*params!$C$8","v":1723.4879999999998}]
["2000-06-30",6,30,"15:00:00",800,4,23,11,47,{"$f":"Inputs!$R$38*Inputs!$R$33*(G4336-Inputs!$R$27)","v":10758.244363508555},{"$f":"Inputs!$R$34*E4336*Inputs!$R$39","v":468231.77472849062},{"$f":"params!$C$16*Inputs!$R$30*(G4336-Inputs!$R$27)","v":1684.6763858332995},{"$f":"Inputs!$R$41*Inputs!$R$42/8760","v":0},{"$f":"-Inputs!$R$45*Inputs!$R$34","v":-90000},2801.0950714195728,1.768327304712981E-2,8.3111383321510107E-3,{"$f":"-N4336/(1.202*2465560*MAX(0,(Inputs!$R$49-Q4336)))","v":11.301361415192737},{"$f":"params!$C$16*R4336*(G4336-Inputs!$R$27)","v":25770.026510991582},416444.72198882402,{"$f":"E4336*params!$C$8","v":1657.1999999999998}]
["2000-06-30",6,30,"19:00:00",139,0,20,9,49,{"$f":"Inputs!$R$38*Inputs!$R$33*(G4340-Inputs!$R$27)","v":-6328.3790373579704},{"$f":"Inputs!$R$34*E4340*Inputs!$R$39","v":81355.270859075245},{"$f":"params!$C$16*Inputs!$R$30*(G4340-Inputs!$R$27)","v":-990.98610931370501},{"$f":"Inputs!$R$41*Inputs!$R$42/8760","v":0},{"$f":"-Inputs!$R$45*Inputs!$R$34","v":-90000},2331.2150168593957,1.4647072201887702E-2,7.1770653789249737E-3,{"$f":"-N4340/(1.202*2465560*MAX(0,(Inputs!$R$49-Q4340)))","v":7.9473114731931673},{"$f":"params!$C$16*R4340*(G4340-Inputs!$R$27)","v":-10659.956058868827},-26624.05034646525,{"$f":"E4340*params!$C$8","v":287.93849999999998}]
["2000-06-30",6,30,"22:00:00",0,0,14.6,10.3,94,{"$f":"Inputs!$R$38*Inputs!$R$33*(G4343-Inputs!$R$27)","v":-37084.301158917719},{"$f":"Inputs!$R$34*E4343*Inputs!$R$39","v":0},{"$f":"params!$C$16*Inputs!$R$30*(G4343-Inputs!$R$27)","v":-5807.1786005783133},{"$f":"Inputs!$R$41*Inputs!$R$42/8760","v":0},{"$f":"-Inputs!$R$45*Inputs!$R$34","v":-90000},1656.8385939850064,1.0339515188694973E-2,9.7191442773732744E-3,{"$f":"-N4343/(1.202*2465560*MAX(0,(Inputs!$R$49-Q4343)))","v":23.741242587365971},{"$f":"params!$C$16*R4343*(G4343-Inputs!$R$27)","v":-186610.5710341215},-319502.0507936175,{"$f":"E4343*params!$C$8","v":0}]
["2004-07-01",7,1,"02:00:00",0,10,12.9,11.4,100,{"$f":"Inputs!$R$38*Inputs!$R$33*(G4347-Inputs!$R$27)","v":-46766.721086075413},{"$f":"Inputs!$R$34*E4347*Inputs!$R$39","v":0},{"$f":"params!$C$16*Inputs!$R$30*(G4347-Inputs!$R$27)","v":-7323.3873478282821},{"$f":"Inputs!$R$41*Inputs!$R$42/8760","v":0},{"$f":"-Inputs!$R$45*Inputs!$R$34","v":-90000},1483.4677906928541,9.2415177936254582E-3,9.2415177936254582E-3,{"$f":"-N4347/(1.202*2465560*MAX(0,(Inputs!$R$49-Q4347)))","v":17.286526811644183},{"$f":"params!$C$16*R4347*(G4347-Inputs!$R$27)","v":-171351.28382450942},-315441.39225841314,{"$f":"E4347*params!$C$8","v":0}]
["2004-07-01",7,1,"06:00:00",87,10,13,13,100,{"$f":"Inputs!$R$38*Inputs!$R$33*(G4351-Inputs!$R$27)","v":-46197.166972713196},{"$f":"Inputs!$R$34*E4351*Inputs!$R$39","v":50920.205501723351},{"$f":"params!$C$16*Inputs!$R$30*(G4351-Inputs!$R$27)","v":-7234.1985979900483},{"$f":"Inputs!$R$41*Inputs!$R$42/8760","v":0},{"$f":"-Inputs!$R$45*Inputs!$R$34","v":-90000},1493.2057396927576,9.303089390063848E-3,9.303089390063848E-3,{"$f":"-N4351/(1.202*2465560*MAX(0,(Inputs!$R$49-Q4351)))","v":17.914394038834878},{"$f":"params!$C$16*R4351*(G4351-Inputs!$R$27)","v":-175412.3483912154},-267923.50846019527,{"$f":"E4351*params!$C$8","v":180.22049999999999}]
["2004-07-01",7,1,"09:00:00",394,10,17,17,100,{"$f":"Inputs!$R$38*Inputs!$R$33*(G4354-Inputs!$R$27)","v":-23415.002438224496},{"$f":"Inputs!$R$34*E4354*Inputs!$R$39","v":230604.14905378164},{"$f":"params!$C$16*Inputs!$R$30*(G4354-Inputs!$R$27)","v":-3666.6486044607095},{"$f":"Inputs!$R$41*Inputs!$R$42/8760","v":0},{"$f":"-Inputs!$R$45*Inputs!$R$34","v":-90000},1931.8104441244629,1.2088830888770941E-2,1.2088830888770941E-2,{"$f":"-N4354/(1.202*2465560*MAX(0,(Inputs!$R$49-Q4354)))","v":{"$error":"#DIV/0!"}},{"$f":"params!$C$16*R4354*(G4354-Inputs!$R$27)","v":{"$error":"#DIV/0!"}},{"$error":"#DIV/0!"},{"$f":"E4354*params!$C$8","v":816.17099999999994}]
["2004-07-01",{"$f":"MONTH(A4355)","v":7},{"$f":"DAY(A4355)","v":1},"10:00:00",554,5,23,17,69,{"$f":"Inputs!$R$38*Inputs!$R$33*(G4355-Inputs!$R$27)","v":10758.244363508555},{"$f":"Inputs!$R$34*E4355*Inputs!$R$39","v":324250.50399947976},{"$f":"params!$C$16*Inputs!$R$30*(G4355-Inputs!$R$27)","v":1684.6763858332995},{"$f":"Inputs!$R$41*Inputs!$R$42/8760","v":0},{"$f":"-Inputs!$R$45*Inputs!$R$34","v":-90000},{"$f":"EXP(77.345+0.0057*(G4355+273.15)-7235/(G4355+273.15))/(G4355+273.15)^8.2","v":2801.0950714195728},{"$f":"0.62198*O4355/(101325-O4355)","v":1.768327304712981E-2},{"$f":"P4355*I4355/100","v":1.220145840251957E-2},{"$f":"-N4355/(1.202*2465560*MAX(0,(Inputs!$R$49-Q4355)))","v":{"$error":"#DIV/0!"}},{"$f":"params!$C$16*R4355*(G4355-Inputs!$R$27)","v":{"$error":"#DIV/0!"}},{"$f":"J4355+K4355+L4355+M4355+N4355+S4355","v":{"$error":"#DIV/0!"}},{"$f":"E4355*params!$C$8","v":1147.6109999999999}]
["2004-07-01",7,1,"13:00:00",904,3,27,16,51,{"$f":"Inputs!$R$38*Inputs!$R$33*(G4358-Inputs!$R$27)","v":33540.408897997258},{"$f":"Inputs!$R$34*E4358*Inputs!$R$39","v":529101.90544319444},{"$f":"params!$C$16*Inputs!$R$30*(G4358-Inputs!$R$27)","v":5252.2263793626389},{"$f":"Inputs!$R$41*Inputs!$R$42/8760","v":0},{"$f":"-Inputs!$R$45*Inputs!$R$34","v":-90000},3555.0534347297348,2.2616071840205452E-2,1.153419663850478E-2,{"$f":"-N4358/(1.202*2465560*MAX(0,(Inputs!$R$49-Q4358)))","v":{"$error":"#DIV/0!"}},{"$f":"params!$C$16*R4358*(G4358-Inputs!$R$27)","v":{"$error":"#DIV/0!"}},{"$error":"#DIV/0!"},{"$f":"E4358*params!$C$8","v":1872.636}]
["2004-07-01",7,1,"17:00:00",418,4,26,17,58,{"$f":"Inputs!$R$38*Inputs!$R$33*(G4362-Inputs!$R$27)","v":27844.867764375082},{"$f":"Inputs!$R$34*E4362*Inputs!$R$39","v":244651.10229563632},{"$f":"params!$C$16*Inputs!$R$30*(G4362-Inputs!$R$27)","v":4360.3388809803037},{"$f":"Inputs!$R$41*Inputs!$R$42/8760","v":0},{"$f":"-Inputs!$R$45*Inputs!$R$34","v":-90000},3351.668772324198,2.1277942853302922E-2,1.2341206854915696E-2,{"$f":"-N4362/(1.202*2465560*MAX(0,(Inputs!$R$49-Q4362)))","v":{"$error":"#DIV/0!"}},{"$f":"params!$C$16*R4362*(G4362-Inputs!$R$27)","v":{"$error":"#DIV/0!"}},{"$error":"#DIV/0!"},{"$f":"E4362*params!$C$8","v":865.88699999999994}]
["2004-07-01",7,1,"20:00:00",7,2,20,18,88,{"$f":"Inputs!$R$38*Inputs!$R$33*(G4365-Inputs!$R$27)","v":-6328.3790373579704},{"$f":"Inputs!$R$34*E4365*Inputs!$R$39","v":4097.0280288742924},{"$f":"params!$C$16*Inputs!$R$30*(G4365-Inputs!$R$27)","v":-990.98610931370501},{"$f":"Inputs!$R$41*Inputs!$R$42/8760","v":0},{"$f":"-Inputs!$R$45*Inputs!$R$34","v":-90000},2331.2150168593957,1.4647072201887702E-2,1.2889423537661178E-2,{"$f":"-N4365/(1.202*2465560*MAX(0,(Inputs!$R$49-Q4365)))","v":{"$error":"#DIV/0!"}},{"$f":"params!$C$16*R4365*(G4365-Inputs!$R$27)","v":{"$error":"#DIV/0!"}},{"$error":"#DIV/0!"},{"$f":"E4365*params!$C$8","v":14.500499999999999}]
["2004-07-01",7,1,"23:00:00",0,2,14,14,100,{"$f":"Inputs!$R$38*Inputs!$R$33*(G4368-Inputs!$R$27)","v":-40501.625839091022},{"$f":"Inputs!$R$34*E4368*Inputs!$R$39","v":0},{"$f":"params!$C$16*Inputs!$R$30*(G4368-Inputs!$R$27)","v":-6342.3110996077139},{"$f":"Inputs!$R$41*Inputs!$R$42/8760","v":0},{"$f":"-Inputs!$R$45*Inputs!$R$34","v":-90000},1593.7190459500907,9.939322574797271E-3,9.939322574797271E-3,{"$f":"-N4368/(1.202*2465560*MAX(0,(Inputs!$R$49-Q4368)))","v":28.677485971095059},{"$f":"params!$C$16*R4368*(G4368-Inputs!$R$27)","v":-246181.96288340315},-383025.89982210193,{"$f":"E4368*params!$C$8","v":0}]
["2004-07-02",7,2,"03:00:00",0,4,10.199999999999999,10.199999999999999,100,{"$f":"Inputs!$R$38*Inputs!$R$33*(G4372-Inputs!$R$27)","v":-62144.682146855288},{"$f":"Inputs!$R$34*E4372*Inputs!$R$39","v":0},{"$f":"params!$C$16*Inputs!$R$30*(G4372-Inputs!$R$27)","v":-9731.4835934605871},{"$f":"Inputs!$R$41*Inputs!$R$42/8760","v":0},{"$f":"-Inputs!$R$45*Inputs!$R$34","v":-90000},1240.7896031505732,7.7109697354607641E-3,7.7109697354607641E-3,{"$f":"-N4372/(1.202*2465560*MAX(0,(Inputs!$R$49-Q4372)))","v":9.2380612900243406},{"$f":"params!$C$16*R4372*(G4372-Inputs!$R$27)","v":-121682.32722904347},-283558.49296935933,{"$f":"E4372*params!$C$8","v":0}]
["2004-07-02",7,2,"07:00:00",209,7,11.8,11.5,98,{"$f":"Inputs!$R$38*Inputs!$R$33*(G4376-Inputs!$R$27)","v":-53031.816333059804},{"$f":"Inputs!$R$34*E4376*Inputs!$R$39","v":122325.55114781816},{"$f":"params!$C$16*Inputs!$R$30*(G4376-Inputs!$R$27)","v":-8304.4635960488504},{"$f":"Inputs!$R$41*Inputs!$R$42/8760","v":0},{"$f":"-Inputs!$R$45*Inputs!$R$34","v":-90000},1379.9783266145243,8.587910685463036E-3,8.4161524717537746E-3,{"$f":"-N4376/(1.202*2465560*MAX(0,(Inputs!$R$49-Q4376)))","v":11.76098220976248},{"$f":"params!$C$16*R4376*(G4376-Inputs!$R$27)","v":-132197.36289690161},-161208.09167819211,{"$f":"E4376*params!$C$8","v":432.94349999999997}]
["2004-07-02",7,2,"10:00:00",447,3,21.2,13.9,63,{"$f":"Inputs!$R$38*Inputs!$R$33*(G4379-Inputs!$R$27)","v":506.270322988636},{"$f":"Inputs!$R$34*E4379*Inputs!$R$39","v":261624.50412954413},{"$f":"params!$C$16*Inputs!$R$30*(G4379-Inputs!$R$27)","v":79.27888874509614},{"$f":"Inputs!$R$41*Inputs!$R$42/8760","v":0},{"$f":"-Inputs!$R$45*Inputs!$R$34","v":-90000},2510.162268883586,1.5799962473738646E-2,9.9539763584553468E-3,{"$f":"-N4379/(1.202*2465560*MAX(0,(Inputs!$R$49-Q4379)))","v":29.079888895546841},{"$f":"params!$C$16*R4379*(G4379-Inputs!$R$27)","v":3120.4548996871185},175330.50824096499,{"$f":"E4379*params!$C$8","v":925.96049999999991}]
["2004-07-02",7,2,"11:00:00",858,3,23,12,50,{"$f":"Inputs!$R$38*Inputs!$R$33*(G4380-Inputs!$R$27)","v":10758.244363508555},{"$f":"Inputs!$R$34*E4380*Inputs!$R$39","v":502178.57839630614},{"$f":"params!$C$16*Inputs!$R$30*(G4380-Inputs!$R$27)","v":1684.6763858332995},{"$f":"Inputs!$R$41*Inputs!$R$42/8760","v":0},{"$f":"-Inputs!$R$45*Inputs!$R$34","v":-90000},2801.0950714195728,1.768327304712981E-2,8.8416365235649049E-3,{"$f":"-N4380/(1.202*2465560*MAX(0,(Inputs!$R$49-Q4380)))","v":14.081298046066852},{"$f":"params!$C$16*R4380*(G4380-Inputs!$R$27)","v":32109.000909261526},456730.5000549095,{"$f":"E4380*params!$C$8","v":1777.347}]
["2004-07-02",7,2,"14:00:00",902,4,26,14,48,{"$f":"Inputs!$R$38*Inputs!$R$33*(G4383-Inputs!$R$27)","v":27844.867764375082},{"$f":"Inputs!$R$34*E4383*Inputs!$R$39","v":527931.32600637316},{"$f":"params!$C$16*Inputs!$R$30*(G4383-Inputs!$R$27)","v":4360.3388809803037},{"$f":"Inputs!$R$41*Inputs!$R$42/8760","v":0},{"$f":"-Inputs!$R$45*Inputs!$R$34","v":-90000},3351.668772324198,2.1277942853302922E-2,1.0213412569585403E-2,{"$f":"-N4383/(1.202*2465560*MAX(0,(Inputs!$R$49-Q4383)))","v":38.692096207858782},{"$f":"params!$C$16*R4383*(G4383-Inputs!$R$27)","v":228354.78461957714},698491.3172713056,{"$f":"E4383*params!$C$8","v":1868.4929999999999}]
["2004-07-02",7,2,"18:00:00",301,0,23,12,50,{"$f":"Inputs!$R$38*Inputs!$R$33*(G4387-Inputs!$R$27)","v":10758.244363508555},{"$f":"Inputs!$R$34*E4387*Inputs!$R$39","v":176172.20524159458},{"$f":"params!$C$16*Inputs!$R$30*(G4387-Inputs!$R$27)","v":1684.6763858332995},{"$f":"Inputs!$R$41*Inputs!$R$42/8760","v":0},{"$f":"-Inputs!$R$45*Inputs!$R$34","v":-90000},2801.0950714195728,1.768327304712981E-2,8.8416365235649049E-3,{"$f":"-N4387/(1.202*2465560*MAX(0,(Inputs!$R$49-Q4387)))","v":14.081298046066852},{"$f":"params!$C$16*R4387*(G4387-Inputs!$R$27)","v":32109.000909261526},130724.12690019797,{"$f":"E4387*params!$C$8","v":623.52149999999995}]
["2004-07-02",7,2,"21:00:00",0,0,16,10,68,{"$f":"Inputs!$R$38*Inputs!$R$33*(G4390-Inputs!$R$27)","v":-29110.543571846669},{"$f":"Inputs!$R$34*E4390*Inputs!$R$39","v":0},{"$f":"params!$C$16*Inputs!$R$30*(G4390-Inputs!$R$27)","v":-4558.5361028430443},{"$f":"Inputs!$R$41*Inputs!$R$42/8760","v":0},{"$f":"-Inputs!$R$45*Inputs!$R$34","v":-90000},1812.7242941450775,1.1330041931761578E-2,7.7044285135978727E-3,{"$f":"-N4390/(1.202*2465560*MAX(0,(Inputs!$R$49-Q4390)))","v":9.2197155693868442},{"$f":"params!$C$16*R4390*(G4390-Inputs!$R$27)","v":-56886.673010318198},-180555.7526850079,{"$f":"E4390*params!$C$8","v":0}]
["2004-07-02",7,2,1,0,0,11,10,94,{"$f":"Inputs!$R$38*Inputs!$R$33*(G4393-Inputs!$R$27)","v":-57588.249239957542},{"$f":"Inputs!$R$34*E4393*Inputs!$R$39","v":0},{"$f":"params!$C$16*Inputs!$R$30*(G4393-Inputs!$R$27)","v":-9017.9735947547179},{"$f":"Inputs!$R$41*Inputs!$R$42/8760","v":0},{"$f":"-Inputs!$R$45*Inputs!$R$34","v":-90000},1308.7561751391206,8.138879592783612E-3,7.6505468172165959E-3,{"$f":"-N4393/(1.202*2465560*MAX(0,(Inputs!$R$49-Q4393)))","v":9.071324750246017},{"$f":"params!$C$16*R4393*(G4393-Inputs!$R$27)","v":-110725.40750311586},-267331.63033782807,{"$f":"E4393*params!$C$8","v":0}]
["2004-07-03",7,3,"04:00:00",0,0,9,9,100,{"$f":"Inputs!$R$38*Inputs!$R$33*(G4397-Inputs!$R$27)","v":-68979.331507201889},{"$f":"Inputs!$R$34*E4397*Inputs!$R$39","v":0},{"$f":"params!$C$16*Inputs!$R$30*(G4397-Inputs!$R$27)","v":-10801.748591519388},{"$f":"Inputs!$R$41*Inputs!$R$42/8760","v":0},{"$f":"-Inputs!$R$45*Inputs!$R$34","v":-90000},1144.6654335441779,7.1067740933079149E-3,7.1067740933079149E-3,{"$f":"-N4397/(1.202*2465560*MAX(0,(Inputs!$R$49-Q4397)))","v":7.8037614587806914},{"$f":"params!$C$16*R4397*(G4397-Inputs!$R$27)","v":-114094.7506994697},-283875.83079819096,{"$f":"E4397*params!$C$8","v":0}]
["2004-07-03",7,3,"08:00:00",419,0,16,13,82,{"$f":"Inputs!$R$38*Inputs!$R$33*(G4401-Inputs!$R$27)","v":-29110.543571846669},{"$f":"Inputs!$R$34*E4401*Inputs!$R$39","v":245236.39201404693},{"$f":"params!$C$16*Inputs!$R$30*(G4401-Inputs!$R$27)","v":-4558.5361028430443},{"$f":"Inputs!$R$41*Inputs!$R$42/8760","v":0},{"$f":"-Inputs!$R$45*Inputs!$R$34","v":-90000},1812.7242941450775,1.1330041931761578E-2,9.2906343840444931E-3,{"$f":"-N4401/(1.202*2465560*MAX(0,(Inputs!$R$49-Q4401)))","v":17.783732874318559},{"$f":"params!$C$16*R4401*(G4401-Inputs!$R$27)","v":-109727.61462222485},11839.697717132367,{"$f":"E4401*params!$C$8","v":867.95849999999996}]
["2004-07-03",7,3,"11:00:00",858,3,23,12,50,{"$f":"Inputs!$R$38*Inputs!$R$33*(G4404-Inputs!$R$27)","v":10758.244363508555},{"$f":"Inputs!$R$34*E4404*Inputs!$R$39","v":502178.57839630614},{"$f":"params!$C$16*Inputs!$R$30*(G4404-Inputs!$R$27)","v":1684.6763858332995},{"$f":"Inputs!$R$41*Inputs!$R$42/8760","v":0},{"$f":"-Inputs!$R$45*Inputs!$R$34","v":-90000},2801.0950714195728,1.768327304712981E-2,8.8416365235649049E-3,{"$f":"-N4404/(1.202*2465560*MAX(0,(Inputs!$R$49-Q4404)))","v":14.081298046066852},{"$f":"params!$C$16*R4404*(G4404-Inputs!$R$27)","v":32109.000909261526},456730.5000549095,{"$f":"E4404*params!$C$8","v":1777.347}]
["2004-07-03",7,3,"12:00:00",923,3,24,13,50,{"$f":"Inputs!$R$38*Inputs!$R$33*(G4405-Inputs!$R$27)","v":16453.785497130732},{"$f":"Inputs!$R$34*E4405*Inputs!$R$39","v":540222.41009299597},{"$f":"params!$C$16*Inputs!$R$30*(G4405-Inputs!$R$27)","v":2576.5638842156341},{"$f":"Inputs!$R$41*Inputs!$R$42/8760","v":0},{"$f":"-Inputs!$R$45*Inputs!$R$34","v":-90000},2975.1171299801654,1.8815104792251288E-2,9.407552396125644E-3,{"$f":"-N4405/(1.202*2465560*MAX(0,(Inputs!$R$49-Q4405)))","v":19.090826231056731},{"$f":"params!$C$16*R4405*(G4405-Inputs!$R$27)","v":66578.384468285323},535831.14394262771,{"$f":"E4405*params!$C$8","v":1911.9945}]
["2004-07-03",7,3,"15:00:00",800,3,27,11,37,{"$f":"Inputs!$R$38*Inputs!$R$33*(G4408-Inputs!$R$27)","v":33540.408897997258},{"$f":"Inputs!$R$34*E4408*Inputs!$R$39","v":468231.77472849062},{"$f":"params!$C$16*Inputs!$R$30*(G4408-Inputs!$R$27)","v":5252.2263793626389},{"$f":"Inputs!$R$41*Inputs!$R$42/8760","v":0},{"$f":"-Inputs!$R$45*Inputs!$R$34","v":-90000},3555.0534347297348,2.2616071840205452E-2,8.3679465808760168E-3,{"$f":"-N4408/(1.202*2465560*MAX(0,(Inputs!$R$49-Q4408)))","v":11.545440293334169},{"$f":"params!$C$16*R4408*(G4408-Inputs!$R$27)","v":82077.014232872985},499101.42423872347,{"$f":"E4408*params!$C$8","v":1657.1999999999998}]
["2004-07-03",7,3,"19:00:00",135,0,24,13,50,{"$f":"Inputs!$R$38*Inputs!$R$33*(G4412-Inputs!$R$27)","v":16453.785497130732},{"$f":"Inputs!$R$34*E4412*Inputs!$R$39","v":79014.111985432784},{"$f":"params!$C$16*Inputs!$R$30*(G4412-Inputs!$R$27)","v":2576.5638842156341},{"$f":"Inputs!$R$41*Inputs!$R$42/8760","v":0},{"$f":"-Inputs!$R$45*Inputs!$R$34","v":-90000},2975.1171299801654,1.8815104792251288E-2,9.407552396125644E-3,{"$f":"-N4412/(1.202*2465560*MAX(0,(Inputs!$R$49-Q4412)))","v":19.090826231056731},{"$f":"params!$C$16*R4412*(G4412-Inputs!$R$27)","v":66578.384468285323},74622.845835064465,{"$f":"E4412*params!$C$8","v":279.65249999999997}]
["2004-07-03",7,3,"22:00:00",0,0,15,12,82,{"$f":"Inputs!$R$38*Inputs!$R$33*(G4415-Inputs!$R$27)","v":-34806.084705468842},{"$f":"Inputs!$R$34*E4415*Inputs!$R$39","v":0},{"$f":"params!$C$16*Inputs!$R$30*(G4415-Inputs!$R$27)","v":-5450.4236012253787},{"$f":"Inputs!$R$41*Inputs!$R$42/8760","v":0},{"$f":"-Inputs!$R$45*Inputs!$R$34","v":-90000},1700.1281023555496,1.0614273895273205E-2,8.7037045941240274E-3,{"$f":"-N4415/(1.202*2465560*MAX(0,(Inputs!$R$49-Q4415)))","v":13.234843125376891},{"$f":"params!$C$16*R4415*(G4415-Inputs!$R$27)","v":-97637.503766062466},-227894.01207275668,{"$f":"E4415*params!$C$8","v":0}]
["2004-07-04",7,4,"01:00:00",0,6,13,12,94,{"$f":"Inputs!$R$38*Inputs!$R$33*(G4418-Inputs!$R$27)","v":-46197.166972713196},{"$f":"Inputs!$R$34*E4418*Inputs!$R$39","v":0},{"$f":"params!$C$16*Inputs!$R$30*(G4418-Inputs!$R$27)","v":-7234.1985979900483},{"$f":"Inputs!$R$41*Inputs!$R$42/8760","v":0},{"$f":"-Inputs!$R$45*Inputs!$R$34","v":-90000},1493.2057396927576,9.303089390063848E-3,8.7449040266600175E-3,{"$f":"-N4418/(1.202*2465560*MAX(0,(Inputs!$R$49-Q4418)))","v":13.476820641601849},{"$f":"params!$C$16*R4418*(G4418-Inputs!$R$27)","v":-131960.9668329221},-275392.33240362536,{"$f":"E4418*params!$C$8","v":0}]
["2004-07-04",7,4,"05:00:00",0,4,13,13,100,{"$f":"Inputs!$R$38*Inputs!$R$33*(G4422-Inputs!$R$27)","v":-46197.166972713196},{"$f":"Inputs!$R$34*E4422*Inputs!$R$39","v":0},{"$f":"params!$C$16*Inputs!$R$30*(G4422-Inputs!$R$27)","v":-7234.1985979900483},{"$f":"Inputs!$R$41*Inputs!$R$42/8760","v":0},{"$f":"-Inputs!$R$45*Inputs!$R$34","v":-90000},1493.2057396927576,9.303089390063848E-3,9.303089390063848E-3,{"$f":"-N4422/(1.202*2465560*MAX(0,(Inputs!$R$49-Q4422)))","v":17.914394038834878},{"$f":"params!$C$16*R4422*(G4422-Inputs!$R$27)","v":-175412.3483912154},-318843.71396191861,{"$f":"E4422*params!$C$8","v":0}]
["2004-07-04",7,4,"09:00:00",149,9,23,18,73,{"$f":"Inputs!$R$38*Inputs!$R$33*(G4426-Inputs!$R$27)","v":10758.244363508555},{"$f":"Inputs!$R$34*E4426*Inputs!$R$39","v":87208.168043181373},{"$f":"params!$C$16*Inputs!$R$30*(G4426-Inputs!$R$27)","v":1684.6763858332995},{"$f":"Inputs!$R$41*Inputs!$R$42/8760","v":0},{"$f":"-Inputs!$R$45*Inputs!$R$34","v":-90000},2801.0950714195728,1.768327304712981E-2,1.2908789324404762E-2,{"$f":"-N4426/(1.202*2465560*MAX(0,(Inputs!$R$49-Q4426)))","v":{"$error":"#DIV/0!"}},{"$f":"params!$C$16*R4426*(G4426-Inputs!$R$27)","v":{"$error":"#DIV/0!"}},{"$error":"#DIV/0!"},{"$f":"E4426*params!$C$8","v":308.65350000000001}]
["2004-07-04",7,4,"10:00:00",340,9,25,19,69,{"$f":"Inputs!$R$38*Inputs!$R$33*(G4427-Inputs!$R$27)","v":22149.326630752905},{"$f":"Inputs!$R$34*E4427*Inputs!$R$39","v":198998.50425960848},{"$f":"params!$C$16*Inputs!$R$30*(G4427-Inputs!$R$27)","v":3468.4513825979689},{"$f":"Inputs!$R$41*Inputs!$R$42/8760","v":0},{"$f":"-Inputs!$R$45*Inputs!$R$34","v":-90000},3158.5016332003511,2.0012171957865876E-2,1.3808398650927454E-2,{"$f":"-N4427/(1.202*2465560*MAX(0,(Inputs!$R$49-Q4427)))","v":{"$error":"#DIV/0!"}},{"$f":"params!$C$16*R4427*(G4427-Inputs!$R$27)","v":{"$error":"#DIV/0!"}},{"$error":"#DIV/0!"},{"$f":"E4427*params!$C$8","v":704.31}]
["2004-07-04",7,4,"13:00:00",527,10,27,20,66,{"$f":"Inputs!$R$38*Inputs!$R$33*(G4430-Inputs!$R$27)","v":33540.408897997258},{"$f":"Inputs!$R$34*E4430*Inputs!$R$39","v":308447.68160239316},{"$f":"params!$C$16*Inputs!$R$30*(G4430-Inputs!$R$27)","v":5252.2263793626389},{"$f":"Inputs!$R$41*Inputs!$R$42/8760","v":0},{"$f":"-Inputs!$R$45*Inputs!$R$34","v":-90000},3555.0534347297348,2.2616071840205452E-2,1.4926607414535598E-2,{"$f":"-N4430/(1.202*2465560*MAX(0,(Inputs!$R$49-Q4430)))","v":{"$error":"#DIV/0!"}},{"$f":"params!$C$16*R4430*(G4430-Inputs!$R$27)","v":{"$error":"#DIV/0!"}},{"$error":"#DIV/0!"},{"$f":"E4430*params!$C$8","v":1091.6804999999999}]
["2004-07-04",7,4,"16:00:00",284,10,25,19,69,{"$f":"Inputs!$R$38*Inputs!$R$33*(G4433-Inputs!$R$27)","v":22149.326630752905},{"$f":"Inputs!$R$34*E4433*Inputs!$R$39","v":166222.28002861416},{"$f":"params!$C$16*Inputs!$R$30*(G4433-Inputs!$R$27)","v":3468.4513825979689},{"$f":"Inputs!$R$41*Inputs!$R$42/8760","v":0},{"$f":"-Inputs!$R$45*Inputs!$R$34","v":-90000},3158.5016332003511,2.0012171957865876E-2,1.3808398650927454E-2,{"$f":"-N4433/(1.202*2465560*MAX(0,(Inputs!$R$49-Q4433)))","v":{"$error":"#DIV/0!"}},{"$f":"params!$C$16*R4433*(G4433-Inputs!$R$27)","v":{"$error":"#DIV/0!"}},{"$error":"#DIV/0!"},{"$f":"E4433*params!$C$8","v":588.30599999999993}]
["2004-07-04",7,4,"20:00:00",2,10,24,18,69,{"$f":"Inputs!$R$38*Inputs!$R$33*(G4437-Inputs!$R$27)","v":16453.785497130732},{"$f":"Inputs!$R$34*E4437*Inputs!$R$39","v":1170.5794368212264},{"$f":"params!$C$16*Inputs!$R$30*(G4437-Inputs!$R$27)","v":2576.5638842156341},{"$f":"Inputs!$R$41*Inputs!$R$42/8760","v":0},{"$f":"-Inputs!$R$45*Inputs!$R$34","v":-90000},2975.1171299801654,1.8815104792251288E-2,1.2982422306653389E-2,{"$f":"-N4437/(1.202*2465560*MAX(0,(Inputs!$R$49-Q4437)))","v":{"$error":"#DIV/0!"}},{"$f":"params!$C$16*R4437*(G4437-Inputs!$R$27)","v":{"$error":"#DIV/0!"}},{"$error":"#DIV/0!"},{"$f":"E4437*params!$C$8","v":4.1429999999999998}]
["2004-07-04",7,4,"23:00:00",0,9,22,19,83,{"$f":"Inputs!$R$38*Inputs!$R$33*(G4440-Inputs!$R$27)","v":5062.7032298863796},{"$f":"Inputs!$R$34*E4440*Inputs!$R$39","v":0},{"$f":"params!$C$16*Inputs!$R$30*(G4440-Inputs!$R$27)","v":792.78888745096458},{"$f":"Inputs!$R$41*Inputs!$R$42/8760","v":0},{"$f":"-Inputs!$R$45*Inputs!$R$34","v":-90000},2636.0296246790026,1.6613383438113645E-2,1.3789108253634325E-2,{"$f":"-N4440/(1.202*2465560*MAX(0,(Inputs!$R$49-Q4440)))","v":{"$error":"#DIV/0!"}},{"$f":"params!$C$16*R4440*(G4440-Inputs!$R$27)","v":{"$error":"#DIV/0!"}},{"$error":"#DIV/0!"},{"$f":"E4440*params!$C$8","v":0}]
["2004-07-05",7,5,"02:00:00",0,10,21,19,88,{"$f":"Inputs!$R$38*Inputs!$R$33*(G4443-Inputs!$R$27)","v":-632.83790373579495},{"$f":"Inputs!$R$34*E4443*Inputs!$R$39","v":0},{"$f":"params!$C$16*Inputs!$R$30*(G4443-Inputs!$R$27)","v":-99.098610931370175},{"$f":"Inputs!$R$41*Inputs!$R$42/8760","v":0},{"$f":"-Inputs!$R$45*Inputs!$R$34","v":-90000},2479.5289798458998,1.5602307510579843E-2,1.3730030609310263E-2,{"$f":"-N4443/(1.202*2465560*MAX(0,(Inputs!$R$49-Q4443)))","v":{"$error":"#DIV/0!"}},{"$f":"params!$C$16*R4443*(G4443-Inputs!$R$27)","v":{"$error":"#DIV/0!"}},{"$error":"#DIV/0!"},{"$f":"E4443*params!$C$8","v":0}]
["2004-07-05",7,5,"06:00:00",78,6,21,20,94,{"$f":"Inputs!$R$38*Inputs!$R$33*(G4447-Inputs!$R$27)","v":-632.83790373579495},{"$f":"Inputs!$R$34*E4447*Inputs!$R$39","v":45652.598036027834},{"$f":"params!$C$16*Inputs!$R$30*(G4447-Inputs!$R$27)","v":-99.098610931370175},{"$f":"Inputs!$R$41*Inputs!$R$42/8760","v":0},{"$f":"-Inputs!$R$45*Inputs!$R$34","v":-90000},2479.5289798458998,1.5602307510579843E-2,1.4666169059945054E-2,{"$f":"-N4447/(1.202*2465560*MAX(0,(Inputs!$R$49-Q4447)))","v":{"$error":"#DIV/0!"}},{"$f":"params!$C$16*R4447*(G4447-Inputs!$R$27)","v":{"$error":"#DIV/0!"}},{"$error":"#DIV/0!"},{"$f":"E4447*params!$C$8","v":161.577}]
["2004-07-05",7,5,"10:00:00",705,8,27,19,62,{"$f":"Inputs!$R$38*Inputs!$R$33*(G4451-Inputs!$R$27)","v":33540.408897997258},{"$f":"Inputs!$R$34*E4451*Inputs!$R$39","v":412629.25147948234},{"$f":"params!$C$16*Inputs!$R$30*(G4451-Inputs!$R$27)","v":5252.2263793626389},{"$f":"Inputs!$R$41*Inputs!$R$42/8760","v":0},{"$f":"-Inputs!$R$45*Inputs!$R$34","v":-90000},3555.0534347297348,2.2616071840205452E-2,1.4021964540927381E-2,{"$f":"-N4451/(1.202*2465560*MAX(0,(Inputs!$R$49-Q4451)))","v":{"$error":"#DIV/0!"}},{"$f":"params!$C$16*R4451*(G4451-Inputs!$R$27)","v":{"$error":"#DIV/0!"}},{"$error":"#DIV/0!"},{"$f":"E4451*params!$C$8","v":1460.4075}]
["2004-07-05",7,5,"11:00:00",630,8,27,18,58,{"$f":"Inputs!$R$38*Inputs!$R$33*(G4452-Inputs!$R$27)","v":33540.408897997258},{"$f":"Inputs!$R$34*E4452*Inputs!$R$39","v":368732.5225986864},{"$f":"params!$C$16*Inputs!$R$30*(G4452-Inputs!$R$27)","v":5252.2263793626389},{"$f":"Inputs!$R$41*Inputs!$R$42/8760","v":0},{"$f":"-Inputs!$R$45*Inputs!$R$34","v":-90000},3555.0534347297348,2.2616071840205452E-2,1.3117321667319161E-2,{"$f":"-N4452/(1.202*2465560*MAX(0,(Inputs!$R$49-Q4452)))","v":{"$error":"#DIV/0!"}},{"$f":"params!$C$16*R4452*(G4452-Inputs!$R$27)","v":{"$error":"#DIV/0!"}},{"$error":"#DIV/0!"},{"$f":"E4452*params!$C$8","v":1305.0449999999998}]
["2004-07-05",7,5,"14:00:00",878,5,29,18,52,{"$f":"Inputs!$R$38*Inputs!$R$33*(G4455-Inputs!$R$27)","v":44931.491165241605},{"$f":"Inputs!$R$34*E4455*Inputs!$R$39","v":513884.37276451843},{"$f":"params!$C$16*Inputs!$R$30*(G4455-Inputs!$R$27)","v":7036.0013761273085},{"$f":"Inputs!$R$41*Inputs!$R$42/8760","v":0},{"$f":"-Inputs!$R$45*Inputs!$R$34","v":-90000},3994.2904004730208,2.5525024460504739E-2,1.3273012719462464E-2,{"$f":"-N4455/(1.202*2465560*MAX(0,(Inputs!$R$49-Q4455)))","v":{"$error":"#DIV/0!"}},{"$f":"params!$C$16*R4455*(G4455-Inputs!$R$27)","v":{"$error":"#DIV/0!"}},{"$error":"#DIV/0!"},{"$f":"E4455*params!$C$8","v":1818.7769999999998}]
["2004-07-05",7,5,"17:00:00",176,8,27,19,62,{"$f":"Inputs!$R$38*Inputs!$R$33*(G4458-Inputs!$R$27)","v":33540.408897997258},{"$f":"Inputs!$R$34*E4458*Inputs!$R$39","v":103010.99044026794},{"$f":"params!$C$16*Inputs!$R$30*(G4458-Inputs!$R$27)","v":5252.2263793626389},{"$f":"Inputs!$R$41*Inputs!$R$42/8760","v":0},{"$f":"-Inputs!$R$45*Inputs!$R$34","v":-90000},3555.0534347297348,2.2616071840205452E-2,1.4021964540927381E-2,{"$f":"-N4458/(1.202*2465560*MAX(0,(Inputs!$R$49-Q4458)))","v":{"$error":"#DIV/0!"}},{"$f":"params!$C$16*R4458*(G4458-Inputs!$R$27)","v":{"$error":"#DIV/0!"}},{"$error":"#DIV/0!"},{"$f":"E4458*params!$C$8","v":364.584}]
["2004-07-05",7,5,"21:00:00",0,10,20,14,68,{"$f":"Inputs!$R$38*Inputs!$R$33*(G4462-Inputs!$R$27)","v":-6328.3790373579704},{"$f":"Inputs!$R$34*E4462*Inputs!$R$39","v":0},{"$f":"params!$C$16*Inputs!$R$30*(G4462-Inputs!$R$27)","v":-990.98610931370501},{"$f":"Inputs!$R$41*Inputs!$R$42/8760","v":0},{"$f":"-Inputs!$R$45*Inputs!$R$34","v":-90000},2331.2150168593957,1.4647072201887702E-2,9.9600090972836383E-3,{"$f":"-N4462/(1.202*2465560*MAX(0,(Inputs!$R$49-Q4462)))","v":29.248852682978288},{"$f":"params!$C$16*R4462*(G4462-Inputs!$R$27)","v":-39232.322204127835},-136551.6873507995,{"$f":"E4462*params!$C$8","v":0}]
["2004-07-05",7,5,1,0,10,17,12,72,{"$f":"Inputs!$R$38*Inputs!$R$33*(G4465-Inputs!$R$27)","v":-23415.002438224496},{"$f":"Inputs!$R$34*E4465*Inputs!$R$39","v":0},{"$f":"params!$C$16*Inputs!$R$30*(G4465-Inputs!$R$27)","v":-3666.6486044607095},{"$f":"Inputs!$R$41*Inputs!$R$42/8760","v":0},{"$f":"-Inputs!$R$45*Inputs!$R$34","v":-90000},1931.8104441244629,1.2088830888770941E-2,8.7039582399150769E-3,{"$f":"-N4465/(1.202*2465560*MAX(0,(Inputs!$R$49-Q4465)))","v":13.236306281940573},{"$f":"params!$C$16*R4465*(G4465-Inputs!$R$27)","v":-65690.673147221925},-182772.32418990711,{"$f":"E4465*params!$C$8","v":0}]
["2004-07-06",7,6,"03:00:00",0,10,15,12,82,{"$f":"Inputs!$R$38*Inputs!$R$33*(G4468-Inputs!$R$27)","v":-34806.084705468842},{"$f":"Inputs!$R$34*E4468*Inputs!$R$39","v":0},{"$f":"params!$C$16*Inputs!$R$30*(G4468-Inputs!$R$27)","v":-5450.4236012253787},{"$f":"Inputs!$R$41*Inputs!$R$42/8760","v":0},{"$f":"-Inputs!$R$45*Inputs!$R$34","v":-90000},1700.1281023555496,1.0614273895273205E-2,8.7037045941240274E-3,{"$f":"-N4468/(1.202*2465560*MAX(0,(Inputs!$R$49-Q4468)))","v":13.234843125376891},{"$f":"params!$C$16*R4468*(G4468-Inputs!$R$27)","v":-97637.503766062466},-227894.01207275668,{"$f":"E4468*params!$C$8","v":0}]
["2004-07-06",7,6,"07:00:00",165,10,16,13,82,{"$f":"Inputs!$R$38*Inputs!$R$33*(G4472-Inputs!$R$27)","v":-29110.543571846669},{"$f":"Inputs!$R$34*E4472*Inputs!$R$39","v":96572.803537751199},{"$f":"params!$C$16*Inputs!$R$30*(G4472-Inputs!$R$27)","v":-4558.5361028430443},{"$f":"Inputs!$R$41*Inputs!$R$42/8760","v":0},{"$f":"-Inputs!$R$45*Inputs!$R$34","v":-90000},1812.7242941450775,1.1330041931761578E-2,9.2906343840444931E-3,{"$f":"-N4472/(1.202*2465560*MAX(0,(Inputs!$R$49-Q4472)))","v":17.783732874318559},{"$f":"params!$C$16*R4472*(G4472-Inputs!$R$27)","v":-109727.61462222485},-136823.89075916336,{"$f":"E4472*params!$C$8","v":341.79749999999996}]
["2004-07-06",7,6,"11:00:00",728,9,19,13,68,{"$f":"Inputs!$R$38*Inputs!$R$33*(G4476-Inputs!$R$27)","v":-12023.920170980145},{"$f":"Inputs!$R$34*E4476*Inputs!$R$39","v":426090.91500292643},{"$f":"params!$C$16*Inputs!$R$30*(G4476-Inputs!$R$27)","v":-1882.8736076960397},{"$f":"Inputs!$R$41*Inputs!$R$42/8760","v":0},{"$f":"-Inputs!$R$45*Inputs!$R$34","v":-90000},2190.7229749852513,1.3744851093608144E-2,9.346498743653538E-3,{"$f":"-N4476/(1.202*2465560*MAX(0,(Inputs!$R$49-Q4476)))","v":18.38518818563983},{"$f":"params!$C$16*R4476*(G4476-Inputs!$R$27)","v":-46855.099088874413},275329.02213537582,{"$f":"E4476*params!$C$8","v":1508.0519999999999}]
["2004-07-06",7,6,"12:00:00",765,4,22,14,60,{"$f":"Inputs!$R$38*Inputs!$R$33*(G4477-Inputs!$R$27)","v":5062.7032298863796},{"$f":"Inputs!$R$34*E4477*Inputs!$R$39","v":447746.63458411908},{"$f":"params!$C$16*Inputs!$R$30*(G4477-Inputs!$R$27)","v":792.78888745096458},{"$f":"Inputs!$R$41*Inputs!$R$42/8760","v":0},{"$f":"-Inputs!$R$45*Inputs!$R$34","v":-90000},2636.0296246790026,1.6613383438113645E-2,9.9680300628681873E-3,{"$f":"-N4477/(1.202*2465560*MAX(0,(Inputs!$R$49-Q4477)))","v":29.47656678176547},{"$f":"params!$C$16*R4477*(G4477-Inputs!$R$27)","v":31630.209307367895},395232.33600882429,{"$f":"E4477*params!$C$8","v":1584.6975}]
["2004-07-06",7,6,"15:00:00",794,3,24,13,50,{"$f":"Inputs!$R$38*Inputs!$R$33*(G4480-Inputs!$R$27)","v":16453.785497130732},{"$f":"Inputs!$R$34*E4480*Inputs!$R$39","v":464720.0364180269},{"$f":"params!$C$16*Inputs!$R$30*(G4480-Inputs!$R$27)","v":2576.5638842156341},{"$f":"Inputs!$R$41*Inputs!$R$42/8760","v":0},{"$f":"-Inputs!$R$45*Inputs!$R$34","v":-90000},2975.1171299801654,1.8815104792251288E-2,9.407552396125644E-3,{"$f":"-N4480/(1.202*2465560*MAX(0,(Inputs!$R$49-Q4480)))","v":19.090826231056731},{"$f":"params!$C$16*R4480*(G4480-Inputs!$R$27)","v":66578.384468285323},460328.77026765858,{"$f":"E4480*params!$C$8","v":1644.771}]
["2004-07-06",{"$f":"MONTH(A4483)","v":7},{"$f":"DAY(A4483)","v":6},"18:00:00",306,0,23,15,61,{"$f":"Inputs!$R$38*Inputs!$R$33*(G4483-Inputs!$R$27)","v":10758.244363508555},{"$f":"Inputs!$R$34*E4483*Inputs!$R$39","v":179098.65383364767},{"$f":"params!$C$16*Inputs!$R$30*(G4483-Inputs!$R$27)","v":1684.6763858332995},{"$f":"Inputs!$R$41*Inputs!$R$42/8760","v":0},{"$f":"-Inputs!$R$45*Inputs!$R$34","v":-90000},{"$f":"EXP(77.345+0.0057*(G4483+273.15)-7235/(G4483+273.15))/(G4483+273.15)^8.2","v":2801.0950714195728},{"$f":"0.62198*O4483/(101325-O4483)","v":1.768327304712981E-2},{"$f":"P4483*I4483/100","v":1.0786796558749184E-2},{"$f":"-N4483/(1.202*2465560*MAX(0,(Inputs!$R$49-Q4483)))","v":143.59245655788294},{"$f":"params!$C$16*R4483*(G4483-Inputs!$R$27)","v":327427.93335504906},{"$f":"J4483+K4483+L4483+M4483+N4483+S4483","v":428969.50793803856},{"$f":"E4483*params!$C$8","v":633.87900000000002}]
["2004-07-06",7,6,"22:00:00",0,0,15,14,94,{"$f":"Inputs!$R$38*Inputs!$R$33*(G4487-Inputs!$R$27)","v":-34806.084705468842},{"$f":"Inputs!$R$34*E4487*Inputs!$R$39","v":0},{"$f":"params!$C$16*Inputs!$R$30*(G4487-Inputs!$R$27)","v":-5450.4236012253787},{"$f":"Inputs!$R$41*Inputs!$R$42/8760","v":0},{"$f":"-Inputs!$R$45*Inputs!$R$34","v":-90000},1700.1281023555496,1.0614273895273205E-2,9.9774174615568124E-3,{"$f":"-N4487/(1.202*2465560*MAX(0,(Inputs!$R$49-Q4487)))","v":29.747618332504732},{"$f":"params!$C$16*R4487*(G4487-Inputs!$R$27)","v":-219457.31955085855},-349713.82785755279,{"$f":"E4487*params!$C$8","v":0}]
["2004-07-07",7,7,"01:00:00",0,0,13,13,100,{"$f":"Inputs!$R$38*Inputs!$R$33*(G4490-Inputs!$R$27)","v":-46197.166972713196},{"$f":"Inputs!$R$34*E4490*Inputs!$R$39","v":0},{"$f":"params!$C$16*Inputs!$R$30*(G4490-Inputs!$R$27)","v":-7234.1985979900483},{"$f":"Inputs!$R$41*Inputs!$R$42/8760","v":0},{"$f":"-Inputs!$R$45*Inputs!$R$34","v":-90000},1493.2057396927576,9.303089390063848E-3,9.303089390063848E-3,{"$f":"-N4490/(1.202*2465560*MAX(0,(Inputs!$R$49-Q4490)))","v":17.914394038834878},{"$f":"params!$C$16*R4490*(G4490-Inputs!$R$27)","v":-175412.3483912154},-318843.71396191861,{"$f":"E4490*params!$C$8","v":0}]
["2004-07-07",7,7,"04:00:00",0,3,13.5,13,97,{"$f":"Inputs!$R$38*Inputs!$R$33*(G4493-Inputs!$R$27)","v":-43349.396405902109},{"$f":"Inputs!$R$34*E4493*Inputs!$R$39","v":0},{"$f":"params!$C$16*Inputs!$R$30*(G4493-Inputs!$R$27)","v":-6788.2548487988815},{"$f":"Inputs!$R$41*Inputs!$R$42/8760","v":0},{"$f":"-Inputs!$R$45*Inputs!$R$34","v":-90000},1542.7431973190428,9.6164933988816814E-3,9.3279985969152313E-3,{"$f":"-N4493/(1.202*2465560*MAX(0,(Inputs!$R$49-Q4493)))","v":18.181553490601512},{"$f":"params!$C$16*R4493*(G4493-Inputs!$R$27)","v":-167053.94639771155},-307191.59765241254,{"$f":"E4493*params!$C$8","v":0}]
["2004-07-07",7,7,"09:00:00",485,8,23,18,73,{"$f":"Inputs!$R$38*Inputs!$R$33*(G4498-Inputs!$R$27)","v":10758.244363508555},{"$f":"Inputs!$R$34*E4498*Inputs!$R$39","v":283865.51342914742},{"$f":"params!$C$16*Inputs!$R$30*(G4498-Inputs!$R$27)","v":1684.6763858332995},{"$f":"Inputs!$R$41*Inputs!$R$42/8760","v":0},{"$f":"-Inputs!$R$45*Inputs!$R$34","v":-90000},2801.0950714195728,1.768327304712981E-2,1.2908789324404762E-2,{"$f":"-N4498/(1.202*2465560*MAX(0,(Inputs!$R$49-Q4498)))","v":{"$error":"#DIV/0!"}},{"$f":"params!$C$16*R4498*(G4498-Inputs!$R$27)","v":{"$error":"#DIV/0!"}},{"$error":"#DIV/0!"},{"$f":"E4498*params!$C$8","v":1004.6774999999999}]
["2004-07-07",7,7,"12:00:00",182,10,26,20,70,{"$f":"Inputs!$R$38*Inputs!$R$33*(G4501-Inputs!$R$27)","v":27844.867764375082},{"$f":"Inputs!$R$34*E4501*Inputs!$R$39","v":106522.72875073161},{"$f":"params!$C$16*Inputs!$R$30*(G4501-Inputs!$R$27)","v":4360.3388809803037},{"$f":"Inputs!$R$41*Inputs!$R$42/8760","v":0},{"$f":"-Inputs!$R$45*Inputs!$R$34","v":-90000},3351.668772324198,2.1277942853302922E-2,1.4894559997312045E-2,{"$f":"-N4501/(1.202*2465560*MAX(0,(Inputs!$R$49-Q4501)))","v":{"$error":"#DIV/0!"}},{"$f":"params!$C$16*R4501*(G4501-Inputs!$R$27)","v":{"$error":"#DIV/0!"}},{"$error":"#DIV/0!"},{"$f":"E4501*params!$C$8","v":377.01299999999998}]
["2004-07-07",7,7,"13:00:00",150,10,26,21,74,{"$f":"Inputs!$R$38*Inputs!$R$33*(G4502-Inputs!$R$27)","v":27844.867764375082},{"$f":"Inputs!$R$34*E4502*Inputs!$R$39","v":87793.457761591984},{"$f":"params!$C$16*Inputs!$R$30*(G4502-Inputs!$R$27)","v":4360.3388809803037},{"$f":"Inputs!$R$41*Inputs!$R$42/8760","v":0},{"$f":"-Inputs!$R$45*Inputs!$R$34","v":-90000},3351.668772324198,2.1277942853302922E-2,1.5745677711444164E-2,{"$f":"-N4502/(1.202*2465560*MAX(0,(Inputs!$R$49-Q4502)))","v":{"$error":"#DIV/0!"}},{"$f":"params!$C$16*R4502*(G4502-Inputs!$R$27)","v":{"$error":"#DIV/0!"}},{"$error":"#DIV/0!"},{"$f":"E4502*params!$C$8","v":310.72499999999997}]
["2004-07-07",7,7,"16:00:00",630,8,27,20,66,{"$f":"Inputs!$R$38*Inputs!$R$33*(G4505-Inputs!$R$27)","v":33540.408897997258},{"$f":"Inputs!$R$34*E4505*Inputs!$R$39","v":368732.5225986864},{"$f":"params!$C$16*Inputs!$R$30*(G4505-Inputs!$R$27)","v":5252.2263793626389},{"$f":"Inputs!$R$41*Inputs!$R$42/8760","v":0},{"$f":"-Inputs!$R$45*Inputs!$R$34","v":-90000},3555.0534347297348,2.2616071840205452E-2,1.4926607414535598E-2,{"$f":"-N4505/(1.202*2465560*MAX(0,(Inputs!$R$49-Q4505)))","v":{"$error":"#DIV/0!"}},{"$f":"params!$C$16*R4505*(G4505-Inputs!$R$27)","v":{"$error":"#DIV/0!"}},{"$error":"#DIV/0!"},{"$f":"E4505*params!$C$8","v":1305.0449999999998}]
["2004-07-07",7,7,"19:00:00",22,10,22,21,94,{"$f":"Inputs!$R$38*Inputs!$R$33*(G4508-Inputs!$R$27)","v":5062.7032298863796},{"$f":"Inputs!$R$34*E4508*Inputs!$R$39","v":12876.373805033492},{"$f":"params!$C$16*Inputs!$R$30*(G4508-Inputs!$R$27)","v":792.78888745096458},{"$f":"Inputs!$R$41*Inputs!$R$42/8760","v":0},{"$f":"-Inputs!$R$45*Inputs!$R$34","v":-90000},2636.0296246790026,1.6613383438113645E-2,1.5616580431826826E-2,{"$f":"-N4508/(1.202*2465560*MAX(0,(Inputs!$R$49-Q4508)))","v":{"$error":"#DIV/0!"}},{"$f":"params!$C$16*R4508*(G4508-Inputs!$R$27)","v":{"$error":"#DIV/0!"}},{"$error":"#DIV/0!"},{"$f":"E4508*params!$C$8","v":45.573}]
["2004-07-07",7,7,"23:00:00",0,10,19,19,100,{"$f":"Inputs!$R$38*Inputs!$R$33*(G4512-Inputs!$R$27)","v":-12023.920170980145},{"$f":"Inputs!$R$34*E4512*Inputs!$R$39","v":0},{"$f":"params!$C$16*Inputs!$R$30*(G4512-Inputs!$R$27)","v":-1882.8736076960397},{"$f":"Inputs!$R$41*Inputs!$R$42/8760","v":0},{"$f":"-Inputs!$R$45*Inputs!$R$34","v":-90000},2190.7229749852513,1.3744851093608144E-2,1.3744851093608144E-2,{"$f":"-N4512/(1.202*2465560*MAX(0,(Inputs!$R$49-Q4512)))","v":{"$error":"#DIV/0!"}},{"$f":"params!$C$16*R4512*(G4512-Inputs!$R$27)","v":{"$error":"#DIV/0!"}},{"$error":"#DIV/0!"},{"$f":"E4512*params!$C$8","v":0}]
["2004-07-08",7,8,"02:00:00",0,10,18,18,100,{"$f":"Inputs!$R$38*Inputs!$R$33*(G4515-Inputs!$R$27)","v":-17719.461304602319},{"$f":"Inputs!$R$34*E4515*Inputs!$R$39","v":0},{"$f":"params!$C$16*Inputs!$R$30*(G4515-Inputs!$R$27)","v":-2774.7611060783747},{"$f":"Inputs!$R$41*Inputs!$R$42/8760","v":0},{"$f":"-Inputs!$R$45*Inputs!$R$34","v":-90000},2057.7011249857014,1.2892956292988709E-2,1.2892956292988709E-2,{"$f":"-N4515/(1.202*2465560*MAX(0,(Inputs!$R$49-Q4515)))","v":{"$error":"#DIV/0!"}},{"$f":"params!$C$16*R4515*(G4515-Inputs!$R$27)","v":{"$error":"#DIV/0!"}},{"$error":"#DIV/0!"},{"$f":"E4515*params!$C$8","v":0}]
["2004-07-08",7,8,"05:00:00",0,10,17,17,100,{"$f":"Inputs!$R$38*Inputs!$R$33*(G4518-Inputs!$R$27)","v":-23415.002438224496},{"$f":"Inputs!$R$34*E4518*Inputs!$R$39","v":0},{"$f":"params!$C$16*Inputs!$R$30*(G4518-Inputs!$R$27)","v":-3666.6486044607095},{"$f":"Inputs!$R$41*Inputs!$R$42/8760","v":0},{"$f":"-Inputs!$R$45*Inputs!$R$34","v":-90000},1931.8104441244629,1.2088830888770941E-2,1.2088830888770941E-2,{"$f":"-N4518/(1.202*2465560*MAX(0,(Inputs!$R$49-Q4518)))","v":{"$error":"#DIV/0!"}},{"$f":"params!$C$16*R4518*(G4518-Inputs!$R$27)","v":{"$error":"#DIV/0!"}},{"$error":"#DIV/0!"},{"$f":"E4518*params!$C$8","v":0}]
["2004-07-08",7,8,"10:00:00",693,9,24,16,61,{"$f":"Inputs!$R$38*Inputs!$R$33*(G4523-Inputs!$R$27)","v":16453.785497130732},{"$f":"Inputs!$R$34*E4523*Inputs!$R$39","v":405605.774858555},{"$f":"params!$C$16*Inputs!$R$30*(G4523-Inputs!$R$27)","v":2576.5638842156341},{"$f":"Inputs!$R$41*Inputs!$R$42/8760","v":0},{"$f":"-Inputs!$R$45*Inputs!$R$34","v":-90000},2975.1171299801654,1.8815104792251288E-2,1.1477213923273286E-2,{"$f":"-N4523/(1.202*2465560*MAX(0,(Inputs!$R$49-Q4523)))","v":{"$error":"#DIV/0!"}},{"$f":"params!$C$16*R4523*(G4523-Inputs!$R$27)","v":{"$error":"#DIV/0!"}},{"$error":"#DIV/0!"},{"$f":"E4523*params!$C$8","v":1435.5494999999999}]
["2004-07-08",7,8,"13:00:00",898,5,26,15,51,{"$f":"Inputs!$R$38*Inputs!$R$33*(G4526-Inputs!$R$27)","v":27844.867764375082},{"$f":"Inputs!$R$34*E4526*Inputs!$R$39","v":525590.16713273071},{"$f":"params!$C$16*Inputs!$R$30*(G4526-Inputs!$R$27)","v":4360.3388809803037},{"$f":"Inputs!$R$41*Inputs!$R$42/8760","v":0},{"$f":"-Inputs!$R$45*Inputs!$R$34","v":-90000},3351.668772324198,2.1277942853302922E-2,1.0851750855184489E-2,{"$f":"-N4526/(1.202*2465560*MAX(0,(Inputs!$R$49-Q4526)))","v":207.24189937799275},{"$f":"params!$C$16*R4526*(G4526-Inputs!$R$27)","v":1223109.7287254615},1690905.1025035474,{"$f":"E4526*params!$C$8","v":1860.2069999999999}]
["2004-07-08",7,8,"14:00:00",436,4,26.5,13.9,46,{"$f":"Inputs!$R$38*Inputs!$R$33*(G4527-Inputs!$R$27)","v":30692.638331186168},{"$f":"Inputs!$R$34*E4527*Inputs!$R$39","v":255186.31722702738},{"$f":"params!$C$16*Inputs!$R$30*(G4527-Inputs!$R$27)","v":4806.2826301714713},{"$f":"Inputs!$R$41*Inputs!$R$42/8760","v":0},{"$f":"-Inputs!$R$45*Inputs!$R$34","v":-90000},3452.0561493093624,2.1937726600141351E-2,1.0091354236065022E-2,{"$f":"-N4527/(1.202*2465560*MAX(0,(Inputs!$R$49-Q4527)))","v":33.484772441001205},{"$f":"params!$C$16*R4527*(G4527-Inputs!$R$27)","v":217833.29994320104},418518.53813158604,{"$f":"E4527*params!$C$8","v":903.17399999999998}]
["2004-07-08",7,8,"17:00:00",461,9,24,14,54,{"$f":"Inputs!$R$38*Inputs!$R$33*(G4530-Inputs!$R$27)","v":16453.785497130732},{"$f":"Inputs!$R$34*E4530*Inputs!$R$39","v":269818.56018729269},{"$f":"params!$C$16*Inputs!$R$30*(G4530-Inputs!$R$27)","v":2576.5638842156341},{"$f":"Inputs!$R$41*Inputs!$R$42/8760","v":0},{"$f":"-Inputs!$R$45*Inputs!$R$34","v":-90000},2975.1171299801654,1.8815104792251288E-2,1.0160156587815695E-2,{"$f":"-N4530/(1.202*2465560*MAX(0,(Inputs!$R$49-Q4530)))","v":36.23354629280584},{"$f":"params!$C$16*R4530*(G4530-Inputs!$R$27)","v":126362.83765484307},325211.74722348212,{"$f":"E4530*params!$C$8","v":954.9615}]
["2004-07-08",7,8,"21:00:00",0,10,17,16,94,{"$f":"Inputs!$R$38*Inputs!$R$33*(G4534-Inputs!$R$27)","v":-23415.002438224496},{"$f":"Inputs!$R$34*E4534*Inputs!$R$39","v":0},{"$f":"params!$C$16*Inputs!$R$30*(G4534-Inputs!$R$27)","v":-3666.6486044607095},{"$f":"Inputs!$R$41*Inputs!$R$42/8760","v":0},{"$f":"-Inputs!$R$45*Inputs!$R$34","v":-90000},1931.8104441244629,1.2088830888770941E-2,1.1363501035444683E-2,{"$f":"-N4534/(1.202*2465560*MAX(0,(Inputs!$R$49-Q4534)))","v":{"$error":"#DIV/0!"}},{"$f":"params!$C$16*R4534*(G4534-Inputs!$R$27)","v":{"$error":"#DIV/0!"}},{"$error":"#DIV/0!"},{"$f":"E4534*params!$C$8","v":0}]
["2004-07-08",7,8,1,0,10,16,14,88,{"$f":"Inputs!$R$38*Inputs!$R$33*(G4537-Inputs!$R$27)","v":-29110.543571846669},{"$f":"Inputs!$R$34*E4537*Inputs!$R$39","v":0},{"$f":"params!$C$16*Inputs!$R$30*(G4537-Inputs!$R$27)","v":-4558.5361028430443},{"$f":"Inputs!$R$41*Inputs!$R$42/8760","v":0},{"$f":"-Inputs!$R$45*Inputs!$R$34","v":-90000},1812.7242941450775,1.1330041931761578E-2,9.9704368999501899E-3,{"$f":"-N4537/(1.202*2465560*MAX(0,(Inputs!$R$49-Q4537)))","v":29.545589775199605},{"$f":"params!$C$16*R4537*(G4537-Inputs!$R$27)","v":-182299.58308253525},-305968.66275722499,{"$f":"E4537*params!$C$8","v":0}]
["2004-07-09",7,9,"03:00:00",0,0,14,12,88,{"$f":"Inputs!$R$38*Inputs!$R$33*(G4540-Inputs!$R$27)","v":-40501.625839091022},{"$f":"Inputs!$R$34*E4540*Inputs!$R$39","v":0},{"$f":"params!$C$16*Inputs!$R$30*(G4540-Inputs!$R$27)","v":-6342.3110996077139},{"$f":"Inputs!$R$41*Inputs!$R$42/8760","v":0},{"$f":"-Inputs!$R$45*Inputs!$R$34","v":-90000},1593.7190459500907,9.939322574797271E-3,8.7466038658215988E-3,{"$f":"-N4540/(1.202*2465560*MAX(0,(Inputs!$R$49-Q4540)))","v":13.486994554027611},{"$f":"params!$C$16*R4540*(G4540-Inputs!$R$27)","v":-115779.14451967215},-252623.0814583709,{"$f":"E4540*params!$C$8","v":0}]
["2004-07-09",7,9,"06:00:00",70,4,15,12,82,{"$f":"Inputs!$R$38*Inputs!$R$33*(G4543-Inputs!$R$27)","v":-34806.084705468842},{"$f":"Inputs!$R$34*E4543*Inputs!$R$39","v":40970.280288742928},{"$f":"params!$C$16*Inputs!$R$30*(G4543-Inputs!$R$27)","v":-5450.4236012253787},{"$f":"Inputs!$R$41*Inputs!$R$42/8760","v":0},{"$f":"-Inputs!$R$45*Inputs!$R$34","v":-90000},1700.1281023555496,1.0614273895273205E-2,8.7037045941240274E-3,{"$f":"-N4543/(1.202*2465560*MAX(0,(Inputs!$R$49-Q4543)))","v":13.234843125376891},{"$f":"params!$C$16*R4543*(G4543-Inputs!$R$27)","v":-97637.503766062466},-186923.73178401374,{"$f":"E4543*params!$C$8","v":145.005}]
["2004-07-09",7,9,"11:00:00",247,8,20,12,60,{"$f":"Inputs!$R$38*Inputs!$R$33*(G4548-Inputs!$R$27)","v":-6328.3790373579704},{"$f":"Inputs!$R$34*E4548*Inputs!$R$39","v":144566.56044742148},{"$f":"params!$C$16*Inputs!$R$30*(G4548-Inputs!$R$27)","v":-990.98610931370501},{"$f":"Inputs!$R$41*Inputs!$R$42/8760","v":0},{"$f":"-Inputs!$R$45*Inputs!$R$34","v":-90000},2331.2150168593957,1.4647072201887702E-2,8.7882433211326199E-3,{"$f":"-N4548/(1.202*2465560*MAX(0,(Inputs!$R$49-Q4548)))","v":13.741103149405665},{"$f":"params!$C$16*R4548*(G4548-Inputs!$R$27)","v":-18431.334454064643},28815.860846685151,{"$f":"E4548*params!$C$8","v":511.66049999999996}]
["2004-07-09",7,9,"14:00:00",436,10,21,12,56,{"$f":"Inputs!$R$38*Inputs!$R$33*(G4551-Inputs!$R$27)","v":-632.83790373579495},{"$f":"Inputs!$R$34*E4551*Inputs!$R$39","v":255186.31722702738},{"$f":"params!$C$16*Inputs!$R$30*(G4551-Inputs!$R$27)","v":-99.098610931370175},{"$f":"Inputs!$R$41*Inputs!$R$42/8760","v":0},{"$f":"-Inputs!$R$45*Inputs!$R$34","v":-90000},2479.5289798458998,1.5602307510579843E-2,8.737292205924712E-3,{"$f":"-N4551/(1.202*2465560*MAX(0,(Inputs!$R$49-Q4551)))","v":13.431449842463874},{"$f":"params!$C$16*R4551*(G4551-Inputs!$R$27)","v":-1801.5987621790921},162652.78195018115,{"$f":"E4551*params!$C$8","v":903.17399999999998}]
["2004-07-09",7,9,"15:00:00",684,10,21,13,60,{"$f":"Inputs!$R$38*Inputs!$R$33*(G4552-Inputs!$R$27)","v":-632.83790373579495},{"$f":"Inputs!$R$34*E4552*Inputs!$R$39","v":400338.16739285947},{"$f":"params!$C$16*Inputs!$R$30*(G4552-Inputs!$R$27)","v":-99.098610931370175},{"$f":"Inputs!$R$41*Inputs!$R$42/8760","v":0},{"$f":"-Inputs!$R$45*Inputs!$R$34","v":-90000},2479.5289798458998,1.5602307510579843E-2,9.3613845063479067E-3,{"$f":"-N4552/(1.202*2465560*MAX(0,(Inputs!$R$49-Q4552)))","v":18.552380514782737},{"$f":"params!$C$16*R4552*(G4552-Inputs!$R$27)","v":-2488.4838318226393},307117.74704636965,{"$f":"E4552*params!$C$8","v":1416.9059999999999}]
["2004-07-09",7,9,"18:00:00",124,10,21,13,60,{"$f":"Inputs!$R$38*Inputs!$R$33*(G4555-Inputs!$R$27)","v":-632.83790373579495},{"$f":"Inputs!$R$34*E4555*Inputs!$R$39","v":72575.925082916045},{"$f":"params!$C$16*Inputs!$R$30*(G4555-Inputs!$R$27)","v":-99.098610931370175},{"$f":"Inputs!$R$41*Inputs!$R$42/8760","v":0},{"$f":"-Inputs!$R$45*Inputs!$R$34","v":-90000},2479.5289798458998,1.5602307510579843E-2,9.3613845063479067E-3,{"$f":"-N4555/(1.202*2465560*MAX(0,(Inputs!$R$49-Q4555)))","v":18.552380514782737},{"$f":"params!$C$16*R4555*(G4555-Inputs!$R$27)","v":-2488.4838318226393},-20644.495263573757,{"$f":"E4555*params!$C$8","v":256.86599999999999}]
["2004-07-09",7,9,"22:00:00",0,10,18,14,77,{"$f":"Inputs!$R$38*Inputs!$R$33*(G4559-Inputs!$R$27)","v":-17719.461304602319},{"$f":"Inputs!$R$34*E4559*Inputs!$R$39","v":0},{"$f":"params!$C$16*Inputs!$R$30*(G4559-Inputs!$R$27)","v":-2774.7611060783747},{"$f":"Inputs!$R$41*Inputs!$R$42/8760","v":0},{"$f":"-Inputs!$R$45*Inputs!$R$34","v":-90000},2057.7011249857014,1.2892956292988709E-2,9.927576345601305E-3,{"$f":"-N4559/(1.202*2465560*MAX(0,(Inputs!$R$49-Q4559)))","v":28.362879679772284},{"$f":"params!$C$16*R4559*(G4559-Inputs!$R$27)","v":-106523.03560842463},-217017.25801910533,{"$f":"E4559*params!$C$8","v":0}]
["2004-07-10",7,10,"01:00:00",0,1,13,12,94,{"$f":"Inputs!$R$38*Inputs!$R$33*(G4562-Inputs!$R$27)","v":-46197.166972713196},{"$f":"Inputs!$R$34*E4562*Inputs!$R$39","v":0},{"$f":"params!$C$16*Inputs!$R$30*(G4562-Inputs!$R$27)","v":-7234.1985979900483},{"$f":"Inputs!$R$41*Inputs!$R$42/8760","v":0},{"$f":"-Inputs!$R$45*Inputs!$R$34","v":-90000},1493.2057396927576,9.303089390063848E-3,8.7449040266600175E-3,{"$f":"-N4562/(1.202*2465560*MAX(0,(Inputs!$R$49-Q4562)))","v":13.476820641601849},{"$f":"params!$C$16*R4562*(G4562-Inputs!$R$27)","v":-131960.9668329221},-275392.33240362536,{"$f":"E4562*params!$C$8","v":0}]
["2004-07-10",7,10,"03:00:00",0,2,12,12,100,{"$f":"Inputs!$R$38*Inputs!$R$33*(G4564-Inputs!$R$27)","v":-51892.708106335369},{"$f":"Inputs!$R$34*E4564*Inputs!$R$39","v":0},{"$f":"params!$C$16*Inputs!$R$30*(G4564-Inputs!$R$27)","v":-8126.0860963723835},{"$f":"Inputs!$R$41*Inputs!$R$42/8760","v":0},{"$f":"-Inputs!$R$45*Inputs!$R$34","v":-90000},1398.3079270856979,8.70357605607666E-3,8.70357605607666E-3,{"$f":"-N4564/(1.202*2465560*MAX(0,(Inputs!$R$49-Q4564)))","v":13.23410177672821},{"$f":"params!$C$16*R4564*(G4564-Inputs!$R$27)","v":-145560.48796299036},-295579.28216569813,{"$f":"E4564*params!$C$8","v":0}]
["2004-07-10",7,10,"09:00:00",214,4,18,14,77,{"$f":"Inputs!$R$38*Inputs!$R$33*(G4570-Inputs!$R$27)","v":-17719.461304602319},{"$f":"Inputs!$R$34*E4570*Inputs!$R$39","v":125251.99973987123},{"$f":"params!$C$16*Inputs!$R$30*(G4570-Inputs!$R$27)","v":-2774.7611060783747},{"$f":"Inputs!$R$41*Inputs!$R$42/8760","v":0},{"$f":"-Inputs!$R$45*Inputs!$R$34","v":-90000},2057.7011249857014,1.2892956292988709E-2,9.927576345601305E-3,{"$f":"-N4570/(1.202*2465560*MAX(0,(Inputs!$R$49-Q4570)))","v":28.362879679772284},{"$f":"params!$C$16*R4570*(G4570-Inputs!$R$27)","v":-106523.03560842463},-91765.258279234084,{"$f":"E4570*params!$C$8","v":443.30099999999999}]
["2004-07-10",7,10,"12:00:00",887,9,23,15,61,{"$f":"Inputs!$R$38*Inputs!$R$33*(G4573-Inputs!$R$27)","v":10758.244363508555},{"$f":"Inputs!$R$34*E4573*Inputs!$R$39","v":519151.98023021396},{"$f":"params!$C$16*Inputs!$R$30*(G4573-Inputs!$R$27)","v":1684.6763858332995},{"$f":"Inputs!$R$41*Inputs!$R$42/8760","v":0},{"$f":"-Inputs!$R$45*Inputs!$R$34","v":-90000},2801.0950714195728,1.768327304712981E-2,1.0786796558749184E-2,{"$f":"-N4573/(1.202*2465560*MAX(0,(Inputs!$R$49-Q4573)))","v":143.59245655788294},{"$f":"params!$C$16*R4573*(G4573-Inputs!$R$27)","v":327427.93335504906},769022.83433460491,{"$f":"E4573*params!$C$8","v":1837.4204999999999}]
["2004-07-10",7,10,"15:00:00",562,8,26,16,54,{"$f":"Inputs!$R$38*Inputs!$R$33*(G4576-Inputs!$R$27)","v":27844.867764375082},{"$f":"Inputs!$R$34*E4576*Inputs!$R$39","v":328932.82174676465},{"$f":"params!$C$16*Inputs!$R$30*(G4576-Inputs!$R$27)","v":4360.3388809803037},{"$f":"Inputs!$R$41*Inputs!$R$42/8760","v":0},{"$f":"-Inputs!$R$45*Inputs!$R$34","v":-90000},3351.668772324198,2.1277942853302922E-2,1.1490089140783578E-2,{"$f":"-N4576/(1.202*2465560*MAX(0,(Inputs!$R$49-Q4576)))","v":{"$error":"#DIV/0!"}},{"$f":"params!$C$16*R4576*(G4576-Inputs!$R$27)","v":{"$error":"#DIV/0!"}},{"$error":"#DIV/0!"},{"$f":"E4576*params!$C$8","v":1164.183}]
["2004-07-10",7,10,"16:00:00",539,6,26,14,48,{"$f":"Inputs!$R$38*Inputs!$R$33*(G4577-Inputs!$R$27)","v":27844.867764375082},{"$f":"Inputs!$R$34*E4577*Inputs!$R$39","v":315471.15822332056},{"$f":"params!$C$16*Inputs!$R$30*(G4577-Inputs!$R$27)","v":4360.3388809803037},{"$f":"Inputs!$R$41*Inputs!$R$42/8760","v":0},{"$f":"-Inputs!$R$45*Inputs!$R$34","v":-90000},3351.668772324198,2.1277942853302922E-2,1.0213412569585403E-2,{"$f":"-N4577/(1.202*2465560*MAX(0,(Inputs!$R$49-Q4577)))","v":38.692096207858782},{"$f":"params!$C$16*R4577*(G4577-Inputs!$R$27)","v":228354.78461957714},486031.14948825305,{"$f":"E4577*params!$C$8","v":1116.5384999999999}]
["2004-07-10",7,10,"19:00:00",98,9,23,17,69,{"$f":"Inputs!$R$38*Inputs!$R$33*(G4580-Inputs!$R$27)","v":10758.244363508555},{"$f":"Inputs!$R$34*E4580*Inputs!$R$39","v":57358.392404240098},{"$f":"params!$C$16*Inputs!$R$30*(G4580-Inputs!$R$27)","v":1684.6763858332995},{"$f":"Inputs!$R$41*Inputs!$R$42/8760","v":0},{"$f":"-Inputs!$R$45*Inputs!$R$34","v":-90000},2801.0950714195728,1.768327304712981E-2,1.220145840251957E-2,{"$f":"-N4580/(1.202*2465560*MAX(0,(Inputs!$R$49-Q4580)))","v":{"$error":"#DIV/0!"}},{"$f":"params!$C$16*R4580*(G4580-Inputs!$R$27)","v":{"$error":"#DIV/0!"}},{"$error":"#DIV/0!"},{"$f":"E4580*params!$C$8","v":203.00699999999998}]
["2004-07-10",7,10,"23:00:00",0,8,18,16,88,{"$f":"Inputs!$R$38*Inputs!$R$33*(G4584-Inputs!$R$27)","v":-17719.461304602319},{"$f":"Inputs!$R$34*E4584*Inputs!$R$39","v":0},{"$f":"params!$C$16*Inputs!$R$30*(G4584-Inputs!$R$27)","v":-2774.7611060783747},{"$f":"Inputs!$R$41*Inputs!$R$42/8760","v":0},{"$f":"-Inputs!$R$45*Inputs!$R$34","v":-90000},2057.7011249857014,1.2892956292988709E-2,1.1345801537830063E-2,{"$f":"-N4584/(1.202*2465560*MAX(0,(Inputs!$R$49-Q4584)))","v":{"$error":"#DIV/0!"}},{"$f":"params!$C$16*R4584*(G4584-Inputs!$R$27)","v":{"$error":"#DIV/0!"}},{"$error":"#DIV/0!"},{"$f":"E4584*params!$C$8","v":0}]
["2004-07-11",7,11,"02:00:00",0,0,14,14,100,{"$f":"Inputs!$R$38*Inputs!$R$33*(G4587-Inputs!$R$27)","v":-40501.625839091022},{"$f":"Inputs!$R$34*E4587*Inputs!$R$39","v":0},{"$f":"params!$C$16*Inputs!$R$30*(G4587-Inputs!$R$27)","v":-6342.3110996077139},{"$f":"Inputs!$R$41*Inputs!$R$42/8760","v":0},{"$f":"-Inputs!$R$45*Inputs!$R$34","v":-90000},1593.7190459500907,9.939322574797271E-3,9.939322574797271E-3,{"$f":"-N4587/(1.202*2465560*MAX(0,(Inputs!$R$49-Q4587)))","v":28.677485971095059},{"$f":"params!$C$16*R4587*(G4587-Inputs!$R$27)","v":-246181.96288340315},-383025.89982210193,{"$f":"E4587*params!$C$8","v":0}]
["2004-07-11",7,11,"04:00:00",0,10,12,12,100,{"$f":"Inputs!$R$38*Inputs!$R$33*(G4589-Inputs!$R$27)","v":-51892.708106335369},{"$f":"Inputs!$R$34*E4589*Inputs!$R$39","v":0},{"$f":"params!$C$16*Inputs!$R$30*(G4589-Inputs!$R$27)","v":-8126.0860963723835},{"$f":"Inputs!$R$41*Inputs!$R$42/8760","v":0},{"$f":"-Inputs!$R$45*Inputs!$R$34","v":-90000},1398.3079270856979,8.70357605607666E-3,8.70357605607666E-3,{"$f":"-N4589/(1.202*2465560*MAX(0,(Inputs!$R$49-Q4589)))","v":13.23410177672821},{"$f":"params!$C$16*R4589*(G4589-Inputs!$R$27)","v":-145560.48796299036},-295579.28216569813,{"$f":"E4589*params!$C$8","v":0}]
["2004-07-11",7,11,"10:00:00",731,3,23,16,65,{"$f":"Inputs!$R$38*Inputs!$R$33*(G4595-Inputs!$R$27)","v":10758.244363508555},{"$f":"Inputs!$R$34*E4595*Inputs!$R$39","v":427846.78415815829},{"$f":"params!$C$16*Inputs!$R$30*(G4595-Inputs!$R$27)","v":1684.6763858332995},{"$f":"Inputs!$R$41*Inputs!$R$42/8760","v":0},{"$f":"-Inputs!$R$45*Inputs!$R$34","v":-90000},2801.0950714195728,1.768327304712981E-2,1.1494127480634378E-2,{"$f":"-N4595/(1.202*2465560*MAX(0,(Inputs!$R$49-Q4595)))","v":{"$error":"#DIV/0!"}},{"$f":"params!$C$16*R4595*(G4595-Inputs!$R$27)","v":{"$error":"#DIV/0!"}},{"$error":"#DIV/0!"},{"$f":"E4595*params!$C$8","v":1514.2665}]
["2004-07-11",7,11,"13:00:00",874,5,27,16,51,{"$f":"Inputs!$R$38*Inputs!$R$33*(G4598-Inputs!$R$27)","v":33540.408897997258},{"$f":"Inputs!$R$34*E4598*Inputs!$R$39","v":511543.21389087598},{"$f":"params!$C$16*Inputs!$R$30*(G4598-Inputs!$R$27)","v":5252.2263793626389},{"$f":"Inputs!$R$41*Inputs!$R$42/8760","v":0},{"$f":"-Inputs!$R$45*Inputs!$R$34","v":-90000},3555.0534347297348,2.2616071840205452E-2,1.153419663850478E-2,{"$f":"-N4598/(1.202*2465560*MAX(0,(Inputs!$R$49-Q4598)))","v":{"$error":"#DIV/0!"}},{"$f":"params!$C$16*R4598*(G4598-Inputs!$R$27)","v":{"$error":"#DIV/0!"}},{"$error":"#DIV/0!"},{"$f":"E4598*params!$C$8","v":1810.491}]
["2004-07-11",7,11,"14:00:00",855,8,28,16,48,{"$f":"Inputs!$R$38*Inputs!$R$33*(G4599-Inputs!$R$27)","v":39235.950031619432},{"$f":"Inputs!$R$34*E4599*Inputs!$R$39","v":500422.70924107434},{"$f":"params!$C$16*Inputs!$R$30*(G4599-Inputs!$R$27)","v":6144.1138777449733},{"$f":"Inputs!$R$41*Inputs!$R$42/8760","v":0},{"$f":"-Inputs!$R$45*Inputs!$R$34","v":-90000},3769.1055437563177,2.4030411275220657E-2,1.1534597412105916E-2,{"$f":"-N4599/(1.202*2465560*MAX(0,(Inputs!$R$49-Q4599)))","v":{"$error":"#DIV/0!"}},{"$f":"params!$C$16*R4599*(G4599-Inputs!$R$27)","v":{"$error":"#DIV/0!"}},{"$error":"#DIV/0!"},{"$f":"E4599*params!$C$8","v":1771.1324999999999}]
["2004-07-11",7,11,"17:00:00",472,3,28,16,48,{"$f":"Inputs!$R$38*Inputs!$R$33*(G4602-Inputs!$R$27)","v":39235.950031619432},{"$f":"Inputs!$R$34*E4602*Inputs!$R$39","v":276256.74708980945},{"$f":"params!$C$16*Inputs!$R$30*(G4602-Inputs!$R$27)","v":6144.1138777449733},{"$f":"Inputs!$R$41*Inputs!$R$42/8760","v":0},{"$f":"-Inputs!$R$45*Inputs!$R$34","v":-90000},3769.1055437563177,2.4030411275220657E-2,1.1534597412105916E-2,{"$f":"-N4602/(1.202*2465560*MAX(0,(Inputs!$R$49-Q4602)))","v":{"$error":"#DIV/0!"}},{"$f":"params!$C$16*R4602*(G4602-Inputs!$R$27)","v":{"$error":"#DIV/0!"}},{"$error":"#DIV/0!"},{"$f":"E4602*params!$C$8","v":977.74799999999993}]
["2004-07-11",7,11,"20:00:00",8,5,21,17,78,{"$f":"Inputs!$R$38*Inputs!$R$33*(G4605-Inputs!$R$27)","v":-632.83790373579495},{"$f":"Inputs!$R$34*E4605*Inputs!$R$39","v":4682.3177472849056},{"$f":"params!$C$16*Inputs!$R$30*(G4605-Inputs!$R$27)","v":-99.098610931370175},{"$f":"Inputs!$R$41*Inputs!$R$42/8760","v":0},{"$f":"-Inputs!$R$45*Inputs!$R$34","v":-90000},2479.5289798458998,1.5602307510579843E-2,1.2169799858252277E-2,{"$f":"-N4605/(1.202*2465560*MAX(0,(Inputs!$R$49-Q4605)))","v":{"$error":"#DIV/0!"}},{"$f":"params!$C$16*R4605*(G4605-Inputs!$R$27)","v":{"$error":"#DIV/0!"}},{"$error":"#DIV/0!"},{"$f":"E4605*params!$C$8","v":16.571999999999999}]
["2004-07-11",7,11,1,0,8,18,17,94,{"$f":"Inputs!$R$38*Inputs!$R$33*(G4609-Inputs!$R$27)","v":-17719.461304602319},{"$f":"Inputs!$R$34*E4609*Inputs!$R$39","v":0},{"$f":"params!$C$16*Inputs!$R$30*(G4609-Inputs!$R$27)","v":-2774.7611060783747},{"$f":"Inputs!$R$41*Inputs!$R$42/8760","v":0},{"$f":"-Inputs!$R$45*Inputs!$R$34","v":-90000},2057.7011249857014,1.2892956292988709E-2,1.2119378915409387E-2,{"$f":"-N4609/(1.202*2465560*MAX(0,(Inputs!$R$49-Q4609)))","v":{"$error":"#DIV/0!"}},{"$f":"params!$C$16*R4609*(G4609-Inputs!$R$27)","v":{"$error":"#DIV/0!"}},{"$error":"#DIV/0!"},{"$f":"E4609*params!$C$8","v":0}]
["2004-07-12",7,12,"03:00:00",0,10,17,16,94,{"$f":"Inputs!$R$38*Inputs!$R$33*(G4612-Inputs!$R$27)","v":-23415.002438224496},{"$f":"Inputs!$R$34*E4612*Inputs!$R$39","v":0},{"$f":"params!$C$16*Inputs!$R$30*(G4612-Inputs!$R$27)","v":-3666.6486044607095},{"$f":"Inputs!$R$41*Inputs!$R$42/8760","v":0},{"$f":"-Inputs!$R$45*Inputs!$R$34","v":-90000},1931.8104441244629,1.2088830888770941E-2,1.1363501035444683E-2,{"$f":"-N4612/(1.202*2465560*MAX(0,(Inputs!$R$49-Q4612)))","v":{"$error":"#DIV/0!"}},{"$f":"params!$C$16*R4612*(G4612-Inputs!$R$27)","v":{"$error":"#DIV/0!"}},{"$error":"#DIV/0!"},{"$f":"E4612*params!$C$8","v":0}]
["2004-07-12",7,12,"05:00:00",0,10,17,16,94,{"$f":"Inputs!$R$38*Inputs!$R$33*(G4614-Inputs!$R$27)","v":-23415.002438224496},{"$f":"Inputs!$R$34*E4614*Inputs!$R$39","v":0},{"$f":"params!$C$16*Inputs!$R$30*(G4614-Inputs!$R$27)","v":-3666.6486044607095},{"$f":"Inputs!$R$41*Inputs!$R$42/8760","v":0},{"$f":"-Inputs!$R$45*Inputs!$R$34","v":-90000},1931.8104441244629,1.2088830888770941E-2,1.1363501035444683E-2,{"$f":"-N4614/(1.202*2465560*MAX(0,(Inputs!$R$49-Q4614)))","v":{"$error":"#DIV/0!"}},{"$f":"params!$C$16*R4614*(G4614-Inputs!$R$27)","v":{"$error":"#DIV/0!"}},{"$error":"#DIV/0!"},{"$f":"E4614*params!$C$8","v":0}]
["2004-07-12",7,12,"11:00:00",173,10,21,19,88,{"$f":"Inputs!$R$38*Inputs!$R$33*(G4620-Inputs!$R$27)","v":-632.83790373579495},{"$f":"Inputs!$R$34*E4620*Inputs!$R$39","v":101255.1212850361},{"$f":"params!$C$16*Inputs!$R$30*(G4620-Inputs!$R$27)","v":-99.098610931370175},{"$f":"Inputs!$R$41*Inputs!$R$42/8760","v":0},{"$f":"-Inputs!$R$45*Inputs!$R$34","v":-90000},2479.5289798458998,1.5602307510579843E-2,1.3730030609310263E-2,{"$f":"-N4620/(1.202*2465560*MAX(0,(Inputs!$R$49-Q4620)))","v":{"$error":"#DIV/0!"}},{"$f":"params!$C$16*R4620*(G4620-Inputs!$R$27)","v":{"$error":"#DIV/0!"}},{"$error":"#DIV/0!"},{"$f":"E4620*params!$C$8","v":358.36949999999996}]
["2004-07-12",7,12,"14:00:00",212,10,21,19,88,{"$f":"Inputs!$R$38*Inputs!$R$33*(G4623-Inputs!$R$27)","v":-632.83790373579495},{"$f":"Inputs!$R$34*E4623*Inputs!$R$39","v":124081.42030305001},{"$f":"params!$C$16*Inputs!$R$30*(G4623-Inputs!$R$27)","v":-99.098610931370175},{"$f":"Inputs!$R$41*Inputs!$R$42/8760","v":0},{"$f":"-Inputs!$R$45*Inputs!$R$34","v":-90000},2479.5289798458998,1.5602307510579843E-2,1.3730030609310263E-2,{"$f":"-N4623/(1.202*2465560*MAX(0,(Inputs!$R$49-Q4623)))","v":{"$error":"#DIV/0!"}},{"$f":"params!$C$16*R4623*(G4623-Inputs!$R$27)","v":{"$error":"#DIV/0!"}},{"$error":"#DIV/0!"},{"$f":"E4623*params!$C$8","v":439.15799999999996}]
["2004-07-12",7,12,"15:00:00",214,10,21,19,88,{"$f":"Inputs!$R$38*Inputs!$R$33*(G4624-Inputs!$R$27)","v":-632.83790373579495},{"$f":"Inputs!$R$34*E4624*Inputs!$R$39","v":125251.99973987123},{"$f":"params!$C$16*Inputs!$R$30*(G4624-Inputs!$R$27)","v":-99.098610931370175},{"$f":"Inputs!$R$41*Inputs!$R$42/8760","v":0},{"$f":"-Inputs!$R$45*Inputs!$R$34","v":-90000},2479.5289798458998,1.5602307510579843E-2,1.3730030609310263E-2,{"$f":"-N4624/(1.202*2465560*MAX(0,(Inputs!$R$49-Q4624)))","v":{"$error":"#DIV/0!"}},{"$f":"params!$C$16*R4624*(G4624-Inputs!$R$27)","v":{"$error":"#DIV/0!"}},{"$error":"#DIV/0!"},{"$f":"E4624*params!$C$8","v":443.30099999999999}]
["2004-07-12",7,12,"18:00:00",88,10,21,18,83,{"$f":"Inputs!$R$38*Inputs!$R$33*(G4627-Inputs!$R$27)","v":-632.83790373579495},{"$f":"Inputs!$R$34*E4627*Inputs!$R$39","v":51505.495220133969},{"$f":"params!$C$16*Inputs!$R$30*(G4627-Inputs!$R$27)","v":-99.098610931370175},{"$f":"Inputs!$R$41*Inputs!$R$42/8760","v":0},{"$f":"-Inputs!$R$45*Inputs!$R$34","v":-90000},2479.5289798458998,1.5602307510579843E-2,1.2949915233781271E-2,{"$f":"-N4627/(1.202*2465560*MAX(0,(Inputs!$R$49-Q4627)))","v":{"$error":"#DIV/0!"}},{"$f":"params!$C$16*R4627*(G4627-Inputs!$R$27)","v":{"$error":"#DIV/0!"}},{"$error":"#DIV/0!"},{"$f":"E4627*params!$C$8","v":182.292}]
["2004-07-12",7,12,"21:00:00",0,10,20,18,88,{"$f":"Inputs!$R$38*Inputs!$R$33*(G4630-Inputs!$R$27)","v":-6328.3790373579704},{"$f":"Inputs!$R$34*E4630*Inputs!$R$39","v":0},{"$f":"params!$C$16*Inputs!$R$30*(G4630-Inputs!$R$27)","v":-990.98610931370501},{"$f":"Inputs!$R$41*Inputs!$R$42/8760","v":0},{"$f":"-Inputs!$R$45*Inputs!$R$34","v":-90000},2331.2150168593957,1.4647072201887702E-2,1.2889423537661178E-2,{"$f":"-N4630/(1.202*2465560*MAX(0,(Inputs!$R$49-Q4630)))","v":{"$error":"#DIV/0!"}},{"$f":"params!$C$16*R4630*(G4630-Inputs!$R$27)","v":{"$error":"#DIV/0!"}},{"$error":"#DIV/0!"},{"$f":"E4630*params!$C$8","v":0}]
["2004-07-13",7,13,"01:00:00",0,10,19,17,88,{"$f":"Inputs!$R$38*Inputs!$R$33*(G4634-Inputs!$R$27)","v":-12023.920170980145},{"$f":"Inputs!$R$34*E4634*Inputs!$R$39","v":0},{"$f":"params!$C$16*Inputs!$R$30*(G4634-Inputs!$R$27)","v":-1882.8736076960397},{"$f":"Inputs!$R$41*Inputs!$R$42/8760","v":0},{"$f":"-Inputs!$R$45*Inputs!$R$34","v":-90000},2190.7229749852513,1.3744851093608144E-2,1.2095468962375167E-2,{"$f":"-N4634/(1.202*2465560*MAX(0,(Inputs!$R$49-Q4634)))","v":{"$error":"#DIV/0!"}},{"$f":"params!$C$16*R4634*(G4634-Inputs!$R$27)","v":{"$error":"#DIV/0!"}},{"$error":"#DIV/0!"},{"$f":"E4634*params!$C$8","v":0}]
["2004-07-13",7,13,"06:00:00",25,10,18,17,94,{"$f":"Inputs!$R$38*Inputs!$R$33*(G4639-Inputs!$R$27)","v":-17719.461304602319},{"$f":"Inputs!$R$34*E4639*Inputs!$R$39","v":14632.242960265332},{"$f":"params!$C$16*Inputs!$R$30*(G4639-Inputs!$R$27)","v":-2774.7611060783747},{"$f":"Inputs!$R$41*Inputs!$R$42/8760","v":0},{"$f":"-Inputs!$R$45*Inputs!$R$34","v":-90000},2057.7011249857014,1.2892956292988709E-2,1.2119378915409387E-2,{"$f":"-N4639/(1.202*2465560*MAX(0,(Inputs!$R$49-Q4639)))","v":{"$error":"#DIV/0!"}},{"$f":"params!$C$16*R4639*(G4639-Inputs!$R$27)","v":{"$error":"#DIV/0!"}},{"$error":"#DIV/0!"},{"$f":"E4639*params!$C$8","v":51.787499999999994}]
["2004-07-13",7,13,"08:00:00",122,10,18,17,94,{"$f":"Inputs!$R$38*Inputs!$R$33*(G4641-Inputs!$R$27)","v":-17719.461304602319},{"$f":"Inputs!$R$34*E4641*Inputs!$R$39","v":71405.345646094807},{"$f":"params!$C$16*Inputs!$R$30*(G4641-Inputs!$R$27)","v":-2774.7611060783747},{"$f":"Inputs!$R$41*Inputs!$R$42/8760","v":0},{"$f":"-Inputs!$R$45*Inputs!$R$34","v":-90000},2057.7011249857014,1.2892956292988709E-2,1.2119378915409387E-2,{"$f":"-N4641/(1.202*2465560*MAX(0,(Inputs!$R$49-Q4641)))","v":{"$error":"#DIV/0!"}},{"$f":"params!$C$16*R4641*(G4641-Inputs!$R$27)","v":{"$error":"#DIV/0!"}},{"$error":"#DIV/0!"},{"$f":"E4641*params!$C$8","v":252.72299999999998}]
["2004-07-13",7,13,"12:00:00",535,10,22,18,78,{"$f":"Inputs!$R$38*Inputs!$R$33*(G4645-Inputs!$R$27)","v":5062.7032298863796},{"$f":"Inputs!$R$34*E4645*Inputs!$R$39","v":313129.99934967805},{"$f":"params!$C$16*Inputs!$R$30*(G4645-Inputs!$R$27)","v":792.78888745096458},{"$f":"Inputs!$R$41*Inputs!$R$42/8760","v":0},{"$f":"-Inputs!$R$45*Inputs!$R$34","v":-90000},2636.0296246790026,1.6613383438113645E-2,1.2958439081728643E-2,{"$f":"-N4645/(1.202*2465560*MAX(0,(Inputs!$R$49-Q4645)))","v":{"$error":"#DIV/0!"}},{"$f":"params!$C$16*R4645*(G4645-Inputs!$R$27)","v":{"$error":"#DIV/0!"}},{"$error":"#DIV/0!"},{"$f":"E4645*params!$C$8","v":1108.2525000000001}]
["2004-07-13",7,13,"15:00:00",719,8,26,19,65,{"$f":"Inputs!$R$38*Inputs!$R$33*(G4648-Inputs!$R$27)","v":27844.867764375082},{"$f":"Inputs!$R$34*E4648*Inputs!$R$39","v":420823.3075372309},{"$f":"params!$C$16*Inputs!$R$30*(G4648-Inputs!$R$27)","v":4360.3388809803037},{"$f":"Inputs!$R$41*Inputs!$R$42/8760","v":0},{"$f":"-Inputs!$R$45*Inputs!$R$34","v":-90000},3351.668772324198,2.1277942853302922E-2,1.3830662854646901E-2,{"$f":"-N4648/(1.202*2465560*MAX(0,(Inputs!$R$49-Q4648)))","v":{"$error":"#DIV/0!"}},{"$f":"params!$C$16*R4648*(G4648-Inputs!$R$27)","v":{"$error":"#DIV/0!"}},{"$error":"#DIV/0!"},{"$f":"E4648*params!$C$8","v":1489.4085}]
["2004-07-13",7,13,"16:00:00",612,4,25,19,69,{"$f":"Inputs!$R$38*Inputs!$R$33*(G4649-Inputs!$R$27)","v":22149.326630752905},{"$f":"Inputs!$R$34*E4649*Inputs!$R$39","v":358197.30766729533},{"$f":"params!$C$16*Inputs!$R$30*(G4649-Inputs!$R$27)","v":3468.4513825979689},{"$f":"Inputs!$R$41*Inputs!$R$42/8760","v":0},{"$f":"-Inputs!$R$45*Inputs!$R$34","v":-90000},3158.5016332003511,2.0012171957865876E-2,1.3808398650927454E-2,{"$f":"-N4649/(1.202*2465560*MAX(0,(Inputs!$R$49-Q4649)))","v":{"$error":"#DIV/0!"}},{"$f":"params!$C$16*R4649*(G4649-Inputs!$R$27)","v":{"$error":"#DIV/0!"}},{"$error":"#DIV/0!"},{"$f":"E4649*params!$C$8","v":1267.758}]
["2004-07-13",7,13,"19:00:00",128,0,23,18,73,{"$f":"Inputs!$R$38*Inputs!$R$33*(G4652-Inputs!$R$27)","v":10758.244363508555},{"$f":"Inputs!$R$34*E4652*Inputs!$R$39","v":74917.08395655849},{"$f":"params!$C$16*Inputs!$R$30*(G4652-Inputs!$R$27)","v":1684.6763858332995},{"$f":"Inputs!$R$41*Inputs!$R$42/8760","v":0},{"$f":"-Inputs!$R$45*Inputs!$R$34","v":-90000},2801.0950714195728,1.768327304712981E-2,1.2908789324404762E-2,{"$f":"-N4652/(1.202*2465560*MAX(0,(Inputs!$R$49-Q4652)))","v":{"$error":"#DIV/0!"}},{"$f":"params!$C$16*R4652*(G4652-Inputs!$R$27)","v":{"$error":"#DIV/0!"}},{"$error":"#DIV/0!"},{"$f":"E4652*params!$C$8","v":265.15199999999999}]
["2004-07-13",7,13,"22:00:00",0,10,20,19,94,{"$f":"Inputs!$R$38*Inputs!$R$33*(G4655-Inputs!$R$27)","v":-6328.3790373579704},{"$f":"Inputs!$R$34*E4655*Inputs!$R$39","v":0},{"$f":"params!$C$16*Inputs!$R$30*(G4655-Inputs!$R$27)","v":-990.98610931370501},{"$f":"Inputs!$R$41*Inputs!$R$42/8760","v":0},{"$f":"-Inputs!$R$45*Inputs!$R$34","v":-90000},2331.2150168593957,1.4647072201887702E-2,1.3768247869774439E-2,{"$f":"-N4655/(1.202*2465560*MAX(0,(Inputs!$R$49-Q4655)))","v":{"$error":"#DIV/0!"}},{"$f":"params!$C$16*R4655*(G4655-Inputs!$R$27)","v":{"$error":"#DIV/0!"}},{"$error":"#DIV/0!"},{"$f":"E4655*params!$C$8","v":0}]
["2004-07-14",7,14,"02:00:00",0,10,19,19,100,{"$f":"Inputs!$R$38*Inputs!$R$33*(G4659-Inputs!$R$27)","v":-12023.920170980145},{"$f":"Inputs!$R$34*E4659*Inputs!$R$39","v":0},{"$f":"params!$C$16*Inputs!$R$30*(G4659-Inputs!$R$27)","v":-1882.8736076960397},{"$f":"Inputs!$R$41*Inputs!$R$42/8760","v":0},{"$f":"-Inputs!$R$45*Inputs!$R$34","v":-90000},2190.7229749852513,1.3744851093608144E-2,1.3744851093608144E-2,{"$f":"-N4659/(1.202*2465560*MAX(0,(Inputs!$R$49-Q4659)))","v":{"$error":"#DIV/0!"}},{"$f":"params!$C$16*R4659*(G4659-Inputs!$R$27)","v":{"$error":"#DIV/0!"}},{"$error":"#DIV/0!"},{"$f":"E4659*params!$C$8","v":0}]
["2004-07-14",7,14,"07:00:00",76,10,20,19,94,{"$f":"Inputs!$R$38*Inputs!$R$33*(G4664-Inputs!$R$27)","v":-6328.3790373579704},{"$f":"Inputs!$R$34*E4664*Inputs!$R$39","v":44482.018599206604},{"$f":"params!$C$16*Inputs!$R$30*(G4664-Inputs!$R$27)","v":-990.98610931370501},{"$f":"Inputs!$R$41*Inputs!$R$42/8760","v":0},{"$f":"-Inputs!$R$45*Inputs!$R$34","v":-90000},2331.2150168593957,1.4647072201887702E-2,1.3768247869774439E-2,{"$f":"-N4664/(1.202*2465560*MAX(0,(Inputs!$R$49-Q4664)))","v":{"$error":"#DIV/0!"}},{"$f":"params!$C$16*R4664*(G4664-Inputs!$R$27)","v":{"$error":"#DIV/0!"}},{"$error":"#DIV/0!"},{"$f":"E4664*params!$C$8","v":157.434}]
["2004-07-14",7,14,"10:00:00",113,10,18,17,94,{"$f":"Inputs!$R$38*Inputs!$R$33*(G4667-Inputs!$R$27)","v":-17719.461304602319},{"$f":"Inputs!$R$34*E4667*Inputs!$R$39","v":66137.738180399305},{"$f":"params!$C$16*Inputs!$R$30*(G4667-Inputs!$R$27)","v":-2774.7611060783747},{"$f":"Inputs!$R$41*Inputs!$R$42/8760","v":0},{"$f":"-Inputs!$R$45*Inputs!$R$34","v":-90000},2057.7011249857014,1.2892956292988709E-2,1.2119378915409387E-2,{"$f":"-N4667/(1.202*2465560*MAX(0,(Inputs!$R$49-Q4667)))","v":{"$error":"#DIV/0!"}},{"$f":"params!$C$16*R4667*(G4667-Inputs!$R$27)","v":{"$error":"#DIV/0!"}},{"$error":"#DIV/0!"},{"$f":"E4667*params!$C$8","v":234.0795}]
["2004-07-14",7,14,"13:00:00",144,10,20,17,83,{"$f":"Inputs!$R$38*Inputs!$R$33*(G4670-Inputs!$R$27)","v":-6328.3790373579704},{"$f":"Inputs!$R$34*E4670*Inputs!$R$39","v":84281.719451128301},{"$f":"params!$C$16*Inputs!$R$30*(G4670-Inputs!$R$27)","v":-990.98610931370501},{"$f":"Inputs!$R$41*Inputs!$R$42/8760","v":0},{"$f":"-Inputs!$R$45*Inputs!$R$34","v":-90000},2331.2150168593957,1.4647072201887702E-2,1.2157069927566792E-2,{"$f":"-N4670/(1.202*2465560*MAX(0,(Inputs!$R$49-Q4670)))","v":{"$error":"#DIV/0!"}},{"$f":"params!$C$16*R4670*(G4670-Inputs!$R$27)","v":{"$error":"#DIV/0!"}},{"$error":"#DIV/0!"},{"$f":"E4670*params!$C$8","v":298.29599999999999}]
["2004-07-14",7,14,"16:00:00",340,10,18,16,88,{"$f":"Inputs!$R$38*Inputs!$R$33*(G4673-Inputs!$R$27)","v":-17719.461304602319},{"$f":"Inputs!$R$34*E4673*Inputs!$R$39","v":198998.50425960848},{"$f":"params!$C$16*Inputs!$R$30*(G4673-Inputs!$R$27)","v":-2774.7611060783747},{"$f":"Inputs!$R$41*Inputs!$R$42/8760","v":0},{"$f":"-Inputs!$R$45*Inputs!$R$34","v":-90000},2057.7011249857014,1.2892956292988709E-2,1.1345801537830063E-2,{"$f":"-N4673/(1.202*2465560*MAX(0,(Inputs!$R$49-Q4673)))","v":{"$error":"#DIV/0!"}},{"$f":"params!$C$16*R4673*(G4673-Inputs!$R$27)","v":{"$error":"#DIV/0!"}},{"$error":"#DIV/0!"},{"$f":"E4673*params!$C$8","v":704.31}]
["2004-07-14",7,14,"17:00:00",110,10,18,17,94,{"$f":"Inputs!$R$38*Inputs!$R$33*(G4674-Inputs!$R$27)","v":-17719.461304602319},{"$f":"Inputs!$R$34*E4674*Inputs!$R$39","v":64381.869025167456},{"$f":"params!$C$16*Inputs!$R$30*(G4674-Inputs!$R$27)","v":-2774.7611060783747},{"$f":"Inputs!$R$41*Inputs!$R$42/8760","v":0},{"$f":"-Inputs!$R$45*Inputs!$R$34","v":-90000},2057.7011249857014,1.2892956292988709E-2,1.2119378915409387E-2,{"$f":"-N4674/(1.202*2465560*MAX(0,(Inputs!$R$49-Q4674)))","v":{"$error":"#DIV/0!"}},{"$f":"params!$C$16*R4674*(G4674-Inputs!$R$27)","v":{"$error":"#DIV/0!"}},{"$error":"#DIV/0!"},{"$f":"E4674*params!$C$8","v":227.86499999999998}]
["2004-07-14",7,14,"20:00:00",3,8,17,17,100,{"$f":"Inputs!$R$38*Inputs!$R$33*(G4677-Inputs!$R$27)","v":-23415.002438224496},{"$f":"Inputs!$R$34*E4677*Inputs!$R$39","v":1755.8691552318398},{"$f":"params!$C$16*Inputs!$R$30*(G4677-Inputs!$R$27)","v":-3666.6486044607095},{"$f":"Inputs!$R$41*Inputs!$R$42/8760","v":0},{"$f":"-Inputs!$R$45*Inputs!$R$34","v":-90000},1931.8104441244629,1.2088830888770941E-2,1.2088830888770941E-2,{"$f":"-N4677/(1.202*2465560*MAX(0,(Inputs!$R$49-Q4677)))","v":{"$error":"#DIV/0!"}},{"$f":"params!$C$16*R4677*(G4677-Inputs!$R$27)","v":{"$error":"#DIV/0!"}},{"$error":"#DIV/0!"},{"$f":"E4677*params!$C$8","v":6.2144999999999992}]
["2004-07-14",7,14,"23:00:00",0,10,15,14,94,{"$f":"Inputs!$R$38*Inputs!$R$33*(G4680-Inputs!$R$27)","v":-34806.084705468842},{"$f":"Inputs!$R$34*E4680*Inputs!$R$39","v":0},{"$f":"params!$C$16*Inputs!$R$30*(G4680-Inputs!$R$27)","v":-5450.4236012253787},{"$f":"Inputs!$R$41*Inputs!$R$42/8760","v":0},{"$f":"-Inputs!$R$45*Inputs!$R$34","v":-90000},1700.1281023555496,1.0614273895273205E-2,9.9774174615568124E-3,{"$f":"-N4680/(1.202*2465560*MAX(0,(Inputs!$R$49-Q4680)))","v":29.747618332504732},{"$f":"params!$C$16*R4680*(G4680-Inputs!$R$27)","v":-219457.31955085855},-349713.82785755279,{"$f":"E4680*params!$C$8","v":0}]
["2004-07-15",7,15,"03:00:00",0,10,14,13,94,{"$f":"Inputs!$R$38*Inputs!$R$33*(G4684-Inputs!$R$27)","v":-40501.625839091022},{"$f":"Inputs!$R$34*E4684*Inputs!$R$39","v":0},{"$f":"params!$C$16*Inputs!$R$30*(G4684-Inputs!$R$27)","v":-6342.3110996077139},{"$f":"Inputs!$R$41*Inputs!$R$42/8760","v":0},{"$f":"-Inputs!$R$45*Inputs!$R$34","v":-90000},1593.7190459500907,9.939322574797271E-3,9.3429632203094349E-3,{"$f":"-N4684/(1.202*2465560*MAX(0,(Inputs!$R$49-Q4684)))","v":18.345920182031556},{"$f":"params!$C$16*R4684*(G4684-Inputs!$R$27)","v":-157490.60590133409},-294334.54284003284,{"$f":"E4684*params!$C$8","v":0}]
["2004-07-15",7,15,"08:00:00",136,10,18,16,88,{"$f":"Inputs!$R$38*Inputs!$R$33*(G4689-Inputs!$R$27)","v":-17719.461304602319},{"$f":"Inputs!$R$34*E4689*Inputs!$R$39","v":79599.401703843396},{"$f":"params!$C$16*Inputs!$R$30*(G4689-Inputs!$R$27)","v":-2774.7611060783747},{"$f":"Inputs!$R$41*Inputs!$R$42/8760","v":0},{"$f":"-Inputs!$R$45*Inputs!$R$34","v":-90000},2057.7011249857014,1.2892956292988709E-2,1.1345801537830063E-2,{"$f":"-N4689/(1.202*2465560*MAX(0,(Inputs!$R$49-Q4689)))","v":{"$error":"#DIV/0!"}},{"$f":"params!$C$16*R4689*(G4689-Inputs!$R$27)","v":{"$error":"#DIV/0!"}},{"$error":"#DIV/0!"},{"$f":"E4689*params!$C$8","v":281.72399999999999}]
["2004-07-15",7,15,"11:00:00",408,10,21,17,78,{"$f":"Inputs!$R$38*Inputs!$R$33*(G4692-Inputs!$R$27)","v":-632.83790373579495},{"$f":"Inputs!$R$34*E4692*Inputs!$R$39","v":238798.2051115302},{"$f":"params!$C$16*Inputs!$R$30*(G4692-Inputs!$R$27)","v":-99.098610931370175},{"$f":"Inputs!$R$41*Inputs!$R$42/8760","v":0},{"$f":"-Inputs!$R$45*Inputs!$R$34","v":-90000},2479.5289798458998,1.5602307510579843E-2,1.2169799858252277E-2,{"$f":"-N4692/(1.202*2465560*MAX(0,(Inputs!$R$49-Q4692)))","v":{"$error":"#DIV/0!"}},{"$f":"params!$C$16*R4692*(G4692-Inputs!$R$27)","v":{"$error":"#DIV/0!"}},{"$error":"#DIV/0!"},{"$f":"E4692*params!$C$8","v":845.17199999999991}]
["2004-07-15",7,15,"14:00:00",377,10,22,17,73,{"$f":"Inputs!$R$38*Inputs!$R$33*(G4695-Inputs!$R$27)","v":5062.7032298863796},{"$f":"Inputs!$R$34*E4695*Inputs!$R$39","v":220654.22384080119},{"$f":"params!$C$16*Inputs!$R$30*(G4695-Inputs!$R$27)","v":792.78888745096458},{"$f":"Inputs!$R$41*Inputs!$R$42/8760","v":0},{"$f":"-Inputs!$R$45*Inputs!$R$34","v":-90000},2636.0296246790026,1.6613383438113645E-2,1.212776990982296E-2,{"$f":"-N4695/(1.202*2465560*MAX(0,(Inputs!$R$49-Q4695)))","v":{"$error":"#DIV/0!"}},{"$f":"params!$C$16*R4695*(G4695-Inputs!$R$27)","v":{"$error":"#DIV/0!"}},{"$error":"#DIV/0!"},{"$f":"E4695*params!$C$8","v":780.95549999999992}]
["2004-07-15",7,15,"17:00:00",247,9,19,15,78,{"$f":"Inputs!$R$38*Inputs!$R$33*(G4698-Inputs!$R$27)","v":-12023.920170980145},{"$f":"Inputs!$R$34*E4698*Inputs!$R$39","v":144566.56044742148},{"$f":"params!$C$16*Inputs!$R$30*(G4698-Inputs!$R$27)","v":-1882.8736076960397},{"$f":"Inputs!$R$41*Inputs!$R$42/8760","v":0},{"$f":"-Inputs!$R$45*Inputs!$R$34","v":-90000},2190.7229749852513,1.3744851093608144E-2,1.0720983853014352E-2,{"$f":"-N4698/(1.202*2465560*MAX(0,(Inputs!$R$49-Q4698)))","v":109.51348350729941},{"$f":"params!$C$16*R4698*(G4698-Inputs!$R$27)","v":-279097.77531187958},-238438.00864313429,{"$f":"E4698*params!$C$8","v":511.66049999999996}]
["2004-07-15",7,15,"18:00:00",134,10,19,15,78,{"$f":"Inputs!$R$38*Inputs!$R$33*(G4699-Inputs!$R$27)","v":-12023.920170980145},{"$f":"Inputs!$R$34*E4699*Inputs!$R$39","v":78428.822267022173},{"$f":"params!$C$16*Inputs!$R$30*(G4699-Inputs!$R$27)","v":-1882.8736076960397},{"$f":"Inputs!$R$41*Inputs!$R$42/8760","v":0},{"$f":"-Inputs!$R$45*Inputs!$R$34","v":-90000},2190.7229749852513,1.3744851093608144E-2,1.0720983853014352E-2,{"$f":"-N4699/(1.202*2465560*MAX(0,(Inputs!$R$49-Q4699)))","v":109.51348350729941},{"$f":"params!$C$16*R4699*(G4699-Inputs!$R$27)","v":-279097.77531187958},-304575.74682353361,{"$f":"E4699*params!$C$8","v":277.58099999999996}]
["2004-07-15",7,15,"21:00:00",0,10,17,14,82,{"$f":"Inputs!$R$38*Inputs!$R$33*(G4702-Inputs!$R$27)","v":-23415.002438224496},{"$f":"Inputs!$R$34*E4702*Inputs!$R$39","v":0},{"$f":"params!$C$16*Inputs!$R$30*(G4702-Inputs!$R$27)","v":-3666.6486044607095},{"$f":"Inputs!$R$41*Inputs!$R$42/8760","v":0},{"$f":"-Inputs!$R$45*Inputs!$R$34","v":-90000},1931.8104441244629,1.2088830888770941E-2,9.9128413287921709E-3,{"$f":"-N4702/(1.202*2465560*MAX(0,(Inputs!$R$49-Q4702)))","v":27.977851205604995},{"$f":"params!$C$16*R4702*(G4702-Inputs!$R$27)","v":-138851.71888297788},-255933.36992566308,{"$f":"E4702*params!$C$8","v":0}]
["2004-07-16",7,16,"01:00:00",0,9,16,14,88,{"$f":"Inputs!$R$38*Inputs!$R$33*(G4706-Inputs!$R$27)","v":-29110.543571846669},{"$f":"Inputs!$R$34*E4706*Inputs!$R$39","v":0},{"$f":"params!$C$16*Inputs!$R$30*(G4706-Inputs!$R$27)","v":-4558.5361028430443},{"$f":"Inputs!$R$41*Inputs!$R$42/8760","v":0},{"$f":"-Inputs!$R$45*Inputs!$R$34","v":-90000},1812.7242941450775,1.1330041931761578E-2,9.9704368999501899E-3,{"$f":"-N4706/(1.202*2465560*MAX(0,(Inputs!$R$49-Q4706)))","v":29.545589775199605},{"$f":"params!$C$16*R4706*(G4706-Inputs!$R$27)","v":-182299.58308253525},-305968.66275722499,{"$f":"E4706*params!$C$8","v":0}]
["2004-07-16",7,16,"05:00:00",0,10,17,15,88,{"$f":"Inputs!$R$38*Inputs!$R$33*(G4710-Inputs!$R$27)","v":-23415.002438224496},{"$f":"Inputs!$R$34*E4710*Inputs!$R$39","v":0},{"$f":"params!$C$16*Inputs!$R$30*(G4710-Inputs!$R$27)","v":-3666.6486044607095},{"$f":"Inputs!$R$41*Inputs!$R$42/8760","v":0},{"$f":"-Inputs!$R$45*Inputs!$R$34","v":-90000},1931.8104441244629,1.2088830888770941E-2,1.0638171182118428E-2,{"$f":"-N4710/(1.202*2465560*MAX(0,(Inputs!$R$49-Q4710)))","v":84.329633135648947},{"$f":"params!$C$16*R4710*(G4710-Inputs!$R$27)","v":-418520.86593805236},-535602.51698073756,{"$f":"E4710*params!$C$8","v":0}]
["2004-07-16",7,16,"08:00:00",130,10,17,17,100,{"$f":"Inputs!$R$38*Inputs!$R$33*(G4713-Inputs!$R$27)","v":-23415.002438224496},{"$f":"Inputs!$R$34*E4713*Inputs!$R$39","v":76087.663393379727},{"$f":"params!$C$16*Inputs!$R$30*(G4713-Inputs!$R$27)","v":-3666.6486044607095},{"$f":"Inputs!$R$41*Inputs!$R$42/8760","v":0},{"$f":"-Inputs!$R$45*Inputs!$R$34","v":-90000},1931.8104441244629,1.2088830888770941E-2,1.2088830888770941E-2,{"$f":"-N4713/(1.202*2465560*MAX(0,(Inputs!$R$49-Q4713)))","v":{"$error":"#DIV/0!"}},{"$f":"params!$C$16*R4713*(G4713-Inputs!$R$27)","v":{"$error":"#DIV/0!"}},{"$error":"#DIV/0!"},{"$f":"E4713*params!$C$8","v":269.29499999999996}]
["2004-07-16",7,16,"12:00:00",194,10,21,17,78,{"$f":"Inputs!$R$38*Inputs!$R$33*(G4717-Inputs!$R$27)","v":-632.83790373579495},{"$f":"Inputs!$R$34*E4717*Inputs!$R$39","v":113546.20537165899},{"$f":"params!$C$16*Inputs!$R$30*(G4717-Inputs!$R$27)","v":-99.098610931370175},{"$f":"Inputs!$R$41*Inputs!$R$42/8760","v":0},{"$f":"-Inputs!$R$45*Inputs!$R$34","v":-90000},2479.5289798458998,1.5602307510579843E-2,1.2169799858252277E-2,{"$f":"-N4717/(1.202*2465560*MAX(0,(Inputs!$R$49-Q4717)))","v":{"$error":"#DIV/0!"}},{"$f":"params!$C$16*R4717*(G4717-Inputs!$R$27)","v":{"$error":"#DIV/0!"}},{"$error":"#DIV/0!"},{"$f":"E4717*params!$C$8","v":401.87099999999998}]
["2004-07-16",7,16,"15:00:00",127,8,22,18,78,{"$f":"Inputs!$R$38*Inputs!$R$33*(G4720-Inputs!$R$27)","v":5062.7032298863796},{"$f":"Inputs!$R$34*E4720*Inputs!$R$39","v":74331.794238147879},{"$f":"params!$C$16*Inputs!$R$30*(G4720-Inputs!$R$27)","v":792.78888745096458},{"$f":"Inputs!$R$41*Inputs!$R$42/8760","v":0},{"$f":"-Inputs!$R$45*Inputs!$R$34","v":-90000},2636.0296246790026,1.6613383438113645E-2,1.2958439081728643E-2,{"$f":"-N4720/(1.202*2465560*MAX(0,(Inputs!$R$49-Q4720)))","v":{"$error":"#DIV/0!"}},{"$f":"params!$C$16*R4720*(G4720-Inputs!$R$27)","v":{"$error":"#DIV/0!"}},{"$error":"#DIV/0!"},{"$f":"E4720*params!$C$8","v":263.08049999999997}]
["2004-07-16",7,16,"18:00:00",268,10,22,17,73,{"$f":"Inputs!$R$38*Inputs!$R$33*(G4723-Inputs!$R$27)","v":5062.7032298863796},{"$f":"Inputs!$R$34*E4723*Inputs!$R$39","v":156857.64453404435},{"$f":"params!$C$16*Inputs!$R$30*(G4723-Inputs!$R$27)","v":792.78888745096458},{"$f":"Inputs!$R$41*Inputs!$R$42/8760","v":0},{"$f":"-Inputs!$R$45*Inputs!$R$34","v":-90000},2636.0296246790026,1.6613383438113645E-2,1.212776990982296E-2,{"$f":"-N4723/(1.202*2465560*MAX(0,(Inputs!$R$49-Q4723)))","v":{"$error":"#DIV/0!"}},{"$f":"params!$C$16*R4723*(G4723-Inputs!$R$27)","v":{"$error":"#DIV/0!"}},{"$error":"#DIV/0!"},{"$f":"E4723*params!$C$8","v":555.16199999999992}]
["2004-07-16",7,16,"19:00:00",101,10,22,18,78,{"$f":"Inputs!$R$38*Inputs!$R$33*(G4724-Inputs!$R$27)","v":5062.7032298863796},{"$f":"Inputs!$R$34*E4724*Inputs!$R$39","v":59114.261559471939},{"$f":"params!$C$16*Inputs!$R$30*(G4724-Inputs!$R$27)","v":792.78888745096458},{"$f":"Inputs!$R$41*Inputs!$R$42/8760","v":0},{"$f":"-Inputs!$R$45*Inputs!$R$34","v":-90000},2636.0296246790026,1.6613383438113645E-2,1.2958439081728643E-2,{"$f":"-N4724/(1.202*2465560*MAX(0,(Inputs!$R$49-Q4724)))","v":{"$error":"#DIV/0!"}},{"$f":"params!$C$16*R4724*(G4724-Inputs!$R$27)","v":{"$error":"#DIV/0!"}},{"$error":"#DIV/0!"},{"$f":"E4724*params!$C$8","v":209.22149999999999}]
["2004-07-16",7,16,"22:00:00",0,8,18,17,94,{"$f":"Inputs!$R$38*Inputs!$R$33*(G4727-Inputs!$R$27)","v":-17719.461304602319},{"$f":"Inputs!$R$34*E4727*Inputs!$R$39","v":0},{"$f":"params!$C$16*Inputs!$R$30*(G4727-Inputs!$R$27)","v":-2774.7611060783747},{"$f":"Inputs!$R$41*Inputs!$R$42/8760","v":0},{"$f":"-Inputs!$R$45*Inputs!$R$34","v":-90000},2057.7011249857014,1.2892956292988709E-2,1.2119378915409387E-2,{"$f":"-N4727/(1.202*2465560*MAX(0,(Inputs!$R$49-Q4727)))","v":{"$error":"#DIV/0!"}},{"$f":"params!$C$16*R4727*(G4727-Inputs!$R$27)","v":{"$error":"#DIV/0!"}},{"$error":"#DIV/0!"},{"$f":"E4727*params!$C$8","v":0}]
["2004-07-17",7,17,"02:00:00",0,0,16,15,94,{"$f":"Inputs!$R$38*Inputs!$R$33*(G4731-Inputs!$R$27)","v":-29110.543571846669},{"$f":"Inputs!$R$34*E4731*Inputs!$R$39","v":0},{"$f":"params!$C$16*Inputs!$R$30*(G4731-Inputs!$R$27)","v":-4558.5361028430443},{"$f":"Inputs!$R$41*Inputs!$R$42/8760","v":0},{"$f":"-Inputs!$R$45*Inputs!$R$34","v":-90000},1812.7242941450775,1.1330041931761578E-2,1.0650239415855885E-2,{"$f":"-N4731/(1.202*2465560*MAX(0,(Inputs!$R$49-Q4731)))","v":87.25368614266047},{"$f":"params!$C$16*R4731*(G4731-Inputs!$R$27)","v":-538364.97180276457},-662034.05147745425,{"$f":"E4731*params!$C$8","v":0}]
["2004-07-17",7,17,"06:00:00",67,10,16,16,100,{"$f":"Inputs!$R$38*Inputs!$R$33*(G4735-Inputs!$R$27)","v":-29110.543571846669},{"$f":"Inputs!$R$34*E4735*Inputs!$R$39","v":39214.411133511087},{"$f":"params!$C$16*Inputs!$R$30*(G4735-Inputs!$R$27)","v":-4558.5361028430443},{"$f":"Inputs!$R$41*Inputs!$R$42/8760","v":0},{"$f":"-Inputs!$R$45*Inputs!$R$34","v":-90000},1812.7242941450775,1.1330041931761578E-2,1.1330041931761578E-2,{"$f":"-N4735/(1.202*2465560*MAX(0,(Inputs!$R$49-Q4735)))","v":{"$error":"#DIV/0!"}},{"$f":"params!$C$16*R4735*(G4735-Inputs!$R$27)","v":{"$error":"#DIV/0!"}},{"$error":"#DIV/0!"},{"$f":"E4735*params!$C$8","v":138.79049999999998}]
["2004-07-17",7,17,"09:00:00",571,0,22,16,69,{"$f":"Inputs!$R$38*Inputs!$R$33*(G4738-Inputs!$R$27)","v":5062.7032298863796},{"$f":"Inputs!$R$34*E4738*Inputs!$R$39","v":334200.42921246018},{"$f":"params!$C$16*Inputs!$R$30*(G4738-Inputs!$R$27)","v":792.78888745096458},{"$f":"Inputs!$R$41*Inputs!$R$42/8760","v":0},{"$f":"-Inputs!$R$45*Inputs!$R$34","v":-90000},2636.0296246790026,1.6613383438113645E-2,1.1463234572298414E-2,{"$f":"-N4738/(1.202*2465560*MAX(0,(Inputs!$R$49-Q4738)))","v":{"$error":"#DIV/0!"}},{"$f":"params!$C$16*R4738*(G4738-Inputs!$R$27)","v":{"$error":"#DIV/0!"}},{"$error":"#DIV/0!"},{"$f":"E4738*params!$C$8","v":1182.8264999999999}]
["2004-07-17",7,17,"13:00:00",635,9,27,15,48,{"$f":"Inputs!$R$38*Inputs!$R$33*(G4742-Inputs!$R$27)","v":33540.408897997258},{"$f":"Inputs!$R$34*E4742*Inputs!$R$39","v":371658.97119073942},{"$f":"params!$C$16*Inputs!$R$30*(G4742-Inputs!$R$27)","v":5252.2263793626389},{"$f":"Inputs!$R$41*Inputs!$R$42/8760","v":0},{"$f":"-Inputs!$R$45*Inputs!$R$34","v":-90000},3555.0534347297348,2.2616071840205452E-2,1.0855714483298617E-2,{"$f":"-N4742/(1.202*2465560*MAX(0,(Inputs!$R$49-Q4742)))","v":213.0033852839876},{"$f":"params!$C$16*R4742*(G4742-Inputs!$R$27)","v":1514249.9065798048},1834701.5130479042,{"$f":"E4742*params!$C$8","v":1315.4024999999999}]
["2004-07-17",7,17,"16:00:00",431,9,26,17,58,{"$f":"Inputs!$R$38*Inputs!$R$33*(G4745-Inputs!$R$27)","v":27844.867764375082},{"$f":"Inputs!$R$34*E4745*Inputs!$R$39","v":252259.86863497432},{"$f":"params!$C$16*Inputs!$R$30*(G4745-Inputs!$R$27)","v":4360.3388809803037},{"$f":"Inputs!$R$41*Inputs!$R$42/8760","v":0},{"$f":"-Inputs!$R$45*Inputs!$R$34","v":-90000},3351.668772324198,2.1277942853302922E-2,1.2341206854915696E-2,{"$f":"-N4745/(1.202*2465560*MAX(0,(Inputs!$R$49-Q4745)))","v":{"$error":"#DIV/0!"}},{"$f":"params!$C$16*R4745*(G4745-Inputs!$R$27)","v":{"$error":"#DIV/0!"}},{"$error":"#DIV/0!"},{"$f":"E4745*params!$C$8","v":892.81649999999991}]
["2004-07-17",7,17,"19:00:00",39,9,22,15,64,{"$f":"Inputs!$R$38*Inputs!$R$33*(G4748-Inputs!$R$27)","v":5062.7032298863796},{"$f":"Inputs!$R$34*E4748*Inputs!$R$39","v":22826.299018013917},{"$f":"params!$C$16*Inputs!$R$30*(G4748-Inputs!$R$27)","v":792.78888745096458},{"$f":"Inputs!$R$41*Inputs!$R$42/8760","v":0},{"$f":"-Inputs!$R$45*Inputs!$R$34","v":-90000},2636.0296246790026,1.6613383438113645E-2,1.0632565400392733E-2,{"$f":"-N4748/(1.202*2465560*MAX(0,(Inputs!$R$49-Q4748)))","v":83.03702844516485},{"$f":"params!$C$16*R4748*(G4748-Inputs!$R$27)","v":89103.951943521271},27785.743078872532,{"$f":"E4748*params!$C$8","v":80.788499999999999}]
["2004-07-17",7,17,"20:00:00",2,10,21,16,73,{"$f":"Inputs!$R$38*Inputs!$R$33*(G4749-Inputs!$R$27)","v":-632.83790373579495},{"$f":"Inputs!$R$34*E4749*Inputs!$R$39","v":1170.5794368212264},{"$f":"params!$C$16*Inputs!$R$30*(G4749-Inputs!$R$27)","v":-99.098610931370175},{"$f":"Inputs!$R$41*Inputs!$R$42/8760","v":0},{"$f":"-Inputs!$R$45*Inputs!$R$34","v":-90000},2479.5289798458998,1.5602307510579843E-2,1.1389684482723286E-2,{"$f":"-N4749/(1.202*2465560*MAX(0,(Inputs!$R$49-Q4749)))","v":{"$error":"#DIV/0!"}},{"$f":"params!$C$16*R4749*(G4749-Inputs!$R$27)","v":{"$error":"#DIV/0!"}},{"$error":"#DIV/0!"},{"$f":"E4749*params!$C$8","v":4.1429999999999998}]
["2004-07-17",7,17,"23:00:00",0,10,17,16,94,{"$f":"Inputs!$R$38*Inputs!$R$33*(G4752-Inputs!$R$27)","v":-23415.002438224496},{"$f":"Inputs!$R$34*E4752*Inputs!$R$39","v":0},{"$f":"params!$C$16*Inputs!$R$30*(G4752-Inputs!$R$27)","v":-3666.6486044607095},{"$f":"Inputs!$R$41*Inputs!$R$42/8760","v":0},{"$f":"-Inputs!$R$45*Inputs!$R$34","v":-90000},1931.8104441244629,1.2088830888770941E-2,1.1363501035444683E-2,{"$f":"-N4752/(1.202*2465560*MAX(0,(Inputs!$R$49-Q4752)))","v":{"$error":"#DIV/0!"}},{"$f":"params!$C$16*R4752*(G4752-Inputs!$R$27)","v":{"$error":"#DIV/0!"}},{"$error":"#DIV/0!"},{"$f":"E4752*params!$C$8","v":0}]
["2004-07-18",7,18,"03:00:00",0,10,17,16,94,{"$f":"Inputs!$R$38*Inputs!$R$33*(G4756-Inputs!$R$27)","v":-23415.002438224496},{"$f":"Inputs!$R$34*E4756*Inputs!$R$39","v":0},{"$f":"params!$C$16*Inputs!$R$30*(G4756-Inputs!$R$27)","v":-3666.6486044607095},{"$f":"Inputs!$R$41*Inputs!$R$42/8760","v":0},{"$f":"-Inputs!$R$45*Inputs!$R$34","v":-90000},1931.8104441244629,1.2088830888770941E-2,1.1363501035444683E-2,{"$f":"-N4756/(1.202*2465560*MAX(0,(Inputs!$R$49-Q4756)))","v":{"$error":"#DIV/0!"}},{"$f":"params!$C$16*R4756*(G4756-Inputs!$R$27)","v":{"$error":"#DIV/0!"}},{"$error":"#DIV/0!"},{"$f":"E4756*params!$C$8","v":0}]
["2004-07-18",7,18,"07:00:00",92,10,17,16,94,{"$f":"Inputs!$R$38*Inputs!$R$33*(G4760-Inputs!$R$27)","v":-23415.002438224496},{"$f":"Inputs!$R$34*E4760*Inputs!$R$39","v":53846.654093776422},{"$f":"params!$C$16*Inputs!$R$30*(G4760-Inputs!$R$27)","v":-3666.6486044607095},{"$f":"Inputs!$R$41*Inputs!$R$42/8760","v":0},{"$f":"-Inputs!$R$45*Inputs!$R$34","v":-90000},1931.8104441244629,1.2088830888770941E-2,1.1363501035444683E-2,{"$f":"-N4760/(1.202*2465560*MAX(0,(Inputs!$R$49-Q4760)))","v":{"$error":"#DIV/0!"}},{"$f":"params!$C$16*R4760*(G4760-Inputs!$R$27)","v":{"$error":"#DIV/0!"}},{"$error":"#DIV/0!"},{"$f":"E4760*params!$C$8","v":190.578}]
["2004-07-18",7,18,"10:00:00",170,10,18,17,94,{"$f":"Inputs!$R$38*Inputs!$R$33*(G4763-Inputs!$R$27)","v":-17719.461304602319},{"$f":"Inputs!$R$34*E4763*Inputs!$R$39","v":99499.252129804241},{"$f":"params!$C$16*Inputs!$R$30*(G4763-Inputs!$R$27)","v":-2774.7611060783747},{"$f":"Inputs!$R$41*Inputs!$R$42/8760","v":0},{"$f":"-Inputs!$R$45*Inputs!$R$34","v":-90000},2057.7011249857014,1.2892956292988709E-2,1.2119378915409387E-2,{"$f":"-N4763/(1.202*2465560*MAX(0,(Inputs!$R$49-Q4763)))","v":{"$error":"#DIV/0!"}},{"$f":"params!$C$16*R4763*(G4763-Inputs!$R$27)","v":{"$error":"#DIV/0!"}},{"$error":"#DIV/0!"},{"$f":"E4763*params!$C$8","v":352.15499999999997}]
["2004-07-18",7,18,"14:00:00",212,10,20,17,83,{"$f":"Inputs!$R$38*Inputs!$R$33*(G4767-Inputs!$R$27)","v":-6328.3790373579704},{"$f":"Inputs!$R$34*E4767*Inputs!$R$39","v":124081.42030305001},{"$f":"params!$C$16*Inputs!$R$30*(G4767-Inputs!$R$27)","v":-990.98610931370501},{"$f":"Inputs!$R$41*Inputs!$R$42/8760","v":0},{"$f":"-Inputs!$R$45*Inputs!$R$34","v":-90000},2331.2150168593957,1.4647072201887702E-2,1.2157069927566792E-2,{"$f":"-N4767/(1.202*2465560*MAX(0,(Inputs!$R$49-Q4767)))","v":{"$error":"#DIV/0!"}},{"$f":"params!$C$16*R4767*(G4767-Inputs!$R$27)","v":{"$error":"#DIV/0!"}},{"$error":"#DIV/0!"},{"$f":"E4767*params!$C$8","v":439.15799999999996}]
["2004-07-18",7,18,"17:00:00",241,9,22,16,69,{"$f":"Inputs!$R$38*Inputs!$R$33*(G4770-Inputs!$R$27)","v":5062.7032298863796},{"$f":"Inputs!$R$34*E4770*Inputs!$R$39","v":141054.82213695778},{"$f":"params!$C$16*Inputs!$R$30*(G4770-Inputs!$R$27)","v":792.78888745096458},{"$f":"Inputs!$R$41*Inputs!$R$42/8760","v":0},{"$f":"-Inputs!$R$45*Inputs!$R$34","v":-90000},2636.0296246790026,1.6613383438113645E-2,1.1463234572298414E-2,{"$f":"-N4770/(1.202*2465560*MAX(0,(Inputs!$R$49-Q4770)))","v":{"$error":"#DIV/0!"}},{"$f":"params!$C$16*R4770*(G4770-Inputs!$R$27)","v":{"$error":"#DIV/0!"}},{"$error":"#DIV/0!"},{"$f":"E4770*params!$C$8","v":499.23149999999998}]
["2004-07-18",7,18,"18:00:00",201,9,22,17,73,{"$f":"Inputs!$R$38*Inputs!$R$33*(G4771-Inputs!$R$27)","v":5062.7032298863796},{"$f":"Inputs!$R$34*E4771*Inputs!$R$39","v":117643.23340053325},{"$f":"params!$C$16*Inputs!$R$30*(G4771-Inputs!$R$27)","v":792.78888745096458},{"$f":"Inputs!$R$41*Inputs!$R$42/8760","v":0},{"$f":"-Inputs!$R$45*Inputs!$R$34","v":-90000},2636.0296246790026,1.6613383438113645E-2,1.212776990982296E-2,{"$f":"-N4771/(1.202*2465560*MAX(0,(Inputs!$R$49-Q4771)))","v":{"$error":"#DIV/0!"}},{"$f":"params!$C$16*R4771*(G4771-Inputs!$R$27)","v":{"$error":"#DIV/0!"}},{"$error":"#DIV/0!"},{"$f":"E4771*params!$C$8","v":416.37149999999997}]
["2004-07-18",7,18,"21:00:00",0,10,19,16,83,{"$f":"Inputs!$R$38*Inputs!$R$33*(G4774-Inputs!$R$27)","v":-12023.920170980145},{"$f":"Inputs!$R$34*E4774*Inputs!$R$39","v":0},{"$f":"params!$C$16*Inputs!$R$30*(G4774-Inputs!$R$27)","v":-1882.8736076960397},{"$f":"Inputs!$R$41*Inputs!$R$42/8760","v":0},{"$f":"-Inputs!$R$45*Inputs!$R$34","v":-90000},2190.7229749852513,1.3744851093608144E-2,1.1408226407694759E-2,{"$f":"-N4774/(1.202*2465560*MAX(0,(Inputs!$R$49-Q4774)))","v":{"$error":"#DIV/0!"}},{"$f":"params!$C$16*R4774*(G4774-Inputs!$R$27)","v":{"$error":"#DIV/0!"}},{"$error":"#DIV/0!"},{"$f":"E4774*params!$C$8","v":0}]
["2004-07-18",7,18,1,0,8,16,16,100,{"$f":"Inputs!$R$38*Inputs!$R$33*(G4777-Inputs!$R$27)","v":-29110.543571846669},{"$f":"Inputs!$R$34*E4777*Inputs!$R$39","v":0},{"$f":"params!$C$16*Inputs!$R$30*(G4777-Inputs!$R$27)","v":-4558.5361028430443},{"$f":"Inputs!$R$41*Inputs!$R$42/8760","v":0},{"$f":"-Inputs!$R$45*Inputs!$R$34","v":-90000},1812.7242941450775,1.1330041931761578E-2,1.1330041931761578E-2,{"$f":"-N4777/(1.202*2465560*MAX(0,(Inputs!$R$49-Q4777)))","v":{"$error":"#DIV/0!"}},{"$f":"params!$C$16*R4777*(G4777-Inputs!$R$27)","v":{"$error":"#DIV/0!"}},{"$error":"#DIV/0!"},{"$f":"E4777*params!$C$8","v":0}]
["2004-07-19",7,19,"04:00:00",0,10,15,14,94,{"$f":"Inputs!$R$38*Inputs!$R$33*(G4781-Inputs!$R$27)","v":-34806.084705468842},{"$f":"Inputs!$R$34*E4781*Inputs!$R$39","v":0},{"$f":"params!$C$16*Inputs!$R$30*(G4781-Inputs!$R$27)","v":-5450.4236012253787},{"$f":"Inputs!$R$41*Inputs!$R$42/8760","v":0},{"$f":"-Inputs!$R$45*Inputs!$R$34","v":-90000},1700.1281023555496,1.0614273895273205E-2,9.9774174615568124E-3,{"$f":"-N4781/(1.202*2465560*MAX(0,(Inputs!$R$49-Q4781)))","v":29.747618332504732},{"$f":"params!$C$16*R4781*(G4781-Inputs!$R$27)","v":-219457.31955085855},-349713.82785755279,{"$f":"E4781*params!$C$8","v":0}]
["2004-07-19",7,19,"08:00:00",219,10,16,16,100,{"$f":"Inputs!$R$38*Inputs!$R$33*(G4785-Inputs!$R$27)","v":-29110.543571846669},{"$f":"Inputs!$R$34*E4785*Inputs!$R$39","v":128178.4483319243},{"$f":"params!$C$16*Inputs!$R$30*(G4785-Inputs!$R$27)","v":-4558.5361028430443},{"$f":"Inputs!$R$41*Inputs!$R$42/8760","v":0},{"$f":"-Inputs!$R$45*Inputs!$R$34","v":-90000},1812.7242941450775,1.1330041931761578E-2,1.1330041931761578E-2,{"$f":"-N4785/(1.202*2465560*MAX(0,(Inputs!$R$49-Q4785)))","v":{"$error":"#DIV/0!"}},{"$f":"params!$C$16*R4785*(G4785-Inputs!$R$27)","v":{"$error":"#DIV/0!"}},{"$error":"#DIV/0!"},{"$f":"E4785*params!$C$8","v":453.6585}]
["2004-07-19",7,19,"11:00:00",767,8,22,16,69,{"$f":"Inputs!$R$38*Inputs!$R$33*(G4788-Inputs!$R$27)","v":5062.7032298863796},{"$f":"Inputs!$R$34*E4788*Inputs!$R$39","v":448917.21402094042},{"$f":"params!$C$16*Inputs!$R$30*(G4788-Inputs!$R$27)","v":792.78888745096458},{"$f":"Inputs!$R$41*Inputs!$R$42/8760","v":0},{"$f":"-Inputs!$R$45*Inputs!$R$34","v":-90000},2636.0296246790026,1.6613383438113645E-2,1.1463234572298414E-2,{"$f":"-N4788/(1.202*2465560*MAX(0,(Inputs!$R$49-Q4788)))","v":{"$error":"#DIV/0!"}},{"$f":"params!$C$16*R4788*(G4788-Inputs!$R$27)","v":{"$error":"#DIV/0!"}},{"$error":"#DIV/0!"},{"$f":"E4788*params!$C$8","v":1588.8405}]
["2004-07-19",7,19,"15:00:00",191,9,24,18,69,{"$f":"Inputs!$R$38*Inputs!$R$33*(G4792-Inputs!$R$27)","v":16453.785497130732},{"$f":"Inputs!$R$34*E4792*Inputs!$R$39","v":111790.33621642712},{"$f":"params!$C$16*Inputs!$R$30*(G4792-Inputs!$R$27)","v":2576.5638842156341},{"$f":"Inputs!$R$41*Inputs!$R$42/8760","v":0},{"$f":"-Inputs!$R$45*Inputs!$R$34","v":-90000},2975.1171299801654,1.8815104792251288E-2,1.2982422306653389E-2,{"$f":"-N4792/(1.202*2465560*MAX(0,(Inputs!$R$49-Q4792)))","v":{"$error":"#DIV/0!"}},{"$f":"params!$C$16*R4792*(G4792-Inputs!$R$27)","v":{"$error":"#DIV/0!"}},{"$error":"#DIV/0!"},{"$f":"E4792*params!$C$8","v":395.65649999999999}]
["2004-07-19",7,19,"18:00:00",201,8,21,17,78,{"$f":"Inputs!$R$38*Inputs!$R$33*(G4795-Inputs!$R$27)","v":-632.83790373579495},{"$f":"Inputs!$R$34*E4795*Inputs!$R$39","v":117643.23340053325},{"$f":"params!$C$16*Inputs!$R$30*(G4795-Inputs!$R$27)","v":-99.098610931370175},{"$f":"Inputs!$R$41*Inputs!$R$42/8760","v":0},{"$f":"-Inputs!$R$45*Inputs!$R$34","v":-90000},2479.5289798458998,1.5602307510579843E-2,1.2169799858252277E-2,{"$f":"-N4795/(1.202*2465560*MAX(0,(Inputs!$R$49-Q4795)))","v":{"$error":"#DIV/0!"}},{"$f":"params!$C$16*R4795*(G4795-Inputs!$R$27)","v":{"$error":"#DIV/0!"}},{"$error":"#DIV/0!"},{"$f":"E4795*params!$C$8","v":416.37149999999997}]
["2004-07-19",7,19,"19:00:00",108,5,21,16,73,{"$f":"Inputs!$R$38*Inputs!$R$33*(G4796-Inputs!$R$27)","v":-632.83790373579495},{"$f":"Inputs!$R$34*E4796*Inputs!$R$39","v":63211.289588346233},{"$f":"params!$C$16*Inputs!$R$30*(G4796-Inputs!$R$27)","v":-99.098610931370175},{"$f":"Inputs!$R$41*Inputs!$R$42/8760","v":0},{"$f":"-Inputs!$R$45*Inputs!$R$34","v":-90000},2479.5289798458998,1.5602307510579843E-2,1.1389684482723286E-2,{"$f":"-N4796/(1.202*2465560*MAX(0,(Inputs!$R$49-Q4796)))","v":{"$error":"#DIV/0!"}},{"$f":"params!$C$16*R4796*(G4796-Inputs!$R$27)","v":{"$error":"#DIV/0!"}},{"$error":"#DIV/0!"},{"$f":"E4796*params!$C$8","v":223.72199999999998}]
["2004-07-19",7,19,"22:00:00",0,5,16,16,100,{"$f":"Inputs!$R$38*Inputs!$R$33*(G4799-Inputs!$R$27)","v":-29110.543571846669},{"$f":"Inputs!$R$34*E4799*Inputs!$R$39","v":0},{"$f":"params!$C$16*Inputs!$R$30*(G4799-Inputs!$R$27)","v":-4558.5361028430443},{"$f":"Inputs!$R$41*Inputs!$R$42/8760","v":0},{"$f":"-Inputs!$R$45*Inputs!$R$34","v":-90000},1812.7242941450775,1.1330041931761578E-2,1.1330041931761578E-2,{"$f":"-N4799/(1.202*2465560*MAX(0,(Inputs!$R$49-Q4799)))","v":{"$error":"#DIV/0!"}},{"$f":"params!$C$16*R4799*(G4799-Inputs!$R$27)","v":{"$error":"#DIV/0!"}},{"$error":"#DIV/0!"},{"$f":"E4799*params!$C$8","v":0}]
["2004-07-20",7,20,"01:00:00",0,4,15,15,100,{"$f":"Inputs!$R$38*Inputs!$R$33*(G4802-Inputs!$R$27)","v":-34806.084705468842},{"$f":"Inputs!$R$34*E4802*Inputs!$R$39","v":0},{"$f":"params!$C$16*Inputs!$R$30*(G4802-Inputs!$R$27)","v":-5450.4236012253787},{"$f":"Inputs!$R$41*Inputs!$R$42/8760","v":0},{"$f":"-Inputs!$R$45*Inputs!$R$34","v":-90000},1700.1281023555496,1.0614273895273205E-2,1.0614273895273205E-2,{"$f":"-N4802/(1.202*2465560*MAX(0,(Inputs!$R$49-Q4802)))","v":79.081767479749018},{"$f":"params!$C$16*R4802*(G4802-Inputs!$R$27)","v":-583410.49432809127},-713667.00263478549,{"$f":"E4802*params!$C$8","v":0}]
["2004-07-20",7,20,"05:00:00",0,10,15,15,100,{"$f":"Inputs!$R$38*Inputs!$R$33*(G4806-Inputs!$R$27)","v":-34806.084705468842},{"$f":"Inputs!$R$34*E4806*Inputs!$R$39","v":0},{"$f":"params!$C$16*Inputs!$R$30*(G4806-Inputs!$R$27)","v":-5450.4236012253787},{"$f":"Inputs!$R$41*Inputs!$R$42/8760","v":0},{"$f":"-Inputs!$R$45*Inputs!$R$34","v":-90000},1700.1281023555496,1.0614273895273205E-2,1.0614273895273205E-2,{"$f":"-N4806/(1.202*2465560*MAX(0,(Inputs!$R$49-Q4806)))","v":79.081767479749018},{"$f":"params!$C$16*R4806*(G4806-Inputs!$R$27)","v":-583410.49432809127},-713667.00263478549,{"$f":"E4806*params!$C$8","v":0}]
["2004-07-20",7,20,"09:00:00",514,0,21,17,78,{"$f":"Inputs!$R$38*Inputs!$R$33*(G4810-Inputs!$R$27)","v":-632.83790373579495},{"$f":"Inputs!$R$34*E4810*Inputs!$R$39","v":300838.91526305518},{"$f":"params!$C$16*Inputs!$R$30*(G4810-Inputs!$R$27)","v":-99.098610931370175},{"$f":"Inputs!$R$41*Inputs!$R$42/8760","v":0},{"$f":"-Inputs!$R$45*Inputs!$R$34","v":-90000},2479.5289798458998,1.5602307510579843E-2,1.2169799858252277E-2,{"$f":"-N4810/(1.202*2465560*MAX(0,(Inputs!$R$49-Q4810)))","v":{"$error":"#DIV/0!"}},{"$f":"params!$C$16*R4810*(G4810-Inputs!$R$27)","v":{"$error":"#DIV/0!"}},{"$error":"#DIV/0!"},{"$f":"E4810*params!$C$8","v":1064.751}]
["2004-07-20",7,20,"13:00:00",850,3,26,15,51,{"$f":"Inputs!$R$38*Inputs!$R$33*(G4814-Inputs!$R$27)","v":27844.867764375082},{"$f":"Inputs!$R$34*E4814*Inputs!$R$39","v":497496.26064902131},{"$f":"params!$C$16*Inputs!$R$30*(G4814-Inputs!$R$27)","v":4360.3388809803037},{"$f":"Inputs!$R$41*Inputs!$R$42/8760","v":0},{"$f":"-Inputs!$R$45*Inputs!$R$34","v":-90000},3351.668772324198,2.1277942853302922E-2,1.0851750855184489E-2,{"$f":"-N4814/(1.202*2465560*MAX(0,(Inputs!$R$49-Q4814)))","v":207.24189937799275},{"$f":"params!$C$16*R4814*(G4814-Inputs!$R$27)","v":1223109.7287254615},1662811.1960198381,{"$f":"E4814*params!$C$8","v":1760.7749999999999}]
["2004-07-20",7,20,"16:00:00",578,10,25,17,61,{"$f":"Inputs!$R$38*Inputs!$R$33*(G4817-Inputs!$R$27)","v":22149.326630752905},{"$f":"Inputs!$R$34*E4817*Inputs!$R$39","v":338297.45724133449},{"$f":"params!$C$16*Inputs!$R$30*(G4817-Inputs!$R$27)","v":3468.4513825979689},{"$f":"Inputs!$R$41*Inputs!$R$42/8760","v":0},{"$f":"-Inputs!$R$45*Inputs!$R$34","v":-90000},3158.5016332003511,2.0012171957865876E-2,1.2207424894298184E-2,{"$f":"-N4817/(1.202*2465560*MAX(0,(Inputs!$R$49-Q4817)))","v":{"$error":"#DIV/0!"}},{"$f":"params!$C$16*R4817*(G4817-Inputs!$R$27)","v":{"$error":"#DIV/0!"}},{"$error":"#DIV/0!"},{"$f":"E4817*params!$C$8","v":1197.327}]
["2004-07-20",7,20,"19:00:00",99,5,22,18,78,{"$f":"Inputs!$R$38*Inputs!$R$33*(G4820-Inputs!$R$27)","v":5062.7032298863796},{"$f":"Inputs!$R$34*E4820*Inputs!$R$39","v":57943.682122650709},{"$f":"params!$C$16*Inputs!$R$30*(G4820-Inputs!$R$27)","v":792.78888745096458},{"$f":"Inputs!$R$41*Inputs!$R$42/8760","v":0},{"$f":"-Inputs!$R$45*Inputs!$R$34","v":-90000},2636.0296246790026,1.6613383438113645E-2,1.2958439081728643E-2,{"$f":"-N4820/(1.202*2465560*MAX(0,(Inputs!$R$49-Q4820)))","v":{"$error":"#DIV/0!"}},{"$f":"params!$C$16*R4820*(G4820-Inputs!$R$27)","v":{"$error":"#DIV/0!"}},{"$error":"#DIV/0!"},{"$f":"E4820*params!$C$8","v":205.07849999999999}]
["2004-07-20",7,20,"20:00:00",2,6,18,17,94,{"$f":"Inputs!$R$38*Inputs!$R$33*(G4821-Inputs!$R$27)","v":-17719.461304602319},{"$f":"Inputs!$R$34*E4821*Inputs!$R$39","v":1170.5794368212264},{"$f":"params!$C$16*Inputs!$R$30*(G4821-Inputs!$R$27)","v":-2774.7611060783747},{"$f":"Inputs!$R$41*Inputs!$R$42/8760","v":0},{"$f":"-Inputs!$R$45*Inputs!$R$34","v":-90000},2057.7011249857014,1.2892956292988709E-2,1.2119378915409387E-2,{"$f":"-N4821/(1.202*2465560*MAX(0,(Inputs!$R$49-Q4821)))","v":{"$error":"#DIV/0!"}},{"$f":"params!$C$16*R4821*(G4821-Inputs!$R$27)","v":{"$error":"#DIV/0!"}},{"$error":"#DIV/0!"},{"$f":"E4821*params!$C$8","v":4.1429999999999998}]
["2004-07-20",7,20,"23:00:00",0,0,16,16,100,{"$f":"Inputs!$R$38*Inputs!$R$33*(G4824-Inputs!$R$27)","v":-29110.543571846669},{"$f":"Inputs!$R$34*E4824*Inputs!$R$39","v":0},{"$f":"params!$C$16*Inputs!$R$30*(G4824-Inputs!$R$27)","v":-4558.5361028430443},{"$f":"Inputs!$R$41*Inputs!$R$42/8760","v":0},{"$f":"-Inputs!$R$45*Inputs!$R$34","v":-90000},1812.7242941450775,1.1330041931761578E-2,1.1330041931761578E-2,{"$f":"-N4824/(1.202*2465560*MAX(0,(Inputs!$R$49-Q4824)))","v":{"$error":"#DIV/0!"}},{"$f":"params!$C$16*R4824*(G4824-Inputs!$R$27)","v":{"$error":"#DIV/0!"}},{"$error":"#DIV/0!"},{"$f":"E4824*params!$C$8","v":0}]
["2004-07-21",7,21,"02:00:00",0,10,14,14,100,{"$f":"Inputs!$R$38*Inputs!$R$33*(G4827-Inputs!$R$27)","v":-40501.625839091022},{"$f":"Inputs!$R$34*E4827*Inputs!$R$39","v":0},{"$f":"params!$C$16*Inputs!$R$30*(G4827-Inputs!$R$27)","v":-6342.3110996077139},{"$f":"Inputs!$R$41*Inputs!$R$42/8760","v":0},{"$f":"-Inputs!$R$45*Inputs!$R$34","v":-90000},1593.7190459500907,9.939322574797271E-3,9.939322574797271E-3,{"$f":"-N4827/(1.202*2465560*MAX(0,(Inputs!$R$49-Q4827)))","v":28.677485971095059},{"$f":"params!$C$16*R4827*(G4827-Inputs!$R$27)","v":-246181.96288340315},-383025.89982210193,{"$f":"E4827*params!$C$8","v":0}]
["2004-07-21",7,21,"06:00:00",59,10,16,16,100,{"$f":"Inputs!$R$38*Inputs!$R$33*(G4831-Inputs!$R$27)","v":-29110.543571846669},{"$f":"Inputs!$R$34*E4831*Inputs!$R$39","v":34532.093386226181},{"$f":"params!$C$16*Inputs!$R$30*(G4831-Inputs!$R$27)","v":-4558.5361028430443},{"$f":"Inputs!$R$41*Inputs!$R$42/8760","v":0},{"$f":"-Inputs!$R$45*Inputs!$R$34","v":-90000},1812.7242941450775,1.1330041931761578E-2,1.1330041931761578E-2,{"$f":"-N4831/(1.202*2465560*MAX(0,(Inputs!$R$49-Q4831)))","v":{"$error":"#DIV/0!"}},{"$f":"params!$C$16*R4831*(G4831-Inputs!$R$27)","v":{"$error":"#DIV/0!"}},{"$error":"#DIV/0!"},{"$f":"E4831*params!$C$8","v":122.21849999999999}]
["2004-07-21",7,21,"10:00:00",688,3,24,19,74,{"$f":"Inputs!$R$38*Inputs!$R$33*(G4835-Inputs!$R$27)","v":16453.785497130732},{"$f":"Inputs!$R$34*E4835*Inputs!$R$39","v":402679.32626650191},{"$f":"params!$C$16*Inputs!$R$30*(G4835-Inputs!$R$27)","v":2576.5638842156341},{"$f":"Inputs!$R$41*Inputs!$R$42/8760","v":0},{"$f":"-Inputs!$R$45*Inputs!$R$34","v":-90000},2975.1171299801654,1.8815104792251288E-2,1.3923177546265953E-2,{"$f":"-N4835/(1.202*2465560*MAX(0,(Inputs!$R$49-Q4835)))","v":{"$error":"#DIV/0!"}},{"$f":"params!$C$16*R4835*(G4835-Inputs!$R$27)","v":{"$error":"#DIV/0!"}},{"$error":"#DIV/0!"},{"$f":"E4835*params!$C$8","v":1425.192}]
["2004-07-21",7,21,"14:00:00",819,4,29,18,52,{"$f":"Inputs!$R$38*Inputs!$R$33*(G4839-Inputs!$R$27)","v":44931.491165241605},{"$f":"Inputs!$R$34*E4839*Inputs!$R$39","v":479352.27937829227},{"$f":"params!$C$16*Inputs!$R$30*(G4839-Inputs!$R$27)","v":7036.0013761273085},{"$f":"Inputs!$R$41*Inputs!$R$42/8760","v":0},{"$f":"-Inputs!$R$45*Inputs!$R$34","v":-90000},3994.2904004730208,2.5525024460504739E-2,1.3273012719462464E-2,{"$f":"-N4839/(1.202*2465560*MAX(0,(Inputs!$R$49-Q4839)))","v":{"$error":"#DIV/0!"}},{"$f":"params!$C$16*R4839*(G4839-Inputs!$R$27)","v":{"$error":"#DIV/0!"}},{"$error":"#DIV/0!"},{"$f":"E4839*params!$C$8","v":1696.5584999999999}]
["2004-07-21",7,21,"17:00:00",421,3,29,17,48,{"$f":"Inputs!$R$38*Inputs!$R$33*(G4842-Inputs!$R$27)","v":44931.491165241605},{"$f":"Inputs!$R$34*E4842*Inputs!$R$39","v":246406.97145086818},{"$f":"params!$C$16*Inputs!$R$30*(G4842-Inputs!$R$27)","v":7036.0013761273085},{"$f":"Inputs!$R$41*Inputs!$R$42/8760","v":0},{"$f":"-Inputs!$R$45*Inputs!$R$34","v":-90000},3994.2904004730208,2.5525024460504739E-2,1.2252011741042275E-2,{"$f":"-N4842/(1.202*2465560*MAX(0,(Inputs!$R$49-Q4842)))","v":{"$error":"#DIV/0!"}},{"$f":"params!$C$16*R4842*(G4842-Inputs!$R$27)","v":{"$error":"#DIV/0!"}},{"$error":"#DIV/0!"},{"$f":"E4842*params!$C$8","v":872.10149999999999}]
["2004-07-21",7,21,"20:00:00",2,0,22,20,88,{"$f":"Inputs!$R$38*Inputs!$R$33*(G4845-Inputs!$R$27)","v":5062.7032298863796},{"$f":"Inputs!$R$34*E4845*Inputs!$R$39","v":1170.5794368212264},{"$f":"params!$C$16*Inputs!$R$30*(G4845-Inputs!$R$27)","v":792.78888745096458},{"$f":"Inputs!$R$41*Inputs!$R$42/8760","v":0},{"$f":"-Inputs!$R$45*Inputs!$R$34","v":-90000},2636.0296246790026,1.6613383438113645E-2,1.4619777425540008E-2,{"$f":"-N4845/(1.202*2465560*MAX(0,(Inputs!$R$49-Q4845)))","v":{"$error":"#DIV/0!"}},{"$f":"params!$C$16*R4845*(G4845-Inputs!$R$27)","v":{"$error":"#DIV/0!"}},{"$error":"#DIV/0!"},{"$f":"E4845*params!$C$8","v":4.1429999999999998}]
["2004-07-21",7,21,"21:00:00",0,4,22,19,83,{"$f":"Inputs!$R$38*Inputs!$R$33*(G4846-Inputs!$R$27)","v":5062.7032298863796},{"$f":"Inputs!$R$34*E4846*Inputs!$R$39","v":0},{"$f":"params!$C$16*Inputs!$R$30*(G4846-Inputs!$R$27)","v":792.78888745096458},{"$f":"Inputs!$R$41*Inputs!$R$42/8760","v":0},{"$f":"-Inputs!$R$45*Inputs!$R$34","v":-90000},2636.0296246790026,1.6613383438113645E-2,1.3789108253634325E-2,{"$f":"-N4846/(1.202*2465560*MAX(0,(Inputs!$R$49-Q4846)))","v":{"$error":"#DIV/0!"}},{"$f":"params!$C$16*R4846*(G4846-Inputs!$R$27)","v":{"$error":"#DIV/0!"}},{"$error":"#DIV/0!"},{"$f":"E4846*params!$C$8","v":0}]
["2004-07-21",7,21,1,0,8,20,18,88,{"$f":"Inputs!$R$38*Inputs!$R$33*(G4849-Inputs!$R$27)","v":-6328.3790373579704},{"$f":"Inputs!$R$34*E4849*Inputs!$R$39","v":0},{"$f":"params!$C$16*Inputs!$R$30*(G4849-Inputs!$R$27)","v":-990.98610931370501},{"$f":"Inputs!$R$41*Inputs!$R$42/8760","v":0},{"$f":"-Inputs!$R$45*Inputs!$R$34","v":-90000},2331.2150168593957,1.4647072201887702E-2,1.2889423537661178E-2,{"$f":"-N4849/(1.202*2465560*MAX(0,(Inputs!$R$49-Q4849)))","v":{"$error":"#DIV/0!"}},{"$f":"params!$C$16*R4849*(G4849-Inputs!$R$27)","v":{"$error":"#DIV/0!"}},{"$error":"#DIV/0!"},{"$f":"E4849*params!$C$8","v":0}]
["2004-07-22",7,22,"03:00:00",0,3,19,18,94,{"$f":"Inputs!$R$38*Inputs!$R$33*(G4852-Inputs!$R$27)","v":-12023.920170980145},{"$f":"Inputs!$R$34*E4852*Inputs!$R$39","v":0},{"$f":"params!$C$16*Inputs!$R$30*(G4852-Inputs!$R$27)","v":-1882.8736076960397},{"$f":"Inputs!$R$41*Inputs!$R$42/8760","v":0},{"$f":"-Inputs!$R$45*Inputs!$R$34","v":-90000},2190.7229749852513,1.3744851093608144E-2,1.2920160027991656E-2,{"$f":"-N4852/(1.202*2465560*MAX(0,(Inputs!$R$49-Q4852)))","v":{"$error":"#DIV/0!"}},{"$f":"params!$C$16*R4852*(G4852-Inputs!$R$27)","v":{"$error":"#DIV/0!"}},{"$error":"#DIV/0!"},{"$f":"E4852*params!$C$8","v":0}]
["2004-07-22",7,22,"08:00:00",212,8,24,20,78,{"$f":"Inputs!$R$38*Inputs!$R$33*(G4857-Inputs!$R$27)","v":16453.785497130732},{"$f":"Inputs!$R$34*E4857*Inputs!$R$39","v":124081.42030305001},{"$f":"params!$C$16*Inputs!$R$30*(G4857-Inputs!$R$27)","v":2576.5638842156341},{"$f":"Inputs!$R$41*Inputs!$R$42/8760","v":0},{"$f":"-Inputs!$R$45*Inputs!$R$34","v":-90000},2975.1171299801654,1.8815104792251288E-2,1.4675781737956004E-2,{"$f":"-N4857/(1.202*2465560*MAX(0,(Inputs!$R$49-Q4857)))","v":{"$error":"#DIV/0!"}},{"$f":"params!$C$16*R4857*(G4857-Inputs!$R$27)","v":{"$error":"#DIV/0!"}},{"$error":"#DIV/0!"},{"$f":"E4857*params!$C$8","v":439.15799999999996}]
["2004-07-22",7,22,"11:00:00",587,7,28,19,58,{"$f":"Inputs!$R$38*Inputs!$R$33*(G4860-Inputs!$R$27)","v":39235.950031619432},{"$f":"Inputs!$R$34*E4860*Inputs!$R$39","v":343565.06470702996},{"$f":"params!$C$16*Inputs!$R$30*(G4860-Inputs!$R$27)","v":6144.1138777449733},{"$f":"Inputs!$R$41*Inputs!$R$42/8760","v":0},{"$f":"-Inputs!$R$45*Inputs!$R$34","v":-90000},3769.1055437563177,2.4030411275220657E-2,1.3937638539627982E-2,{"$f":"-N4860/(1.202*2465560*MAX(0,(Inputs!$R$49-Q4860)))","v":{"$error":"#DIV/0!"}},{"$f":"params!$C$16*R4860*(G4860-Inputs!$R$27)","v":{"$error":"#DIV/0!"}},{"$error":"#DIV/0!"},{"$f":"E4860*params!$C$8","v":1215.9704999999999}]
["2004-07-22",7,22,"15:00:00",481,9,27,20,66,{"$f":"Inputs!$R$38*Inputs!$R$33*(G4864-Inputs!$R$27)","v":33540.408897997258},{"$f":"Inputs!$R$34*E4864*Inputs!$R$39","v":281524.35455550498},{"$f":"params!$C$16*Inputs!$R$30*(G4864-Inputs!$R$27)","v":5252.2263793626389},{"$f":"Inputs!$R$41*Inputs!$R$42/8760","v":0},{"$f":"-Inputs!$R$45*Inputs!$R$34","v":-90000},3555.0534347297348,2.2616071840205452E-2,1.4926607414535598E-2,{"$f":"-N4864/(1.202*2465560*MAX(0,(Inputs!$R$49-Q4864)))","v":{"$error":"#DIV/0!"}},{"$f":"params!$C$16*R4864*(G4864-Inputs!$R$27)","v":{"$error":"#DIV/0!"}},{"$error":"#DIV/0!"},{"$f":"E4864*params!$C$8","v":996.39149999999995}]
["2004-07-22",{"$f":"MONTH(A4867)","v":7},{"$f":"DAY(A4867)","v":22},"18:00:00",128,9,24,20,78,{"$f":"Inputs!$R$38*Inputs!$R$33*(G4867-Inputs!$R$27)","v":16453.785497130732},{"$f":"Inputs!$R$34*E4867*Inputs!$R$39","v":74917.08395655849},{"$f":"params!$C$16*Inputs!$R$30*(G4867-Inputs!$R$27)","v":2576.5638842156341},{"$f":"Inputs!$R$41*Inputs!$R$42/8760","v":0},{"$f":"-Inputs!$R$45*Inputs!$R$34","v":-90000},{"$f":"EXP(77.345+0.0057*(G4867+273.15)-7235/(G4867+273.15))/(G4867+273.15)^8.2","v":2975.1171299801654},{"$f":"0.62198*O4867/(101325-O4867)","v":1.8815104792251288E-2},{"$f":"P4867*I4867/100","v":1.4675781737956004E-2},{"$f":"-N4867/(1.202*2465560*MAX(0,(Inputs!$R$49-Q4867)))","v":{"$error":"#DIV/0!"}},{"$f":"params!$C$16*R4867*(G4867-Inputs!$R$27)","v":{"$error":"#DIV/0!"}},{"$f":"J4867+K4867+L4867+M4867+N4867+S4867","v":{"$error":"#DIV/0!"}},{"$f":"E4867*params!$C$8","v":265.15199999999999}]
["2004-07-22",7,22,"21:00:00",0,10,22,21,94,{"$f":"Inputs!$R$38*Inputs!$R$33*(G4870-Inputs!$R$27)","v":5062.7032298863796},{"$f":"Inputs!$R$34*E4870*Inputs!$R$39","v":0},{"$f":"params!$C$16*Inputs!$R$30*(G4870-Inputs!$R$27)","v":792.78888745096458},{"$f":"Inputs!$R$41*Inputs!$R$42/8760","v":0},{"$f":"-Inputs!$R$45*Inputs!$R$34","v":-90000},2636.0296246790026,1.6613383438113645E-2,1.5616580431826826E-2,{"$f":"-N4870/(1.202*2465560*MAX(0,(Inputs!$R$49-Q4870)))","v":{"$error":"#DIV/0!"}},{"$f":"params!$C$16*R4870*(G4870-Inputs!$R$27)","v":{"$error":"#DIV/0!"}},{"$error":"#DIV/0!"},{"$f":"E4870*params!$C$8","v":0}]
["2004-07-22",7,22,"22:00:00",0,10,22,20,88,{"$f":"Inputs!$R$38*Inputs!$R$33*(G4871-Inputs!$R$27)","v":5062.7032298863796},{"$f":"Inputs!$R$34*E4871*Inputs!$R$39","v":0},{"$f":"params!$C$16*Inputs!$R$30*(G4871-Inputs!$R$27)","v":792.78888745096458},{"$f":"Inputs!$R$41*Inputs!$R$42/8760","v":0},{"$f":"-Inputs!$R$45*Inputs!$R$34","v":-90000},2636.0296246790026,1.6613383438113645E-2,1.4619777425540008E-2,{"$f":"-N4871/(1.202*2465560*MAX(0,(Inputs!$R$49-Q4871)))","v":{"$error":"#DIV/0!"}},{"$f":"params!$C$16*R4871*(G4871-Inputs!$R$27)","v":{"$error":"#DIV/0!"}},{"$error":"#DIV/0!"},{"$f":"E4871*params!$C$8","v":0}]
["2004-07-23",7,23,"01:00:00",0,10,21.5,20,91,{"$f":"Inputs!$R$38*Inputs!$R$33*(G4874-Inputs!$R$27)","v":2214.9326630752926},{"$f":"Inputs!$R$34*E4874*Inputs!$R$39","v":0},{"$f":"params!$C$16*Inputs!$R$30*(G4874-Inputs!$R$27)","v":346.84513825979724},{"$f":"Inputs!$R$41*Inputs!$R$42/8760","v":0},{"$f":"-Inputs!$R$45*Inputs!$R$34","v":-90000},2556.7326514975798,1.6100683116849035E-2,1.4651621636332622E-2,{"$f":"-N4874/(1.202*2465560*MAX(0,(Inputs!$R$49-Q4874)))","v":{"$error":"#DIV/0!"}},{"$f":"params!$C$16*R4874*(G4874-Inputs!$R$27)","v":{"$error":"#DIV/0!"}},{"$error":"#DIV/0!"},{"$f":"E4874*params!$C$8","v":0}]
["2004-07-23",7,23,"04:00:00",0,9,20.5,20,97,{"$f":"Inputs!$R$38*Inputs!$R$33*(G4877-Inputs!$R$27)","v":-3480.6084705468825},{"$f":"Inputs!$R$34*E4877*Inputs!$R$39","v":0},{"$f":"params!$C$16*Inputs!$R$30*(G4877-Inputs!$R$27)","v":-545.04236012253762},{"$f":"Inputs!$R$41*Inputs!$R$42/8760","v":0},{"$f":"-Inputs!$R$45*Inputs!$R$34","v":-90000},2404.3717699216595,1.511788976893247E-2,1.4664353075864495E-2,{"$f":"-N4877/(1.202*2465560*MAX(0,(Inputs!$R$49-Q4877)))","v":{"$error":"#DIV/0!"}},{"$f":"params!$C$16*R4877*(G4877-Inputs!$R$27)","v":{"$error":"#DIV/0!"}},{"$error":"#DIV/0!"},{"$f":"E4877*params!$C$8","v":0}]
["2004-07-23",7,23,"09:00:00",345,10,24,21,83,{"$f":"Inputs!$R$38*Inputs!$R$33*(G4882-Inputs!$R$27)","v":16453.785497130732},{"$f":"Inputs!$R$34*E4882*Inputs!$R$39","v":201924.95285166157},{"$f":"params!$C$16*Inputs!$R$30*(G4882-Inputs!$R$27)","v":2576.5638842156341},{"$f":"Inputs!$R$41*Inputs!$R$42/8760","v":0},{"$f":"-Inputs!$R$45*Inputs!$R$34","v":-90000},2975.1171299801654,1.8815104792251288E-2,1.561653697756857E-2,{"$f":"-N4882/(1.202*2465560*MAX(0,(Inputs!$R$49-Q4882)))","v":{"$error":"#DIV/0!"}},{"$f":"params!$C$16*R4882*(G4882-Inputs!$R$27)","v":{"$error":"#DIV/0!"}},{"$error":"#DIV/0!"},{"$f":"E4882*params!$C$8","v":714.66750000000002}]
["2004-07-23",7,23,"12:00:00",140,10,24,21,83,{"$f":"Inputs!$R$38*Inputs!$R$33*(G4885-Inputs!$R$27)","v":16453.785497130732},{"$f":"Inputs!$R$34*E4885*Inputs!$R$39","v":81940.560577485856},{"$f":"params!$C$16*Inputs!$R$30*(G4885-Inputs!$R$27)","v":2576.5638842156341},{"$f":"Inputs!$R$41*Inputs!$R$42/8760","v":0},{"$f":"-Inputs!$R$45*Inputs!$R$34","v":-90000},2975.1171299801654,1.8815104792251288E-2,1.561653697756857E-2,{"$f":"-N4885/(1.202*2465560*MAX(0,(Inputs!$R$49-Q4885)))","v":{"$error":"#DIV/0!"}},{"$f":"params!$C$16*R4885*(G4885-Inputs!$R$27)","v":{"$error":"#DIV/0!"}},{"$error":"#DIV/0!"},{"$f":"E4885*params!$C$8","v":290.01}]
["2004-07-23",7,23,"16:00:00",255,9,23,18,73,{"$f":"Inputs!$R$38*Inputs!$R$33*(G4889-Inputs!$R$27)","v":10758.244363508555},{"$f":"Inputs!$R$34*E4889*Inputs!$R$39","v":149248.8781947064},{"$f":"params!$C$16*Inputs!$R$30*(G4889-Inputs!$R$27)","v":1684.6763858332995},{"$f":"Inputs!$R$41*Inputs!$R$42/8760","v":0},{"$f":"-Inputs!$R$45*Inputs!$R$34","v":-90000},2801.0950714195728,1.768327304712981E-2,1.2908789324404762E-2,{"$f":"-N4889/(1.202*2465560*MAX(0,(Inputs!$R$49-Q4889)))","v":{"$error":"#DIV/0!"}},{"$f":"params!$C$16*R4889*(G4889-Inputs!$R$27)","v":{"$error":"#DIV/0!"}},{"$error":"#DIV/0!"},{"$f":"E4889*params!$C$8","v":528.23249999999996}]
["2004-07-23",7,23,"19:00:00",34,10,20,17,83,{"$f":"Inputs!$R$38*Inputs!$R$33*(G4892-Inputs!$R$27)","v":-6328.3790373579704},{"$f":"Inputs!$R$34*E4892*Inputs!$R$39","v":19899.850425960849},{"$f":"params!$C$16*Inputs!$R$30*(G4892-Inputs!$R$27)","v":-990.98610931370501},{"$f":"Inputs!$R$41*Inputs!$R$42/8760","v":0},{"$f":"-Inputs!$R$45*Inputs!$R$34","v":-90000},2331.2150168593957,1.4647072201887702E-2,1.2157069927566792E-2,{"$f":"-N4892/(1.202*2465560*MAX(0,(Inputs!$R$49-Q4892)))","v":{"$error":"#DIV/0!"}},{"$f":"params!$C$16*R4892*(G4892-Inputs!$R$27)","v":{"$error":"#DIV/0!"}},{"$error":"#DIV/0!"},{"$f":"E4892*params!$C$8","v":70.430999999999997}]
["2004-07-23",7,23,"22:00:00",0,6,16,14,88,{"$f":"Inputs!$R$38*Inputs!$R$33*(G4895-Inputs!$R$27)","v":-29110.543571846669},{"$f":"Inputs!$R$34*E4895*Inputs!$R$39","v":0},{"$f":"params!$C$16*Inputs!$R$30*(G4895-Inputs!$R$27)","v":-4558.5361028430443},{"$f":"Inputs!$R$41*Inputs!$R$42/8760","v":0},{"$f":"-Inputs!$R$45*Inputs!$R$34","v":-90000},1812.7242941450775,1.1330041931761578E-2,9.9704368999501899E-3,{"$f":"-N4895/(1.202*2465560*MAX(0,(Inputs!$R$49-Q4895)))","v":29.545589775199605},{"$f":"params!$C$16*R4895*(G4895-Inputs!$R$27)","v":-182299.58308253525},-305968.66275722499,{"$f":"E4895*params!$C$8","v":0}]
["2004-07-23",7,23,"23:00:00",0,4,15,14,94,{"$f":"Inputs!$R$38*Inputs!$R$33*(G4896-Inputs!$R$27)","v":-34806.084705468842},{"$f":"Inputs!$R$34*E4896*Inputs!$R$39","v":0},{"$f":"params!$C$16*Inputs!$R$30*(G4896-Inputs!$R$27)","v":-5450.4236012253787},{"$f":"Inputs!$R$41*Inputs!$R$42/8760","v":0},{"$f":"-Inputs!$R$45*Inputs!$R$34","v":-90000},1700.1281023555496,1.0614273895273205E-2,9.9774174615568124E-3,{"$f":"-N4896/(1.202*2465560*MAX(0,(Inputs!$R$49-Q4896)))","v":29.747618332504732},{"$f":"params!$C$16*R4896*(G4896-Inputs!$R$27)","v":-219457.31955085855},-349713.82785755279,{"$f":"E4896*params!$C$8","v":0}]
["2004-07-24",7,24,"02:00:00",0,0,13,12,94,{"$f":"Inputs!$R$38*Inputs!$R$33*(G4899-Inputs!$R$27)","v":-46197.166972713196},{"$f":"Inputs!$R$34*E4899*Inputs!$R$39","v":0},{"$f":"params!$C$16*Inputs!$R$30*(G4899-Inputs!$R$27)","v":-7234.1985979900483},{"$f":"Inputs!$R$41*Inputs!$R$42/8760","v":0},{"$f":"-Inputs!$R$45*Inputs!$R$34","v":-90000},1493.2057396927576,9.303089390063848E-3,8.7449040266600175E-3,{"$f":"-N4899/(1.202*2465560*MAX(0,(Inputs!$R$49-Q4899)))","v":13.476820641601849},{"$f":"params!$C$16*R4899*(G4899-Inputs!$R$27)","v":-131960.9668329221},-275392.33240362536,{"$f":"E4899*params!$C$8","v":0}]
["2004-07-24",7,24,"05:00:00",0,10,14,13,94,{"$f":"Inputs!$R$38*Inputs!$R$33*(G4902-Inputs!$R$27)","v":-40501.625839091022},{"$f":"Inputs!$R$34*E4902*Inputs!$R$39","v":0},{"$f":"params!$C$16*Inputs!$R$30*(G4902-Inputs!$R$27)","v":-6342.3110996077139},{"$f":"Inputs!$R$41*Inputs!$R$42/8760","v":0},{"$f":"-Inputs!$R$45*Inputs!$R$34","v":-90000},1593.7190459500907,9.939322574797271E-3,9.3429632203094349E-3,{"$f":"-N4902/(1.202*2465560*MAX(0,(Inputs!$R$49-Q4902)))","v":18.345920182031556},{"$f":"params!$C$16*R4902*(G4902-Inputs!$R$27)","v":-157490.60590133409},-294334.54284003284,{"$f":"E4902*params!$C$8","v":0}]
["2004-07-24",7,24,"10:00:00",385,3,17,7,52,{"$f":"Inputs!$R$38*Inputs!$R$33*(G4907-Inputs!$R$27)","v":-23415.002438224496},{"$f":"Inputs!$R$34*E4907*Inputs!$R$39","v":225336.54158808611},{"$f":"params!$C$16*Inputs!$R$30*(G4907-Inputs!$R$27)","v":-3666.6486044607095},{"$f":"Inputs!$R$41*Inputs!$R$42/8760","v":0},{"$f":"-Inputs!$R$45*Inputs!$R$34","v":-90000},1931.8104441244629,1.2088830888770941E-2,6.2861920621608888E-3,{"$f":"-N4907/(1.202*2465560*MAX(0,(Inputs!$R$49-Q4907)))","v":6.4447849422932482},{"$f":"params!$C$16*R4907*(G4907-Inputs!$R$27)","v":-31984.924806851344},76269.965738549567,{"$f":"E4907*params!$C$8","v":797.52749999999992}]
["2004-07-24",7,24,"13:00:00",922,0,21,8,43,{"$f":"Inputs!$R$38*Inputs!$R$33*(G4910-Inputs!$R$27)","v":-632.83790373579495},{"$f":"Inputs!$R$34*E4910*Inputs!$R$39","v":539637.12037458539},{"$f":"params!$C$16*Inputs!$R$30*(G4910-Inputs!$R$27)","v":-99.098610931370175},{"$f":"Inputs!$R$41*Inputs!$R$42/8760","v":0},{"$f":"-Inputs!$R$45*Inputs!$R$34","v":-90000},2479.5289798458998,1.5602307510579843E-2,6.7089922295493331E-3,{"$f":"-N4910/(1.202*2465560*MAX(0,(Inputs!$R$49-Q4910)))","v":7.080053970905551},{"$f":"params!$C$16*R4910*(G4910-Inputs!$R$27)","v":-949.66787798425389},447955.51598193392,{"$f":"E4910*params!$C$8","v":1909.923}]
["2004-07-24",7,24,"17:00:00",470,0,21,10,49,{"$f":"Inputs!$R$38*Inputs!$R$33*(G4914-Inputs!$R$27)","v":-632.83790373579495},{"$f":"Inputs!$R$34*E4914*Inputs!$R$39","v":275086.16765298822},{"$f":"params!$C$16*Inputs!$R$30*(G4914-Inputs!$R$27)","v":-99.098610931370175},{"$f":"Inputs!$R$41*Inputs!$R$42/8760","v":0},{"$f":"-Inputs!$R$45*Inputs!$R$34","v":-90000},2479.5289798458998,1.5602307510579843E-2,7.6451306801841234E-3,{"$f":"-N4914/(1.202*2465560*MAX(0,(Inputs!$R$49-Q4914)))","v":9.0566724249344457},{"$f":"params!$C$16*R4914*(G4914-Inputs!$R$27)","v":-1214.7973615356409},183139.43377678542,{"$f":"E4914*params!$C$8","v":973.6049999999999}]
["2004-07-24",7,24,"20:00:00",0,1,16,11,72,{"$f":"Inputs!$R$38*Inputs!$R$33*(G4917-Inputs!$R$27)","v":-29110.543571846669},{"$f":"Inputs!$R$34*E4917*Inputs!$R$39","v":0},{"$f":"params!$C$16*Inputs!$R$30*(G4917-Inputs!$R$27)","v":-4558.5361028430443},{"$f":"Inputs!$R$41*Inputs!$R$42/8760","v":0},{"$f":"-Inputs!$R$45*Inputs!$R$34","v":-90000},1812.7242941450775,1.1330041931761578E-2,8.1576301908683375E-3,{"$f":"-N4917/(1.202*2465560*MAX(0,(Inputs!$R$49-Q4917)))","v":10.690639644696162},{"$f":"params!$C$16*R4917*(G4917-Inputs!$R$27)","v":-65962.438554860986},-189631.51822955068,{"$f":"E4917*params!$C$8","v":0}]
["2004-07-24",7,24,"23:00:00",0,9,11,10,94,{"$f":"Inputs!$R$38*Inputs!$R$33*(G4920-Inputs!$R$27)","v":-57588.249239957542},{"$f":"Inputs!$R$34*E4920*Inputs!$R$39","v":0},{"$f":"params!$C$16*Inputs!$R$30*(G4920-Inputs!$R$27)","v":-9017.9735947547179},{"$f":"Inputs!$R$41*Inputs!$R$42/8760","v":0},{"$f":"-Inputs!$R$45*Inputs!$R$34","v":-90000},1308.7561751391206,8.138879592783612E-3,7.6505468172165959E-3,{"$f":"-N4920/(1.202*2465560*MAX(0,(Inputs!$R$49-Q4920)))","v":9.071324750246017},{"$f":"params!$C$16*R4920*(G4920-Inputs!$R$27)","v":-110725.40750311586},-267331.63033782807,{"$f":"E4920*params!$C$8","v":0}]
["2004-07-24",7,24,1,0,9,11,9,87,{"$f":"Inputs!$R$38*Inputs!$R$33*(G4921-Inputs!$R$27)","v":-57588.249239957542},{"$f":"Inputs!$R$34*E4921*Inputs!$R$39","v":0},{"$f":"params!$C$16*Inputs!$R$30*(G4921-Inputs!$R$27)","v":-9017.9735947547179},{"$f":"Inputs!$R$41*Inputs!$R$42/8760","v":0},{"$f":"-Inputs!$R$45*Inputs!$R$34","v":-90000},1308.7561751391206,8.138879592783612E-3,7.0808252457217422E-3,{"$f":"-N4921/(1.202*2465560*MAX(0,(Inputs!$R$49-Q4921)))","v":7.7520701783182577},{"$f":"params!$C$16*R4921*(G4921-Inputs!$R$27)","v":-94622.467293298309},-251228.69012801055,{"$f":"E4921*params!$C$8","v":0}]
["2004-07-25",7,25,"06:00:00",0,10,12,11,94,{"$f":"Inputs!$R$38*Inputs!$R$33*(G4927-Inputs!$R$27)","v":-51892.708106335369},{"$f":"Inputs!$R$34*E4927*Inputs!$R$39","v":0},{"$f":"params!$C$16*Inputs!$R$30*(G4927-Inputs!$R$27)","v":-8126.0860963723835},{"$f":"Inputs!$R$41*Inputs!$R$42/8760","v":0},{"$f":"-Inputs!$R$45*Inputs!$R$34","v":-90000},1398.3079270856979,8.70357605607666E-3,8.1813614927120602E-3,{"$f":"-N4927/(1.202*2465560*MAX(0,(Inputs!$R$49-Q4927)))","v":10.78070336536717},{"$f":"params!$C$16*R4927*(G4927-Inputs!$R$27)","v":-118575.81790753412},-268594.6121102419,{"$f":"E4927*params!$C$8","v":0}]
["2004-07-25",7,25,"08:00:00",261,9,15,12,82,{"$f":"Inputs!$R$38*Inputs!$R$33*(G4929-Inputs!$R$27)","v":-34806.084705468842},{"$f":"Inputs!$R$34*E4929*Inputs!$R$39","v":152760.61650517007},{"$f":"params!$C$16*Inputs!$R$30*(G4929-Inputs!$R$27)","v":-5450.4236012253787},{"$f":"Inputs!$R$41*Inputs!$R$42/8760","v":0},{"$f":"-Inputs!$R$45*Inputs!$R$34","v":-90000},1700.1281023555496,1.0614273895273205E-2,8.7037045941240274E-3,{"$f":"-N4929/(1.202*2465560*MAX(0,(Inputs!$R$49-Q4929)))","v":13.234843125376891},{"$f":"params!$C$16*R4929*(G4929-Inputs!$R$27)","v":-97637.503766062466},-75133.395567586631,{"$f":"E4929*params!$C$8","v":540.66149999999993}]
["2004-07-25",7,25,"11:00:00",742,8,21,14,64,{"$f":"Inputs!$R$38*Inputs!$R$33*(G4932-Inputs!$R$27)","v":-632.83790373579495},{"$f":"Inputs!$R$34*E4932*Inputs!$R$39","v":434284.97106067499},{"$f":"params!$C$16*Inputs!$R$30*(G4932-Inputs!$R$27)","v":-99.098610931370175},{"$f":"Inputs!$R$41*Inputs!$R$42/8760","v":0},{"$f":"-Inputs!$R$45*Inputs!$R$34","v":-90000},2479.5289798458998,1.5602307510579843E-2,9.9854768067710997E-3,{"$f":"-N4932/(1.202*2465560*MAX(0,(Inputs!$R$49-Q4932)))","v":29.984332295121813},{"$f":"params!$C$16*R4932*(G4932-Inputs!$R$27)","v":-4021.8842032133612},339531.15034279443,{"$f":"E4932*params!$C$8","v":1537.0529999999999}]
["2004-07-25",7,25,"14:00:00",454,10,23,14,57,{"$f":"Inputs!$R$38*Inputs!$R$33*(G4935-Inputs!$R$27)","v":10758.244363508555},{"$f":"Inputs!$R$34*E4935*Inputs!$R$39","v":265721.53215841844},{"$f":"params!$C$16*Inputs!$R$30*(G4935-Inputs!$R$27)","v":1684.6763858332995},{"$f":"Inputs!$R$41*Inputs!$R$42/8760","v":0},{"$f":"-Inputs!$R$45*Inputs!$R$34","v":-90000},2801.0950714195728,1.768327304712981E-2,1.0079465636863991E-2,{"$f":"-N4935/(1.202*2465560*MAX(0,(Inputs!$R$49-Q4935)))","v":33.051514101227205},{"$f":"params!$C$16*R4935*(G4935-Inputs!$R$27)","v":75365.999132814322},263530.45204057463,{"$f":"E4935*params!$C$8","v":940.4609999999999}]
["2004-07-25",7,25,"18:00:00",215,10,21,16,73,{"$f":"Inputs!$R$38*Inputs!$R$33*(G4939-Inputs!$R$27)","v":-632.83790373579495},{"$f":"Inputs!$R$34*E4939*Inputs!$R$39","v":125837.28945828184},{"$f":"params!$C$16*Inputs!$R$30*(G4939-Inputs!$R$27)","v":-99.098610931370175},{"$f":"Inputs!$R$41*Inputs!$R$42/8760","v":0},{"$f":"-Inputs!$R$45*Inputs!$R$34","v":-90000},2479.5289798458998,1.5602307510579843E-2,1.1389684482723286E-2,{"$f":"-N4939/(1.202*2465560*MAX(0,(Inputs!$R$49-Q4939)))","v":{"$error":"#DIV/0!"}},{"$f":"params!$C$16*R4939*(G4939-Inputs!$R$27)","v":{"$error":"#DIV/0!"}},{"$error":"#DIV/0!"},{"$f":"E4939*params!$C$8","v":445.3725}]
["2004-07-25",7,25,"21:00:00",0,10,19,16,83,{"$f":"Inputs!$R$38*Inputs!$R$33*(G4942-Inputs!$R$27)","v":-12023.920170980145},{"$f":"Inputs!$R$34*E4942*Inputs!$R$39","v":0},{"$f":"params!$C$16*Inputs!$R$30*(G4942-Inputs!$R$27)","v":-1882.8736076960397},{"$f":"Inputs!$R$41*Inputs!$R$42/8760","v":0},{"$f":"-Inputs!$R$45*Inputs!$R$34","v":-90000},2190.7229749852513,1.3744851093608144E-2,1.1408226407694759E-2,{"$f":"-N4942/(1.202*2465560*MAX(0,(Inputs!$R$49-Q4942)))","v":{"$error":"#DIV/0!"}},{"$f":"params!$C$16*R4942*(G4942-Inputs!$R$27)","v":{"$error":"#DIV/0!"}},{"$error":"#DIV/0!"},{"$f":"E4942*params!$C$8","v":0}]
["2004-07-25",7,25,"22:00:00",0,10,18,16,88,{"$f":"Inputs!$R$38*Inputs!$R$33*(G4943-Inputs!$R$27)","v":-17719.461304602319},{"$f":"Inputs!$R$34*E4943*Inputs!$R$39","v":0},{"$f":"params!$C$16*Inputs!$R$30*(G4943-Inputs!$R$27)","v":-2774.7611060783747},{"$f":"Inputs!$R$41*Inputs!$R$42/8760","v":0},{"$f":"-Inputs!$R$45*Inputs!$R$34","v":-90000},2057.7011249857014,1.2892956292988709E-2,1.1345801537830063E-2,{"$f":"-N4943/(1.202*2465560*MAX(0,(Inputs!$R$49-Q4943)))","v":{"$error":"#DIV/0!"}},{"$f":"params!$C$16*R4943*(G4943-Inputs!$R$27)","v":{"$error":"#DIV/0!"}},{"$error":"#DIV/0!"},{"$f":"E4943*params!$C$8","v":0}]
["2004-07-26",7,26,"01:00:00",0,10,18,16,88,{"$f":"Inputs!$R$38*Inputs!$R$33*(G4946-Inputs!$R$27)","v":-17719.461304602319},{"$f":"Inputs!$R$34*E4946*Inputs!$R$39","v":0},{"$f":"params!$C$16*Inputs!$R$30*(G4946-Inputs!$R$27)","v":-2774.7611060783747},{"$f":"Inputs!$R$41*Inputs!$R$42/8760","v":0},{"$f":"-Inputs!$R$45*Inputs!$R$34","v":-90000},2057.7011249857014,1.2892956292988709E-2,1.1345801537830063E-2,{"$f":"-N4946/(1.202*2465560*MAX(0,(Inputs!$R$49-Q4946)))","v":{"$error":"#DIV/0!"}},{"$f":"params!$C$16*R4946*(G4946-Inputs!$R$27)","v":{"$error":"#DIV/0!"}},{"$error":"#DIV/0!"},{"$f":"E4946*params!$C$8","v":0}]
["2004-07-26",7,26,"07:00:00",79,10,18,16,88,{"$f":"Inputs!$R$38*Inputs!$R$33*(G4952-Inputs!$R$27)","v":-17719.461304602319},{"$f":"Inputs!$R$34*E4952*Inputs!$R$39","v":46237.887754438445},{"$f":"params!$C$16*Inputs!$R$30*(G4952-Inputs!$R$27)","v":-2774.7611060783747},{"$f":"Inputs!$R$41*Inputs!$R$42/8760","v":0},{"$f":"-Inputs!$R$45*Inputs!$R$34","v":-90000},2057.7011249857014,1.2892956292988709E-2,1.1345801537830063E-2,{"$f":"-N4952/(1.202*2465560*MAX(0,(Inputs!$R$49-Q4952)))","v":{"$error":"#DIV/0!"}},{"$f":"params!$C$16*R4952*(G4952-Inputs!$R$27)","v":{"$error":"#DIV/0!"}},{"$error":"#DIV/0!"},{"$f":"E4952*params!$C$8","v":163.64849999999998}]
["2004-07-26",7,26,"09:00:00",91,10,19,17,88,{"$f":"Inputs!$R$38*Inputs!$R$33*(G4954-Inputs!$R$27)","v":-12023.920170980145},{"$f":"Inputs!$R$34*E4954*Inputs!$R$39","v":53261.364375365803},{"$f":"params!$C$16*Inputs!$R$30*(G4954-Inputs!$R$27)","v":-1882.8736076960397},{"$f":"Inputs!$R$41*Inputs!$R$42/8760","v":0},{"$f":"-Inputs!$R$45*Inputs!$R$34","v":-90000},2190.7229749852513,1.3744851093608144E-2,1.2095468962375167E-2,{"$f":"-N4954/(1.202*2465560*MAX(0,(Inputs!$R$49-Q4954)))","v":{"$error":"#DIV/0!"}},{"$f":"params!$C$16*R4954*(G4954-Inputs!$R$27)","v":{"$error":"#DIV/0!"}},{"$error":"#DIV/0!"},{"$f":"E4954*params!$C$8","v":188.50649999999999}]
["2004-07-26",7,26,"12:00:00",280,10,21,17,78,{"$f":"Inputs!$R$38*Inputs!$R$33*(G4957-Inputs!$R$27)","v":-632.83790373579495},{"$f":"Inputs!$R$34*E4957*Inputs!$R$39","v":163881.12115497171},{"$f":"params!$C$16*Inputs!$R$30*(G4957-Inputs!$R$27)","v":-99.098610931370175},{"$f":"Inputs!$R$41*Inputs!$R$42/8760","v":0},{"$f":"-Inputs!$R$45*Inputs!$R$34","v":-90000},2479.5289798458998,1.5602307510579843E-2,1.2169799858252277E-2,{"$f":"-N4957/(1.202*2465560*MAX(0,(Inputs!$R$49-Q4957)))","v":{"$error":"#DIV/0!"}},{"$f":"params!$C$16*R4957*(G4957-Inputs!$R$27)","v":{"$error":"#DIV/0!"}},{"$error":"#DIV/0!"},{"$f":"E4957*params!$C$8","v":580.02}]
["2004-07-26",7,26,"15:00:00",179,10,19,17,88,{"$f":"Inputs!$R$38*Inputs!$R$33*(G4960-Inputs!$R$27)","v":-12023.920170980145},{"$f":"Inputs!$R$34*E4960*Inputs!$R$39","v":104766.85959549977},{"$f":"params!$C$16*Inputs!$R$30*(G4960-Inputs!$R$27)","v":-1882.8736076960397},{"$f":"Inputs!$R$41*Inputs!$R$42/8760","v":0},{"$f":"-Inputs!$R$45*Inputs!$R$34","v":-90000},2190.7229749852513,1.3744851093608144E-2,1.2095468962375167E-2,{"$f":"-N4960/(1.202*2465560*MAX(0,(Inputs!$R$49-Q4960)))","v":{"$error":"#DIV/0!"}},{"$f":"params!$C$16*R4960*(G4960-Inputs!$R$27)","v":{"$error":"#DIV/0!"}},{"$error":"#DIV/0!"},{"$f":"E4960*params!$C$8","v":370.79849999999999}]
["2004-07-26",7,26,"19:00:00",38,10,18,17,94,{"$f":"Inputs!$R$38*Inputs!$R$33*(G4964-Inputs!$R$27)","v":-17719.461304602319},{"$f":"Inputs!$R$34*E4964*Inputs!$R$39","v":22241.009299603302},{"$f":"params!$C$16*Inputs!$R$30*(G4964-Inputs!$R$27)","v":-2774.7611060783747},{"$f":"Inputs!$R$41*Inputs!$R$42/8760","v":0},{"$f":"-Inputs!$R$45*Inputs!$R$34","v":-90000},2057.7011249857014,1.2892956292988709E-2,1.2119378915409387E-2,{"$f":"-N4964/(1.202*2465560*MAX(0,(Inputs!$R$49-Q4964)))","v":{"$error":"#DIV/0!"}},{"$f":"params!$C$16*R4964*(G4964-Inputs!$R$27)","v":{"$error":"#DIV/0!"}},{"$error":"#DIV/0!"},{"$f":"E4964*params!$C$8","v":78.716999999999999}]
["2004-07-26",7,26,"22:00:00",0,10,18,17,94,{"$f":"Inputs!$R$38*Inputs!$R$33*(G4967-Inputs!$R$27)","v":-17719.461304602319},{"$f":"Inputs!$R$34*E4967*Inputs!$R$39","v":0},{"$f":"params!$C$16*Inputs!$R$30*(G4967-Inputs!$R$27)","v":-2774.7611060783747},{"$f":"Inputs!$R$41*Inputs!$R$42/8760","v":0},{"$f":"-Inputs!$R$45*Inputs!$R$34","v":-90000},2057.7011249857014,1.2892956292988709E-2,1.2119378915409387E-2,{"$f":"-N4967/(1.202*2465560*MAX(0,(Inputs!$R$49-Q4967)))","v":{"$error":"#DIV/0!"}},{"$f":"params!$C$16*R4967*(G4967-Inputs!$R$27)","v":{"$error":"#DIV/0!"}},{"$error":"#DIV/0!"},{"$f":"E4967*params!$C$8","v":0}]
["2004-07-26",7,26,"23:00:00",0,10,18,17,94,{"$f":"Inputs!$R$38*Inputs!$R$33*(G4968-Inputs!$R$27)","v":-17719.461304602319},{"$f":"Inputs!$R$34*E4968*Inputs!$R$39","v":0},{"$f":"params!$C$16*Inputs!$R$30*(G4968-Inputs!$R$27)","v":-2774.7611060783747},{"$f":"Inputs!$R$41*Inputs!$R$42/8760","v":0},{"$f":"-Inputs!$R$45*Inputs!$R$34","v":-90000},2057.7011249857014,1.2892956292988709E-2,1.2119378915409387E-2,{"$f":"-N4968/(1.202*2465560*MAX(0,(Inputs!$R$49-Q4968)))","v":{"$error":"#DIV/0!"}},{"$f":"params!$C$16*R4968*(G4968-Inputs!$R$27)","v":{"$error":"#DIV/0!"}},{"$error":"#DIV/0!"},{"$f":"E4968*params!$C$8","v":0}]
["2004-07-27",7,27,"02:00:00",0,10,18,16,88,{"$f":"Inputs!$R$38*Inputs!$R$33*(G4971-Inputs!$R$27)","v":-17719.461304602319},{"$f":"Inputs!$R$34*E4971*Inputs!$R$39","v":0},{"$f":"params!$C$16*Inputs!$R$30*(G4971-Inputs!$R$27)","v":-2774.7611060783747},{"$f":"Inputs!$R$41*Inputs!$R$42/8760","v":0},{"$f":"-Inputs!$R$45*Inputs!$R$34","v":-90000},2057.7011249857014,1.2892956292988709E-2,1.1345801537830063E-2,{"$f":"-N4971/(1.202*2465560*MAX(0,(Inputs!$R$49-Q4971)))","v":{"$error":"#DIV/0!"}},{"$f":"params!$C$16*R4971*(G4971-Inputs!$R$27)","v":{"$error":"#DIV/0!"}},{"$error":"#DIV/0!"},{"$f":"E4971*params!$C$8","v":0}]
["2004-07-27",7,27,"08:00:00",103,10,17,16,94,{"$f":"Inputs!$R$38*Inputs!$R$33*(G4977-Inputs!$R$27)","v":-23415.002438224496},{"$f":"Inputs!$R$34*E4977*Inputs!$R$39","v":60284.840996293162},{"$f":"params!$C$16*Inputs!$R$30*(G4977-Inputs!$R$27)","v":-3666.6486044607095},{"$f":"Inputs!$R$41*Inputs!$R$42/8760","v":0},{"$f":"-Inputs!$R$45*Inputs!$R$34","v":-90000},1931.8104441244629,1.2088830888770941E-2,1.1363501035444683E-2,{"$f":"-N4977/(1.202*2465560*MAX(0,(Inputs!$R$49-Q4977)))","v":{"$error":"#DIV/0!"}},{"$f":"params!$C$16*R4977*(G4977-Inputs!$R$27)","v":{"$error":"#DIV/0!"}},{"$error":"#DIV/0!"},{"$f":"E4977*params!$C$8","v":213.36449999999999}]
["2004-07-27",7,27,"10:00:00",158,10,18,16,88,{"$f":"Inputs!$R$38*Inputs!$R$33*(G4979-Inputs!$R$27)","v":-17719.461304602319},{"$f":"Inputs!$R$34*E4979*Inputs!$R$39","v":92475.77550887689},{"$f":"params!$C$16*Inputs!$R$30*(G4979-Inputs!$R$27)","v":-2774.7611060783747},{"$f":"Inputs!$R$41*Inputs!$R$42/8760","v":0},{"$f":"-Inputs!$R$45*Inputs!$R$34","v":-90000},2057.7011249857014,1.2892956292988709E-2,1.1345801537830063E-2,{"$f":"-N4979/(1.202*2465560*MAX(0,(Inputs!$R$49-Q4979)))","v":{"$error":"#DIV/0!"}},{"$f":"params!$C$16*R4979*(G4979-Inputs!$R$27)","v":{"$error":"#DIV/0!"}},{"$error":"#DIV/0!"},{"$f":"E4979*params!$C$8","v":327.29699999999997}]
["2004-07-27",7,27,"13:00:00",210,10,18,17,94,{"$f":"Inputs!$R$38*Inputs!$R$33*(G4982-Inputs!$R$27)","v":-17719.461304602319},{"$f":"Inputs!$R$34*E4982*Inputs!$R$39","v":122910.84086622878},{"$f":"params!$C$16*Inputs!$R$30*(G4982-Inputs!$R$27)","v":-2774.7611060783747},{"$f":"Inputs!$R$41*Inputs!$R$42/8760","v":0},{"$f":"-Inputs!$R$45*Inputs!$R$34","v":-90000},2057.7011249857014,1.2892956292988709E-2,1.2119378915409387E-2,{"$f":"-N4982/(1.202*2465560*MAX(0,(Inputs!$R$49-Q4982)))","v":{"$error":"#DIV/0!"}},{"$f":"params!$C$16*R4982*(G4982-Inputs!$R$27)","v":{"$error":"#DIV/0!"}},{"$error":"#DIV/0!"},{"$f":"E4982*params!$C$8","v":435.01499999999999}]
["2004-07-27",7,27,"17:00:00",98,10,19,17,88,{"$f":"Inputs!$R$38*Inputs!$R$33*(G4986-Inputs!$R$27)","v":-12023.920170980145},{"$f":"Inputs!$R$34*E4986*Inputs!$R$39","v":57358.392404240098},{"$f":"params!$C$16*Inputs!$R$30*(G4986-Inputs!$R$27)","v":-1882.8736076960397},{"$f":"Inputs!$R$41*Inputs!$R$42/8760","v":0},{"$f":"-Inputs!$R$45*Inputs!$R$34","v":-90000},2190.7229749852513,1.3744851093608144E-2,1.2095468962375167E-2,{"$f":"-N4986/(1.202*2465560*MAX(0,(Inputs!$R$49-Q4986)))","v":{"$error":"#DIV/0!"}},{"$f":"params!$C$16*R4986*(G4986-Inputs!$R$27)","v":{"$error":"#DIV/0!"}},{"$error":"#DIV/0!"},{"$f":"E4986*params!$C$8","v":203.00699999999998}]
["2004-07-27",7,27,"20:00:00",0,10,18,17,94,{"$f":"Inputs!$R$38*Inputs!$R$33*(G4989-Inputs!$R$27)","v":-17719.461304602319},{"$f":"Inputs!$R$34*E4989*Inputs!$R$39","v":0},{"$f":"params!$C$16*Inputs!$R$30*(G4989-Inputs!$R$27)","v":-2774.7611060783747},{"$f":"Inputs!$R$41*Inputs!$R$42/8760","v":0},{"$f":"-Inputs!$R$45*Inputs!$R$34","v":-90000},2057.7011249857014,1.2892956292988709E-2,1.2119378915409387E-2,{"$f":"-N4989/(1.202*2465560*MAX(0,(Inputs!$R$49-Q4989)))","v":{"$error":"#DIV/0!"}},{"$f":"params!$C$16*R4989*(G4989-Inputs!$R$27)","v":{"$error":"#DIV/0!"}},{"$error":"#DIV/0!"},{"$f":"E4989*params!$C$8","v":0}]
["2004-07-27",7,27,"23:00:00",0,10,18,17,94,{"$f":"Inputs!$R$38*Inputs!$R$33*(G4992-Inputs!$R$27)","v":-17719.461304602319},{"$f":"Inputs!$R$34*E4992*Inputs!$R$39","v":0},{"$f":"params!$C$16*Inputs!$R$30*(G4992-Inputs!$R$27)","v":-2774.7611060783747},{"$f":"Inputs!$R$41*Inputs!$R$42/8760","v":0},{"$f":"-Inputs!$R$45*Inputs!$R$34","v":-90000},2057.7011249857014,1.2892956292988709E-2,1.2119378915409387E-2,{"$f":"-N4992/(1.202*2465560*MAX(0,(Inputs!$R$49-Q4992)))","v":{"$error":"#DIV/0!"}},{"$f":"params!$C$16*R4992*(G4992-Inputs!$R$27)","v":{"$error":"#DIV/0!"}},{"$error":"#DIV/0!"},{"$f":"E4992*params!$C$8","v":0}]
["2004-07-27",7,27,1,0,10,18,18,100,{"$f":"Inputs!$R$38*Inputs!$R$33*(G4993-Inputs!$R$27)","v":-17719.461304602319},{"$f":"Inputs!$R$34*E4993*Inputs!$R$39","v":0},{"$f":"params!$C$16*Inputs!$R$30*(G4993-Inputs!$R$27)","v":-2774.7611060783747},{"$f":"Inputs!$R$41*Inputs!$R$42/8760","v":0},{"$f":"-Inputs!$R$45*Inputs!$R$34","v":-90000},2057.7011249857014,1.2892956292988709E-2,1.2892956292988709E-2,{"$f":"-N4993/(1.202*2465560*MAX(0,(Inputs!$R$49-Q4993)))","v":{"$error":"#DIV/0!"}},{"$f":"params!$C$16*R4993*(G4993-Inputs!$R$27)","v":{"$error":"#DIV/0!"}},{"$error":"#DIV/0!"},{"$f":"E4993*params!$C$8","v":0}]
["2004-07-28",7,28,"05:00:00",0,10,17,17,100,{"$f":"Inputs!$R$38*Inputs!$R$33*(G4998-Inputs!$R$27)","v":-23415.002438224496},{"$f":"Inputs!$R$34*E4998*Inputs!$R$39","v":0},{"$f":"params!$C$16*Inputs!$R$30*(G4998-Inputs!$R$27)","v":-3666.6486044607095},{"$f":"Inputs!$R$41*Inputs!$R$42/8760","v":0},{"$f":"-Inputs!$R$45*Inputs!$R$34","v":-90000},1931.8104441244629,1.2088830888770941E-2,1.2088830888770941E-2,{"$f":"-N4998/(1.202*2465560*MAX(0,(Inputs!$R$49-Q4998)))","v":{"$error":"#DIV/0!"}},{"$f":"params!$C$16*R4998*(G4998-Inputs!$R$27)","v":{"$error":"#DIV/0!"}},{"$error":"#DIV/0!"},{"$f":"E4998*params!$C$8","v":0}]
["2004-07-28",7,28,"07:00:00",151,4,19,18,94,{"$f":"Inputs!$R$38*Inputs!$R$33*(G5000-Inputs!$R$27)","v":-12023.920170980145},{"$f":"Inputs!$R$34*E5000*Inputs!$R$39","v":88378.747480002596},{"$f":"params!$C$16*Inputs!$R$30*(G5000-Inputs!$R$27)","v":-1882.8736076960397},{"$f":"Inputs!$R$41*Inputs!$R$42/8760","v":0},{"$f":"-Inputs!$R$45*Inputs!$R$34","v":-90000},2190.7229749852513,1.3744851093608144E-2,1.2920160027991656E-2,{"$f":"-N5000/(1.202*2465560*MAX(0,(Inputs!$R$49-Q5000)))","v":{"$error":"#DIV/0!"}},{"$f":"params!$C$16*R5000*(G5000-Inputs!$R$27)","v":{"$error":"#DIV/0!"}},{"$error":"#DIV/0!"},{"$f":"E5000*params!$C$8","v":312.79649999999998}]
["2004-07-28",7,28,"11:00:00",130,10,22,17,73,{"$f":"Inputs!$R$38*Inputs!$R$33*(G5004-Inputs!$R$27)","v":5062.7032298863796},{"$f":"Inputs!$R$34*E5004*Inputs!$R$39","v":76087.663393379727},{"$f":"params!$C$16*Inputs!$R$30*(G5004-Inputs!$R$27)","v":792.78888745096458},{"$f":"Inputs!$R$41*Inputs!$R$42/8760","v":0},{"$f":"-Inputs!$R$45*Inputs!$R$34","v":-90000},2636.0296246790026,1.6613383438113645E-2,1.212776990982296E-2,{"$f":"-N5004/(1.202*2465560*MAX(0,(Inputs!$R$49-Q5004)))","v":{"$error":"#DIV/0!"}},{"$f":"params!$C$16*R5004*(G5004-Inputs!$R$27)","v":{"$error":"#DIV/0!"}},{"$error":"#DIV/0!"},{"$f":"E5004*params!$C$8","v":269.29499999999996}]
["2004-07-28",7,28,"14:00:00",212,10,19,18,94,{"$f":"Inputs!$R$38*Inputs!$R$33*(G5007-Inputs!$R$27)","v":-12023.920170980145},{"$f":"Inputs!$R$34*E5007*Inputs!$R$39","v":124081.42030305001},{"$f":"params!$C$16*Inputs!$R$30*(G5007-Inputs!$R$27)","v":-1882.8736076960397},{"$f":"Inputs!$R$41*Inputs!$R$42/8760","v":0},{"$f":"-Inputs!$R$45*Inputs!$R$34","v":-90000},2190.7229749852513,1.3744851093608144E-2,1.2920160027991656E-2,{"$f":"-N5007/(1.202*2465560*MAX(0,(Inputs!$R$49-Q5007)))","v":{"$error":"#DIV/0!"}},{"$f":"params!$C$16*R5007*(G5007-Inputs!$R$27)","v":{"$error":"#DIV/0!"}},{"$error":"#DIV/0!"},{"$f":"E5007*params!$C$8","v":439.15799999999996}]
["2004-07-28",7,28,"18:00:00",259,4,20,17,83,{"$f":"Inputs!$R$38*Inputs!$R$33*(G5011-Inputs!$R$27)","v":-6328.3790373579704},{"$f":"Inputs!$R$34*E5011*Inputs!$R$39","v":151590.03706834881},{"$f":"params!$C$16*Inputs!$R$30*(G5011-Inputs!$R$27)","v":-990.98610931370501},{"$f":"Inputs!$R$41*Inputs!$R$42/8760","v":0},{"$f":"-Inputs!$R$45*Inputs!$R$34","v":-90000},2331.2150168593957,1.4647072201887702E-2,1.2157069927566792E-2,{"$f":"-N5011/(1.202*2465560*MAX(0,(Inputs!$R$49-Q5011)))","v":{"$error":"#DIV/0!"}},{"$f":"params!$C$16*R5011*(G5011-Inputs!$R$27)","v":{"$error":"#DIV/0!"}},{"$error":"#DIV/0!"},{"$f":"E5011*params!$C$8","v":536.51850000000002}]
["2004-07-28",7,28,"21:00:00",0,10,18,17,94,{"$f":"Inputs!$R$38*Inputs!$R$33*(G5014-Inputs!$R$27)","v":-17719.461304602319},{"$f":"Inputs!$R$34*E5014*Inputs!$R$39","v":0},{"$f":"params!$C$16*Inputs!$R$30*(G5014-Inputs!$R$27)","v":-2774.7611060783747},{"$f":"Inputs!$R$41*Inputs!$R$42/8760","v":0},{"$f":"-Inputs!$R$45*Inputs!$R$34","v":-90000},2057.7011249857014,1.2892956292988709E-2,1.2119378915409387E-2,{"$f":"-N5014/(1.202*2465560*MAX(0,(Inputs!$R$49-Q5014)))","v":{"$error":"#DIV/0!"}},{"$f":"params!$C$16*R5014*(G5014-Inputs!$R$27)","v":{"$error":"#DIV/0!"}},{"$error":"#DIV/0!"},{"$f":"E5014*params!$C$8","v":0}]
["2004-07-28",7,28,1,0,10,17,17,100,{"$f":"Inputs!$R$38*Inputs!$R$33*(G5017-Inputs!$R$27)","v":-23415.002438224496},{"$f":"Inputs!$R$34*E5017*Inputs!$R$39","v":0},{"$f":"params!$C$16*Inputs!$R$30*(G5017-Inputs!$R$27)","v":-3666.6486044607095},{"$f":"Inputs!$R$41*Inputs!$R$42/8760","v":0},{"$f":"-Inputs!$R$45*Inputs!$R$34","v":-90000},1931.8104441244629,1.2088830888770941E-2,1.2088830888770941E-2,{"$f":"-N5017/(1.202*2465560*MAX(0,(Inputs!$R$49-Q5017)))","v":{"$error":"#DIV/0!"}},{"$f":"params!$C$16*R5017*(G5017-Inputs!$R$27)","v":{"$error":"#DIV/0!"}},{"$error":"#DIV/0!"},{"$f":"E5017*params!$C$8","v":0}]
["2004-07-29",7,29,"01:00:00",0,10,17,17,100,{"$f":"Inputs!$R$38*Inputs!$R$33*(G5018-Inputs!$R$27)","v":-23415.002438224496},{"$f":"Inputs!$R$34*E5018*Inputs!$R$39","v":0},{"$f":"params!$C$16*Inputs!$R$30*(G5018-Inputs!$R$27)","v":-3666.6486044607095},{"$f":"Inputs!$R$41*Inputs!$R$42/8760","v":0},{"$f":"-Inputs!$R$45*Inputs!$R$34","v":-90000},1931.8104441244629,1.2088830888770941E-2,1.2088830888770941E-2,{"$f":"-N5018/(1.202*2465560*MAX(0,(Inputs!$R$49-Q5018)))","v":{"$error":"#DIV/0!"}},{"$f":"params!$C$16*R5018*(G5018-Inputs!$R$27)","v":{"$error":"#DIV/0!"}},{"$error":"#DIV/0!"},{"$f":"E5018*params!$C$8","v":0}]
["2004-07-29",7,29,"06:00:00",0,10,16,16,100,{"$f":"Inputs!$R$38*Inputs!$R$33*(G5023-Inputs!$R$27)","v":-29110.543571846669},{"$f":"Inputs!$R$34*E5023*Inputs!$R$39","v":0},{"$f":"params!$C$16*Inputs!$R$30*(G5023-Inputs!$R$27)","v":-4558.5361028430443},{"$f":"Inputs!$R$41*Inputs!$R$42/8760","v":0},{"$f":"-Inputs!$R$45*Inputs!$R$34","v":-90000},1812.7242941450775,1.1330041931761578E-2,1.1330041931761578E-2,{"$f":"-N5023/(1.202*2465560*MAX(0,(Inputs!$R$49-Q5023)))","v":{"$error":"#DIV/0!"}},{"$f":"params!$C$16*R5023*(G5023-Inputs!$R$27)","v":{"$error":"#DIV/0!"}},{"$error":"#DIV/0!"},{"$f":"E5023*params!$C$8","v":0}]
["2004-07-29",7,29,"08:00:00",221,10,18,16,88,{"$f":"Inputs!$R$38*Inputs!$R$33*(G5025-Inputs!$R$27)","v":-17719.461304602319},{"$f":"Inputs!$R$34*E5025*Inputs!$R$39","v":129349.02776874554},{"$f":"params!$C$16*Inputs!$R$30*(G5025-Inputs!$R$27)","v":-2774.7611060783747},{"$f":"Inputs!$R$41*Inputs!$R$42/8760","v":0},{"$f":"-Inputs!$R$45*Inputs!$R$34","v":-90000},2057.7011249857014,1.2892956292988